{"text_format":"2","workbook":"xlsx","n_sheets":29,"sheets":["ORÇAMENTO ","CRONOGRAMA TOTAL","MEMÓRIA DE CÁLCULO"," CONSUMO DE MAT. B TOTAL","CPU CODEVASF","Mob "," Canteiro ","Adm Local","Projeto Executivo","BDI","ENC. SOCIAIS","Transporte Cap 50-70","Transporte EAI","Transporte CM-30","Transporte RR-1C","RESUMO_Transp","MOMENTO DE TRANSPORTE - PRINC","MOMENTO DE TRANSPORTE - AUX","ANP ESTADO","ANP REGIÃO","Pessoal Sicro","MATERIAL SICRO","Equipamentos","SINTÉTICO SICRO","INSUMOS SINAPI","COMP Sint. Sinapi","Tabela 1","Tabelas 1 e 2","Tabelas 2 e 3 mob"],"not_rendered":{"charts":0,"images":25,"macros":0,"external_links":203,"defined_names":41714,"comments":5,"pivot_tables":0},"unopened":[],"bounds":{"document_bytes":16777216,"sheet_cells":100000,"run_cost":"one","rows_first":2000,"rows_last":500,"rows_between":2000,"halvings":0,"cell_chars":16384,"cell_head_chars":4096},"cells_cut":0,"cells_raw":0,"read":"whole","date_system":"1900"}

{"sheet":"ORÇAMENTO ","index":0,"n_rows":50,"n_cols":22,"rows_kept":50,"cut":false,"hidden":false,"merged":[[33,4,33,7],[32,4,32,7],[35,4,35,7],[36,4,36,7],[37,4,37,7],[5,13,8,13],[16,4,16,7],[11,4,11,7],[18,4,18,7],[29,4,29,7],[26,4,26,7],[22,4,22,7],[12,4,12,7],[6,8,7,9],[28,4,28,7],[1,1,3,11],[9,4,9,7],[27,4,27,7],[25,4,25,7],[23,4,23,7],[24,4,24,7],[17,4,17,7],[20,4,20,7],[21,4,21,7],[15,4,15,7],[10,4,10,7],[13,4,13,7],[14,4,14,7],[19,4,19,7],[4,1,4,13],[5,1,8,1],[49,1,49,12],[48,4,48,7],[31,4,31,7],[5,2,8,2],[5,3,8,3],[5,4,8,7],[5,12,8,12],[47,4,47,7],[45,4,45,7],[46,4,46,7],[39,4,39,7],[40,4,40,7],[41,4,41,7],[42,4,42,7],[43,4,43,7],[44,4,44,7]]}
[null,"CONTRATAÇÃO DE SERVIÇOS DE PAVIMENTAÇÃO ASFÁLTICA COM CONCRETO BETUMINOSO USINADO A QUENTE (CBUQ), INCLUSIVE SINALIZAÇÃO VIÁRIA E DRENAGEM SUPERFICAL, NA ESTRADA DO MELÃO, LOCALIZADA NO MUNICÍPIO DE MOSSORÓ/RN."]
[{"$nulls":12},"SICRO:",{"$f":"'SINTÉTICO SICRO'!B2","v":"Rio Grande do Norte - Abril/2025"}]
[{"$nulls":12},"SINAPI:",{"$f":"RIGHT('INSUMOS SINAPI'!A3,7)","v":"06/2025"}]
[{"$nulls":12},"Data Base do Orçamento","2025-08-18"]
[null,{"$f":"B1","v":"CONTRATAÇÃO DE SERVIÇOS DE PAVIMENTAÇÃO ASFÁLTICA COM CONCRETO BETUMINOSO USINADO A QUENTE (CBUQ), INCLUSIVE SINALIZAÇÃO VIÁRIA E DRENAGEM SUPERFICAL, NA ESTRADA DO MELÃO, LOCALIZADA NO MUNICÍPIO DE MOSSORÓ/RN."}]
[null,"ITEM","ORIGEM\nCOMPOSIÇÃO","CÓDIGO\nCOMPOSIÇÃO","DISCRIMINAÇÃO DOS SERVIÇOS",null,null,null,"BDI % = ",{"$f":"BDI!C17","v":0.23080000000000001},"BDI  DIFERENCIADO% =",{"$f":"BDI!C68","v":0.15},"PREÇO UNITÁRIO COM BDI","PREÇO TOTAL COM BDI "]
[{"$nulls":8},"Encargos Sociais:",null,"Horista","Mensalista"]
[{"$nulls":10},{"$f":"'ENC. SOCIAIS'!$E$51","v":115.21000000000001},{"$f":"'ENC. SOCIAIS'!$F$51","v":70.86},{"$nulls":6},"N1","TERRAPLENAGEM",{"$f":"(SUMIF(P:P,\"TERRAPLENAGEM\",N:N)/$N$50)","v":0},{"$f":"(SUMIF(P:P,\"TERRAPLENAGEM\",N:N))","v":0}]
[{"$nulls":8},"UND","QTDE.","BDI","PREÇO UNITÁRIO ",{"$nulls":6},"N2","PAVIMENTAÇÃO",{"$f":"(SUMIF(P:P,\"PAVIMENTAÇÃO\",N:N)/$N$50)","v":0.82871321589676339},{"$f":"(SUMIF(P:P,\"PAVIMENTAÇÃO\",N:N))","v":3817324.1799999997}]
[{"$nulls":4},"MOBILIZAÇÃO/DESMOBILIZAÇÃO",{"$nulls":7},"SUB TOTAL R$",{"$f":"SUM(N11:N12)","v":27755.802821313337},{"$nulls":4},"N3","CONSULTORIA",{"$f":"(SUMIF(P:P,\"CONSULTORIA\",N:N)/$N$50)","v":0},{"$f":"(SUMIF(P:P,\"CONSULTORIA\",N:N))","v":0}]
[null,1,"Codevasf","Mob","Mobilização",null,null,null,"kmx x frente",{"$f":"'Mob '!H6:H6*'Mob '!B65","v":317},{"$f":"(M11/L11-1)","v":0.23080000000000012},{"$f":"'Mob '!B62","v":35.56944166666667},{"$f":"'Mob '!B64","v":43.778868803333339},{"$f":"M11*J11","v":13877.901410656668},{"$f":"N11/$N$50","v":3.0127910980627054E-3},"INCC",null,null,"N4","DRENAGEM",{"$f":"(SUMIF(P:P,\"DRENAGEM\",N:N)/$N$50)","v":8.8327829827301321E-2},{"$f":"(SUMIF(P:P,\"DRENAGEM\",N:N))","v":406866.88}]
[null,2,"Codevasf","Mob","Desmobilização",null,null,null,"km x frente",{"$f":"'Mob '!H6*'Mob '!B65","v":317},{"$f":"(M12/L12-1)","v":0.23080000000000012},{"$f":"'Mob '!B62","v":35.56944166666667},{"$f":"'Mob '!B64","v":43.778868803333339},{"$f":"M12*J12","v":13877.901410656668},{"$f":"N12/$N$50","v":3.0127910980627054E-3},"INCC",null,null,"N5","ADMINISTRAÇÃO LOCAL",{"$f":"(SUMIF(P:P,\"ADMINISTRAÇÃO LOCAL\",N:N)/$N$50)","v":0},{"$f":"(SUMIF(P:P,\"ADMINISTRAÇÃO LOCAL\",N:N))","v":0}]
[{"$nulls":4},"INSTALAÇÃO DE CANTEIRO",{"$nulls":7},"SUB TOTAL R$",{"$f":"SUM(N14:N15)","v":17398.07},{"$nulls":4},"N6","SINALIZAÇÃO VERTICAL",{"$f":"(SUMIF(P:P,\"SINALIZAÇÃO VERTICAL\",N:N)/$N$50)","v":0},{"$f":"(SUMIF(P:P,\"SINALIZAÇÃO VERTICAL\",N:N))","v":0}]
[null,3,"Codevasf","Canteiro","Canteiro de Obras e Almoxarifado",null,null,null,"und",1,{"$f":"(M14/L14-1)","v":0.23080000000000012},{"$f":"' Canteiro '!F11","v":10390.14},{"$f":"' Canteiro '!F13","v":12788.184311999999},{"$f":"ROUND(ROUND(J14,2)*ROUND(M14,6),2)","v":12788.18},null,"INCC",null,null,"N7","SINALIZAÇÃO HORIZONTAL",{"$f":"(SUMIF(P:P,\"SINALIZAÇÃO HORIZONTAL\",N:N)/$N$50)","v":0},{"$f":"(SUMIF(P:P,\"SINALIZAÇÃO HORIZONTAL\",N:N))","v":0}]
[null,4,"SINAPI",103689,"Fornecimento e instalação de placa de obra com chapa galvanizada e estrutura de madeira. af_03/2022_ps",null,null,null,"m²",{"$f":"'MEMÓRIA DE CÁLCULO'!H31","v":8},{"$f":"(M15/L15-1)","v":0.23079999999999967},{"$f":"VLOOKUP(D15,'COMP Sint. Sinapi'!G5:K7542,5,0)","v":468.18},{"$f":"L15*(1+$J$6)","v":576.2359439999999},{"$f":"ROUND(ROUND(J15,2)*ROUND(M15,6),2)","v":4609.8900000000003},null,"INCC",null,null,"N8","CAP",{"$f":"(SUMIF(P:P,\"CAP\",N:N)/$N$50)","v":0},{"$f":"(SUMIF(P:P,\"CAP\",N:N))","v":0}]
[{"$nulls":4},"ADMINISTRAÇÃO LOCAL DA OBRA",{"$nulls":7},"SUB TOTAL R$",{"$f":"SUM(N17)","v":278837.88},{"$nulls":4},"N9","IMPRIMAÇÃO",{"$f":"(SUMIF(P:P,\"IMPRIMAÇÃO\",N:N)/$N$50)","v":0},{"$f":"(SUMIF(P:P,\"IMPRIMAÇÃO\",N:N))","v":0}]
[null,5,"Codevasf","Adm Local","Administração Local da Obra",null,null,null,"und",1,{"$f":"(M17/L17-1)","v":0.23079999999999989},{"$f":"'Adm Local'!J243","v":226550.10971431228},{"$f":"'Adm Local'!I245","v":278837.87503637554},{"$f":"ROUND(ROUND(J17,2)*ROUND(M17,6),2)","v":278837.88},{"$f":"N17/N50","v":6.0533668442232173E-2},"INCC",null,null,"N10","EMULSÃO ASFÁLTICA",{"$f":"(SUMIF(P:P,\"EMULSÃO ASFÁLTICA\",N:N)/$N$50)","v":0},{"$f":"(SUMIF(P:P,\"EMULSÃO ASFÁLTICA\",N:N))","v":0}]
[{"$nulls":4},"PAVIMENTAÇÃO",{"$nulls":7},"SUB TOTAL R$",{"$f":"SUM(N19:N23)","v":1542067.0199999998},{"$nulls":4},"N11","OBRAS COMPLEMENTARES",{"$f":"(SUMIF(P:P,\"OBRAS COMPLEMENTARES\",N:N)/$N$50)","v":0},{"$f":"(SUMIF(P:P,\"OBRAS COMPLEMENTARES\",N:N))","v":0}]
[null,6,"SICRO",4011342,{"$f":"VLOOKUP(D19,'SINTÉTICO SICRO'!$A$4:$D$6492,2,0)","v":"Reestabilização de camada de base com adição de 30% de brita comercial - 100% Proctor modificado"},null,null,null,"m³",{"$f":"'MEMÓRIA DE CÁLCULO'!H44","v":4845},{"$f":"M19/L19-1","v":0.23079999999999989},{"$f":"ROUND(IF(C19=\"CODEVASF\",VLOOKUP(D19,'CPU CODEVASF'!E:I,5,FALSE),VLOOKUP(D19,'SINTÉTICO SICRO'!A:D,4,FALSE)),6)","v":88.37},{"$f":"ROUND(IF(C19=\"CODEVASF\",VLOOKUP(D19,'CPU CODEVASF'!E:H,4,FALSE),VLOOKUP(D19,'SINTÉTICO SICRO'!A:D,4,FALSE)*(1+$J$6)),6)","v":108.76579599999999},{"$f":"ROUND(ROUND(J19,2)*ROUND(M19,6),2)","v":526970.28},null,"PAVIMENTAÇÃO",null,null,"N12","MOBILIZAÇÃO/DESMOBILIZAÇÃO",{"$f":"(SUMIF(P:P,\"MOBILIZAÇÃO/DESMOBILIZAÇÃO\",N:N)/$N$50)","v":0},{"$f":"(SUMIF(P:P,\"MOBILIZAÇÃO/DESMOBILIZAÇÃO\",N:N))","v":0}]
[null,7,"SICRO",4011346,{"$f":"VLOOKUP(D20,'SINTÉTICO SICRO'!$A$4:$D$6492,2,0)","v":"Reestabilização de camada de base sem adição de material - 100% Proctor modificado"},null,null,null,"m³",{"$f":"'MEMÓRIA DE CÁLCULO'!H49","v":3230},{"$f":"M20/L20-1","v":0.23079999999999989},{"$f":"ROUND(IF(C20=\"CODEVASF\",VLOOKUP(D20,'CPU CODEVASF'!E:I,5,FALSE),VLOOKUP(D20,'SINTÉTICO SICRO'!A:D,4,FALSE)),6)","v":11.55},{"$f":"ROUND(IF(C20=\"CODEVASF\",VLOOKUP(D20,'CPU CODEVASF'!E:H,4,FALSE),VLOOKUP(D20,'SINTÉTICO SICRO'!A:D,4,FALSE)*(1+$J$6)),6)","v":14.21574},{"$f":"ROUND(ROUND(J20,2)*ROUND(M20,6),2)","v":45916.84},null,"PAVIMENTAÇÃO",null,null,"N13","INCC",{"$f":"(SUMIF(P:P,\"INCC\",N:N)/$N$50)","v":8.2958954275935373E-2},{"$f":"(SUMIF(P:P,\"INCC\",N:N))","v":382136.08282131335}]
[null,8,"SICRO",4011463,{"$f":"VLOOKUP(D21,'SINTÉTICO SICRO'!$A$4:$D$1048576,2,0)","v":"Concreto asfáltico - faixa C-12,5 - areia e brita comerciais"},null,null,null,"t",{"$f":"'MEMÓRIA DE CÁLCULO'!H55","v":4284},{"$f":"M21/L21-1","v":0.23080000000000012},{"$f":"ROUND(IF(C21=\"CODEVASF\",VLOOKUP(D21,'CPU CODEVASF'!E:I,5,FALSE),VLOOKUP(D21,'SINTÉTICO SICRO'!A:D,4,FALSE)),6)","v":177.47},{"$f":"ROUND(IF(C21=\"CODEVASF\",VLOOKUP(D21,'CPU CODEVASF'!E:H,4,FALSE),VLOOKUP(D21,'SINTÉTICO SICRO'!A:D,4,FALSE)*(1+$J$6)),6)","v":218.43007600000001},{"$f":"ROUND(ROUND(J21,2)*ROUND(M21,6),2)","v":935754.45},null,"PAVIMENTAÇÃO"]
[null,9,"SICRO",4011352,{"$f":"VLOOKUP(D22,'SINTÉTICO SICRO'!$A$4:$D$1048576,2,0)","v":"Imprimação com emulsão asfáltica"},null,null,null,"m²",{"$f":"'MEMÓRIA DE CÁLCULO'!H62","v":38250},{"$f":"M22/L22-1","v":0.23079999999999989},{"$f":"ROUND(IF(C22=\"CODEVASF\",VLOOKUP(D22,'CPU CODEVASF'!E:I,5,FALSE),VLOOKUP(D22,'SINTÉTICO SICRO'!A:D,4,FALSE)),6)","v":0.42},{"$f":"ROUND(IF(C22=\"CODEVASF\",VLOOKUP(D22,'CPU CODEVASF'!E:H,4,FALSE),VLOOKUP(D22,'SINTÉTICO SICRO'!A:D,4,FALSE)*(1+$J$6)),6)","v":0.51693599999999995},{"$f":"ROUND(ROUND(J22,2)*ROUND(M22,6),2)","v":19772.8},null,"PAVIMENTAÇÃO"]
[null,10,"SICRO",4011353,{"$f":"VLOOKUP(D23,'SINTÉTICO SICRO'!$A$4:$D$1048576,2,0)","v":"Pintura de ligação"},null,null,null,"m²",{"$f":"'MEMÓRIA DE CÁLCULO'!H68","v":38250},{"$f":"M23/L23-1","v":0.23080000000000012},{"$f":"ROUND(IF(C23=\"CODEVASF\",VLOOKUP(D23,'CPU CODEVASF'!E:I,5,FALSE),VLOOKUP(D23,'SINTÉTICO SICRO'!A:D,4,FALSE)),6)","v":0.28999999999999998},{"$f":"ROUND(IF(C23=\"CODEVASF\",VLOOKUP(D23,'CPU CODEVASF'!E:H,4,FALSE),VLOOKUP(D23,'SINTÉTICO SICRO'!A:D,4,FALSE)*(1+$J$6)),6)","v":0.35693200000000003},{"$f":"ROUND(ROUND(J23,2)*ROUND(M23,6),2)","v":13652.65},null,"PAVIMENTAÇÃO"]
[{"$nulls":4},"AQUISIÇÃO E TRANSPORTE DO MATERIAL BETUMINOSO",{"$nulls":7},"SUB TOTAL R$",{"$f":"SUM(N25:N30)","v":1833438.2200000002}]
[null,11,"CODEVASF","CPU-13","AQUISIÇÃO DE CIMENTO ASFALTICO CAP 50/70",null,null,null,"t",{"$f":"' CONSUMO DE MAT. B TOTAL'!P13","v":270.88},{"$f":"M25/L25-1","v":0.15000000012154291},{"$f":"ROUND(IF(C25=\"CODEVASF\",VLOOKUP(D25,'CPU CODEVASF'!E:I,5,FALSE),VLOOKUP(D25,'SINTÉTICO SICRO'!A:D,4,FALSE)),6)","v":4525.1462430000001},{"$f":"ROUND(IF(C25=\"CODEVASF\",VLOOKUP(D25,'CPU CODEVASF'!E:H,4,FALSE),VLOOKUP(D25,'SINTÉTICO SICRO'!A:D,4,FALSE)*(1+$J$6)),6)","v":5203.9181799999997},{"$f":"ROUND(ROUND(J25,2)*ROUND(M25,6),2)","v":1409637.36},null,"PAVIMENTAÇÃO"]
[null,12,"CODEVASF","CPU-17","TRANSPORTE CAP 50/70",null,null,null,"t",{"$f":"' CONSUMO DE MAT. B TOTAL'!P13","v":270.88},0.15000000000000013,{"$f":"ROUND(IF(C26=\"CODEVASF\",VLOOKUP(D26,'CPU CODEVASF'!E:I,5,FALSE),VLOOKUP(D26,'SINTÉTICO SICRO'!A:D,4,FALSE)),6)","v":237.43},{"$f":"ROUND(IF(C26=\"CODEVASF\",VLOOKUP(D26,'CPU CODEVASF'!E:H,4,FALSE),VLOOKUP(D26,'SINTÉTICO SICRO'!A:D,4,FALSE)*(1+$J$6)),6)","v":273.04450000000003},73962.289999999994,null,"PAVIMENTAÇÃO"]
[null,13,"CODEVASF","CPU-14","AQUISIÇÃO DE EAI",null,null,null,"t",{"$f":"' CONSUMO DE MAT. B TOTAL'!P8","v":49.73},0.14999999998199742,{"$f":"ROUND(IF(C27=\"CODEVASF\",VLOOKUP(D27,'CPU CODEVASF'!E:I,5,FALSE),VLOOKUP(D27,'SINTÉTICO SICRO'!A:D,4,FALSE)),6)","v":2777.394487},{"$f":"ROUND(IF(C27=\"CODEVASF\",VLOOKUP(D27,'CPU CODEVASF'!E:H,4,FALSE),VLOOKUP(D27,'SINTÉTICO SICRO'!A:D,4,FALSE)*(1+$J$6)),6)","v":3194.0036599999999},158837.79999999999,null,"PAVIMENTAÇÃO"]
[null,14,"CODEVASF","CPU-18","TRANSPORTE DE EAI",null,null,null,"t",{"$f":"' CONSUMO DE MAT. B TOTAL'!P8","v":49.73},0.14999999987476209,{"$f":"ROUND(IF(C28=\"CODEVASF\",VLOOKUP(D28,'CPU CODEVASF'!E:I,5,FALSE),VLOOKUP(D28,'SINTÉTICO SICRO'!A:D,4,FALSE)),6)","v":1596.959468},{"$f":"ROUND(IF(C28=\"CODEVASF\",VLOOKUP(D28,'CPU CODEVASF'!E:H,4,FALSE),VLOOKUP(D28,'SINTÉTICO SICRO'!A:D,4,FALSE)*(1+$J$6)),6)","v":1836.5033880000001},91329.31,null,"PAVIMENTAÇÃO"]
[null,15,"CODEVASF","CPU-15","AQUISIÇÃO DE EMULSÃO ASFÁLTICA RR-1C",null,null,null,"t",{"$f":"' CONSUMO DE MAT. B TOTAL'!P11","v":17.21},0.15000012785890027,{"$f":"ROUND(IF(C29=\"CODEVASF\",VLOOKUP(D29,'CPU CODEVASF'!E:I,5,FALSE),VLOOKUP(D29,'SINTÉTICO SICRO'!A:D,4,FALSE)),6)","v":3431.5170750000002},{"$f":"ROUND(IF(C29=\"CODEVASF\",VLOOKUP(D29,'CPU CODEVASF'!E:H,4,FALSE),VLOOKUP(D29,'SINTÉTICO SICRO'!A:D,4,FALSE)*(1+$J$6)),6)","v":3946.2450749999998},67914.880000000005,null,"PAVIMENTAÇÃO"]
[null,16,"CODEVASF","CPU-19","TRANSPORTE RR-1C",null,null,null,"t",{"$f":"' CONSUMO DE MAT. B TOTAL'!P11","v":17.21},0.15000000015580639,{"$f":"ROUND(IF(C30=\"CODEVASF\",VLOOKUP(D30,'CPU CODEVASF'!E:I,5,FALSE),VLOOKUP(D30,'SINTÉTICO SICRO'!A:D,4,FALSE)),6)","v":1604.556705},{"$f":"ROUND(IF(C30=\"CODEVASF\",VLOOKUP(D30,'CPU CODEVASF'!E:H,4,FALSE),VLOOKUP(D30,'SINTÉTICO SICRO'!A:D,4,FALSE)*(1+$J$6)),6)","v":1845.240211},31756.58,null,"PAVIMENTAÇÃO"]
[{"$nulls":4},"DRENAGEM",{"$nulls":7},"SUB TOTAL R$",{"$f":"SUM(N32:N34)","v":406866.88}]
[null,17,"SICRO",2003943,{"$f":"VLOOKUP(D32,'SINTÉTICO SICRO'!$A$4:$D$1048576,2,0)","v":"Meio-fio de concreto - MFC 03 moldado no local com extrusora e concreto usinado - areia e brita comerciais"},null,null,null,"m",{"$f":"'MEMÓRIA DE CÁLCULO'!H92","v":9843.01},{"$f":"M32/L32-1","v":0.23080000000000012},{"$f":"ROUND(IF(C32=\"CODEVASF\",VLOOKUP(D32,'CPU CODEVASF'!E:I,5,FALSE),VLOOKUP(D32,'SINTÉTICO SICRO'!A:D,4,FALSE)),6)","v":26.54},{"$f":"ROUND(IF(C32=\"CODEVASF\",VLOOKUP(D32,'CPU CODEVASF'!E:H,4,FALSE),VLOOKUP(D32,'SINTÉTICO SICRO'!A:D,4,FALSE)*(1+$J$6)),6)","v":32.665432000000003},{"$f":"ROUND(ROUND(J32,2)*ROUND(M32,6),2)","v":321526.17},null,"DRENAGEM"]
[null,18,"SICRO",2003389,{"$f":"VLOOKUP(D33,'SINTÉTICO SICRO'!$A$4:$D$1048576,2,0)","v":"Descida d'água de aterros tipo rápido - DAR 40-20 - areia e brita comerciais"},null,null,null,"m",{"$f":"'MEMÓRIA DE CÁLCULO'!G123","v":133.73999999999998},{"$f":"M33/L33-1","v":0.23080000000000012},{"$f":"ROUND(IF(C33=\"CODEVASF\",VLOOKUP(D33,'CPU CODEVASF'!E:I,5,FALSE),VLOOKUP(D33,'SINTÉTICO SICRO'!A:D,4,FALSE)),6)","v":224.09},{"$f":"ROUND(IF(C33=\"CODEVASF\",VLOOKUP(D33,'CPU CODEVASF'!E:H,4,FALSE),VLOOKUP(D33,'SINTÉTICO SICRO'!A:D,4,FALSE)*(1+$J$6)),6)","v":275.80997200000002},{"$f":"ROUND(ROUND(J33,2)*ROUND(M33,6),2)","v":36886.83},null,"DRENAGEM"]
[null,19,"SICRO",2003453,{"$f":"VLOOKUP(D34,'SINTÉTICO SICRO'!$A$4:$D$1048576,2,0)","v":"Dissipador de energia - DEB 180-263 - areia, brita e pedra de mão comerciais"},null,null,null,"und",{"$f":"'MEMÓRIA DE CÁLCULO'!B154","v":41},{"$f":"M34/L34-1","v":0.23079999999999989},{"$f":"ROUND(IF(C34=\"CODEVASF\",VLOOKUP(D34,'CPU CODEVASF'!E:I,5,FALSE),VLOOKUP(D34,'SINTÉTICO SICRO'!A:D,4,FALSE)),6)","v":960.19},{"$f":"ROUND(IF(C34=\"CODEVASF\",VLOOKUP(D34,'CPU CODEVASF'!E:H,4,FALSE),VLOOKUP(D34,'SINTÉTICO SICRO'!A:D,4,FALSE)*(1+$J$6)),6)","v":1181.8018520000001},{"$f":"ROUND(ROUND(J34,2)*ROUND(M34,6),2)","v":48453.88},null,"DRENAGEM"]
[{"$nulls":4},"SINALIZAÇÃO",{"$nulls":7},"SUB TOTAL R$",{"$f":"SUM(N36:N38)","v":58144.33}]
[null,20,"SICRO",5213400,{"$f":"VLOOKUP(D36,'SINTÉTICO SICRO'!$A$4:$D$1048576,2,0)","v":"Pintura de faixa com tinta acrílica - espessura de 0,4 mm"},null,null,null,"m²",{"$f":"'MEMÓRIA DE CÁLCULO'!G181","v":2120.1949999999997},{"$f":"M36/L36-1","v":0.23079999999999989},{"$f":"ROUND(IF(C36=\"CODEVASF\",VLOOKUP(D36,'CPU CODEVASF'!E:I,5,FALSE),VLOOKUP(D36,'SINTÉTICO SICRO'!A:D,4,FALSE)),6)","v":21.23},{"$f":"ROUND(IF(C36=\"CODEVASF\",VLOOKUP(D36,'CPU CODEVASF'!E:H,4,FALSE),VLOOKUP(D36,'SINTÉTICO SICRO'!A:D,4,FALSE)*(1+$J$6)),6)","v":26.129884000000001},{"$f":"ROUND(ROUND(J36,2)*ROUND(M36,6),2)","v":55400.58},null,"INCC"]
[null,21,"SICRO",5213440,{"$f":"VLOOKUP(D37,'SINTÉTICO SICRO'!$A$4:$D$1048576,2,0)","v":"Placa de regulamentação em aço D = 0,60 m - película retrorrefletiva tipo I + SI - fornecimento e implantação"},null,null,null,"und",3,{"$f":"M37/L37-1","v":0.23079999999999989},{"$f":"ROUND(IF(C37=\"CODEVASF\",VLOOKUP(D37,'CPU CODEVASF'!E:I,5,FALSE),VLOOKUP(D37,'SINTÉTICO SICRO'!A:D,4,FALSE)),6)","v":283.72000000000003},{"$f":"ROUND(IF(C37=\"CODEVASF\",VLOOKUP(D37,'CPU CODEVASF'!E:H,4,FALSE),VLOOKUP(D37,'SINTÉTICO SICRO'!A:D,4,FALSE)*(1+$J$6)),6)","v":349.20257600000002},{"$f":"ROUND(ROUND(J37,2)*ROUND(M37,6),2)","v":1047.6099999999999},null,"INCC"]
[null,22,"SICRO",5213863,{"$f":"VLOOKUP(D38,'SINTÉTICO SICRO'!$A$4:$D$1048576,2,0)","v":"Suporte metálico galvanizado para placa de advertência ou regulamentação - lado ou diâmetro de 0,60 m - fornecimento e implantação"},null,null,null,"und",3,0.23079999999999989,{"$f":"ROUND(IF(C38=\"CODEVASF\",VLOOKUP(D38,'CPU CODEVASF'!E:I,5,FALSE),VLOOKUP(D38,'SINTÉTICO SICRO'!A:D,4,FALSE)),6)","v":459.36},{"$f":"ROUND(IF(C38=\"CODEVASF\",VLOOKUP(D38,'CPU CODEVASF'!E:H,4,FALSE),VLOOKUP(D38,'SINTÉTICO SICRO'!A:D,4,FALSE)*(1+$J$6)),6)","v":565.38028799999995},1696.14,null,"INCC"]
[{"$nulls":4},"MOMENTO DE TRANSPORTE",{"$nulls":7},"SUB TOTAL R$",{"$f":"SUM(N40:N49)","v":441818.94000000006}]
[null,18,"SICRO",5914359,{"$f":"VLOOKUP(D40,'SINTÉTICO SICRO'!$A$4:$D$1048576,2,0)","v":"Transporte com caminhão basculante de 10 m³ - rodovia em leito natural"},null,null,null,"tkm",{"$f":"ROUND(SUMIF('MOMENTO DE TRANSPORTE - PRINC'!A:A,B10,'MOMENTO DE TRANSPORTE - PRINC'!K:K),2)","v":0},{"$f":"M40/L40-1","v":0.23080000000000012},{"$f":"ROUND(IF(C40=\"CODEVASF\",VLOOKUP(D40,'CPU CODEVASF'!E:I,5,FALSE),VLOOKUP(D40,'SINTÉTICO SICRO'!A:D,4,FALSE)),6)","v":1.21},{"$f":"ROUND(IF(C40=\"CODEVASF\",VLOOKUP(D40,'CPU CODEVASF'!E:H,4,FALSE),VLOOKUP(D40,'SINTÉTICO SICRO'!A:D,4,FALSE)*(1+$J$6)),6)","v":1.489268},{"$f":"ROUND(ROUND(J40,2)*ROUND(M40,6),2)","v":0},null,"PAVIMENTAÇÃO"]
[null,19,"SICRO",5914374,{"$f":"VLOOKUP(D41,'SINTÉTICO SICRO'!$A$4:$D$1048576,2,0)","v":"Transporte com caminhão basculante de 10 m³ - rodovia em revestimento primário"},null,null,null,"tkm",{"$f":"ROUND(SUMIF('MOMENTO DE TRANSPORTE - PRINC'!A:A,'ORÇAMENTO '!D41,'MOMENTO DE TRANSPORTE - PRINC'!K:K)+SUMIF('MOMENTO DE TRANSPORTE - AUX'!A:A,'ORÇAMENTO '!D41,'MOMENTO DE TRANSPORTE - AUX'!K:K),2)","v":55077.08},0.23079999999999989,{"$f":"ROUND(IF(C41=\"CODEVASF\",VLOOKUP(D41,'CPU CODEVASF'!E:I,5,FALSE),VLOOKUP(D41,'SINTÉTICO SICRO'!A:D,4,FALSE)),6)","v":0.97},{"$f":"ROUND(IF(C41=\"CODEVASF\",VLOOKUP(D41,'CPU CODEVASF'!E:H,4,FALSE),VLOOKUP(D41,'SINTÉTICO SICRO'!A:D,4,FALSE)*(1+$J$6)),6)","v":1.1938759999999999},65755.199999999997,null,"PAVIMENTAÇÃO"]
[null,20,"SICRO",5914389,{"$f":"VLOOKUP(D42,'SINTÉTICO SICRO'!$A$4:$D$1048576,2,0)","v":"Transporte com caminhão basculante de 10 m³ - rodovia pavimentada"},null,null,null,"tkm",{"$f":"ROUND(SUMIF('MOMENTO DE TRANSPORTE - PRINC'!A:A,'ORÇAMENTO '!D42,'MOMENTO DE TRANSPORTE - PRINC'!K:K)+SUMIF('MOMENTO DE TRANSPORTE - AUX'!A:A,'ORÇAMENTO '!D42,'MOMENTO DE TRANSPORTE - AUX'!K:K),2)","v":330327.36},0.23079999999999989,{"$f":"ROUND(IF(C42=\"CODEVASF\",VLOOKUP(D42,'CPU CODEVASF'!E:I,5,FALSE),VLOOKUP(D42,'SINTÉTICO SICRO'!A:D,4,FALSE)),6)","v":0.8},{"$f":"ROUND(IF(C42=\"CODEVASF\",VLOOKUP(D42,'CPU CODEVASF'!E:H,4,FALSE),VLOOKUP(D42,'SINTÉTICO SICRO'!A:D,4,FALSE)*(1+$J$6)),6)","v":0.98463999999999996},325253.53000000003,null,"PAVIMENTAÇÃO"]
[null,21,"SICRO",5914449,{"$f":"VLOOKUP(D43,'SINTÉTICO SICRO'!$A$4:$D$1048576,2,0)","v":"Transporte com caminhão carroceria de 15 t - rodovia em leito natural"},null,null,null,"tkm",{"$f":"ROUND(SUMIF('MOMENTO DE TRANSPORTE - PRINC'!A:A,'ORÇAMENTO '!D43,'MOMENTO DE TRANSPORTE - PRINC'!K:K)+SUMIF('MOMENTO DE TRANSPORTE - AUX'!A:A,'ORÇAMENTO '!D43,'MOMENTO DE TRANSPORTE - AUX'!K:K),2)","v":0},0.23079999999999989,{"$f":"ROUND(IF(C43=\"CODEVASF\",VLOOKUP(D43,'CPU CODEVASF'!E:I,5,FALSE),VLOOKUP(D43,'SINTÉTICO SICRO'!A:D,4,FALSE)),6)","v":1.07},{"$f":"ROUND(IF(C43=\"CODEVASF\",VLOOKUP(D43,'CPU CODEVASF'!E:H,4,FALSE),VLOOKUP(D43,'SINTÉTICO SICRO'!A:D,4,FALSE)*(1+$J$6)),6)","v":1.316956},0,null,"PAVIMENTAÇÃO"]
[null,22,"SICRO",5914464,{"$f":"VLOOKUP(D44,'SINTÉTICO SICRO'!$A$4:$D$1048576,2,0)","v":"Transporte com caminhão carroceria de 15 t - rodovia em revestimento primário"},null,null,null,"tkm",{"$f":"ROUND(SUMIF('MOMENTO DE TRANSPORTE - PRINC'!A:A,'ORÇAMENTO '!D44,'MOMENTO DE TRANSPORTE - PRINC'!K:K)+SUMIF('MOMENTO DE TRANSPORTE - AUX'!A:A,'ORÇAMENTO '!D44,'MOMENTO DE TRANSPORTE - AUX'!K:K),2)","v":4.8099999999999996},0.23080000000000012,{"$f":"ROUND(IF(C44=\"CODEVASF\",VLOOKUP(D44,'CPU CODEVASF'!E:I,5,FALSE),VLOOKUP(D44,'SINTÉTICO SICRO'!A:D,4,FALSE)),6)","v":0.86},{"$f":"ROUND(IF(C44=\"CODEVASF\",VLOOKUP(D44,'CPU CODEVASF'!E:H,4,FALSE),VLOOKUP(D44,'SINTÉTICO SICRO'!A:D,4,FALSE)*(1+$J$6)),6)","v":1.0584880000000001},5.09,null,"PAVIMENTAÇÃO"]
[null,23,"SICRO",5914479,{"$f":"VLOOKUP(D45,'SINTÉTICO SICRO'!$A$4:$D$1048576,2,0)","v":"Transporte com caminhão carroceria de 15 t - rodovia pavimentada"},null,null,null,"tkm",{"$f":"ROUND(SUMIF('MOMENTO DE TRANSPORTE - PRINC'!A:A,'ORÇAMENTO '!D45,'MOMENTO DE TRANSPORTE - PRINC'!K:K)+SUMIF('MOMENTO DE TRANSPORTE - AUX'!A:A,'ORÇAMENTO '!D45,'MOMENTO DE TRANSPORTE - AUX'!K:K),2)","v":12232.89},0.23080000000000012,{"$f":"ROUND(IF(C45=\"CODEVASF\",VLOOKUP(D45,'CPU CODEVASF'!E:I,5,FALSE),VLOOKUP(D45,'SINTÉTICO SICRO'!A:D,4,FALSE)),6)","v":0.71},{"$f":"ROUND(IF(C45=\"CODEVASF\",VLOOKUP(D45,'CPU CODEVASF'!E:H,4,FALSE),VLOOKUP(D45,'SINTÉTICO SICRO'!A:D,4,FALSE)*(1+$J$6)),6)","v":0.87386799999999998},10689.93,null,"PAVIMENTAÇÃO"]
[null,24,"SICRO",5914364,{"$f":"VLOOKUP(D46,'SINTÉTICO SICRO'!$A$4:$D$1048576,2,0)","v":"Transporte de cimento ou cal hidratada a granel com caminhão silo de 30 m³ - rodovia em leito natural"},null,null,null,"tkm",{"$f":"ROUND(SUMIF('MOMENTO DE TRANSPORTE - PRINC'!A:A,'ORÇAMENTO '!D46,'MOMENTO DE TRANSPORTE - PRINC'!K:K)+SUMIF('MOMENTO DE TRANSPORTE - AUX'!A:A,'ORÇAMENTO '!D46,'MOMENTO DE TRANSPORTE - AUX'!K:K),2)","v":0},0.23080000000000012,{"$f":"ROUND(IF(C46=\"CODEVASF\",VLOOKUP(D46,'CPU CODEVASF'!E:I,5,FALSE),VLOOKUP(D46,'SINTÉTICO SICRO'!A:D,4,FALSE)),6)","v":0.89},{"$f":"ROUND(IF(C46=\"CODEVASF\",VLOOKUP(D46,'CPU CODEVASF'!E:H,4,FALSE),VLOOKUP(D46,'SINTÉTICO SICRO'!A:D,4,FALSE)*(1+$J$6)),6)","v":1.0954120000000001},0,null,"PAVIMENTAÇÃO"]
[null,25,"SICRO",5914365,{"$f":"VLOOKUP(D47,'SINTÉTICO SICRO'!$A$4:$D$1048576,2,0)","v":"Transporte de cimento ou cal hidratada a granel com caminhão silo de 30 m³ - rodovia em revestimento primário"},null,null,null,"tkm",{"$f":"ROUND(SUMIF('MOMENTO DE TRANSPORTE - PRINC'!A:A,'ORÇAMENTO '!D47,'MOMENTO DE TRANSPORTE - PRINC'!K:K)+SUMIF('MOMENTO DE TRANSPORTE - AUX'!A:A,'ORÇAMENTO '!D47,'MOMENTO DE TRANSPORTE - AUX'!K:K),2)","v":1964.61},0.23080000000000012,{"$f":"ROUND(IF(C47=\"CODEVASF\",VLOOKUP(D47,'CPU CODEVASF'!E:I,5,FALSE),VLOOKUP(D47,'SINTÉTICO SICRO'!A:D,4,FALSE)),6)","v":0.71},{"$f":"ROUND(IF(C47=\"CODEVASF\",VLOOKUP(D47,'CPU CODEVASF'!E:H,4,FALSE),VLOOKUP(D47,'SINTÉTICO SICRO'!A:D,4,FALSE)*(1+$J$6)),6)","v":0.87386799999999998},1716.81,null,"PAVIMENTAÇÃO"]
[null,26,"SICRO",5914366,{"$f":"VLOOKUP(D48,'SINTÉTICO SICRO'!$A$4:$D$1048576,2,0)","v":"Transporte de cimento ou cal hidratada a granel com caminhão silo de 30 m³ - rodovia pavimentada"},null,null,null,"tkm",{"$f":"ROUND(SUMIF('MOMENTO DE TRANSPORTE - PRINC'!A:A,'ORÇAMENTO '!D48,'MOMENTO DE TRANSPORTE - PRINC'!K:K)+SUMIF('MOMENTO DE TRANSPORTE - AUX'!A:A,'ORÇAMENTO '!D48,'MOMENTO DE TRANSPORTE - AUX'!K:K),2)","v":1694.47},{"$f":"M48/L48-1","v":0.23079999999999989},{"$f":"ROUND(IF(C48=\"CODEVASF\",VLOOKUP(D48,'CPU CODEVASF'!E:I,5,FALSE),VLOOKUP(D48,'SINTÉTICO SICRO'!A:D,4,FALSE)),6)","v":0.63},{"$f":"ROUND(IF(C48=\"CODEVASF\",VLOOKUP(D48,'CPU CODEVASF'!E:H,4,FALSE),VLOOKUP(D48,'SINTÉTICO SICRO'!A:D,4,FALSE)*(1+$J$6)),6)","v":0.77540399999999998},{"$f":"ROUND(ROUND(J48,2)*ROUND(M48,6),2)","v":1313.9},null,"PAVIMENTAÇÃO"]
[null,27,"SICRO",5914569,{"$f":"VLOOKUP(D49,'SINTÉTICO SICRO'!$A$4:$D$1048576,2,0)","v":"Transporte com caminhão betoneira - rodovia pavimentada"},null,null,null,"tkm",{"$f":"ROUND(SUMIF('MOMENTO DE TRANSPORTE - PRINC'!A:A,'ORÇAMENTO '!D49,'MOMENTO DE TRANSPORTE - PRINC'!K:K)+SUMIF('MOMENTO DE TRANSPORTE - AUX'!A:A,'ORÇAMENTO '!D49,'MOMENTO DE TRANSPORTE - AUX'!K:K),2)","v":41274.5},{"$f":"M49/L49-1","v":0.23079999999999989},{"$f":"ROUND(IF(C49=\"CODEVASF\",VLOOKUP(D49,'CPU CODEVASF'!E:I,5,FALSE),VLOOKUP(D49,'SINTÉTICO SICRO'!A:D,4,FALSE)),6)","v":0.73},{"$f":"ROUND(IF(C49=\"CODEVASF\",VLOOKUP(D49,'CPU CODEVASF'!E:H,4,FALSE),VLOOKUP(D49,'SINTÉTICO SICRO'!A:D,4,FALSE)*(1+$J$6)),6)","v":0.89848399999999995},{"$f":"ROUND(ROUND(J49,2)*ROUND(M49,6),2)","v":37084.480000000003},null,"PAVIMENTAÇÃO"]
[null,"VALOR TOTAL R$",{"$nulls":11},{"$f":"N39+N31+N24+N18+N16+N13+N10+N35","v":4606327.1428213129}]

{"sheet":"CRONOGRAMA TOTAL","index":1,"n_rows":28,"n_cols":11,"rows_kept":28,"cut":false,"hidden":false,"merged":[[25,0,25,1],[1,0,1,8],[2,0,2,8],[22,0,22,1],[23,0,23,1],[24,0,24,1]]}
[]
[{"$f":"'ORÇAMENTO '!B1","v":"CONTRATAÇÃO DE SERVIÇOS DE PAVIMENTAÇÃO ASFÁLTICA COM CONCRETO BETUMINOSO USINADO A QUENTE (CBUQ), INCLUSIVE SINALIZAÇÃO VIÁRIA E DRENAGEM SUPERFICAL, NA ESTRADA DO MELÃO, LOCALIZADA NO MUNICÍPIO DE MOSSORÓ/RN."}]
["Cronograma Físico e Financeiro "]
["Item","Descrição","Total Por Etapa","30 DIAS","60 DIAS","90 DIAS","120 DIAS","150 DIAS","180 DIAS"]
[null,{"$f":"'ORÇAMENTO '!E10","v":"MOBILIZAÇÃO/DESMOBILIZAÇÃO"},{"$f":"SUM(D5:I5)","v":1},0.5,{"$nulls":4},0.5]
[null,null,{"$f":"'ORÇAMENTO '!N10","v":27755.802821313337},{"$f":"$C$6*D5","v":13877.901410656668},{"$nulls":4},{"$f":"$C$6*I5","v":13877.901410656668},{"$f":"SUM(D6:I6)","v":27755.802821313337},{"$f":"IF(J6=C6,\"OK\",\"\")","v":"OK"}]
[null,{"$f":"'ORÇAMENTO '!E13","v":"INSTALAÇÃO DE CANTEIRO"},{"$f":"SUM(D7:I7)","v":1},0.7,0.3]
[null,null,{"$f":"'ORÇAMENTO '!N13","v":17398.07},{"$f":"$C$8*D7","v":12178.648999999999},5219.4209999999994,null,null,null,0,{"$f":"SUM(D8:I8)","v":17398.07},{"$f":"IF(J8=C8,\"OK\",\"\")","v":"OK"}]
[null,{"$f":"'ORÇAMENTO '!E16","v":"ADMINISTRAÇÃO LOCAL DA OBRA"},{"$f":"SUM(D9:I9)","v":1},5.8999999999999999E-3,0.21690000000000001,0.21579999999999999,0.24679999999999999,0.24679999999999999,6.7799999999999999E-2]
[null,null,{"$f":"'ORÇAMENTO '!N16","v":278837.88},{"$f":"$C$10*D9","v":1645.1434919999999},60479.936172000002,60173.214503999996,68817.188783999998,68817.188783999998,18905.208264000001,{"$f":"SUM(D10:I10)","v":278837.88},{"$f":"IF(J10=C10,\"OK\",\"\")","v":"OK"}]
[]
[null,{"$f":"'ORÇAMENTO '!E18","v":"PAVIMENTAÇÃO"},{"$f":"SUM(D12:I12)","v":1},null,0.25,0.25,0.25,0.25]
[null,null,{"$f":"'ORÇAMENTO '!N18","v":1542067.0199999998},null,{"$f":"$C$13*E12","v":385516.75499999995},385516.75499999995,385516.75499999995,385516.75499999995,null,{"$f":"SUM(D13:I13)","v":1542067.0199999998},{"$f":"IF(J13=C13,\"OK\",\"\")","v":"OK"}]
[null,"AQUISIÇÃO E TRANSPORTE DE MATERIAL BETUMINOSO",{"$f":"SUM(D14:I14)","v":1},null,0.25,0.25,0.25,0.25]
[null,null,{"$f":"'ORÇAMENTO '!N24","v":1833438.2200000002},null,{"$f":"$C$15*E14","v":458359.55500000005},458359.55500000005,458359.55500000005,458359.55500000005,null,{"$f":"SUM(D15:I15)","v":1833438.2200000002},{"$f":"IF(J15=C15,\"OK\",\"\")","v":"OK"}]
[null,{"$f":"'ORÇAMENTO '!E31","v":"DRENAGEM"},{"$f":"SUM(D16:I16)","v":1},null,null,null,{"$f":"1/3","v":0.33333333333333331},{"$f":"1/3","v":0.33333333333333331},{"$f":"1/3","v":0.33333333333333331}]
[null,null,{"$f":"'ORÇAMENTO '!N31","v":406866.88},null,null,null,{"$f":"$C$17*G16","v":135622.29333333333},{"$f":"$C$17*H16","v":135622.29333333333},{"$f":"$C$17*I16","v":135622.29333333333},{"$f":"SUM(D17:I17)","v":406866.88},{"$f":"IF(J17=C17,\"OK\",\"\")","v":"OK"}]
[null,{"$f":"'ORÇAMENTO '!E35","v":"SINALIZAÇÃO"},{"$f":"SUM(D18:I18)","v":1},{"$nulls":4},0.4,0.6]
[null,null,{"$f":"'ORÇAMENTO '!N35","v":58144.33},{"$nulls":4},{"$f":"$C$19*H18","v":23257.732000000004},{"$f":"$C$19*I18","v":34886.597999999998},{"$f":"SUM(D19:I19)","v":58144.33},{"$f":"IF(J19=C19,\"OK\",\"\")","v":"OK"}]
[null,{"$f":"'ORÇAMENTO '!E39","v":"MOMENTO DE TRANSPORTE"},{"$f":"SUM(D20:I20)","v":1},null,{"$f":"1/5","v":0.2},{"$f":"1/5","v":0.2},{"$f":"1/5","v":0.2},{"$f":"1/5","v":0.2},{"$f":"1/5","v":0.2}]
[null,null,{"$f":"'ORÇAMENTO '!N39","v":441818.94000000006},null,{"$f":"$C$21*E20","v":88363.788000000015},88363.788000000015,88363.788000000015,88363.788000000015,88363.788000000015,{"$f":"SUM(D21:I21)","v":441818.94000000006},{"$f":"IF(J21=C21,\"OK\",\"\")","v":"OK"}]
[]
["Porcentagem",null,null,{"$f":"D24/$I$28","v":6.0138355448392548E-3},{"$f":"E24/$I$28","v":0.21664537151409866},0.21544568627754046,0.24676483994168344,0.25181392379501888,6.33163429268193E-2]
["Custo",null,null,{"$f":"D6+D8+D10+D13+D15+D17+D19+D21","v":27701.693902656665},{"$f":"E6+E8+E10+E13+E15+E17+E19+E21","v":997939.4551720001},992413.31250400003,1136679.5801173334,1159937.3121173333,291655.78900799004]
["Porcentagem Acumulado",null,null,{"$f":"D23","v":6.0138355448392548E-3},{"$f":"D25+E23","v":0.22265920705893791},{"$f":"E25+F23","v":0.4381048933364784},0.68486973327816181,0.93668365707318069,{"$f":"H25+I23","v":1}]
["Custo Acumulado",null,null,{"$f":"D24","v":27701.693902656665},{"$f":"D26+E24","v":1025641.1490746568},2018054.4615786569,3154734.0416959906,4314671.3538133241,{"$f":"H26+I24","v":4606327.1428213138}]
[]
[null,null,null,"Total Geral",{"$nulls":4},{"$f":"C6+C8+C10+C19+C13+C15+C17+C21","v":4606327.1428213138}]

{"sheet":"MEMÓRIA DE CÁLCULO","index":2,"n_rows":189,"n_cols":8,"rows_kept":189,"cut":false,"hidden":false,"merged":[[180,0,180,5],[183,0,183,5],[184,0,184,5],[157,0,157,6],[158,0,158,6],[159,1,159,2],[159,3,160,3],[159,4,160,4],[159,5,160,5],[159,6,160,6],[94,0,94,3],[94,4,94,6],[122,4,122,5],[125,0,125,3],[154,0,154,3],[0,0,0,3],[2,0,2,3],[6,0,6,3],[22,1,22,4],[27,1,27,4],[71,1,71,4],[58,1,58,4],[64,1,64,4],[76,1,76,4],[12,1,12,4],[17,1,17,4],[49,1,49,5],[34,1,34,4],[40,1,40,4],[45,1,45,4]]}
["QUANTITATIVOS A SEREM EXECUTADOS - DADOS DE ENTRADA"]
["Estaca inicial:",0,"Estaca Final:","273+10"]
["Pavimento Concluído em CBUQ"]
["Estaca 06 a 67:","61 Estacas",{"$f":"61*20","v":1220},"m"]
["Largura Rolamento:","=",7,"m"]
["Largura Acostamento (LE+LD)","=",2,"m"]
["Extensões e locais a serem trabalhados (base+revestimento)"]
["Estaca 00 a 06:",{"$f":"6*20","v":120},"m"]
["Estaca 67 a 275:",{"$f":"(273-67)*20+10","v":4130},"m"]
["Extensão Total:",{"$f":"B9+B8","v":4250},"m"]
[]
[null,"MOBUILIZAÇÃO"]
[1,"Implantação da obra"]
[]
[null,"Quantidade (un)",null,"Quantidade (un)"]
[null,{"$f":"G4","v":0},"=",{"$f":"B16","v":0}]
[]
[2,"Administração da obra"]
[]
[null,"Quantidade (un)",null,"Quantidade (un)"]
[null,{"$f":"G4","v":0},"=",{"$f":"B21","v":0}]
[]
[3,"Canteiro de Obras e Almoxarifado"]
[]
[null,"Quantidade (un)",null,"Quantidade (un)"]
[null,{"$f":"G4","v":0},"=",{"$f":"B26","v":0}]
[]
[4,"Placa de Obra em Chapa de Aço Galvanizado"]
[]
[null,"Módulos(un)","Comprimento(m)","Largura (m)",null,null,null,"Total de Area de placa (m²)"]
[null,1,2,4,null,null,null,{"$f":"C31*D31*B31","v":8}]
[]
[null,"TERRAPLENAGEM"]
[]
[5,"Serviços topográficos para pavimentação, inclusive notas de serviços, acompanhamento e greide"]
[]
[null,"Extensão (m)",null,"Largura (m)",null,null,null,"area (m2)"]
[null,{"$f":"C4*$G$4","v":0},"x",9.5,null,null,"=",{"$f":"B38*D38","v":0}]
[null,"PAVIMENTAÇÃO"]
[]
[6,"Reestabilização de camada de base com adição de 30% de brita comercial"]
[null,"*Estimativa de 60% do trecho para fins de quantitativos, logo:"]
[null,"Extensão (m)",null,"Largura (m)",null,"Espessura (m)",null,"Volume (m3)"]
[null,{"$f":"(B10)*0.6","v":2550},"x",9.5,"x",0.2,"=",{"$f":"B44*D44*F44","v":4845}]
[]
[7,"Reestabilização de camada de base sem adição de material - 100% Proctor modificado"]
[null,"*Estimativa de 40% do trecho para fins de quantitativos, logo:"]
[null,"Extensão (m)",null,"Largura (m)",null,"Espessura (m)",null,"Volume (m3)"]
[null,{"$f":"B10*0.4","v":1700},"x",9.5,"x",0.2,"=",{"$f":"B49*D49*F49","v":3230}]
[8,"Concreto asfáltico - faixa C - areia e brita comerciais"]
[null,"Pista de Rolamento"]
[null,"Extensão (m)","Largura (m)","Espessura (m)","Densidade (t/m³)"]
[null,{"$f":"B10","v":4250},{"$f":"$C$5","v":7},0.05,2.4]
[null,"Acostamento",{"$nulls":5},"Volume (t)"]
[null,"Extensão (m)","Largura (m)","Espessura (m)","Densidade (t/m³)",null,"=",{"$f":"(B53*C53*D53*E53)+(B56*C56*D56*E56)","v":4284}]
[null,{"$f":"B10","v":4250},2,3.5000000000000003E-2,2.4]
[]
[]
[9,"Imprimação com emulsão asfáltica"]
[]
[null,"Extensão (m)",null,"Largura (m)",null,null,null,"area (m2)"]
[null,{"$f":"B10","v":4250},"x",9,null,null,"=",{"$f":"B62*D62","v":38250}]
[]
[]
[10,"Pintura de ligação"]
[]
[null,"Extensão (m)",null,"Largura (m)",null,null,null,"area (m2)"]
[null,{"$f":"B10","v":4250},"x",9,null,null,"=",{"$f":"B68*D68","v":38250}]
[]
[null,"SINALIZAÇÃO"]
[]
[20,"Fornecimento e implantação de placa de regulamentação em aço D = 0,60 m - película retrorrefletiva tipo I + SI"]
[]
[null,null,null,"Quant. (un)",null,null,null,"Quant. (un)"]
[null,null,null,0,null,null,"=",{"$f":"D75","v":0}]
[]
[20,"Placa de advertência em aço, lado de 0,60 m - película retrorrefletiva tipo I + SI - fornecimento e implantação"]
[]
[null,null,null,"Quant. (un)",null,null,null,"Quant. (un)"]
[null,null,null,0,null,null,"=",{"$f":"D80","v":0}]
[]
[]
[21,"Fornecimento e implantação de suporte metálico galvanizado para placa de regulamentação - D = 0,60 m"]
[]
[null,null,null,"Quant. (un)",null,null,null,"Quant. (un)"]
[null,null,null,{"$f":"D75","v":0},null,null,"=",{"$f":"H75+H80","v":0}]
[]
[null,"DRENAGEM"]
[{"$f":"'ORÇAMENTO '!B32","v":17},{"$f":"'SINTÉTICO SICRO'!B3370","v":"Meio-fio de concreto - MFC 03 moldado no local com extrusora e concreto usinado - areia e brita comerciais"}]
[]
["Extensão (m) Total retirada do projeto da Estaca 00 até Estaca 275 ( menos o já realizado anteriormente - 1138 m - E6 a E31 LE / E6 a E37+18 LD)",{"$nulls":6},"Extensão(m)"]
[{"$nulls":6},"=",{"$f":"-1138+1989.6+2000+2000+1989.93+2001.48+25*20*2","v":9843.01}]
[]
[18]
["DESCIDA D'ÁGUA DE ATERROS TIPO RÁPIDO ",null,null,null,"COMPRIMENTO ESTIMADO"]
["TIPO","QUANTIDADE","ESTACA","LADO","ESQ","DIR","TOTAL (m)"]
[1,2,"1+0,00","DIREITO E ESQUERDO",1,1,{"$f":"E97+F97","v":2}]
[1,1,"3+0,00","ESQUERDO",1,null,{"$f":"E98+F98","v":1}]
[1,2,"12+0,00","DIREITO E ESQUERDO",2.5,1,{"$f":"E99+F99","v":3.5}]
[1,1,"28+0,00","ESQUERDO",1,null,1]
[1,1,"74+0,00","DIREITO",null,4.8,4.8]
[1,2,"79+0,00","DIREITO E ESQUERDO",4.9800000000000004,4.9400000000000004,9.9200000000000017]
[1,2,"80+0,00","DIREITO E ESQUERDO",4.95,2.7,7.65]
[1,2,"83+0,00","DIREITO E ESQUERDO",2,4.12,6.12]
[1,1,"88+0,00","DIREITO",null,1.9,1.9]
[1,2,"98+0,00","DIREITO E ESQUERDO",4.5,2.2999999999999998,6.8]
[1,1,"99+0,00","DIREITO",null,3.5,3.5]
[1,2,"105+0,00","DIREITO E ESQUERDO",2.65,2,4.6500000000000004]
[1,2,"108+0,00","DIREITO E ESQUERDO",4.1500000000000004,4.5,8.65]
[1,2,"110+0,00","DIREITO E ESQUERDO",3.5,4,7.5]
[1,2,"117+0,00","DIREITO E ESQUERDO",2.5,2,4.5]
[1,1,"131+0,00","DIREITO",null,5,5]
[1,2,"142+0,00","DIREITO E ESQUERDO",2.5,1,3.5]
[1,1,"177+0,00","ESQUERDO",5,null,5]
[1,2,"205+0,00","DIREITO E ESQUERDO",3,4,7]
[1,1,"227+0,00","DIREITO",null,3.5,3.5]
[1,2,"253+0,00","DIREITO E ESQUERDO",4.5999999999999996,4,8.6]
[1,1,"257+0,00","ESQUERDO",4.8499999999999996,null,4.8499999999999996]
[1,2,"261+0,00","DIREITO E ESQUERDO",4.45,4.5999999999999996,9.0500000000000007]
[1,2,"268+0,00","DIREITO E ESQUERDO",3.4,4.3499999999999996,7.75]
[1,2,"272+0,00","DIREITO E ESQUERDO",2.75,3.25,6]
[1,2,"274+0,00","DIREITO E ESQUERDO",1.9,2.2000000000000002,4.0999999999999996]
["TOTAL",{"$f":"SUM(B97:B121)","v":41},"-","-","TOTAL (m)",null,{"$f":"SUM(G97:G121)","v":133.73999999999998}]
[]
[19]
["DISSIPADORES DE ENERGIA APLICÁVEIS A DESCIDA D'ÁGUA DE ATERROS TIPO RÁPIDO "]
["TIPO","QUANTIDADE","ESTACA","LADO"]
[1,2,"1+0,00","DIREITO E ESQUERDO"]
[1,1,"3+0,00","ESQUERDO"]
[1,2,"12+0,00","DIREITO E ESQUERDO"]
[1,1,"28+0,00","ESQUERDO"]
[1,1,"74+0,00","DIREITO"]
[1,2,"79+0,00","DIREITO E ESQUERDO"]
[1,2,"80+0,00","DIREITO E ESQUERDO"]
[1,2,"83+0,00","DIREITO E ESQUERDO"]
[1,1,"88+0,00","DIREITO"]
[1,2,"98+0,00","DIREITO E ESQUERDO"]
[1,1,"99+0,00","DIREITO"]
[1,2,"105+0,00","DIREITO E ESQUERDO"]
[1,2,"108+0,00","DIREITO E ESQUERDO"]
[1,2,"110+0,00","DIREITO E ESQUERDO"]
[1,2,"117+0,00","DIREITO E ESQUERDO"]
[1,1,"131+0,00","DIREITO"]
[1,2,"142+0,00","DIREITO E ESQUERDO"]
[1,1,"177+0,00","ESQUERDO"]
[1,2,"205+0,00","DIREITO E ESQUERDO"]
[1,1,"227+0,00","DIREITO"]
[1,2,"253+0,00","DIREITO E ESQUERDO"]
[1,1,"257+0,00","ESQUERDO"]
[1,2,"261+0,00","DIREITO E ESQUERDO"]
[1,2,"268+0,00","DIREITO E ESQUERDO"]
[1,2,"272+0,00","DIREITO E ESQUERDO"]
[1,null,"274+0,00","DIREITO E ESQUERDO"]
["TOTAL",{"$f":"SUM(B128:B153)","v":41},"-","-"]
[]
[]
[20]
["RESUMO DE QUANTIDADES"]
["SINALIZAÇÃO HORIZONTAL - ESTRADA DO MELÃO"]
[" ","Estaca",null,"Cor","Comp.            (m)","Larg.         (m)","Área   (m²)"]
["Descrição","INICIAL","FINAL"]
["Faixa de Bordo ","0+0,00","260+0,00","Branca",{"$f":"260*20","v":5200},0.1,{"$f":"E162*F162*2","v":1040}]
["Faixa de Retenção ","0+1,00","0+1,30","Branca",0.3,3.05,{"$f":"E163*F163","v":0.91499999999999992}]
["Faixa Contínua Dupla","0+0,00","4+0,00","Amarela",80,0.1,{"$f":"E164*F164*2","v":16}]
["Dizer de Pare ","0+2,80","0+5,20","Branca",2.4,2.2000000000000002,{"$f":"E165*F165","v":5.28}]
["Faixa Contínua/Seccionada","4+0,00","25+0,00","Amarela",420,0.1,{"$f":"E166*F166*2","v":84}]
["Faixa Contínua Dupla","25+0,00","35+0,00","Amarela",200,0.1,40]
["Faixa Contínua/Seccionada","35+0,00","50+0,00","Amarela",300,0.1,60]
["Faixa Contínua/Seccionada","50+0,00","65+0,00","Amarela",300,0.1,60]
["Faixa Contínua/Seccionada","65+0,00","75+0,00","Amarela",200,0.1,40]
["Faixa Contínua Dupla","75+0,00","100+0,00","Amarela",500,0.1,100]
["Faixa Tracejada Simples ","100+0,00","110+0,00","Amarela",200,0.1,{"$f":"E172*F172","v":20}]
["Faixa Contínua Dupla","110+0,00","130+0,00","Amarela",400,0.1,{"$f":"E173*F173*2","v":80}]
["Faixa Contínua/Seccionada","130+0,00","150+0,00","Amarela",400,0.1,80]
["Faixa Contínua Dupla","150+0,00","190+0,00","Amarela",800,0.1,160]
["Faixa Contínua/Seccionada","190+0,00","200+0,00","Amarela",200,0.1,40]
["Faixa Contínua Dupla","200+0,00","210+0,00","Amarela",200,0.1,40]
["Faixa Contínua/Seccionada","210+0,00","230+0,00","Amarela",400,0.1,80]
["Faixa Tracejada Simples ","230+0,00","250+0,00","Amarela",400,0.1,80]
["Faixa Contínua Dupla","250+0,00","273+10,00","Amarela",{"$f":"23*20+10","v":470},0.1,94]
["Área",{"$nulls":5},{"$f":"SUM(G162:G180)","v":2120.1949999999997}]
[]
[21]
["RESUMO DE QUANTIDADES "]
["SINALIZAÇÃO VERTICAL  - ESTRADA DO MELÃO"]
["Código","Identificação","Nome","Área (m²)","Localização (Estaca)","Lado"]
["R-1","-","Parada Obrigatória",0.18,"0+2,80","Esquerdo"]
["R-19.6","-","Velocidade Máxima",0.18,"1+0,00","Direito"]
["R-19.6","-","Velocidade Máxima",0.18,"150+0,00","Direito"]

{"sheet":" CONSUMO DE MAT. B TOTAL","index":3,"n_rows":17,"n_cols":16,"rows_kept":17,"cut":false,"hidden":false,"merged":[[0,1,1,15],[2,1,3,15],[4,1,4,2],[4,3,4,11],[4,12,4,15],[15,1,15,15],[17,1,17,15],[6,1,6,15],[9,1,9,15],[11,1,11,15],[13,1,13,15]]}
[]
[]
[null,"CONSUMO DO MATERIAL BETUMINOSO TOTAL"]
[]
[null,"TRECHO",null,"QUANTIDADES",{"$nulls":8},"MAT. BETUMINOSO"]
[null,"Inicio           (km)","Fim              (km)","Extensão     (m)","Largura       (m)","Espess.       (m)","Área            (m2)","Volume              (m3)","Densidade (t/m3)","Massa            (t)","Unid","Quant.","Tipo","Consumo Taxa de Aplicação","Unid. ","Quant."]
[null,"IMPRIMAÇÃO"]
[{"$nulls":5},1,{"$f":"'MEMÓRIA DE CÁLCULO'!H62","v":38250},{"$nulls":5},"EAI","1,3 l/m2","t",{"$f":"ROUND((G8*1.3)/1000,2)","v":49.73}]
[{"$nulls":5},1,{"$nulls":6},"CM-30","1,2 l/m2","t",{"$f":"ROUND((G9*1.2)/1000,2)","v":0}]
[null,"PINTURA DE LIGAÇÃO"]
[{"$nulls":5},1,{"$f":"'MEMÓRIA DE CÁLCULO'!H68","v":38250},{"$f":"G11*F11","v":38250},{"$nulls":4},"RR-1C","0,45 l/m2","t",{"$f":"ROUND((G11*0.45)/1000,2)","v":17.21}]
[null,"CBUQ FAIXA \"C\""]
[{"$nulls":7},{"$f":"G13*F13","v":0},null,{"$f":"'MEMÓRIA DE CÁLCULO'!H55","v":4284},null,null,"CAP-50/70","63,23 t/m3","t",{"$f":"ROUND((J13*63.23)/1000,2)","v":270.88}]
[null,"CBUQ FAIXA \"B\""]
[{"$nulls":7},{"$f":"G15*F15","v":0},{"$nulls":4},"CAP-50/70","56,60 t/m3","t",{"$f":"ROUND((J15*56.6)/1000,2)","v":0}]
[]
[{"$nulls":7},{"$f":"G17*F17","v":0}]

{"sheet":"CPU CODEVASF","index":4,"n_rows":67,"n_cols":9,"rows_kept":67,"cut":false,"hidden":false,"merged":[[7,0,7,7],[0,0,2,7],[3,0,3,7],[4,0,6,3],[4,6,4,7],[5,4,6,5],[8,0,9,0],[8,1,9,1],[8,2,9,2],[8,3,9,3],[8,4,9,4],[23,4,23,6],[26,5,26,6],[28,5,29,5],[28,6,29,6],[18,5,18,6],[8,7,9,7],[20,4,21,4],[20,5,21,5],[20,6,21,6],[20,7,21,7],[8,5,9,5],[8,6,9,6],[15,4,15,6],[20,0,21,0],[20,1,21,1],[20,2,21,2],[20,3,21,3],[28,0,29,0],[28,1,29,1],[28,2,29,2],[28,3,29,3],[36,0,37,0],[36,1,37,1],[36,2,37,2],[36,3,37,3],[36,4,37,4],[36,7,37,7],[39,4,39,6],[28,7,29,7],[31,4,31,6],[42,5,42,6],[34,5,34,6],[36,5,37,5],[36,6,37,6],[28,4,29,4],[52,0,53,0],[52,1,53,1],[52,2,53,2],[52,3,53,3],[52,4,53,4],[44,5,45,5],[44,6,45,6],[44,7,45,7],[47,4,47,6],[50,5,50,6],[44,0,45,0],[44,1,45,1],[44,2,45,2],[44,3,45,3],[44,4,45,4],[60,0,61,0],[60,1,61,1],[60,2,61,2],[60,3,61,3],[60,4,61,4],[60,7,61,7],[63,4,63,6],[66,5,66,6],[52,5,53,5],[52,6,53,6],[55,4,55,6],[58,5,58,6],[60,5,61,5],[60,6,61,6],[52,7,53,7]]}
[]
[]
[]
[{"$f":"'ORÇAMENTO '!B1","v":"CONTRATAÇÃO DE SERVIÇOS DE PAVIMENTAÇÃO ASFÁLTICA COM CONCRETO BETUMINOSO USINADO A QUENTE (CBUQ), INCLUSIVE SINALIZAÇÃO VIÁRIA E DRENAGEM SUPERFICAL, NA ESTRADA DO MELÃO, LOCALIZADA NO MUNICÍPIO DE MOSSORÓ/RN."}]
[{"$nulls":5},"BDI %:",{"$f":"BDI!$C$17","v":0.23080000000000001}]
[{"$nulls":4},"Encargos Sociais:",null,"Horista","Mensalista"]
[{"$nulls":6},{"$f":"'ENC. SOCIAIS'!E51/100","v":1.1521000000000001},{"$f":"'ENC. SOCIAIS'!F51/100","v":0.70860000000000001}]
["COMPOSIÇÕES DE CUSTO UNITARIO"]
["CPU-12","CODEVASF",null,"Correção de vazamentos no ramal na rua sem pavimento com fornecimento do material hidráulico","M","COEF.","PRECO UNITÁRIO (R$)","TOTAL (R$)"]
[]
["SICRO","SICRO","P9824",{"$f":"VLOOKUP(C11,'Pessoal Sicro'!$A$5:$G$1048576,2,0)","v":"Servente"},"H",0.2,{"$f":"VLOOKUP(C11,'Pessoal Sicro'!$A$5:$G$1048576,6,0)","v":21.858599999999999},{"$f":"F11*G11","v":4.3717199999999998}]
["SICRO","SICRO","P9807",{"$f":"VLOOKUP(C12,'Pessoal Sicro'!$A$5:$G$1048576,2,0)","v":"Bombeiro hidráulico"},"H",0.1,{"$f":"VLOOKUP(C12,'Pessoal Sicro'!$A$5:$G$1048576,6,0)","v":31.860099999999999},{"$f":"F12*G12","v":3.18601}]
["INS. SINAPI","SINAPI",9867,"TUBO PVC, SOLDAVEL, DN 20 MM, AGUA FRIA (NBR-5648)","m",1,{"$f":"IFERROR(VLOOKUP(C13,'INSUMOS SINAPI'!A:E,5,FALSE),VLOOKUP(C13,'COMP Sint. Sinapi'!G:K,5,FALSE))","v":3.59},{"$f":"F13*G13","v":3.59}]
["INSUMO","ORSE",10585,"Arco de serra","un",0.1,22.8,{"$f":"F14*G14","v":2.2800000000000002}]
["INS. SINAPI","SINAPI",3859,"LUVA SOLDAVEL COM ROSCA, PVC, 20 MM X 1/2\", PARA AGUA FRIA PREDIAL","un",2,{"$f":"IFERROR(VLOOKUP(C15,'INSUMOS SINAPI'!A:E,5,FALSE),VLOOKUP(C15,'COMP Sint. Sinapi'!G:K,5,FALSE))","v":1.29},{"$f":"F15*G15","v":2.58}]
[{"$nulls":4},"Sub total:",null,null,{"$f":"SUM(H11:H15)","v":16.007730000000002}]
[{"$nulls":5},"BDI",{"$f":"BDI!$C$17","v":0.23080000000000001},{"$f":"H16*G17","v":3.6945840840000006}]
[{"$nulls":6},"Total Serviços:",{"$f":"H16+H17","v":19.702314084000001}]
[{"$nulls":4},{"$f":"A9","v":"CPU-12"},"PREÇO UNITÁRIO TOTAL:",null,{"$f":"H18","v":19.702314084000001},{"$f":"H16","v":16.007730000000002}]
[]
["CPU-13","CODEVASF",null,"AQUISIÇÃO DE CIMENTO ASFALTICO CAP 50/70","t","COEF.","PRECO UNITÁRIO (R$)","TOTAL (R$)"]
[]
[null,null,null,"CIMENTO ASFALTICO 50/70","t",1,{"$f":"RESUMO_Transp!$V$17","v":4525.1462434645009},{"$f":"F23*G23","v":4525.1462434645009}]
[{"$nulls":4},"Sub total:",null,null,{"$f":"SUM(H23)","v":4525.1462434645009}]
[{"$nulls":5},"BDI",0.15,{"$f":"H24*G25","v":678.77193651967514}]
[{"$nulls":6},"Total Serviços:",{"$f":"H24+H25","v":5203.9181799841763}]
[{"$nulls":4},{"$f":"A21","v":"CPU-13"},"PREÇO UNITÁRIO TOTAL:",null,{"$f":"H26","v":5203.9181799841763},{"$f":"H24","v":4525.1462434645009}]
[]
["CPU-14","CODEVASF",null,"AQUISIÇÃO DE EAI","t","COEF.","PRECO UNITÁRIO (R$)","TOTAL (R$)"]
[]
[null,null,null,"EAI","t",1,{"$f":"RESUMO_Transp!$V$35","v":2777.3944869653506},{"$f":"F31*G31","v":2777.3944869653506}]
[{"$nulls":4},"Sub total:",null,null,{"$f":"SUM(H31)","v":2777.3944869653506}]
[{"$nulls":5},"BDI",0.15,{"$f":"H32*G33","v":416.60917304480256}]
[{"$nulls":6},"Total Serviços:",{"$f":"H32+H33","v":3194.003660010153}]
[{"$nulls":4},{"$f":"A29","v":"CPU-14"},"PREÇO UNITÁRIO TOTAL:",null,{"$f":"H34","v":3194.003660010153},{"$f":"H32","v":2777.3944869653506}]
[]
["CPU-15","CODEVASF",null,"AQUISIÇÃO DE EMULSÃO ASFÁLTICA RR-1C","t","COEF.","PRECO UNITÁRIO (R$)","TOTAL (R$)"]
[]
[null,null,null,"EMULSÃO ASFÁLTICA RR-1C","t",1,{"$f":"RESUMO_Transp!$V$42","v":3431.5170747684683},{"$f":"F39*G39","v":3431.5170747684683}]
[{"$nulls":4},"Sub total:",null,null,{"$f":"SUM(H39)","v":3431.5170747684683}]
[{"$nulls":5},"BDI",0.15,{"$f":"ROUND(H40,2)*ROUND(G41,4)","v":514.72799999999995}]
[{"$nulls":6},"Total Serviços:",{"$f":"H40+H41","v":3946.2450747684684}]
[{"$nulls":4},{"$f":"A37","v":"CPU-15"},"PREÇO UNITÁRIO TOTAL:",null,{"$f":"H42","v":3946.2450747684684},{"$f":"H40","v":3431.5170747684683}]
[]
["CPU-17","CODEVASF",null,"TRANSPORTE DE CIMENTO ASFALTICO CAP 50/70","t","COEF.","PRECO UNITÁRIO (R$)","TOTAL (R$)"]
[]
[null,null,null,"TRANSPORTE DE CIMENTO ASFALTICO 50/70","t",1,{"$f":"RESUMO_Transp!$U$17","v":237.43},{"$f":"F47*G47","v":237.43}]
[{"$nulls":4},"Sub total:",null,null,{"$f":"SUM(H47)","v":237.43}]
[{"$nulls":5},"BDI",0.15,{"$f":"H48*G49","v":35.6145}]
[{"$nulls":6},"Total Serviços:",{"$f":"H48+H49","v":273.04450000000003}]
[{"$nulls":4},{"$f":"A45","v":"CPU-17"},"PREÇO UNITÁRIO TOTAL:",null,{"$f":"H50","v":273.04450000000003},{"$f":"H48","v":237.43}]
[]
["CPU-18","CODEVASF",null,"TRANSPORTE DE EAI","t","COEF.","PRECO UNITÁRIO (R$)","TOTAL (R$)"]
[]
[null,null,null,"TRANSPORTE DE EAI","t",1,{"$f":"RESUMO_Transp!$U$35","v":1596.9594677871148},{"$f":"F55*G55","v":1596.9594677871148}]
[{"$nulls":4},"Sub total:",null,null,{"$f":"SUM(H55)","v":1596.9594677871148}]
[{"$nulls":5},"BDI",0.15,{"$f":"H56*G57","v":239.54392016806722}]
[{"$nulls":6},"Total Serviços:",{"$f":"H56+H57","v":1836.503387955182}]
[{"$nulls":4},{"$f":"A53","v":"CPU-18"},"PREÇO UNITÁRIO TOTAL:",null,{"$f":"H58","v":1836.503387955182},{"$f":"H56","v":1596.9594677871148}]
[]
["CPU-19","CODEVASF",null,"TRANSPORTE DE EMULSÃO ASFÁLTICA RR-1C","t","COEF.","PRECO UNITÁRIO (R$)","TOTAL (R$)"]
[]
[null,null,null,"TRANSPORTE DE EMULSÃO ASFÁLTICA RR-1C","t",1,{"$f":"RESUMO_Transp!$U$42","v":1604.5567054038349},{"$f":"F63*G63","v":1604.5567054038349}]
[{"$nulls":4},"Sub total:",null,null,{"$f":"SUM(H63)","v":1604.5567054038349}]
[{"$nulls":5},"BDI",0.15,{"$f":"H64*G65","v":240.68350581057524}]
[{"$nulls":6},"Total Serviços:",{"$f":"H64+H65","v":1845.2402112144102}]
[{"$nulls":4},{"$f":"A61","v":"CPU-19"},"PREÇO UNITÁRIO TOTAL:",null,{"$f":"H66","v":1845.2402112144102},{"$f":"H64","v":1604.5567054038349}]

{"sheet":"Mob ","index":5,"n_rows":66,"n_cols":9,"rows_kept":66,"cut":false,"hidden":false,"merged":[[9,6,9,7],[59,0,59,1],[9,0,10,0],[9,1,10,1],[9,2,10,2],[9,3,10,3],[9,4,10,4],[9,5,10,5],[3,0,3,7],[4,0,7,4],[4,5,4,6],[5,5,5,6],[6,5,7,6],[6,7,7,7]]}
[]
[]
[]
[{"$f":"'ORÇAMENTO '!B1","v":"CONTRATAÇÃO DE SERVIÇOS DE PAVIMENTAÇÃO ASFÁLTICA COM CONCRETO BETUMINOSO USINADO A QUENTE (CBUQ), INCLUSIVE SINALIZAÇÃO VIÁRIA E DRENAGEM SUPERFICAL, NA ESTRADA DO MELÃO, LOCALIZADA NO MUNICÍPIO DE MOSSORÓ/RN."}]
["MOBILIZAÇÃO/DESMOBILIZAÇÃO (MOB)",{"$nulls":4},"Frentes de serviços",null,1]
[{"$nulls":5},"Distância da Capital ao Canteiro:",null,317,"Fica a cargo de cada SR colocar a distancia adequada de acordo com o historico de mobilização"]
[{"$nulls":5},"Velocidade média de transporte (pavim.):",null,60]
[]
["Transporte dos equipamentos"]
["CODIGO","EQUIPAMENTO","VEÍCULO TRANSPORTADOR","QTDE","K","FU","CUSTO DO TRANSPORTE"]
[{"$nulls":6},"(R$/h)","(R$)/km"]
["E9524",{"$f":"VLOOKUP(A12,Equipamentos!$A:$K,2,FALSE)","v":"Motoniveladora - 93 kW"},{"$f":"IFERROR(INDEX('Tabelas 2 e 3 mob'!A:K,MATCH(A12,'Tabelas 2 e 3 mob'!A:A,0),9),\"ERRO\")","v":"E9665"},1,2,1,{"$f":"IF(C12=\"Veículo(s) da própria frota.\",0,INDEX(Equipamentos!B:K,MATCH(C12,Equipamentos!A:A,0),10))","v":123.9413},{"$f":"((D12*E12*F12)/$H$7)*G12","v":4.1313766666666663}]
["E9526",{"$f":"VLOOKUP(A13,Equipamentos!$A:$K,2,FALSE)","v":"Retroescavadeira de pneus - capacidade da caçamba da pá-carregadeira de 0,76 m³ e da retroescavadeira de 0,29 m³ - 58 kW "},{"$f":"IFERROR(INDEX('Tabelas 2 e 3 mob'!A:K,MATCH(A13,'Tabelas 2 e 3 mob'!A:A,0),9),\"ERRO\")","v":"E9665"},1,2,1,{"$f":"IF(C13=\"Veículo(s) da própria frota.\",0,INDEX(Equipamentos!B:K,MATCH(C13,Equipamentos!A:A,0),10))","v":123.9413},{"$f":"((D13*E13*F13)/$H$7)*G13","v":4.1313766666666663}]
["E9577",{"$f":"VLOOKUP(A14,Equipamentos!$A:$K,2,FALSE)","v":"Trator agrícola sobre pneus - 77 kW"},{"$f":"IFERROR(INDEX('Tabelas 2 e 3 mob'!A:K,MATCH(A14,'Tabelas 2 e 3 mob'!A:A,0),9),\"ERRO\")","v":"E9665"},1,2,0.5,{"$f":"IF(C14=\"Veículo(s) da própria frota.\",0,INDEX(Equipamentos!B:K,MATCH(C14,Equipamentos!A:A,0),10))","v":123.9413},2.0656883333333331]
["E9518",{"$f":"VLOOKUP(A15,Equipamentos!$A:$K,2,FALSE)","v":"Grade de 24 discos rebocável de D = 60 cm (24\")"},{"$f":"IFERROR(INDEX('Tabelas 2 e 3 mob'!A:K,MATCH(A15,'Tabelas 2 e 3 mob'!A:A,0),9),\"ERRO\")","v":"Veículo(s) da própria frota."},5,2,0,{"$f":"IF(C15=\"Veículo(s) da própria frota.\",0,INDEX(Equipamentos!B:K,MATCH(C15,Equipamentos!A:A,0),10))","v":0},0]
["E9615",{"$f":"VLOOKUP(A16,Equipamentos!$A:$K,2,FALSE)","v":"Usina misturadora de solos com capacidade de 300 t/h - 44 kW"},{"$f":"IFERROR(INDEX('Tabelas 2 e 3 mob'!A:K,MATCH(A16,'Tabelas 2 e 3 mob'!A:A,0),9),\"ERRO\")","v":"E9018"},0,2,2,{"$f":"IF(C16=\"Veículo(s) da própria frota.\",0,INDEX(Equipamentos!B:K,MATCH(C16,Equipamentos!A:A,0),10))","v":157.9864},0]
["E9689",{"$f":"VLOOKUP(A17,Equipamentos!$A:$K,2,FALSE)","v":"Usina de asfalto a quente gravimétrica com capacidade de 100/140 t/h - 260 kW"},{"$f":"IFERROR(INDEX('Tabelas 2 e 3 mob'!A:K,MATCH(A17,'Tabelas 2 e 3 mob'!A:A,0),9),\"ERRO\")","v":"E9666"},0,2,3,{"$f":"IF(C17=\"Veículo(s) da própria frota.\",0,INDEX(Equipamentos!B:K,MATCH(C17,Equipamentos!A:A,0),10))","v":136.54849999999999},0]
["E9530",{"$f":"VLOOKUP(A18,Equipamentos!$A:$K,2,FALSE)","v":"Rolo compactador liso vibratório autopropelido por pneus de 11 t - 97 kW"},{"$f":"IFERROR(INDEX('Tabelas 2 e 3 mob'!A:K,MATCH(A18,'Tabelas 2 e 3 mob'!A:A,0),9),\"ERRO\")","v":"E9666"},1,2,0.5,{"$f":"IF(C18=\"Veículo(s) da própria frota.\",0,INDEX(Equipamentos!B:K,MATCH(C18,Equipamentos!A:A,0),10))","v":136.54849999999999},2.275808333333333]
["E9558",{"$f":"VLOOKUP(A19,Equipamentos!$A:$K,2,FALSE)","v":"Tanque de estocagem de asfalto com capacidade de 30.000 l"},{"$f":"IFERROR(INDEX('Tabelas 2 e 3 mob'!A:K,MATCH(A19,'Tabelas 2 e 3 mob'!A:A,0),9),\"ERRO\")","v":"E9665"},0,2,1,{"$f":"IF(C19=\"Veículo(s) da própria frota.\",0,INDEX(Equipamentos!B:K,MATCH(C19,Equipamentos!A:A,0),10))","v":123.9413},0]
["E9758",{"$f":"VLOOKUP(A20,Equipamentos!$A:$K,2,FALSE)","v":"Vibroacabadora de asfalto sobre pneus - 97 kW"},{"$f":"IFERROR(INDEX('Tabelas 2 e 3 mob'!A:K,MATCH(A20,'Tabelas 2 e 3 mob'!A:A,0),9),\"ERRO\")","v":"E9018"},1,2,0.5,{"$f":"IF(C20=\"Veículo(s) da própria frota.\",0,INDEX(Equipamentos!B:K,MATCH(C20,Equipamentos!A:A,0),10))","v":157.9864},2.6331066666666665]
["E9685",{"$f":"VLOOKUP(A21,Equipamentos!$A:$K,2,FALSE)","v":"Rolo compactador pé de carneiro vibratório autopropelido por pneus de 11,6 t - 82 kW"},{"$f":"IFERROR(INDEX('Tabelas 2 e 3 mob'!A:K,MATCH(A21,'Tabelas 2 e 3 mob'!A:A,0),9),\"ERRO\")","v":"E9666"},1,2,0.5,{"$f":"IF(C21=\"Veículo(s) da própria frota.\",0,INDEX(Equipamentos!B:K,MATCH(C21,Equipamentos!A:A,0),10))","v":136.54849999999999},2.275808333333333]
["E9605",{"$f":"VLOOKUP(A22,Equipamentos!$A:$K,2,FALSE)","v":"Caminhão tanque com capacidade de 6.000 l - 136 kW"},{"$f":"IFERROR(INDEX('Tabelas 2 e 3 mob'!A:K,MATCH(A22,'Tabelas 2 e 3 mob'!A:A,0),9),\"ERRO\")","v":"E9605"},1,1,1,{"$f":"IF(C22=\"Veículo(s) da própria frota.\",0,INDEX(Equipamentos!B:K,MATCH(C22,Equipamentos!A:A,0),10))","v":73.585700000000003},1.2264283333333335]
["E9579",{"$f":"VLOOKUP(A23,Equipamentos!$A:$K,2,FALSE)","v":"Caminhão basculante com capacidade de 10 m³ - 210 kW"},{"$f":"IFERROR(INDEX('Tabelas 2 e 3 mob'!A:K,MATCH(A23,'Tabelas 2 e 3 mob'!A:A,0),9),\"ERRO\")","v":"E9579"},3,1,1,{"$f":"IF(C23=\"Veículo(s) da própria frota.\",0,INDEX(Equipamentos!B:K,MATCH(C23,Equipamentos!A:A,0),10))","v":84.402500000000003},4.2201250000000003]
["E9509",{"$f":"VLOOKUP(A24,Equipamentos!$A:$K,2,FALSE)","v":"Caminhão tanque distribuidor de asfalto com capacidade de 6.000 l - 7 kW/136 kW"},{"$f":"IFERROR(INDEX('Tabelas 2 e 3 mob'!A:K,MATCH(A24,'Tabelas 2 e 3 mob'!A:A,0),9),\"ERRO\")","v":"E9509"},1,1,1,{"$f":"IF(C24=\"Veículo(s) da própria frota.\",0,INDEX(Equipamentos!B:K,MATCH(C24,Equipamentos!A:A,0),10))","v":77.617400000000004},1.2936233333333333]
["E9762",{"$f":"VLOOKUP(A25,Equipamentos!$A:$K,2,FALSE)","v":"Rolo compactador de pneus autopropelido de 27 t - 85 kW"},{"$f":"IFERROR(INDEX('Tabelas 2 e 3 mob'!A:K,MATCH(A25,'Tabelas 2 e 3 mob'!A:A,0),9),\"ERRO\")","v":"E9666"},1,2,0.5,{"$f":"IF(C25=\"Veículo(s) da própria frota.\",0,INDEX(Equipamentos!B:K,MATCH(C25,Equipamentos!A:A,0),10))","v":136.54849999999999},2.275808333333333]
["E9681",{"$f":"VLOOKUP(A26,Equipamentos!$A:$K,2,FALSE)","v":"Rolo compactador liso tandem vibratório autopropelido de 10,4 t - 82 kW"},{"$f":"IFERROR(INDEX('Tabelas 2 e 3 mob'!A:K,MATCH(A26,'Tabelas 2 e 3 mob'!A:A,0),9),\"ERRO\")","v":"E9666"},1,2,0.5,{"$f":"IF(C26=\"Veículo(s) da própria frota.\",0,INDEX(Equipamentos!B:K,MATCH(C26,Equipamentos!A:A,0),10))","v":136.54849999999999},2.275808333333333]
["E9545",{"$f":"VLOOKUP(A27,Equipamentos!$A:$K,2,FALSE)","v":"Vibroacabadora de asfalto sobre esteiras - 97 kW"},{"$f":"IFERROR(INDEX('Tabelas 2 e 3 mob'!A:K,MATCH(A27,'Tabelas 2 e 3 mob'!A:A,0),9),\"ERRO\")","v":"E9018"},1,2,0.5,{"$f":"IF(C27=\"Veículo(s) da própria frota.\",0,INDEX(Equipamentos!B:K,MATCH(C27,Equipamentos!A:A,0),10))","v":157.9864},2.6331066666666665]
["E9571",{"$f":"VLOOKUP(A28,Equipamentos!$A:$K,2,FALSE)","v":"Caminhão tanque com capacidade de 10.000 l - 188 kW"},{"$f":"IFERROR(INDEX('Tabelas 2 e 3 mob'!A:K,MATCH(A28,'Tabelas 2 e 3 mob'!A:A,0),9),\"ERRO\")","v":"E9571"},0,1,1,{"$f":"IF(C28=\"Veículo(s) da própria frota.\",0,INDEX(Equipamentos!B:K,MATCH(C28,Equipamentos!A:A,0),10))","v":86.487499999999997},0]
["E9514",{"$f":"VLOOKUP(A29,Equipamentos!$A:$K,2,FALSE)","v":"Distribuidor de agregados sobre pneus autopropelido - 130 kW"},{"$f":"IFERROR(INDEX('Tabelas 2 e 3 mob'!A:K,MATCH(A29,'Tabelas 2 e 3 mob'!A:A,0),9),\"ERRO\")","v":"E9665"},0,2,0.5,{"$f":"IF(C29=\"Veículo(s) da própria frota.\",0,INDEX(Equipamentos!B:K,MATCH(C29,Equipamentos!A:A,0),10))","v":123.9413},0]
["E9511",{"$f":"VLOOKUP(A30,Equipamentos!$A:$K,2,FALSE)","v":"Carregadeira de pneus com capacidade de 3,40 m³ - 195 kW"},{"$f":"IFERROR(INDEX('Tabelas 2 e 3 mob'!A:K,MATCH(A30,'Tabelas 2 e 3 mob'!A:A,0),9),\"ERRO\")","v":"E9665"},1,2,1,{"$f":"IF(C30=\"Veículo(s) da própria frota.\",0,INDEX(Equipamentos!B:K,MATCH(C30,Equipamentos!A:A,0),10))","v":123.9413},4.1313766666666663]
["E9779",{"$f":"VLOOKUP(A31,Equipamentos!$A:$K,2,FALSE)","v":"Grupo gerador - 113 kVA"},{"$f":"IFERROR(INDEX('Tabelas 2 e 3 mob'!A:K,MATCH(A31,'Tabelas 2 e 3 mob'!A:A,0),9),\"ERRO\")","v":"Veículo(s) da própria frota."},5,2,0,{"$f":"IF(C31=\"Veículo(s) da própria frota.\",0,INDEX(Equipamentos!B:K,MATCH(C31,Equipamentos!A:A,0),10))","v":0},0]
["E9559",{"$f":"VLOOKUP(A32,Equipamentos!$A:$K,2,FALSE)","v":"Aquecedor de fluido térmico - 12 kW"},{"$f":"IFERROR(INDEX('Tabelas 2 e 3 mob'!A:K,MATCH(A32,'Tabelas 2 e 3 mob'!A:A,0),9),\"ERRO\")","v":"Veículo(s) da própria frota."},5,2,0,{"$f":"IF(C32=\"Veículo(s) da própria frota.\",0,INDEX(Equipamentos!B:K,MATCH(C32,Equipamentos!A:A,0),10))","v":0},0]
["E9584",{"$f":"VLOOKUP(A33,Equipamentos!$A:$K,2,FALSE)","v":"Carregadeira de pneus com capacidade de 1,72 m³ - 113 kW"},{"$f":"IFERROR(INDEX('Tabelas 2 e 3 mob'!A:K,MATCH(A33,'Tabelas 2 e 3 mob'!A:A,0),9),\"ERRO\")","v":"E9665"},0,2,1,{"$f":"IF(C33=\"Veículo(s) da própria frota.\",0,INDEX(Equipamentos!B:K,MATCH(C33,Equipamentos!A:A,0),10))","v":123.9413},0]
["E9021",{"$f":"VLOOKUP(A34,Equipamentos!$A:$K,2,FALSE)","v":"Grupo gerador - 456 kVA"},{"$f":"IFERROR(INDEX('Tabelas 2 e 3 mob'!A:K,MATCH(A34,'Tabelas 2 e 3 mob'!A:A,0),9),\"ERRO\")","v":"E9508"},0,2,1,{"$f":"IF(C34=\"Veículo(s) da própria frota.\",0,INDEX(Equipamentos!B:K,MATCH(C34,Equipamentos!A:A,0),10))","v":73.0381},0]
["E9687",{"$f":"VLOOKUP(A35,Equipamentos!$A:$K,2,FALSE)","v":"Caminhão carroceria com capacidade de 5 t - 120 kW"},{"$f":"IFERROR(INDEX('Tabelas 2 e 3 mob'!A:K,MATCH(A35,'Tabelas 2 e 3 mob'!A:A,0),9),\"ERRO\")","v":"E9687"},0,1,1,{"$f":"IF(C35=\"Veículo(s) da própria frota.\",0,INDEX(Equipamentos!B:K,MATCH(C35,Equipamentos!A:A,0),10))","v":62.782899999999998},0]
["E9667",{"$f":"VLOOKUP(A36,Equipamentos!$A:$K,2,FALSE)","v":"Caminhão basculante com capacidade de 14 m³ - 210 kW"},{"$f":"IFERROR(INDEX('Tabelas 2 e 3 mob'!A:K,MATCH(A36,'Tabelas 2 e 3 mob'!A:A,0),9),\"ERRO\")","v":"E9667"},0,1,1,{"$f":"IF(C36=\"Veículo(s) da própria frota.\",0,INDEX(Equipamentos!B:K,MATCH(C36,Equipamentos!A:A,0),10))","v":94.305499999999995},0]
["E9644",{"$f":"VLOOKUP(A37,Equipamentos!$A:$K,2,FALSE)","v":"Caminhão demarcador de faixas com sistema de pintura a frio - 28 kW/129 kW"},{"$f":"IFERROR(INDEX('Tabelas 2 e 3 mob'!A:K,MATCH(A37,'Tabelas 2 e 3 mob'!A:A,0),9),\"ERRO\")","v":"E9644"},0,1,1,{"$f":"IF(C37=\"Veículo(s) da própria frota.\",0,INDEX(Equipamentos!B:K,MATCH(C37,Equipamentos!A:A,0),10))","v":163.92760000000001},0]
["E9592",{"$f":"VLOOKUP(A38,Equipamentos!$A:$K,2,FALSE)","v":"Caminhão carroceria com capacidade de 15 t - 188 kW"},{"$f":"IFERROR(INDEX('Tabelas 2 e 3 mob'!A:K,MATCH(A38,'Tabelas 2 e 3 mob'!A:A,0),9),\"ERRO\")","v":"E9592"},0,1,1,{"$f":"IF(C38=\"Veículo(s) da própria frota.\",0,INDEX(Equipamentos!B:K,MATCH(C38,Equipamentos!A:A,0),10))","v":81.510800000000003},0]
["E9540",{"$f":"VLOOKUP(A39,Equipamentos!$A:$K,2,FALSE)","v":"Trator sobre esteiras com lâmina - 127 kW"},{"$f":"IFERROR(INDEX('Tabelas 2 e 3 mob'!A:K,MATCH(A39,'Tabelas 2 e 3 mob'!A:A,0),9),\"ERRO\")","v":"E9018"},0,2,0.5,{"$f":"IF(C39=\"Veículo(s) da própria frota.\",0,INDEX(Equipamentos!B:K,MATCH(C39,Equipamentos!A:A,0),10))","v":157.9864},0]
["E9515",{"$f":"VLOOKUP(A40,Equipamentos!$A:$K,2,FALSE)","v":"Escavadeira hidráulica sobre esteiras com caçamba com capacidade de 1,56 m³ - 118 kW"},{"$f":"IFERROR(INDEX('Tabelas 2 e 3 mob'!A:K,MATCH(A40,'Tabelas 2 e 3 mob'!A:A,0),9),\"ERRO\")","v":"E9666"},0,2,1,{"$f":"IF(C40=\"Veículo(s) da própria frota.\",0,INDEX(Equipamentos!B:K,MATCH(C40,Equipamentos!A:A,0),10))","v":136.54849999999999},0]
["E9506",{"$f":"VLOOKUP(A41,Equipamentos!$A:$K,2,FALSE)","v":"Caminhão basculante com capacidade de 6 m³ - 136 kW"},{"$f":"IFERROR(INDEX('Tabelas 2 e 3 mob'!A:K,MATCH(A41,'Tabelas 2 e 3 mob'!A:A,0),9),\"ERRO\")","v":"E9506"},0,1,1,{"$f":"IF(C41=\"Veículo(s) da própria frota.\",0,INDEX(Equipamentos!B:K,MATCH(C41,Equipamentos!A:A,0),10))","v":73.987399999999994},0]
["E9256",{"$f":"VLOOKUP(A42,Equipamentos!$A:$K,2,FALSE)","v":"Equipamento para pintura com cal rebocável com dois bicos aplicadores e capacidade de 2.200 l"},{"$f":"IFERROR(INDEX('Tabelas 2 e 3 mob'!A:K,MATCH(A42,'Tabelas 2 e 3 mob'!A:A,0),9),\"ERRO\")","v":"Veículo(s) da própria frota."},5,2,0,{"$f":"IF(C42=\"Veículo(s) da própria frota.\",0,INDEX(Equipamentos!B:K,MATCH(C42,Equipamentos!A:A,0),10))","v":0},0]
["E9156",{"$f":"VLOOKUP(A43,Equipamentos!$A:$K,2,FALSE)","v":"Soprador de ar costal - 2,6 kW"},{"$f":"IFERROR(INDEX('Tabelas 2 e 3 mob'!A:K,MATCH(A43,'Tabelas 2 e 3 mob'!A:A,0),9),\"ERRO\")","v":"Veículo(s) da própria frota."},5,2,0,{"$f":"IF(C43=\"Veículo(s) da própria frota.\",0,INDEX(Equipamentos!B:K,MATCH(C43,Equipamentos!A:A,0),10))","v":0},0]
["E9146",{"$f":"VLOOKUP(A44,Equipamentos!$A:$K,2,FALSE)","v":"Caminhão silo com capacidade de 30 m³ - 368 kW"},{"$f":"IFERROR(INDEX('Tabelas 2 e 3 mob'!A:K,MATCH(A44,'Tabelas 2 e 3 mob'!A:A,0),9),\"ERRO\")","v":"E9146"},0,1,1,{"$f":"IF(C44=\"Veículo(s) da própria frota.\",0,INDEX(Equipamentos!B:K,MATCH(C44,Equipamentos!A:A,0),10))","v":134.40880000000001},0]
["E9010",{"$f":"VLOOKUP(A45,Equipamentos!$A:$K,2,FALSE)","v":"Balança plataforma digital à bateria, com mesa de 75 x 75 cm e capacidade de 500 kg"},{"$f":"IFERROR(INDEX('Tabelas 2 e 3 mob'!A:K,MATCH(A45,'Tabelas 2 e 3 mob'!A:A,0),9),\"ERRO\")","v":"Veículo(s) da própria frota."},5,2,0,{"$f":"IF(C45=\"Veículo(s) da própria frota.\",0,INDEX(Equipamentos!B:K,MATCH(C45,Equipamentos!A:A,0),10))","v":0},0]
["E9519",{"$f":"VLOOKUP(A46,Equipamentos!$A:$K,2,FALSE)","v":"Betoneira com motor a gasolina com capacidade de 600 l - 10 kW"},{"$f":"IFERROR(INDEX('Tabelas 2 e 3 mob'!A:K,MATCH(A46,'Tabelas 2 e 3 mob'!A:A,0),9),\"ERRO\")","v":"Veículo(s) da própria frota."},5,2,0,{"$f":"IF(C46=\"Veículo(s) da própria frota.\",0,INDEX(Equipamentos!B:K,MATCH(C46,Equipamentos!A:A,0),10))","v":0},0]
["E9071",{"$f":"VLOOKUP(A47,Equipamentos!$A:$K,2,FALSE)","v":"Transportador manual carrinho de mão com capacidade de 80 l"},{"$f":"IFERROR(INDEX('Tabelas 2 e 3 mob'!A:K,MATCH(A47,'Tabelas 2 e 3 mob'!A:A,0),9),\"ERRO\")","v":"Veículo(s) da própria frota."},5,2,0,{"$f":"IF(C47=\"Veículo(s) da própria frota.\",0,INDEX(Equipamentos!B:K,MATCH(C47,Equipamentos!A:A,0),10))","v":0},0]
["E9064",{"$f":"VLOOKUP(A48,Equipamentos!$A:$K,2,FALSE)","v":"Transportador manual gerica com capacidade de 180 l"},{"$f":"IFERROR(INDEX('Tabelas 2 e 3 mob'!A:K,MATCH(A48,'Tabelas 2 e 3 mob'!A:A,0),9),\"ERRO\")","v":"Veículo(s) da própria frota."},5,2,0,{"$f":"IF(C48=\"Veículo(s) da própria frota.\",0,INDEX(Equipamentos!B:K,MATCH(C48,Equipamentos!A:A,0),10))","v":0},0]
["E9066",{"$f":"VLOOKUP(A49,Equipamentos!$A:$K,2,FALSE)","v":"Grupo gerador - 14 kVA"},{"$f":"IFERROR(INDEX('Tabelas 2 e 3 mob'!A:K,MATCH(A49,'Tabelas 2 e 3 mob'!A:A,0),9),\"ERRO\")","v":"Veículo(s) da própria frota."},5,2,0,{"$f":"IF(C49=\"Veículo(s) da própria frota.\",0,INDEX(Equipamentos!B:K,MATCH(C49,Equipamentos!A:A,0),10))","v":0},0]
["E9535",{"$f":"VLOOKUP(A50,Equipamentos!$A:$K,2,FALSE)","v":"Serra circular com bancada - D = 30 cm - 4 kW"},{"$f":"IFERROR(INDEX('Tabelas 2 e 3 mob'!A:K,MATCH(A50,'Tabelas 2 e 3 mob'!A:A,0),9),\"ERRO\")","v":"Veículo(s) da própria frota."},5,2,0,{"$f":"IF(C50=\"Veículo(s) da própria frota.\",0,INDEX(Equipamentos!B:K,MATCH(C50,Equipamentos!A:A,0),10))","v":0},0]
["E9507",{"$f":"VLOOKUP(A51,Equipamentos!$A:$K,2,FALSE)","v":"Plotadora de recorte com computador e programa computacional"},{"$f":"IFERROR(INDEX('Tabelas 2 e 3 mob'!A:K,MATCH(A51,'Tabelas 2 e 3 mob'!A:A,0),9),\"ERRO\")","v":"Veículo(s) da própria frota."},5,2,0,{"$f":"IF(C51=\"Veículo(s) da própria frota.\",0,INDEX(Equipamentos!B:K,MATCH(C51,Equipamentos!A:A,0),10))","v":0},0]
["E9568",{"$f":"VLOOKUP(A52,Equipamentos!$A:$K,2,FALSE)","v":"Furadeira de impacto de 12,5 mm - 0,80 kW"},{"$f":"IFERROR(INDEX('Tabelas 2 e 3 mob'!A:K,MATCH(A52,'Tabelas 2 e 3 mob'!A:A,0),9),\"ERRO\")","v":"Veículo(s) da própria frota."},5,2,0,{"$f":"IF(C52=\"Veículo(s) da própria frota.\",0,INDEX(Equipamentos!B:K,MATCH(C52,Equipamentos!A:A,0),10))","v":0},0]
["E9753",{"$f":"VLOOKUP(A53,Equipamentos!$A:$K,2,FALSE)","v":"Grupo gerador - 23 kVA"},{"$f":"IFERROR(INDEX('Tabelas 2 e 3 mob'!A:K,MATCH(A53,'Tabelas 2 e 3 mob'!A:A,0),9),\"ERRO\")","v":"Veículo(s) da própria frota."},5,2,0,{"$f":"IF(C53=\"Veículo(s) da própria frota.\",0,INDEX(Equipamentos!B:K,MATCH(C53,Equipamentos!A:A,0),10))","v":0},0]
["E9623",{"$f":"VLOOKUP(A54,Equipamentos!$A:$K,2,FALSE)","v":"Máquina de bancada guilhotina - 4,00 kW"},{"$f":"IFERROR(INDEX('Tabelas 2 e 3 mob'!A:K,MATCH(A54,'Tabelas 2 e 3 mob'!A:A,0),9),\"ERRO\")","v":"Veículo(s) da própria frota."},5,2,0,{"$f":"IF(C54=\"Veículo(s) da própria frota.\",0,INDEX(Equipamentos!B:K,MATCH(C54,Equipamentos!A:A,0),10))","v":0},0]
["E9622",{"$f":"VLOOKUP(A55,Equipamentos!$A:$K,2,FALSE)","v":"Máquina de bancada universal para corte de chapa - 1,50 kW"},{"$f":"IFERROR(INDEX('Tabelas 2 e 3 mob'!A:K,MATCH(A55,'Tabelas 2 e 3 mob'!A:A,0),9),\"ERRO\")","v":"Veículo(s) da própria frota."},5,2,0,{"$f":"IF(C55=\"Veículo(s) da própria frota.\",0,INDEX(Equipamentos!B:K,MATCH(C55,Equipamentos!A:A,0),10))","v":0},0]
["E9678",{"$f":"VLOOKUP(A56,Equipamentos!$A:$K,2,FALSE)","v":"Fresadora a frio - 455 kW"},{"$f":"IFERROR(INDEX('Tabelas 2 e 3 mob'!A:K,MATCH(A56,'Tabelas 2 e 3 mob'!A:A,0),9),\"ERRO\")","v":"E9666"},0,2,1,{"$f":"IF(C56=\"Veículo(s) da própria frota.\",0,INDEX(Equipamentos!B:K,MATCH(C56,Equipamentos!A:A,0),10))","v":136.54849999999999},0]
[{"$nulls":6},"TOTAL",{"$f":"SUM(H12:H56)","v":35.56944166666667}]
[]
[]
["CUSTO TOTAL MOBILIZAÇÃO E DESMOBILIZAÇÃO"]
["DESCRIÇÃO","VALOR"]
["Custo Mobilização (km)",{"$f":"H57","v":35.56944166666667}]
["BDI (%)",{"$f":"BDI!C17","v":0.23080000000000001}]
["Custo Mobilização (R$/km) com BDI",{"$f":"B62+(B62*B63)","v":43.778868803333339}]
["Total de Frentes",{"$f":"H5","v":1}]
["Custo Mobilização (frentes x distancia)",{"$f":"B64*H6*B65","v":13877.901410656668}]

{"sheet":" Canteiro ","index":6,"n_rows":13,"n_cols":6,"rows_kept":13,"cut":false,"hidden":false,"merged":[[3,0,3,5],[3,9,4,9],[4,7,4,8],[9,3,9,4],[12,3,12,4]]}
[]
[]
[]
["CANTEIRO DE OBRAS PARA CONSTRUÇAO RODOVIÁRIA"]
["Descrição dos serviços","Tipo de container","Unidade","Quantidade","Preço unitário (R$)","Total (R$)"]
["Escritório e seção técnica"]
[{"$f":"VLOOKUP(B7,'INSUMOS SINAPI'!A:E,2,0)","v":"LOCACAO DE CONTAINER 2,30 X 6,00 M, ALT. 2,50 M, PARA ESCRITORIO, SEM DIVISORIAS INTERNAS E SEM SANITARIO (NAO INCLUI MOBILIZACAO/DESMOBILIZACAO)"},10776,"und",1,{"$f":"VLOOKUP(B7,'INSUMOS SINAPI'!A:E,5,0)","v":705.85},{"$f":"TRUNC(D7*E7,2)","v":705.85}]
["Banheiro e vestiário"]
[{"$f":"VLOOKUP(B9,'INSUMOS SINAPI'!A:E,2,0)","v":"LOCACAO DE CONTAINER 2,30 X 4,30 M, ALT. 2,50 M, PARA SANITARIO, COM 3 BACIAS, 4 CHUVEIROS, 1 LAVATORIO E 1 MICTORIO (NAO INCLUI MOBILIZACAO/DESMOBILIZACAO)"},10777,"und",1,{"$f":"VLOOKUP(B9,'INSUMOS SINAPI'!A:E,5,0)","v":1025.8399999999999},{"$f":"TRUNC(D9*E9,2)","v":1025.8399999999999}]
[null,null,null,"TOTAL DO CANTEIRO",null,{"$f":"SUM(F7:F9)","v":1731.69}]
[null,null,null,"DURAÇÃO (MESES)",6,{"$f":"F10*E11","v":10390.14}]
[null,null,null,"BDI",null,{"$f":"BDI!C17","v":0.23080000000000001}]
[null,null,null,"TOTAL DO CANTEIRO (com BDI)",null,{"$f":"F11+(F11*F12)","v":12788.184311999999}]

{"sheet":"Adm Local","index":7,"n_rows":245,"n_cols":10,"rows_kept":245,"cut":false,"hidden":false,"merged":[[0,0,0,8],[1,3,1,4],[1,5,1,6],[1,7,1,8],[2,3,2,4],[2,5,2,6],[2,7,2,8],[5,3,5,4],[5,5,5,6],[5,7,5,8],[6,3,6,4],[6,5,6,6],[6,7,6,8],[3,3,3,4],[3,5,3,6],[3,7,3,8],[4,3,4,4],[4,5,4,6],[4,7,4,8],[9,3,9,4],[9,5,9,6],[9,7,9,8],[10,3,10,4],[10,5,10,6],[10,7,10,8],[7,3,7,4],[7,5,7,6],[7,7,7,8],[8,3,8,4],[8,5,8,6],[8,7,8,8],[13,3,13,4],[13,5,13,6],[13,7,13,8],[14,3,14,4],[14,5,14,6],[14,7,14,8],[11,3,11,4],[11,5,11,6],[11,7,11,8],[12,3,12,4],[12,5,12,6],[12,7,12,8],[17,3,17,4],[17,5,17,6],[17,7,17,8],[18,3,18,4],[18,5,18,6],[18,7,18,8],[15,3,15,4],[15,5,15,6],[15,7,15,8],[16,3,16,4],[16,5,16,6],[16,7,16,8],[21,3,21,4],[21,5,21,6],[21,7,21,8],[22,3,22,4],[22,5,22,6],[22,7,22,8],[19,3,19,4],[19,5,19,6],[19,7,19,8],[20,3,20,4],[20,5,20,6],[20,7,20,8],[25,3,25,4],[25,5,25,6],[25,7,25,8],[26,3,26,4],[26,5,26,6],[26,7,26,8],[23,3,23,4],[23,5,23,6],[23,7,23,8],[24,3,24,4],[24,5,24,6],[24,7,24,8],[48,3,48,4],[48,5,48,6],[48,7,48,8],[49,3,49,4],[49,5,49,6],[49,7,49,8],[29,0,29,8],[45,0,45,8],[46,3,46,4],[46,5,46,6],[46,7,46,8],[47,3,47,4],[47,5,47,6],[47,7,47,8],[59,3,59,4],[59,5,59,6],[59,7,59,8],[60,3,60,4],[60,5,60,6],[60,7,60,8],[50,5,50,6],[50,7,50,8],[57,0,57,8],[58,3,58,4],[58,5,58,6],[58,7,58,8],[94,3,94,4],[94,5,94,6],[94,7,94,8],[95,3,95,4],[95,5,95,6],[95,7,95,8],[61,3,61,4],[61,5,61,6],[61,7,61,8],[62,5,62,6],[62,7,62,8],[93,0,93,8],[69,0,69,8],[70,3,70,4],[70,5,70,6],[70,7,70,8],[71,3,71,4],[71,5,71,6],[71,7,71,8],[72,3,72,4],[72,5,72,6],[72,7,72,8],[73,3,73,4],[73,5,73,6],[98,3,98,4],[98,5,98,6],[98,7,98,8],[99,5,99,6],[99,7,99,8],[106,0,106,8],[96,3,96,4],[96,5,96,6],[96,7,96,8],[97,3,97,4],[97,5,97,6],[97,7,97,8],[109,3,109,4],[109,5,109,6],[109,7,109,8],[110,3,110,4],[110,5,110,6],[110,7,110,8],[107,3,107,4],[107,5,107,6],[107,7,107,8],[108,3,108,4],[108,5,108,6],[108,7,108,8],[113,5,113,6],[113,7,113,8],[115,0,115,8],[116,3,116,4],[116,5,116,6],[116,7,116,8],[111,3,111,4],[111,5,111,6],[111,7,111,8],[112,3,112,4],[112,5,112,6],[112,7,112,8],[119,3,119,4],[119,5,119,6],[119,7,119,8],[120,5,120,6],[120,7,120,8],[122,0,122,8],[117,3,117,4],[117,5,117,6],[117,7,117,8],[118,3,118,4],[118,5,118,6],[118,7,118,8],[127,3,127,4],[127,5,127,6],[127,7,127,8],[123,3,123,4],[123,5,123,6],[123,7,123,8],[124,3,124,4],[124,5,124,6],[124,7,124,8],[125,3,125,4],[125,5,125,6],[125,7,125,8],[126,3,126,4],[126,5,126,6],[126,7,126,8],[132,3,132,4],[132,5,132,6],[132,7,132,8],[133,3,133,4],[133,5,133,6],[133,7,133,8],[128,5,128,6],[128,7,128,8],[130,0,130,8],[131,3,131,4],[131,5,131,6],[131,7,131,8],[136,3,136,4],[136,5,136,6],[136,7,136,8],[134,3,134,4],[134,5,134,6],[134,7,134,8],[135,3,135,4],[135,5,135,6],[135,7,135,8],[140,3,140,4],[140,5,140,6],[140,7,140,8],[141,3,141,4],[141,5,141,6],[141,7,141,8],[137,5,137,6],[137,7,137,8],[139,0,139,8],[146,3,146,4],[146,5,146,6],[146,7,146,8],[147,3,147,4],[147,5,147,6],[147,7,147,8],[142,3,142,4],[142,5,142,6],[142,7,142,8],[143,5,143,6],[143,7,143,8],[145,0,145,8],[151,5,151,6],[151,7,151,8],[195,0,195,8],[148,3,148,4],[148,5,148,6],[148,7,148,8],[150,3,150,4],[150,5,150,6],[150,7,150,8],[188,0,188,8],[189,1,189,4],[192,1,192,4],[190,1,190,4],[191,1,191,4],[153,0,153,8],[155,1,155,4],[154,0,154,8],[168,0,168,8],[169,0,169,8],[170,1,170,4],[198,3,198,4],[198,5,198,6],[198,7,198,8],[199,3,199,4],[199,5,199,6],[199,7,199,8],[196,3,196,4],[196,5,196,6],[196,7,196,8],[197,3,197,4],[197,5,197,6],[197,7,197,8],[201,7,201,8],[208,3,208,4],[208,5,208,6],[208,7,208,8],[205,3,205,4],[205,5,205,6],[205,7,205,8],[206,3,206,4],[206,5,206,6],[206,7,206,8],[202,3,202,4],[202,5,202,6],[202,7,202,8],[204,3,204,4],[204,5,204,6],[204,7,204,8],[200,3,200,4],[200,5,200,6],[200,7,200,8],[201,3,201,4],[201,5,201,6],[221,3,221,4],[221,5,221,6],[221,7,221,8],[222,3,222,4],[222,5,222,6],[222,7,222,8],[215,3,215,4],[215,5,215,6],[215,7,215,8],[216,3,216,4],[216,5,216,6],[216,7,216,8],[209,3,209,4],[209,5,209,6],[209,7,209,8],[210,7,210,8],[207,3,207,4],[207,5,207,6],[207,7,207,8],[217,3,217,4],[217,5,217,6],[217,7,217,8],[218,3,218,4],[218,5,218,6],[218,7,218,8],[231,3,231,4],[231,5,231,6],[231,7,231,8],[224,3,224,4],[224,5,224,6],[224,7,224,8],[232,3,232,4],[232,5,232,6],[232,7,232,8],[233,3,233,4],[233,5,233,6],[225,3,225,4],[225,5,225,6],[225,7,225,8],[226,3,226,4],[226,5,226,6],[226,7,226,8],[230,7,230,8],[227,3,227,4],[227,5,227,6],[227,7,227,8],[228,3,228,4],[228,5,228,6],[228,7,228,8],[229,3,229,4],[229,5,229,6],[229,7,229,8],[230,3,230,4],[230,5,230,6],[233,7,233,8],[243,3,243,4],[243,5,243,6],[244,3,244,4],[244,5,244,6],[240,7,240,8],[241,3,241,4],[241,5,241,6],[241,7,241,8],[242,3,242,4],[242,5,242,6],[242,7,242,8],[238,3,238,4],[238,5,238,6],[238,7,238,8],[239,3,239,4],[239,5,239,6],[239,7,239,8],[236,3,236,4],[236,5,236,6],[234,3,234,4],[234,5,234,6],[234,7,234,8],[235,3,235,4],[235,5,235,6],[235,7,235,8],[236,7,236,8],[237,3,237,4],[237,5,237,6],[237,7,237,8],[73,7,73,8],[74,5,74,6],[74,7,74,8],[81,0,81,8],[82,3,82,4],[82,5,82,6],[82,7,82,8],[83,3,83,4],[83,5,83,6],[83,7,83,8],[84,3,84,4],[84,5,84,6],[84,7,84,8],[85,3,85,4],[85,5,85,6],[85,7,85,8],[86,5,86,6],[86,7,86,8],[223,3,223,4],[223,5,223,6],[149,3,149,4],[149,5,149,6],[149,7,149,8],[219,3,219,4],[219,5,219,6],[219,7,219,8],[220,3,220,4],[220,5,220,6],[220,7,220,8],[184,1,184,4],[183,0,183,8],[185,1,185,4],[214,0,214,8],[223,7,223,8]]}
["parcela fixa da administração local \n(mão de obra)"]
["Código","Discriminação ","Unidade"," Quantidade ",null,"Custo Unitário (R$)",null," Custo Total (R$)"]
[null,"Mão de Obra"]
[null,"Gerência Técnica"]
[null,"Geral"]
["P9812","Engenheiro","mês",0.5,null,{"$f":"VLOOKUP(A6,'Pessoal Sicro'!$A$6:$G$118,6,0)","v":25583.6715},null,{"$f":"F6*D6","v":12791.83575}]
["P9840","Encarregado geral","mês",0,null,{"$f":"VLOOKUP(A7,'Pessoal Sicro'!$A$6:$G$118,6,0)","v":12771.8683},null,{"$f":"F7*D7","v":0}]
["P9897","Técnico de meio ambiente","mês",0,null,{"$f":"VLOOKUP(A8,'Pessoal Sicro'!$A$6:$G$118,6,0)","v":7977.7444999999998},null,{"$f":"F8*D8","v":0}]
["P9948","Motorista","mês",0,null,{"$f":"VLOOKUP(A9,'Pessoal Sicro'!$A$6:$G$118,6,0)","v":5710.8311999999996},null,{"$f":"F9*D9","v":0}]
["P9878","Secretária","mês",0,null,{"$f":"VLOOKUP(A10,'Pessoal Sicro'!$A$6:$G$118,6,0)","v":6814.4061000000002},null,{"$f":"F10*D10","v":0}]
[{"$nulls":5},"Subtotal do Item 1.1",null,{"$f":"SUM(H6:I10)","v":12791.83575}]
[null,"Auxiliar"]
["P9946","Engenheiro auxiliar","mês",0,null,{"$f":"VLOOKUP(A13,'Pessoal Sicro'!$A$6:$G$118,6,0)","v":24007.244299999998},null,{"$f":"D13*F13","v":0}]
["P9903","Auxiliar técnico","mês",0,null,{"$f":"VLOOKUP(A14,'Pessoal Sicro'!$A$6:$G$118,6,0)","v":4780.6471000000001},null,{"$f":"D14*F14","v":0}]
[{"$nulls":5},"Subtotal do Item 1.2",null,{"$f":"SUM(H13:I14)","v":0}]
[null,"Gerência Administrativa"]
[null,"Geral"]
["P9883","Chefe do setor administrativo","mês",0,null,{"$f":"VLOOKUP(A18,'Pessoal Sicro'!$A$6:$G$118,6,0)","v":7671.8984},null,{"$f":"F18*D18","v":0}]
["P9809","Encarregado administrativo","mês",0,null,{"$f":"VLOOKUP(A19,'Pessoal Sicro'!$A$6:$G$118,6,0)","v":7671.6778999999997},null,{"$f":"F19*D19","v":0}]
["P9896","Porteiro","mês",0,null,{"$f":"VLOOKUP(A20,'Pessoal Sicro'!$A$6:$G$118,6,0)","v":4122.1477000000004},null,{"$f":"F20*D20","v":0}]
["P9827","Vigia","mês",0,null,{"$f":"VLOOKUP(A21,'Pessoal Sicro'!$A$6:$G$118,6,0)","v":5127.8684999999996},null,{"$f":"F21*D21","v":0}]
["P9948","Motorista","mês",0,null,{"$f":"VLOOKUP(A22,'Pessoal Sicro'!$A$6:$G$118,6,0)","v":5710.8311999999996},null,{"$f":"F22*D22","v":0}]
[{"$nulls":5},"Subtotal do Item 1.3",null,{"$f":"SUM(H18:I22)","v":0}]
[null,"Auxiliar"]
["P9806","Auxiliar administrativo","mês",0.5,null,{"$f":"VLOOKUP(A25,'Pessoal Sicro'!$A$6:$G$118,6,0)","v":4664.5227999999997},null,{"$f":"F25*D25","v":2332.2613999999999}]
["P9842","Faxineiro","mês",0,null,{"$f":"VLOOKUP(A26,'Pessoal Sicro'!$A$6:$G$118,6,0)","v":4129.4151000000002},null,{"$f":"F26*D26","v":0}]
[{"$nulls":5},"Subtotal do Item 1.4",null,{"$f":"SUM(H25:I26)","v":2332.2613999999999}]
[{"$nulls":7},"Total da Mão de Obra da Parcela Fixa",{"$f":"H27+H23+H15+H11","v":15124.09715}]
[]
["parcela fixa da administração local \n(veículos)"]
["Código","Discriminação ","Unidade"," Quantidade ","Utilização Produtiva","Utilização Improdutiva","Custo Horário \nProdutivo (R$)","Custo Horário Improdutivo (R$)","Custo Total (R$)"]
[2,"Veículos"]
[null,"Gerência Técnica"]
["2.1","Geral"]
["E9093","Veículo Leve 53 kw","mês",0.5,44,176,{"$f":"Equipamentos!J83","v":38.1128},{"$f":"Equipamentos!K83","v":6.7042999999999999},{"$f":"((E35*G35)+(F35*H35))*D35","v":1428.46}]
["E9560","Ônibus coletivo - 175 kw","mês",0,44,176,{"$f":"Equipamentos!J193","v":0.218},{"$f":"Equipamentos!J193","v":0.218},{"$f":"((E36*G36)+(F36*H36))*D36","v":0}]
[{"$nulls":7},"Subtotal do Item 2",{"$f":"SUM(I35:I36)","v":1428.46}]
["2.2","Auxiliar"]
["E9093","Veículo Leve 53 kw","mês",0,44,176,{"$f":"G35","v":38.1128},{"$f":"H35","v":6.7042999999999999},{"$f":"((E39*G39)+(F39*H39))*D39","v":0}]
[{"$nulls":7},"Subtotal do Item 2",{"$f":"SUM(I39)","v":0}]
["2.3","Gerência Administrativa"]
["E9093","Veículo Leve 53 kw","mês",0,44,176,{"$f":"G35","v":38.1128},{"$f":"H35","v":6.7042999999999999},{"$f":"((E42*G42)+(F42*H42))*D42","v":0}]
[{"$nulls":7},"Subtotal do Item 2",{"$f":"I42","v":0}]
[{"$nulls":7},"Total dos Veículos da Parcela Fixa",{"$f":"I43+I40+I37","v":1428.46}]
[]
["Composição de custo da equipe de produção de terraplenagem"]
["Código","Discriminação ","Unidade"," Quantidade ",null,"Custo Unitário (R$)",null," Custo Total (R$)"]
[null,"Equipe de Produção de Terraplenagem"]
["3.1","Mão de Obra"]
["P9875","Encarregado","mês",0,null,{"$f":"VLOOKUP(A50,'Pessoal Sicro'!$A$6:$G$118,6,0)","v":5714.1183000000001},null,{"$f":"F50*D50","v":0}]
[{"$nulls":5},"Subtotal do Item 3.1",null,{"$f":"SUM(H50:H50)","v":0}]
["Código","Discriminação ","Unidade"," Quantidade ","Utilização Produtiva","Utilização Improdutiva","Custo Horário \nProdutivo (R$)","Custo Horário Improdutivo (R$)","Custo Total (R$)"]
["3.2","Veículos"]
[null,"Veículo Leve 53 kw","mês",0,44,176,{"$f":"G35","v":38.1128},{"$f":"H35","v":6.7042999999999999},{"$f":"((E54*G54)+(F54*H54))*D54","v":0}]
[{"$nulls":7},"Subtotal do Item 3.2",{"$f":"SUM(I54:I54)","v":0}]
[{"$nulls":7},"Total da Equipe de Produção de Terraplenagem",{"$f":"I55+H51","v":0}]
[]
["Composição de custo da equipe de produção de pavimentação"]
["Código","Discriminação ","Unidade"," Quantidade ",null,"Custo Unitário (R$)",null," Custo Total (R$)"]
[null,"Equipe de Produção de Pavimentação"]
["3.1","Mão de Obra"]
["P9875","Encarregado","mês",1,null,{"$f":"VLOOKUP(A62,'Pessoal Sicro'!$A$6:$G$118,6,0)","v":5714.1183000000001},null,{"$f":"F62*D62","v":5714.1183000000001}]
[{"$nulls":5},"Subtotal do Item 3.1",null,{"$f":"SUM(H62:H62)","v":5714.1183000000001}]
["Código","Discriminação ","Unidade"," Quantidade ","Utilização Produtiva","Utilização Improdutiva","Custo Horário \nProdutivo (R$)","Custo Horário Improdutivo (R$)","Custo Total (R$)"]
["3.2","Veículos"]
[null,"Veículo Leve 53 kw","mês",1,44,176,{"$f":"$G$35","v":38.1128},{"$f":"$H$35","v":6.7042999999999999},{"$f":"((E66*G66)+(F66*H66))*D66","v":2856.92}]
[{"$nulls":7},"Subtotal do Item 3.2",{"$f":"SUM(I66:I66)","v":2856.92}]
[{"$nulls":7},"Total da Equipe de Produção de Pavimentação",{"$f":"I67+H63","v":8571.0383000000002}]
[]
["Composição de custo da equipe de produção de drenagem"]
["Código","Discriminação ","Unidade"," Quantidade ",null,"Custo Unitário (R$)",null," Custo Total (R$)"]
[null,"Equipe de Produção de Pavimentação"]
["3.1","Mão de Obra"]
["P9875","Encarregado","mês",0.2,null,{"$f":"VLOOKUP(A74,'Pessoal Sicro'!$A$6:$G$118,6,0)","v":5714.1183000000001},null,{"$f":"F74*D74","v":1142.82366}]
[{"$nulls":5},"Subtotal do Item 3.1",null,{"$f":"SUM(H74:H74)","v":1142.82366}]
["Código","Discriminação ","Unidade"," Quantidade ","Utilização Produtiva","Utilização Improdutiva","Custo Horário \nProdutivo (R$)","Custo Horário Improdutivo (R$)","Custo Total (R$)"]
["3.2","Veículos"]
[null,"Veículo Leve 53 kw","mês",1,44,176,{"$f":"$G$35","v":38.1128},{"$f":"$H$35","v":6.7042999999999999},{"$f":"((E78*G78)+(F78*H78))*D78","v":2856.92}]
[{"$nulls":7},"Subtotal do Item 3.2",{"$f":"SUM(I78:I78)","v":2856.92}]
[{"$nulls":7},"Total da Equipe de Produção de Pavimentação",{"$f":"I79+H75","v":3999.7436600000001}]
[]
["Composição de custo da equipe de produção de sinalização"]
["Código","Discriminação ","Unidade"," Quantidade ",null,"Custo Unitário (R$)",null," Custo Total (R$)"]
[null,"Equipe de Produção de Pavimentação"]
["3.1","Mão de Obra"]
["P9893","Encarregado de produção ","mês",0.2,null,{"$f":"VLOOKUP(A86,'Pessoal Sicro'!$A$6:$G$118,6,0)","v":8494.9784999999993},null,{"$f":"F86*D86","v":1698.9956999999999}]
[{"$nulls":5},"Subtotal do Item 3.1",null,{"$f":"SUM(H86:H86)","v":1698.9956999999999}]
["Código","Discriminação ","Unidade"," Quantidade ","Utilização Produtiva","Utilização Improdutiva","Custo Horário \nProdutivo (R$)","Custo Horário Improdutivo (R$)","Custo Total (R$)"]
["3.2","Veículos"]
[null,"Veículo Leve 53 kw","mês",0.2,44,176,{"$f":"$G$35","v":38.1128},{"$f":"$H$35","v":6.7042999999999999},{"$f":"((E90*G90)+(F90*H90))*D90","v":571.38400000000001}]
[{"$nulls":7},"Subtotal do Item 3.2",{"$f":"SUM(I90:I90)","v":571.38400000000001}]
[{"$nulls":7},"Total da Equipe de Produção de Pavimentação",{"$f":"I91+H87","v":2270.3797}]
[]
["Composição de custo da equipe topografia"]
["Código","Discriminação ","Unidade"," Quantidade ",null,"Custo Unitário (R$)",null," Custo Total (R$)"]
[null,"Equipe de Topografia"]
["3.1","Mão de Obra"]
["P9949","Topográfo","mês",0.5,null,{"$f":"VLOOKUP(A98,'Pessoal Sicro'!$A$6:$G$118,6,0)","v":8853.2279999999992},null,{"$f":"F98*D98","v":4426.6139999999996}]
["P9950","Auxiliar de topografia","mês",0.5,null,{"$f":"VLOOKUP(A99,'Pessoal Sicro'!$A$6:$G$118,6,0)","v":5763.0808999999999},null,{"$f":"F99*D99","v":2881.54045}]
[{"$nulls":5},"Subtotal do Item 3.1",null,{"$f":"SUM(H98:I99)","v":7308.15445}]
["Código","Discriminação ","Unidade"," Quantidade ","Utilização Produtiva","Utilização Improdutiva","Custo Horário \nProdutivo (R$)","Custo Horário Improdutivo (R$)","Custo Total (R$)"]
["3.2","Veículos"]
[null,"Veículo Leve 53 kw","mês",1,44,176,{"$f":"G35","v":38.1128},{"$f":"H35","v":6.7042999999999999},{"$f":"((E103*G103)+(F103*H103))*D103","v":2856.92}]
[{"$nulls":7},"Subtotal do Item 3.2",{"$f":"SUM(I103:I103)","v":2856.92}]
[{"$nulls":7},"Total da Equipe de Produção de Topografia",{"$f":"I104+H100","v":10165.07445}]
[]
["Composição de custo do setor de medicina e segurança do trabalho"]
["Código","Discriminação ","Unidade"," Quantidade ",null,"Custo Unitário (R$)",null," Custo Total (R$)"]
[4,"Setor de Medicina e Segurança do Trabalho"]
["P9876","Técnico de segurança do trabalho","mês",0.5,null,{"$f":"VLOOKUP(A110,'Pessoal Sicro'!$A$6:$G$118,6,0)","v":7394.4246000000003},null,{"$f":"F110*D110","v":3697.2123000000001}]
["P9864","Engenheiro de segurança do trabalho","mês",0,null,{"$f":"VLOOKUP(A111,'Pessoal Sicro'!$A$6:$G$118,6,0)","v":24835.184600000001},null,{"$f":"F111*D111","v":0}]
["P9851","Médico do trabalho","mês",0,null,{"$f":"VLOOKUP(A112,'Pessoal Sicro'!$A$6:$G$118,6,0)","v":18990.2022},null,{"$f":"F112*D112","v":0}]
["P9951","Médico de câmara hiperbárica","mês",0,null,{"$f":"VLOOKUP(A113,'Pessoal Sicro'!$A$6:$G$118,6,0)","v":21562.437300000001},null,{"$f":"F113*D113","v":0}]
[{"$nulls":5},"Subtotal do Item 4",null,{"$f":"SUM(H110:I113)","v":3697.2123000000001}]
[]
["Parcela Variável - Composição de custo da equipe de frente de serviço"]
["Código","Discriminação ","Unidade"," Quantidade ",null,"Custo Unitário (R$)",null," Custo Total (R$)"]
[5,"Equipe de Frente de Serviço","equipexmês"]
["P9875","Encarregado de Turma","mês",0,null,{"$f":"VLOOKUP(A119,'Pessoal Sicro'!$A$6:$G$118,6,0)","v":5714.1183000000001},null,{"$f":"F119*D119","v":0}]
["P9804","Apontador","mês",0,null,{"$f":"VLOOKUP(A120,'Pessoal Sicro'!$A$6:$G$118,6,0)","v":4938.4675999999999},null,{"$f":"F120*D120","v":0}]
[{"$nulls":5},"Subtotal do Item 5",null,{"$f":"SUM(H119:I120)","v":0}]
[]
["Parcela Variável - Composição de custo da equipe de frente de serviço (Terraplenagem) - Somente Compactação "]
["Código","Discriminação ","Unidade"," Quantidade ",null,"Produção Horária \n(und/h)",null,"Efs"]
["5.1","Equipe de Frente de Serviço","equipexmês"]
[null,null,"mês",{"$nulls":4},{"$f":"(D126)/(F126*182.49)","v":{"$error":"#DIV/0!"}}]
[null,null,"mês",{"$nulls":4},{"$f":"(D127)/(F127*182.49)","v":{"$error":"#DIV/0!"}}]
[null,null,"mês",{"$nulls":4},{"$f":"(D128)/(F128*182.49)","v":{"$error":"#DIV/0!"}}]
[{"$nulls":5},"Total de Equipes para Terraplenagem",null,{"$f":"SUM(H128:I128)","v":{"$error":"#DIV/0!"}}]
[]
["Parcela Variável - Composição de custo da acompanhamento das frentes de serviço de pavimentação"]
["Código","Discriminação ","Unidade"," Quantidade ",null,"Produção Horária \n(und/h)",null,"Efs"]
["5.2","Equipe de Frente de Serviço","equipe x mês"]
[4011463,{"$f":"VLOOKUP(A134,'SINTÉTICO SICRO'!$A$4:$D$6373,2,0)","v":"Concreto asfáltico - faixa C-12,5 - areia e brita comerciais"},"m²",{"$f":"'ORÇAMENTO '!J21","v":4284},null,99.6,null,{"$f":"(D134)/(F134*182.49)","v":0.23569537066563145}]
[4011352,{"$f":"VLOOKUP(A135,'SINTÉTICO SICRO'!$A$4:$D$1048576,2,0)","v":"Imprimação com emulsão asfáltica"},"m²",{"$f":"'ORÇAMENTO '!J22","v":38250},null,1125,null,{"$f":"(D135)/(F135*182.49)","v":0.186311578716642}]
[4011353,{"$f":"VLOOKUP(A136,'SINTÉTICO SICRO'!$A$4:$D$6373,2,0)","v":"Pintura de ligação"},"m²",{"$f":"'ORÇAMENTO '!J23","v":38250},null,1500,null,{"$f":"(D136)/(F136*182.49)","v":0.13973368403748151}]
[4011342,{"$f":"VLOOKUP(A137,'SINTÉTICO SICRO'!$A$4:$D$6373,2,0)","v":"Reestabilização de camada de base com adição de 30% de brita comercial - 100% Proctor modificado"},"m³",{"$f":"'ORÇAMENTO '!J19","v":4845},null,119.52,null,{"$f":"(D137)/(F137*182.49)","v":0.22213353386145823}]
[{"$nulls":5},"Total de Equipes para Pavimentação",null,{"$f":"SUM(H134:I137)","v":0.78387416728121329}]
[]
["Parcela Variável - Composição de custo da acompanhamento das frentes de serviço de drenagem"]
["Código","Discriminação ","Unidade"," Quantidade ",null,"Efsdu",null,"Efs"]
["5.3","Frentes de Serviço para Drenagem","equipe x mês"]
[{"$f":"'ORÇAMENTO '!D32","v":2003943},{"$f":"VLOOKUP(A143,'SINTÉTICO SICRO'!$A$4:$D$6373,2,0)","v":"Meio-fio de concreto - MFC 03 moldado no local com extrusora e concreto usinado - areia e brita comerciais"},"m",{"$f":"'ORÇAMENTO '!J32","v":9843.01},null,2.1000000000000001E-4,null,{"$f":"D143*F143","v":2.0670321}]
[{"$nulls":5},"Total de Equipes para Drenagem",null,{"$f":"H143","v":2.0670321}]
[]
["Parcela Variável - Composição de custo da acompanhamento das frentes de serviço de sinalização"]
["Código","Discriminação ","Unidade"," Quantidade ",null,"Produção Horária (und/h)",null,"Efs"]
["5.4","Frentes de Serviço para Sinalização","equipe x mês"]
[null,null,"Unidade",0,null,3,null,{"$f":"0.2*((D149)/(F149*182.49))","v":0}]
[null,null,"Unidade",0,null,3,null,{"$f":"0.2*((D150)/(F150*182.49))","v":0}]
[null,null,"Unidade",0,null,4.0999999999999996,null,{"$f":"0.2*((D151)/(F151*182.49))","v":0}]
[{"$nulls":5},"Total de Equipes para Sinalização",null,{"$f":"SUM(H149:I151)","v":0},null,{"$f":"H152+H144","v":2.0670321}]
[]
["3. PARCELA VARIÁVEL - EQUIPE DE CONTROLE TECNOLÓGICO"]
["LABORATÓRIO DE SOLOS"]
["Item","Discriminação",null,null,null,"Unidade","Quantidade","Custo Unitário (R$)","Custo Total (R$)"]
[null,"Laboratório de Solos (equipe x mês)"]
[null,"Mão de Obra"]
["P9858","Laboratorista",null,null,null,"func./mês",0.5,{"$f":"VLOOKUP(A159,'Pessoal Sicro'!$A$6:$G$118,6,0)","v":7495.4912999999997},{"$f":"TRUNC(G159*H159,2)","v":3747.74}]
["P9833","Auxiliar de laboratório",null,null,null,"func./mês",0.5,{"$f":"VLOOKUP(A160,'Pessoal Sicro'!$A$6:$G$118,6,0)","v":5742.8951999999999},{"$f":"TRUNC(G160*H160,2)","v":2871.44}]
[{"$nulls":7},"Subtotal do Item",{"$f":"SUM(I159:I160)","v":6619.18}]
["Item","Discriminação","Und","Quant","Utilização Produtiva","Utilização Improdutiva","Horário Produtivo (R$)","Horário Improdutivo (R$)","Total (R$)"]
[null,"Equipe de Controle Tecnológico"]
[null,"Veículos"]
["E9125","Van furgão a diesel - 93 kW","veic./mês",0.5,44,176,{"$f":"VLOOKUP(A165,Equipamentos!$A$4:$K$533,10,0)","v":87.887},{"$f":"VLOOKUP(A165,Equipamentos!$A$4:$K$533,11,0)","v":48.342799999999997},{"$f":"D165*((E165*G165)+(F165*H165))","v":6187.6804000000002}]
[{"$nulls":7},"Subtotal do Item",{"$f":"SUM(I165:I165)","v":6187.6804000000002}]
[{"$nulls":7},"Total da Equipe do Laboratório de Solos",{"$f":"I161+I166","v":12806.860400000001}]
[]
["3. PARCELA VARIÁVEL - EQUIPE DE CONTROLE TECNOLÓGICO"]
["LABORATÓRIO DE ASFALTOS"]
["Item","Discriminação",null,null,null,"Unidade","Quantidade","Custo Unitário (R$)","Custo Total (R$)"]
[null,"Laboratório de Solos (equipe x mês)"]
[null,"Mão de Obra"]
["P9858","Laboratorista",null,null,null,"func./mês",1,{"$f":"VLOOKUP(A174,'Pessoal Sicro'!$A$6:$G$118,6,0)","v":7495.4912999999997},{"$f":"TRUNC(G174*H174,2)","v":7495.49}]
["P9833","Auxiliar de laboratório",null,null,null,"func./mês",1,{"$f":"VLOOKUP(A175,'Pessoal Sicro'!$A$6:$G$118,6,0)","v":5742.8951999999999},{"$f":"TRUNC(G175*H175,2)","v":5742.89}]
[{"$nulls":7},"Subtotal do Item",{"$f":"SUM(I174:I175)","v":13238.380000000001}]
["Item","Discriminação","Und","Quant","Utilização Produtiva","Utilização Improdutiva","Horário Produtivo (R$)","Horário Improdutivo (R$)","Total (R$)"]
[null,"Equipe de Controle Tecnológico"]
[null,"Veículos"]
["E9125","Van furgão a diesel - 93 kW","veic./mês",0.5,44,176,{"$f":"VLOOKUP(A180,Equipamentos!$A$4:$K$533,10,0)","v":87.887},{"$f":"VLOOKUP(A180,Equipamentos!$A$4:$K$533,11,0)","v":48.342799999999997},{"$f":"D180*((E180*G180)+(F180*H180))","v":6187.6804000000002}]
[{"$nulls":7},"Subtotal do Item",{"$f":"SUM(I180:I180)","v":6187.6804000000002}]
[{"$nulls":7},"Total da Equipe do Laboratório de Asfaltos",{"$f":"I176+I181","v":19426.060400000002}]
[]
["Equipes de laboratório de solos para pavimentação"]
["Item","Discriminação",null,null,null,"Und","Quant","QE","Els"]
[{"$f":"'ORÇAMENTO '!D19","v":4011342},{"$f":"VLOOKUP(A186,'SINTÉTICO SICRO'!A:D,2,0)","v":"Reestabilização de camada de base com adição de 30% de brita comercial - 100% Proctor modificado"},null,null,null,{"$f":"VLOOKUP(A186,'SINTÉTICO SICRO'!A:D,3,0)","v":"m³"},{"$f":"'ORÇAMENTO '!J19","v":4845},8284,{"$f":"G186/H186","v":0.58486238532110091}]
[{"$nulls":7},"Total de equipes de Laboratório de Solos para Pavimentação",{"$f":"SUM(I186:I186)","v":0.58486238532110091}]
[]
["Equipes de laboratório de Asfalto"]
["Item","Discriminação",null,null,null,"Und","Quant","QE","Ela"]
[{"$f":"'ORÇAMENTO '!D21","v":4011463},{"$f":"VLOOKUP(A191,'SINTÉTICO SICRO'!A:D,2,0)","v":"Concreto asfáltico - faixa C-12,5 - areia e brita comerciais"},null,null,null,{"$f":"VLOOKUP(A191,'SINTÉTICO SICRO'!A:D,3,0)","v":"t"},{"$f":"'ORÇAMENTO '!J21","v":4284},9000,{"$f":"G191/H191","v":0.47599999999999998}]
[{"$f":"'ORÇAMENTO '!D22","v":4011352},{"$f":"VLOOKUP(A192,'SINTÉTICO SICRO'!A:D,2,0)","v":"Imprimação com emulsão asfáltica"},null,null,null,{"$f":"VLOOKUP(A192,'SINTÉTICO SICRO'!A:D,3,0)","v":"m²"},{"$f":"'ORÇAMENTO '!J22","v":38250},1610000,{"$f":"G192/H192","v":2.3757763975155281E-2}]
[{"$f":"'ORÇAMENTO '!D23","v":4011353},{"$f":"VLOOKUP(A193,'SINTÉTICO SICRO'!A:D,2,0)","v":"Pintura de ligação"},null,null,null,{"$f":"VLOOKUP(A193,'SINTÉTICO SICRO'!A:D,3,0)","v":"m²"},{"$f":"'ORÇAMENTO '!J23","v":38250},3610000,{"$f":"G193/H193","v":1.0595567867036011E-2}]
[{"$nulls":7},"Total de equipes de Laboratório de Asfaltos",{"$f":"SUM(I191:I193)","v":0.51035333184219123}]
[]
["manutenção do canteiro de obras e acampamentos"]
["Código","Discriminação ","Unidade"," Quantidade ",null,"Custo Unitário (R$)",null," Custo Total (R$)"]
[null,"Manutenção do Canteiro de Obras e Acampamentos"]
["6.1","Mão de Obra"]
["P9952","Pedreiro","mês",0,null,{"$f":"VLOOKUP(A200,'Pessoal Sicro'!$A$6:$G$118,6,0)","v":4795.8522999999996},null,{"$f":"F200*D200","v":0}]
["P9954","Servente","mês",0,null,{"$f":"VLOOKUP(A201,'Pessoal Sicro'!$A$6:$G$118,6,0)","v":4050.2835},null,{"$f":"F201*D201","v":0}]
["P9953","Eletricista","mês",0,null,{"$f":"VLOOKUP(A202,'Pessoal Sicro'!$A$6:$G$118,6,0)","v":5821.4669000000004},null,{"$f":"F202*D202","v":0}]
[{"$nulls":5},"Subtotal do Item 6.1",null,{"$f":"SUM(H200:I202)","v":0}]
[]
["Código","Discriminação ","Unidade"," Quantidade ",null,"Custo Produtivo (R$)",null," Custo Total (R$)"]
["6.2","Equipamentos"]
[null,"Caminhão guindauto de 6 toneladas","h/mês",0,null,null,null,{"$f":"F207*D207","v":0}]
[null,"Caminhão tanque de 8.000 litros","h/mês",0,null,null,null,{"$f":"F208*D208","v":0}]
["E9524","Motoniveladora","h/mês",0,null,{"$f":"Equipamentos!J168","v":296.15600000000001},null,{"$f":"F209*D209","v":0}]
[{"$nulls":5},"Subtotal do Item 6.2",null,{"$f":"SUM(H207:I209)","v":0}]
[{"$nulls":6},"Total da Manutenção do Canteiro de Obras e Acampamentos",{"$f":"H210+H203","v":0}]
[]
[]
[]
["Resumo das parcelas de administração local"]
["Código","Discriminação ","Unidade"," Quantidade ",null,"Custo Unitário (R$)",null," Custo Total (R$)"]
[null,"Parcela Fixa"]
[null,"Mão de Obra","mês",5,null,{"$f":"H11+H15+H23+H27","v":15124.09715},null,{"$f":"F218*D218","v":75620.485749999993}]
[null,"Veículos","mês",5,null,{"$f":"I44","v":1428.46},null,{"$f":"F219*D219","v":7142.3}]
[{"$nulls":5},"Subtotal do Item 1",null,{"$f":"SUM(H218:I219)","v":82762.785749999995}]
[null,"Parcela Vinculada"]
[null,"Equipe de produção de terraplenagem","mês",0,null,{"$f":"I56","v":0},null,{"$f":"F222*D222","v":0}]
[null,"Equipe de produção de pavimentação","mês",4,null,{"$f":"I68","v":8571.0383000000002},null,34284.153200000001]
[null,"Equipe de produção de drenagem","mês",3,null,{"$f":"I80","v":3999.7436600000001},null,11999.23098]
[null,"Equipe de produção de sinalização","mês",0,null,{"$f":"I92","v":2270.3797},null,0]
[null,"Equipe de topografia","mês",5,null,{"$f":"I105","v":10165.07445},null,50825.37225]
[null,"Equipe de medicina e segurança do trabalho","mês",5,null,{"$f":"H114","v":3697.2123000000001},null,18486.0615]
[null,"Técnicos especializados","mês",0,null,null,null,0]
[{"$nulls":5},"Subtotal do Item 2",null,{"$f":"SUM(H222:I228)","v":115594.81793}]
[null,"Parcela Variável"]
[null,"Acompanhamento da Terraplenagem","equipe x mês","-",null,{"$f":"$H$121","v":0},null,"-"]
[null,"Acompanhamento da Pavimentação","equipe x mês",{"$f":"H138","v":0.78387416728121329},null,{"$f":"$H$121","v":0},null,{"$f":"F232*D232","v":0}]
[null,"Acompanhamento da Drenagem","equipe x mês",{"$f":"H144","v":2.0670321},null,{"$f":"$H$121","v":0},null,{"$f":"F233*D233","v":0}]
[null,"Acompanhamento da Sinalização","equipe x mês",{"$f":"H152","v":0},null,{"$f":"$H$121","v":0},null,{"$f":"F234*D234","v":0}]
[null,"Laboratório de Solos","equipe x mês",{"$f":"I187","v":0.58486238532110091},null,{"$f":"I167","v":12806.860400000001},null,{"$f":"F235*D235","v":7490.2509220183492}]
[null,"Laboratório de asfaltos","equipe x mês",{"$f":"I194","v":0.51035333184219123},null,{"$f":"I182","v":19426.060400000002},null,{"$f":"F236*D236","v":9914.1546497076506}]
[{"$nulls":5},"Subtotal do Item 3",null,{"$f":"SUM(H231:I236)","v":17404.405571725998}]
[null,"Manutenção dos Canteiros de Obras e Acampamentos"]
[null,"Equipe de manutenção","mês",0,null,{"$f":"H211","v":0},null,{"$f":"F239*D239","v":0}]
[{"$nulls":5},"Subtotal do Item 4",null,{"$f":"SUM(H239:I239)","v":0}]
[{"$nulls":6},"Subtotal",{"$f":"H240+H237+H229+H220","v":215762.00925172598}]
[null,"Despesas Diversas","%",0.05,null,"-",null,{"$f":"D242*H241","v":10788.100462586299}]
[{"$nulls":5},"TOTAL",null,{"$f":"H241+H242","v":226550.10971431228},null,{"$f":"H243","v":226550.10971431228}]
[{"$nulls":5},"BDI",null,null,{"$f":"H243*BDI!C17","v":52287.765322063271}]
[{"$nulls":5},"TOTAL COM BDI",null,null,{"$f":"I244+H243","v":278837.87503637554}]

{"sheet":"Projeto Executivo","index":8,"n_rows":26,"n_cols":7,"rows_kept":26,"cut":false,"hidden":true,"merged":[[2,0,2,1],[0,0,0,6],[1,2,3,4],[24,0,24,1],[13,0,13,1],[22,0,22,1],[23,0,23,1],[17,0,17,1]]}
["COMPOSIÇAO PREÇO PROJETO EXECUTIVO"]
[]
["DISCRIMINAÇAO",{"$nulls":4},"Pr. Unit.","Pr. Total"]
[]
["A· EOUIPE TECNICA",{"$nulls":5},{"$f":"G6+G9","v":15557.484262500002}]
[null,"A. 1 - Pessoal de Nível Superior","Unidade","Quantitativo","SICRO e Rel.Custos Gerais",null,{"$f":"G7+G8","v":12446.775600000001}]
[null,"Engenheiro","mês",0.4,"P9812",{"$f":"VLOOKUP(E7,'Pessoal Sicro'!A:G,6,0)","v":25583.6715},{"$f":"F7*D7","v":10233.4686}]
[null,"Topógrafo","mês",0.25,"P9949",{"$f":"VLOOKUP(E8,'Pessoal Sicro'!A:G,6,0)","v":8853.2279999999992},{"$f":"F8*D8","v":2213.3069999999998}]
[null,"A.2 - Pessoal de Nível Técnico e Aux.",{"$nulls":4},{"$f":"G10+G11","v":3110.7086625000002}]
[null,"Auxiliar de topógrafo","mês",0.125,"P9950",{"$f":"VLOOKUP(E10,'Pessoal Sicro'!A:G,6,0)","v":5763.0808999999999},{"$f":"F10*D10","v":720.38511249999999}]
[null,"Auxiliar Técnico/Assistente de Engenharia ","mês",0.5,"P9903",{"$f":"VLOOKUP(E11,'Pessoal Sicro'!A:G,6,0)","v":4780.6471000000001},{"$f":"F11*D11","v":2390.3235500000001}]
["B - ENCARGOS SOCIAIS",{"$nulls":5},{"$f":"G13","v":0}]
[null,{"$f":"CONCATENATE(\"Taxas \",'ENC. SOCIAIS'!E51,\"%\")","v":"Taxas 115,21%"},"JÁ INCLUSAS EM \"A\""]
["C - DESPESAS GERAIS",{"$nulls":5},{"$f":"G15+G17+G16","v":5352.2475278749998}]
[null,"C.1 - MATERIAIS DE CONSUMO","Estimativa % como referência de equipe técnica com encargos sociais ",0.03,null,{"$f":"G5+G13","v":15557.484262500002},{"$f":"F15*D15","v":466.72452787500004}]
[null,"C.2 - VEÍCULOS (Veículo leve picape 4 x 4 com capacidade de 1,10 t - 147 kW)","h",40,"E9684",{"$f":"VLOOKUP(E16,Equipamentos!A:K,10,0)","v":111.4139},{"$f":"F16*D16","v":4456.5559999999996}]
[null,"C.3 - Estação total eletrônica com alcance máximo de 3.000 m","h",55,"E9553",{"$f":"VLOOKUP(E17,Equipamentos!A:K,10,0)","v":7.7994000000000003},{"$f":"F17*D17","v":428.96700000000004}]
["D - ENSAIOS",{"$nulls":5},{"$f":"SUM(G19:G22)","v":3762.8972249999997}]
[null,"Laboratorista","mês",{"$f":"1/4","v":0.25},"P9858",{"$f":"VLOOKUP(E19,'Pessoal Sicro'!A:G,6,0)","v":7495.4912999999997},{"$f":"F19*D19","v":1873.8728249999999}]
[null,"Auxiliar de Laboratório","mês",{"$f":"1/8","v":0.125},"P9833",{"$f":"VLOOKUP(E20,'Pessoal Sicro'!A:G,6,0)","v":5742.8951999999999},{"$f":"F20*D20","v":717.86189999999999}]
[null,"Laboratório de solos","mês",{"$f":"1/8","v":0.125},"B8957",{"$f":"VLOOKUP(E21,'Tabelas 1 e 2'!C14:G23,5,0)","v":3458.86},{"$f":"F21*D21","v":432.35750000000002}]
[null,"Laboratório de asfalto","mês",{"$f":"1/8","v":0.125},"B8955",{"$f":"VLOOKUP(E22,'Tabelas 1 e 2'!C15:G24,5,0)","v":5910.44},{"$f":"F22*D22","v":738.80499999999995}]
["I - SOMA (A+B+C+D)",{"$nulls":5},{"$f":"G5+G12+G14+G18","v":24672.629015375001}]
["II - CUSTOS ADMINISTRATIVOS",null,null,{"$f":"BDI!C17","v":0.23080000000000001},null,null,{"$f":"D24*G23","v":5694.4427767485504}]
[" TOTAL",{"$nulls":5},{"$f":"G23+G24","v":30367.071792123552}]
[{"$nulls":5},"Por m²:",{"$f":"G25/('MEMÓRIA DE CÁLCULO'!C4*'MEMÓRIA DE CÁLCULO'!C5)","v":3.5558632075086125}]

{"sheet":"BDI","index":9,"n_rows":69,"n_cols":3,"rows_kept":69,"cut":false,"hidden":false,"merged":[[5,0,5,2],[4,0,4,2],[69,0,69,1],[70,0,70,1],[72,0,72,2],[56,1,56,2],[54,0,54,3],[55,0,55,3]]}
[]
["OBRA:"]
["LOCAL: "]
["DATA BASE: "]
["DETALHAMENTO DO BDI  - SEM DESONERAÇÃO"]
[{"$f":"'ORÇAMENTO '!B1","v":"CONTRATAÇÃO DE SERVIÇOS DE PAVIMENTAÇÃO ASFÁLTICA COM CONCRETO BETUMINOSO USINADO A QUENTE (CBUQ), INCLUSIVE SINALIZAÇÃO VIÁRIA E DRENAGEM SUPERFICAL, NA ESTRADA DO MELÃO, LOCALIZADA NO MUNICÍPIO DE MOSSORÓ/RN."}]
["DESCRIÇÃO DOS SERVIÇOS","PREÇO DE VENDA (%)","CUSTO DIRETO (%)"]
["ADMINISTRAÇÃO CENTRAL",null,0.06]
["DESPESA FINANCEIRAS",7.9000000000000008E-3]
["SEGUROS E GARANTIAS CONTRATUAIS",2.5000000000000001E-3]
["RISCOS",5.0000000000000001E-3]
["LUCRO OPERACIONAL",null,7.0000000000000007E-2]
["PIS",6.4999999999999997E-3]
["COFINS",0.03]
["ISSQN",0.03]
["Contribuição Previdenciaria",0]
[null,"BDI",{"$f":"ROUND((1+(C8+C12))/(1-(B9+B10+B11+B13+B14+B15+B16))-1,4)","v":0.23080000000000001}]
["Observação: O percentual de ISSQN aqui utilizado consiste apenas em um referencial médio."]
[null," O valor real do ISSQN a ser adotado deve ser aquele proveniente das alíquotas dos municípios situados na área de "]
[null,"influência das obras."]
{"$rows_empty":34}
["DETALHAMENTO DO BDI DIFERENCIADO  - SEM DESONERAÇÃO"]
[{"$f":"'ORÇAMENTO '!B1","v":"CONTRATAÇÃO DE SERVIÇOS DE PAVIMENTAÇÃO ASFÁLTICA COM CONCRETO BETUMINOSO USINADO A QUENTE (CBUQ), INCLUSIVE SINALIZAÇÃO VIÁRIA E DRENAGEM SUPERFICAL, NA ESTRADA DO MELÃO, LOCALIZADA NO MUNICÍPIO DE MOSSORÓ/RN."}]
[]
["DESCRIÇÃO DOS SERVIÇOS","PREÇO DE VENDA (%)","CUSTO DIRETO (%)"]
["ADMINISTRAÇÃO CENTRAL",null,3.7699999999999997E-2]
["DESPESA FINANCEIRAS",1.0200000000000001E-2]
["SEGUROS E GARANTIAS CONTRATUAIS",2.5000000000000001E-3]
["RISCOS",5.0000000000000001E-3]
["LUCRO OPERACIONAL",null,0.05]
["PIS",6.4999999999999997E-3]
["COFINS",0.03]
["ISSQN",0]
["Contribuição Previdenciaria",0]
[null,"BDI",{"$f":"ROUND((1+(C59+C63))/(1-(B60+B61+B62+B64+B65+B66+B67))-1,4)","v":0.15}]
["Fonte da composição, valores de referência e fórmula do BDI:  Instrução Normativa N° 62/DNIT SEDE"]

{"sheet":"ENC. SOCIAIS","index":10,"n_rows":51,"n_cols":6,"rows_kept":51,"cut":false,"hidden":false,"merged":[[8,0,9,5],[50,0,50,1],[10,0,10,5],[11,2,11,3],[11,4,11,5],[12,0,12,5],[13,0,14,1],[13,2,14,2],[13,3,14,3],[13,4,14,4],[13,5,14,5],[15,0,15,5],[26,0,26,5],[38,0,38,5],[45,0,45,5],[49,0,49,5]]}
[]
[]
[]
[]
[]
["NOME DA CONCORRENTE:"]
["EDITAL:"]
["FOLHA:"]
[{"$f":"'ORÇAMENTO '!B1","v":"CONTRATAÇÃO DE SERVIÇOS DE PAVIMENTAÇÃO ASFÁLTICA COM CONCRETO BETUMINOSO USINADO A QUENTE (CBUQ), INCLUSIVE SINALIZAÇÃO VIÁRIA E DRENAGEM SUPERFICAL, NA ESTRADA DO MELÃO, LOCALIZADA NO MUNICÍPIO DE MOSSORÓ/RN."}]
[]
["DETALHAMENTO DOS ENCARGOS SOCIAIS (%)"]
["DE 04/2024",null,"COM DESONERAÇÃO",null,"SEM DESONERAÇÃO"]
[]
[null,null,"HORISTA","MENSALISTA","HORISTA","MENSALISTA"]
[]
["GRUPO A"]
["A1","INSS",0,0,20,20]
["A2","SESI",1.5,1.5,1.5,1.5]
["A3","SENAI",1,1,1,1]
["A4","INCRA",0.2,0.2,0.2,0.2]
["A5","SEBRAE",0.6,0.6,0.6,0.6]
["A6","Salário Educação",2.5,2.5,2.5,2.5]
["A7","Seguro Contra Acidentes de Trabalho",3,3,3,3]
["A8","FGTS",8,8,8,8]
["A9","SECONCI",1,1,0,0]
["A","Total",{"$f":"SUM(C17:C25)","v":17.8},{"$f":"SUM(D17:D25)","v":17.8},{"$f":"SUM(E17:E25)","v":36.799999999999997},{"$f":"SUM(F17:F25)","v":36.799999999999997}]
["GRUPO B"]
["B1","Repouso Semanal Remunerado",17.88,"-",17.97,"-"]
["B2","Feriados",3.94,"-",4.28,"-"]
["B3","Auxílio-enfermidade",0.91,0.69,0.87,0.65]
["B4","13° salário",10.98,8.33,11.15,8.33]
["B5","Licença-paternidade",7.0000000000000007E-2,0.06,7.0000000000000007E-2,0.05]
["B6","Faltas Justificadas",0.73,0.56000000000000005,0.74,0.56000000000000005]
["B7","Dias de chuva",1.45,"-",1.76,"-"]
["B8","Auxílio Acidente de Trabalho",0.11,0.09,0.1,7.0000000000000007E-2]
["B9","Férias Gozadas",11.35,8.6199999999999992,13.29,9.93]
["B10","Salário Maternidade",0.03,0.03,0.03,0.03]
["B","Total ",{"$f":"SUM(C28:C37)","v":47.45},{"$f":"SUM(D28:D37)","v":18.380000000000003},{"$f":"SUM(E28:E37)","v":50.260000000000005},{"$f":"SUM(F28:F37)","v":19.620000000000005}]
["GRUPO C"]
["C1","Aviso Prévio Indenizado",6.76,5.14,5.23,3.91]
["C2","Aviso Prévio Trabalhado",0.16,0.12,0.12,0.09]
["C3","Férias Indenizadas",2.2799999999999998,1.73,0.84,0.63]
["C4","Depósito Rescisão Sem Justa Causa",3.81,2.89,2.56,1.91]
["C5","Indenização Adicional",0.56999999999999995,0.43,0.44,0.33]
["C","Total ",{"$f":"SUM(C40:C44)","v":13.58},{"$f":"SUM(D40:D44)","v":10.31},{"$f":"SUM(E40:E44)","v":9.19},{"$f":"SUM(F40:F44)","v":6.87}]
["GRUPO D"]
["D1","Reincidência de A sobre B",8.4499999999999993,3.27,18.5,7.22]
["D2","Reincidência de Grupo A sobre Aviso Prévio Trabalhado e Reincidência do FGTS sobre Aviso Prévio Indenizado",0.56999999999999995,0.43,0.46,0.35]
["D","Total",{"$f":"SUM(C47:C48)","v":9.02},{"$f":"SUM(D47:D48)","v":3.7},{"$f":"SUM(E47:E48)","v":18.96},{"$f":"SUM(F47:F48)","v":7.5699999999999994}]
[]
["T O T A L (%)",null,{"$f":"C26+C38+C45+C49","v":87.85},{"$f":"D26+D38+D45+D49","v":50.190000000000012},{"$f":"E26+E38+E45+E49","v":115.21000000000001},{"$f":"F26+F38+F45+F49","v":70.86}]

{"sheet":"Transporte Cap 50-70","index":11,"n_rows":92,"n_cols":34,"rows_kept":92,"cut":false,"hidden":false,"merged":[[1,2,3,26],[12,3,25,3],[6,2,8,2],[10,9,10,10],[10,22,10,23],[6,12,8,12],[10,4,10,8],[7,19,7,20],[6,5,6,7],[7,4,7,5],[7,6,8,6]]}
[]
[null,null,"MEMÓRIA DE CÁLCULO"]
[]
[]
[]
[]
[null,null,"REAJUSTE",null,null,"TIPOLOGIA DO MATERIAL",null,null,"CIMENTOS ASFÁLTICOS CAP-50-70",null,null,null,"IMPOSTOS","COFINS",6.4999999999999997E-3,6.4999999999999997E-3]
[{"$nulls":6},"ÍNDICE DE PAVIMENTAÇÃO DNIT","2014-07-01","ÍNDICE INICIAL",270.23700000000002,null,null,null,"PIS",0.03,0.03,null,null,null,"LEGENDA",{"$nulls":8},"As empresas tributadas pelo Lucro Presumido pagam 0,65% de PIS e 3% de COFINS"]
[{"$nulls":7},"2025-07-01","ÍNDICE FINAL",587.47699999999998,null,null,null," ICMS",0.2,0.2,{"$f":"1-(O9/1)","v":0.8},{"$f":"1-(P9/1)","v":0.8},{"$f":"1-(Q9/1)","v":0.19999999999999996},"ENTRADA DE DADOS",{"$nulls":8},"As empresas tributadas pelo Lucro Real pagam 1,65% de PIS e 7,60% de COFINS"]
[{"$nulls":6},"Data ANP","2025-07-01"]
[null,null,"DATA-BASE","PRODUTOS","LOCALIDADES",{"$nulls":4},"CUSTO ANP (R$/Kg)",null,"CUSTO ANP","IMPOSTOS DO PRODUTO","CUSTO DO PRODUTO COM IMPOSTOS","DMT's","DMT's FLUVIAL","CUSTO DO TRANSPORTE RODOVIA PAVIMENTADA","CUSTO DO TRANSPORTE FLUVIAL","CUSTO DO TRANSPORTE TOTAL","ICMS","ATUALIZAÇÃO DO CUSTO DE TRANSPORTE","CUSTO DO TRANSPORTE RODOVIA PAVIMENTADA COM IMPOSTOS E ATUALIZAÇÃO MONETÁRIA","PEDÁGIO ",null,"TOTAL TRANSPORTE","AQUISIÇÃO DO PRODUTO","TOTAL GERAL ( TRANSP + AQUISIÇÃO)",null,1,2,3]
[null,null,{"$f":"H9","v":"2025-07-01"},null,"REFINARIAS","ENDEREÇO","ESTADO","CIDADE","DESTINO","ESTADO","REGIÃO","R$/t","R$/t","R$/t","KM","KM","R$/t","R$/t","R$/t","R$/t","R$/t","R$/t","CUSTO ","R$/t","R$/t","R$/t","R$/t",null,"TOTAL GERAL ( TRANSP + AQUISIÇÃO)","TOTAL TRANSPORTE","AQUISIÇÃO DO PRODUTO"]
[null,{"$f":"AA13","v":5067.7407801542886},1,{"$f":"I7","v":"CIMENTOS ASFÁLTICOS CAP-50-70"},"Refinaria Abreu e Lima","Rodovia PE 60, Km 10 - Ipojuca - PE CEP:55590-000","Pernambuco","IPOJUCA - PE","Mossoró - RN",{"$f":"VLOOKUP('Transporte Cap 50-70'!G13,OFFSET('ANP ESTADO'!$A$1,MATCH('Transporte Cap 50-70'!$I$7,'ANP ESTADO'!B:B,0)+MATCH('Transporte Cap 50-70'!$H$10,OFFSET('ANP ESTADO'!$A$1,MATCH('Transporte Cap 50-70'!$I$7,'ANP ESTADO'!B:B,0),0,100000,1),0),2,100000,2),2,FALSE)","v":"-"},{"$f":"VLOOKUP($H$10,OFFSET('ANP REGIÃO'!$A$9,MATCH('Transporte Cap 50-70'!$I$7,'ANP REGIÃO'!A:A,0),1,10000,10000),MATCH('Transporte Cap 50-70'!AH13,'ANP REGIÃO'!$B$8:$G$8,0),FALSE)","v":3.5390407801542887},{"$f":"IF(AND(J13=\"-\",K13=\"-\"),\"\",IF(AND(J13<>0,K13=\"-\"),J13*1000,IF(AND(J13=\"-\",K13<>0),K13*1000,IF(AND(J13<>0,K13<>0),J13*1000,\"\"))))","v":3539.0407801542888},{"$f":"ROUND(((L13/(1-$O$7-$O$8-$O$9+($O$8+$O$7)*$O$9)-L13)),2)","v":1052.3499999999999},{"$f":"L13+M13","v":4591.3907801542882},586.4,null,{"$f":"ROUND((26.939+0.253*O13),2)","v":175.3},null,{"$f":"Q13+R13","v":175.3},{"$f":"TRUNC(S13*($O$9/(1-$O$9)),2)","v":43.82},{"$f":"TRUNC(IF($J$8=\"\",\"\",(($J$9-$J$8)/$J$8)*(S13+T13)),2)","v":257.23},{"$f":"S13+T13+U13","v":476.35},0,{"$f":"EVEN(' CONSUMO DE MAT. B TOTAL'!$P$13*2/28)*W13/' CONSUMO DE MAT. B TOTAL'!$P$13","v":0},{"$f":"IF(AND(Q13=\"\",T13=\"\"),\"\",V13+X13)","v":476.35},{"$f":"IF(OR(L13=\"\",M13=\"\"),\"\",L13+M13)","v":4591.3907801542882},{"$f":"IF(OR(Y13=\"\",Z13=\"\"),\"\",Y13+Z13)","v":5067.7407801542886},null,{"$f":"AA13","v":5067.7407801542886},{"$f":"Y13","v":476.35},{"$f":"Z13","v":4591.3907801542882},null,null,{"$f":"IF(OR(G13=$D$52,G13=$D$53,G13=$D$55,G13=$D$61,G13=$D$45,G13=$D$41,G13=$D$37,G13=$D$50,G13=$D$40),\"NORDESTE\",IF(OR(G13=$D$36,G13=$D$38,G13=$D$39,G13=$D$49,G13=$D$57,G13=$D$58,G13=$D$62),\"NORTE\",IF(OR(G13=$D$42,G13=$D$44,G13=$D$46,G13=$D$47),\"CENTRO-OESTE\",IF(OR(G13=$D$60,G13=$D$54,G13=$D$48,G13=$D$43),\"SUDESTE\",IF(OR(G13=$D$59,G13=$D$51,G13=$D$56),\"SUL\",\"\")))))","v":"NORDESTE"}]
[null,{"$f":"AA14","v":8406.3595249009832},2,null,"ISAC SAABA","Rua Rio Quixito, 1, Vila Buriti - Distrito Industrial - Manaus - AM\nCEP: 69072-070","Amazonas","MANAUS-AM","Mossoró - RN",{"$f":"VLOOKUP('Transporte Cap 50-70'!G14,OFFSET('ANP ESTADO'!$A$1,MATCH('Transporte Cap 50-70'!$I$7,'ANP ESTADO'!B:B,0)+MATCH('Transporte Cap 50-70'!$H$10,OFFSET('ANP ESTADO'!$A$1,MATCH('Transporte Cap 50-70'!$I$7,'ANP ESTADO'!B:B,0),0,100000,1),0),2,100000,2),2,FALSE)","v":4.6874195249009833},{"$f":"VLOOKUP($H$10,OFFSET('ANP REGIÃO'!$A$9,MATCH('Transporte Cap 50-70'!$I$7,'ANP REGIÃO'!A:A,0),1,10000,10000),MATCH('Transporte Cap 50-70'!AH14,'ANP REGIÃO'!$B$8:$G$8,0),FALSE)","v":3.9627710335345956},{"$f":"IF(AND(J14=\"-\",K14=\"\"),\"\",IF(AND(J14<>0,K14=\"\"),J14*1000,IF(AND(J14=\"-\",K14<>0),K14*1000,IF(AND(J14<>0,K14<>0),J14*1000,\"\"))))","v":4687.4195249009836},{"$f":"ROUND(((L14/(1-$O$7-$O$8-$O$9+($O$8+$O$7)*$O$9)-L14)),2)","v":1393.82},{"$f":"L14+M14","v":6081.2395249009833},3275.5,null,{"$f":"ROUND((26.939+0.253*O14),2)","v":855.64},null,{"$f":"Q14+R14","v":855.64},{"$f":"TRUNC(S14*($O$9/(1-$O$9)),2)","v":213.91},{"$f":"TRUNC(IF($J$8=\"\",\"\",(($J$9-$J$8)/$J$8)*(S14+T14)),2)","v":1255.57},{"$f":"S14+T14+U14","v":2325.12},0,{"$f":"EVEN(' CONSUMO DE MAT. B TOTAL'!$P$13*2/28)*W14/' CONSUMO DE MAT. B TOTAL'!$P$13","v":0},{"$f":"IF(AND(Q14=\"\",T14=\"\"),\"\",V14+X14)","v":2325.12},{"$f":"IF(OR(L14=\"\",M14=\"\"),\"\",L14+M14)","v":6081.2395249009833},{"$f":"IF(OR(Y14=\"\",Z14=\"\"),\"\",Y14+Z14)","v":8406.3595249009832},null,{"$f":"AA14","v":8406.3595249009832},{"$f":"Y14","v":2325.12},{"$f":"Z14","v":6081.2395249009833},null,null,{"$f":"IF(OR(G14=$D$52,G14=$D$53,G14=$D$55,G14=$D$61,G14=$D$45,G14=$D$41,G14=$D$37,G14=$D$50,G14=$D$40),\"NORDESTE\",IF(OR(G14=$D$36,G14=$D$38,G14=$D$39,G14=$D$49,G14=$D$57,G14=$D$58,G14=$D$62),\"NORTE\",IF(OR(G14=$D$42,G14=$D$44,G14=$D$46,G14=$D$47),\"CENTRO-OESTE\",IF(OR(G14=$D$60,G14=$D$54,G14=$D$48,G14=$D$43),\"SUDESTE\",IF(OR(G14=$D$59,G14=$D$51,G14=$D$56),\"SUL\",\"\")))))","v":"NORTE"}]
[null,{"$f":"AA15","v":4775.9707801542881},3,null,"Refinaria Potiguar Clara Camarão","Rodovia RN 221, KM 25 - Guamaré - RN CEP:59598-000","Rio Grande do Norte","GUAMARÉ - RN","Mossoró - RN",{"$f":"VLOOKUP('Transporte Cap 50-70'!G15,OFFSET('ANP ESTADO'!$A$1,MATCH('Transporte Cap 50-70'!$I$7,'ANP ESTADO'!B:B,0)+MATCH('Transporte Cap 50-70'!$H$10,OFFSET('ANP ESTADO'!$A$1,MATCH('Transporte Cap 50-70'!$I$7,'ANP ESTADO'!B:B,0),0,100000,1),0),2,100000,2),2,FALSE)","v":"-"},{"$f":"VLOOKUP($H$10,OFFSET('ANP REGIÃO'!$A$9,MATCH('Transporte Cap 50-70'!$I$7,'ANP REGIÃO'!A:A,0),1,10000,10000),MATCH('Transporte Cap 50-70'!AH15,'ANP REGIÃO'!$B$8:$G$8,0),FALSE)","v":3.5390407801542887},{"$f":"IF(AND(J15=\"-\",K15=\"\"),\"\",IF(AND(J15<>0,K15=\"\"),J15*1000,IF(AND(J15=\"-\",K15<>0),K15*1000,IF(AND(J15<>0,K15<>0),J15*1000,\"\"))))","v":3539.0407801542888},1052.3499999999999,{"$f":"L15+M15","v":4591.3907801542882},162,null,{"$f":"ROUND((26.939+0.253*O15),2)","v":67.930000000000007},null,67.930000000000007,16.98,99.67,184.58,0,{"$f":"EVEN(' CONSUMO DE MAT. B TOTAL'!$P$13*2/28)*W15/' CONSUMO DE MAT. B TOTAL'!$P$13","v":0},184.58,4591.3907801542882,{"$f":"IF(OR(Y15=\"\",Z15=\"\"),\"\",Y15+Z15)","v":4775.9707801542881},null,{"$f":"AA15","v":4775.9707801542881},{"$f":"Y15","v":184.58},{"$f":"Z15","v":4591.3907801542882},null,null,{"$f":"IF(OR(G15=$D$52,G15=$D$53,G15=$D$55,G15=$D$61,G15=$D$45,G15=$D$41,G15=$D$37,G15=$D$50,G15=$D$40),\"NORDESTE\",IF(OR(G15=$D$36,G15=$D$38,G15=$D$39,G15=$D$49,G15=$D$57,G15=$D$58,G15=$D$62),\"NORTE\",IF(OR(G15=$D$42,G15=$D$44,G15=$D$46,G15=$D$47),\"CENTRO-OESTE\",IF(OR(G15=$D$60,G15=$D$54,G15=$D$48,G15=$D$43),\"SUDESTE\",IF(OR(G15=$D$59,G15=$D$51,G15=$D$56),\"SUL\",\"\")))))","v":"NORDESTE"}]
[null,5408.0244076703839,4,null,"Refinaria Landulpho Alves (RLAM)","Rodovia BA 523, KM 4 – Mataripe São Francisco do Conde - BA CEP:43900-000","Bahia","SÃO FRANCISCO DO CONDE - BA","Mossoró - RN",{"$f":"VLOOKUP('Transporte Cap 50-70'!G16,OFFSET('ANP ESTADO'!$A$1,MATCH('Transporte Cap 50-70'!$I$7,'ANP ESTADO'!B:B,0)+MATCH('Transporte Cap 50-70'!$H$10,OFFSET('ANP ESTADO'!$A$1,MATCH('Transporte Cap 50-70'!$I$7,'ANP ESTADO'!B:B,0),0,100000,1),0),2,100000,2),2,FALSE)","v":3.5809639056030473},{"$f":"VLOOKUP($H$10,OFFSET('ANP REGIÃO'!$A$9,MATCH('Transporte Cap 50-70'!$I$7,'ANP REGIÃO'!A:A,0),1,10000,10000),MATCH('Transporte Cap 50-70'!AH16,'ANP REGIÃO'!$B$8:$G$8,0),FALSE)","v":3.5390407801542887},3580.9639056030474,1064.81,4645.7739056030478,1000,null,{"$f":"ROUND((26.939+0.253*O16),2)","v":279.94},null,279.94,69.98,410.78,760.7,21,{"$f":"EVEN(' CONSUMO DE MAT. B TOTAL'!$P$13*2/28)*W16/' CONSUMO DE MAT. B TOTAL'!$P$13","v":1.5505020673360899},762.25050206733613,4645.7739056030478,5408.0244076703839,null,5408.0244076703839,762.25050206733613,4645.7739056030478,null,null,"NORDESTE"]
[2403,4762.5762434645012,5,null,"Refinaria Lubrificantes e Derivados do Nordeste (Lubnor)","Av. Leite Barbosa, s/nº - Mucuripe Fortaleza - Ceará CEP:60180-420","Ceará","FORTALEZA - CE","Mossoró - RN",{"$f":"VLOOKUP('Transporte Cap 50-70'!G17,OFFSET('ANP ESTADO'!$A$1,MATCH('Transporte Cap 50-70'!$I$7,'ANP ESTADO'!B:B,0)+MATCH('Transporte Cap 50-70'!$H$10,OFFSET('ANP ESTADO'!$A$1,MATCH('Transporte Cap 50-70'!$I$7,'ANP ESTADO'!B:B,0),0,100000,1),0),2,100000,2),2,FALSE)","v":3.4879862434645008},{"$f":"VLOOKUP($H$10,OFFSET('ANP REGIÃO'!$A$9,MATCH('Transporte Cap 50-70'!$I$7,'ANP REGIÃO'!A:A,0),1,10000,10000),MATCH('Transporte Cap 50-70'!AH17,'ANP REGIÃO'!$B$8:$G$8,0),FALSE)","v":3.5390407801542887},{"$f":"IF(AND(J17=\"-\",K17=\"\"),\"\",IF(AND(J17<>0,K17=\"\"),J17*1000,IF(AND(J17=\"-\",K17<>0),K17*1000,IF(AND(J17<>0,K17<>0),J17*1000,\"\"))))","v":3487.9862434645006},1037.1600000000001,4525.1462434645009,238.9,null,87.38,null,87.38,21.84,128.21,237.43,0,{"$f":"EVEN(' CONSUMO DE MAT. B TOTAL'!$P$13*2/28)*W17/' CONSUMO DE MAT. B TOTAL'!$P$13","v":0},237.43,4525.1462434645009,4762.5762434645012,null,4762.5762434645012,237.43,4525.1462434645009,null,null,"NORDESTE"]
[null,6588.8719351675554,6,null,"Refinaria Capuava (Recap)","Av. Alberto Soares Sampaio, 2122-A Capuava – Mauá - SP","São Paulo","MAUÁ - SP","Mossoró - RN",{"$f":"VLOOKUP('Transporte Cap 50-70'!G18,OFFSET('ANP ESTADO'!$A$1,MATCH('Transporte Cap 50-70'!$I$7,'ANP ESTADO'!B:B,0)+MATCH('Transporte Cap 50-70'!$H$10,OFFSET('ANP ESTADO'!$A$1,MATCH('Transporte Cap 50-70'!$I$7,'ANP ESTADO'!B:B,0),0,100000,1),0),2,100000,2),2,FALSE)","v":3.5435528034487129},{"$f":"VLOOKUP($H$10,OFFSET('ANP REGIÃO'!$A$9,MATCH('Transporte Cap 50-70'!$I$7,'ANP REGIÃO'!A:A,0),1,10000,10000),MATCH('Transporte Cap 50-70'!AH18,'ANP REGIÃO'!$B$8:$G$8,0),FALSE)","v":3.6604389956970245},3543.5528034487129,1053.69,4597.2428034487129,2755.8,null,724.16,null,724.16,181.04,1062.6400000000001,1967.8400000000001,322.2,{"$f":"EVEN(' CONSUMO DE MAT. B TOTAL'!$P$13*2/28)*W18/' CONSUMO DE MAT. B TOTAL'!$P$13","v":23.789131718842292},1991.6291317188425,4597.2428034487129,6588.8719351675554,null,6588.8719351675554,1991.6291317188425,4597.2428034487129,null,null,"SUDESTE"]
[null,6359.185203988588,7,null,"Refinaria Duque de Caxias (Reduc)","Rodovia Washington Luiz, km 113,7 Campos Elíseos – Duque de Caxias - RJ CEP:25213-005","Rio de Janeiro","DUQUE DE CAXIAS - RJ","Mossoró - RN",{"$f":"VLOOKUP('Transporte Cap 50-70'!G19,OFFSET('ANP ESTADO'!$A$1,MATCH('Transporte Cap 50-70'!$I$7,'ANP ESTADO'!B:B,0)+MATCH('Transporte Cap 50-70'!$H$10,OFFSET('ANP ESTADO'!$A$1,MATCH('Transporte Cap 50-70'!$I$7,'ANP ESTADO'!B:B,0),0,100000,1),0),2,100000,2),2,FALSE)","v":3.5348431484658476},{"$f":"VLOOKUP($H$10,OFFSET('ANP REGIÃO'!$A$9,MATCH('Transporte Cap 50-70'!$I$7,'ANP REGIÃO'!A:A,0),1,10000,10000),MATCH('Transporte Cap 50-70'!AH19,'ANP REGIÃO'!$B$8:$G$8,0),FALSE)","v":3.6604389956970245},3534.8431484658477,1051.0999999999999,4585.9431484658471,2412.1999999999998,null,637.23,null,637.23,159.30000000000001,935.07,1731.6,564,{"$f":"EVEN(' CONSUMO DE MAT. B TOTAL'!$P$13*2/28)*W19/' CONSUMO DE MAT. B TOTAL'!$P$13","v":41.642055522740698},1773.2420555227407,4585.9431484658471,6359.185203988588,null,6359.185203988588,1773.2420555227407,4585.9431484658471,null,null,"SUDESTE"]
[null,7719.8815083049203,8,null,"Refinaria Alberto Pasqualini (Refap)","Avenida Getúlio Vargas, 11001 - Bairro Brigadeira Canoas - RS - Brasil CEP:92420-221","Rio Grande do Sul","CANOAS - RS","Mossoró - RN",{"$f":"VLOOKUP('Transporte Cap 50-70'!G20,OFFSET('ANP ESTADO'!$A$1,MATCH('Transporte Cap 50-70'!$I$7,'ANP ESTADO'!B:B,0)+MATCH('Transporte Cap 50-70'!$H$10,OFFSET('ANP ESTADO'!$A$1,MATCH('Transporte Cap 50-70'!$I$7,'ANP ESTADO'!B:B,0),0,100000,1),0),2,100000,2),2,FALSE)","v":3.8018957020438453},{"$f":"VLOOKUP($H$10,OFFSET('ANP REGIÃO'!$A$9,MATCH('Transporte Cap 50-70'!$I$7,'ANP REGIÃO'!A:A,0),1,10000,10000),MATCH('Transporte Cap 50-70'!AH20,'ANP REGIÃO'!$B$8:$G$8,0),FALSE)","v":3.752748430014067},3801.8957020438452,1130.51,4932.4057020438449,3832.1,null,996.46,null,996.46,249.11,1462.21,2707.78,1079.4000000000001,{"$f":"EVEN(' CONSUMO DE MAT. B TOTAL'!$P$13*2/28)*W20/' CONSUMO DE MAT. B TOTAL'!$P$13","v":79.69580626107502},2787.4758062610754,4932.4057020438449,7719.8815083049203,null,7719.8815083049203,2787.4758062610754,4932.4057020438449,null,null,"SUL"]
[null,7244.5407142504191,9,null,"Unidade de Industrialização do Xisto (SIX)","Rodovia do Xisto, BR 476, km 153 São Mateus do Sul – PR CEP 83900-000","Paraná","SÃO MATEUS DO SUL - PR","Mossoró - RN",{"$f":"VLOOKUP('Transporte Cap 50-70'!G21,OFFSET('ANP ESTADO'!$A$1,MATCH('Transporte Cap 50-70'!$I$7,'ANP ESTADO'!B:B,0)+MATCH('Transporte Cap 50-70'!$H$10,OFFSET('ANP ESTADO'!$A$1,MATCH('Transporte Cap 50-70'!$I$7,'ANP ESTADO'!B:B,0),0,100000,1),0),2,100000,2),2,FALSE)","v":3.7387646480956636},{"$f":"VLOOKUP($H$10,OFFSET('ANP REGIÃO'!$A$9,MATCH('Transporte Cap 50-70'!$I$7,'ANP REGIÃO'!A:A,0),1,10000,10000),MATCH('Transporte Cap 50-70'!AH21,'ANP REGIÃO'!$B$8:$G$8,0),FALSE)","v":3.752748430014067},3738.7646480956637,1111.73,4850.4946480956642,3303.6,null,862.75,null,862.75,215.68,1266,2344.4300000000003,672,{"$f":"EVEN(' CONSUMO DE MAT. B TOTAL'!$P$13*2/28)*W21/' CONSUMO DE MAT. B TOTAL'!$P$13","v":49.616066154754876},2394.046066154755,4850.4946480956642,7244.5407142504191,null,7244.5407142504191,2394.046066154755,4850.4946480956642,null,null,"SUL"]
[null,6501.5909921616994,10,null,"Refinaria Gabriel Passos (Regap)","Av. Refinaria Gabriel Passos, 690 Distrito Industrial Paulo Camilo Sul Betim - MG CEP:32669-205","Minas Gerais","BETIM - MG","Mossoró - RN",{"$f":"VLOOKUP('Transporte Cap 50-70'!G22,OFFSET('ANP ESTADO'!$A$1,MATCH('Transporte Cap 50-70'!$I$7,'ANP ESTADO'!B:B,0)+MATCH('Transporte Cap 50-70'!$H$10,OFFSET('ANP ESTADO'!$A$1,MATCH('Transporte Cap 50-70'!$I$7,'ANP ESTADO'!B:B,0),0,100000,1),0),2,100000,2),2,FALSE)","v":3.7895594741463419},{"$f":"VLOOKUP($H$10,OFFSET('ANP REGIÃO'!$A$9,MATCH('Transporte Cap 50-70'!$I$7,'ANP REGIÃO'!A:A,0),1,10000,10000),MATCH('Transporte Cap 50-70'!AH22,'ANP REGIÃO'!$B$8:$G$8,0),FALSE)","v":3.6604389956970245},3789.5594741463419,1126.8399999999999,4916.3994741463421,2179.6,null,578.38,null,578.38,144.59,848.71,1571.68,183,{"$f":"EVEN(' CONSUMO DE MAT. B TOTAL'!$P$13*2/28)*W22/' CONSUMO DE MAT. B TOTAL'!$P$13","v":13.511518015357353},1585.1915180153574,4916.3994741463421,{"$f":"IF(OR(Y22=\"\",Z22=\"\"),\"\",Y22+Z22)","v":6501.5909921616994},null,6501.5909921616994,1585.1915180153574,4916.3994741463421,null,null,"SUDESTE"]
[null,7151.1662074577434,11,null,"Refinaria Presidente Getúlio Vargas (Repar)","Rodovia do Xisto, BR 476, km 16 Araucária - PR CEP:83707-440","Paraná","ARAUCÁRIA - PR","Mossoró - RN",{"$f":"VLOOKUP('Transporte Cap 50-70'!G23,OFFSET('ANP ESTADO'!$A$1,MATCH('Transporte Cap 50-70'!$I$7,'ANP ESTADO'!B:B,0)+MATCH('Transporte Cap 50-70'!$H$10,OFFSET('ANP ESTADO'!$A$1,MATCH('Transporte Cap 50-70'!$I$7,'ANP ESTADO'!B:B,0),0,100000,1),0),2,100000,2),2,FALSE)","v":3.7387646480956636},{"$f":"VLOOKUP($H$10,OFFSET('ANP REGIÃO'!$A$9,MATCH('Transporte Cap 50-70'!$I$7,'ANP REGIÃO'!A:A,0),1,10000,10000),MATCH('Transporte Cap 50-70'!AH23,'ANP REGIÃO'!$B$8:$G$8,0),FALSE)","v":3.752748430014067},3738.7646480956637,1111.73,4850.4946480956642,3175.2,null,830.26,null,830.26,207.56,1218.33,2256.1499999999996,603,{"$f":"EVEN(' CONSUMO DE MAT. B TOTAL'!$P$13*2/28)*W23/' CONSUMO DE MAT. B TOTAL'!$P$13","v":44.521559362079152},2300.6715593620788,4850.4946480956642,7151.1662074577434,null,7151.1662074577434,2300.6715593620788,4850.4946480956642,null,null,"SUL"]
[null,6616.5019351675555,12,null,"Refinaria Presidente Bernardes (RPBC)","Av. 9 de abril, 777 - Jardim das Indústrias Cubatão - SP CEP:11505-000","São Paulo","CUBATÃO - SP","Mossoró - RN",{"$f":"VLOOKUP('Transporte Cap 50-70'!G24,OFFSET('ANP ESTADO'!$A$1,MATCH('Transporte Cap 50-70'!$I$7,'ANP ESTADO'!B:B,0)+MATCH('Transporte Cap 50-70'!$H$10,OFFSET('ANP ESTADO'!$A$1,MATCH('Transporte Cap 50-70'!$I$7,'ANP ESTADO'!B:B,0),0,100000,1),0),2,100000,2),2,FALSE)","v":3.5435528034487129},{"$f":"VLOOKUP($H$10,OFFSET('ANP REGIÃO'!$A$9,MATCH('Transporte Cap 50-70'!$I$7,'ANP REGIÃO'!A:A,0),1,10000,10000),MATCH('Transporte Cap 50-70'!AH24,'ANP REGIÃO'!$B$8:$G$8,0),FALSE)","v":3.6604389956970245},3543.5528034487129,1053.69,4597.2428034487129,2796,null,734.33,null,734.33,183.58,1077.56,1995.47,322.2,{"$f":"EVEN(' CONSUMO DE MAT. B TOTAL'!$P$13*2/28)*W24/' CONSUMO DE MAT. B TOTAL'!$P$13","v":23.789131718842292},2019.2591317188424,4597.2428034487129,6616.5019351675555,null,6616.5019351675555,2019.2591317188424,4597.2428034487129,null,null,"SUDESTE"]
[null,6614.497257081317,13,null,"Refinaria de Paulínia (Replan)","Rodovia SP 332 - Km. 130 Bonfim - Paulínia – SP CEP:13140-000","São Paulo","PAULÍNIA - SP","Mossoró - RN",{"$f":"VLOOKUP('Transporte Cap 50-70'!G25,OFFSET('ANP ESTADO'!$A$1,MATCH('Transporte Cap 50-70'!$I$7,'ANP ESTADO'!B:B,0)+MATCH('Transporte Cap 50-70'!$H$10,OFFSET('ANP ESTADO'!$A$1,MATCH('Transporte Cap 50-70'!$I$7,'ANP ESTADO'!B:B,0),0,100000,1),0),2,100000,2),2,FALSE)","v":3.5435528034487129},{"$f":"VLOOKUP($H$10,OFFSET('ANP REGIÃO'!$A$9,MATCH('Transporte Cap 50-70'!$I$7,'ANP REGIÃO'!A:A,0),1,10000,10000),MATCH('Transporte Cap 50-70'!AH25,'ANP REGIÃO'!$B$8:$G$8,0),FALSE)","v":3.6604389956970245},3543.5528034487129,1053.69,4597.2428034487129,2769.2,null,727.55,null,727.55,181.88,1067.5999999999999,1977.0299999999997,544.79999999999995,{"$f":"EVEN(' CONSUMO DE MAT. B TOTAL'!$P$13*2/28)*W25/' CONSUMO DE MAT. B TOTAL'!$P$13","v":40.224453632604842},2017.2544536326045,4597.2428034487129,6614.497257081317,null,6614.497257081317,2017.2544536326045,4597.2428034487129,null,null,"SUDESTE"]
[null,6541.2068672407977,14,null,"Refinaria Henrique Lage (Revap)","Rodovia Presidente Dutra, KM 143, S/N Bairro Jardim Diamante - São José dos Campos – SP CEP:12223-900","São Paulo","SÃO JOSÉ DOS CAMPOS - SP","Mossoró - RN",{"$f":"VLOOKUP('Transporte Cap 50-70'!G26,OFFSET('ANP ESTADO'!$A$1,MATCH('Transporte Cap 50-70'!$I$7,'ANP ESTADO'!B:B,0)+MATCH('Transporte Cap 50-70'!$H$10,OFFSET('ANP ESTADO'!$A$1,MATCH('Transporte Cap 50-70'!$I$7,'ANP ESTADO'!B:B,0),0,100000,1),0),2,100000,2),2,FALSE)","v":3.5435528034487129},{"$f":"VLOOKUP($H$10,OFFSET('ANP REGIÃO'!$A$9,MATCH('Transporte Cap 50-70'!$I$7,'ANP REGIÃO'!A:A,0),1,10000,10000),MATCH('Transporte Cap 50-70'!AH26,'ANP REGIÃO'!$B$8:$G$8,0),FALSE)","v":3.6604389956970245},3543.5528034487129,1053.69,4597.2428034487129,2651.5,null,697.77,null,697.77,174.44,1023.91,1896.12,648,{"$f":"EVEN(' CONSUMO DE MAT. B TOTAL'!$P$13*2/28)*W26/' CONSUMO DE MAT. B TOTAL'!$P$13","v":47.844063792085059},1943.964063792085,4597.2428034487129,6541.2068672407977,null,6541.2068672407977,1943.964063792085,4597.2428034487129,null,null,"SUDESTE"]
{"$rows_empty":9}
[null,null,null,"Acre"]
[null,null,null,"Alagoas"]
[null,null,null,"Amapá"]
[null,null,null,"Amazonas"]
[null,null,null,"Bahia"]
[null,null,null,"Ceará"]
[null,null,null,"Distrito Federal"]
[null,null,null,"Espírito Santo"]
[null,null,null,"Goiás"]
[null,null,null,"Maranhão"]
[null,null,null,"Mato Grosso"]
[null,null,null,"Mato Grosso do Sul"]
[null,null,null,"Minas Gerais"]
[null,null,null,"Pará"]
[null,null,null,"Paraíba"]
[null,null,null,"Paraná"]
[null,null,null,"Pernambuco"]
[null,null,null,"Piauí"]
[null,null,null,"Rio de Janeiro"]
[null,null,null,"Rio Grande do Norte"]
[null,null,null,"Rio Grande do Sul"]
[null,null,null,"Rondônia"]
[null,null,null,"Roraima"]
[null,null,null,"Santa Catarina"]
[null,null,null,"São Paulo"]
[null,null,null,"Sergipe"]
[null,null,null,"Tocantins"]
[]
[]
[]
[null,null,null,"ASFALTOS DILUÍDOS CM-30"]
[null,null,null,"ASFALTOS DILUÍDOS CM-70"]
[null,null,null,"ASFALTOS DILUÍDOS CR-250"]
[null,null,null,"ASFALTOS DILUÍDOS CR-70"]
[null,null,null,"CAP MODIFICADO POR BORRACHA DE PNEU AB22"]
[null,null,null,"CAP MODIFICADO POR BORRACHA DE PNEU AB8"]
[null,null,null,"CAP MODIFICADO POR POLÍMERO 55-75-E"]
[null,null,null,"CAP MODIFICADO POR POLÍMERO 60-85-E"]
[null,null,null,"CAP MODIFICADO POR POLÍMERO 65-90-E"]
[null,null,null,"CIMENTOS ASFÁLTICOS CAP-150-200"]
[null,null,null,"CIMENTOS ASFÁLTICOS CAP-30-45"]
[null,null,null,"CIMENTOS ASFÁLTICOS CAP-50-70"]
[null,null,null,"CIMENTOS ASFÁLTICOS CAP-85-100"]
[null,null,null,"EMULSÃO ASFÁLTICA CATIÔNICA DE RUPTURA CONTROLADA PARA SERVIÇO DE LAMA ASFÁLTICA"]
[null,null,null,"EMULSÃO ASFÁLTICA DE RUPTURA LENTA CATIÔNICA PARA SERVIÇO DE LAMA ASFÁLTICA"]
[null,null,null,"EMULSÃO ASFÁLTICA DE RUPTURA LENTA DE CARGA NEUTRA PARA SERVIÇO DE LAMA ASFÁLTICA"]
[null,null,null,"EMULSÃO ASFÁLTICA PARA SERVIÇO DE IMPRIMAÇÃO"]
[null,null,null,"EMULSÕES ASF. MOD. POR POLÍMEROS RC1C-E"]
[null,null,null,"EMULSÕES ASF. MOD. POR POLÍMEROS RL1C-E"]
[null,null,null,"EMULSÕES ASF. MOD. POR POLÍMEROS RM1C-E"]
[null,null,null,"EMULSÕES ASF. MOD. POR POLÍMEROS RR1C-E"]
[null,null,null,"EMULSÕES ASF. MOD. POR POLÍMEROS RR2C-E"]
[null,null,null,"EMULSÕES ASFÁLTICAS RL-1C"]
[null,null,null,"EMULSÕES ASFÁLTICAS RM-1C"]
[null,null,null,"EMULSÕES ASFÁLTICAS RM-2C"]
[null,null,null,"EMULSÕES ASFÁLTICAS RR-1C"]
[null,null,null,"EMULSÕES ASFÁLTICAS RR-2C"]

{"sheet":"Transporte EAI","index":12,"n_rows":98,"n_cols":34,"rows_kept":98,"cut":false,"hidden":false,"merged":[[10,4,10,8],[10,9,10,10],[10,22,10,23],[12,3,31,3],[1,2,3,26],[6,2,8,2],[6,5,6,7],[6,12,8,12],[7,4,7,5],[7,6,8,6],[7,19,7,20]]}
[]
[null,null,"MEMÓRIA DE CÁLCULO"]
[]
[]
[]
[]
[null,null,"REAJUSTE",null,null,"TIPOLOGIA DO MATERIAL",null,null,"EMULSÃO ASFÁLTICA PARA SERVIÇO DE IMPRIMAÇÃO",null,null,null,"IMPOSTOS","COFINS",6.4999999999999997E-3,6.4999999999999997E-3]
[{"$nulls":6},"ÍNDICE DE PAVIMENTAÇÃO DNIT","2014-07-01","ÍNDICE INICIAL",270.23700000000002,null,null,null,"PIS",0.03,0.03,null,null,null,"LEGENDA",{"$nulls":8},"As empresas tributadas pelo Lucro Presumido pagam 0,65% de PIS e 3% de COFINS"]
[{"$nulls":7},{"$f":"'Transporte Cap 50-70'!H9","v":"2025-07-01"},"ÍNDICE FINAL",{"$f":"'Transporte Cap 50-70'!J9","v":587.47699999999998},null,null,null," ICMS",0.2,0.2,{"$f":"1-(O9/1)","v":0.8},{"$f":"1-(P9/1)","v":0.8},{"$f":"1-(Q9/1)","v":0.19999999999999996},"ENTRADA DE DADOS",{"$nulls":8},"As empresas tributadas pelo Lucro Real pagam 1,65% de PIS e 7,60% de COFINS"]
[{"$nulls":6},"Data ANP","2025-07-01"]
[null,null,"DATA-BASE","PRODUTOS","LOCALIDADES",{"$nulls":4},"CUSTO ANP (R$/Kg)",null,"CUSTO ANP","IMPOSTOS DO PRODUTO","CUSTO DO PRODUTO COM IMPOSTOS","DMT's","DMT'S FLUVIAL","CUSTO DO TRANSPORTE RODOVIA PAVIMENTADA","CUSTO DO TRANSPORTE FLUVIAL","CUSTO DO TRANSPORTE TOTAL","ICMS","ATUALIZAÇÃO DO CUSTO DE TRANSPORTE","CUSTO DO TRANSPORTE RODOVIA PAVIMENTADA COM IMPOSTOS E ATUALIZAÇÃO MONETÁRIA","PEDÁGIO ",null,"TOTAL TRANSPORTE","AQUISIÇÃO DO PRODUTO","TOTAL GERAL ( TRANSP + AQUISIÇÃO)",null,1,2,3]
[null,null,{"$f":"H9","v":"2025-07-01"},null,"REFINARIAS","ENDEREÇO","ESTADO","CIDADE","DESTINO","ESTADO","REGIÃO","R$/t","R$/t","R$/t","KM","KM","R$/t","R$/t","R$/t","R$/t","R$/t","R$/t","CUSTO ","R$/t","R$/t","R$/t","R$/t",null,"TOTAL GERAL ( TRANSP + AQUISIÇÃO)","TOTAL TRANSPORTE","AQUISIÇÃO DO PRODUTO"]
[null,{"$f":"AA13","v":5028.6796934353079},1,{"$f":"I7","v":"EMULSÃO ASFÁLTICA PARA SERVIÇO DE IMPRIMAÇÃO"},"'CENTRO OESTE ASFALTOS LTDA.","SETOR DE INFLAMÁVEIS, S/N TRECHO 02 - LOTE 1.100 - GUARÁ - CEP:71225-000","Distrito Federal","BRASÍLIA - DF","Mossoró - RN",{"$f":"VLOOKUP(G13,OFFSET('ANP ESTADO'!$A$1,MATCH($I$7,'ANP ESTADO'!B:B,0)+MATCH($H$10,OFFSET('ANP ESTADO'!$A$1,MATCH($I$7,'ANP ESTADO'!B:B,0),0,100000,1),0),2,100000,2),2,FALSE)","v":"-"},{"$f":"VLOOKUP($H$10,OFFSET('ANP REGIÃO'!$A$9,MATCH('Transporte EAI'!$I$7,'ANP REGIÃO'!A:A,0),1,10000,10000),MATCH('Transporte EAI'!AH13,'ANP REGIÃO'!$B$8:$G$8,0),FALSE)","v":2.6234570977303591},{"$f":"IF(AND(J13=\"-\",K13=\"-\"),\"\",IF(AND(J13<>0,K13=\"-\"),J13*1000,IF(AND(J13=\"-\",K13<>0),K13*1000,IF(AND(J13<>0,K13<>0),J13*1000,\"\"))))","v":2623.4570977303592},{"$f":"ROUND(((L13/(1-$O$7-$O$8-$O$9+($O$8+$O$7)*$O$9)-L13)),2)","v":780.09},{"$f":"L13+M13","v":3403.5470977303594},2254.6999999999998,null,{"$f":"ROUND((26.939+0.253*O13),2)","v":597.38},null,{"$f":"Q13+R13","v":597.38},{"$f":"TRUNC(S13*($O$9/(1-$O$9)),2)","v":149.34},{"$f":"TRUNC(IF($J$8=\"\",\"\",(($J$9-$J$8)/$J$8)*(S13+T13)),2)","v":876.59},{"$f":"S13+T13+U13","v":1623.31},24.4,{"$f":"EVEN('[203] CONSUMO DE MAT. B TOTAL'!$P$11*2/28)*W13/'[203] CONSUMO DE MAT. B TOTAL'!$P$11","v":1.8225957049486461},{"$f":"IF(AND(Q13=\"\",T13=\"\"),\"\",V13+X13)","v":1625.1325957049487},{"$f":"IF(OR(L13=\"\",M13=\"\"),\"\",L13+M13)","v":3403.5470977303594},{"$f":"IF(OR(Y13=\"\",Z13=\"\"),\"\",Y13+Z13)","v":5028.6796934353079},null,{"$f":"AA13","v":5028.6796934353079},{"$f":"Y13","v":1625.1325957049487},{"$f":"Z13","v":3403.5470977303594},null,null,{"$f":"IF(OR(G13=$D$58,G13=$D$59,G13=$D$61,G13=$D$67,G13=$D$51,G13=$D$47,G13=$D$43,G13=$D$56,G13=$D$46),\"NORDESTE\",IF(OR(G13=$D$42,G13=$D$44,G13=$D$45,G13=$D$55,G13=$D$63,G13=$D$64,G13=$D$68),\"NORTE\",IF(OR(G13=$D$48,G13=$D$50,G13=$D$52,G13=$D$53),\"CENTRO-OESTE\",IF(OR(G13=$D$66,G13=$D$60,G13=$D$54,G13=$D$49),\"SUDESTE\",IF(OR(G13=$D$65,G13=$D$57,G13=$D$62),\"SUL\",\"\")))))","v":"CENTRO-OESTE"}]
[null,{"$f":"AA14","v":4506.3288952007151},2,null,"STRATURA ASFALTOS S/A","AVENIDA PRESIDENTE WILSON, 08  - JUNDIAÍ - CEP:75115-100","Goiás","ANÁPOLIS - GO","Mossoró - RN",{"$f":"VLOOKUP(G14,OFFSET('ANP ESTADO'!$A$1,MATCH($I$7,'ANP ESTADO'!B:B,0)+MATCH($H$10,OFFSET('ANP ESTADO'!$A$1,MATCH($I$7,'ANP ESTADO'!B:B,0),0,100000,1),0),2,100000,2),2,FALSE)","v":2.1679680828757855},{"$f":"VLOOKUP($H$10,OFFSET('ANP REGIÃO'!$A$9,MATCH('Transporte EAI'!$I$7,'ANP REGIÃO'!A:A,0),1,10000,10000),MATCH('Transporte EAI'!AH14,'ANP REGIÃO'!$B$8:$G$8,0),FALSE)","v":2.6234570977303591},{"$f":"IF(AND(J14=\"-\",K14=\"-\"),\"\",IF(AND(J14<>0,K14=\"-\"),J14*1000,IF(AND(J14=\"-\",K14<>0),K14*1000,IF(AND(J14<>0,K14<>0),J14*1000,\"\"))))","v":2167.9680828757855},{"$f":"ROUND(((L14/(1-$O$7-$O$8-$O$9+($O$8+$O$7)*$O$9)-L14)),2)","v":644.65},{"$f":"L14+M14","v":2812.6180828757856},2355.6,null,{"$f":"ROUND((26.939+0.253*O14),2)","v":622.91},null,{"$f":"Q14+R14","v":622.91},{"$f":"TRUNC(S14*($O$9/(1-$O$9)),2)","v":155.72},{"$f":"TRUNC(IF($J$8=\"\",\"\",(($J$9-$J$8)/$J$8)*(S14+T14)),2)","v":914.05},{"$f":"S14+T14+U14","v":1692.6799999999998},13.8,{"$f":"EVEN('[203] CONSUMO DE MAT. B TOTAL'!$P$11*2/28)*W14/'[203] CONSUMO DE MAT. B TOTAL'!$P$11","v":1.0308123249299721},1693.7108123249297,2812.6180828757856,{"$f":"IF(OR(Y14=\"\",Z14=\"\"),\"\",Y14+Z14)","v":4506.3288952007151},null,{"$f":"AA14","v":4506.3288952007151},{"$f":"Y14","v":1693.7108123249297},2812.6180828757856,null,null,{"$f":"IF(OR(G14=$D$58,G14=$D$59,G14=$D$61,G14=$D$67,G14=$D$51,G14=$D$47,G14=$D$43,G14=$D$56,G14=$D$46),\"NORDESTE\",IF(OR(G14=$D$42,G14=$D$44,G14=$D$45,G14=$D$55,G14=$D$63,G14=$D$64,G14=$D$68),\"NORTE\",IF(OR(G14=$D$48,G14=$D$50,G14=$D$52,G14=$D$53),\"CENTRO-OESTE\",IF(OR(G14=$D$66,G14=$D$60,G14=$D$54,G14=$D$49),\"SUDESTE\",IF(OR(G14=$D$65,G14=$D$57,G14=$D$62),\"SUL\",\"\")))))","v":"CENTRO-OESTE"}]
[null,4558.1162341362897,3,null,"DISTRIBUIDORA BRASILEIRA DE ASFALTO SA - DISBRAL","VIA PRIMARIA 8, S/N QD-18, MODS. 24/47 - DAIAG - CEP:74980-970","Goiás","APARECIDA DE GOIANIA - GO","Mossoró - RN",{"$f":"VLOOKUP(G15,OFFSET('ANP ESTADO'!$A$1,MATCH($I$7,'ANP ESTADO'!B:B,0)+MATCH($H$10,OFFSET('ANP ESTADO'!$A$1,MATCH($I$7,'ANP ESTADO'!B:B,0),0,100000,1),0),2,100000,2),2,FALSE)","v":2.1679680828757855},{"$f":"VLOOKUP($H$10,OFFSET('ANP REGIÃO'!$A$9,MATCH('Transporte EAI'!$I$7,'ANP REGIÃO'!A:A,0),1,10000,10000),MATCH('Transporte EAI'!AH15,'ANP REGIÃO'!$B$8:$G$8,0),FALSE)","v":2.6234570977303591},2167.9680828757855,644.65,2812.6180828757856,2424.6,null,640.36,null,640.36,160.09,939.67,1740.12,72,{"$f":"EVEN('[203] CONSUMO DE MAT. B TOTAL'!$P$11*2/28)*W15/'[203] CONSUMO DE MAT. B TOTAL'!$P$11","v":5.3781512605042021},1745.4981512605041,2812.6180828757856,4558.1162341362897,null,4558.1162341362897,1745.4981512605041,2812.6180828757856,null,null,"CENTRO-OESTE"]
[2403,4596.514021251136,4,null,"INDÚSTRIA NACIONAL DE ASFALTOS LTDA.","VIA PRIMEIRA E SEGUNDA 3, S/N.º LOTES 01 A 10 - DISTRITO AGROINDUSTRIAL - CEP:75370-000","Goiás","GOIANIRA - GO","Mossoró - RN",{"$f":"VLOOKUP(G16,OFFSET('ANP ESTADO'!$A$1,MATCH($I$7,'ANP ESTADO'!B:B,0)+MATCH($H$10,OFFSET('ANP ESTADO'!$A$1,MATCH($I$7,'ANP ESTADO'!B:B,0),0,100000,1),0),2,100000,2),2,FALSE)","v":2.1679680828757855},{"$f":"VLOOKUP($H$10,OFFSET('ANP REGIÃO'!$A$9,MATCH('Transporte EAI'!$I$7,'ANP REGIÃO'!A:A,0),1,10000,10000),MATCH('Transporte EAI'!AH16,'ANP REGIÃO'!$B$8:$G$8,0),FALSE)","v":2.6234570977303591},2167.9680828757855,644.65,2812.6180828757856,2472.5,null,652.48,null,652.48,163.12,957.45,1773.0500000000002,145.19999999999999,{"$f":"EVEN('[203] CONSUMO DE MAT. B TOTAL'!$P$11*2/28)*W16/'[203] CONSUMO DE MAT. B TOTAL'!$P$11","v":10.845938375350141},1783.8959383753504,2812.6180828757856,4596.514021251136,null,4596.514021251136,1783.8959383753504,2812.6180828757856,null,null,"CENTRO-OESTE"]
[null,4542.4177082538663,5,null,"STRATURA ASFALTOS S/A","RUA VICTOR RODRIGUES RESENDE, 333  - DISTRITO IND. DE UBERLÂNDIA - CEP:38405-440","Minas Gerais","UBERLANDIA - MG","Mossoró - RN",{"$f":"VLOOKUP(G17,OFFSET('ANP ESTADO'!$A$1,MATCH($I$7,'ANP ESTADO'!B:B,0)+MATCH($H$10,OFFSET('ANP ESTADO'!$A$1,MATCH($I$7,'ANP ESTADO'!B:B,0),0,100000,1),0),2,100000,2),2,FALSE)","v":2.1408144869653505},{"$f":"VLOOKUP($H$10,OFFSET('ANP REGIÃO'!$A$9,MATCH('Transporte EAI'!$I$7,'ANP REGIÃO'!A:A,0),1,10000,10000),MATCH('Transporte EAI'!AH17,'ANP REGIÃO'!$B$8:$G$8,0),FALSE)","v":2.3082119634190552},2140.8144869653506,636.58000000000004,2777.3944869653506,2424.4,null,640.30999999999995,null,640.30999999999995,160.07,939.59,1739.9699999999998,335.4,{"$f":"EVEN('[203] CONSUMO DE MAT. B TOTAL'!$P$11*2/28)*W17/'[203] CONSUMO DE MAT. B TOTAL'!$P$11","v":25.053221288515406},1765.0232212885153,2777.3944869653506,4542.4177082538663,null,4542.4177082538663,1765.0232212885153,2777.3944869653506,null,null,"SUDESTE"]
[null,4542.4177082538663,6,null,"BETUNEL INDÚSTRIA E COMÉRCIO LTDA.","RUA   VICTOR RODRIGUES DE REZENDE, 185  - DISTRITO INDUSTRIAL - CEP:38402-334","Minas Gerais","UBERLANDIA - MG","Mossoró - RN",{"$f":"VLOOKUP(G18,OFFSET('ANP ESTADO'!$A$1,MATCH($I$7,'ANP ESTADO'!B:B,0)+MATCH($H$10,OFFSET('ANP ESTADO'!$A$1,MATCH($I$7,'ANP ESTADO'!B:B,0),0,100000,1),0),2,100000,2),2,FALSE)","v":2.1408144869653505},{"$f":"VLOOKUP($H$10,OFFSET('ANP REGIÃO'!$A$9,MATCH('Transporte EAI'!$I$7,'ANP REGIÃO'!A:A,0),1,10000,10000),MATCH('Transporte EAI'!AH18,'ANP REGIÃO'!$B$8:$G$8,0),FALSE)","v":2.3082119634190552},2140.8144869653506,636.58000000000004,2777.3944869653506,2424.4,null,640.30999999999995,null,640.30999999999995,160.07,939.59,1739.9699999999998,335.4,{"$f":"EVEN('[203] CONSUMO DE MAT. B TOTAL'!$P$11*2/28)*W18/'[203] CONSUMO DE MAT. B TOTAL'!$P$11","v":25.053221288515406},1765.0232212885153,2777.3944869653506,4542.4177082538663,null,4542.4177082538663,1765.0232212885153,2777.3944869653506,null,null,"SUDESTE"]
[null,5670.1140669009201,7,null,"ARAPETRO DISTRIBUIDORA DE PETRÓLEO LTDA.","BR 163 KM 844,2 | Sinop – MT","Mato Grosso","SINOP - MT","Mossoró - RN",{"$f":"VLOOKUP(G19,OFFSET('ANP ESTADO'!$A$1,MATCH($I$7,'ANP ESTADO'!B:B,0)+MATCH($H$10,OFFSET('ANP ESTADO'!$A$1,MATCH($I$7,'ANP ESTADO'!B:B,0),0,100000,1),0),2,100000,2),2,FALSE)","v":2.7811219100381748},{"$f":"VLOOKUP($H$10,OFFSET('ANP REGIÃO'!$A$9,MATCH('Transporte EAI'!$I$7,'ANP REGIÃO'!A:A,0),1,10000,10000),MATCH('Transporte EAI'!AH19,'ANP REGIÃO'!$B$8:$G$8,0),FALSE)","v":2.6234570977303591},{"$f":"IF(AND(J19=\"-\",K19=\"-\"),\"\",IF(AND(J19<>0,K19=\"-\"),J19*1000,IF(AND(J19=\"-\",K19<>0),K19*1000,IF(AND(J19<>0,K19<>0),J19*1000,\"\"))))","v":2781.121910038175},826.98,3608.101910038175,2886.4,null,757.2,null,757.2,189.3,1111.1199999999999,2057.62,58.8,{"$f":"EVEN('[203] CONSUMO DE MAT. B TOTAL'!$P$11*2/28)*W19/'[203] CONSUMO DE MAT. B TOTAL'!$P$11","v":4.3921568627450984},2062.0121568627451,3608.101910038175,5670.1140669009201,{"$nulls":6},"CENTRO-OESTE"]
[null,4374.3539547524651,8,null,"DISTRIBUIDORA BRASILEIRA DE ASFALTO SA - DISBRAL","SÃO JUDAS TADEU, 288  - DISTRITO INDUSTRIAL - CEP:32450-000","Minas Gerais","SARZEDO - MG","Mossoró - RN",{"$f":"VLOOKUP(G20,OFFSET('ANP ESTADO'!$A$1,MATCH($I$7,'ANP ESTADO'!B:B,0)+MATCH($H$10,OFFSET('ANP ESTADO'!$A$1,MATCH($I$7,'ANP ESTADO'!B:B,0),0,100000,1),0),2,100000,2),2,FALSE)","v":2.1408144869653505},{"$f":"VLOOKUP($H$10,OFFSET('ANP REGIÃO'!$A$9,MATCH('Transporte EAI'!$I$7,'ANP REGIÃO'!A:A,0),1,10000,10000),MATCH('Transporte EAI'!AH20,'ANP REGIÃO'!$B$8:$G$8,0),FALSE)","v":2.3082119634190552},2140.8144869653506,636.58000000000004,2777.3944869653506,2196.5,null,582.65,null,582.65,145.66,854.98,1583.29,183,{"$f":"EVEN('[203] CONSUMO DE MAT. B TOTAL'!$P$11*2/28)*W20/'[203] CONSUMO DE MAT. B TOTAL'!$P$11","v":13.669467787114847},1596.9594677871148,2777.3944869653506,4374.3539547524651,{"$nulls":6},"SUDESTE"]
[null,5303.6651627796855,9,null,"'INDÚSTRIA NACIONAL DE ASFALTOS LTDA.","INDÚSTRIA NACIONAL DE ASFALTOS LTDA - CEP:77053-080","Tocantins"," PALMAS - TO","Mossoró - RN",{"$f":"VLOOKUP(G21,OFFSET('ANP ESTADO'!$A$1,MATCH($I$7,'ANP ESTADO'!B:B,0)+MATCH($H$10,OFFSET('ANP ESTADO'!$A$1,MATCH($I$7,'ANP ESTADO'!B:B,0),0,100000,1),0),2,100000,2),2,FALSE)","v":"-"},{"$f":"VLOOKUP($H$10,OFFSET('ANP REGIÃO'!$A$9,MATCH('Transporte EAI'!$I$7,'ANP REGIÃO'!A:A,0),1,10000,10000),MATCH('Transporte EAI'!AH21,'ANP REGIÃO'!$B$8:$G$8,0),FALSE)","v":3.0406751627796851},3040.6751627796853,904.16,3944.8351627796851,1870,null,500.05,null,500.05,125.01,733.77,1358.83,0,{"$f":"EVEN('[203] CONSUMO DE MAT. B TOTAL'!$P$11*2/28)*W21/'[203] CONSUMO DE MAT. B TOTAL'!$P$11","v":0},1358.83,3944.8351627796851,5303.6651627796855,{"$nulls":6},"NORTE"]
[null,5224.0242514487509,10,null,"'NTA - NOVAS TÉCNICAS DE ASFALTOS S/A","RUA SOFIA ATAURI FADIN, 150 SALA A - B. SANTA TEREZINHA - CEP:13140-000","São Paulo","PAULINIA - SP","Mossoró - RN",{"$f":"VLOOKUP(G22,OFFSET('ANP ESTADO'!$A$1,MATCH($I$7,'ANP ESTADO'!B:B,0)+MATCH($H$10,OFFSET('ANP ESTADO'!$A$1,MATCH($I$7,'ANP ESTADO'!B:B,0),0,100000,1),0),2,100000,2),2,FALSE)","v":2.4759556239977707},{"$f":"VLOOKUP($H$10,OFFSET('ANP REGIÃO'!$A$9,MATCH('Transporte EAI'!$I$7,'ANP REGIÃO'!A:A,0),1,10000,10000),MATCH('Transporte EAI'!AH22,'ANP REGIÃO'!$B$8:$G$8,0),FALSE)","v":2.3082119634190552},2475.9556239977705,736.23,3212.1856239977706,2771,null,728,null,728,182,1068.27,1978.27,449.4,{"$f":"EVEN('[203] CONSUMO DE MAT. B TOTAL'!$P$11*2/28)*W22/'[203] CONSUMO DE MAT. B TOTAL'!$P$11","v":33.568627450980394},2011.8386274509803,3212.1856239977706,5224.0242514487509,null,5224.0242514487509,2011.8386274509803,3212.1856239977706,null,null,"SUDESTE"]
[null,5181.5331310005713,11,null,"COMPANHIA BRASILEIRA DE ASFALTOS DA AMAZÔNIA - IMPORTAÇÃO E EXPORTAÇÃO","Avenida Doutor Olindo Dártora 2451, Galpão 02, Morro Grande - CEP:07726-555","São Paulo","CAIEIRAS - SP","Mossoró - RN",{"$f":"VLOOKUP(G23,OFFSET('ANP ESTADO'!$A$1,MATCH($I$7,'ANP ESTADO'!B:B,0)+MATCH($H$10,OFFSET('ANP ESTADO'!$A$1,MATCH($I$7,'ANP ESTADO'!B:B,0),0,100000,1),0),2,100000,2),2,FALSE)","v":2.4759556239977707},{"$f":"VLOOKUP($H$10,OFFSET('ANP REGIÃO'!$A$9,MATCH('Transporte EAI'!$I$7,'ANP REGIÃO'!A:A,0),1,10000,10000),MATCH('Transporte EAI'!AH23,'ANP REGIÃO'!$B$8:$G$8,0),FALSE)","v":2.3082119634190552},2475.9556239977705,736.23,3212.1856239977706,2724.9,null,716.34,null,716.34,179.08,1051.1600000000001,1946.5800000000002,304.8,{"$f":"EVEN('[203] CONSUMO DE MAT. B TOTAL'!$P$11*2/28)*W23/'[203] CONSUMO DE MAT. B TOTAL'!$P$11","v":22.767507002801121},1969.3475070028012,3212.1856239977706,5181.5331310005713,{"$nulls":6},"SUDESTE"]
[null,5731.7003190188752,12,null,"BETUNEL INDÚSTRIA E COMÉRCIO LTDA.","Av. José Barbosa Rodrigues - Vila Popular, Campo Grande - MS, Brasil","Mato Grosso do Sul","CAMPO GRANDE - MS","Mossoró - RN",{"$f":"VLOOKUP(G24,OFFSET('ANP ESTADO'!$A$1,MATCH($I$7,'ANP ESTADO'!B:B,0)+MATCH($H$10,OFFSET('ANP ESTADO'!$A$1,MATCH($I$7,'ANP ESTADO'!B:B,0),0,100000,1),0),2,100000,2),2,FALSE)","v":"-"},{"$f":"VLOOKUP($H$10,OFFSET('ANP REGIÃO'!$A$9,MATCH('Transporte EAI'!$I$7,'ANP REGIÃO'!A:A,0),1,10000,10000),MATCH('Transporte EAI'!AH24,'ANP REGIÃO'!$B$8:$G$8,0),FALSE)","v":2.6234570977303591},2623.4570977303592,780.09,3403.5470977303594,3243.5,null,847.54,null,847.54,211.88,1243.68,2303.1000000000004,335.4,{"$f":"EVEN('[203] CONSUMO DE MAT. B TOTAL'!$P$11*2/28)*W24/'[203] CONSUMO DE MAT. B TOTAL'!$P$11","v":25.053221288515406},2328.1532212885159,3403.5470977303594,5731.7003190188752,{"$nulls":6},"CENTRO-OESTE"]
[null,6018.4539828673069,13,null,"CENTRO OESTE ASFALTOS LTDA.","RUA   N, S/N.º LOTES 39/43 E LOTES 129/133 - DISTRITO INDUSTRIAL - CEP:78098-400","Mato Grosso","CUIABA - MT","Mossoró - RN",{"$f":"VLOOKUP(G25,OFFSET('ANP ESTADO'!$A$1,MATCH($I$7,'ANP ESTADO'!B:B,0)+MATCH($H$10,OFFSET('ANP ESTADO'!$A$1,MATCH($I$7,'ANP ESTADO'!B:B,0),0,100000,1),0),2,100000,2),2,FALSE)","v":2.7811219100381748},{"$f":"VLOOKUP($H$10,OFFSET('ANP REGIÃO'!$A$9,MATCH('Transporte EAI'!$I$7,'ANP REGIÃO'!A:A,0),1,10000,10000),MATCH('Transporte EAI'!AH25,'ANP REGIÃO'!$B$8:$G$8,0),FALSE)","v":2.6234570977303591},2781.121910038175,826.98,3608.101910038175,3371.6,null,879.95,null,879.95,219.98,1291.24,2391.17,256.8,{"$f":"EVEN('[203] CONSUMO DE MAT. B TOTAL'!$P$11*2/28)*W25/'[203] CONSUMO DE MAT. B TOTAL'!$P$11","v":19.182072829131656},2410.3520728291319,3608.101910038175,6018.4539828673069,{"$nulls":6},"CENTRO-OESTE"]
[null,6018.7539828673071,14,null,"BETUNEL INDÚSTRIA E COMÉRCIO LTDA.","RUA N ESQUINA COM RUA X, S/N QD. IND. 7 L 01/08 - DIST. IND. - CEP:78015-285","Mato Grosso","CUIABA - MT","Mossoró - RN",{"$f":"VLOOKUP(G26,OFFSET('ANP ESTADO'!$A$1,MATCH($I$7,'ANP ESTADO'!B:B,0)+MATCH($H$10,OFFSET('ANP ESTADO'!$A$1,MATCH($I$7,'ANP ESTADO'!B:B,0),0,100000,1),0),2,100000,2),2,FALSE)","v":2.7811219100381748},{"$f":"VLOOKUP($H$10,OFFSET('ANP REGIÃO'!$A$9,MATCH('Transporte EAI'!$I$7,'ANP REGIÃO'!A:A,0),1,10000,10000),MATCH('Transporte EAI'!AH26,'ANP REGIÃO'!$B$8:$G$8,0),FALSE)","v":2.6234570977303591},2781.121910038175,826.98,3608.101910038175,3372,null,880.06,null,880.06,220.01,1291.4000000000001,2391.4700000000003,256.8,{"$f":"EVEN('[203] CONSUMO DE MAT. B TOTAL'!$P$11*2/28)*W26/'[203] CONSUMO DE MAT. B TOTAL'!$P$11","v":19.182072829131656},2410.6520728291321,3608.101910038175,6018.7539828673071,{"$nulls":6},"CENTRO-OESTE"]
[null,6032.4339828673073,15,null,"EMAM - EMULSÕES E TRANSPORTES LTDA.","RODOVIA DOS IMIGRANTES, S/Nº KM 8,6 -  - CEP:60035-351","Mato Grosso","VARZEA GRANDE - MT","Mossoró - RN",{"$f":"VLOOKUP(G27,OFFSET('ANP ESTADO'!$A$1,MATCH($I$7,'ANP ESTADO'!B:B,0)+MATCH($H$10,OFFSET('ANP ESTADO'!$A$1,MATCH($I$7,'ANP ESTADO'!B:B,0),0,100000,1),0),2,100000,2),2,FALSE)","v":2.7811219100381748},{"$f":"VLOOKUP($H$10,OFFSET('ANP REGIÃO'!$A$9,MATCH('Transporte EAI'!$I$7,'ANP REGIÃO'!A:A,0),1,10000,10000),MATCH('Transporte EAI'!AH27,'ANP REGIÃO'!$B$8:$G$8,0),FALSE)","v":2.6234570977303591},2781.121910038175,826.98,3608.101910038175,3391.9,null,885.09,null,885.09,221.27,1298.79,2405.15,256.8,{"$f":"EVEN('[203] CONSUMO DE MAT. B TOTAL'!$P$11*2/28)*W27/'[203] CONSUMO DE MAT. B TOTAL'!$P$11","v":19.182072829131656},2424.3320728291319,3608.101910038175,6032.4339828673073,null,6032.4339828673073,2424.3320728291319,3608.101910038175,null,null,"CENTRO-OESTE"]
[null,4956.5789853423084,16,null,"VIAPOL LTDA.","VITO ARDITO, 6401 KM 118,5 - JARDIM CAMPO GRANDE - CEP:12282-535","São Paulo","CACAPAVA - SP","Mossoró - RN",{"$f":"VLOOKUP(G28,OFFSET('ANP ESTADO'!$A$1,MATCH($I$7,'ANP ESTADO'!B:B,0)+MATCH($H$10,OFFSET('ANP ESTADO'!$A$1,MATCH($I$7,'ANP ESTADO'!B:B,0),0,100000,1),0),2,100000,2),2,FALSE)","v":2.4759556239977707},{"$f":"VLOOKUP($H$10,OFFSET('ANP REGIÃO'!$A$9,MATCH('Transporte EAI'!$I$7,'ANP REGIÃO'!A:A,0),1,10000,10000),MATCH('Transporte EAI'!AH28,'ANP REGIÃO'!$B$8:$G$8,0),FALSE)","v":2.3082119634190552},2475.9556239977705,736.23,3212.1856239977706,2360.4,null,624.12,null,624.12,156.03,915.84,1695.99,648,{"$f":"EVEN('[203] CONSUMO DE MAT. B TOTAL'!$P$11*2/28)*W28/'[203] CONSUMO DE MAT. B TOTAL'!$P$11","v":48.403361344537821},1744.3933613445379,3212.1856239977706,4956.5789853423084,null,4956.5789853423084,1744.3933613445379,3212.1856239977706,null,null,"SUDESTE"]
[null,4766.1608149596714,17,null,"STRATURA ASFALTOS S/A","RUA LUIS DE CAMÕES, 26  - CAMPOS ELÍSEOS - CEP:25225-030","Rio de Janeiro","DUQUE DE CAXIAS - RJ","Mossoró - RN",{"$f":"VLOOKUP(G29,OFFSET('ANP ESTADO'!$A$1,MATCH($I$7,'ANP ESTADO'!B:B,0)+MATCH($H$10,OFFSET('ANP ESTADO'!$A$1,MATCH($I$7,'ANP ESTADO'!B:B,0),0,100000,1),0),2,100000,2),2,FALSE)","v":"-"},{"$f":"VLOOKUP($H$10,OFFSET('ANP REGIÃO'!$A$9,MATCH('Transporte EAI'!$I$7,'ANP REGIÃO'!A:A,0),1,10000,10000),MATCH('Transporte EAI'!AH29,'ANP REGIÃO'!$B$8:$G$8,0),FALSE)","v":2.3082119634190552},2308.2119634190553,686.35,2994.5619634190552,2409.1,null,636.44000000000005,null,636.44000000000005,159.11000000000001,933.92,1729.47,564,{"$f":"EVEN('[203] CONSUMO DE MAT. B TOTAL'!$P$11*2/28)*W29/'[203] CONSUMO DE MAT. B TOTAL'!$P$11","v":42.128851540616246},1771.5988515406164,2994.5619634190552,4766.1608149596714,null,4766.1608149596714,1771.5988515406164,2994.5619634190552,null,null,"SUDESTE"]
[null,4778.5508149596717,18,null,"PROBITEC - PRODUTOS BETUMINOSOS E TECNOLOGIA DE APLICAÇÃO LTDA.","AVENIDA CANAL DA PAVUNA, 620  - PAVUNA - CEP:21535-630","Rio de Janeiro","RIO DE JANEIRO - RJ","Mossoró - RN",{"$f":"VLOOKUP(G30,OFFSET('ANP ESTADO'!$A$1,MATCH($I$7,'ANP ESTADO'!B:B,0)+MATCH($H$10,OFFSET('ANP ESTADO'!$A$1,MATCH($I$7,'ANP ESTADO'!B:B,0),0,100000,1),0),2,100000,2),2,FALSE)","v":"-"},{"$f":"VLOOKUP($H$10,OFFSET('ANP REGIÃO'!$A$9,MATCH('Transporte EAI'!$I$7,'ANP REGIÃO'!A:A,0),1,10000,10000),MATCH('Transporte EAI'!AH30,'ANP REGIÃO'!$B$8:$G$8,0),FALSE)","v":2.3082119634190552},2308.2119634190553,686.35,2994.5619634190552,2427.1,null,641,null,641,160.25,940.61,1741.8600000000001,564,{"$f":"EVEN('[203] CONSUMO DE MAT. B TOTAL'!$P$11*2/28)*W30/'[203] CONSUMO DE MAT. B TOTAL'!$P$11","v":42.128851540616246},1783.9888515406165,2994.5619634190552,4778.5508149596717,null,4778.5508149596717,1783.9888515406165,2994.5619634190552,null,null,"SUDESTE"]
[null,5870.7760752178565,19,null,"CASA DO ASFALTO DISTRIBUIDORA, INDÚSTRIA E COMÉRCIO DE ASFALTO LTDA.","BR 376, PARQUE INDUSTRIAL, S/N LOTE 6/7/7-A-3-1 - GL.PATR.MARIALVA - CEP:86990-000","Paraná","MARIALVA - PR","Mossoró - RN",{"$f":"VLOOKUP(G31,OFFSET('ANP ESTADO'!$A$1,MATCH($I$7,'ANP ESTADO'!B:B,0)+MATCH($H$10,OFFSET('ANP ESTADO'!$A$1,MATCH($I$7,'ANP ESTADO'!B:B,0),0,100000,1),0),2,100000,2),2,FALSE)","v":2.6586034701758394},{"$f":"VLOOKUP($H$10,OFFSET('ANP REGIÃO'!$A$9,MATCH('Transporte EAI'!$I$7,'ANP REGIÃO'!A:A,0),1,10000,10000),MATCH('Transporte EAI'!AH31,'ANP REGIÃO'!$B$8:$G$8,0),FALSE)","v":2.6841307854957925},2658.6034701758394,790.54,3449.1434701758394,3314.8,null,865.58,null,865.58,216.39,1270.1500000000001,2352.12,930.6,{"$f":"EVEN('[203] CONSUMO DE MAT. B TOTAL'!$P$11*2/28)*W31/'[203] CONSUMO DE MAT. B TOTAL'!$P$11","v":69.512605042016816},2421.6326050420166,3449.1434701758394,5870.7760752178565,null,5870.7760752178565,2421.6326050420166,3449.1434701758394,null,null,"SUL"]
[null,5817.7955149937661,20,null,"PETROBRAS DISTRIBUIDORA S.A.","RUA MAQUINISTA  ELEODORO JACINTO, 100  - OFICINAS - CEP:84045-170","Paraná","PONTA GROSSA - PR","Mossoró - RN",{"$f":"VLOOKUP(G32,OFFSET('ANP ESTADO'!$A$1,MATCH($I$7,'ANP ESTADO'!B:B,0)+MATCH($H$10,OFFSET('ANP ESTADO'!$A$1,MATCH($I$7,'ANP ESTADO'!B:B,0),0,100000,1),0),2,100000,2),2,FALSE)","v":2.6586034701758394},{"$f":"VLOOKUP($H$10,OFFSET('ANP REGIÃO'!$A$9,MATCH('Transporte EAI'!$I$7,'ANP REGIÃO'!A:A,0),1,10000,10000),MATCH('Transporte EAI'!AH32,'ANP REGIÃO'!$B$8:$G$8,0),FALSE)","v":2.6841307854957925},2658.6034701758394,790.54,3449.1434701758394,3233.9,null,845.12,null,845.12,211.28,1240.1400000000001,2296.54,965.4,{"$f":"EVEN('[203] CONSUMO DE MAT. B TOTAL'!$P$11*2/28)*W32/'[203] CONSUMO DE MAT. B TOTAL'!$P$11","v":72.11204481792717},2368.6520448179272,3449.1434701758394,5817.7955149937661,null,5817.7955149937661,2368.6520448179272,3449.1434701758394,null,null,"SUL"]
{"$rows_empty":9}
[null,null,null,"Acre"]
[null,null,null,"Alagoas"]
[null,null,null,"Amapá"]
[null,null,null,"Amazonas"]
[null,null,null,"Bahia"]
[null,null,null,"Ceará"]
[null,null,null,"Distrito Federal"]
[null,null,null,"Espírito Santo"]
[null,null,null,"Goiás"]
[null,null,null,"Maranhão"]
[null,null,null,"Mato Grosso"]
[null,null,null,"Mato Grosso do Sul"]
[null,null,null,"Minas Gerais"]
[null,null,null,"Pará"]
[null,null,null,"Paraíba"]
[null,null,null,"Paraná"]
[null,null,null,"Pernambuco"]
[null,null,null,"Piauí"]
[null,null,null,"Rio de Janeiro"]
[null,null,null,"Rio Grande do Norte"]
[null,null,null,"Rio Grande do Sul"]
[null,null,null,"Rondônia"]
[null,null,null,"Roraima"]
[null,null,null,"Santa Catarina"]
[null,null,null,"São Paulo"]
[null,null,null,"Sergipe"]
[null,null,null,"Tocantins"]
[]
[]
[]
[null,null,null,"ASFALTOS DILUÍDOS CM-30"]
[null,null,null,"ASFALTOS DILUÍDOS CM-70"]
[null,null,null,"ASFALTOS DILUÍDOS CR-250"]
[null,null,null,"ASFALTOS DILUÍDOS CR-70"]
[null,null,null,"CAP MODIFICADO POR BORRACHA DE PNEU AB22"]
[null,null,null,"CAP MODIFICADO POR BORRACHA DE PNEU AB8"]
[null,null,null,"CAP MODIFICADO POR POLÍMERO 55-75-E"]
[null,null,null,"CAP MODIFICADO POR POLÍMERO 60-85-E"]
[null,null,null,"CAP MODIFICADO POR POLÍMERO 65-90-E"]
[null,null,null,"CIMENTOS ASFÁLTICOS CAP-150-200"]
[null,null,null,"CIMENTOS ASFÁLTICOS CAP-30-45"]
[null,null,null,"CIMENTOS ASFÁLTICOS CAP-50-70"]
[null,null,null,"CIMENTOS ASFÁLTICOS CAP-85-100"]
[null,null,null,"EMULSÃO ASFÁLTICA CATIÔNICA DE RUPTURA CONTROLADA PARA SERVIÇO DE LAMA ASFÁLTICA"]
[null,null,null,"EMULSÃO ASFÁLTICA DE RUPTURA LENTA CATIÔNICA PARA SERVIÇO DE LAMA ASFÁLTICA"]
[null,null,null,"EMULSÃO ASFÁLTICA DE RUPTURA LENTA DE CARGA NEUTRA PARA SERVIÇO DE LAMA ASFÁLTICA"]
[null,null,null,"EMULSÃO ASFÁLTICA PARA SERVIÇO DE IMPRIMAÇÃO"]
[null,null,null,"EMULSÕES ASF. MOD. POR POLÍMEROS RC1C-E"]
[null,null,null,"EMULSÕES ASF. MOD. POR POLÍMEROS RL1C-E"]
[null,null,null,"EMULSÕES ASF. MOD. POR POLÍMEROS RM1C-E"]
[null,null,null,"EMULSÕES ASF. MOD. POR POLÍMEROS RR1C-E"]
[null,null,null,"EMULSÕES ASF. MOD. POR POLÍMEROS RR2C-E"]
[null,null,null,"EMULSÕES ASFÁLTICAS RL-1C"]
[null,null,null,"EMULSÕES ASFÁLTICAS RM-1C"]
[null,null,null,"EMULSÕES ASFÁLTICAS RM-2C"]
[null,null,null,"EMULSÕES ASFÁLTICAS RR-1C"]
[null,null,null,"EMULSÕES ASFÁLTICAS RR-2C"]

{"sheet":"Transporte CM-30","index":13,"n_rows":91,"n_cols":34,"rows_kept":91,"cut":false,"hidden":true,"merged":[[10,4,10,8],[10,9,10,10],[10,22,10,23],[12,3,24,3],[1,2,3,26],[6,2,8,2],[6,5,6,7],[6,12,8,12],[7,4,7,5],[7,6,8,6],[7,19,7,20]]}
[]
[null,null,"MEMÓRIA DE CÁLCULO"]
[]
[]
[]
[]
[null,null,"REAJUSTE",null,null,"TIPOLOGIA DO MATERIAL",null,null,"ASFALTOS DILUÍDOS CM-30",null,null,null,"IMPOSTOS","COFINS",6.4999999999999997E-3,6.4999999999999997E-3]
[{"$nulls":6},"ÍNDICE DE PAVIMENTAÇÃO DNIT","2014-07-01","ÍNDICE INICIAL",270.23700000000002,null,null,null,"PIS",0.03,0.03,null,null,null,"LEGENDA",{"$nulls":8},"As empresas tributadas pelo Lucro Presumido pagam 0,65% de PIS e 3% de COFINS"]
[{"$nulls":7},"2024-04-01","ÍNDICE FINAL",567.09199999999998,null,null,null," ICMS",0.18,0.18,{"$f":"1-(O9/1)","v":0.82000000000000006},{"$f":"1-(P9/1)","v":0.82000000000000006},{"$f":"1-(Q9/1)","v":0.17999999999999994},"ENTRADA DE DADOS",{"$nulls":8},"As empresas tributadas pelo Lucro Real pagam 1,65% de PIS e 7,60% de COFINS"]
[{"$nulls":6},"Data ANP","2024-04-01"]
[null,null,"DATA-BASE","PRODUTOS","LOCALIDADES",{"$nulls":4},"CUSTO ANP (R$/Kg)",null,"CUSTO ANP","IMPOSTOS DO PRODUTO","CUSTO DO PRODUTO COM IMPOSTOS","DMT's","DMT's FLUVIAL","CUSTO DO TRANSPORTE RODOVIA PAVIMENTADA","CUSTO DO TRANSPORTE FLUVIAL","CUSTO DO TRANSPORTE TOTAL","ICMS","ATUALIZAÇÃO DO CUSTO DE TRANSPORTE","CUSTO DO TRANSPORTE RODOVIA PAVIMENTADA COM IMPOSTOS E ATUALIZAÇÃO MONETÁRIA","PEDÁGIO ",null,"TOTAL TRANSPORTE","AQUISIÇÃO DO PRODUTO","TOTAL GERAL ( TRANSP + AQUISIÇÃO)",null,1,2,3]
[null,null,{"$f":"H9","v":"2024-04-01"},null,"REFINARIAS","ENDEREÇO","ESTADO","CIDADE","DESTINO","ESTADO","REGIÃO","R$/t","R$/t","R$/t","KM","KM","R$/t","R$/t","R$/t","R$/t","R$/t","R$/t","CUSTO ","R$/t","R$/t","R$/t","R$/t",null,"TOTAL GERAL ( TRANSP + AQUISIÇÃO)","TOTAL TRANSPORTE","AQUISIÇÃO DO PRODUTO"]
[null,{"$f":"AA13","v":{"$error":"#DIV/0!"}},1,{"$f":"I7","v":"ASFALTOS DILUÍDOS CM-30"},"Refinaria Abreu e Lima","Rodovia PE 60, Km 10 - Ipojuca - PE CEP:55590-000","Pernambuco","IPOJUCA - PE","Mossoró - RN",{"$f":"VLOOKUP('Transporte CM-30'!G13,OFFSET('ANP ESTADO'!$A$1,MATCH('Transporte CM-30'!$I$7,'ANP ESTADO'!B:B,0)+MATCH('Transporte CM-30'!$H$10,OFFSET('ANP ESTADO'!$A$1,MATCH('Transporte CM-30'!$I$7,'ANP ESTADO'!B:B,0),0,100000,1),0),2,100000,2),2,FALSE)","v":"-"},{"$f":"VLOOKUP($H$10,OFFSET('ANP REGIÃO'!$A$9,MATCH('Transporte CM-30'!$I$7,'ANP REGIÃO'!A:A,0),1,10000,10000),MATCH('Transporte CM-30'!AH13,'ANP REGIÃO'!$B$8:$G$8,0),FALSE)","v":5.3336688746475263},{"$f":"IF(AND(J13=\"-\",K13=\"-\"),\"\",IF(AND(J13<>0,K13=\"-\"),J13*1000,IF(AND(J13=\"-\",K13<>0),K13*1000,IF(AND(J13<>0,K13<>0),J13*1000,\"\"))))","v":5333.6688746475265},{"$f":"ROUND(((L13/(1-$O$7-$O$8-$O$9))-L13),2)","v":1473.82},{"$f":"L13+M13","v":6807.4888746475262},614,null,{"$f":"ROUND((26.939+0.253*O13),2)","v":182.28},null,{"$f":"Q13+R13","v":182.28},{"$f":"TRUNC(S13*($O$9/(1-$O$9)),2)","v":40.01},{"$f":"TRUNC(IF($J$8=\"\",\"\",(($J$9-$J$8)/$J$8)*(S13+T13)),2)","v":244.18},{"$f":"S13+T13+U13","v":466.47},254.4,{"$f":"EVEN(' CONSUMO DE MAT. B TOTAL'!$P$9*2/28)*W13/' CONSUMO DE MAT. B TOTAL'!$P$9","v":{"$error":"#DIV/0!"}},{"$f":"IF(AND(S13=\"\",T13=\"\"),\"\",V13+X13)","v":{"$error":"#DIV/0!"}},{"$f":"IF(OR(L13=\"\",M13=\"\"),\"\",L13+M13)","v":6807.4888746475262},{"$f":"IF(OR(Y13=\"\",Z13=\"\"),\"\",Y13+Z13)","v":{"$error":"#DIV/0!"}},null,{"$f":"AA13","v":{"$error":"#DIV/0!"}},{"$f":"Y13","v":{"$error":"#DIV/0!"}},{"$f":"Z13","v":6807.4888746475262},null,null,{"$f":"IF(OR(G13=$D$51,G13=$D$52,G13=$D$54,G13=$D$60,G13=$D$44,G13=$D$40,G13=$D$36,G13=$D$49,G13=$D$39),\"NORDESTE\",IF(OR(G13=$D$35,G13=$D$37,G13=$D$38,G13=$D$48,G13=$D$56,G13=$D$57,G13=$D$61),\"NORTE\",IF(OR(G13=$D$41,G13=$D$43,G13=$D$45,G13=$D$46),\"CENTRO-OESTE\",IF(OR(G13=$D$59,G13=$D$53,G13=$D$47,G13=$D$42),\"SUDESTE\",IF(OR(G13=$D$58,G13=$D$50,G13=$D$55),\"SUL\",\"\")))))","v":"NORDESTE"}]
[null,{"$f":"AA14","v":{"$error":"#DIV/0!"}},2,null,"Refinaria Potiguar Clara Camarão","Rodovia RN 221, KM 25 - Guamaré - RN CEP:59598-000","Rio Grande do Norte","GUAMARÉ - RN","Mossoró - RN",{"$f":"VLOOKUP('Transporte CM-30'!G14,OFFSET('ANP ESTADO'!$A$1,MATCH('Transporte CM-30'!$I$7,'ANP ESTADO'!B:B,0)+MATCH('Transporte CM-30'!$H$10,OFFSET('ANP ESTADO'!$A$1,MATCH('Transporte CM-30'!$I$7,'ANP ESTADO'!B:B,0),0,100000,1),0),2,100000,2),2,FALSE)","v":"-"},{"$f":"VLOOKUP($H$10,OFFSET('ANP REGIÃO'!$A$9,MATCH('Transporte CM-30'!$I$7,'ANP REGIÃO'!A:A,0),1,10000,10000),MATCH('Transporte CM-30'!AH14,'ANP REGIÃO'!$B$8:$G$8,0),FALSE)","v":5.3336688746475263},{"$f":"IF(AND(J14=\"-\",K14=\"\"),\"\",IF(AND(J14<>0,K14=\"\"),J14*1000,IF(AND(J14=\"-\",K14<>0),K14*1000,IF(AND(J14<>0,K14<>0),J14*1000,\"\"))))","v":5333.6688746475265},{"$f":"ROUND(((L14/(1-$O$7-$O$8-$O$9))-L14),2)","v":1473.82},{"$f":"L14+M14","v":6807.4888746475262},193,null,{"$f":"ROUND((26.939+0.253*O14),2)","v":75.77},null,{"$f":"Q14+R14","v":75.77},{"$f":"TRUNC(S14*($O$9/(1-$O$9)),2)","v":16.63},{"$f":"TRUNC(IF($J$8=\"\",\"\",(($J$9-$J$8)/$J$8)*(S14+T14)),2)","v":101.5},{"$f":"S14+T14+U14","v":193.89999999999998},254.4,{"$f":"EVEN(' CONSUMO DE MAT. B TOTAL'!$P$9*2/28)*W14/' CONSUMO DE MAT. B TOTAL'!$P$9","v":{"$error":"#DIV/0!"}},{"$f":"IF(AND(S14=\"\",T14=\"\"),\"\",V14+X14)","v":{"$error":"#DIV/0!"}},6807.4888746475262,{"$f":"IF(OR(Y14=\"\",Z14=\"\"),\"\",Y14+Z14)","v":{"$error":"#DIV/0!"}},null,{"$f":"AA14","v":{"$error":"#DIV/0!"}},{"$f":"Y14","v":{"$error":"#DIV/0!"}},6807.4888746475262,null,null,{"$f":"IF(OR(G14=$D$51,G14=$D$52,G14=$D$54,G14=$D$60,G14=$D$44,G14=$D$40,G14=$D$36,G14=$D$49,G14=$D$39),\"NORDESTE\",IF(OR(G14=$D$35,G14=$D$37,G14=$D$38,G14=$D$48,G14=$D$56,G14=$D$57,G14=$D$61),\"NORTE\",IF(OR(G14=$D$41,G14=$D$43,G14=$D$45,G14=$D$46),\"CENTRO-OESTE\",IF(OR(G14=$D$59,G14=$D$53,G14=$D$47,G14=$D$42),\"SUDESTE\",IF(OR(G14=$D$58,G14=$D$50,G14=$D$55),\"SUL\",\"\")))))","v":"NORDESTE"}]
[null,{"$error":"#DIV/0!"},3,null,"Refinaria Landulpho Alves (RLAM)","Rodovia BA 523, KM 4 – Mataripe São Francisco do Conde - BA CEP:43900-000","Bahia","SÃO FRANCISCO DO CONDE - BA","Mossoró - RN",{"$f":"VLOOKUP('Transporte CM-30'!G15,OFFSET('ANP ESTADO'!$A$1,MATCH('Transporte CM-30'!$I$7,'ANP ESTADO'!B:B,0)+MATCH('Transporte CM-30'!$H$10,OFFSET('ANP ESTADO'!$A$1,MATCH('Transporte CM-30'!$I$7,'ANP ESTADO'!B:B,0),0,100000,1),0),2,100000,2),2,FALSE)","v":"-"},{"$f":"VLOOKUP($H$10,OFFSET('ANP REGIÃO'!$A$9,MATCH('Transporte CM-30'!$I$7,'ANP REGIÃO'!A:A,0),1,10000,10000),MATCH('Transporte CM-30'!AH15,'ANP REGIÃO'!$B$8:$G$8,0),FALSE)","v":5.3336688746475263},5333.6688746475265,{"$f":"ROUND(((L15/(1-$O$7-$O$8-$O$9))-L15),2)","v":1473.82},6807.4888746475262,1033,null,{"$f":"ROUND((26.939+0.253*O15),2)","v":288.29000000000002},null,288.29000000000002,63.28,386.19,737.76,274.2,{"$f":"EVEN(' CONSUMO DE MAT. B TOTAL'!$P$9*2/28)*W15/' CONSUMO DE MAT. B TOTAL'!$P$9","v":{"$error":"#DIV/0!"}},{"$error":"#DIV/0!"},6807.4888746475262,{"$error":"#DIV/0!"},null,{"$error":"#DIV/0!"},{"$error":"#DIV/0!"},6807.4888746475262,null,null,"NORDESTE"]
[2403,{"$error":"#DIV/0!"},4,null,"Refinaria Lubrificantes e Derivados do Nordeste (Lubnor)","Av. Leite Barbosa, s/nº - Mucuripe Fortaleza - Ceará CEP:60180-420","Ceará","FORTALEZA - CE","Mossoró - RN",{"$f":"VLOOKUP('Transporte CM-30'!G16,OFFSET('ANP ESTADO'!$A$1,MATCH('Transporte CM-30'!$I$7,'ANP ESTADO'!B:B,0)+MATCH('Transporte CM-30'!$H$10,OFFSET('ANP ESTADO'!$A$1,MATCH('Transporte CM-30'!$I$7,'ANP ESTADO'!B:B,0),0,100000,1),0),2,100000,2),2,FALSE)","v":"-"},{"$f":"VLOOKUP($H$10,OFFSET('ANP REGIÃO'!$A$9,MATCH('Transporte CM-30'!$I$7,'ANP REGIÃO'!A:A,0),1,10000,10000),MATCH('Transporte CM-30'!AH16,'ANP REGIÃO'!$B$8:$G$8,0),FALSE)","v":5.3336688746475263},{"$f":"IF(AND(J16=\"-\",K16=\"\"),\"\",IF(AND(J16<>0,K16=\"\"),J16*1000,IF(AND(J16=\"-\",K16<>0),K16*1000,IF(AND(J16<>0,K16<>0),J16*1000,\"\"))))","v":5333.6688746475265},{"$f":"ROUND(((L16/(1-$O$7-$O$8-$O$9))-L16),2)","v":1473.82},6807.4888746475262,206,null,79.06,null,79.06,17.350000000000001,105.9,202.31,153,{"$f":"EVEN(' CONSUMO DE MAT. B TOTAL'!$P$9*2/28)*W16/' CONSUMO DE MAT. B TOTAL'!$P$9","v":{"$error":"#DIV/0!"}},{"$error":"#DIV/0!"},6807.4888746475262,{"$error":"#DIV/0!"},null,{"$error":"#DIV/0!"},{"$error":"#DIV/0!"},6807.4888746475262,null,null,"NORDESTE"]
[null,{"$error":"#DIV/0!"},5,null,"Refinaria Capuava (Recap)","Av. Alberto Soares Sampaio, 2122-A Capuava – Mauá - SP","São Paulo","MAUÁ - SP","Mossoró - RN",{"$f":"VLOOKUP('Transporte CM-30'!G17,OFFSET('ANP ESTADO'!$A$1,MATCH('Transporte CM-30'!$I$7,'ANP ESTADO'!B:B,0)+MATCH('Transporte CM-30'!$H$10,OFFSET('ANP ESTADO'!$A$1,MATCH('Transporte CM-30'!$I$7,'ANP ESTADO'!B:B,0),0,100000,1),0),2,100000,2),2,FALSE)","v":"-"},{"$f":"VLOOKUP($H$10,OFFSET('ANP REGIÃO'!$A$9,MATCH('Transporte CM-30'!$I$7,'ANP REGIÃO'!A:A,0),1,10000,10000),MATCH('Transporte CM-30'!AH17,'ANP REGIÃO'!$B$8:$G$8,0),FALSE)","v":3.991999625535561},3991.9996255355609,{"$f":"ROUND(((L17/(1-$O$7-$O$8-$O$9))-L17),2)","v":1103.0899999999999},5095.089625535561,815,null,233.13,null,233.13,51.17,312.3,596.6,1100.4000000000001,{"$f":"EVEN(' CONSUMO DE MAT. B TOTAL'!$P$9*2/28)*W17/' CONSUMO DE MAT. B TOTAL'!$P$9","v":{"$error":"#DIV/0!"}},{"$error":"#DIV/0!"},5095.089625535561,{"$error":"#DIV/0!"},null,{"$error":"#DIV/0!"},{"$error":"#DIV/0!"},5095.089625535561,null,null,"SUDESTE"]
[null,{"$error":"#DIV/0!"},6,null,"Refinaria Duque de Caxias (Reduc)","Rodovia Washington Luiz, km 113,7 Campos Elíseos – Duque de Caxias - RJ CEP:25213-005","Rio de Janeiro","DUQUE DE CAXIAS - RJ","Mossoró - RN",{"$f":"VLOOKUP('Transporte CM-30'!G18,OFFSET('ANP ESTADO'!$A$1,MATCH('Transporte CM-30'!$I$7,'ANP ESTADO'!B:B,0)+MATCH('Transporte CM-30'!$H$10,OFFSET('ANP ESTADO'!$A$1,MATCH('Transporte CM-30'!$I$7,'ANP ESTADO'!B:B,0),0,100000,1),0),2,100000,2),2,FALSE)","v":"-"},{"$f":"VLOOKUP($H$10,OFFSET('ANP REGIÃO'!$A$9,MATCH('Transporte CM-30'!$I$7,'ANP REGIÃO'!A:A,0),1,10000,10000),MATCH('Transporte CM-30'!AH18,'ANP REGIÃO'!$B$8:$G$8,0),FALSE)","v":3.991999625535561},3991.9996255355609,1103.0899999999999,5095.089625535561,2440,null,644.26,null,644.26,141.41999999999999,863.06,1648.7399999999998,1440.6,{"$f":"EVEN(' CONSUMO DE MAT. B TOTAL'!$P$9*2/28)*W18/' CONSUMO DE MAT. B TOTAL'!$P$9","v":{"$error":"#DIV/0!"}},{"$error":"#DIV/0!"},5095.089625535561,{"$error":"#DIV/0!"},null,{"$error":"#DIV/0!"},{"$error":"#DIV/0!"},5095.089625535561,null,null,"SUDESTE"]
[null,{"$error":"#DIV/0!"},7,null,"Refinaria Alberto Pasqualini (Refap)","Avenida Getúlio Vargas, 11001 - Bairro Brigadeira Canoas - RS - Brasil CEP:92420-221","Rio Grande do Sul","CANOAS - RS","Mossoró - RN",{"$f":"VLOOKUP('Transporte CM-30'!G19,OFFSET('ANP ESTADO'!$A$1,MATCH('Transporte CM-30'!$I$7,'ANP ESTADO'!B:B,0)+MATCH('Transporte CM-30'!$H$10,OFFSET('ANP ESTADO'!$A$1,MATCH('Transporte CM-30'!$I$7,'ANP ESTADO'!B:B,0),0,100000,1),0),2,100000,2),2,FALSE)","v":4.0783500246186932},{"$f":"VLOOKUP($H$10,OFFSET('ANP REGIÃO'!$A$9,MATCH('Transporte CM-30'!$I$7,'ANP REGIÃO'!A:A,0),1,10000,10000),MATCH('Transporte CM-30'!AH19,'ANP REGIÃO'!$B$8:$G$8,0),FALSE)","v":4.1511612398915636},4078.3500246186932,1126.95,5205.300024618693,3942,null,1024.27,null,1024.27,224.83,1372.13,2621.23,706.8,{"$f":"EVEN(' CONSUMO DE MAT. B TOTAL'!$P$9*2/28)*W19/' CONSUMO DE MAT. B TOTAL'!$P$9","v":{"$error":"#DIV/0!"}},{"$error":"#DIV/0!"},5205.300024618693,{"$error":"#DIV/0!"},null,{"$error":"#DIV/0!"},{"$error":"#DIV/0!"},5205.300024618693,null,null,"SUL"]
[null,{"$error":"#DIV/0!"},8,null,"Unidade de Industrialização do Xisto (SIX)","Rodovia do Xisto, BR 476, km 153 São Mateus do Sul – PR CEP 83900-000","Paraná","SÃO MATEUS DO SUL - PR","Mossoró - RN",{"$f":"VLOOKUP('Transporte CM-30'!G20,OFFSET('ANP ESTADO'!$A$1,MATCH('Transporte CM-30'!$I$7,'ANP ESTADO'!B:B,0)+MATCH('Transporte CM-30'!$H$10,OFFSET('ANP ESTADO'!$A$1,MATCH('Transporte CM-30'!$I$7,'ANP ESTADO'!B:B,0),0,100000,1),0),2,100000,2),2,FALSE)","v":4.465372442300648},{"$f":"VLOOKUP($H$10,OFFSET('ANP REGIÃO'!$A$9,MATCH('Transporte CM-30'!$I$7,'ANP REGIÃO'!A:A,0),1,10000,10000),MATCH('Transporte CM-30'!AH20,'ANP REGIÃO'!$B$8:$G$8,0),FALSE)","v":4.1511612398915636},4465.3724423006479,1233.8900000000001,5699.2624423006482,3378,null,881.57,null,881.57,193.51,1180.97,2256.0500000000002,514.79999999999995,{"$f":"EVEN(' CONSUMO DE MAT. B TOTAL'!$P$9*2/28)*W20/' CONSUMO DE MAT. B TOTAL'!$P$9","v":{"$error":"#DIV/0!"}},{"$error":"#DIV/0!"},5699.2624423006482,{"$error":"#DIV/0!"},null,{"$error":"#DIV/0!"},{"$error":"#DIV/0!"},5699.2624423006482,null,null,"SUL"]
[null,{"$error":"#DIV/0!"},9,null,"Refinaria Gabriel Passos (Regap)","Av. Refinaria Gabriel Passos, 690 Distrito Industrial Paulo Camilo Sul Betim - MG CEP:32669-205","Minas Gerais","BETIM - MG","Mossoró - RN",{"$f":"VLOOKUP('Transporte CM-30'!G21,OFFSET('ANP ESTADO'!$A$1,MATCH('Transporte CM-30'!$I$7,'ANP ESTADO'!B:B,0)+MATCH('Transporte CM-30'!$H$10,OFFSET('ANP ESTADO'!$A$1,MATCH('Transporte CM-30'!$I$7,'ANP ESTADO'!B:B,0),0,100000,1),0),2,100000,2),2,FALSE)","v":"-"},{"$f":"VLOOKUP($H$10,OFFSET('ANP REGIÃO'!$A$9,MATCH('Transporte CM-30'!$I$7,'ANP REGIÃO'!A:A,0),1,10000,10000),MATCH('Transporte CM-30'!AH21,'ANP REGIÃO'!$B$8:$G$8,0),FALSE)","v":3.991999625535561},3991.9996255355609,1103.0899999999999,5095.089625535561,2241,null,593.91,null,593.91,130.37,795.62,1519.9,297.60000000000002,{"$f":"EVEN(' CONSUMO DE MAT. B TOTAL'!$P$9*2/28)*W21/' CONSUMO DE MAT. B TOTAL'!$P$9","v":{"$error":"#DIV/0!"}},{"$error":"#DIV/0!"},5095.089625535561,{"$f":"IF(OR(Y21=\"\",Z21=\"\"),\"\",Y21+Z21)","v":{"$error":"#DIV/0!"}},null,{"$error":"#DIV/0!"},{"$error":"#DIV/0!"},5095.089625535561,null,null,"SUDESTE"]
[null,{"$error":"#DIV/0!"},10,null,"Refinaria Presidente Getúlio Vargas (Repar)","Rodovia do Xisto, BR 476, km 16 Araucária - PR CEP:83707-440","Paraná","ARAUCÁRIA - PR","Mossoró - RN",{"$f":"VLOOKUP('Transporte CM-30'!G22,OFFSET('ANP ESTADO'!$A$1,MATCH('Transporte CM-30'!$I$7,'ANP ESTADO'!B:B,0)+MATCH('Transporte CM-30'!$H$10,OFFSET('ANP ESTADO'!$A$1,MATCH('Transporte CM-30'!$I$7,'ANP ESTADO'!B:B,0),0,100000,1),0),2,100000,2),2,FALSE)","v":4.465372442300648},{"$f":"VLOOKUP($H$10,OFFSET('ANP REGIÃO'!$A$9,MATCH('Transporte CM-30'!$I$7,'ANP REGIÃO'!A:A,0),1,10000,10000),MATCH('Transporte CM-30'!AH22,'ANP REGIÃO'!$B$8:$G$8,0),FALSE)","v":4.1511612398915636},4465.3724423006479,1233.8900000000001,5699.2624423006482,3254,null,850.2,null,850.2,186.62,1138.94,2175.7600000000002,514.79999999999995,{"$f":"EVEN(' CONSUMO DE MAT. B TOTAL'!$P$9*2/28)*W22/' CONSUMO DE MAT. B TOTAL'!$P$9","v":{"$error":"#DIV/0!"}},{"$error":"#DIV/0!"},5699.2624423006482,{"$error":"#DIV/0!"},null,{"$error":"#DIV/0!"},{"$error":"#DIV/0!"},5699.2624423006482,null,null,"SUL"]
[null,{"$error":"#DIV/0!"},11,null,"Refinaria Presidente Bernardes (RPBC)","Av. 9 de abril, 777 - Jardim das Indústrias Cubatão - SP CEP:11505-000","São Paulo","CUBATÃO - SP","Mossoró - RN",{"$f":"VLOOKUP('Transporte CM-30'!G23,OFFSET('ANP ESTADO'!$A$1,MATCH('Transporte CM-30'!$I$7,'ANP ESTADO'!B:B,0)+MATCH('Transporte CM-30'!$H$10,OFFSET('ANP ESTADO'!$A$1,MATCH('Transporte CM-30'!$I$7,'ANP ESTADO'!B:B,0),0,100000,1),0),2,100000,2),2,FALSE)","v":"-"},{"$f":"VLOOKUP($H$10,OFFSET('ANP REGIÃO'!$A$9,MATCH('Transporte CM-30'!$I$7,'ANP REGIÃO'!A:A,0),1,10000,10000),MATCH('Transporte CM-30'!AH23,'ANP REGIÃO'!$B$8:$G$8,0),FALSE)","v":3.991999625535561},3991.9996255355609,1103.0899999999999,5095.089625535561,2885,null,756.84,null,756.84,166.13,1013.88,1936.85,1100.4000000000001,{"$f":"EVEN(' CONSUMO DE MAT. B TOTAL'!$P$9*2/28)*W23/' CONSUMO DE MAT. B TOTAL'!$P$9","v":{"$error":"#DIV/0!"}},{"$error":"#DIV/0!"},5095.089625535561,{"$error":"#DIV/0!"},null,{"$error":"#DIV/0!"},{"$error":"#DIV/0!"},5095.089625535561,null,null,"SUDESTE"]
[null,{"$error":"#DIV/0!"},12,null,"Refinaria de Paulínia (Replan)","Rodovia SP 332 - Km. 130 Bonfim - Paulínia – SP CEP:13140-000","São Paulo","PAULÍNIA - SP","Mossoró - RN",{"$f":"VLOOKUP('Transporte CM-30'!G24,OFFSET('ANP ESTADO'!$A$1,MATCH('Transporte CM-30'!$I$7,'ANP ESTADO'!B:B,0)+MATCH('Transporte CM-30'!$H$10,OFFSET('ANP ESTADO'!$A$1,MATCH('Transporte CM-30'!$I$7,'ANP ESTADO'!B:B,0),0,100000,1),0),2,100000,2),2,FALSE)","v":"-"},{"$f":"VLOOKUP($H$10,OFFSET('ANP REGIÃO'!$A$9,MATCH('Transporte CM-30'!$I$7,'ANP REGIÃO'!A:A,0),1,10000,10000),MATCH('Transporte CM-30'!AH24,'ANP REGIÃO'!$B$8:$G$8,0),FALSE)","v":3.991999625535561},3991.9996255355609,1103.0899999999999,5095.089625535561,2819,null,740.15,null,740.15,162.47,991.52,1894.1399999999999,952.8,{"$f":"EVEN(' CONSUMO DE MAT. B TOTAL'!$P$9*2/28)*W24/' CONSUMO DE MAT. B TOTAL'!$P$9","v":{"$error":"#DIV/0!"}},{"$error":"#DIV/0!"},5095.089625535561,{"$error":"#DIV/0!"},null,{"$error":"#DIV/0!"},{"$error":"#DIV/0!"},5095.089625535561,null,null,"SUDESTE"]
[null,{"$error":"#DIV/0!"},13,null,"Refinaria Henrique Lage (Revap)","Rodovia Presidente Dutra, KM 143, S/N Bairro Jardim Diamante - São José dos Campos – SP CEP:12223-900","São Paulo","SÃO JOSÉ DOS CAMPOS - SP","Mossoró - RN",{"$f":"VLOOKUP('Transporte CM-30'!G25,OFFSET('ANP ESTADO'!$A$1,MATCH('Transporte CM-30'!$I$7,'ANP ESTADO'!B:B,0)+MATCH('Transporte CM-30'!$H$10,OFFSET('ANP ESTADO'!$A$1,MATCH('Transporte CM-30'!$I$7,'ANP ESTADO'!B:B,0),0,100000,1),0),2,100000,2),2,FALSE)","v":"-"},{"$f":"VLOOKUP($H$10,OFFSET('ANP REGIÃO'!$A$9,MATCH('Transporte CM-30'!$I$7,'ANP REGIÃO'!A:A,0),1,10000,10000),MATCH('Transporte CM-30'!AH25,'ANP REGIÃO'!$B$8:$G$8,0),FALSE)","v":3.991999625535561},3991.9996255355609,1103.0899999999999,5095.089625535561,2614,null,688.28,null,688.28,151.08000000000001,922.03,1761.3899999999999,1205.4000000000001,{"$f":"EVEN(' CONSUMO DE MAT. B TOTAL'!$P$9*2/28)*W25/' CONSUMO DE MAT. B TOTAL'!$P$9","v":{"$error":"#DIV/0!"}},{"$error":"#DIV/0!"},5095.089625535561,{"$error":"#DIV/0!"},null,{"$error":"#DIV/0!"},{"$error":"#DIV/0!"},5095.089625535561,null,null,"SUDESTE"]
{"$rows_empty":9}
[null,null,null,"Acre"]
[null,null,null,"Alagoas"]
[null,null,null,"Amapá"]
[null,null,null,"Amazonas"]
[null,null,null,"Bahia"]
[null,null,null,"Ceará"]
[null,null,null,"Distrito Federal"]
[null,null,null,"Espírito Santo"]
[null,null,null,"Goiás"]
[null,null,null,"Maranhão"]
[null,null,null,"Mato Grosso"]
[null,null,null,"Mato Grosso do Sul"]
[null,null,null,"Minas Gerais"]
[null,null,null,"Pará"]
[null,null,null,"Paraíba"]
[null,null,null,"Paraná"]
[null,null,null,"Pernambuco"]
[null,null,null,"Piauí"]
[null,null,null,"Rio de Janeiro"]
[null,null,null,"Rio Grande do Norte"]
[null,null,null,"Rio Grande do Sul"]
[null,null,null,"Rondônia"]
[null,null,null,"Roraima"]
[null,null,null,"Santa Catarina"]
[null,null,null,"São Paulo"]
[null,null,null,"Sergipe"]
[null,null,null,"Tocantins"]
[]
[]
[]
[null,null,null,"ASFALTOS DILUÍDOS CM-30"]
[null,null,null,"ASFALTOS DILUÍDOS CM-70"]
[null,null,null,"ASFALTOS DILUÍDOS CR-250"]
[null,null,null,"ASFALTOS DILUÍDOS CR-70"]
[null,null,null,"CAP MODIFICADO POR BORRACHA DE PNEU AB22"]
[null,null,null,"CAP MODIFICADO POR BORRACHA DE PNEU AB8"]
[null,null,null,"CAP MODIFICADO POR POLÍMERO 55-75-E"]
[null,null,null,"CAP MODIFICADO POR POLÍMERO 60-85-E"]
[null,null,null,"CAP MODIFICADO POR POLÍMERO 65-90-E"]
[null,null,null,"CIMENTOS ASFÁLTICOS CAP-150-200"]
[null,null,null,"CIMENTOS ASFÁLTICOS CAP-30-45"]
[null,null,null,"CIMENTOS ASFÁLTICOS CAP-50-70"]
[null,null,null,"CIMENTOS ASFÁLTICOS CAP-85-100"]
[null,null,null,"EMULSÃO ASFÁLTICA CATIÔNICA DE RUPTURA CONTROLADA PARA SERVIÇO DE LAMA ASFÁLTICA"]
[null,null,null,"EMULSÃO ASFÁLTICA DE RUPTURA LENTA CATIÔNICA PARA SERVIÇO DE LAMA ASFÁLTICA"]
[null,null,null,"EMULSÃO ASFÁLTICA DE RUPTURA LENTA DE CARGA NEUTRA PARA SERVIÇO DE LAMA ASFÁLTICA"]
[null,null,null,"EMULSÃO ASFÁLTICA PARA SERVIÇO DE IMPRIMAÇÃO"]
[null,null,null,"EMULSÕES ASF. MOD. POR POLÍMEROS RC1C-E"]
[null,null,null,"EMULSÕES ASF. MOD. POR POLÍMEROS RL1C-E"]
[null,null,null,"EMULSÕES ASF. MOD. POR POLÍMEROS RM1C-E"]
[null,null,null,"EMULSÕES ASF. MOD. POR POLÍMEROS RR1C-E"]
[null,null,null,"EMULSÕES ASF. MOD. POR POLÍMEROS RR2C-E"]
[null,null,null,"EMULSÕES ASFÁLTICAS RL-1C"]
[null,null,null,"EMULSÕES ASFÁLTICAS RM-1C"]
[null,null,null,"EMULSÕES ASFÁLTICAS RM-2C"]
[null,null,null,"EMULSÕES ASFÁLTICAS RR-1C"]
[null,null,null,"EMULSÕES ASFÁLTICAS RR-2C"]

{"sheet":"Transporte RR-1C","index":14,"n_rows":98,"n_cols":34,"rows_kept":98,"cut":false,"hidden":false,"merged":[[10,4,10,8],[10,9,10,10],[10,22,10,23],[12,3,31,3],[1,2,3,26],[6,2,8,2],[6,5,6,7],[6,12,8,12],[7,4,7,5],[7,19,7,20],[7,6,8,6]]}
[]
[null,null,"MEMÓRIA DE CÁLCULO"]
[]
[]
[]
[]
[null,null,"REAJUSTE",null,null,"TIPOLOGIA DO MATERIAL",null,null,"EMULSÕES ASFÁLTICAS RR-1C",null,null,null,"IMPOSTOS","COFINS",6.4999999999999997E-3,6.4999999999999997E-3]
[{"$nulls":6},"ÍNDICE DE PAVIMENTAÇÃO DNIT","2014-07-01","ÍNDICE INICIAL",270.23700000000002,null,null,null,"PIS",0.03,0.03,null,null,null,"LEGENDA",{"$nulls":8},"As empresas tributadas pelo Lucro Presumido pagam 0,65% de PIS e 3% de COFINS"]
[{"$nulls":7},{"$f":"'Transporte Cap 50-70'!H9","v":"2025-07-01"},"ÍNDICE FINAL",{"$f":"'Transporte Cap 50-70'!J9","v":587.47699999999998},null,null,null," ICMS",0.2,0.2,{"$f":"1-(O9/1)","v":0.8},{"$f":"1-(P9/1)","v":0.8},{"$f":"1-(Q9/1)","v":0.19999999999999996},"ENTRADA DE DADOS",{"$nulls":8},"As empresas tributadas pelo Lucro Real pagam 1,65% de PIS e 7,60% de COFINS"]
[{"$nulls":6},"Data ANP",{"$f":"'Transporte Cap 50-70'!H10","v":"2025-07-01"}]
[null,null,"DATA-BASE","PRODUTOS","LOCALIDADES",{"$nulls":4},"CUSTO ANP (R$/Kg)",null,"CUSTO ANP","IMPOSTOS DO PRODUTO","CUSTO DO PRODUTO COM IMPOSTOS","DMT's","DMT'S FLUVIAL","CUSTO DO TRANSPORTE RODOVIA PAVIMENTADA","CUSTO DO TRANSPORTE FLUVIAL","CUSTO DO TRANSPORTE TOTAL","ICMS","ATUALIZAÇÃO DO CUSTO DE TRANSPORTE","CUSTO DO TRANSPORTE RODOVIA PAVIMENTADA COM IMPOSTOS E ATUALIZAÇÃO MONETÁRIA","PEDÁGIO ",null,"TOTAL TRANSPORTE","AQUISIÇÃO DO PRODUTO","TOTAL GERAL ( TRANSP + AQUISIÇÃO)",null,1,2,3]
[null,null,{"$f":"H9","v":"2025-07-01"},null,"REFINARIAS","ENDEREÇO","ESTADO","CIDADE","DESTINO","ESTADO","REGIÃO","R$/t","R$/t","R$/t","KM","KM","R$/t","R$/t","R$/t","R$/t","R$/t","R$/t","CUSTO ","R$/t","R$/t","R$/t","R$/t",null,"TOTAL GERAL ( TRANSP + AQUISIÇÃO)","TOTAL TRANSPORTE","AQUISIÇÃO DO PRODUTO"]
[null,{"$f":"AA13","v":5318.9831676066369},1,{"$f":"I7","v":"EMULSÕES ASFÁLTICAS RR-1C"},"CENTRO OESTE ASFALTOS LTDA.","SETOR DE INFLAMÁVEIS, S/N TRECHO 02 - LOTE 1.100 - GUARÁ - CEP:71225-000","Distrito Federal","BRASÍLIA - DF","Mossoró - RN",{"$f":"VLOOKUP(G13,OFFSET('ANP ESTADO'!$A$1,MATCH($I$7,'ANP ESTADO'!B:B,0)+MATCH($H$10,OFFSET('ANP ESTADO'!$A$1,MATCH($I$7,'ANP ESTADO'!B:B,0),0,100000,1),0),2,100000,2),2,FALSE)","v":"-"},{"$f":"VLOOKUP($H$10,OFFSET('ANP REGIÃO'!$A$9,MATCH('Transporte RR-1C'!$I$7,'ANP REGIÃO'!A:A,0),1,10000,10000),MATCH('Transporte RR-1C'!AH13,'ANP REGIÃO'!$B$8:$G$8,0),FALSE)","v":2.8464376068861252},{"$f":"IF(AND(J13=\"-\",K13=\"-\"),\"\",IF(AND(J13<>0,K13=\"-\"),J13*1000,IF(AND(J13=\"-\",K13<>0),K13*1000,IF(AND(J13<>0,K13<>0),J13*1000,\"\"))))","v":2846.4376068861252},{"$f":"ROUND(((L13/(1-$O$7-$O$8-$O$9+($O$8+$O$7)*$O$9)-L13)),2)","v":846.4},{"$f":"L13+M13","v":3692.8376068861253},{"$f":"'Transporte EAI'!O13","v":2254.6999999999998},null,{"$f":"ROUND((26.939+0.253*O13),2)","v":597.38},null,{"$f":"Q13+R13","v":597.38},{"$f":"TRUNC(S13*($O$9/(1-$O$9)),2)","v":149.34},{"$f":"TRUNC(IF($J$8=\"\",\"\",(($J$9-$J$8)/$J$8)*(S13+T13)),2)","v":876.59},{"$f":"S13+T13+U13","v":1623.31},{"$f":"'Transporte EAI'!W13","v":24.4},{"$f":"EVEN(' CONSUMO DE MAT. B TOTAL'!$P$11*2/28)*W13/' CONSUMO DE MAT. B TOTAL'!$P$11","v":2.8355607205113302},{"$f":"IF(AND(Q13=\"\",T13=\"\"),\"\",V13+X13)","v":1626.1455607205112},{"$f":"IF(OR(L13=\"\",M13=\"\"),\"\",L13+M13)","v":3692.8376068861253},{"$f":"IF(OR(Y13=\"\",Z13=\"\"),\"\",Y13+Z13)","v":5318.9831676066369},null,{"$f":"AA13","v":5318.9831676066369},{"$f":"Y13","v":1626.1455607205112},{"$f":"Z13","v":3692.8376068861253},null,null,{"$f":"IF(OR(G13=$D$58,G13=$D$59,G13=$D$61,G13=$D$67,G13=$D$51,G13=$D$47,G13=$D$43,G13=$D$56,G13=$D$46),\"NORDESTE\",IF(OR(G13=$D$42,G13=$D$44,G13=$D$45,G13=$D$55,G13=$D$63,G13=$D$64,G13=$D$68),\"NORTE\",IF(OR(G13=$D$48,G13=$D$50,G13=$D$52,G13=$D$53),\"CENTRO-OESTE\",IF(OR(G13=$D$66,G13=$D$60,G13=$D$54,G13=$D$49),\"SUDESTE\",IF(OR(G13=$D$65,G13=$D$57,G13=$D$62),\"SUL\",\"\")))))","v":"CENTRO-OESTE"}]
[null,{"$f":"AA14","v":5231.1647813719283},2,null,"STRATURA ASFALTOS S/A","AVENIDA PRESIDENTE WILSON, 08  - JUNDIAÍ - CEP:75115-100","Goiás","ANÁPOLIS - GO","Mossoró - RN",{"$f":"VLOOKUP(G14,OFFSET('ANP ESTADO'!$A$1,MATCH($I$7,'ANP ESTADO'!B:B,0)+MATCH($H$10,OFFSET('ANP ESTADO'!$A$1,MATCH($I$7,'ANP ESTADO'!B:B,0),0,100000,1),0),2,100000,2),2,FALSE)","v":2.7262310626037696},{"$f":"VLOOKUP($H$10,OFFSET('ANP REGIÃO'!$A$9,MATCH('Transporte RR-1C'!$I$7,'ANP REGIÃO'!A:A,0),1,10000,10000),MATCH('Transporte RR-1C'!AH14,'ANP REGIÃO'!$B$8:$G$8,0),FALSE)","v":2.8464376068861252},{"$f":"IF(AND(J14=\"-\",K14=\"-\"),\"\",IF(AND(J14<>0,K14=\"-\"),J14*1000,IF(AND(J14=\"-\",K14<>0),K14*1000,IF(AND(J14<>0,K14<>0),J14*1000,\"\"))))","v":2726.2310626037697},{"$f":"ROUND(((L14/(1-$O$7-$O$8-$O$9+($O$8+$O$7)*$O$9)-L14)),2)","v":810.65},{"$f":"L14+M14","v":3536.8810626037698},{"$f":"'Transporte EAI'!O14","v":2355.6},null,{"$f":"ROUND((26.939+0.253*O14),2)","v":622.91},null,{"$f":"Q14+R14","v":622.91},{"$f":"TRUNC(S14*($O$9/(1-$O$9)),2)","v":155.72},{"$f":"TRUNC(IF($J$8=\"\",\"\",(($J$9-$J$8)/$J$8)*(S14+T14)),2)","v":914.05},{"$f":"S14+T14+U14","v":1692.6799999999998},{"$f":"'Transporte EAI'!W14","v":13.8},{"$f":"EVEN(' CONSUMO DE MAT. B TOTAL'!$P$11*2/28)*W14/' CONSUMO DE MAT. B TOTAL'!$P$11","v":1.6037187681580476},1694.283718768158,3536.8810626037698,{"$f":"IF(OR(Y14=\"\",Z14=\"\"),\"\",Y14+Z14)","v":5231.1647813719283},null,{"$f":"AA14","v":5231.1647813719283},{"$f":"Y14","v":1694.283718768158},3536.8810626037698,null,null,{"$f":"IF(OR(G14=$D$58,G14=$D$59,G14=$D$61,G14=$D$67,G14=$D$51,G14=$D$47,G14=$D$43,G14=$D$56,G14=$D$46),\"NORDESTE\",IF(OR(G14=$D$42,G14=$D$44,G14=$D$45,G14=$D$55,G14=$D$63,G14=$D$64,G14=$D$68),\"NORTE\",IF(OR(G14=$D$48,G14=$D$50,G14=$D$52,G14=$D$53),\"CENTRO-OESTE\",IF(OR(G14=$D$66,G14=$D$60,G14=$D$54,G14=$D$49),\"SUDESTE\",IF(OR(G14=$D$65,G14=$D$57,G14=$D$62),\"SUL\",\"\")))))","v":"CENTRO-OESTE"}]
[null,5285.3682909593772,3,null,"DISTRIBUIDORA BRASILEIRA DE ASFALTO SA - DISBRAL","VIA PRIMARIA 8, S/N QD-18, MODS. 24/47 - DAIAG - CEP:74980-970","Goiás","APARECIDA DE GOIANIA - GO","Mossoró - RN",{"$f":"VLOOKUP(G15,OFFSET('ANP ESTADO'!$A$1,MATCH($I$7,'ANP ESTADO'!B:B,0)+MATCH($H$10,OFFSET('ANP ESTADO'!$A$1,MATCH($I$7,'ANP ESTADO'!B:B,0),0,100000,1),0),2,100000,2),2,FALSE)","v":2.7262310626037696},{"$f":"VLOOKUP($H$10,OFFSET('ANP REGIÃO'!$A$9,MATCH('Transporte RR-1C'!$I$7,'ANP REGIÃO'!A:A,0),1,10000,10000),MATCH('Transporte RR-1C'!AH15,'ANP REGIÃO'!$B$8:$G$8,0),FALSE)","v":2.8464376068861252},2726.2310626037697,810.65,3536.8810626037698,{"$f":"'Transporte EAI'!O15","v":2424.6},null,640.36,null,640.36,160.09,939.67,1740.12,{"$f":"'Transporte EAI'!W15","v":72},{"$f":"EVEN(' CONSUMO DE MAT. B TOTAL'!$P$11*2/28)*W15/' CONSUMO DE MAT. B TOTAL'!$P$11","v":8.3672283556072049},1748.4872283556072,3536.8810626037698,5285.3682909593772,null,5285.3682909593772,1748.4872283556072,3536.8810626037698,null,null,"CENTRO-OESTE"]
[2403,5326.8049731209112,4,null,"INDÚSTRIA NACIONAL DE ASFALTOS LTDA.","VIA PRIMEIRA E SEGUNDA 3, S/N.º LOTES 01 A 10 - DISTRITO AGROINDUSTRIAL - CEP:75370-000","Goiás","GOIANIRA - GO","Mossoró - RN",{"$f":"VLOOKUP(G16,OFFSET('ANP ESTADO'!$A$1,MATCH($I$7,'ANP ESTADO'!B:B,0)+MATCH($H$10,OFFSET('ANP ESTADO'!$A$1,MATCH($I$7,'ANP ESTADO'!B:B,0),0,100000,1),0),2,100000,2),2,FALSE)","v":2.7262310626037696},{"$f":"VLOOKUP($H$10,OFFSET('ANP REGIÃO'!$A$9,MATCH('Transporte RR-1C'!$I$7,'ANP REGIÃO'!A:A,0),1,10000,10000),MATCH('Transporte RR-1C'!AH16,'ANP REGIÃO'!$B$8:$G$8,0),FALSE)","v":2.8464376068861252},2726.2310626037697,810.65,3536.8810626037698,{"$f":"'Transporte EAI'!O16","v":2472.5},null,652.48,null,652.48,163.12,957.45,1773.0500000000002,{"$f":"'Transporte EAI'!W16","v":145.19999999999999},{"$f":"EVEN(' CONSUMO DE MAT. B TOTAL'!$P$11*2/28)*W16/' CONSUMO DE MAT. B TOTAL'!$P$11","v":16.873910517141194},1789.9239105171414,3536.8810626037698,5326.8049731209112,null,5326.8049731209112,1789.9239105171414,3536.8810626037698,null,null,"CENTRO-OESTE"]
[null,5210.4644135250055,5,null,"STRATURA ASFALTOS S/A","RUA VICTOR RODRIGUES RESENDE, 333  - DISTRITO IND. DE UBERLÂNDIA - CEP:38405-440","Minas Gerais","UBERLANDIA - MG","Mossoró - RN",{"$f":"VLOOKUP(G17,OFFSET('ANP ESTADO'!$A$1,MATCH($I$7,'ANP ESTADO'!B:B,0)+MATCH($H$10,OFFSET('ANP ESTADO'!$A$1,MATCH($I$7,'ANP ESTADO'!B:B,0),0,100000,1),0),2,100000,2),2,FALSE)","v":2.6450170747684685},{"$f":"VLOOKUP($H$10,OFFSET('ANP REGIÃO'!$A$9,MATCH('Transporte RR-1C'!$I$7,'ANP REGIÃO'!A:A,0),1,10000,10000),MATCH('Transporte RR-1C'!AH17,'ANP REGIÃO'!$B$8:$G$8,0),FALSE)","v":2.8941279702011},2645.0170747684683,786.5,3431.5170747684683,{"$f":"'Transporte EAI'!O17","v":2424.4},null,640.30999999999995,null,640.30999999999995,160.07,939.59,1739.9699999999998,{"$f":"'Transporte EAI'!W17","v":335.4},{"$f":"EVEN(' CONSUMO DE MAT. B TOTAL'!$P$11*2/28)*W17/' CONSUMO DE MAT. B TOTAL'!$P$11","v":38.977338756536895},1778.9473387565367,3431.5170747684683,5210.4644135250055,null,5210.4644135250055,1778.9473387565367,3431.5170747684683,null,null,"SUDESTE"]
[null,5210.4644135250055,6,null,"BETUNEL INDÚSTRIA E COMÉRCIO LTDA.","RUA   VICTOR RODRIGUES DE REZENDE, 185  - DISTRITO INDUSTRIAL - CEP:38402-334","Minas Gerais","UBERLANDIA - MG","Mossoró - RN",{"$f":"VLOOKUP(G18,OFFSET('ANP ESTADO'!$A$1,MATCH($I$7,'ANP ESTADO'!B:B,0)+MATCH($H$10,OFFSET('ANP ESTADO'!$A$1,MATCH($I$7,'ANP ESTADO'!B:B,0),0,100000,1),0),2,100000,2),2,FALSE)","v":2.6450170747684685},{"$f":"VLOOKUP($H$10,OFFSET('ANP REGIÃO'!$A$9,MATCH('Transporte RR-1C'!$I$7,'ANP REGIÃO'!A:A,0),1,10000,10000),MATCH('Transporte RR-1C'!AH18,'ANP REGIÃO'!$B$8:$G$8,0),FALSE)","v":2.8941279702011},2645.0170747684683,786.5,3431.5170747684683,{"$f":"'Transporte EAI'!O18","v":2424.4},null,640.30999999999995,null,640.30999999999995,160.07,939.59,1739.9699999999998,{"$f":"'Transporte EAI'!W18","v":335.4},{"$f":"EVEN(' CONSUMO DE MAT. B TOTAL'!$P$11*2/28)*W18/' CONSUMO DE MAT. B TOTAL'!$P$11","v":38.977338756536895},1778.9473387565367,3431.5170747684683,5210.4644135250055,null,5210.4644135250055,1778.9473387565367,3431.5170747684683,null,null,"SUDESTE"]
[null,7146.7989877389819,7,null,"ARAPETRO DISTRIBUIDORA DE PETRÓLEO LTDA.","RUA 04, S/N° LOTES 17 A 20. - DISTRITO INDUSTRIAL 1/8 - CEP:78600-000","Mato Grosso","BARRA DO GARCAS - MT","Mossoró - RN",{"$f":"VLOOKUP(G19,OFFSET('ANP ESTADO'!$A$1,MATCH($I$7,'ANP ESTADO'!B:B,0)+MATCH($H$10,OFFSET('ANP ESTADO'!$A$1,MATCH($I$7,'ANP ESTADO'!B:B,0),0,100000,1),0),2,100000,2),2,FALSE)","v":3.9174757512485701},{"$f":"VLOOKUP($H$10,OFFSET('ANP REGIÃO'!$A$9,MATCH('Transporte RR-1C'!$I$7,'ANP REGIÃO'!A:A,0),1,10000,10000),MATCH('Transporte RR-1C'!AH19,'ANP REGIÃO'!$B$8:$G$8,0),FALSE)","v":2.8464376068861252},{"$f":"IF(AND(J19=\"-\",K19=\"-\"),\"\",IF(AND(J19<>0,K19=\"-\"),J19*1000,IF(AND(J19=\"-\",K19<>0),K19*1000,IF(AND(J19<>0,K19<>0),J19*1000,\"\"))))","v":3917.4757512485698},1164.8699999999999,5082.3457512485693,{"$f":"'Transporte EAI'!O19","v":2886.4},null,757.2,null,757.2,189.3,1111.1199999999999,2057.62,{"$f":"'Transporte EAI'!W19","v":58.8},{"$f":"EVEN(' CONSUMO DE MAT. B TOTAL'!$P$11*2/28)*W19/' CONSUMO DE MAT. B TOTAL'!$P$11","v":6.83323649041255},2064.4532364904126,5082.3457512485693,7146.7989877389819,{"$nulls":6},"CENTRO-OESTE"]
[null,5036.0737801723035,8,null,"DISTRIBUIDORA BRASILEIRA DE ASFALTO SA - DISBRAL","SÃO JUDAS TADEU, 288  - DISTRITO INDUSTRIAL - CEP:32450-000","Minas Gerais","SARZEDO - MG","Mossoró - RN",{"$f":"VLOOKUP(G20,OFFSET('ANP ESTADO'!$A$1,MATCH($I$7,'ANP ESTADO'!B:B,0)+MATCH($H$10,OFFSET('ANP ESTADO'!$A$1,MATCH($I$7,'ANP ESTADO'!B:B,0),0,100000,1),0),2,100000,2),2,FALSE)","v":2.6450170747684685},{"$f":"VLOOKUP($H$10,OFFSET('ANP REGIÃO'!$A$9,MATCH('Transporte RR-1C'!$I$7,'ANP REGIÃO'!A:A,0),1,10000,10000),MATCH('Transporte RR-1C'!AH20,'ANP REGIÃO'!$B$8:$G$8,0),FALSE)","v":2.8941279702011},2645.0170747684683,786.5,3431.5170747684683,{"$f":"'Transporte EAI'!O20","v":2196.5},null,582.65,null,582.65,145.66,854.98,1583.29,{"$f":"'Transporte EAI'!W20","v":183},{"$f":"EVEN(' CONSUMO DE MAT. B TOTAL'!$P$11*2/28)*W20/' CONSUMO DE MAT. B TOTAL'!$P$11","v":21.26670540383498},1604.5567054038349,3431.5170747684683,5036.0737801723035,{"$nulls":6},"SUDESTE"]
[null,5566.4670467902351,9,null,"INDÚSTRIA NACIONAL DE ASFALTOS LTDA.","INDÚSTRIA NACIONAL DE ASFALTOS LTDA - CEP:77053-080","Tocantins"," PALMAS - TO","Mossoró - RN",{"$f":"VLOOKUP(G21,OFFSET('ANP ESTADO'!$A$1,MATCH($I$7,'ANP ESTADO'!B:B,0)+MATCH($H$10,OFFSET('ANP ESTADO'!$A$1,MATCH($I$7,'ANP ESTADO'!B:B,0),0,100000,1),0),2,100000,2),2,FALSE)","v":3.243247046790235},{"$f":"VLOOKUP($H$10,OFFSET('ANP REGIÃO'!$A$9,MATCH('Transporte RR-1C'!$I$7,'ANP REGIÃO'!A:A,0),1,10000,10000),MATCH('Transporte RR-1C'!AH21,'ANP REGIÃO'!$B$8:$G$8,0),FALSE)","v":3.7393547552553539},3243.2470467902349,964.39,4207.6370467902352,{"$f":"'Transporte EAI'!O21","v":1870},null,500.05,null,500.05,125.01,733.77,1358.83,{"$f":"'Transporte EAI'!W21","v":0},{"$f":"EVEN(' CONSUMO DE MAT. B TOTAL'!$P$11*2/28)*W21/' CONSUMO DE MAT. B TOTAL'!$P$11","v":0},1358.83,4207.6370467902352,5566.4670467902351,{"$nulls":6},"NORTE"]
[null,5859.6249270842618,10,null,"'NTA - NOVAS TÉCNICAS DE ASFALTOS S/A","RUA SOFIA ATAURI FADIN, 150 SALA A - B. SANTA TEREZINHA - CEP:13140-000","São Paulo","PAULINIA - SP","Mossoró - RN",{"$f":"VLOOKUP(G22,OFFSET('ANP ESTADO'!$A$1,MATCH($I$7,'ANP ESTADO'!B:B,0)+MATCH($H$10,OFFSET('ANP ESTADO'!$A$1,MATCH($I$7,'ANP ESTADO'!B:B,0),0,100000,1),0),2,100000,2),2,FALSE)","v":2.9514894767646802},{"$f":"VLOOKUP($H$10,OFFSET('ANP REGIÃO'!$A$9,MATCH('Transporte RR-1C'!$I$7,'ANP REGIÃO'!A:A,0),1,10000,10000),MATCH('Transporte RR-1C'!AH22,'ANP REGIÃO'!$B$8:$G$8,0),FALSE)","v":2.8941279702011},2951.4894767646801,877.64,3829.12947676468,{"$f":"'Transporte EAI'!O22","v":2771},null,728,null,728,182,1068.27,1978.27,{"$f":"'Transporte EAI'!W22","v":449.4},{"$f":"EVEN(' CONSUMO DE MAT. B TOTAL'!$P$11*2/28)*W22/' CONSUMO DE MAT. B TOTAL'!$P$11","v":52.225450319581633},2030.4954503195816,3829.12947676468,5859.6249270842618,null,5859.6249270842618,2030.4954503195816,3829.12947676468,null,null,"SUDESTE"]
[null,5811.1307434700839,11,null,"COMPANHIA BRASILEIRA DE ASFALTOS DA AMAZÔNIA - IMPORTAÇÃO E EXPORTAÇÃO","Avenida Doutor Olindo Dártora 2451, Galpão 02, Morro Grande - CEP:07726-555","São Paulo","CAIEIRAS - SP","Mossoró - RN",{"$f":"VLOOKUP(G23,OFFSET('ANP ESTADO'!$A$1,MATCH($I$7,'ANP ESTADO'!B:B,0)+MATCH($H$10,OFFSET('ANP ESTADO'!$A$1,MATCH($I$7,'ANP ESTADO'!B:B,0),0,100000,1),0),2,100000,2),2,FALSE)","v":2.9514894767646802},{"$f":"VLOOKUP($H$10,OFFSET('ANP REGIÃO'!$A$9,MATCH('Transporte RR-1C'!$I$7,'ANP REGIÃO'!A:A,0),1,10000,10000),MATCH('Transporte RR-1C'!AH23,'ANP REGIÃO'!$B$8:$G$8,0),FALSE)","v":2.8941279702011},2951.4894767646801,877.64,3829.12947676468,{"$f":"'Transporte EAI'!O23","v":2724.9},null,716.34,null,716.34,179.08,1051.1600000000001,1946.5800000000002,{"$f":"'Transporte EAI'!W23","v":304.8},{"$f":"EVEN(' CONSUMO DE MAT. B TOTAL'!$P$11*2/28)*W23/' CONSUMO DE MAT. B TOTAL'!$P$11","v":35.421266705403838},1982.0012667054041,3829.12947676468,5811.1307434700839,{"$nulls":6},"SUDESTE"]
[null,6034.9149456426621,12,null,"BETUNEL INDÚSTRIA E COMÉRCIO LTDA.","R 16 , 82, Vila Nova Campo Grande - CEP:79.103-834","Mato Grosso do Sul","CAMPO GRANDE - MS","Mossoró - RN",{"$f":"VLOOKUP(G24,OFFSET('ANP ESTADO'!$A$1,MATCH($I$7,'ANP ESTADO'!B:B,0)+MATCH($H$10,OFFSET('ANP ESTADO'!$A$1,MATCH($I$7,'ANP ESTADO'!B:B,0),0,100000,1),0),2,100000,2),2,FALSE)","v":"-"},{"$f":"VLOOKUP($H$10,OFFSET('ANP REGIÃO'!$A$9,MATCH('Transporte RR-1C'!$I$7,'ANP REGIÃO'!A:A,0),1,10000,10000),MATCH('Transporte RR-1C'!AH24,'ANP REGIÃO'!$B$8:$G$8,0),FALSE)","v":2.8464376068861252},2846.4376068861252,846.4,3692.8376068861253,{"$f":"'Transporte EAI'!O24","v":3243.5},null,847.54,null,847.54,211.88,1243.68,2303.1000000000004,{"$f":"'Transporte EAI'!W24","v":335.4},{"$f":"EVEN(' CONSUMO DE MAT. B TOTAL'!$P$11*2/28)*W24/' CONSUMO DE MAT. B TOTAL'!$P$11","v":38.977338756536895},2342.0773387565373,3692.8376068861253,6034.9149456426621,{"$nulls":6},"CENTRO-OESTE"]
[null,7503.3588657169021,13,null,"CENTRO OESTE ASFALTOS LTDA.","RUA   N, S/N.º LOTES 39/43 E LOTES 129/133 - DISTRITO INDUSTRIAL - CEP:78098-400","Mato Grosso","CUIABA - MT","Mossoró - RN",{"$f":"VLOOKUP(G25,OFFSET('ANP ESTADO'!$A$1,MATCH($I$7,'ANP ESTADO'!B:B,0)+MATCH($H$10,OFFSET('ANP ESTADO'!$A$1,MATCH($I$7,'ANP ESTADO'!B:B,0),0,100000,1),0),2,100000,2),2,FALSE)","v":3.9174757512485701},{"$f":"VLOOKUP($H$10,OFFSET('ANP REGIÃO'!$A$9,MATCH('Transporte RR-1C'!$I$7,'ANP REGIÃO'!A:A,0),1,10000,10000),MATCH('Transporte RR-1C'!AH25,'ANP REGIÃO'!$B$8:$G$8,0),FALSE)","v":2.8464376068861252},3917.4757512485698,1164.8699999999999,5082.3457512485693,{"$f":"'Transporte EAI'!O25","v":3371.6},null,879.95,null,879.95,219.98,1291.24,2391.17,{"$f":"'Transporte EAI'!W25","v":256.8},{"$f":"EVEN(' CONSUMO DE MAT. B TOTAL'!$P$11*2/28)*W25/' CONSUMO DE MAT. B TOTAL'!$P$11","v":29.843114468332363},2421.0131144683323,5082.3457512485693,7503.3588657169021,{"$nulls":6},"CENTRO-OESTE"]
[null,7503.6588657169013,14,null,"BETUNEL INDÚSTRIA E COMÉRCIO LTDA.","RUA N ESQUINA COM RUA X, S/N QD. IND. 7 L 01/08 - DIST. IND. - CEP:78015-285","Mato Grosso","CUIABA - MT","Mossoró - RN",{"$f":"VLOOKUP(G26,OFFSET('ANP ESTADO'!$A$1,MATCH($I$7,'ANP ESTADO'!B:B,0)+MATCH($H$10,OFFSET('ANP ESTADO'!$A$1,MATCH($I$7,'ANP ESTADO'!B:B,0),0,100000,1),0),2,100000,2),2,FALSE)","v":3.9174757512485701},{"$f":"VLOOKUP($H$10,OFFSET('ANP REGIÃO'!$A$9,MATCH('Transporte RR-1C'!$I$7,'ANP REGIÃO'!A:A,0),1,10000,10000),MATCH('Transporte RR-1C'!AH26,'ANP REGIÃO'!$B$8:$G$8,0),FALSE)","v":2.8464376068861252},3917.4757512485698,1164.8699999999999,5082.3457512485693,{"$f":"'Transporte EAI'!O26","v":3372},null,880.06,null,880.06,220.01,1291.4000000000001,2391.4700000000003,{"$f":"'Transporte EAI'!W26","v":256.8},{"$f":"EVEN(' CONSUMO DE MAT. B TOTAL'!$P$11*2/28)*W26/' CONSUMO DE MAT. B TOTAL'!$P$11","v":29.843114468332363},2421.3131144683325,5082.3457512485693,7503.6588657169013,{"$nulls":6},"CENTRO-OESTE"]
[null,7517.3388657169016,15,null,"EMAM - EMULSÕES E TRANSPORTES LTDA.","RODOVIA DOS IMIGRANTES, S/Nº KM 8,6 -  - CEP:60035-351","Mato Grosso","VARZEA GRANDE - MT","Mossoró - RN",{"$f":"VLOOKUP(G27,OFFSET('ANP ESTADO'!$A$1,MATCH($I$7,'ANP ESTADO'!B:B,0)+MATCH($H$10,OFFSET('ANP ESTADO'!$A$1,MATCH($I$7,'ANP ESTADO'!B:B,0),0,100000,1),0),2,100000,2),2,FALSE)","v":3.9174757512485701},{"$f":"VLOOKUP($H$10,OFFSET('ANP REGIÃO'!$A$9,MATCH('Transporte RR-1C'!$I$7,'ANP REGIÃO'!A:A,0),1,10000,10000),MATCH('Transporte RR-1C'!AH27,'ANP REGIÃO'!$B$8:$G$8,0),FALSE)","v":2.8464376068861252},3917.4757512485698,1164.8699999999999,5082.3457512485693,{"$f":"'Transporte EAI'!O27","v":3391.9},null,885.09,null,885.09,221.27,1298.79,2405.15,{"$f":"'Transporte EAI'!W27","v":256.8},{"$f":"EVEN(' CONSUMO DE MAT. B TOTAL'!$P$11*2/28)*W27/' CONSUMO DE MAT. B TOTAL'!$P$11","v":29.843114468332363},2434.9931144683324,5082.3457512485693,7517.3388657169016,null,7517.3388657169016,2434.9931144683324,5082.3457512485693,null,null,"CENTRO-OESTE"]
[null,5600.4245319651454,16,null,"VIAPOL LTDA.","VITO ARDITO, 6401 KM 118,5 - JARDIM CAMPO GRANDE - CEP:12282-535","São Paulo","CACAPAVA - SP","Mossoró - RN",{"$f":"VLOOKUP(G28,OFFSET('ANP ESTADO'!$A$1,MATCH($I$7,'ANP ESTADO'!B:B,0)+MATCH($H$10,OFFSET('ANP ESTADO'!$A$1,MATCH($I$7,'ANP ESTADO'!B:B,0),0,100000,1),0),2,100000,2),2,FALSE)","v":2.9514894767646802},{"$f":"VLOOKUP($H$10,OFFSET('ANP REGIÃO'!$A$9,MATCH('Transporte RR-1C'!$I$7,'ANP REGIÃO'!A:A,0),1,10000,10000),MATCH('Transporte RR-1C'!AH28,'ANP REGIÃO'!$B$8:$G$8,0),FALSE)","v":2.8941279702011},2951.4894767646801,877.64,3829.12947676468,{"$f":"'Transporte EAI'!O28","v":2360.4},null,624.12,null,624.12,156.03,915.84,1695.99,{"$f":"'Transporte EAI'!W28","v":648},{"$f":"EVEN(' CONSUMO DE MAT. B TOTAL'!$P$11*2/28)*W28/' CONSUMO DE MAT. B TOTAL'!$P$11","v":75.305055200464835},1771.295055200465,3829.12947676468,5600.4245319651454,null,5600.4245319651454,1771.295055200465,3829.12947676468,null,null,"SUDESTE"]
[null,5549.7212589866904,17,null,"STRATURA ASFALTOS S/A","RUA LUIS DE CAMÕES, 26  - CAMPOS ELÍSEOS - CEP:25225-030","Rio de Janeiro","DUQUE DE CAXIAS - RJ","Mossoró - RN",{"$f":"VLOOKUP(G29,OFFSET('ANP ESTADO'!$A$1,MATCH($I$7,'ANP ESTADO'!B:B,0)+MATCH($H$10,OFFSET('ANP ESTADO'!$A$1,MATCH($I$7,'ANP ESTADO'!B:B,0),0,100000,1),0),2,100000,2),2,FALSE)","v":"-"},{"$f":"VLOOKUP($H$10,OFFSET('ANP REGIÃO'!$A$9,MATCH('Transporte RR-1C'!$I$7,'ANP REGIÃO'!A:A,0),1,10000,10000),MATCH('Transporte RR-1C'!AH29,'ANP REGIÃO'!$B$8:$G$8,0),FALSE)","v":2.8941279702011},2894.1279702011002,860.58,3754.7079702011001,{"$f":"'Transporte EAI'!O29","v":2409.1},null,636.44000000000005,null,636.44000000000005,159.11000000000001,933.92,1729.47,{"$f":"'Transporte EAI'!W29","v":564},{"$f":"EVEN(' CONSUMO DE MAT. B TOTAL'!$P$11*2/28)*W29/' CONSUMO DE MAT. B TOTAL'!$P$11","v":65.543288785589766},1795.0132887855898,3754.7079702011001,5549.7212589866904,null,5549.7212589866904,1795.0132887855898,3754.7079702011001,null,null,"SUDESTE"]
[null,5562.1112589866898,18,null,"PROBITEC - PRODUTOS BETUMINOSOS E TECNOLOGIA DE APLICAÇÃO LTDA.","AVENIDA CANAL DA PAVUNA, 620  - PAVUNA - CEP:21535-630","Rio de Janeiro","RIO DE JANEIRO - RJ","Mossoró - RN",{"$f":"VLOOKUP(G30,OFFSET('ANP ESTADO'!$A$1,MATCH($I$7,'ANP ESTADO'!B:B,0)+MATCH($H$10,OFFSET('ANP ESTADO'!$A$1,MATCH($I$7,'ANP ESTADO'!B:B,0),0,100000,1),0),2,100000,2),2,FALSE)","v":"-"},{"$f":"VLOOKUP($H$10,OFFSET('ANP REGIÃO'!$A$9,MATCH('Transporte RR-1C'!$I$7,'ANP REGIÃO'!A:A,0),1,10000,10000),MATCH('Transporte RR-1C'!AH30,'ANP REGIÃO'!$B$8:$G$8,0),FALSE)","v":2.8941279702011},2894.1279702011002,860.58,3754.7079702011001,{"$f":"'Transporte EAI'!O30","v":2427.1},null,641,null,641,160.25,940.61,1741.8600000000001,{"$f":"'Transporte EAI'!W30","v":564},{"$f":"EVEN(' CONSUMO DE MAT. B TOTAL'!$P$11*2/28)*W30/' CONSUMO DE MAT. B TOTAL'!$P$11","v":65.543288785589766},1807.4032887855899,3754.7079702011001,5562.1112589866898,null,5562.1112589866898,1807.4032887855899,3754.7079702011001,null,null,"SUDESTE"]
[null,5988.1462137406625,19,null,"CASA DO ASFALTO DISTRIBUIDORA, INDÚSTRIA E COMÉRCIO DE ASFALTO LTDA.","BR 376, PARQUE INDUSTRIAL, S/N LOTE 6/7/7-A-3-1 - GL.PATR.MARIALVA - CEP:86990-000","Paraná","MARIALVA - PR","Mossoró - RN",{"$f":"VLOOKUP(G31,OFFSET('ANP ESTADO'!$A$1,MATCH($I$7,'ANP ESTADO'!B:B,0)+MATCH($H$10,OFFSET('ANP ESTADO'!$A$1,MATCH($I$7,'ANP ESTADO'!B:B,0),0,100000,1),0),2,100000,2),2,FALSE)","v":2.7192897872444393},{"$f":"VLOOKUP($H$10,OFFSET('ANP REGIÃO'!$A$9,MATCH('Transporte RR-1C'!$I$7,'ANP REGIÃO'!A:A,0),1,10000,10000),MATCH('Transporte RR-1C'!AH31,'ANP REGIÃO'!$B$8:$G$8,0),FALSE)","v":2.7406951161683413},2719.2897872444391,808.59,3527.8797872444393,{"$f":"'Transporte EAI'!O31","v":3314.8},null,865.58,null,865.58,216.39,1270.1500000000001,2352.12,{"$f":"'Transporte EAI'!W31","v":930.6},{"$f":"EVEN(' CONSUMO DE MAT. B TOTAL'!$P$11*2/28)*W31/' CONSUMO DE MAT. B TOTAL'!$P$11","v":108.14642649622313},2460.2664264962232,3527.8797872444393,5988.1462137406625,null,5988.1462137406625,2460.2664264962232,3527.8797872444393,null,null,"SUL"]
[null,5936.6103741125389,20,null,"PETROBRAS DISTRIBUIDORA S.A.","RUA MAQUINISTA  ELEODORO JACINTO, 100  - OFICINAS - CEP:84045-170","Paraná","PONTA GROSSA - PR","Mossoró - RN",{"$f":"VLOOKUP(G32,OFFSET('ANP ESTADO'!$A$1,MATCH($I$7,'ANP ESTADO'!B:B,0)+MATCH($H$10,OFFSET('ANP ESTADO'!$A$1,MATCH($I$7,'ANP ESTADO'!B:B,0),0,100000,1),0),2,100000,2),2,FALSE)","v":2.7192897872444393},{"$f":"VLOOKUP($H$10,OFFSET('ANP REGIÃO'!$A$9,MATCH('Transporte RR-1C'!$I$7,'ANP REGIÃO'!A:A,0),1,10000,10000),MATCH('Transporte RR-1C'!AH32,'ANP REGIÃO'!$B$8:$G$8,0),FALSE)","v":2.7406951161683413},2719.2897872444391,808.59,3527.8797872444393,{"$f":"'Transporte EAI'!O32","v":3233.9},null,845.12,null,845.12,211.28,1240.1400000000001,2296.54,{"$f":"'Transporte EAI'!W32","v":965.4},{"$f":"EVEN(' CONSUMO DE MAT. B TOTAL'!$P$11*2/28)*W32/' CONSUMO DE MAT. B TOTAL'!$P$11","v":112.19058686809993},2408.7305868681001,3527.8797872444393,5936.6103741125389,null,5936.6103741125389,2408.7305868681001,3527.8797872444393,null,null,"SUL"]
{"$rows_empty":9}
[null,null,null,"Acre"]
[null,null,null,"Alagoas"]
[null,null,null,"Amapá"]
[null,null,null,"Amazonas"]
[null,null,null,"Bahia"]
[null,null,null,"Ceará"]
[null,null,null,"Distrito Federal"]
[null,null,null,"Espírito Santo"]
[null,null,null,"Goiás"]
[null,null,null,"Maranhão"]
[null,null,null,"Mato Grosso"]
[null,null,null,"Mato Grosso do Sul"]
[null,null,null,"Minas Gerais"]
[null,null,null,"Pará"]
[null,null,null,"Paraíba"]
[null,null,null,"Paraná"]
[null,null,null,"Pernambuco"]
[null,null,null,"Piauí"]
[null,null,null,"Rio de Janeiro"]
[null,null,null,"Rio Grande do Norte"]
[null,null,null,"Rio Grande do Sul"]
[null,null,null,"Rondônia"]
[null,null,null,"Roraima"]
[null,null,null,"Santa Catarina"]
[null,null,null,"São Paulo"]
[null,null,null,"Sergipe"]
[null,null,null,"Tocantins"]
[]
[]
[]
[null,null,null,"ASFALTOS DILUÍDOS CM-30"]
[null,null,null,"ASFALTOS DILUÍDOS CM-70"]
[null,null,null,"ASFALTOS DILUÍDOS CR-250"]
[null,null,null,"ASFALTOS DILUÍDOS CR-70"]
[null,null,null,"CAP MODIFICADO POR BORRACHA DE PNEU AB22"]
[null,null,null,"CAP MODIFICADO POR BORRACHA DE PNEU AB8"]
[null,null,null,"CAP MODIFICADO POR POLÍMERO 55-75-E"]
[null,null,null,"CAP MODIFICADO POR POLÍMERO 60-85-E"]
[null,null,null,"CAP MODIFICADO POR POLÍMERO 65-90-E"]
[null,null,null,"CIMENTOS ASFÁLTICOS CAP-150-200"]
[null,null,null,"CIMENTOS ASFÁLTICOS CAP-30-45"]
[null,null,null,"CIMENTOS ASFÁLTICOS CAP-50-70"]
[null,null,null,"CIMENTOS ASFÁLTICOS CAP-85-100"]
[null,null,null,"EMULSÃO ASFÁLTICA CATIÔNICA DE RUPTURA CONTROLADA PARA SERVIÇO DE LAMA ASFÁLTICA"]
[null,null,null,"EMULSÃO ASFÁLTICA DE RUPTURA LENTA CATIÔNICA PARA SERVIÇO DE LAMA ASFÁLTICA"]
[null,null,null,"EMULSÃO ASFÁLTICA DE RUPTURA LENTA DE CARGA NEUTRA PARA SERVIÇO DE LAMA ASFÁLTICA"]
[null,null,null,"EMULSÃO ASFÁLTICA PARA SERVIÇO DE IMPRIMAÇÃO"]
[null,null,null,"EMULSÕES ASF. MOD. POR POLÍMEROS RC1C-E"]
[null,null,null,"EMULSÕES ASF. MOD. POR POLÍMEROS RL1C-E"]
[null,null,null,"EMULSÕES ASF. MOD. POR POLÍMEROS RM1C-E"]
[null,null,null,"EMULSÕES ASF. MOD. POR POLÍMEROS RR1C-E"]
[null,null,null,"EMULSÕES ASF. MOD. POR POLÍMEROS RR2C-E"]
[null,null,null,"EMULSÕES ASFÁLTICAS RL-1C"]
[null,null,null,"EMULSÕES ASFÁLTICAS RM-1C"]
[null,null,null,"EMULSÕES ASFÁLTICAS RM-2C"]
[null,null,null,"EMULSÕES ASFÁLTICAS RR-1C"]
[null,null,null,"EMULSÕES ASFÁLTICAS RR-2C"]

{"sheet":"RESUMO_Transp","index":15,"n_rows":47,"n_cols":23,"rows_kept":47,"cut":false,"hidden":false,"merged":[[7,1,7,19],[2,1,2,8],[3,1,3,8],[4,1,4,8],[5,1,5,8],[6,1,6,22],[10,1,12,1],[10,4,10,5],[10,6,10,7],[10,10,12,10],[11,15,11,16],[41,2,46,2],[14,18,14,19],[16,2,21,2],[27,2,32,2],[34,2,39,2],[14,3,14,6],[14,7,14,8]]}
{"$rows_empty":10}
[null,"ÍNDICE DE PAVIMENTAÇÃO DNIT",null,null,"TIPOLOGIA DO MATERIAL",null,"LIGANTE BETUMINOSO",null,null,null,"IMPOSTOS","COFINS",{"$f":"'Transporte Cap 50-70'!O7","v":6.4999999999999997E-3},{"$f":"'Transporte Cap 50-70'!P7","v":6.4999999999999997E-3}]
[null,null,"DATA INICIAL",null,null,"2025-05-01","ÍNDICE INICIAL",{"$f":"'Transporte Cap 50-70'!J8","v":270.23700000000002},null,null,null,"PIS",{"$f":"'Transporte Cap 50-70'!O8","v":0.03},{"$f":"'Transporte Cap 50-70'!P8","v":0.03},null,"LEGENDA"]
[null,null,"DATA FINAL",null,null,{"$f":"'Transporte Cap 50-70'!H9","v":"2025-07-01"},"ÍNDICE FINAL",{"$f":"'Transporte Cap 50-70'!J9","v":587.47699999999998},null,null,null," ICMS",{"$f":"'Transporte Cap 50-70'!O9","v":0.2},{"$f":"'Transporte Cap 50-70'!P9","v":0.2},null,"ENTRADA DE DADOS"]
[]
[null,"DATA-BASE","PRODUTOS","LOCALIDADES",null,null,null,"CUSTO ANP (R$/Kg)",null,"CUSTO ANP","IMPOSTOS DO PRODUTO","CUSTO DO PRODUTO COM IMPOSTOS","DMT's","DMT's","CUSTO DO TRANSPORTE TOTAL","ICMS","ATUALIZAÇÃO DO CUSTO DE TRANSPORTE","CUSTO DO TRANSPORTE RODOVIA PAVIMENTADA COM IMPOSTOS E ATUALIZAÇÃO MONETÁRIA","PEDÁGIO ",null,"TOTAL TRANSPORTE","TOTAL PRODUTO","TOTAL GERAL"]
[null,{"$f":"F13","v":"2025-07-01"},null,"REFINARIAS","ENDEREÇO","ORIGEM\nREFINARIAS / DISTRIBUIDORAS","DESTINO","ESTADO","REGIÃO","R$/t","R$/t","R$/t","KM","KM","R$/t","R$/t","R$/t","R$/t","CUSTO POR EIXO","R$/t","R$/t","R$/t","R$/t"]
[null,1,"CAP 50/70","Refinaria Abreu e Lima","Rodovia PE 60, Km 10 - Ipojuca - PE CEP:55590-000",{"$f":"VLOOKUP($W17,'Transporte Cap 50-70'!$B:$AA,7,FALSE)","v":"FORTALEZA - CE"},{"$f":"VLOOKUP($W17,'Transporte Cap 50-70'!$B:$AA,8,FALSE)","v":"Mossoró - RN"},{"$f":"VLOOKUP($W17,'Transporte Cap 50-70'!$B:$AA,9,FALSE)","v":3.4879862434645008},{"$f":"VLOOKUP($W17,'Transporte Cap 50-70'!$B:$AA,10,FALSE)","v":3.5390407801542887},{"$f":"VLOOKUP($W17,'Transporte Cap 50-70'!$B:$AA,11,FALSE)","v":3487.9862434645006},{"$f":"VLOOKUP($W17,'Transporte Cap 50-70'!$B:$AA,12,FALSE)","v":1037.1600000000001},{"$f":"VLOOKUP($W17,'Transporte Cap 50-70'!$B:$AA,13,FALSE)","v":4525.1462434645009},{"$f":"VLOOKUP($W17,'Transporte Cap 50-70'!$B$13:$AA$26,14,FALSE)","v":238.9},{"$f":"VLOOKUP($W17,'Transporte Cap 50-70'!$B:$AA,15,FALSE)","v":0},{"$f":"VLOOKUP($W17,'Transporte Cap 50-70'!$B:$AA,18,FALSE)","v":87.38},{"$f":"VLOOKUP($W17,'Transporte Cap 50-70'!$B:$AA,19,FALSE)","v":21.84},{"$f":"VLOOKUP($W17,'Transporte Cap 50-70'!$B:$AA,20,FALSE)","v":128.21},{"$f":"VLOOKUP($W17,'Transporte Cap 50-70'!$B:$AA,21,FALSE)","v":237.43},{"$f":"VLOOKUP($W17,'Transporte Cap 50-70'!$B:$AA,22,FALSE)","v":0},{"$f":"VLOOKUP($W17,'Transporte Cap 50-70'!$B:$AA,23,FALSE)","v":0},{"$f":"VLOOKUP($W17,'Transporte Cap 50-70'!$B:$AA,24,FALSE)","v":237.43},{"$f":"VLOOKUP($W17,'Transporte Cap 50-70'!$B:$AA,25,FALSE)","v":4525.1462434645009},{"$f":"SMALL('Transporte Cap 50-70'!$AA$13:$AA$26,1)","v":4762.5762434645012}]
[null,2,null,"Refinaria Potiguar Clara Camarão","Rodovia RN 221, KM 25 - Guamaré - RN CEP:59598-000",{"$f":"VLOOKUP($W18,'Transporte Cap 50-70'!$B:$AA,7,FALSE)","v":"GUAMARÉ - RN"},{"$f":"VLOOKUP($W18,'Transporte Cap 50-70'!$B:$AA,8,FALSE)","v":"Mossoró - RN"},{"$f":"VLOOKUP($W18,'Transporte Cap 50-70'!$B:$AA,9,FALSE)","v":"-"},{"$f":"VLOOKUP($W18,'Transporte Cap 50-70'!$B:$AA,10,FALSE)","v":3.5390407801542887},{"$f":"VLOOKUP($W18,'Transporte Cap 50-70'!$B:$AA,11,FALSE)","v":3539.0407801542888},{"$f":"VLOOKUP($W18,'Transporte Cap 50-70'!$B:$AA,12,FALSE)","v":1052.3499999999999},{"$f":"VLOOKUP($W18,'Transporte Cap 50-70'!$B:$AA,13,FALSE)","v":4591.3907801542882},{"$f":"VLOOKUP($W18,'Transporte Cap 50-70'!$B$13:$AA$26,14,FALSE)","v":162},{"$f":"VLOOKUP($W18,'Transporte Cap 50-70'!$B:$AA,15,FALSE)","v":0},{"$f":"VLOOKUP($W18,'Transporte Cap 50-70'!$B:$AA,18,FALSE)","v":67.930000000000007},{"$f":"VLOOKUP($W18,'Transporte Cap 50-70'!$B:$AA,19,FALSE)","v":16.98},{"$f":"VLOOKUP($W18,'Transporte Cap 50-70'!$B:$AA,20,FALSE)","v":99.67},{"$f":"VLOOKUP($W18,'Transporte Cap 50-70'!$B:$AA,21,FALSE)","v":184.58},{"$f":"VLOOKUP($W18,'Transporte Cap 50-70'!$B:$AA,22,FALSE)","v":0},{"$f":"VLOOKUP($W18,'Transporte Cap 50-70'!$B:$AA,23,FALSE)","v":0},{"$f":"VLOOKUP($W18,'Transporte Cap 50-70'!$B:$AA,24,FALSE)","v":184.58},{"$f":"VLOOKUP($W18,'Transporte Cap 50-70'!$B:$AA,25,FALSE)","v":4591.3907801542882},{"$f":"SMALL('Transporte Cap 50-70'!$AA$13:$AA$26,2)","v":4775.9707801542881}]
[null,3,null,"Complexo Petroquímico do Rio de Janeiro (Comperj)","Rodovia Estadual RJ-116 - Km 5,2 - Acesso A-1, s/n, Complemento Sambaetiba - Zona Urbana do 4º Distrito de Itaboraí - RJ CEP:24841-203",{"$f":"VLOOKUP($W19,'Transporte Cap 50-70'!$B:$AA,7,FALSE)","v":"IPOJUCA - PE"},{"$f":"VLOOKUP($W19,'Transporte Cap 50-70'!$B:$AA,8,FALSE)","v":"Mossoró - RN"},{"$f":"VLOOKUP($W19,'Transporte Cap 50-70'!$B:$AA,9,FALSE)","v":"-"},{"$f":"VLOOKUP($W19,'Transporte Cap 50-70'!$B:$AA,10,FALSE)","v":3.5390407801542887},{"$f":"VLOOKUP($W19,'Transporte Cap 50-70'!$B:$AA,11,FALSE)","v":3539.0407801542888},{"$f":"VLOOKUP($W19,'Transporte Cap 50-70'!$B:$AA,12,FALSE)","v":1052.3499999999999},{"$f":"VLOOKUP($W19,'Transporte Cap 50-70'!$B:$AA,13,FALSE)","v":4591.3907801542882},{"$f":"VLOOKUP($W19,'Transporte Cap 50-70'!$B$13:$AA$26,14,FALSE)","v":586.4},{"$f":"VLOOKUP($W19,'Transporte Cap 50-70'!$B:$AA,15,FALSE)","v":0},{"$f":"VLOOKUP($W19,'Transporte Cap 50-70'!$B:$AA,18,FALSE)","v":175.3},{"$f":"VLOOKUP($W19,'Transporte Cap 50-70'!$B:$AA,19,FALSE)","v":43.82},{"$f":"VLOOKUP($W19,'Transporte Cap 50-70'!$B:$AA,20,FALSE)","v":257.23},{"$f":"VLOOKUP($W19,'Transporte Cap 50-70'!$B:$AA,21,FALSE)","v":476.35},{"$f":"VLOOKUP($W19,'Transporte Cap 50-70'!$B:$AA,22,FALSE)","v":0},{"$f":"VLOOKUP($W19,'Transporte Cap 50-70'!$B:$AA,23,FALSE)","v":0},{"$f":"VLOOKUP($W19,'Transporte Cap 50-70'!$B:$AA,24,FALSE)","v":476.35},{"$f":"VLOOKUP($W19,'Transporte Cap 50-70'!$B:$AA,25,FALSE)","v":4591.3907801542882},{"$f":"SMALL('Transporte Cap 50-70'!$AA$13:$AA$26,3)","v":5067.7407801542886}]
[null,4,null,null,null,{"$f":"VLOOKUP($W20,'Transporte Cap 50-70'!$B:$AA,7,FALSE)","v":"SÃO FRANCISCO DO CONDE - BA"},{"$f":"VLOOKUP($W20,'Transporte Cap 50-70'!$B:$AA,8,FALSE)","v":"Mossoró - RN"},{"$f":"VLOOKUP($W20,'Transporte Cap 50-70'!$B:$AA,9,FALSE)","v":3.5809639056030473},{"$f":"VLOOKUP($W20,'Transporte Cap 50-70'!$B:$AA,10,FALSE)","v":3.5390407801542887},{"$f":"VLOOKUP($W20,'Transporte Cap 50-70'!$B:$AA,11,FALSE)","v":3580.9639056030474},{"$f":"VLOOKUP($W20,'Transporte Cap 50-70'!$B:$AA,12,FALSE)","v":1064.81},{"$f":"VLOOKUP($W20,'Transporte Cap 50-70'!$B:$AA,13,FALSE)","v":4645.7739056030478},{"$f":"VLOOKUP($W20,'Transporte Cap 50-70'!$B$13:$AA$26,14,FALSE)","v":1000},{"$f":"VLOOKUP($W20,'Transporte Cap 50-70'!$B:$AA,15,FALSE)","v":0},{"$f":"VLOOKUP($W20,'Transporte Cap 50-70'!$B:$AA,18,FALSE)","v":279.94},{"$f":"VLOOKUP($W20,'Transporte Cap 50-70'!$B:$AA,19,FALSE)","v":69.98},{"$f":"VLOOKUP($W20,'Transporte Cap 50-70'!$B:$AA,20,FALSE)","v":410.78},{"$f":"VLOOKUP($W20,'Transporte Cap 50-70'!$B:$AA,21,FALSE)","v":760.7},{"$f":"VLOOKUP($W20,'Transporte Cap 50-70'!$B:$AA,22,FALSE)","v":21},{"$f":"VLOOKUP($W20,'Transporte Cap 50-70'!$B:$AA,23,FALSE)","v":1.5505020673360899},{"$f":"VLOOKUP($W20,'Transporte Cap 50-70'!$B:$AA,24,FALSE)","v":762.25050206733613},{"$f":"VLOOKUP($W20,'Transporte Cap 50-70'!$B:$AA,25,FALSE)","v":4645.7739056030478},{"$f":"SMALL('Transporte Cap 50-70'!$AA$13:$AA$26,4)","v":5408.0244076703839}]
[null,5,null,null,null,{"$f":"VLOOKUP($W21,'Transporte Cap 50-70'!$B:$AA,7,FALSE)","v":"DUQUE DE CAXIAS - RJ"},{"$f":"VLOOKUP($W21,'Transporte Cap 50-70'!$B:$AA,8,FALSE)","v":"Mossoró - RN"},{"$f":"VLOOKUP($W21,'Transporte Cap 50-70'!$B:$AA,9,FALSE)","v":3.5348431484658476},{"$f":"VLOOKUP($W21,'Transporte Cap 50-70'!$B:$AA,10,FALSE)","v":3.6604389956970245},{"$f":"VLOOKUP($W21,'Transporte Cap 50-70'!$B:$AA,11,FALSE)","v":3534.8431484658477},{"$f":"VLOOKUP($W21,'Transporte Cap 50-70'!$B:$AA,12,FALSE)","v":1051.0999999999999},{"$f":"VLOOKUP($W21,'Transporte Cap 50-70'!$B:$AA,13,FALSE)","v":4585.9431484658471},{"$f":"VLOOKUP($W21,'Transporte Cap 50-70'!$B$13:$AA$26,14,FALSE)","v":2412.1999999999998},{"$f":"VLOOKUP($W21,'Transporte Cap 50-70'!$B:$AA,15,FALSE)","v":0},{"$f":"VLOOKUP($W21,'Transporte Cap 50-70'!$B:$AA,18,FALSE)","v":637.23},{"$f":"VLOOKUP($W21,'Transporte Cap 50-70'!$B:$AA,19,FALSE)","v":159.30000000000001},{"$f":"VLOOKUP($W21,'Transporte Cap 50-70'!$B:$AA,20,FALSE)","v":935.07},{"$f":"VLOOKUP($W21,'Transporte Cap 50-70'!$B:$AA,21,FALSE)","v":1731.6},{"$f":"VLOOKUP($W21,'Transporte Cap 50-70'!$B:$AA,22,FALSE)","v":564},{"$f":"VLOOKUP($W21,'Transporte Cap 50-70'!$B:$AA,23,FALSE)","v":41.642055522740698},{"$f":"VLOOKUP($W21,'Transporte Cap 50-70'!$B:$AA,24,FALSE)","v":1773.2420555227407},{"$f":"VLOOKUP($W21,'Transporte Cap 50-70'!$B:$AA,25,FALSE)","v":4585.9431484658471},{"$f":"SMALL('Transporte Cap 50-70'!$AA$13:$AA$26,5)","v":6359.185203988588}]
[null,6,null,null,null,{"$f":"VLOOKUP($W22,'Transporte Cap 50-70'!$B:$AA,7,FALSE)","v":"BETIM - MG"},{"$f":"VLOOKUP($W22,'Transporte Cap 50-70'!$B:$AA,8,FALSE)","v":"Mossoró - RN"},{"$f":"VLOOKUP($W22,'Transporte Cap 50-70'!$B:$AA,9,FALSE)","v":3.7895594741463419},{"$f":"VLOOKUP($W22,'Transporte Cap 50-70'!$B:$AA,10,FALSE)","v":3.6604389956970245},{"$f":"VLOOKUP($W22,'Transporte Cap 50-70'!$B:$AA,11,FALSE)","v":3789.5594741463419},{"$f":"VLOOKUP($W22,'Transporte Cap 50-70'!$B:$AA,12,FALSE)","v":1126.8399999999999},{"$f":"VLOOKUP($W22,'Transporte Cap 50-70'!$B:$AA,13,FALSE)","v":4916.3994741463421},{"$f":"VLOOKUP($W22,'Transporte Cap 50-70'!$B$13:$AA$26,14,FALSE)","v":2179.6},{"$f":"VLOOKUP($W22,'Transporte Cap 50-70'!$B:$AA,15,FALSE)","v":0},{"$f":"VLOOKUP($W22,'Transporte Cap 50-70'!$B:$AA,18,FALSE)","v":578.38},{"$f":"VLOOKUP($W22,'Transporte Cap 50-70'!$B:$AA,19,FALSE)","v":144.59},{"$f":"VLOOKUP($W22,'Transporte Cap 50-70'!$B:$AA,20,FALSE)","v":848.71},{"$f":"VLOOKUP($W22,'Transporte Cap 50-70'!$B:$AA,21,FALSE)","v":1571.68},{"$f":"VLOOKUP($W22,'Transporte Cap 50-70'!$B:$AA,22,FALSE)","v":183},{"$f":"VLOOKUP($W22,'Transporte Cap 50-70'!$B:$AA,23,FALSE)","v":13.511518015357353},{"$f":"VLOOKUP($W22,'Transporte Cap 50-70'!$B:$AA,24,FALSE)","v":1585.1915180153574},{"$f":"VLOOKUP($W22,'Transporte Cap 50-70'!$B:$AA,25,FALSE)","v":4916.3994741463421},{"$f":"SMALL('Transporte Cap 50-70'!$AA$13:$AA$26,6)","v":6501.5909921616994}]
[{"$nulls":14},{"$f":"VLOOKUP($W23,'Transporte Cap 50-70'!$B:$AA,18,FALSE)","v":{"$error":"#N/A"}},null,null,{"$f":"VLOOKUP($W23,'Transporte Cap 50-70'!$B:$AA,21,FALSE)","v":{"$error":"#N/A"}}]
[{"$nulls":14},{"$f":"VLOOKUP($W24,'Transporte Cap 50-70'!$B:$AA,18,FALSE)","v":{"$error":"#N/A"}},null,null,{"$f":"VLOOKUP($W24,'Transporte Cap 50-70'!$B:$AA,21,FALSE)","v":{"$error":"#N/A"}}]
[{"$nulls":14},{"$f":"VLOOKUP($W25,'Transporte Cap 50-70'!$B:$AA,18,FALSE)","v":{"$error":"#N/A"}},null,null,{"$f":"VLOOKUP($W25,'Transporte Cap 50-70'!$B:$AA,21,FALSE)","v":{"$error":"#N/A"}}]
[{"$nulls":14},{"$f":"VLOOKUP($W26,'Transporte Cap 50-70'!$B:$AA,18,FALSE)","v":{"$error":"#N/A"}},null,null,{"$f":"VLOOKUP($W26,'Transporte Cap 50-70'!$B:$AA,21,FALSE)","v":{"$error":"#N/A"}}]
[{"$nulls":14},{"$f":"VLOOKUP($W27,'Transporte Cap 50-70'!$B:$AA,18,FALSE)","v":{"$error":"#N/A"}},null,null,{"$f":"VLOOKUP($W27,'Transporte Cap 50-70'!$B:$AA,21,FALSE)","v":{"$error":"#N/A"}}]
[null,1,"CAP MODIF. C/ POLÍMERO 60/85","Refinaria Abreu e Lima","Rodovia PE 60, Km 10 - Ipojuca - PE CEP:55590-000",{"$error":"#REF!"},"Palmas - TO",2.2618949483203123,2.3534139050749991,2261.8949483203123,393.19,2655.0849483203124,1181,1181,{"$f":"VLOOKUP($W28,'Transporte Cap 50-70'!$B:$AA,18,FALSE)","v":{"$error":"#N/A"}},44.41,202.55,{"$f":"VLOOKUP($W28,'Transporte Cap 50-70'!$B:$AA,21,FALSE)","v":{"$error":"#N/A"}},102,102,674.69,2655.0849483203124,3329.7749483203124]
[null,2,null,"Refinaria Potiguar Clara Camarão","Rodovia RN 221, KM 25 - Guamaré - RN CEP:59598-000","UBERLANDIA - MG","Palmas - TO",2.2618949483203123,2.3534139050749991,2261.8949483203123,393.19,2655.0849483203124,1182,1182,{"$f":"VLOOKUP($W29,'Transporte Cap 50-70'!$B:$AA,18,FALSE)","v":{"$error":"#N/A"}},44.45,202.71,{"$f":"VLOOKUP($W29,'Transporte Cap 50-70'!$B:$AA,21,FALSE)","v":{"$error":"#N/A"}},102,102,675.14,2655.0849483203124,3330.2249483203123]
[null,3,null,"Complexo Petroquímico do Rio de Janeiro (Comperj)","Rodovia Estadual RJ-116 - Km 5,2 - Acesso A-1, s/n, Complemento Sambaetiba - Zona Urbana do 4º Distrito de Itaboraí - RJ CEP:24841-203","GOIANIRA - GO","Palmas - TO","",2.5552069552432553,2555.2069552432554,444.18,2999.3869552432552,814,814,{"$f":"VLOOKUP($W30,'Transporte Cap 50-70'!$B:$AA,18,FALSE)","v":{"$error":"#N/A"}},31.75,144.81,{"$f":"VLOOKUP($W30,'Transporte Cap 50-70'!$B:$AA,21,FALSE)","v":{"$error":"#N/A"}},0,0,409.44,2999.3869552432552,3408.8269552432553]
[null,4,null,null,null,"BRASÍLIA - DF","Palmas - TO","",2.5552069552432553,2555.2069552432554,444.18,2999.3869552432552,822,822,{"$f":"VLOOKUP($W31,'Transporte Cap 50-70'!$B:$AA,18,FALSE)","v":{"$error":"#N/A"}},32.03,146.07,{"$f":"VLOOKUP($W31,'Transporte Cap 50-70'!$B:$AA,21,FALSE)","v":{"$error":"#N/A"}},0,0,413,2999.3869552432552,3412.3869552432552]
[null,5,null,null,null,"APARECIDA DE GOIANIA - GO","Palmas - TO","",2.5552069552432553,2555.2069552432554,444.18,2999.3869552432552,842,842,{"$f":"VLOOKUP($W32,'Transporte Cap 50-70'!$B:$AA,18,FALSE)","v":{"$error":"#N/A"}},32.72,149.22,{"$f":"VLOOKUP($W32,'Transporte Cap 50-70'!$B:$AA,21,FALSE)","v":{"$error":"#N/A"}},0,0,421.9,2999.3869552432552,3421.2869552432553]
[null,6,null,null,null,"ANÁPOLIS - GO","Palmas - TO","",2.5552069552432553,2555.2069552432554,444.18,2999.3869552432552,950,950,{"$f":"VLOOKUP($W33,'Transporte Cap 50-70'!$B:$AA,18,FALSE)","v":{"$error":"#N/A"}},36.44,166.21,{"$f":"VLOOKUP($W33,'Transporte Cap 50-70'!$B:$AA,21,FALSE)","v":{"$error":"#N/A"}},0,0,469.92999999999995,2999.3869552432552,3469.3169552432551]
[]
[null,1,"EAI","Refinaria Abreu e Lima","Rodovia PE 60, Km 10 - Ipojuca - PE CEP:55590-000",{"$f":"VLOOKUP($W35,'Transporte EAI'!$B$13:$AA$32,7,FALSE)","v":"SARZEDO - MG"},{"$f":"VLOOKUP($W35,'Transporte EAI'!$B:$AA,8,FALSE)","v":"Mossoró - RN"},{"$f":"VLOOKUP($W35,'Transporte EAI'!$B$13:$AA$32,9,FALSE)","v":2.1408144869653505},{"$f":"VLOOKUP($W35,'Transporte EAI'!$B$13:$AA$32,10,FALSE)","v":2.3082119634190552},{"$f":"VLOOKUP($W35,'Transporte EAI'!$B$13:$AA$32,11,FALSE)","v":2140.8144869653506},{"$f":"VLOOKUP($W35,'Transporte EAI'!$B$13:$AA$32,12,FALSE)","v":636.58000000000004},{"$f":"VLOOKUP($W35,'Transporte EAI'!$B$13:$AA$32,13,FALSE)","v":2777.3944869653506},{"$f":"VLOOKUP($W35,'Transporte EAI'!$B$13:$AA$32,14,FALSE)","v":2196.5},{"$f":"VLOOKUP($W35,'[203]Transporte EAI'!$B$13:$AA$32,15,FALSE)","v":{"$error":"#N/A"}},{"$f":"VLOOKUP($W35,'Transporte EAI'!$B$13:$AA$32,18,FALSE)","v":582.65},{"$f":"VLOOKUP($W35,'Transporte EAI'!$B$13:$AA$32,19,FALSE)","v":145.66},{"$f":"VLOOKUP($W35,'Transporte EAI'!$B$13:$AA$32,20,FALSE)","v":854.98},{"$f":"VLOOKUP($W35,'Transporte EAI'!$B$13:$AA$32,21,FALSE)","v":1583.29},{"$f":"VLOOKUP($W35,'Transporte EAI'!$B$13:$AA$32,22,FALSE)","v":183},{"$f":"VLOOKUP($W35,'Transporte EAI'!$B$13:$AA$32,23,FALSE)","v":13.669467787114847},{"$f":"VLOOKUP($W35,'Transporte EAI'!$B$13:$AA$32,24,FALSE)","v":1596.9594677871148},{"$f":"VLOOKUP($W35,'Transporte EAI'!$B$13:$AA$32,25,FALSE)","v":2777.3944869653506},{"$f":"SMALL('Transporte EAI'!$AA$13:$AA$32,1)","v":4374.3539547524651}]
[null,2,null,"Refinaria Potiguar Clara Camarão","Rodovia RN 221, KM 25 - Guamaré - RN CEP:59598-000",{"$f":"VLOOKUP($W36,'Transporte EAI'!$B$13:$AA$32,7,FALSE)","v":"ANÁPOLIS - GO"},{"$f":"VLOOKUP($W36,'Transporte EAI'!$B$13:$AA$32,8,FALSE)","v":"Mossoró - RN"},{"$f":"VLOOKUP($W36,'Transporte EAI'!$B$13:$AA$32,9,FALSE)","v":2.1679680828757855},{"$f":"VLOOKUP($W36,'Transporte EAI'!$B$13:$AA$32,10,FALSE)","v":2.6234570977303591},{"$f":"VLOOKUP($W36,'Transporte EAI'!$B$13:$AA$32,11,FALSE)","v":2167.9680828757855},{"$f":"VLOOKUP($W36,'Transporte EAI'!$B$13:$AA$32,12,FALSE)","v":644.65},{"$f":"VLOOKUP($W36,'Transporte EAI'!$B$13:$AA$32,13,FALSE)","v":2812.6180828757856},{"$f":"VLOOKUP($W36,'Transporte EAI'!$B$13:$AA$32,14,FALSE)","v":2355.6},{"$f":"VLOOKUP($W36,'[203]Transporte EAI'!$B$13:$AA$32,15,FALSE)","v":{"$error":"#N/A"}},{"$f":"VLOOKUP($W36,'Transporte EAI'!$B$13:$AA$32,18,FALSE)","v":622.91},{"$f":"VLOOKUP($W36,'Transporte EAI'!$B$13:$AA$32,19,FALSE)","v":155.72},{"$f":"VLOOKUP($W36,'Transporte EAI'!$B$13:$AA$32,20,FALSE)","v":914.05},{"$f":"VLOOKUP($W36,'Transporte EAI'!$B$13:$AA$32,21,FALSE)","v":1692.6799999999998},{"$f":"VLOOKUP($W36,'Transporte EAI'!$B$13:$AA$32,22,FALSE)","v":13.8},{"$f":"VLOOKUP($W36,'Transporte EAI'!$B$13:$AA$32,23,FALSE)","v":1.0308123249299721},{"$f":"VLOOKUP($W36,'Transporte EAI'!$B$13:$AA$32,24,FALSE)","v":1693.7108123249297},{"$f":"VLOOKUP($W36,'Transporte EAI'!$B$13:$AA$32,25,FALSE)","v":2812.6180828757856},{"$f":"SMALL('Transporte EAI'!$AA$13:$AA$32,2)","v":4506.3288952007151}]
[null,3,null,"Complexo Petroquímico do Rio de Janeiro (Comperj)","Rodovia Estadual RJ-116 - Km 5,2 - Acesso A-1, s/n, Complemento Sambaetiba - Zona Urbana do 4º Distrito de Itaboraí - RJ CEP:24841-203",{"$f":"VLOOKUP($W37,'Transporte EAI'!$B$13:$AA$32,7,FALSE)","v":"UBERLANDIA - MG"},{"$f":"VLOOKUP($W37,'Transporte EAI'!$B$13:$AA$32,8,FALSE)","v":"Mossoró - RN"},{"$f":"VLOOKUP($W37,'Transporte EAI'!$B$13:$AA$32,9,FALSE)","v":2.1408144869653505},{"$f":"VLOOKUP($W37,'Transporte EAI'!$B$13:$AA$32,10,FALSE)","v":2.3082119634190552},{"$f":"VLOOKUP($W37,'Transporte EAI'!$B$13:$AA$32,11,FALSE)","v":2140.8144869653506},{"$f":"VLOOKUP($W37,'Transporte EAI'!$B$13:$AA$32,12,FALSE)","v":636.58000000000004},{"$f":"VLOOKUP($W37,'Transporte EAI'!$B$13:$AA$32,13,FALSE)","v":2777.3944869653506},{"$f":"VLOOKUP($W37,'Transporte EAI'!$B$13:$AA$32,14,FALSE)","v":2424.4},{"$f":"VLOOKUP($W37,'[203]Transporte EAI'!$B$13:$AA$32,15,FALSE)","v":{"$error":"#N/A"}},{"$f":"VLOOKUP($W37,'Transporte EAI'!$B$13:$AA$32,18,FALSE)","v":640.30999999999995},{"$f":"VLOOKUP($W37,'Transporte EAI'!$B$13:$AA$32,19,FALSE)","v":160.07},{"$f":"VLOOKUP($W37,'Transporte EAI'!$B$13:$AA$32,20,FALSE)","v":939.59},{"$f":"VLOOKUP($W37,'Transporte EAI'!$B$13:$AA$32,21,FALSE)","v":1739.9699999999998},{"$f":"VLOOKUP($W37,'Transporte EAI'!$B$13:$AA$32,22,FALSE)","v":335.4},{"$f":"VLOOKUP($W37,'Transporte EAI'!$B$13:$AA$32,23,FALSE)","v":25.053221288515406},{"$f":"VLOOKUP($W37,'Transporte EAI'!$B$13:$AA$32,24,FALSE)","v":1765.0232212885153},{"$f":"VLOOKUP($W37,'Transporte EAI'!$B$13:$AA$32,25,FALSE)","v":2777.3944869653506},{"$f":"SMALL('Transporte EAI'!$AA$13:$AA$32,3)","v":4542.4177082538663}]
[null,4,null,null,null,{"$f":"VLOOKUP($W38,'Transporte EAI'!$B$13:$AA$32,7,FALSE)","v":"UBERLANDIA - MG"},{"$f":"VLOOKUP($W38,'Transporte EAI'!$B$13:$AA$32,8,FALSE)","v":"Mossoró - RN"},{"$f":"VLOOKUP($W38,'Transporte EAI'!$B$13:$AA$32,9,FALSE)","v":2.1408144869653505},{"$f":"VLOOKUP($W38,'Transporte EAI'!$B$13:$AA$32,10,FALSE)","v":2.3082119634190552},{"$f":"VLOOKUP($W38,'Transporte EAI'!$B$13:$AA$32,11,FALSE)","v":2140.8144869653506},{"$f":"VLOOKUP($W38,'Transporte EAI'!$B$13:$AA$32,12,FALSE)","v":636.58000000000004},{"$f":"VLOOKUP($W38,'Transporte EAI'!$B$13:$AA$32,13,FALSE)","v":2777.3944869653506},{"$f":"VLOOKUP($W38,'Transporte EAI'!$B$13:$AA$32,14,FALSE)","v":2424.4},{"$f":"VLOOKUP($W38,'[203]Transporte EAI'!$B$13:$AA$32,15,FALSE)","v":{"$error":"#N/A"}},{"$f":"VLOOKUP($W38,'Transporte EAI'!$B$13:$AA$32,18,FALSE)","v":640.30999999999995},{"$f":"VLOOKUP($W38,'Transporte EAI'!$B$13:$AA$32,19,FALSE)","v":160.07},{"$f":"VLOOKUP($W38,'Transporte EAI'!$B$13:$AA$32,20,FALSE)","v":939.59},{"$f":"VLOOKUP($W38,'Transporte EAI'!$B$13:$AA$32,21,FALSE)","v":1739.9699999999998},{"$f":"VLOOKUP($W38,'Transporte EAI'!$B$13:$AA$32,22,FALSE)","v":335.4},{"$f":"VLOOKUP($W38,'Transporte EAI'!$B$13:$AA$32,23,FALSE)","v":25.053221288515406},{"$f":"VLOOKUP($W38,'Transporte EAI'!$B$13:$AA$32,24,FALSE)","v":1765.0232212885153},{"$f":"VLOOKUP($W38,'Transporte EAI'!$B$13:$AA$32,25,FALSE)","v":2777.3944869653506},{"$f":"SMALL('Transporte EAI'!$AA$13:$AA$32,4)","v":4542.4177082538663}]
[null,5,null,null,null,{"$f":"VLOOKUP($W39,'Transporte EAI'!$B$13:$AA$32,7,FALSE)","v":"APARECIDA DE GOIANIA - GO"},{"$f":"VLOOKUP($W39,'Transporte EAI'!$B$13:$AA$32,8,FALSE)","v":"Mossoró - RN"},{"$f":"VLOOKUP($W39,'Transporte EAI'!$B$13:$AA$32,9,FALSE)","v":2.1679680828757855},{"$f":"VLOOKUP($W39,'Transporte EAI'!$B$13:$AA$32,10,FALSE)","v":2.6234570977303591},{"$f":"VLOOKUP($W39,'Transporte EAI'!$B$13:$AA$32,11,FALSE)","v":2167.9680828757855},{"$f":"VLOOKUP($W39,'Transporte EAI'!$B$13:$AA$32,12,FALSE)","v":644.65},{"$f":"VLOOKUP($W39,'Transporte EAI'!$B$13:$AA$32,13,FALSE)","v":2812.6180828757856},{"$f":"VLOOKUP($W39,'Transporte EAI'!$B$13:$AA$32,14,FALSE)","v":2424.6},{"$f":"VLOOKUP($W39,'[203]Transporte EAI'!$B$13:$AA$32,15,FALSE)","v":{"$error":"#N/A"}},{"$f":"VLOOKUP($W39,'Transporte EAI'!$B$13:$AA$32,18,FALSE)","v":640.36},{"$f":"VLOOKUP($W39,'Transporte EAI'!$B$13:$AA$32,19,FALSE)","v":160.09},{"$f":"VLOOKUP($W39,'Transporte EAI'!$B$13:$AA$32,20,FALSE)","v":939.67},{"$f":"VLOOKUP($W39,'Transporte EAI'!$B$13:$AA$32,21,FALSE)","v":1740.12},{"$f":"VLOOKUP($W39,'Transporte EAI'!$B$13:$AA$32,22,FALSE)","v":72},{"$f":"VLOOKUP($W39,'Transporte EAI'!$B$13:$AA$32,23,FALSE)","v":5.3781512605042021},{"$f":"VLOOKUP($W39,'Transporte EAI'!$B$13:$AA$32,24,FALSE)","v":1745.4981512605041},{"$f":"VLOOKUP($W39,'Transporte EAI'!$B$13:$AA$32,25,FALSE)","v":2812.6180828757856},{"$f":"SMALL('Transporte EAI'!$AA$13:$AA$32,5)","v":4558.1162341362897}]
[null,6,null,null,null,{"$f":"VLOOKUP($W40,'Transporte EAI'!$B$13:$AA$32,7,FALSE)","v":"GOIANIRA - GO"},{"$f":"VLOOKUP($W40,'Transporte EAI'!$B$13:$AA$32,8,FALSE)","v":"Mossoró - RN"},{"$f":"VLOOKUP($W40,'Transporte EAI'!$B$13:$AA$32,9,FALSE)","v":2.1679680828757855},{"$f":"VLOOKUP($W40,'Transporte EAI'!$B$13:$AA$32,10,FALSE)","v":2.6234570977303591},{"$f":"VLOOKUP($W40,'Transporte EAI'!$B$13:$AA$32,11,FALSE)","v":2167.9680828757855},{"$f":"VLOOKUP($W40,'Transporte EAI'!$B$13:$AA$32,12,FALSE)","v":644.65},{"$f":"VLOOKUP($W40,'Transporte EAI'!$B$13:$AA$32,13,FALSE)","v":2812.6180828757856},{"$f":"VLOOKUP($W40,'Transporte EAI'!$B$13:$AA$32,14,FALSE)","v":2472.5},{"$f":"VLOOKUP($W40,'[203]Transporte EAI'!$B$13:$AA$32,15,FALSE)","v":{"$error":"#N/A"}},{"$f":"VLOOKUP($W40,'Transporte EAI'!$B$13:$AA$32,18,FALSE)","v":652.48},{"$f":"VLOOKUP($W40,'Transporte EAI'!$B$13:$AA$32,19,FALSE)","v":163.12},{"$f":"VLOOKUP($W40,'Transporte EAI'!$B$13:$AA$32,20,FALSE)","v":957.45},{"$f":"VLOOKUP($W40,'Transporte EAI'!$B$13:$AA$32,21,FALSE)","v":1773.0500000000002},{"$f":"VLOOKUP($W40,'Transporte EAI'!$B$13:$AA$32,22,FALSE)","v":145.19999999999999},{"$f":"VLOOKUP($W40,'Transporte EAI'!$B$13:$AA$32,23,FALSE)","v":10.845938375350141},{"$f":"VLOOKUP($W40,'Transporte EAI'!$B$13:$AA$32,24,FALSE)","v":1783.8959383753504},{"$f":"VLOOKUP($W40,'Transporte EAI'!$B$13:$AA$32,25,FALSE)","v":2812.6180828757856},{"$f":"SMALL('Transporte EAI'!$AA$13:$AA$32,6)","v":4596.514021251136}]
[]
[null,1,"RR1-C","Refinaria Abreu e Lima","Rodovia PE 60, Km 10 - Ipojuca - PE CEP:55590-000",{"$f":"VLOOKUP($W42,'Transporte RR-1C'!$B:$AA,7,FALSE)","v":"SARZEDO - MG"},{"$f":"VLOOKUP($W42,'Transporte RR-1C'!$B:$AA,8,FALSE)","v":"Mossoró - RN"},{"$f":"VLOOKUP($W42,'Transporte RR-1C'!$B:$AA,9,FALSE)","v":2.6450170747684685},{"$f":"VLOOKUP($W42,'Transporte RR-1C'!$B:$AA,10,FALSE)","v":2.8941279702011},{"$f":"VLOOKUP($W42,'Transporte RR-1C'!$B:$AA,11,FALSE)","v":2645.0170747684683},{"$f":"VLOOKUP($W42,'Transporte RR-1C'!$B:$AA,12,FALSE)","v":786.5},{"$f":"VLOOKUP($W42,'Transporte RR-1C'!$B:$AA,13,FALSE)","v":3431.5170747684683},{"$f":"VLOOKUP($W42,'Transporte RR-1C'!$B:$AA,14,FALSE)","v":2196.5},{"$f":"VLOOKUP($W42,'Transporte RR-1C'!$B:$AA,15,FALSE)","v":0},{"$f":"VLOOKUP($W42,'Transporte RR-1C'!$B:$AA,18,FALSE)","v":582.65},{"$f":"VLOOKUP($W42,'Transporte RR-1C'!$B:$AA,19,FALSE)","v":145.66},{"$f":"VLOOKUP($W42,'Transporte RR-1C'!$B:$AA,20,FALSE)","v":854.98},{"$f":"VLOOKUP($W42,'Transporte RR-1C'!$B:$AA,21,FALSE)","v":1583.29},{"$f":"VLOOKUP($W42,'Transporte RR-1C'!$B:$AA,22,FALSE)","v":183},{"$f":"VLOOKUP($W42,'Transporte RR-1C'!$B:$AA,23,FALSE)","v":21.26670540383498},{"$f":"VLOOKUP($W42,'Transporte RR-1C'!$B:$AA,24,FALSE)","v":1604.5567054038349},{"$f":"VLOOKUP($W42,'Transporte RR-1C'!$B:$AA,25,FALSE)","v":3431.5170747684683},{"$f":"SMALL('Transporte RR-1C'!$AA$13:$AA$32,1)","v":5036.0737801723035}]
[null,2,null,"Refinaria Potiguar Clara Camarão","Rodovia RN 221, KM 25 - Guamaré - RN CEP:59598-000",{"$f":"VLOOKUP($W43,'Transporte RR-1C'!$B:$AA,7,FALSE)","v":"UBERLANDIA - MG"},{"$f":"VLOOKUP($W43,'Transporte RR-1C'!$B:$AA,8,FALSE)","v":"Mossoró - RN"},{"$f":"VLOOKUP($W43,'Transporte RR-1C'!$B:$AA,9,FALSE)","v":2.6450170747684685},{"$f":"VLOOKUP($W43,'Transporte RR-1C'!$B:$AA,10,FALSE)","v":2.8941279702011},{"$f":"VLOOKUP($W43,'Transporte RR-1C'!$B:$AA,11,FALSE)","v":2645.0170747684683},{"$f":"VLOOKUP($W43,'Transporte RR-1C'!$B:$AA,12,FALSE)","v":786.5},{"$f":"VLOOKUP($W43,'Transporte RR-1C'!$B:$AA,13,FALSE)","v":3431.5170747684683},{"$f":"VLOOKUP($W43,'Transporte RR-1C'!$B:$AA,14,FALSE)","v":2424.4},{"$f":"VLOOKUP($W43,'Transporte RR-1C'!$B:$AA,15,FALSE)","v":0},{"$f":"VLOOKUP($W43,'Transporte RR-1C'!$B:$AA,18,FALSE)","v":640.30999999999995},{"$f":"VLOOKUP($W43,'Transporte RR-1C'!$B:$AA,19,FALSE)","v":160.07},{"$f":"VLOOKUP($W43,'Transporte RR-1C'!$B:$AA,20,FALSE)","v":939.59},{"$f":"VLOOKUP($W43,'Transporte RR-1C'!$B:$AA,21,FALSE)","v":1739.9699999999998},{"$f":"VLOOKUP($W43,'Transporte RR-1C'!$B:$AA,22,FALSE)","v":335.4},{"$f":"VLOOKUP($W43,'Transporte RR-1C'!$B:$AA,23,FALSE)","v":38.977338756536895},{"$f":"VLOOKUP($W43,'Transporte RR-1C'!$B:$AA,24,FALSE)","v":1778.9473387565367},{"$f":"VLOOKUP($W43,'Transporte RR-1C'!$B:$AA,25,FALSE)","v":3431.5170747684683},{"$f":"SMALL('Transporte RR-1C'!$AA$13:$AA$32,2)","v":5210.4644135250055}]
[null,3,null,"Complexo Petroquímico do Rio de Janeiro (Comperj)","Rodovia Estadual RJ-116 - Km 5,2 - Acesso A-1, s/n, Complemento Sambaetiba - Zona Urbana do 4º Distrito de Itaboraí - RJ CEP:24841-203",{"$f":"VLOOKUP($W44,'Transporte RR-1C'!$B:$AA,7,FALSE)","v":"UBERLANDIA - MG"},{"$f":"VLOOKUP($W44,'Transporte RR-1C'!$B:$AA,8,FALSE)","v":"Mossoró - RN"},{"$f":"VLOOKUP($W44,'Transporte RR-1C'!$B:$AA,9,FALSE)","v":2.6450170747684685},{"$f":"VLOOKUP($W44,'Transporte RR-1C'!$B:$AA,10,FALSE)","v":2.8941279702011},{"$f":"VLOOKUP($W44,'Transporte RR-1C'!$B:$AA,11,FALSE)","v":2645.0170747684683},{"$f":"VLOOKUP($W44,'Transporte RR-1C'!$B:$AA,12,FALSE)","v":786.5},{"$f":"VLOOKUP($W44,'Transporte RR-1C'!$B:$AA,13,FALSE)","v":3431.5170747684683},{"$f":"VLOOKUP($W44,'Transporte RR-1C'!$B:$AA,14,FALSE)","v":2424.4},{"$f":"VLOOKUP($W44,'Transporte RR-1C'!$B:$AA,15,FALSE)","v":0},{"$f":"VLOOKUP($W44,'Transporte RR-1C'!$B:$AA,18,FALSE)","v":640.30999999999995},{"$f":"VLOOKUP($W44,'Transporte RR-1C'!$B:$AA,19,FALSE)","v":160.07},{"$f":"VLOOKUP($W44,'Transporte RR-1C'!$B:$AA,20,FALSE)","v":939.59},{"$f":"VLOOKUP($W44,'Transporte RR-1C'!$B:$AA,21,FALSE)","v":1739.9699999999998},{"$f":"VLOOKUP($W44,'Transporte RR-1C'!$B:$AA,22,FALSE)","v":335.4},{"$f":"VLOOKUP($W44,'Transporte RR-1C'!$B:$AA,23,FALSE)","v":38.977338756536895},{"$f":"VLOOKUP($W44,'Transporte RR-1C'!$B:$AA,24,FALSE)","v":1778.9473387565367},{"$f":"VLOOKUP($W44,'Transporte RR-1C'!$B:$AA,25,FALSE)","v":3431.5170747684683},{"$f":"SMALL('Transporte RR-1C'!$AA$13:$AA$32,3)","v":5210.4644135250055}]
[null,4,null,"Refinaria Abreu e Lima","Rodovia PE 60, Km 10 - Ipojuca - PE CEP:55590-000",{"$f":"VLOOKUP($W45,'Transporte RR-1C'!$B:$AA,7,FALSE)","v":"ANÁPOLIS - GO"},{"$f":"VLOOKUP($W45,'Transporte RR-1C'!$B:$AA,8,FALSE)","v":"Mossoró - RN"},{"$f":"VLOOKUP($W45,'Transporte RR-1C'!$B:$AA,9,FALSE)","v":2.7262310626037696},{"$f":"VLOOKUP($W45,'Transporte RR-1C'!$B:$AA,10,FALSE)","v":2.8464376068861252},{"$f":"VLOOKUP($W45,'Transporte RR-1C'!$B:$AA,11,FALSE)","v":2726.2310626037697},{"$f":"VLOOKUP($W45,'Transporte RR-1C'!$B:$AA,12,FALSE)","v":810.65},{"$f":"VLOOKUP($W45,'Transporte RR-1C'!$B:$AA,13,FALSE)","v":3536.8810626037698},{"$f":"VLOOKUP($W45,'Transporte RR-1C'!$B:$AA,14,FALSE)","v":2355.6},{"$f":"VLOOKUP($W45,'Transporte RR-1C'!$B:$AA,15,FALSE)","v":0},{"$f":"VLOOKUP($W45,'Transporte RR-1C'!$B:$AA,18,FALSE)","v":622.91},{"$f":"VLOOKUP($W45,'Transporte RR-1C'!$B:$AA,19,FALSE)","v":155.72},{"$f":"VLOOKUP($W45,'Transporte RR-1C'!$B:$AA,20,FALSE)","v":914.05},{"$f":"VLOOKUP($W45,'Transporte RR-1C'!$B:$AA,21,FALSE)","v":1692.6799999999998},{"$f":"VLOOKUP($W45,'Transporte RR-1C'!$B:$AA,22,FALSE)","v":13.8},{"$f":"VLOOKUP($W45,'Transporte RR-1C'!$B:$AA,23,FALSE)","v":1.6037187681580476},{"$f":"VLOOKUP($W45,'Transporte RR-1C'!$B:$AA,24,FALSE)","v":1694.283718768158},{"$f":"VLOOKUP($W45,'Transporte RR-1C'!$B:$AA,25,FALSE)","v":3536.8810626037698},{"$f":"SMALL('Transporte RR-1C'!$AA$13:$AA$32,4)","v":5231.1647813719283}]
[null,5,null,"Refinaria Potiguar Clara Camarão","Rodovia RN 221, KM 25 - Guamaré - RN CEP:59598-000",{"$f":"VLOOKUP($W46,'Transporte RR-1C'!$B:$AA,7,FALSE)","v":"APARECIDA DE GOIANIA - GO"},{"$f":"VLOOKUP($W46,'Transporte RR-1C'!$B:$AA,8,FALSE)","v":"Mossoró - RN"},{"$f":"VLOOKUP($W46,'Transporte RR-1C'!$B:$AA,9,FALSE)","v":2.7262310626037696},{"$f":"VLOOKUP($W46,'Transporte RR-1C'!$B:$AA,10,FALSE)","v":2.8464376068861252},{"$f":"VLOOKUP($W46,'Transporte RR-1C'!$B:$AA,11,FALSE)","v":2726.2310626037697},{"$f":"VLOOKUP($W46,'Transporte RR-1C'!$B:$AA,12,FALSE)","v":810.65},{"$f":"VLOOKUP($W46,'Transporte RR-1C'!$B:$AA,13,FALSE)","v":3536.8810626037698},{"$f":"VLOOKUP($W46,'Transporte RR-1C'!$B:$AA,14,FALSE)","v":2424.6},{"$f":"VLOOKUP($W46,'Transporte RR-1C'!$B:$AA,15,FALSE)","v":0},{"$f":"VLOOKUP($W46,'Transporte RR-1C'!$B:$AA,18,FALSE)","v":640.36},{"$f":"VLOOKUP($W46,'Transporte RR-1C'!$B:$AA,19,FALSE)","v":160.09},{"$f":"VLOOKUP($W46,'Transporte RR-1C'!$B:$AA,20,FALSE)","v":939.67},{"$f":"VLOOKUP($W46,'Transporte RR-1C'!$B:$AA,21,FALSE)","v":1740.12},{"$f":"VLOOKUP($W46,'Transporte RR-1C'!$B:$AA,22,FALSE)","v":72},{"$f":"VLOOKUP($W46,'Transporte RR-1C'!$B:$AA,23,FALSE)","v":8.3672283556072049},{"$f":"VLOOKUP($W46,'Transporte RR-1C'!$B:$AA,24,FALSE)","v":1748.4872283556072},{"$f":"VLOOKUP($W46,'Transporte RR-1C'!$B:$AA,25,FALSE)","v":3536.8810626037698},{"$f":"SMALL('Transporte RR-1C'!$AA$13:$AA$32,5)","v":5285.3682909593772}]
[null,6,null,"Complexo Petroquímico do Rio de Janeiro (Comperj)","Rodovia Estadual RJ-116 - Km 5,2 - Acesso A-1, s/n, Complemento Sambaetiba - Zona Urbana do 4º Distrito de Itaboraí - RJ CEP:24841-203",{"$f":"VLOOKUP($W47,'Transporte RR-1C'!$B:$AA,7,FALSE)","v":"BRASÍLIA - DF"},{"$f":"VLOOKUP($W47,'Transporte RR-1C'!$B:$AA,8,FALSE)","v":"Mossoró - RN"},{"$f":"VLOOKUP($W47,'Transporte RR-1C'!$B:$AA,9,FALSE)","v":"-"},{"$f":"VLOOKUP($W47,'Transporte RR-1C'!$B:$AA,10,FALSE)","v":2.8464376068861252},{"$f":"VLOOKUP($W47,'Transporte RR-1C'!$B:$AA,11,FALSE)","v":2846.4376068861252},{"$f":"VLOOKUP($W47,'Transporte RR-1C'!$B:$AA,12,FALSE)","v":846.4},{"$f":"VLOOKUP($W47,'Transporte RR-1C'!$B:$AA,13,FALSE)","v":3692.8376068861253},{"$f":"VLOOKUP($W47,'Transporte RR-1C'!$B:$AA,14,FALSE)","v":2254.6999999999998},{"$f":"VLOOKUP($W47,'Transporte RR-1C'!$B:$AA,15,FALSE)","v":0},{"$f":"VLOOKUP($W47,'Transporte RR-1C'!$B:$AA,18,FALSE)","v":597.38},{"$f":"VLOOKUP($W47,'Transporte RR-1C'!$B:$AA,19,FALSE)","v":149.34},{"$f":"VLOOKUP($W47,'Transporte RR-1C'!$B:$AA,20,FALSE)","v":876.59},{"$f":"VLOOKUP($W47,'Transporte RR-1C'!$B:$AA,21,FALSE)","v":1623.31},{"$f":"VLOOKUP($W47,'Transporte RR-1C'!$B:$AA,22,FALSE)","v":24.4},{"$f":"VLOOKUP($W47,'Transporte RR-1C'!$B:$AA,23,FALSE)","v":2.8355607205113302},{"$f":"VLOOKUP($W47,'Transporte RR-1C'!$B:$AA,24,FALSE)","v":1626.1455607205112},{"$f":"VLOOKUP($W47,'Transporte RR-1C'!$B:$AA,25,FALSE)","v":3692.8376068861253},{"$f":"SMALL('Transporte RR-1C'!$AA$13:$AA$32,6)","v":5318.9831676066369}]

{"sheet":"MOMENTO DE TRANSPORTE - PRINC","index":16,"n_rows":176,"n_cols":11,"rows_kept":176,"cut":false,"hidden":false,"merged":[[161,5,161,7],[151,9,151,10],[152,7,152,10],[160,5,160,7],[157,1,158,2],[157,3,158,3],[157,4,158,4],[157,5,157,7],[143,1,144,2],[143,3,144,3],[143,4,144,4],[143,5,143,7],[131,1,132,2],[131,3,132,3],[131,4,132,4],[131,5,131,7],[134,5,134,7],[114,1,115,2],[114,3,115,3],[114,4,115,4],[114,5,114,7],[117,5,117,7],[34,5,34,7],[85,7,85,10],[88,1,89,2],[88,3,89,3],[88,4,89,4],[88,5,88,7],[46,5,46,7],[40,9,40,10],[41,7,41,10],[43,5,43,7],[43,1,44,2],[43,3,44,3],[65,9,65,10],[66,7,66,10],[71,1,72,2],[4,1,4,10],[61,5,61,7],[51,9,51,10],[52,7,52,10],[27,9,27,10],[28,7,28,10],[31,1,32,2],[31,3,32,3],[31,4,32,4],[31,5,31,7],[43,4,44,4],[60,5,60,7],[57,1,58,2],[57,3,58,3],[57,4,58,4],[57,5,57,7],[100,1,101,2],[100,3,101,3],[100,4,101,4],[100,5,100,7],[91,5,91,7],[98,7,98,10],[165,9,165,10],[71,3,72,3],[71,4,72,4],[71,5,71,7],[74,5,74,7],[75,5,75,7],[109,7,109,10],[103,5,103,7],[108,9,108,10],[97,9,97,10],[84,9,84,10],[128,7,128,10],[127,9,127,10],[146,5,146,7],[140,9,140,10],[141,7,141,10],[174,5,174,7],[175,5,175,7],[166,7,166,10],[171,1,172,2],[171,3,172,3],[171,4,172,4],[171,5,171,7]]}
[]
[]
[]
[]
[null,{"$f":"'ORÇAMENTO '!B1","v":"CONTRATAÇÃO DE SERVIÇOS DE PAVIMENTAÇÃO ASFÁLTICA COM CONCRETO BETUMINOSO USINADO A QUENTE (CBUQ), INCLUSIVE SINALIZAÇÃO VIÁRIA E DRENAGEM SUPERFICAL, NA ESTRADA DO MELÃO, LOCALIZADA NO MUNICÍPIO DE MOSSORÓ/RN."}]
[null,"DATA BASE:",{"$f":"'ORÇAMENTO '!N2","v":"Rio Grande do Norte - Abril/2025"}]
[]
[null,null,"RESUMO DO TRANSPORTE PRINCIPAL"]
[null,"CODIGO ","DESCRIÇÃO","TKM"]
[null,5914359,{"$f":"VLOOKUP(B10,'SINTÉTICO SICRO'!$A:$D,2,0)","v":"Transporte com caminhão basculante de 10 m³ - rodovia em leito natural"},{"$f":"ROUND(SUMIF('MOMENTO DE TRANSPORTE - PRINC'!A:A,B10,'MOMENTO DE TRANSPORTE - PRINC'!K:K),2)","v":0}]
[null,5914374,{"$f":"VLOOKUP(B11,'SINTÉTICO SICRO'!$A:$D,2,0)","v":"Transporte com caminhão basculante de 10 m³ - rodovia em revestimento primário"},{"$f":"ROUND(SUMIF('MOMENTO DE TRANSPORTE - PRINC'!A:A,B11,'MOMENTO DE TRANSPORTE - PRINC'!K:K),2)","v":23988.560000000001}]
[null,5914389,{"$f":"VLOOKUP(B12,'SINTÉTICO SICRO'!$A:$D,2,0)","v":"Transporte com caminhão basculante de 10 m³ - rodovia pavimentada"},{"$f":"ROUND(SUMIF('MOMENTO DE TRANSPORTE - PRINC'!A:A,B12,'MOMENTO DE TRANSPORTE - PRINC'!K:K),2)","v":289481.82}]
[null,5914449,{"$f":"VLOOKUP(B13,'SINTÉTICO SICRO'!$A:$D,2,0)","v":"Transporte com caminhão carroceria de 15 t - rodovia em leito natural"},{"$f":"ROUND(SUMIF('MOMENTO DE TRANSPORTE - PRINC'!A:A,B13,'MOMENTO DE TRANSPORTE - PRINC'!K:K),2)","v":0}]
[null,5914464,{"$f":"VLOOKUP(B14,'SINTÉTICO SICRO'!$A:$D,2,0)","v":"Transporte com caminhão carroceria de 15 t - rodovia em revestimento primário"},{"$f":"ROUND(SUMIF('MOMENTO DE TRANSPORTE - PRINC'!A:A,B14,'MOMENTO DE TRANSPORTE - PRINC'!K:K),2)","v":0}]
[null,5914479,{"$f":"VLOOKUP(B15,'SINTÉTICO SICRO'!$A:$D,2,0)","v":"Transporte com caminhão carroceria de 15 t - rodovia pavimentada"},{"$f":"ROUND(SUMIF('MOMENTO DE TRANSPORTE - PRINC'!A:A,B15,'MOMENTO DE TRANSPORTE - PRINC'!K:K),2)","v":0}]
[null,5914364,{"$f":"VLOOKUP(B16,'SINTÉTICO SICRO'!$A:$D,2,0)","v":"Transporte de cimento ou cal hidratada a granel com caminhão silo de 30 m³ - rodovia em leito natural"},{"$f":"ROUND(SUMIF('MOMENTO DE TRANSPORTE - PRINC'!A:A,B16,'MOMENTO DE TRANSPORTE - PRINC'!K:K),2)","v":0}]
[null,5914365,{"$f":"VLOOKUP(B17,'SINTÉTICO SICRO'!$A:$D,2,0)","v":"Transporte de cimento ou cal hidratada a granel com caminhão silo de 30 m³ - rodovia em revestimento primário"},{"$f":"ROUND(SUMIF('MOMENTO DE TRANSPORTE - PRINC'!A:A,B17,'MOMENTO DE TRANSPORTE - PRINC'!K:K),2)","v":0}]
[null,5914366,{"$f":"VLOOKUP(B18,'SINTÉTICO SICRO'!$A:$D,2,0)","v":"Transporte de cimento ou cal hidratada a granel com caminhão silo de 30 m³ - rodovia pavimentada"},{"$f":"ROUND(SUMIF('MOMENTO DE TRANSPORTE - PRINC'!A:A,B18,'MOMENTO DE TRANSPORTE - PRINC'!K:K),2)","v":0}]
[null,5914569,{"$f":"VLOOKUP(B19,'SINTÉTICO SICRO'!$A:$D,2,0)","v":"Transporte com caminhão betoneira - rodovia pavimentada"},{"$f":"ROUND(SUMIF('MOMENTO DE TRANSPORTE - PRINC'!A:A,B19,'MOMENTO DE TRANSPORTE - PRINC'!K:K),2)","v":41274.5}]
[]
[null,"TIPO (P, RP ou LN)","DMT ESTIMADA (DISTRIBUIÇÃO DO ITEM NA PISTA)"]
[null,"P",38.200000000000003,"Usina para obra "]
[null,"P",40.5,"Pedreira e Areal a Obra = 98,5 Km - 50Km = 48,5 Km, sendo 40,5 em rodovia pavimentada e 8,00 km em revestimento primário"]
[null,"P",41.6,"Concreteira a Obra"]
[]
[null,"SISTEMA DE CUSTOS REFERENCIAIS DE OBRAS - SICRO"]
[null,"Custo Unitário de Referência",{"$nulls":6},"Quantitativo",null,"t"]
[null,4011463,"Concreto asfáltico - faixa C - areia e brita comerciais",{"$nulls":5},{"$f":"SUMIF('ORÇAMENTO '!D:D,B28,'ORÇAMENTO '!J:J)","v":4284}]
[null,"D - ATIVIDADES AUXILIARES",null,"Quantidade","Unidade"]
[null,6416078,"Usinagem de concreto asfáltico - faixa C - areia e brita comerciais",1.02,"t"]
[]
[null,"F - MOMENTO DE TRANSPORTE",null,"Quantidade","Unidade","CÓDIGO TRANSPORTE"]
[{"$nulls":5},"LN","RP","P","TIPO (P, RP ou LN)","DMT ESTIMADA (km)","QUANTITATIVO TOTAL DE TRANSPORTE (tkm)"]
[{"$f":"IF(I34=\"P\",H34,IF(I34=\"RP\",G34,IF(I34=\"LN\",F34,\"\")))","v":5914389},"6416078","Usinagem de concreto asfáltico - faixa C - areia e brita comerciais - Caminhão basculante 10 m³",1.02,"tkm",5914359,5914374,5914389,{"$f":"$B$23","v":"P"},{"$f":"C22","v":38.200000000000003},{"$f":"IF(ISBLANK(J34),\"\",J34*D34)*I28","v":166921.77600000001}]
[""]
["","Obs."]
[]
[""]
["","SISTEMA DE CUSTOS REFERENCIAIS DE OBRAS - SICRO"]
["","Custo Unitário de Referência",{"$nulls":6},"Quantitativo",null,"m³"]
["",4011342,"Reestabilização de camada de base com adição de 30% de brita comercial",{"$nulls":5},{"$f":"SUMIF('ORÇAMENTO '!D:D,B41,'ORÇAMENTO '!J:J)","v":4845}]
["","D - ATIVIDADES AUXILIARES",null,"Quantidade","Unidade"]
[""]
["","F - MOMENTO DE TRANSPORTE",null,"Quantidade","Unidade","CÓDIGO TRANSPORTE"]
["",{"$nulls":4},"LN","RP","P","TIPO (P, RP ou LN)","DMT ESTIMADA (km)","QUANTITATIVO TOTAL DE TRANSPORTE (tkm)"]
[{"$f":"IF(I46=\"P\",H46,IF(I46=\"RP\",G46,IF(I46=\"LN\",F46,\"\")))","v":5914389},"M0191","Brita 1 - Caminhão basculante 10 m³",0.61890000000000001,"tkm",5914359,5914374,5914389,{"$f":"$B$23","v":"P"},{"$f":"C23","v":40.5},{"$f":"IF(ISBLANK(J46),\"\",J46*D46)*I41","v":121442.10524999999}]
[""]
["","Obs."]
[""]
["","SISTEMA DE CUSTOS REFERENCIAIS DE OBRAS - SICRO"]
["","Custo Unitário de Referência",{"$nulls":6},"Quantitativo",null,"m"]
["",2003943,"Meio-fio de concreto - MFC 03 moldado no local com extrusora e concreto usinado - areia e brita comerciais",{"$nulls":5},{"$f":"SUMIF('ORÇAMENTO '!D:D,B52,'ORÇAMENTO '!J:J)","v":9843.01}]
["","D - ATIVIDADES AUXILIARES",null,"Quantidade","Unidade"]
[null,1107928,"Concreto fck = 20 MPa - confecção em central dosadora de 30 m³/h - areia e brita comerciais",4.2000000000000003E-2,"m³"]
[null,2003842,"Enchimento de junta de concreto com argamassa asfáltica de densidade 1.700 kg/m³ - espessura de 1 cm",5.9499999999999997E-2,"kg"]
[null,4805750,"Escavação manual em material de 1ª categoria na profundidade de até 1 m",0.03,"m³"]
[""]
["","F - MOMENTO DE TRANSPORTE",null,"Quantidade","Unidade","CÓDIGO TRANSPORTE"]
["",{"$nulls":4},"LN","RP","P","TIPO (P, RP ou LN)","DMT ESTIMADA (km)","QUANTITATIVO TOTAL DE TRANSPORTE (tkm)"]
[{"$f":"IF(I60=\"P\",H60,IF(I60=\"RP\",G60,IF(I60=\"LN\",F60,\"\")))","v":5914569},1107928,"Concreto fck = 20 MPa - confecção em central dosadora de 30 m³/h - areia e brita comerciais - Caminhão betoneira 8 m³",0.1008,"tkm",59914539,5914554,5914569,{"$f":"$B$23","v":"P"},{"$f":"C24","v":41.6},{"$f":"IF(ISBLANK(J60),\"\",J60*D60)*I52","v":41274.496972800007}]
[""]
[{"$f":"IF(I62=\"P\",H62,IF(I62=\"RP\",G62,IF(I62=\"LN\",F62,\"\")))","v":""}]
[]
["","SISTEMA DE CUSTOS REFERENCIAIS DE OBRAS - SICRO"]
["","Custo Unitário de Referência",{"$nulls":6},"Quantitativo",null,"und"]
["",2003453,"Dissipador de energia - DEB 180-263 - areia, brita e pedra de mão comerciais",{"$nulls":5},{"$f":"SUMIF('ORÇAMENTO '!D:D,B66,'ORÇAMENTO '!J:J)","v":41}]
["","D - ATIVIDADES AUXILIARES",null,"Quantidade","Unidade"]
[null,4805756,"Apiloamento manual de superfície com espessura de 15 cm",null,"5,43700","m²"]
[null,1107892,"Concreto fck = 20 MPa - confecção em betoneira e lançamento manual - areia e brita comerciais",null,"0,99890","m³"]
[null,4805750,"Escavação manual em material de 1ª categoria na profundidade de até 1 m",null,"1,08740","m³"]
["",3103302,"Fôrmas de tábuas de pinho para dispositivos de drenagem - utilização de 3 vezes - confecção, instalação e retirada",null,"4,36800","m²"]
["","F - MOMENTO DE TRANSPORTE",null,"Quantidade","Unidade","CÓDIGO TRANSPORTE"]
["",{"$nulls":4},"LN","RP","P","TIPO (P, RP ou LN)","DMT ESTIMADA (km)","QUANTITATIVO TOTAL DE TRANSPORTE (tkm)"]
[{"$f":"IF(I74=\"P\",H74,IF(I74=\"RP\",G74,IF(I74=\"LN\",F74,\"\")))","v":5914389},"M1097","Pedra de mão ou rachão - Caminhão basculante com capacidade de 10 m³ - 210 kW",0.56220000000000003,"tkm",5914359,5914374,5914389,{"$f":"$B$23","v":"P"},{"$f":"C23","v":40.5},{"$f":"IF(ISBLANK(J74),\"\",J74*D74)*I66","v":933.5331000000001}]
[""]
[{"$f":"IF(I76=\"P\",H76,IF(I76=\"RP\",G76,IF(I76=\"LN\",F76,\"\")))","v":""}]
[]
[null,"TIPO (P, RP ou LN)","DMT ESTIMADA (DISTRIBUIÇÃO DO ITEM NA PISTA)"]
[null,"LN",0,"Usina para obra "]
[null,"LN",0,"Pedreira e Areal a Obra"]
[null,"LN",0,"Concreteira a Obra"]
[]
[null,"SISTEMA DE CUSTOS REFERENCIAIS DE OBRAS - SICRO"]
[null,"Custo Unitário de Referência",{"$nulls":6},"Quantitativo",null,"t"]
[null,4011463,"Concreto asfáltico - faixa C - areia e brita comerciais",{"$nulls":5},{"$f":"SUMIF('ORÇAMENTO '!D:D,B85,'ORÇAMENTO '!J:J)","v":4284}]
[null,"D - ATIVIDADES AUXILIARES",null,"Quantidade","Unidade"]
[null,6416078,"Usinagem de concreto asfáltico - faixa C - areia e brita comerciais",1.02,"t"]
[]
[null,"F - MOMENTO DE TRANSPORTE",null,"Quantidade","Unidade","CÓDIGO TRANSPORTE"]
[{"$nulls":5},"LN","RP","P","TIPO (P, RP ou LN)","DMT ESTIMADA (km)","QUANTITATIVO TOTAL DE TRANSPORTE (tkm)"]
[{"$f":"IF(I91=\"P\",H91,IF(I91=\"RP\",G91,IF(I91=\"LN\",F91,\"\")))","v":5914359},"6416078","Usinagem de concreto asfáltico - faixa C - areia e brita comerciais - Caminhão basculante 10 m³",1.02,"tkm",5914359,5914374,5914389,{"$f":"$B$79","v":"LN"},{"$f":"C79","v":0},{"$f":"IF(ISBLANK(J91),\"\",J91*D91)*I85","v":0}]
[""]
["","Obs."]
[]
[""]
["","SISTEMA DE CUSTOS REFERENCIAIS DE OBRAS - SICRO"]
["","Custo Unitário de Referência",{"$nulls":6},"Quantitativo",null,"m³"]
["",4011342,"Reestabilização de camada de base com adição de 30% de brita comercial",{"$nulls":5},{"$f":"SUMIF('ORÇAMENTO '!D:D,B98,'ORÇAMENTO '!J:J)","v":4845}]
["","D - ATIVIDADES AUXILIARES",null,"Quantidade","Unidade"]
[""]
["","F - MOMENTO DE TRANSPORTE",null,"Quantidade","Unidade","CÓDIGO TRANSPORTE"]
["",{"$nulls":4},"LN","RP","P","TIPO (P, RP ou LN)","DMT ESTIMADA (km)","QUANTITATIVO TOTAL DE TRANSPORTE (tkm)"]
[{"$f":"IF(I103=\"P\",H103,IF(I103=\"RP\",G103,IF(I103=\"LN\",F103,\"\")))","v":5914359},"M0191","Brita 1 - Caminhão basculante 10 m³",0.61890000000000001,"tkm",5914359,5914374,5914389,{"$f":"$B$79","v":"LN"},{"$f":"C80","v":0},{"$f":"IF(ISBLANK(J103),\"\",J103*D103)*I98","v":0}]
[""]
["","Obs."]
[""]
["","SISTEMA DE CUSTOS REFERENCIAIS DE OBRAS - SICRO"]
["","Custo Unitário de Referência",{"$nulls":6},"Quantitativo",null,"m"]
["",2003943,"Meio-fio de concreto - MFC 03 moldado no local com extrusora e concreto usinado - areia e brita comerciais",{"$nulls":5},{"$f":"SUMIF('ORÇAMENTO '!D:D,B109,'ORÇAMENTO '!J:J)","v":9843.01}]
["","D - ATIVIDADES AUXILIARES",null,"Quantidade","Unidade"]
[null,1107928,"Concreto fck = 20 MPa - confecção em central dosadora de 30 m³/h - areia e brita comerciais",4.2000000000000003E-2,"m³"]
[null,2003842,"Enchimento de junta de concreto com argamassa asfáltica de densidade 1.700 kg/m³ - espessura de 1 cm",5.9499999999999997E-2,"kg"]
[null,4805750,"Escavação manual em material de 1ª categoria na profundidade de até 1 m",0.03,"m³"]
[""]
["","F - MOMENTO DE TRANSPORTE",null,"Quantidade","Unidade","CÓDIGO TRANSPORTE"]
["",{"$nulls":4},"LN","RP","P","TIPO (P, RP ou LN)","DMT ESTIMADA (km)","QUANTITATIVO TOTAL DE TRANSPORTE (tkm)"]
[{"$f":"IF(I117=\"P\",H117,IF(I117=\"RP\",G117,IF(I117=\"LN\",F117,\"\")))","v":59914539},1107928,"Concreto fck = 20 MPa - confecção em central dosadora de 30 m³/h - areia e brita comerciais - Caminhão betoneira 8 m³",0.1008,"tkm",59914539,5914554,5914569,{"$f":"$B$79","v":"LN"},{"$f":"C81","v":0},{"$f":"IF(ISBLANK(J117),\"\",J117*D117)*I109","v":0}]
[""]
[]
[]
[null,"TIPO (P, RP ou LN)","DMT ESTIMADA (DISTRIBUIÇÃO DO ITEM NA PISTA"]
[null,"RP",0,"Usina para obra "]
[null,"RP",8,"Pedreira e Areal a Obra = 98,5 Km - 50Km = 48,5 Km, sendo 40,5 em rodovia pavimentada e 8,00 km em revestimento primário"]
[null,"RP",0,"Concreteira a Obra"]
[]
[null,"SISTEMA DE CUSTOS REFERENCIAIS DE OBRAS - SICRO"]
[null,"Custo Unitário de Referência",{"$nulls":6},"Quantitativo",null,"t"]
[null,4011463,"Concreto asfáltico - faixa C - areia e brita comerciais",{"$nulls":5},{"$f":"SUMIF('ORÇAMENTO '!D:D,B128,'ORÇAMENTO '!J:J)","v":4284}]
[null,"D - ATIVIDADES AUXILIARES",null,"Quantidade","Unidade"]
[null,6416078,"Usinagem de concreto asfáltico - faixa C - areia e brita comerciais",1.02,"t"]
[]
[null,"F - MOMENTO DE TRANSPORTE",null,"Quantidade","Unidade","CÓDIGO TRANSPORTE"]
[{"$nulls":5},"LN","RP","P","TIPO (P, RP ou LN)","DMT ESTIMADA (km)","QUANTITATIVO TOTAL DE TRANSPORTE (tkm)"]
[{"$f":"IF(I134=\"P\",H134,IF(I134=\"RP\",G134,IF(I134=\"LN\",F134,\"\")))","v":5914374},"6416078","Usinagem de concreto asfáltico - faixa C - areia e brita comerciais - Caminhão basculante 10 m³",1.02,"tkm",5914359,5914374,5914389,{"$f":"$B$122","v":"RP"},{"$f":"C122","v":0},{"$f":"IF(ISBLANK(J134),\"\",J134*D134)*I128","v":0}]
[""]
["","Obs."]
[]
[""]
["","SISTEMA DE CUSTOS REFERENCIAIS DE OBRAS - SICRO"]
["","Custo Unitário de Referência",{"$nulls":6},"Quantitativo",null,"m³"]
["",4011342,"Reestabilização de camada de base com adição de 30% de brita comercial",{"$nulls":5},{"$f":"SUMIF('ORÇAMENTO '!D:D,B141,'ORÇAMENTO '!J:J)","v":4845}]
["","D - ATIVIDADES AUXILIARES",null,"Quantidade","Unidade"]
[""]
["","F - MOMENTO DE TRANSPORTE",null,"Quantidade","Unidade","CÓDIGO TRANSPORTE"]
["",{"$nulls":4},"LN","RP","P","TIPO (P, RP ou LN)","DMT ESTIMADA (km)","QUANTITATIVO TOTAL DE TRANSPORTE (tkm)"]
[{"$f":"IF(I146=\"P\",H146,IF(I146=\"RP\",G146,IF(I146=\"LN\",F146,\"\")))","v":"5914374"},"M0191","Brita 1 - Caminhão basculante 10 m³",0.61890000000000001,"tkm","5914359","5914374",5914389,{"$f":"$B$122","v":"RP"},{"$f":"C123","v":8},{"$f":"IF(ISBLANK(J146),\"\",J146*D146)*I141","v":23988.563999999998}]
[""]
["","Obs."]
[""]
["","SISTEMA DE CUSTOS REFERENCIAIS DE OBRAS - SICRO"]
["","Custo Unitário de Referência",{"$nulls":6},"Quantitativo",null,"m"]
["",2003943,"Meio-fio de concreto - MFC 03 moldado no local com extrusora e concreto usinado - areia e brita comerciais",{"$nulls":5},{"$f":"SUMIF('ORÇAMENTO '!D:D,B152,'ORÇAMENTO '!J:J)","v":9843.01}]
["","D - ATIVIDADES AUXILIARES",null,"Quantidade","Unidade"]
[null,1107928,"Concreto fck = 20 MPa - confecção em central dosadora de 30 m³/h - areia e brita comerciais",4.2000000000000003E-2,"m³"]
[null,2003842,"Enchimento de junta de concreto com argamassa asfáltica de densidade 1.700 kg/m³ - espessura de 1 cm",5.9499999999999997E-2,"kg"]
[null,4805750,"Escavação manual em material de 1ª categoria na profundidade de até 1 m",0.03,"m³"]
[""]
["","F - MOMENTO DE TRANSPORTE",null,"Quantidade","Unidade","CÓDIGO TRANSPORTE"]
["",{"$nulls":4},"LN","RP","P","TIPO (P, RP ou LN)","DMT ESTIMADA (km)","QUANTITATIVO TOTAL DE TRANSPORTE (tkm)"]
[{"$f":"IF(I160=\"P\",H160,IF(I160=\"RP\",G160,IF(I160=\"LN\",F160,\"\")))","v":5914554},1107928,"Concreto fck = 20 MPa - confecção em central dosadora de 30 m³/h - areia e brita comerciais - Caminhão betoneira 8 m³",0.1008,"tkm",59914539,5914554,5914569,{"$f":"$B$122","v":"RP"},{"$f":"C124","v":0},{"$f":"IF(ISBLANK(J160),\"\",J160*D160)*I152","v":0}]
[""]
[""]
[]
["","SISTEMA DE CUSTOS REFERENCIAIS DE OBRAS - SICRO"]
["","Custo Unitário de Referência",{"$nulls":6},"Quantitativo",null,"und"]
["",2003453,"Dissipador de energia - DEB 180-263 - areia, brita e pedra de mão comerciais",{"$nulls":5},{"$f":"SUMIF('ORÇAMENTO '!D:D,B166,'ORÇAMENTO '!J:J)","v":41}]
["","D - ATIVIDADES AUXILIARES",null,"Quantidade","Unidade"]
[null,4805756,"Apiloamento manual de superfície com espessura de 15 cm",null,"5,43700","m²"]
[null,1107892,"Concreto fck = 20 MPa - confecção em betoneira e lançamento manual - areia e brita comerciais",null,"0,99890","m³"]
[null,4805750,"Escavação manual em material de 1ª categoria na profundidade de até 1 m",null,"1,08740","m³"]
["",3103302,"Fôrmas de tábuas de pinho para dispositivos de drenagem - utilização de 3 vezes - confecção, instalação e retirada",null,"4,36800","m²"]
["","F - MOMENTO DE TRANSPORTE",null,"Quantidade","Unidade","CÓDIGO TRANSPORTE"]
["",{"$nulls":4},"LN","RP","P","TIPO (P, RP ou LN)","DMT ESTIMADA (km)","QUANTITATIVO TOTAL DE TRANSPORTE (tkm)"]
[{"$f":"IF(I174=\"P\",H174,IF(I174=\"RP\",G174,IF(I174=\"LN\",F174,\"\")))","v":5914389},"M1097","Pedra de mão ou rachão - Caminhão basculante com capacidade de 10 m³ - 210 kW",0.56220000000000003,"tkm",5914359,5914374,5914389,{"$f":"$B$23","v":"P"},{"$f":"C123","v":8},{"$f":"IF(ISBLANK(J174),\"\",J174*D174)*I166","v":184.4016}]
[""]
[{"$f":"IF(I176=\"P\",H176,IF(I176=\"RP\",G176,IF(I176=\"LN\",F176,\"\")))","v":""}]

{"sheet":"MOMENTO DE TRANSPORTE - AUX","index":17,"n_rows":203,"n_cols":11,"rows_kept":203,"cut":false,"hidden":false,"merged":[[138,2,138,7],[138,9,138,10],[139,1,140,2],[139,3,140,3],[139,4,140,4],[139,5,139,7],[134,4,134,10],[168,5,168,7],[146,5,146,7],[152,2,152,7],[152,9,152,10],[153,1,154,2],[153,3,154,3],[153,4,154,4],[153,5,153,7],[159,5,159,7],[164,2,164,7],[164,9,164,10],[165,1,166,2],[165,3,166,3],[165,4,166,4],[165,5,165,7],[4,1,4,10],[56,5,56,7],[26,2,26,7],[26,9,26,10],[27,1,28,2],[27,3,28,3],[27,4,28,4],[27,5,27,7],[34,5,34,7],[40,9,40,10],[41,1,42,2],[41,3,42,3],[41,4,42,4],[41,5,41,7],[40,2,40,7],[21,4,21,10],[47,5,47,7],[52,2,52,7],[52,9,52,10],[53,1,54,2],[53,3,54,3],[53,4,54,4],[53,5,53,7],[22,4,22,10],[61,2,61,7],[61,9,61,10],[62,1,63,2],[62,3,63,3],[62,4,63,4],[62,5,62,7],[65,5,65,7],[23,4,23,10],[105,5,105,7],[111,2,111,7],[111,9,111,10],[97,9,97,10],[97,2,97,7],[98,1,99,2],[98,3,99,3],[98,4,99,4],[98,5,98,7],[127,5,127,7],[112,1,113,2],[112,3,113,3],[112,4,113,4],[112,5,112,7],[124,3,125,3],[124,4,125,4],[124,5,124,7],[177,5,177,7],[70,2,70,7],[70,9,70,10],[71,1,72,2],[71,3,72,3],[71,4,72,4],[71,5,71,7],[135,4,135,10],[82,2,82,7],[82,9,82,10],[83,1,84,2],[83,3,84,3],[83,4,84,4],[83,5,83,7],[173,2,173,7],[173,9,173,10],[174,1,175,2],[174,3,175,3],[174,4,175,4],[174,5,174,7],[118,5,118,7],[123,2,123,7],[123,9,123,10],[124,1,125,2],[194,2,194,7],[194,9,194,10],[195,1,196,2],[195,3,196,3],[195,4,196,4],[195,5,195,7],[182,2,182,7],[182,9,182,10],[183,1,184,2],[183,3,184,3],[183,4,184,4],[183,5,183,7]]}
[]
[]
[]
[]
[null,{"$f":"'ORÇAMENTO '!B1","v":"CONTRATAÇÃO DE SERVIÇOS DE PAVIMENTAÇÃO ASFÁLTICA COM CONCRETO BETUMINOSO USINADO A QUENTE (CBUQ), INCLUSIVE SINALIZAÇÃO VIÁRIA E DRENAGEM SUPERFICAL, NA ESTRADA DO MELÃO, LOCALIZADA NO MUNICÍPIO DE MOSSORÓ/RN."}]
[null,"DATA BASE:",{"$f":"'ORÇAMENTO '!N2","v":"Rio Grande do Norte - Abril/2025"}]
[]
[null,null,"RESUMO DO TRANSPORTE AUXILIAR"]
[null,"CODIGO ","DESCRIÇÃO","TKM"]
[null,5914359,{"$f":"VLOOKUP(B10,'SINTÉTICO SICRO'!$A:$D,2,0)","v":"Transporte com caminhão basculante de 10 m³ - rodovia em leito natural"},{"$f":"ROUND(SUMIF($A:$A,B10,$K:$K),2)","v":0}]
[null,5914374,{"$f":"VLOOKUP(B11,'SINTÉTICO SICRO'!$A:$D,2,0)","v":"Transporte com caminhão basculante de 10 m³ - rodovia em revestimento primário"},31088.51]
[null,5914389,{"$f":"VLOOKUP(B12,'SINTÉTICO SICRO'!$A:$D,2,0)","v":"Transporte com caminhão basculante de 10 m³ - rodovia pavimentada"},40845.54]
[null,5914449,{"$f":"VLOOKUP(B13,'SINTÉTICO SICRO'!$A:$D,2,0)","v":"Transporte com caminhão carroceria de 15 t - rodovia em leito natural"},0]
[null,5914464,{"$f":"VLOOKUP(B14,'SINTÉTICO SICRO'!$A:$D,2,0)","v":"Transporte com caminhão carroceria de 15 t - rodovia em revestimento primário"},4.8099999999999996]
[null,5914479,{"$f":"VLOOKUP(B15,'SINTÉTICO SICRO'!$A:$D,2,0)","v":"Transporte com caminhão carroceria de 15 t - rodovia pavimentada"},12232.89]
[null,5914364,{"$f":"VLOOKUP(B16,'SINTÉTICO SICRO'!$A:$D,2,0)","v":"Transporte de cimento ou cal hidratada a granel com caminhão silo de 30 m³ - rodovia em leito natural"},0]
[null,5914365,{"$f":"VLOOKUP(B17,'SINTÉTICO SICRO'!$A:$D,2,0)","v":"Transporte de cimento ou cal hidratada a granel com caminhão silo de 30 m³ - rodovia em revestimento primário"},1964.61]
[null,5914366,{"$f":"VLOOKUP(B18,'SINTÉTICO SICRO'!$A:$D,2,0)","v":"Transporte de cimento ou cal hidratada a granel com caminhão silo de 30 m³ - rodovia pavimentada"},1694.47]
[null,5914569,{"$f":"VLOOKUP(B19,'SINTÉTICO SICRO'!$A:$D,2,0)","v":"Transporte com caminhão betoneira - rodovia pavimentada"},{"$f":"ROUND(SUMIF('MOMENTO DE TRANSPORTE - AUX'!A:A,B19,'MOMENTO DE TRANSPORTE - AUX'!K:K),2)","v":0}]
[]
[null,"TIPO (P, RP ou LN)","DMT ATÉ 50 KM NÃO DEVE SER PAGA","DMT ACIMA DE 50 KM"]
[null,"P",null,6.9,"Distância real: 64,9 km (total) - 50 km (total) = 14,9 km, sendo 6,9 km em rodovia pavimentada (excedente dos 50km) e 8,00 km em revestimento primário. (usinagem concreto asfáltico)"]
[null,null,null,17.100000000000001,"Distância real: 75,1 km (total) - 50 km (total) = 25,1 km, sendo 17,1 km em rodovia pavimentada (excedente dos 50km) e 8,00 km em revestimento primário. (pedreira - usina concretagem) concreto asfáltico)"]
[null,null,null,40.5,"Distância real: 98,5km (total) - 50 km (total) = 48,5 km, sendo 40,5 km em rodovia pavimentada (excedente dos 50km) e 8,00 km em revestimento primário. (pedreira - obra)"]
[null,"SISTEMA DE CUSTOS REFERENCIAIS DE OBRAS - SICRO",{"$nulls":6},"Quantitivo"]
[null,"Custo Unitário de Referência",null,null,{"$f":"$C$6","v":"Rio Grande do Norte - Abril/2025"},null,null,null,"(Coeficiente na composição principal) x (quantidade da principal no orçamento)",null,"t"]
[null,6416078,"Usinagem de concreto asfáltico - faixa C - areia e brita comerciais",{"$nulls":5},{"$f":"'MOMENTO DE TRANSPORTE - PRINC'!D30*(VLOOKUP(C36,'ORÇAMENTO '!D:O,7,FALSE))","v":4369.68}]
[null,"F - MOMENTO DE TRANSPORTE",null,"Quantidade","Unidade","DMT"]
[{"$nulls":5},"LN","RP","P","TIPO (P, RP ou LN)","DMT ESTIMADA (km)","QUANTITATIVO TOTAL DE TRANSPORTE DE MATERIAL (tkm)"]
[{"$f":"IF(I30=\"P\",H30,IF(I30=\"RP\",G30,IF(I30=\"LN\",F30,\"\")))","v":5914389},"M0028","Areia média - Caminhão basculante 10 m³",0.48713000000000001,"tkm",5914359,5914374,5914389,{"$f":"$B$22","v":"P"},{"$f":"$D$22","v":6.9},{"$f":"IF(ISBLANK(J30),\"\",J30*(D30*$I$27))","v":14687.355306960002}]
[5914389,"M0005","Brita 0 - Caminhão basculante 10 m³",9.3679999999999999E-2,"tkm",5914359,5914374,5914389,{"$f":"$B$22","v":"P"},{"$f":"$D$22","v":6.9},{"$f":"IF(ISBLANK(J31),\"\",J31*(D31*$I$27))","v":2824.52619456}]
[5914389,"M0191","Brita 1 - Caminhão basculante 10 m³",9.3679999999999999E-2,"tkm",5914359,5914374,5914389,{"$f":"$B$22","v":"P"},{"$f":"$D$22","v":6.9},{"$f":"IF(ISBLANK(J32),\"\",J32*(D32*$I$27))","v":2824.52619456}]
[5914366,"M0344","Cal hidratada - a granel - Caminhão silo 30 m³",5.62E-2,"tkm",5914364,5914365,5914366,{"$f":"$B$22","v":"P"},{"$f":"$D$22","v":6.9},{"$f":"IF(ISBLANK(J33),\"\",J33*(D33*$I$27))","v":1694.4745104000001}]
[5914389,"M1103","Pedrisco - Caminhão basculante 10 m³",0.20609,"tkm",5914359,5914374,5914389,{"$f":"$B$22","v":"P"},{"$f":"$D$22","v":6.9},{"$f":"IF(ISBLANK(J34),\"\",J34*(D34*$I$27))","v":6213.7767232800006}]
[""]
[null,"PRINCIPAL:",4011463]
[]
[]
["","SISTEMA DE CUSTOS REFERENCIAIS DE OBRAS - SICRO",{"$nulls":6},"Quantitivo"]
["","Custo Unitário de Referência",null,null,{"$f":"$C$6","v":"Rio Grande do Norte - Abril/2025"},null,null,null,"(Coeficiente na composição principal) x (quantidade da principal no orçamento)",null,"m³"]
["",1107928,"Concreto fck = 20 MPa - confecção em central dosadora de 30 m³/h - areia e brita comerciais",{"$nulls":5},{"$f":"'MOMENTO DE TRANSPORTE - PRINC'!D54*(VLOOKUP(C49,'ORÇAMENTO '!D:O,7,FALSE))","v":413.40642000000003}]
["","F - MOMENTO DE TRANSPORTE",null,"Quantidade","Unidade","DMT"]
["",{"$nulls":4},"LN","RP","P","TIPO (P, RP ou LN)","DMT ESTIMADA (km)","QUANTITATIVO TOTAL DE TRANSPORTE DE MATERIAL (tkm)"]
[{"$f":"IF(I44=\"P\",H44,IF(I44=\"RP\",G44,IF(I44=\"LN\",F44,\"\")))","v":5914479},"M0030","Aditivo plastificante e retardador de pega para concreto e argamassa (Caminhão carroceria com capacidade de 15 t - 188 kW)",8.4999999999999995E-4,"tkm",5914449,5914464,5914479,{"$f":"$B$22","v":"P"},{"$f":"D23","v":17.100000000000001},{"$f":"IF(ISBLANK(J44),\"\",J44*(D44*$I$41))","v":6.0088623147000009}]
[5914389,"M0082","Cimento Portland CP II - 32 - saco (Caminhão carroceria com capacidade de 15 t - 188 kW)",0.28215000000000001,"tkm",5914359,5914374,5914389,{"$f":"$B$22","v":"P"},{"$f":"D23","v":17.100000000000001},{"$f":"IF(ISBLANK(J45),\"\",J45*(D45*$I$41))","v":1994.5888259913004}]
[5914389,"M0191","Areia extraída com draga de sucção tipo bomba (Caminhão basculante com capacidade de 10 m³ - 188 kW)",0.95001000000000002,"tkm",5914359,5914374,5914389,{"$f":"$B$22","v":"P"},{"$f":"D23","v":17.100000000000001},6715.8579853978208]
[5914479,"M0424","Brita produzida em central de britagem de 80 m³/h (Caminhão basculante com capacidade de 10 m³ - 188 kW)",1.1026199999999999,"tkm",5914449,5914464,5914479,{"$f":"$B$22","v":"P"},{"$f":"D23","v":17.100000000000001},7794.6961946288411]
[""]
[null,"PRINCIPAL:",2003943]
[]
["","SISTEMA DE CUSTOS REFERENCIAIS DE OBRAS - SICRO",{"$nulls":6},"Quantitivo"]
["","Custo Unitário de Referência",null,null,{"$f":"$C$6","v":"Rio Grande do Norte - Abril/2025"},null,null,null,"(Coeficiente na composição principal) x (quantidade da principal no orçamento)",null,"kg"]
["",2003842,"Enchimento de junta de concreto com argamassa asfáltica de densidade 1.700 kg/m³ - espessura de 1 cm",{"$nulls":5},{"$f":"'MOMENTO DE TRANSPORTE - PRINC'!D55*(VLOOKUP(C58,'ORÇAMENTO '!D:O,7,FALSE))","v":585.65909499999998}]
["","F - MOMENTO DE TRANSPORTE",null,"Quantidade","Unidade","DMT"]
["",{"$nulls":4},"LN","RP","P","TIPO (P, RP ou LN)","DMT ESTIMADA (km)","QUANTITATIVO TOTAL DE TRANSPORTE DE MATERIAL (tkm)"]
[{"$f":"IF(I56=\"P\",H56,IF(I56=\"RP\",G56,IF(I56=\"LN\",F56,\"\")))","v":5914479},"M2158","Argamassa asfáltica - Caminhão carroceria com capacidade de 15 t - 188 Kw",1E-3,"tkm",5914449,5914464,5914479,{"$f":"$B$22","v":"P"},{"$f":"D23","v":17.100000000000001},{"$f":"IF(ISBLANK(J56),\"\",J56*(D56*$I$53))","v":10.014770524500001}]
[]
[null,"PRINCIPAL:",2003943]
[]
["","SISTEMA DE CUSTOS REFERENCIAIS DE OBRAS - SICRO",{"$nulls":6},"Quantitivo"]
["","Custo Unitário de Referência",null,null,{"$f":"$C$6","v":"Rio Grande do Norte - Abril/2025"},null,null,null,"(Coeficiente na composição principal) x (quantidade da principal no orçamento)",null,"m³"]
["",1109669,"Argamassa de cimento e areia 1:3 - confecção em betoneira e lançamento manual - areia comercial",{"$nulls":5},{"$f":"'ORÇAMENTO '!J33*0.0004","v":5.3495999999999995E-2}]
["","F - MOMENTO DE TRANSPORTE",null,"Quantidade","Unidade","DMT"]
["",{"$nulls":4},"LN","RP","P","TIPO (P, RP ou LN)","DMT ESTIMADA (km)","QUANTITATIVO TOTAL DE TRANSPORTE DE MATERIAL (tkm)"]
[{"$f":"IF(I65=\"P\",H65,IF(I65=\"RP\",G65,IF(I65=\"LN\",F65,\"\")))","v":"5914389\t"},"M0082","Areia média lavada",1.5065299999999999,"tkm",5914359,5914374,"5914389\t",{"$f":"$B$22","v":"P"},40.5,{"$f":"IF(ISBLANK(J65),\"\",J65*(D65*$I$62))","v":3.2640298196399997}]
[]
[null,"PRINCIPAL:",2003389]
[{"$f":"IF(I68=\"P\",H68,IF(I68=\"RP\",G68,IF(I68=\"LN\",F68,\"\")))","v":""}]
["","SISTEMA DE CUSTOS REFERENCIAIS DE OBRAS - SICRO",{"$nulls":6},"Quantitivo"]
["","Custo Unitário de Referência",null,null,{"$f":"$C$6","v":"Rio Grande do Norte - Abril/2025"},null,null,null,"(Coeficiente na composição principal) x (quantidade da principal no orçamento)",null,"m³"]
["",1107892,"Concreto fck = 20 MPa - confecção em betoneira e lançamento manual - areia e brita comerciais",{"$nulls":5},{"$f":"'ORÇAMENTO '!J33*0.1389","v":18.576485999999996}]
["","F - MOMENTO DE TRANSPORTE",null,"Quantidade","Unidade","DMT"]
["",{"$nulls":4},"LN","RP","P","TIPO (P, RP ou LN)","DMT ESTIMADA (km)","QUANTITATIVO TOTAL DE TRANSPORTE DE MATERIAL (tkm)"]
[{"$f":"IF(I74=\"P\",H74,IF(I74=\"RP\",G74,IF(I74=\"LN\",F74,\"\")))","v":"5914389\t"},"M0082","Areia média lavada - Caminhão basculante com capacidade de 10 m³ - 210 Kw",0.95001000000000002,"tkm",5914359,5914374,"5914389\t",{"$f":"$B$22","v":"P"},{"$f":"$D$24","v":40.5},{"$f":"IF(ISBLANK(J74),\"\",J74*(D74*$I$71))","v":714.73782232682981}]
["5914389\t","M0191","Brita 1 - Caminhão basculante com capacidade de 10 m³ - 210 kW",0.55130999999999997,"tkm",5914359,5914374,"5914389\t",{"$f":"$B$22","v":"P"},{"$f":"$D$24","v":40.5},{"$f":"IF(ISBLANK(J75),\"\",J75*(D75*$I$71))","v":414.77680111472989}]
[5914389,"M0192","Brita 2 - Caminhão basculante com capacidade de 10 m³ - 210 kW",0.55130999999999997,"tkm",5914359,5914374,5914389,{"$f":"$B$22","v":"P"},40.5,414.77680111472989]
[5914479,"M0424\t","Cimento Portland CP II - 32 - saco - Carga, manobra e descarga de materiais diversos em caminhão carroceria de 15 t - carga e descarga manuais",0.28215000000000001,"tkm","5914449\t","5914464\t",5914479,{"$f":"$B$22","v":"P"},40.5,212.27489875844995]
["5914479\t","M0030\t","Aditivo plastificante e retardador de pega para concreto e argamassa - Carga, manobra e descarga de materiais diversos em caminhão carroceria de 15 t - carga e descarga manuais",8.4999999999999995E-4,"tkm",5914449,5914464,"5914479\t","P",40.5,0.63949553054999986]
[null,"PRINCIPAL:",2003389]
[]
["","SISTEMA DE CUSTOS REFERENCIAIS DE OBRAS - SICRO",{"$nulls":6},"Quantitivo"]
["","Custo Unitário de Referência",null,null,{"$f":"$C$6","v":"Rio Grande do Norte - Abril/2025"},null,null,null,"(Coeficiente na composição principal) x (quantidade da principal no orçamento)",null,"m³"]
["",1107892,"Concreto fck = 20 MPa - confecção em betoneira e lançamento manual - areia e brita comerciais",{"$nulls":5},{"$f":"'MOMENTO DE TRANSPORTE - PRINC'!E169*'ORÇAMENTO '!J34","v":40.954900000000002}]
["","F - MOMENTO DE TRANSPORTE",null,"Quantidade","Unidade","DMT"]
["",{"$nulls":4},"LN","RP","P","TIPO (P, RP ou LN)","DMT ESTIMADA (km)","QUANTITATIVO TOTAL DE TRANSPORTE DE MATERIAL (tkm)"]
[{"$f":"IF(I86=\"P\",H86,IF(I86=\"RP\",G86,IF(I86=\"LN\",F86,\"\")))","v":"5914389\t"},"M0082","Areia média lavada - Caminhão basculante com capacidade de 10 m³ - 210 Kw",0.95001000000000002,"tkm",5914359,5914374,"5914389\t",{"$f":"$B$22","v":"P"},{"$f":"$D$24","v":40.5},{"$f":"IF(ISBLANK(J86),\"\",J86*(D86*$I$83))","v":1575.7563642345001}]
["5914389\t","M0191","Brita 1 - Caminhão basculante com capacidade de 10 m³ - 210 kW",0.55130999999999997,"tkm",5914359,5914374,"5914389\t",{"$f":"$B$22","v":"P"},{"$f":"$D$24","v":40.5},{"$f":"IF(ISBLANK(J87),\"\",J87*(D87*$I$83))","v":914.44325971949991}]
[5914389,"M0192","Brita 2 - Caminhão basculante com capacidade de 10 m³ - 210 kW",0.55130999999999997,"tkm",5914359,5914374,5914389,{"$f":"$B$22","v":"P"},40.5,{"$f":"IF(ISBLANK(J88),\"\",J88*(D88*$I$83))","v":914.44325971949991}]
[5914479,"M0424\t","Cimento Portland CP II - 32 - saco - Carga, manobra e descarga de materiais diversos em caminhão carroceria de 15 t - carga e descarga manuais",0.28215000000000001,"tkm","5914449\t","5914464\t",5914479,{"$f":"$B$22","v":"P"},40.5,{"$f":"IF(ISBLANK(J89),\"\",J89*(D89*$I$83))","v":467.99471391750001}]
["5914479\t","M0030\t","Aditivo plastificante e retardador de pega para concreto e argamassa - Carga, manobra e descarga de materiais diversos em caminhão carroceria de 15 t - carga e descarga manuais",8.4999999999999995E-4,"tkm",5914449,5914464,"5914479\t","P",40.5,{"$f":"IF(ISBLANK(J90),\"\",J90*(D90*$I$83))","v":1.4098724325000001}]
[null,"PRINCIPAL:",2003453]
[]
[null,"TIPO (P, RP ou LN)","DMT ATÉ 50 KM NÃO DEVE SER PAGA","DMT ACIMA DE 50 KM"]
[null,"LN",null,0]
[]
[null,"SISTEMA DE CUSTOS REFERENCIAIS DE OBRAS - SICRO",{"$nulls":6},"Quantitivo"]
[null,"Custo Unitário de Referência",null,null,{"$f":"$C$6","v":"Rio Grande do Norte - Abril/2025"},null,null,null,"(Coeficiente na composição principal) x (quantidade da principal no orçamento)",null,"t"]
[null,6416078,"Usinagem de concreto asfáltico - faixa C - areia e brita comerciais",{"$nulls":5},{"$f":"'MOMENTO DE TRANSPORTE - PRINC'!D30*(VLOOKUP(C107,'ORÇAMENTO '!D:O,7,FALSE))","v":4369.68}]
[null,"F - MOMENTO DE TRANSPORTE",null,"Quantidade","Unidade","DMT"]
[{"$nulls":5},"LN","RP","P","TIPO (P, RP ou LN)","DMT ESTIMADA (km)","QUANTITATIVO TOTAL DE TRANSPORTE DE MATERIAL (tkm)"]
[{"$f":"IF(I101=\"P\",H101,IF(I101=\"RP\",G101,IF(I101=\"LN\",F101,\"\")))","v":5914359},"M0028","Areia média - Caminhão basculante 10 m³",0.48713000000000001,"tkm",5914359,5914374,5914389,{"$f":"$B$94","v":"LN"},{"$f":"$D$94","v":0},{"$f":"IF(ISBLANK(J101),\"\",J101*(D101*$I$27))","v":0}]
[5914359,"M0005","Brita 0 - Caminhão basculante 10 m³",9.3679999999999999E-2,"tkm",5914359,5914374,5914389,{"$f":"$B$94","v":"LN"},{"$f":"$D$94","v":0},{"$f":"IF(ISBLANK(J102),\"\",J102*(D102*$I$27))","v":0}]
[5914359,"M0191","Brita 1 - Caminhão basculante 10 m³",9.3679999999999999E-2,"tkm",5914359,5914374,5914389,{"$f":"$B$94","v":"LN"},0,{"$f":"IF(ISBLANK(J103),\"\",J103*(D103*$I$27))","v":0}]
[5914364,"M0344","Cal hidratada - a granel - Caminhão silo 30 m³",5.62E-2,"tkm",5914364,5914365,5914366,{"$f":"$B$94","v":"LN"},0,{"$f":"IF(ISBLANK(J104),\"\",J104*(D104*$I$27))","v":0}]
[5914359,"M1103","Pedrisco - Caminhão basculante 10 m³",0.20609,"tkm",5914359,5914374,5914389,{"$f":"$B$94","v":"LN"},0,{"$f":"IF(ISBLANK(J105),\"\",J105*(D105*$I$27))","v":0}]
[""]
[null,"PRINCIPAL:",4011463]
[]
[]
["","SISTEMA DE CUSTOS REFERENCIAIS DE OBRAS - SICRO",{"$nulls":6},"Quantitivo"]
["","Custo Unitário de Referência",null,null,{"$f":"$C$6","v":"Rio Grande do Norte - Abril/2025"},null,null,null,"(Coeficiente na composição principal) x (quantidade da principal no orçamento)",null,"m³"]
["",1107892,"Concreto fck = 20 MPa - confecção em betoneira e lançamento manual - areia e brita comerciais",{"$nulls":5},{"$f":"'MOMENTO DE TRANSPORTE - PRINC'!D54*(VLOOKUP(C120,'ORÇAMENTO '!D:O,7,FALSE))","v":413.40642000000003}]
["","F - MOMENTO DE TRANSPORTE",null,"Quantidade","Unidade","DMT"]
["",{"$nulls":4},"LN","RP","P","TIPO (P, RP ou LN)","DMT ESTIMADA (km)","QUANTITATIVO TOTAL DE TRANSPORTE DE MATERIAL (tkm)"]
[{"$f":"IF(I115=\"P\",H115,IF(I115=\"RP\",G115,IF(I115=\"LN\",F115,\"\")))","v":5914449},"M0030","Aditivo plastificante e retardador de pega para concreto e argamassa (Caminhão carroceria com capacidade de 15 t - 188 kW)",8.4999999999999995E-4,"tkm",5914449,5914464,5914479,"LN",0,{"$f":"IF(ISBLANK(J115),\"\",J115*(D115*$I$112))","v":0}]
[5914359,"M0082","Cimento Portland CP II - 32 - saco (Caminhão carroceria com capacidade de 15 t - 188 kW)",0.28215000000000001,"tkm",5914359,5914374,5914389,"LN",0,{"$f":"IF(ISBLANK(J116),\"\",J116*(D116*$I$112))","v":0}]
[5914359,"M0191","Areia extraída com draga de sucção tipo bomba (Caminhão basculante com capacidade de 10 m³ - 188 kW)",0.95001000000000002,"tkm",5914359,5914374,5914389,"LN",0,0]
[5914449,"M0424","Brita produzida em central de britagem de 80 m³/h (Caminhão basculante com capacidade de 10 m³ - 188 kW)",1.1026199999999999,"tkm",5914449,5914464,5914479,"LN",0,0]
[""]
[null,"PRINCIPAL:",2003943]
[]
["","SISTEMA DE CUSTOS REFERENCIAIS DE OBRAS - SICRO",{"$nulls":6},"Quantitivo"]
["","Custo Unitário de Referência",null,null,{"$f":"$C$6","v":"Rio Grande do Norte - Abril/2025"},null,null,null,"(Coeficiente na composição principal) x (quantidade da principal no orçamento)",null,"kg"]
["",2003842,"Enchimento de junta de concreto com argamassa asfáltica de densidade 1.700 kg/m³ - espessura de 1 cm",{"$nulls":5},{"$f":"'MOMENTO DE TRANSPORTE - PRINC'!D55*(VLOOKUP(C129,'ORÇAMENTO '!D:O,7,FALSE))","v":585.65909499999998}]
["","F - MOMENTO DE TRANSPORTE",null,"Quantidade","Unidade","DMT"]
["",{"$nulls":4},"LN","RP","P","TIPO (P, RP ou LN)","DMT ESTIMADA (km)","QUANTITATIVO TOTAL DE TRANSPORTE DE MATERIAL (tkm)"]
[{"$f":"IF(I127=\"P\",H127,IF(I127=\"RP\",G127,IF(I127=\"LN\",F127,\"\")))","v":5914449},"M2158","Argamassa asfáltica - Caminhão carroceria com capacidade de 15 t - 188 Kw",1E-3,"tkm",5914449,5914464,5914479,{"$f":"$B$94","v":"LN"},{"$f":"$D$94","v":0},{"$f":"IF(ISBLANK(J127),\"\",J127*(D127*$I$53))","v":0}]
[]
[null,"PRINCIPAL:",2003943]
[]
[]
[]
[null,"TIPO (P, RP ou LN)","DMT ATÉ 50 KM NÃO DEVE SER PAGA","DMT ACIMA DE 50 KM"]
[null,"RP",null,8,"Distância real: 64,9 km (total) - 50 km (total) = 14,9 km, sendo 6,9 km em rodovia pavimentada (excedente dos 50km) e 8,00 km em revestimento primário."]
[{"$nulls":4},"Distância real: 75,1 km (total) - 50 km (total) = 25,1 km, sendo 17,1 km em rodovia pavimentada (excedente dos 50km) e 8,00 km em revestimento primário. (pedreira - usina concretagem) concreto asfáltico)"]
[{"$nulls":4},"Distância real: 98,5km (total) - 50 km (total) = 48,5 km, sendo 40,5 km em rodovia pavimentada (excedente dos 50km) e 8,00 km em revestimento primário. (pedreira - obra)"]
[null,"SISTEMA DE CUSTOS REFERENCIAIS DE OBRAS - SICRO",{"$nulls":6},"Quantitivo"]
[null,"Custo Unitário de Referência",null,null,{"$f":"$C$6","v":"Rio Grande do Norte - Abril/2025"},null,null,null,"(Coeficiente na composição principal) x (quantidade da principal no orçamento)",null,"t"]
[null,6416078,"Usinagem de concreto asfáltico - faixa C - areia e brita comerciais",{"$nulls":5},{"$f":"'MOMENTO DE TRANSPORTE - PRINC'!D30*(VLOOKUP(C148,'ORÇAMENTO '!D:O,7,FALSE))","v":4369.68}]
[null,"F - MOMENTO DE TRANSPORTE",null,"Quantidade","Unidade","DMT"]
[{"$nulls":5},"LN","RP","P","TIPO (P, RP ou LN)","DMT ESTIMADA (km)","QUANTITATIVO TOTAL DE TRANSPORTE DE MATERIAL (tkm)"]
[{"$f":"IF(I142=\"P\",H142,IF(I142=\"RP\",G142,IF(I142=\"LN\",F142,\"\")))","v":5914374},"M0028","Areia média - Caminhão basculante 10 m³",0.48713000000000001,"tkm",5914359,5914374,5914389,{"$f":"$B$134","v":"RP"},{"$f":"$D$134","v":8},{"$f":"IF(ISBLANK(J142),\"\",J142*(D142*$I$27))","v":17028.817747200002}]
[5914374,"M0005","Brita 0 - Caminhão basculante 10 m³",9.3679999999999999E-2,"tkm",5914359,5914374,5914389,{"$f":"$B$134","v":"RP"},{"$f":"$D$134","v":8},{"$f":"IF(ISBLANK(J143),\"\",J143*(D143*$I$27))","v":3274.8129792}]
[5914374,"M0191","Brita 1 - Caminhão basculante 10 m³",9.3679999999999999E-2,"tkm",5914359,5914374,5914389,{"$f":"$B$134","v":"RP"},8,{"$f":"IF(ISBLANK(J144),\"\",J144*(D144*$I$27))","v":3274.8129792}]
[5914365,"M0344","Cal hidratada - a granel - Caminhão silo 30 m³",5.62E-2,"tkm",5914364,5914365,5914366,{"$f":"$B$134","v":"RP"},8,{"$f":"IF(ISBLANK(J145),\"\",J145*(D145*$I$27))","v":1964.6081280000001}]
[5914374,"M1103","Pedrisco - Caminhão basculante 10 m³",0.20609,"tkm",5914359,5914374,5914389,{"$f":"$B$134","v":"RP"},8,{"$f":"IF(ISBLANK(J146),\"\",J146*(D146*$I$27))","v":7204.3788096000007}]
[""]
[null,"PRINCIPAL:",4011463]
[]
[]
["","SISTEMA DE CUSTOS REFERENCIAIS DE OBRAS - SICRO",{"$nulls":6},"Quantitivo"]
["","Custo Unitário de Referência",null,null,{"$f":"$C$6","v":"Rio Grande do Norte - Abril/2025"},null,null,null,"(Coeficiente na composição principal) x (quantidade da principal no orçamento)",null,"m³"]
["",1107892,"Concreto fck = 20 MPa - confecção em betoneira e lançamento manual - areia e brita comerciais",{"$nulls":5},{"$f":"'MOMENTO DE TRANSPORTE - PRINC'!D54*(VLOOKUP(C161,'ORÇAMENTO '!D:O,7,FALSE))","v":413.40642000000003}]
["","F - MOMENTO DE TRANSPORTE",null,"Quantidade","Unidade","DMT"]
["",{"$nulls":4},"LN","RP","P","TIPO (P, RP ou LN)","DMT ESTIMADA (km)","QUANTITATIVO TOTAL DE TRANSPORTE DE MATERIAL (tkm)"]
[{"$f":"IF(I156=\"P\",H156,IF(I156=\"RP\",G156,IF(I156=\"LN\",F156,\"\")))","v":5914479},"M0030","Aditivo plastificante e retardador de pega para concreto e argamassa (Caminhão carroceria com capacidade de 15 t - 188 kW)",8.4999999999999995E-4,"tkm",5914449,5914464,5914479,"P",{"$f":"D134","v":8},{"$f":"IF(ISBLANK(J156),\"\",J156*(D156*$I$153))","v":2.8111636560000002}]
[5914389,"M0082","Cimento Portland CP II - 32 - saco (Caminhão carroceria com capacidade de 15 t - 188 kW)",0.28215000000000001,"tkm",5914359,5914374,5914389,"P",{"$f":"D134","v":8},{"$f":"IF(ISBLANK(J157),\"\",J157*(D157*$I$153))","v":933.14097122400005}]
[5914389,"M0191","Areia extraída com draga de sucção tipo bomba (Caminhão basculante com capacidade de 10 m³ - 188 kW)",0.95001000000000002,"tkm",5914359,5914374,5914389,"P",{"$f":"$D$134","v":8},3141.9218645136002]
[5914479,"M0424","Brita produzida em central de britagem de 80 m³/h (Caminhão basculante com capacidade de 10 m³ - 188 kW)",1.1026199999999999,"tkm",5914449,5914464,5914479,"P",{"$f":"$D$134","v":8},3646.6414945632]
[""]
[null,"PRINCIPAL:",2003943]
[]
["","SISTEMA DE CUSTOS REFERENCIAIS DE OBRAS - SICRO",{"$nulls":6},"Quantitivo"]
["","Custo Unitário de Referência",null,null,{"$f":"$C$6","v":"Rio Grande do Norte - Abril/2025"},null,null,null,"(Coeficiente na composição principal) x (quantidade da principal no orçamento)",null,"kg"]
["",2003842,"Enchimento de junta de concreto com argamassa asfáltica de densidade 1.700 kg/m³ - espessura de 1 cm",{"$nulls":5},{"$f":"'MOMENTO DE TRANSPORTE - PRINC'!D55*(VLOOKUP(C170,'ORÇAMENTO '!D:O,7,FALSE))","v":585.65909499999998}]
["","F - MOMENTO DE TRANSPORTE",null,"Quantidade","Unidade","DMT"]
["",{"$nulls":4},"LN","RP","P","TIPO (P, RP ou LN)","DMT ESTIMADA (km)","QUANTITATIVO TOTAL DE TRANSPORTE DE MATERIAL (tkm)"]
[{"$f":"IF(I168=\"P\",H168,IF(I168=\"RP\",G168,IF(I168=\"LN\",F168,\"\")))","v":5914464},"M2158","Argamassa asfáltica - Caminhão carroceria com capacidade de 15 t - 188 Kw",1E-3,"tkm",5914449,5914464,5914479,{"$f":"$B$134","v":"RP"},{"$f":"$D$134","v":8},{"$f":"IF(ISBLANK(J168),\"\",J168*(D168*$I$53))","v":4.6852727600000001}]
[]
[null,"PRINCIPAL:",2003943]
[]
["","SISTEMA DE CUSTOS REFERENCIAIS DE OBRAS - SICRO",{"$nulls":6},"Quantitivo"]
["","Custo Unitário de Referência",null,null,{"$f":"$C$6","v":"Rio Grande do Norte - Abril/2025"},null,null,null,"(Coeficiente na composição principal) x (quantidade da principal no orçamento)",null,"m³"]
["",1109669,"Argamassa de cimento e areia 1:3 - confecção em betoneira e lançamento manual - areia comercial",{"$nulls":5},{"$f":"I62","v":5.3495999999999995E-2}]
["","F - MOMENTO DE TRANSPORTE",null,"Quantidade","Unidade","DMT"]
["",{"$nulls":4},"LN","RP","P","TIPO (P, RP ou LN)","DMT ESTIMADA (km)","QUANTITATIVO TOTAL DE TRANSPORTE DE MATERIAL (tkm)"]
[{"$f":"IF(I177=\"P\",H177,IF(I177=\"RP\",G177,IF(I177=\"LN\",F177,\"\")))","v":5914374},"M0082","Areia média lavada",1.5065299999999999,"tkm",5914359,5914374,"5914389\t","RP",8,{"$f":"IF(ISBLANK(J177),\"\",J177*(D177*$I$174))","v":0.64474663103999996}]
[]
[null,"PRINCIPAL:",2003389]
[]
["","SISTEMA DE CUSTOS REFERENCIAIS DE OBRAS - SICRO",{"$nulls":6},"Quantitivo"]
["","Custo Unitário de Referência",null,null,{"$f":"$C$6","v":"Rio Grande do Norte - Abril/2025"},null,null,null,"(Coeficiente na composição principal) x (quantidade da principal no orçamento)",null,"m³"]
["",1107892,"Concreto fck = 20 MPa - confecção em betoneira e lançamento manual - areia e brita comerciais",{"$nulls":5},{"$f":"I71","v":18.576485999999996}]
["","F - MOMENTO DE TRANSPORTE",null,"Quantidade","Unidade","DMT"]
["",{"$nulls":4},"LN","RP","P","TIPO (P, RP ou LN)","DMT ESTIMADA (km)","QUANTITATIVO TOTAL DE TRANSPORTE DE MATERIAL (tkm)"]
[{"$f":"IF(I186=\"P\",H186,IF(I186=\"RP\",G186,IF(I186=\"LN\",F186,\"\")))","v":5914374},"M0082","Areia média lavada - Caminhão basculante com capacidade de 10 m³ - 210 Kw",0.95001000000000002,"tkm",5914359,5914374,"5914389\t","RP",{"$f":"$D$134","v":8},{"$f":"IF(ISBLANK(J186),\"\",J186*(D186*$I$183))","v":141.18277971887997}]
[5914374,"M0191","Brita 1 - Caminhão basculante com capacidade de 10 m³ - 210 kW",0.55130999999999997,"tkm",5914359,5914374,"5914389\t","RP",{"$f":"$D$134","v":8},{"$f":"IF(ISBLANK(J187),\"\",J187*(D187*$I$183))","v":81.93121997327998}]
[5914374,"M0192","Brita 2 - Caminhão basculante com capacidade de 10 m³ - 210 kW",0.55130999999999997,"tkm",5914359,5914374,5914389,"RP",8,81.93121997327998]
["5914464\t","M0424\t","Cimento Portland CP II - 32 - saco - Carga, manobra e descarga de materiais diversos em caminhão carroceria de 15 t - carga e descarga manuais",0.28215000000000001,"tkm","5914449\t","5914464\t",5914479,"RP",8,41.930844199199989]
[5914464,"M0030\t","Aditivo plastificante e retardador de pega para concreto e argamassa - Carga, manobra e descarga de materiais diversos em caminhão carroceria de 15 t - carga e descarga manuais",8.4999999999999995E-4,"tkm",5914449,5914464,"5914479\t","RP",8,0.12632010479999997]
[null,"PRINCIPAL:",2003389]
[]
["","SISTEMA DE CUSTOS REFERENCIAIS DE OBRAS - SICRO",{"$nulls":6},"Quantitivo"]
["","Custo Unitário de Referência",null,null,{"$f":"$C$6","v":"Rio Grande do Norte - Abril/2025"},null,null,null,"(Coeficiente na composição principal) x (quantidade da principal no orçamento)",null,"m³"]
["",1107892,"Concreto fck = 20 MPa - confecção em betoneira e lançamento manual - areia e brita comerciais",{"$nulls":5},{"$f":"'MOMENTO DE TRANSPORTE - PRINC'!E169*'ORÇAMENTO '!J34","v":40.954900000000002}]
["","F - MOMENTO DE TRANSPORTE",null,"Quantidade","Unidade","DMT"]
["",{"$nulls":4},"LN","RP","P","TIPO (P, RP ou LN)","DMT ESTIMADA (km)","QUANTITATIVO TOTAL DE TRANSPORTE DE MATERIAL (tkm)"]
[{"$f":"IF(I198=\"P\",H198,IF(I198=\"RP\",G198,IF(I198=\"LN\",F198,\"\")))","v":"5914389\t"},"M0082","Areia média lavada - Caminhão basculante com capacidade de 10 m³ - 210 Kw",0.95001000000000002,"tkm",5914359,5914374,"5914389\t",{"$f":"$B$22","v":"P"},{"$f":"$D$134","v":8},{"$f":"IF(ISBLANK(J198),\"\",J198*(D198*$I$195))","v":311.260516392}]
["5914389\t","M0191","Brita 1 - Caminhão basculante com capacidade de 10 m³ - 210 kW",0.55130999999999997,"tkm",5914359,5914374,"5914389\t",{"$f":"$B$22","v":"P"},{"$f":"$D$134","v":8},{"$f":"IF(ISBLANK(J199),\"\",J199*(D199*$I$195))","v":180.63076735199999}]
[5914389,"M0192","Brita 2 - Caminhão basculante com capacidade de 10 m³ - 210 kW",0.55130999999999997,"tkm",5914359,5914374,5914389,{"$f":"$B$22","v":"P"},8,{"$f":"IF(ISBLANK(J200),\"\",J200*(D200*$I$195))","v":180.63076735199999}]
[5914479,"M0424\t","Cimento Portland CP II - 32 - saco - Carga, manobra e descarga de materiais diversos em caminhão carroceria de 15 t - carga e descarga manuais",0.28215000000000001,"tkm","5914449\t","5914464\t",5914479,{"$f":"$B$22","v":"P"},8,92.443400280000006]
["5914479\t","M0030\t","Aditivo plastificante e retardador de pega para concreto e argamassa - Carga, manobra e descarga de materiais diversos em caminhão carroceria de 15 t - carga e descarga manuais",8.4999999999999995E-4,"tkm",5914449,5914464,"5914479\t","P",8,0.27849331999999999]
[null,"PRINCIPAL:",2003453]

{"sheet":"ANP ESTADO","index":18,"n_rows":108362,"n_cols":4,"rows_kept":4500,"cut":true,"hidden":false,"merged":[[4,0,4,3],[4,7,4,13]],"bounds":{"rows_first":2000,"rows_last":500,"rows_between":2000,"halvings":0}}
["                       Agência Nacional do Petróleo, Gás Natural e Biocombustíveis"]
["                       Superintendência de Defesa da Concorrência"]
[]
[]
["PREÇO MÉDIO MENSAL PONDERADO PRATICADO PELOS DISTRIBUIDORES DE PRODUTOS ASFÁLTICOS (R$/KG)"]
[]
["Importante:","Quando não houver declaração de venda do produto selecionado, ou quando a declaração de venda do produto ocorrer por menos de 03 (três) distribuidoras, a tabela indicará campo vazio."]
["Mês","Produto","Estado","Preço"]
["2013-01-01","ASFALTOS DILUÍDOS CM-30","Acre","-"]
["2013-01-01","ASFALTOS DILUÍDOS CM-30","Alagoas","-"]
["2013-01-01","ASFALTOS DILUÍDOS CM-30","Amapá","-"]
["2013-01-01","ASFALTOS DILUÍDOS CM-30","Amazonas",1.4535270214060187]
["2013-01-01","ASFALTOS DILUÍDOS CM-30","Bahia",1.4640441420517516]
["2013-01-01","ASFALTOS DILUÍDOS CM-30","Ceará",1.4479979339846571]
["2013-01-01","ASFALTOS DILUÍDOS CM-30","Distrito Federal","-"]
["2013-01-01","ASFALTOS DILUÍDOS CM-30","Espírito Santo","-"]
["2013-01-01","ASFALTOS DILUÍDOS CM-30","Goiás",1.6863830648778011]
["2013-01-01","ASFALTOS DILUÍDOS CM-30","Maranhão","-"]
["2013-01-01","ASFALTOS DILUÍDOS CM-30","Mato Grosso","-"]
["2013-01-01","ASFALTOS DILUÍDOS CM-30","Mato Grosso do Sul","-"]
["2013-01-01","ASFALTOS DILUÍDOS CM-30","Minas Gerais",1.4511061136949568]
["2013-01-01","ASFALTOS DILUÍDOS CM-30","Pará","-"]
["2013-01-01","ASFALTOS DILUÍDOS CM-30","Paraíba","-"]
["2013-01-01","ASFALTOS DILUÍDOS CM-30","Paraná",1.5201250313327568]
["2013-01-01","ASFALTOS DILUÍDOS CM-30","Pernambuco","-"]
["2013-01-01","ASFALTOS DILUÍDOS CM-30","Piauí","-"]
["2013-01-01","ASFALTOS DILUÍDOS CM-30","Rio de Janeiro",1.3304751064278189]
["2013-01-01","ASFALTOS DILUÍDOS CM-30","Rio Grande do Norte","-"]
["2013-01-01","ASFALTOS DILUÍDOS CM-30","Rio Grande do Sul",1.5986110742416622]
["2013-01-01","ASFALTOS DILUÍDOS CM-30","Rondônia","-"]
["2013-01-01","ASFALTOS DILUÍDOS CM-30","Roraima","-"]
["2013-01-01","ASFALTOS DILUÍDOS CM-30","Santa Catarina","-"]
["2013-01-01","ASFALTOS DILUÍDOS CM-30","São Paulo",1.4710084232194318]
["2013-01-01","ASFALTOS DILUÍDOS CM-30","Sergipe","-"]
["2013-01-01","ASFALTOS DILUÍDOS CM-30","Tocantins","-"]
["2013-02-01","ASFALTOS DILUÍDOS CM-30","Acre","-"]
["2013-02-01","ASFALTOS DILUÍDOS CM-30","Alagoas","-"]
["2013-02-01","ASFALTOS DILUÍDOS CM-30","Amapá","-"]
["2013-02-01","ASFALTOS DILUÍDOS CM-30","Amazonas",1.4855781787830731]
["2013-02-01","ASFALTOS DILUÍDOS CM-30","Bahia",1.4570141012974054]
["2013-02-01","ASFALTOS DILUÍDOS CM-30","Ceará",1.4131923360976373]
["2013-02-01","ASFALTOS DILUÍDOS CM-30","Distrito Federal","-"]
["2013-02-01","ASFALTOS DILUÍDOS CM-30","Espírito Santo","-"]
["2013-02-01","ASFALTOS DILUÍDOS CM-30","Goiás",1.6674597105953242]
["2013-02-01","ASFALTOS DILUÍDOS CM-30","Maranhão","-"]
["2013-02-01","ASFALTOS DILUÍDOS CM-30","Mato Grosso","-"]
["2013-02-01","ASFALTOS DILUÍDOS CM-30","Mato Grosso do Sul","-"]
["2013-02-01","ASFALTOS DILUÍDOS CM-30","Minas Gerais",1.4521211168848078]
["2013-02-01","ASFALTOS DILUÍDOS CM-30","Pará","-"]
["2013-02-01","ASFALTOS DILUÍDOS CM-30","Paraíba","-"]
["2013-02-01","ASFALTOS DILUÍDOS CM-30","Paraná",1.4937831726234798]
["2013-02-01","ASFALTOS DILUÍDOS CM-30","Pernambuco","-"]
["2013-02-01","ASFALTOS DILUÍDOS CM-30","Piauí","-"]
["2013-02-01","ASFALTOS DILUÍDOS CM-30","Rio de Janeiro",1.4182349010292952]
["2013-02-01","ASFALTOS DILUÍDOS CM-30","Rio Grande do Norte","-"]
["2013-02-01","ASFALTOS DILUÍDOS CM-30","Rio Grande do Sul",1.4358617819236099]
["2013-02-01","ASFALTOS DILUÍDOS CM-30","Rondônia","-"]
["2013-02-01","ASFALTOS DILUÍDOS CM-30","Roraima","-"]
["2013-02-01","ASFALTOS DILUÍDOS CM-30","Santa Catarina","-"]
["2013-02-01","ASFALTOS DILUÍDOS CM-30","São Paulo",1.4341902042953412]
["2013-02-01","ASFALTOS DILUÍDOS CM-30","Sergipe","-"]
["2013-02-01","ASFALTOS DILUÍDOS CM-30","Tocantins","-"]
["2013-03-01","ASFALTOS DILUÍDOS CM-30","Acre","-"]
["2013-03-01","ASFALTOS DILUÍDOS CM-30","Alagoas","-"]
["2013-03-01","ASFALTOS DILUÍDOS CM-30","Amapá","-"]
["2013-03-01","ASFALTOS DILUÍDOS CM-30","Amazonas",1.5079239205862709]
["2013-03-01","ASFALTOS DILUÍDOS CM-30","Bahia",1.4494403251178087]
["2013-03-01","ASFALTOS DILUÍDOS CM-30","Ceará",1.4016074852948124]
["2013-03-01","ASFALTOS DILUÍDOS CM-30","Distrito Federal","-"]
["2013-03-01","ASFALTOS DILUÍDOS CM-30","Espírito Santo","-"]
["2013-03-01","ASFALTOS DILUÍDOS CM-30","Goiás",1.6617587007265764]
["2013-03-01","ASFALTOS DILUÍDOS CM-30","Maranhão","-"]
["2013-03-01","ASFALTOS DILUÍDOS CM-30","Mato Grosso","-"]
["2013-03-01","ASFALTOS DILUÍDOS CM-30","Mato Grosso do Sul","-"]
["2013-03-01","ASFALTOS DILUÍDOS CM-30","Minas Gerais",1.4432433296645579]
["2013-03-01","ASFALTOS DILUÍDOS CM-30","Pará","-"]
["2013-03-01","ASFALTOS DILUÍDOS CM-30","Paraíba","-"]
["2013-03-01","ASFALTOS DILUÍDOS CM-30","Paraná",1.4689959959501271]
["2013-03-01","ASFALTOS DILUÍDOS CM-30","Pernambuco","-"]
["2013-03-01","ASFALTOS DILUÍDOS CM-30","Piauí","-"]
["2013-03-01","ASFALTOS DILUÍDOS CM-30","Rio de Janeiro",1.4380555738810545]
["2013-03-01","ASFALTOS DILUÍDOS CM-30","Rio Grande do Norte","-"]
["2013-03-01","ASFALTOS DILUÍDOS CM-30","Rio Grande do Sul",1.5814258782658748]
["2013-03-01","ASFALTOS DILUÍDOS CM-30","Rondônia","-"]
["2013-03-01","ASFALTOS DILUÍDOS CM-30","Roraima","-"]
["2013-03-01","ASFALTOS DILUÍDOS CM-30","Santa Catarina","-"]
["2013-03-01","ASFALTOS DILUÍDOS CM-30","São Paulo",1.4660617024058002]
["2013-03-01","ASFALTOS DILUÍDOS CM-30","Sergipe","-"]
["2013-03-01","ASFALTOS DILUÍDOS CM-30","Tocantins","-"]
["2013-04-01","ASFALTOS DILUÍDOS CM-30","Acre","-"]
["2013-04-01","ASFALTOS DILUÍDOS CM-30","Alagoas","-"]
["2013-04-01","ASFALTOS DILUÍDOS CM-30","Amapá","-"]
["2013-04-01","ASFALTOS DILUÍDOS CM-30","Amazonas",1.4847966561231034]
["2013-04-01","ASFALTOS DILUÍDOS CM-30","Bahia",1.454836546307112]
["2013-04-01","ASFALTOS DILUÍDOS CM-30","Ceará",1.3870739617974539]
["2013-04-01","ASFALTOS DILUÍDOS CM-30","Distrito Federal","-"]
["2013-04-01","ASFALTOS DILUÍDOS CM-30","Espírito Santo","-"]
["2013-04-01","ASFALTOS DILUÍDOS CM-30","Goiás",1.6734818355604775]
["2013-04-01","ASFALTOS DILUÍDOS CM-30","Maranhão","-"]
["2013-04-01","ASFALTOS DILUÍDOS CM-30","Mato Grosso",1.9219384218389803]
["2013-04-01","ASFALTOS DILUÍDOS CM-30","Mato Grosso do Sul","-"]
["2013-04-01","ASFALTOS DILUÍDOS CM-30","Minas Gerais",1.4565566827656029]
["2013-04-01","ASFALTOS DILUÍDOS CM-30","Pará","-"]
["2013-04-01","ASFALTOS DILUÍDOS CM-30","Paraíba","-"]
["2013-04-01","ASFALTOS DILUÍDOS CM-30","Paraná",1.5344194983914978]
["2013-04-01","ASFALTOS DILUÍDOS CM-30","Pernambuco","-"]
["2013-04-01","ASFALTOS DILUÍDOS CM-30","Piauí","-"]
["2013-04-01","ASFALTOS DILUÍDOS CM-30","Rio de Janeiro",1.4184195161224069]
["2013-04-01","ASFALTOS DILUÍDOS CM-30","Rio Grande do Norte","-"]
["2013-04-01","ASFALTOS DILUÍDOS CM-30","Rio Grande do Sul",1.572582456389797]
["2013-04-01","ASFALTOS DILUÍDOS CM-30","Rondônia","-"]
["2013-04-01","ASFALTOS DILUÍDOS CM-30","Roraima","-"]
["2013-04-01","ASFALTOS DILUÍDOS CM-30","Santa Catarina","-"]
["2013-04-01","ASFALTOS DILUÍDOS CM-30","São Paulo",1.4757643482956038]
["2013-04-01","ASFALTOS DILUÍDOS CM-30","Sergipe","-"]
["2013-04-01","ASFALTOS DILUÍDOS CM-30","Tocantins","-"]
["2013-05-01","ASFALTOS DILUÍDOS CM-30","Acre","-"]
["2013-05-01","ASFALTOS DILUÍDOS CM-30","Alagoas","-"]
["2013-05-01","ASFALTOS DILUÍDOS CM-30","Amapá","-"]
["2013-05-01","ASFALTOS DILUÍDOS CM-30","Amazonas","-"]
["2013-05-01","ASFALTOS DILUÍDOS CM-30","Bahia",1.4925874242145125]
["2013-05-01","ASFALTOS DILUÍDOS CM-30","Ceará",1.3762630205188797]
["2013-05-01","ASFALTOS DILUÍDOS CM-30","Distrito Federal","-"]
["2013-05-01","ASFALTOS DILUÍDOS CM-30","Espírito Santo","-"]
["2013-05-01","ASFALTOS DILUÍDOS CM-30","Goiás",1.6682148189524701]
["2013-05-01","ASFALTOS DILUÍDOS CM-30","Maranhão","-"]
["2013-05-01","ASFALTOS DILUÍDOS CM-30","Mato Grosso",1.9030981590145519]
["2013-05-01","ASFALTOS DILUÍDOS CM-30","Mato Grosso do Sul","-"]
["2013-05-01","ASFALTOS DILUÍDOS CM-30","Minas Gerais",1.4647097164454981]
["2013-05-01","ASFALTOS DILUÍDOS CM-30","Pará","-"]
["2013-05-01","ASFALTOS DILUÍDOS CM-30","Paraíba","-"]
["2013-05-01","ASFALTOS DILUÍDOS CM-30","Paraná",1.4890278492054516]
["2013-05-01","ASFALTOS DILUÍDOS CM-30","Pernambuco","-"]
["2013-05-01","ASFALTOS DILUÍDOS CM-30","Piauí","-"]
["2013-05-01","ASFALTOS DILUÍDOS CM-30","Rio de Janeiro",1.3992560478193556]
["2013-05-01","ASFALTOS DILUÍDOS CM-30","Rio Grande do Norte","-"]
["2013-05-01","ASFALTOS DILUÍDOS CM-30","Rio Grande do Sul",1.5396369613878009]
["2013-05-01","ASFALTOS DILUÍDOS CM-30","Rondônia","-"]
["2013-05-01","ASFALTOS DILUÍDOS CM-30","Roraima","-"]
["2013-05-01","ASFALTOS DILUÍDOS CM-30","Santa Catarina","-"]
["2013-05-01","ASFALTOS DILUÍDOS CM-30","São Paulo",1.4512159364340786]
["2013-05-01","ASFALTOS DILUÍDOS CM-30","Sergipe","-"]
["2013-05-01","ASFALTOS DILUÍDOS CM-30","Tocantins","-"]
["2013-06-01","ASFALTOS DILUÍDOS CM-30","Acre","-"]
["2013-06-01","ASFALTOS DILUÍDOS CM-30","Alagoas","-"]
["2013-06-01","ASFALTOS DILUÍDOS CM-30","Amapá","-"]
["2013-06-01","ASFALTOS DILUÍDOS CM-30","Amazonas",1.5863258175048849]
["2013-06-01","ASFALTOS DILUÍDOS CM-30","Bahia",1.448129069812556]
["2013-06-01","ASFALTOS DILUÍDOS CM-30","Ceará",1.3827009885251489]
["2013-06-01","ASFALTOS DILUÍDOS CM-30","Distrito Federal","-"]
["2013-06-01","ASFALTOS DILUÍDOS CM-30","Espírito Santo","-"]
["2013-06-01","ASFALTOS DILUÍDOS CM-30","Goiás",1.6996138671289776]
["2013-06-01","ASFALTOS DILUÍDOS CM-30","Maranhão","-"]
["2013-06-01","ASFALTOS DILUÍDOS CM-30","Mato Grosso",1.9159756577927578]
["2013-06-01","ASFALTOS DILUÍDOS CM-30","Mato Grosso do Sul","-"]
["2013-06-01","ASFALTOS DILUÍDOS CM-30","Minas Gerais",1.4753668962896909]
["2013-06-01","ASFALTOS DILUÍDOS CM-30","Pará","-"]
["2013-06-01","ASFALTOS DILUÍDOS CM-30","Paraíba","-"]
["2013-06-01","ASFALTOS DILUÍDOS CM-30","Paraná",1.4321669740385425]
["2013-06-01","ASFALTOS DILUÍDOS CM-30","Pernambuco","-"]
["2013-06-01","ASFALTOS DILUÍDOS CM-30","Piauí","-"]
["2013-06-01","ASFALTOS DILUÍDOS CM-30","Rio de Janeiro",1.5274202263737213]
["2013-06-01","ASFALTOS DILUÍDOS CM-30","Rio Grande do Norte","-"]
["2013-06-01","ASFALTOS DILUÍDOS CM-30","Rio Grande do Sul",1.5986834901348475]
["2013-06-01","ASFALTOS DILUÍDOS CM-30","Rondônia","-"]
["2013-06-01","ASFALTOS DILUÍDOS CM-30","Roraima","-"]
["2013-06-01","ASFALTOS DILUÍDOS CM-30","Santa Catarina","-"]
["2013-06-01","ASFALTOS DILUÍDOS CM-30","São Paulo",1.4327481873578112]
["2013-06-01","ASFALTOS DILUÍDOS CM-30","Sergipe","-"]
["2013-06-01","ASFALTOS DILUÍDOS CM-30","Tocantins","-"]
["2013-07-01","ASFALTOS DILUÍDOS CM-30","Acre","-"]
["2013-07-01","ASFALTOS DILUÍDOS CM-30","Alagoas","-"]
["2013-07-01","ASFALTOS DILUÍDOS CM-30","Amapá","-"]
["2013-07-01","ASFALTOS DILUÍDOS CM-30","Amazonas",1.5098909307114052]
["2013-07-01","ASFALTOS DILUÍDOS CM-30","Bahia",1.4361500161396077]
["2013-07-01","ASFALTOS DILUÍDOS CM-30","Ceará",1.4248358446083929]
["2013-07-01","ASFALTOS DILUÍDOS CM-30","Distrito Federal","-"]
["2013-07-01","ASFALTOS DILUÍDOS CM-30","Espírito Santo","-"]
["2013-07-01","ASFALTOS DILUÍDOS CM-30","Goiás",1.6637784537782818]
["2013-07-01","ASFALTOS DILUÍDOS CM-30","Maranhão","-"]
["2013-07-01","ASFALTOS DILUÍDOS CM-30","Mato Grosso",1.9305895506226753]
["2013-07-01","ASFALTOS DILUÍDOS CM-30","Mato Grosso do Sul","-"]
["2013-07-01","ASFALTOS DILUÍDOS CM-30","Minas Gerais",1.4765723524617482]
["2013-07-01","ASFALTOS DILUÍDOS CM-30","Pará","-"]
["2013-07-01","ASFALTOS DILUÍDOS CM-30","Paraíba","-"]
["2013-07-01","ASFALTOS DILUÍDOS CM-30","Paraná",1.4771672738531896]
["2013-07-01","ASFALTOS DILUÍDOS CM-30","Pernambuco","-"]
["2013-07-01","ASFALTOS DILUÍDOS CM-30","Piauí","-"]
["2013-07-01","ASFALTOS DILUÍDOS CM-30","Rio de Janeiro",1.5844647130872824]
["2013-07-01","ASFALTOS DILUÍDOS CM-30","Rio Grande do Norte","-"]
["2013-07-01","ASFALTOS DILUÍDOS CM-30","Rio Grande do Sul",1.6124879253037883]
["2013-07-01","ASFALTOS DILUÍDOS CM-30","Rondônia","-"]
["2013-07-01","ASFALTOS DILUÍDOS CM-30","Roraima","-"]
["2013-07-01","ASFALTOS DILUÍDOS CM-30","Santa Catarina","-"]
["2013-07-01","ASFALTOS DILUÍDOS CM-30","São Paulo",1.5078449085221559]
["2013-07-01","ASFALTOS DILUÍDOS CM-30","Sergipe","-"]
["2013-07-01","ASFALTOS DILUÍDOS CM-30","Tocantins","-"]
["2013-08-01","ASFALTOS DILUÍDOS CM-30","Acre","-"]
["2013-08-01","ASFALTOS DILUÍDOS CM-30","Alagoas","-"]
["2013-08-01","ASFALTOS DILUÍDOS CM-30","Amapá","-"]
["2013-08-01","ASFALTOS DILUÍDOS CM-30","Amazonas",1.5092756412465567]
["2013-08-01","ASFALTOS DILUÍDOS CM-30","Bahia",1.4166993230667961]
["2013-08-01","ASFALTOS DILUÍDOS CM-30","Ceará",1.4474033636621826]
["2013-08-01","ASFALTOS DILUÍDOS CM-30","Distrito Federal","-"]
["2013-08-01","ASFALTOS DILUÍDOS CM-30","Espírito Santo","-"]
["2013-08-01","ASFALTOS DILUÍDOS CM-30","Goiás",1.733407290687675]
["2013-08-01","ASFALTOS DILUÍDOS CM-30","Maranhão","-"]
["2013-08-01","ASFALTOS DILUÍDOS CM-30","Mato Grosso",1.9368734488373014]
["2013-08-01","ASFALTOS DILUÍDOS CM-30","Mato Grosso do Sul","-"]
["2013-08-01","ASFALTOS DILUÍDOS CM-30","Minas Gerais",1.497135866276361]
["2013-08-01","ASFALTOS DILUÍDOS CM-30","Pará","-"]
["2013-08-01","ASFALTOS DILUÍDOS CM-30","Paraíba","-"]
["2013-08-01","ASFALTOS DILUÍDOS CM-30","Paraná",1.5549604317647849]
["2013-08-01","ASFALTOS DILUÍDOS CM-30","Pernambuco","-"]
["2013-08-01","ASFALTOS DILUÍDOS CM-30","Piauí","-"]
["2013-08-01","ASFALTOS DILUÍDOS CM-30","Rio de Janeiro",1.610072132228562]
["2013-08-01","ASFALTOS DILUÍDOS CM-30","Rio Grande do Norte","-"]
["2013-08-01","ASFALTOS DILUÍDOS CM-30","Rio Grande do Sul",1.4857528885719486]
["2013-08-01","ASFALTOS DILUÍDOS CM-30","Rondônia","-"]
["2013-08-01","ASFALTOS DILUÍDOS CM-30","Roraima","-"]
["2013-08-01","ASFALTOS DILUÍDOS CM-30","Santa Catarina","-"]
["2013-08-01","ASFALTOS DILUÍDOS CM-30","São Paulo",1.4933707014182394]
["2013-08-01","ASFALTOS DILUÍDOS CM-30","Sergipe","-"]
["2013-08-01","ASFALTOS DILUÍDOS CM-30","Tocantins","-"]
["2013-09-01","ASFALTOS DILUÍDOS CM-30","Acre","-"]
["2013-09-01","ASFALTOS DILUÍDOS CM-30","Alagoas","-"]
["2013-09-01","ASFALTOS DILUÍDOS CM-30","Amapá","-"]
["2013-09-01","ASFALTOS DILUÍDOS CM-30","Amazonas",1.4609016726129569]
["2013-09-01","ASFALTOS DILUÍDOS CM-30","Bahia",1.4552257782611762]
["2013-09-01","ASFALTOS DILUÍDOS CM-30","Ceará",1.4832578566834698]
["2013-09-01","ASFALTOS DILUÍDOS CM-30","Distrito Federal","-"]
["2013-09-01","ASFALTOS DILUÍDOS CM-30","Espírito Santo","-"]
["2013-09-01","ASFALTOS DILUÍDOS CM-30","Goiás",1.7695439322713993]
["2013-09-01","ASFALTOS DILUÍDOS CM-30","Maranhão","-"]
["2013-09-01","ASFALTOS DILUÍDOS CM-30","Mato Grosso",1.9944491035094916]
["2013-09-01","ASFALTOS DILUÍDOS CM-30","Mato Grosso do Sul","-"]
["2013-09-01","ASFALTOS DILUÍDOS CM-30","Minas Gerais",1.5520445899980486]
["2013-09-01","ASFALTOS DILUÍDOS CM-30","Pará","-"]
["2013-09-01","ASFALTOS DILUÍDOS CM-30","Paraíba","-"]
["2013-09-01","ASFALTOS DILUÍDOS CM-30","Paraná",1.4988253631307897]
["2013-09-01","ASFALTOS DILUÍDOS CM-30","Pernambuco","-"]
["2013-09-01","ASFALTOS DILUÍDOS CM-30","Piauí","-"]
["2013-09-01","ASFALTOS DILUÍDOS CM-30","Rio de Janeiro",1.5485200882073553]
["2013-09-01","ASFALTOS DILUÍDOS CM-30","Rio Grande do Norte","-"]
["2013-09-01","ASFALTOS DILUÍDOS CM-30","Rio Grande do Sul",1.466231451400871]
["2013-09-01","ASFALTOS DILUÍDOS CM-30","Rondônia","-"]
["2013-09-01","ASFALTOS DILUÍDOS CM-30","Roraima","-"]
["2013-09-01","ASFALTOS DILUÍDOS CM-30","Santa Catarina","-"]
["2013-09-01","ASFALTOS DILUÍDOS CM-30","São Paulo",1.5183323308106733]
["2013-09-01","ASFALTOS DILUÍDOS CM-30","Sergipe","-"]
["2013-09-01","ASFALTOS DILUÍDOS CM-30","Tocantins","-"]
["2013-10-01","ASFALTOS DILUÍDOS CM-30","Acre","-"]
["2013-10-01","ASFALTOS DILUÍDOS CM-30","Alagoas","-"]
["2013-10-01","ASFALTOS DILUÍDOS CM-30","Amapá","-"]
["2013-10-01","ASFALTOS DILUÍDOS CM-30","Amazonas",1.5243349537611375]
["2013-10-01","ASFALTOS DILUÍDOS CM-30","Bahia",1.4727836719438803]
["2013-10-01","ASFALTOS DILUÍDOS CM-30","Ceará",1.4803412015757087]
["2013-10-01","ASFALTOS DILUÍDOS CM-30","Distrito Federal","-"]
["2013-10-01","ASFALTOS DILUÍDOS CM-30","Espírito Santo","-"]
["2013-10-01","ASFALTOS DILUÍDOS CM-30","Goiás",1.7002748519093238]
["2013-10-01","ASFALTOS DILUÍDOS CM-30","Maranhão","-"]
["2013-10-01","ASFALTOS DILUÍDOS CM-30","Mato Grosso",1.9560474873532938]
["2013-10-01","ASFALTOS DILUÍDOS CM-30","Mato Grosso do Sul","-"]
["2013-10-01","ASFALTOS DILUÍDOS CM-30","Minas Gerais",1.5061274599279553]
["2013-10-01","ASFALTOS DILUÍDOS CM-30","Pará",1.7431022484656087]
["2013-10-01","ASFALTOS DILUÍDOS CM-30","Paraíba","-"]
["2013-10-01","ASFALTOS DILUÍDOS CM-30","Paraná",1.5123431624357759]
["2013-10-01","ASFALTOS DILUÍDOS CM-30","Pernambuco","-"]
["2013-10-01","ASFALTOS DILUÍDOS CM-30","Piauí","-"]
["2013-10-01","ASFALTOS DILUÍDOS CM-30","Rio de Janeiro",1.5104848924413496]
["2013-10-01","ASFALTOS DILUÍDOS CM-30","Rio Grande do Norte","-"]
["2013-10-01","ASFALTOS DILUÍDOS CM-30","Rio Grande do Sul",1.4366665414429234]
["2013-10-01","ASFALTOS DILUÍDOS CM-30","Rondônia","-"]
["2013-10-01","ASFALTOS DILUÍDOS CM-30","Roraima","-"]
["2013-10-01","ASFALTOS DILUÍDOS CM-30","Santa Catarina","-"]
["2013-10-01","ASFALTOS DILUÍDOS CM-30","São Paulo",1.4793466955826844]
["2013-10-01","ASFALTOS DILUÍDOS CM-30","Sergipe","-"]
["2013-10-01","ASFALTOS DILUÍDOS CM-30","Tocantins","-"]
["2013-11-01","ASFALTOS DILUÍDOS CM-30","Acre","-"]
["2013-11-01","ASFALTOS DILUÍDOS CM-30","Alagoas","-"]
["2013-11-01","ASFALTOS DILUÍDOS CM-30","Amapá","-"]
["2013-11-01","ASFALTOS DILUÍDOS CM-30","Amazonas",1.4995512809893463]
["2013-11-01","ASFALTOS DILUÍDOS CM-30","Bahia",1.5008772738611229]
["2013-11-01","ASFALTOS DILUÍDOS CM-30","Ceará",1.4875621424174903]
["2013-11-01","ASFALTOS DILUÍDOS CM-30","Distrito Federal","-"]
["2013-11-01","ASFALTOS DILUÍDOS CM-30","Espírito Santo","-"]
["2013-11-01","ASFALTOS DILUÍDOS CM-30","Goiás",1.792940583041257]
["2013-11-01","ASFALTOS DILUÍDOS CM-30","Maranhão","-"]
["2013-11-01","ASFALTOS DILUÍDOS CM-30","Mato Grosso",1.943476204233427]
["2013-11-01","ASFALTOS DILUÍDOS CM-30","Mato Grosso do Sul","-"]
["2013-11-01","ASFALTOS DILUÍDOS CM-30","Minas Gerais",1.4851520732604662]
["2013-11-01","ASFALTOS DILUÍDOS CM-30","Pará",1.7240862433505024]
["2013-11-01","ASFALTOS DILUÍDOS CM-30","Paraíba","-"]
["2013-11-01","ASFALTOS DILUÍDOS CM-30","Paraná",1.5581010922628975]
["2013-11-01","ASFALTOS DILUÍDOS CM-30","Pernambuco","-"]
["2013-11-01","ASFALTOS DILUÍDOS CM-30","Piauí","-"]
["2013-11-01","ASFALTOS DILUÍDOS CM-30","Rio de Janeiro",1.5673390277834358]
["2013-11-01","ASFALTOS DILUÍDOS CM-30","Rio Grande do Norte","-"]
["2013-11-01","ASFALTOS DILUÍDOS CM-30","Rio Grande do Sul",1.4257711845847554]
["2013-11-01","ASFALTOS DILUÍDOS CM-30","Rondônia","-"]
["2013-11-01","ASFALTOS DILUÍDOS CM-30","Roraima","-"]
["2013-11-01","ASFALTOS DILUÍDOS CM-30","Santa Catarina","-"]
["2013-11-01","ASFALTOS DILUÍDOS CM-30","São Paulo",1.4885140871545035]
["2013-11-01","ASFALTOS DILUÍDOS CM-30","Sergipe","-"]
["2013-11-01","ASFALTOS DILUÍDOS CM-30","Tocantins","-"]
["2013-12-01","ASFALTOS DILUÍDOS CM-30","Acre","-"]
["2013-12-01","ASFALTOS DILUÍDOS CM-30","Alagoas","-"]
["2013-12-01","ASFALTOS DILUÍDOS CM-30","Amapá","-"]
["2013-12-01","ASFALTOS DILUÍDOS CM-30","Amazonas",1.5260290448360885]
["2013-12-01","ASFALTOS DILUÍDOS CM-30","Bahia",1.4767110358523383]
["2013-12-01","ASFALTOS DILUÍDOS CM-30","Ceará",1.5036028855664643]
["2013-12-01","ASFALTOS DILUÍDOS CM-30","Distrito Federal","-"]
["2013-12-01","ASFALTOS DILUÍDOS CM-30","Espírito Santo","-"]
["2013-12-01","ASFALTOS DILUÍDOS CM-30","Goiás",1.8117439845237926]
["2013-12-01","ASFALTOS DILUÍDOS CM-30","Maranhão","-"]
["2013-12-01","ASFALTOS DILUÍDOS CM-30","Mato Grosso",1.9339186491243692]
["2013-12-01","ASFALTOS DILUÍDOS CM-30","Mato Grosso do Sul","-"]
["2013-12-01","ASFALTOS DILUÍDOS CM-30","Minas Gerais",1.4674477520485494]
["2013-12-01","ASFALTOS DILUÍDOS CM-30","Pará",1.7439002309289962]
["2013-12-01","ASFALTOS DILUÍDOS CM-30","Paraíba","-"]
["2013-12-01","ASFALTOS DILUÍDOS CM-30","Paraná",1.6568745232341642]
["2013-12-01","ASFALTOS DILUÍDOS CM-30","Pernambuco","-"]
["2013-12-01","ASFALTOS DILUÍDOS CM-30","Piauí","-"]
["2013-12-01","ASFALTOS DILUÍDOS CM-30","Rio de Janeiro",1.5550002197863031]
["2013-12-01","ASFALTOS DILUÍDOS CM-30","Rio Grande do Norte","-"]
["2013-12-01","ASFALTOS DILUÍDOS CM-30","Rio Grande do Sul",1.4462951563408815]
["2013-12-01","ASFALTOS DILUÍDOS CM-30","Rondônia","-"]
["2013-12-01","ASFALTOS DILUÍDOS CM-30","Roraima","-"]
["2013-12-01","ASFALTOS DILUÍDOS CM-30","Santa Catarina","-"]
["2013-12-01","ASFALTOS DILUÍDOS CM-30","São Paulo",1.5130913326024036]
["2013-12-01","ASFALTOS DILUÍDOS CM-30","Sergipe","-"]
["2013-12-01","ASFALTOS DILUÍDOS CM-30","Tocantins","-"]
["2014-01-01","ASFALTOS DILUÍDOS CM-30","Acre","-"]
["2014-01-01","ASFALTOS DILUÍDOS CM-30","Alagoas","-"]
["2014-01-01","ASFALTOS DILUÍDOS CM-30","Amapá","-"]
["2014-01-01","ASFALTOS DILUÍDOS CM-30","Amazonas",1.5470449444452594]
["2014-01-01","ASFALTOS DILUÍDOS CM-30","Bahia",1.4920329063705282]
["2014-01-01","ASFALTOS DILUÍDOS CM-30","Ceará",1.5006530489663283]
["2014-01-01","ASFALTOS DILUÍDOS CM-30","Distrito Federal","-"]
["2014-01-01","ASFALTOS DILUÍDOS CM-30","Espírito Santo","-"]
["2014-01-01","ASFALTOS DILUÍDOS CM-30","Goiás",1.7738596671771081]
["2014-01-01","ASFALTOS DILUÍDOS CM-30","Maranhão","-"]
["2014-01-01","ASFALTOS DILUÍDOS CM-30","Mato Grosso",1.9580558459311677]
["2014-01-01","ASFALTOS DILUÍDOS CM-30","Mato Grosso do Sul","-"]
["2014-01-01","ASFALTOS DILUÍDOS CM-30","Minas Gerais",1.4379164016219708]
["2014-01-01","ASFALTOS DILUÍDOS CM-30","Pará","-"]
["2014-01-01","ASFALTOS DILUÍDOS CM-30","Paraíba","-"]
["2014-01-01","ASFALTOS DILUÍDOS CM-30","Paraná",1.5931626552185376]
["2014-01-01","ASFALTOS DILUÍDOS CM-30","Pernambuco","-"]
["2014-01-01","ASFALTOS DILUÍDOS CM-30","Piauí","-"]
["2014-01-01","ASFALTOS DILUÍDOS CM-30","Rio de Janeiro",1.5297024806741535]
["2014-01-01","ASFALTOS DILUÍDOS CM-30","Rio Grande do Norte","-"]
["2014-01-01","ASFALTOS DILUÍDOS CM-30","Rio Grande do Sul",1.4383576433809089]
["2014-01-01","ASFALTOS DILUÍDOS CM-30","Rondônia","-"]
["2014-01-01","ASFALTOS DILUÍDOS CM-30","Roraima","-"]
["2014-01-01","ASFALTOS DILUÍDOS CM-30","Santa Catarina","-"]
["2014-01-01","ASFALTOS DILUÍDOS CM-30","São Paulo",1.5095089837973203]
["2014-01-01","ASFALTOS DILUÍDOS CM-30","Sergipe","-"]
["2014-01-01","ASFALTOS DILUÍDOS CM-30","Tocantins","-"]
["2014-02-01","ASFALTOS DILUÍDOS CM-30","Acre","-"]
["2014-02-01","ASFALTOS DILUÍDOS CM-30","Alagoas","-"]
["2014-02-01","ASFALTOS DILUÍDOS CM-30","Amapá","-"]
["2014-02-01","ASFALTOS DILUÍDOS CM-30","Amazonas",1.5421134264326049]
["2014-02-01","ASFALTOS DILUÍDOS CM-30","Bahia",1.4756850145413278]
["2014-02-01","ASFALTOS DILUÍDOS CM-30","Ceará",1.4903963045347111]
["2014-02-01","ASFALTOS DILUÍDOS CM-30","Distrito Federal","-"]
["2014-02-01","ASFALTOS DILUÍDOS CM-30","Espírito Santo","-"]
["2014-02-01","ASFALTOS DILUÍDOS CM-30","Goiás",1.7497348023305683]
["2014-02-01","ASFALTOS DILUÍDOS CM-30","Maranhão","-"]
["2014-02-01","ASFALTOS DILUÍDOS CM-30","Mato Grosso",1.9452610169953894]
["2014-02-01","ASFALTOS DILUÍDOS CM-30","Mato Grosso do Sul","-"]
["2014-02-01","ASFALTOS DILUÍDOS CM-30","Minas Gerais",1.5017209391402084]
["2014-02-01","ASFALTOS DILUÍDOS CM-30","Pará","-"]
["2014-02-01","ASFALTOS DILUÍDOS CM-30","Paraíba","-"]
["2014-02-01","ASFALTOS DILUÍDOS CM-30","Paraná",1.5623699544647331]
["2014-02-01","ASFALTOS DILUÍDOS CM-30","Pernambuco","-"]
["2014-02-01","ASFALTOS DILUÍDOS CM-30","Piauí","-"]
["2014-02-01","ASFALTOS DILUÍDOS CM-30","Rio de Janeiro",1.5704259723558247]
["2014-02-01","ASFALTOS DILUÍDOS CM-30","Rio Grande do Norte","-"]
["2014-02-01","ASFALTOS DILUÍDOS CM-30","Rio Grande do Sul",1.4471249920171849]
["2014-02-01","ASFALTOS DILUÍDOS CM-30","Rondônia","-"]
["2014-02-01","ASFALTOS DILUÍDOS CM-30","Roraima","-"]
["2014-02-01","ASFALTOS DILUÍDOS CM-30","Santa Catarina","-"]
["2014-02-01","ASFALTOS DILUÍDOS CM-30","São Paulo",1.4940466155892476]
["2014-02-01","ASFALTOS DILUÍDOS CM-30","Sergipe","-"]
["2014-02-01","ASFALTOS DILUÍDOS CM-30","Tocantins","-"]
["2014-03-01","ASFALTOS DILUÍDOS CM-30","Acre","-"]
["2014-03-01","ASFALTOS DILUÍDOS CM-30","Alagoas","-"]
["2014-03-01","ASFALTOS DILUÍDOS CM-30","Amapá","-"]
["2014-03-01","ASFALTOS DILUÍDOS CM-30","Amazonas",1.6042410511452168]
["2014-03-01","ASFALTOS DILUÍDOS CM-30","Bahia",1.4923505234971217]
["2014-03-01","ASFALTOS DILUÍDOS CM-30","Ceará",1.4823896656165243]
["2014-03-01","ASFALTOS DILUÍDOS CM-30","Distrito Federal","-"]
["2014-03-01","ASFALTOS DILUÍDOS CM-30","Espírito Santo","-"]
["2014-03-01","ASFALTOS DILUÍDOS CM-30","Goiás","-"]
["2014-03-01","ASFALTOS DILUÍDOS CM-30","Maranhão","-"]
["2014-03-01","ASFALTOS DILUÍDOS CM-30","Mato Grosso",2.0148421096338178]
["2014-03-01","ASFALTOS DILUÍDOS CM-30","Mato Grosso do Sul","-"]
["2014-03-01","ASFALTOS DILUÍDOS CM-30","Minas Gerais",1.4808934616073539]
["2014-03-01","ASFALTOS DILUÍDOS CM-30","Pará",1.7897777414216498]
["2014-03-01","ASFALTOS DILUÍDOS CM-30","Paraíba","-"]
["2014-03-01","ASFALTOS DILUÍDOS CM-30","Paraná",1.5533261261551996]
["2014-03-01","ASFALTOS DILUÍDOS CM-30","Pernambuco","-"]
["2014-03-01","ASFALTOS DILUÍDOS CM-30","Piauí","-"]
["2014-03-01","ASFALTOS DILUÍDOS CM-30","Rio de Janeiro",1.5525373138742444]
["2014-03-01","ASFALTOS DILUÍDOS CM-30","Rio Grande do Norte","-"]
["2014-03-01","ASFALTOS DILUÍDOS CM-30","Rio Grande do Sul",1.4385954794679006]
["2014-03-01","ASFALTOS DILUÍDOS CM-30","Rondônia","-"]
["2014-03-01","ASFALTOS DILUÍDOS CM-30","Roraima","-"]
["2014-03-01","ASFALTOS DILUÍDOS CM-30","Santa Catarina","-"]
["2014-03-01","ASFALTOS DILUÍDOS CM-30","São Paulo",1.5332047694123538]
["2014-03-01","ASFALTOS DILUÍDOS CM-30","Sergipe","-"]
["2014-03-01","ASFALTOS DILUÍDOS CM-30","Tocantins","-"]
["2014-04-01","ASFALTOS DILUÍDOS CM-30","Acre","-"]
["2014-04-01","ASFALTOS DILUÍDOS CM-30","Alagoas","-"]
["2014-04-01","ASFALTOS DILUÍDOS CM-30","Amapá","-"]
["2014-04-01","ASFALTOS DILUÍDOS CM-30","Amazonas","-"]
["2014-04-01","ASFALTOS DILUÍDOS CM-30","Bahia",1.4934269589846085]
["2014-04-01","ASFALTOS DILUÍDOS CM-30","Ceará",1.5100887018000997]
["2014-04-01","ASFALTOS DILUÍDOS CM-30","Distrito Federal","-"]
["2014-04-01","ASFALTOS DILUÍDOS CM-30","Espírito Santo","-"]
["2014-04-01","ASFALTOS DILUÍDOS CM-30","Goiás",1.7163165296459324]
["2014-04-01","ASFALTOS DILUÍDOS CM-30","Maranhão","-"]
["2014-04-01","ASFALTOS DILUÍDOS CM-30","Mato Grosso",1.8750689335459321]
["2014-04-01","ASFALTOS DILUÍDOS CM-30","Mato Grosso do Sul","-"]
["2014-04-01","ASFALTOS DILUÍDOS CM-30","Minas Gerais",1.5067285578610157]
["2014-04-01","ASFALTOS DILUÍDOS CM-30","Pará","-"]
["2014-04-01","ASFALTOS DILUÍDOS CM-30","Paraíba","-"]
["2014-04-01","ASFALTOS DILUÍDOS CM-30","Paraná",1.5652882738397911]
["2014-04-01","ASFALTOS DILUÍDOS CM-30","Pernambuco","-"]
["2014-04-01","ASFALTOS DILUÍDOS CM-30","Piauí","-"]
["2014-04-01","ASFALTOS DILUÍDOS CM-30","Rio de Janeiro",1.5716035990804058]
["2014-04-01","ASFALTOS DILUÍDOS CM-30","Rio Grande do Norte","-"]
["2014-04-01","ASFALTOS DILUÍDOS CM-30","Rio Grande do Sul",1.4746121856656131]
["2014-04-01","ASFALTOS DILUÍDOS CM-30","Rondônia","-"]
["2014-04-01","ASFALTOS DILUÍDOS CM-30","Roraima","-"]
["2014-04-01","ASFALTOS DILUÍDOS CM-30","Santa Catarina","-"]
["2014-04-01","ASFALTOS DILUÍDOS CM-30","São Paulo",1.5535714551516715]
["2014-04-01","ASFALTOS DILUÍDOS CM-30","Sergipe","-"]
["2014-04-01","ASFALTOS DILUÍDOS CM-30","Tocantins","-"]
["2014-05-01","ASFALTOS DILUÍDOS CM-30","Acre","-"]
["2014-05-01","ASFALTOS DILUÍDOS CM-30","Alagoas","-"]
["2014-05-01","ASFALTOS DILUÍDOS CM-30","Amapá","-"]
["2014-05-01","ASFALTOS DILUÍDOS CM-30","Amazonas",1.491238559599193]
["2014-05-01","ASFALTOS DILUÍDOS CM-30","Bahia",1.4910322714256705]
["2014-05-01","ASFALTOS DILUÍDOS CM-30","Ceará",1.5001648961941585]
["2014-05-01","ASFALTOS DILUÍDOS CM-30","Distrito Federal","-"]
["2014-05-01","ASFALTOS DILUÍDOS CM-30","Espírito Santo","-"]
["2014-05-01","ASFALTOS DILUÍDOS CM-30","Goiás",1.7308835228244213]
["2014-05-01","ASFALTOS DILUÍDOS CM-30","Maranhão","-"]
["2014-05-01","ASFALTOS DILUÍDOS CM-30","Mato Grosso",2.0018030360469137]
["2014-05-01","ASFALTOS DILUÍDOS CM-30","Mato Grosso do Sul","-"]
["2014-05-01","ASFALTOS DILUÍDOS CM-30","Minas Gerais",1.4950885405291816]
["2014-05-01","ASFALTOS DILUÍDOS CM-30","Pará",1.9122589243672752]
["2014-05-01","ASFALTOS DILUÍDOS CM-30","Paraíba","-"]
["2014-05-01","ASFALTOS DILUÍDOS CM-30","Paraná",1.6033534205593318]
["2014-05-01","ASFALTOS DILUÍDOS CM-30","Pernambuco","-"]
["2014-05-01","ASFALTOS DILUÍDOS CM-30","Piauí","-"]
["2014-05-01","ASFALTOS DILUÍDOS CM-30","Rio de Janeiro",1.5178603140588416]
["2014-05-01","ASFALTOS DILUÍDOS CM-30","Rio Grande do Norte","-"]
["2014-05-01","ASFALTOS DILUÍDOS CM-30","Rio Grande do Sul",1.5079021745611556]
["2014-05-01","ASFALTOS DILUÍDOS CM-30","Rondônia","-"]
["2014-05-01","ASFALTOS DILUÍDOS CM-30","Roraima","-"]
["2014-05-01","ASFALTOS DILUÍDOS CM-30","Santa Catarina","-"]
["2014-05-01","ASFALTOS DILUÍDOS CM-30","São Paulo",1.5043134366224236]
["2014-05-01","ASFALTOS DILUÍDOS CM-30","Sergipe","-"]
["2014-05-01","ASFALTOS DILUÍDOS CM-30","Tocantins","-"]
["2014-06-01","ASFALTOS DILUÍDOS CM-30","Acre","-"]
["2014-06-01","ASFALTOS DILUÍDOS CM-30","Alagoas","-"]
["2014-06-01","ASFALTOS DILUÍDOS CM-30","Amapá","-"]
["2014-06-01","ASFALTOS DILUÍDOS CM-30","Amazonas","-"]
["2014-06-01","ASFALTOS DILUÍDOS CM-30","Bahia",1.4921439411298603]
["2014-06-01","ASFALTOS DILUÍDOS CM-30","Ceará",1.5140383304480589]
["2014-06-01","ASFALTOS DILUÍDOS CM-30","Distrito Federal","-"]
["2014-06-01","ASFALTOS DILUÍDOS CM-30","Espírito Santo","-"]
["2014-06-01","ASFALTOS DILUÍDOS CM-30","Goiás",1.7753981100443417]
["2014-06-01","ASFALTOS DILUÍDOS CM-30","Maranhão","-"]
["2014-06-01","ASFALTOS DILUÍDOS CM-30","Mato Grosso",1.973799719364099]
["2014-06-01","ASFALTOS DILUÍDOS CM-30","Mato Grosso do Sul","-"]
["2014-06-01","ASFALTOS DILUÍDOS CM-30","Minas Gerais",1.4929416860704192]
["2014-06-01","ASFALTOS DILUÍDOS CM-30","Pará",1.8215155232669991]
["2014-06-01","ASFALTOS DILUÍDOS CM-30","Paraíba","-"]
["2014-06-01","ASFALTOS DILUÍDOS CM-30","Paraná",1.5321487292538272]
["2014-06-01","ASFALTOS DILUÍDOS CM-30","Pernambuco","-"]
["2014-06-01","ASFALTOS DILUÍDOS CM-30","Piauí","-"]
["2014-06-01","ASFALTOS DILUÍDOS CM-30","Rio de Janeiro",1.5638897266082119]
["2014-06-01","ASFALTOS DILUÍDOS CM-30","Rio Grande do Norte","-"]
["2014-06-01","ASFALTOS DILUÍDOS CM-30","Rio Grande do Sul",1.5009990038777468]
["2014-06-01","ASFALTOS DILUÍDOS CM-30","Rondônia","-"]
["2014-06-01","ASFALTOS DILUÍDOS CM-30","Roraima","-"]
["2014-06-01","ASFALTOS DILUÍDOS CM-30","Santa Catarina","-"]
["2014-06-01","ASFALTOS DILUÍDOS CM-30","São Paulo",1.5057881434128739]
["2014-06-01","ASFALTOS DILUÍDOS CM-30","Sergipe","-"]
["2014-06-01","ASFALTOS DILUÍDOS CM-30","Tocantins","-"]
["2014-07-01","ASFALTOS DILUÍDOS CM-30","Acre","-"]
["2014-07-01","ASFALTOS DILUÍDOS CM-30","Alagoas","-"]
["2014-07-01","ASFALTOS DILUÍDOS CM-30","Amapá","-"]
["2014-07-01","ASFALTOS DILUÍDOS CM-30","Amazonas",1.5126303356963178]
["2014-07-01","ASFALTOS DILUÍDOS CM-30","Bahia",1.4865607590218506]
["2014-07-01","ASFALTOS DILUÍDOS CM-30","Ceará",1.5092975223588267]
["2014-07-01","ASFALTOS DILUÍDOS CM-30","Distrito Federal","-"]
["2014-07-01","ASFALTOS DILUÍDOS CM-30","Espírito Santo","-"]
["2014-07-01","ASFALTOS DILUÍDOS CM-30","Goiás",1.5204314593094017]
["2014-07-01","ASFALTOS DILUÍDOS CM-30","Maranhão","-"]
["2014-07-01","ASFALTOS DILUÍDOS CM-30","Mato Grosso",1.8910040312227305]
["2014-07-01","ASFALTOS DILUÍDOS CM-30","Mato Grosso do Sul","-"]
["2014-07-01","ASFALTOS DILUÍDOS CM-30","Minas Gerais",1.4541998107237146]
["2014-07-01","ASFALTOS DILUÍDOS CM-30","Pará",1.8277620727484787]
["2014-07-01","ASFALTOS DILUÍDOS CM-30","Paraíba","-"]
["2014-07-01","ASFALTOS DILUÍDOS CM-30","Paraná",1.5101803739883815]
["2014-07-01","ASFALTOS DILUÍDOS CM-30","Pernambuco","-"]
["2014-07-01","ASFALTOS DILUÍDOS CM-30","Piauí","-"]
["2014-07-01","ASFALTOS DILUÍDOS CM-30","Rio de Janeiro",1.4398284027895898]
["2014-07-01","ASFALTOS DILUÍDOS CM-30","Rio Grande do Norte","-"]
["2014-07-01","ASFALTOS DILUÍDOS CM-30","Rio Grande do Sul",1.4952781410015059]
["2014-07-01","ASFALTOS DILUÍDOS CM-30","Rondônia","-"]
["2014-07-01","ASFALTOS DILUÍDOS CM-30","Roraima","-"]
["2014-07-01","ASFALTOS DILUÍDOS CM-30","Santa Catarina","-"]
["2014-07-01","ASFALTOS DILUÍDOS CM-30","São Paulo",1.5692258942286532]
["2014-07-01","ASFALTOS DILUÍDOS CM-30","Sergipe","-"]
["2014-07-01","ASFALTOS DILUÍDOS CM-30","Tocantins","-"]
["2014-08-01","ASFALTOS DILUÍDOS CM-30","Acre","-"]
["2014-08-01","ASFALTOS DILUÍDOS CM-30","Alagoas","-"]
["2014-08-01","ASFALTOS DILUÍDOS CM-30","Amapá","-"]
["2014-08-01","ASFALTOS DILUÍDOS CM-30","Amazonas",1.5208056700949988]
["2014-08-01","ASFALTOS DILUÍDOS CM-30","Bahia",1.4785035368511479]
["2014-08-01","ASFALTOS DILUÍDOS CM-30","Ceará",1.5155192196954475]
["2014-08-01","ASFALTOS DILUÍDOS CM-30","Distrito Federal","-"]
["2014-08-01","ASFALTOS DILUÍDOS CM-30","Espírito Santo","-"]
["2014-08-01","ASFALTOS DILUÍDOS CM-30","Goiás",1.4631698899687411]
["2014-08-01","ASFALTOS DILUÍDOS CM-30","Maranhão","-"]
["2014-08-01","ASFALTOS DILUÍDOS CM-30","Mato Grosso",1.9304625910887303]
["2014-08-01","ASFALTOS DILUÍDOS CM-30","Mato Grosso do Sul","-"]
["2014-08-01","ASFALTOS DILUÍDOS CM-30","Minas Gerais",1.4992368480293596]
["2014-08-01","ASFALTOS DILUÍDOS CM-30","Pará","-"]
["2014-08-01","ASFALTOS DILUÍDOS CM-30","Paraíba","-"]
["2014-08-01","ASFALTOS DILUÍDOS CM-30","Paraná",1.5240305304383157]
["2014-08-01","ASFALTOS DILUÍDOS CM-30","Pernambuco","-"]
["2014-08-01","ASFALTOS DILUÍDOS CM-30","Piauí","-"]
["2014-08-01","ASFALTOS DILUÍDOS CM-30","Rio de Janeiro",1.4057851625188353]
["2014-08-01","ASFALTOS DILUÍDOS CM-30","Rio Grande do Norte","-"]
["2014-08-01","ASFALTOS DILUÍDOS CM-30","Rio Grande do Sul",1.4702143171540545]
["2014-08-01","ASFALTOS DILUÍDOS CM-30","Rondônia","-"]
["2014-08-01","ASFALTOS DILUÍDOS CM-30","Roraima","-"]
["2014-08-01","ASFALTOS DILUÍDOS CM-30","Santa Catarina","-"]
["2014-08-01","ASFALTOS DILUÍDOS CM-30","São Paulo",1.4709698804392817]
["2014-08-01","ASFALTOS DILUÍDOS CM-30","Sergipe","-"]
["2014-08-01","ASFALTOS DILUÍDOS CM-30","Tocantins","-"]
["2014-09-01","ASFALTOS DILUÍDOS CM-30","Acre","-"]
["2014-09-01","ASFALTOS DILUÍDOS CM-30","Alagoas","-"]
["2014-09-01","ASFALTOS DILUÍDOS CM-30","Amapá","-"]
["2014-09-01","ASFALTOS DILUÍDOS CM-30","Amazonas",1.5135246591078624]
["2014-09-01","ASFALTOS DILUÍDOS CM-30","Bahia",1.5106624163262905]
["2014-09-01","ASFALTOS DILUÍDOS CM-30","Ceará",1.5673309453351099]
["2014-09-01","ASFALTOS DILUÍDOS CM-30","Distrito Federal","-"]
["2014-09-01","ASFALTOS DILUÍDOS CM-30","Espírito Santo","-"]
["2014-09-01","ASFALTOS DILUÍDOS CM-30","Goiás",1.7775777087436746]
["2014-09-01","ASFALTOS DILUÍDOS CM-30","Maranhão","-"]
["2014-09-01","ASFALTOS DILUÍDOS CM-30","Mato Grosso",2.0381650401319003]
["2014-09-01","ASFALTOS DILUÍDOS CM-30","Mato Grosso do Sul","-"]
["2014-09-01","ASFALTOS DILUÍDOS CM-30","Minas Gerais",1.4837917343054126]
["2014-09-01","ASFALTOS DILUÍDOS CM-30","Pará",1.859235925091449]
["2014-09-01","ASFALTOS DILUÍDOS CM-30","Paraíba","-"]
["2014-09-01","ASFALTOS DILUÍDOS CM-30","Paraná",1.5760080238683634]
["2014-09-01","ASFALTOS DILUÍDOS CM-30","Pernambuco","-"]
["2014-09-01","ASFALTOS DILUÍDOS CM-30","Piauí","-"]
["2014-09-01","ASFALTOS DILUÍDOS CM-30","Rio de Janeiro",1.478368244997909]
["2014-09-01","ASFALTOS DILUÍDOS CM-30","Rio Grande do Norte","-"]
["2014-09-01","ASFALTOS DILUÍDOS CM-30","Rio Grande do Sul",1.5572015458379578]
["2014-09-01","ASFALTOS DILUÍDOS CM-30","Rondônia","-"]
["2014-09-01","ASFALTOS DILUÍDOS CM-30","Roraima","-"]
["2014-09-01","ASFALTOS DILUÍDOS CM-30","Santa Catarina","-"]
["2014-09-01","ASFALTOS DILUÍDOS CM-30","São Paulo",1.5347052685785783]
["2014-09-01","ASFALTOS DILUÍDOS CM-30","Sergipe","-"]
["2014-09-01","ASFALTOS DILUÍDOS CM-30","Tocantins","-"]
["2014-10-01","ASFALTOS DILUÍDOS CM-30","Acre","-"]
["2014-10-01","ASFALTOS DILUÍDOS CM-30","Alagoas","-"]
["2014-10-01","ASFALTOS DILUÍDOS CM-30","Amapá","-"]
["2014-10-01","ASFALTOS DILUÍDOS CM-30","Amazonas",1.5696035731770417]
["2014-10-01","ASFALTOS DILUÍDOS CM-30","Bahia",1.5092353108857854]
["2014-10-01","ASFALTOS DILUÍDOS CM-30","Ceará",1.5110947008960001]
["2014-10-01","ASFALTOS DILUÍDOS CM-30","Distrito Federal","-"]
["2014-10-01","ASFALTOS DILUÍDOS CM-30","Espírito Santo","-"]
["2014-10-01","ASFALTOS DILUÍDOS CM-30","Goiás",1.6246091857755052]
["2014-10-01","ASFALTOS DILUÍDOS CM-30","Maranhão","-"]
["2014-10-01","ASFALTOS DILUÍDOS CM-30","Mato Grosso",1.938107946368246]
["2014-10-01","ASFALTOS DILUÍDOS CM-30","Mato Grosso do Sul","-"]
["2014-10-01","ASFALTOS DILUÍDOS CM-30","Minas Gerais",1.4769173807887346]
["2014-10-01","ASFALTOS DILUÍDOS CM-30","Pará",1.914772444513813]
["2014-10-01","ASFALTOS DILUÍDOS CM-30","Paraíba","-"]
["2014-10-01","ASFALTOS DILUÍDOS CM-30","Paraná",1.4365746213828052]
["2014-10-01","ASFALTOS DILUÍDOS CM-30","Pernambuco","-"]
["2014-10-01","ASFALTOS DILUÍDOS CM-30","Piauí","-"]
["2014-10-01","ASFALTOS DILUÍDOS CM-30","Rio de Janeiro",1.4391131019560579]
["2014-10-01","ASFALTOS DILUÍDOS CM-30","Rio Grande do Norte","-"]
["2014-10-01","ASFALTOS DILUÍDOS CM-30","Rio Grande do Sul",1.4898313701464032]
["2014-10-01","ASFALTOS DILUÍDOS CM-30","Rondônia","-"]
["2014-10-01","ASFALTOS DILUÍDOS CM-30","Roraima","-"]
["2014-10-01","ASFALTOS DILUÍDOS CM-30","Santa Catarina","-"]
["2014-10-01","ASFALTOS DILUÍDOS CM-30","São Paulo",1.4701726717799346]
["2014-10-01","ASFALTOS DILUÍDOS CM-30","Sergipe","-"]
["2014-10-01","ASFALTOS DILUÍDOS CM-30","Tocantins","-"]
["2014-11-01","ASFALTOS DILUÍDOS CM-30","Acre","-"]
["2014-11-01","ASFALTOS DILUÍDOS CM-30","Alagoas","-"]
["2014-11-01","ASFALTOS DILUÍDOS CM-30","Amapá","-"]
["2014-11-01","ASFALTOS DILUÍDOS CM-30","Amazonas",1.4787561973043968]
["2014-11-01","ASFALTOS DILUÍDOS CM-30","Bahia",1.5527867574076128]
["2014-11-01","ASFALTOS DILUÍDOS CM-30","Ceará",1.5926739084744492]
["2014-11-01","ASFALTOS DILUÍDOS CM-30","Distrito Federal","-"]
["2014-11-01","ASFALTOS DILUÍDOS CM-30","Espírito Santo","-"]
["2014-11-01","ASFALTOS DILUÍDOS CM-30","Goiás",1.5756791219070552]
["2014-11-01","ASFALTOS DILUÍDOS CM-30","Maranhão","-"]
["2014-11-01","ASFALTOS DILUÍDOS CM-30","Mato Grosso",1.9929676876804618]
["2014-11-01","ASFALTOS DILUÍDOS CM-30","Mato Grosso do Sul","-"]
["2014-11-01","ASFALTOS DILUÍDOS CM-30","Minas Gerais",1.4390341232191841]
["2014-11-01","ASFALTOS DILUÍDOS CM-30","Pará","-"]
["2014-11-01","ASFALTOS DILUÍDOS CM-30","Paraíba","-"]
["2014-11-01","ASFALTOS DILUÍDOS CM-30","Paraná",1.5536667225006813]
["2014-11-01","ASFALTOS DILUÍDOS CM-30","Pernambuco","-"]
["2014-11-01","ASFALTOS DILUÍDOS CM-30","Piauí","-"]
["2014-11-01","ASFALTOS DILUÍDOS CM-30","Rio de Janeiro",1.4800545091789903]
["2014-11-01","ASFALTOS DILUÍDOS CM-30","Rio Grande do Norte","-"]
["2014-11-01","ASFALTOS DILUÍDOS CM-30","Rio Grande do Sul",1.4925691951028917]
["2014-11-01","ASFALTOS DILUÍDOS CM-30","Rondônia","-"]
["2014-11-01","ASFALTOS DILUÍDOS CM-30","Roraima","-"]
["2014-11-01","ASFALTOS DILUÍDOS CM-30","Santa Catarina","-"]
["2014-11-01","ASFALTOS DILUÍDOS CM-30","São Paulo",1.5122719109415648]
["2014-11-01","ASFALTOS DILUÍDOS CM-30","Sergipe","-"]
["2014-11-01","ASFALTOS DILUÍDOS CM-30","Tocantins","-"]
["2014-12-01","ASFALTOS DILUÍDOS CM-30","Acre","-"]
["2014-12-01","ASFALTOS DILUÍDOS CM-30","Alagoas","-"]
["2014-12-01","ASFALTOS DILUÍDOS CM-30","Amapá","-"]
["2014-12-01","ASFALTOS DILUÍDOS CM-30","Amazonas",1.5822282822117755]
["2014-12-01","ASFALTOS DILUÍDOS CM-30","Bahia",1.6787212780815806]
["2014-12-01","ASFALTOS DILUÍDOS CM-30","Ceará",1.7166321668508724]
["2014-12-01","ASFALTOS DILUÍDOS CM-30","Distrito Federal","-"]
["2014-12-01","ASFALTOS DILUÍDOS CM-30","Espírito Santo","-"]
["2014-12-01","ASFALTOS DILUÍDOS CM-30","Goiás",1.9356190000626918]
["2014-12-01","ASFALTOS DILUÍDOS CM-30","Maranhão","-"]
["2014-12-01","ASFALTOS DILUÍDOS CM-30","Mato Grosso",2.0111752628723014]
["2014-12-01","ASFALTOS DILUÍDOS CM-30","Mato Grosso do Sul","-"]
["2014-12-01","ASFALTOS DILUÍDOS CM-30","Minas Gerais",1.6701488187808902]
["2014-12-01","ASFALTOS DILUÍDOS CM-30","Pará",1.966710274793229]
["2014-12-01","ASFALTOS DILUÍDOS CM-30","Paraíba","-"]
["2014-12-01","ASFALTOS DILUÍDOS CM-30","Paraná",1.6886910460398328]
["2014-12-01","ASFALTOS DILUÍDOS CM-30","Pernambuco","-"]
["2014-12-01","ASFALTOS DILUÍDOS CM-30","Piauí","-"]
["2014-12-01","ASFALTOS DILUÍDOS CM-30","Rio de Janeiro",1.5883843361265459]
["2014-12-01","ASFALTOS DILUÍDOS CM-30","Rio Grande do Norte","-"]
["2014-12-01","ASFALTOS DILUÍDOS CM-30","Rio Grande do Sul",1.6099653147945927]
["2014-12-01","ASFALTOS DILUÍDOS CM-30","Rondônia","-"]
["2014-12-01","ASFALTOS DILUÍDOS CM-30","Roraima","-"]
["2014-12-01","ASFALTOS DILUÍDOS CM-30","Santa Catarina","-"]
["2014-12-01","ASFALTOS DILUÍDOS CM-30","São Paulo",1.5955305071648389]
["2014-12-01","ASFALTOS DILUÍDOS CM-30","Sergipe","-"]
["2014-12-01","ASFALTOS DILUÍDOS CM-30","Tocantins","-"]
["2015-01-01","ASFALTOS DILUÍDOS CM-30","Acre","-"]
["2015-01-01","ASFALTOS DILUÍDOS CM-30","Alagoas","-"]
["2015-01-01","ASFALTOS DILUÍDOS CM-30","Amapá","-"]
["2015-01-01","ASFALTOS DILUÍDOS CM-30","Amazonas",1.8436752973061763]
["2015-01-01","ASFALTOS DILUÍDOS CM-30","Bahia",2.0380652186303823]
["2015-01-01","ASFALTOS DILUÍDOS CM-30","Ceará",2.0263385958659481]
["2015-01-01","ASFALTOS DILUÍDOS CM-30","Distrito Federal","-"]
["2015-01-01","ASFALTOS DILUÍDOS CM-30","Espírito Santo","-"]
["2015-01-01","ASFALTOS DILUÍDOS CM-30","Goiás",2.2253787624257231]
["2015-01-01","ASFALTOS DILUÍDOS CM-30","Maranhão","-"]
["2015-01-01","ASFALTOS DILUÍDOS CM-30","Mato Grosso",2.4857849412190269]
["2015-01-01","ASFALTOS DILUÍDOS CM-30","Mato Grosso do Sul","-"]
["2015-01-01","ASFALTOS DILUÍDOS CM-30","Minas Gerais",1.810863619344774]
["2015-01-01","ASFALTOS DILUÍDOS CM-30","Pará","-"]
["2015-01-01","ASFALTOS DILUÍDOS CM-30","Paraíba","-"]
["2015-01-01","ASFALTOS DILUÍDOS CM-30","Paraná",1.8470965182058714]
["2015-01-01","ASFALTOS DILUÍDOS CM-30","Pernambuco","-"]
["2015-01-01","ASFALTOS DILUÍDOS CM-30","Piauí","-"]
["2015-01-01","ASFALTOS DILUÍDOS CM-30","Rio de Janeiro",1.9044150109151972]
["2015-01-01","ASFALTOS DILUÍDOS CM-30","Rio Grande do Norte","-"]
["2015-01-01","ASFALTOS DILUÍDOS CM-30","Rio Grande do Sul",1.9850377917343058]
["2015-01-01","ASFALTOS DILUÍDOS CM-30","Rondônia","-"]
["2015-01-01","ASFALTOS DILUÍDOS CM-30","Roraima","-"]
["2015-01-01","ASFALTOS DILUÍDOS CM-30","Santa Catarina","-"]
["2015-01-01","ASFALTOS DILUÍDOS CM-30","São Paulo",1.9806267067549681]
["2015-01-01","ASFALTOS DILUÍDOS CM-30","Sergipe","-"]
["2015-01-01","ASFALTOS DILUÍDOS CM-30","Tocantins","-"]
["2015-02-01","ASFALTOS DILUÍDOS CM-30","Acre","-"]
["2015-02-01","ASFALTOS DILUÍDOS CM-30","Alagoas","-"]
["2015-02-01","ASFALTOS DILUÍDOS CM-30","Amapá","-"]
["2015-02-01","ASFALTOS DILUÍDOS CM-30","Amazonas",1.9057393108376339]
["2015-02-01","ASFALTOS DILUÍDOS CM-30","Bahia",1.9590368302280883]
["2015-02-01","ASFALTOS DILUÍDOS CM-30","Ceará",2.0116737615833107]
["2015-02-01","ASFALTOS DILUÍDOS CM-30","Distrito Federal","-"]
["2015-02-01","ASFALTOS DILUÍDOS CM-30","Espírito Santo","-"]
["2015-02-01","ASFALTOS DILUÍDOS CM-30","Goiás","-"]
["2015-02-01","ASFALTOS DILUÍDOS CM-30","Maranhão","-"]
["2015-02-01","ASFALTOS DILUÍDOS CM-30","Mato Grosso",2.4281981196581195]
["2015-02-01","ASFALTOS DILUÍDOS CM-30","Mato Grosso do Sul","-"]
["2015-02-01","ASFALTOS DILUÍDOS CM-30","Minas Gerais",1.7916464381814869]
["2015-02-01","ASFALTOS DILUÍDOS CM-30","Pará","-"]
["2015-02-01","ASFALTOS DILUÍDOS CM-30","Paraíba","-"]
["2015-02-01","ASFALTOS DILUÍDOS CM-30","Paraná",1.9195190758091181]
["2015-02-01","ASFALTOS DILUÍDOS CM-30","Pernambuco","-"]
["2015-02-01","ASFALTOS DILUÍDOS CM-30","Piauí","-"]
["2015-02-01","ASFALTOS DILUÍDOS CM-30","Rio de Janeiro",1.8487725159583641]
["2015-02-01","ASFALTOS DILUÍDOS CM-30","Rio Grande do Norte","-"]
["2015-02-01","ASFALTOS DILUÍDOS CM-30","Rio Grande do Sul",1.9364837098056416]
["2015-02-01","ASFALTOS DILUÍDOS CM-30","Rondônia","-"]
["2015-02-01","ASFALTOS DILUÍDOS CM-30","Roraima","-"]
["2015-02-01","ASFALTOS DILUÍDOS CM-30","Santa Catarina","-"]
["2015-02-01","ASFALTOS DILUÍDOS CM-30","São Paulo",2.0779300602464215]
["2015-02-01","ASFALTOS DILUÍDOS CM-30","Sergipe","-"]
["2015-02-01","ASFALTOS DILUÍDOS CM-30","Tocantins","-"]
["2015-03-01","ASFALTOS DILUÍDOS CM-30","Acre","-"]
["2015-03-01","ASFALTOS DILUÍDOS CM-30","Alagoas","-"]
["2015-03-01","ASFALTOS DILUÍDOS CM-30","Amapá","-"]
["2015-03-01","ASFALTOS DILUÍDOS CM-30","Amazonas",1.8035811153205663]
["2015-03-01","ASFALTOS DILUÍDOS CM-30","Bahia",1.9797124584142363]
["2015-03-01","ASFALTOS DILUÍDOS CM-30","Ceará",1.9514548417981805]
["2015-03-01","ASFALTOS DILUÍDOS CM-30","Distrito Federal","-"]
["2015-03-01","ASFALTOS DILUÍDOS CM-30","Espírito Santo","-"]
["2015-03-01","ASFALTOS DILUÍDOS CM-30","Goiás",2.1927332565679687]
["2015-03-01","ASFALTOS DILUÍDOS CM-30","Maranhão","-"]
["2015-03-01","ASFALTOS DILUÍDOS CM-30","Mato Grosso","-"]
["2015-03-01","ASFALTOS DILUÍDOS CM-30","Mato Grosso do Sul","-"]
["2015-03-01","ASFALTOS DILUÍDOS CM-30","Minas Gerais",1.8592465471486697]
["2015-03-01","ASFALTOS DILUÍDOS CM-30","Pará","-"]
["2015-03-01","ASFALTOS DILUÍDOS CM-30","Paraíba","-"]
["2015-03-01","ASFALTOS DILUÍDOS CM-30","Paraná",1.9391008524288935]
["2015-03-01","ASFALTOS DILUÍDOS CM-30","Pernambuco","-"]
["2015-03-01","ASFALTOS DILUÍDOS CM-30","Piauí","-"]
["2015-03-01","ASFALTOS DILUÍDOS CM-30","Rio de Janeiro",1.8656178637387386]
["2015-03-01","ASFALTOS DILUÍDOS CM-30","Rio Grande do Norte","-"]
["2015-03-01","ASFALTOS DILUÍDOS CM-30","Rio Grande do Sul",1.9221134951609518]
["2015-03-01","ASFALTOS DILUÍDOS CM-30","Rondônia","-"]
["2015-03-01","ASFALTOS DILUÍDOS CM-30","Roraima","-"]
["2015-03-01","ASFALTOS DILUÍDOS CM-30","Santa Catarina","-"]
["2015-03-01","ASFALTOS DILUÍDOS CM-30","São Paulo",1.9826086541770989]
["2015-03-01","ASFALTOS DILUÍDOS CM-30","Sergipe","-"]
["2015-03-01","ASFALTOS DILUÍDOS CM-30","Tocantins","-"]
["2015-04-01","ASFALTOS DILUÍDOS CM-30","Acre","-"]
["2015-04-01","ASFALTOS DILUÍDOS CM-30","Alagoas","-"]
["2015-04-01","ASFALTOS DILUÍDOS CM-30","Amapá","-"]
["2015-04-01","ASFALTOS DILUÍDOS CM-30","Amazonas","-"]
["2015-04-01","ASFALTOS DILUÍDOS CM-30","Bahia",2.0182186531283861]
["2015-04-01","ASFALTOS DILUÍDOS CM-30","Ceará",1.9780990107053897]
["2015-04-01","ASFALTOS DILUÍDOS CM-30","Distrito Federal","-"]
["2015-04-01","ASFALTOS DILUÍDOS CM-30","Espírito Santo","-"]
["2015-04-01","ASFALTOS DILUÍDOS CM-30","Goiás",2.2520955108331857]
["2015-04-01","ASFALTOS DILUÍDOS CM-30","Maranhão","-"]
["2015-04-01","ASFALTOS DILUÍDOS CM-30","Mato Grosso",2.4706438955823291]
["2015-04-01","ASFALTOS DILUÍDOS CM-30","Mato Grosso do Sul","-"]
["2015-04-01","ASFALTOS DILUÍDOS CM-30","Minas Gerais",1.8213234721222389]
["2015-04-01","ASFALTOS DILUÍDOS CM-30","Pará","-"]
["2015-04-01","ASFALTOS DILUÍDOS CM-30","Paraíba","-"]
["2015-04-01","ASFALTOS DILUÍDOS CM-30","Paraná",1.9699006009485249]
["2015-04-01","ASFALTOS DILUÍDOS CM-30","Pernambuco","-"]
["2015-04-01","ASFALTOS DILUÍDOS CM-30","Piauí","-"]
["2015-04-01","ASFALTOS DILUÍDOS CM-30","Rio de Janeiro",1.84082279677077]
["2015-04-01","ASFALTOS DILUÍDOS CM-30","Rio Grande do Norte","-"]
["2015-04-01","ASFALTOS DILUÍDOS CM-30","Rio Grande do Sul",1.9063036026996054]
["2015-04-01","ASFALTOS DILUÍDOS CM-30","Rondônia","-"]
["2015-04-01","ASFALTOS DILUÍDOS CM-30","Roraima","-"]
["2015-04-01","ASFALTOS DILUÍDOS CM-30","Santa Catarina","-"]
["2015-04-01","ASFALTOS DILUÍDOS CM-30","São Paulo",1.9037344995322731]
["2015-04-01","ASFALTOS DILUÍDOS CM-30","Sergipe","-"]
["2015-04-01","ASFALTOS DILUÍDOS CM-30","Tocantins","-"]
["2015-05-01","ASFALTOS DILUÍDOS CM-30","Acre","-"]
["2015-05-01","ASFALTOS DILUÍDOS CM-30","Alagoas","-"]
["2015-05-01","ASFALTOS DILUÍDOS CM-30","Amapá","-"]
["2015-05-01","ASFALTOS DILUÍDOS CM-30","Amazonas",1.9113516812739166]
["2015-05-01","ASFALTOS DILUÍDOS CM-30","Bahia",1.9643649797612657]
["2015-05-01","ASFALTOS DILUÍDOS CM-30","Ceará",1.9385491692040848]
["2015-05-01","ASFALTOS DILUÍDOS CM-30","Distrito Federal","-"]
["2015-05-01","ASFALTOS DILUÍDOS CM-30","Espírito Santo","-"]
["2015-05-01","ASFALTOS DILUÍDOS CM-30","Goiás",2.2060183742674941]
["2015-05-01","ASFALTOS DILUÍDOS CM-30","Maranhão","-"]
["2015-05-01","ASFALTOS DILUÍDOS CM-30","Mato Grosso",2.4085516525116026]
["2015-05-01","ASFALTOS DILUÍDOS CM-30","Mato Grosso do Sul","-"]
["2015-05-01","ASFALTOS DILUÍDOS CM-30","Minas Gerais",1.7646930202805851]
["2015-05-01","ASFALTOS DILUÍDOS CM-30","Pará","-"]
["2015-05-01","ASFALTOS DILUÍDOS CM-30","Paraíba","-"]
["2015-05-01","ASFALTOS DILUÍDOS CM-30","Paraná",2.076263791769934]
["2015-05-01","ASFALTOS DILUÍDOS CM-30","Pernambuco","-"]
["2015-05-01","ASFALTOS DILUÍDOS CM-30","Piauí","-"]
["2015-05-01","ASFALTOS DILUÍDOS CM-30","Rio de Janeiro",1.8513092086219372]
["2015-05-01","ASFALTOS DILUÍDOS CM-30","Rio Grande do Norte","-"]
["2015-05-01","ASFALTOS DILUÍDOS CM-30","Rio Grande do Sul",1.9467232328850232]
["2015-05-01","ASFALTOS DILUÍDOS CM-30","Rondônia","-"]
["2015-05-01","ASFALTOS DILUÍDOS CM-30","Roraima","-"]
["2015-05-01","ASFALTOS DILUÍDOS CM-30","Santa Catarina","-"]
["2015-05-01","ASFALTOS DILUÍDOS CM-30","São Paulo",1.8818684385874191]
["2015-05-01","ASFALTOS DILUÍDOS CM-30","Sergipe","-"]
["2015-05-01","ASFALTOS DILUÍDOS CM-30","Tocantins","-"]
["2015-06-01","ASFALTOS DILUÍDOS CM-30","Acre","-"]
["2015-06-01","ASFALTOS DILUÍDOS CM-30","Alagoas","-"]
["2015-06-01","ASFALTOS DILUÍDOS CM-30","Amapá","-"]
["2015-06-01","ASFALTOS DILUÍDOS CM-30","Amazonas","-"]
["2015-06-01","ASFALTOS DILUÍDOS CM-30","Bahia",2.0649718823529417]
["2015-06-01","ASFALTOS DILUÍDOS CM-30","Ceará",1.9220120292246414]
["2015-06-01","ASFALTOS DILUÍDOS CM-30","Distrito Federal","-"]
["2015-06-01","ASFALTOS DILUÍDOS CM-30","Espírito Santo","-"]
["2015-06-01","ASFALTOS DILUÍDOS CM-30","Goiás",2.2506241829455722]
["2015-06-01","ASFALTOS DILUÍDOS CM-30","Maranhão","-"]
["2015-06-01","ASFALTOS DILUÍDOS CM-30","Mato Grosso",2.4281963182153974]
["2015-06-01","ASFALTOS DILUÍDOS CM-30","Mato Grosso do Sul","-"]
["2015-06-01","ASFALTOS DILUÍDOS CM-30","Minas Gerais",1.8123355726191646]
["2015-06-01","ASFALTOS DILUÍDOS CM-30","Pará","-"]
["2015-06-01","ASFALTOS DILUÍDOS CM-30","Paraíba","-"]
["2015-06-01","ASFALTOS DILUÍDOS CM-30","Paraná",2.0003676800884533]
["2015-06-01","ASFALTOS DILUÍDOS CM-30","Pernambuco","-"]
["2015-06-01","ASFALTOS DILUÍDOS CM-30","Piauí","-"]
["2015-06-01","ASFALTOS DILUÍDOS CM-30","Rio de Janeiro",1.7576409243237323]
["2015-06-01","ASFALTOS DILUÍDOS CM-30","Rio Grande do Norte","-"]
["2015-06-01","ASFALTOS DILUÍDOS CM-30","Rio Grande do Sul",1.9147810265331728]
["2015-06-01","ASFALTOS DILUÍDOS CM-30","Rondônia","-"]
["2015-06-01","ASFALTOS DILUÍDOS CM-30","Roraima","-"]
["2015-06-01","ASFALTOS DILUÍDOS CM-30","Santa Catarina","-"]
["2015-06-01","ASFALTOS DILUÍDOS CM-30","São Paulo",1.9205662879414436]
["2015-06-01","ASFALTOS DILUÍDOS CM-30","Sergipe","-"]
["2015-06-01","ASFALTOS DILUÍDOS CM-30","Tocantins","-"]
["2015-07-01","ASFALTOS DILUÍDOS CM-30","Acre","-"]
["2015-07-01","ASFALTOS DILUÍDOS CM-30","Alagoas","-"]
["2015-07-01","ASFALTOS DILUÍDOS CM-30","Amapá","-"]
["2015-07-01","ASFALTOS DILUÍDOS CM-30","Amazonas","-"]
["2015-07-01","ASFALTOS DILUÍDOS CM-30","Bahia",1.9525683196479859]
["2015-07-01","ASFALTOS DILUÍDOS CM-30","Ceará",2.0101001823224549]
["2015-07-01","ASFALTOS DILUÍDOS CM-30","Distrito Federal","-"]
["2015-07-01","ASFALTOS DILUÍDOS CM-30","Espírito Santo","-"]
["2015-07-01","ASFALTOS DILUÍDOS CM-30","Goiás",1.9893052477758781]
["2015-07-01","ASFALTOS DILUÍDOS CM-30","Maranhão","-"]
["2015-07-01","ASFALTOS DILUÍDOS CM-30","Mato Grosso",2.2406543645944623]
["2015-07-01","ASFALTOS DILUÍDOS CM-30","Mato Grosso do Sul","-"]
["2015-07-01","ASFALTOS DILUÍDOS CM-30","Minas Gerais",1.7224794943222455]
["2015-07-01","ASFALTOS DILUÍDOS CM-30","Pará","-"]
["2015-07-01","ASFALTOS DILUÍDOS CM-30","Paraíba","-"]
["2015-07-01","ASFALTOS DILUÍDOS CM-30","Paraná",1.9309299283677583]
["2015-07-01","ASFALTOS DILUÍDOS CM-30","Pernambuco","-"]
["2015-07-01","ASFALTOS DILUÍDOS CM-30","Piauí","-"]
["2015-07-01","ASFALTOS DILUÍDOS CM-30","Rio de Janeiro",1.8306578794329917]
["2015-07-01","ASFALTOS DILUÍDOS CM-30","Rio Grande do Norte","-"]
["2015-07-01","ASFALTOS DILUÍDOS CM-30","Rio Grande do Sul",1.9332156955241173]
["2015-07-01","ASFALTOS DILUÍDOS CM-30","Rondônia","-"]
["2015-07-01","ASFALTOS DILUÍDOS CM-30","Roraima","-"]
["2015-07-01","ASFALTOS DILUÍDOS CM-30","Santa Catarina","-"]
["2015-07-01","ASFALTOS DILUÍDOS CM-30","São Paulo",1.8809198059801582]
["2015-07-01","ASFALTOS DILUÍDOS CM-30","Sergipe","-"]
["2015-07-01","ASFALTOS DILUÍDOS CM-30","Tocantins","-"]
["2015-08-01","ASFALTOS DILUÍDOS CM-30","Acre","-"]
["2015-08-01","ASFALTOS DILUÍDOS CM-30","Alagoas","-"]
["2015-08-01","ASFALTOS DILUÍDOS CM-30","Amapá","-"]
["2015-08-01","ASFALTOS DILUÍDOS CM-30","Amazonas","-"]
["2015-08-01","ASFALTOS DILUÍDOS CM-30","Bahia",1.9943519145464235]
["2015-08-01","ASFALTOS DILUÍDOS CM-30","Ceará",2.0461120563062565]
["2015-08-01","ASFALTOS DILUÍDOS CM-30","Distrito Federal","-"]
["2015-08-01","ASFALTOS DILUÍDOS CM-30","Espírito Santo","-"]
["2015-08-01","ASFALTOS DILUÍDOS CM-30","Goiás",2.229564821198819]
["2015-08-01","ASFALTOS DILUÍDOS CM-30","Maranhão","-"]
["2015-08-01","ASFALTOS DILUÍDOS CM-30","Mato Grosso",2.3919524221003194]
["2015-08-01","ASFALTOS DILUÍDOS CM-30","Mato Grosso do Sul","-"]
["2015-08-01","ASFALTOS DILUÍDOS CM-30","Minas Gerais",1.8251850363982463]
["2015-08-01","ASFALTOS DILUÍDOS CM-30","Pará","-"]
["2015-08-01","ASFALTOS DILUÍDOS CM-30","Paraíba","-"]
["2015-08-01","ASFALTOS DILUÍDOS CM-30","Paraná",1.9779824672606272]
["2015-08-01","ASFALTOS DILUÍDOS CM-30","Pernambuco","-"]
["2015-08-01","ASFALTOS DILUÍDOS CM-30","Piauí","-"]
["2015-08-01","ASFALTOS DILUÍDOS CM-30","Rio de Janeiro",1.7638437876840007]
["2015-08-01","ASFALTOS DILUÍDOS CM-30","Rio Grande do Norte","-"]
["2015-08-01","ASFALTOS DILUÍDOS CM-30","Rio Grande do Sul",1.8718989442759211]
["2015-08-01","ASFALTOS DILUÍDOS CM-30","Rondônia","-"]
["2015-08-01","ASFALTOS DILUÍDOS CM-30","Roraima","-"]
["2015-08-01","ASFALTOS DILUÍDOS CM-30","Santa Catarina","-"]
["2015-08-01","ASFALTOS DILUÍDOS CM-30","São Paulo",1.8560040924101151]
["2015-08-01","ASFALTOS DILUÍDOS CM-30","Sergipe","-"]
["2015-08-01","ASFALTOS DILUÍDOS CM-30","Tocantins","-"]
["2015-09-01","ASFALTOS DILUÍDOS CM-30","Acre","-"]
["2015-09-01","ASFALTOS DILUÍDOS CM-30","Alagoas","-"]
["2015-09-01","ASFALTOS DILUÍDOS CM-30","Amapá","-"]
["2015-09-01","ASFALTOS DILUÍDOS CM-30","Amazonas","-"]
["2015-09-01","ASFALTOS DILUÍDOS CM-30","Bahia",2.0777484395203141]
["2015-09-01","ASFALTOS DILUÍDOS CM-30","Ceará",2.093157706468161]
["2015-09-01","ASFALTOS DILUÍDOS CM-30","Distrito Federal","-"]
["2015-09-01","ASFALTOS DILUÍDOS CM-30","Espírito Santo","-"]
["2015-09-01","ASFALTOS DILUÍDOS CM-30","Goiás",2.2631444264273126]
["2015-09-01","ASFALTOS DILUÍDOS CM-30","Maranhão","-"]
["2015-09-01","ASFALTOS DILUÍDOS CM-30","Mato Grosso",2.4318366613694042]
["2015-09-01","ASFALTOS DILUÍDOS CM-30","Mato Grosso do Sul","-"]
["2015-09-01","ASFALTOS DILUÍDOS CM-30","Minas Gerais",1.9186203798107475]
["2015-09-01","ASFALTOS DILUÍDOS CM-30","Pará","-"]
["2015-09-01","ASFALTOS DILUÍDOS CM-30","Paraíba","-"]
["2015-09-01","ASFALTOS DILUÍDOS CM-30","Paraná",2.0515291933218358]
["2015-09-01","ASFALTOS DILUÍDOS CM-30","Pernambuco","-"]
["2015-09-01","ASFALTOS DILUÍDOS CM-30","Piauí","-"]
["2015-09-01","ASFALTOS DILUÍDOS CM-30","Rio de Janeiro",1.9160395782594835]
["2015-09-01","ASFALTOS DILUÍDOS CM-30","Rio Grande do Norte","-"]
["2015-09-01","ASFALTOS DILUÍDOS CM-30","Rio Grande do Sul",1.9340445959748491]
["2015-09-01","ASFALTOS DILUÍDOS CM-30","Rondônia","-"]
["2015-09-01","ASFALTOS DILUÍDOS CM-30","Roraima","-"]
["2015-09-01","ASFALTOS DILUÍDOS CM-30","Santa Catarina","-"]
["2015-09-01","ASFALTOS DILUÍDOS CM-30","São Paulo",1.9898352439836042]
["2015-09-01","ASFALTOS DILUÍDOS CM-30","Sergipe","-"]
["2015-09-01","ASFALTOS DILUÍDOS CM-30","Tocantins","-"]
["2015-10-01","ASFALTOS DILUÍDOS CM-30","Acre","-"]
["2015-10-01","ASFALTOS DILUÍDOS CM-30","Alagoas","-"]
["2015-10-01","ASFALTOS DILUÍDOS CM-30","Amapá","-"]
["2015-10-01","ASFALTOS DILUÍDOS CM-30","Amazonas",2.0822279651190119]
["2015-10-01","ASFALTOS DILUÍDOS CM-30","Bahia",2.2050839063869145]
["2015-10-01","ASFALTOS DILUÍDOS CM-30","Ceará",2.1476263351797829]
["2015-10-01","ASFALTOS DILUÍDOS CM-30","Distrito Federal","-"]
["2015-10-01","ASFALTOS DILUÍDOS CM-30","Espírito Santo","-"]
["2015-10-01","ASFALTOS DILUÍDOS CM-30","Goiás",2.3525589866195058]
["2015-10-01","ASFALTOS DILUÍDOS CM-30","Maranhão","-"]
["2015-10-01","ASFALTOS DILUÍDOS CM-30","Mato Grosso",2.5328747515467649]
["2015-10-01","ASFALTOS DILUÍDOS CM-30","Mato Grosso do Sul","-"]
["2015-10-01","ASFALTOS DILUÍDOS CM-30","Minas Gerais",1.9920239420005064]
["2015-10-01","ASFALTOS DILUÍDOS CM-30","Pará","-"]
["2015-10-01","ASFALTOS DILUÍDOS CM-30","Paraíba","-"]
["2015-10-01","ASFALTOS DILUÍDOS CM-30","Paraná",2.1713156086738969]
["2015-10-01","ASFALTOS DILUÍDOS CM-30","Pernambuco","-"]
["2015-10-01","ASFALTOS DILUÍDOS CM-30","Piauí","-"]
["2015-10-01","ASFALTOS DILUÍDOS CM-30","Rio de Janeiro",1.9995862311835897]
["2015-10-01","ASFALTOS DILUÍDOS CM-30","Rio Grande do Norte","-"]
["2015-10-01","ASFALTOS DILUÍDOS CM-30","Rio Grande do Sul",2.0477011168422026]
["2015-10-01","ASFALTOS DILUÍDOS CM-30","Rondônia","-"]
["2015-10-01","ASFALTOS DILUÍDOS CM-30","Roraima","-"]
["2015-10-01","ASFALTOS DILUÍDOS CM-30","Santa Catarina","-"]
["2015-10-01","ASFALTOS DILUÍDOS CM-30","São Paulo",2.1378872305508949]
["2015-10-01","ASFALTOS DILUÍDOS CM-30","Sergipe","-"]
["2015-10-01","ASFALTOS DILUÍDOS CM-30","Tocantins","-"]
["2015-11-01","ASFALTOS DILUÍDOS CM-30","Acre","-"]
["2015-11-01","ASFALTOS DILUÍDOS CM-30","Alagoas","-"]
["2015-11-01","ASFALTOS DILUÍDOS CM-30","Amapá","-"]
["2015-11-01","ASFALTOS DILUÍDOS CM-30","Amazonas","-"]
["2015-11-01","ASFALTOS DILUÍDOS CM-30","Bahia",2.4911649286714614]
["2015-11-01","ASFALTOS DILUÍDOS CM-30","Ceará",2.4076158807045194]
["2015-11-01","ASFALTOS DILUÍDOS CM-30","Distrito Federal","-"]
["2015-11-01","ASFALTOS DILUÍDOS CM-30","Espírito Santo","-"]
["2015-11-01","ASFALTOS DILUÍDOS CM-30","Goiás",2.6519842901030324]
["2015-11-01","ASFALTOS DILUÍDOS CM-30","Maranhão","-"]
["2015-11-01","ASFALTOS DILUÍDOS CM-30","Mato Grosso",2.7763479134869371]
["2015-11-01","ASFALTOS DILUÍDOS CM-30","Mato Grosso do Sul","-"]
["2015-11-01","ASFALTOS DILUÍDOS CM-30","Minas Gerais",2.2476605808400301]
["2015-11-01","ASFALTOS DILUÍDOS CM-30","Pará","-"]
["2015-11-01","ASFALTOS DILUÍDOS CM-30","Paraíba","-"]
["2015-11-01","ASFALTOS DILUÍDOS CM-30","Paraná",2.3898134886474796]
["2015-11-01","ASFALTOS DILUÍDOS CM-30","Pernambuco","-"]
["2015-11-01","ASFALTOS DILUÍDOS CM-30","Piauí","-"]
["2015-11-01","ASFALTOS DILUÍDOS CM-30","Rio de Janeiro",2.2904409806707129]
["2015-11-01","ASFALTOS DILUÍDOS CM-30","Rio Grande do Norte","-"]
["2015-11-01","ASFALTOS DILUÍDOS CM-30","Rio Grande do Sul",2.2418652592516231]
["2015-11-01","ASFALTOS DILUÍDOS CM-30","Rondônia","-"]
["2015-11-01","ASFALTOS DILUÍDOS CM-30","Roraima","-"]
["2015-11-01","ASFALTOS DILUÍDOS CM-30","Santa Catarina","-"]
["2015-11-01","ASFALTOS DILUÍDOS CM-30","São Paulo",2.3526086354638163]
["2015-11-01","ASFALTOS DILUÍDOS CM-30","Sergipe","-"]
["2015-11-01","ASFALTOS DILUÍDOS CM-30","Tocantins","-"]
["2015-12-01","ASFALTOS DILUÍDOS CM-30","Acre","-"]
["2015-12-01","ASFALTOS DILUÍDOS CM-30","Alagoas","-"]
["2015-12-01","ASFALTOS DILUÍDOS CM-30","Amapá","-"]
["2015-12-01","ASFALTOS DILUÍDOS CM-30","Amazonas",2.656570216126068]
["2015-12-01","ASFALTOS DILUÍDOS CM-30","Bahia",2.4679276024920083]
["2015-12-01","ASFALTOS DILUÍDOS CM-30","Ceará",2.3617221705871208]
["2015-12-01","ASFALTOS DILUÍDOS CM-30","Distrito Federal","-"]
["2015-12-01","ASFALTOS DILUÍDOS CM-30","Espírito Santo","-"]
["2015-12-01","ASFALTOS DILUÍDOS CM-30","Goiás","-"]
["2015-12-01","ASFALTOS DILUÍDOS CM-30","Maranhão","-"]
["2015-12-01","ASFALTOS DILUÍDOS CM-30","Mato Grosso",2.7808890417718604]
["2015-12-01","ASFALTOS DILUÍDOS CM-30","Mato Grosso do Sul","-"]
["2015-12-01","ASFALTOS DILUÍDOS CM-30","Minas Gerais",2.2162136349846078]
["2015-12-01","ASFALTOS DILUÍDOS CM-30","Pará","-"]
["2015-12-01","ASFALTOS DILUÍDOS CM-30","Paraíba","-"]
["2015-12-01","ASFALTOS DILUÍDOS CM-30","Paraná",2.5178176258303084]
["2015-12-01","ASFALTOS DILUÍDOS CM-30","Pernambuco","-"]
["2015-12-01","ASFALTOS DILUÍDOS CM-30","Piauí","-"]
["2015-12-01","ASFALTOS DILUÍDOS CM-30","Rio de Janeiro",2.2919812498533041]
["2015-12-01","ASFALTOS DILUÍDOS CM-30","Rio Grande do Norte","-"]
["2015-12-01","ASFALTOS DILUÍDOS CM-30","Rio Grande do Sul",2.2498893477167123]
["2015-12-01","ASFALTOS DILUÍDOS CM-30","Rondônia","-"]
["2015-12-01","ASFALTOS DILUÍDOS CM-30","Roraima","-"]
["2015-12-01","ASFALTOS DILUÍDOS CM-30","Santa Catarina","-"]
["2015-12-01","ASFALTOS DILUÍDOS CM-30","São Paulo",2.4276249474799352]
["2015-12-01","ASFALTOS DILUÍDOS CM-30","Sergipe","-"]
["2015-12-01","ASFALTOS DILUÍDOS CM-30","Tocantins","-"]
["2016-01-01","ASFALTOS DILUÍDOS CM-30","Acre","-"]
["2016-01-01","ASFALTOS DILUÍDOS CM-30","Alagoas","-"]
["2016-01-01","ASFALTOS DILUÍDOS CM-30","Amapá","-"]
["2016-01-01","ASFALTOS DILUÍDOS CM-30","Amazonas",2.6918765083698539]
["2016-01-01","ASFALTOS DILUÍDOS CM-30","Bahia",2.4471459891549925]
["2016-01-01","ASFALTOS DILUÍDOS CM-30","Ceará",2.3121224180770299]
["2016-01-01","ASFALTOS DILUÍDOS CM-30","Distrito Federal","-"]
["2016-01-01","ASFALTOS DILUÍDOS CM-30","Espírito Santo","-"]
["2016-01-01","ASFALTOS DILUÍDOS CM-30","Goiás","-"]
["2016-01-01","ASFALTOS DILUÍDOS CM-30","Maranhão","-"]
["2016-01-01","ASFALTOS DILUÍDOS CM-30","Mato Grosso",3.1073730637847641]
["2016-01-01","ASFALTOS DILUÍDOS CM-30","Mato Grosso do Sul","-"]
["2016-01-01","ASFALTOS DILUÍDOS CM-30","Minas Gerais",2.2423714141725015]
["2016-01-01","ASFALTOS DILUÍDOS CM-30","Pará","-"]
["2016-01-01","ASFALTOS DILUÍDOS CM-30","Paraíba","-"]
["2016-01-01","ASFALTOS DILUÍDOS CM-30","Paraná",2.2194313166148851]
["2016-01-01","ASFALTOS DILUÍDOS CM-30","Pernambuco","-"]
["2016-01-01","ASFALTOS DILUÍDOS CM-30","Piauí","-"]
["2016-01-01","ASFALTOS DILUÍDOS CM-30","Rio de Janeiro",2.2977123128616763]
["2016-01-01","ASFALTOS DILUÍDOS CM-30","Rio Grande do Norte","-"]
["2016-01-01","ASFALTOS DILUÍDOS CM-30","Rio Grande do Sul",2.2461993368983952]
["2016-01-01","ASFALTOS DILUÍDOS CM-30","Rondônia","-"]
["2016-01-01","ASFALTOS DILUÍDOS CM-30","Roraima","-"]
["2016-01-01","ASFALTOS DILUÍDOS CM-30","Santa Catarina","-"]
["2016-01-01","ASFALTOS DILUÍDOS CM-30","São Paulo",2.2560637318955679]
["2016-01-01","ASFALTOS DILUÍDOS CM-30","Sergipe","-"]
["2016-01-01","ASFALTOS DILUÍDOS CM-30","Tocantins","-"]
["2016-02-01","ASFALTOS DILUÍDOS CM-30","Acre","-"]
["2016-02-01","ASFALTOS DILUÍDOS CM-30","Alagoas","-"]
["2016-02-01","ASFALTOS DILUÍDOS CM-30","Amapá","-"]
["2016-02-01","ASFALTOS DILUÍDOS CM-30","Amazonas",2.4455823166213881]
["2016-02-01","ASFALTOS DILUÍDOS CM-30","Bahia",2.5877462311345574]
["2016-02-01","ASFALTOS DILUÍDOS CM-30","Ceará",2.4143394514772587]
["2016-02-01","ASFALTOS DILUÍDOS CM-30","Distrito Federal","-"]
["2016-02-01","ASFALTOS DILUÍDOS CM-30","Espírito Santo","-"]
["2016-02-01","ASFALTOS DILUÍDOS CM-30","Goiás","-"]
["2016-02-01","ASFALTOS DILUÍDOS CM-30","Maranhão","-"]
["2016-02-01","ASFALTOS DILUÍDOS CM-30","Mato Grosso",2.9804877610805089]
["2016-02-01","ASFALTOS DILUÍDOS CM-30","Mato Grosso do Sul","-"]
["2016-02-01","ASFALTOS DILUÍDOS CM-30","Minas Gerais",2.2482721103311611]
["2016-02-01","ASFALTOS DILUÍDOS CM-30","Pará","-"]
["2016-02-01","ASFALTOS DILUÍDOS CM-30","Paraíba","-"]
["2016-02-01","ASFALTOS DILUÍDOS CM-30","Paraná",2.3818384064321081]
["2016-02-01","ASFALTOS DILUÍDOS CM-30","Pernambuco","-"]
["2016-02-01","ASFALTOS DILUÍDOS CM-30","Piauí","-"]
["2016-02-01","ASFALTOS DILUÍDOS CM-30","Rio de Janeiro","-"]
["2016-02-01","ASFALTOS DILUÍDOS CM-30","Rio Grande do Norte","-"]
["2016-02-01","ASFALTOS DILUÍDOS CM-30","Rio Grande do Sul",2.3211147518245867]
["2016-02-01","ASFALTOS DILUÍDOS CM-30","Rondônia","-"]
["2016-02-01","ASFALTOS DILUÍDOS CM-30","Roraima","-"]
["2016-02-01","ASFALTOS DILUÍDOS CM-30","Santa Catarina","-"]
["2016-02-01","ASFALTOS DILUÍDOS CM-30","São Paulo",2.4229083378074496]
["2016-02-01","ASFALTOS DILUÍDOS CM-30","Sergipe","-"]
["2016-02-01","ASFALTOS DILUÍDOS CM-30","Tocantins","-"]
["2016-03-01","ASFALTOS DILUÍDOS CM-30","Acre","-"]
["2016-03-01","ASFALTOS DILUÍDOS CM-30","Alagoas","-"]
["2016-03-01","ASFALTOS DILUÍDOS CM-30","Amapá","-"]
["2016-03-01","ASFALTOS DILUÍDOS CM-30","Amazonas",2.3018474813314462]
["2016-03-01","ASFALTOS DILUÍDOS CM-30","Bahia",2.6029586722164404]
["2016-03-01","ASFALTOS DILUÍDOS CM-30","Ceará",2.4111578450534923]
["2016-03-01","ASFALTOS DILUÍDOS CM-30","Distrito Federal","-"]
["2016-03-01","ASFALTOS DILUÍDOS CM-30","Espírito Santo","-"]
["2016-03-01","ASFALTOS DILUÍDOS CM-30","Goiás",2.7119422907572592]
["2016-03-01","ASFALTOS DILUÍDOS CM-30","Maranhão","-"]
["2016-03-01","ASFALTOS DILUÍDOS CM-30","Mato Grosso",2.9865881517279105]
["2016-03-01","ASFALTOS DILUÍDOS CM-30","Mato Grosso do Sul","-"]
["2016-03-01","ASFALTOS DILUÍDOS CM-30","Minas Gerais",2.2101264518541166]
["2016-03-01","ASFALTOS DILUÍDOS CM-30","Pará","-"]
["2016-03-01","ASFALTOS DILUÍDOS CM-30","Paraíba","-"]
["2016-03-01","ASFALTOS DILUÍDOS CM-30","Paraná",2.5717608308910718]
["2016-03-01","ASFALTOS DILUÍDOS CM-30","Pernambuco","-"]
["2016-03-01","ASFALTOS DILUÍDOS CM-30","Piauí","-"]
["2016-03-01","ASFALTOS DILUÍDOS CM-30","Rio de Janeiro",2.1024523015217649]
["2016-03-01","ASFALTOS DILUÍDOS CM-30","Rio Grande do Norte","-"]
["2016-03-01","ASFALTOS DILUÍDOS CM-30","Rio Grande do Sul",2.2380876528155205]
["2016-03-01","ASFALTOS DILUÍDOS CM-30","Rondônia","-"]
["2016-03-01","ASFALTOS DILUÍDOS CM-30","Roraima","-"]
["2016-03-01","ASFALTOS DILUÍDOS CM-30","Santa Catarina","-"]
["2016-03-01","ASFALTOS DILUÍDOS CM-30","São Paulo",2.3578378881486142]
["2016-03-01","ASFALTOS DILUÍDOS CM-30","Sergipe","-"]
["2016-03-01","ASFALTOS DILUÍDOS CM-30","Tocantins","-"]
["2016-04-01","ASFALTOS DILUÍDOS CM-30","Acre","-"]
["2016-04-01","ASFALTOS DILUÍDOS CM-30","Alagoas","-"]
["2016-04-01","ASFALTOS DILUÍDOS CM-30","Amapá","-"]
["2016-04-01","ASFALTOS DILUÍDOS CM-30","Amazonas","-"]
["2016-04-01","ASFALTOS DILUÍDOS CM-30","Bahia",2.7312179952104003]
["2016-04-01","ASFALTOS DILUÍDOS CM-30","Ceará",2.7467442426145636]
["2016-04-01","ASFALTOS DILUÍDOS CM-30","Distrito Federal","-"]
["2016-04-01","ASFALTOS DILUÍDOS CM-30","Espírito Santo","-"]
["2016-04-01","ASFALTOS DILUÍDOS CM-30","Goiás",2.6770226925296279]
["2016-04-01","ASFALTOS DILUÍDOS CM-30","Maranhão","-"]
["2016-04-01","ASFALTOS DILUÍDOS CM-30","Mato Grosso",3.0260257767863572]
["2016-04-01","ASFALTOS DILUÍDOS CM-30","Mato Grosso do Sul","-"]
["2016-04-01","ASFALTOS DILUÍDOS CM-30","Minas Gerais",2.5061684692681112]
["2016-04-01","ASFALTOS DILUÍDOS CM-30","Pará","-"]
["2016-04-01","ASFALTOS DILUÍDOS CM-30","Paraíba","-"]
["2016-04-01","ASFALTOS DILUÍDOS CM-30","Paraná",2.8512277071323795]
["2016-04-01","ASFALTOS DILUÍDOS CM-30","Pernambuco","-"]
["2016-04-01","ASFALTOS DILUÍDOS CM-30","Piauí","-"]
["2016-04-01","ASFALTOS DILUÍDOS CM-30","Rio de Janeiro",2.6128697042039191]
["2016-04-01","ASFALTOS DILUÍDOS CM-30","Rio Grande do Norte","-"]
["2016-04-01","ASFALTOS DILUÍDOS CM-30","Rio Grande do Sul",2.5896347572273033]
["2016-04-01","ASFALTOS DILUÍDOS CM-30","Rondônia","-"]
["2016-04-01","ASFALTOS DILUÍDOS CM-30","Roraima","-"]
["2016-04-01","ASFALTOS DILUÍDOS CM-30","Santa Catarina","-"]
["2016-04-01","ASFALTOS DILUÍDOS CM-30","São Paulo",2.5814042171999265]
["2016-04-01","ASFALTOS DILUÍDOS CM-30","Sergipe","-"]
["2016-04-01","ASFALTOS DILUÍDOS CM-30","Tocantins","-"]
["2016-05-01","ASFALTOS DILUÍDOS CM-30","Acre","-"]
["2016-05-01","ASFALTOS DILUÍDOS CM-30","Alagoas","-"]
["2016-05-01","ASFALTOS DILUÍDOS CM-30","Amapá","-"]
["2016-05-01","ASFALTOS DILUÍDOS CM-30","Amazonas","-"]
["2016-05-01","ASFALTOS DILUÍDOS CM-30","Bahia",2.7469681153744698]
["2016-05-01","ASFALTOS DILUÍDOS CM-30","Ceará",2.6236072150419449]
["2016-05-01","ASFALTOS DILUÍDOS CM-30","Distrito Federal","-"]
["2016-05-01","ASFALTOS DILUÍDOS CM-30","Espírito Santo","-"]
["2016-05-01","ASFALTOS DILUÍDOS CM-30","Goiás",2.6880514741728891]
["2016-05-01","ASFALTOS DILUÍDOS CM-30","Maranhão","-"]
["2016-05-01","ASFALTOS DILUÍDOS CM-30","Mato Grosso",3.1569652897949845]
["2016-05-01","ASFALTOS DILUÍDOS CM-30","Mato Grosso do Sul","-"]
["2016-05-01","ASFALTOS DILUÍDOS CM-30","Minas Gerais",2.583800422481481]
["2016-05-01","ASFALTOS DILUÍDOS CM-30","Pará","-"]
["2016-05-01","ASFALTOS DILUÍDOS CM-30","Paraíba","-"]
["2016-05-01","ASFALTOS DILUÍDOS CM-30","Paraná",2.939177789203085]
["2016-05-01","ASFALTOS DILUÍDOS CM-30","Pernambuco","-"]
["2016-05-01","ASFALTOS DILUÍDOS CM-30","Piauí","-"]
["2016-05-01","ASFALTOS DILUÍDOS CM-30","Rio de Janeiro",2.566846185590939]
["2016-05-01","ASFALTOS DILUÍDOS CM-30","Rio Grande do Norte","-"]
["2016-05-01","ASFALTOS DILUÍDOS CM-30","Rio Grande do Sul",2.6476469066541997]
["2016-05-01","ASFALTOS DILUÍDOS CM-30","Rondônia","-"]
["2016-05-01","ASFALTOS DILUÍDOS CM-30","Roraima","-"]
["2016-05-01","ASFALTOS DILUÍDOS CM-30","Santa Catarina","-"]
["2016-05-01","ASFALTOS DILUÍDOS CM-30","São Paulo",2.5628439622449348]
["2016-05-01","ASFALTOS DILUÍDOS CM-30","Sergipe","-"]
["2016-05-01","ASFALTOS DILUÍDOS CM-30","Tocantins","-"]
["2016-06-01","ASFALTOS DILUÍDOS CM-30","Acre","-"]
["2016-06-01","ASFALTOS DILUÍDOS CM-30","Alagoas","-"]
["2016-06-01","ASFALTOS DILUÍDOS CM-30","Amapá","-"]
["2016-06-01","ASFALTOS DILUÍDOS CM-30","Amazonas",2.4521280960493224]
["2016-06-01","ASFALTOS DILUÍDOS CM-30","Bahia",2.6917980657906662]
["2016-06-01","ASFALTOS DILUÍDOS CM-30","Ceará",2.5980629252470804]
["2016-06-01","ASFALTOS DILUÍDOS CM-30","Distrito Federal","-"]
["2016-06-01","ASFALTOS DILUÍDOS CM-30","Espírito Santo","-"]
["2016-06-01","ASFALTOS DILUÍDOS CM-30","Goiás",2.8016739239319675]
["2016-06-01","ASFALTOS DILUÍDOS CM-30","Maranhão","-"]
["2016-06-01","ASFALTOS DILUÍDOS CM-30","Mato Grosso",3.1930815665959793]
["2016-06-01","ASFALTOS DILUÍDOS CM-30","Mato Grosso do Sul","-"]
["2016-06-01","ASFALTOS DILUÍDOS CM-30","Minas Gerais",2.6912620512264622]
["2016-06-01","ASFALTOS DILUÍDOS CM-30","Pará","-"]
["2016-06-01","ASFALTOS DILUÍDOS CM-30","Paraíba","-"]
["2016-06-01","ASFALTOS DILUÍDOS CM-30","Paraná",2.7805116884537893]
["2016-06-01","ASFALTOS DILUÍDOS CM-30","Pernambuco","-"]
["2016-06-01","ASFALTOS DILUÍDOS CM-30","Piauí","-"]
["2016-06-01","ASFALTOS DILUÍDOS CM-30","Rio de Janeiro",2.6951715237977347]
["2016-06-01","ASFALTOS DILUÍDOS CM-30","Rio Grande do Norte","-"]
["2016-06-01","ASFALTOS DILUÍDOS CM-30","Rio Grande do Sul",2.5920306772157864]
["2016-06-01","ASFALTOS DILUÍDOS CM-30","Rondônia","-"]
["2016-06-01","ASFALTOS DILUÍDOS CM-30","Roraima","-"]
["2016-06-01","ASFALTOS DILUÍDOS CM-30","Santa Catarina","-"]
["2016-06-01","ASFALTOS DILUÍDOS CM-30","São Paulo",2.5595021402880116]
["2016-06-01","ASFALTOS DILUÍDOS CM-30","Sergipe","-"]
["2016-06-01","ASFALTOS DILUÍDOS CM-30","Tocantins","-"]
["2016-07-01","ASFALTOS DILUÍDOS CM-30","Acre","-"]
["2016-07-01","ASFALTOS DILUÍDOS CM-30","Alagoas","-"]
["2016-07-01","ASFALTOS DILUÍDOS CM-30","Amapá","-"]
["2016-07-01","ASFALTOS DILUÍDOS CM-30","Amazonas","-"]
["2016-07-01","ASFALTOS DILUÍDOS CM-30","Bahia",2.7113870130164122]
["2016-07-01","ASFALTOS DILUÍDOS CM-30","Ceará",2.5356660574301033]
["2016-07-01","ASFALTOS DILUÍDOS CM-30","Distrito Federal","-"]
["2016-07-01","ASFALTOS DILUÍDOS CM-30","Espírito Santo","-"]
["2016-07-01","ASFALTOS DILUÍDOS CM-30","Goiás",2.8865516122086179]
["2016-07-01","ASFALTOS DILUÍDOS CM-30","Maranhão","-"]
["2016-07-01","ASFALTOS DILUÍDOS CM-30","Mato Grosso",3.2169503278506348]
["2016-07-01","ASFALTOS DILUÍDOS CM-30","Mato Grosso do Sul","-"]
["2016-07-01","ASFALTOS DILUÍDOS CM-30","Minas Gerais",2.588305254846484]
["2016-07-01","ASFALTOS DILUÍDOS CM-30","Pará","-"]
["2016-07-01","ASFALTOS DILUÍDOS CM-30","Paraíba","-"]
["2016-07-01","ASFALTOS DILUÍDOS CM-30","Paraná",2.7495566091936428]
["2016-07-01","ASFALTOS DILUÍDOS CM-30","Pernambuco","-"]
["2016-07-01","ASFALTOS DILUÍDOS CM-30","Piauí","-"]
["2016-07-01","ASFALTOS DILUÍDOS CM-30","Rio de Janeiro",2.618681083486802]
["2016-07-01","ASFALTOS DILUÍDOS CM-30","Rio Grande do Norte","-"]
["2016-07-01","ASFALTOS DILUÍDOS CM-30","Rio Grande do Sul",2.581287630580603]
["2016-07-01","ASFALTOS DILUÍDOS CM-30","Rondônia","-"]
["2016-07-01","ASFALTOS DILUÍDOS CM-30","Roraima","-"]
["2016-07-01","ASFALTOS DILUÍDOS CM-30","Santa Catarina","-"]
["2016-07-01","ASFALTOS DILUÍDOS CM-30","São Paulo",2.6258306371135975]
["2016-07-01","ASFALTOS DILUÍDOS CM-30","Sergipe","-"]
["2016-07-01","ASFALTOS DILUÍDOS CM-30","Tocantins","-"]
["2016-08-01","ASFALTOS DILUÍDOS CM-30","Acre","-"]
["2016-08-01","ASFALTOS DILUÍDOS CM-30","Alagoas","-"]
["2016-08-01","ASFALTOS DILUÍDOS CM-30","Amapá","-"]
["2016-08-01","ASFALTOS DILUÍDOS CM-30","Amazonas",2.6299263123263175]
["2016-08-01","ASFALTOS DILUÍDOS CM-30","Bahia",2.6986666709865879]
["2016-08-01","ASFALTOS DILUÍDOS CM-30","Ceará",2.5996674167770033]
["2016-08-01","ASFALTOS DILUÍDOS CM-30","Distrito Federal","-"]
["2016-08-01","ASFALTOS DILUÍDOS CM-30","Espírito Santo","-"]
["2016-08-01","ASFALTOS DILUÍDOS CM-30","Goiás",2.8670692918288951]
["2016-08-01","ASFALTOS DILUÍDOS CM-30","Maranhão","-"]
["2016-08-01","ASFALTOS DILUÍDOS CM-30","Mato Grosso",3.126852323553289]
["2016-08-01","ASFALTOS DILUÍDOS CM-30","Mato Grosso do Sul","-"]
["2016-08-01","ASFALTOS DILUÍDOS CM-30","Minas Gerais",2.714753149937978]
["2016-08-01","ASFALTOS DILUÍDOS CM-30","Pará","-"]
["2016-08-01","ASFALTOS DILUÍDOS CM-30","Paraíba","-"]
["2016-08-01","ASFALTOS DILUÍDOS CM-30","Paraná",2.8536093855539137]
["2016-08-01","ASFALTOS DILUÍDOS CM-30","Pernambuco","-"]
["2016-08-01","ASFALTOS DILUÍDOS CM-30","Piauí","-"]
["2016-08-01","ASFALTOS DILUÍDOS CM-30","Rio de Janeiro",2.5675301561048132]
["2016-08-01","ASFALTOS DILUÍDOS CM-30","Rio Grande do Norte","-"]
["2016-08-01","ASFALTOS DILUÍDOS CM-30","Rio Grande do Sul",2.6449414865112861]
["2016-08-01","ASFALTOS DILUÍDOS CM-30","Rondônia","-"]
["2016-08-01","ASFALTOS DILUÍDOS CM-30","Roraima","-"]
["2016-08-01","ASFALTOS DILUÍDOS CM-30","Santa Catarina","-"]
["2016-08-01","ASFALTOS DILUÍDOS CM-30","São Paulo",2.6465830655558436]
["2016-08-01","ASFALTOS DILUÍDOS CM-30","Sergipe","-"]
["2016-08-01","ASFALTOS DILUÍDOS CM-30","Tocantins","-"]
["2016-09-01","ASFALTOS DILUÍDOS CM-30","Acre","-"]
["2016-09-01","ASFALTOS DILUÍDOS CM-30","Alagoas","-"]
["2016-09-01","ASFALTOS DILUÍDOS CM-30","Amapá","-"]
["2016-09-01","ASFALTOS DILUÍDOS CM-30","Amazonas","-"]
["2016-09-01","ASFALTOS DILUÍDOS CM-30","Bahia",2.6372801915404365]
["2016-09-01","ASFALTOS DILUÍDOS CM-30","Ceará",2.4488915101973379]
["2016-09-01","ASFALTOS DILUÍDOS CM-30","Distrito Federal","-"]
["2016-09-01","ASFALTOS DILUÍDOS CM-30","Espírito Santo","-"]
["2016-09-01","ASFALTOS DILUÍDOS CM-30","Goiás",2.7830674796008013]
["2016-09-01","ASFALTOS DILUÍDOS CM-30","Maranhão","-"]
["2016-09-01","ASFALTOS DILUÍDOS CM-30","Mato Grosso",2.8643657377691047]
["2016-09-01","ASFALTOS DILUÍDOS CM-30","Mato Grosso do Sul","-"]
["2016-09-01","ASFALTOS DILUÍDOS CM-30","Minas Gerais",2.4918739840447541]
["2016-09-01","ASFALTOS DILUÍDOS CM-30","Pará","-"]
["2016-09-01","ASFALTOS DILUÍDOS CM-30","Paraíba","-"]
["2016-09-01","ASFALTOS DILUÍDOS CM-30","Paraná",2.4421200073310203]
["2016-09-01","ASFALTOS DILUÍDOS CM-30","Pernambuco","-"]
["2016-09-01","ASFALTOS DILUÍDOS CM-30","Piauí","-"]
["2016-09-01","ASFALTOS DILUÍDOS CM-30","Rio de Janeiro",2.4485622617516789]
["2016-09-01","ASFALTOS DILUÍDOS CM-30","Rio Grande do Norte","-"]
["2016-09-01","ASFALTOS DILUÍDOS CM-30","Rio Grande do Sul",2.3330569365213263]
["2016-09-01","ASFALTOS DILUÍDOS CM-30","Rondônia","-"]
["2016-09-01","ASFALTOS DILUÍDOS CM-30","Roraima","-"]
["2016-09-01","ASFALTOS DILUÍDOS CM-30","Santa Catarina","-"]
["2016-09-01","ASFALTOS DILUÍDOS CM-30","São Paulo",2.6107531549532244]
["2016-09-01","ASFALTOS DILUÍDOS CM-30","Sergipe","-"]
["2016-09-01","ASFALTOS DILUÍDOS CM-30","Tocantins","-"]
["2016-10-01","ASFALTOS DILUÍDOS CM-30","Acre","-"]
["2016-10-01","ASFALTOS DILUÍDOS CM-30","Alagoas","-"]
["2016-10-01","ASFALTOS DILUÍDOS CM-30","Amapá","-"]
["2016-10-01","ASFALTOS DILUÍDOS CM-30","Amazonas","-"]
["2016-10-01","ASFALTOS DILUÍDOS CM-30","Bahia",2.5017436213909163]
["2016-10-01","ASFALTOS DILUÍDOS CM-30","Ceará",2.3940726515109807]
["2016-10-01","ASFALTOS DILUÍDOS CM-30","Distrito Federal","-"]
["2016-10-01","ASFALTOS DILUÍDOS CM-30","Espírito Santo","-"]
["2016-10-01","ASFALTOS DILUÍDOS CM-30","Goiás",2.7675757181765634]
["2016-10-01","ASFALTOS DILUÍDOS CM-30","Maranhão","-"]
["2016-10-01","ASFALTOS DILUÍDOS CM-30","Mato Grosso",2.8803239746962288]
["2016-10-01","ASFALTOS DILUÍDOS CM-30","Mato Grosso do Sul","-"]
["2016-10-01","ASFALTOS DILUÍDOS CM-30","Minas Gerais",2.5162790547111911]
["2016-10-01","ASFALTOS DILUÍDOS CM-30","Pará",2.6664320277681481]
["2016-10-01","ASFALTOS DILUÍDOS CM-30","Paraíba","-"]
["2016-10-01","ASFALTOS DILUÍDOS CM-30","Paraná",2.4296834277271606]
["2016-10-01","ASFALTOS DILUÍDOS CM-30","Pernambuco","-"]
["2016-10-01","ASFALTOS DILUÍDOS CM-30","Piauí","-"]
["2016-10-01","ASFALTOS DILUÍDOS CM-30","Rio de Janeiro",2.3020178102766797]
["2016-10-01","ASFALTOS DILUÍDOS CM-30","Rio Grande do Norte","-"]
["2016-10-01","ASFALTOS DILUÍDOS CM-30","Rio Grande do Sul",2.3639318840468322]
["2016-10-01","ASFALTOS DILUÍDOS CM-30","Rondônia","-"]
["2016-10-01","ASFALTOS DILUÍDOS CM-30","Roraima","-"]
["2016-10-01","ASFALTOS DILUÍDOS CM-30","Santa Catarina","-"]
["2016-10-01","ASFALTOS DILUÍDOS CM-30","São Paulo",2.5441346985392479]
["2016-10-01","ASFALTOS DILUÍDOS CM-30","Sergipe","-"]
["2016-10-01","ASFALTOS DILUÍDOS CM-30","Tocantins","-"]
["2016-11-01","ASFALTOS DILUÍDOS CM-30","Acre","-"]
["2016-11-01","ASFALTOS DILUÍDOS CM-30","Alagoas","-"]
["2016-11-01","ASFALTOS DILUÍDOS CM-30","Amapá","-"]
["2016-11-01","ASFALTOS DILUÍDOS CM-30","Amazonas",2.2843667899593663]
["2016-11-01","ASFALTOS DILUÍDOS CM-30","Bahia","-"]
["2016-11-01","ASFALTOS DILUÍDOS CM-30","Ceará",2.3328574466821759]
["2016-11-01","ASFALTOS DILUÍDOS CM-30","Distrito Federal","-"]
["2016-11-01","ASFALTOS DILUÍDOS CM-30","Espírito Santo","-"]
["2016-11-01","ASFALTOS DILUÍDOS CM-30","Goiás",3.2333979234489894]
["2016-11-01","ASFALTOS DILUÍDOS CM-30","Maranhão","-"]
["2016-11-01","ASFALTOS DILUÍDOS CM-30","Mato Grosso",2.7493124575239305]
["2016-11-01","ASFALTOS DILUÍDOS CM-30","Mato Grosso do Sul","-"]
["2016-11-01","ASFALTOS DILUÍDOS CM-30","Minas Gerais",2.4173114909834532]
["2016-11-01","ASFALTOS DILUÍDOS CM-30","Pará","-"]
["2016-11-01","ASFALTOS DILUÍDOS CM-30","Paraíba","-"]
["2016-11-01","ASFALTOS DILUÍDOS CM-30","Paraná",2.4686306348138056]
["2016-11-01","ASFALTOS DILUÍDOS CM-30","Pernambuco","-"]
["2016-11-01","ASFALTOS DILUÍDOS CM-30","Piauí","-"]
["2016-11-01","ASFALTOS DILUÍDOS CM-30","Rio de Janeiro","-"]
["2016-11-01","ASFALTOS DILUÍDOS CM-30","Rio Grande do Norte","-"]
["2016-11-01","ASFALTOS DILUÍDOS CM-30","Rio Grande do Sul",2.3084806817918744]
["2016-11-01","ASFALTOS DILUÍDOS CM-30","Rondônia","-"]
["2016-11-01","ASFALTOS DILUÍDOS CM-30","Roraima","-"]
["2016-11-01","ASFALTOS DILUÍDOS CM-30","Santa Catarina","-"]
["2016-11-01","ASFALTOS DILUÍDOS CM-30","São Paulo",2.6043368181526549]
["2016-11-01","ASFALTOS DILUÍDOS CM-30","Sergipe","-"]
["2016-11-01","ASFALTOS DILUÍDOS CM-30","Tocantins","-"]
["2016-12-01","ASFALTOS DILUÍDOS CM-30","Acre","-"]
["2016-12-01","ASFALTOS DILUÍDOS CM-30","Alagoas","-"]
["2016-12-01","ASFALTOS DILUÍDOS CM-30","Amapá","-"]
["2016-12-01","ASFALTOS DILUÍDOS CM-30","Amazonas",2.2830533156309567]
["2016-12-01","ASFALTOS DILUÍDOS CM-30","Bahia",3.0030689295725295]
["2016-12-01","ASFALTOS DILUÍDOS CM-30","Ceará",2.2189181963258533]
["2016-12-01","ASFALTOS DILUÍDOS CM-30","Distrito Federal","-"]
["2016-12-01","ASFALTOS DILUÍDOS CM-30","Espírito Santo","-"]
["2016-12-01","ASFALTOS DILUÍDOS CM-30","Goiás","-"]
["2016-12-01","ASFALTOS DILUÍDOS CM-30","Maranhão","-"]
["2016-12-01","ASFALTOS DILUÍDOS CM-30","Mato Grosso",2.8655321072542455]
["2016-12-01","ASFALTOS DILUÍDOS CM-30","Mato Grosso do Sul","-"]
["2016-12-01","ASFALTOS DILUÍDOS CM-30","Minas Gerais",2.6274174642643748]
["2016-12-01","ASFALTOS DILUÍDOS CM-30","Pará","-"]
["2016-12-01","ASFALTOS DILUÍDOS CM-30","Paraíba","-"]
["2016-12-01","ASFALTOS DILUÍDOS CM-30","Paraná",2.5107862213117542]
["2016-12-01","ASFALTOS DILUÍDOS CM-30","Pernambuco","-"]
["2016-12-01","ASFALTOS DILUÍDOS CM-30","Piauí","-"]
["2016-12-01","ASFALTOS DILUÍDOS CM-30","Rio de Janeiro","-"]
["2016-12-01","ASFALTOS DILUÍDOS CM-30","Rio Grande do Norte","-"]
["2016-12-01","ASFALTOS DILUÍDOS CM-30","Rio Grande do Sul",2.2810473330070038]
["2016-12-01","ASFALTOS DILUÍDOS CM-30","Rondônia","-"]
["2016-12-01","ASFALTOS DILUÍDOS CM-30","Roraima","-"]
["2016-12-01","ASFALTOS DILUÍDOS CM-30","Santa Catarina","-"]
["2016-12-01","ASFALTOS DILUÍDOS CM-30","São Paulo",2.5582033119841081]
["2016-12-01","ASFALTOS DILUÍDOS CM-30","Sergipe","-"]
["2016-12-01","ASFALTOS DILUÍDOS CM-30","Tocantins","-"]
["2017-01-01","ASFALTOS DILUÍDOS CM-30","Acre","-"]
["2017-01-01","ASFALTOS DILUÍDOS CM-30","Alagoas","-"]
["2017-01-01","ASFALTOS DILUÍDOS CM-30","Amapá","-"]
["2017-01-01","ASFALTOS DILUÍDOS CM-30","Amazonas","-"]
["2017-01-01","ASFALTOS DILUÍDOS CM-30","Bahia","-"]
["2017-01-01","ASFALTOS DILUÍDOS CM-30","Ceará",2.1898095821449988]
["2017-01-01","ASFALTOS DILUÍDOS CM-30","Distrito Federal","-"]
["2017-01-01","ASFALTOS DILUÍDOS CM-30","Espírito Santo","-"]
["2017-01-01","ASFALTOS DILUÍDOS CM-30","Goiás","-"]
["2017-01-01","ASFALTOS DILUÍDOS CM-30","Maranhão","-"]
["2017-01-01","ASFALTOS DILUÍDOS CM-30","Mato Grosso",2.8395329452054794]
["2017-01-01","ASFALTOS DILUÍDOS CM-30","Mato Grosso do Sul","-"]
["2017-01-01","ASFALTOS DILUÍDOS CM-30","Minas Gerais",2.5192293580760783]
["2017-01-01","ASFALTOS DILUÍDOS CM-30","Pará","-"]
["2017-01-01","ASFALTOS DILUÍDOS CM-30","Paraíba","-"]
["2017-01-01","ASFALTOS DILUÍDOS CM-30","Paraná",2.4342778643485037]
["2017-01-01","ASFALTOS DILUÍDOS CM-30","Pernambuco","-"]
["2017-01-01","ASFALTOS DILUÍDOS CM-30","Piauí","-"]
["2017-01-01","ASFALTOS DILUÍDOS CM-30","Rio de Janeiro","-"]
["2017-01-01","ASFALTOS DILUÍDOS CM-30","Rio Grande do Norte","-"]
["2017-01-01","ASFALTOS DILUÍDOS CM-30","Rio Grande do Sul",2.3438676041624324]
["2017-01-01","ASFALTOS DILUÍDOS CM-30","Rondônia","-"]
["2017-01-01","ASFALTOS DILUÍDOS CM-30","Roraima","-"]
["2017-01-01","ASFALTOS DILUÍDOS CM-30","Santa Catarina","-"]
["2017-01-01","ASFALTOS DILUÍDOS CM-30","São Paulo",2.6107681898879123]
["2017-01-01","ASFALTOS DILUÍDOS CM-30","Sergipe","-"]
["2017-01-01","ASFALTOS DILUÍDOS CM-30","Tocantins","-"]
["2017-02-01","ASFALTOS DILUÍDOS CM-30","Acre","-"]
["2017-02-01","ASFALTOS DILUÍDOS CM-30","Alagoas","-"]
["2017-02-01","ASFALTOS DILUÍDOS CM-30","Amapá","-"]
["2017-02-01","ASFALTOS DILUÍDOS CM-30","Amazonas","-"]
["2017-02-01","ASFALTOS DILUÍDOS CM-30","Bahia","-"]
["2017-02-01","ASFALTOS DILUÍDOS CM-30","Ceará",2.2339391847804735]
["2017-02-01","ASFALTOS DILUÍDOS CM-30","Distrito Federal","-"]
["2017-02-01","ASFALTOS DILUÍDOS CM-30","Espírito Santo","-"]
["2017-02-01","ASFALTOS DILUÍDOS CM-30","Goiás","-"]
["2017-02-01","ASFALTOS DILUÍDOS CM-30","Maranhão","-"]
["2017-02-01","ASFALTOS DILUÍDOS CM-30","Mato Grosso",2.7731096434953537]
["2017-02-01","ASFALTOS DILUÍDOS CM-30","Mato Grosso do Sul","-"]
["2017-02-01","ASFALTOS DILUÍDOS CM-30","Minas Gerais",2.5819261618305358]
["2017-02-01","ASFALTOS DILUÍDOS CM-30","Pará","-"]
["2017-02-01","ASFALTOS DILUÍDOS CM-30","Paraíba","-"]
["2017-02-01","ASFALTOS DILUÍDOS CM-30","Paraná",2.5419959466782269]
["2017-02-01","ASFALTOS DILUÍDOS CM-30","Pernambuco","-"]
["2017-02-01","ASFALTOS DILUÍDOS CM-30","Piauí","-"]
["2017-02-01","ASFALTOS DILUÍDOS CM-30","Rio de Janeiro","-"]
["2017-02-01","ASFALTOS DILUÍDOS CM-30","Rio Grande do Norte","-"]
["2017-02-01","ASFALTOS DILUÍDOS CM-30","Rio Grande do Sul",2.2606895837957826]
["2017-02-01","ASFALTOS DILUÍDOS CM-30","Rondônia","-"]
["2017-02-01","ASFALTOS DILUÍDOS CM-30","Roraima","-"]
["2017-02-01","ASFALTOS DILUÍDOS CM-30","Santa Catarina","-"]
["2017-02-01","ASFALTOS DILUÍDOS CM-30","São Paulo",2.5541887469266427]
["2017-02-01","ASFALTOS DILUÍDOS CM-30","Sergipe","-"]
["2017-02-01","ASFALTOS DILUÍDOS CM-30","Tocantins","-"]
["2017-03-01","ASFALTOS DILUÍDOS CM-30","Acre","-"]
["2017-03-01","ASFALTOS DILUÍDOS CM-30","Alagoas","-"]
["2017-03-01","ASFALTOS DILUÍDOS CM-30","Amapá","-"]
["2017-03-01","ASFALTOS DILUÍDOS CM-30","Amazonas","-"]
["2017-03-01","ASFALTOS DILUÍDOS CM-30","Bahia",2.8070822016629586]
["2017-03-01","ASFALTOS DILUÍDOS CM-30","Ceará",2.3073185749652794]
["2017-03-01","ASFALTOS DILUÍDOS CM-30","Distrito Federal","-"]
["2017-03-01","ASFALTOS DILUÍDOS CM-30","Espírito Santo","-"]
["2017-03-01","ASFALTOS DILUÍDOS CM-30","Goiás","-"]
["2017-03-01","ASFALTOS DILUÍDOS CM-30","Maranhão","-"]
["2017-03-01","ASFALTOS DILUÍDOS CM-30","Mato Grosso",2.7880354710071207]
["2017-03-01","ASFALTOS DILUÍDOS CM-30","Mato Grosso do Sul","-"]
["2017-03-01","ASFALTOS DILUÍDOS CM-30","Minas Gerais",2.3507018286946719]
["2017-03-01","ASFALTOS DILUÍDOS CM-30","Pará","-"]
["2017-03-01","ASFALTOS DILUÍDOS CM-30","Paraíba","-"]
["2017-03-01","ASFALTOS DILUÍDOS CM-30","Paraná",2.391212659137234]
["2017-03-01","ASFALTOS DILUÍDOS CM-30","Pernambuco","-"]
["2017-03-01","ASFALTOS DILUÍDOS CM-30","Piauí","-"]
["2017-03-01","ASFALTOS DILUÍDOS CM-30","Rio de Janeiro",2.2805468541780449]
["2017-03-01","ASFALTOS DILUÍDOS CM-30","Rio Grande do Norte","-"]
["2017-03-01","ASFALTOS DILUÍDOS CM-30","Rio Grande do Sul",2.2386522173953449]
["2017-03-01","ASFALTOS DILUÍDOS CM-30","Rondônia","-"]
["2017-03-01","ASFALTOS DILUÍDOS CM-30","Roraima","-"]
["2017-03-01","ASFALTOS DILUÍDOS CM-30","Santa Catarina","-"]
["2017-03-01","ASFALTOS DILUÍDOS CM-30","São Paulo",2.5084269679051565]
["2017-03-01","ASFALTOS DILUÍDOS CM-30","Sergipe","-"]
["2017-03-01","ASFALTOS DILUÍDOS CM-30","Tocantins","-"]
["2017-04-01","ASFALTOS DILUÍDOS CM-30","Acre","-"]
["2017-04-01","ASFALTOS DILUÍDOS CM-30","Alagoas","-"]
["2017-04-01","ASFALTOS DILUÍDOS CM-30","Amapá","-"]
["2017-04-01","ASFALTOS DILUÍDOS CM-30","Amazonas",2.4379095337222316]
["2017-04-01","ASFALTOS DILUÍDOS CM-30","Bahia","-"]
["2017-04-01","ASFALTOS DILUÍDOS CM-30","Ceará",2.2128107534674903]
["2017-04-01","ASFALTOS DILUÍDOS CM-30","Distrito Federal","-"]
["2017-04-01","ASFALTOS DILUÍDOS CM-30","Espírito Santo","-"]
["2017-04-01","ASFALTOS DILUÍDOS CM-30","Goiás",2.9329097686983978]
["2017-04-01","ASFALTOS DILUÍDOS CM-30","Maranhão","-"]
["2017-04-01","ASFALTOS DILUÍDOS CM-30","Mato Grosso",2.6034040154984148]
["2017-04-01","ASFALTOS DILUÍDOS CM-30","Mato Grosso do Sul","-"]
["2017-04-01","ASFALTOS DILUÍDOS CM-30","Minas Gerais",2.2279008686757944]
["2017-04-01","ASFALTOS DILUÍDOS CM-30","Pará","-"]
["2017-04-01","ASFALTOS DILUÍDOS CM-30","Paraíba","-"]
["2017-04-01","ASFALTOS DILUÍDOS CM-30","Paraná",2.2554913928021132]
["2017-04-01","ASFALTOS DILUÍDOS CM-30","Pernambuco","-"]
["2017-04-01","ASFALTOS DILUÍDOS CM-30","Piauí","-"]
["2017-04-01","ASFALTOS DILUÍDOS CM-30","Rio de Janeiro","-"]
["2017-04-01","ASFALTOS DILUÍDOS CM-30","Rio Grande do Norte","-"]
["2017-04-01","ASFALTOS DILUÍDOS CM-30","Rio Grande do Sul",2.257216228266326]
["2017-04-01","ASFALTOS DILUÍDOS CM-30","Rondônia","-"]
["2017-04-01","ASFALTOS DILUÍDOS CM-30","Roraima","-"]
["2017-04-01","ASFALTOS DILUÍDOS CM-30","Santa Catarina","-"]
["2017-04-01","ASFALTOS DILUÍDOS CM-30","São Paulo",2.5460269244089608]
["2017-04-01","ASFALTOS DILUÍDOS CM-30","Sergipe","-"]
["2017-04-01","ASFALTOS DILUÍDOS CM-30","Tocantins","-"]
["2017-05-01","ASFALTOS DILUÍDOS CM-30","Acre","-"]
["2017-05-01","ASFALTOS DILUÍDOS CM-30","Alagoas","-"]
["2017-05-01","ASFALTOS DILUÍDOS CM-30","Amapá","-"]
["2017-05-01","ASFALTOS DILUÍDOS CM-30","Amazonas",2.1072414588415693]
["2017-05-01","ASFALTOS DILUÍDOS CM-30","Bahia",2.8255076173726867]
["2017-05-01","ASFALTOS DILUÍDOS CM-30","Ceará",2.1232136956115517]
["2017-05-01","ASFALTOS DILUÍDOS CM-30","Distrito Federal","-"]
["2017-05-01","ASFALTOS DILUÍDOS CM-30","Espírito Santo","-"]
["2017-05-01","ASFALTOS DILUÍDOS CM-30","Goiás","-"]
["2017-05-01","ASFALTOS DILUÍDOS CM-30","Maranhão","-"]
["2017-05-01","ASFALTOS DILUÍDOS CM-30","Mato Grosso",2.6509194930537472]
["2017-05-01","ASFALTOS DILUÍDOS CM-30","Mato Grosso do Sul","-"]
["2017-05-01","ASFALTOS DILUÍDOS CM-30","Minas Gerais",2.2115516694248365]
["2017-05-01","ASFALTOS DILUÍDOS CM-30","Pará","-"]
["2017-05-01","ASFALTOS DILUÍDOS CM-30","Paraíba","-"]
["2017-05-01","ASFALTOS DILUÍDOS CM-30","Paraná",2.2482531859735966]
["2017-05-01","ASFALTOS DILUÍDOS CM-30","Pernambuco","-"]
["2017-05-01","ASFALTOS DILUÍDOS CM-30","Piauí","-"]
["2017-05-01","ASFALTOS DILUÍDOS CM-30","Rio de Janeiro",2.0497993063133277]
["2017-05-01","ASFALTOS DILUÍDOS CM-30","Rio Grande do Norte","-"]
["2017-05-01","ASFALTOS DILUÍDOS CM-30","Rio Grande do Sul",2.1673345511727939]
["2017-05-01","ASFALTOS DILUÍDOS CM-30","Rondônia","-"]
["2017-05-01","ASFALTOS DILUÍDOS CM-30","Roraima","-"]
["2017-05-01","ASFALTOS DILUÍDOS CM-30","Santa Catarina","-"]
["2017-05-01","ASFALTOS DILUÍDOS CM-30","São Paulo",2.4310485580011854]
["2017-05-01","ASFALTOS DILUÍDOS CM-30","Sergipe","-"]
["2017-05-01","ASFALTOS DILUÍDOS CM-30","Tocantins","-"]
["2017-06-01","ASFALTOS DILUÍDOS CM-30","Acre","-"]
["2017-06-01","ASFALTOS DILUÍDOS CM-30","Alagoas","-"]
["2017-06-01","ASFALTOS DILUÍDOS CM-30","Amapá","-"]
["2017-06-01","ASFALTOS DILUÍDOS CM-30","Amazonas",2.1914498809123826]
["2017-06-01","ASFALTOS DILUÍDOS CM-30","Bahia",2.6691566300274787]
["2017-06-01","ASFALTOS DILUÍDOS CM-30","Ceará",2.1496881129872563]
["2017-06-01","ASFALTOS DILUÍDOS CM-30","Distrito Federal","-"]
["2017-06-01","ASFALTOS DILUÍDOS CM-30","Espírito Santo","-"]
["2017-06-01","ASFALTOS DILUÍDOS CM-30","Goiás",2.8652699667413559]
["2017-06-01","ASFALTOS DILUÍDOS CM-30","Maranhão","-"]
["2017-06-01","ASFALTOS DILUÍDOS CM-30","Mato Grosso",2.6906001056943172]
["2017-06-01","ASFALTOS DILUÍDOS CM-30","Mato Grosso do Sul","-"]
["2017-06-01","ASFALTOS DILUÍDOS CM-30","Minas Gerais",2.1995635974369794]
["2017-06-01","ASFALTOS DILUÍDOS CM-30","Pará","-"]
["2017-06-01","ASFALTOS DILUÍDOS CM-30","Paraíba","-"]
["2017-06-01","ASFALTOS DILUÍDOS CM-30","Paraná",2.3662771826357658]
["2017-06-01","ASFALTOS DILUÍDOS CM-30","Pernambuco","-"]
["2017-06-01","ASFALTOS DILUÍDOS CM-30","Piauí","-"]
["2017-06-01","ASFALTOS DILUÍDOS CM-30","Rio de Janeiro",2.1221875413894478]
["2017-06-01","ASFALTOS DILUÍDOS CM-30","Rio Grande do Norte","-"]
["2017-06-01","ASFALTOS DILUÍDOS CM-30","Rio Grande do Sul",2.2665980885976702]
["2017-06-01","ASFALTOS DILUÍDOS CM-30","Rondônia","-"]
["2017-06-01","ASFALTOS DILUÍDOS CM-30","Roraima","-"]
["2017-06-01","ASFALTOS DILUÍDOS CM-30","Santa Catarina","-"]
["2017-06-01","ASFALTOS DILUÍDOS CM-30","São Paulo",2.3429759037194846]
["2017-06-01","ASFALTOS DILUÍDOS CM-30","Sergipe","-"]
["2017-06-01","ASFALTOS DILUÍDOS CM-30","Tocantins","-"]
["2017-07-01","ASFALTOS DILUÍDOS CM-30","Acre","-"]
["2017-07-01","ASFALTOS DILUÍDOS CM-30","Alagoas","-"]
["2017-07-01","ASFALTOS DILUÍDOS CM-30","Amapá","-"]
["2017-07-01","ASFALTOS DILUÍDOS CM-30","Amazonas",2.3430741722241324]
["2017-07-01","ASFALTOS DILUÍDOS CM-30","Bahia","-"]
["2017-07-01","ASFALTOS DILUÍDOS CM-30","Ceará",2.2049699275262094]
["2017-07-01","ASFALTOS DILUÍDOS CM-30","Distrito Federal","-"]
["2017-07-01","ASFALTOS DILUÍDOS CM-30","Espírito Santo","-"]
["2017-07-01","ASFALTOS DILUÍDOS CM-30","Goiás","-"]
["2017-07-01","ASFALTOS DILUÍDOS CM-30","Maranhão","-"]
["2017-07-01","ASFALTOS DILUÍDOS CM-30","Mato Grosso",2.6621260012070911]
["2017-07-01","ASFALTOS DILUÍDOS CM-30","Mato Grosso do Sul","-"]
["2017-07-01","ASFALTOS DILUÍDOS CM-30","Minas Gerais",2.4534135084238162]
["2017-07-01","ASFALTOS DILUÍDOS CM-30","Pará","-"]
["2017-07-01","ASFALTOS DILUÍDOS CM-30","Paraíba","-"]
["2017-07-01","ASFALTOS DILUÍDOS CM-30","Paraná",2.3514182303854048]
["2017-07-01","ASFALTOS DILUÍDOS CM-30","Pernambuco","-"]
["2017-07-01","ASFALTOS DILUÍDOS CM-30","Piauí","-"]
["2017-07-01","ASFALTOS DILUÍDOS CM-30","Rio de Janeiro","-"]
["2017-07-01","ASFALTOS DILUÍDOS CM-30","Rio Grande do Norte","-"]
["2017-07-01","ASFALTOS DILUÍDOS CM-30","Rio Grande do Sul",2.2122317787802839]
["2017-07-01","ASFALTOS DILUÍDOS CM-30","Rondônia","-"]
["2017-07-01","ASFALTOS DILUÍDOS CM-30","Roraima","-"]
["2017-07-01","ASFALTOS DILUÍDOS CM-30","Santa Catarina","-"]
["2017-07-01","ASFALTOS DILUÍDOS CM-30","São Paulo",2.334729585186484]
["2017-07-01","ASFALTOS DILUÍDOS CM-30","Sergipe","-"]
["2017-07-01","ASFALTOS DILUÍDOS CM-30","Tocantins","-"]
["2017-08-01","ASFALTOS DILUÍDOS CM-30","Acre","-"]
["2017-08-01","ASFALTOS DILUÍDOS CM-30","Alagoas","-"]
["2017-08-01","ASFALTOS DILUÍDOS CM-30","Amapá","-"]
["2017-08-01","ASFALTOS DILUÍDOS CM-30","Amazonas",2.2035632961867035]
["2017-08-01","ASFALTOS DILUÍDOS CM-30","Bahia","-"]
["2017-08-01","ASFALTOS DILUÍDOS CM-30","Ceará",2.1351537238509102]
["2017-08-01","ASFALTOS DILUÍDOS CM-30","Distrito Federal","-"]
["2017-08-01","ASFALTOS DILUÍDOS CM-30","Espírito Santo","-"]
["2017-08-01","ASFALTOS DILUÍDOS CM-30","Goiás",2.6408628105674561]
["2017-08-01","ASFALTOS DILUÍDOS CM-30","Maranhão","-"]
["2017-08-01","ASFALTOS DILUÍDOS CM-30","Mato Grosso",2.6210476772710893]
["2017-08-01","ASFALTOS DILUÍDOS CM-30","Mato Grosso do Sul","-"]
["2017-08-01","ASFALTOS DILUÍDOS CM-30","Minas Gerais",2.3778984391475357]
["2017-08-01","ASFALTOS DILUÍDOS CM-30","Pará",2.7005776462557516]
["2017-08-01","ASFALTOS DILUÍDOS CM-30","Paraíba","-"]
["2017-08-01","ASFALTOS DILUÍDOS CM-30","Paraná",2.1018217767356706]
["2017-08-01","ASFALTOS DILUÍDOS CM-30","Pernambuco","-"]
["2017-08-01","ASFALTOS DILUÍDOS CM-30","Piauí","-"]
["2017-08-01","ASFALTOS DILUÍDOS CM-30","Rio de Janeiro","-"]
["2017-08-01","ASFALTOS DILUÍDOS CM-30","Rio Grande do Norte","-"]
["2017-08-01","ASFALTOS DILUÍDOS CM-30","Rio Grande do Sul",2.2245410140593309]
["2017-08-01","ASFALTOS DILUÍDOS CM-30","Rondônia","-"]
["2017-08-01","ASFALTOS DILUÍDOS CM-30","Roraima","-"]
["2017-08-01","ASFALTOS DILUÍDOS CM-30","Santa Catarina","-"]
["2017-08-01","ASFALTOS DILUÍDOS CM-30","São Paulo",2.2125572921987979]
["2017-08-01","ASFALTOS DILUÍDOS CM-30","Sergipe","-"]
["2017-08-01","ASFALTOS DILUÍDOS CM-30","Tocantins","-"]
["2017-09-01","ASFALTOS DILUÍDOS CM-30","Acre","-"]
["2017-09-01","ASFALTOS DILUÍDOS CM-30","Alagoas","-"]
["2017-09-01","ASFALTOS DILUÍDOS CM-30","Amapá","-"]
["2017-09-01","ASFALTOS DILUÍDOS CM-30","Amazonas",2.3313814246144298]
["2017-09-01","ASFALTOS DILUÍDOS CM-30","Bahia","-"]
["2017-09-01","ASFALTOS DILUÍDOS CM-30","Ceará",2.1213200204992875]
["2017-09-01","ASFALTOS DILUÍDOS CM-30","Distrito Federal","-"]
["2017-09-01","ASFALTOS DILUÍDOS CM-30","Espírito Santo","-"]
["2017-09-01","ASFALTOS DILUÍDOS CM-30","Goiás",2.6367790282923997]
["2017-09-01","ASFALTOS DILUÍDOS CM-30","Maranhão","-"]
["2017-09-01","ASFALTOS DILUÍDOS CM-30","Mato Grosso",2.6973094634419126]
["2017-09-01","ASFALTOS DILUÍDOS CM-30","Mato Grosso do Sul","-"]
["2017-09-01","ASFALTOS DILUÍDOS CM-30","Minas Gerais",2.5108870171893933]
["2017-09-01","ASFALTOS DILUÍDOS CM-30","Pará",2.7090399230733149]
["2017-09-01","ASFALTOS DILUÍDOS CM-30","Paraíba","-"]
["2017-09-01","ASFALTOS DILUÍDOS CM-30","Paraná",2.3966583600605942]
["2017-09-01","ASFALTOS DILUÍDOS CM-30","Pernambuco","-"]
["2017-09-01","ASFALTOS DILUÍDOS CM-30","Piauí","-"]
["2017-09-01","ASFALTOS DILUÍDOS CM-30","Rio de Janeiro","-"]
["2017-09-01","ASFALTOS DILUÍDOS CM-30","Rio Grande do Norte","-"]
["2017-09-01","ASFALTOS DILUÍDOS CM-30","Rio Grande do Sul",2.1912136176600714]
["2017-09-01","ASFALTOS DILUÍDOS CM-30","Rondônia","-"]
["2017-09-01","ASFALTOS DILUÍDOS CM-30","Roraima","-"]
["2017-09-01","ASFALTOS DILUÍDOS CM-30","Santa Catarina","-"]
["2017-09-01","ASFALTOS DILUÍDOS CM-30","São Paulo",2.3097402254780932]
["2017-09-01","ASFALTOS DILUÍDOS CM-30","Sergipe","-"]
["2017-09-01","ASFALTOS DILUÍDOS CM-30","Tocantins","-"]
["2017-10-01","ASFALTOS DILUÍDOS CM-30","Acre","-"]
["2017-10-01","ASFALTOS DILUÍDOS CM-30","Alagoas","-"]
["2017-10-01","ASFALTOS DILUÍDOS CM-30","Amapá","-"]
["2017-10-01","ASFALTOS DILUÍDOS CM-30","Amazonas",2.2091843585441406]
["2017-10-01","ASFALTOS DILUÍDOS CM-30","Bahia","-"]
["2017-10-01","ASFALTOS DILUÍDOS CM-30","Ceará",2.1602377541654674]
["2017-10-01","ASFALTOS DILUÍDOS CM-30","Distrito Federal","-"]
["2017-10-01","ASFALTOS DILUÍDOS CM-30","Espírito Santo","-"]
["2017-10-01","ASFALTOS DILUÍDOS CM-30","Goiás",2.5482166017803656]
["2017-10-01","ASFALTOS DILUÍDOS CM-30","Maranhão","-"]
["2017-10-01","ASFALTOS DILUÍDOS CM-30","Mato Grosso",2.7848612850779202]
["2017-10-01","ASFALTOS DILUÍDOS CM-30","Mato Grosso do Sul","-"]
["2017-10-01","ASFALTOS DILUÍDOS CM-30","Minas Gerais",2.6378402947764998]
["2017-10-01","ASFALTOS DILUÍDOS CM-30","Pará","-"]
["2017-10-01","ASFALTOS DILUÍDOS CM-30","Paraíba","-"]
["2017-10-01","ASFALTOS DILUÍDOS CM-30","Paraná",2.2164802653122195]
["2017-10-01","ASFALTOS DILUÍDOS CM-30","Pernambuco","-"]
["2017-10-01","ASFALTOS DILUÍDOS CM-30","Piauí","-"]
["2017-10-01","ASFALTOS DILUÍDOS CM-30","Rio de Janeiro","-"]
["2017-10-01","ASFALTOS DILUÍDOS CM-30","Rio Grande do Norte","-"]
["2017-10-01","ASFALTOS DILUÍDOS CM-30","Rio Grande do Sul",2.1731030244417089]
["2017-10-01","ASFALTOS DILUÍDOS CM-30","Rondônia","-"]
["2017-10-01","ASFALTOS DILUÍDOS CM-30","Roraima","-"]
["2017-10-01","ASFALTOS DILUÍDOS CM-30","Santa Catarina","-"]
["2017-10-01","ASFALTOS DILUÍDOS CM-30","São Paulo",2.2040938860607304]
["2017-10-01","ASFALTOS DILUÍDOS CM-30","Sergipe","-"]
["2017-10-01","ASFALTOS DILUÍDOS CM-30","Tocantins","-"]
["2017-11-01","ASFALTOS DILUÍDOS CM-30","Acre","-"]
["2017-11-01","ASFALTOS DILUÍDOS CM-30","Alagoas","-"]
["2017-11-01","ASFALTOS DILUÍDOS CM-30","Amapá","-"]
["2017-11-01","ASFALTOS DILUÍDOS CM-30","Amazonas",2.3845668336706232]
["2017-11-01","ASFALTOS DILUÍDOS CM-30","Bahia","-"]
["2017-11-01","ASFALTOS DILUÍDOS CM-30","Ceará",2.3883317473788224]
["2017-11-01","ASFALTOS DILUÍDOS CM-30","Distrito Federal","-"]
["2017-11-01","ASFALTOS DILUÍDOS CM-30","Espírito Santo","-"]
["2017-11-01","ASFALTOS DILUÍDOS CM-30","Goiás",2.9942342482453217]
["2017-11-01","ASFALTOS DILUÍDOS CM-30","Maranhão","-"]
["2017-11-01","ASFALTOS DILUÍDOS CM-30","Mato Grosso",2.8890161775549332]
["2017-11-01","ASFALTOS DILUÍDOS CM-30","Mato Grosso do Sul","-"]
["2017-11-01","ASFALTOS DILUÍDOS CM-30","Minas Gerais",2.5727077361724571]
["2017-11-01","ASFALTOS DILUÍDOS CM-30","Pará",2.7305834766489605]
["2017-11-01","ASFALTOS DILUÍDOS CM-30","Paraíba","-"]
["2017-11-01","ASFALTOS DILUÍDOS CM-30","Paraná",2.4817734287475437]
["2017-11-01","ASFALTOS DILUÍDOS CM-30","Pernambuco","-"]
["2017-11-01","ASFALTOS DILUÍDOS CM-30","Piauí","-"]
["2017-11-01","ASFALTOS DILUÍDOS CM-30","Rio de Janeiro","-"]
["2017-11-01","ASFALTOS DILUÍDOS CM-30","Rio Grande do Norte","-"]
["2017-11-01","ASFALTOS DILUÍDOS CM-30","Rio Grande do Sul",2.3295898682450842]
["2017-11-01","ASFALTOS DILUÍDOS CM-30","Rondônia","-"]
["2017-11-01","ASFALTOS DILUÍDOS CM-30","Roraima","-"]
["2017-11-01","ASFALTOS DILUÍDOS CM-30","Santa Catarina","-"]
["2017-11-01","ASFALTOS DILUÍDOS CM-30","São Paulo",2.6140330131825049]
["2017-11-01","ASFALTOS DILUÍDOS CM-30","Sergipe","-"]
["2017-11-01","ASFALTOS DILUÍDOS CM-30","Tocantins","-"]
["2017-12-01","ASFALTOS DILUÍDOS CM-30","Acre","-"]
["2017-12-01","ASFALTOS DILUÍDOS CM-30","Alagoas","-"]
["2017-12-01","ASFALTOS DILUÍDOS CM-30","Amapá","-"]
["2017-12-01","ASFALTOS DILUÍDOS CM-30","Amazonas",2.3343161659391405]
["2017-12-01","ASFALTOS DILUÍDOS CM-30","Bahia","-"]
["2017-12-01","ASFALTOS DILUÍDOS CM-30","Ceará",2.4048099862247136]
["2017-12-01","ASFALTOS DILUÍDOS CM-30","Distrito Federal","-"]
["2017-12-01","ASFALTOS DILUÍDOS CM-30","Espírito Santo","-"]
["2017-12-01","ASFALTOS DILUÍDOS CM-30","Goiás","-"]
["2017-12-01","ASFALTOS DILUÍDOS CM-30","Maranhão","-"]
["2017-12-01","ASFALTOS DILUÍDOS CM-30","Mato Grosso",3.0400681246400181]
["2017-12-01","ASFALTOS DILUÍDOS CM-30","Mato Grosso do Sul","-"]
["2017-12-01","ASFALTOS DILUÍDOS CM-30","Minas Gerais",2.724012173098652]
["2017-12-01","ASFALTOS DILUÍDOS CM-30","Pará","-"]
["2017-12-01","ASFALTOS DILUÍDOS CM-30","Paraíba","-"]
["2017-12-01","ASFALTOS DILUÍDOS CM-30","Paraná",2.439778885422506]
["2017-12-01","ASFALTOS DILUÍDOS CM-30","Pernambuco","-"]
["2017-12-01","ASFALTOS DILUÍDOS CM-30","Piauí","-"]
["2017-12-01","ASFALTOS DILUÍDOS CM-30","Rio de Janeiro","-"]
["2017-12-01","ASFALTOS DILUÍDOS CM-30","Rio Grande do Norte","-"]
["2017-12-01","ASFALTOS DILUÍDOS CM-30","Rio Grande do Sul",2.395712291642154]
["2017-12-01","ASFALTOS DILUÍDOS CM-30","Rondônia","-"]
["2017-12-01","ASFALTOS DILUÍDOS CM-30","Roraima","-"]
["2017-12-01","ASFALTOS DILUÍDOS CM-30","Santa Catarina","-"]
["2017-12-01","ASFALTOS DILUÍDOS CM-30","São Paulo",2.5688433802616917]
["2017-12-01","ASFALTOS DILUÍDOS CM-30","Sergipe","-"]
["2017-12-01","ASFALTOS DILUÍDOS CM-30","Tocantins","-"]
["2018-01-01","ASFALTOS DILUÍDOS CM-30","Acre","-"]
["2018-01-01","ASFALTOS DILUÍDOS CM-30","Alagoas","-"]
["2018-01-01","ASFALTOS DILUÍDOS CM-30","Amapá","-"]
["2018-01-01","ASFALTOS DILUÍDOS CM-30","Amazonas",2.8296097314706135]
["2018-01-01","ASFALTOS DILUÍDOS CM-30","Bahia",2.6390775075266859]
["2018-01-01","ASFALTOS DILUÍDOS CM-30","Ceará",2.6594696460134326]
["2018-01-01","ASFALTOS DILUÍDOS CM-30","Distrito Federal","-"]
["2018-01-01","ASFALTOS DILUÍDOS CM-30","Espírito Santo","-"]
["2018-01-01","ASFALTOS DILUÍDOS CM-30","Goiás","-"]
["2018-01-01","ASFALTOS DILUÍDOS CM-30","Maranhão","-"]
["2018-01-01","ASFALTOS DILUÍDOS CM-30","Mato Grosso",2.9353776201156889]
["2018-01-01","ASFALTOS DILUÍDOS CM-30","Mato Grosso do Sul","-"]
["2018-01-01","ASFALTOS DILUÍDOS CM-30","Minas Gerais",2.7077414103788602]
["2018-01-01","ASFALTOS DILUÍDOS CM-30","Pará","-"]
["2018-01-01","ASFALTOS DILUÍDOS CM-30","Paraíba","-"]
["2018-01-01","ASFALTOS DILUÍDOS CM-30","Paraná",2.7148437604254174]
["2018-01-01","ASFALTOS DILUÍDOS CM-30","Pernambuco","-"]
["2018-01-01","ASFALTOS DILUÍDOS CM-30","Piauí","-"]
["2018-01-01","ASFALTOS DILUÍDOS CM-30","Rio de Janeiro","-"]
["2018-01-01","ASFALTOS DILUÍDOS CM-30","Rio Grande do Norte","-"]
["2018-01-01","ASFALTOS DILUÍDOS CM-30","Rio Grande do Sul",2.4958208532309234]
["2018-01-01","ASFALTOS DILUÍDOS CM-30","Rondônia","-"]
["2018-01-01","ASFALTOS DILUÍDOS CM-30","Roraima","-"]
["2018-01-01","ASFALTOS DILUÍDOS CM-30","Santa Catarina","-"]
["2018-01-01","ASFALTOS DILUÍDOS CM-30","São Paulo",2.5734313176188577]
["2018-01-01","ASFALTOS DILUÍDOS CM-30","Sergipe","-"]
["2018-01-01","ASFALTOS DILUÍDOS CM-30","Tocantins","-"]
["2018-02-01","ASFALTOS DILUÍDOS CM-30","Acre","-"]
["2018-02-01","ASFALTOS DILUÍDOS CM-30","Alagoas","-"]
["2018-02-01","ASFALTOS DILUÍDOS CM-30","Amapá","-"]
["2018-02-01","ASFALTOS DILUÍDOS CM-30","Amazonas",2.7677157537344117]
["2018-02-01","ASFALTOS DILUÍDOS CM-30","Bahia","-"]
["2018-02-01","ASFALTOS DILUÍDOS CM-30","Ceará",2.6714016746816038]
["2018-02-01","ASFALTOS DILUÍDOS CM-30","Distrito Federal","-"]
["2018-02-01","ASFALTOS DILUÍDOS CM-30","Espírito Santo","-"]
["2018-02-01","ASFALTOS DILUÍDOS CM-30","Goiás","-"]
["2018-02-01","ASFALTOS DILUÍDOS CM-30","Maranhão","-"]
["2018-02-01","ASFALTOS DILUÍDOS CM-30","Mato Grosso",3.4155191774270679]
["2018-02-01","ASFALTOS DILUÍDOS CM-30","Mato Grosso do Sul","-"]
["2018-02-01","ASFALTOS DILUÍDOS CM-30","Minas Gerais",2.5914875887943971]
["2018-02-01","ASFALTOS DILUÍDOS CM-30","Pará","-"]
["2018-02-01","ASFALTOS DILUÍDOS CM-30","Paraíba","-"]
["2018-02-01","ASFALTOS DILUÍDOS CM-30","Paraná",2.602121434923506]
["2018-02-01","ASFALTOS DILUÍDOS CM-30","Pernambuco","-"]
["2018-02-01","ASFALTOS DILUÍDOS CM-30","Piauí","-"]
["2018-02-01","ASFALTOS DILUÍDOS CM-30","Rio de Janeiro","-"]
["2018-02-01","ASFALTOS DILUÍDOS CM-30","Rio Grande do Norte","-"]
["2018-02-01","ASFALTOS DILUÍDOS CM-30","Rio Grande do Sul",2.5200169090270457]
["2018-02-01","ASFALTOS DILUÍDOS CM-30","Rondônia","-"]
["2018-02-01","ASFALTOS DILUÍDOS CM-30","Roraima","-"]
["2018-02-01","ASFALTOS DILUÍDOS CM-30","Santa Catarina","-"]
["2018-02-01","ASFALTOS DILUÍDOS CM-30","São Paulo",2.6492281970571878]
["2018-02-01","ASFALTOS DILUÍDOS CM-30","Sergipe","-"]
["2018-02-01","ASFALTOS DILUÍDOS CM-30","Tocantins","-"]
["2018-03-01","ASFALTOS DILUÍDOS CM-30","Acre","-"]
["2018-03-01","ASFALTOS DILUÍDOS CM-30","Alagoas","-"]
["2018-03-01","ASFALTOS DILUÍDOS CM-30","Amapá","-"]
["2018-03-01","ASFALTOS DILUÍDOS CM-30","Amazonas","-"]
["2018-03-01","ASFALTOS DILUÍDOS CM-30","Bahia","-"]
["2018-03-01","ASFALTOS DILUÍDOS CM-30","Ceará",2.5305352367021676]
["2018-03-01","ASFALTOS DILUÍDOS CM-30","Distrito Federal","-"]
["2018-03-01","ASFALTOS DILUÍDOS CM-30","Espírito Santo","-"]
["2018-03-01","ASFALTOS DILUÍDOS CM-30","Goiás",2.572307561889156]
["2018-03-01","ASFALTOS DILUÍDOS CM-30","Maranhão","-"]
["2018-03-01","ASFALTOS DILUÍDOS CM-30","Mato Grosso","-"]
["2018-03-01","ASFALTOS DILUÍDOS CM-30","Mato Grosso do Sul","-"]
["2018-03-01","ASFALTOS DILUÍDOS CM-30","Minas Gerais",2.5803170789611758]
["2018-03-01","ASFALTOS DILUÍDOS CM-30","Pará","-"]
["2018-03-01","ASFALTOS DILUÍDOS CM-30","Paraíba","-"]
["2018-03-01","ASFALTOS DILUÍDOS CM-30","Paraná",2.6388981150381152]
["2018-03-01","ASFALTOS DILUÍDOS CM-30","Pernambuco","-"]
["2018-03-01","ASFALTOS DILUÍDOS CM-30","Piauí","-"]
["2018-03-01","ASFALTOS DILUÍDOS CM-30","Rio de Janeiro","-"]
["2018-03-01","ASFALTOS DILUÍDOS CM-30","Rio Grande do Norte","-"]
["2018-03-01","ASFALTOS DILUÍDOS CM-30","Rio Grande do Sul",2.5392107312231169]
["2018-03-01","ASFALTOS DILUÍDOS CM-30","Rondônia","-"]
["2018-03-01","ASFALTOS DILUÍDOS CM-30","Roraima","-"]
["2018-03-01","ASFALTOS DILUÍDOS CM-30","Santa Catarina","-"]
["2018-03-01","ASFALTOS DILUÍDOS CM-30","São Paulo",2.5654464302248843]
["2018-03-01","ASFALTOS DILUÍDOS CM-30","Sergipe","-"]
["2018-03-01","ASFALTOS DILUÍDOS CM-30","Tocantins","-"]
["2018-04-01","ASFALTOS DILUÍDOS CM-30","Acre","-"]
["2018-04-01","ASFALTOS DILUÍDOS CM-30","Alagoas","-"]
["2018-04-01","ASFALTOS DILUÍDOS CM-30","Amapá","-"]
["2018-04-01","ASFALTOS DILUÍDOS CM-30","Amazonas","-"]
["2018-04-01","ASFALTOS DILUÍDOS CM-30","Bahia","-"]
["2018-04-01","ASFALTOS DILUÍDOS CM-30","Ceará",2.5690595772621418]
["2018-04-01","ASFALTOS DILUÍDOS CM-30","Distrito Federal","-"]
["2018-04-01","ASFALTOS DILUÍDOS CM-30","Espírito Santo","-"]
["2018-04-01","ASFALTOS DILUÍDOS CM-30","Goiás","-"]
["2018-04-01","ASFALTOS DILUÍDOS CM-30","Maranhão","-"]
["2018-04-01","ASFALTOS DILUÍDOS CM-30","Mato Grosso",3.0150090266152541]
["2018-04-01","ASFALTOS DILUÍDOS CM-30","Mato Grosso do Sul","-"]
["2018-04-01","ASFALTOS DILUÍDOS CM-30","Minas Gerais",2.6038937002962359]
["2018-04-01","ASFALTOS DILUÍDOS CM-30","Pará","-"]
["2018-04-01","ASFALTOS DILUÍDOS CM-30","Paraíba","-"]
["2018-04-01","ASFALTOS DILUÍDOS CM-30","Paraná",2.5665385485097514]
["2018-04-01","ASFALTOS DILUÍDOS CM-30","Pernambuco","-"]
["2018-04-01","ASFALTOS DILUÍDOS CM-30","Piauí","-"]
["2018-04-01","ASFALTOS DILUÍDOS CM-30","Rio de Janeiro","-"]
["2018-04-01","ASFALTOS DILUÍDOS CM-30","Rio Grande do Norte","-"]
["2018-04-01","ASFALTOS DILUÍDOS CM-30","Rio Grande do Sul",2.522731708836123]
["2018-04-01","ASFALTOS DILUÍDOS CM-30","Rondônia","-"]
["2018-04-01","ASFALTOS DILUÍDOS CM-30","Roraima","-"]
["2018-04-01","ASFALTOS DILUÍDOS CM-30","Santa Catarina","-"]
["2018-04-01","ASFALTOS DILUÍDOS CM-30","São Paulo",2.6267079083009608]
["2018-04-01","ASFALTOS DILUÍDOS CM-30","Sergipe","-"]
["2018-04-01","ASFALTOS DILUÍDOS CM-30","Tocantins","-"]
["2018-05-01","ASFALTOS DILUÍDOS CM-30","Acre","-"]
["2018-05-01","ASFALTOS DILUÍDOS CM-30","Alagoas","-"]
["2018-05-01","ASFALTOS DILUÍDOS CM-30","Amapá","-"]
["2018-05-01","ASFALTOS DILUÍDOS CM-30","Amazonas","-"]
["2018-05-01","ASFALTOS DILUÍDOS CM-30","Bahia","-"]
["2018-05-01","ASFALTOS DILUÍDOS CM-30","Ceará",2.6703791605319718]
["2018-05-01","ASFALTOS DILUÍDOS CM-30","Distrito Federal","-"]
["2018-05-01","ASFALTOS DILUÍDOS CM-30","Espírito Santo","-"]
["2018-05-01","ASFALTOS DILUÍDOS CM-30","Goiás",2.6850186796693611]
["2018-05-01","ASFALTOS DILUÍDOS CM-30","Maranhão","-"]
["2018-05-01","ASFALTOS DILUÍDOS CM-30","Mato Grosso",3.2947766768306357]
["2018-05-01","ASFALTOS DILUÍDOS CM-30","Mato Grosso do Sul","-"]
["2018-05-01","ASFALTOS DILUÍDOS CM-30","Minas Gerais",2.6930583411764712]
["2018-05-01","ASFALTOS DILUÍDOS CM-30","Pará","-"]
["2018-05-01","ASFALTOS DILUÍDOS CM-30","Paraíba","-"]
["2018-05-01","ASFALTOS DILUÍDOS CM-30","Paraná",2.7220166776716588]
["2018-05-01","ASFALTOS DILUÍDOS CM-30","Pernambuco","-"]
["2018-05-01","ASFALTOS DILUÍDOS CM-30","Piauí","-"]
["2018-05-01","ASFALTOS DILUÍDOS CM-30","Rio de Janeiro","-"]
["2018-05-01","ASFALTOS DILUÍDOS CM-30","Rio Grande do Norte","-"]
["2018-05-01","ASFALTOS DILUÍDOS CM-30","Rio Grande do Sul",2.7692185328116663]
["2018-05-01","ASFALTOS DILUÍDOS CM-30","Rondônia","-"]
["2018-05-01","ASFALTOS DILUÍDOS CM-30","Roraima","-"]
["2018-05-01","ASFALTOS DILUÍDOS CM-30","Santa Catarina","-"]
["2018-05-01","ASFALTOS DILUÍDOS CM-30","São Paulo",2.687341200490164]
["2018-05-01","ASFALTOS DILUÍDOS CM-30","Sergipe","-"]
["2018-05-01","ASFALTOS DILUÍDOS CM-30","Tocantins","-"]
["2018-06-01","ASFALTOS DILUÍDOS CM-30","Acre","-"]
["2018-06-01","ASFALTOS DILUÍDOS CM-30","Alagoas","-"]
["2018-06-01","ASFALTOS DILUÍDOS CM-30","Amapá","-"]
["2018-06-01","ASFALTOS DILUÍDOS CM-30","Amazonas","-"]
["2018-06-01","ASFALTOS DILUÍDOS CM-30","Bahia",3.9829596999099728]
["2018-06-01","ASFALTOS DILUÍDOS CM-30","Ceará",2.82207177352455]
["2018-06-01","ASFALTOS DILUÍDOS CM-30","Distrito Federal","-"]
["2018-06-01","ASFALTOS DILUÍDOS CM-30","Espírito Santo","-"]
["2018-06-01","ASFALTOS DILUÍDOS CM-30","Goiás",3.0409220275377606]
["2018-06-01","ASFALTOS DILUÍDOS CM-30","Maranhão","-"]
["2018-06-01","ASFALTOS DILUÍDOS CM-30","Mato Grosso",3.3874427450109641]
["2018-06-01","ASFALTOS DILUÍDOS CM-30","Mato Grosso do Sul","-"]
["2018-06-01","ASFALTOS DILUÍDOS CM-30","Minas Gerais",2.8193514811925677]
["2018-06-01","ASFALTOS DILUÍDOS CM-30","Pará","-"]
["2018-06-01","ASFALTOS DILUÍDOS CM-30","Paraíba","-"]
["2018-06-01","ASFALTOS DILUÍDOS CM-30","Paraná",2.9999996830949947]
["2018-06-01","ASFALTOS DILUÍDOS CM-30","Pernambuco","-"]
["2018-06-01","ASFALTOS DILUÍDOS CM-30","Piauí","-"]
["2018-06-01","ASFALTOS DILUÍDOS CM-30","Rio de Janeiro","-"]
["2018-06-01","ASFALTOS DILUÍDOS CM-30","Rio Grande do Norte","-"]
["2018-06-01","ASFALTOS DILUÍDOS CM-30","Rio Grande do Sul",2.8766923463356977]
["2018-06-01","ASFALTOS DILUÍDOS CM-30","Rondônia","-"]
["2018-06-01","ASFALTOS DILUÍDOS CM-30","Roraima","-"]
["2018-06-01","ASFALTOS DILUÍDOS CM-30","Santa Catarina","-"]
["2018-06-01","ASFALTOS DILUÍDOS CM-30","São Paulo",2.8970185401166977]
["2018-06-01","ASFALTOS DILUÍDOS CM-30","Sergipe","-"]
["2018-06-01","ASFALTOS DILUÍDOS CM-30","Tocantins","-"]
["2018-07-01","ASFALTOS DILUÍDOS CM-30","Acre","-"]
["2018-07-01","ASFALTOS DILUÍDOS CM-30","Alagoas","-"]
["2018-07-01","ASFALTOS DILUÍDOS CM-30","Amapá","-"]
["2018-07-01","ASFALTOS DILUÍDOS CM-30","Amazonas",3.2498407212934874]
["2018-07-01","ASFALTOS DILUÍDOS CM-30","Bahia","-"]
["2018-07-01","ASFALTOS DILUÍDOS CM-30","Ceará",3.0054814489721133]
["2018-07-01","ASFALTOS DILUÍDOS CM-30","Distrito Federal","-"]
["2018-07-01","ASFALTOS DILUÍDOS CM-30","Espírito Santo","-"]
["2018-07-01","ASFALTOS DILUÍDOS CM-30","Goiás",3.115987180273057]
["2018-07-01","ASFALTOS DILUÍDOS CM-30","Maranhão","-"]
["2018-07-01","ASFALTOS DILUÍDOS CM-30","Mato Grosso",3.7325159531332806]
["2018-07-01","ASFALTOS DILUÍDOS CM-30","Mato Grosso do Sul","-"]
["2018-07-01","ASFALTOS DILUÍDOS CM-30","Minas Gerais",3.012014723009933]
["2018-07-01","ASFALTOS DILUÍDOS CM-30","Pará","-"]
["2018-07-01","ASFALTOS DILUÍDOS CM-30","Paraíba","-"]
["2018-07-01","ASFALTOS DILUÍDOS CM-30","Paraná",3.2795499850299406]
["2018-07-01","ASFALTOS DILUÍDOS CM-30","Pernambuco","-"]
["2018-07-01","ASFALTOS DILUÍDOS CM-30","Piauí","-"]
["2018-07-01","ASFALTOS DILUÍDOS CM-30","Rio de Janeiro","-"]
["2018-07-01","ASFALTOS DILUÍDOS CM-30","Rio Grande do Norte","-"]
["2018-07-01","ASFALTOS DILUÍDOS CM-30","Rio Grande do Sul",2.9644315188544867]
["2018-07-01","ASFALTOS DILUÍDOS CM-30","Rondônia","-"]
["2018-07-01","ASFALTOS DILUÍDOS CM-30","Roraima","-"]
["2018-07-01","ASFALTOS DILUÍDOS CM-30","Santa Catarina","-"]
["2018-07-01","ASFALTOS DILUÍDOS CM-30","São Paulo",3.112294930119142]
["2018-07-01","ASFALTOS DILUÍDOS CM-30","Sergipe","-"]
["2018-07-01","ASFALTOS DILUÍDOS CM-30","Tocantins","-"]
["2018-08-01","ASFALTOS DILUÍDOS CM-30","Acre","-"]
["2018-08-01","ASFALTOS DILUÍDOS CM-30","Alagoas","-"]
["2018-08-01","ASFALTOS DILUÍDOS CM-30","Amapá","-"]
["2018-08-01","ASFALTOS DILUÍDOS CM-30","Amazonas",3.4297362657296939]
["2018-08-01","ASFALTOS DILUÍDOS CM-30","Bahia",5.2119298517501713]
["2018-08-01","ASFALTOS DILUÍDOS CM-30","Ceará",3.3082803267785774]
["2018-08-01","ASFALTOS DILUÍDOS CM-30","Distrito Federal","-"]
["2018-08-01","ASFALTOS DILUÍDOS CM-30","Espírito Santo","-"]
["2018-08-01","ASFALTOS DILUÍDOS CM-30","Goiás",3.5604512797943237]
["2018-08-01","ASFALTOS DILUÍDOS CM-30","Maranhão","-"]
["2018-08-01","ASFALTOS DILUÍDOS CM-30","Mato Grosso",3.8920958187750792]
["2018-08-01","ASFALTOS DILUÍDOS CM-30","Mato Grosso do Sul","-"]
["2018-08-01","ASFALTOS DILUÍDOS CM-30","Minas Gerais",3.4957452123385426]
["2018-08-01","ASFALTOS DILUÍDOS CM-30","Pará","-"]
["2018-08-01","ASFALTOS DILUÍDOS CM-30","Paraíba","-"]
["2018-08-01","ASFALTOS DILUÍDOS CM-30","Paraná",3.3526853406497201]
["2018-08-01","ASFALTOS DILUÍDOS CM-30","Pernambuco","-"]
["2018-08-01","ASFALTOS DILUÍDOS CM-30","Piauí","-"]
["2018-08-01","ASFALTOS DILUÍDOS CM-30","Rio de Janeiro","-"]
["2018-08-01","ASFALTOS DILUÍDOS CM-30","Rio Grande do Norte","-"]
["2018-08-01","ASFALTOS DILUÍDOS CM-30","Rio Grande do Sul",3.3613976442899554]
["2018-08-01","ASFALTOS DILUÍDOS CM-30","Rondônia","-"]
["2018-08-01","ASFALTOS DILUÍDOS CM-30","Roraima","-"]
["2018-08-01","ASFALTOS DILUÍDOS CM-30","Santa Catarina","-"]
["2018-08-01","ASFALTOS DILUÍDOS CM-30","São Paulo",3.3334899424424513]
["2018-08-01","ASFALTOS DILUÍDOS CM-30","Sergipe","-"]
["2018-08-01","ASFALTOS DILUÍDOS CM-30","Tocantins","-"]
["2018-09-01","ASFALTOS DILUÍDOS CM-30","Acre","-"]
["2018-09-01","ASFALTOS DILUÍDOS CM-30","Alagoas","-"]
["2018-09-01","ASFALTOS DILUÍDOS CM-30","Amapá","-"]
["2018-09-01","ASFALTOS DILUÍDOS CM-30","Amazonas","-"]
["2018-09-01","ASFALTOS DILUÍDOS CM-30","Bahia",4.7018911439574138]
["2018-09-01","ASFALTOS DILUÍDOS CM-30","Ceará",3.3527405183330341]
["2018-09-01","ASFALTOS DILUÍDOS CM-30","Distrito Federal","-"]
["2018-09-01","ASFALTOS DILUÍDOS CM-30","Espírito Santo","-"]
["2018-09-01","ASFALTOS DILUÍDOS CM-30","Goiás","-"]
["2018-09-01","ASFALTOS DILUÍDOS CM-30","Maranhão","-"]
["2018-09-01","ASFALTOS DILUÍDOS CM-30","Mato Grosso",3.958684192041694]
["2018-09-01","ASFALTOS DILUÍDOS CM-30","Mato Grosso do Sul","-"]
["2018-09-01","ASFALTOS DILUÍDOS CM-30","Minas Gerais",3.3366588100114543]
["2018-09-01","ASFALTOS DILUÍDOS CM-30","Pará",2.9665387918733632]
["2018-09-01","ASFALTOS DILUÍDOS CM-30","Paraíba","-"]
["2018-09-01","ASFALTOS DILUÍDOS CM-30","Paraná",3.701188612682242]
["2018-09-01","ASFALTOS DILUÍDOS CM-30","Pernambuco","-"]
["2018-09-01","ASFALTOS DILUÍDOS CM-30","Piauí","-"]
["2018-09-01","ASFALTOS DILUÍDOS CM-30","Rio de Janeiro","-"]
["2018-09-01","ASFALTOS DILUÍDOS CM-30","Rio Grande do Norte","-"]
["2018-09-01","ASFALTOS DILUÍDOS CM-30","Rio Grande do Sul",3.4224156424271772]
["2018-09-01","ASFALTOS DILUÍDOS CM-30","Rondônia","-"]
["2018-09-01","ASFALTOS DILUÍDOS CM-30","Roraima","-"]
["2018-09-01","ASFALTOS DILUÍDOS CM-30","Santa Catarina","-"]
["2018-09-01","ASFALTOS DILUÍDOS CM-30","São Paulo",3.4525863891043875]
["2018-09-01","ASFALTOS DILUÍDOS CM-30","Sergipe","-"]
["2018-09-01","ASFALTOS DILUÍDOS CM-30","Tocantins","-"]
["2018-10-01","ASFALTOS DILUÍDOS CM-30","Acre","-"]
["2018-10-01","ASFALTOS DILUÍDOS CM-30","Alagoas","-"]
["2018-10-01","ASFALTOS DILUÍDOS CM-30","Amapá","-"]
["2018-10-01","ASFALTOS DILUÍDOS CM-30","Amazonas","-"]
["2018-10-01","ASFALTOS DILUÍDOS CM-30","Bahia",3.6442821123509042]
["2018-10-01","ASFALTOS DILUÍDOS CM-30","Ceará",3.4328021437376575]
["2018-10-01","ASFALTOS DILUÍDOS CM-30","Distrito Federal","-"]
["2018-10-01","ASFALTOS DILUÍDOS CM-30","Espírito Santo","-"]
["2018-10-01","ASFALTOS DILUÍDOS CM-30","Goiás","-"]
["2018-10-01","ASFALTOS DILUÍDOS CM-30","Maranhão","-"]
["2018-10-01","ASFALTOS DILUÍDOS CM-30","Mato Grosso",3.9925874569193076]
["2018-10-01","ASFALTOS DILUÍDOS CM-30","Mato Grosso do Sul","-"]
["2018-10-01","ASFALTOS DILUÍDOS CM-30","Minas Gerais",3.500456168648173]
["2018-10-01","ASFALTOS DILUÍDOS CM-30","Pará","-"]
["2018-10-01","ASFALTOS DILUÍDOS CM-30","Paraíba","-"]
["2018-10-01","ASFALTOS DILUÍDOS CM-30","Paraná",3.7650016169150518]
["2018-10-01","ASFALTOS DILUÍDOS CM-30","Pernambuco","-"]
["2018-10-01","ASFALTOS DILUÍDOS CM-30","Piauí","-"]
["2018-10-01","ASFALTOS DILUÍDOS CM-30","Rio de Janeiro","-"]
["2018-10-01","ASFALTOS DILUÍDOS CM-30","Rio Grande do Norte","-"]
["2018-10-01","ASFALTOS DILUÍDOS CM-30","Rio Grande do Sul",3.3743601784009032]
["2018-10-01","ASFALTOS DILUÍDOS CM-30","Rondônia","-"]
["2018-10-01","ASFALTOS DILUÍDOS CM-30","Roraima","-"]
["2018-10-01","ASFALTOS DILUÍDOS CM-30","Santa Catarina","-"]
["2018-10-01","ASFALTOS DILUÍDOS CM-30","São Paulo",3.3592440562824275]
["2018-10-01","ASFALTOS DILUÍDOS CM-30","Sergipe","-"]
["2018-10-01","ASFALTOS DILUÍDOS CM-30","Tocantins","-"]
["2018-11-01","ASFALTOS DILUÍDOS CM-30","Acre","-"]
["2018-11-01","ASFALTOS DILUÍDOS CM-30","Alagoas","-"]
["2018-11-01","ASFALTOS DILUÍDOS CM-30","Amapá","-"]
["2018-11-01","ASFALTOS DILUÍDOS CM-30","Amazonas","-"]
["2018-11-01","ASFALTOS DILUÍDOS CM-30","Bahia","-"]
["2018-11-01","ASFALTOS DILUÍDOS CM-30","Ceará",3.785586218989748]
["2018-11-01","ASFALTOS DILUÍDOS CM-30","Distrito Federal","-"]
["2018-11-01","ASFALTOS DILUÍDOS CM-30","Espírito Santo","-"]
["2018-11-01","ASFALTOS DILUÍDOS CM-30","Goiás","-"]
["2018-11-01","ASFALTOS DILUÍDOS CM-30","Maranhão","-"]
["2018-11-01","ASFALTOS DILUÍDOS CM-30","Mato Grosso",4.4419016627822279]
["2018-11-01","ASFALTOS DILUÍDOS CM-30","Mato Grosso do Sul","-"]
["2018-11-01","ASFALTOS DILUÍDOS CM-30","Minas Gerais",4.4644363107069855]
["2018-11-01","ASFALTOS DILUÍDOS CM-30","Pará","-"]
["2018-11-01","ASFALTOS DILUÍDOS CM-30","Paraíba","-"]
["2018-11-01","ASFALTOS DILUÍDOS CM-30","Paraná",4.1721586269154907]
["2018-11-01","ASFALTOS DILUÍDOS CM-30","Pernambuco","-"]
["2018-11-01","ASFALTOS DILUÍDOS CM-30","Piauí","-"]
["2018-11-01","ASFALTOS DILUÍDOS CM-30","Rio de Janeiro","-"]
["2018-11-01","ASFALTOS DILUÍDOS CM-30","Rio Grande do Norte","-"]
["2018-11-01","ASFALTOS DILUÍDOS CM-30","Rio Grande do Sul",3.680466132698728]
["2018-11-01","ASFALTOS DILUÍDOS CM-30","Rondônia","-"]
["2018-11-01","ASFALTOS DILUÍDOS CM-30","Roraima","-"]
["2018-11-01","ASFALTOS DILUÍDOS CM-30","Santa Catarina","-"]
["2018-11-01","ASFALTOS DILUÍDOS CM-30","São Paulo",3.9215744747245598]
["2018-11-01","ASFALTOS DILUÍDOS CM-30","Sergipe","-"]
["2018-11-01","ASFALTOS DILUÍDOS CM-30","Tocantins","-"]
["2018-12-01","ASFALTOS DILUÍDOS CM-30","Acre","-"]
["2018-12-01","ASFALTOS DILUÍDOS CM-30","Alagoas","-"]
["2018-12-01","ASFALTOS DILUÍDOS CM-30","Amapá","-"]
["2018-12-01","ASFALTOS DILUÍDOS CM-30","Amazonas","-"]
["2018-12-01","ASFALTOS DILUÍDOS CM-30","Bahia","-"]
["2018-12-01","ASFALTOS DILUÍDOS CM-30","Ceará",3.8755857630086408]
["2018-12-01","ASFALTOS DILUÍDOS CM-30","Distrito Federal","-"]
["2018-12-01","ASFALTOS DILUÍDOS CM-30","Espírito Santo","-"]
["2018-12-01","ASFALTOS DILUÍDOS CM-30","Goiás","-"]
["2018-12-01","ASFALTOS DILUÍDOS CM-30","Maranhão","-"]
["2018-12-01","ASFALTOS DILUÍDOS CM-30","Mato Grosso",4.6329895471646472]
["2018-12-01","ASFALTOS DILUÍDOS CM-30","Mato Grosso do Sul","-"]
["2018-12-01","ASFALTOS DILUÍDOS CM-30","Minas Gerais",3.8118114359421065]
["2018-12-01","ASFALTOS DILUÍDOS CM-30","Pará","-"]
["2018-12-01","ASFALTOS DILUÍDOS CM-30","Paraíba","-"]
["2018-12-01","ASFALTOS DILUÍDOS CM-30","Paraná",4.016919099795988]
["2018-12-01","ASFALTOS DILUÍDOS CM-30","Pernambuco","-"]
["2018-12-01","ASFALTOS DILUÍDOS CM-30","Piauí","-"]
["2018-12-01","ASFALTOS DILUÍDOS CM-30","Rio de Janeiro","-"]
["2018-12-01","ASFALTOS DILUÍDOS CM-30","Rio Grande do Norte","-"]
["2018-12-01","ASFALTOS DILUÍDOS CM-30","Rio Grande do Sul",3.8229929656067489]
["2018-12-01","ASFALTOS DILUÍDOS CM-30","Rondônia","-"]
["2018-12-01","ASFALTOS DILUÍDOS CM-30","Roraima","-"]
["2018-12-01","ASFALTOS DILUÍDOS CM-30","Santa Catarina","-"]
["2018-12-01","ASFALTOS DILUÍDOS CM-30","São Paulo",4.0561653274987419]
["2018-12-01","ASFALTOS DILUÍDOS CM-30","Sergipe","-"]
["2018-12-01","ASFALTOS DILUÍDOS CM-30","Tocantins","-"]
["2019-01-01","ASFALTOS DILUÍDOS CM-30","Acre","-"]
["2019-01-01","ASFALTOS DILUÍDOS CM-30","Alagoas","-"]
["2019-01-01","ASFALTOS DILUÍDOS CM-30","Amapá","-"]
["2019-01-01","ASFALTOS DILUÍDOS CM-30","Amazonas","-"]
["2019-01-01","ASFALTOS DILUÍDOS CM-30","Bahia","-"]
["2019-01-01","ASFALTOS DILUÍDOS CM-30","Ceará",3.8049328982055437]
["2019-01-01","ASFALTOS DILUÍDOS CM-30","Distrito Federal","-"]
["2019-01-01","ASFALTOS DILUÍDOS CM-30","Espírito Santo","-"]
["2019-01-01","ASFALTOS DILUÍDOS CM-30","Goiás","-"]
["2019-01-01","ASFALTOS DILUÍDOS CM-30","Maranhão","-"]
["2019-01-01","ASFALTOS DILUÍDOS CM-30","Mato Grosso","-"]
["2019-01-01","ASFALTOS DILUÍDOS CM-30","Mato Grosso do Sul","-"]
["2019-01-01","ASFALTOS DILUÍDOS CM-30","Minas Gerais",3.9111667577286124]
["2019-01-01","ASFALTOS DILUÍDOS CM-30","Pará","-"]
["2019-01-01","ASFALTOS DILUÍDOS CM-30","Paraíba","-"]
["2019-01-01","ASFALTOS DILUÍDOS CM-30","Paraná",4.3746054506287839]
["2019-01-01","ASFALTOS DILUÍDOS CM-30","Pernambuco","-"]
["2019-01-01","ASFALTOS DILUÍDOS CM-30","Piauí","-"]
["2019-01-01","ASFALTOS DILUÍDOS CM-30","Rio de Janeiro","-"]
["2019-01-01","ASFALTOS DILUÍDOS CM-30","Rio Grande do Norte","-"]
["2019-01-01","ASFALTOS DILUÍDOS CM-30","Rio Grande do Sul",3.8213292687809988]
["2019-01-01","ASFALTOS DILUÍDOS CM-30","Rondônia","-"]
["2019-01-01","ASFALTOS DILUÍDOS CM-30","Roraima","-"]
["2019-01-01","ASFALTOS DILUÍDOS CM-30","Santa Catarina","-"]
["2019-01-01","ASFALTOS DILUÍDOS CM-30","São Paulo",4.0145503757959125]
["2019-01-01","ASFALTOS DILUÍDOS CM-30","Sergipe","-"]
["2019-01-01","ASFALTOS DILUÍDOS CM-30","Tocantins","-"]
["2019-02-01","ASFALTOS DILUÍDOS CM-30","Acre","-"]
["2019-02-01","ASFALTOS DILUÍDOS CM-30","Alagoas","-"]
["2019-02-01","ASFALTOS DILUÍDOS CM-30","Amapá","-"]
["2019-02-01","ASFALTOS DILUÍDOS CM-30","Amazonas","-"]
["2019-02-01","ASFALTOS DILUÍDOS CM-30","Bahia","-"]
["2019-02-01","ASFALTOS DILUÍDOS CM-30","Ceará",4.0057287469787459]
["2019-02-01","ASFALTOS DILUÍDOS CM-30","Distrito Federal","-"]
["2019-02-01","ASFALTOS DILUÍDOS CM-30","Espírito Santo","-"]
["2019-02-01","ASFALTOS DILUÍDOS CM-30","Goiás","-"]
["2019-02-01","ASFALTOS DILUÍDOS CM-30","Maranhão","-"]
["2019-02-01","ASFALTOS DILUÍDOS CM-30","Mato Grosso","-"]
["2019-02-01","ASFALTOS DILUÍDOS CM-30","Mato Grosso do Sul","-"]
["2019-02-01","ASFALTOS DILUÍDOS CM-30","Minas Gerais",4.61189041500994]
["2019-02-01","ASFALTOS DILUÍDOS CM-30","Pará","-"]
["2019-02-01","ASFALTOS DILUÍDOS CM-30","Paraíba","-"]
["2019-02-01","ASFALTOS DILUÍDOS CM-30","Paraná",4.4203608777625165]
["2019-02-01","ASFALTOS DILUÍDOS CM-30","Pernambuco","-"]
["2019-02-01","ASFALTOS DILUÍDOS CM-30","Piauí","-"]
["2019-02-01","ASFALTOS DILUÍDOS CM-30","Rio de Janeiro","-"]
["2019-02-01","ASFALTOS DILUÍDOS CM-30","Rio Grande do Norte","-"]
["2019-02-01","ASFALTOS DILUÍDOS CM-30","Rio Grande do Sul",4.1843438560846566]
["2019-03-01","ASFALTOS DILUÍDOS CM-30","Paraná",4.4712371598639455]
["2019-05-01","ASFALTOS DILUÍDOS CM-30","Rio Grande do Sul",4.2030765297230008]
["2019-07-01","ASFALTOS DILUÍDOS CM-30","Maranhão","-"]
["2019-10-01","ASFALTOS DILUÍDOS CM-30","Pará","-"]
["2019-12-01","ASFALTOS DILUÍDOS CM-30","Amapá","-"]
["2020-01-01","ASFALTOS DILUÍDOS CM-30","Rio de Janeiro","-"]
["2020-02-01","ASFALTOS DILUÍDOS CM-30","Santa Catarina","-"]
["2020-06-01","ASFALTOS DILUÍDOS CM-30","Mato Grosso do Sul","-"]
["2020-07-01","ASFALTOS DILUÍDOS CM-30","Pernambuco","-"]
["2020-09-01","ASFALTOS DILUÍDOS CM-30","Ceará",3.692563158288364]
["2020-10-01","ASFALTOS DILUÍDOS CM-30","Rondônia","-"]
["2021-01-01","ASFALTOS DILUÍDOS CM-30","Sergipe","-"]
["2021-03-01","ASFALTOS DILUÍDOS CM-30","Paraíba","-"]
["2021-05-01","ASFALTOS DILUÍDOS CM-30","Amazonas","-"]
["2021-07-01","ASFALTOS DILUÍDOS CM-30","Roraima","-"]
["2021-09-01","ASFALTOS DILUÍDOS CM-30","Roraima","-"]
["2021-11-01","ASFALTOS DILUÍDOS CM-30","Acre","-"]
["2021-12-01","ASFALTOS DILUÍDOS CM-30","Pernambuco","-"]
["2022-02-01","ASFALTOS DILUÍDOS CM-30","Ceará",5.7026119862585887]
["2022-05-01","ASFALTOS DILUÍDOS CM-30","Maranhão","-"]
["2022-06-01","ASFALTOS DILUÍDOS CM-30","Sergipe","-"]
["2022-08-01","ASFALTOS DILUÍDOS CM-30","Amazonas",6.8538683058470777]
["2022-11-01","ASFALTOS DILUÍDOS CM-30","Rio de Janeiro","-"]
["2023-01-01","ASFALTOS DILUÍDOS CM-30","Espírito Santo","-"]
["2023-02-01","ASFALTOS DILUÍDOS CM-30","Minas Gerais","-"]
["2023-04-01","ASFALTOS DILUÍDOS CM-30","Alagoas","-"]
["2023-07-01","ASFALTOS DILUÍDOS CM-30","Pernambuco","-"]
["2023-08-01","ASFALTOS DILUÍDOS CM-30","Rondônia","-"]
["2023-10-01","ASFALTOS DILUÍDOS CM-30","Goiás",4.9297901684161056]
["2024-01-01","ASFALTOS DILUÍDOS CM-30","Pará","-"]
["2024-03-01","ASFALTOS DILUÍDOS CM-30","Amapá","-"]
["2024-04-01","ASFALTOS DILUÍDOS CM-30","Rio de Janeiro","-"]
["2024-05-01","ASFALTOS DILUÍDOS CM-30","Santa Catarina","-"]
["2024-07-01","ASFALTOS DILUÍDOS CM-30","Minas Gerais",4.7161984803105943]
["2024-11-01","ASFALTOS DILUÍDOS CM-30","Acre","-"]
["2024-12-01","ASFALTOS DILUÍDOS CM-30","Ceará",4.6214746511627913]
["2025-01-01","ASFALTOS DILUÍDOS CM-30","Rondônia","-"]
["2025-04-01","ASFALTOS DILUÍDOS CM-30","Sergipe","-"]
["2025-06-01","ASFALTOS DILUÍDOS CM-30","Paraíba","-"]
["2013-01-01","ASFALTOS DILUÍDOS CM-70","Amazonas","-"]
["2013-02-01","ASFALTOS DILUÍDOS CM-70","Goiás","-"]
["2013-05-01","ASFALTOS DILUÍDOS CM-70","Santa Catarina","-"]
["2013-07-01","ASFALTOS DILUÍDOS CM-70","Alagoas","-"]
["2013-08-01","ASFALTOS DILUÍDOS CM-70","Roraima","-"]
["2013-10-01","ASFALTOS DILUÍDOS CM-70","Ceará","-"]
["2014-01-01","ASFALTOS DILUÍDOS CM-70","Maranhão","-"]
["2014-02-01","ASFALTOS DILUÍDOS CM-70","Sergipe","-"]
["2014-04-01","ASFALTOS DILUÍDOS CM-70","Paraíba","-"]
["2014-07-01","ASFALTOS DILUÍDOS CM-70","Rio de Janeiro","-"]
["2014-09-01","ASFALTOS DILUÍDOS CM-70","Espírito Santo","-"]
["2014-10-01","ASFALTOS DILUÍDOS CM-70","Minas Gerais","-"]
["2014-12-01","ASFALTOS DILUÍDOS CM-70","Alagoas","-"]
["2015-03-01","ASFALTOS DILUÍDOS CM-70","Pernambuco","-"]
["2015-04-01","ASFALTOS DILUÍDOS CM-70","Rondônia","-"]
["2015-06-01","ASFALTOS DILUÍDOS CM-70","Mato Grosso","-"]
["2015-09-01","ASFALTOS DILUÍDOS CM-70","Paraíba","-"]
["2015-11-01","ASFALTOS DILUÍDOS CM-70","Amazonas","-"]
["2016-01-01","ASFALTOS DILUÍDOS CM-70","Distrito Federal","-"]
["2016-01-01","ASFALTOS DILUÍDOS CM-70","Santa Catarina","-"]
["2016-03-01","ASFALTOS DILUÍDOS CM-70","Minas Gerais","-"]
["2016-07-01","ASFALTOS DILUÍDOS CM-70","Acre","-"]
["2016-08-01","ASFALTOS DILUÍDOS CM-70","Ceará","-"]
["2016-09-01","ASFALTOS DILUÍDOS CM-70","Rondônia","-"]
["2016-12-01","ASFALTOS DILUÍDOS CM-70","Sergipe","-"]
["2017-02-01","ASFALTOS DILUÍDOS CM-70","Paraíba","-"]
["2017-04-01","ASFALTOS DILUÍDOS CM-70","Amazonas","-"]
["2017-05-01","ASFALTOS DILUÍDOS CM-70","Goiás","-"]
["2017-08-01","ASFALTOS DILUÍDOS CM-70","Santa Catarina","-"]
["2017-10-01","ASFALTOS DILUÍDOS CM-70","Minas Gerais","-"]
["2017-11-01","ASFALTOS DILUÍDOS CM-70","Piauí","-"]
["2018-01-01","ASFALTOS DILUÍDOS CM-70","Distrito Federal","-"]
["2018-04-01","ASFALTOS DILUÍDOS CM-70","Mato Grosso","-"]
["2018-06-01","ASFALTOS DILUÍDOS CM-70","Rio Grande do Sul","-"]
["2018-07-01","ASFALTOS DILUÍDOS CM-70","Paraíba","-"]
["2018-10-01","ASFALTOS DILUÍDOS CM-70","Rio de Janeiro","-"]
["2018-12-01","ASFALTOS DILUÍDOS CM-70","Espírito Santo","-"]
["2019-01-01","ASFALTOS DILUÍDOS CM-70","Minas Gerais","-"]
["2019-03-01","ASFALTOS DILUÍDOS CM-70","Alagoas","-"]
["2019-06-01","ASFALTOS DILUÍDOS CM-70","Pernambuco","-"]
["2019-07-01","ASFALTOS DILUÍDOS CM-70","Rondônia","-"]
["2019-09-01","ASFALTOS DILUÍDOS CM-70","Mato Grosso","-"]
["2019-10-01","ASFALTOS DILUÍDOS CM-70","Tocantins","-"]
["2020-02-01","ASFALTOS DILUÍDOS CM-70","Amazonas","-"]
["2020-03-01","ASFALTOS DILUÍDOS CM-70","Rio Grande do Norte","-"]
["2020-04-01","ASFALTOS DILUÍDOS CM-70","São Paulo","-"]
["2020-06-01","ASFALTOS DILUÍDOS CM-70","Pará","-"]
["2020-09-01","ASFALTOS DILUÍDOS CM-70","Distrito Federal","-"]
["2020-11-01","ASFALTOS DILUÍDOS CM-70","Ceará","-"]
["2020-12-01","ASFALTOS DILUÍDOS CM-70","Rondônia","-"]
["2021-02-01","ASFALTOS DILUÍDOS CM-70","Mato Grosso","-"]
["2021-05-01","ASFALTOS DILUÍDOS CM-70","Paraíba","-"]
["2021-07-01","ASFALTOS DILUÍDOS CM-70","Amazonas","-"]
["2021-08-01","ASFALTOS DILUÍDOS CM-70","Goiás","-"]
["2021-11-01","ASFALTOS DILUÍDOS CM-70","Santa Catarina","-"]
["2022-01-01","ASFALTOS DILUÍDOS CM-70","Minas Gerais","-"]
["2022-02-01","ASFALTOS DILUÍDOS CM-70","Piauí","-"]
["2022-04-01","ASFALTOS DILUÍDOS CM-70","Distrito Federal","-"]
["2022-07-01","ASFALTOS DILUÍDOS CM-70","Mato Grosso","-"]
["2022-08-01","ASFALTOS DILUÍDOS CM-70","Tocantins","-"]
["2022-10-01","ASFALTOS DILUÍDOS CM-70","Paraná","-"]
["2023-01-01","ASFALTOS DILUÍDOS CM-70","Rio Grande do Norte","-"]
["2023-02-01","ASFALTOS DILUÍDOS CM-70","Rio Grande do Sul","-"]
["2023-04-01","ASFALTOS DILUÍDOS CM-70","Santa Catarina","-"]
["2023-06-01","ASFALTOS DILUÍDOS CM-70","Alagoas","-"]
["2023-07-01","ASFALTOS DILUÍDOS CM-70","Piauí","-"]
["2023-10-01","ASFALTOS DILUÍDOS CM-70","Rondônia","-"]
["2023-12-01","ASFALTOS DILUÍDOS CM-70","Mato Grosso","-"]
["2024-01-01","ASFALTOS DILUÍDOS CM-70","Tocantins","-"]
["2024-05-01","ASFALTOS DILUÍDOS CM-70","Amazonas","-"]
["2024-06-01","ASFALTOS DILUÍDOS CM-70","Rio Grande do Norte","-"]
["2024-07-01","ASFALTOS DILUÍDOS CM-70","São Paulo","-"]
["2024-09-01","ASFALTOS DILUÍDOS CM-70","Pará","-"]
["2025-01-01","ASFALTOS DILUÍDOS CM-70","Alagoas","-"]
["2025-02-01","ASFALTOS DILUÍDOS CM-70","Distrito Federal","-"]
["2025-03-01","ASFALTOS DILUÍDOS CM-70","Roraima","-"]
["2025-05-01","ASFALTOS DILUÍDOS CM-70","Distrito Federal","-"]
["2013-01-01","ASFALTOS DILUÍDOS CR-250","Paraíba","-"]
["2013-03-01","ASFALTOS DILUÍDOS CR-250","Amazonas","-"]
["2013-04-01","ASFALTOS DILUÍDOS CR-250","Goiás","-"]
["2013-07-01","ASFALTOS DILUÍDOS CR-250","Santa Catarina","-"]
["2013-09-01","ASFALTOS DILUÍDOS CR-250","Minas Gerais","-"]
["2013-10-01","ASFALTOS DILUÍDOS CR-250","Piauí","-"]
["2013-12-01","ASFALTOS DILUÍDOS CR-250","Distrito Federal","-"]
["2014-03-01","ASFALTOS DILUÍDOS CR-250","Rondônia","-"]
["2014-04-01","ASFALTOS DILUÍDOS CR-250","Tocantins","-"]
["2014-06-01","ASFALTOS DILUÍDOS CR-250","Paraná","-"]
["2014-09-01","ASFALTOS DILUÍDOS CR-250","Rio Grande do Norte","-"]
["2014-11-01","ASFALTOS DILUÍDOS CR-250","Goiás","-"]
["2014-12-01","ASFALTOS DILUÍDOS CR-250","São Paulo","-"]
["2015-02-01","ASFALTOS DILUÍDOS CR-250","Amapá","-"]
["2015-03-01","ASFALTOS DILUÍDOS CR-250","Rio Grande do Sul","-"]
["2015-06-01","ASFALTOS DILUÍDOS CR-250","Rondônia","-"]
["2015-08-01","ASFALTOS DILUÍDOS CR-250","Mato Grosso","-"]
["2015-09-01","ASFALTOS DILUÍDOS CR-250","Tocantins","-"]
["2016-01-01","ASFALTOS DILUÍDOS CR-250","Amazonas","-"]
["2016-02-01","ASFALTOS DILUÍDOS CR-250","Rio Grande do Norte","-"]
["2016-04-01","ASFALTOS DILUÍDOS CR-250","Goiás","-"]
["2016-05-01","ASFALTOS DILUÍDOS CR-250","Pará","-"]
["2016-09-01","ASFALTOS DILUÍDOS CR-250","Alagoas","-"]
["2016-10-01","ASFALTOS DILUÍDOS CR-250","Distrito Federal","-"]
["2016-11-01","ASFALTOS DILUÍDOS CR-250","Roraima","-"]
["2017-01-01","ASFALTOS DILUÍDOS CR-250","Mato Grosso do Sul","-"]
["2017-04-01","ASFALTOS DILUÍDOS CR-250","Paraná","-"]
["2017-06-01","ASFALTOS DILUÍDOS CR-250","Bahia","-"]
["2017-08-01","ASFALTOS DILUÍDOS CR-250","Acre","-"]
["2017-10-01","ASFALTOS DILUÍDOS CR-250","Santa Catarina","-"]
["2017-12-01","ASFALTOS DILUÍDOS CR-250","Minas Gerais","-"]
["2018-01-01","ASFALTOS DILUÍDOS CR-250","Piauí","-"]
["2018-03-01","ASFALTOS DILUÍDOS CR-250","Distrito Federal","-"]
["2018-06-01","ASFALTOS DILUÍDOS CR-250","Rondônia","-"]
["2018-07-01","ASFALTOS DILUÍDOS CR-250","Tocantins","-"]
["2018-09-01","ASFALTOS DILUÍDOS CR-250","Paraná","-"]
["2018-10-01","ASFALTOS DILUÍDOS CR-250","Rio Grande do Sul","-"]
["2019-02-01","ASFALTOS DILUÍDOS CR-250","Goiás","-"]
["2019-03-01","ASFALTOS DILUÍDOS CR-250","São Paulo","-"]
["2019-05-01","ASFALTOS DILUÍDOS CR-250","Amapá","-"]
["2019-06-01","ASFALTOS DILUÍDOS CR-250","Rio de Janeiro","-"]
["2019-10-01","ASFALTOS DILUÍDOS CR-250","Distrito Federal","-"]
["2019-11-01","ASFALTOS DILUÍDOS CR-250","Mato Grosso do Sul","-"]
["2020-01-01","ASFALTOS DILUÍDOS CR-250","Rio de Janeiro","-"]
["2020-04-01","ASFALTOS DILUÍDOS CR-250","Amazonas","-"]
["2020-05-01","ASFALTOS DILUÍDOS CR-250","Rio Grande do Norte","-"]
["2020-07-01","ASFALTOS DILUÍDOS CR-250","Goiás","-"]
["2020-08-01","ASFALTOS DILUÍDOS CR-250","Pará","-"]
["2020-12-01","ASFALTOS DILUÍDOS CR-250","Alagoas","-"]
["2021-01-01","ASFALTOS DILUÍDOS CR-250","Distrito Federal","-"]
["2021-02-01","ASFALTOS DILUÍDOS CR-250","Roraima","-"]
["2021-04-01","ASFALTOS DILUÍDOS CR-250","Mato Grosso do Sul","-"]
["2021-07-01","ASFALTOS DILUÍDOS CR-250","Paraná","-"]
["2021-09-01","ASFALTOS DILUÍDOS CR-250","Bahia","-"]
["2021-10-01","ASFALTOS DILUÍDOS CR-250","Rio Grande do Sul","-"]
["2022-01-01","ASFALTOS DILUÍDOS CR-250","São Paulo","-"]
["2022-03-01","ASFALTOS DILUÍDOS CR-250","Pará","-"]
["2022-04-01","ASFALTOS DILUÍDOS CR-250","Acre","-"]
["2022-06-01","ASFALTOS DILUÍDOS CR-250","Distrito Federal","-"]
["2022-07-01","ASFALTOS DILUÍDOS CR-250","Roraima","-"]
["2022-10-01","ASFALTOS DILUÍDOS CR-250","Tocantins","-"]
["2022-12-01","ASFALTOS DILUÍDOS CR-250","Paraná","-"]
["2023-02-01","ASFALTOS DILUÍDOS CR-250","Bahia","-"]
["2023-05-01","ASFALTOS DILUÍDOS CR-250","Goiás","-"]
["2023-06-01","ASFALTOS DILUÍDOS CR-250","São Paulo","-"]
["2023-08-01","ASFALTOS DILUÍDOS CR-250","Amapá","-"]
["2023-09-01","ASFALTOS DILUÍDOS CR-250","Rio de Janeiro","-"]
["2024-01-01","ASFALTOS DILUÍDOS CR-250","Distrito Federal","-"]
["2024-02-01","ASFALTOS DILUÍDOS CR-250","Mato Grosso do Sul","-"]
["2024-04-01","ASFALTOS DILUÍDOS CR-250","Acre","-"]
["2024-07-01","ASFALTOS DILUÍDOS CR-250","Bahia","-"]
["2024-08-01","ASFALTOS DILUÍDOS CR-250","Rio Grande do Sul","-"]
["2024-09-01","ASFALTOS DILUÍDOS CR-250","Rio de Janeiro","-"]
["2024-11-01","ASFALTOS DILUÍDOS CR-250","Pará","-"]
["2025-03-01","ASFALTOS DILUÍDOS CR-250","Alagoas","-"]
["2025-04-01","ASFALTOS DILUÍDOS CR-250","Piauí","-"]
["2025-05-01","ASFALTOS DILUÍDOS CR-250","Roraima","-"]
["2025-07-01","ASFALTOS DILUÍDOS CR-250","Mato Grosso do Sul","-"]
["2013-03-01","ASFALTOS DILUÍDOS CR-70","Paraná","-"]
["2013-05-01","ASFALTOS DILUÍDOS CR-70","Bahia","-"]
["2013-06-01","ASFALTOS DILUÍDOS CR-70","Rio Grande do Sul","-"]
["2013-09-01","ASFALTOS DILUÍDOS CR-70","São Paulo","-"]
["2013-11-01","ASFALTOS DILUÍDOS CR-70","Pará","-"]
["2013-12-01","ASFALTOS DILUÍDOS CR-70","Rio de Janeiro","-"]
["2014-02-01","ASFALTOS DILUÍDOS CR-70","Espírito Santo","-"]
["2014-03-01","ASFALTOS DILUÍDOS CR-70","Santa Catarina","-"]
["2014-06-01","ASFALTOS DILUÍDOS CR-70","Sergipe","-"]
["2014-08-01","ASFALTOS DILUÍDOS CR-70","Paraná","-"]
["2014-10-01","ASFALTOS DILUÍDOS CR-70","Bahia","-"]
["2015-01-01","ASFALTOS DILUÍDOS CR-70","Goiás","-"]
["2015-02-01","ASFALTOS DILUÍDOS CR-70","São Paulo","-"]
["2015-04-01","ASFALTOS DILUÍDOS CR-70","Amapá","-"]
["2015-05-01","ASFALTOS DILUÍDOS CR-70","Rio de Janeiro","-"]
["2015-09-01","ASFALTOS DILUÍDOS CR-70","Distrito Federal","-"]
["2015-10-01","ASFALTOS DILUÍDOS CR-70","Mato Grosso do Sul","-"]
["2015-12-01","ASFALTOS DILUÍDOS CR-70","Acre","-"]
["2016-01-01","ASFALTOS DILUÍDOS CR-70","Pernambuco","-"]
["2016-04-01","ASFALTOS DILUÍDOS CR-70","Rio Grande do Sul","-"]
["2016-06-01","ASFALTOS DILUÍDOS CR-70","Maranhão","-"]
["2016-07-01","ASFALTOS DILUÍDOS CR-70","Paraíba","-"]
["2016-11-01","ASFALTOS DILUÍDOS CR-70","Amapá","-"]
["2016-12-01","ASFALTOS DILUÍDOS CR-70","Pernambuco","-"]
["2017-01-01","ASFALTOS DILUÍDOS CR-70","Roraima","-"]
["2017-03-01","ASFALTOS DILUÍDOS CR-70","Mato Grosso do Sul","-"]
["2017-06-01","ASFALTOS DILUÍDOS CR-70","Paraná","-"]
["2017-08-01","ASFALTOS DILUÍDOS CR-70","Bahia","-"]
["2017-09-01","ASFALTOS DILUÍDOS CR-70","Rio Grande do Sul","-"]
["2017-10-01","ASFALTOS DILUÍDOS CR-70","Sergipe","-"]
["2018-02-01","ASFALTOS DILUÍDOS CR-70","Pará","-"]
["2018-04-01","ASFALTOS DILUÍDOS CR-70","Amapá","-"]
["2018-05-01","ASFALTOS DILUÍDOS CR-70","Espírito Santo","-"]
["2018-06-01","ASFALTOS DILUÍDOS CR-70","Santa Catarina","-"]
["2018-10-01","ASFALTOS DILUÍDOS CR-70","Acre","-"]
["2018-11-01","ASFALTOS DILUÍDOS CR-70","Pernambuco","-"]
["2019-01-01","ASFALTOS DILUÍDOS CR-70","Ceará","-"]
["2019-02-01","ASFALTOS DILUÍDOS CR-70","Sergipe","-"]
["2019-05-01","ASFALTOS DILUÍDOS CR-70","São Paulo","-"]
["2019-07-01","ASFALTOS DILUÍDOS CR-70","Pará","-"]
["2019-08-01","ASFALTOS DILUÍDOS CR-70","Rio de Janeiro","-"]
["2019-12-01","ASFALTOS DILUÍDOS CR-70","Distrito Federal","-"]
["2020-01-01","ASFALTOS DILUÍDOS CR-70","Mato Grosso do Sul","-"]
["2020-03-01","ASFALTOS DILUÍDOS CR-70","Acre","-"]
["2020-04-01","ASFALTOS DILUÍDOS CR-70","Pernambuco","-"]
["2020-07-01","ASFALTOS DILUÍDOS CR-70","Rio Grande do Sul","-"]
["2020-09-01","ASFALTOS DILUÍDOS CR-70","Maranhão","-"]
["2020-10-01","ASFALTOS DILUÍDOS CR-70","Paraíba","-"]
["2021-02-01","ASFALTOS DILUÍDOS CR-70","Amapá","-"]
["2021-03-01","ASFALTOS DILUÍDOS CR-70","Rio de Janeiro","-"]
["2021-04-01","ASFALTOS DILUÍDOS CR-70","Santa Catarina","-"]
["2021-06-01","ASFALTOS DILUÍDOS CR-70","Minas Gerais","-"]
["2021-08-01","ASFALTOS DILUÍDOS CR-70","Pernambuco","-"]
["2021-11-01","ASFALTOS DILUÍDOS CR-70","Bahia","-"]
["2021-12-01","ASFALTOS DILUÍDOS CR-70","Rio Grande do Sul","-"]
["2022-01-01","ASFALTOS DILUÍDOS CR-70","Sergipe","-"]
["2022-05-01","ASFALTOS DILUÍDOS CR-70","Pará","-"]
["2022-07-01","ASFALTOS DILUÍDOS CR-70","Amapá","-"]
["2022-08-01","ASFALTOS DILUÍDOS CR-70","Espírito Santo","-"]
["2022-09-01","ASFALTOS DILUÍDOS CR-70","Santa Catarina","-"]
["2023-01-01","ASFALTOS DILUÍDOS CR-70","Acre","-"]
["2023-02-01","ASFALTOS DILUÍDOS CR-70","Pernambuco","-"]
["2023-04-01","ASFALTOS DILUÍDOS CR-70","Ceará","-"]
["2023-07-01","ASFALTOS DILUÍDOS CR-70","Maranhão","-"]
["2023-08-01","ASFALTOS DILUÍDOS CR-70","Sergipe","-"]
["2023-10-01","ASFALTOS DILUÍDOS CR-70","Paraíba","-"]
["2023-12-01","ASFALTOS DILUÍDOS CR-70","Santa Catarina","-"]
["2024-03-01","ASFALTOS DILUÍDOS CR-70","Distrito Federal","-"]
["2024-04-01","ASFALTOS DILUÍDOS CR-70","Mato Grosso do Sul","-"]
["2024-06-01","ASFALTOS DILUÍDOS CR-70","Acre","-"]
["2024-07-01","ASFALTOS DILUÍDOS CR-70","Pernambuco","-"]
["2024-10-01","ASFALTOS DILUÍDOS CR-70","Rio Grande do Sul","-"]
["2024-12-01","ASFALTOS DILUÍDOS CR-70","Maranhão","-"]
["2025-01-01","ASFALTOS DILUÍDOS CR-70","Sergipe","-"]
["2025-05-01","ASFALTOS DILUÍDOS CR-70","Amapá","-"]
["2025-06-01","ASFALTOS DILUÍDOS CR-70","Rio de Janeiro","-"]
["2025-07-01","ASFALTOS DILUÍDOS CR-70","Santa Catarina","-"]
["2013-02-01","CAP MODIFICADO POR BORRACHA DE PNEU AB22","Minas Gerais","-"]
["2013-04-01","CAP MODIFICADO POR BORRACHA DE PNEU AB22","Alagoas","-"]
["2013-07-01","CAP MODIFICADO POR BORRACHA DE PNEU AB22","Ceará","-"]
["2013-08-01","CAP MODIFICADO POR BORRACHA DE PNEU AB22","Rondônia","-"]
["2013-11-01","CAP MODIFICADO POR BORRACHA DE PNEU AB22","Mato Grosso","-"]
["2014-01-01","CAP MODIFICADO POR BORRACHA DE PNEU AB22","Pará","-"]
["2014-03-01","CAP MODIFICADO POR BORRACHA DE PNEU AB22","Amapá","-"]
["2014-04-01","CAP MODIFICADO POR BORRACHA DE PNEU AB22","Espírito Santo","-"]
["2014-05-01","CAP MODIFICADO POR BORRACHA DE PNEU AB22","Santa Catarina","-"]
["2014-09-01","CAP MODIFICADO POR BORRACHA DE PNEU AB22","Mato Grosso do Sul","-"]
["2014-10-01","CAP MODIFICADO POR BORRACHA DE PNEU AB22","Pernambuco","-"]
["2014-12-01","CAP MODIFICADO POR BORRACHA DE PNEU AB22","Ceará","-"]
["2015-03-01","CAP MODIFICADO POR BORRACHA DE PNEU AB22","Maranhão","-"]
["2015-04-01","CAP MODIFICADO POR BORRACHA DE PNEU AB22","Sergipe","-"]
["2015-06-01","CAP MODIFICADO POR BORRACHA DE PNEU AB22","Paraíba","-"]
["2015-07-01","CAP MODIFICADO POR BORRACHA DE PNEU AB22","Rio Grande do Norte","-"]
["2015-11-01","CAP MODIFICADO POR BORRACHA DE PNEU AB22","Espírito Santo","-"]
["2015-12-01","CAP MODIFICADO POR BORRACHA DE PNEU AB22","Minas Gerais","-"]
["2016-01-01","CAP MODIFICADO POR BORRACHA DE PNEU AB22","Santa Catarina","-"]
["2016-03-01","CAP MODIFICADO POR BORRACHA DE PNEU AB22","Pernambuco","-"]
["2016-06-01","CAP MODIFICADO POR BORRACHA DE PNEU AB22","Rio Grande do Sul","-"]
["2016-08-01","CAP MODIFICADO POR BORRACHA DE PNEU AB22","Maranhão","-"]
["2016-09-01","CAP MODIFICADO POR BORRACHA DE PNEU AB22","Sergipe","-"]
["2016-11-01","CAP MODIFICADO POR BORRACHA DE PNEU AB22","Amazonas","-"]
["2017-02-01","CAP MODIFICADO POR BORRACHA DE PNEU AB22","Rio de Janeiro","-"]
["2017-03-01","CAP MODIFICADO POR BORRACHA DE PNEU AB22","Santa Catarina","-"]
["2017-05-01","CAP MODIFICADO POR BORRACHA DE PNEU AB22","Minas Gerais","-"]
["2017-07-01","CAP MODIFICADO POR BORRACHA DE PNEU AB22","Alagoas","-"]
["2017-10-01","CAP MODIFICADO POR BORRACHA DE PNEU AB22","Ceará","-"]
["2017-11-01","CAP MODIFICADO POR BORRACHA DE PNEU AB22","Rondônia","-"]
["2018-01-01","CAP MODIFICADO POR BORRACHA DE PNEU AB22","Mato Grosso","-"]
["2018-04-01","CAP MODIFICADO POR BORRACHA DE PNEU AB22","Paraíba","-"]
["2018-06-01","CAP MODIFICADO POR BORRACHA DE PNEU AB22","Amazonas","-"]
["2018-07-01","CAP MODIFICADO POR BORRACHA DE PNEU AB22","Mato Grosso","-"]
["2018-08-01","CAP MODIFICADO POR BORRACHA DE PNEU AB22","Santa Catarina","-"]
["2018-12-01","CAP MODIFICADO POR BORRACHA DE PNEU AB22","Mato Grosso do Sul","-"]
["2019-01-01","CAP MODIFICADO POR BORRACHA DE PNEU AB22","Pernambuco","-"]
["2019-03-01","CAP MODIFICADO POR BORRACHA DE PNEU AB22","Ceará","-"]
["2019-06-01","CAP MODIFICADO POR BORRACHA DE PNEU AB22","Maranhão","-"]
["2019-07-01","CAP MODIFICADO POR BORRACHA DE PNEU AB22","Sergipe","-"]
["2019-09-01","CAP MODIFICADO POR BORRACHA DE PNEU AB22","Paraíba","-"]
["2019-10-01","CAP MODIFICADO POR BORRACHA DE PNEU AB22","Rio Grande do Norte","-"]
["2020-02-01","CAP MODIFICADO POR BORRACHA DE PNEU AB22","Espírito Santo","-"]
["2020-03-01","CAP MODIFICADO POR BORRACHA DE PNEU AB22","Santa Catarina","-"]
["2020-05-01","CAP MODIFICADO POR BORRACHA DE PNEU AB22","Alagoas","-"]
["2020-06-01","CAP MODIFICADO POR BORRACHA DE PNEU AB22","Piauí","-"]
["2020-09-01","CAP MODIFICADO POR BORRACHA DE PNEU AB22","Rondônia","-"]
["2020-11-01","CAP MODIFICADO POR BORRACHA DE PNEU AB22","Rondônia","-"]
["2020-12-01","CAP MODIFICADO POR BORRACHA DE PNEU AB22","Sergipe","-"]
["2021-02-01","CAP MODIFICADO POR BORRACHA DE PNEU AB22","Amazonas","-"]
["2021-05-01","CAP MODIFICADO POR BORRACHA DE PNEU AB22","Rio de Janeiro","-"]
["2021-07-01","CAP MODIFICADO POR BORRACHA DE PNEU AB22","Espírito Santo","-"]
["2021-08-01","CAP MODIFICADO POR BORRACHA DE PNEU AB22","Minas Gerais","-"]
["2021-10-01","CAP MODIFICADO POR BORRACHA DE PNEU AB22","Alagoas","-"]
["2022-01-01","CAP MODIFICADO POR BORRACHA DE PNEU AB22","Ceará","-"]
["2022-02-01","CAP MODIFICADO POR BORRACHA DE PNEU AB22","Rondônia","-"]
["2022-04-01","CAP MODIFICADO POR BORRACHA DE PNEU AB22","Mato Grosso","-"]
["2022-07-01","CAP MODIFICADO POR BORRACHA DE PNEU AB22","Paraíba","-"]
["2022-09-01","CAP MODIFICADO POR BORRACHA DE PNEU AB22","Amazonas","-"]
["2022-10-01","CAP MODIFICADO POR BORRACHA DE PNEU AB22","Goiás","-"]
["2022-11-01","CAP MODIFICADO POR BORRACHA DE PNEU AB22","São Paulo","-"]
["2023-03-01","CAP MODIFICADO POR BORRACHA DE PNEU AB22","Minas Gerais","-"]
["2023-05-01","CAP MODIFICADO POR BORRACHA DE PNEU AB22","Goiás","-"]
["2023-06-01","CAP MODIFICADO POR BORRACHA DE PNEU AB22","Ceará","-"]
["2023-07-01","CAP MODIFICADO POR BORRACHA DE PNEU AB22","Rondônia","-"]
["2023-10-01","CAP MODIFICADO POR BORRACHA DE PNEU AB22","Sergipe","-"]
["2023-12-01","CAP MODIFICADO POR BORRACHA DE PNEU AB22","Paraíba","-"]
["2024-01-01","CAP MODIFICADO POR BORRACHA DE PNEU AB22","Rio Grande do Norte","-"]
["2024-05-01","CAP MODIFICADO POR BORRACHA DE PNEU AB22","Espírito Santo","-"]
["2024-06-01","CAP MODIFICADO POR BORRACHA DE PNEU AB22","Santa Catarina","-"]
["2024-08-01","CAP MODIFICADO POR BORRACHA DE PNEU AB22","Alagoas","-"]
["2024-09-01","CAP MODIFICADO POR BORRACHA DE PNEU AB22","Piauí","-"]
["2024-12-01","CAP MODIFICADO POR BORRACHA DE PNEU AB22","Rondônia","-"]
["2025-02-01","CAP MODIFICADO POR BORRACHA DE PNEU AB22","Mato Grosso","-"]
["2025-03-01","CAP MODIFICADO POR BORRACHA DE PNEU AB22","Tocantins","-"]
["2025-05-01","CAP MODIFICADO POR BORRACHA DE PNEU AB22","Bahia","-"]
["2025-07-01","CAP MODIFICADO POR BORRACHA DE PNEU AB22","Rondônia","-"]
["2013-03-01","CAP MODIFICADO POR BORRACHA DE PNEU AB8","Espírito Santo","-"]
["2013-04-01","CAP MODIFICADO POR BORRACHA DE PNEU AB8","Minas Gerais","-"]
["2013-06-01","CAP MODIFICADO POR BORRACHA DE PNEU AB8","Alagoas","-"]
["2013-09-01","CAP MODIFICADO POR BORRACHA DE PNEU AB8","Ceará","-"]
["2013-10-01","CAP MODIFICADO POR BORRACHA DE PNEU AB8","Rondônia","-"]
["2013-12-01","CAP MODIFICADO POR BORRACHA DE PNEU AB8","Mato Grosso","-"]
["2014-03-01","CAP MODIFICADO POR BORRACHA DE PNEU AB8","Paraíba","-"]
["2014-05-01","CAP MODIFICADO POR BORRACHA DE PNEU AB8","Amazonas","-"]
["2014-06-01","CAP MODIFICADO POR BORRACHA DE PNEU AB8","Rio Grande do Norte","-"]
["2014-07-01","CAP MODIFICADO POR BORRACHA DE PNEU AB8","São Paulo","-"]
["2014-11-01","CAP MODIFICADO POR BORRACHA DE PNEU AB8","Minas Gerais","-"]
["2014-12-01","CAP MODIFICADO POR BORRACHA DE PNEU AB8","Piauí","-"]
["2015-02-01","CAP MODIFICADO POR BORRACHA DE PNEU AB8","Distrito Federal","-"]
["2015-03-01","CAP MODIFICADO POR BORRACHA DE PNEU AB8","Roraima","-"]
["2015-06-01","CAP MODIFICADO POR BORRACHA DE PNEU AB8","Goiás","-"]
["2015-08-01","CAP MODIFICADO POR BORRACHA DE PNEU AB8","Paraíba","-"]
["2015-09-01","CAP MODIFICADO POR BORRACHA DE PNEU AB8","Rio Grande do Norte","-"]
["2015-11-01","CAP MODIFICADO POR BORRACHA DE PNEU AB8","Goiás","-"]
["2016-02-01","CAP MODIFICADO POR BORRACHA DE PNEU AB8","Santa Catarina","-"]
["2016-04-01","CAP MODIFICADO POR BORRACHA DE PNEU AB8","Alagoas","-"]
["2016-05-01","CAP MODIFICADO POR BORRACHA DE PNEU AB8","Piauí","-"]
["2016-07-01","CAP MODIFICADO POR BORRACHA DE PNEU AB8","Distrito Federal","-"]
["2016-10-01","CAP MODIFICADO POR BORRACHA DE PNEU AB8","Mato Grosso","-"]
["2016-11-01","CAP MODIFICADO POR BORRACHA DE PNEU AB8","Tocantins","-"]
["2017-01-01","CAP MODIFICADO POR BORRACHA DE PNEU AB8","Bahia","-"]
["2017-04-01","CAP MODIFICADO POR BORRACHA DE PNEU AB8","Rio Grande do Norte","-"]
["2017-06-01","CAP MODIFICADO POR BORRACHA DE PNEU AB8","Goiás","-"]
["2017-07-01","CAP MODIFICADO POR BORRACHA DE PNEU AB8","Pará","-"]
["2017-10-01","CAP MODIFICADO POR BORRACHA DE PNEU AB8","Rio Grande do Norte","-"]
["2017-12-01","CAP MODIFICADO POR BORRACHA DE PNEU AB8","Ceará","-"]
["2018-01-01","CAP MODIFICADO POR BORRACHA DE PNEU AB8","Rondônia","-"]
["2018-03-01","CAP MODIFICADO POR BORRACHA DE PNEU AB8","Mato Grosso","-"]
["2018-06-01","CAP MODIFICADO POR BORRACHA DE PNEU AB8","Paraíba","-"]
["2018-08-01","CAP MODIFICADO POR BORRACHA DE PNEU AB8","Amazonas","-"]
["2018-09-01","CAP MODIFICADO POR BORRACHA DE PNEU AB8","Rio Grande do Norte","-"]
["2018-10-01","CAP MODIFICADO POR BORRACHA DE PNEU AB8","São Paulo","-"]
["2019-02-01","CAP MODIFICADO POR BORRACHA DE PNEU AB8","Minas Gerais","-"]
["2019-03-01","CAP MODIFICADO POR BORRACHA DE PNEU AB8","Piauí","-"]
["2019-05-01","CAP MODIFICADO POR BORRACHA DE PNEU AB8","Distrito Federal","-"]
["2019-06-01","CAP MODIFICADO POR BORRACHA DE PNEU AB8","Roraima","-"]
["2019-09-01","CAP MODIFICADO POR BORRACHA DE PNEU AB8","Tocantins","-"]
["2019-11-01","CAP MODIFICADO POR BORRACHA DE PNEU AB8","Paraná",2.9541636338702753]
["2020-01-01","CAP MODIFICADO POR BORRACHA DE PNEU AB8","Bahia","-"]
["2020-02-01","CAP MODIFICADO POR BORRACHA DE PNEU AB8","Goiás","-"]
["2020-05-01","CAP MODIFICADO POR BORRACHA DE PNEU AB8","Santa Catarina","-"]
["2020-07-01","CAP MODIFICADO POR BORRACHA DE PNEU AB8","Alagoas","-"]
["2020-08-01","CAP MODIFICADO POR BORRACHA DE PNEU AB8","Piauí","-"]
["2020-10-01","CAP MODIFICADO POR BORRACHA DE PNEU AB8","Distrito Federal","-"]
["2021-01-01","CAP MODIFICADO POR BORRACHA DE PNEU AB8","Mato Grosso","-"]
["2021-02-01","CAP MODIFICADO POR BORRACHA DE PNEU AB8","Tocantins","-"]
["2021-04-01","CAP MODIFICADO POR BORRACHA DE PNEU AB8","Bahia","-"]
["2021-07-01","CAP MODIFICADO POR BORRACHA DE PNEU AB8","Rio Grande do Norte","-"]
["2021-09-01","CAP MODIFICADO POR BORRACHA DE PNEU AB8","Goiás","-"]
["2021-10-01","CAP MODIFICADO POR BORRACHA DE PNEU AB8","Pará","-"]
["2021-12-01","CAP MODIFICADO POR BORRACHA DE PNEU AB8","Amapá","-"]
["2022-03-01","CAP MODIFICADO POR BORRACHA DE PNEU AB8","Piauí","-"]
["2022-04-01","CAP MODIFICADO POR BORRACHA DE PNEU AB8","Roraima","-"]
["2022-06-01","CAP MODIFICADO POR BORRACHA DE PNEU AB8","Rio Grande do Norte","-"]
["2022-09-01","CAP MODIFICADO POR BORRACHA DE PNEU AB8","Paraíba","-"]
["2022-11-01","CAP MODIFICADO POR BORRACHA DE PNEU AB8","Amazonas","-"]
["2022-12-01","CAP MODIFICADO POR BORRACHA DE PNEU AB8","Rio Grande do Norte","-"]
["2023-01-01","CAP MODIFICADO POR BORRACHA DE PNEU AB8","São Paulo",4.0096205215033605]
["2023-05-01","CAP MODIFICADO POR BORRACHA DE PNEU AB8","Minas Gerais","-"]
["2023-07-01","CAP MODIFICADO POR BORRACHA DE PNEU AB8","Alagoas","-"]
["2023-08-01","CAP MODIFICADO POR BORRACHA DE PNEU AB8","Distrito Federal","-"]
["2023-09-01","CAP MODIFICADO POR BORRACHA DE PNEU AB8","Roraima","-"]
["2023-12-01","CAP MODIFICADO POR BORRACHA DE PNEU AB8","Tocantins","-"]
["2024-02-01","CAP MODIFICADO POR BORRACHA DE PNEU AB8","Paraná",3.6984566936449008]
["2024-04-01","CAP MODIFICADO POR BORRACHA DE PNEU AB8","Bahia","-"]
["2024-05-01","CAP MODIFICADO POR BORRACHA DE PNEU AB8","Maranhão","-"]
["2024-08-01","CAP MODIFICADO POR BORRACHA DE PNEU AB8","São Paulo",4.296233275920283]
["2024-10-01","CAP MODIFICADO POR BORRACHA DE PNEU AB8","Amapá","-"]
["2024-12-01","CAP MODIFICADO POR BORRACHA DE PNEU AB8","Distrito Federal","-"]
["2025-01-01","CAP MODIFICADO POR BORRACHA DE PNEU AB8","Distrito Federal","-"]
["2025-04-01","CAP MODIFICADO POR BORRACHA DE PNEU AB8","Mato Grosso","-"]
["2025-05-01","CAP MODIFICADO POR BORRACHA DE PNEU AB8","Tocantins","-"]
["2025-07-01","CAP MODIFICADO POR BORRACHA DE PNEU AB8","Paraná",4.6970804416283922]
["2015-11-01","CAP MODIFICADO POR POLÍMERO 55-75-E","Rio Grande do Norte","-"]
["2016-01-01","CAP MODIFICADO POR POLÍMERO 55-75-E","Goiás","-"]
["2016-02-01","CAP MODIFICADO POR POLÍMERO 55-75-E","Pará","-"]
["2016-04-01","CAP MODIFICADO POR POLÍMERO 55-75-E","Amapá","-"]
["2016-07-01","CAP MODIFICADO POR POLÍMERO 55-75-E","Piauí","-"]
["2016-08-01","CAP MODIFICADO POR POLÍMERO 55-75-E","Roraima","-"]
["2016-10-01","CAP MODIFICADO POR POLÍMERO 55-75-E","Mato Grosso do Sul","-"]
["2017-01-01","CAP MODIFICADO POR POLÍMERO 55-75-E","Paraná","-"]
["2017-03-01","CAP MODIFICADO POR POLÍMERO 55-75-E","Bahia",1.9386846587379392]
["2017-03-01","CAP MODIFICADO POR POLÍMERO 55-75-E","Rio Grande do Norte","-"]
["2017-05-01","CAP MODIFICADO POR POLÍMERO 55-75-E","São Paulo",1.929708269720102]
["2017-07-01","CAP MODIFICADO POR POLÍMERO 55-75-E","Pará","-"]
["2017-11-01","CAP MODIFICADO POR POLÍMERO 55-75-E","Alagoas","-"]
["2017-12-01","CAP MODIFICADO POR POLÍMERO 55-75-E","Distrito Federal","-"]
["2018-01-01","CAP MODIFICADO POR POLÍMERO 55-75-E","Roraima","-"]
["2018-04-01","CAP MODIFICADO POR POLÍMERO 55-75-E","Tocantins","-"]
["2018-06-01","CAP MODIFICADO POR POLÍMERO 55-75-E","Paraná","-"]
["2018-08-01","CAP MODIFICADO POR POLÍMERO 55-75-E","Bahia","-"]
["2018-09-01","CAP MODIFICADO POR POLÍMERO 55-75-E","Maranhão","-"]
["2018-12-01","CAP MODIFICADO POR POLÍMERO 55-75-E","São Paulo","-"]
["2019-02-01","CAP MODIFICADO POR POLÍMERO 55-75-E","Pará","-"]
["2019-03-01","CAP MODIFICADO POR POLÍMERO 55-75-E","Rio de Janeiro","-"]
["2019-05-01","CAP MODIFICADO POR POLÍMERO 55-75-E","Espírito Santo","-"]
["2019-08-01","CAP MODIFICADO POR POLÍMERO 55-75-E","Mato Grosso do Sul","-"]
["2019-09-01","CAP MODIFICADO POR POLÍMERO 55-75-E","Distrito Federal","-"]
["2019-11-01","CAP MODIFICADO POR POLÍMERO 55-75-E","Paraná",3.0068890734103277]
["2020-02-01","CAP MODIFICADO POR POLÍMERO 55-75-E","Rio Grande do Norte","-"]
["2020-04-01","CAP MODIFICADO POR POLÍMERO 55-75-E","Goiás","-"]
["2020-05-01","CAP MODIFICADO POR POLÍMERO 55-75-E","Pará","-"]
["2020-07-01","CAP MODIFICADO POR POLÍMERO 55-75-E","Amapá","-"]
["2020-10-01","CAP MODIFICADO POR POLÍMERO 55-75-E","Piauí","-"]
["2020-11-01","CAP MODIFICADO POR POLÍMERO 55-75-E","Roraima","-"]
["2021-01-01","CAP MODIFICADO POR POLÍMERO 55-75-E","Mato Grosso do Sul","-"]
["2021-03-01","CAP MODIFICADO POR POLÍMERO 55-75-E","Acre","-"]
["2021-06-01","CAP MODIFICADO POR POLÍMERO 55-75-E","Bahia","-"]
["2021-07-01","CAP MODIFICADO POR POLÍMERO 55-75-E","Rio Grande do Sul","-"]
["2021-08-01","CAP MODIFICADO POR POLÍMERO 55-75-E","Sergipe","-"]
["2021-10-01","CAP MODIFICADO POR POLÍMERO 55-75-E","Paraíba","-"]
["2022-01-01","CAP MODIFICADO POR POLÍMERO 55-75-E","Piauí","-"]
["2022-03-01","CAP MODIFICADO POR POLÍMERO 55-75-E","Distrito Federal","-"]
["2022-04-01","CAP MODIFICADO POR POLÍMERO 55-75-E","Roraima","-"]
["2022-06-01","CAP MODIFICADO POR POLÍMERO 55-75-E","Mato Grosso do Sul","-"]
["2022-09-01","CAP MODIFICADO POR POLÍMERO 55-75-E","Paraná","-"]
["2022-11-01","CAP MODIFICADO POR POLÍMERO 55-75-E","Bahia","-"]
["2022-12-01","CAP MODIFICADO POR POLÍMERO 55-75-E","Maranhão","-"]
["2023-03-01","CAP MODIFICADO POR POLÍMERO 55-75-E","São Paulo","-"]
["2023-05-01","CAP MODIFICADO POR POLÍMERO 55-75-E","Pará","-"]
["2023-06-01","CAP MODIFICADO POR POLÍMERO 55-75-E","Rio de Janeiro","-"]
["2023-08-01","CAP MODIFICADO POR POLÍMERO 55-75-E","Espírito Santo","-"]
["2023-11-01","CAP MODIFICADO POR POLÍMERO 55-75-E","Mato Grosso do Sul","-"]
["2024-01-01","CAP MODIFICADO POR POLÍMERO 55-75-E","Acre","-"]
["2024-02-01","CAP MODIFICADO POR POLÍMERO 55-75-E","Pernambuco","-"]
["2024-05-01","CAP MODIFICADO POR POLÍMERO 55-75-E","Rio Grande do Sul",4.1147170299849467]
["2024-07-01","CAP MODIFICADO POR POLÍMERO 55-75-E","Bahia","-"]
["2024-08-01","CAP MODIFICADO POR POLÍMERO 55-75-E","São Paulo","-"]
["2024-10-01","CAP MODIFICADO POR POLÍMERO 55-75-E","Amapá","-"]
["2025-01-01","CAP MODIFICADO POR POLÍMERO 55-75-E","Piauí","-"]
["2025-02-01","CAP MODIFICADO POR POLÍMERO 55-75-E","Roraima","-"]
["2025-04-01","CAP MODIFICADO POR POLÍMERO 55-75-E","Mato Grosso do Sul","-"]
["2025-06-01","CAP MODIFICADO POR POLÍMERO 55-75-E","Acre","-"]
["2015-10-01","CAP MODIFICADO POR POLÍMERO 60-85-E","Bahia","-"]
["2015-11-01","CAP MODIFICADO POR POLÍMERO 60-85-E","Rio Grande do Sul","-"]
["2015-12-01","CAP MODIFICADO POR POLÍMERO 60-85-E","Sergipe","-"]
["2016-02-01","CAP MODIFICADO POR POLÍMERO 60-85-E","Paraíba","-"]
["2016-06-01","CAP MODIFICADO POR POLÍMERO 60-85-E","Amapá","-"]
["2016-07-01","CAP MODIFICADO POR POLÍMERO 60-85-E","Espírito Santo","-"]
["2016-08-01","CAP MODIFICADO POR POLÍMERO 60-85-E","Santa Catarina","-"]
["2016-10-01","CAP MODIFICADO POR POLÍMERO 60-85-E","Piauí","-"]
["2017-01-01","CAP MODIFICADO POR POLÍMERO 60-85-E","Paraná","-"]
["2017-03-01","CAP MODIFICADO POR POLÍMERO 60-85-E","Bahia","-"]
["2017-04-01","CAP MODIFICADO POR POLÍMERO 60-85-E","Maranhão","-"]
["2017-07-01","CAP MODIFICADO POR POLÍMERO 60-85-E","São Paulo",1.9105927852407965]
["2017-09-01","CAP MODIFICADO POR POLÍMERO 60-85-E","Pará","-"]
["2017-10-01","CAP MODIFICADO POR POLÍMERO 60-85-E","Rio de Janeiro","-"]
["2017-12-01","CAP MODIFICADO POR POLÍMERO 60-85-E","Espírito Santo","-"]
["2018-03-01","CAP MODIFICADO POR POLÍMERO 60-85-E","Roraima","-"]
["2018-05-01","CAP MODIFICADO POR POLÍMERO 60-85-E","Acre","-"]
["2018-06-01","CAP MODIFICADO POR POLÍMERO 60-85-E","Pernambuco","-"]
["2018-09-01","CAP MODIFICADO POR POLÍMERO 60-85-E","Rio Grande do Sul",2.8806106446675646]
["2018-11-01","CAP MODIFICADO POR POLÍMERO 60-85-E","Maranhão","-"]
["2018-12-01","CAP MODIFICADO POR POLÍMERO 60-85-E","Sergipe","-"]
["2019-02-01","CAP MODIFICADO POR POLÍMERO 60-85-E","Amazonas","-"]
["2019-04-01","CAP MODIFICADO POR POLÍMERO 60-85-E","Bahia","-"]
["2019-06-01","CAP MODIFICADO POR POLÍMERO 60-85-E","Roraima","-"]
["2019-08-01","CAP MODIFICADO POR POLÍMERO 60-85-E","Mato Grosso do Sul","-"]
["2019-10-01","CAP MODIFICADO POR POLÍMERO 60-85-E","Acre","-"]
["2020-01-01","CAP MODIFICADO POR POLÍMERO 60-85-E","Bahia","-"]
["2020-02-01","CAP MODIFICADO POR POLÍMERO 60-85-E","Rio Grande do Sul","-"]
["2020-04-01","CAP MODIFICADO POR POLÍMERO 60-85-E","Maranhão","-"]
["2020-05-01","CAP MODIFICADO POR POLÍMERO 60-85-E","Paraíba","-"]
["2020-09-01","CAP MODIFICADO POR POLÍMERO 60-85-E","Amapá","-"]
["2020-10-01","CAP MODIFICADO POR POLÍMERO 60-85-E","Espírito Santo","-"]
["2020-11-01","CAP MODIFICADO POR POLÍMERO 60-85-E","Santa Catarina","-"]
["2021-01-01","CAP MODIFICADO POR POLÍMERO 60-85-E","Minas Gerais",3.2033507552520613]
["2021-04-01","CAP MODIFICADO POR POLÍMERO 60-85-E","Pernambuco","-"]
["2021-06-01","CAP MODIFICADO POR POLÍMERO 60-85-E","Ceará","-"]
["2021-08-01","CAP MODIFICADO POR POLÍMERO 60-85-E","Mato Grosso do Sul","-"]
["2021-10-01","CAP MODIFICADO POR POLÍMERO 60-85-E","São Paulo",4.3761581098615059]
["2021-12-01","CAP MODIFICADO POR POLÍMERO 60-85-E","Pará","-"]
["2022-01-01","CAP MODIFICADO POR POLÍMERO 60-85-E","Rio de Janeiro","-"]
["2022-03-01","CAP MODIFICADO POR POLÍMERO 60-85-E","Espírito Santo","-"]
["2022-06-01","CAP MODIFICADO POR POLÍMERO 60-85-E","Roraima","-"]
["2022-08-01","CAP MODIFICADO POR POLÍMERO 60-85-E","Acre","-"]
["2022-09-01","CAP MODIFICADO POR POLÍMERO 60-85-E","Pernambuco","-"]
["2022-12-01","CAP MODIFICADO POR POLÍMERO 60-85-E","Rio Grande do Sul","-"]
["2023-02-01","CAP MODIFICADO POR POLÍMERO 60-85-E","Maranhão","-"]
["2023-03-01","CAP MODIFICADO POR POLÍMERO 60-85-E","Sergipe","-"]
["2023-05-01","CAP MODIFICADO POR POLÍMERO 60-85-E","Amazonas","-"]
["2023-06-01","CAP MODIFICADO POR POLÍMERO 60-85-E","Rio Grande do Norte","-"]
["2023-10-01","CAP MODIFICADO POR POLÍMERO 60-85-E","Espírito Santo","-"]
["2023-11-01","CAP MODIFICADO POR POLÍMERO 60-85-E","Minas Gerais",4.447092610163927]
["2024-02-01","CAP MODIFICADO POR POLÍMERO 60-85-E","Amapá","-"]
["2024-04-01","CAP MODIFICADO POR POLÍMERO 60-85-E","Bahia","-"]
["2024-05-01","CAP MODIFICADO POR POLÍMERO 60-85-E","Rio Grande do Sul",4.1841712108812334]
["2024-07-01","CAP MODIFICADO POR POLÍMERO 60-85-E","Maranhão","-"]
["2024-08-01","CAP MODIFICADO POR POLÍMERO 60-85-E","Paraíba","-"]
["2024-12-01","CAP MODIFICADO POR POLÍMERO 60-85-E","Amapá","-"]
["2025-01-01","CAP MODIFICADO POR POLÍMERO 60-85-E","Espírito Santo","-"]
["2025-02-01","CAP MODIFICADO POR POLÍMERO 60-85-E","Santa Catarina","-"]
["2025-04-01","CAP MODIFICADO POR POLÍMERO 60-85-E","Minas Gerais","-"]
["2025-07-01","CAP MODIFICADO POR POLÍMERO 60-85-E","Pernambuco","-"]
["2015-10-01","CAP MODIFICADO POR POLÍMERO 65-90-E","Ceará","-"]
["2015-11-01","CAP MODIFICADO POR POLÍMERO 65-90-E","Rondônia","-"]
["2016-02-01","CAP MODIFICADO POR POLÍMERO 65-90-E","Sergipe","-"]
["2016-04-01","CAP MODIFICADO POR POLÍMERO 65-90-E","Paraíba","-"]
["2016-05-01","CAP MODIFICADO POR POLÍMERO 65-90-E","Mato Grosso do Sul","-"]
["2016-07-01","CAP MODIFICADO POR POLÍMERO 65-90-E","Espírito Santo","-"]
["2016-10-01","CAP MODIFICADO POR POLÍMERO 65-90-E","Roraima","-"]
["2016-12-01","CAP MODIFICADO POR POLÍMERO 65-90-E","Acre","-"]
["2017-01-01","CAP MODIFICADO POR POLÍMERO 65-90-E","Pernambuco","-"]
["2017-03-01","CAP MODIFICADO POR POLÍMERO 65-90-E","Ceará","-"]
["2017-06-01","CAP MODIFICADO POR POLÍMERO 65-90-E","Maranhão","-"]
["2017-07-01","CAP MODIFICADO POR POLÍMERO 65-90-E","Sergipe","-"]
["2017-09-01","CAP MODIFICADO POR POLÍMERO 65-90-E","Amazonas","-"]
["2017-10-01","CAP MODIFICADO POR POLÍMERO 65-90-E","Rio Grande do Norte","-"]
["2018-02-01","CAP MODIFICADO POR POLÍMERO 65-90-E","Espírito Santo","-"]
["2018-03-01","CAP MODIFICADO POR POLÍMERO 65-90-E","Minas Gerais","-"]
["2018-05-01","CAP MODIFICADO POR POLÍMERO 65-90-E","Alagoas","-"]
["2018-08-01","CAP MODIFICADO POR POLÍMERO 65-90-E","Ceará","-"]
["2018-09-01","CAP MODIFICADO POR POLÍMERO 65-90-E","Rondônia","-"]
["2018-11-01","CAP MODIFICADO POR POLÍMERO 65-90-E","Amapá","-"]
["2018-12-01","CAP MODIFICADO POR POLÍMERO 65-90-E","Paraíba","-"]
["2019-04-01","CAP MODIFICADO POR POLÍMERO 65-90-E","Amapá","-"]
["2019-05-01","CAP MODIFICADO POR POLÍMERO 65-90-E","Rio de Janeiro","-"]
["2019-06-01","CAP MODIFICADO POR POLÍMERO 65-90-E","Santa Catarina","-"]
["2019-08-01","CAP MODIFICADO POR POLÍMERO 65-90-E","Minas Gerais","-"]
["2019-11-01","CAP MODIFICADO POR POLÍMERO 65-90-E","Pernambuco","-"]
["2020-01-01","CAP MODIFICADO POR POLÍMERO 65-90-E","Ceará","-"]
["2020-02-01","CAP MODIFICADO POR POLÍMERO 65-90-E","Rondônia","-"]
["2020-05-01","CAP MODIFICADO POR POLÍMERO 65-90-E","Sergipe","-"]
["2020-07-01","CAP MODIFICADO POR POLÍMERO 65-90-E","Paraíba","-"]
["2020-08-01","CAP MODIFICADO POR POLÍMERO 65-90-E","Rio Grande do Norte","-"]
["2020-10-01","CAP MODIFICADO POR POLÍMERO 65-90-E","Goiás","-"]
["2020-11-01","CAP MODIFICADO POR POLÍMERO 65-90-E","São Paulo","-"]
["2021-03-01","CAP MODIFICADO POR POLÍMERO 65-90-E","Maranhão","-"]
["2021-04-01","CAP MODIFICADO POR POLÍMERO 65-90-E","Pernambuco","-"]
["2021-06-01","CAP MODIFICADO POR POLÍMERO 65-90-E","Ceará","-"]
["2021-09-01","CAP MODIFICADO POR POLÍMERO 65-90-E","Maranhão","-"]
["2021-10-01","CAP MODIFICADO POR POLÍMERO 65-90-E","Sergipe","-"]
["2021-12-01","CAP MODIFICADO POR POLÍMERO 65-90-E","Amazonas","-"]
["2022-01-01","CAP MODIFICADO POR POLÍMERO 65-90-E","Rio Grande do Norte","-"]
["2022-05-01","CAP MODIFICADO POR POLÍMERO 65-90-E","Espírito Santo","-"]
["2022-06-01","CAP MODIFICADO POR POLÍMERO 65-90-E","Minas Gerais","-"]
["2022-08-01","CAP MODIFICADO POR POLÍMERO 65-90-E","Alagoas","-"]
["2022-09-01","CAP MODIFICADO POR POLÍMERO 65-90-E","Piauí","-"]
["2022-12-01","CAP MODIFICADO POR POLÍMERO 65-90-E","Rondônia","-"]
["2023-02-01","CAP MODIFICADO POR POLÍMERO 65-90-E","Mato Grosso","-"]
["2023-03-01","CAP MODIFICADO POR POLÍMERO 65-90-E","Paraná","-"]
["2023-07-01","CAP MODIFICADO POR POLÍMERO 65-90-E","Amazonas","-"]
["2023-09-01","CAP MODIFICADO POR POLÍMERO 65-90-E","Acre","-"]
["2023-09-01","CAP MODIFICADO POR POLÍMERO 65-90-E","Santa Catarina","-"]
["2023-11-01","CAP MODIFICADO POR POLÍMERO 65-90-E","Minas Gerais","-"]
["2024-02-01","CAP MODIFICADO POR POLÍMERO 65-90-E","Pernambuco","-"]
["2024-04-01","CAP MODIFICADO POR POLÍMERO 65-90-E","Ceará","-"]
["2024-05-01","CAP MODIFICADO POR POLÍMERO 65-90-E","Rondônia","-"]
["2024-08-01","CAP MODIFICADO POR POLÍMERO 65-90-E","Sergipe","-"]
["2024-10-01","CAP MODIFICADO POR POLÍMERO 65-90-E","Paraíba","-"]
["2024-12-01","CAP MODIFICADO POR POLÍMERO 65-90-E","Amazonas","-"]
["2025-01-01","CAP MODIFICADO POR POLÍMERO 65-90-E","Goiás","-"]
["2025-02-01","CAP MODIFICADO POR POLÍMERO 65-90-E","São Paulo","-"]
["2025-06-01","CAP MODIFICADO POR POLÍMERO 65-90-E","Alagoas","-"]
["2025-07-01","CAP MODIFICADO POR POLÍMERO 65-90-E","Piauí","-"]
["2013-02-01","CIMENTO ASFÁLTICO MODIFICADO POR POLÍMERO SBS 50-65","Distrito Federal","-"]
["2013-04-01","CIMENTO ASFÁLTICO MODIFICADO POR POLÍMERO SBS 50-65","Maranhão","-"]
["2013-06-01","CIMENTO ASFÁLTICO MODIFICADO POR POLÍMERO SBS 50-65","Sergipe","-"]
["2013-08-01","CIMENTO ASFÁLTICO MODIFICADO POR POLÍMERO SBS 50-65","Paraíba","-"]
["2013-09-01","CIMENTO ASFÁLTICO MODIFICADO POR POLÍMERO SBS 50-65","Rio Grande do Norte","-"]
["2014-01-01","CIMENTO ASFÁLTICO MODIFICADO POR POLÍMERO SBS 50-65","Espírito Santo","-"]
["2014-02-01","CIMENTO ASFÁLTICO MODIFICADO POR POLÍMERO SBS 50-65","Minas Gerais","-"]
["2014-04-01","CIMENTO ASFÁLTICO MODIFICADO POR POLÍMERO SBS 50-65","Alagoas","-"]
["2014-05-01","CIMENTO ASFÁLTICO MODIFICADO POR POLÍMERO SBS 50-65","Piauí","-"]
["2014-08-01","CIMENTO ASFÁLTICO MODIFICADO POR POLÍMERO SBS 50-65","Rondônia","-"]
["2014-10-01","CIMENTO ASFÁLTICO MODIFICADO POR POLÍMERO SBS 50-65","Mato Grosso","-"]
["2014-11-01","CIMENTO ASFÁLTICO MODIFICADO POR POLÍMERO SBS 50-65","Paraná","-"]
["2015-03-01","CIMENTO ASFÁLTICO MODIFICADO POR POLÍMERO SBS 50-65","Amazonas","-"]
["2015-04-01","CIMENTO ASFÁLTICO MODIFICADO POR POLÍMERO SBS 50-65","Rio Grande do Norte","-"]
["2015-05-01","CIMENTO ASFÁLTICO MODIFICADO POR POLÍMERO SBS 50-65","São Paulo","-"]
["2015-07-01","CIMENTO ASFÁLTICO MODIFICADO POR POLÍMERO SBS 50-65","Pará","-"]
["2013-02-01","CIMENTO ASFÁLTICO MODIFICADO POR POLÍMERO SBS 55-75","Acre","-"]
["2013-04-01","CIMENTO ASFÁLTICO MODIFICADO POR POLÍMERO SBS 55-75","Ceará","-"]
["2013-05-01","CIMENTO ASFÁLTICO MODIFICADO POR POLÍMERO SBS 55-75","Rondônia","-"]
["2013-06-01","CIMENTO ASFÁLTICO MODIFICADO POR POLÍMERO SBS 55-75","Tocantins","-"]
["2013-10-01","CIMENTO ASFÁLTICO MODIFICADO POR POLÍMERO SBS 55-75","Paraíba","-"]
["2013-12-01","CIMENTO ASFÁLTICO MODIFICADO POR POLÍMERO SBS 55-75","Amazonas","-"]
["2014-01-01","CIMENTO ASFÁLTICO MODIFICADO POR POLÍMERO SBS 55-75","Goiás","-"]
["2014-02-01","CIMENTO ASFÁLTICO MODIFICADO POR POLÍMERO SBS 55-75","São Paulo","-"]
["2014-06-01","CIMENTO ASFÁLTICO MODIFICADO POR POLÍMERO SBS 55-75","Alagoas","-"]
["2014-07-01","CIMENTO ASFÁLTICO MODIFICADO POR POLÍMERO SBS 55-75","Piauí","-"]
["2014-09-01","CIMENTO ASFÁLTICO MODIFICADO POR POLÍMERO SBS 55-75","Distrito Federal","-"]
["2014-12-01","CIMENTO ASFÁLTICO MODIFICADO POR POLÍMERO SBS 55-75","Mato Grosso","-"]
["2015-01-01","CIMENTO ASFÁLTICO MODIFICADO POR POLÍMERO SBS 55-75","Tocantins","-"]
["2015-03-01","CIMENTO ASFÁLTICO MODIFICADO POR POLÍMERO SBS 55-75","Paraná","-"]
["2015-06-01","CIMENTO ASFÁLTICO MODIFICADO POR POLÍMERO SBS 55-75","Espírito Santo","-"]
["2015-08-01","CIMENTO ASFÁLTICO MODIFICADO POR POLÍMERO SBS 55-75","Espírito Santo","-"]
["2013-01-01","CIMENTO ASFÁLTICO MODIFICADO POR POLÍMERO SBS 60-85","Minas Gerais","-"]
["2013-03-01","CIMENTO ASFÁLTICO MODIFICADO POR POLÍMERO SBS 60-85","Alagoas","-"]
["2013-04-01","CIMENTO ASFÁLTICO MODIFICADO POR POLÍMERO SBS 60-85","Piauí","-"]
["2013-07-01","CIMENTO ASFÁLTICO MODIFICADO POR POLÍMERO SBS 60-85","Rondônia","-"]
["2013-09-01","CIMENTO ASFÁLTICO MODIFICADO POR POLÍMERO SBS 60-85","Mato Grosso",1.9421947490252689]
["2013-10-01","CIMENTO ASFÁLTICO MODIFICADO POR POLÍMERO SBS 60-85","Tocantins","-"]
["2014-02-01","CIMENTO ASFÁLTICO MODIFICADO POR POLÍMERO SBS 60-85","Amazonas","-"]
["2014-03-01","CIMENTO ASFÁLTICO MODIFICADO POR POLÍMERO SBS 60-85","Rio Grande do Norte","-"]
["2014-04-01","CIMENTO ASFÁLTICO MODIFICADO POR POLÍMERO SBS 60-85","São Paulo",1.401498190425668]
["2014-06-01","CIMENTO ASFÁLTICO MODIFICADO POR POLÍMERO SBS 60-85","Pará","-"]
["2014-08-01","CIMENTO ASFÁLTICO MODIFICADO POR POLÍMERO SBS 60-85","Amapá","-"]
["2014-11-01","CIMENTO ASFÁLTICO MODIFICADO POR POLÍMERO SBS 60-85","Distrito Federal","-"]
["2014-12-01","CIMENTO ASFÁLTICO MODIFICADO POR POLÍMERO SBS 60-85","Roraima","-"]
["2015-03-01","CIMENTO ASFÁLTICO MODIFICADO POR POLÍMERO SBS 60-85","Rondônia","-"]
["2015-05-01","CIMENTO ASFÁLTICO MODIFICADO POR POLÍMERO SBS 60-85","Paraíba","-"]
["2015-07-01","CIMENTO ASFÁLTICO MODIFICADO POR POLÍMERO SBS 60-85","Amazonas","-"]
["2015-08-01","CIMENTO ASFÁLTICO MODIFICADO POR POLÍMERO SBS 60-85","Goiás","-"]
["2013-01-01","CIMENTO ASFÁLTICO MODIFICADO POR POLÍMERO SBS 65-90","São Paulo","-"]
["2013-05-01","CIMENTO ASFÁLTICO MODIFICADO POR POLÍMERO SBS 65-90","Minas Gerais","-"]
["2013-06-01","CIMENTO ASFÁLTICO MODIFICADO POR POLÍMERO SBS 65-90","Piauí","-"]
["2013-08-01","CIMENTO ASFÁLTICO MODIFICADO POR POLÍMERO SBS 65-90","Distrito Federal","-"]
["2013-11-01","CIMENTO ASFÁLTICO MODIFICADO POR POLÍMERO SBS 65-90","Mato Grosso","-"]
["2013-12-01","CIMENTO ASFÁLTICO MODIFICADO POR POLÍMERO SBS 65-90","Tocantins","-"]
["2014-02-01","CIMENTO ASFÁLTICO MODIFICADO POR POLÍMERO SBS 65-90","Paraná","-"]
["2014-03-01","CIMENTO ASFÁLTICO MODIFICADO POR POLÍMERO SBS 65-90","Rio Grande do Sul","-"]
["2014-07-01","CIMENTO ASFÁLTICO MODIFICADO POR POLÍMERO SBS 65-90","Goiás","-"]
["2014-08-01","CIMENTO ASFÁLTICO MODIFICADO POR POLÍMERO SBS 65-90","Pará","-"]
["2014-10-01","CIMENTO ASFÁLTICO MODIFICADO POR POLÍMERO SBS 65-90","Espírito Santo","-"]
["2014-11-01","CIMENTO ASFÁLTICO MODIFICADO POR POLÍMERO SBS 65-90","Piauí","-"]
["2015-02-01","CIMENTO ASFÁLTICO MODIFICADO POR POLÍMERO SBS 65-90","Rondônia","-"]
["2015-04-01","CIMENTO ASFÁLTICO MODIFICADO POR POLÍMERO SBS 65-90","Mato Grosso","-"]
["2015-05-01","CIMENTO ASFÁLTICO MODIFICADO POR POLÍMERO SBS 65-90","Tocantins","-"]
["2013-01-01","CIMENTOS ASFÁLTICOS CAP-150-200","Amazonas","-"]
["2013-02-01","CIMENTOS ASFÁLTICOS CAP-150-200","Rio Grande do Norte","-"]
["2013-03-01","CIMENTOS ASFÁLTICOS CAP-150-200","São Paulo","-"]
["2013-05-01","CIMENTOS ASFÁLTICOS CAP-150-200","Pará","-"]
["2013-07-01","CIMENTOS ASFÁLTICOS CAP-150-200","Amapá","-"]
["2013-10-01","CIMENTOS ASFÁLTICOS CAP-150-200","Distrito Federal","-"]
["2013-11-01","CIMENTOS ASFÁLTICOS CAP-150-200","Roraima","-"]
["2014-01-01","CIMENTOS ASFÁLTICOS CAP-150-200","Mato Grosso do Sul","-"]
["2014-04-01","CIMENTOS ASFÁLTICOS CAP-150-200","Paraná","-"]
["2014-06-01","CIMENTOS ASFÁLTICOS CAP-150-200","Bahia","-"]
["2014-07-01","CIMENTOS ASFÁLTICOS CAP-150-200","Rondônia","-"]
["2014-08-01","CIMENTOS ASFÁLTICOS CAP-150-200","São Paulo","-"]
["2014-12-01","CIMENTOS ASFÁLTICOS CAP-150-200","Minas Gerais","-"]
["2015-01-01","CIMENTOS ASFÁLTICOS CAP-150-200","Piauí","-"]
["2015-03-01","CIMENTOS ASFÁLTICOS CAP-150-200","Distrito Federal","-"]
["2015-06-01","CIMENTOS ASFÁLTICOS CAP-150-200","Mato Grosso","-"]
["2015-07-01","CIMENTOS ASFÁLTICOS CAP-150-200","Tocantins","-"]
["2015-09-01","CIMENTOS ASFÁLTICOS CAP-150-200","Paraná","-"]
["2015-10-01","CIMENTOS ASFÁLTICOS CAP-150-200","Rio Grande do Sul","-"]
["2016-02-01","CIMENTOS ASFÁLTICOS CAP-150-200","Goiás","-"]
["2016-03-01","CIMENTOS ASFÁLTICOS CAP-150-200","São Paulo","-"]
["2016-05-01","CIMENTOS ASFÁLTICOS CAP-150-200","Amapá","-"]
["2016-06-01","CIMENTOS ASFÁLTICOS CAP-150-200","Rio de Janeiro","-"]
["2016-09-01","CIMENTOS ASFÁLTICOS CAP-150-200","Roraima","-"]
["2016-10-01","CIMENTOS ASFÁLTICOS CAP-150-200","Espírito Santo","-"]
["2016-12-01","CIMENTOS ASFÁLTICOS CAP-150-200","Tocantins","-"]
["2017-02-01","CIMENTOS ASFÁLTICOS CAP-150-200","Bahia","-"]
["2017-05-01","CIMENTOS ASFÁLTICOS CAP-150-200","Rio Grande do Norte","-"]
["2017-07-01","CIMENTOS ASFÁLTICOS CAP-150-200","Goiás","-"]
["2017-08-01","CIMENTOS ASFÁLTICOS CAP-150-200","Pará","-"]
["2017-10-01","CIMENTOS ASFÁLTICOS CAP-150-200","Amapá","-"]
["2018-01-01","CIMENTOS ASFÁLTICOS CAP-150-200","Distrito Federal","-"]
["2018-02-01","CIMENTOS ASFÁLTICOS CAP-150-200","Roraima","-"]
["2018-04-01","CIMENTOS ASFÁLTICOS CAP-150-200","Mato Grosso do Sul","-"]
["2018-07-01","CIMENTOS ASFÁLTICOS CAP-150-200","Paraná","-"]
["2018-09-01","CIMENTOS ASFÁLTICOS CAP-150-200","Bahia","-"]
["2018-10-01","CIMENTOS ASFÁLTICOS CAP-150-200","Maranhão","-"]
["2018-11-01","CIMENTOS ASFÁLTICOS CAP-150-200","Sergipe","-"]
["2019-03-01","CIMENTOS ASFÁLTICOS CAP-150-200","Pará","-"]
["2019-03-01","CIMENTOS ASFÁLTICOS CAP-150-200","Rondônia","-"]
["2019-06-01","CIMENTOS ASFÁLTICOS CAP-150-200","Distrito Federal","-"]
["2019-07-01","CIMENTOS ASFÁLTICOS CAP-150-200","Roraima","-"]
["2019-10-01","CIMENTOS ASFÁLTICOS CAP-150-200","Tocantins","-"]
["2019-12-01","CIMENTOS ASFÁLTICOS CAP-150-200","Paraná","-"]
["2020-01-01","CIMENTOS ASFÁLTICOS CAP-150-200","Rio Grande do Sul","-"]
["2020-05-01","CIMENTOS ASFÁLTICOS CAP-150-200","Goiás","-"]
["2020-06-01","CIMENTOS ASFÁLTICOS CAP-150-200","São Paulo","-"]
["2020-08-01","CIMENTOS ASFÁLTICOS CAP-150-200","Amapá","-"]
["2020-09-01","CIMENTOS ASFÁLTICOS CAP-150-200","Rio de Janeiro","-"]
["2020-12-01","CIMENTOS ASFÁLTICOS CAP-150-200","Roraima","-"]
["2021-02-01","CIMENTOS ASFÁLTICOS CAP-150-200","Mato Grosso do Sul","-"]
["2021-04-01","CIMENTOS ASFÁLTICOS CAP-150-200","Acre","-"]
["2021-05-01","CIMENTOS ASFÁLTICOS CAP-150-200","Ceará","-"]
["2021-08-01","CIMENTOS ASFÁLTICOS CAP-150-200","Ceará","-"]
["2021-10-01","CIMENTOS ASFÁLTICOS CAP-150-200","Goiás","-"]
["2021-11-01","CIMENTOS ASFÁLTICOS CAP-150-200","Pará","-"]
["2022-01-01","CIMENTOS ASFÁLTICOS CAP-150-200","Amapá","-"]
["2022-04-01","CIMENTOS ASFÁLTICOS CAP-150-200","Distrito Federal","-"]
["2022-05-01","CIMENTOS ASFÁLTICOS CAP-150-200","Roraima","-"]
["2022-07-01","CIMENTOS ASFÁLTICOS CAP-150-200","Mato Grosso do Sul","-"]
["2022-10-01","CIMENTOS ASFÁLTICOS CAP-150-200","Paraná","-"]
["2022-12-01","CIMENTOS ASFÁLTICOS CAP-150-200","Bahia","-"]
["2023-01-01","CIMENTOS ASFÁLTICOS CAP-150-200","Rio Grande do Sul","-"]
["2023-02-01","CIMENTOS ASFÁLTICOS CAP-150-200","Sergipe","-"]
["2023-06-01","CIMENTOS ASFÁLTICOS CAP-150-200","Pará","-"]
["2023-07-01","CIMENTOS ASFÁLTICOS CAP-150-200","Rio de Janeiro","-"]
["2023-09-01","CIMENTOS ASFÁLTICOS CAP-150-200","Espírito Santo","-"]
["2023-10-01","CIMENTOS ASFÁLTICOS CAP-150-200","Santa Catarina","-"]
["2024-01-01","CIMENTOS ASFÁLTICOS CAP-150-200","Rio Grande do Norte","-"]
["2024-03-01","CIMENTOS ASFÁLTICOS CAP-150-200","Paraná","-"]
["2024-04-01","CIMENTOS ASFÁLTICOS CAP-150-200","Rio Grande do Sul","-"]
["2024-08-01","CIMENTOS ASFÁLTICOS CAP-150-200","Goiás","-"]
["2024-09-01","CIMENTOS ASFÁLTICOS CAP-150-200","São Paulo","-"]
["2024-11-01","CIMENTOS ASFÁLTICOS CAP-150-200","Amapá","-"]
["2024-12-01","CIMENTOS ASFÁLTICOS CAP-150-200","Rio de Janeiro","-"]
["2025-02-01","CIMENTOS ASFÁLTICOS CAP-150-200","Espírito Santo","-"]
["2025-05-01","CIMENTOS ASFÁLTICOS CAP-150-200","Mato Grosso do Sul","-"]
["2025-07-01","CIMENTOS ASFÁLTICOS CAP-150-200","Acre","-"]
["2013-01-01","CIMENTOS ASFÁLTICOS CAP-30-45","Ceará","-"]
["2013-04-01","CIMENTOS ASFÁLTICOS CAP-30-45","Rio Grande do Sul","-"]
["2013-06-01","CIMENTOS ASFÁLTICOS CAP-30-45","Maranhão","-"]
["2013-07-01","CIMENTOS ASFÁLTICOS CAP-30-45","Paraíba","-"]
["2013-09-01","CIMENTOS ASFÁLTICOS CAP-30-45","Ceará","-"]
["2013-12-01","CIMENTOS ASFÁLTICOS CAP-30-45","Distrito Federal","-"]
["2014-01-01","CIMENTOS ASFÁLTICOS CAP-30-45","Roraima","-"]
["2014-03-01","CIMENTOS ASFÁLTICOS CAP-30-45","Mato Grosso do Sul","-"]
["2014-06-01","CIMENTOS ASFÁLTICOS CAP-30-45","Paraná","-"]
["2014-08-01","CIMENTOS ASFÁLTICOS CAP-30-45","Bahia","-"]
["2014-09-01","CIMENTOS ASFÁLTICOS CAP-30-45","Rio Grande do Sul","-"]
["2014-10-01","CIMENTOS ASFÁLTICOS CAP-30-45","Sergipe","-"]
["2015-02-01","CIMENTOS ASFÁLTICOS CAP-30-45","Pará","-"]
["2015-03-01","CIMENTOS ASFÁLTICOS CAP-30-45","Rio de Janeiro","-"]
["2015-05-01","CIMENTOS ASFÁLTICOS CAP-30-45","Espírito Santo","-"]
["2015-06-01","CIMENTOS ASFÁLTICOS CAP-30-45","Santa Catarina","-"]
["2015-10-01","CIMENTOS ASFÁLTICOS CAP-30-45","Acre","-"]
["2015-11-01","CIMENTOS ASFÁLTICOS CAP-30-45","Pernambuco","-"]
["2016-01-01","CIMENTOS ASFÁLTICOS CAP-30-45","Ceará","-"]
["2016-02-01","CIMENTOS ASFÁLTICOS CAP-30-45","Rio Grande do Norte","-"]
["2016-05-01","CIMENTOS ASFÁLTICOS CAP-30-45","São Paulo",1.6795894473563118]
["2016-07-01","CIMENTOS ASFÁLTICOS CAP-30-45","Amapá","-"]
["2016-08-01","CIMENTOS ASFÁLTICOS CAP-30-45","Rio de Janeiro",1.5893049893412925]
["2016-10-01","CIMENTOS ASFÁLTICOS CAP-30-45","Espírito Santo","-"]
["2017-01-01","CIMENTOS ASFÁLTICOS CAP-30-45","Mato Grosso do Sul","-"]
["2017-03-01","CIMENTOS ASFÁLTICOS CAP-30-45","Acre","-"]
["2017-04-01","CIMENTOS ASFÁLTICOS CAP-30-45","Ceará","-"]
["2017-07-01","CIMENTOS ASFÁLTICOS CAP-30-45","Rio Grande do Sul","-"]
["2017-09-01","CIMENTOS ASFÁLTICOS CAP-30-45","Maranhão","-"]
["2017-10-01","CIMENTOS ASFÁLTICOS CAP-30-45","Paraíba","-"]
["2017-12-01","CIMENTOS ASFÁLTICOS CAP-30-45","Amazonas","-"]
["2018-03-01","CIMENTOS ASFÁLTICOS CAP-30-45","Rio de Janeiro",1.5245441293054658]
["2018-04-01","CIMENTOS ASFÁLTICOS CAP-30-45","Santa Catarina","-"]
["2018-07-01","CIMENTOS ASFÁLTICOS CAP-30-45","Amazonas","-"]
["2018-09-01","CIMENTOS ASFÁLTICOS CAP-30-45","Paraná","-"]
["2018-11-01","CIMENTOS ASFÁLTICOS CAP-30-45","Bahia","-"]
["2018-12-01","CIMENTOS ASFÁLTICOS CAP-30-45","Rio Grande do Sul","-"]
["2019-01-01","CIMENTOS ASFÁLTICOS CAP-30-45","Sergipe","-"]
["2019-05-01","CIMENTOS ASFÁLTICOS CAP-30-45","Pará","-"]
["2019-07-01","CIMENTOS ASFÁLTICOS CAP-30-45","Amapá","-"]
["2019-08-01","CIMENTOS ASFÁLTICOS CAP-30-45","Espírito Santo","-"]
["2019-09-01","CIMENTOS ASFÁLTICOS CAP-30-45","Santa Catarina","-"]
["2020-01-01","CIMENTOS ASFÁLTICOS CAP-30-45","Acre","-"]
["2020-02-01","CIMENTOS ASFÁLTICOS CAP-30-45","Pernambuco","-"]
["2020-04-01","CIMENTOS ASFÁLTICOS CAP-30-45","Ceará","-"]
["2020-05-01","CIMENTOS ASFÁLTICOS CAP-30-45","Mato Grosso",2.6730656862262911]
["2020-08-01","CIMENTOS ASFÁLTICOS CAP-30-45","Sergipe","-"]
["2020-10-01","CIMENTOS ASFÁLTICOS CAP-30-45","Amazonas","-"]
["2020-12-01","CIMENTOS ASFÁLTICOS CAP-30-45","Piauí","-"]
["2021-01-01","CIMENTOS ASFÁLTICOS CAP-30-45","Espírito Santo",2.5676091617127685]
["2021-04-01","CIMENTOS ASFÁLTICOS CAP-30-45","Mato Grosso do Sul",2.7954016768153291]
["2021-06-01","CIMENTOS ASFÁLTICOS CAP-30-45","Acre","-"]
["2021-07-01","CIMENTOS ASFÁLTICOS CAP-30-45","Pernambuco","-"]
["2021-10-01","CIMENTOS ASFÁLTICOS CAP-30-45","Rio Grande do Sul","-"]
["2021-12-01","CIMENTOS ASFÁLTICOS CAP-30-45","Maranhão","-"]
["2022-01-01","CIMENTOS ASFÁLTICOS CAP-30-45","Paraíba","-"]
["2022-03-01","CIMENTOS ASFÁLTICOS CAP-30-45","Amazonas","-"]
["2022-06-01","CIMENTOS ASFÁLTICOS CAP-30-45","Rio de Janeiro",4.532894135271798]
["2022-07-01","CIMENTOS ASFÁLTICOS CAP-30-45","Santa Catarina","-"]
["2022-09-01","CIMENTOS ASFÁLTICOS CAP-30-45","Minas Gerais",3.9074992323700628]
["2022-12-01","CIMENTOS ASFÁLTICOS CAP-30-45","Pernambuco","-"]
["2023-02-01","CIMENTOS ASFÁLTICOS CAP-30-45","Ceará","-"]
["2023-03-01","CIMENTOS ASFÁLTICOS CAP-30-45","Amazonas","-"]
["2023-04-01","CIMENTOS ASFÁLTICOS CAP-30-45","Sergipe","-"]
["2023-08-01","CIMENTOS ASFÁLTICOS CAP-30-45","Pará","-"]
["2023-10-01","CIMENTOS ASFÁLTICOS CAP-30-45","Amapá","-"]
["2023-11-01","CIMENTOS ASFÁLTICOS CAP-30-45","Espírito Santo",3.3836795070302772]
["2023-12-01","CIMENTOS ASFÁLTICOS CAP-30-45","Santa Catarina","-"]
["2024-04-01","CIMENTOS ASFÁLTICOS CAP-30-45","Acre","-"]
["2024-05-01","CIMENTOS ASFÁLTICOS CAP-30-45","Pernambuco","-"]
["2024-07-01","CIMENTOS ASFÁLTICOS CAP-30-45","Ceará","-"]
["2024-08-01","CIMENTOS ASFÁLTICOS CAP-30-45","Mato Grosso",4.7329930408288607]
["2024-11-01","CIMENTOS ASFÁLTICOS CAP-30-45","Sergipe","-"]
["2025-01-01","CIMENTOS ASFÁLTICOS CAP-30-45","Paraíba","-"]
["2025-02-01","CIMENTOS ASFÁLTICOS CAP-30-45","Rio Grande do Norte","-"]
["2025-04-01","CIMENTOS ASFÁLTICOS CAP-30-45","Goiás",3.9294469214621088]
["2025-07-01","CIMENTOS ASFÁLTICOS CAP-30-45","Minas Gerais",3.7065002226317594]
["2013-01-01","CIMENTOS ASFÁLTICOS CAP-50-70","Piauí","-"]
["2013-03-01","CIMENTOS ASFÁLTICOS CAP-50-70","Pernambuco","-"]
["2013-06-01","CIMENTOS ASFÁLTICOS CAP-50-70","Rio Grande do Sul",0.86925682820863759]
["2013-08-01","CIMENTOS ASFÁLTICOS CAP-50-70","Maranhão","-"]
["2013-09-01","CIMENTOS ASFÁLTICOS CAP-50-70","Paraíba","-"]
["2013-11-01","CIMENTOS ASFÁLTICOS CAP-50-70","Amazonas",0.92898169566901712]
["2014-02-01","CIMENTOS ASFÁLTICOS CAP-50-70","Rio de Janeiro",0.91593329259540646]
["2014-03-01","CIMENTOS ASFÁLTICOS CAP-50-70","Santa Catarina","-"]
["2014-05-01","CIMENTOS ASFÁLTICOS CAP-50-70","Minas Gerais",0.93729203689847185]
["2014-07-01","CIMENTOS ASFÁLTICOS CAP-50-70","Alagoas","-"]
["2014-10-01","CIMENTOS ASFÁLTICOS CAP-50-70","Ceará",0.92098380625073861]
["2014-11-01","CIMENTOS ASFÁLTICOS CAP-50-70","Rondônia","-"]
["2014-12-01","CIMENTOS ASFÁLTICOS CAP-50-70","Tocantins","-"]
["2015-02-01","CIMENTOS ASFÁLTICOS CAP-50-70","Paraná",1.221310830336712]
["2015-06-01","CIMENTOS ASFÁLTICOS CAP-50-70","Alagoas","-"]
["2015-07-01","CIMENTOS ASFÁLTICOS CAP-50-70","Espírito Santo","-"]
["2015-08-01","CIMENTOS ASFÁLTICOS CAP-50-70","Santa Catarina","-"]
["2015-10-01","CIMENTOS ASFÁLTICOS CAP-50-70","Minas Gerais",1.2440210516763412]
["2016-01-01","CIMENTOS ASFÁLTICOS CAP-50-70","Pernambuco","-"]
["2016-03-01","CIMENTOS ASFÁLTICOS CAP-50-70","Ceará",1.5264757368441628]
["2016-04-01","CIMENTOS ASFÁLTICOS CAP-50-70","Mato Grosso",2.0459358096284483]
["2016-07-01","CIMENTOS ASFÁLTICOS CAP-50-70","Sergipe","-"]
["2016-09-01","CIMENTOS ASFÁLTICOS CAP-50-70","Paraíba","-"]
["2016-10-01","CIMENTOS ASFÁLTICOS CAP-50-70","Rio Grande do Norte","-"]
["2016-12-01","CIMENTOS ASFÁLTICOS CAP-50-70","Goiás",1.9875651732259598]
["2017-03-01","CIMENTOS ASFÁLTICOS CAP-50-70","Minas Gerais",1.4380083530748553]
["2017-05-01","CIMENTOS ASFÁLTICOS CAP-50-70","Alagoas","-"]
["2017-06-01","CIMENTOS ASFÁLTICOS CAP-50-70","Piauí","-"]
["2017-09-01","CIMENTOS ASFÁLTICOS CAP-50-70","Rondônia","-"]
["2017-11-01","CIMENTOS ASFÁLTICOS CAP-50-70","Paraná",1.5672140895367539]
["2017-12-01","CIMENTOS ASFÁLTICOS CAP-50-70","Sergipe","-"]
["2018-02-01","CIMENTOS ASFÁLTICOS CAP-50-70","Amazonas",1.7002756827489969]
["2018-05-01","CIMENTOS ASFÁLTICOS CAP-50-70","Rio de Janeiro",1.7316068709012122]
["2018-06-01","CIMENTOS ASFÁLTICOS CAP-50-70","Santa Catarina","-"]
["2018-08-01","CIMENTOS ASFÁLTICOS CAP-50-70","Minas Gerais",2.0868243793479531]
["2018-10-01","CIMENTOS ASFÁLTICOS CAP-50-70","Alagoas","-"]
["2019-01-01","CIMENTOS ASFÁLTICOS CAP-50-70","Ceará",2.4309564339497585]
["2019-02-01","CIMENTOS ASFÁLTICOS CAP-50-70","Rondônia","-"]
["2019-03-01","CIMENTOS ASFÁLTICOS CAP-50-70","Tocantins","-"]
["2019-05-01","CIMENTOS ASFÁLTICOS CAP-50-70","Paraná",2.7101796051466112]
["2019-09-01","CIMENTOS ASFÁLTICOS CAP-50-70","Amazonas",2.6007595756376092]
["2019-10-01","CIMENTOS ASFÁLTICOS CAP-50-70","Goiás",2.7822596274103328]
["2019-11-01","CIMENTOS ASFÁLTICOS CAP-50-70","São Paulo",2.700436637247567]
["2020-02-01","CIMENTOS ASFÁLTICOS CAP-50-70","Alagoas","-"]
["2020-04-01","CIMENTOS ASFÁLTICOS CAP-50-70","Pernambuco","-"]
["2020-06-01","CIMENTOS ASFÁLTICOS CAP-50-70","Ceará",2.1315622364617384]
["2020-07-01","CIMENTOS ASFÁLTICOS CAP-50-70","Mato Grosso",2.6721129862438793]
["2020-10-01","CIMENTOS ASFÁLTICOS CAP-50-70","Sergipe","-"]
["2020-12-01","CIMENTOS ASFÁLTICOS CAP-50-70","Paraíba","-"]
["2021-01-01","CIMENTOS ASFÁLTICOS CAP-50-70","Rio Grande do Norte","-"]
["2021-03-01","CIMENTOS ASFÁLTICOS CAP-50-70","Goiás",2.8517136927488034]
["2021-06-01","CIMENTOS ASFÁLTICOS CAP-50-70","Santa Catarina","-"]
["2021-08-01","CIMENTOS ASFÁLTICOS CAP-50-70","Alagoas","-"]
["2021-09-01","CIMENTOS ASFÁLTICOS CAP-50-70","Piauí","-"]
["2021-12-01","CIMENTOS ASFÁLTICOS CAP-50-70","Rondônia","-"]
["2022-02-01","CIMENTOS ASFÁLTICOS CAP-50-70","Mato Grosso",4.5330688044520029]
["2022-03-01","CIMENTOS ASFÁLTICOS CAP-50-70","Tocantins","-"]
["2022-05-01","CIMENTOS ASFÁLTICOS CAP-50-70","Bahia",4.4045128860804521]
["2022-07-01","CIMENTOS ASFÁLTICOS CAP-50-70","Paraná",4.3031129553118275]
["2022-09-01","CIMENTOS ASFÁLTICOS CAP-50-70","Santa Catarina","-"]
["2022-11-01","CIMENTOS ASFÁLTICOS CAP-50-70","Minas Gerais",3.5533515213892293]
["2023-01-01","CIMENTOS ASFÁLTICOS CAP-50-70","Alagoas","-"]
["2023-04-01","CIMENTOS ASFÁLTICOS CAP-50-70","Ceará",3.2426243302827942]
["2023-05-01","CIMENTOS ASFÁLTICOS CAP-50-70","Rondônia","-"]
["2023-07-01","CIMENTOS ASFÁLTICOS CAP-50-70","Mato Grosso",4.0516848307404674]
["2023-08-01","CIMENTOS ASFÁLTICOS CAP-50-70","Paraná",2.9472151544418268]
["2023-12-01","CIMENTOS ASFÁLTICOS CAP-50-70","Amazonas","-"]
["2024-01-01","CIMENTOS ASFÁLTICOS CAP-50-70","Goiás",3.5036170698528406]
["2024-02-01","CIMENTOS ASFÁLTICOS CAP-50-70","São Paulo",3.1266374479909436]
["2024-04-01","CIMENTOS ASFÁLTICOS CAP-50-70","Pará","-"]
["2024-07-01","CIMENTOS ASFÁLTICOS CAP-50-70","Piauí","-"]
["2024-09-01","CIMENTOS ASFÁLTICOS CAP-50-70","Distrito Federal",3.3888058393648106]
["2024-11-01","CIMENTOS ASFÁLTICOS CAP-50-70","Roraima","-"]
["2025-01-01","CIMENTOS ASFÁLTICOS CAP-50-70","Sergipe","-"]
["2025-03-01","CIMENTOS ASFÁLTICOS CAP-50-70","Paraíba","-"]
["2025-04-01","CIMENTOS ASFÁLTICOS CAP-50-70","Rio Grande do Norte","-"]
["2025-06-01","CIMENTOS ASFÁLTICOS CAP-50-70","Goiás",3.6304635594504049]
["2013-02-01","CIMENTOS ASFÁLTICOS CAP-85-100","Santa Catarina","-"]
["2013-04-01","CIMENTOS ASFÁLTICOS CAP-85-100","Alagoas","-"]
["2013-05-01","CIMENTOS ASFÁLTICOS CAP-85-100","Piauí","-"]
["2013-08-01","CIMENTOS ASFÁLTICOS CAP-85-100","Rondônia","-"]
["2013-10-01","CIMENTOS ASFÁLTICOS CAP-85-100","Mato Grosso","-"]
["2013-11-01","CIMENTOS ASFÁLTICOS CAP-85-100","Tocantins","-"]
["2014-01-01","CIMENTOS ASFÁLTICOS CAP-85-100","Bahia","-"]
["2014-02-01","CIMENTOS ASFÁLTICOS CAP-85-100","Rio Grande do Sul","-"]
["2014-06-01","CIMENTOS ASFÁLTICOS CAP-85-100","Goiás","-"]
["2014-07-01","CIMENTOS ASFÁLTICOS CAP-85-100","Pará","-"]
["2014-10-01","CIMENTOS ASFÁLTICOS CAP-85-100","Pará","-"]
["2014-12-01","CIMENTOS ASFÁLTICOS CAP-85-100","Ceará","-"]
["2015-01-01","CIMENTOS ASFÁLTICOS CAP-85-100","Rondônia","-"]
["2015-03-01","CIMENTOS ASFÁLTICOS CAP-85-100","Mato Grosso","-"]
["2015-04-01","CIMENTOS ASFÁLTICOS CAP-85-100","Paraná","-"]
["2015-08-01","CIMENTOS ASFÁLTICOS CAP-85-100","Amazonas","-"]
["2015-09-01","CIMENTOS ASFÁLTICOS CAP-85-100","Goiás","-"]
["2015-10-01","CIMENTOS ASFÁLTICOS CAP-85-100","São Paulo","-"]
["2015-12-01","CIMENTOS ASFÁLTICOS CAP-85-100","Pará","-"]
["2016-03-01","CIMENTOS ASFÁLTICOS CAP-85-100","Piauí","-"]
["2016-05-01","CIMENTOS ASFÁLTICOS CAP-85-100","Distrito Federal","-"]
["2016-06-01","CIMENTOS ASFÁLTICOS CAP-85-100","Roraima","-"]
["2016-09-01","CIMENTOS ASFÁLTICOS CAP-85-100","Tocantins","-"]
["2016-11-01","CIMENTOS ASFÁLTICOS CAP-85-100","Paraná","-"]
["2016-12-01","CIMENTOS ASFÁLTICOS CAP-85-100","Roraima","-"]
["2017-02-01","CIMENTOS ASFÁLTICOS CAP-85-100","Goiás","-"]
["2017-05-01","CIMENTOS ASFÁLTICOS CAP-85-100","Santa Catarina","-"]
["2017-07-01","CIMENTOS ASFÁLTICOS CAP-85-100","Alagoas","-"]
["2017-08-01","CIMENTOS ASFÁLTICOS CAP-85-100","Piauí","-"]
["2017-10-01","CIMENTOS ASFÁLTICOS CAP-85-100","Distrito Federal","-"]
["2018-01-01","CIMENTOS ASFÁLTICOS CAP-85-100","Mato Grosso","-"]
["2018-02-01","CIMENTOS ASFÁLTICOS CAP-85-100","Tocantins","-"]
["2018-04-01","CIMENTOS ASFÁLTICOS CAP-85-100","Bahia","-"]
["2018-05-01","CIMENTOS ASFÁLTICOS CAP-85-100","Rio Grande do Sul","-"]
["2018-09-01","CIMENTOS ASFÁLTICOS CAP-85-100","Goiás","-"]
["2018-10-01","CIMENTOS ASFÁLTICOS CAP-85-100","Pará","-"]
["2018-12-01","CIMENTOS ASFÁLTICOS CAP-85-100","Amapá","-"]
["2019-03-01","CIMENTOS ASFÁLTICOS CAP-85-100","Distrito Federal","-"]
["2019-04-01","CIMENTOS ASFÁLTICOS CAP-85-100","Roraima","-"]
["2019-06-01","CIMENTOS ASFÁLTICOS CAP-85-100","Pará","-"]
["2019-07-01","CIMENTOS ASFÁLTICOS CAP-85-100","Paraná","-"]
["2019-11-01","CIMENTOS ASFÁLTICOS CAP-85-100","Amazonas","-"]
["2019-12-01","CIMENTOS ASFÁLTICOS CAP-85-100","Rio Grande do Norte","-"]
["2020-01-01","CIMENTOS ASFÁLTICOS CAP-85-100","São Paulo","-"]
["2020-03-01","CIMENTOS ASFÁLTICOS CAP-85-100","Pará","-"]
["2020-06-01","CIMENTOS ASFÁLTICOS CAP-85-100","Piauí","-"]
["2020-08-01","CIMENTOS ASFÁLTICOS CAP-85-100","Distrito Federal","-"]
["2020-09-01","CIMENTOS ASFÁLTICOS CAP-85-100","Roraima","-"]
["2020-12-01","CIMENTOS ASFÁLTICOS CAP-85-100","Tocantins","-"]
["2021-02-01","CIMENTOS ASFÁLTICOS CAP-85-100","Paraná","-"]
["2021-03-01","CIMENTOS ASFÁLTICOS CAP-85-100","Rio Grande do Sul","-"]
["2021-05-01","CIMENTOS ASFÁLTICOS CAP-85-100","Maranhão","-"]
["2021-08-01","CIMENTOS ASFÁLTICOS CAP-85-100","São Paulo","-"]
["2021-10-01","CIMENTOS ASFÁLTICOS CAP-85-100","Rio Grande do Sul","-"]
["2021-11-01","CIMENTOS ASFÁLTICOS CAP-85-100","Piauí","-"]
["2022-01-01","CIMENTOS ASFÁLTICOS CAP-85-100","Distrito Federal","-"]
["2022-04-01","CIMENTOS ASFÁLTICOS CAP-85-100","Mato Grosso","-"]
["2022-05-01","CIMENTOS ASFÁLTICOS CAP-85-100","Tocantins","-"]
["2022-07-01","CIMENTOS ASFÁLTICOS CAP-85-100","Bahia","-"]
["2022-08-01","CIMENTOS ASFÁLTICOS CAP-85-100","Rio Grande do Sul","-"]
["2022-12-01","CIMENTOS ASFÁLTICOS CAP-85-100","Goiás","-"]
["2023-01-01","CIMENTOS ASFÁLTICOS CAP-85-100","Pará","-"]
["2023-03-01","CIMENTOS ASFÁLTICOS CAP-85-100","Amapá","-"]
["2023-04-01","CIMENTOS ASFÁLTICOS CAP-85-100","Rio de Janeiro","-"]
["2023-07-01","CIMENTOS ASFÁLTICOS CAP-85-100","Roraima","-"]
["2023-09-01","CIMENTOS ASFÁLTICOS CAP-85-100","Mato Grosso do Sul","-"]
["2023-10-01","CIMENTOS ASFÁLTICOS CAP-85-100","Pernambuco","-"]
["2024-02-01","CIMENTOS ASFÁLTICOS CAP-85-100","Bahia","-"]
["2024-02-01","CIMENTOS ASFÁLTICOS CAP-85-100","Pará","-"]
["2024-04-01","CIMENTOS ASFÁLTICOS CAP-85-100","São Paulo","-"]
["2024-06-01","CIMENTOS ASFÁLTICOS CAP-85-100","Pará","-"]
["2024-09-01","CIMENTOS ASFÁLTICOS CAP-85-100","Piauí","-"]
["2024-11-01","CIMENTOS ASFÁLTICOS CAP-85-100","Distrito Federal","-"]
["2024-12-01","CIMENTOS ASFÁLTICOS CAP-85-100","Roraima","-"]
["2025-03-01","CIMENTOS ASFÁLTICOS CAP-85-100","Tocantins","-"]
["2025-05-01","CIMENTOS ASFÁLTICOS CAP-85-100","Paraná","-"]
["2025-07-01","CIMENTOS ASFÁLTICOS CAP-85-100","Bahia","-"]
["2015-09-01","EMULSÃO ASFÁLTICA CATIÔNICA DE RUPTURA CONTROLADA PARA SERVIÇO DE LAMA ASFÁLTICA","Maranhão","-"]
["2015-10-01","EMULSÃO ASFÁLTICA CATIÔNICA DE RUPTURA CONTROLADA PARA SERVIÇO DE LAMA ASFÁLTICA","Sergipe","-"]
["2016-02-01","EMULSÃO ASFÁLTICA CATIÔNICA DE RUPTURA CONTROLADA PARA SERVIÇO DE LAMA ASFÁLTICA","Amapá","-"]
["2016-03-01","EMULSÃO ASFÁLTICA CATIÔNICA DE RUPTURA CONTROLADA PARA SERVIÇO DE LAMA ASFÁLTICA","Rio de Janeiro","-"]
["2016-05-01","EMULSÃO ASFÁLTICA CATIÔNICA DE RUPTURA CONTROLADA PARA SERVIÇO DE LAMA ASFÁLTICA","Espírito Santo","-"]
["2016-07-01","EMULSÃO ASFÁLTICA CATIÔNICA DE RUPTURA CONTROLADA PARA SERVIÇO DE LAMA ASFÁLTICA","Rio Grande do Sul","-"]
["2016-09-01","EMULSÃO ASFÁLTICA CATIÔNICA DE RUPTURA CONTROLADA PARA SERVIÇO DE LAMA ASFÁLTICA","Tocantins","-"]
["2016-11-01","EMULSÃO ASFÁLTICA CATIÔNICA DE RUPTURA CONTROLADA PARA SERVIÇO DE LAMA ASFÁLTICA","Bahia","-"]
["2016-12-01","EMULSÃO ASFÁLTICA CATIÔNICA DE RUPTURA CONTROLADA PARA SERVIÇO DE LAMA ASFÁLTICA","Rio Grande do Sul","-"]
["2017-04-01","EMULSÃO ASFÁLTICA CATIÔNICA DE RUPTURA CONTROLADA PARA SERVIÇO DE LAMA ASFÁLTICA","Goiás","-"]
["2017-05-01","EMULSÃO ASFÁLTICA CATIÔNICA DE RUPTURA CONTROLADA PARA SERVIÇO DE LAMA ASFÁLTICA","Pará","-"]
["2017-07-01","EMULSÃO ASFÁLTICA CATIÔNICA DE RUPTURA CONTROLADA PARA SERVIÇO DE LAMA ASFÁLTICA","Amapá","-"]
["2017-08-01","EMULSÃO ASFÁLTICA CATIÔNICA DE RUPTURA CONTROLADA PARA SERVIÇO DE LAMA ASFÁLTICA","Rio de Janeiro","-"]
["2017-11-01","EMULSÃO ASFÁLTICA CATIÔNICA DE RUPTURA CONTROLADA PARA SERVIÇO DE LAMA ASFÁLTICA","Roraima","-"]
["2018-01-01","EMULSÃO ASFÁLTICA CATIÔNICA DE RUPTURA CONTROLADA PARA SERVIÇO DE LAMA ASFÁLTICA","Mato Grosso do Sul","-"]
["2018-02-01","EMULSÃO ASFÁLTICA CATIÔNICA DE RUPTURA CONTROLADA PARA SERVIÇO DE LAMA ASFÁLTICA","Pernambuco","-"]
["2018-06-01","EMULSÃO ASFÁLTICA CATIÔNICA DE RUPTURA CONTROLADA PARA SERVIÇO DE LAMA ASFÁLTICA","Bahia","-"]
["2018-07-01","EMULSÃO ASFÁLTICA CATIÔNICA DE RUPTURA CONTROLADA PARA SERVIÇO DE LAMA ASFÁLTICA","Rio Grande do Sul","-"]
["2018-08-01","EMULSÃO ASFÁLTICA CATIÔNICA DE RUPTURA CONTROLADA PARA SERVIÇO DE LAMA ASFÁLTICA","Sergipe","-"]
["2018-10-01","EMULSÃO ASFÁLTICA CATIÔNICA DE RUPTURA CONTROLADA PARA SERVIÇO DE LAMA ASFÁLTICA","Paraíba","-"]
["2019-01-01","EMULSÃO ASFÁLTICA CATIÔNICA DE RUPTURA CONTROLADA PARA SERVIÇO DE LAMA ASFÁLTICA","Mato Grosso do Sul","-"]
["2019-03-01","EMULSÃO ASFÁLTICA CATIÔNICA DE RUPTURA CONTROLADA PARA SERVIÇO DE LAMA ASFÁLTICA","Distrito Federal","-"]
["2019-04-01","EMULSÃO ASFÁLTICA CATIÔNICA DE RUPTURA CONTROLADA PARA SERVIÇO DE LAMA ASFÁLTICA","Roraima","-"]
["2019-07-01","EMULSÃO ASFÁLTICA CATIÔNICA DE RUPTURA CONTROLADA PARA SERVIÇO DE LAMA ASFÁLTICA","Tocantins","-"]
["2019-09-01","EMULSÃO ASFÁLTICA CATIÔNICA DE RUPTURA CONTROLADA PARA SERVIÇO DE LAMA ASFÁLTICA","Paraná","-"]
["2019-11-01","EMULSÃO ASFÁLTICA CATIÔNICA DE RUPTURA CONTROLADA PARA SERVIÇO DE LAMA ASFÁLTICA","Bahia","-"]
["2019-12-01","EMULSÃO ASFÁLTICA CATIÔNICA DE RUPTURA CONTROLADA PARA SERVIÇO DE LAMA ASFÁLTICA","Maranhão","-"]
["2020-01-01","EMULSÃO ASFÁLTICA CATIÔNICA DE RUPTURA CONTROLADA PARA SERVIÇO DE LAMA ASFÁLTICA","Sergipe","-"]
["2020-05-01","EMULSÃO ASFÁLTICA CATIÔNICA DE RUPTURA CONTROLADA PARA SERVIÇO DE LAMA ASFÁLTICA","Amapá","-"]
["2020-06-01","EMULSÃO ASFÁLTICA CATIÔNICA DE RUPTURA CONTROLADA PARA SERVIÇO DE LAMA ASFÁLTICA","Rio de Janeiro","-"]
["2020-08-01","EMULSÃO ASFÁLTICA CATIÔNICA DE RUPTURA CONTROLADA PARA SERVIÇO DE LAMA ASFÁLTICA","Espírito Santo","-"]
["2020-11-01","EMULSÃO ASFÁLTICA CATIÔNICA DE RUPTURA CONTROLADA PARA SERVIÇO DE LAMA ASFÁLTICA","Mato Grosso do Sul","-"]
["2021-01-01","EMULSÃO ASFÁLTICA CATIÔNICA DE RUPTURA CONTROLADA PARA SERVIÇO DE LAMA ASFÁLTICA","Acre","-"]
["2021-02-01","EMULSÃO ASFÁLTICA CATIÔNICA DE RUPTURA CONTROLADA PARA SERVIÇO DE LAMA ASFÁLTICA","Pernambuco","-"]
["2021-03-01","EMULSÃO ASFÁLTICA CATIÔNICA DE RUPTURA CONTROLADA PARA SERVIÇO DE LAMA ASFÁLTICA","Rio Grande do Sul","-"]
["2021-07-01","EMULSÃO ASFÁLTICA CATIÔNICA DE RUPTURA CONTROLADA PARA SERVIÇO DE LAMA ASFÁLTICA","Goiás","-"]
["2021-08-01","EMULSÃO ASFÁLTICA CATIÔNICA DE RUPTURA CONTROLADA PARA SERVIÇO DE LAMA ASFÁLTICA","Pará","-"]
["2021-10-01","EMULSÃO ASFÁLTICA CATIÔNICA DE RUPTURA CONTROLADA PARA SERVIÇO DE LAMA ASFÁLTICA","Amapá","-"]
["2021-11-01","EMULSÃO ASFÁLTICA CATIÔNICA DE RUPTURA CONTROLADA PARA SERVIÇO DE LAMA ASFÁLTICA","Rio de Janeiro","-"]
["2022-02-01","EMULSÃO ASFÁLTICA CATIÔNICA DE RUPTURA CONTROLADA PARA SERVIÇO DE LAMA ASFÁLTICA","Roraima","-"]
["2022-04-01","EMULSÃO ASFÁLTICA CATIÔNICA DE RUPTURA CONTROLADA PARA SERVIÇO DE LAMA ASFÁLTICA","Mato Grosso do Sul","-"]
["2022-06-01","EMULSÃO ASFÁLTICA CATIÔNICA DE RUPTURA CONTROLADA PARA SERVIÇO DE LAMA ASFÁLTICA","Acre","-"]
["2022-09-01","EMULSÃO ASFÁLTICA CATIÔNICA DE RUPTURA CONTROLADA PARA SERVIÇO DE LAMA ASFÁLTICA","Bahia","-"]
["2022-10-01","EMULSÃO ASFÁLTICA CATIÔNICA DE RUPTURA CONTROLADA PARA SERVIÇO DE LAMA ASFÁLTICA","Rio Grande do Sul","-"]
["2022-11-01","EMULSÃO ASFÁLTICA CATIÔNICA DE RUPTURA CONTROLADA PARA SERVIÇO DE LAMA ASFÁLTICA","Sergipe","-"]
["2023-01-01","EMULSÃO ASFÁLTICA CATIÔNICA DE RUPTURA CONTROLADA PARA SERVIÇO DE LAMA ASFÁLTICA","Paraíba","-"]
["2023-05-01","EMULSÃO ASFÁLTICA CATIÔNICA DE RUPTURA CONTROLADA PARA SERVIÇO DE LAMA ASFÁLTICA","Amapá","-"]
["2023-06-01","EMULSÃO ASFÁLTICA CATIÔNICA DE RUPTURA CONTROLADA PARA SERVIÇO DE LAMA ASFÁLTICA","Espírito Santo","-"]
["2023-08-01","EMULSÃO ASFÁLTICA CATIÔNICA DE RUPTURA CONTROLADA PARA SERVIÇO DE LAMA ASFÁLTICA","Bahia","-"]
["2023-09-01","EMULSÃO ASFÁLTICA CATIÔNICA DE RUPTURA CONTROLADA PARA SERVIÇO DE LAMA ASFÁLTICA","Acre","-"]
["2023-12-01","EMULSÃO ASFÁLTICA CATIÔNICA DE RUPTURA CONTROLADA PARA SERVIÇO DE LAMA ASFÁLTICA","Paraná","-"]
["2024-02-01","EMULSÃO ASFÁLTICA CATIÔNICA DE RUPTURA CONTROLADA PARA SERVIÇO DE LAMA ASFÁLTICA","Bahia","-"]
["2024-03-01","EMULSÃO ASFÁLTICA CATIÔNICA DE RUPTURA CONTROLADA PARA SERVIÇO DE LAMA ASFÁLTICA","Maranhão","-"]
["2024-04-01","EMULSÃO ASFÁLTICA CATIÔNICA DE RUPTURA CONTROLADA PARA SERVIÇO DE LAMA ASFÁLTICA","Sergipe","-"]
["2024-08-01","EMULSÃO ASFÁLTICA CATIÔNICA DE RUPTURA CONTROLADA PARA SERVIÇO DE LAMA ASFÁLTICA","Pará","-"]
["2024-09-01","EMULSÃO ASFÁLTICA CATIÔNICA DE RUPTURA CONTROLADA PARA SERVIÇO DE LAMA ASFÁLTICA","Rio de Janeiro","-"]
["2024-11-01","EMULSÃO ASFÁLTICA CATIÔNICA DE RUPTURA CONTROLADA PARA SERVIÇO DE LAMA ASFÁLTICA","Espírito Santo","-"]
["2025-02-01","EMULSÃO ASFÁLTICA CATIÔNICA DE RUPTURA CONTROLADA PARA SERVIÇO DE LAMA ASFÁLTICA","Mato Grosso do Sul","-"]
["2025-04-01","EMULSÃO ASFÁLTICA CATIÔNICA DE RUPTURA CONTROLADA PARA SERVIÇO DE LAMA ASFÁLTICA","Acre","-"]
["2025-05-01","EMULSÃO ASFÁLTICA CATIÔNICA DE RUPTURA CONTROLADA PARA SERVIÇO DE LAMA ASFÁLTICA","Pernambuco","-"]
["2025-06-01","EMULSÃO ASFÁLTICA CATIÔNICA DE RUPTURA CONTROLADA PARA SERVIÇO DE LAMA ASFÁLTICA","Rondônia","-"]
["2015-11-01","EMULSÃO ASFÁLTICA DE RUPTURA LENTA CATIÔNICA PARA SERVIÇO DE LAMA ASFÁLTICA","Maranhão","-"]
["2015-12-01","EMULSÃO ASFÁLTICA DE RUPTURA LENTA CATIÔNICA PARA SERVIÇO DE LAMA ASFÁLTICA","Paraíba","-"]
["2016-02-01","EMULSÃO ASFÁLTICA DE RUPTURA LENTA CATIÔNICA PARA SERVIÇO DE LAMA ASFÁLTICA","Rio de Janeiro","-"]
["2016-03-01","EMULSÃO ASFÁLTICA DE RUPTURA LENTA CATIÔNICA PARA SERVIÇO DE LAMA ASFÁLTICA","Rio de Janeiro","-"]
["2016-06-01","EMULSÃO ASFÁLTICA DE RUPTURA LENTA CATIÔNICA PARA SERVIÇO DE LAMA ASFÁLTICA","Roraima","-"]
["2016-08-01","EMULSÃO ASFÁLTICA DE RUPTURA LENTA CATIÔNICA PARA SERVIÇO DE LAMA ASFÁLTICA","Mato Grosso do Sul","-"]
["2016-10-01","EMULSÃO ASFÁLTICA DE RUPTURA LENTA CATIÔNICA PARA SERVIÇO DE LAMA ASFÁLTICA","Acre","-"]
["2017-01-01","EMULSÃO ASFÁLTICA DE RUPTURA LENTA CATIÔNICA PARA SERVIÇO DE LAMA ASFÁLTICA","Bahia","-"]
["2017-02-01","EMULSÃO ASFÁLTICA DE RUPTURA LENTA CATIÔNICA PARA SERVIÇO DE LAMA ASFÁLTICA","Rio Grande do Sul","-"]
["2017-03-01","EMULSÃO ASFÁLTICA DE RUPTURA LENTA CATIÔNICA PARA SERVIÇO DE LAMA ASFÁLTICA","Sergipe","-"]
["2017-05-01","EMULSÃO ASFÁLTICA DE RUPTURA LENTA CATIÔNICA PARA SERVIÇO DE LAMA ASFÁLTICA","Paraíba","-"]
["2017-07-01","EMULSÃO ASFÁLTICA DE RUPTURA LENTA CATIÔNICA PARA SERVIÇO DE LAMA ASFÁLTICA","Amazonas","-"]
["2017-10-01","EMULSÃO ASFÁLTICA DE RUPTURA LENTA CATIÔNICA PARA SERVIÇO DE LAMA ASFÁLTICA","Espírito Santo","-"]
["2017-11-01","EMULSÃO ASFÁLTICA DE RUPTURA LENTA CATIÔNICA PARA SERVIÇO DE LAMA ASFÁLTICA","Santa Catarina","-"]
["2018-01-01","EMULSÃO ASFÁLTICA DE RUPTURA LENTA CATIÔNICA PARA SERVIÇO DE LAMA ASFÁLTICA","Minas Gerais","-"]
["2018-04-01","EMULSÃO ASFÁLTICA DE RUPTURA LENTA CATIÔNICA PARA SERVIÇO DE LAMA ASFÁLTICA","Pernambuco","-"]
["2018-05-01","EMULSÃO ASFÁLTICA DE RUPTURA LENTA CATIÔNICA PARA SERVIÇO DE LAMA ASFÁLTICA","Bahia","-"]
["2018-07-01","EMULSÃO ASFÁLTICA DE RUPTURA LENTA CATIÔNICA PARA SERVIÇO DE LAMA ASFÁLTICA","Maranhão","-"]
["2018-08-01","EMULSÃO ASFÁLTICA DE RUPTURA LENTA CATIÔNICA PARA SERVIÇO DE LAMA ASFÁLTICA","Sergipe","-"]
["2018-12-01","EMULSÃO ASFÁLTICA DE RUPTURA LENTA CATIÔNICA PARA SERVIÇO DE LAMA ASFÁLTICA","Pará","-"]
["2019-01-01","EMULSÃO ASFÁLTICA DE RUPTURA LENTA CATIÔNICA PARA SERVIÇO DE LAMA ASFÁLTICA","Rio de Janeiro","-"]
["2019-03-01","EMULSÃO ASFÁLTICA DE RUPTURA LENTA CATIÔNICA PARA SERVIÇO DE LAMA ASFÁLTICA","Espírito Santo","-"]
["2019-06-01","EMULSÃO ASFÁLTICA DE RUPTURA LENTA CATIÔNICA PARA SERVIÇO DE LAMA ASFÁLTICA","Mato Grosso do Sul","-"]
["2019-08-01","EMULSÃO ASFÁLTICA DE RUPTURA LENTA CATIÔNICA PARA SERVIÇO DE LAMA ASFÁLTICA","Acre","-"]
["2019-09-01","EMULSÃO ASFÁLTICA DE RUPTURA LENTA CATIÔNICA PARA SERVIÇO DE LAMA ASFÁLTICA","Pernambuco","-"]
["2019-10-01","EMULSÃO ASFÁLTICA DE RUPTURA LENTA CATIÔNICA PARA SERVIÇO DE LAMA ASFÁLTICA","Rondônia","-"]
["2020-02-01","EMULSÃO ASFÁLTICA DE RUPTURA LENTA CATIÔNICA PARA SERVIÇO DE LAMA ASFÁLTICA","Maranhão","-"]
["2020-03-01","EMULSÃO ASFÁLTICA DE RUPTURA LENTA CATIÔNICA PARA SERVIÇO DE LAMA ASFÁLTICA","Sergipe","-"]
["2020-05-01","EMULSÃO ASFÁLTICA DE RUPTURA LENTA CATIÔNICA PARA SERVIÇO DE LAMA ASFÁLTICA","Amazonas","-"]
["2020-06-01","EMULSÃO ASFÁLTICA DE RUPTURA LENTA CATIÔNICA PARA SERVIÇO DE LAMA ASFÁLTICA","Rio Grande do Norte","-"]
["2020-09-01","EMULSÃO ASFÁLTICA DE RUPTURA LENTA CATIÔNICA PARA SERVIÇO DE LAMA ASFÁLTICA","Santa Catarina","-"]
["2020-10-01","EMULSÃO ASFÁLTICA DE RUPTURA LENTA CATIÔNICA PARA SERVIÇO DE LAMA ASFÁLTICA","Rio de Janeiro","-"]
["2021-01-01","EMULSÃO ASFÁLTICA DE RUPTURA LENTA CATIÔNICA PARA SERVIÇO DE LAMA ASFÁLTICA","Acre","-"]
["2021-04-01","EMULSÃO ASFÁLTICA DE RUPTURA LENTA CATIÔNICA PARA SERVIÇO DE LAMA ASFÁLTICA","Bahia","-"]
["2021-05-01","EMULSÃO ASFÁLTICA DE RUPTURA LENTA CATIÔNICA PARA SERVIÇO DE LAMA ASFÁLTICA","Rio Grande do Sul","-"]
["2021-07-01","EMULSÃO ASFÁLTICA DE RUPTURA LENTA CATIÔNICA PARA SERVIÇO DE LAMA ASFÁLTICA","Maranhão","-"]
["2021-08-01","EMULSÃO ASFÁLTICA DE RUPTURA LENTA CATIÔNICA PARA SERVIÇO DE LAMA ASFÁLTICA","Paraíba","-"]
["2021-10-01","EMULSÃO ASFÁLTICA DE RUPTURA LENTA CATIÔNICA PARA SERVIÇO DE LAMA ASFÁLTICA","Amazonas","-"]
["2022-01-01","EMULSÃO ASFÁLTICA DE RUPTURA LENTA CATIÔNICA PARA SERVIÇO DE LAMA ASFÁLTICA","Espírito Santo","-"]
["2022-02-01","EMULSÃO ASFÁLTICA DE RUPTURA LENTA CATIÔNICA PARA SERVIÇO DE LAMA ASFÁLTICA","Santa Catarina","-"]
["2022-04-01","EMULSÃO ASFÁLTICA DE RUPTURA LENTA CATIÔNICA PARA SERVIÇO DE LAMA ASFÁLTICA","Minas Gerais","-"]
["2022-07-01","EMULSÃO ASFÁLTICA DE RUPTURA LENTA CATIÔNICA PARA SERVIÇO DE LAMA ASFÁLTICA","Pernambuco","-"]
["2022-09-01","EMULSÃO ASFÁLTICA DE RUPTURA LENTA CATIÔNICA PARA SERVIÇO DE LAMA ASFÁLTICA","Ceará","-"]
["2022-10-01","EMULSÃO ASFÁLTICA DE RUPTURA LENTA CATIÔNICA PARA SERVIÇO DE LAMA ASFÁLTICA","Mato Grosso","-"]
["2022-11-01","EMULSÃO ASFÁLTICA DE RUPTURA LENTA CATIÔNICA PARA SERVIÇO DE LAMA ASFÁLTICA","Tocantins","-"]
["2023-03-01","EMULSÃO ASFÁLTICA DE RUPTURA LENTA CATIÔNICA PARA SERVIÇO DE LAMA ASFÁLTICA","Amapá","-"]
["2023-04-01","EMULSÃO ASFÁLTICA DE RUPTURA LENTA CATIÔNICA PARA SERVIÇO DE LAMA ASFÁLTICA","Rio de Janeiro","-"]
["2023-06-01","EMULSÃO ASFÁLTICA DE RUPTURA LENTA CATIÔNICA PARA SERVIÇO DE LAMA ASFÁLTICA","Espírito Santo","-"]
["2023-07-01","EMULSÃO ASFÁLTICA DE RUPTURA LENTA CATIÔNICA PARA SERVIÇO DE LAMA ASFÁLTICA","Santa Catarina","-"]
["2023-11-01","EMULSÃO ASFÁLTICA DE RUPTURA LENTA CATIÔNICA PARA SERVIÇO DE LAMA ASFÁLTICA","Acre","-"]
["2023-12-01","EMULSÃO ASFÁLTICA DE RUPTURA LENTA CATIÔNICA PARA SERVIÇO DE LAMA ASFÁLTICA","Pernambuco","-"]
["2024-01-01","EMULSÃO ASFÁLTICA DE RUPTURA LENTA CATIÔNICA PARA SERVIÇO DE LAMA ASFÁLTICA","Rondônia","-"]
["2024-05-01","EMULSÃO ASFÁLTICA DE RUPTURA LENTA CATIÔNICA PARA SERVIÇO DE LAMA ASFÁLTICA","Maranhão","-"]
["2024-06-01","EMULSÃO ASFÁLTICA DE RUPTURA LENTA CATIÔNICA PARA SERVIÇO DE LAMA ASFÁLTICA","Sergipe","-"]
["2024-08-01","EMULSÃO ASFÁLTICA DE RUPTURA LENTA CATIÔNICA PARA SERVIÇO DE LAMA ASFÁLTICA","Amazonas","-"]
["2024-09-01","EMULSÃO ASFÁLTICA DE RUPTURA LENTA CATIÔNICA PARA SERVIÇO DE LAMA ASFÁLTICA","Rio Grande do Norte","-"]
["2024-12-01","EMULSÃO ASFÁLTICA DE RUPTURA LENTA CATIÔNICA PARA SERVIÇO DE LAMA ASFÁLTICA","Santa Catarina","-"]
["2025-02-01","EMULSÃO ASFÁLTICA DE RUPTURA LENTA CATIÔNICA PARA SERVIÇO DE LAMA ASFÁLTICA","Minas Gerais","-"]
["2025-04-01","EMULSÃO ASFÁLTICA DE RUPTURA LENTA CATIÔNICA PARA SERVIÇO DE LAMA ASFÁLTICA","Alagoas","-"]
["2025-05-01","EMULSÃO ASFÁLTICA DE RUPTURA LENTA CATIÔNICA PARA SERVIÇO DE LAMA ASFÁLTICA","Distrito Federal","-"]
["2015-09-01","EMULSÃO ASFÁLTICA DE RUPTURA LENTA DE CARGA NEUTRA PARA SERVIÇO DE LAMA ASFÁLTICA","Pernambuco","-"]
["2015-11-01","EMULSÃO ASFÁLTICA DE RUPTURA LENTA DE CARGA NEUTRA PARA SERVIÇO DE LAMA ASFÁLTICA","Maranhão","-"]
["2015-12-01","EMULSÃO ASFÁLTICA DE RUPTURA LENTA DE CARGA NEUTRA PARA SERVIÇO DE LAMA ASFÁLTICA","Paraíba","-"]
["2016-02-01","EMULSÃO ASFÁLTICA DE RUPTURA LENTA DE CARGA NEUTRA PARA SERVIÇO DE LAMA ASFÁLTICA","Amazonas","-"]
["2016-05-01","EMULSÃO ASFÁLTICA DE RUPTURA LENTA DE CARGA NEUTRA PARA SERVIÇO DE LAMA ASFÁLTICA","Espírito Santo","-"]
["2016-06-01","EMULSÃO ASFÁLTICA DE RUPTURA LENTA DE CARGA NEUTRA PARA SERVIÇO DE LAMA ASFÁLTICA","Santa Catarina","-"]
["2016-08-01","EMULSÃO ASFÁLTICA DE RUPTURA LENTA DE CARGA NEUTRA PARA SERVIÇO DE LAMA ASFÁLTICA","Minas Gerais","-"]
["2016-11-01","EMULSÃO ASFÁLTICA DE RUPTURA LENTA DE CARGA NEUTRA PARA SERVIÇO DE LAMA ASFÁLTICA","Pernambuco","-"]
["2017-01-01","EMULSÃO ASFÁLTICA DE RUPTURA LENTA DE CARGA NEUTRA PARA SERVIÇO DE LAMA ASFÁLTICA","Ceará","-"]
["2017-02-01","EMULSÃO ASFÁLTICA DE RUPTURA LENTA DE CARGA NEUTRA PARA SERVIÇO DE LAMA ASFÁLTICA","Rondônia","-"]
["2017-03-01","EMULSÃO ASFÁLTICA DE RUPTURA LENTA DE CARGA NEUTRA PARA SERVIÇO DE LAMA ASFÁLTICA","Tocantins","-"]
["2017-07-01","EMULSÃO ASFÁLTICA DE RUPTURA LENTA DE CARGA NEUTRA PARA SERVIÇO DE LAMA ASFÁLTICA","Paraíba","-"]
["2017-08-01","EMULSÃO ASFÁLTICA DE RUPTURA LENTA DE CARGA NEUTRA PARA SERVIÇO DE LAMA ASFÁLTICA","Rio Grande do Norte","-"]
["2017-10-01","EMULSÃO ASFÁLTICA DE RUPTURA LENTA DE CARGA NEUTRA PARA SERVIÇO DE LAMA ASFÁLTICA","Goiás","-"]
["2017-12-01","EMULSÃO ASFÁLTICA DE RUPTURA LENTA DE CARGA NEUTRA PARA SERVIÇO DE LAMA ASFÁLTICA","Amapá","-"]
["2018-03-01","EMULSÃO ASFÁLTICA DE RUPTURA LENTA DE CARGA NEUTRA PARA SERVIÇO DE LAMA ASFÁLTICA","Acre","-"]
["2018-04-01","EMULSÃO ASFÁLTICA DE RUPTURA LENTA DE CARGA NEUTRA PARA SERVIÇO DE LAMA ASFÁLTICA","Pernambuco","-"]
["2018-05-01","EMULSÃO ASFÁLTICA DE RUPTURA LENTA DE CARGA NEUTRA PARA SERVIÇO DE LAMA ASFÁLTICA","Rondônia","-"]
["2018-09-01","EMULSÃO ASFÁLTICA DE RUPTURA LENTA DE CARGA NEUTRA PARA SERVIÇO DE LAMA ASFÁLTICA","Maranhão","-"]
["2018-10-01","EMULSÃO ASFÁLTICA DE RUPTURA LENTA DE CARGA NEUTRA PARA SERVIÇO DE LAMA ASFÁLTICA","Sergipe","-"]
["2018-12-01","EMULSÃO ASFÁLTICA DE RUPTURA LENTA DE CARGA NEUTRA PARA SERVIÇO DE LAMA ASFÁLTICA","Amazonas","-"]
["2019-01-01","EMULSÃO ASFÁLTICA DE RUPTURA LENTA DE CARGA NEUTRA PARA SERVIÇO DE LAMA ASFÁLTICA","Rio Grande do Norte","-"]
["2019-03-01","EMULSÃO ASFÁLTICA DE RUPTURA LENTA DE CARGA NEUTRA PARA SERVIÇO DE LAMA ASFÁLTICA","Goiás","-"]
["2019-06-01","EMULSÃO ASFÁLTICA DE RUPTURA LENTA DE CARGA NEUTRA PARA SERVIÇO DE LAMA ASFÁLTICA","Minas Gerais","-"]
["2019-08-01","EMULSÃO ASFÁLTICA DE RUPTURA LENTA DE CARGA NEUTRA PARA SERVIÇO DE LAMA ASFÁLTICA","Alagoas","-"]
["2019-09-01","EMULSÃO ASFÁLTICA DE RUPTURA LENTA DE CARGA NEUTRA PARA SERVIÇO DE LAMA ASFÁLTICA","Distrito Federal","-"]
["2019-12-01","EMULSÃO ASFÁLTICA DE RUPTURA LENTA DE CARGA NEUTRA PARA SERVIÇO DE LAMA ASFÁLTICA","Rondônia","-"]
["2020-02-01","EMULSÃO ASFÁLTICA DE RUPTURA LENTA DE CARGA NEUTRA PARA SERVIÇO DE LAMA ASFÁLTICA","Mato Grosso","-"]
["2020-03-01","EMULSÃO ASFÁLTICA DE RUPTURA LENTA DE CARGA NEUTRA PARA SERVIÇO DE LAMA ASFÁLTICA","Paraná","-"]
["2020-05-01","EMULSÃO ASFÁLTICA DE RUPTURA LENTA DE CARGA NEUTRA PARA SERVIÇO DE LAMA ASFÁLTICA","Pernambuco","-"]
["2020-08-01","EMULSÃO ASFÁLTICA DE RUPTURA LENTA DE CARGA NEUTRA PARA SERVIÇO DE LAMA ASFÁLTICA","Espírito Santo","-"]
["2020-09-01","EMULSÃO ASFÁLTICA DE RUPTURA LENTA DE CARGA NEUTRA PARA SERVIÇO DE LAMA ASFÁLTICA","Santa Catarina","-"]
["2020-11-01","EMULSÃO ASFÁLTICA DE RUPTURA LENTA DE CARGA NEUTRA PARA SERVIÇO DE LAMA ASFÁLTICA","Minas Gerais","-"]
["2021-02-01","EMULSÃO ASFÁLTICA DE RUPTURA LENTA DE CARGA NEUTRA PARA SERVIÇO DE LAMA ASFÁLTICA","Pernambuco","-"]
["2021-04-01","EMULSÃO ASFÁLTICA DE RUPTURA LENTA DE CARGA NEUTRA PARA SERVIÇO DE LAMA ASFÁLTICA","Ceará","-"]
["2021-05-01","EMULSÃO ASFÁLTICA DE RUPTURA LENTA DE CARGA NEUTRA PARA SERVIÇO DE LAMA ASFÁLTICA","Rondônia","-"]
["2021-06-01","EMULSÃO ASFÁLTICA DE RUPTURA LENTA DE CARGA NEUTRA PARA SERVIÇO DE LAMA ASFÁLTICA","Tocantins","-"]
["2021-10-01","EMULSÃO ASFÁLTICA DE RUPTURA LENTA DE CARGA NEUTRA PARA SERVIÇO DE LAMA ASFÁLTICA","Paraíba","-"]
["2021-11-01","EMULSÃO ASFÁLTICA DE RUPTURA LENTA DE CARGA NEUTRA PARA SERVIÇO DE LAMA ASFÁLTICA","Rio Grande do Norte","-"]
["2022-01-01","EMULSÃO ASFÁLTICA DE RUPTURA LENTA DE CARGA NEUTRA PARA SERVIÇO DE LAMA ASFÁLTICA","Goiás","-"]
["2022-02-01","EMULSÃO ASFÁLTICA DE RUPTURA LENTA DE CARGA NEUTRA PARA SERVIÇO DE LAMA ASFÁLTICA","São Paulo","-"]
["2022-06-01","EMULSÃO ASFÁLTICA DE RUPTURA LENTA DE CARGA NEUTRA PARA SERVIÇO DE LAMA ASFÁLTICA","Alagoas","-"]
["2022-07-01","EMULSÃO ASFÁLTICA DE RUPTURA LENTA DE CARGA NEUTRA PARA SERVIÇO DE LAMA ASFÁLTICA","Piauí","-"]
["2022-10-01","EMULSÃO ASFÁLTICA DE RUPTURA LENTA DE CARGA NEUTRA PARA SERVIÇO DE LAMA ASFÁLTICA","Acre","-"]
["2022-12-01","EMULSÃO ASFÁLTICA DE RUPTURA LENTA DE CARGA NEUTRA PARA SERVIÇO DE LAMA ASFÁLTICA","Maranhão","-"]
["2023-01-01","EMULSÃO ASFÁLTICA DE RUPTURA LENTA DE CARGA NEUTRA PARA SERVIÇO DE LAMA ASFÁLTICA","Sergipe","-"]
["2023-03-01","EMULSÃO ASFÁLTICA DE RUPTURA LENTA DE CARGA NEUTRA PARA SERVIÇO DE LAMA ASFÁLTICA","Amazonas","-"]
["2023-04-01","EMULSÃO ASFÁLTICA DE RUPTURA LENTA DE CARGA NEUTRA PARA SERVIÇO DE LAMA ASFÁLTICA","Rio Grande do Norte","-"]
["2023-06-01","EMULSÃO ASFÁLTICA DE RUPTURA LENTA DE CARGA NEUTRA PARA SERVIÇO DE LAMA ASFÁLTICA","Goiás","-"]
["2023-09-01","EMULSÃO ASFÁLTICA DE RUPTURA LENTA DE CARGA NEUTRA PARA SERVIÇO DE LAMA ASFÁLTICA","Minas Gerais","-"]
["2023-11-01","EMULSÃO ASFÁLTICA DE RUPTURA LENTA DE CARGA NEUTRA PARA SERVIÇO DE LAMA ASFÁLTICA","Alagoas","-"]
["2023-12-01","EMULSÃO ASFÁLTICA DE RUPTURA LENTA DE CARGA NEUTRA PARA SERVIÇO DE LAMA ASFÁLTICA","Distrito Federal","-"]
["2024-03-01","EMULSÃO ASFÁLTICA DE RUPTURA LENTA DE CARGA NEUTRA PARA SERVIÇO DE LAMA ASFÁLTICA","Rondônia","-"]
["2024-05-01","EMULSÃO ASFÁLTICA DE RUPTURA LENTA DE CARGA NEUTRA PARA SERVIÇO DE LAMA ASFÁLTICA","Mato Grosso","-"]
["2024-06-01","EMULSÃO ASFÁLTICA DE RUPTURA LENTA DE CARGA NEUTRA PARA SERVIÇO DE LAMA ASFÁLTICA","Paraná","-"]
["2024-08-01","EMULSÃO ASFÁLTICA DE RUPTURA LENTA DE CARGA NEUTRA PARA SERVIÇO DE LAMA ASFÁLTICA","Bahia","-"]
["2024-11-01","EMULSÃO ASFÁLTICA DE RUPTURA LENTA DE CARGA NEUTRA PARA SERVIÇO DE LAMA ASFÁLTICA","Rio Grande do Norte","-"]
["2024-12-01","EMULSÃO ASFÁLTICA DE RUPTURA LENTA DE CARGA NEUTRA PARA SERVIÇO DE LAMA ASFÁLTICA","São Paulo","-"]
["2025-03-01","EMULSÃO ASFÁLTICA DE RUPTURA LENTA DE CARGA NEUTRA PARA SERVIÇO DE LAMA ASFÁLTICA","Paraíba","-"]
["2025-05-01","EMULSÃO ASFÁLTICA DE RUPTURA LENTA DE CARGA NEUTRA PARA SERVIÇO DE LAMA ASFÁLTICA","Pernambuco","-"]
["2025-07-01","EMULSÃO ASFÁLTICA DE RUPTURA LENTA DE CARGA NEUTRA PARA SERVIÇO DE LAMA ASFÁLTICA","Ceará","-"]
["2015-09-01","EMULSÃO ASFÁLTICA PARA SERVIÇO DE IMPRIMAÇÃO","Rondônia","-"]
["2015-10-01","EMULSÃO ASFÁLTICA PARA SERVIÇO DE IMPRIMAÇÃO","Tocantins","-"]
["2016-02-01","EMULSÃO ASFÁLTICA PARA SERVIÇO DE IMPRIMAÇÃO","Paraíba","-"]
["2016-04-01","EMULSÃO ASFÁLTICA PARA SERVIÇO DE IMPRIMAÇÃO","Amazonas","-"]
["2016-05-01","EMULSÃO ASFÁLTICA PARA SERVIÇO DE IMPRIMAÇÃO","Goiás","-"]
["2016-06-01","EMULSÃO ASFÁLTICA PARA SERVIÇO DE IMPRIMAÇÃO","São Paulo","-"]
["2016-10-01","EMULSÃO ASFÁLTICA PARA SERVIÇO DE IMPRIMAÇÃO","Alagoas","-"]
["2016-11-01","EMULSÃO ASFÁLTICA PARA SERVIÇO DE IMPRIMAÇÃO","Piauí","-"]
["2017-01-01","EMULSÃO ASFÁLTICA PARA SERVIÇO DE IMPRIMAÇÃO","Distrito Federal","-"]
["2017-02-01","EMULSÃO ASFÁLTICA PARA SERVIÇO DE IMPRIMAÇÃO","Mato Grosso do Sul","-"]
["2017-05-01","EMULSÃO ASFÁLTICA PARA SERVIÇO DE IMPRIMAÇÃO","Tocantins","-"]
["2017-06-01","EMULSÃO ASFÁLTICA PARA SERVIÇO DE IMPRIMAÇÃO","Santa Catarina","-"]
["2017-08-01","EMULSÃO ASFÁLTICA PARA SERVIÇO DE IMPRIMAÇÃO","Rio Grande do Norte","-"]
["2017-10-01","EMULSÃO ASFÁLTICA PARA SERVIÇO DE IMPRIMAÇÃO","Goiás","-"]
["2018-01-01","EMULSÃO ASFÁLTICA PARA SERVIÇO DE IMPRIMAÇÃO","Minas Gerais",1.7438086301237434]
["2018-03-01","EMULSÃO ASFÁLTICA PARA SERVIÇO DE IMPRIMAÇÃO","Alagoas","-"]
["2018-04-01","EMULSÃO ASFÁLTICA PARA SERVIÇO DE IMPRIMAÇÃO","Piauí","-"]
["2018-07-01","EMULSÃO ASFÁLTICA PARA SERVIÇO DE IMPRIMAÇÃO","Rondônia","-"]
["2018-09-01","EMULSÃO ASFÁLTICA PARA SERVIÇO DE IMPRIMAÇÃO","Mato Grosso","-"]
["2018-10-01","EMULSÃO ASFÁLTICA PARA SERVIÇO DE IMPRIMAÇÃO","Paraná",2.1716052835759405]
["2018-12-01","EMULSÃO ASFÁLTICA PARA SERVIÇO DE IMPRIMAÇÃO","Bahia","-"]
["2019-03-01","EMULSÃO ASFÁLTICA PARA SERVIÇO DE IMPRIMAÇÃO","Rio Grande do Norte","-"]
["2019-04-01","EMULSÃO ASFÁLTICA PARA SERVIÇO DE IMPRIMAÇÃO","São Paulo","-"]
["2019-06-01","EMULSÃO ASFÁLTICA PARA SERVIÇO DE IMPRIMAÇÃO","Pará","-"]
["2019-09-01","EMULSÃO ASFÁLTICA PARA SERVIÇO DE IMPRIMAÇÃO","Piauí","-"]
["2019-11-01","EMULSÃO ASFÁLTICA PARA SERVIÇO DE IMPRIMAÇÃO","Distrito Federal","-"]
["2019-12-01","EMULSÃO ASFÁLTICA PARA SERVIÇO DE IMPRIMAÇÃO","Paraíba","-"]
["2020-01-01","EMULSÃO ASFÁLTICA PARA SERVIÇO DE IMPRIMAÇÃO","Tocantins","-"]
["2020-05-01","EMULSÃO ASFÁLTICA PARA SERVIÇO DE IMPRIMAÇÃO","Paraíba","-"]
["2020-07-01","EMULSÃO ASFÁLTICA PARA SERVIÇO DE IMPRIMAÇÃO","Amazonas","-"]
["2020-08-01","EMULSÃO ASFÁLTICA PARA SERVIÇO DE IMPRIMAÇÃO","Goiás","-"]
["2020-09-01","EMULSÃO ASFÁLTICA PARA SERVIÇO DE IMPRIMAÇÃO","São Paulo","-"]
["2021-01-01","EMULSÃO ASFÁLTICA PARA SERVIÇO DE IMPRIMAÇÃO","Alagoas","-"]
["2021-02-01","EMULSÃO ASFÁLTICA PARA SERVIÇO DE IMPRIMAÇÃO","Piauí","-"]
["2021-04-01","EMULSÃO ASFÁLTICA PARA SERVIÇO DE IMPRIMAÇÃO","Distrito Federal","-"]
["2021-05-01","EMULSÃO ASFÁLTICA PARA SERVIÇO DE IMPRIMAÇÃO","Mato Grosso do Sul","-"]
["2021-08-01","EMULSÃO ASFÁLTICA PARA SERVIÇO DE IMPRIMAÇÃO","Tocantins","-"]
["2021-10-01","EMULSÃO ASFÁLTICA PARA SERVIÇO DE IMPRIMAÇÃO","Paraná",2.6844738712259244]
["2021-11-01","EMULSÃO ASFÁLTICA PARA SERVIÇO DE IMPRIMAÇÃO","Rio Grande do Sul","-"]
["2022-01-01","EMULSÃO ASFÁLTICA PARA SERVIÇO DE IMPRIMAÇÃO","Maranhão","-"]
["2022-04-01","EMULSÃO ASFÁLTICA PARA SERVIÇO DE IMPRIMAÇÃO","Rondônia","-"]
["2022-06-01","EMULSÃO ASFÁLTICA PARA SERVIÇO DE IMPRIMAÇÃO","Alagoas","-"]
["2022-07-01","EMULSÃO ASFÁLTICA PARA SERVIÇO DE IMPRIMAÇÃO","Piauí","-"]
["2022-10-01","EMULSÃO ASFÁLTICA PARA SERVIÇO DE IMPRIMAÇÃO","Rondônia","-"]
["2022-12-01","EMULSÃO ASFÁLTICA PARA SERVIÇO DE IMPRIMAÇÃO","Mato Grosso",3.1911992558044702]
["2023-01-01","EMULSÃO ASFÁLTICA PARA SERVIÇO DE IMPRIMAÇÃO","Paraná",2.7873284178890478]
["2023-03-01","EMULSÃO ASFÁLTICA PARA SERVIÇO DE IMPRIMAÇÃO","Bahia","-"]
["2023-06-01","EMULSÃO ASFÁLTICA PARA SERVIÇO DE IMPRIMAÇÃO","Rio Grande do Norte","-"]
["2023-07-01","EMULSÃO ASFÁLTICA PARA SERVIÇO DE IMPRIMAÇÃO","São Paulo",2.3014076387748079]
["2023-09-01","EMULSÃO ASFÁLTICA PARA SERVIÇO DE IMPRIMAÇÃO","Pará","-"]
["2023-11-01","EMULSÃO ASFÁLTICA PARA SERVIÇO DE IMPRIMAÇÃO","Amapá","-"]
["2024-02-01","EMULSÃO ASFÁLTICA PARA SERVIÇO DE IMPRIMAÇÃO","Distrito Federal","-"]
["2024-03-01","EMULSÃO ASFÁLTICA PARA SERVIÇO DE IMPRIMAÇÃO","Roraima","-"]
["2024-05-01","EMULSÃO ASFÁLTICA PARA SERVIÇO DE IMPRIMAÇÃO","Acre","-"]
["2024-08-01","EMULSÃO ASFÁLTICA PARA SERVIÇO DE IMPRIMAÇÃO","Paraná",2.7847853301392043]
["2024-10-01","EMULSÃO ASFÁLTICA PARA SERVIÇO DE IMPRIMAÇÃO","Minas Gerais",2.3679279385192897]
["2024-11-01","EMULSÃO ASFÁLTICA PARA SERVIÇO DE IMPRIMAÇÃO","Goiás","-"]
["2024-12-01","EMULSÃO ASFÁLTICA PARA SERVIÇO DE IMPRIMAÇÃO","São Paulo",2.7498271212823746]
["2025-02-01","EMULSÃO ASFÁLTICA PARA SERVIÇO DE IMPRIMAÇÃO","Pará","-"]
["2025-05-01","EMULSÃO ASFÁLTICA PARA SERVIÇO DE IMPRIMAÇÃO","Piauí","-"]
["2025-07-01","EMULSÃO ASFÁLTICA PARA SERVIÇO DE IMPRIMAÇÃO","Distrito Federal","-"]
["2013-01-01","EMULSÕES ASF. MOD. POR POLÍMEROS RC1C-E","Mato Grosso do Sul","-"]
["2013-04-01","EMULSÕES ASF. MOD. POR POLÍMEROS RC1C-E","Tocantins","-"]
["2013-06-01","EMULSÕES ASF. MOD. POR POLÍMEROS RC1C-E","Paraná",1.3006924120367902]
["2013-07-01","EMULSÕES ASF. MOD. POR POLÍMEROS RC1C-E","Rio Grande do Sul","-"]
["2013-09-01","EMULSÕES ASF. MOD. POR POLÍMEROS RC1C-E","Maranhão","-"]
["2013-12-01","EMULSÕES ASF. MOD. POR POLÍMEROS RC1C-E","Pará","-"]
["2014-02-01","EMULSÕES ASF. MOD. POR POLÍMEROS RC1C-E","Amapá","-"]
["2014-03-01","EMULSÕES ASF. MOD. POR POLÍMEROS RC1C-E","Rio de Janeiro","-"]
["2014-05-01","EMULSÕES ASF. MOD. POR POLÍMEROS RC1C-E","Rondônia","-"]
["2014-08-01","EMULSÕES ASF. MOD. POR POLÍMEROS RC1C-E","Mato Grosso","-"]
["2014-09-01","EMULSÕES ASF. MOD. POR POLÍMEROS RC1C-E","Tocantins","-"]
["2014-11-01","EMULSÕES ASF. MOD. POR POLÍMEROS RC1C-E","Bahia","-"]
["2015-02-01","EMULSÕES ASF. MOD. POR POLÍMEROS RC1C-E","Rio Grande do Norte","-"]
["2015-03-01","EMULSÕES ASF. MOD. POR POLÍMEROS RC1C-E","São Paulo",1.3846894994453689]
["2015-05-01","EMULSÕES ASF. MOD. POR POLÍMEROS RC1C-E","Pará","-"]
["2015-07-01","EMULSÕES ASF. MOD. POR POLÍMEROS RC1C-E","Amapá","-"]
["2015-10-01","EMULSÕES ASF. MOD. POR POLÍMEROS RC1C-E","Distrito Federal","-"]
["2015-11-01","EMULSÕES ASF. MOD. POR POLÍMEROS RC1C-E","Roraima","-"]
["2016-01-01","EMULSÕES ASF. MOD. POR POLÍMEROS RC1C-E","Acre","-"]
["2016-02-01","EMULSÕES ASF. MOD. POR POLÍMEROS RC1C-E","Pernambuco","-"]
["2016-06-01","EMULSÕES ASF. MOD. POR POLÍMEROS RC1C-E","Bahia","-"]
["2016-07-01","EMULSÕES ASF. MOD. POR POLÍMEROS RC1C-E","Maranhão","-"]
["2016-08-01","EMULSÕES ASF. MOD. POR POLÍMEROS RC1C-E","Sergipe","-"]
["2016-11-01","EMULSÕES ASF. MOD. POR POLÍMEROS RC1C-E","Minas Gerais",1.609147968979546]
["2017-01-01","EMULSÕES ASF. MOD. POR POLÍMEROS RC1C-E","Piauí","-"]
["2017-03-01","EMULSÕES ASF. MOD. POR POLÍMEROS RC1C-E","Distrito Federal","-"]
["2017-04-01","EMULSÕES ASF. MOD. POR POLÍMEROS RC1C-E","Mato Grosso do Sul","-"]
["2017-07-01","EMULSÕES ASF. MOD. POR POLÍMEROS RC1C-E","Tocantins","-"]
["2017-09-01","EMULSÕES ASF. MOD. POR POLÍMEROS RC1C-E","Paraná",1.7011827234211088]
["2017-10-01","EMULSÕES ASF. MOD. POR POLÍMEROS RC1C-E","Rio Grande do Sul","-"]
["2017-12-01","EMULSÕES ASF. MOD. POR POLÍMEROS RC1C-E","Maranhão","-"]
["2018-03-01","EMULSÕES ASF. MOD. POR POLÍMEROS RC1C-E","São Paulo",1.5460761077723659]
["2018-05-01","EMULSÕES ASF. MOD. POR POLÍMEROS RC1C-E","Amapá","-"]
["2018-06-01","EMULSÕES ASF. MOD. POR POLÍMEROS RC1C-E","Rio de Janeiro","-"]
["2018-09-01","EMULSÕES ASF. MOD. POR POLÍMEROS RC1C-E","Roraima","-"]
["2018-11-01","EMULSÕES ASF. MOD. POR POLÍMEROS RC1C-E","Mato Grosso do Sul","-"]
["2019-01-01","EMULSÕES ASF. MOD. POR POLÍMEROS RC1C-E","Acre","-"]
["2019-03-01","EMULSÕES ASF. MOD. POR POLÍMEROS RC1C-E","Rio Grande do Norte","-"]
["2019-05-01","EMULSÕES ASF. MOD. POR POLÍMEROS RC1C-E","Rio Grande do Norte","-"]
["2019-06-01","EMULSÕES ASF. MOD. POR POLÍMEROS RC1C-E","São Paulo",2.3325699028045142]
["2019-08-01","EMULSÕES ASF. MOD. POR POLÍMEROS RC1C-E","Pará","-"]
["2019-10-01","EMULSÕES ASF. MOD. POR POLÍMEROS RC1C-E","Amapá","-"]
["2020-01-01","EMULSÕES ASF. MOD. POR POLÍMEROS RC1C-E","Distrito Federal","-"]
["2020-02-01","EMULSÕES ASF. MOD. POR POLÍMEROS RC1C-E","Roraima","-"]
["2020-04-01","EMULSÕES ASF. MOD. POR POLÍMEROS RC1C-E","Mato Grosso do Sul","-"]
["2020-05-01","EMULSÕES ASF. MOD. POR POLÍMEROS RC1C-E","Pernambuco","-"]
["2020-09-01","EMULSÕES ASF. MOD. POR POLÍMEROS RC1C-E","Bahia","-"]
["2020-10-01","EMULSÕES ASF. MOD. POR POLÍMEROS RC1C-E","Maranhão","-"]
["2020-11-01","EMULSÕES ASF. MOD. POR POLÍMEROS RC1C-E","Sergipe","-"]
["2021-01-01","EMULSÕES ASF. MOD. POR POLÍMEROS RC1C-E","Paraíba","-"]
["2021-04-01","EMULSÕES ASF. MOD. POR POLÍMEROS RC1C-E","Rio de Janeiro","-"]
["2021-06-01","EMULSÕES ASF. MOD. POR POLÍMEROS RC1C-E","Espírito Santo","-"]
["2021-07-01","EMULSÕES ASF. MOD. POR POLÍMEROS RC1C-E","Goiás","-"]
["2021-10-01","EMULSÕES ASF. MOD. POR POLÍMEROS RC1C-E","Tocantins","-"]
["2021-12-01","EMULSÕES ASF. MOD. POR POLÍMEROS RC1C-E","Paraná",3.7794360108120726]
["2022-01-01","EMULSÕES ASF. MOD. POR POLÍMEROS RC1C-E","Rio Grande do Sul","-"]
["2022-03-01","EMULSÕES ASF. MOD. POR POLÍMEROS RC1C-E","Maranhão","-"]
["2022-06-01","EMULSÕES ASF. MOD. POR POLÍMEROS RC1C-E","São Paulo",3.799207697039924]
["2022-08-01","EMULSÕES ASF. MOD. POR POLÍMEROS RC1C-E","Amapá","-"]
["2022-09-01","EMULSÕES ASF. MOD. POR POLÍMEROS RC1C-E","Rio de Janeiro","-"]
["2022-12-01","EMULSÕES ASF. MOD. POR POLÍMEROS RC1C-E","Roraima","-"]
["2023-02-01","EMULSÕES ASF. MOD. POR POLÍMEROS RC1C-E","Mato Grosso do Sul","-"]
["2023-04-01","EMULSÕES ASF. MOD. POR POLÍMEROS RC1C-E","Acre","-"]
["2023-05-01","EMULSÕES ASF. MOD. POR POLÍMEROS RC1C-E","Ceará",3.215450258256956]
["2023-08-01","EMULSÕES ASF. MOD. POR POLÍMEROS RC1C-E","Rio Grande do Sul","-"]
["2023-10-01","EMULSÕES ASF. MOD. POR POLÍMEROS RC1C-E","Maranhão","-"]
["2023-11-01","EMULSÕES ASF. MOD. POR POLÍMEROS RC1C-E","Rio Grande do Norte","-"]
["2024-01-01","EMULSÕES ASF. MOD. POR POLÍMEROS RC1C-E","Amapá","-"]
["2024-04-01","EMULSÕES ASF. MOD. POR POLÍMEROS RC1C-E","Distrito Federal","-"]
["2024-05-01","EMULSÕES ASF. MOD. POR POLÍMEROS RC1C-E","Roraima","-"]
["2024-07-01","EMULSÕES ASF. MOD. POR POLÍMEROS RC1C-E","Mato Grosso do Sul","-"]
["2024-08-01","EMULSÕES ASF. MOD. POR POLÍMEROS RC1C-E","Pernambuco","-"]
["2024-12-01","EMULSÕES ASF. MOD. POR POLÍMEROS RC1C-E","Bahia","-"]
["2025-01-01","EMULSÕES ASF. MOD. POR POLÍMEROS RC1C-E","Maranhão","-"]
["2025-02-01","EMULSÕES ASF. MOD. POR POLÍMEROS RC1C-E","Sergipe","-"]
["2025-04-01","EMULSÕES ASF. MOD. POR POLÍMEROS RC1C-E","Paraíba","-"]
["2025-07-01","EMULSÕES ASF. MOD. POR POLÍMEROS RC1C-E","Rio de Janeiro","-"]
["2013-02-01","EMULSÕES ASF. MOD. POR POLÍMEROS RL1C-E","Espírito Santo","-"]
["2013-03-01","EMULSÕES ASF. MOD. POR POLÍMEROS RL1C-E","Santa Catarina","-"]
["2013-07-01","EMULSÕES ASF. MOD. POR POLÍMEROS RL1C-E","Acre","-"]
["2013-08-01","EMULSÕES ASF. MOD. POR POLÍMEROS RL1C-E","Pernambuco","-"]
["2013-10-01","EMULSÕES ASF. MOD. POR POLÍMEROS RL1C-E","Distrito Federal","-"]
["2013-11-01","EMULSÕES ASF. MOD. POR POLÍMEROS RL1C-E","Maranhão","-"]
["2014-02-01","EMULSÕES ASF. MOD. POR POLÍMEROS RL1C-E","São Paulo","-"]
["2014-04-01","EMULSÕES ASF. MOD. POR POLÍMEROS RL1C-E","Amapá","-"]
["2014-05-01","EMULSÕES ASF. MOD. POR POLÍMEROS RL1C-E","Rio de Janeiro","-"]
["2014-07-01","EMULSÕES ASF. MOD. POR POLÍMEROS RL1C-E","Espírito Santo","-"]
["2014-10-01","EMULSÕES ASF. MOD. POR POLÍMEROS RL1C-E","Mato Grosso do Sul","-"]
["2014-12-01","EMULSÕES ASF. MOD. POR POLÍMEROS RL1C-E","Acre","-"]
["2015-01-01","EMULSÕES ASF. MOD. POR POLÍMEROS RL1C-E","Ceará","-"]
["2015-02-01","EMULSÕES ASF. MOD. POR POLÍMEROS RL1C-E","Rondônia","-"]
["2015-06-01","EMULSÕES ASF. MOD. POR POLÍMEROS RL1C-E","Maranhão","-"]
["2015-07-01","EMULSÕES ASF. MOD. POR POLÍMEROS RL1C-E","Paraíba","-"]
["2015-09-01","EMULSÕES ASF. MOD. POR POLÍMEROS RL1C-E","Amazonas","-"]
["2015-12-01","EMULSÕES ASF. MOD. POR POLÍMEROS RL1C-E","Espírito Santo","-"]
["2015-12-01","EMULSÕES ASF. MOD. POR POLÍMEROS RL1C-E","Rio Grande do Norte","-"]
["2016-03-01","EMULSÕES ASF. MOD. POR POLÍMEROS RL1C-E","Mato Grosso do Sul","-"]
["2016-04-01","EMULSÕES ASF. MOD. POR POLÍMEROS RL1C-E","Pernambuco","-"]
["2016-08-01","EMULSÕES ASF. MOD. POR POLÍMEROS RL1C-E","Bahia","-"]
["2016-09-01","EMULSÕES ASF. MOD. POR POLÍMEROS RL1C-E","Rio Grande do Sul","-"]
["2016-10-01","EMULSÕES ASF. MOD. POR POLÍMEROS RL1C-E","Sergipe","-"]
["2016-12-01","EMULSÕES ASF. MOD. POR POLÍMEROS RL1C-E","Paraíba","-"]
["2017-03-01","EMULSÕES ASF. MOD. POR POLÍMEROS RL1C-E","Rio de Janeiro","-"]
["2017-05-01","EMULSÕES ASF. MOD. POR POLÍMEROS RL1C-E","Espírito Santo","-"]
["2017-06-01","EMULSÕES ASF. MOD. POR POLÍMEROS RL1C-E","Santa Catarina","-"]
["2017-10-01","EMULSÕES ASF. MOD. POR POLÍMEROS RL1C-E","Acre","-"]
["2017-11-01","EMULSÕES ASF. MOD. POR POLÍMEROS RL1C-E","Pernambuco","-"]
["2017-12-01","EMULSÕES ASF. MOD. POR POLÍMEROS RL1C-E","Rondônia","-"]
["2018-02-01","EMULSÕES ASF. MOD. POR POLÍMEROS RL1C-E","Mato Grosso","-"]
["2018-05-01","EMULSÕES ASF. MOD. POR POLÍMEROS RL1C-E","Sergipe","-"]
["2018-06-01","EMULSÕES ASF. MOD. POR POLÍMEROS RL1C-E","Distrito Federal","-"]
["2018-08-01","EMULSÕES ASF. MOD. POR POLÍMEROS RL1C-E","Rio de Janeiro","-"]
["2018-10-01","EMULSÕES ASF. MOD. POR POLÍMEROS RL1C-E","Espírito Santo","-"]
["2019-01-01","EMULSÕES ASF. MOD. POR POLÍMEROS RL1C-E","Mato Grosso do Sul","-"]
["2019-03-01","EMULSÕES ASF. MOD. POR POLÍMEROS RL1C-E","Acre","-"]
["2019-04-01","EMULSÕES ASF. MOD. POR POLÍMEROS RL1C-E","Ceará","-"]
["2019-05-01","EMULSÕES ASF. MOD. POR POLÍMEROS RL1C-E","Rondônia","-"]
["2019-09-01","EMULSÕES ASF. MOD. POR POLÍMEROS RL1C-E","Maranhão","-"]
["2019-10-01","EMULSÕES ASF. MOD. POR POLÍMEROS RL1C-E","Paraíba","-"]
["2019-12-01","EMULSÕES ASF. MOD. POR POLÍMEROS RL1C-E","Amazonas","-"]
["2020-01-01","EMULSÕES ASF. MOD. POR POLÍMEROS RL1C-E","Rio Grande do Norte","-"]
["2020-04-01","EMULSÕES ASF. MOD. POR POLÍMEROS RL1C-E","Santa Catarina","-"]
["2020-06-01","EMULSÕES ASF. MOD. POR POLÍMEROS RL1C-E","Minas Gerais","-"]
["2020-07-01","EMULSÕES ASF. MOD. POR POLÍMEROS RL1C-E","Piauí","-"]
["2020-10-01","EMULSÕES ASF. MOD. POR POLÍMEROS RL1C-E","Piauí","-"]
["2020-12-01","EMULSÕES ASF. MOD. POR POLÍMEROS RL1C-E","Rio Grande do Sul","-"]
["2021-01-01","EMULSÕES ASF. MOD. POR POLÍMEROS RL1C-E","Sergipe","-"]
["2021-03-01","EMULSÕES ASF. MOD. POR POLÍMEROS RL1C-E","Paraíba","-"]
["2021-06-01","EMULSÕES ASF. MOD. POR POLÍMEROS RL1C-E","Rio de Janeiro","-"]
["2021-08-01","EMULSÕES ASF. MOD. POR POLÍMEROS RL1C-E","Espírito Santo","-"]
["2021-09-01","EMULSÕES ASF. MOD. POR POLÍMEROS RL1C-E","Santa Catarina","-"]
["2022-01-01","EMULSÕES ASF. MOD. POR POLÍMEROS RL1C-E","Acre","-"]
["2022-02-01","EMULSÕES ASF. MOD. POR POLÍMEROS RL1C-E","Pernambuco","-"]
["2022-04-01","EMULSÕES ASF. MOD. POR POLÍMEROS RL1C-E","Ceará","-"]
["2022-05-01","EMULSÕES ASF. MOD. POR POLÍMEROS RL1C-E","Mato Grosso","-"]
["2022-08-01","EMULSÕES ASF. MOD. POR POLÍMEROS RL1C-E","Sergipe","-"]
["2022-10-01","EMULSÕES ASF. MOD. POR POLÍMEROS RL1C-E","Amazonas","-"]
["2022-11-01","EMULSÕES ASF. MOD. POR POLÍMEROS RL1C-E","Rio Grande do Norte","-"]
["2023-01-01","EMULSÕES ASF. MOD. POR POLÍMEROS RL1C-E","Goiás","-"]
["2023-04-01","EMULSÕES ASF. MOD. POR POLÍMEROS RL1C-E","Bahia","-"]
["2023-06-01","EMULSÕES ASF. MOD. POR POLÍMEROS RL1C-E","Acre","-"]
["2023-07-01","EMULSÕES ASF. MOD. POR POLÍMEROS RL1C-E","Ceará","-"]
["2023-08-01","EMULSÕES ASF. MOD. POR POLÍMEROS RL1C-E","Rondônia","-"]
["2023-12-01","EMULSÕES ASF. MOD. POR POLÍMEROS RL1C-E","Maranhão","-"]
["2024-01-01","EMULSÕES ASF. MOD. POR POLÍMEROS RL1C-E","Paraíba","-"]
["2024-03-01","EMULSÕES ASF. MOD. POR POLÍMEROS RL1C-E","Amazonas","-"]
["2024-04-01","EMULSÕES ASF. MOD. POR POLÍMEROS RL1C-E","Rio Grande do Norte","-"]
["2024-07-01","EMULSÕES ASF. MOD. POR POLÍMEROS RL1C-E","Santa Catarina","-"]
["2024-09-01","EMULSÕES ASF. MOD. POR POLÍMEROS RL1C-E","Minas Gerais","-"]
["2024-10-01","EMULSÕES ASF. MOD. POR POLÍMEROS RL1C-E","Piauí","-"]
["2025-02-01","EMULSÕES ASF. MOD. POR POLÍMEROS RL1C-E","Ceará","-"]
["2025-03-01","EMULSÕES ASF. MOD. POR POLÍMEROS RL1C-E","Rondônia","-"]
["2025-04-01","EMULSÕES ASF. MOD. POR POLÍMEROS RL1C-E","Tocantins","-"]
["2025-06-01","EMULSÕES ASF. MOD. POR POLÍMEROS RL1C-E","Piauí","-"]
["2013-03-01","EMULSÕES ASF. MOD. POR POLÍMEROS RM1C-E","Amapá","-"]
["2013-04-01","EMULSÕES ASF. MOD. POR POLÍMEROS RM1C-E","Espírito Santo","-"]
["2013-05-01","EMULSÕES ASF. MOD. POR POLÍMEROS RM1C-E","Santa Catarina","-"]
["2013-09-01","EMULSÕES ASF. MOD. POR POLÍMEROS RM1C-E","Acre","-"]
["2013-10-01","EMULSÕES ASF. MOD. POR POLÍMEROS RM1C-E","Pernambuco","-"]
["2013-12-01","EMULSÕES ASF. MOD. POR POLÍMEROS RM1C-E","Ceará","-"]
["2014-01-01","EMULSÕES ASF. MOD. POR POLÍMEROS RM1C-E","Mato Grosso","-"]
["2014-02-01","EMULSÕES ASF. MOD. POR POLÍMEROS RM1C-E","Tocantins","-"]
["2014-06-01","EMULSÕES ASF. MOD. POR POLÍMEROS RM1C-E","Amazonas","-"]
["2014-07-01","EMULSÕES ASF. MOD. POR POLÍMEROS RM1C-E","Rio Grande do Norte","-"]
["2014-09-01","EMULSÕES ASF. MOD. POR POLÍMEROS RM1C-E","Goiás","-"]
["2014-12-01","EMULSÕES ASF. MOD. POR POLÍMEROS RM1C-E","Minas Gerais","-"]
["2015-02-01","EMULSÕES ASF. MOD. POR POLÍMEROS RM1C-E","Alagoas","-"]
["2015-03-01","EMULSÕES ASF. MOD. POR POLÍMEROS RM1C-E","Piauí","-"]
["2015-05-01","EMULSÕES ASF. MOD. POR POLÍMEROS RM1C-E","Bahia","-"]
["2015-08-01","EMULSÕES ASF. MOD. POR POLÍMEROS RM1C-E","Maranhão","-"]
["2015-09-01","EMULSÕES ASF. MOD. POR POLÍMEROS RM1C-E","Paraíba","-"]
["2015-11-01","EMULSÕES ASF. MOD. POR POLÍMEROS RM1C-E","Amazonas","-"]
["2015-12-01","EMULSÕES ASF. MOD. POR POLÍMEROS RM1C-E","Rio Grande do Norte","-"]
["2016-03-01","EMULSÕES ASF. MOD. POR POLÍMEROS RM1C-E","Santa Catarina","-"]
["2016-05-01","EMULSÕES ASF. MOD. POR POLÍMEROS RM1C-E","Minas Gerais","-"]
["2016-07-01","EMULSÕES ASF. MOD. POR POLÍMEROS RM1C-E","Alagoas","-"]
["2016-10-01","EMULSÕES ASF. MOD. POR POLÍMEROS RM1C-E","Ceará","-"]
["2016-11-01","EMULSÕES ASF. MOD. POR POLÍMEROS RM1C-E","Rondônia","-"]
["2016-12-01","EMULSÕES ASF. MOD. POR POLÍMEROS RM1C-E","Tocantins","-"]
["2017-02-01","EMULSÕES ASF. MOD. POR POLÍMEROS RM1C-E","Paraná","-"]
["2017-06-01","EMULSÕES ASF. MOD. POR POLÍMEROS RM1C-E","Amazonas","-"]
["2017-07-01","EMULSÕES ASF. MOD. POR POLÍMEROS RM1C-E","Goiás","-"]
["2017-09-01","EMULSÕES ASF. MOD. POR POLÍMEROS RM1C-E","Paraná","-"]
["2017-12-01","EMULSÕES ASF. MOD. POR POLÍMEROS RM1C-E","Acre","-"]
["2018-01-01","EMULSÕES ASF. MOD. POR POLÍMEROS RM1C-E","Pernambuco","-"]
["2018-03-01","EMULSÕES ASF. MOD. POR POLÍMEROS RM1C-E","Ceará","-"]
["2018-04-01","EMULSÕES ASF. MOD. POR POLÍMEROS RM1C-E","Mato Grosso","-"]
["2018-05-01","EMULSÕES ASF. MOD. POR POLÍMEROS RM1C-E","Tocantins","-"]
["2018-09-01","EMULSÕES ASF. MOD. POR POLÍMEROS RM1C-E","Paraíba","-"]
["2018-10-01","EMULSÕES ASF. MOD. POR POLÍMEROS RM1C-E","Rio Grande do Norte","-"]
["2018-12-01","EMULSÕES ASF. MOD. POR POLÍMEROS RM1C-E","Goiás","-"]
["2019-03-01","EMULSÕES ASF. MOD. POR POLÍMEROS RM1C-E","Minas Gerais","-"]
["2019-05-01","EMULSÕES ASF. MOD. POR POLÍMEROS RM1C-E","Alagoas","-"]
["2019-06-01","EMULSÕES ASF. MOD. POR POLÍMEROS RM1C-E","Piauí","-"]
["2019-07-01","EMULSÕES ASF. MOD. POR POLÍMEROS RM1C-E","Roraima","-"]
["2019-11-01","EMULSÕES ASF. MOD. POR POLÍMEROS RM1C-E","Mato Grosso","-"]
["2019-12-01","EMULSÕES ASF. MOD. POR POLÍMEROS RM1C-E","Paraná","-"]
["2020-03-01","EMULSÕES ASF. MOD. POR POLÍMEROS RM1C-E","Amapá","-"]
["2020-03-01","EMULSÕES ASF. MOD. POR POLÍMEROS RM1C-E","Rio Grande do Norte","-"]
["2020-06-01","EMULSÕES ASF. MOD. POR POLÍMEROS RM1C-E","Santa Catarina","-"]
["2020-08-01","EMULSÕES ASF. MOD. POR POLÍMEROS RM1C-E","Minas Gerais","-"]
["2020-10-01","EMULSÕES ASF. MOD. POR POLÍMEROS RM1C-E","Alagoas","-"]
["2021-01-01","EMULSÕES ASF. MOD. POR POLÍMEROS RM1C-E","Ceará","-"]
["2021-02-01","EMULSÕES ASF. MOD. POR POLÍMEROS RM1C-E","Rondônia","-"]
["2021-03-01","EMULSÕES ASF. MOD. POR POLÍMEROS RM1C-E","Tocantins","-"]
["2021-05-01","EMULSÕES ASF. MOD. POR POLÍMEROS RM1C-E","Paraná","-"]
["2021-09-01","EMULSÕES ASF. MOD. POR POLÍMEROS RM1C-E","Amazonas","-"]
["2021-10-01","EMULSÕES ASF. MOD. POR POLÍMEROS RM1C-E","Goiás","-"]
["2021-11-01","EMULSÕES ASF. MOD. POR POLÍMEROS RM1C-E","São Paulo","-"]
["2022-01-01","EMULSÕES ASF. MOD. POR POLÍMEROS RM1C-E","Pará","-"]
["2022-04-01","EMULSÕES ASF. MOD. POR POLÍMEROS RM1C-E","Piauí","-"]
["2022-05-01","EMULSÕES ASF. MOD. POR POLÍMEROS RM1C-E","Paraná","-"]
["2022-07-01","EMULSÕES ASF. MOD. POR POLÍMEROS RM1C-E","Mato Grosso","-"]
["2022-08-01","EMULSÕES ASF. MOD. POR POLÍMEROS RM1C-E","Tocantins","-"]
["2022-12-01","EMULSÕES ASF. MOD. POR POLÍMEROS RM1C-E","Paraíba","-"]
["2023-01-01","EMULSÕES ASF. MOD. POR POLÍMEROS RM1C-E","Rio Grande do Norte","-"]
["2023-03-01","EMULSÕES ASF. MOD. POR POLÍMEROS RM1C-E","Goiás","-"]
["2023-06-01","EMULSÕES ASF. MOD. POR POLÍMEROS RM1C-E","Minas Gerais","-"]
["2023-08-01","EMULSÕES ASF. MOD. POR POLÍMEROS RM1C-E","Alagoas","-"]
["2023-09-01","EMULSÕES ASF. MOD. POR POLÍMEROS RM1C-E","Piauí","-"]
["2023-10-01","EMULSÕES ASF. MOD. POR POLÍMEROS RM1C-E","Roraima","-"]
["2024-02-01","EMULSÕES ASF. MOD. POR POLÍMEROS RM1C-E","Mato Grosso","-"]
["2024-03-01","EMULSÕES ASF. MOD. POR POLÍMEROS RM1C-E","Tocantins","-"]
["2024-05-01","EMULSÕES ASF. MOD. POR POLÍMEROS RM1C-E","Bahia","-"]
["2024-06-01","EMULSÕES ASF. MOD. POR POLÍMEROS RM1C-E","Rio Grande do Sul","-"]
["2024-09-01","EMULSÕES ASF. MOD. POR POLÍMEROS RM1C-E","São Paulo","-"]
["2024-11-01","EMULSÕES ASF. MOD. POR POLÍMEROS RM1C-E","Amapá","-"]
["2025-01-01","EMULSÕES ASF. MOD. POR POLÍMEROS RM1C-E","Alagoas","-"]
["2025-04-01","EMULSÕES ASF. MOD. POR POLÍMEROS RM1C-E","Ceará","-"]
["2025-05-01","EMULSÕES ASF. MOD. POR POLÍMEROS RM1C-E","Rondônia","-"]
["2025-07-01","EMULSÕES ASF. MOD. POR POLÍMEROS RM1C-E","Mato Grosso","-"]
["2013-01-01","EMULSÕES ASF. MOD. POR POLÍMEROS RR1C-E","Paraná","-"]
["2013-03-01","EMULSÕES ASF. MOD. POR POLÍMEROS RR1C-E","Bahia","-"]
["2013-06-01","EMULSÕES ASF. MOD. POR POLÍMEROS RR1C-E","Goiás","-"]
["2013-07-01","EMULSÕES ASF. MOD. POR POLÍMEROS RR1C-E","São Paulo","-"]
["2013-09-01","EMULSÕES ASF. MOD. POR POLÍMEROS RR1C-E","Pará","-"]
["2013-12-01","EMULSÕES ASF. MOD. POR POLÍMEROS RR1C-E","Piauí","-"]
["2014-02-01","EMULSÕES ASF. MOD. POR POLÍMEROS RR1C-E","Distrito Federal","-"]
["2014-03-01","EMULSÕES ASF. MOD. POR POLÍMEROS RR1C-E","Mato Grosso do Sul","-"]
["2014-05-01","EMULSÕES ASF. MOD. POR POLÍMEROS RR1C-E","Acre","-"]
["2014-08-01","EMULSÕES ASF. MOD. POR POLÍMEROS RR1C-E","Pará","-"]
["2014-09-01","EMULSÕES ASF. MOD. POR POLÍMEROS RR1C-E","Rio Grande do Norte","-"]
["2014-11-01","EMULSÕES ASF. MOD. POR POLÍMEROS RR1C-E","Goiás","-"]
["2014-12-01","EMULSÕES ASF. MOD. POR POLÍMEROS RR1C-E","São Paulo","-"]
["2015-04-01","EMULSÕES ASF. MOD. POR POLÍMEROS RR1C-E","Alagoas","-"]
["2015-05-01","EMULSÕES ASF. MOD. POR POLÍMEROS RR1C-E","Piauí","-"]
["2015-06-01","EMULSÕES ASF. MOD. POR POLÍMEROS RR1C-E","Roraima","-"]
["2015-10-01","EMULSÕES ASF. MOD. POR POLÍMEROS RR1C-E","Mato Grosso","-"]
["2015-11-01","EMULSÕES ASF. MOD. POR POLÍMEROS RR1C-E","Tocantins","-"]
["2016-01-01","EMULSÕES ASF. MOD. POR POLÍMEROS RR1C-E","Bahia","-"]
["2016-02-01","EMULSÕES ASF. MOD. POR POLÍMEROS RR1C-E","Rio Grande do Sul","-"]
["2016-05-01","EMULSÕES ASF. MOD. POR POLÍMEROS RR1C-E","São Paulo","-"]
["2016-07-01","EMULSÕES ASF. MOD. POR POLÍMEROS RR1C-E","Pará","-"]
["2016-09-01","EMULSÕES ASF. MOD. POR POLÍMEROS RR1C-E","Amapá","-"]
["2016-12-01","EMULSÕES ASF. MOD. POR POLÍMEROS RR1C-E","Distrito Federal","-"]
["2017-02-01","EMULSÕES ASF. MOD. POR POLÍMEROS RR1C-E","Acre","-"]
["2017-03-01","EMULSÕES ASF. MOD. POR POLÍMEROS RR1C-E","Mato Grosso","-"]
["2017-04-01","EMULSÕES ASF. MOD. POR POLÍMEROS RR1C-E","Paraná","-"]
["2017-06-01","EMULSÕES ASF. MOD. POR POLÍMEROS RR1C-E","Bahia","-"]
["2017-09-01","EMULSÕES ASF. MOD. POR POLÍMEROS RR1C-E","Goiás","-"]
["2017-10-01","EMULSÕES ASF. MOD. POR POLÍMEROS RR1C-E","São Paulo","-"]
["2017-12-01","EMULSÕES ASF. MOD. POR POLÍMEROS RR1C-E","Pará","-"]
["2018-03-01","EMULSÕES ASF. MOD. POR POLÍMEROS RR1C-E","Piauí","-"]
["2018-05-01","EMULSÕES ASF. MOD. POR POLÍMEROS RR1C-E","Distrito Federal","-"]
["2018-06-01","EMULSÕES ASF. MOD. POR POLÍMEROS RR1C-E","Roraima","-"]
["2018-08-01","EMULSÕES ASF. MOD. POR POLÍMEROS RR1C-E","Acre","-"]
["2018-11-01","EMULSÕES ASF. MOD. POR POLÍMEROS RR1C-E","Paraná","-"]
["2018-12-01","EMULSÕES ASF. MOD. POR POLÍMEROS RR1C-E","Rio Grande do Sul","-"]
["2019-02-01","EMULSÕES ASF. MOD. POR POLÍMEROS RR1C-E","Maranhão","-"]
["2019-04-01","EMULSÕES ASF. MOD. POR POLÍMEROS RR1C-E","Pará","-"]
["2019-07-01","EMULSÕES ASF. MOD. POR POLÍMEROS RR1C-E","Alagoas","-"]
["2019-08-01","EMULSÕES ASF. MOD. POR POLÍMEROS RR1C-E","Piauí","-"]
["2019-09-01","EMULSÕES ASF. MOD. POR POLÍMEROS RR1C-E","Roraima","-"]
["2020-01-01","EMULSÕES ASF. MOD. POR POLÍMEROS RR1C-E","Mato Grosso","-"]
["2020-02-01","EMULSÕES ASF. MOD. POR POLÍMEROS RR1C-E","Tocantins","-"]
["2020-04-01","EMULSÕES ASF. MOD. POR POLÍMEROS RR1C-E","Bahia","-"]
["2020-05-01","EMULSÕES ASF. MOD. POR POLÍMEROS RR1C-E","Rio Grande do Sul","-"]
["2020-09-01","EMULSÕES ASF. MOD. POR POLÍMEROS RR1C-E","Goiás","-"]
["2020-10-01","EMULSÕES ASF. MOD. POR POLÍMEROS RR1C-E","Pará","-"]
["2020-12-01","EMULSÕES ASF. MOD. POR POLÍMEROS RR1C-E","Amapá","-"]
["2021-01-01","EMULSÕES ASF. MOD. POR POLÍMEROS RR1C-E","Espírito Santo","-"]
["2021-04-01","EMULSÕES ASF. MOD. POR POLÍMEROS RR1C-E","Roraima","-"]
["2021-06-01","EMULSÕES ASF. MOD. POR POLÍMEROS RR1C-E","Mato Grosso do Sul","-"]
["2021-07-01","EMULSÕES ASF. MOD. POR POLÍMEROS RR1C-E","Pernambuco","-"]
["2021-10-01","EMULSÕES ASF. MOD. POR POLÍMEROS RR1C-E","Acre","-"]
["2021-12-01","EMULSÕES ASF. MOD. POR POLÍMEROS RR1C-E","Goiás","-"]
["2022-01-01","EMULSÕES ASF. MOD. POR POLÍMEROS RR1C-E","São Paulo","-"]
["2022-03-01","EMULSÕES ASF. MOD. POR POLÍMEROS RR1C-E","Pará","-"]
["2022-06-01","EMULSÕES ASF. MOD. POR POLÍMEROS RR1C-E","Piauí","-"]
["2022-08-01","EMULSÕES ASF. MOD. POR POLÍMEROS RR1C-E","Distrito Federal","-"]
["2022-09-01","EMULSÕES ASF. MOD. POR POLÍMEROS RR1C-E","Roraima","-"]
["2022-11-01","EMULSÕES ASF. MOD. POR POLÍMEROS RR1C-E","Acre","-"]
["2023-02-01","EMULSÕES ASF. MOD. POR POLÍMEROS RR1C-E","Paraná","-"]
["2023-03-01","EMULSÕES ASF. MOD. POR POLÍMEROS RR1C-E","Rio Grande do Sul","-"]
["2023-05-01","EMULSÕES ASF. MOD. POR POLÍMEROS RR1C-E","Maranhão","-"]
["2023-06-01","EMULSÕES ASF. MOD. POR POLÍMEROS RR1C-E","Sergipe","-"]
["2023-10-01","EMULSÕES ASF. MOD. POR POLÍMEROS RR1C-E","Amapá","-"]
["2023-11-01","EMULSÕES ASF. MOD. POR POLÍMEROS RR1C-E","Rio de Janeiro","-"]
["2024-02-01","EMULSÕES ASF. MOD. POR POLÍMEROS RR1C-E","Mato Grosso do Sul","-"]
["2024-04-01","EMULSÕES ASF. MOD. POR POLÍMEROS RR1C-E","Mato Grosso","-"]
["2024-05-01","EMULSÕES ASF. MOD. POR POLÍMEROS RR1C-E","Tocantins","-"]
["2024-07-01","EMULSÕES ASF. MOD. POR POLÍMEROS RR1C-E","Bahia","-"]
["2024-08-01","EMULSÕES ASF. MOD. POR POLÍMEROS RR1C-E","Rio Grande do Sul","-"]
["2024-10-01","EMULSÕES ASF. MOD. POR POLÍMEROS RR1C-E","Maranhão","-"]
["2025-01-01","EMULSÕES ASF. MOD. POR POLÍMEROS RR1C-E","Pará","-"]
["2025-03-01","EMULSÕES ASF. MOD. POR POLÍMEROS RR1C-E","Amapá","-"]
["2025-04-01","EMULSÕES ASF. MOD. POR POLÍMEROS RR1C-E","Espírito Santo","-"]
["2025-07-01","EMULSÕES ASF. MOD. POR POLÍMEROS RR1C-E","Roraima","-"]
["2013-02-01","EMULSÕES ASF. MOD. POR POLÍMEROS RR2C-E","Mato Grosso do Sul","-"]
["2013-03-01","EMULSÕES ASF. MOD. POR POLÍMEROS RR2C-E","Pernambuco","-"]
["2013-05-01","EMULSÕES ASF. MOD. POR POLÍMEROS RR2C-E","Ceará","-"]
["2013-08-01","EMULSÕES ASF. MOD. POR POLÍMEROS RR2C-E","Rio Grande do Sul","-"]
["2013-09-01","EMULSÕES ASF. MOD. POR POLÍMEROS RR2C-E","Sergipe","-"]
["2013-11-01","EMULSÕES ASF. MOD. POR POLÍMEROS RR2C-E","Acre","-"]
["2014-02-01","EMULSÕES ASF. MOD. POR POLÍMEROS RR2C-E","Piauí","-"]
["2014-04-01","EMULSÕES ASF. MOD. POR POLÍMEROS RR2C-E","Distrito Federal","-"]
["2014-05-01","EMULSÕES ASF. MOD. POR POLÍMEROS RR2C-E","Roraima","-"]
["2014-07-01","EMULSÕES ASF. MOD. POR POLÍMEROS RR2C-E","Acre","-"]
["2014-10-01","EMULSÕES ASF. MOD. POR POLÍMEROS RR2C-E","Paraná","-"]
["2014-12-01","EMULSÕES ASF. MOD. POR POLÍMEROS RR2C-E","Bahia","-"]
["2015-01-01","EMULSÕES ASF. MOD. POR POLÍMEROS RR2C-E","Maranhão","-"]
["2015-02-01","EMULSÕES ASF. MOD. POR POLÍMEROS RR2C-E","Sergipe","-"]
["2015-06-01","EMULSÕES ASF. MOD. POR POLÍMEROS RR2C-E","Amapá","-"]
["2015-07-01","EMULSÕES ASF. MOD. POR POLÍMEROS RR2C-E","Rio de Janeiro","-"]
["2015-09-01","EMULSÕES ASF. MOD. POR POLÍMEROS RR2C-E","Espírito Santo","-"]
["2015-12-01","EMULSÕES ASF. MOD. POR POLÍMEROS RR2C-E","Mato Grosso do Sul","-"]
["2016-02-01","EMULSÕES ASF. MOD. POR POLÍMEROS RR2C-E","Acre","-"]
["2016-03-01","EMULSÕES ASF. MOD. POR POLÍMEROS RR2C-E","Espírito Santo","-"]
["2016-04-01","EMULSÕES ASF. MOD. POR POLÍMEROS RR2C-E","Rio Grande do Sul","-"]
["2016-06-01","EMULSÕES ASF. MOD. POR POLÍMEROS RR2C-E","Maranhão","-"]
["2016-09-01","EMULSÕES ASF. MOD. POR POLÍMEROS RR2C-E","Pará","-"]
["2016-11-01","EMULSÕES ASF. MOD. POR POLÍMEROS RR2C-E","Amapá","-"]
["2016-12-01","EMULSÕES ASF. MOD. POR POLÍMEROS RR2C-E","Rio de Janeiro","-"]
["2017-03-01","EMULSÕES ASF. MOD. POR POLÍMEROS RR2C-E","Roraima","-"]
["2017-05-01","EMULSÕES ASF. MOD. POR POLÍMEROS RR2C-E","Mato Grosso do Sul","-"]
["2017-06-01","EMULSÕES ASF. MOD. POR POLÍMEROS RR2C-E","Pernambuco","-"]
["2017-08-01","EMULSÕES ASF. MOD. POR POLÍMEROS RR2C-E","Ceará","-"]
["2017-11-01","EMULSÕES ASF. MOD. POR POLÍMEROS RR2C-E","Rio Grande do Sul","-"]
["2017-12-01","EMULSÕES ASF. MOD. POR POLÍMEROS RR2C-E","Sergipe","-"]
["2018-02-01","EMULSÕES ASF. MOD. POR POLÍMEROS RR2C-E","Paraíba","-"]
["2018-05-01","EMULSÕES ASF. MOD. POR POLÍMEROS RR2C-E","Rio de Janeiro","-"]
["2018-07-01","EMULSÕES ASF. MOD. POR POLÍMEROS RR2C-E","Espírito Santo","-"]
["2018-08-01","EMULSÕES ASF. MOD. POR POLÍMEROS RR2C-E","Sergipe","-"]
["2018-10-01","EMULSÕES ASF. MOD. POR POLÍMEROS RR2C-E","Acre","-"]
["2019-01-01","EMULSÕES ASF. MOD. POR POLÍMEROS RR2C-E","Paraná","-"]
["2019-03-01","EMULSÕES ASF. MOD. POR POLÍMEROS RR2C-E","Bahia","-"]
["2019-04-01","EMULSÕES ASF. MOD. POR POLÍMEROS RR2C-E","Maranhão","-"]
["2019-05-01","EMULSÕES ASF. MOD. POR POLÍMEROS RR2C-E","Sergipe","-"]
["2019-09-01","EMULSÕES ASF. MOD. POR POLÍMEROS RR2C-E","Amapá","-"]
["2019-10-01","EMULSÕES ASF. MOD. POR POLÍMEROS RR2C-E","Rio de Janeiro","-"]
["2019-12-01","EMULSÕES ASF. MOD. POR POLÍMEROS RR2C-E","Espírito Santo","-"]
["2020-01-01","EMULSÕES ASF. MOD. POR POLÍMEROS RR2C-E","Minas Gerais","-"]
["2020-05-01","EMULSÕES ASF. MOD. POR POLÍMEROS RR2C-E","Acre","-"]
["2020-06-01","EMULSÕES ASF. MOD. POR POLÍMEROS RR2C-E","Pernambuco","-"]
["2020-07-01","EMULSÕES ASF. MOD. POR POLÍMEROS RR2C-E","Rondônia","-"]
["2020-09-01","EMULSÕES ASF. MOD. POR POLÍMEROS RR2C-E","Mato Grosso","-"]
["2020-11-01","EMULSÕES ASF. MOD. POR POLÍMEROS RR2C-E","Espírito Santo","-"]
["2021-02-01","EMULSÕES ASF. MOD. POR POLÍMEROS RR2C-E","Amapá","-"]
["2021-03-01","EMULSÕES ASF. MOD. POR POLÍMEROS RR2C-E","Rio de Janeiro","-"]
["2021-06-01","EMULSÕES ASF. MOD. POR POLÍMEROS RR2C-E","Roraima","-"]
["2021-08-01","EMULSÕES ASF. MOD. POR POLÍMEROS RR2C-E","Mato Grosso do Sul","-"]
["2021-09-01","EMULSÕES ASF. MOD. POR POLÍMEROS RR2C-E","Pernambuco","-"]
["2021-11-01","EMULSÕES ASF. MOD. POR POLÍMEROS RR2C-E","Ceará","-"]
["2022-02-01","EMULSÕES ASF. MOD. POR POLÍMEROS RR2C-E","Rio Grande do Sul","-"]
["2022-03-01","EMULSÕES ASF. MOD. POR POLÍMEROS RR2C-E","Sergipe","-"]
["2022-05-01","EMULSÕES ASF. MOD. POR POLÍMEROS RR2C-E","Paraíba","-"]
["2022-07-01","EMULSÕES ASF. MOD. POR POLÍMEROS RR2C-E","Amazonas","-"]
["2022-10-01","EMULSÕES ASF. MOD. POR POLÍMEROS RR2C-E","Espírito Santo","-"]
["2022-11-01","EMULSÕES ASF. MOD. POR POLÍMEROS RR2C-E","Santa Catarina","-"]
["2023-01-01","EMULSÕES ASF. MOD. POR POLÍMEROS RR2C-E","Alagoas","-"]
["2023-04-01","EMULSÕES ASF. MOD. POR POLÍMEROS RR2C-E","Pernambuco","-"]
["2023-04-01","EMULSÕES ASF. MOD. POR POLÍMEROS RR2C-E","Sergipe","-"]
["2023-07-01","EMULSÕES ASF. MOD. POR POLÍMEROS RR2C-E","Maranhão","-"]
["2023-08-01","EMULSÕES ASF. MOD. POR POLÍMEROS RR2C-E","Sergipe","-"]
["2023-10-01","EMULSÕES ASF. MOD. POR POLÍMEROS RR2C-E","Paraíba","-"]
["2024-01-01","EMULSÕES ASF. MOD. POR POLÍMEROS RR2C-E","Rio de Janeiro","-"]
["2024-03-01","EMULSÕES ASF. MOD. POR POLÍMEROS RR2C-E","Espírito Santo","-"]
["2024-04-01","EMULSÕES ASF. MOD. POR POLÍMEROS RR2C-E","Minas Gerais","-"]
["2024-08-01","EMULSÕES ASF. MOD. POR POLÍMEROS RR2C-E","Acre","-"]
["2024-09-01","EMULSÕES ASF. MOD. POR POLÍMEROS RR2C-E","Pernambuco","-"]
["2024-10-01","EMULSÕES ASF. MOD. POR POLÍMEROS RR2C-E","Rondônia","-"]
["2024-12-01","EMULSÕES ASF. MOD. POR POLÍMEROS RR2C-E","Mato Grosso","-"]
["2025-03-01","EMULSÕES ASF. MOD. POR POLÍMEROS RR2C-E","Paraíba","-"]
["2025-05-01","EMULSÕES ASF. MOD. POR POLÍMEROS RR2C-E","Amazonas","-"]
["2025-06-01","EMULSÕES ASF. MOD. POR POLÍMEROS RR2C-E","Rio Grande do Norte","-"]
["2013-02-01","EMULSÕES ASFÁLTICAS LA-E","Ceará","-"]
["2013-04-01","EMULSÕES ASFÁLTICAS LA-E","Mato Grosso do Sul","-"]
["2013-06-01","EMULSÕES ASFÁLTICAS LA-E","Acre","-"]
["2013-07-01","EMULSÕES ASFÁLTICAS LA-E","Ceará","-"]
["2013-10-01","EMULSÕES ASFÁLTICAS LA-E","Rio Grande do Sul","-"]
["2013-11-01","EMULSÕES ASFÁLTICAS LA-E","Sergipe","-"]
["2014-01-01","EMULSÕES ASFÁLTICAS LA-E","Paraíba","-"]
["2014-03-01","EMULSÕES ASFÁLTICAS LA-E","Amazonas","-"]
["2014-06-01","EMULSÕES ASFÁLTICAS LA-E","Espírito Santo","-"]
["2014-07-01","EMULSÕES ASFÁLTICAS LA-E","Santa Catarina","-"]
["2014-09-01","EMULSÕES ASFÁLTICAS LA-E","Alagoas","-"]
["2014-12-01","EMULSÕES ASFÁLTICAS LA-E","Pernambuco","-"]
["2015-02-01","EMULSÕES ASFÁLTICAS LA-E","Ceará","-"]
["2015-03-01","EMULSÕES ASFÁLTICAS LA-E","Mato Grosso","-"]
["2015-04-01","EMULSÕES ASFÁLTICAS LA-E","Tocantins","-"]
["2015-07-01","EMULSÕES ASFÁLTICAS LA-E","Santa Catarina","-"]
["2013-01-01","EMULSÕES ASFÁLTICAS RL-1C","Rio de Janeiro","-"]
["2013-03-01","EMULSÕES ASFÁLTICAS RL-1C","Espírito Santo","-"]
["2013-04-01","EMULSÕES ASFÁLTICAS RL-1C","Minas Gerais",0.88665808300762061]
["2013-08-01","EMULSÕES ASFÁLTICAS RL-1C","Acre","-"]
["2013-09-01","EMULSÕES ASFÁLTICAS RL-1C","Pernambuco","-"]
["2013-10-01","EMULSÕES ASFÁLTICAS RL-1C","Rondônia","-"]
["2013-12-01","EMULSÕES ASFÁLTICAS RL-1C","Mato Grosso",1.1029918079691066]
["2014-03-01","EMULSÕES ASFÁLTICAS RL-1C","Sergipe","-"]
["2014-05-01","EMULSÕES ASFÁLTICAS RL-1C","Amazonas","-"]
["2014-06-01","EMULSÕES ASFÁLTICAS RL-1C","Rio Grande do Norte","-"]
["2014-09-01","EMULSÕES ASFÁLTICAS RL-1C","Santa Catarina","-"]
["2014-11-01","EMULSÕES ASFÁLTICAS RL-1C","Minas Gerais",0.90817259094869818]
["2015-01-01","EMULSÕES ASFÁLTICAS RL-1C","Alagoas","-"]
["2015-02-01","EMULSÕES ASFÁLTICAS RL-1C","Ceará","-"]
["2015-05-01","EMULSÕES ASFÁLTICAS RL-1C","Rio Grande do Sul","-"]
["2015-06-01","EMULSÕES ASFÁLTICAS RL-1C","Sergipe","-"]
["2015-08-01","EMULSÕES ASFÁLTICAS RL-1C","Paraíba","-"]
["2015-10-01","EMULSÕES ASFÁLTICAS RL-1C","Amazonas","-"]
["2016-01-01","EMULSÕES ASFÁLTICAS RL-1C","Espírito Santo","-"]
["2016-02-01","EMULSÕES ASFÁLTICAS RL-1C","Santa Catarina","-"]
["2016-04-01","EMULSÕES ASFÁLTICAS RL-1C","Minas Gerais",1.2656654272598724]
["2016-05-01","EMULSÕES ASFÁLTICAS RL-1C","Piauí","-"]
["2016-09-01","EMULSÕES ASFÁLTICAS RL-1C","Ceará",1.2378803119150013]
["2016-10-01","EMULSÕES ASFÁLTICAS RL-1C","Mato Grosso",1.5969371508989558]
["2016-11-01","EMULSÕES ASFÁLTICAS RL-1C","Tocantins","-"]
["2017-01-01","EMULSÕES ASFÁLTICAS RL-1C","Paraná",1.3300923406534551]
["2017-04-01","EMULSÕES ASFÁLTICAS RL-1C","Rio Grande do Norte","-"]
["2017-06-01","EMULSÕES ASFÁLTICAS RL-1C","Goiás",1.4892977657861326]
["2017-07-01","EMULSÕES ASFÁLTICAS RL-1C","Rio Grande do Norte","-"]
["2017-11-01","EMULSÕES ASFÁLTICAS RL-1C","Acre","-"]
["2017-12-01","EMULSÕES ASFÁLTICAS RL-1C","Pernambuco","-"]
["2018-01-01","EMULSÕES ASFÁLTICAS RL-1C","Rondônia","-"]
["2018-03-01","EMULSÕES ASFÁLTICAS RL-1C","Mato Grosso",1.5788045359092817]
["2018-06-01","EMULSÕES ASFÁLTICAS RL-1C","Sergipe","-"]
["2018-08-01","EMULSÕES ASFÁLTICAS RL-1C","Amazonas","-"]
["2018-09-01","EMULSÕES ASFÁLTICAS RL-1C","Rio Grande do Norte","-"]
["2018-12-01","EMULSÕES ASFÁLTICAS RL-1C","Santa Catarina","-"]
["2019-02-01","EMULSÕES ASFÁLTICAS RL-1C","Minas Gerais",2.0337301723405434]
["2019-04-01","EMULSÕES ASFÁLTICAS RL-1C","Alagoas","-"]
["2019-05-01","EMULSÕES ASFÁLTICAS RL-1C","Distrito Federal","-"]
["2019-08-01","EMULSÕES ASFÁLTICAS RL-1C","Rondônia","-"]
["2019-10-01","EMULSÕES ASFÁLTICAS RL-1C","Mato Grosso",2.4539248884474869]
["2019-12-01","EMULSÕES ASFÁLTICAS RL-1C","Amazonas","-"]
["2020-01-01","EMULSÕES ASFÁLTICAS RL-1C","Amazonas","-"]
["2020-04-01","EMULSÕES ASFÁLTICAS RL-1C","Espírito Santo","-"]
["2020-05-01","EMULSÕES ASFÁLTICAS RL-1C","Santa Catarina","-"]
["2020-07-01","EMULSÕES ASFÁLTICAS RL-1C","Minas Gerais",1.791393825560702]
["2020-08-01","EMULSÕES ASFÁLTICAS RL-1C","Piauí","-"]
["2020-12-01","EMULSÕES ASFÁLTICAS RL-1C","Ceará","-"]
["2021-01-01","EMULSÕES ASFÁLTICAS RL-1C","Mato Grosso",2.2350736482776372]
["2021-02-01","EMULSÕES ASFÁLTICAS RL-1C","Tocantins","-"]
["2021-04-01","EMULSÕES ASFÁLTICAS RL-1C","Paraná",2.1724188247065808]
["2021-07-01","EMULSÕES ASFÁLTICAS RL-1C","Rio Grande do Norte","-"]
["2021-09-01","EMULSÕES ASFÁLTICAS RL-1C","Goiás",2.6202261819458266]
["2021-10-01","EMULSÕES ASFÁLTICAS RL-1C","São Paulo",2.6682645730505405]
["2022-02-01","EMULSÕES ASFÁLTICAS RL-1C","Alagoas","-"]
["2022-03-01","EMULSÕES ASFÁLTICAS RL-1C","Piauí","-"]
["2022-05-01","EMULSÕES ASFÁLTICAS RL-1C","Piauí","-"]
["2022-06-01","EMULSÕES ASFÁLTICAS RL-1C","Mato Grosso",3.1019275003907594]
["2022-09-01","EMULSÕES ASFÁLTICAS RL-1C","Sergipe","-"]
["2022-11-01","EMULSÕES ASFÁLTICAS RL-1C","Amazonas","-"]
["2022-12-01","EMULSÕES ASFÁLTICAS RL-1C","Rio Grande do Norte","-"]
["2023-02-01","EMULSÕES ASFÁLTICAS RL-1C","Goiás",2.6430703850061419]
["2023-05-01","EMULSÕES ASFÁLTICAS RL-1C","Minas Gerais",2.5665828301707663]
["2023-07-01","EMULSÕES ASFÁLTICAS RL-1C","Alagoas","-"]
["2023-08-01","EMULSÕES ASFÁLTICAS RL-1C","Distrito Federal","-"]
["2023-11-01","EMULSÕES ASFÁLTICAS RL-1C","Rondônia","-"]
["2024-01-01","EMULSÕES ASFÁLTICAS RL-1C","Mato Grosso",3.1045426865129282]
["2024-02-01","EMULSÕES ASFÁLTICAS RL-1C","Paraná",2.5411951205867864]
["2024-04-01","EMULSÕES ASFÁLTICAS RL-1C","Bahia","-"]
["2024-07-01","EMULSÕES ASFÁLTICAS RL-1C","Goiás",2.6705907461602969]
["2024-08-01","EMULSÕES ASFÁLTICAS RL-1C","Amazonas","-"]
["2024-10-01","EMULSÕES ASFÁLTICAS RL-1C","Minas Gerais",2.8072282402327806]
["2024-11-01","EMULSÕES ASFÁLTICAS RL-1C","Piauí","-"]
["2025-03-01","EMULSÕES ASFÁLTICAS RL-1C","Ceará","-"]
["2025-04-01","EMULSÕES ASFÁLTICAS RL-1C","Rondônia","-"]
["2025-05-01","EMULSÕES ASFÁLTICAS RL-1C","Tocantins","-"]
["2025-07-01","EMULSÕES ASFÁLTICAS RL-1C","Paraná",3.0647833178127093]
["2013-03-01","EMULSÕES ASFÁLTICAS RM-1C","Rio Grande do Norte","-"]
["2013-05-01","EMULSÕES ASFÁLTICAS RM-1C","Goiás","-"]
["2013-06-01","EMULSÕES ASFÁLTICAS RM-1C","São Paulo",0.91160127670300561]
["2013-10-01","EMULSÕES ASFÁLTICAS RM-1C","Alagoas","-"]
["2013-11-01","EMULSÕES ASFÁLTICAS RM-1C","Piauí","-"]
["2013-12-01","EMULSÕES ASFÁLTICAS RM-1C","Roraima","-"]
["2014-02-01","EMULSÕES ASFÁLTICAS RM-1C","Mato Grosso do Sul","-"]
["2014-05-01","EMULSÕES ASFÁLTICAS RM-1C","Tocantins","-"]
["2014-06-01","EMULSÕES ASFÁLTICAS RM-1C","Piauí","-"]
["2014-08-01","EMULSÕES ASFÁLTICAS RM-1C","Rio Grande do Norte","-"]
["2014-10-01","EMULSÕES ASFÁLTICAS RM-1C","Goiás",0.94950258268841048]
["2015-01-01","EMULSÕES ASFÁLTICAS RM-1C","Minas Gerais","-"]
["2015-03-01","EMULSÕES ASFÁLTICAS RM-1C","Alagoas","-"]
["2015-04-01","EMULSÕES ASFÁLTICAS RM-1C","Distrito Federal","-"]
["2015-05-01","EMULSÕES ASFÁLTICAS RM-1C","Roraima","-"]
["2015-09-01","EMULSÕES ASFÁLTICAS RM-1C","Mato Grosso",1.4655845114514163]
["2015-10-01","EMULSÕES ASFÁLTICAS RM-1C","Paraná",1.2491352927784354]
["2015-12-01","EMULSÕES ASFÁLTICAS RM-1C","Bahia","-"]
["2016-01-01","EMULSÕES ASFÁLTICAS RM-1C","Rio Grande do Sul",1.1742099966880322]
["2016-04-01","EMULSÕES ASFÁLTICAS RM-1C","São Paulo",1.4308945631301009]
["2016-06-01","EMULSÕES ASFÁLTICAS RM-1C","Pará","-"]
["2016-07-01","EMULSÕES ASFÁLTICAS RM-1C","Rio de Janeiro",1.5098030866042924]
["2016-11-01","EMULSÕES ASFÁLTICAS RM-1C","Alagoas","-"]
["2016-12-01","EMULSÕES ASFÁLTICAS RM-1C","Rondônia","-"]
["2017-01-01","EMULSÕES ASFÁLTICAS RM-1C","Tocantins","-"]
["2017-03-01","EMULSÕES ASFÁLTICAS RM-1C","Paraná",1.2588781714228094]
["2017-06-01","EMULSÕES ASFÁLTICAS RM-1C","Rio Grande do Norte","-"]
["2017-08-01","EMULSÕES ASFÁLTICAS RM-1C","Goiás",1.4942221204378887]
["2017-09-01","EMULSÕES ASFÁLTICAS RM-1C","São Paulo",1.2763217218488092]
["2018-01-01","EMULSÕES ASFÁLTICAS RM-1C","Alagoas","-"]
["2018-02-01","EMULSÕES ASFÁLTICAS RM-1C","Piauí","-"]
["2018-04-01","EMULSÕES ASFÁLTICAS RM-1C","Distrito Federal","-"]
["2018-05-01","EMULSÕES ASFÁLTICAS RM-1C","Mato Grosso do Sul","-"]
["2018-08-01","EMULSÕES ASFÁLTICAS RM-1C","Tocantins","-"]
["2018-10-01","EMULSÕES ASFÁLTICAS RM-1C","Bahia",1.6945692783184281]
["2018-11-01","EMULSÕES ASFÁLTICAS RM-1C","Rio Grande do Sul","-"]
["2019-01-01","EMULSÕES ASFÁLTICAS RM-1C","Maranhão","-"]
["2019-04-01","EMULSÕES ASFÁLTICAS RM-1C","Paraná",2.4593261943378311]
["2019-06-01","EMULSÕES ASFÁLTICAS RM-1C","Alagoas","-"]
["2019-07-01","EMULSÕES ASFÁLTICAS RM-1C","Distrito Federal","-"]
["2019-08-01","EMULSÕES ASFÁLTICAS RM-1C","Roraima","-"]
["2019-12-01","EMULSÕES ASFÁLTICAS RM-1C","Mato Grosso","-"]
["2020-01-01","EMULSÕES ASFÁLTICAS RM-1C","Paraná",2.2584953567541088]
["2020-03-01","EMULSÕES ASFÁLTICAS RM-1C","Bahia","-"]
["2020-04-01","EMULSÕES ASFÁLTICAS RM-1C","Rio Grande do Sul","-"]
["2020-07-01","EMULSÕES ASFÁLTICAS RM-1C","São Paulo",1.9610833460471566]
["2020-09-01","EMULSÕES ASFÁLTICAS RM-1C","Pará","-"]
["2020-10-01","EMULSÕES ASFÁLTICAS RM-1C","Rio de Janeiro",3.0412418134838046]
["2021-02-01","EMULSÕES ASFÁLTICAS RM-1C","Distrito Federal","-"]
["2021-03-01","EMULSÕES ASFÁLTICAS RM-1C","Roraima","-"]
["2021-05-01","EMULSÕES ASFÁLTICAS RM-1C","Acre","-"]
["2021-07-01","EMULSÕES ASFÁLTICAS RM-1C","Alagoas","-"]
["2021-10-01","EMULSÕES ASFÁLTICAS RM-1C","Amazonas","-"]
["2021-11-01","EMULSÕES ASFÁLTICAS RM-1C","Goiás","-"]
["2021-12-01","EMULSÕES ASFÁLTICAS RM-1C","São Paulo","-"]
["2022-04-01","EMULSÕES ASFÁLTICAS RM-1C","Alagoas","-"]
["2022-05-01","EMULSÕES ASFÁLTICAS RM-1C","Piauí","-"]
["2022-07-01","EMULSÕES ASFÁLTICAS RM-1C","Distrito Federal","-"]
["2022-08-01","EMULSÕES ASFÁLTICAS RM-1C","Mato Grosso do Sul","-"]
["2022-11-01","EMULSÕES ASFÁLTICAS RM-1C","Tocantins","-"]
["2023-01-01","EMULSÕES ASFÁLTICAS RM-1C","Bahia","-"]
["2023-02-01","EMULSÕES ASFÁLTICAS RM-1C","Rio Grande do Sul","-"]
["2023-04-01","EMULSÕES ASFÁLTICAS RM-1C","Maranhão","-"]
["2023-07-01","EMULSÕES ASFÁLTICAS RM-1C","Pará","-"]
["2023-09-01","EMULSÕES ASFÁLTICAS RM-1C","Amapá","-"]
["2023-10-01","EMULSÕES ASFÁLTICAS RM-1C","Rio de Janeiro","-"]
["2023-12-01","EMULSÕES ASFÁLTICAS RM-1C","Paraná",2.3789987669812298]
["2024-03-01","EMULSÕES ASFÁLTICAS RM-1C","Mato Grosso","-"]
["2024-04-01","EMULSÕES ASFÁLTICAS RM-1C","Paraná",2.6576223860021204]
["2024-06-01","EMULSÕES ASFÁLTICAS RM-1C","Bahia","-"]
["2024-07-01","EMULSÕES ASFÁLTICAS RM-1C","Rio Grande do Sul",2.885315160836027]
["2024-10-01","EMULSÕES ASFÁLTICAS RM-1C","São Paulo","-"]
["2024-12-01","EMULSÕES ASFÁLTICAS RM-1C","Pará","-"]
["2025-02-01","EMULSÕES ASFÁLTICAS RM-1C","Amapá","-"]
["2025-05-01","EMULSÕES ASFÁLTICAS RM-1C","Distrito Federal","-"]
["2025-06-01","EMULSÕES ASFÁLTICAS RM-1C","Roraima","-"]
["2013-01-01","EMULSÕES ASFÁLTICAS RM-2C","Acre","-"]
["2013-02-01","EMULSÕES ASFÁLTICAS RM-2C","Pernambuco","-"]
["2013-06-01","EMULSÕES ASFÁLTICAS RM-2C","Bahia","-"]
["2013-07-01","EMULSÕES ASFÁLTICAS RM-2C","Maranhão","-"]
["2013-09-01","EMULSÕES ASFÁLTICAS RM-2C","Tocantins","-"]
["2013-12-01","EMULSÕES ASFÁLTICAS RM-2C","Alagoas","-"]
["2014-01-01","EMULSÕES ASFÁLTICAS RM-2C","Piauí","-"]
["2014-03-01","EMULSÕES ASFÁLTICAS RM-2C","Distrito Federal","-"]
["2014-04-01","EMULSÕES ASFÁLTICAS RM-2C","Mato Grosso do Sul","-"]
["2014-06-01","EMULSÕES ASFÁLTICAS RM-2C","Acre","-"]
["2014-09-01","EMULSÕES ASFÁLTICAS RM-2C","Paraná","-"]
["2014-10-01","EMULSÕES ASFÁLTICAS RM-2C","Rio Grande do Sul","-"]
["2014-12-01","EMULSÕES ASFÁLTICAS RM-2C","Maranhão","-"]
["2015-03-01","EMULSÕES ASFÁLTICAS RM-2C","Pará","-"]
["2015-05-01","EMULSÕES ASFÁLTICAS RM-2C","Amapá","-"]
["2015-06-01","EMULSÕES ASFÁLTICAS RM-2C","Rio de Janeiro","-"]
["2015-07-01","EMULSÕES ASFÁLTICAS RM-2C","Santa Catarina","-"]
["2015-11-01","EMULSÕES ASFÁLTICAS RM-2C","Mato Grosso do Sul","-"]
["2015-12-01","EMULSÕES ASFÁLTICAS RM-2C","Pernambuco","-"]
["2016-03-01","EMULSÕES ASFÁLTICAS RM-2C","Pará","-"]
["2016-03-01","EMULSÕES ASFÁLTICAS RM-2C","Rio Grande do Sul","-"]
["2016-06-01","EMULSÕES ASFÁLTICAS RM-2C","São Paulo","-"]
["2016-08-01","EMULSÕES ASFÁLTICAS RM-2C","Pará","-"]
["2016-10-01","EMULSÕES ASFÁLTICAS RM-2C","Amapá","-"]
["2017-01-01","EMULSÕES ASFÁLTICAS RM-2C","Distrito Federal","-"]
["2017-02-01","EMULSÕES ASFÁLTICAS RM-2C","Roraima","-"]
["2017-04-01","EMULSÕES ASFÁLTICAS RM-2C","Acre","-"]
["2017-05-01","EMULSÕES ASFÁLTICAS RM-2C","Pernambuco","-"]
["2017-09-01","EMULSÕES ASFÁLTICAS RM-2C","Bahia","-"]
["2017-10-01","EMULSÕES ASFÁLTICAS RM-2C","Maranhão","-"]
["2017-11-01","EMULSÕES ASFÁLTICAS RM-2C","Sergipe","-"]
["2018-01-01","EMULSÕES ASFÁLTICAS RM-2C","Paraíba","-"]
["2018-04-01","EMULSÕES ASFÁLTICAS RM-2C","Rio de Janeiro","-"]
["2018-05-01","EMULSÕES ASFÁLTICAS RM-2C","Tocantins","-"]
["2018-07-01","EMULSÕES ASFÁLTICAS RM-2C","Mato Grosso do Sul","-"]
["2018-09-01","EMULSÕES ASFÁLTICAS RM-2C","Acre","-"]
["2018-12-01","EMULSÕES ASFÁLTICAS RM-2C","Paraná","-"]
["2019-01-01","EMULSÕES ASFÁLTICAS RM-2C","Rio Grande do Sul","-"]
["2019-03-01","EMULSÕES ASFÁLTICAS RM-2C","Maranhão","-"]
["2019-06-01","EMULSÕES ASFÁLTICAS RM-2C","Pará","-"]
["2019-08-01","EMULSÕES ASFÁLTICAS RM-2C","Amapá","-"]
["2019-09-01","EMULSÕES ASFÁLTICAS RM-2C","Rio de Janeiro","-"]
["2019-10-01","EMULSÕES ASFÁLTICAS RM-2C","Santa Catarina","-"]
["2020-02-01","EMULSÕES ASFÁLTICAS RM-2C","Mato Grosso do Sul","-"]
["2020-04-01","EMULSÕES ASFÁLTICAS RM-2C","Acre","-"]
["2020-05-01","EMULSÕES ASFÁLTICAS RM-2C","Ceará","-"]
["2020-06-01","EMULSÕES ASFÁLTICAS RM-2C","Rondônia","-"]
["2020-09-01","EMULSÕES ASFÁLTICAS RM-2C","Sergipe","-"]
["2020-11-01","EMULSÕES ASFÁLTICAS RM-2C","Pará","-"]
["2021-01-01","EMULSÕES ASFÁLTICAS RM-2C","Amapá","-"]
["2021-04-01","EMULSÕES ASFÁLTICAS RM-2C","Distrito Federal","-"]
["2021-05-01","EMULSÕES ASFÁLTICAS RM-2C","Roraima","-"]
["2021-07-01","EMULSÕES ASFÁLTICAS RM-2C","Mato Grosso do Sul","-"]
["2021-08-01","EMULSÕES ASFÁLTICAS RM-2C","Pernambuco","-"]
["2021-12-01","EMULSÕES ASFÁLTICAS RM-2C","Bahia","-"]
["2022-01-01","EMULSÕES ASFÁLTICAS RM-2C","Maranhão","-"]
["2022-02-01","EMULSÕES ASFÁLTICAS RM-2C","Sergipe","-"]
["2022-04-01","EMULSÕES ASFÁLTICAS RM-2C","Paraíba","-"]
["2022-07-01","EMULSÕES ASFÁLTICAS RM-2C","Rio de Janeiro","-"]
["2022-09-01","EMULSÕES ASFÁLTICAS RM-2C","Espírito Santo","-"]
["2022-10-01","EMULSÕES ASFÁLTICAS RM-2C","Minas Gerais","-"]
["2022-12-01","EMULSÕES ASFÁLTICAS RM-2C","Alagoas","-"]
["2023-01-01","EMULSÕES ASFÁLTICAS RM-2C","Tocantins","-"]
["2023-04-01","EMULSÕES ASFÁLTICAS RM-2C","Rio Grande do Sul","-"]
["2023-06-01","EMULSÕES ASFÁLTICAS RM-2C","Maranhão","-"]
["2023-07-01","EMULSÕES ASFÁLTICAS RM-2C","Sergipe","-"]
["2023-11-01","EMULSÕES ASFÁLTICAS RM-2C","Amapá","-"]
["2023-12-01","EMULSÕES ASFÁLTICAS RM-2C","Rio de Janeiro","-"]
["2024-01-01","EMULSÕES ASFÁLTICAS RM-2C","Santa Catarina","-"]
["2024-05-01","EMULSÕES ASFÁLTICAS RM-2C","Mato Grosso do Sul","-"]
["2024-07-01","EMULSÕES ASFÁLTICAS RM-2C","Acre","-"]
["2024-08-01","EMULSÕES ASFÁLTICAS RM-2C","Ceará","-"]
["2024-09-01","EMULSÕES ASFÁLTICAS RM-2C","Rondônia","-"]
["2024-12-01","EMULSÕES ASFÁLTICAS RM-2C","Sergipe","-"]
["2025-02-01","EMULSÕES ASFÁLTICAS RM-2C","Paraíba","-"]
["2025-04-01","EMULSÕES ASFÁLTICAS RM-2C","Amazonas","-"]
["2025-07-01","EMULSÕES ASFÁLTICAS RM-2C","Espírito Santo","-"]
["2025-07-01","EMULSÕES ASFÁLTICAS RM-2C","Pará","-"]
["2013-03-01","EMULSÕES ASFÁLTICAS RR-1C","Mato Grosso do Sul","-"]
["2013-04-01","EMULSÕES ASFÁLTICAS RR-1C","Pernambuco","-"]
["2013-06-01","EMULSÕES ASFÁLTICAS RR-1C","Ceará",0.68381347835159112]
["2013-09-01","EMULSÕES ASFÁLTICAS RR-1C","Maranhão","-"]
["2013-10-01","EMULSÕES ASFÁLTICAS RR-1C","Sergipe","-"]
["2013-12-01","EMULSÕES ASFÁLTICAS RR-1C","Paraíba","-"]
["2014-03-01","EMULSÕES ASFÁLTICAS RR-1C","Rio de Janeiro",0.79835693178383593]
["2014-05-01","EMULSÕES ASFÁLTICAS RR-1C","Espírito Santo","-"]
["2014-06-01","EMULSÕES ASFÁLTICAS RR-1C","Santa Catarina","-"]
["2014-08-01","EMULSÕES ASFÁLTICAS RR-1C","Alagoas","-"]
["2014-11-01","EMULSÕES ASFÁLTICAS RR-1C","Pernambuco","-"]
["2014-12-01","EMULSÕES ASFÁLTICAS RR-1C","Rondônia","-"]
["2015-02-01","EMULSÕES ASFÁLTICAS RR-1C","Mato Grosso","-"]
["2015-04-01","EMULSÕES ASFÁLTICAS RR-1C","São Paulo",0.92660260024292052]
["2015-07-01","EMULSÕES ASFÁLTICAS RR-1C","Amapá","-"]
["2015-08-01","EMULSÕES ASFÁLTICAS RR-1C","Rio de Janeiro",0.89065012329223581]
["2015-09-01","EMULSÕES ASFÁLTICAS RR-1C","Santa Catarina","-"]
["2016-01-01","EMULSÕES ASFÁLTICAS RR-1C","Mato Grosso do Sul","-"]
["2016-03-01","EMULSÕES ASFÁLTICAS RR-1C","Acre","-"]
["2016-04-01","EMULSÕES ASFÁLTICAS RR-1C","Ceará",1.4366765164789319]
["2016-05-01","EMULSÕES ASFÁLTICAS RR-1C","Rondônia","-"]
["2016-09-01","EMULSÕES ASFÁLTICAS RR-1C","Maranhão","-"]
["2016-10-01","EMULSÕES ASFÁLTICAS RR-1C","Paraíba","-"]
["2016-12-01","EMULSÕES ASFÁLTICAS RR-1C","Amazonas","-"]
["2017-03-01","EMULSÕES ASFÁLTICAS RR-1C","Espírito Santo","-"]
["2017-04-01","EMULSÕES ASFÁLTICAS RR-1C","Santa Catarina","-"]
["2017-06-01","EMULSÕES ASFÁLTICAS RR-1C","Minas Gerais",1.1123024365395042]
["2017-07-01","EMULSÕES ASFÁLTICAS RR-1C","Piauí","-"]
["2017-10-01","EMULSÕES ASFÁLTICAS RR-1C","Mato Grosso do Sul","-"]
["2017-12-01","EMULSÕES ASFÁLTICAS RR-1C","Maranhão","-"]
["2018-01-01","EMULSÕES ASFÁLTICAS RR-1C","Sergipe","-"]
["2018-03-01","EMULSÕES ASFÁLTICAS RR-1C","Paraíba","-"]
["2018-06-01","EMULSÕES ASFÁLTICAS RR-1C","Rio de Janeiro","-"]
["2018-08-01","EMULSÕES ASFÁLTICAS RR-1C","Espírito Santo","-"]
["2018-09-01","EMULSÕES ASFÁLTICAS RR-1C","Santa Catarina","-"]
["2018-11-01","EMULSÕES ASFÁLTICAS RR-1C","Alagoas","-"]
["2019-02-01","EMULSÕES ASFÁLTICAS RR-1C","Pernambuco","-"]
["2019-03-01","EMULSÕES ASFÁLTICAS RR-1C","Rondônia","-"]
["2019-05-01","EMULSÕES ASFÁLTICAS RR-1C","Mato Grosso",2.1709981554814508]
["2019-06-01","EMULSÕES ASFÁLTICAS RR-1C","Tocantins","-"]
["2019-10-01","EMULSÕES ASFÁLTICAS RR-1C","Amazonas","-"]
["2019-11-01","EMULSÕES ASFÁLTICAS RR-1C","Rio Grande do Norte","-"]
["2019-12-01","EMULSÕES ASFÁLTICAS RR-1C","São Paulo",1.8853569162210337]
["2020-04-01","EMULSÕES ASFÁLTICAS RR-1C","Mato Grosso do Sul","-"]
["2020-06-01","EMULSÕES ASFÁLTICAS RR-1C","Acre","-"]
["2020-07-01","EMULSÕES ASFÁLTICAS RR-1C","Ceará",1.5692966991372115]
["2020-08-01","EMULSÕES ASFÁLTICAS RR-1C","Rondônia","-"]
["2020-12-01","EMULSÕES ASFÁLTICAS RR-1C","Maranhão","-"]
["2021-01-01","EMULSÕES ASFÁLTICAS RR-1C","Paraíba","-"]
["2021-03-01","EMULSÕES ASFÁLTICAS RR-1C","Amazonas","-"]
["2021-04-01","EMULSÕES ASFÁLTICAS RR-1C","Goiás","-"]
["2021-07-01","EMULSÕES ASFÁLTICAS RR-1C","Santa Catarina","-"]
["2021-09-01","EMULSÕES ASFÁLTICAS RR-1C","Minas Gerais",2.4286808019477037]
["2021-10-01","EMULSÕES ASFÁLTICAS RR-1C","Piauí","-"]
["2021-12-01","EMULSÕES ASFÁLTICAS RR-1C","Distrito Federal","-"]
["2022-03-01","EMULSÕES ASFÁLTICAS RR-1C","Rondônia","-"]
["2022-04-01","EMULSÕES ASFÁLTICAS RR-1C","Tocantins","-"]
["2022-06-01","EMULSÕES ASFÁLTICAS RR-1C","Mato Grosso do Sul",3.2548449453551909]
["2022-09-01","EMULSÕES ASFÁLTICAS RR-1C","Rio de Janeiro",3.0734337729285266]
["2022-11-01","EMULSÕES ASFÁLTICAS RR-1C","Espírito Santo","-"]
["2022-12-01","EMULSÕES ASFÁLTICAS RR-1C","Santa Catarina","-"]
["2023-02-01","EMULSÕES ASFÁLTICAS RR-1C","Alagoas","-"]
["2023-05-01","EMULSÕES ASFÁLTICAS RR-1C","Pernambuco","-"]
["2023-07-01","EMULSÕES ASFÁLTICAS RR-1C","Ceará",2.4378561748740242]
["2023-08-01","EMULSÕES ASFÁLTICAS RR-1C","Mato Grosso",3.0574718031654178]
["2023-09-01","EMULSÕES ASFÁLTICAS RR-1C","Tocantins","-"]
["2024-01-01","EMULSÕES ASFÁLTICAS RR-1C","Amazonas","-"]
["2024-02-01","EMULSÕES ASFÁLTICAS RR-1C","Rio Grande do Norte","-"]
["2024-04-01","EMULSÕES ASFÁLTICAS RR-1C","Goiás",2.4579386885495746]
["2024-07-01","EMULSÕES ASFÁLTICAS RR-1C","Minas Gerais",2.4146315130574774]
["2024-09-01","EMULSÕES ASFÁLTICAS RR-1C","Alagoas","-"]
["2024-10-01","EMULSÕES ASFÁLTICAS RR-1C","Rio de Janeiro",2.5989632966527005]
["2024-11-01","EMULSÕES ASFÁLTICAS RR-1C","Rondônia","-"]
["2025-01-01","EMULSÕES ASFÁLTICAS RR-1C","Mato Grosso",3.7169243805660006]
["2025-04-01","EMULSÕES ASFÁLTICAS RR-1C","Paraíba","-"]
["2025-06-01","EMULSÕES ASFÁLTICAS RR-1C","Amazonas","-"]
["2025-07-01","EMULSÕES ASFÁLTICAS RR-1C","Rio Grande do Norte","-"]
["2013-03-01","EMULSÕES ASFÁLTICAS RR-2C","Santa Catarina","-"]
["2013-05-01","EMULSÕES ASFÁLTICAS RR-2C","Minas Gerais",0.76478048909057994]
["2013-06-01","EMULSÕES ASFÁLTICAS RR-2C","Piauí","-"]
["2013-08-01","EMULSÕES ASFÁLTICAS RR-2C","Distrito Federal","-"]
["2013-11-01","EMULSÕES ASFÁLTICAS RR-2C","Rondônia","-"]
["2013-12-01","EMULSÕES ASFÁLTICAS RR-2C","Tocantins","-"]
["2014-02-01","EMULSÕES ASFÁLTICAS RR-2C","Paraná",0.8557308467459247]
["2014-05-01","EMULSÕES ASFÁLTICAS RR-2C","Rio Grande do Norte","-"]
["2014-07-01","EMULSÕES ASFÁLTICAS RR-2C","Goiás",0.76787301024302457]
["2014-09-01","EMULSÕES ASFÁLTICAS RR-2C","Maranhão","-"]
["2014-10-01","EMULSÕES ASFÁLTICAS RR-2C","Alagoas","-"]
["2015-01-01","EMULSÕES ASFÁLTICAS RR-2C","Pernambuco","-"]
["2015-03-01","EMULSÕES ASFÁLTICAS RR-2C","Ceará",1.0711514163147806]
["2015-04-01","EMULSÕES ASFÁLTICAS RR-2C","Mato Grosso",1.2992992172939652]
["2015-05-01","EMULSÕES ASFÁLTICAS RR-2C","Tocantins","-"]
["2015-09-01","EMULSÕES ASFÁLTICAS RR-2C","Amazonas","-"]
["2015-10-01","EMULSÕES ASFÁLTICAS RR-2C","Rio Grande do Norte","-"]
["2015-12-01","EMULSÕES ASFÁLTICAS RR-2C","Goiás",1.2428371430080754]
["2016-03-01","EMULSÕES ASFÁLTICAS RR-2C","Minas Gerais",1.1604276860083784]
["2016-05-01","EMULSÕES ASFÁLTICAS RR-2C","Alagoas","-"]
["2016-06-01","EMULSÕES ASFÁLTICAS RR-2C","Piauí","-"]
["2016-07-01","EMULSÕES ASFÁLTICAS RR-2C","Roraima","-"]
["2016-09-01","EMULSÕES ASFÁLTICAS RR-2C","Mato Grosso do Sul","-"]
["2016-11-01","EMULSÕES ASFÁLTICAS RR-2C","Rio de Janeiro",1.3738038078692534]
["2017-02-01","EMULSÕES ASFÁLTICAS RR-2C","Amazonas","-"]
["2017-03-01","EMULSÕES ASFÁLTICAS RR-2C","Rio Grande do Norte","-"]
["2017-06-01","EMULSÕES ASFÁLTICAS RR-2C","Santa Catarina","-"]
["2017-08-01","EMULSÕES ASFÁLTICAS RR-2C","Minas Gerais",1.240215274104973]
["2017-09-01","EMULSÕES ASFÁLTICAS RR-2C","Piauí","-"]
["2017-11-01","EMULSÕES ASFÁLTICAS RR-2C","Distrito Federal","-"]
["2018-02-01","EMULSÕES ASFÁLTICAS RR-2C","Rondônia","-"]
["2018-03-01","EMULSÕES ASFÁLTICAS RR-2C","Tocantins","-"]
["2018-05-01","EMULSÕES ASFÁLTICAS RR-2C","Paraná",1.3845016794200009]
["2018-07-01","EMULSÕES ASFÁLTICAS RR-2C","Bahia","-"]
["2018-10-01","EMULSÕES ASFÁLTICAS RR-2C","Goiás",1.4772885016214525]
["2018-11-01","EMULSÕES ASFÁLTICAS RR-2C","São Paulo",2.0478714039792596]
["2019-01-01","EMULSÕES ASFÁLTICAS RR-2C","Amapá","-"]
["2019-04-01","EMULSÕES ASFÁLTICAS RR-2C","Piauí","-"]
["2019-05-01","EMULSÕES ASFÁLTICAS RR-2C","Maranhão","-"]
["2019-07-01","EMULSÕES ASFÁLTICAS RR-2C","Mato Grosso",2.4479499521878352]
["2019-08-01","EMULSÕES ASFÁLTICAS RR-2C","Tocantins","-"]
["2019-12-01","EMULSÕES ASFÁLTICAS RR-2C","Amazonas","-"]
["2020-01-01","EMULSÕES ASFÁLTICAS RR-2C","Rio Grande do Norte","-"]
["2020-03-01","EMULSÕES ASFÁLTICAS RR-2C","Goiás","-"]
["2020-04-01","EMULSÕES ASFÁLTICAS RR-2C","Pará","-"]
["2020-08-01","EMULSÕES ASFÁLTICAS RR-2C","Alagoas","-"]
["2020-09-01","EMULSÕES ASFÁLTICAS RR-2C","Piauí","-"]
["2020-10-01","EMULSÕES ASFÁLTICAS RR-2C","Roraima","-"]
["2020-12-01","EMULSÕES ASFÁLTICAS RR-2C","Mato Grosso do Sul","-"]
["2021-03-01","EMULSÕES ASFÁLTICAS RR-2C","Paraná",2.2861403889314587]
["2021-05-01","EMULSÕES ASFÁLTICAS RR-2C","Bahia","-"]
["2021-06-01","EMULSÕES ASFÁLTICAS RR-2C","Rio Grande do Sul","-"]
["2021-09-01","EMULSÕES ASFÁLTICAS RR-2C","Pernambuco","-"]
["2021-11-01","EMULSÕES ASFÁLTICAS RR-2C","Minas Gerais",3.1661388972767428]
["2022-01-01","EMULSÕES ASFÁLTICAS RR-2C","Alagoas","-"]
["2022-02-01","EMULSÕES ASFÁLTICAS RR-2C","Distrito Federal","-"]
["2022-05-01","EMULSÕES ASFÁLTICAS RR-2C","Rondônia","-"]
["2022-06-01","EMULSÕES ASFÁLTICAS RR-2C","Tocantins","-"]
["2022-08-01","EMULSÕES ASFÁLTICAS RR-2C","Paraná",3.1575437157465456]
["2022-10-01","EMULSÕES ASFÁLTICAS RR-2C","Bahia","-"]
["2023-01-01","EMULSÕES ASFÁLTICAS RR-2C","Goiás",3.181823440369604]
["2023-02-01","EMULSÕES ASFÁLTICAS RR-2C","São Paulo",2.6240950846687885]
["2023-04-01","EMULSÕES ASFÁLTICAS RR-2C","Amapá","-"]
["2023-07-01","EMULSÕES ASFÁLTICAS RR-2C","Piauí","-"]
["2023-09-01","EMULSÕES ASFÁLTICAS RR-2C","Distrito Federal","-"]
["2023-10-01","EMULSÕES ASFÁLTICAS RR-2C","Mato Grosso do Sul","-"]
["2023-12-01","EMULSÕES ASFÁLTICAS RR-2C","Acre","-"]
["2024-01-01","EMULSÕES ASFÁLTICAS RR-2C","Pernambuco","-"]
["2024-01-01","EMULSÕES ASFÁLTICAS RR-2C","Piauí","-"]
["2024-01-01","EMULSÕES ASFÁLTICAS RR-2C","Rio de Janeiro","-"]
["2024-01-01","EMULSÕES ASFÁLTICAS RR-2C","Rio Grande do Norte","-"]
["2024-01-01","EMULSÕES ASFÁLTICAS RR-2C","Rio Grande do Sul",2.6921488123933446]
["2024-01-01","EMULSÕES ASFÁLTICAS RR-2C","Rondônia","-"]
["2024-01-01","EMULSÕES ASFÁLTICAS RR-2C","Roraima","-"]
["2024-01-01","EMULSÕES ASFÁLTICAS RR-2C","Santa Catarina","-"]
["2024-01-01","EMULSÕES ASFÁLTICAS RR-2C","São Paulo",2.5442266436429466]
["2024-01-01","EMULSÕES ASFÁLTICAS RR-2C","Sergipe","-"]
["2024-01-01","EMULSÕES ASFÁLTICAS RR-2C","Tocantins","-"]
["2024-02-01","EMULSÕES ASFÁLTICAS RR-2C","Acre","-"]
["2024-02-01","EMULSÕES ASFÁLTICAS RR-2C","Alagoas","-"]
["2024-02-01","EMULSÕES ASFÁLTICAS RR-2C","Amapá","-"]
["2024-02-01","EMULSÕES ASFÁLTICAS RR-2C","Amazonas",4.248298290600431]
["2024-02-01","EMULSÕES ASFÁLTICAS RR-2C","Bahia","-"]
["2024-02-01","EMULSÕES ASFÁLTICAS RR-2C","Ceará",2.5191503370752053]
["2024-02-01","EMULSÕES ASFÁLTICAS RR-2C","Distrito Federal","-"]
["2024-02-01","EMULSÕES ASFÁLTICAS RR-2C","Espírito Santo","-"]
["2024-02-01","EMULSÕES ASFÁLTICAS RR-2C","Goiás",2.7966368010781486]
["2024-02-01","EMULSÕES ASFÁLTICAS RR-2C","Maranhão","-"]
["2024-02-01","EMULSÕES ASFÁLTICAS RR-2C","Mato Grosso",3.2252323227304998]
["2024-02-01","EMULSÕES ASFÁLTICAS RR-2C","Mato Grosso do Sul",2.7413912967784442]
["2024-02-01","EMULSÕES ASFÁLTICAS RR-2C","Minas Gerais",2.8778714744049414]
["2024-02-01","EMULSÕES ASFÁLTICAS RR-2C","Pará","-"]
["2024-02-01","EMULSÕES ASFÁLTICAS RR-2C","Paraíba","-"]
["2024-02-01","EMULSÕES ASFÁLTICAS RR-2C","Paraná",2.5623127855214669]
["2024-02-01","EMULSÕES ASFÁLTICAS RR-2C","Pernambuco","-"]
["2024-02-01","EMULSÕES ASFÁLTICAS RR-2C","Piauí","-"]
["2024-02-01","EMULSÕES ASFÁLTICAS RR-2C","Rio de Janeiro","-"]
["2024-02-01","EMULSÕES ASFÁLTICAS RR-2C","Rio Grande do Norte","-"]
["2024-02-01","EMULSÕES ASFÁLTICAS RR-2C","Rio Grande do Sul",2.6175448778485908]
["2024-02-01","EMULSÕES ASFÁLTICAS RR-2C","Rondônia","-"]
["2024-02-01","EMULSÕES ASFÁLTICAS RR-2C","Roraima","-"]
["2024-02-01","EMULSÕES ASFÁLTICAS RR-2C","Santa Catarina","-"]
["2024-02-01","EMULSÕES ASFÁLTICAS RR-2C","São Paulo",2.5935200228370361]
["2024-02-01","EMULSÕES ASFÁLTICAS RR-2C","Sergipe","-"]
["2024-02-01","EMULSÕES ASFÁLTICAS RR-2C","Tocantins","-"]
["2024-03-01","EMULSÕES ASFÁLTICAS RR-2C","Acre","-"]
["2024-03-01","EMULSÕES ASFÁLTICAS RR-2C","Alagoas","-"]
["2024-03-01","EMULSÕES ASFÁLTICAS RR-2C","Amapá","-"]
["2024-03-01","EMULSÕES ASFÁLTICAS RR-2C","Amazonas","-"]
["2024-03-01","EMULSÕES ASFÁLTICAS RR-2C","Bahia","-"]
["2024-03-01","EMULSÕES ASFÁLTICAS RR-2C","Ceará",2.5578626906298965]
["2024-03-01","EMULSÕES ASFÁLTICAS RR-2C","Distrito Federal","-"]
["2024-03-01","EMULSÕES ASFÁLTICAS RR-2C","Espírito Santo","-"]
["2024-03-01","EMULSÕES ASFÁLTICAS RR-2C","Goiás",2.5324859114087368]
["2024-03-01","EMULSÕES ASFÁLTICAS RR-2C","Maranhão","-"]
["2024-03-01","EMULSÕES ASFÁLTICAS RR-2C","Mato Grosso",3.2142033314018912]
["2024-03-01","EMULSÕES ASFÁLTICAS RR-2C","Mato Grosso do Sul",2.7213220198489489]
["2024-03-01","EMULSÕES ASFÁLTICAS RR-2C","Minas Gerais",2.8376833700606432]
["2024-03-01","EMULSÕES ASFÁLTICAS RR-2C","Pará","-"]
["2024-03-01","EMULSÕES ASFÁLTICAS RR-2C","Paraíba","-"]
["2024-03-01","EMULSÕES ASFÁLTICAS RR-2C","Paraná",2.5798154599222438]
["2024-03-01","EMULSÕES ASFÁLTICAS RR-2C","Pernambuco","-"]
["2024-03-01","EMULSÕES ASFÁLTICAS RR-2C","Piauí","-"]
["2024-03-01","EMULSÕES ASFÁLTICAS RR-2C","Rio de Janeiro","-"]
["2024-03-01","EMULSÕES ASFÁLTICAS RR-2C","Rio Grande do Norte","-"]
["2024-03-01","EMULSÕES ASFÁLTICAS RR-2C","Rio Grande do Sul",2.7020602859145755]
["2024-03-01","EMULSÕES ASFÁLTICAS RR-2C","Rondônia","-"]
["2024-03-01","EMULSÕES ASFÁLTICAS RR-2C","Roraima","-"]
["2024-03-01","EMULSÕES ASFÁLTICAS RR-2C","Santa Catarina","-"]
["2024-03-01","EMULSÕES ASFÁLTICAS RR-2C","São Paulo",2.6075844973272346]
["2024-03-01","EMULSÕES ASFÁLTICAS RR-2C","Sergipe","-"]
["2024-03-01","EMULSÕES ASFÁLTICAS RR-2C","Tocantins","-"]
["2024-04-01","EMULSÕES ASFÁLTICAS RR-2C","Acre","-"]
["2024-04-01","EMULSÕES ASFÁLTICAS RR-2C","Alagoas","-"]
["2024-04-01","EMULSÕES ASFÁLTICAS RR-2C","Amapá","-"]
["2024-04-01","EMULSÕES ASFÁLTICAS RR-2C","Amazonas",3.7511368882569718]
["2024-04-01","EMULSÕES ASFÁLTICAS RR-2C","Bahia","-"]
["2024-04-01","EMULSÕES ASFÁLTICAS RR-2C","Ceará",2.4431961177829522]
["2024-04-01","EMULSÕES ASFÁLTICAS RR-2C","Distrito Federal","-"]
["2024-04-01","EMULSÕES ASFÁLTICAS RR-2C","Espírito Santo","-"]
["2024-04-01","EMULSÕES ASFÁLTICAS RR-2C","Goiás",2.7740328979051507]
["2024-04-01","EMULSÕES ASFÁLTICAS RR-2C","Maranhão","-"]
["2024-04-01","EMULSÕES ASFÁLTICAS RR-2C","Mato Grosso",3.1649247101118183]
["2024-04-01","EMULSÕES ASFÁLTICAS RR-2C","Mato Grosso do Sul",2.8315529823361829]
["2024-04-01","EMULSÕES ASFÁLTICAS RR-2C","Minas Gerais",2.7707079564980783]
["2024-04-01","EMULSÕES ASFÁLTICAS RR-2C","Pará",3.1069607352468673]
["2024-04-01","EMULSÕES ASFÁLTICAS RR-2C","Paraíba","-"]
["2024-04-01","EMULSÕES ASFÁLTICAS RR-2C","Paraná",2.6175822397737041]
["2024-04-01","EMULSÕES ASFÁLTICAS RR-2C","Pernambuco","-"]
["2024-04-01","EMULSÕES ASFÁLTICAS RR-2C","Piauí","-"]
["2024-04-01","EMULSÕES ASFÁLTICAS RR-2C","Rio de Janeiro",3.5237229523208082]
["2024-04-01","EMULSÕES ASFÁLTICAS RR-2C","Rio Grande do Norte","-"]
["2024-04-01","EMULSÕES ASFÁLTICAS RR-2C","Rio Grande do Sul",2.6639191472647439]
["2024-04-01","EMULSÕES ASFÁLTICAS RR-2C","Rondônia","-"]
["2024-04-01","EMULSÕES ASFÁLTICAS RR-2C","Roraima","-"]
["2024-04-01","EMULSÕES ASFÁLTICAS RR-2C","Santa Catarina","-"]
["2024-04-01","EMULSÕES ASFÁLTICAS RR-2C","São Paulo",2.6381143848607365]
["2024-04-01","EMULSÕES ASFÁLTICAS RR-2C","Sergipe","-"]
["2024-04-01","EMULSÕES ASFÁLTICAS RR-2C","Tocantins","-"]
["2024-05-01","EMULSÕES ASFÁLTICAS RR-2C","Acre","-"]
["2024-05-01","EMULSÕES ASFÁLTICAS RR-2C","Alagoas","-"]
["2024-05-01","EMULSÕES ASFÁLTICAS RR-2C","Amapá","-"]
["2024-05-01","EMULSÕES ASFÁLTICAS RR-2C","Amazonas",3.0822955853357281]
["2024-05-01","EMULSÕES ASFÁLTICAS RR-2C","Bahia","-"]
["2024-05-01","EMULSÕES ASFÁLTICAS RR-2C","Ceará",2.5255827216631612]
["2024-05-01","EMULSÕES ASFÁLTICAS RR-2C","Distrito Federal","-"]
["2024-05-01","EMULSÕES ASFÁLTICAS RR-2C","Espírito Santo","-"]
["2024-05-01","EMULSÕES ASFÁLTICAS RR-2C","Goiás",2.7231072303771042]
["2024-05-01","EMULSÕES ASFÁLTICAS RR-2C","Maranhão","-"]
["2024-05-01","EMULSÕES ASFÁLTICAS RR-2C","Mato Grosso",3.3375436107294689]
["2024-05-01","EMULSÕES ASFÁLTICAS RR-2C","Mato Grosso do Sul","-"]
["2024-05-01","EMULSÕES ASFÁLTICAS RR-2C","Minas Gerais",2.6237363909337859]
["2024-05-01","EMULSÕES ASFÁLTICAS RR-2C","Pará","-"]
["2024-05-01","EMULSÕES ASFÁLTICAS RR-2C","Paraíba","-"]
["2024-05-01","EMULSÕES ASFÁLTICAS RR-2C","Paraná",2.7211145833023855]
["2024-05-01","EMULSÕES ASFÁLTICAS RR-2C","Pernambuco","-"]
["2024-05-01","EMULSÕES ASFÁLTICAS RR-2C","Piauí","-"]
["2024-05-01","EMULSÕES ASFÁLTICAS RR-2C","Rio de Janeiro","-"]
["2024-05-01","EMULSÕES ASFÁLTICAS RR-2C","Rio Grande do Norte","-"]
["2024-05-01","EMULSÕES ASFÁLTICAS RR-2C","Rio Grande do Sul",2.8027101717490357]
["2024-05-01","EMULSÕES ASFÁLTICAS RR-2C","Rondônia","-"]
["2024-05-01","EMULSÕES ASFÁLTICAS RR-2C","Roraima","-"]
["2024-05-01","EMULSÕES ASFÁLTICAS RR-2C","Santa Catarina","-"]
["2024-05-01","EMULSÕES ASFÁLTICAS RR-2C","São Paulo",2.6727297338456282]
["2024-05-01","EMULSÕES ASFÁLTICAS RR-2C","Sergipe","-"]
["2024-05-01","EMULSÕES ASFÁLTICAS RR-2C","Tocantins",2.6018508264547027]
["2024-06-01","EMULSÕES ASFÁLTICAS RR-2C","Acre","-"]
["2024-06-01","EMULSÕES ASFÁLTICAS RR-2C","Alagoas","-"]
["2024-06-01","EMULSÕES ASFÁLTICAS RR-2C","Amapá","-"]
["2024-06-01","EMULSÕES ASFÁLTICAS RR-2C","Amazonas",3.6174371874171607]
["2024-06-01","EMULSÕES ASFÁLTICAS RR-2C","Bahia","-"]
["2024-06-01","EMULSÕES ASFÁLTICAS RR-2C","Ceará",2.4765828477621596]
["2024-06-01","EMULSÕES ASFÁLTICAS RR-2C","Distrito Federal","-"]
["2024-06-01","EMULSÕES ASFÁLTICAS RR-2C","Espírito Santo","-"]
["2024-06-01","EMULSÕES ASFÁLTICAS RR-2C","Goiás",2.6707784420782139]
["2024-06-01","EMULSÕES ASFÁLTICAS RR-2C","Maranhão","-"]
["2024-06-01","EMULSÕES ASFÁLTICAS RR-2C","Mato Grosso",3.3365856866443457]
["2024-06-01","EMULSÕES ASFÁLTICAS RR-2C","Mato Grosso do Sul",2.7696491527122413]
["2024-06-01","EMULSÕES ASFÁLTICAS RR-2C","Minas Gerais",2.5708771586892714]
["2024-06-01","EMULSÕES ASFÁLTICAS RR-2C","Pará",3.2725561302628736]
["2024-06-01","EMULSÕES ASFÁLTICAS RR-2C","Paraíba","-"]
["2024-06-01","EMULSÕES ASFÁLTICAS RR-2C","Paraná",2.7801035095338702]
["2024-06-01","EMULSÕES ASFÁLTICAS RR-2C","Pernambuco","-"]
["2024-06-01","EMULSÕES ASFÁLTICAS RR-2C","Piauí","-"]
["2024-06-01","EMULSÕES ASFÁLTICAS RR-2C","Rio de Janeiro","-"]
["2024-06-01","EMULSÕES ASFÁLTICAS RR-2C","Rio Grande do Norte","-"]
["2024-06-01","EMULSÕES ASFÁLTICAS RR-2C","Rio Grande do Sul",2.8323497688896473]
["2024-06-01","EMULSÕES ASFÁLTICAS RR-2C","Rondônia","-"]
["2024-06-01","EMULSÕES ASFÁLTICAS RR-2C","Roraima","-"]
["2024-06-01","EMULSÕES ASFÁLTICAS RR-2C","Santa Catarina","-"]
["2024-06-01","EMULSÕES ASFÁLTICAS RR-2C","São Paulo",2.6132436865777655]
["2024-06-01","EMULSÕES ASFÁLTICAS RR-2C","Sergipe","-"]
["2024-06-01","EMULSÕES ASFÁLTICAS RR-2C","Tocantins",2.6162712158642951]
["2024-07-01","EMULSÕES ASFÁLTICAS RR-2C","Acre","-"]
["2024-07-01","EMULSÕES ASFÁLTICAS RR-2C","Alagoas","-"]
["2024-07-01","EMULSÕES ASFÁLTICAS RR-2C","Amapá","-"]
["2024-07-01","EMULSÕES ASFÁLTICAS RR-2C","Amazonas",3.6097103889455915]
["2024-07-01","EMULSÕES ASFÁLTICAS RR-2C","Bahia","-"]
["2024-07-01","EMULSÕES ASFÁLTICAS RR-2C","Ceará",2.6963978739691052]
["2024-07-01","EMULSÕES ASFÁLTICAS RR-2C","Distrito Federal","-"]
["2024-07-01","EMULSÕES ASFÁLTICAS RR-2C","Espírito Santo","-"]
["2024-07-01","EMULSÕES ASFÁLTICAS RR-2C","Goiás",2.887972464140856]
["2024-07-01","EMULSÕES ASFÁLTICAS RR-2C","Maranhão","-"]
["2024-07-01","EMULSÕES ASFÁLTICAS RR-2C","Mato Grosso",3.3975805975907254]
["2024-07-01","EMULSÕES ASFÁLTICAS RR-2C","Mato Grosso do Sul",2.9021389342926072]
["2024-07-01","EMULSÕES ASFÁLTICAS RR-2C","Minas Gerais",2.7498110056438207]
["2024-07-01","EMULSÕES ASFÁLTICAS RR-2C","Pará",3.3322321332470461]
["2024-07-01","EMULSÕES ASFÁLTICAS RR-2C","Paraíba","-"]
["2024-07-01","EMULSÕES ASFÁLTICAS RR-2C","Paraná",2.7171109121095545]
["2024-07-01","EMULSÕES ASFÁLTICAS RR-2C","Pernambuco","-"]
["2024-07-01","EMULSÕES ASFÁLTICAS RR-2C","Piauí","-"]
["2024-07-01","EMULSÕES ASFÁLTICAS RR-2C","Rio de Janeiro","-"]
["2024-07-01","EMULSÕES ASFÁLTICAS RR-2C","Rio Grande do Norte","-"]
["2024-07-01","EMULSÕES ASFÁLTICAS RR-2C","Rio Grande do Sul",2.7370878896555992]
["2024-07-01","EMULSÕES ASFÁLTICAS RR-2C","Rondônia","-"]
["2024-07-01","EMULSÕES ASFÁLTICAS RR-2C","Roraima","-"]
["2024-07-01","EMULSÕES ASFÁLTICAS RR-2C","Santa Catarina","-"]
["2024-07-01","EMULSÕES ASFÁLTICAS RR-2C","São Paulo",2.6712965257213921]
["2024-07-01","EMULSÕES ASFÁLTICAS RR-2C","Sergipe","-"]
["2024-07-01","EMULSÕES ASFÁLTICAS RR-2C","Tocantins","-"]
["2024-08-01","EMULSÕES ASFÁLTICAS RR-2C","Acre","-"]
["2024-08-01","EMULSÕES ASFÁLTICAS RR-2C","Alagoas","-"]
["2024-08-01","EMULSÕES ASFÁLTICAS RR-2C","Amapá","-"]
["2024-08-01","EMULSÕES ASFÁLTICAS RR-2C","Amazonas",3.7167684598189226]
["2024-08-01","EMULSÕES ASFÁLTICAS RR-2C","Bahia","-"]
["2024-08-01","EMULSÕES ASFÁLTICAS RR-2C","Ceará",2.9319981180080328]
["2024-08-01","EMULSÕES ASFÁLTICAS RR-2C","Distrito Federal","-"]
["2024-08-01","EMULSÕES ASFÁLTICAS RR-2C","Espírito Santo","-"]
["2024-08-01","EMULSÕES ASFÁLTICAS RR-2C","Goiás",3.1093833903759136]
["2024-08-01","EMULSÕES ASFÁLTICAS RR-2C","Maranhão","-"]
["2024-08-01","EMULSÕES ASFÁLTICAS RR-2C","Mato Grosso",3.6145547742165944]
["2024-08-01","EMULSÕES ASFÁLTICAS RR-2C","Mato Grosso do Sul",3.0576996689655203]
["2024-08-01","EMULSÕES ASFÁLTICAS RR-2C","Minas Gerais",2.9042762650728773]
["2024-08-01","EMULSÕES ASFÁLTICAS RR-2C","Pará","-"]
["2024-08-01","EMULSÕES ASFÁLTICAS RR-2C","Paraíba","-"]
["2024-08-01","EMULSÕES ASFÁLTICAS RR-2C","Paraná",2.8424804493779536]
["2024-08-01","EMULSÕES ASFÁLTICAS RR-2C","Pernambuco","-"]
["2024-08-01","EMULSÕES ASFÁLTICAS RR-2C","Piauí","-"]
["2024-08-01","EMULSÕES ASFÁLTICAS RR-2C","Rio de Janeiro","-"]
["2024-08-01","EMULSÕES ASFÁLTICAS RR-2C","Rio Grande do Norte","-"]
["2024-08-01","EMULSÕES ASFÁLTICAS RR-2C","Rio Grande do Sul",3.0251242014816602]
["2024-08-01","EMULSÕES ASFÁLTICAS RR-2C","Rondônia","-"]
["2024-08-01","EMULSÕES ASFÁLTICAS RR-2C","Roraima","-"]
["2024-08-01","EMULSÕES ASFÁLTICAS RR-2C","Santa Catarina","-"]
["2024-08-01","EMULSÕES ASFÁLTICAS RR-2C","São Paulo",2.8835825802647155]
["2024-08-01","EMULSÕES ASFÁLTICAS RR-2C","Sergipe","-"]
["2024-08-01","EMULSÕES ASFÁLTICAS RR-2C","Tocantins","-"]
["2024-09-01","EMULSÕES ASFÁLTICAS RR-2C","Acre","-"]
["2024-09-01","EMULSÕES ASFÁLTICAS RR-2C","Alagoas","-"]
["2024-09-01","EMULSÕES ASFÁLTICAS RR-2C","Amapá","-"]
["2024-09-01","EMULSÕES ASFÁLTICAS RR-2C","Amazonas",3.7669466711173283]
["2024-09-01","EMULSÕES ASFÁLTICAS RR-2C","Bahia","-"]
["2024-09-01","EMULSÕES ASFÁLTICAS RR-2C","Ceará",2.9815032420333871]
["2024-09-01","EMULSÕES ASFÁLTICAS RR-2C","Distrito Federal","-"]
["2024-09-01","EMULSÕES ASFÁLTICAS RR-2C","Espírito Santo","-"]
["2024-09-01","EMULSÕES ASFÁLTICAS RR-2C","Goiás",3.1728315321708149]
["2024-09-01","EMULSÕES ASFÁLTICAS RR-2C","Maranhão","-"]
["2024-09-01","EMULSÕES ASFÁLTICAS RR-2C","Mato Grosso",3.6788867086147468]
["2024-09-01","EMULSÕES ASFÁLTICAS RR-2C","Mato Grosso do Sul",3.0437109573928978]
["2024-09-01","EMULSÕES ASFÁLTICAS RR-2C","Minas Gerais",3.038439807286037]
["2024-09-01","EMULSÕES ASFÁLTICAS RR-2C","Pará",3.6177675105210207]
["2024-09-01","EMULSÕES ASFÁLTICAS RR-2C","Paraíba","-"]
["2024-09-01","EMULSÕES ASFÁLTICAS RR-2C","Paraná",2.8928732638756705]
["2024-09-01","EMULSÕES ASFÁLTICAS RR-2C","Pernambuco","-"]
["2024-09-01","EMULSÕES ASFÁLTICAS RR-2C","Piauí","-"]
["2024-09-01","EMULSÕES ASFÁLTICAS RR-2C","Rio de Janeiro","-"]
["2024-09-01","EMULSÕES ASFÁLTICAS RR-2C","Rio Grande do Norte","-"]
["2024-09-01","EMULSÕES ASFÁLTICAS RR-2C","Rio Grande do Sul",3.0536158411214958]
["2024-09-01","EMULSÕES ASFÁLTICAS RR-2C","Rondônia","-"]
["2024-09-01","EMULSÕES ASFÁLTICAS RR-2C","Roraima","-"]
["2024-09-01","EMULSÕES ASFÁLTICAS RR-2C","Santa Catarina","-"]
["2024-09-01","EMULSÕES ASFÁLTICAS RR-2C","São Paulo",2.7804167300147542]
["2024-09-01","EMULSÕES ASFÁLTICAS RR-2C","Sergipe","-"]
["2024-09-01","EMULSÕES ASFÁLTICAS RR-2C","Tocantins","-"]
["2024-10-01","EMULSÕES ASFÁLTICAS RR-2C","Acre","-"]
["2024-10-01","EMULSÕES ASFÁLTICAS RR-2C","Alagoas","-"]
["2024-10-01","EMULSÕES ASFÁLTICAS RR-2C","Amapá","-"]
["2024-10-01","EMULSÕES ASFÁLTICAS RR-2C","Amazonas",3.6771327456008489]
["2024-10-01","EMULSÕES ASFÁLTICAS RR-2C","Bahia","-"]
["2024-10-01","EMULSÕES ASFÁLTICAS RR-2C","Ceará",2.9769619317271609]
["2024-10-01","EMULSÕES ASFÁLTICAS RR-2C","Distrito Federal","-"]
["2024-10-01","EMULSÕES ASFÁLTICAS RR-2C","Espírito Santo","-"]
["2024-10-01","EMULSÕES ASFÁLTICAS RR-2C","Goiás",3.2752482228782842]
["2024-10-01","EMULSÕES ASFÁLTICAS RR-2C","Maranhão","-"]
["2024-10-01","EMULSÕES ASFÁLTICAS RR-2C","Mato Grosso",3.6153061390132621]
["2024-10-01","EMULSÕES ASFÁLTICAS RR-2C","Mato Grosso do Sul",2.9575083011714107]
["2024-10-01","EMULSÕES ASFÁLTICAS RR-2C","Minas Gerais",3.1673859790792274]
["2024-10-01","EMULSÕES ASFÁLTICAS RR-2C","Pará","-"]
["2024-10-01","EMULSÕES ASFÁLTICAS RR-2C","Paraíba","-"]
["2024-10-01","EMULSÕES ASFÁLTICAS RR-2C","Paraná",2.87044468331095]
["2024-10-01","EMULSÕES ASFÁLTICAS RR-2C","Pernambuco","-"]
["2024-10-01","EMULSÕES ASFÁLTICAS RR-2C","Piauí","-"]
["2024-10-01","EMULSÕES ASFÁLTICAS RR-2C","Rio de Janeiro","-"]
["2024-10-01","EMULSÕES ASFÁLTICAS RR-2C","Rio Grande do Norte","-"]
["2024-10-01","EMULSÕES ASFÁLTICAS RR-2C","Rio Grande do Sul",2.9854265660295387]
["2024-10-01","EMULSÕES ASFÁLTICAS RR-2C","Rondônia","-"]
["2024-10-01","EMULSÕES ASFÁLTICAS RR-2C","Roraima","-"]
["2024-10-01","EMULSÕES ASFÁLTICAS RR-2C","Santa Catarina","-"]
["2024-10-01","EMULSÕES ASFÁLTICAS RR-2C","São Paulo",2.9374833750946445]
["2024-10-01","EMULSÕES ASFÁLTICAS RR-2C","Sergipe","-"]
["2024-10-01","EMULSÕES ASFÁLTICAS RR-2C","Tocantins",2.9473726121218999]
["2024-11-01","EMULSÕES ASFÁLTICAS RR-2C","Acre","-"]
["2024-11-01","EMULSÕES ASFÁLTICAS RR-2C","Alagoas","-"]
["2024-11-01","EMULSÕES ASFÁLTICAS RR-2C","Amapá","-"]
["2024-11-01","EMULSÕES ASFÁLTICAS RR-2C","Amazonas",4.524442265627723]
["2024-11-01","EMULSÕES ASFÁLTICAS RR-2C","Bahia","-"]
["2024-11-01","EMULSÕES ASFÁLTICAS RR-2C","Ceará",3.064454442651285]
["2024-11-01","EMULSÕES ASFÁLTICAS RR-2C","Distrito Federal","-"]
["2024-11-01","EMULSÕES ASFÁLTICAS RR-2C","Espírito Santo","-"]
["2024-11-01","EMULSÕES ASFÁLTICAS RR-2C","Goiás",3.3744382829441091]
["2024-11-01","EMULSÕES ASFÁLTICAS RR-2C","Maranhão","-"]
["2024-11-01","EMULSÕES ASFÁLTICAS RR-2C","Mato Grosso",3.8069167200142862]
["2024-11-01","EMULSÕES ASFÁLTICAS RR-2C","Mato Grosso do Sul","-"]
["2024-11-01","EMULSÕES ASFÁLTICAS RR-2C","Minas Gerais",2.9325243112044515]
["2024-11-01","EMULSÕES ASFÁLTICAS RR-2C","Pará","-"]
["2024-11-01","EMULSÕES ASFÁLTICAS RR-2C","Paraíba","-"]
["2024-11-01","EMULSÕES ASFÁLTICAS RR-2C","Paraná",2.8053454704233438]
["2024-11-01","EMULSÕES ASFÁLTICAS RR-2C","Pernambuco","-"]
["2024-11-01","EMULSÕES ASFÁLTICAS RR-2C","Piauí","-"]
["2024-11-01","EMULSÕES ASFÁLTICAS RR-2C","Rio de Janeiro","-"]
["2024-11-01","EMULSÕES ASFÁLTICAS RR-2C","Rio Grande do Norte","-"]
["2024-11-01","EMULSÕES ASFÁLTICAS RR-2C","Rio Grande do Sul","-"]
["2024-11-01","EMULSÕES ASFÁLTICAS RR-2C","Rondônia","-"]
["2024-11-01","EMULSÕES ASFÁLTICAS RR-2C","Roraima","-"]
["2024-11-01","EMULSÕES ASFÁLTICAS RR-2C","Santa Catarina","-"]
["2024-11-01","EMULSÕES ASFÁLTICAS RR-2C","São Paulo",2.8825418315796179]
["2024-11-01","EMULSÕES ASFÁLTICAS RR-2C","Sergipe","-"]
["2024-11-01","EMULSÕES ASFÁLTICAS RR-2C","Tocantins",2.9658288998809077]
["2024-12-01","EMULSÕES ASFÁLTICAS RR-2C","Acre","-"]
["2024-12-01","EMULSÕES ASFÁLTICAS RR-2C","Alagoas","-"]
["2024-12-01","EMULSÕES ASFÁLTICAS RR-2C","Amapá","-"]
["2024-12-01","EMULSÕES ASFÁLTICAS RR-2C","Amazonas","-"]
["2024-12-01","EMULSÕES ASFÁLTICAS RR-2C","Bahia","-"]
["2024-12-01","EMULSÕES ASFÁLTICAS RR-2C","Ceará",3.0260142694416357]
["2024-12-01","EMULSÕES ASFÁLTICAS RR-2C","Distrito Federal","-"]
["2024-12-01","EMULSÕES ASFÁLTICAS RR-2C","Espírito Santo","-"]
["2024-12-01","EMULSÕES ASFÁLTICAS RR-2C","Goiás",3.3969483264246469]
["2024-12-01","EMULSÕES ASFÁLTICAS RR-2C","Maranhão","-"]
["2024-12-01","EMULSÕES ASFÁLTICAS RR-2C","Mato Grosso",3.7055917047124529]
["2024-12-01","EMULSÕES ASFÁLTICAS RR-2C","Mato Grosso do Sul","-"]
["2024-12-01","EMULSÕES ASFÁLTICAS RR-2C","Minas Gerais",3.0666664426162922]
["2024-12-01","EMULSÕES ASFÁLTICAS RR-2C","Pará","-"]
["2024-12-01","EMULSÕES ASFÁLTICAS RR-2C","Paraíba","-"]
["2024-12-01","EMULSÕES ASFÁLTICAS RR-2C","Paraná",2.8554114745622798]
["2024-12-01","EMULSÕES ASFÁLTICAS RR-2C","Pernambuco","-"]
["2024-12-01","EMULSÕES ASFÁLTICAS RR-2C","Piauí","-"]
["2024-12-01","EMULSÕES ASFÁLTICAS RR-2C","Rio de Janeiro","-"]
["2024-12-01","EMULSÕES ASFÁLTICAS RR-2C","Rio Grande do Norte","-"]
["2024-12-01","EMULSÕES ASFÁLTICAS RR-2C","Rio Grande do Sul",3.2628686298372771]
["2024-12-01","EMULSÕES ASFÁLTICAS RR-2C","Rondônia","-"]
["2024-12-01","EMULSÕES ASFÁLTICAS RR-2C","Roraima","-"]
["2024-12-01","EMULSÕES ASFÁLTICAS RR-2C","Santa Catarina","-"]
["2024-12-01","EMULSÕES ASFÁLTICAS RR-2C","São Paulo",2.898406807891595]
["2024-12-01","EMULSÕES ASFÁLTICAS RR-2C","Sergipe","-"]
["2024-12-01","EMULSÕES ASFÁLTICAS RR-2C","Tocantins",3.0395893449378568]
["2025-01-01","EMULSÕES ASFÁLTICAS RR-2C","Acre","-"]
["2025-01-01","EMULSÕES ASFÁLTICAS RR-2C","Alagoas","-"]
["2025-01-01","EMULSÕES ASFÁLTICAS RR-2C","Amapá","-"]
["2025-01-01","EMULSÕES ASFÁLTICAS RR-2C","Amazonas",5.011171856085527]
["2025-01-01","EMULSÕES ASFÁLTICAS RR-2C","Bahia","-"]
["2025-01-01","EMULSÕES ASFÁLTICAS RR-2C","Ceará",2.9308660078936084]
["2025-01-01","EMULSÕES ASFÁLTICAS RR-2C","Distrito Federal","-"]
["2025-01-01","EMULSÕES ASFÁLTICAS RR-2C","Espírito Santo","-"]
["2025-01-01","EMULSÕES ASFÁLTICAS RR-2C","Goiás",3.4427443408421259]
["2025-01-01","EMULSÕES ASFÁLTICAS RR-2C","Maranhão","-"]
["2025-01-01","EMULSÕES ASFÁLTICAS RR-2C","Mato Grosso",4.1314474908809888]
["2025-01-01","EMULSÕES ASFÁLTICAS RR-2C","Mato Grosso do Sul","-"]
["2025-01-01","EMULSÕES ASFÁLTICAS RR-2C","Minas Gerais",3.3085192661619116]
["2025-01-01","EMULSÕES ASFÁLTICAS RR-2C","Pará","-"]
["2025-01-01","EMULSÕES ASFÁLTICAS RR-2C","Paraíba","-"]
["2025-01-01","EMULSÕES ASFÁLTICAS RR-2C","Paraná",2.9050847723566191]
["2025-01-01","EMULSÕES ASFÁLTICAS RR-2C","Pernambuco","-"]
["2025-01-01","EMULSÕES ASFÁLTICAS RR-2C","Piauí","-"]
["2025-01-01","EMULSÕES ASFÁLTICAS RR-2C","Rio de Janeiro","-"]
["2025-01-01","EMULSÕES ASFÁLTICAS RR-2C","Rio Grande do Norte","-"]
["2025-01-01","EMULSÕES ASFÁLTICAS RR-2C","Rio Grande do Sul",3.0793628360944134]
["2025-01-01","EMULSÕES ASFÁLTICAS RR-2C","Rondônia","-"]
["2025-01-01","EMULSÕES ASFÁLTICAS RR-2C","Roraima","-"]
["2025-01-01","EMULSÕES ASFÁLTICAS RR-2C","Santa Catarina","-"]
["2025-01-01","EMULSÕES ASFÁLTICAS RR-2C","São Paulo",2.9231406951094012]
["2025-01-01","EMULSÕES ASFÁLTICAS RR-2C","Sergipe","-"]
["2025-01-01","EMULSÕES ASFÁLTICAS RR-2C","Tocantins",2.8971041392054206]
["2025-02-01","EMULSÕES ASFÁLTICAS RR-2C","Acre","-"]
["2025-02-01","EMULSÕES ASFÁLTICAS RR-2C","Alagoas","-"]
["2025-02-01","EMULSÕES ASFÁLTICAS RR-2C","Amapá","-"]
["2025-02-01","EMULSÕES ASFÁLTICAS RR-2C","Amazonas","-"]
["2025-02-01","EMULSÕES ASFÁLTICAS RR-2C","Bahia","-"]
["2025-02-01","EMULSÕES ASFÁLTICAS RR-2C","Ceará",2.9342328150995227]
["2025-02-01","EMULSÕES ASFÁLTICAS RR-2C","Distrito Federal","-"]
["2025-02-01","EMULSÕES ASFÁLTICAS RR-2C","Espírito Santo","-"]
["2025-02-01","EMULSÕES ASFÁLTICAS RR-2C","Goiás",3.0230688455489152]
["2025-02-01","EMULSÕES ASFÁLTICAS RR-2C","Maranhão","-"]
["2025-02-01","EMULSÕES ASFÁLTICAS RR-2C","Mato Grosso",3.7049601495798892]
["2025-02-01","EMULSÕES ASFÁLTICAS RR-2C","Mato Grosso do Sul",3.6154772346230151]
["2025-02-01","EMULSÕES ASFÁLTICAS RR-2C","Minas Gerais",3.205655382783259]
["2025-02-01","EMULSÕES ASFÁLTICAS RR-2C","Pará","-"]
["2025-02-01","EMULSÕES ASFÁLTICAS RR-2C","Paraíba","-"]
["2025-02-01","EMULSÕES ASFÁLTICAS RR-2C","Paraná",2.9610263133612578]
["2025-02-01","EMULSÕES ASFÁLTICAS RR-2C","Pernambuco","-"]
["2025-02-01","EMULSÕES ASFÁLTICAS RR-2C","Piauí","-"]
["2025-02-01","EMULSÕES ASFÁLTICAS RR-2C","Rio de Janeiro",3.209537462288079]
["2025-02-01","EMULSÕES ASFÁLTICAS RR-2C","Rio Grande do Norte","-"]
["2025-02-01","EMULSÕES ASFÁLTICAS RR-2C","Rio Grande do Sul",3.2755936869208675]
["2025-02-01","EMULSÕES ASFÁLTICAS RR-2C","Rondônia","-"]
["2025-02-01","EMULSÕES ASFÁLTICAS RR-2C","Roraima","-"]
["2025-02-01","EMULSÕES ASFÁLTICAS RR-2C","Santa Catarina","-"]
["2025-02-01","EMULSÕES ASFÁLTICAS RR-2C","São Paulo",3.034837943236441]
["2025-02-01","EMULSÕES ASFÁLTICAS RR-2C","Sergipe","-"]
["2025-02-01","EMULSÕES ASFÁLTICAS RR-2C","Tocantins","-"]
["2025-03-01","EMULSÕES ASFÁLTICAS RR-2C","Acre","-"]
["2025-03-01","EMULSÕES ASFÁLTICAS RR-2C","Alagoas","-"]
["2025-03-01","EMULSÕES ASFÁLTICAS RR-2C","Amapá","-"]
["2025-03-01","EMULSÕES ASFÁLTICAS RR-2C","Amazonas",4.4117571896502703]
["2025-03-01","EMULSÕES ASFÁLTICAS RR-2C","Bahia","-"]
["2025-03-01","EMULSÕES ASFÁLTICAS RR-2C","Ceará",2.9293282022333624]
["2025-03-01","EMULSÕES ASFÁLTICAS RR-2C","Distrito Federal","-"]
["2025-03-01","EMULSÕES ASFÁLTICAS RR-2C","Espírito Santo",3.1585502729257637]
["2025-03-01","EMULSÕES ASFÁLTICAS RR-2C","Goiás",3.0825588062751308]
["2025-03-01","EMULSÕES ASFÁLTICAS RR-2C","Maranhão","-"]
["2025-03-01","EMULSÕES ASFÁLTICAS RR-2C","Mato Grosso",3.995045219402352]
["2025-03-01","EMULSÕES ASFÁLTICAS RR-2C","Mato Grosso do Sul","-"]
["2025-03-01","EMULSÕES ASFÁLTICAS RR-2C","Minas Gerais",3.2805909563384628]
["2025-03-01","EMULSÕES ASFÁLTICAS RR-2C","Pará","-"]
["2025-03-01","EMULSÕES ASFÁLTICAS RR-2C","Paraíba","-"]
["2025-03-01","EMULSÕES ASFÁLTICAS RR-2C","Paraná",2.9127911882615272]
["2025-03-01","EMULSÕES ASFÁLTICAS RR-2C","Pernambuco","-"]
["2025-03-01","EMULSÕES ASFÁLTICAS RR-2C","Piauí","-"]
["2025-03-01","EMULSÕES ASFÁLTICAS RR-2C","Rio de Janeiro","-"]
["2025-03-01","EMULSÕES ASFÁLTICAS RR-2C","Rio Grande do Norte","-"]
["2025-03-01","EMULSÕES ASFÁLTICAS RR-2C","Rio Grande do Sul",3.2337591888938118]
["2025-03-01","EMULSÕES ASFÁLTICAS RR-2C","Rondônia","-"]
["2025-03-01","EMULSÕES ASFÁLTICAS RR-2C","Roraima","-"]
["2025-03-01","EMULSÕES ASFÁLTICAS RR-2C","Santa Catarina","-"]
["2025-03-01","EMULSÕES ASFÁLTICAS RR-2C","São Paulo",2.9529053946814345]
["2025-03-01","EMULSÕES ASFÁLTICAS RR-2C","Sergipe","-"]
["2025-03-01","EMULSÕES ASFÁLTICAS RR-2C","Tocantins",2.6928803802008607]
["2025-04-01","EMULSÕES ASFÁLTICAS RR-2C","Acre","-"]
["2025-04-01","EMULSÕES ASFÁLTICAS RR-2C","Alagoas","-"]
["2025-04-01","EMULSÕES ASFÁLTICAS RR-2C","Amapá","-"]
["2025-04-01","EMULSÕES ASFÁLTICAS RR-2C","Amazonas",4.3255876260656381]
["2025-04-01","EMULSÕES ASFÁLTICAS RR-2C","Bahia","-"]
["2025-04-01","EMULSÕES ASFÁLTICAS RR-2C","Ceará",2.8228910919365093]
["2025-04-01","EMULSÕES ASFÁLTICAS RR-2C","Distrito Federal","-"]
["2025-04-01","EMULSÕES ASFÁLTICAS RR-2C","Espírito Santo",3.0008463627204032]
["2025-04-01","EMULSÕES ASFÁLTICAS RR-2C","Goiás",3.0910697619277827]
["2025-04-01","EMULSÕES ASFÁLTICAS RR-2C","Maranhão","-"]
["2025-04-01","EMULSÕES ASFÁLTICAS RR-2C","Mato Grosso",3.613998909701635]
["2025-04-01","EMULSÕES ASFÁLTICAS RR-2C","Mato Grosso do Sul","-"]
["2025-04-01","EMULSÕES ASFÁLTICAS RR-2C","Minas Gerais",3.1140836716468887]
["2025-04-01","EMULSÕES ASFÁLTICAS RR-2C","Pará","-"]
["2025-04-01","EMULSÕES ASFÁLTICAS RR-2C","Paraíba","-"]
["2025-04-01","EMULSÕES ASFÁLTICAS RR-2C","Paraná",2.9103824439752715]
["2025-04-01","EMULSÕES ASFÁLTICAS RR-2C","Pernambuco","-"]
["2025-04-01","EMULSÕES ASFÁLTICAS RR-2C","Piauí","-"]
["2025-04-01","EMULSÕES ASFÁLTICAS RR-2C","Rio de Janeiro","-"]
["2025-04-01","EMULSÕES ASFÁLTICAS RR-2C","Rio Grande do Norte","-"]
["2025-04-01","EMULSÕES ASFÁLTICAS RR-2C","Rio Grande do Sul",3.231994249704996]
["2025-04-01","EMULSÕES ASFÁLTICAS RR-2C","Rondônia","-"]
["2025-04-01","EMULSÕES ASFÁLTICAS RR-2C","Roraima","-"]
["2025-04-01","EMULSÕES ASFÁLTICAS RR-2C","Santa Catarina","-"]
["2025-04-01","EMULSÕES ASFÁLTICAS RR-2C","São Paulo",2.9355661690011101]
["2025-04-01","EMULSÕES ASFÁLTICAS RR-2C","Sergipe","-"]
["2025-04-01","EMULSÕES ASFÁLTICAS RR-2C","Tocantins",2.9297761026417519]
["2025-05-01","EMULSÕES ASFÁLTICAS RR-2C","Acre","-"]
["2025-05-01","EMULSÕES ASFÁLTICAS RR-2C","Alagoas","-"]
["2025-05-01","EMULSÕES ASFÁLTICAS RR-2C","Amapá","-"]
["2025-05-01","EMULSÕES ASFÁLTICAS RR-2C","Amazonas",3.6978037178969232]
["2025-05-01","EMULSÕES ASFÁLTICAS RR-2C","Bahia","-"]
["2025-05-01","EMULSÕES ASFÁLTICAS RR-2C","Ceará",2.6344229959168444]
["2025-05-01","EMULSÕES ASFÁLTICAS RR-2C","Distrito Federal",3.0776667489674159]
["2025-05-01","EMULSÕES ASFÁLTICAS RR-2C","Espírito Santo",3.031797752671221]
["2025-05-01","EMULSÕES ASFÁLTICAS RR-2C","Goiás",3.0223531522879505]
["2025-05-01","EMULSÕES ASFÁLTICAS RR-2C","Maranhão","-"]
["2025-05-01","EMULSÕES ASFÁLTICAS RR-2C","Mato Grosso",3.6596024696878837]
["2025-05-01","EMULSÕES ASFÁLTICAS RR-2C","Mato Grosso do Sul",3.0948520016223915]
["2025-05-01","EMULSÕES ASFÁLTICAS RR-2C","Minas Gerais",3.1716591615504228]
["2025-05-01","EMULSÕES ASFÁLTICAS RR-2C","Pará",3.314155650968365]
["2025-05-01","EMULSÕES ASFÁLTICAS RR-2C","Paraíba","-"]
["2025-05-01","EMULSÕES ASFÁLTICAS RR-2C","Paraná",2.9590737467240795]
["2025-05-01","EMULSÕES ASFÁLTICAS RR-2C","Pernambuco","-"]
["2025-05-01","EMULSÕES ASFÁLTICAS RR-2C","Piauí","-"]
["2025-05-01","EMULSÕES ASFÁLTICAS RR-2C","Rio de Janeiro","-"]
["2025-05-01","EMULSÕES ASFÁLTICAS RR-2C","Rio Grande do Norte","-"]
["2025-05-01","EMULSÕES ASFÁLTICAS RR-2C","Rio Grande do Sul",3.1118479569272695]
["2025-05-01","EMULSÕES ASFÁLTICAS RR-2C","Rondônia","-"]
["2025-05-01","EMULSÕES ASFÁLTICAS RR-2C","Roraima","-"]
["2025-05-01","EMULSÕES ASFÁLTICAS RR-2C","Santa Catarina","-"]
["2025-05-01","EMULSÕES ASFÁLTICAS RR-2C","São Paulo",2.9653013064836951]
["2025-05-01","EMULSÕES ASFÁLTICAS RR-2C","Sergipe","-"]
["2025-05-01","EMULSÕES ASFÁLTICAS RR-2C","Tocantins",2.9606624223109281]
["2025-06-01","EMULSÕES ASFÁLTICAS RR-2C","Acre","-"]
["2025-06-01","EMULSÕES ASFÁLTICAS RR-2C","Alagoas","-"]
["2025-06-01","EMULSÕES ASFÁLTICAS RR-2C","Amapá","-"]
["2025-06-01","EMULSÕES ASFÁLTICAS RR-2C","Amazonas",3.6531247516562626]
["2025-06-01","EMULSÕES ASFÁLTICAS RR-2C","Bahia",3.0391391481983021]
["2025-06-01","EMULSÕES ASFÁLTICAS RR-2C","Ceará",2.4943348320520706]
["2025-06-01","EMULSÕES ASFÁLTICAS RR-2C","Distrito Federal","-"]
["2025-06-01","EMULSÕES ASFÁLTICAS RR-2C","Espírito Santo","-"]
["2025-06-01","EMULSÕES ASFÁLTICAS RR-2C","Goiás",2.771290746630179]
["2025-06-01","EMULSÕES ASFÁLTICAS RR-2C","Maranhão","-"]
["2025-06-01","EMULSÕES ASFÁLTICAS RR-2C","Mato Grosso",3.6650283167987086]
["2025-06-01","EMULSÕES ASFÁLTICAS RR-2C","Mato Grosso do Sul",3.0634344206890725]
["2025-06-01","EMULSÕES ASFÁLTICAS RR-2C","Minas Gerais",3.0667818025057927]
["2025-06-01","EMULSÕES ASFÁLTICAS RR-2C","Pará","-"]
["2025-06-01","EMULSÕES ASFÁLTICAS RR-2C","Paraíba","-"]
["2025-06-01","EMULSÕES ASFÁLTICAS RR-2C","Paraná",2.9646040899669908]
["2025-06-01","EMULSÕES ASFÁLTICAS RR-2C","Pernambuco","-"]
["2025-06-01","EMULSÕES ASFÁLTICAS RR-2C","Piauí","-"]
["2025-06-01","EMULSÕES ASFÁLTICAS RR-2C","Rio de Janeiro","-"]
["2025-06-01","EMULSÕES ASFÁLTICAS RR-2C","Rio Grande do Norte","-"]
["2025-06-01","EMULSÕES ASFÁLTICAS RR-2C","Rio Grande do Sul",2.9703018524205924]
["2025-06-01","EMULSÕES ASFÁLTICAS RR-2C","Rondônia","-"]
["2025-06-01","EMULSÕES ASFÁLTICAS RR-2C","Roraima","-"]
["2025-06-01","EMULSÕES ASFÁLTICAS RR-2C","Santa Catarina","-"]
["2025-06-01","EMULSÕES ASFÁLTICAS RR-2C","São Paulo",2.9245129455031811]
["2025-06-01","EMULSÕES ASFÁLTICAS RR-2C","Sergipe","-"]
["2025-06-01","EMULSÕES ASFÁLTICAS RR-2C","Tocantins",2.8135079889510695]
["2025-07-01","EMULSÕES ASFÁLTICAS RR-2C","Acre","-"]
["2025-07-01","EMULSÕES ASFÁLTICAS RR-2C","Alagoas","-"]
["2025-07-01","EMULSÕES ASFÁLTICAS RR-2C","Amapá","-"]
["2025-07-01","EMULSÕES ASFÁLTICAS RR-2C","Amazonas",4.0279061611736751]
["2025-07-01","EMULSÕES ASFÁLTICAS RR-2C","Bahia",3.0601868514800263]
["2025-07-01","EMULSÕES ASFÁLTICAS RR-2C","Ceará",2.5295188141500438]
["2025-07-01","EMULSÕES ASFÁLTICAS RR-2C","Distrito Federal","-"]
["2025-07-01","EMULSÕES ASFÁLTICAS RR-2C","Espírito Santo","-"]
["2025-07-01","EMULSÕES ASFÁLTICAS RR-2C","Goiás",2.9715707928355179]
["2025-07-01","EMULSÕES ASFÁLTICAS RR-2C","Maranhão","-"]
["2025-07-01","EMULSÕES ASFÁLTICAS RR-2C","Mato Grosso",3.611174805784171]
["2025-07-01","EMULSÕES ASFÁLTICAS RR-2C","Mato Grosso do Sul",3.0535557398402422]
["2025-07-01","EMULSÕES ASFÁLTICAS RR-2C","Minas Gerais",2.9166916479472493]
["2025-07-01","EMULSÕES ASFÁLTICAS RR-2C","Pará","-"]
["2025-07-01","EMULSÕES ASFÁLTICAS RR-2C","Paraíba","-"]
["2025-07-01","EMULSÕES ASFÁLTICAS RR-2C","Paraná",2.8401385397061993]
["2025-07-01","EMULSÕES ASFÁLTICAS RR-2C","Pernambuco","-"]
["2025-07-01","EMULSÕES ASFÁLTICAS RR-2C","Piauí","-"]
["2025-07-01","EMULSÕES ASFÁLTICAS RR-2C","Rio de Janeiro","-"]
["2025-07-01","EMULSÕES ASFÁLTICAS RR-2C","Rio Grande do Norte","-"]
["2025-07-01","EMULSÕES ASFÁLTICAS RR-2C","Rio Grande do Sul",3.1050972303313791]
["2025-07-01","EMULSÕES ASFÁLTICAS RR-2C","Rondônia","-"]
["2025-07-01","EMULSÕES ASFÁLTICAS RR-2C","Roraima","-"]
["2025-07-01","EMULSÕES ASFÁLTICAS RR-2C","Santa Catarina","-"]
["2025-07-01","EMULSÕES ASFÁLTICAS RR-2C","São Paulo",2.836253801550928]
["2025-07-01","EMULSÕES ASFÁLTICAS RR-2C","Sergipe","-"]
["2025-07-01","EMULSÕES ASFÁLTICAS RR-2C","Tocantins",2.7330599374923756]
["Nota 1: Preços à vista, sem frete, com todos os impostos inclusos, à exceção do ICMS, do PIS/Pasep e da Cofins."]
["Nota 2: As informações são baseadas em dados preliminares, portanto sujeitos a reprocessamento por parte dos informantes nos moldes da Resolução ANP nº 729/2018."]
["Nota 3: Quando não houver declaração de venda do produto selecionado, ou quando a declaração de venda do produto ocorrer por menos de 03 (três) distribuidoras, a tabela indicará campo vazio."]

{"sheet":"ANP REGIÃO","index":19,"n_rows":5128,"n_cols":8,"rows_kept":5128,"cut":false,"hidden":false,"merged":[[4,11,4,17],[5,0,5,7]]}
["                       Agência Nacional do Petróleo, Gás Natural e Biocombustíveis"]
["                       Superintendência de Defesa da Concorrência"]
[]
[]
[]
["PREÇO MÉDIO MENSAL PONDERADO PRATICADO PELOS DISTRIBUIDORES DE PRODUTOS ASFÁLTICOS (R$/KG)"]
[]
["Produto","Mês","Norte","Nordeste","Centro-Oeste","Sudeste","Sul","Brasil"]
["ASFALTOS DILUÍDOS CM-30","2008-11-01",1.775468291899861,1.5508785295550009,2.0221432912585158,1.5544936696294056,1.5845328987092044,1.6428683696170379]
["ASFALTOS DILUÍDOS CM-30","2008-12-01",1.80683766686717,1.5091181918292929,2.0130201238521468,1.6109022231682415,1.6071875906046897,1.6375814707941805]
["ASFALTOS DILUÍDOS CM-30","2009-01-01",1.4970528576078774,1.5042963456495586,1.9630976707497438,1.5246722466199356,1.5851372087870144,1.5649458764763875]
["ASFALTOS DILUÍDOS CM-30","2009-02-01",1.4278711198662986,1.4976932831487411,1.9810650983822149,1.5834902312199159,1.595924062030226,1.5654510357834286]
["ASFALTOS DILUÍDOS CM-30","2009-03-01",1.4049414048856463,1.4976479867054073,1.8934302630295043,1.5275478196284176,1.5887200290570365,1.5327131466676831]
["ASFALTOS DILUÍDOS CM-30","2009-04-01",1.4105107475190612,1.4848262612397407,1.9092264287169598,1.4641493705796398,1.5538319284966349,1.5167176477872968]
["ASFALTOS DILUÍDOS CM-30","2009-05-01",1.4803556782469789,1.4668989281041607,1.89159043509598,1.4354437183828608,1.5416111798697305,1.5375743709266867]
["ASFALTOS DILUÍDOS CM-30","2009-06-01",1.5807510393097999,1.4448888371048489,1.8420741185475011,1.4242643148786893,1.5015266955745987,1.5413155753604335]
["ASFALTOS DILUÍDOS CM-30","2009-07-01",1.9054324764830874,1.4826182113007118,1.9490463446662596,1.5844352989750978,1.6103104362752931,1.6510325227966944]
["ASFALTOS DILUÍDOS CM-30","2009-08-01",1.716995183945121,1.4238549146732382,1.7123854783999459,1.4180008053082402,1.5206434973011045,1.5049114686211891]
["ASFALTOS DILUÍDOS CM-30","2009-09-01",1.6432949399073242,1.4453177609909018,1.7315188027842841,1.4193742513482777,1.5007358948821043,1.5055231197075323]
["ASFALTOS DILUÍDOS CM-30","2009-10-01",1.5880319242410621,1.4589326485129228,1.7620150557658878,1.4290244192068808,1.513753830896174,1.5116819041243308]
["ASFALTOS DILUÍDOS CM-30","2009-11-01",1.6393486036846736,1.4490597772941349,1.772650816856568,1.4341226770121553,1.5260431884539487,1.4996573923995862]
["ASFALTOS DILUÍDOS CM-30","2009-12-01",1.6642668525686795,1.4419666364804922,1.8905748020937783,1.429077727129088,1.5205393340203053,1.5088645979107518]
["ASFALTOS DILUÍDOS CM-30","2010-01-01",1.8425061442306077,1.4549771288677129,1.8650224473705366,1.4148176084557305,1.47445076513561,1.4977352271212736]
["ASFALTOS DILUÍDOS CM-30","2010-02-01",1.7098869153976686,1.4429564872331433,1.9198447411040516,1.4331462505851911,1.5008824478877547,1.4965422507909685]
["ASFALTOS DILUÍDOS CM-30","2010-03-01",1.5357434160141068,1.4488804992636382,1.9350627276766812,1.4350261163298175,1.4806186347273496,1.4867898022700077]
["ASFALTOS DILUÍDOS CM-30","2010-04-01",1.7100464793642653,1.4403002542747241,1.9119359608628461,1.4211021532045538,1.4812709367206716,1.5110864313452355]
["ASFALTOS DILUÍDOS CM-30","2010-05-01",1.7556104652601585,1.4352772207874813,1.8732938887963368,1.4069444319626079,1.4817760495024754,1.5371705654397583]
["ASFALTOS DILUÍDOS CM-30","2010-06-01",1.60222431364512,1.3960043359825052,1.731734721489826,1.3999962270804711,1.4919396204893465,1.4980734181535011]
["ASFALTOS DILUÍDOS CM-30","2010-07-01",1.5599016265733592,1.3810167084919864,1.7326882139830364,1.4029048556103791,1.4738544273665888,1.490075269458577]
["ASFALTOS DILUÍDOS CM-30","2010-08-01",1.5266393894179686,1.3881783604979265,1.7389460865755895,1.3987512362214454,1.4557498491251644,1.4958285155236237]
["ASFALTOS DILUÍDOS CM-30","2010-09-01",1.5653788291827495,1.4082046639368928,1.7570273782082926,1.411642875301925,1.4872577446280604,1.5122571279255641]
["ASFALTOS DILUÍDOS CM-30","2010-10-01",1.4817112940719965,1.4043577151639275,1.7511599466056109,1.403489436635176,1.4693408470419445,1.4998882602776933]
["ASFALTOS DILUÍDOS CM-30","2010-11-01",1.5192676718720106,1.4101309036969292,1.7794056254202684,1.4212838216245705,1.4585591123489405,1.4816586349871581]
["ASFALTOS DILUÍDOS CM-30","2010-12-01",1.5592875556846306,1.4098205101455943,1.8251856182643107,1.4176735724266665,1.4732438844109985,1.4691130309482876]
["ASFALTOS DILUÍDOS CM-30","2011-01-01",1.5259233049696748,1.4457940919018251,1.7746009235903832,1.4032742348206362,1.4660028138910168,1.4572560662014229]
["ASFALTOS DILUÍDOS CM-30","2011-02-01",1.5528251122422341,1.3920942592280916,1.7638361229571986,1.3851949371119521,1.4495588401983606,1.4262504783251191]
["ASFALTOS DILUÍDOS CM-30","2011-03-01",1.4692196925544694,1.369442916392615,1.6960179222585858,1.3538128040962221,1.4351706939633142,1.4001302489914176]
["ASFALTOS DILUÍDOS CM-30","2011-04-01",1.4705702617293523,1.3732204915693953,1.6508293935641825,1.3459281034814121,1.4219989396776103,1.4004935219520107]
["ASFALTOS DILUÍDOS CM-30","2011-05-01",1.4285289552102927,1.3226462666512504,1.700380912624452,1.3450681632968498,1.4393614312493497,1.4280580185794016]
["ASFALTOS DILUÍDOS CM-30","2011-06-01",1.4076221633546719,1.3057086567980729,1.7418436691513794,1.3546204948730511,1.399501692726387,1.4402998200984294]
["ASFALTOS DILUÍDOS CM-30","2011-07-01",1.2592340651332123,1.3120333050376822,1.737489695700698,1.3365638802479902,1.4224748872744075,1.420839252438473]
["ASFALTOS DILUÍDOS CM-30","2011-08-01",1.4706800609788393,1.2997787645934575,1.7274434847201194,1.3414778214791121,1.353018351786835,1.4256755337309983]
["ASFALTOS DILUÍDOS CM-30","2011-09-01",1.5613287195812997,1.3211960841365165,1.7298215476496697,1.3574514832033793,1.3956847977155606,1.4552024134611556]
["ASFALTOS DILUÍDOS CM-30","2011-10-01",1.5205697215342968,1.3262187355451922,1.7173804596917086,1.3326913923266841,1.3577774002014775,1.4422958710201133]
["ASFALTOS DILUÍDOS CM-30","2011-11-01",1.4658863342192192,1.3370411535561173,1.7410048856130245,1.3454861032743028,1.4475805650916878,1.4453541374392815]
["ASFALTOS DILUÍDOS CM-30","2011-12-01",1.4708838986818675,1.335587636015594,1.778724141037564,1.4082930677979837,1.4281123057372698,1.4224186038046347]
["ASFALTOS DILUÍDOS CM-30","2012-01-01",1.384955015343784,1.3501301556511212,1.7807838826602391,1.4213541069575866,1.4303524742082805,1.3946581672576805]
["ASFALTOS DILUÍDOS CM-30","2012-02-01",1.3321816775968491,1.3681438910682722,1.7410203936345245,1.4002009849686847,1.4254009857295182,1.4106057073584115]
["ASFALTOS DILUÍDOS CM-30","2012-03-01",1.4116218672253591,1.3491222141696635,1.6200960057076521,1.3932957641863888,1.4061305685364243,1.4097687857718448]
["ASFALTOS DILUÍDOS CM-30","2012-04-01",1.5490079115367077,1.3839764564229082,1.6407127520439628,1.4047163969885328,1.4406177932909374,1.4560848195158143]
["ASFALTOS DILUÍDOS CM-30","2012-05-01",1.5961789407631797,1.3863622723418332,1.7120611831014076,1.3992395496323984,1.4483508871038364,1.4984619690114278]
["ASFALTOS DILUÍDOS CM-30","2012-06-01",1.7014325756300936,1.3880535176053643,1.7403520072135485,1.4221187493315077,1.4491960719572869,1.5277227168892671]
["ASFALTOS DILUÍDOS CM-30","2012-07-01",1.6520267416801246,1.394368570348399,1.7186448460973875,1.4396702606544556,1.4618756698398216,1.5230691585214196]
["ASFALTOS DILUÍDOS CM-30","2012-08-01",1.6899988348486508,1.4033378504117666,1.7418950411875969,1.4217233694882419,1.4456857990864684,1.5365330783907734]
["ASFALTOS DILUÍDOS CM-30","2012-09-01",1.6901779719756052,1.4215000029945404,1.7809207242542573,1.4451804324814792,1.483645866209568,1.5494106529483214]
["ASFALTOS DILUÍDOS CM-30","2012-10-01",1.5748403417735901,1.4170661089937784,1.7948320359386707,1.4513045256427093,1.4820371089264335,1.5506318015756093]
["ASFALTOS DILUÍDOS CM-30","2012-11-01",1.6551635257231672,1.4558787477556379,1.8401297664388181,1.4612046147024229,1.483499722440758,1.5525007759277432]
["ASFALTOS DILUÍDOS CM-30","2012-12-01",1.7148761252476299,1.4358547414042895,1.8040665730235492,1.4522276502894624,1.5094176484265767,1.52341199897343]
["ASFALTOS DILUÍDOS CM-30","2013-01-01",1.49577633531191,1.4494945882804569,1.854050524926971,1.4463875204232581,1.5637536746433771,1.5021372585515669]
["ASFALTOS DILUÍDOS CM-30","2013-02-01",1.6350676663292762,1.4206096380056286,1.7310714983768278,1.4427463556625959,1.4618284045231364,1.4739560998096293]
["ASFALTOS DILUÍDOS CM-30","2013-03-01",1.6462290983770218,1.4132999826764656,1.8382808702142501,1.450015151581231,1.525760413213191,1.5065429040275125]
["ASFALTOS DILUÍDOS CM-30","2013-04-01",1.5818644742095733,1.3991895644616681,1.7938251131572354,1.4587047548011667,1.5519137019638134,1.5236236356982658]
["ASFALTOS DILUÍDOS CM-30","2013-05-01",1.8156467734021038,1.3901435173573402,1.8127833125555952,1.4495105198760894,1.5042334570917104,1.5499185916148586]
["ASFALTOS DILUÍDOS CM-30","2013-06-01",1.631101583269406,1.3831865363493894,1.8166421053117843,1.4742326405210737,1.5030436887514047,1.5810494287432473]
["ASFALTOS DILUÍDOS CM-30","2013-07-01",1.8659656299136016,1.4220511166820584,1.7930727534993904,1.4980188082141952,1.5333919012130266,1.5988051300497286]
["ASFALTOS DILUÍDOS CM-30","2013-08-01",1.7003255463797664,1.4350944152129526,1.8214526135394096,1.5117228677125905,1.5307935959615016,1.606176585023563]
["ASFALTOS DILUÍDOS CM-30","2013-09-01",1.5628737334467784,1.472197747846397,1.8798427121896333,1.5426528666514732,1.4906675433518579,1.6279458927397024]
["ASFALTOS DILUÍDOS CM-30","2013-10-01",1.6485040126782045,1.4721523452379741,1.8254949973735879,1.5011776822532599,1.4837891199596089,1.5975387750854628]
["ASFALTOS DILUÍDOS CM-30","2013-11-01",1.6191790616802137,1.4864133172033092,1.8440126788718751,1.4963268091994695,1.5060968778685144,1.5816658440637181]
["ASFALTOS DILUÍDOS CM-30","2013-12-01",1.6333582932936324,1.4948180974693182,1.8971971755011852,1.502864537815453,1.5170742961572261,1.5724752435084501]
["ASFALTOS DILUÍDOS CM-30","2014-01-01",1.6883112645542433,1.4941813053237418,1.798355903301921,1.484202293006369,1.5333538127163482,1.5429097373917113]
["ASFALTOS DILUÍDOS CM-30","2014-02-01",1.5983044344318567,1.4797065865711037,1.8143902154874776,1.5148293924294436,1.5228005876490054,1.5289702872818669]
["ASFALTOS DILUÍDOS CM-30","2014-03-01",1.6482876867145917,1.4728525009148317,1.7665731898758721,1.51302067306437,1.506185247658631,1.5301811776597249]
["ASFALTOS DILUÍDOS CM-30","2014-04-01",1.5344599867413866,1.4938987674094668,1.7572712776570749,1.5330213089948712,1.5242752737653176,1.5505663052842342]
["ASFALTOS DILUÍDOS CM-30","2014-05-01",1.5865832695017912,1.490834685405561,1.8043392514922791,1.5011381313711198,1.5670438242902647,1.5864522723947623]
["ASFALTOS DILUÍDOS CM-30","2014-06-01",1.6582771641997771,1.505801121088334,1.8395934446217679,1.5068631996744923,1.5237769525751934,1.6360707022927903]
["ASFALTOS DILUÍDOS CM-30","2014-07-01",1.8902995420863991,1.5007305138567979,1.708277865154757,1.4872939638147142,1.5059560688747375,1.5870651583370865]
["ASFALTOS DILUÍDOS CM-30","2014-08-01",1.6327418316997406,1.5019453239585232,1.6712031892731514,1.4823593406142497,1.5063273663854013,1.5579103773244307]
["ASFALTOS DILUÍDOS CM-30","2014-09-01",1.6695671702572692,1.5468304268817521,1.8647970160765246,1.4967645846910873,1.5705332417802202,1.6392810567885523]
["ASFALTOS DILUÍDOS CM-30","2014-10-01",1.7428769161761999,1.5089785690064217,1.7466504658087405,1.4707736452826126,1.4542734619226698,1.5791202203838035]
["ASFALTOS DILUÍDOS CM-30","2014-11-01",1.8647234193559832,1.5794305899027268,1.7491562181382097,1.4650844794435072,1.5291479878657286,1.6013598210971371]
["ASFALTOS DILUÍDOS CM-30","2014-12-01",1.8126719141051084,1.7048443484755709,1.9633100661617373,1.6236767016868801,1.6496446594888365,1.7188269809751979]
["ASFALTOS DILUÍDOS CM-30","2015-01-01",2.154807062237857,2.0237604465992796,2.318863736250087,1.866588966995945,1.8983804341416592,2.0077920317642164]
["ASFALTOS DILUÍDOS CM-30","2015-02-01",2.2602386249872826,2.005673765479961,2.39387576246911,1.8545197659023895,1.9273951074271198,2.0076537808820922]
["ASFALTOS DILUÍDOS CM-30","2015-03-01",2.1241764622724171,1.9688228488157713,2.2796432544485605,1.8877609106191235,1.9302171448271557,1.984816915690029]
["ASFALTOS DILUÍDOS CM-30","2015-04-01",2.0300495054839325,2.0015064478681905,2.3791189033714564,1.8524516695799333,1.9490252540308453,1.9806432104751772]
["ASFALTOS DILUÍDOS CM-30","2015-05-01",2.5072716513000879,1.946869908478553,2.2547581921999282,1.8074700012302962,2.0169295357804549,2.0054742341523029]
["ASFALTOS DILUÍDOS CM-30","2015-06-01",2.2483200417790403,1.9442597359725537,2.314331795603183,1.8469985947421261,1.9685651248900617,2.0425813437783229]
["ASFALTOS DILUÍDOS CM-30","2015-07-01",1.9922227576683553,1.9927916353986852,2.0467699532446439,1.7826486032573374,1.9316713850081439,1.9426273617200946]
["ASFALTOS DILUÍDOS CM-30","2015-08-01",2.3076059306822145,2.0380891268644983,2.2527481047097249,1.8280977048256251,1.9398244806048379,2.0819361602892656]
["ASFALTOS DILUÍDOS CM-30","2015-09-01",2.3142897041654931,2.0953075310397593,2.3445619869158953,1.9425510907359305,2.0053526142838649,2.1681755414132606]
["ASFALTOS DILUÍDOS CM-30","2015-10-01",2.3294566633542768,2.1705700120210771,2.4327301201697984,2.0356247510661434,2.1102611483942613,2.2375337815870444]
["ASFALTOS DILUÍDOS CM-30","2015-11-01",2.6060565663351674,2.4370983039590906,2.7116121412222856,2.2801138962695355,2.3264462967814099,2.4749987807903859]
["ASFALTOS DILUÍDOS CM-30","2015-12-01",2.6353740059557738,2.3959203086990479,2.6935283855254926,2.2725281293578652,2.3307406587865764,2.4528481564555822]
["ASFALTOS DILUÍDOS CM-30","2016-01-01",2.715863992571296,2.3738616473830558,2.8446706021403423,2.2636506579710223,2.232631691292259,2.4005633937967046]
["ASFALTOS DILUÍDOS CM-30","2016-02-01",2.8046831597962023,2.4668468163062847,2.7917870068634194,2.295637115076373,2.3465561728531039,2.4643485483679339]
["ASFALTOS DILUÍDOS CM-30","2016-03-01",2.5805021000515591,2.4706787528282432,2.707688024686739,2.2353019985078908,2.3831159721317374,2.4235639243350886]
["ASFALTOS DILUÍDOS CM-30","2016-04-01",2.9420063117520159,2.7407420323357798,2.7590718549873894,2.5444391782568454,2.7107516320277951,2.6802748334258815]
["ASFALTOS DILUÍDOS CM-30","2016-05-01",3.010579472190499,2.6502770473378652,2.8571213606999692,2.5755831524603727,2.7704133622011731,2.7097332699628347]
["ASFALTOS DILUÍDOS CM-30","2016-06-01",2.9091798437334044,2.6213850410237809,2.9434872809731996,2.6591095151444502,2.6847595547587253,2.7436195168269588]
["ASFALTOS DILUÍDOS CM-30","2016-07-01",2.9857403807234846,2.5916440449052458,2.9892780300364516,2.6043965993959093,2.6608844226339654,2.7451355392858749]
["ASFALTOS DILUÍDOS CM-30","2016-08-01",2.9352439186814849,2.6239173289893882,2.9704908538915533,2.6794865035270106,2.7270256489201157,2.7813859621875383]
["ASFALTOS DILUÍDOS CM-30","2016-09-01",2.6491368213054933,2.5210548514543203,2.78158392467622,2.5139331302502899,2.3712715009846734,2.5956171278003044]
["ASFALTOS DILUÍDOS CM-30","2016-10-01",2.6261092565318918,2.4444690926263486,2.7816178727337073,2.5073831267842106,2.3832539904481074,2.5669990365978546]
["ASFALTOS DILUÍDOS CM-30","2016-11-01",2.5350874082568811,2.3741455271406773,2.9527686743670913,2.4812637646203957,2.3822067705600443,2.5428423663590056]
["ASFALTOS DILUÍDOS CM-30","2016-12-01",2.5003910703638921,2.2534134827852079,3.0385194580992274,2.5894388924802212,2.3955934236287195,2.4764392949644827]
["ASFALTOS DILUÍDOS CM-30","2017-01-01",2.3928755043294307,2.2326956737638795,3.0890809705267994,2.5357440394357544,2.3786948325024055,2.3742161919082898]
["ASFALTOS DILUÍDOS CM-30","2017-02-01",2.6803941399450149,2.2718972247441918,2.7644080315024548,2.5739336852397301,2.3846443980420249,2.4707214660150472]
["ASFALTOS DILUÍDOS CM-30","2017-03-01",2.2388412099546269,2.3869580790455664,2.6672202519696859,2.3721659474968226,2.3012188699930101,2.3787969856691022]
["ASFALTOS DILUÍDOS CM-30","2017-04-01",2.4201913984483658,2.3079695958724997,2.7940930144417431,2.2584099120969205,2.2564342971186231,2.3802684836931283]
["ASFALTOS DILUÍDOS CM-30","2017-05-01",2.4321066924406174,2.1679191277081702,2.6998369361907812,2.2553871917774004,2.2040269576345812,2.3615159091526872]
["ASFALTOS DILUÍDOS CM-30","2017-06-01",2.428301776188067,2.1819386891073642,2.7566720547790053,2.2345490215052068,2.3057785455472466,2.4455345302470208]
["ASFALTOS DILUÍDOS CM-30","2017-07-01",2.4537520606647312,2.2180753339264268,2.6946250217879819,2.4143292471305724,2.269601101789303,2.4734361063107033]
["ASFALTOS DILUÍDOS CM-30","2017-08-01",2.4479309760126604,2.1531120307177778,2.5953499516022815,2.3029190650855029,2.1701486665824552,2.380876423356896]
["ASFALTOS DILUÍDOS CM-30","2017-09-01",2.4945515044767554,2.1424398904201269,2.6231665031840565,2.3713080947914027,2.3036985067925064,2.3935422037636651]
["ASFALTOS DILUÍDOS CM-30","2017-10-01",2.349953943689814,2.1805600401416361,2.6141609567384387,2.4152549616620149,2.200795730162767,2.3679471208081657]
["ASFALTOS DILUÍDOS CM-30","2017-11-01",2.6701269906215921,2.4331691952027654,2.9086274641315479,2.5846948203371722,2.4151927087938279,2.6021013475834995]
["ASFALTOS DILUÍDOS CM-30","2017-12-01",2.5873526446779471,2.4253588817071559,2.9066337647932516,2.6028902977101533,2.4228897602441153,2.5317644644161175]
["ASFALTOS DILUÍDOS CM-30","2018-01-01",2.9503607547256228,2.6628629232060117,2.8759539934329186,2.6207384835627527,2.6469552515293611,2.7359563685933406]
["ASFALTOS DILUÍDOS CM-30","2018-02-01",2.6778995674574793,2.6724981640636885,2.9425954737982054,2.6204311297861467,2.5678856622288615,2.6683699327588881]
["ASFALTOS DILUÍDOS CM-30","2018-03-01",2.733363024842264,2.5890500217484171,2.8091725563599068,2.5619283929800578,2.5759460667688168,2.634876583533114]
["ASFALTOS DILUÍDOS CM-30","2018-04-01",2.7578011203975832,2.6695536015406049,2.7739082417039715,2.5954700600355576,2.5560423937698191,2.6643301999713014]
["ASFALTOS DILUÍDOS CM-30","2018-05-01",2.8412133622510223,2.6720258770016354,2.8845014821466051,2.6867180206320227,2.7364851031644366,2.7773789604101013]
["ASFALTOS DILUÍDOS CM-30","2018-06-01",3.0084447893246131,2.9196051783300918,3.1584548861308823,2.8467310801924182,2.9535239926489307,2.9822916346015909]
["ASFALTOS DILUÍDOS CM-30","2018-07-01",3.2682375492400708,3.0365240944190606,3.3993603985117833,3.0264675982736886,3.1977963096372659,3.1641265459600993]
["ASFALTOS DILUÍDOS CM-30","2018-08-01",3.5644131503767484,3.4151937693257381,3.7077062061816197,3.4250793489604385,3.3567224608647508,3.5155581124678132]
["ASFALTOS DILUÍDOS CM-30","2018-09-01",3.1739137775700708,3.4450641183998139,3.7352632395133192,3.3858161855531033,3.6073094538422108,3.4832384285860498]
["ASFALTOS DILUÍDOS CM-30","2018-10-01",3.4877781194032069,3.4605088037184499,3.7214440570019267,3.4325255648574613,3.6060208798740816,3.5453903440278856]
["ASFALTOS DILUÍDOS CM-30","2018-11-01",4.0472724835013763,3.8148933123426594,4.2801315857990856,4.1781267770448416,3.9676813672082725,3.9901471831919757]
["ASFALTOS DILUÍDOS CM-30","2018-12-01",3.9514911464300919,3.9671131945586988,4.3411442016061494,3.9167660661459327,3.9119933573908625,3.9997426540972283]
["ASFALTOS DILUÍDOS CM-30","2019-01-01",3.796855325440335,3.8700188889547351,4.2019017623856101,3.9541969966832955,3.9767860281367571,3.9339519113451713]
["ASFALTOS DILUÍDOS CM-30","2019-02-01",3.5165840732068481,4.0903611784584326,4.4984229528632644,4.4699424754083799,4.254590254190048,4.1885446787899623]
["ASFALTOS DILUÍDOS CM-30","2019-03-01",4.2167581170154946,4.361910727690451,4.9071948885050256,4.3987177285672878,4.2908239224565268,4.3602952785677864]
["ASFALTOS DILUÍDOS CM-30","2019-04-01",4.2816482053830862,4.2346614282381783,4.5316272152415111,4.4372265298088944,4.4668814710532265,4.3808204400429531]
["ASFALTOS DILUÍDOS CM-30","2019-05-01",4.2876446588586026,4.1906997381607392,4.8579108723037878,4.2674619632317254,4.6338063794549269,4.3664021512935012]
["ASFALTOS DILUÍDOS CM-30","2019-06-01",4.4756098919574763,3.9650529338558584,4.6627293398156695,4.3506006040881262,4.2112299208130288,4.3193236685829213]
["ASFALTOS DILUÍDOS CM-30","2019-07-01",4.3944989892750694,4.0580393046576262,4.8342219453142432,4.0946594136123524,4.2330032812984593,4.3469777568824259]
["ASFALTOS DILUÍDOS CM-30","2019-08-01",4.4817350398715394,3.9106624961596284,4.5763290808844896,4.1116165400705285,4.2554199851288832,4.2583450834425163]
["ASFALTOS DILUÍDOS CM-30","2019-09-01",4.4395787959021016,3.8599048964692,4.4952569677016117,4.1113214746306284,4.1173591515128498,4.2516070851894359]
["ASFALTOS DILUÍDOS CM-30","2019-10-01",4.3358886308542965,3.7723249620168713,4.4592423566364383,4.0560841149779971,3.9424580110701513,4.0774070200824255]
["ASFALTOS DILUÍDOS CM-30","2019-11-01",4.3162386923616687,3.9102455086162249,4.5818410769751399,4.0790240402787017,4.1066212744862112,4.0945612118040993]
["ASFALTOS DILUÍDOS CM-30","2019-12-01",4.1994359723448076,3.9801196625114534,4.6737748050882244,4.4342681423617796,3.9864103120620888,4.1646916164145047]
["ASFALTOS DILUÍDOS CM-30","2020-01-01",3.5929800297386127,3.8953206167915009,4.6854206234146343,4.3870746736704653,4.1244676680570382,4.053338937317176]
["ASFALTOS DILUÍDOS CM-30","2020-02-01",3.6426670163866413,3.8773951868791743,4.4381945434057508,3.6999446067471551,3.7781640114379087,3.8390104382859813]
["ASFALTOS DILUÍDOS CM-30","2020-03-01",4.6766683387540651,3.7911389770150254,4.2892223433757142,3.7184027336226184,3.6090861904150624,3.931170680085633]
["ASFALTOS DILUÍDOS CM-30","2020-04-01",4.3133628366737744,3.695765500307409,4.255395320746711,3.8658955306474549,3.7322533821170811,3.9641252109102116]
["ASFALTOS DILUÍDOS CM-30","2020-05-01",3.2491346579639497,3.6377699124207261,4.1135448820979521,3.7605500263874698,3.7106180989773567,3.6561750396403685]
["ASFALTOS DILUÍDOS CM-30","2020-06-01",4.0179030762543011,3.5670314916963957,4.2773691709380897,3.9378864851716089,3.6258300686208402,3.9245245060979554]
["ASFALTOS DILUÍDOS CM-30","2020-07-01",3.8404975092031708,3.5132704799925611,4.2154906897750486,3.9542238856372385,3.6888412749164861,3.8437744484666765]
["ASFALTOS DILUÍDOS CM-30","2020-08-01",4.1744672026234504,3.4653942193101739,4.2777102112355543,4.0674649403157481,3.6285886300574681,3.9471669167665953]
["ASFALTOS DILUÍDOS CM-30","2020-09-01",4.1673713305130189,3.7463608159296071,4.1674243560753164,3.795621791459133,3.6277299350208518,3.9731299454309621]
["ASFALTOS DILUÍDOS CM-30","2020-10-01",4.4080995270258247,3.7189898780058752,4.2789791922752292,4.0087469056209644,3.591048182814105,4.0396437701408869]
["ASFALTOS DILUÍDOS CM-30","2020-11-01",4.056306005875463,3.969209280824523,4.5479008925173545,4.2794554204004482,3.9733472444131079,4.1758261487573911]
["ASFALTOS DILUÍDOS CM-30","2020-12-01",4.1320641381592349,3.8516327512549782,4.4267043859560493,3.9062364218750001,3.8709398004987534,4.0353473741436776]
["ASFALTOS DILUÍDOS CM-30","2021-01-01",3.4898363334540634,3.9515259365843449,4.6282697015940615,4.0115770110932818,3.9351366380221178,3.9170923908491697]
["ASFALTOS DILUÍDOS CM-30","2021-02-01",4.0993181160271339,4.2671095227980738,4.8320616154999163,4.4142027055929844,4.1490489316030832,4.2681970400244511]
["ASFALTOS DILUÍDOS CM-30","2021-03-01",4.5283557922342821,4.2398317306284641,4.9263145623389848,4.269697838632478,4.130655409148801,4.3778337851486215]
["ASFALTOS DILUÍDOS CM-30","2021-04-01",4.3492718667699455,4.086995153956086,4.4775975223329212,4.1561133984777809,4.0441898216789101,4.2533617978714497]
["ASFALTOS DILUÍDOS CM-30","2021-05-01",4.4888894130685344,4.7079458152476352,5.1014896859269019,4.7840348955761325,4.5239866147826087,4.7905480845000747]
["ASFALTOS DILUÍDOS CM-30","2021-06-01",4.0104677110157372,4.4795921263082565,5.1130412121877136,4.7797399051560605,4.721214306605324,4.7648908843603293]
["ASFALTOS DILUÍDOS CM-30","2021-07-01",4.752234128166914,4.5593505060051864,5.0047582828911885,4.8027297199751091,4.7485506777572404,4.8175860470307148]
["ASFALTOS DILUÍDOS CM-30","2021-08-01",5.0852845318795925,4.7725012554966746,5.1985371416166712,5.2447352585460836,4.7613117496679944,5.0981691998909247]
["ASFALTOS DILUÍDOS CM-30","2021-09-01",5.1103002666714392,4.5380723645606951,5.2417211851326178,5.0171441968029349,4.8628612446892214,5.0169588861348151]
["ASFALTOS DILUÍDOS CM-30","2021-10-01",5.0806972614480195,4.668267419725785,5.119544199434471,5.384779064720119,4.6585164317148839,5.0212943116089832]
["ASFALTOS DILUÍDOS CM-30","2021-11-01",5.4365187533430426,5.0877678096084091,5.150063985365855,5.6342578836213262,5.1745301312734,5.228141289314542]
["ASFALTOS DILUÍDOS CM-30","2021-12-01",5.1842913863822799,4.9754869746435961,5.5721222512344166,6.1356552053102806,5.0118099196141479,5.3395658014179279]
["ASFALTOS DILUÍDOS CM-30","2022-01-01",4.9281919741255393,5.0235556226626787,6.0184075115776476,5.2147730264088663,5.4819792438642301,5.2507896788533772]
["ASFALTOS DILUÍDOS CM-30","2022-02-01",5.5456841887543158,5.7086284128952265,6.011065894160585,4.8651,5.7633671471135939,5.7360574279908949]
["ASFALTOS DILUÍDOS CM-30","2022-03-01",6.326844734544073,5.6446879044140807,5.9308072252475252,6.1811411426079372,5.4980416823056304,5.9227810376852732]
["ASFALTOS DILUÍDOS CM-30","2022-04-01",5.9742206806482363,5.8327473242923862,6.2066926146167143,5.720329996738422,6.1780029101899832,6.012354228732443]
["ASFALTOS DILUÍDOS CM-30","2022-05-01",5.3540155864053514,5.4643353093295337,6.0076116392395544,5.9950955829778598,5.4909500902222943,5.6707227436676151]
["ASFALTOS DILUÍDOS CM-30","2022-06-01",5.8024437980978982,5.3169642029150532,5.2526788904331729,5.8139315181077107,5.644996327649209,5.469498686629418]
["ASFALTOS DILUÍDOS CM-30","2022-07-01",5.9656147650299394,5.8293148785416005,5.9190997106894132,5.7424847752856536,5.6744305431680342,5.8620207016825967]
["ASFALTOS DILUÍDOS CM-30","2022-08-01",6.4242304633121403,5.7582568777084298,5.7523528425340276,5.7919053521795947,5.3127172396617626,5.8231860506201825]
["ASFALTOS DILUÍDOS CM-30","2022-09-01",5.5400970738727207,5.6099216185135523,5.9635924887053049,5.3021811937774777,4.9779291607226188,5.6994299207939951]
["ASFALTOS DILUÍDOS CM-30","2022-10-01",4.7856709989976602,4.7275210937576615,5.3391051467024848,4.8511600071415808,4.5325805131069403,5.0416617153352234]
["ASFALTOS DILUÍDOS CM-30","2022-11-01",7.7658559225776544,4.7756549822430978,5.2376261274762639,4.6363831377551019,4.4605931787998525,5.0749938622493769]
["ASFALTOS DILUÍDOS CM-30","2022-12-01",4.6572500000000003,4.9669053619704666,5.6551615535897968,4.8409356716417911,4.6610078614476942,5.1132494896259093]
["ASFALTOS DILUÍDOS CM-30","2023-01-01",4.9489503194263369,5.0562649220892126,5.3595979656070876,4.4264979589428979,4.1032678882694276,4.7156051288638947]
["ASFALTOS DILUÍDOS CM-30","2023-02-01",5.4074946666666666,4.3357711953065854,4.7466466007882886,4.6748847269736844,4.0145471734505751,4.4178007361899621]
["ASFALTOS DILUÍDOS CM-30","2023-03-01",4.9913099999999995,4.0135491198476396,4.7462502799274482,4.0807193704746583,4.0824849538172883,4.2703457233889024]
["ASFALTOS DILUÍDOS CM-30","2023-04-01",4.4384790147401088,4.0942013541234976,5.1358161857876716,4.3682650946372243,3.8593081492264183,4.1538187971295137]
["ASFALTOS DILUÍDOS CM-30","2023-05-01",5.0185892968749997,4.5062826432970153,5.6166382927268126,4.0347569254562323,4.0637017171681284,4.686492724584018]
["ASFALTOS DILUÍDOS CM-30","2023-06-01",4.4396445256166981,4.4958053542941228,5.2281745243523305,3.7720287448015117,4.009042073315273,4.5880451479802309]
["ASFALTOS DILUÍDOS CM-30","2023-07-01",4.3603993517100559,4.2501876337265845,6.1880491547639789,3.6992167814899357,4.3157737677281238,4.7907175528841668]
["ASFALTOS DILUÍDOS CM-30","2023-08-01",4.0432159990492789,4.1009017094086238,5.4141982276485141,3.9642979487929773,4.0559897783431387,4.6078106973203159]
["ASFALTOS DILUÍDOS CM-30","2023-09-01",5.6950162499999992,4.3585862764196586,5.1872525169853443,4.1125086564690889,4.2116462357089439,4.7486402113943784]
["ASFALTOS DILUÍDOS CM-30","2023-10-01",5.6851849999999997,4.2940756470348473,4.9129194755712451,4.3650951011817867,4.257370162289762,4.6094459052458969]
["ASFALTOS DILUÍDOS CM-30","2023-11-01",4.8150853974895407,4.3455994471278903,5.4045027466641233,4.0452711044025156,4.1646974052516406,4.781498942559435]
["ASFALTOS DILUÍDOS CM-30","2023-12-01",5.411492307692308,4.7000438956945336,5.3064157338380893,4.3132168619246851,4.1887320623811153,4.6648453529250782]
["ASFALTOS DILUÍDOS CM-30","2024-01-01",3.7161783908045978,4.3951638106517361,4.8881269466529096,3.9771967970464495,4.0570953313555913,4.2902289028023235]
["ASFALTOS DILUÍDOS CM-30","2024-02-01",5.3495885714285718,4.2818818708452042,5.361180559808612,4.2877861548731637,4.1511129458512555,4.3661949963243387]
["ASFALTOS DILUÍDOS CM-30","2024-03-01",6.4376241652021093,4.5129483576545502,4.9940359324035128,4.6806103035389564,4.1973881228300884,4.7251379668916966]
["ASFALTOS DILUÍDOS CM-30","2024-04-01",6.5240100177935947,5.3336688746475263,5.0113703573682553,3.991999625535561,4.1511612398915636,4.4394069861737675]
["ASFALTOS DILUÍDOS CM-30","2024-05-01",6.6199363302160599,"***",5.2153828803500994,4.2485579597254599,4.4781707669028128,4.9600785683065052]
["ASFALTOS DILUÍDOS CM-30","2024-06-01",6.4618208055744386,4.288169263434388,4.9216061240367335,4.5173397406958813,4.8975857869415806,4.922850802681447]
["ASFALTOS DILUÍDOS CM-30","2024-07-01",6.1206122388059692,4.5992554326494206,5.4974510694626613,4.6678385333333337,4.5144526530857751,4.9627403967728929]
["ASFALTOS DILUÍDOS CM-30","2024-08-01",4.9932253486030698,4.4280252832537865,5.6619475282900762,4.9586881536031751,4.6090398495460434,5.1436250416947749]
["ASFALTOS DILUÍDOS CM-30","2024-09-01",6.5544948563794252,4.5083269874295624,5.8191551593942306,5.0121071593533486,4.5960162560754654,5.2056945279528906]
["ASFALTOS DILUÍDOS CM-30","2024-10-01",4.9921715601409158,4.8672233712660029,5.7627052777931045,4.9085114437659252,4.6877583315044049,5.0779924262713472]
["ASFALTOS DILUÍDOS CM-30","2024-11-01",6.1038183767100431,4.6551989139436829,5.5055175613762897,4.6651707713637514,4.5580908663536981,4.8398048834086191]
["ASFALTOS DILUÍDOS CM-30","2024-12-01",5.6531164062500006,4.6214746511627913,5.960894123151788,4.8495929773226036,4.6012601807828393,4.8389783545714273]
["ASFALTOS DILUÍDOS CM-30","2025-01-01",6.0875250000000003,5.3365061409796892,5.7385299818264421,5.6038699999999997,4.6535490924250373,4.9488819664923227]
["ASFALTOS DILUÍDOS CM-30","2025-02-01",4.5778173047077084,4.9871710586648685,5.9626159674267116,5.0748210110761098,4.7669975338441164,4.9110844254798067]
["ASFALTOS DILUÍDOS CM-30","2025-03-01",6.3905317431192659,4.9381801973364441,6.140385242485709,5.0820158202537096,4.9122208673380152,5.0477349579458668]
["ASFALTOS DILUÍDOS CM-30","2025-04-01",6.4379909790209791,4.6247236887466148,5.4687417252034196,5.0467753244274816,4.786078381214784,4.9309348909873627]
["ASFALTOS DILUÍDOS CM-30","2025-05-01",7.3183130522154505,4.6883508256367197,5.3744855552451467,5.1851969323700828,4.841892881674708,5.2522193983391512]
["ASFALTOS DILUÍDOS CM-30","2025-06-01",4.3397675395033852,4.5938149860847561,5.2610763567116399,4.9736914970318402,4.8254797902796271,4.9131180182745036]
["ASFALTOS DILUÍDOS CM-30","2025-07-01",6.8638419341563779,4.790204450440033,5.5938226298373346,5.0612800088439673,5.2391116001742706,5.3910862821108534]
["ASFALTOS DILUÍDOS CM-70","2008-11-01","***","***","***","***","***","***"]
["ASFALTOS DILUÍDOS CM-70","2008-12-01","***","***","***","***","***","***"]
["ASFALTOS DILUÍDOS CM-70","2009-01-01","***","***","***","***","***","***"]
["ASFALTOS DILUÍDOS CM-70","2009-02-01","***","***","***","***","***","***"]
["ASFALTOS DILUÍDOS CM-70","2009-03-01","***","***","***","***","***","***"]
["ASFALTOS DILUÍDOS CM-70","2009-04-01","***","***","***","***","***","***"]
["ASFALTOS DILUÍDOS CM-70","2009-05-01","***","***","***","***","***","***"]
["ASFALTOS DILUÍDOS CM-70","2009-06-01","***","***","***","***","***","***"]
["ASFALTOS DILUÍDOS CM-70","2009-07-01","***","***","***","***","***","***"]
["ASFALTOS DILUÍDOS CM-70","2009-08-01","***","***","***","***","***","***"]
["ASFALTOS DILUÍDOS CM-70","2009-09-01","***","***","***","***","***","***"]
["ASFALTOS DILUÍDOS CM-70","2009-10-01","***","***","***","***","***","***"]
["ASFALTOS DILUÍDOS CM-70","2009-11-01","***","***","***","***","***","***"]
["ASFALTOS DILUÍDOS CM-70","2009-12-01","***","***","***","***","***","***"]
["ASFALTOS DILUÍDOS CM-70","2010-01-01","***","***","***","***","***","***"]
["ASFALTOS DILUÍDOS CM-70","2010-02-01","***","***","***","***","***","***"]
["ASFALTOS DILUÍDOS CM-70","2010-03-01","***","***","***","***","***","***"]
["ASFALTOS DILUÍDOS CM-70","2010-04-01","***","***","***","***","***","***"]
["ASFALTOS DILUÍDOS CM-70","2010-05-01","***","***","***","***","***","***"]
["ASFALTOS DILUÍDOS CM-70","2010-06-01","***","***","***","***","***","***"]
["ASFALTOS DILUÍDOS CM-70","2010-07-01","***","***","***","***","***","***"]
["ASFALTOS DILUÍDOS CM-70","2010-08-01","***","***","***","***","***","***"]
["ASFALTOS DILUÍDOS CM-70","2010-09-01","***","***","***","***","***","***"]
["ASFALTOS DILUÍDOS CM-70","2010-10-01","***","***","***","***","***","***"]
["ASFALTOS DILUÍDOS CM-70","2010-11-01","***","***","***","***","***","***"]
["ASFALTOS DILUÍDOS CM-70","2010-12-01","***","***","***","***","***","***"]
["ASFALTOS DILUÍDOS CM-70","2011-01-01","***","***","***","***","***","***"]
["ASFALTOS DILUÍDOS CM-70","2011-02-01","***","***","***","***","***","***"]
["ASFALTOS DILUÍDOS CM-70","2011-03-01","***","***","***","***","***","***"]
["ASFALTOS DILUÍDOS CM-70","2011-04-01","***","***","***","***","***","***"]
["ASFALTOS DILUÍDOS CM-70","2011-05-01","***","***","***","***","***","***"]
["ASFALTOS DILUÍDOS CM-70","2011-06-01","***","***","***","***","***","***"]
["ASFALTOS DILUÍDOS CM-70","2011-07-01","***","***","***","***","***","***"]
["ASFALTOS DILUÍDOS CM-70","2011-08-01","***","***","***","***","***","***"]
["ASFALTOS DILUÍDOS CM-70","2011-09-01","***","***","***","***","***","***"]
["ASFALTOS DILUÍDOS CM-70","2011-10-01","***","***","***","***","***","***"]
["ASFALTOS DILUÍDOS CM-70","2011-11-01","***","***","***","***","***","***"]
["ASFALTOS DILUÍDOS CM-70","2011-12-01","***","***","***","***","***","***"]
["ASFALTOS DILUÍDOS CM-70","2012-01-01","***","***","***","***","***","***"]
["ASFALTOS DILUÍDOS CM-70","2012-02-01","***","***","***","***","***","***"]
["ASFALTOS DILUÍDOS CM-70","2012-03-01","***","***","***","***","***","***"]
["ASFALTOS DILUÍDOS CM-70","2012-04-01","***","***","***","***","***","***"]
["ASFALTOS DILUÍDOS CM-70","2012-05-01","***","***","***","***","***","***"]
["ASFALTOS DILUÍDOS CM-70","2012-06-01","***","***","***","***","***","***"]
["ASFALTOS DILUÍDOS CM-70","2012-07-01","***","***","***","***","***","***"]
["ASFALTOS DILUÍDOS CM-70","2012-08-01","***","***","***","***","***","***"]
["ASFALTOS DILUÍDOS CM-70","2012-09-01","***","***","***","***","***","***"]
["ASFALTOS DILUÍDOS CM-70","2012-10-01","***","***","***","***","***","***"]
["ASFALTOS DILUÍDOS CM-70","2012-11-01","***","***","***","***","***","***"]
["ASFALTOS DILUÍDOS CM-70","2012-12-01","***","***","***","***","***","***"]
["ASFALTOS DILUÍDOS CM-70","2013-01-01","***","***","***","***","***","***"]
["ASFALTOS DILUÍDOS CM-70","2013-02-01","***","***","***","***","***","***"]
["ASFALTOS DILUÍDOS CM-70","2013-03-01","***","***","***","***","***","***"]
["ASFALTOS DILUÍDOS CM-70","2013-04-01","***","***","***","***","***","***"]
["ASFALTOS DILUÍDOS CM-70","2013-05-01","***","***","***","***","***","***"]
["ASFALTOS DILUÍDOS CM-70","2013-06-01","***","***","***","***","***","***"]
["ASFALTOS DILUÍDOS CM-70","2013-07-01","***","***","***","***","***","***"]
["ASFALTOS DILUÍDOS CM-70","2013-08-01","***","***","***","***","***","***"]
["ASFALTOS DILUÍDOS CM-70","2013-09-01","***","***","***","***","***","***"]
["ASFALTOS DILUÍDOS CM-70","2013-10-01","***","***","***","***","***","***"]
["ASFALTOS DILUÍDOS CM-70","2013-11-01","***","***","***","***","***","***"]
["ASFALTOS DILUÍDOS CM-70","2013-12-01","***","***","***","***","***","***"]
["ASFALTOS DILUÍDOS CM-70","2014-01-01","***","***","***","***","***","***"]
["ASFALTOS DILUÍDOS CM-70","2014-02-01","***","***","***","***","***","***"]
["ASFALTOS DILUÍDOS CM-70","2014-03-01","***","***","***","***","***","***"]
["ASFALTOS DILUÍDOS CM-70","2014-04-01","***","***","***","***","***","***"]
["ASFALTOS DILUÍDOS CM-70","2014-05-01","***","***","***","***","***","***"]
["ASFALTOS DILUÍDOS CM-70","2014-06-01","***","***","***","***","***","***"]
["ASFALTOS DILUÍDOS CM-70","2014-07-01","***","***","***","***","***","***"]
["ASFALTOS DILUÍDOS CM-70","2014-08-01","***","***","***","***","***","***"]
["ASFALTOS DILUÍDOS CM-70","2014-09-01","***","***","***","***","***","***"]
["ASFALTOS DILUÍDOS CM-70","2014-10-01","***","***","***","***","***","***"]
["ASFALTOS DILUÍDOS CM-70","2014-11-01","***","***","***","***","***","***"]
["ASFALTOS DILUÍDOS CM-70","2014-12-01","***","***","***","***","***","***"]
["ASFALTOS DILUÍDOS CM-70","2015-01-01","***","***","***","***","***","***"]
["ASFALTOS DILUÍDOS CM-70","2015-02-01","***","***","***","***","***","***"]
["ASFALTOS DILUÍDOS CM-70","2015-03-01","***","***","***","***","***","***"]
["ASFALTOS DILUÍDOS CM-70","2015-04-01","***","***","***","***","***","***"]
["ASFALTOS DILUÍDOS CM-70","2015-05-01","***","***","***","***","***","***"]
["ASFALTOS DILUÍDOS CM-70","2015-06-01","***","***","***","***","***","***"]
["ASFALTOS DILUÍDOS CM-70","2015-07-01","***","***","***","***","***","***"]
["ASFALTOS DILUÍDOS CM-70","2015-08-01","***","***","***","***","***","***"]
["ASFALTOS DILUÍDOS CM-70","2015-09-01","***","***","***","***","***","***"]
["ASFALTOS DILUÍDOS CM-70","2015-10-01","***","***","***","***","***","***"]
["ASFALTOS DILUÍDOS CM-70","2015-11-01","***","***","***","***","***","***"]
["ASFALTOS DILUÍDOS CM-70","2015-12-01","***","***","***","***","***","***"]
["ASFALTOS DILUÍDOS CM-70","2016-01-01","***","***","***","***","***","***"]
["ASFALTOS DILUÍDOS CM-70","2016-02-01","***","***","***","***","***","***"]
["ASFALTOS DILUÍDOS CM-70","2016-03-01","***","***","***","***","***","***"]
["ASFALTOS DILUÍDOS CM-70","2016-04-01","***","***","***","***","***","***"]
["ASFALTOS DILUÍDOS CM-70","2016-05-01","***","***","***","***","***","***"]
["ASFALTOS DILUÍDOS CM-70","2016-06-01","***","***","***","***","***","***"]
["ASFALTOS DILUÍDOS CM-70","2016-07-01","***","***","***","***","***","***"]
["ASFALTOS DILUÍDOS CM-70","2016-08-01","***","***","***","***","***","***"]
["ASFALTOS DILUÍDOS CM-70","2016-09-01","***","***","***","***","***","***"]
["ASFALTOS DILUÍDOS CM-70","2016-10-01","***","***","***","***","***","***"]
["ASFALTOS DILUÍDOS CM-70","2016-11-01","***","***","***","***","***","***"]
["ASFALTOS DILUÍDOS CM-70","2016-12-01","***","***","***","***","***","***"]
["ASFALTOS DILUÍDOS CM-70","2017-01-01","***","***","***","***","***","***"]
["ASFALTOS DILUÍDOS CM-70","2017-02-01","***","***","***","***","***","***"]
["ASFALTOS DILUÍDOS CM-70","2017-03-01","***","***","***","***","***","***"]
["ASFALTOS DILUÍDOS CM-70","2017-04-01","***","***","***","***","***","***"]
["ASFALTOS DILUÍDOS CM-70","2017-05-01","***","***","***","***","***","***"]
["ASFALTOS DILUÍDOS CM-70","2017-06-01","***","***","***","***","***","***"]
["ASFALTOS DILUÍDOS CM-70","2017-07-01","***","***","***","***","***","***"]
["ASFALTOS DILUÍDOS CM-70","2017-08-01","***","***","***","***","***","***"]
["ASFALTOS DILUÍDOS CM-70","2017-09-01","***","***","***","***","***","***"]
["ASFALTOS DILUÍDOS CM-70","2017-10-01","***","***","***","***","***","***"]
["ASFALTOS DILUÍDOS CM-70","2017-11-01","***","***","***","***","***","***"]
["ASFALTOS DILUÍDOS CM-70","2017-12-01","***","***","***","***","***","***"]
["ASFALTOS DILUÍDOS CM-70","2018-01-01","***","***","***","***","***","***"]
["ASFALTOS DILUÍDOS CM-70","2018-02-01","***","***","***","***","***","***"]
["ASFALTOS DILUÍDOS CM-70","2018-03-01","***","***","***","***","***","***"]
["ASFALTOS DILUÍDOS CM-70","2018-04-01","***","***","***","***","***","***"]
["ASFALTOS DILUÍDOS CM-70","2018-05-01","***","***","***","***","***","***"]
["ASFALTOS DILUÍDOS CM-70","2018-06-01","***","***","***","***","***","***"]
["ASFALTOS DILUÍDOS CM-70","2018-07-01","***","***","***","***","***","***"]
["ASFALTOS DILUÍDOS CM-70","2018-08-01","***","***","***","***","***","***"]
["ASFALTOS DILUÍDOS CM-70","2018-09-01","***","***","***","***","***","***"]
["ASFALTOS DILUÍDOS CM-70","2018-10-01","***","***","***","***","***","***"]
["ASFALTOS DILUÍDOS CM-70","2018-11-01","***","***","***","***","***","***"]
["ASFALTOS DILUÍDOS CM-70","2018-12-01","***","***","***","***","***","***"]
["ASFALTOS DILUÍDOS CM-70","2019-01-01","***","***","***","***","***","***"]
["ASFALTOS DILUÍDOS CM-70","2019-02-01","***","***","***","***","***","***"]
["ASFALTOS DILUÍDOS CM-70","2019-03-01","***","***","***","***","***","***"]
["ASFALTOS DILUÍDOS CM-70","2019-04-01","***","***","***","***","***","***"]
["ASFALTOS DILUÍDOS CM-70","2019-05-01","***","***","***","***","***","***"]
["ASFALTOS DILUÍDOS CM-70","2019-06-01","***","***","***","***","***","***"]
["ASFALTOS DILUÍDOS CM-70","2019-07-01","***","***","***","***","***","***"]
["ASFALTOS DILUÍDOS CM-70","2019-08-01","***","***","***","***","***","***"]
["ASFALTOS DILUÍDOS CM-70","2019-09-01","***","***","***","***","***","***"]
["ASFALTOS DILUÍDOS CM-70","2019-10-01","***","***","***","***","***","***"]
["ASFALTOS DILUÍDOS CM-70","2019-11-01","***","***","***","***","***","***"]
["ASFALTOS DILUÍDOS CM-70","2019-12-01","***","***","***","***","***","***"]
["ASFALTOS DILUÍDOS CM-70","2020-01-01","***","***","***","***","***","***"]
["ASFALTOS DILUÍDOS CM-70","2020-02-01","***","***","***","***","***","***"]
["ASFALTOS DILUÍDOS CM-70","2020-03-01","***","***","***","***","***","***"]
["ASFALTOS DILUÍDOS CM-70","2020-04-01","***","***","***","***","***","***"]
["ASFALTOS DILUÍDOS CM-70","2020-05-01","***","***","***","***","***","***"]
["ASFALTOS DILUÍDOS CM-70","2020-06-01","***","***","***","***","***","***"]
["ASFALTOS DILUÍDOS CM-70","2020-07-01","***","***","***","***","***","***"]
["ASFALTOS DILUÍDOS CM-70","2020-08-01","***","***","***","***","***","***"]
["ASFALTOS DILUÍDOS CM-70","2020-09-01","***","***","***","***","***","***"]
["ASFALTOS DILUÍDOS CM-70","2020-10-01","***","***","***","***","***","***"]
["ASFALTOS DILUÍDOS CM-70","2020-11-01","***","***","***","***","***","***"]
["ASFALTOS DILUÍDOS CM-70","2020-12-01","***","***","***","***","***","***"]
["ASFALTOS DILUÍDOS CM-70","2021-01-01","***","***","***","***","***","***"]
["ASFALTOS DILUÍDOS CM-70","2021-02-01","***","***","***","***","***","***"]
["ASFALTOS DILUÍDOS CM-70","2021-03-01","***","***","***","***","***","***"]
["ASFALTOS DILUÍDOS CM-70","2021-04-01","***","***","***","***","***","***"]
["ASFALTOS DILUÍDOS CM-70","2021-05-01","***","***","***","***","***","***"]
["ASFALTOS DILUÍDOS CM-70","2021-06-01","***","***","***","***","***","***"]
["ASFALTOS DILUÍDOS CM-70","2021-07-01","***","***","***","***","***","***"]
["ASFALTOS DILUÍDOS CM-70","2021-08-01","***","***","***","***","***","***"]
["ASFALTOS DILUÍDOS CM-70","2021-09-01","***","***","***","***","***","***"]
["ASFALTOS DILUÍDOS CM-70","2021-10-01","***","***","***","***","***","***"]
["ASFALTOS DILUÍDOS CM-70","2021-11-01","***","***","***","***","***","***"]
["ASFALTOS DILUÍDOS CM-70","2021-12-01","***","***","***","***","***","***"]
["ASFALTOS DILUÍDOS CM-70","2022-01-01","***","***","***","***","***","***"]
["ASFALTOS DILUÍDOS CM-70","2022-02-01","***","***","***","***","***","***"]
["ASFALTOS DILUÍDOS CM-70","2022-03-01","***","***","***","***","***","***"]
["ASFALTOS DILUÍDOS CM-70","2022-04-01","***","***","***","***","***","***"]
["ASFALTOS DILUÍDOS CM-70","2022-05-01","***","***","***","***","***","***"]
["ASFALTOS DILUÍDOS CM-70","2022-06-01","***","***","***","***","***","***"]
["ASFALTOS DILUÍDOS CM-70","2022-07-01","***","***","***","***","***","***"]
["ASFALTOS DILUÍDOS CM-70","2022-08-01","***","***","***","***","***","***"]
["ASFALTOS DILUÍDOS CM-70","2022-09-01","***","***","***","***","***","***"]
["ASFALTOS DILUÍDOS CM-70","2022-10-01","***","***","***","***","***","***"]
["ASFALTOS DILUÍDOS CM-70","2022-11-01","***","***","***","***","***","***"]
["ASFALTOS DILUÍDOS CM-70","2022-12-01","***","***","***","***","***","***"]
["ASFALTOS DILUÍDOS CM-70","2023-01-01","***","***","***","***","***","***"]
["ASFALTOS DILUÍDOS CM-70","2023-02-01","***","***","***","***","***","***"]
["ASFALTOS DILUÍDOS CM-70","2023-03-01","***","***","***","***","***","***"]
["ASFALTOS DILUÍDOS CM-70","2023-04-01","***","***","***","***","***","***"]
["ASFALTOS DILUÍDOS CM-70","2023-05-01","***","***","***","***","***","***"]
["ASFALTOS DILUÍDOS CM-70","2023-06-01","***","***","***","***","***","***"]
["ASFALTOS DILUÍDOS CM-70","2023-07-01","***","***","***","***","***","***"]
["ASFALTOS DILUÍDOS CM-70","2023-08-01","***","***","***","***","***","***"]
["ASFALTOS DILUÍDOS CM-70","2023-09-01","***","***","***","***","***","***"]
["ASFALTOS DILUÍDOS CM-70","2023-10-01","***","***","***","***","***","***"]
["ASFALTOS DILUÍDOS CM-70","2023-11-01","***","***","***","***","***","***"]
["ASFALTOS DILUÍDOS CM-70","2023-12-01","***","***","***","***","***","***"]
["ASFALTOS DILUÍDOS CM-70","2024-01-01","***","***","***","***","***","***"]
["ASFALTOS DILUÍDOS CM-70","2024-02-01","***","***","***","***","***","***"]
["ASFALTOS DILUÍDOS CM-70","2024-03-01","***","***","***","***","***","***"]
["ASFALTOS DILUÍDOS CM-70","2024-04-01","***","***","***","***","***","***"]
["ASFALTOS DILUÍDOS CM-70","2024-05-01","***","***","***","***","***","***"]
["ASFALTOS DILUÍDOS CM-70","2024-06-01","***","***","***","***","***","***"]
["ASFALTOS DILUÍDOS CM-70","2024-07-01","***","***","***","***","***","***"]
["ASFALTOS DILUÍDOS CM-70","2024-08-01","***","***","***","***","***","***"]
["ASFALTOS DILUÍDOS CM-70","2024-09-01","***","***","***","***","***","***"]
["ASFALTOS DILUÍDOS CM-70","2024-10-01","***","***","***","***","***","***"]
["ASFALTOS DILUÍDOS CM-70","2024-11-01","***","***","***","***","***","***"]
["ASFALTOS DILUÍDOS CM-70","2024-12-01","***","***","***","***","***","***"]
["ASFALTOS DILUÍDOS CM-70","2025-01-01","***","***","***","***","***","***"]
["ASFALTOS DILUÍDOS CM-70","2025-02-01","***","***","***","***","***","***"]
["ASFALTOS DILUÍDOS CM-70","2025-03-01","***","***","***","***","***","***"]
["ASFALTOS DILUÍDOS CM-70","2025-04-01","***","***","***","***","***","***"]
["ASFALTOS DILUÍDOS CM-70","2025-05-01","***","***","***","***","***","***"]
["ASFALTOS DILUÍDOS CM-70","2025-06-01","***","***","***","***","***","***"]
["ASFALTOS DILUÍDOS CM-70","2025-07-01","***","***","***","***","***","***"]
["ASFALTOS DILUÍDOS CR-250","2008-11-01",1.5293300000000001,1.382781231929604,"***",1.6455625530342228,"***",1.5271202561821082]
["ASFALTOS DILUÍDOS CR-250","2008-12-01","***",1.3644034709803285,"***","***",1.97516,1.3680553765352297]
["ASFALTOS DILUÍDOS CR-250","2009-01-01",1.46539,1.3161387468728678,"***","***","***",1.3472730525557954]
["ASFALTOS DILUÍDOS CR-250","2009-02-01",1.46539,"***","***",1.6850369047619047,"***",1.4925128812936421]
["ASFALTOS DILUÍDOS CR-250","2009-03-01","***","***",2.0878385215937847,1.2574649116904959,1.9751699999999999,1.9938624004008343]
["ASFALTOS DILUÍDOS CR-250","2009-04-01","***",1.3165808569222852,2.1016071220565036,1.5373920903954803,1.3759999999999999,2.0235738092733859]
["ASFALTOS DILUÍDOS CR-250","2009-05-01","***",1.2916973696052363,2.011241987385143,"***",1.4449633167495854,1.9630402398172413]
["ASFALTOS DILUÍDOS CR-250","2009-06-01","***","***",2.0486666995409992,1.621780173347779,1.7706666666666666,2.0431579081423918]
["ASFALTOS DILUÍDOS CR-250","2009-07-01","***",1.3785278369508467,2.0497871073238216,1.5477000000000001,2.2229999999999999,1.9808434581379211]
["ASFALTOS DILUÍDOS CR-250","2009-08-01","***",1.2607561943620178,2.0687709943467345,1.5838650211565584,"***",1.9820897328284304]
["ASFALTOS DILUÍDOS CR-250","2009-09-01","***",1.3537027633546281,2.054056660209711,1.5477000000000001,"***",1.9975828162283231]
["ASFALTOS DILUÍDOS CR-250","2009-10-01","***",1.3460482161729383,2.1048815815336366,"***","***",2.0574969062417412]
["ASFALTOS DILUÍDOS CR-250","2009-11-01","***",1.3467747967479673,2.0478444768751118,1.6655034482758622,"***",1.9823581180349732]
["ASFALTOS DILUÍDOS CR-250","2009-12-01",2.0884,"***","***",1.5476000000000001,"***",2.0519174603174601]
["ASFALTOS DILUÍDOS CR-250","2010-01-01",1.4896,1.3537776563321073,"***",1.5476000000000001,"***",1.4123258863706922]
["ASFALTOS DILUÍDOS CR-250","2010-02-01","***","***","***","***","***","***"]
["ASFALTOS DILUÍDOS CR-250","2010-03-01","***","***","***",1.5476799999999999,1.5329999999999999,1.5361752978056427]
["ASFALTOS DILUÍDOS CR-250","2010-04-01","***",1.3786799999999999,"***",1.5476799999999999,"***",1.3973385702456527]
["ASFALTOS DILUÍDOS CR-250","2010-05-01","***",1.4693400000000001,"***",1.5476799999999999,"***",1.4871445454545453]
["ASFALTOS DILUÍDOS CR-250","2010-06-01","***",1.2052,"***","***",1.5427480314960631,1.3356980213089804]
["ASFALTOS DILUÍDOS CR-250","2010-07-01","***","***","***",1.5476799999999999,"***",1.5476799999999999]
["ASFALTOS DILUÍDOS CR-250","2010-08-01","***","***","***","***","***","***"]
["ASFALTOS DILUÍDOS CR-250","2010-09-01","***","***","***",1.5476799999999999,1.7222500000000001,1.5990241176470588]
["ASFALTOS DILUÍDOS CR-250","2010-10-01",1.6424999999999998,1.3476300000000001,"***","***","***",1.4719360748870238]
["ASFALTOS DILUÍDOS CR-250","2010-11-01",1.5969199999999999,"***","***","***","***",1.5969199999999999]
["ASFALTOS DILUÍDOS CR-250","2010-12-01",1.5969199999999999,"***","***",1.5476799999999999,"***",1.5911782332155475]
["ASFALTOS DILUÍDOS CR-250","2011-01-01",1.4896,"***","***",1.5476799999999999,"***",1.4920911357657556]
["ASFALTOS DILUÍDOS CR-250","2011-02-01",1.4896,"***","***","***","***",1.4896]
["ASFALTOS DILUÍDOS CR-250","2011-03-01","***","***","***","***","***","***"]
["ASFALTOS DILUÍDOS CR-250","2011-04-01","***","***","***",1.6361999999999999,1.4339,1.5217589590443685]
["ASFALTOS DILUÍDOS CR-250","2011-05-01","***","***","***","***","***","***"]
["ASFALTOS DILUÍDOS CR-250","2011-06-01","***","***","***",1.5476700000000001,"***",1.5476700000000001]
["ASFALTOS DILUÍDOS CR-250","2011-07-01",1.4896,"***","***","***",1.8260000000000001,1.5280457142857142]
["ASFALTOS DILUÍDOS CR-250","2011-08-01","***","***","***","***","***","***"]
["ASFALTOS DILUÍDOS CR-250","2011-09-01","***","***","***","***","***","***"]
["ASFALTOS DILUÍDOS CR-250","2011-10-01","***","***","***","***","***","***"]
["ASFALTOS DILUÍDOS CR-250","2011-11-01","***","***","***","***","***","***"]
["ASFALTOS DILUÍDOS CR-250","2011-12-01","***","***","***","***","***","***"]
["ASFALTOS DILUÍDOS CR-250","2012-01-01","***","***","***","***","***","***"]
["ASFALTOS DILUÍDOS CR-250","2012-02-01",1.4896,"***","***",1.57168,"***",1.5100703147699757]
["ASFALTOS DILUÍDOS CR-250","2012-03-01","***","***","***","***","***","***"]
["ASFALTOS DILUÍDOS CR-250","2012-04-01","***","***","***","***","***","***"]
["ASFALTOS DILUÍDOS CR-250","2012-05-01","***","***","***","***",1.4343999999999999,1.4343999999999999]
["ASFALTOS DILUÍDOS CR-250","2012-06-01",1.4896,"***","***","***","***",1.4896]
["ASFALTOS DILUÍDOS CR-250","2012-07-01","***","***","***","***","***","***"]
["ASFALTOS DILUÍDOS CR-250","2012-08-01","***","***","***",1.6972,"***",1.6972]
["ASFALTOS DILUÍDOS CR-250","2012-09-01","***","***","***","***","***","***"]
["ASFALTOS DILUÍDOS CR-250","2012-10-01","***","***","***","***","***","***"]
["ASFALTOS DILUÍDOS CR-250","2012-11-01","***","***","***","***","***","***"]
["ASFALTOS DILUÍDOS CR-250","2012-12-01","***","***","***","***","***","***"]
["ASFALTOS DILUÍDOS CR-250","2013-01-01",1.95122,"***","***",1.39585,"***",1.4617589943785134]
["ASFALTOS DILUÍDOS CR-250","2013-02-01",1.95122,"***","***","***","***",1.95122]
["ASFALTOS DILUÍDOS CR-250","2013-03-01",1.9512199999999997,"***","***","***","***",1.9512199999999997]
["ASFALTOS DILUÍDOS CR-250","2013-04-01","***","***","***",1.7104999999999999,"***",1.7104999999999999]
["ASFALTOS DILUÍDOS CR-250","2013-05-01","***","***","***","***","***","***"]
["ASFALTOS DILUÍDOS CR-250","2013-06-01","***","***","***","***",1.3348,1.3348]
["ASFALTOS DILUÍDOS CR-250","2013-07-01","***","***","***","***","***","***"]
["ASFALTOS DILUÍDOS CR-250","2013-08-01","***","***","***",1.7069000000000001,"***",1.7069000000000001]
["ASFALTOS DILUÍDOS CR-250","2013-09-01","***","***","***","***","***","***"]
["ASFALTOS DILUÍDOS CR-250","2013-10-01","***","***","***",1.7071000000000001,"***",1.7071000000000001]
["ASFALTOS DILUÍDOS CR-250","2013-11-01","***","***","***","***","***","***"]
["ASFALTOS DILUÍDOS CR-250","2013-12-01","***","***","***","***","***","***"]
["ASFALTOS DILUÍDOS CR-250","2014-01-01","***","***","***",1.7055,"***",1.7055]
["ASFALTOS DILUÍDOS CR-250","2014-02-01","***","***","***","***","***","***"]
["ASFALTOS DILUÍDOS CR-250","2014-03-01","***","***","***","***","***","***"]
["ASFALTOS DILUÍDOS CR-250","2014-04-01","***","***","***","***","***","***"]
["ASFALTOS DILUÍDOS CR-250","2014-05-01","***","***","***","***",1.3340000000000001,1.3340000000000001]
["ASFALTOS DILUÍDOS CR-250","2014-06-01","***","***","***","***",1.7875000000000001,1.7875000000000001]
["ASFALTOS DILUÍDOS CR-250","2014-07-01","***","***","***","***","***","***"]
["ASFALTOS DILUÍDOS CR-250","2014-08-01","***","***","***",1.7021999999999999,"***",1.7021999999999999]
["ASFALTOS DILUÍDOS CR-250","2014-09-01","***","***","***",1.7039,"***",1.7039]
["ASFALTOS DILUÍDOS CR-250","2014-10-01","***","***","***",1.7030000000000001,"***",1.7030000000000001]
["ASFALTOS DILUÍDOS CR-250","2014-11-01","***","***","***","***","***","***"]
["ASFALTOS DILUÍDOS CR-250","2014-12-01","***","***","***","***","***","***"]
["ASFALTOS DILUÍDOS CR-250","2015-01-01","***","***","***","***","***","***"]
["ASFALTOS DILUÍDOS CR-250","2015-02-01","***","***","***","***",1.5871,1.5871]
["ASFALTOS DILUÍDOS CR-250","2015-03-01","***","***","***","***","***","***"]
["ASFALTOS DILUÍDOS CR-250","2015-04-01","***","***","***","***","***","***"]
["ASFALTOS DILUÍDOS CR-250","2015-05-01","***","***","***","***","***","***"]
["ASFALTOS DILUÍDOS CR-250","2015-06-01","***","***","***",2.3921000000000001,"***",2.3921000000000001]
["ASFALTOS DILUÍDOS CR-250","2015-07-01","***","***","***","***","***","***"]
["ASFALTOS DILUÍDOS CR-250","2015-08-01","***","***","***","***","***","***"]
["ASFALTOS DILUÍDOS CR-250","2015-09-01","***","***","***",2.3885999999999998,"***",2.3885999999999998]
["ASFALTOS DILUÍDOS CR-250","2015-10-01","***","***","***","***","***","***"]
["ASFALTOS DILUÍDOS CR-250","2015-11-01","***","***","***","***",1.2641,1.2641]
["ASFALTOS DILUÍDOS CR-250","2015-12-01","***","***","***","***","***","***"]
["ASFALTOS DILUÍDOS CR-250","2016-01-01","***","***","***","***","***","***"]
["ASFALTOS DILUÍDOS CR-250","2016-02-01","***","***","***","***","***","***"]
["ASFALTOS DILUÍDOS CR-250","2016-03-01","***","***","***","***","***","***"]
["ASFALTOS DILUÍDOS CR-250","2016-04-01","***","***","***","***","***","***"]
["ASFALTOS DILUÍDOS CR-250","2016-05-01","***","***","***","***","***","***"]
["ASFALTOS DILUÍDOS CR-250","2016-06-01","***","***","***","***","***","***"]
["ASFALTOS DILUÍDOS CR-250","2016-07-01","***","***","***","***","***","***"]
["ASFALTOS DILUÍDOS CR-250","2016-08-01","***","***","***","***","***","***"]
["ASFALTOS DILUÍDOS CR-250","2016-09-01","***","***","***","***","***","***"]
["ASFALTOS DILUÍDOS CR-250","2016-10-01","***","***","***","***","***","***"]
["ASFALTOS DILUÍDOS CR-250","2016-11-01","***","***","***","***","***","***"]
["ASFALTOS DILUÍDOS CR-250","2016-12-01","***","***","***","***","***","***"]
["ASFALTOS DILUÍDOS CR-250","2017-01-01","***","***","***","***","***","***"]
["ASFALTOS DILUÍDOS CR-250","2017-02-01","***","***","***","***","***","***"]
["ASFALTOS DILUÍDOS CR-250","2017-03-01","***","***","***","***","***","***"]
["ASFALTOS DILUÍDOS CR-250","2017-04-01","***","***","***","***","***","***"]
["ASFALTOS DILUÍDOS CR-250","2017-05-01","***","***","***","***","***","***"]
["ASFALTOS DILUÍDOS CR-250","2017-06-01","***","***","***","***","***","***"]
["ASFALTOS DILUÍDOS CR-250","2017-07-01","***","***","***","***","***","***"]
["ASFALTOS DILUÍDOS CR-250","2017-08-01","***","***","***","***","***","***"]
["ASFALTOS DILUÍDOS CR-250","2017-09-01","***","***","***","***","***","***"]
["ASFALTOS DILUÍDOS CR-250","2017-10-01","***","***","***","***","***","***"]
["ASFALTOS DILUÍDOS CR-250","2017-11-01","***","***","***","***","***","***"]
["ASFALTOS DILUÍDOS CR-250","2017-12-01","***","***","***","***","***","***"]
["ASFALTOS DILUÍDOS CR-250","2018-01-01","***","***","***","***","***","***"]
["ASFALTOS DILUÍDOS CR-250","2018-02-01","***","***","***","***","***","***"]
["ASFALTOS DILUÍDOS CR-250","2018-03-01","***","***","***","***","***","***"]
["ASFALTOS DILUÍDOS CR-250","2018-04-01","***","***","***","***","***","***"]
["ASFALTOS DILUÍDOS CR-250","2018-05-01","***","***","***","***","***","***"]
["ASFALTOS DILUÍDOS CR-250","2018-06-01","***","***","***","***","***","***"]
["ASFALTOS DILUÍDOS CR-250","2018-07-01","***","***","***","***","***","***"]
["ASFALTOS DILUÍDOS CR-250","2018-08-01","***","***","***","***","***","***"]
["ASFALTOS DILUÍDOS CR-250","2018-09-01","***","***","***","***","***","***"]
["ASFALTOS DILUÍDOS CR-250","2018-10-01","***","***","***","***","***","***"]
["ASFALTOS DILUÍDOS CR-250","2018-11-01","***","***","***","***","***","***"]
["ASFALTOS DILUÍDOS CR-250","2018-12-01","***","***","***","***","***","***"]
["ASFALTOS DILUÍDOS CR-250","2019-01-01","***","***","***","***","***","***"]
["ASFALTOS DILUÍDOS CR-250","2019-02-01","***","***","***","***","***","***"]
["ASFALTOS DILUÍDOS CR-250","2019-03-01","***","***","***","***","***","***"]
["ASFALTOS DILUÍDOS CR-250","2019-04-01","***","***","***","***","***","***"]
["ASFALTOS DILUÍDOS CR-250","2019-05-01","***","***","***","***","***","***"]
["ASFALTOS DILUÍDOS CR-250","2019-06-01","***","***","***","***","***","***"]
["ASFALTOS DILUÍDOS CR-250","2019-07-01","***","***","***","***","***","***"]
["ASFALTOS DILUÍDOS CR-250","2019-08-01","***","***","***","***","***","***"]
["ASFALTOS DILUÍDOS CR-250","2019-09-01","***","***","***","***","***","***"]
["ASFALTOS DILUÍDOS CR-250","2019-10-01","***","***","***","***","***","***"]
["ASFALTOS DILUÍDOS CR-250","2019-11-01","***","***","***","***","***","***"]
["ASFALTOS DILUÍDOS CR-250","2019-12-01","***","***","***","***","***","***"]
["ASFALTOS DILUÍDOS CR-250","2020-01-01","***","***","***","***","***","***"]
["ASFALTOS DILUÍDOS CR-250","2020-02-01","***","***","***","***","***","***"]
["ASFALTOS DILUÍDOS CR-250","2020-03-01","***","***","***","***","***","***"]
["ASFALTOS DILUÍDOS CR-250","2020-04-01","***","***","***","***","***","***"]
["ASFALTOS DILUÍDOS CR-250","2020-05-01","***","***","***","***","***","***"]
["ASFALTOS DILUÍDOS CR-250","2020-06-01","***","***","***","***","***","***"]
["ASFALTOS DILUÍDOS CR-250","2020-07-01","***","***","***","***","***","***"]
["ASFALTOS DILUÍDOS CR-250","2020-08-01","***","***","***","***","***","***"]
["ASFALTOS DILUÍDOS CR-250","2020-09-01","***","***","***","***","***","***"]
["ASFALTOS DILUÍDOS CR-250","2020-10-01","***","***","***","***","***","***"]
["ASFALTOS DILUÍDOS CR-250","2020-11-01","***","***","***","***","***","***"]
["ASFALTOS DILUÍDOS CR-250","2020-12-01","***","***","***","***","***","***"]
["ASFALTOS DILUÍDOS CR-250","2021-01-01","***","***","***","***","***","***"]
["ASFALTOS DILUÍDOS CR-250","2021-02-01","***","***","***","***","***","***"]
["ASFALTOS DILUÍDOS CR-250","2021-03-01","***","***","***","***","***","***"]
["ASFALTOS DILUÍDOS CR-250","2021-04-01","***","***","***","***","***","***"]
["ASFALTOS DILUÍDOS CR-250","2021-05-01","***","***","***","***","***","***"]
["ASFALTOS DILUÍDOS CR-250","2021-06-01","***","***","***","***","***","***"]
["ASFALTOS DILUÍDOS CR-250","2021-07-01","***","***","***","***","***","***"]
["ASFALTOS DILUÍDOS CR-250","2021-08-01","***","***","***","***","***","***"]
["ASFALTOS DILUÍDOS CR-250","2021-09-01","***","***","***","***","***","***"]
["ASFALTOS DILUÍDOS CR-250","2021-10-01","***","***","***","***","***","***"]
["ASFALTOS DILUÍDOS CR-250","2021-11-01","***","***","***","***","***","***"]
["ASFALTOS DILUÍDOS CR-250","2021-12-01","***","***","***","***","***","***"]
["ASFALTOS DILUÍDOS CR-250","2022-01-01","***","***","***","***","***","***"]
["ASFALTOS DILUÍDOS CR-250","2022-02-01","***","***","***","***","***","***"]
["ASFALTOS DILUÍDOS CR-250","2022-03-01","***","***","***","***","***","***"]
["ASFALTOS DILUÍDOS CR-250","2022-04-01","***","***","***","***","***","***"]
["ASFALTOS DILUÍDOS CR-250","2022-05-01","***","***","***","***","***","***"]
["ASFALTOS DILUÍDOS CR-250","2022-06-01","***","***","***","***","***","***"]
["ASFALTOS DILUÍDOS CR-250","2022-07-01","***","***","***","***","***","***"]
["ASFALTOS DILUÍDOS CR-250","2022-08-01","***","***","***","***","***","***"]
["ASFALTOS DILUÍDOS CR-250","2022-09-01","***","***","***","***","***","***"]
["ASFALTOS DILUÍDOS CR-250","2022-10-01","***","***","***","***","***","***"]
["ASFALTOS DILUÍDOS CR-250","2022-11-01","***","***","***","***","***","***"]
["ASFALTOS DILUÍDOS CR-250","2022-12-01","***","***","***","***","***","***"]
["ASFALTOS DILUÍDOS CR-250","2023-01-01","***","***","***","***","***","***"]
["ASFALTOS DILUÍDOS CR-250","2023-02-01","***","***","***","***","***","***"]
["ASFALTOS DILUÍDOS CR-250","2023-03-01","***","***","***","***","***","***"]
["ASFALTOS DILUÍDOS CR-250","2023-04-01","***","***","***","***","***","***"]
["ASFALTOS DILUÍDOS CR-250","2023-05-01","***","***","***","***","***","***"]
["ASFALTOS DILUÍDOS CR-250","2023-06-01","***","***","***","***","***","***"]
["ASFALTOS DILUÍDOS CR-250","2023-07-01","***","***","***","***","***","***"]
["ASFALTOS DILUÍDOS CR-250","2023-08-01","***","***","***","***","***","***"]
["ASFALTOS DILUÍDOS CR-250","2023-09-01","***","***","***","***","***","***"]
["ASFALTOS DILUÍDOS CR-250","2023-10-01","***","***","***","***","***","***"]
["ASFALTOS DILUÍDOS CR-250","2023-11-01","***","***","***","***","***","***"]
["ASFALTOS DILUÍDOS CR-250","2023-12-01","***","***","***","***","***","***"]
["ASFALTOS DILUÍDOS CR-250","2024-01-01","***","***","***","***","***","***"]
["ASFALTOS DILUÍDOS CR-250","2024-02-01","***","***","***","***","***","***"]
["ASFALTOS DILUÍDOS CR-250","2024-03-01","***","***","***","***","***","***"]
["ASFALTOS DILUÍDOS CR-250","2024-04-01","***","***","***","***","***","***"]
["ASFALTOS DILUÍDOS CR-250","2024-05-01","***","***","***","***","***","***"]
["ASFALTOS DILUÍDOS CR-250","2024-06-01","***","***","***","***","***","***"]
["ASFALTOS DILUÍDOS CR-250","2024-07-01","***","***","***","***","***","***"]
["ASFALTOS DILUÍDOS CR-250","2024-08-01","***","***","***","***","***","***"]
["ASFALTOS DILUÍDOS CR-250","2024-09-01","***","***","***","***","***","***"]
["ASFALTOS DILUÍDOS CR-250","2024-10-01","***","***","***","***","***","***"]
["ASFALTOS DILUÍDOS CR-250","2024-11-01","***","***","***","***","***","***"]
["ASFALTOS DILUÍDOS CR-250","2024-12-01","***","***","***","***","***","***"]
["ASFALTOS DILUÍDOS CR-250","2025-01-01","***","***","***","***","***","***"]
["ASFALTOS DILUÍDOS CR-250","2025-02-01","***","***","***","***","***","***"]
["ASFALTOS DILUÍDOS CR-250","2025-03-01","***","***","***","***","***","***"]
["ASFALTOS DILUÍDOS CR-250","2025-04-01","***","***","***","***","***","***"]
["ASFALTOS DILUÍDOS CR-250","2025-05-01","***","***","***","***","***","***"]
["ASFALTOS DILUÍDOS CR-250","2025-06-01","***","***","***","***","***","***"]
["ASFALTOS DILUÍDOS CR-250","2025-07-01","***","***","***","***","***","***"]
["ASFALTOS DILUÍDOS CR-70","2008-11-01","***","***","***","***","***","***"]
["ASFALTOS DILUÍDOS CR-70","2008-12-01","***","***","***",1.9236199999999997,"***",1.9236199999999997]
["ASFALTOS DILUÍDOS CR-70","2009-01-01","***","***","***","***","***","***"]
["ASFALTOS DILUÍDOS CR-70","2009-02-01","***","***","***","***","***","***"]
["ASFALTOS DILUÍDOS CR-70","2009-03-01","***","***","***","***","***","***"]
["ASFALTOS DILUÍDOS CR-70","2009-04-01","***","***","***","***","***","***"]
["ASFALTOS DILUÍDOS CR-70","2009-05-01","***","***","***","***","***","***"]
["ASFALTOS DILUÍDOS CR-70","2009-06-01","***","***","***","***","***","***"]
["ASFALTOS DILUÍDOS CR-70","2009-07-01","***","***","***","***","***","***"]
["ASFALTOS DILUÍDOS CR-70","2009-08-01","***","***","***","***","***","***"]
["ASFALTOS DILUÍDOS CR-70","2009-09-01","***","***","***","***","***","***"]
["ASFALTOS DILUÍDOS CR-70","2009-10-01","***","***","***","***","***","***"]
["ASFALTOS DILUÍDOS CR-70","2009-11-01","***","***","***","***","***","***"]
["ASFALTOS DILUÍDOS CR-70","2009-12-01","***","***","***","***","***","***"]
["ASFALTOS DILUÍDOS CR-70","2010-01-01","***","***","***","***","***","***"]
["ASFALTOS DILUÍDOS CR-70","2010-02-01","***","***","***","***","***","***"]
["ASFALTOS DILUÍDOS CR-70","2010-03-01","***","***","***","***","***","***"]
["ASFALTOS DILUÍDOS CR-70","2010-04-01","***","***","***","***","***","***"]
["ASFALTOS DILUÍDOS CR-70","2010-05-01","***","***","***","***","***","***"]
["ASFALTOS DILUÍDOS CR-70","2010-06-01","***","***","***","***","***","***"]
["ASFALTOS DILUÍDOS CR-70","2010-07-01","***","***","***","***","***","***"]
["ASFALTOS DILUÍDOS CR-70","2010-08-01","***","***","***","***","***","***"]
["ASFALTOS DILUÍDOS CR-70","2010-09-01","***","***","***","***","***","***"]
["ASFALTOS DILUÍDOS CR-70","2010-10-01","***","***","***","***","***","***"]
["ASFALTOS DILUÍDOS CR-70","2010-11-01","***","***","***","***","***","***"]
["ASFALTOS DILUÍDOS CR-70","2010-12-01","***","***","***","***","***","***"]
["ASFALTOS DILUÍDOS CR-70","2011-01-01","***","***","***","***","***","***"]
["ASFALTOS DILUÍDOS CR-70","2011-02-01","***","***","***","***","***","***"]
["ASFALTOS DILUÍDOS CR-70","2011-03-01","***","***","***","***","***","***"]
["ASFALTOS DILUÍDOS CR-70","2011-04-01","***","***","***","***","***","***"]
["ASFALTOS DILUÍDOS CR-70","2011-05-01","***","***","***","***","***","***"]
["ASFALTOS DILUÍDOS CR-70","2011-06-01","***","***","***","***","***","***"]
["ASFALTOS DILUÍDOS CR-70","2011-07-01","***","***","***","***","***","***"]
["ASFALTOS DILUÍDOS CR-70","2011-08-01","***","***","***","***","***","***"]
["ASFALTOS DILUÍDOS CR-70","2011-09-01","***","***","***","***","***","***"]
["ASFALTOS DILUÍDOS CR-70","2011-10-01","***","***","***","***","***","***"]
["ASFALTOS DILUÍDOS CR-70","2011-11-01","***","***","***","***","***","***"]
["ASFALTOS DILUÍDOS CR-70","2011-12-01","***","***","***","***","***","***"]
["ASFALTOS DILUÍDOS CR-70","2012-01-01","***","***","***","***","***","***"]
["ASFALTOS DILUÍDOS CR-70","2012-02-01","***","***","***","***","***","***"]
["ASFALTOS DILUÍDOS CR-70","2012-03-01","***","***","***","***","***","***"]
["ASFALTOS DILUÍDOS CR-70","2012-04-01","***","***","***","***","***","***"]
["ASFALTOS DILUÍDOS CR-70","2012-05-01","***","***","***","***","***","***"]
["ASFALTOS DILUÍDOS CR-70","2012-06-01","***","***","***","***","***","***"]
["ASFALTOS DILUÍDOS CR-70","2012-07-01","***","***","***","***","***","***"]
["ASFALTOS DILUÍDOS CR-70","2012-08-01","***","***","***","***","***","***"]
["ASFALTOS DILUÍDOS CR-70","2012-09-01","***","***","***","***","***","***"]
["ASFALTOS DILUÍDOS CR-70","2012-10-01","***","***","***","***","***","***"]
["ASFALTOS DILUÍDOS CR-70","2012-11-01","***","***","***","***","***","***"]
["ASFALTOS DILUÍDOS CR-70","2012-12-01","***","***","***","***","***","***"]
["ASFALTOS DILUÍDOS CR-70","2013-01-01","***","***","***","***","***","***"]
["ASFALTOS DILUÍDOS CR-70","2013-02-01","***","***","***","***","***","***"]
["ASFALTOS DILUÍDOS CR-70","2013-03-01","***","***","***","***","***","***"]
["ASFALTOS DILUÍDOS CR-70","2013-04-01","***","***","***","***","***","***"]
["ASFALTOS DILUÍDOS CR-70","2013-05-01","***","***","***","***","***","***"]
["ASFALTOS DILUÍDOS CR-70","2013-06-01","***","***","***","***","***","***"]
["ASFALTOS DILUÍDOS CR-70","2013-07-01","***","***","***","***","***","***"]
["ASFALTOS DILUÍDOS CR-70","2013-08-01","***","***","***","***","***","***"]
["ASFALTOS DILUÍDOS CR-70","2013-09-01","***","***","***","***","***","***"]
["ASFALTOS DILUÍDOS CR-70","2013-10-01","***","***","***","***","***","***"]
["ASFALTOS DILUÍDOS CR-70","2013-11-01","***","***","***","***","***","***"]
["ASFALTOS DILUÍDOS CR-70","2013-12-01","***","***","***","***","***","***"]
["ASFALTOS DILUÍDOS CR-70","2014-01-01","***","***","***","***","***","***"]
["ASFALTOS DILUÍDOS CR-70","2014-02-01","***","***","***","***","***","***"]
["ASFALTOS DILUÍDOS CR-70","2014-03-01","***","***","***","***","***","***"]
["ASFALTOS DILUÍDOS CR-70","2014-04-01","***","***","***","***","***","***"]
["ASFALTOS DILUÍDOS CR-70","2014-05-01","***","***","***","***","***","***"]
["ASFALTOS DILUÍDOS CR-70","2014-06-01","***","***","***","***","***","***"]
["ASFALTOS DILUÍDOS CR-70","2014-07-01","***","***","***","***","***","***"]
["ASFALTOS DILUÍDOS CR-70","2014-08-01","***","***","***","***","***","***"]
["ASFALTOS DILUÍDOS CR-70","2014-09-01","***","***","***","***","***","***"]
["ASFALTOS DILUÍDOS CR-70","2014-10-01","***","***","***","***","***","***"]
["ASFALTOS DILUÍDOS CR-70","2014-11-01","***","***","***","***","***","***"]
["ASFALTOS DILUÍDOS CR-70","2014-12-01","***","***","***","***","***","***"]
["ASFALTOS DILUÍDOS CR-70","2015-01-01","***","***","***","***","***","***"]
["ASFALTOS DILUÍDOS CR-70","2015-02-01","***","***","***","***","***","***"]
["ASFALTOS DILUÍDOS CR-70","2015-03-01","***","***","***","***","***","***"]
["ASFALTOS DILUÍDOS CR-70","2015-04-01","***","***","***","***","***","***"]
["ASFALTOS DILUÍDOS CR-70","2015-05-01","***","***","***","***","***","***"]
["ASFALTOS DILUÍDOS CR-70","2015-06-01","***","***","***","***","***","***"]
["ASFALTOS DILUÍDOS CR-70","2015-07-01","***","***","***","***","***","***"]
["ASFALTOS DILUÍDOS CR-70","2015-08-01","***","***","***","***","***","***"]
["ASFALTOS DILUÍDOS CR-70","2015-09-01","***","***","***","***","***","***"]
["ASFALTOS DILUÍDOS CR-70","2015-10-01","***","***","***","***","***","***"]
["ASFALTOS DILUÍDOS CR-70","2015-11-01","***","***","***","***","***","***"]
["ASFALTOS DILUÍDOS CR-70","2015-12-01","***","***","***","***","***","***"]
["ASFALTOS DILUÍDOS CR-70","2016-01-01","***","***","***","***","***","***"]
["ASFALTOS DILUÍDOS CR-70","2016-02-01","***","***","***","***","***","***"]
["ASFALTOS DILUÍDOS CR-70","2016-03-01","***","***","***","***","***","***"]
["ASFALTOS DILUÍDOS CR-70","2016-04-01","***","***","***","***","***","***"]
["ASFALTOS DILUÍDOS CR-70","2016-05-01","***","***","***","***","***","***"]
["ASFALTOS DILUÍDOS CR-70","2016-06-01","***","***","***","***","***","***"]
["ASFALTOS DILUÍDOS CR-70","2016-07-01","***","***","***","***","***","***"]
["ASFALTOS DILUÍDOS CR-70","2016-08-01","***","***","***","***","***","***"]
["ASFALTOS DILUÍDOS CR-70","2016-09-01","***","***","***","***","***","***"]
["ASFALTOS DILUÍDOS CR-70","2016-10-01","***","***","***","***","***","***"]
["ASFALTOS DILUÍDOS CR-70","2016-11-01","***","***","***","***","***","***"]
["ASFALTOS DILUÍDOS CR-70","2016-12-01","***","***","***","***","***","***"]
["ASFALTOS DILUÍDOS CR-70","2017-01-01","***","***","***","***","***","***"]
["ASFALTOS DILUÍDOS CR-70","2017-02-01","***","***","***","***","***","***"]
["ASFALTOS DILUÍDOS CR-70","2017-03-01","***","***","***","***","***","***"]
["ASFALTOS DILUÍDOS CR-70","2017-04-01","***","***","***","***","***","***"]
["ASFALTOS DILUÍDOS CR-70","2017-05-01","***","***","***","***","***","***"]
["ASFALTOS DILUÍDOS CR-70","2017-06-01","***","***","***","***","***","***"]
["ASFALTOS DILUÍDOS CR-70","2017-07-01","***","***","***","***","***","***"]
["ASFALTOS DILUÍDOS CR-70","2017-08-01","***","***","***","***","***","***"]
["ASFALTOS DILUÍDOS CR-70","2017-09-01","***","***","***","***","***","***"]
["ASFALTOS DILUÍDOS CR-70","2017-10-01","***","***","***","***","***","***"]
["ASFALTOS DILUÍDOS CR-70","2017-11-01","***","***","***","***","***","***"]
["ASFALTOS DILUÍDOS CR-70","2017-12-01","***","***","***","***","***","***"]
["ASFALTOS DILUÍDOS CR-70","2018-01-01","***","***","***","***","***","***"]
["ASFALTOS DILUÍDOS CR-70","2018-02-01","***","***","***","***","***","***"]
["ASFALTOS DILUÍDOS CR-70","2018-03-01","***","***","***","***","***","***"]
["ASFALTOS DILUÍDOS CR-70","2018-04-01","***","***","***","***","***","***"]
["ASFALTOS DILUÍDOS CR-70","2018-05-01","***","***","***","***","***","***"]
["ASFALTOS DILUÍDOS CR-70","2018-06-01","***","***","***","***","***","***"]
["ASFALTOS DILUÍDOS CR-70","2018-07-01","***","***","***","***","***","***"]
["ASFALTOS DILUÍDOS CR-70","2018-08-01","***","***","***","***","***","***"]
["ASFALTOS DILUÍDOS CR-70","2018-09-01","***","***","***","***","***","***"]
["ASFALTOS DILUÍDOS CR-70","2018-10-01","***","***","***","***","***","***"]
["ASFALTOS DILUÍDOS CR-70","2018-11-01","***","***","***","***","***","***"]
["ASFALTOS DILUÍDOS CR-70","2018-12-01","***","***","***","***","***","***"]
["ASFALTOS DILUÍDOS CR-70","2019-01-01","***","***","***","***","***","***"]
["ASFALTOS DILUÍDOS CR-70","2019-02-01","***","***","***","***","***","***"]
["ASFALTOS DILUÍDOS CR-70","2019-03-01","***","***","***","***","***","***"]
["ASFALTOS DILUÍDOS CR-70","2019-04-01","***","***","***","***","***","***"]
["ASFALTOS DILUÍDOS CR-70","2019-05-01","***","***","***","***","***","***"]
["ASFALTOS DILUÍDOS CR-70","2019-06-01","***","***","***","***","***","***"]
["ASFALTOS DILUÍDOS CR-70","2019-07-01","***","***","***","***","***","***"]
["ASFALTOS DILUÍDOS CR-70","2019-08-01","***","***","***","***","***","***"]
["ASFALTOS DILUÍDOS CR-70","2019-09-01","***","***","***","***","***","***"]
["ASFALTOS DILUÍDOS CR-70","2019-10-01","***","***","***","***","***","***"]
["ASFALTOS DILUÍDOS CR-70","2019-11-01","***","***","***","***","***","***"]
["ASFALTOS DILUÍDOS CR-70","2019-12-01","***","***","***","***","***","***"]
["ASFALTOS DILUÍDOS CR-70","2020-01-01","***","***","***","***","***","***"]
["ASFALTOS DILUÍDOS CR-70","2020-02-01","***","***","***","***","***","***"]
["ASFALTOS DILUÍDOS CR-70","2020-03-01","***","***","***","***","***","***"]
["ASFALTOS DILUÍDOS CR-70","2020-04-01","***","***","***","***","***","***"]
["ASFALTOS DILUÍDOS CR-70","2020-05-01","***","***","***","***","***","***"]
["ASFALTOS DILUÍDOS CR-70","2020-06-01","***","***","***","***","***","***"]
["ASFALTOS DILUÍDOS CR-70","2020-07-01","***","***","***","***","***","***"]
["ASFALTOS DILUÍDOS CR-70","2020-08-01","***","***","***","***","***","***"]
["ASFALTOS DILUÍDOS CR-70","2020-09-01","***","***","***","***","***","***"]
["ASFALTOS DILUÍDOS CR-70","2020-10-01","***","***","***","***","***","***"]
["ASFALTOS DILUÍDOS CR-70","2020-11-01","***","***","***","***","***","***"]
["ASFALTOS DILUÍDOS CR-70","2020-12-01","***","***","***","***","***","***"]
["ASFALTOS DILUÍDOS CR-70","2021-01-01","***","***","***","***","***","***"]
["ASFALTOS DILUÍDOS CR-70","2021-02-01","***","***","***","***","***","***"]
["ASFALTOS DILUÍDOS CR-70","2021-03-01","***","***","***","***","***","***"]
["ASFALTOS DILUÍDOS CR-70","2021-04-01","***","***","***","***","***","***"]
["ASFALTOS DILUÍDOS CR-70","2021-05-01","***","***","***","***","***","***"]
["ASFALTOS DILUÍDOS CR-70","2021-06-01","***","***","***","***","***","***"]
["ASFALTOS DILUÍDOS CR-70","2021-07-01","***","***","***","***","***","***"]
["ASFALTOS DILUÍDOS CR-70","2021-08-01","***","***","***","***","***","***"]
["ASFALTOS DILUÍDOS CR-70","2021-09-01","***","***","***","***","***","***"]
["ASFALTOS DILUÍDOS CR-70","2021-10-01","***","***","***","***","***","***"]
["ASFALTOS DILUÍDOS CR-70","2021-11-01","***","***","***","***","***","***"]
["ASFALTOS DILUÍDOS CR-70","2021-12-01","***","***","***","***","***","***"]
["ASFALTOS DILUÍDOS CR-70","2022-01-01","***","***","***","***","***","***"]
["ASFALTOS DILUÍDOS CR-70","2022-02-01","***","***","***","***","***","***"]
["ASFALTOS DILUÍDOS CR-70","2022-03-01","***","***","***","***","***","***"]
["ASFALTOS DILUÍDOS CR-70","2022-04-01","***","***","***","***","***","***"]
["ASFALTOS DILUÍDOS CR-70","2022-05-01","***","***","***","***","***","***"]
["ASFALTOS DILUÍDOS CR-70","2022-06-01","***","***","***","***","***","***"]
["ASFALTOS DILUÍDOS CR-70","2022-07-01","***","***","***","***","***","***"]
["ASFALTOS DILUÍDOS CR-70","2022-08-01","***","***","***","***","***","***"]
["ASFALTOS DILUÍDOS CR-70","2022-09-01","***","***","***","***","***","***"]
["ASFALTOS DILUÍDOS CR-70","2022-10-01","***","***","***","***","***","***"]
["ASFALTOS DILUÍDOS CR-70","2022-11-01","***","***","***","***","***","***"]
["ASFALTOS DILUÍDOS CR-70","2022-12-01","***","***","***","***","***","***"]
["ASFALTOS DILUÍDOS CR-70","2023-01-01","***","***","***","***","***","***"]
["ASFALTOS DILUÍDOS CR-70","2023-02-01","***","***","***","***","***","***"]
["ASFALTOS DILUÍDOS CR-70","2023-03-01","***","***","***","***","***","***"]
["ASFALTOS DILUÍDOS CR-70","2023-04-01","***","***","***","***","***","***"]
["ASFALTOS DILUÍDOS CR-70","2023-05-01","***","***","***","***","***","***"]
["ASFALTOS DILUÍDOS CR-70","2023-06-01","***","***","***","***","***","***"]
["ASFALTOS DILUÍDOS CR-70","2023-07-01","***","***","***","***","***","***"]
["ASFALTOS DILUÍDOS CR-70","2023-08-01","***","***","***","***","***","***"]
["ASFALTOS DILUÍDOS CR-70","2023-09-01","***","***","***","***","***","***"]
["ASFALTOS DILUÍDOS CR-70","2023-10-01","***","***","***","***","***","***"]
["ASFALTOS DILUÍDOS CR-70","2023-11-01","***","***","***","***","***","***"]
["ASFALTOS DILUÍDOS CR-70","2023-12-01","***","***","***","***","***","***"]
["ASFALTOS DILUÍDOS CR-70","2024-01-01","***","***","***","***","***","***"]
["ASFALTOS DILUÍDOS CR-70","2024-02-01","***","***","***","***","***","***"]
["ASFALTOS DILUÍDOS CR-70","2024-03-01","***","***","***","***","***","***"]
["ASFALTOS DILUÍDOS CR-70","2024-04-01","***","***","***","***","***","***"]
["ASFALTOS DILUÍDOS CR-70","2024-05-01","***","***","***","***","***","***"]
["ASFALTOS DILUÍDOS CR-70","2024-06-01","***","***","***","***","***","***"]
["ASFALTOS DILUÍDOS CR-70","2024-07-01","***","***","***","***","***","***"]
["ASFALTOS DILUÍDOS CR-70","2024-08-01","***","***","***","***","***","***"]
["ASFALTOS DILUÍDOS CR-70","2024-09-01","***","***","***","***","***","***"]
["ASFALTOS DILUÍDOS CR-70","2024-10-01","***","***","***","***","***","***"]
["ASFALTOS DILUÍDOS CR-70","2024-11-01","***","***","***","***","***","***"]
["ASFALTOS DILUÍDOS CR-70","2024-12-01","***","***","***","***","***","***"]
["ASFALTOS DILUÍDOS CR-70","2025-01-01","***","***","***","***","***","***"]
["ASFALTOS DILUÍDOS CR-70","2025-02-01","***","***","***","***","***","***"]
["ASFALTOS DILUÍDOS CR-70","2025-03-01","***","***","***","***","***","***"]
["ASFALTOS DILUÍDOS CR-70","2025-04-01","***","***","***","***","***","***"]
["ASFALTOS DILUÍDOS CR-70","2025-05-01","***","***","***","***","***","***"]
["ASFALTOS DILUÍDOS CR-70","2025-06-01","***","***","***","***","***","***"]
["ASFALTOS DILUÍDOS CR-70","2025-07-01","***","***","***","***","***","***"]
["CAP MODIFICADO POR BORRACHA DE PNEU AB22","2009-12-01","***","***","***",1.1234650000000002,1.1484160238451666,1.1435287983662941]
["CAP MODIFICADO POR BORRACHA DE PNEU AB22","2010-01-01","***","***","***",1.15307,1.1135568954352684,1.1172737978187226]
["CAP MODIFICADO POR BORRACHA DE PNEU AB22","2010-02-01","***","***","***",1.15263,1.0478505613045961,1.055842506097963]
["CAP MODIFICADO POR BORRACHA DE PNEU AB22","2010-03-01","***","***","***",1.15307,1.3099999999999998,1.2378755288039769]
["CAP MODIFICADO POR BORRACHA DE PNEU AB22","2010-04-01","***","***","***",1.15307,1.2383678377406007,1.2235001047159302]
["CAP MODIFICADO POR BORRACHA DE PNEU AB22","2010-05-01","***","***","***",1.15307,1.3359892477432296,1.2764934501894964]
["CAP MODIFICADO POR BORRACHA DE PNEU AB22","2010-06-01","***","***","***",1.15307,1.2380530217228867,1.2329236520474438]
["CAP MODIFICADO POR BORRACHA DE PNEU AB22","2010-07-01","***","***","***",1.2225512921511628,1.1969165437093885,1.1987192796909021]
["CAP MODIFICADO POR BORRACHA DE PNEU AB22","2010-08-01","***","***","***",1.15198,1.1095153340030861,1.1101599429694073]
["CAP MODIFICADO POR BORRACHA DE PNEU AB22","2010-09-01","***","***","***",1.1499244358922422,1.1083586641111285,1.1101841179191574]
["CAP MODIFICADO POR BORRACHA DE PNEU AB22","2010-10-01","***","***","***",1.1834025863181672,1.1193421123161074,1.1260469456077544]
["CAP MODIFICADO POR BORRACHA DE PNEU AB22","2010-11-01","***","***","***",1.2288644330518697,1.0641401488136422,1.0888511015806661]
["CAP MODIFICADO POR BORRACHA DE PNEU AB22","2010-12-01","***","***","***",1.2462800000000001,1.0719775153527897,1.0789323518409664]
["CAP MODIFICADO POR BORRACHA DE PNEU AB22","2011-01-01","***","***","***",1.2462800000000001,0.98689694832691277,1.0350025977360253]
["CAP MODIFICADO POR BORRACHA DE PNEU AB22","2011-02-01","***","***","***",1.2226309585177642,1.0927516942646183,1.11805610644728]
["CAP MODIFICADO POR BORRACHA DE PNEU AB22","2011-03-01","***","***","***",1.2355602533505612,1.094557711840854,1.1461685961089061]
["CAP MODIFICADO POR BORRACHA DE PNEU AB22","2011-04-01","***","***","***",1.1059189336310127,1.0814333170533172,1.0998096510789537]
["CAP MODIFICADO POR BORRACHA DE PNEU AB22","2011-05-01","***","***","***",1.1276787427600587,1.1728104665174728,1.1345451619239686]
["CAP MODIFICADO POR BORRACHA DE PNEU AB22","2011-06-01","***","***","***",1.1088164820852175,1.0417412156536219,1.0988321598005937]
["CAP MODIFICADO POR BORRACHA DE PNEU AB22","2011-07-01","***","***","***",1.1690508266069644,1.1984424357553691,1.177022780020037]
["CAP MODIFICADO POR BORRACHA DE PNEU AB22","2011-08-01","***","***","***",1.1739893941559194,1.1978806147992389,1.1770156821024058]
["CAP MODIFICADO POR BORRACHA DE PNEU AB22","2011-09-01","***","***","***",1.2120613428599154,1.1975499860917942,1.2094636031908852]
["CAP MODIFICADO POR BORRACHA DE PNEU AB22","2011-10-01","***","***","***",1.2806207926124262,1.0520450466311604,1.1902302680057759]
["CAP MODIFICADO POR BORRACHA DE PNEU AB22","2011-11-01","***","***","***",1.2382708814290728,1.0559703947526058,1.1651232780718781]
["CAP MODIFICADO POR BORRACHA DE PNEU AB22","2011-12-01","***","***","***",1.2792969480583576,1.131017350694298,1.2320423748419553]
["CAP MODIFICADO POR BORRACHA DE PNEU AB22","2012-01-01","***","***","***",1.282298874318208,1.1734668251088536,1.2535014543417964]
["CAP MODIFICADO POR BORRACHA DE PNEU AB22","2012-02-01","***","***","***",1.2966007560263755,1.0784072586458422,1.2234963203519214]
["CAP MODIFICADO POR BORRACHA DE PNEU AB22","2012-03-01","***","***","***",1.29781835631012,1.1457979052549543,1.2304271122572366]
["CAP MODIFICADO POR BORRACHA DE PNEU AB22","2012-04-01","***","***","***",1.2948857233970461,1.0499673128589506,1.1535264392000653]
["CAP MODIFICADO POR BORRACHA DE PNEU AB22","2012-05-01","***","***","***",1.33,1.148808032114254,1.1660696455596802]
["CAP MODIFICADO POR BORRACHA DE PNEU AB22","2012-06-01","***","***","***","***",1.109305125743504,1.109305125743504]
["CAP MODIFICADO POR BORRACHA DE PNEU AB22","2012-07-01","***","***","***","***",1.1635868402288732,1.1635868402288732]
["CAP MODIFICADO POR BORRACHA DE PNEU AB22","2012-08-01","***","***","***",1.0637399999999999,1.1414061713818398,1.1363061935576304]
["CAP MODIFICADO POR BORRACHA DE PNEU AB22","2012-09-01","***","***","***",1.0637399999999999,1.2797773887465602,1.2069180933215946]
["CAP MODIFICADO POR BORRACHA DE PNEU AB22","2012-10-01","***","***","***",1.06867,1.2379055871702018,1.215887672471986]
["CAP MODIFICADO POR BORRACHA DE PNEU AB22","2012-11-01","***","***","***","***",1.2617477396963122,1.2617477396963122]
["CAP MODIFICADO POR BORRACHA DE PNEU AB22","2012-12-01","***","***","***","***",1.3118067572668932,1.3118067572668932]
["CAP MODIFICADO POR BORRACHA DE PNEU AB22","2013-01-01","***","***","***","***",1.2905989145951269,1.2905989145951269]
["CAP MODIFICADO POR BORRACHA DE PNEU AB22","2013-02-01","***","***","***","***",1.1556969115497078,1.1556969115497078]
["CAP MODIFICADO POR BORRACHA DE PNEU AB22","2013-03-01","***","***","***","***",1.3072032579041979,1.3072032579041979]
["CAP MODIFICADO POR BORRACHA DE PNEU AB22","2013-04-01","***","***","***","***",1.1964269387882378,1.1964269387882378]
["CAP MODIFICADO POR BORRACHA DE PNEU AB22","2013-05-01","***","***","***","***",1.2685492001459018,1.2685492001459018]
["CAP MODIFICADO POR BORRACHA DE PNEU AB22","2013-06-01","***","***","***","***",1.1563630036400152,1.1563630036400152]
["CAP MODIFICADO POR BORRACHA DE PNEU AB22","2013-07-01","***","***","***","***",1.2872586218234769,1.2872586218234769]
["CAP MODIFICADO POR BORRACHA DE PNEU AB22","2013-08-01","***","***","***","***",1.3293076114273989,1.3293076114273989]
["CAP MODIFICADO POR BORRACHA DE PNEU AB22","2013-09-01","***","***","***","***","***","***"]
["CAP MODIFICADO POR BORRACHA DE PNEU AB22","2013-10-01","***","***","***","***","***","***"]
["CAP MODIFICADO POR BORRACHA DE PNEU AB22","2013-11-01","***","***","***",1.2402,"***",1.2402]
["CAP MODIFICADO POR BORRACHA DE PNEU AB22","2013-12-01","***","***","***",1.2402,"***",1.2402]
["CAP MODIFICADO POR BORRACHA DE PNEU AB22","2014-01-01","***","***","***",1.2376,"***",1.2376]
["CAP MODIFICADO POR BORRACHA DE PNEU AB22","2014-02-01","***","***","***",1.2376,"***",1.2376]
["CAP MODIFICADO POR BORRACHA DE PNEU AB22","2014-03-01","***","***","***",1.258,1.5686,1.2852481664882227]
["CAP MODIFICADO POR BORRACHA DE PNEU AB22","2014-04-01","***","***","***",1.2566999999999997,"***",1.2566999999999997]
["CAP MODIFICADO POR BORRACHA DE PNEU AB22","2014-05-01","***","***","***",1.2648528509199661,"***",1.2648528509199661]
["CAP MODIFICADO POR BORRACHA DE PNEU AB22","2014-06-01","***","***","***",1.2696562557437312,"***",1.2696562557437312]
["CAP MODIFICADO POR BORRACHA DE PNEU AB22","2014-07-01","***","***","***",1.2954000000000001,"***",1.2954000000000001]
["CAP MODIFICADO POR BORRACHA DE PNEU AB22","2014-08-01","***","***","***",1.3118505057869316,"***",1.3118505057869316]
["CAP MODIFICADO POR BORRACHA DE PNEU AB22","2014-09-01","***","***","***","***","***","***"]
["CAP MODIFICADO POR BORRACHA DE PNEU AB22","2014-10-01","***","***","***","***",1.2496365728900256,1.2496365728900256]
["CAP MODIFICADO POR BORRACHA DE PNEU AB22","2014-11-01","***","***","***","***","***","***"]
["CAP MODIFICADO POR BORRACHA DE PNEU AB22","2014-12-01","***","***","***","***","***","***"]
["CAP MODIFICADO POR BORRACHA DE PNEU AB22","2015-01-01","***","***","***","***","***","***"]
["CAP MODIFICADO POR BORRACHA DE PNEU AB22","2015-02-01","***","***","***","***","***","***"]
["CAP MODIFICADO POR BORRACHA DE PNEU AB22","2015-03-01","***","***","***","***","***","***"]
["CAP MODIFICADO POR BORRACHA DE PNEU AB22","2015-04-01","***","***","***","***","***","***"]
["CAP MODIFICADO POR BORRACHA DE PNEU AB22","2015-05-01","***","***","***","***","***","***"]
["CAP MODIFICADO POR BORRACHA DE PNEU AB22","2015-06-01","***","***","***","***","***","***"]
["CAP MODIFICADO POR BORRACHA DE PNEU AB22","2015-07-01","***","***","***","***","***","***"]
["CAP MODIFICADO POR BORRACHA DE PNEU AB22","2015-08-01","***","***","***",1.2886,1.575,1.431687593214426]
["CAP MODIFICADO POR BORRACHA DE PNEU AB22","2015-09-01","***","***","***",1.3494040169529666,1.6302499977108846,1.4605944888526372]
["CAP MODIFICADO POR BORRACHA DE PNEU AB22","2015-10-01","***","***","***",1.3831219194810149,1.6719900000000001,1.4617239504458208]
["CAP MODIFICADO POR BORRACHA DE PNEU AB22","2015-11-01","***","***","***",1.4775499725666628,"***",1.4775499725666628]
["CAP MODIFICADO POR BORRACHA DE PNEU AB22","2015-12-01","***","***","***","***","***","***"]
["CAP MODIFICADO POR BORRACHA DE PNEU AB22","2016-01-01","***","***","***","***","***","***"]
["CAP MODIFICADO POR BORRACHA DE PNEU AB22","2016-02-01","***","***","***","***","***","***"]
["CAP MODIFICADO POR BORRACHA DE PNEU AB22","2016-03-01","***","***","***","***",1.6473999999999998,1.6473999999999998]
["CAP MODIFICADO POR BORRACHA DE PNEU AB22","2016-04-01","***","***","***","***",1.9315000000000002,1.9315000000000002]
["CAP MODIFICADO POR BORRACHA DE PNEU AB22","2016-05-01","***","***","***","***",1.9305999999999999,1.9305999999999999]
["CAP MODIFICADO POR BORRACHA DE PNEU AB22","2016-06-01","***","***","***","***",1.9297999999999997,1.9297999999999997]
["CAP MODIFICADO POR BORRACHA DE PNEU AB22","2016-07-01","***","***","***","***",1.9290999999999998,1.9290999999999998]
["CAP MODIFICADO POR BORRACHA DE PNEU AB22","2016-08-01","***","***","***","***",1.7562657956539345,1.7562657956539345]
["CAP MODIFICADO POR BORRACHA DE PNEU AB22","2016-09-01","***","***",1.9316,1.7023760811173783,1.6322832917768022,1.6837156688536918]
["CAP MODIFICADO POR BORRACHA DE PNEU AB22","2016-10-01","***","***",1.9357999999999997,1.7030172137301012,1.6143020545553739,1.7200696231973467]
["CAP MODIFICADO POR BORRACHA DE PNEU AB22","2016-11-01","***","***",1.9357999999999997,"***",1.6257803791595566,1.6876625635444014]
["CAP MODIFICADO POR BORRACHA DE PNEU AB22","2016-12-01","***","***","***","***",1.687262171508529,1.687262171508529]
["CAP MODIFICADO POR BORRACHA DE PNEU AB22","2017-01-01","***","***","***","***",1.6734079698981563,1.6734079698981563]
["CAP MODIFICADO POR BORRACHA DE PNEU AB22","2017-02-01","***","***","***","***",1.6419429357010527,1.6419429357010527]
["CAP MODIFICADO POR BORRACHA DE PNEU AB22","2017-03-01","***","***","***","***",1.6301132571894474,1.6301132571894474]
["CAP MODIFICADO POR BORRACHA DE PNEU AB22","2017-04-01","***","***","***","***","***","***"]
["CAP MODIFICADO POR BORRACHA DE PNEU AB22","2017-05-01","***","***","***",1.7444,1.6160751800895756,1.6507208966853968]
["CAP MODIFICADO POR BORRACHA DE PNEU AB22","2017-06-01","***","***","***",1.7341758884269813,1.6137336373855793,1.6726636681265685]
["CAP MODIFICADO POR BORRACHA DE PNEU AB22","2017-07-01","***","***","***","***",1.5218674902420921,1.5218674902420921]
["CAP MODIFICADO POR BORRACHA DE PNEU AB22","2017-08-01","***","***","***","***",1.5154307004538576,1.5154307004538576]
["CAP MODIFICADO POR BORRACHA DE PNEU AB22","2017-09-01","***","***","***","***",1.4300810300071445,1.4300810300071445]
["CAP MODIFICADO POR BORRACHA DE PNEU AB22","2017-10-01","***","***","***","***",1.6500083430238617,1.6500083430238617]
["CAP MODIFICADO POR BORRACHA DE PNEU AB22","2017-11-01","***","***","***","***",1.6011326072630774,1.6011326072630774]
["CAP MODIFICADO POR BORRACHA DE PNEU AB22","2017-12-01","***","***","***",1.6792700000000003,1.5867230534145214,1.5902267217916868]
["CAP MODIFICADO POR BORRACHA DE PNEU AB22","2018-01-01","***","***","***","***",1.9039517789379479,1.9039517789379479]
["CAP MODIFICADO POR BORRACHA DE PNEU AB22","2018-02-01","***","***","***","***",1.7922157314255907,1.7922157314255907]
["CAP MODIFICADO POR BORRACHA DE PNEU AB22","2018-03-01","***","***",2.0981999999999998,"***",2.023665998927231,2.0342826942655634]
["CAP MODIFICADO POR BORRACHA DE PNEU AB22","2018-04-01","***","***",2.1002000000000001,"***",2.0674864250658533,2.0740626225658523]
["CAP MODIFICADO POR BORRACHA DE PNEU AB22","2018-05-01","***","***","***",1.8197000000000001,2.1875293896010208,2.1613831664948453]
["CAP MODIFICADO POR BORRACHA DE PNEU AB22","2018-06-01","***","***","***",1.9634999999999998,2.2124254039946245,2.1202259111662136]
["CAP MODIFICADO POR BORRACHA DE PNEU AB22","2018-07-01","***","***","***",2.1217000000000001,2.2766539530729881,2.2429636025160433]
["CAP MODIFICADO POR BORRACHA DE PNEU AB22","2018-08-01","***","***","***",2.2972419134396356,2.3963496857915292,2.3720242672791563]
["CAP MODIFICADO POR BORRACHA DE PNEU AB22","2018-09-01","***","***","***",2.294196885938443,2.2647356710387272,2.270768597345461]
["CAP MODIFICADO POR BORRACHA DE PNEU AB22","2018-10-01","***","***","***",2.298828486109854,2.3356848506271377,2.3247831166189337]
["CAP MODIFICADO POR BORRACHA DE PNEU AB22","2018-11-01","***","***","***","***",2.4298255734606111,2.4298255734606111]
["CAP MODIFICADO POR BORRACHA DE PNEU AB22","2018-12-01","***","***","***","***",2.7139630278642475,2.7139630278642475]
["CAP MODIFICADO POR BORRACHA DE PNEU AB22","2019-01-01","***","***","***","***",2.5396018975705843,2.5396018975705843]
["CAP MODIFICADO POR BORRACHA DE PNEU AB22","2019-02-01","***","***","***","***",2.8893619486207345,2.8893619486207345]
["CAP MODIFICADO POR BORRACHA DE PNEU AB22","2019-03-01","***","***","***","***",2.9102769479894555,2.9102769479894555]
["CAP MODIFICADO POR BORRACHA DE PNEU AB22","2019-04-01","***","***","***","***",3.0029316905811894,3.0029316905811894]
["CAP MODIFICADO POR BORRACHA DE PNEU AB22","2019-05-01","***","***","***","***",2.9835210751944117,2.9835210751944117]
["CAP MODIFICADO POR BORRACHA DE PNEU AB22","2019-06-01","***","***","***","***",3.0021841383601977,3.0021841383601977]
["CAP MODIFICADO POR BORRACHA DE PNEU AB22","2019-07-01","***","***","***","***",2.9631306196895886,2.9631306196895886]
["CAP MODIFICADO POR BORRACHA DE PNEU AB22","2019-08-01","***","***","***","***",2.9122222973113523,2.9122222973113523]
["CAP MODIFICADO POR BORRACHA DE PNEU AB22","2019-09-01","***","***","***","***",2.9973432740283434,2.9973432740283434]
["CAP MODIFICADO POR BORRACHA DE PNEU AB22","2019-10-01","***","***","***","***",2.9728168499465148,2.9728168499465148]
["CAP MODIFICADO POR BORRACHA DE PNEU AB22","2019-11-01","***","***","***","***",2.9257857330931261,2.9257857330931261]
["CAP MODIFICADO POR BORRACHA DE PNEU AB22","2019-12-01","***","***","***","***",2.9262866558211074,2.9262866558211074]
["CAP MODIFICADO POR BORRACHA DE PNEU AB22","2020-01-01","***","***","***","***",3.0614853570727658,3.0614853570727658]
["CAP MODIFICADO POR BORRACHA DE PNEU AB22","2020-02-01","***","***","***","***",2.944124975454808,2.944124975454808]
["CAP MODIFICADO POR BORRACHA DE PNEU AB22","2020-03-01","***","***","***",2.3338133656417117,2.8701788772266985,2.602641914014745]
["CAP MODIFICADO POR BORRACHA DE PNEU AB22","2020-04-01","***","***","***","***",2.666526940683744,2.666526940683744]
["CAP MODIFICADO POR BORRACHA DE PNEU AB22","2020-05-01","***","***","***","***",2.5451535790889115,2.5451535790889115]
["CAP MODIFICADO POR BORRACHA DE PNEU AB22","2020-06-01","***","***","***","***",2.5092568124999999,2.5092568124999999]
["CAP MODIFICADO POR BORRACHA DE PNEU AB22","2020-07-01","***","***","***","***",2.5924619855218483,2.5924619855218483]
["CAP MODIFICADO POR BORRACHA DE PNEU AB22","2020-08-01","***","***","***","***",2.7246233338989625,2.7246233338989625]
["CAP MODIFICADO POR BORRACHA DE PNEU AB22","2020-09-01","***","***","***","***",2.8353251973114224,2.8353251973114224]
["CAP MODIFICADO POR BORRACHA DE PNEU AB22","2020-10-01","***","***","***","***",2.9223707309090283,2.9223707309090283]
["CAP MODIFICADO POR BORRACHA DE PNEU AB22","2020-11-01","***","***","***","***",3.0233679410381837,3.0233679410381837]
["CAP MODIFICADO POR BORRACHA DE PNEU AB22","2020-12-01","***","***","***","***",2.7597216973841814,2.7597216973841814]
["CAP MODIFICADO POR BORRACHA DE PNEU AB22","2021-01-01","***","***","***","***",2.6898269883937176,2.6898269883937176]
["CAP MODIFICADO POR BORRACHA DE PNEU AB22","2021-02-01","***","***","***","***",2.9053264217352979,2.9053264217352979]
["CAP MODIFICADO POR BORRACHA DE PNEU AB22","2021-03-01","***","***","***","***",2.9823204104420142,2.9823204104420142]
["CAP MODIFICADO POR BORRACHA DE PNEU AB22","2021-04-01","***","***","***","***",2.9887647948792551,2.9887647948792551]
["CAP MODIFICADO POR BORRACHA DE PNEU AB22","2021-05-01","***","***","***",3.1898499999999999,"***",3.1898499999999999]
["CAP MODIFICADO POR BORRACHA DE PNEU AB22","2021-06-01","***","***","***",3.1898500000000003,3.4306842448890822,3.3592222633832978]
["CAP MODIFICADO POR BORRACHA DE PNEU AB22","2021-07-01","***","***",3.33216,3.1898499999999994,3.5997505795544598,3.5507911458697343]
["CAP MODIFICADO POR BORRACHA DE PNEU AB22","2021-08-01","***","***",3.4804200000000001,3.4194599999999999,3.7650919144290227,3.625044297849203]
["CAP MODIFICADO POR BORRACHA DE PNEU AB22","2021-09-01","***","***",3.4876968518888658,3.4194600000000004,3.706781273646405,3.571104652296873]
["CAP MODIFICADO POR BORRACHA DE PNEU AB22","2021-10-01","***","***",3.4891000000000005,"***",3.8427306714007243,3.726719801092774]
["CAP MODIFICADO POR BORRACHA DE PNEU AB22","2021-11-01","***","***",3.8336125302297459,"***",3.694415536735058,3.7600724362414764]
["CAP MODIFICADO POR BORRACHA DE PNEU AB22","2021-12-01","***","***",3.8336999999999999,"***",4.0219128668427011,3.9713167077319116]
["CAP MODIFICADO POR BORRACHA DE PNEU AB22","2022-01-01","***","***","***","***",4.3282443506625894,4.3282443506625894]
["CAP MODIFICADO POR BORRACHA DE PNEU AB22","2022-02-01","***","***","***","***","***","***"]
["CAP MODIFICADO POR BORRACHA DE PNEU AB22","2022-03-01","***","***","***","***",4.1055573453744287,4.1055573453744287]
["CAP MODIFICADO POR BORRACHA DE PNEU AB22","2022-04-01","***","***","***","***",4.8064477756192323,4.8064477756192323]
["CAP MODIFICADO POR BORRACHA DE PNEU AB22","2022-05-01","***","***","***","***",4.3426154565846895,4.3426154565846895]
["CAP MODIFICADO POR BORRACHA DE PNEU AB22","2022-06-01","***","***","***",4.7340745704234877,4.3603267557128014,4.5433500180547259]
["CAP MODIFICADO POR BORRACHA DE PNEU AB22","2022-07-01","***","***","***",4.8250618466361113,4.4706022444650273,4.6680927759400888]
["CAP MODIFICADO POR BORRACHA DE PNEU AB22","2022-08-01","***","***",4.3657900000000005,4.71021,4.2637194547005288,4.4502342369668693]
["CAP MODIFICADO POR BORRACHA DE PNEU AB22","2022-09-01","***","***","***",4.4624897625166673,4.355322892547882,4.4290786800808579]
["CAP MODIFICADO POR BORRACHA DE PNEU AB22","2022-10-01","***","***","***",4.1182570288017848,3.9235122437037036,4.0391186946509743]
["CAP MODIFICADO POR BORRACHA DE PNEU AB22","2022-11-01","***","***","***",4.1808408318130388,3.7396840026283025,4.0042046159597895]
["CAP MODIFICADO POR BORRACHA DE PNEU AB22","2022-12-01","***","***","***",4.0950599999999993,3.8371325407279029,4.0170272063758397]
["CAP MODIFICADO POR BORRACHA DE PNEU AB22","2023-01-01","***","***","***","***",3.5740293598740736,3.5740293598740736]
["CAP MODIFICADO POR BORRACHA DE PNEU AB22","2023-02-01","***","***","***","***",3.6251798597801286,3.6251798597801286]
["CAP MODIFICADO POR BORRACHA DE PNEU AB22","2023-03-01","***","***","***","***",3.4189790671858455,3.4189790671858455]
["CAP MODIFICADO POR BORRACHA DE PNEU AB22","2023-04-01","***","***","***","***",3.6497567780748668,3.6497567780748668]
["CAP MODIFICADO POR BORRACHA DE PNEU AB22","2023-05-01","***","***","***",3.8208299999999999,3.5150387596479349,3.6932946574800924]
["CAP MODIFICADO POR BORRACHA DE PNEU AB22","2023-06-01","***","***","***",3.5966049338667014,"***",3.5966049338667014]
["CAP MODIFICADO POR BORRACHA DE PNEU AB22","2023-07-01","***","***","***",3.3800359871429517,"***",3.3800359871429517]
["CAP MODIFICADO POR BORRACHA DE PNEU AB22","2023-08-01","***","***","***",3.3800347111681646,"***",3.3800347111681646]
["CAP MODIFICADO POR BORRACHA DE PNEU AB22","2023-09-01","***","***","***","***","***","***"]
["CAP MODIFICADO POR BORRACHA DE PNEU AB22","2023-10-01","***","***","***","***","***","***"]
["CAP MODIFICADO POR BORRACHA DE PNEU AB22","2023-11-01","***","***","***","***","***","***"]
["CAP MODIFICADO POR BORRACHA DE PNEU AB22","2023-12-01","***","***","***","***","***","***"]
["CAP MODIFICADO POR BORRACHA DE PNEU AB22","2024-01-01","***","***","***","***","***","***"]
["CAP MODIFICADO POR BORRACHA DE PNEU AB22","2024-02-01","***","***","***","***","***","***"]
["CAP MODIFICADO POR BORRACHA DE PNEU AB22","2024-03-01","***","***","***","***","***","***"]
["CAP MODIFICADO POR BORRACHA DE PNEU AB22","2024-04-01","***","***","***","***","***","***"]
["CAP MODIFICADO POR BORRACHA DE PNEU AB22","2024-05-01","***","***","***","***","***","***"]
["CAP MODIFICADO POR BORRACHA DE PNEU AB22","2024-06-01","***","***","***","***","***","***"]
["CAP MODIFICADO POR BORRACHA DE PNEU AB22","2024-07-01","***","***","***","***","***","***"]
["CAP MODIFICADO POR BORRACHA DE PNEU AB22","2024-08-01","***","***","***","***","***","***"]
["CAP MODIFICADO POR BORRACHA DE PNEU AB22","2024-09-01","***","***","***","***","***","***"]
["CAP MODIFICADO POR BORRACHA DE PNEU AB22","2024-10-01","***","***","***","***","***","***"]
["CAP MODIFICADO POR BORRACHA DE PNEU AB22","2024-11-01","***","***","***","***","***","***"]
["CAP MODIFICADO POR BORRACHA DE PNEU AB22","2024-12-01","***","***","***","***","***","***"]
["CAP MODIFICADO POR BORRACHA DE PNEU AB22","2025-01-01","***","***","***","***","***","***"]
["CAP MODIFICADO POR BORRACHA DE PNEU AB22","2025-02-01","***","***","***","***","***","***"]
["CAP MODIFICADO POR BORRACHA DE PNEU AB22","2025-03-01","***","***","***","***","***","***"]
["CAP MODIFICADO POR BORRACHA DE PNEU AB22","2025-04-01","***","***",4.1562000000000001,"***","***",4.1562000000000001]
["CAP MODIFICADO POR BORRACHA DE PNEU AB22","2025-05-01","***","***","***","***","***","***"]
["CAP MODIFICADO POR BORRACHA DE PNEU AB22","2025-06-01","***","***","***",4.0743900000000002,"***",4.0743900000000002]
["CAP MODIFICADO POR BORRACHA DE PNEU AB22","2025-07-01","***","***",4.1156199999999998,4.0374706394024473,"***",4.0906115157063176]
["CAP MODIFICADO POR BORRACHA DE PNEU AB8","2009-12-01","***",1.6191729898160816,"***",1.0609523581939377,1.3098775970497534,1.2964571042515038]
["CAP MODIFICADO POR BORRACHA DE PNEU AB8","2010-01-01","***",1.5287395638018277,"***",1.0437136467730741,1.2331276901370598,1.2492627974179116]
["CAP MODIFICADO POR BORRACHA DE PNEU AB8","2010-02-01","***",1.6189,"***",1.13432787504401,1.2594469931649332,1.2953022436582964]
["CAP MODIFICADO POR BORRACHA DE PNEU AB8","2010-03-01","***",1.5337693954631291,"***",1.1203269547736554,1.2587445683439562,1.2544756772283805]
["CAP MODIFICADO POR BORRACHA DE PNEU AB8","2010-04-01","***","***",1.5584,1.1320152246167043,1.2334920145666424,1.1958727832727607]
["CAP MODIFICADO POR BORRACHA DE PNEU AB8","2010-05-01","***","***",1.5570999999999999,1.1268721854527128,1.1358577003397186,1.1448166793615662]
["CAP MODIFICADO POR BORRACHA DE PNEU AB8","2010-06-01","***","***","***","***",1.1009852629038925,1.1009852629038925]
["CAP MODIFICADO POR BORRACHA DE PNEU AB8","2010-07-01","***","***","***","***",1.1575927179621193,1.1575927179621193]
["CAP MODIFICADO POR BORRACHA DE PNEU AB8","2010-08-01","***","***","***",1.1467761637718408,1.1369646198311878,1.1393901285564838]
["CAP MODIFICADO POR BORRACHA DE PNEU AB8","2010-09-01","***","***","***",1.005926604179016,1.1057108627323193,1.0912752020066672]
["CAP MODIFICADO POR BORRACHA DE PNEU AB8","2010-10-01","***",1.5018,"***",1.0477000000000001,1.0983352077291526,1.1034981759070928]
["CAP MODIFICADO POR BORRACHA DE PNEU AB8","2010-11-01","***",1.4632888922656129,"***",1.1765765724968842,1.2032237418022458,1.2073910889087933]
["CAP MODIFICADO POR BORRACHA DE PNEU AB8","2010-12-01","***",1.4986999999999999,"***",1.1608677434143244,1.2140573205989342,1.2103922989963849]
["CAP MODIFICADO POR BORRACHA DE PNEU AB8","2011-01-01","***",1.4986999999999999,"***",1.2285999999999999,1.0774357621541253,1.095852234418681]
["CAP MODIFICADO POR BORRACHA DE PNEU AB8","2011-02-01","***","***","***","***",1.1531682862418531,1.1531682862418531]
["CAP MODIFICADO POR BORRACHA DE PNEU AB8","2011-03-01","***",1.4990000000000001,"***",1.1689837556463754,1.1981252852301039,1.1968295138359033]
["CAP MODIFICADO POR BORRACHA DE PNEU AB8","2011-04-01","***","***","***",1.00360645109135,1.1113628611714035,1.1085885358553713]
["CAP MODIFICADO POR BORRACHA DE PNEU AB8","2011-05-01","***",1.6555,"***",1.0112000000000001,1.0875433862010788,1.0930747290711629]
["CAP MODIFICADO POR BORRACHA DE PNEU AB8","2011-06-01","***",1.4972000000000001,"***",1.0694987078519218,1.0794293698078377,1.1146388348849325]
["CAP MODIFICADO POR BORRACHA DE PNEU AB8","2011-07-01","***",1.6523999999999996,"***","***",1.0616728004746567,1.13230283718045]
["CAP MODIFICADO POR BORRACHA DE PNEU AB8","2011-08-01","***","***","***",0.9768,1.0587876343724356,1.0557410639221201]
["CAP MODIFICADO POR BORRACHA DE PNEU AB8","2011-09-01","***","***","***",1.1865991678903574,1.1261270384123565,1.1275175752232316]
["CAP MODIFICADO POR BORRACHA DE PNEU AB8","2011-10-01","***","***","***",0.98039999999999994,1.0811985369990924,1.0800477091732588]
["CAP MODIFICADO POR BORRACHA DE PNEU AB8","2011-11-01","***",1.6526000000000001,"***",1.1781999999999999,1.169035145324872,1.1787741567516654]
["CAP MODIFICADO POR BORRACHA DE PNEU AB8","2011-12-01","***","***","***",1.1021830237484433,1.2619989141270294,1.1892216573353691]
["CAP MODIFICADO POR BORRACHA DE PNEU AB8","2012-01-01","***","***","***",1.0661708911411409,1.1428234076621993,1.1021835452207907]
["CAP MODIFICADO POR BORRACHA DE PNEU AB8","2012-02-01","***","***","***",1.1022499134948098,1.2572668724706142,1.1660677742649022]
["CAP MODIFICADO POR BORRACHA DE PNEU AB8","2012-03-01","***","***","***",1.0549261797375431,1.0884500886819295,1.0679835457468079]
["CAP MODIFICADO POR BORRACHA DE PNEU AB8","2012-04-01","***",1.6051,"***",1.0777133933713559,1.0738306477672068,1.0802140752968346]
["CAP MODIFICADO POR BORRACHA DE PNEU AB8","2012-05-01","***","***","***",1.0918985103704379,1.1161429405957537,1.1026848608277917]
["CAP MODIFICADO POR BORRACHA DE PNEU AB8","2012-06-01","***","***","***",1.1527001851507062,1.1714950737583953,1.1647350558978251]
["CAP MODIFICADO POR BORRACHA DE PNEU AB8","2012-07-01","***","***","***",1.1570435171497822,1.3422725118545544,1.2740975889439403]
["CAP MODIFICADO POR BORRACHA DE PNEU AB8","2012-08-01","***","***","***",1.1619457264935051,1.2164282366999961,1.1896014117887943]
["CAP MODIFICADO POR BORRACHA DE PNEU AB8","2012-09-01","***","***","***",1.1730972932879522,1.3704738416193458,1.2885910018958944]
["CAP MODIFICADO POR BORRACHA DE PNEU AB8","2012-10-01","***","***","***",1.1673012787080324,1.1875130657910866,1.1788445221489403]
["CAP MODIFICADO POR BORRACHA DE PNEU AB8","2012-11-01","***","***","***",1.19815213826663,1.3567455479690402,1.2711575250778484]
["CAP MODIFICADO POR BORRACHA DE PNEU AB8","2012-12-01","***","***","***",1.186995598817064,1.3407999440320493,1.2310009919723564]
["CAP MODIFICADO POR BORRACHA DE PNEU AB8","2013-01-01","***","***","***",1.1566429983553468,1.3590648725773196,1.2592468086351629]
["CAP MODIFICADO POR BORRACHA DE PNEU AB8","2013-02-01","***","***","***",1.1706604714881521,1.2326813440111422,1.1983340795865309]
["CAP MODIFICADO POR BORRACHA DE PNEU AB8","2013-03-01","***","***","***",1.1781083404161554,1.3873908250087319,1.2535169570536087]
["CAP MODIFICADO POR BORRACHA DE PNEU AB8","2013-04-01","***","***",1.65,1.1754767855148143,1.2965283118648456,1.238292902609665]
["CAP MODIFICADO POR BORRACHA DE PNEU AB8","2013-05-01","***","***",1.65,1.2187666332957656,1.2014709676255222,1.2334313171922864]
["CAP MODIFICADO POR BORRACHA DE PNEU AB8","2013-06-01","***","***","***",1.2336671067142395,1.2065205549138345,1.2225362503408645]
["CAP MODIFICADO POR BORRACHA DE PNEU AB8","2013-07-01","***","***","***",1.2330444179375764,1.3989500633651444,1.3441614054256841]
["CAP MODIFICADO POR BORRACHA DE PNEU AB8","2013-08-01","***","***","***",1.2452399162508065,1.3716984574828397,1.3444955251608537]
["CAP MODIFICADO POR BORRACHA DE PNEU AB8","2013-09-01","***","***","***",1.2484582307113947,1.2757130885666805,1.2669449941845503]
["CAP MODIFICADO POR BORRACHA DE PNEU AB8","2013-10-01","***","***","***",1.2574417535843938,1.2513071926360673,1.2532113946659533]
["CAP MODIFICADO POR BORRACHA DE PNEU AB8","2013-11-01","***","***","***",1.2561418255145627,1.274924780393853,1.2680468498741837]
["CAP MODIFICADO POR BORRACHA DE PNEU AB8","2013-12-01","***","***","***",1.2477874668226194,1.2720476044962734,1.2618957613007982]
["CAP MODIFICADO POR BORRACHA DE PNEU AB8","2014-01-01","***","***","***",1.2932810719361127,1.3161819846399581,1.306601725671704]
["CAP MODIFICADO POR BORRACHA DE PNEU AB8","2014-02-01","***","***","***",1.2193101738086485,1.2594389982817531,1.2487040910182476]
["CAP MODIFICADO POR BORRACHA DE PNEU AB8","2014-03-01","***","***","***",1.312578315910415,1.3201403522497284,1.3186764923706322]
["CAP MODIFICADO POR BORRACHA DE PNEU AB8","2014-04-01","***","***",1.2971999999999999,1.2297958465320562,1.2907811578845032,1.2675586241507653]
["CAP MODIFICADO POR BORRACHA DE PNEU AB8","2014-05-01","***","***",1.2981,1.2312288883942284,1.2951243214092223,1.2687246987995167]
["CAP MODIFICADO POR BORRACHA DE PNEU AB8","2014-06-01","***","***",1.2937668762843206,1.1498324270316098,1.2705208657340905,1.2293013686523417]
["CAP MODIFICADO POR BORRACHA DE PNEU AB8","2014-07-01","***","***",1.2970000000000002,1.0829689120290709,1.3217699719935811,1.2307617233661532]
["CAP MODIFICADO POR BORRACHA DE PNEU AB8","2014-08-01","***","***",1.3862000000000001,1.2233743153263112,1.3645665026079274,1.3129158027904995]
["CAP MODIFICADO POR BORRACHA DE PNEU AB8","2014-09-01","***","***",1.3862000000000003,1.221841504137297,1.3120346346156013,1.2956517909907521]
["CAP MODIFICADO POR BORRACHA DE PNEU AB8","2014-10-01","***","***",1.2613848656717337,1.0620009799963297,1.2619096737842672,1.2150385341682899]
["CAP MODIFICADO POR BORRACHA DE PNEU AB8","2014-11-01","***","***",1.4453441259122564,1.0670025891542063,1.4066348107709632,1.3220595363627214]
["CAP MODIFICADO POR BORRACHA DE PNEU AB8","2014-12-01","***","***","***","***","***","***"]
["CAP MODIFICADO POR BORRACHA DE PNEU AB8","2015-01-01","***","***",1.5612000000000001,1.4800757702263883,1.817494834308327,1.6579997734190262]
["CAP MODIFICADO POR BORRACHA DE PNEU AB8","2015-02-01","***","***",1.4702,1.421023723931127,1.7600990271087489,1.66420728815014]
["CAP MODIFICADO POR BORRACHA DE PNEU AB8","2015-03-01","***","***",1.5612000000000004,1.4104565459989113,1.7216944527941518,1.675820410278493]
["CAP MODIFICADO POR BORRACHA DE PNEU AB8","2015-04-01","***","***","***",1.6088742046222251,1.5860921202574136,1.5909847054330197]
["CAP MODIFICADO POR BORRACHA DE PNEU AB8","2015-05-01","***","***",1.4702000000000002,1.6912124389107845,1.6207977754185059,1.6239052213956682]
["CAP MODIFICADO POR BORRACHA DE PNEU AB8","2015-06-01","***","***",1.5179011306820041,1.6145162271500908,1.6017483506977686,1.5935621528497768]
["CAP MODIFICADO POR BORRACHA DE PNEU AB8","2015-07-01","***","***",1.597793461302025,1.716642565189517,1.6046205431770173,1.622907870446918]
["CAP MODIFICADO POR BORRACHA DE PNEU AB8","2015-08-01","***","***",1.5943416703113067,1.5501896015113001,1.7220942288083445,1.6543857819324022]
["CAP MODIFICADO POR BORRACHA DE PNEU AB8","2015-09-01","***","***",1.6926561401637077,1.5738426935643286,1.6553241412191289,1.6647946940090854]
["CAP MODIFICADO POR BORRACHA DE PNEU AB8","2015-10-01","***","***",1.8182944091257496,1.7506096295951523,1.7862521413257295,1.7845721620899808]
["CAP MODIFICADO POR BORRACHA DE PNEU AB8","2015-11-01","***","***",1.7654000000000001,1.6974174340248325,1.8979885388954589,1.8565446439173232]
["CAP MODIFICADO POR BORRACHA DE PNEU AB8","2015-12-01","***","***","***",1.6107552900038624,1.8539203354988103,1.7954765562227901]
["CAP MODIFICADO POR BORRACHA DE PNEU AB8","2016-01-01","***","***","***",1.4357595705080297,1.8849056893643592,1.8137064656530872]
["CAP MODIFICADO POR BORRACHA DE PNEU AB8","2016-02-01","***","***","***",1.4452717952496548,1.8161798949642947,1.6799878123507856]
["CAP MODIFICADO POR BORRACHA DE PNEU AB8","2016-03-01","***","***",1.7392000000000001,1.7191866791116015,1.8393653384765103,1.8108244627034333]
["CAP MODIFICADO POR BORRACHA DE PNEU AB8","2016-04-01","***","***","***",1.9844119046434252,2.0758937691256998,2.0604458450313006]
["CAP MODIFICADO POR BORRACHA DE PNEU AB8","2016-05-01","***","***","***",1.874693801007091,1.9788140783579065,1.9613906464489621]
["CAP MODIFICADO POR BORRACHA DE PNEU AB8","2016-06-01","***","***","***",2.0888976160885777,2.0706527932673628,2.0731574995579511]
["CAP MODIFICADO POR BORRACHA DE PNEU AB8","2016-07-01","***","***","***",1.8777269944177848,2.0655002851193678,2.0511184112593503]
["CAP MODIFICADO POR BORRACHA DE PNEU AB8","2016-08-01","***","***","***",1.5725519758199464,2.0024954441672294,1.8897557982760023]
["CAP MODIFICADO POR BORRACHA DE PNEU AB8","2016-09-01","***","***","***",1.6788193731581895,1.9116851305045215,1.8728638268744222]
["CAP MODIFICADO POR BORRACHA DE PNEU AB8","2016-10-01","***","***","***",1.725519629107618,1.8919059711315318,1.8304053595463119]
["CAP MODIFICADO POR BORRACHA DE PNEU AB8","2016-11-01","***","***",1.7460451361525471,1.7110442843342453,1.8779468372768484,1.8500704313954792]
["CAP MODIFICADO POR BORRACHA DE PNEU AB8","2016-12-01","***","***",1.7463823457376351,1.6769229103277106,1.9051327058536027,1.8718492549393275]
["CAP MODIFICADO POR BORRACHA DE PNEU AB8","2017-01-01","***","***",1.7464498097971168,"***",1.8942195029371891,1.8754375090869764]
["CAP MODIFICADO POR BORRACHA DE PNEU AB8","2017-02-01","***","***",1.8445409898919485,1.6538999999999999,1.8934384004474281,1.8887869296586486]
["CAP MODIFICADO POR BORRACHA DE PNEU AB8","2017-03-01","***","***",1.8535146911115143,1.8960315506589049,1.8885790761143808,1.8872178987648442]
["CAP MODIFICADO POR BORRACHA DE PNEU AB8","2017-04-01","***","***","***","***","***","***"]
["CAP MODIFICADO POR BORRACHA DE PNEU AB8","2017-05-01","***","***",1.8065925692439728,1.6954062245752772,1.8804092085331536,1.827644043363186]
["CAP MODIFICADO POR BORRACHA DE PNEU AB8","2017-06-01","***","***",1.8247501199301148,1.5850772602869005,1.8824291876349191,1.8060853358611515]
["CAP MODIFICADO POR BORRACHA DE PNEU AB8","2017-07-01","***","***",1.8183932474881543,1.4795539904886645,1.8879976654430224,1.812321817649541]
["CAP MODIFICADO POR BORRACHA DE PNEU AB8","2017-08-01","***","***",1.7872480278291569,1.5738003638253639,1.8791611663327392,1.8361462138009805]
["CAP MODIFICADO POR BORRACHA DE PNEU AB8","2017-09-01","***","***",1.7902469689420364,1.5334923788025367,1.8232427397173425,1.80841092619879]
["CAP MODIFICADO POR BORRACHA DE PNEU AB8","2017-10-01","***","***",1.9343283379988281,1.627901409642869,1.8414767465938304,1.8252430848686816]
["CAP MODIFICADO POR BORRACHA DE PNEU AB8","2017-11-01","***","***",1.9563079934224892,1.7910055967526133,1.914035733816553,1.9041999246990375]
["CAP MODIFICADO POR BORRACHA DE PNEU AB8","2017-12-01","***","***",2.0670548810863241,1.928741866134752,1.917186920486148,1.9387046838092286]
["CAP MODIFICADO POR BORRACHA DE PNEU AB8","2018-01-01","***","***",2.4436176381318795,1.8712143585785712,2.0875129034718474,2.1116769274661533]
["CAP MODIFICADO POR BORRACHA DE PNEU AB8","2018-02-01","***","***",2.4572973095135602,2.1259722742779168,2.1320752843337347,2.1526991908948112]
["CAP MODIFICADO POR BORRACHA DE PNEU AB8","2018-03-01","***","***",2.3512685672034181,1.9081666874645489,2.1197819939351694,2.1066906863659698]
["CAP MODIFICADO POR BORRACHA DE PNEU AB8","2018-04-01","***","***",2.1793665604289978,1.9260251322613016,2.059467020592272,2.0285102640360222]
["CAP MODIFICADO POR BORRACHA DE PNEU AB8","2018-05-01","***","***",2.2768385258681785,1.9658183809376311,2.1288901724012419,2.0898719656784346]
["CAP MODIFICADO POR BORRACHA DE PNEU AB8","2018-06-01","***","***",2.3769615602632461,1.973070916090202,2.250823890967387,2.223058556750638]
["CAP MODIFICADO POR BORRACHA DE PNEU AB8","2018-07-01","***","***",2.4770607815804651,2.1014044141205663,2.3730649015579113,2.3398341379354712]
["CAP MODIFICADO POR BORRACHA DE PNEU AB8","2018-08-01","***","***",2.6996309021652989,2.346250935647165,2.4977445030786698,2.4786283819183055]
["CAP MODIFICADO POR BORRACHA DE PNEU AB8","2018-09-01","***","***",2.6647926189547579,2.4329752269541314,2.582177023731091,2.5362225687173616]
["CAP MODIFICADO POR BORRACHA DE PNEU AB8","2018-10-01","***","***",2.6701270670198061,2.3900118410220945,2.7108548334601932,2.5876638860388326]
["CAP MODIFICADO POR BORRACHA DE PNEU AB8","2018-11-01","***","***",2.8751160485502356,2.4821156336111123,2.8874585188209014,2.7797383109634497]
["CAP MODIFICADO POR BORRACHA DE PNEU AB8","2018-12-01","***","***",2.9101000000000004,2.4810177004495295,3.1577347781029119,2.9227552129228287]
["CAP MODIFICADO POR BORRACHA DE PNEU AB8","2019-01-01","***","***","***",2.479790898105076,2.9447065019913481,2.7176181048808568]
["CAP MODIFICADO POR BORRACHA DE PNEU AB8","2019-02-01","***","***","***",2.577441022243752,3.0767086670736559,2.9299480895698151]
["CAP MODIFICADO POR BORRACHA DE PNEU AB8","2019-03-01","***","***","***",2.6794149903996027,3.1125870325206022,2.9675906307015421]
["CAP MODIFICADO POR BORRACHA DE PNEU AB8","2019-04-01","***","***","***",2.7028248899620868,3.153835795447224,2.9966509308559535]
["CAP MODIFICADO POR BORRACHA DE PNEU AB8","2019-05-01","***","***","***",2.6686232661930216,3.0376717019818318,2.8702428528226371]
["CAP MODIFICADO POR BORRACHA DE PNEU AB8","2019-06-01","***","***","***",2.7316031068885498,3.6481446280570298,3.3804959658999856]
["CAP MODIFICADO POR BORRACHA DE PNEU AB8","2019-07-01",2.7736199999999998,"***",3.0228213710852945,2.9923763265422418,3.4390024773395762,3.2237123891444903]
["CAP MODIFICADO POR BORRACHA DE PNEU AB8","2019-08-01","***","***",2.8423113416618686,2.5535686564548046,3.0139607419042322,2.8622721793846084]
["CAP MODIFICADO POR BORRACHA DE PNEU AB8","2019-09-01","***","***",2.7282500000000001,2.760380112854548,2.975459794944403,2.8914658619880784]
["CAP MODIFICADO POR BORRACHA DE PNEU AB8","2019-10-01","***","***",2.6810403787779893,2.5449124114125712,2.9588827905201884,2.8563383809277632]
["CAP MODIFICADO POR BORRACHA DE PNEU AB8","2019-11-01","***","***",2.7082432241467256,2.5758734026857559,3.0063070590313057,2.8370260067749449]
["CAP MODIFICADO POR BORRACHA DE PNEU AB8","2019-12-01","***","***","***",2.6214992838887525,3.04157988495799,2.8895458324697287]
["CAP MODIFICADO POR BORRACHA DE PNEU AB8","2020-01-01","***",2.9613999999999998,2.8285380858564912,2.642050349730364,3.064224673890521,2.8752101094373783]
["CAP MODIFICADO POR BORRACHA DE PNEU AB8","2020-02-01","***","***","***",2.4590215008939551,2.8902676514651588,2.7252961731335468]
["CAP MODIFICADO POR BORRACHA DE PNEU AB8","2020-03-01","***","***","***",2.3604012498264133,2.8313532691075833,2.6559068400149655]
["CAP MODIFICADO POR BORRACHA DE PNEU AB8","2020-04-01","***","***","***",2.339614992484611,2.8244390683253342,2.6731035568013191]
["CAP MODIFICADO POR BORRACHA DE PNEU AB8","2020-05-01","***","***","***",2.3850887906873437,2.7957473788340796,2.7417292273163092]
["CAP MODIFICADO POR BORRACHA DE PNEU AB8","2020-06-01","***","***",2.5771700000000002,2.3767381042881222,2.8218500368677808,2.7419114566241722]
["CAP MODIFICADO POR BORRACHA DE PNEU AB8","2020-07-01","***","***",2.5771699999999997,2.3129896529738909,2.8327986519404655,2.7472629097630588]
["CAP MODIFICADO POR BORRACHA DE PNEU AB8","2020-08-01","***","***",2.6570066468307947,2.3621587992415791,2.9730478799993669,2.8776343464482292]
["CAP MODIFICADO POR BORRACHA DE PNEU AB8","2020-09-01","***","***",2.6857405585725362,2.3920221649897502,2.8995937668467771,2.8048162311105544]
["CAP MODIFICADO POR BORRACHA DE PNEU AB8","2020-10-01","***","***",2.7115296986279374,2.5988855005411979,2.945660296835936,2.8601320590732215]
["CAP MODIFICADO POR BORRACHA DE PNEU AB8","2020-11-01","***","***",2.9355785272915584,2.675728781446943,3.1036367791020836,2.9821229454202736]
["CAP MODIFICADO POR BORRACHA DE PNEU AB8","2020-12-01","***","***","***",2.8103980717931423,3.1560016642997661,3.0198328222421571]
["CAP MODIFICADO POR BORRACHA DE PNEU AB8","2021-01-01","***","***","***",2.6067625684844038,3.0235489155877113,2.9169518621704214]
["CAP MODIFICADO POR BORRACHA DE PNEU AB8","2021-02-01","***","***","***",2.7539341525183927,3.2378279376369576,3.2142956354110028]
["CAP MODIFICADO POR BORRACHA DE PNEU AB8","2021-03-01","***","***","***",2.8667480380630153,3.2664503620327867,3.2444312354152673]
["CAP MODIFICADO POR BORRACHA DE PNEU AB8","2021-04-01","***","***","***",3.2412820683288355,3.2403526438144885,3.2404824221821982]
["CAP MODIFICADO POR BORRACHA DE PNEU AB8","2021-05-01","***","***","***",3.4580315701443354,3.9605739483670725,3.898980732901407]
["CAP MODIFICADO POR BORRACHA DE PNEU AB8","2021-06-01","***","***","***",3.3895059892106629,3.9960151456310675,3.7901355069954188]
["CAP MODIFICADO POR BORRACHA DE PNEU AB8","2021-07-01","***","***","***",3.3634510522282417,4.0446007521421841,3.759377785639622]
["CAP MODIFICADO POR BORRACHA DE PNEU AB8","2021-08-01","***","***","***",3.5297912801513007,4.2221124396868657,3.8942494353864427]
["CAP MODIFICADO POR BORRACHA DE PNEU AB8","2021-09-01",3.1511999999999998,"***","***",3.6011649158390968,4.2437321077518497,3.9834978123132094]
["CAP MODIFICADO POR BORRACHA DE PNEU AB8","2021-10-01",3.1511999999999998,"***","***",3.5245837051341593,4.2745912764257028,3.9325664481350482]
["CAP MODIFICADO POR BORRACHA DE PNEU AB8","2021-11-01",3.52045270712581,"***","***",3.8006628269091718,4.6212462053760719,4.2402152571736771]
["CAP MODIFICADO POR BORRACHA DE PNEU AB8","2021-12-01",3.5833457410104543,"***","***",3.8033828378325953,4.6854496331091324,4.2649975870802219]
["CAP MODIFICADO POR BORRACHA DE PNEU AB8","2022-01-01",3.497057538755509,"***","***",4.0144421748724364,4.7195601493470978,4.3815922128366829]
["CAP MODIFICADO POR BORRACHA DE PNEU AB8","2022-02-01",3.9137117888445374,"***","***",4.1654182392975976,4.9238646993038815,4.5716481879346533]
["CAP MODIFICADO POR BORRACHA DE PNEU AB8","2022-03-01",3.9304842780259164,"***","***",4.6131177304825863,4.9770267131939656,4.6989390514146656]
["CAP MODIFICADO POR BORRACHA DE PNEU AB8","2022-04-01",3.8774367464514339,"***","***",4.8242816622633082,5.196583719406223,4.7874338282478828]
["CAP MODIFICADO POR BORRACHA DE PNEU AB8","2022-05-01",3.660831927826083,"***","***",4.8244025811017348,5.0464176427212664,4.6548960425668318]
["CAP MODIFICADO POR BORRACHA DE PNEU AB8","2022-06-01",3.6719077480359519,"***","***",4.743797212134913,5.0290272799759634,4.6866328666899362]
["CAP MODIFICADO POR BORRACHA DE PNEU AB8","2022-07-01",3.7343529358812262,"***","***",4.6606289161344456,5.0825126401802372,4.6618090061825308]
["CAP MODIFICADO POR BORRACHA DE PNEU AB8","2022-08-01",3.5750321729438737,"***",4.0312700000000001,4.4489613986405532,4.8768508374917063,4.4361456542627042]
["CAP MODIFICADO POR BORRACHA DE PNEU AB8","2022-09-01",3.3365857363622324,"***",3.8240599999999998,4.6197592231558557,4.6217078043360065,4.5503008775891045]
["CAP MODIFICADO POR BORRACHA DE PNEU AB8","2022-10-01","***","***",3.47411,4.3021714304330319,4.4511535000014888,4.3405292820668899]
["CAP MODIFICADO POR BORRACHA DE PNEU AB8","2022-11-01","***","***",3.4741100000000005,4.0708263984458517,4.434586615284875,4.1906987946351579]
["CAP MODIFICADO POR BORRACHA DE PNEU AB8","2022-12-01","***","***",3.4741100000000005,4.0976380053811656,4.3463166271576119,4.1922139377714531]
["CAP MODIFICADO POR BORRACHA DE PNEU AB8","2023-01-01","***","***",3.2876799999999999,3.9431334019414743,4.0941381731638247,3.9702865071179279]
["CAP MODIFICADO POR BORRACHA DE PNEU AB8","2023-02-01","***","***",3.1648200000000002,3.8471487854515276,3.9488899722169046,3.8264434764915318]
["CAP MODIFICADO POR BORRACHA DE PNEU AB8","2023-03-01","***","***",3.1110239967105264,3.7512055302047429,3.7377240375528613,3.7405507058514202]
["CAP MODIFICADO POR BORRACHA DE PNEU AB8","2023-04-01","***","***",3.4214352650579518,3.7576710928923611,3.809381577848034,3.7689590617057838]
["CAP MODIFICADO POR BORRACHA DE PNEU AB8","2023-05-01","***","***",3.0362700000000005,3.6646741477770171,3.7394772019109008,3.6750538668258668]
["CAP MODIFICADO POR BORRACHA DE PNEU AB8","2023-06-01","***","***",3.0685420543495487,3.5802435781107778,3.6692737443166061,3.6010590544106167]
["CAP MODIFICADO POR BORRACHA DE PNEU AB8","2023-07-01","***","***",3.0727600000000002,3.6019833523533649,3.7160559415567844,3.6278060436645401]
["CAP MODIFICADO POR BORRACHA DE PNEU AB8","2023-08-01","***","***",3.1472464245175935,3.5125904038928959,3.7738780307350064,3.5787945728490111]
["CAP MODIFICADO POR BORRACHA DE PNEU AB8","2023-09-01","***","***",3.3503692337931525,3.6843298768385142,3.8835923926532776,3.7265946398525798]
["CAP MODIFICADO POR BORRACHA DE PNEU AB8","2023-10-01","***","***",3.4330022577990751,3.7877844310715973,3.9085190294675551,3.8052185486637122]
["CAP MODIFICADO POR BORRACHA DE PNEU AB8","2023-11-01","***","***",3.3984516288066828,3.6909302022307457,3.8649913965636036,3.7486221682192258]
["CAP MODIFICADO POR BORRACHA DE PNEU AB8","2023-12-01","***","***",3.3329126010661927,3.6600620978133738,3.9306865709016363,3.7484043968830756]
["CAP MODIFICADO POR BORRACHA DE PNEU AB8","2024-01-01","***","***",3.2687299428881049,3.5459523431317019,3.7328256193985823,3.6129266699362814]
["CAP MODIFICADO POR BORRACHA DE PNEU AB8","2024-02-01","***","***",3.2461529889267937,3.5759373031108073,3.713683647510778,3.6277633764946806]
["CAP MODIFICADO POR BORRACHA DE PNEU AB8","2024-03-01","***","***",3.768001661584333,3.686297989317683,3.9738706711266518,3.7844369640854949]
["CAP MODIFICADO POR BORRACHA DE PNEU AB8","2024-04-01","***","***",3.5418537569765585,3.7790229305187455,3.9526792884731066,3.8320161507053103]
["CAP MODIFICADO POR BORRACHA DE PNEU AB8","2024-05-01","***","***",3.6155793997665691,3.9162706483486196,4.0338094711755685,3.9388972355490237]
["CAP MODIFICADO POR BORRACHA DE PNEU AB8","2024-06-01","***","***",3.6428001899364637,3.9478237356340236,3.9783707202814185,3.937622278133897]
["CAP MODIFICADO POR BORRACHA DE PNEU AB8","2024-07-01","***","***",3.7852116873744852,4.0960418376143402,4.1244485876031654,4.0861414260680062]
["CAP MODIFICADO POR BORRACHA DE PNEU AB8","2024-08-01","***","***",3.9869726752396604,4.2822388405356113,4.3204913373090408,4.2782078102030887]
["CAP MODIFICADO POR BORRACHA DE PNEU AB8","2024-09-01","***","***",3.9695319396352038,4.3341720549943874,4.3566887906619449,4.3194939019165801]
["CAP MODIFICADO POR BORRACHA DE PNEU AB8","2024-10-01","***","***",4.02131287600485,4.3353987029624559,4.4427431359120275,4.3594653032121933]
["CAP MODIFICADO POR BORRACHA DE PNEU AB8","2024-11-01","***","***",4.0004799999999987,4.3197898977240072,4.5228519856878213,4.3908537532236709]
["CAP MODIFICADO POR BORRACHA DE PNEU AB8","2024-12-01","***","***",4.0818000000000003,4.3885907043957042,4.5899004574724405,4.4459095307072225]
["CAP MODIFICADO POR BORRACHA DE PNEU AB8","2025-01-01","***","***","***",4.3621638379127061,4.5736954616759551,4.4495597878684299]
["CAP MODIFICADO POR BORRACHA DE PNEU AB8","2025-02-01","***","***","***",4.626922817102189,4.8399569840040684,4.7068998480237267]
["CAP MODIFICADO POR BORRACHA DE PNEU AB8","2025-03-01","***","***","***",4.4284161584818458,4.8442753435965358,4.5601231342687871]
["CAP MODIFICADO POR BORRACHA DE PNEU AB8","2025-04-01","***","***","***",4.3186650393145403,4.8367806895078598,4.4477359827760594]
["CAP MODIFICADO POR BORRACHA DE PNEU AB8","2025-05-01","***","***","***",4.295777740705109,4.8272312365806229,4.4748357832281718]
["CAP MODIFICADO POR BORRACHA DE PNEU AB8","2025-06-01","***",4.8823499999999997,"***",4.266305555989053,4.6266732181972303,4.3698749126288154]
["CAP MODIFICADO POR BORRACHA DE PNEU AB8","2025-07-01","***",4.7008400000000004,3.8679199999999998,4.300599595375278,4.7028729009309487,4.3961533336743015]
["CAP MODIFICADO POR POLÍMERO 55-75-E","2015-09-01","***",1.6953954542024339,"***",1.7171780593569659,1.8427670560180902,1.7930856450717323]
["CAP MODIFICADO POR POLÍMERO 55-75-E","2015-10-01","***",1.7919295146005085,"***",1.8216981373170267,1.9431443828715365,1.8327100508755547]
["CAP MODIFICADO POR POLÍMERO 55-75-E","2015-11-01","***",2.0899399999999999,"***",2.0610623072334988,2.0980868206719352,2.0821680017500475]
["CAP MODIFICADO POR POLÍMERO 55-75-E","2015-12-01","***",2.0899400000000004,"***",2.1194041720257233,1.9102433055954091,2.0405789762972462]
["CAP MODIFICADO POR POLÍMERO 55-75-E","2016-01-01","***",2.0091957557447584,"***",2.0785102353215286,1.7201859374222301,1.8957923340782121]
["CAP MODIFICADO POR POLÍMERO 55-75-E","2016-02-01","***",2.0063301928427961,2.310905,2.079184548767417,1.8023118118431345,1.9841543614525423]
["CAP MODIFICADO POR POLÍMERO 55-75-E","2016-03-01","***",2.0214688655215958,"***",2.0672555746521688,2.0347751135103787,2.0276903371049011]
["CAP MODIFICADO POR POLÍMERO 55-75-E","2016-04-01","***",2.2545417937441314,"***","***",2.1824163004798347,2.2168656133642992]
["CAP MODIFICADO POR POLÍMERO 55-75-E","2016-05-01","***",2.1741120239687413,"***",2.1983228359030837,2.1202284224342827,2.1761479773532821]
["CAP MODIFICADO POR POLÍMERO 55-75-E","2016-06-01","***",2.2013690696569923,2.7226504659750304,2.3371864428912605,1.8951029985298442,2.2386015067822616]
["CAP MODIFICADO POR POLÍMERO 55-75-E","2016-07-01","***",2.0094158478144157,2.7444926715815341,2.1513415837277052,1.903067973005351,2.1209947804802081]
["CAP MODIFICADO POR POLÍMERO 55-75-E","2016-08-01","***",2.3455907504428892,2.7878779623567924,2.2006004902073739,1.9521915117938957,2.26666565275417]
["CAP MODIFICADO POR POLÍMERO 55-75-E","2016-09-01","***",1.9169568693991934,2.6876199999999995,2.1986446215899091,1.8482440625648628,2.0090403977516913]
["CAP MODIFICADO POR POLÍMERO 55-75-E","2016-10-01","***",1.6509599937156796,2.6469499999999995,2.223755542022793,1.9299261856512009,1.9300860835637395]
["CAP MODIFICADO POR POLÍMERO 55-75-E","2016-11-01","***",1.6694185373178523,3.0737999999999994,"***",1.9879645083790136,2.0393290727149394]
["CAP MODIFICADO POR POLÍMERO 55-75-E","2016-12-01","***",2.014896679197447,3.0649600000000001,1.8466100000000003,1.8798449207970527,1.9359708182054569]
["CAP MODIFICADO POR POLÍMERO 55-75-E","2017-01-01","***",1.7502856718241042,3.0767500000000001,1.8466100000000001,1.8666449005293475,1.8444576318092083]
["CAP MODIFICADO POR POLÍMERO 55-75-E","2017-02-01","***",1.9385434414136908,"***",1.7677449945362214,1.853787885934127,1.8751690352169861]
["CAP MODIFICADO POR POLÍMERO 55-75-E","2017-03-01","***",1.9353736956812553,2.2661885349894639,1.734795304104664,1.8579610960031532,1.9158526995252947]
["CAP MODIFICADO POR POLÍMERO 55-75-E","2017-04-01","***",1.9464333678671788,3.0989954728033471,1.8550778250929307,1.8427725499266114,1.9250968210901029]
["CAP MODIFICADO POR POLÍMERO 55-75-E","2017-05-01","***",1.9039563231733876,2.5269077743321908,1.9044128680382506,1.8928333588070529,1.9413871921547505]
["CAP MODIFICADO POR POLÍMERO 55-75-E","2017-06-01","***",2.1172096084664647,2.6693845073026439,2.0272806462554129,1.8705994326738058,2.0103693759521213]
["CAP MODIFICADO POR POLÍMERO 55-75-E","2017-07-01","***",2.1524925359808305,2.3494000000000002,2.199113159472422,1.8121419314384277,2.0837330096015494]
["CAP MODIFICADO POR POLÍMERO 55-75-E","2017-08-01","***",1.7692563220340924,2.3960307059867989,2.2434644247581303,1.7969227701758321,1.9072511282277387]
["CAP MODIFICADO POR POLÍMERO 55-75-E","2017-09-01","***",2.0481444575514067,2.5192297014658562,2.0275513157577079,1.9437292345644701,2.0274748760412309]
["CAP MODIFICADO POR POLÍMERO 55-75-E","2017-10-01","***",1.9644684025423731,2.3753000000000002,1.8573066425068356,1.9513675655787222,1.9461461992358982]
["CAP MODIFICADO POR POLÍMERO 55-75-E","2017-11-01","***",2.1334792458409462,2.3496033587527538,2.1498566052416055,2.0025831462270638,2.1166516141605438]
["CAP MODIFICADO POR POLÍMERO 55-75-E","2017-12-01","***",2.2716249270993125,"***",1.8637360496715558,1.9268307513122342,2.0939470518103036]
["CAP MODIFICADO POR POLÍMERO 55-75-E","2018-01-01","***",2.3764415332459299,"***",2.0960360322380653,2.0950740781507982,2.3406826280382127]
["CAP MODIFICADO POR POLÍMERO 55-75-E","2018-02-01","***",2.3612414132643003,"***",2.0026096256249999,2.1370945383914064,2.2890838957222308]
["CAP MODIFICADO POR POLÍMERO 55-75-E","2018-03-01","***",2.2627476366262744,"***",2.1441819697482245,2.1094914164479608,2.2098190514116167]
["CAP MODIFICADO POR POLÍMERO 55-75-E","2018-04-01","***",2.2655558513983123,"***",2.1073867880059232,2.2154794820568924,2.2337498937418476]
["CAP MODIFICADO POR POLÍMERO 55-75-E","2018-05-01","***",2.4786504808505776,2.7254499999999999,2.0666626759143991,2.2605089784155075,2.3504600613973743]
["CAP MODIFICADO POR POLÍMERO 55-75-E","2018-06-01","***",2.5431826708981782,2.99715,2.5516623577969817,2.3813441306212471,2.5186892590982941]
["CAP MODIFICADO POR POLÍMERO 55-75-E","2018-07-01","***",2.5398066990989143,3.0834936951453646,2.464435209540794,2.5536240468598641,2.6050117997031252]
["CAP MODIFICADO POR POLÍMERO 55-75-E","2018-08-01",3.5969627608008428,2.80708646258817,3.2661887568493153,2.561305961555953,2.6597870431048856,2.8346884803198971]
["CAP MODIFICADO POR POLÍMERO 55-75-E","2018-09-01",2.9570599999999998,2.7589742499557759,3.3111899999999994,2.7067619814672694,2.8481124814499075,2.795817380500913]
["CAP MODIFICADO POR POLÍMERO 55-75-E","2018-10-01","***",2.7353999999999998,2.7538916476515376,2.6397216811079018,2.8005611762805556,2.7246612952191724]
["CAP MODIFICADO POR POLÍMERO 55-75-E","2018-11-01","***",3.0589757582721817,3.3192502664734085,3.0176501646056932,3.1071334286319763,3.079127614754968]
["CAP MODIFICADO POR POLÍMERO 55-75-E","2018-12-01","***",2.9936342923109973,"***",3.0105366824876745,3.1236333459941492,3.0583556114616366]
["CAP MODIFICADO POR POLÍMERO 55-75-E","2019-01-01","***",3.1185765394670688,3.9446300000000001,2.8912531535673009,3.0740611991686073,3.0536002911399085]
["CAP MODIFICADO POR POLÍMERO 55-75-E","2019-02-01","***",3.2960493662407835,4.3303599999999998,3.1459199999999998,3.3861594822035417,3.3458827981003005]
["CAP MODIFICADO POR POLÍMERO 55-75-E","2019-03-01","***",3.2972054433072246,"***",3.1459200000000003,3.2780724567711008,3.2854107359533704]
["CAP MODIFICADO POR POLÍMERO 55-75-E","2019-04-01","***",3.3319558515595773,"***",2.9959541469707438,3.3396190154013405,3.2804532588347386]
["CAP MODIFICADO POR POLÍMERO 55-75-E","2019-05-01","***",3.1823534118672319,"***",3.2968860466763465,3.3079748217475586,3.2496589226477792]
["CAP MODIFICADO POR POLÍMERO 55-75-E","2019-06-01","***",3.9636178187695297,"***",3.4129229658091997,3.3003987022606052,3.588267277823765]
["CAP MODIFICADO POR POLÍMERO 55-75-E","2019-07-01","***",3.6697643408920846,"***",3.2854123086561176,2.9635788879895619,3.3925371169333878]
["CAP MODIFICADO POR POLÍMERO 55-75-E","2019-08-01","***",3.3063196110231829,"***",3.1139297990900943,3.1123443585685751,3.1902282700622915]
["CAP MODIFICADO POR POLÍMERO 55-75-E","2019-09-01","***",3.101977528388959,"***",3.0922215043547117,3.1185072079449188,3.1079962059626598]
["CAP MODIFICADO POR POLÍMERO 55-75-E","2019-10-01","***",3.0507553803425709,"***",3.2093879389482729,3.118512410456618,3.127928505031861]
["CAP MODIFICADO POR POLÍMERO 55-75-E","2019-11-01","***",3.0666759556779568,"***",3.2338272620134223,3.1174160877467507,3.1188162493152234]
["CAP MODIFICADO POR POLÍMERO 55-75-E","2019-12-01","***",2.9295388368250284,3.8813,3.3093699999999999,3.2227881842256907,3.0999035089092288]
["CAP MODIFICADO POR POLÍMERO 55-75-E","2020-01-01","***",2.8031494736842104,"***",3.3019956447210674,3.1188116409951574,3.1383643911574661]
["CAP MODIFICADO POR POLÍMERO 55-75-E","2020-02-01","***",2.6827900831809877,"***",3.1567065377724695,3.0095799735086222,2.9649531492283963]
["CAP MODIFICADO POR POLÍMERO 55-75-E","2020-03-01","***",3.0648663130036335,3.92503,3.0358277644275375,3.0089743499023509,3.0533098060557684]
["CAP MODIFICADO POR POLÍMERO 55-75-E","2020-04-01","***",3.0405163384275049,"***",3.1725993819040128,2.9348398913430853,3.0010305405754751]
["CAP MODIFICADO POR POLÍMERO 55-75-E","2020-05-01","***",2.8702101565659275,"***",3.0671865430726939,3.0746339940487863,3.023495510101994]
["CAP MODIFICADO POR POLÍMERO 55-75-E","2020-06-01","***",3.1016014653079171,3.3318900000000005,2.9888901739877567,2.9925150223325376,3.0760670868944278]
["CAP MODIFICADO POR POLÍMERO 55-75-E","2020-07-01","***",3.0593283564652891,3.3325500000000003,3.0300296072195279,2.8226576350557382,2.9510218288236114]
["CAP MODIFICADO POR POLÍMERO 55-75-E","2020-08-01","***",3.2288710413132047,"***",3.3453599999999999,3.0006063128011906,3.1001770505525506]
["CAP MODIFICADO POR POLÍMERO 55-75-E","2020-09-01","***",3.1571041326153209,"***",3.4847100000000006,2.9274915813991904,3.057853239203133]
["CAP MODIFICADO POR POLÍMERO 55-75-E","2020-10-01","***",3.1668648436447757,"***",3.26938975402564,2.9531520559126898,3.0613176137854534]
["CAP MODIFICADO POR POLÍMERO 55-75-E","2020-11-01","***",3.2584921814790473,"***",3.5242099808748226,3.0956713222427896,3.1835695456804816]
["CAP MODIFICADO POR POLÍMERO 55-75-E","2020-12-01","***",3.357413489032981,3.6097700000000006,"***",3.0502669451383824,3.1205899578104792]
["CAP MODIFICADO POR POLÍMERO 55-75-E","2021-01-01","***",3.3368874904327344,"***",3.5026201782711066,3.1259719369598375,3.2538721869591547]
["CAP MODIFICADO POR POLÍMERO 55-75-E","2021-02-01","***",3.4608183614543728,"***",3.7320784525637087,3.2503668748817094,3.2991032759659693]
["CAP MODIFICADO POR POLÍMERO 55-75-E","2021-03-01","***",3.3307011078341011,"***",3.6629321315248666,3.3444096789181685,3.362994761617788]
["CAP MODIFICADO POR POLÍMERO 55-75-E","2021-04-01","***",3.5072844329034165,"***",3.1572029695121953,3.198558318134813,3.2281333422166307]
["CAP MODIFICADO POR POLÍMERO 55-75-E","2021-05-01","***",4.1816199999999997,"***",3.9331470897832825,3.3778392923542553,3.534792899845824]
["CAP MODIFICADO POR POLÍMERO 55-75-E","2021-06-01","***",3.7342891433494705,"***",4.1063900000000011,2.9620940888110883,3.3002914502097735]
["CAP MODIFICADO POR POLÍMERO 55-75-E","2021-07-01","***",3.8271079530916841,"***",4.1063900000000002,3.7443847338036025,3.7703498232005437]
["CAP MODIFICADO POR POLÍMERO 55-75-E","2021-08-01","***",3.8607287018761518,4.3929903314160503,"***",4.5344533708237202,4.3854174799516255]
["CAP MODIFICADO POR POLÍMERO 55-75-E","2021-09-01","***",4.0217578722261988,"***","***",4.6568941019543102,4.4541072747616912]
["CAP MODIFICADO POR POLÍMERO 55-75-E","2021-10-01","***",4.0420371929854806,"***","***",4.59167816431159,4.2886668760515985]
["CAP MODIFICADO POR POLÍMERO 55-75-E","2021-11-01","***",4.0831531140479402,"***","***",4.9703704989069983,4.3902978781695738]
["CAP MODIFICADO POR POLÍMERO 55-75-E","2021-12-01","***",4.3545857000429011,"***","***",4.9470442273663799,4.5688025652121524]
["CAP MODIFICADO POR POLÍMERO 55-75-E","2022-01-01","***",4.6346160249793993,"***","***",4.9880748892276747,4.7435773205607674]
["CAP MODIFICADO POR POLÍMERO 55-75-E","2022-02-01","***",5.2945301535342608,"***","***",4.8873720440324435,5.0354531909162406]
["CAP MODIFICADO POR POLÍMERO 55-75-E","2022-03-01","***",5.3661709190209024,"***",6.42,4.7783316535032938,5.0998691323196086]
["CAP MODIFICADO POR POLÍMERO 55-75-E","2022-04-01","***",5.659440551009971,"***",5.5512958261469469,5.4203822307575749,5.4775954404408642]
["CAP MODIFICADO POR POLÍMERO 55-75-E","2022-05-01",5.2715699999999996,5.4797291247240203,"***",4.8512394993530092,5.2078308682375232,5.185751289904279]
["CAP MODIFICADO POR POLÍMERO 55-75-E","2022-06-01","***",5.5487296938906754,5.0908767164429527,5.1639718002931794,5.186764690609591,5.2266701923115439]
["CAP MODIFICADO POR POLÍMERO 55-75-E","2022-07-01","***",5.4155189175155583,5.6180787800312011,5.1412263640842903,5.250795201873558,5.2698531199144822]
["CAP MODIFICADO POR POLÍMERO 55-75-E","2022-08-01","***",5.4644096095976682,5.6495100000000003,4.9378113856187138,5.0538072426816054,5.1658988471862672]
["CAP MODIFICADO POR POLÍMERO 55-75-E","2022-09-01","***",5.134430603646047,5.3412474170628403,4.7593903736893273,5.0093227727847891,5.0858747584803234]
["CAP MODIFICADO POR POLÍMERO 55-75-E","2022-10-01","***",5.3534618039663195,"***",4.3557178120700444,4.5003225581874835,4.6318069314100052]
["CAP MODIFICADO POR POLÍMERO 55-75-E","2022-11-01","***",4.5991001127972089,"***",4.2361773348711136,4.4672515038899361,4.3522454419270007]
["CAP MODIFICADO POR POLÍMERO 55-75-E","2022-12-01","***",4.8277301250377533,"***",4.1038387275891166,4.4622944547805616,4.4468637076692961]
["CAP MODIFICADO POR POLÍMERO 55-75-E","2023-01-01","***",4.6971885216893812,"***",4.9421400000000011,4.2234859334725332,4.5094509421015161]
["CAP MODIFICADO POR POLÍMERO 55-75-E","2023-02-01","***",4.616903570366893,4.2530900000000003,4.1887398852444973,4.1326309959461582,4.2798010645505444]
["CAP MODIFICADO POR POLÍMERO 55-75-E","2023-03-01","***",4.687667517811704,4.2165900000000001,4.1128664946311044,3.8142643876529525,3.9390268531536683]
["CAP MODIFICADO POR POLÍMERO 55-75-E","2023-04-01","***",4.65341,"***",4.7817800000000004,3.687750096529423,3.7740787668681066]
["CAP MODIFICADO POR POLÍMERO 55-75-E","2023-05-01","***",4.9023070524827146,"***",4.7817799999999995,3.7989692521723755,4.0087128977841324]
["CAP MODIFICADO POR POLÍMERO 55-75-E","2023-06-01","***",4.2684851499918928,"***",4.4667055586274182,3.7981845936165874,3.8420350804948522]
["CAP MODIFICADO POR POLÍMERO 55-75-E","2023-07-01","***",4.2537288700066211,"***",5.1262400000000001,3.657416731564691,3.7110557211295903]
["CAP MODIFICADO POR POLÍMERO 55-75-E","2023-08-01","***",3.9885625269960738,3.8460200000000002,4.901456895287958,3.714703512044947,3.8117397392388881]
["CAP MODIFICADO POR POLÍMERO 55-75-E","2023-09-01","***",4.5188442620432356,"***",4.4313000000000002,3.860048240448509,3.9179678127251534]
["CAP MODIFICADO POR POLÍMERO 55-75-E","2023-10-01","***",5.0547299477868757,"***",4.4627390407731315,3.8631680943559039,3.9647367041778478]
["CAP MODIFICADO POR POLÍMERO 55-75-E","2023-11-01","***",4.5752299999999995,"***",4.5740738772633636,3.8762063059689171,4.0155295134133162]
["CAP MODIFICADO POR POLÍMERO 55-75-E","2023-12-01","***",4.5480483703209833,"***",4.5020226271276034,3.9549561375986135,4.0704366890922552]
["CAP MODIFICADO POR POLÍMERO 55-75-E","2024-01-01","***",3.9067440879798259,"***",4.556984075550722,3.869280839638793,3.9589936510660504]
["CAP MODIFICADO POR POLÍMERO 55-75-E","2024-02-01","***",3.8469255551638026,"***",3.9658116780127837,3.8732437653478851,3.8785266215861505]
["CAP MODIFICADO POR POLÍMERO 55-75-E","2024-03-01","***",4.2227967064870988,"***",4.0888299999999997,3.9159569654859854,3.993574520086701]
["CAP MODIFICADO POR POLÍMERO 55-75-E","2024-04-01","***",4.2649351127680877,"***",4.1800004971628271,3.9652700520490058,4.0405753668382456]
["CAP MODIFICADO POR POLÍMERO 55-75-E","2024-05-01","***",4.2324107193882368,"***",3.56596,4.0066207331405428,4.0048425692832446]
["CAP MODIFICADO POR POLÍMERO 55-75-E","2024-06-01","***",4.2702547012698346,"***",4.0766081988030267,3.9912676280362134,4.0576148378551489]
["CAP MODIFICADO POR POLÍMERO 55-75-E","2024-07-01","***",4.4013879858236891,5.9683299999999999,4.3681570121806219,4.0178126180056895,4.1537813108591957]
["CAP MODIFICADO POR POLÍMERO 55-75-E","2024-08-01","***",5.0401677188290215,6.4001400000000004,4.5363794914904592,4.2490750734645504,4.4991459336408459]
["CAP MODIFICADO POR POLÍMERO 55-75-E","2024-09-01","***",5.2015289378044587,5.3153509787004589,4.6811722469038726,4.3897671163169791,4.6330749630811221]
["CAP MODIFICADO POR POLÍMERO 55-75-E","2024-10-01","***",5.6985230403638436,6.3838824916525523,5.3997628290134623,4.3117013975903626,4.7412828406061163]
["CAP MODIFICADO POR POLÍMERO 55-75-E","2024-11-01","***",5.3333064434339663,6.4001399999999995,4.5016962468673771,4.1445299275141014,4.5243725305297655]
["CAP MODIFICADO POR POLÍMERO 55-75-E","2024-12-01","***",5.3665900612923334,"***",4.6229961887563285,4.4930846899836254,4.6703959309151113]
["CAP MODIFICADO POR POLÍMERO 55-75-E","2025-01-01","***",5.0091845688885748,"***",4.3628400000000003,4.4544508230477193,4.5452282425875303]
["CAP MODIFICADO POR POLÍMERO 55-75-E","2025-02-01","***",5.1682648440151411,"***",4.6534399999999989,4.5341182160624554,4.6197568813743652]
["CAP MODIFICADO POR POLÍMERO 55-75-E","2025-03-01","***",5.1145003810407923,"***",4.4901078877321332,4.636913002330151,4.7054737845228907]
["CAP MODIFICADO POR POLÍMERO 55-75-E","2025-04-01","***",5.1571007353996388,"***",4.253133668614562,4.7029256152652863,4.6310529602109822]
["CAP MODIFICADO POR POLÍMERO 55-75-E","2025-05-01","***",5.063923120575061,4.1162099999999997,4.2670702867066153,4.5686277409170701,4.4260643508154329]
["CAP MODIFICADO POR POLÍMERO 55-75-E","2025-06-01","***",4.9518066217528052,"***",4.1881425759802697,4.3877450531203861,4.3094957408311272]
["CAP MODIFICADO POR POLÍMERO 55-75-E","2025-07-01","***",4.6105463469106658,"***",4.1810750203878007,4.2970996214970283,4.2533074505682409]
["CAP MODIFICADO POR POLÍMERO 60-85-E","2015-09-01","***",1.2531712342079688,1.8926623753559986,1.9114423354707468,1.924115046617922,1.893043325458313]
["CAP MODIFICADO POR POLÍMERO 60-85-E","2015-10-01","***",0.60527238683127571,1.9355650039973953,1.915818649143626,2.0509838352072771,1.9452797087462326]
["CAP MODIFICADO POR POLÍMERO 60-85-E","2015-11-01","***",2.0164,2.1100214771063226,2.1081983699582318,2.1985927081289507,2.1344171943822072]
["CAP MODIFICADO POR POLÍMERO 60-85-E","2015-12-01","***",1.41113,2.1239398500648137,2.1856024475140297,2.1220601698571766,2.1529568347530486]
["CAP MODIFICADO POR POLÍMERO 60-85-E","2016-01-01","***",0.60104999999999997,"***",2.1313661120742071,2.29083109689739,2.1936135809789157]
["CAP MODIFICADO POR POLÍMERO 60-85-E","2016-02-01","***",2.2221600000000001,2.14000398009652,2.126814067307917,2.3190324346052433,2.2222527057065102]
["CAP MODIFICADO POR POLÍMERO 60-85-E","2016-03-01","***","***",2.3981655529511214,2.0457464349560288,2.2830741974701576,2.1505894321209058]
["CAP MODIFICADO POR POLÍMERO 60-85-E","2016-04-01","***","***",2.5878965474364821,2.2758136160071389,2.3370958916422806,2.3089270327111673]
["CAP MODIFICADO POR POLÍMERO 60-85-E","2016-05-01","***",2.5530900000000001,2.3583802702006058,2.3358852137415176,2.3671955360597523,2.3505973897908006]
["CAP MODIFICADO POR POLÍMERO 60-85-E","2016-06-01","***",1.7582071498257841,2.4876085326176445,2.2965793568049047,2.3585887860790375,2.3216251119571463]
["CAP MODIFICADO POR POLÍMERO 60-85-E","2016-07-01","***",1.7816216549081905,2.3945574321138978,2.3301768511818737,2.4564212883943615,2.3537426915080668]
["CAP MODIFICADO POR POLÍMERO 60-85-E","2016-08-01","***",2.5130892984062028,2.443039400324782,2.3567264041697755,2.4340184765413082,2.4047886594623029]
["CAP MODIFICADO POR POLÍMERO 60-85-E","2016-09-01",2.2290999999999999,"***",1.9864494038000098,2.0660229243560098,2.3049625742864759,2.1656476556889874]
["CAP MODIFICADO POR POLÍMERO 60-85-E","2016-10-01","***","***",2.2503204837327813,2.030382318410147,2.3369820988690733,2.223180742401123]
["CAP MODIFICADO POR POLÍMERO 60-85-E","2016-11-01","***","***",2.2745731003862879,2.019621429915047,2.3000285177157127,2.1856763215248312]
["CAP MODIFICADO POR POLÍMERO 60-85-E","2016-12-01","***","***",2.1792631414289407,1.9824562658755518,2.1652924821642059,2.0670076788226988]
["CAP MODIFICADO POR POLÍMERO 60-85-E","2017-01-01",1.81125,"***",1.914526166620198,1.9451576680687783,2.0536684491566226,1.9851466366800969]
["CAP MODIFICADO POR POLÍMERO 60-85-E","2017-02-01","***","***",2.4048799999999999,2.0047365711836704,2.0215099473027656,2.0153849811335531]
["CAP MODIFICADO POR POLÍMERO 60-85-E","2017-03-01","***","***",1.9718092729484418,2.0431406368149143,1.9330077833491637,1.991648904115207]
["CAP MODIFICADO POR POLÍMERO 60-85-E","2017-04-01","***","***",1.9417392474548527,1.9274630177947831,1.9701131238209448,1.9534193639194128]
["CAP MODIFICADO POR POLÍMERO 60-85-E","2017-05-01","***","***",1.8398175664355454,1.9236930227454796,1.9252443441654075,1.9212415855665488]
["CAP MODIFICADO POR POLÍMERO 60-85-E","2017-06-01","***","***",1.9590391683676356,2.0234578105624221,1.9546933602163521,1.9874079066367785]
["CAP MODIFICADO POR POLÍMERO 60-85-E","2017-07-01","***","***",1.9599138810522696,1.9123118677228297,1.9285653669324969,1.9257865217308878]
["CAP MODIFICADO POR POLÍMERO 60-85-E","2017-08-01","***",1.91,2.1788977923318931,1.8754382017051274,1.9052611491761893,1.9397072011380023]
["CAP MODIFICADO POR POLÍMERO 60-85-E","2017-09-01","***",2.0217268590810189,2.0131467477320442,1.8755009007866321,1.9285591899527263,1.9174436754930808]
["CAP MODIFICADO POR POLÍMERO 60-85-E","2017-10-01","***",2.2352117935464255,1.891909051730414,1.8750814823408124,1.9318636366355004,1.9084070930867227]
["CAP MODIFICADO POR POLÍMERO 60-85-E","2017-11-01","***",2.4664525888713364,2.1127029484724784,2.1018467397968306,2.0434117083884029,2.1152514607173116]
["CAP MODIFICADO POR POLÍMERO 60-85-E","2017-12-01","***",2.4664695231527496,2.02556639798558,2.1073903698669652,2.01629795028557,2.0984402713134291]
["CAP MODIFICADO POR POLÍMERO 60-85-E","2018-01-01","***",2.5469949475947322,2.4384371426566647,2.2358614527312675,2.2171168014774421,2.2629054895005178]
["CAP MODIFICADO POR POLÍMERO 60-85-E","2018-02-01","***",2.5612947680566411,2.2360692367149761,2.2315746289109679,2.1762960905145343,2.2149567719182968]
["CAP MODIFICADO POR POLÍMERO 60-85-E","2018-03-01","***","***",2.2646003229208609,2.2070469391799641,2.1264791384299855,2.1795876274408039]
["CAP MODIFICADO POR POLÍMERO 60-85-E","2018-04-01","***","***",2.2530100000000002,2.2375301506500862,2.1921167528385155,2.2244667319431342]
["CAP MODIFICADO POR POLÍMERO 60-85-E","2018-05-01","***",2.622374961131841,2.4159609188768467,2.4135010247529545,2.2548217490322249,2.376574591267993]
["CAP MODIFICADO POR POLÍMERO 60-85-E","2018-06-01","***",2.7072610102942862,2.6366735277545117,2.496114817059504,2.4197077653545853,2.4863998558944611]
["CAP MODIFICADO POR POLÍMERO 60-85-E","2018-07-01","***","***",2.9856520055014539,2.7687975713177142,2.5975237297684997,2.7183820918840818]
["CAP MODIFICADO POR POLÍMERO 60-85-E","2018-08-01","***",2.9785798440467288,3.43775198740865,2.809949831486322,2.8377436180356383,2.8595321784884824]
["CAP MODIFICADO POR POLÍMERO 60-85-E","2018-09-01","***",3.0288317837351397,3.1526582663304739,2.82299012679302,2.8319182067122717,2.8661217153191361]
["CAP MODIFICADO POR POLÍMERO 60-85-E","2018-10-01","***",2.9754735957686638,2.6978103392262791,2.8399603171882393,2.9087584341858652,2.8305252775557017]
["CAP MODIFICADO POR POLÍMERO 60-85-E","2018-11-01","***",3.4960399999999998,3.5065628178686712,3.2479593373890165,3.2154082821383607,3.2653535150540405]
["CAP MODIFICADO POR POLÍMERO 60-85-E","2018-12-01","***",3.4762639486091467,"***",3.062417022364742,3.2761020718399232,3.1850009025328765]
["CAP MODIFICADO POR POLÍMERO 60-85-E","2019-01-01","***","***",3.2984900000000001,3.1537928781818518,3.3104892304997509,3.2090943070935318]
["CAP MODIFICADO POR POLÍMERO 60-85-E","2019-02-01","***",3.8243,3.4370900000000004,3.2445725177690448,3.5067303436481461,3.3928274589658396]
["CAP MODIFICADO POR POLÍMERO 60-85-E","2019-03-01","***","***",3.4388100000000001,3.5817124289494147,3.4957396295506467,3.5314146829726725]
["CAP MODIFICADO POR POLÍMERO 60-85-E","2019-04-01","***","***",3.6030053906659671,3.6230722179114188,3.4086359567258615,3.5013793146388652]
["CAP MODIFICADO POR POLÍMERO 60-85-E","2019-05-01","***",2.92,3.4084485162137197,3.377171021636646,3.3369712096327668,3.3513016514541265]
["CAP MODIFICADO POR POLÍMERO 60-85-E","2019-06-01","***",2.83,3.4956463967390063,3.2959067433493567,3.3172709117229702,3.3198427580823728]
["CAP MODIFICADO POR POLÍMERO 60-85-E","2019-07-01","***",2.8806142784351469,3.3714609849303385,3.2505922060170143,3.2993135893047212,3.2750501233058933]
["CAP MODIFICADO POR POLÍMERO 60-85-E","2019-08-01","***",2.8901662890490902,3.5204971826625391,3.0400072618417791,3.0217354800796339,3.0431984971675203]
["CAP MODIFICADO POR POLÍMERO 60-85-E","2019-09-01","***",2.9309301776830137,3.3454565078242231,3.0924620231875752,2.9448002346399327,3.01290073172698]
["CAP MODIFICADO POR POLÍMERO 60-85-E","2019-10-01",5.1157286819825902,2.9521600000000001,3.4835160416586897,3.206771190528023,3.0223676088136973,3.1716192744850025]
["CAP MODIFICADO POR POLÍMERO 60-85-E","2019-11-01",5.0523374241735768,3.0047600000000001,3.2270415866150284,3.1396244421580617,3.0644136004264615,3.1922322316490379]
["CAP MODIFICADO POR POLÍMERO 60-85-E","2019-12-01",2.965626657762801,2.9665591317516409,3.3373148398801975,3.1291821337456192,3.1005852468144881,3.1189710140570588]
["CAP MODIFICADO POR POLÍMERO 60-85-E","2020-01-01","***","***",3.3063472398559095,3.2019147545618289,3.1704032948858543,3.1996312189612239]
["CAP MODIFICADO POR POLÍMERO 60-85-E","2020-02-01","***",3.09,3.3666734313373969,3.0284676665989543,3.0271525063124618,3.0350577961537981]
["CAP MODIFICADO POR POLÍMERO 60-85-E","2020-03-01",3.1619899999999999,"***",3.0209352421477447,3.0105097471600137,2.9941371554596361,3.0073074923039926]
["CAP MODIFICADO POR POLÍMERO 60-85-E","2020-04-01","***","***",2.8510669411839755,3.039518495705178,3.0676036161303171,3.037039259769537]
["CAP MODIFICADO POR POLÍMERO 60-85-E","2020-05-01",3.1061951230001719,"***",2.9128190626123645,2.8663722683874404,2.9475543302157359,2.8963264708594729]
["CAP MODIFICADO POR POLÍMERO 60-85-E","2020-06-01",3.3609231381455515,"***",2.9773387426176203,2.8857063178554077,3.0032841775396082,2.9328307182492757]
["CAP MODIFICADO POR POLÍMERO 60-85-E","2020-07-01","***",2.7247499999999998,3.0555668147559865,2.8374457906055532,2.9169283312164991,2.8975763172694018]
["CAP MODIFICADO POR POLÍMERO 60-85-E","2020-08-01","***",3.170399321718413,3.2092792019429885,3.00189738634832,3.0386347969171941,3.0748855623284332]
["CAP MODIFICADO POR POLÍMERO 60-85-E","2020-09-01","***",3.0878252015478878,3.2173951895787147,2.9978681642550993,3.0679912273306531,3.0699556679582574]
["CAP MODIFICADO POR POLÍMERO 60-85-E","2020-10-01","***",2.7798699999999998,3.0723038819939861,2.9720762557494225,3.0858062516787363,3.0262081688454492]
["CAP MODIFICADO POR POLÍMERO 60-85-E","2020-11-01","***",3.6761435633262258,3.2675540607214169,3.2709185181030196,3.3209484562158647,3.2906019565770781]
["CAP MODIFICADO POR POLÍMERO 60-85-E","2020-12-01","***",3.3960676198581559,3.3094809852023901,3.2038027019816311,3.3832263442815589,3.2786426451297301]
["CAP MODIFICADO POR POLÍMERO 60-85-E","2021-01-01","***",3.1765817139056587,3.5869801314781111,3.2539475720154503,3.3493346395686547,3.3107804170987825]
["CAP MODIFICADO POR POLÍMERO 60-85-E","2021-02-01","***",3.3177748383812675,3.7700710862629707,3.6072248569476661,3.5450143794151137,3.5782812268698088]
["CAP MODIFICADO POR POLÍMERO 60-85-E","2021-03-01","***",3.3587524163478961,3.2735467324069929,3.3592829129245536,3.5150851308302506,3.4129956475156265]
["CAP MODIFICADO POR POLÍMERO 60-85-E","2021-04-01",3.3293900000000001,3.32864,3.5622006001837789,3.3889220969885301,3.4756062618434518,3.4253847898296597]
["CAP MODIFICADO POR POLÍMERO 60-85-E","2021-05-01","***",3.4723597061136231,3.951514582246062,4.1615768297891504,4.0945094179250949,4.1001975649679476]
["CAP MODIFICADO POR POLÍMERO 60-85-E","2021-06-01","***",3.4819801872634413,4.1761560435245713,4.0819960696899722,4.1384935339785818,4.0548836579046528]
["CAP MODIFICADO POR POLÍMERO 60-85-E","2021-07-01","***",3.66656,4.9451973785201231,4.1727019915174957,4.0925884863852611,4.1961472804704778]
["CAP MODIFICADO POR POLÍMERO 60-85-E","2021-08-01","***",3.8082009178861291,5.2457261351803259,4.2554847281975539,4.1890839170485554,4.3244093917070732]
["CAP MODIFICADO POR POLÍMERO 60-85-E","2021-09-01","***",4.2890516608806868,5.2728018155608707,4.4650783396120275,4.3244818831483283,4.5248491020228867]
["CAP MODIFICADO POR POLÍMERO 60-85-E","2021-10-01","***",4.4406806812988577,4.8686489590394659,4.3797938883091767,4.3980637334059782,4.4496488853661038]
["CAP MODIFICADO POR POLÍMERO 60-85-E","2021-11-01","***",4.7070784469299252,5.2863263310791879,4.8440122851480805,4.8874882767850867,4.8869115639582104]
["CAP MODIFICADO POR POLÍMERO 60-85-E","2021-12-01","***",4.9547295907037698,5.207090158478012,4.8709201439275471,4.9947107493078446,4.9446146715279058]
["CAP MODIFICADO POR POLÍMERO 60-85-E","2022-01-01","***",4.8081102817246446,5.263903037186985,4.8784563436162349,5.0011090853498619,4.9186688574536603]
["CAP MODIFICADO POR POLÍMERO 60-85-E","2022-02-01","***",4.6529460332347208,5.5706980889483368,5.2045127435568288,5.3145722799009532,5.2228361292457102]
["CAP MODIFICADO POR POLÍMERO 60-85-E","2022-03-01","***",5.1594966866030587,5.0533934926902777,5.2173932049172516,5.3696156039234522,5.2385502663564143]
["CAP MODIFICADO POR POLÍMERO 60-85-E","2022-04-01","***",5.6225452787161263,5.6189118914318765,5.6965027771382752,5.2529354414335607,5.5624927079338056]
["CAP MODIFICADO POR POLÍMERO 60-85-E","2022-05-01","***",5.4080399697942481,5.616015125022833,5.6295370477716355,5.1251907984151801,5.4850449368408984]
["CAP MODIFICADO POR POLÍMERO 60-85-E","2022-06-01","***",5.31968714777976,5.6202348137024272,5.5215625229633289,5.0901059604266914,5.4182352462024834]
["CAP MODIFICADO POR POLÍMERO 60-85-E","2022-07-01","***",6.2405948121716293,5.7030823082137161,5.4933790996513645,5.2367948669495048,5.516680442555379]
["CAP MODIFICADO POR POLÍMERO 60-85-E","2022-08-01","***",5.6840757477419963,5.5853204934837475,5.3671212798247572,5.0136921654253692,5.4048444688737609]
["CAP MODIFICADO POR POLÍMERO 60-85-E","2022-09-01","***",5.4107226757301428,5.6591606222236299,5.1154518178758019,4.8087474057713679,5.1821317068372377]
["CAP MODIFICADO POR POLÍMERO 60-85-E","2022-10-01","***",5.0463689566594345,4.9083578473148375,4.7323336533961919,4.7512057378117376,4.7876477022245663]
["CAP MODIFICADO POR POLÍMERO 60-85-E","2022-11-01","***",5.0302210372112404,5.2320166409668678,4.6709251248786794,4.8135614945633449,4.8309031608133681]
["CAP MODIFICADO POR POLÍMERO 60-85-E","2022-12-01",4.9544996900861813,4.8125502509463649,6.0846393551166678,4.5058442660736411,4.7857041007691565,4.8264877020591772]
["CAP MODIFICADO POR POLÍMERO 60-85-E","2023-01-01","***",4.6664699920175066,5.5406798954535699,4.2945819754937515,4.3895263686975712,4.457778879279255]
["CAP MODIFICADO POR POLÍMERO 60-85-E","2023-02-01","***",4.8532126494431331,4.6698196309429045,4.3089346541180218,4.2217851675698155,4.3542531174748262]
["CAP MODIFICADO POR POLÍMERO 60-85-E","2023-03-01","***",5.4251470718902297,4.5502484265662364,4.2404564852797462,3.9898959894292529,4.2200551288305288]
["CAP MODIFICADO POR POLÍMERO 60-85-E","2023-04-01","***",4.7343999999999999,4.4903104310819772,4.3576109414762909,3.9008723072062788,4.2468802270024053]
["CAP MODIFICADO POR POLÍMERO 60-85-E","2023-05-01",4.8071173706914436,4.4499156833411257,5.1892829601018571,4.3340402856941047,3.8808492004096382,4.4982969039745679]
["CAP MODIFICADO POR POLÍMERO 60-85-E","2023-06-01",4.5875339404331283,4.2594599999999998,5.0941207108213211,4.2321367243352821,3.7454432539704481,4.467448155355906]
["CAP MODIFICADO POR POLÍMERO 60-85-E","2023-07-01",4.9155000593869129,4.6069399999999998,4.7788868436144814,4.0358222697719448,3.8635791505247896,4.2500323193857277]
["CAP MODIFICADO POR POLÍMERO 60-85-E","2023-08-01",4.8567413386693925,4.5233640866873071,4.8370653203146645,3.9270428133854547,3.8512205596235023,4.1282207656952234]
["CAP MODIFICADO POR POLÍMERO 60-85-E","2023-09-01",5.2653698451668625,5.4742080552531815,5.0956811103429098,4.2266871111981317,4.0660762119502349,4.4371641276556941]
["CAP MODIFICADO POR POLÍMERO 60-85-E","2023-10-01",4.6318293428285848,5.4991882177865481,4.8108385949335721,4.2603693182895697,4.0577638119459492,4.3307554912630977]
["CAP MODIFICADO POR POLÍMERO 60-85-E","2023-11-01",5.4463691295237524,5.4714668889480693,4.8121900238038009,4.2776023347352421,4.093510048579752,4.4168869548813694]
["CAP MODIFICADO POR POLÍMERO 60-85-E","2023-12-01",4.4843992221686326,4.4213135598628064,4.9458389147661226,4.2689462929526361,4.1003398215581432,4.4064960023666933]
["CAP MODIFICADO POR POLÍMERO 60-85-E","2024-01-01",6.2244866998892574,4.4738381798792943,4.4703800772114706,4.0466676090101181,3.9266583311041656,4.115369865251453]
["CAP MODIFICADO POR POLÍMERO 60-85-E","2024-02-01",5.7221560032760035,4.3346805398322843,4.5158752451611051,3.9532962753787415,3.8999850616668512,4.1035095870814047]
["CAP MODIFICADO POR POLÍMERO 60-85-E","2024-03-01",5.5171348391728889,5.1750449868828303,4.3499348639362516,3.949756251912393,3.9906340611067765,4.0988088316147779]
["CAP MODIFICADO POR POLÍMERO 60-85-E","2024-04-01",5.0408098792799159,4.0067155660486335,4.5592780870397647,3.8997535663954639,4.0383749114960716,4.1189074066869029]
["CAP MODIFICADO POR POLÍMERO 60-85-E","2024-05-01",4.6991132329460124,4.018563660933661,4.95408936304554,4.0806585433115279,4.1572405351145898,4.3901808754993885]
["CAP MODIFICADO POR POLÍMERO 60-85-E","2024-06-01",5.1478470955710947,4.3577541368544299,5.0182129283199979,3.9916539087046963,4.0934421799016674,4.3458290556401185]
["CAP MODIFICADO POR POLÍMERO 60-85-E","2024-07-01",5.0145929273707592,4.7001540890296472,4.9695787073992737,4.128487906177706,4.1464196187752043,4.4172912073228883]
["CAP MODIFICADO POR POLÍMERO 60-85-E","2024-08-01",5.2362307827044337,4.912261867999888,5.405018578852701,4.3820982220463707,4.3572805363727776,4.7807443369157987]
["CAP MODIFICADO POR POLÍMERO 60-85-E","2024-09-01",5.2087515610613551,5.2239424735139623,5.4903484603308215,4.47891695827549,4.5219264147721612,4.9062117011258808]
["CAP MODIFICADO POR POLÍMERO 60-85-E","2024-10-01",5.2071382598225044,5.2863682407281365,5.3775678596748868,4.4788374178605208,4.5308661285254708,4.7935903507168547]
["CAP MODIFICADO POR POLÍMERO 60-85-E","2024-11-01",5.5894360979625448,5.3356352673960137,5.3691277344147172,4.3788650473128747,4.5185405288321654,4.659099864445543]
["CAP MODIFICADO POR POLÍMERO 60-85-E","2024-12-01","***",5.0451606579056465,5.3597086013891806,4.5469955774594384,4.636635116366894,4.75057790104883]
["CAP MODIFICADO POR POLÍMERO 60-85-E","2025-01-01",4.9397000000000002,4.8095757993240387,6.0556157601783838,4.4793643648806123,4.6255127234865814,4.7996028368859518]
["CAP MODIFICADO POR POLÍMERO 60-85-E","2025-02-01",4.9397000000000002,4.8917858683427058,5.9909543634894336,4.7298357793380861,4.7163962072153858,4.881808380784963]
["CAP MODIFICADO POR POLÍMERO 60-85-E","2025-03-01",4.8389376234979977,4.9359107762163266,5.9904058026371132,4.6043228124651394,4.7765072979840602,4.8705992864427321]
["CAP MODIFICADO POR POLÍMERO 60-85-E","2025-04-01",5.4450095741204665,5.3579886977130142,5.5603175211173204,4.5454155046323441,4.8294712075923352,4.9143369962003671]
["CAP MODIFICADO POR POLÍMERO 60-85-E","2025-05-01",4.9397000000000002,4.7240799999999998,5.7844601751751989,4.5325022770920622,4.7631355872178869,4.9153923096272223]
["CAP MODIFICADO POR POLÍMERO 60-85-E","2025-06-01",4.9397000000000011,4.9068934786433811,5.3941212558018945,4.4238839520644415,4.6308315729317959,4.753008384562178]
["CAP MODIFICADO POR POLÍMERO 60-85-E","2025-07-01",5.0752659869958787,4.4853499083507131,5.3310407494335692,4.4277352588742653,4.7929495530077144,4.8285762678678754]
["CAP MODIFICADO POR POLÍMERO 65-90-E","2015-09-01","***","***","***","***","***","***"]
["CAP MODIFICADO POR POLÍMERO 65-90-E","2015-10-01","***","***",1.82155,1.55888,1.9466000000000006,1.8700576252014653]
["CAP MODIFICADO POR POLÍMERO 65-90-E","2015-11-01","***",2.2246999999999999,"***",1.6900387529331682,2.1355163762967173,1.8745215560674739]
["CAP MODIFICADO POR POLÍMERO 65-90-E","2015-12-01","***","***","***",1.6944837612034505,2.0958999999999999,1.7132192564735143]
["CAP MODIFICADO POR POLÍMERO 65-90-E","2016-01-01","***",2.3607,"***",2.3210858352035912,"***",2.3257292713892932]
["CAP MODIFICADO POR POLÍMERO 65-90-E","2016-02-01","***",2.1938,"***",2.6292200000000001,2.147089423250768,2.2915581827531897]
["CAP MODIFICADO POR POLÍMERO 65-90-E","2016-03-01","***","***","***",1.9236413262447016,2.0958999999999999,1.9549353060144634]
["CAP MODIFICADO POR POLÍMERO 65-90-E","2016-04-01","***","***","***","***",2.4382090139674095,2.4382090139674095]
["CAP MODIFICADO POR POLÍMERO 65-90-E","2016-05-01","***","***","***",2.402661729172308,2.3422453871268654,2.3804700832333965]
["CAP MODIFICADO POR POLÍMERO 65-90-E","2016-06-01","***","***",2.2805200000000001,2.3779867618353645,2.259952711098804,2.3298746277932452]
["CAP MODIFICADO POR POLÍMERO 65-90-E","2016-07-01","***","***",2.2805200000000005,2.4198648504295619,2.2951986514946734,2.305933765726762]
["CAP MODIFICADO POR POLÍMERO 65-90-E","2016-08-01","***","***",2.2805200000000001,"***",2.3170317647800815,2.3161374191712545]
["CAP MODIFICADO POR POLÍMERO 65-90-E","2016-09-01","***","***",2.4327000000000001,2.205226025983487,2.0611791716447203,2.0837038112357851]
["CAP MODIFICADO POR POLÍMERO 65-90-E","2016-10-01","***","***",2.0818814169180913,1.9147860468027738,2.0459658783141004,2.022578093312462]
["CAP MODIFICADO POR POLÍMERO 65-90-E","2016-11-01","***","***","***",1.8286732818046729,2.00898474976362,1.9656936288136686]
["CAP MODIFICADO POR POLÍMERO 65-90-E","2016-12-01","***","***","***","***",1.8970115133214926,1.8970115133214926]
["CAP MODIFICADO POR POLÍMERO 65-90-E","2017-01-01","***","***","***","***",1.6231242228140972,1.6231242228140972]
["CAP MODIFICADO POR POLÍMERO 65-90-E","2017-02-01","***","***","***","***",1.6082047035338094,1.6082047035338094]
["CAP MODIFICADO POR POLÍMERO 65-90-E","2017-03-01","***","***","***","***",1.8309915040905302,1.8309915040905302]
["CAP MODIFICADO POR POLÍMERO 65-90-E","2017-04-01","***","***","***",2.0295278334946754,1.6899640591953449,1.7218521845454544]
["CAP MODIFICADO POR POLÍMERO 65-90-E","2017-05-01","***","***",1.8264199999999999,1.7751000000000001,1.8513767789683373,1.8503847129306914]
["CAP MODIFICADO POR POLÍMERO 65-90-E","2017-06-01","***","***",2.4799599999999997,2.015040598981451,1.968933762774655,2.0388803095770105]
["CAP MODIFICADO POR POLÍMERO 65-90-E","2017-07-01","***","***",2.2144497198965505,2.0035197764647736,1.9569000000000001,2.0276646547043691]
["CAP MODIFICADO POR POLÍMERO 65-90-E","2017-08-01","***","***",2.4127136041963011,1.9714313192037571,1.9569000000000003,2.0358817299221195]
["CAP MODIFICADO POR POLÍMERO 65-90-E","2017-09-01","***","***",2.5316578291530352,1.9940098016500516,1.9637643858267717,2.0464291416254694]
["CAP MODIFICADO POR POLÍMERO 65-90-E","2017-10-01","***","***",2.6283834077047179,2.0189193823209757,1.8366357756450595,2.1481928647824584]
["CAP MODIFICADO POR POLÍMERO 65-90-E","2017-11-01","***","***",2.5686692817792287,2.3690511495967885,2.0631097147844022,2.3169807051615914]
["CAP MODIFICADO POR POLÍMERO 65-90-E","2017-12-01","***",2.3750300000000002,2.6435635641620561,2.2241003413061611,2.1192000000000002,2.2447565981216897]
["CAP MODIFICADO POR POLÍMERO 65-90-E","2018-01-01","***",2.5321109700427957,2.4082699999999999,2.4470716776737502,"***",2.4583590677371583]
["CAP MODIFICADO POR POLÍMERO 65-90-E","2018-02-01","***",2.5274399999999999,"***","***",2.2187999999999999,2.2746262213934565]
["CAP MODIFICADO POR POLÍMERO 65-90-E","2018-03-01","***",2.5274399999999999,2.4082699999999999,"***",1.9971401162790696,2.18330072450805]
["CAP MODIFICADO POR POLÍMERO 65-90-E","2018-04-01","***",2.47174,2.3693599999999999,"***",2.0878999999999999,2.3156321348088529]
["CAP MODIFICADO POR POLÍMERO 65-90-E","2018-05-01","***",2.5092293363064009,"***",2.1265399999999999,2.2503894560482522,2.3127857875017348]
["CAP MODIFICADO POR POLÍMERO 65-90-E","2018-06-01","***",2.7120466145530147,2.804630200991908,2.2560121989528796,2.3363465419640663,2.4952213362794251]
["CAP MODIFICADO POR POLÍMERO 65-90-E","2018-07-01","***",2.8704700000000001,2.6909841569695852,2.6551053603254551,2.5738427095114536,2.6609078039826866]
["CAP MODIFICADO POR POLÍMERO 65-90-E","2018-08-01","***","***",2.8451041635072127,2.75008803119922,2.6785999999999999,2.781924202006909]
["CAP MODIFICADO POR POLÍMERO 65-90-E","2018-09-01","***","***",2.9582600000000006,2.588227299597738,2.6945213240049388,2.7194762340700018]
["CAP MODIFICADO POR POLÍMERO 65-90-E","2018-10-01","***","***",2.4863799999999996,2.5823507044906124,2.6855796653055344,2.6461121291098029]
["CAP MODIFICADO POR POLÍMERO 65-90-E","2018-11-01","***","***",3.3710300000000006,2.8811166935830084,2.9951060950447288,3.0007603004907102]
["CAP MODIFICADO POR POLÍMERO 65-90-E","2018-12-01","***","***",2.8938600000000001,3.0403049509363251,2.9863900000000005,3.0072769196752205]
["CAP MODIFICADO POR POLÍMERO 65-90-E","2019-01-01","***","***",3.3668100000000001,3.0815307779421488,2.9702676983770604,3.0477507497144631]
["CAP MODIFICADO POR POLÍMERO 65-90-E","2019-02-01","***","***","***",3.2435547966434837,3.4847299999999994,3.2508481342326161]
["CAP MODIFICADO POR POLÍMERO 65-90-E","2019-03-01","***","***","***",3.2414090214182192,3.2868999999999997,3.2497490009206085]
["CAP MODIFICADO POR POLÍMERO 65-90-E","2019-04-01","***","***","***",2.9872117804528147,3.3973878130617141,3.0413097469046639]
["CAP MODIFICADO POR POLÍMERO 65-90-E","2019-05-01","***","***","***",3.5808099999999996,3.2869000000000002,3.4986915110869132]
["CAP MODIFICADO POR POLÍMERO 65-90-E","2019-06-01","***","***","***",3.4817355351778656,3.3253197185383079,3.4108612031472916]
["CAP MODIFICADO POR POLÍMERO 65-90-E","2019-07-01","***","***","***","***",3.1891014553211661,3.1891014553211661]
["CAP MODIFICADO POR POLÍMERO 65-90-E","2019-08-01","***","***","***",3.3295399999999997,3.1606349724072311,3.2140277771993753]
["CAP MODIFICADO POR POLÍMERO 65-90-E","2019-09-01","***","***","***",3.888592315021655,3.1564066872377192,3.6910969607484105]
["CAP MODIFICADO POR POLÍMERO 65-90-E","2019-10-01","***","***","***",3.7084807442794956,"***",3.7084807442794956]
["CAP MODIFICADO POR POLÍMERO 65-90-E","2019-11-01","***","***","***",3.3165905540581018,"***",3.3165905540581018]
["CAP MODIFICADO POR POLÍMERO 65-90-E","2019-12-01","***","***","***",3.4165800000000002,3.4649999999999999,3.4441823199716208]
["CAP MODIFICADO POR POLÍMERO 65-90-E","2020-01-01","***","***","***",4.0702499999999997,"***",4.0702499999999997]
["CAP MODIFICADO POR POLÍMERO 65-90-E","2020-02-01","***","***","***","***","***","***"]
["CAP MODIFICADO POR POLÍMERO 65-90-E","2020-03-01","***","***","***",3.8525,"***",3.8525]
["CAP MODIFICADO POR POLÍMERO 65-90-E","2020-04-01","***","***","***","***",3.36836,3.36836]
["CAP MODIFICADO POR POLÍMERO 65-90-E","2020-05-01","***","***","***",3.1595300000000002,"***",3.1595300000000002]
["CAP MODIFICADO POR POLÍMERO 65-90-E","2020-06-01","***","***","***",3.0287714060284778,3.37113,3.0705843576839826]
["CAP MODIFICADO POR POLÍMERO 65-90-E","2020-07-01","***","***","***",2.9180130065840295,3.0287899999999999,2.9368747793444423]
["CAP MODIFICADO POR POLÍMERO 65-90-E","2020-08-01","***","***","***",3.208295842654735,3.6035903088710644,3.3300157039112324]
["CAP MODIFICADO POR POLÍMERO 65-90-E","2020-09-01","***",3.6783999999999999,"***",2.9572263989986896,1.4694107196024295,2.0403610225135527]
["CAP MODIFICADO POR POLÍMERO 65-90-E","2020-10-01","***",3.6783999999999994,"***",3.0749146935787501,2.9420709728534367,3.0838099019199872]
["CAP MODIFICADO POR POLÍMERO 65-90-E","2020-11-01","***",3.2835800000000002,"***",3.1591974659400544,3.3077576386491563,3.2644339414203642]
["CAP MODIFICADO POR POLÍMERO 65-90-E","2020-12-01","***",3.2835800000000002,"***",3.1590910750744889,3.1259513085322599,3.143313192924579]
["CAP MODIFICADO POR POLÍMERO 65-90-E","2021-01-01","***","***","***",3.1597642449959285,"***",3.1597642449959285]
["CAP MODIFICADO POR POLÍMERO 65-90-E","2021-02-01","***","***","***",3.4199975554418294,"***",3.4199975554418294]
["CAP MODIFICADO POR POLÍMERO 65-90-E","2021-03-01","***",4.2064000000000004,"***",3.4172844618641931,3.3537699999999999,3.4731874618923908]
["CAP MODIFICADO POR POLÍMERO 65-90-E","2021-04-01","***",4.2064000000000004,"***",3.4665533082875051,3.5064737636336472,3.5308457855634057]
["CAP MODIFICADO POR POLÍMERO 65-90-E","2021-05-01","***",5.2140000000000013,"***",4.2984020585130436,"***",4.4702606866137877]
["CAP MODIFICADO POR POLÍMERO 65-90-E","2021-06-01","***",5.2140000000000004,"***",4.1506740838323353,4.3075542695722362,4.3006888290680836]
["CAP MODIFICADO POR POLÍMERO 65-90-E","2021-07-01","***",4.4874499999999999,"***",4.2880269612191668,"***",4.2966660075747019]
["CAP MODIFICADO POR POLÍMERO 65-90-E","2021-08-01","***",4.7308300000000001,"***",4.3811282133624632,"***",4.4150593323470195]
["CAP MODIFICADO POR POLÍMERO 65-90-E","2021-09-01","***",4.5063899999999997,"***",4.308474006134511,4.9359400000000004,4.3770211788829902]
["CAP MODIFICADO POR POLÍMERO 65-90-E","2021-10-01","***","***","***",4.6386075597360721,4.9359400000000004,4.6413377465354912]
["CAP MODIFICADO POR POLÍMERO 65-90-E","2021-11-01","***","***","***",4.8226272033416935,"***",4.8226272033416935]
["CAP MODIFICADO POR POLÍMERO 65-90-E","2021-12-01","***",5.5515299999999996,"***",5.0271386175302037,"***",5.059512888660656]
["CAP MODIFICADO POR POLÍMERO 65-90-E","2022-01-01","***","***","***",5.1108941647655266,"***",5.1108941647655266]
["CAP MODIFICADO POR POLÍMERO 65-90-E","2022-02-01","***","***","***",5.5500062296779547,5.9308699999999996,5.5910537270753453]
["CAP MODIFICADO POR POLÍMERO 65-90-E","2022-03-01","***","***","***",5.6423773742937176,"***",5.6423773742937176]
["CAP MODIFICADO POR POLÍMERO 65-90-E","2022-04-01","***",6.3447699999999996,"***",6.0004299999999997,"***",6.130479515392719]
["CAP MODIFICADO POR POLÍMERO 65-90-E","2022-05-01","***",6.1749715629011552,5.5873900000000001,6.1204015976447499,5.9695099999999996,6.0845880953756541]
["CAP MODIFICADO POR POLÍMERO 65-90-E","2022-06-01","***",6.1620124509051015,5.5873899999999992,5.9855100000000006,"***",5.8608465581569753]
["CAP MODIFICADO POR POLÍMERO 65-90-E","2022-07-01","***",6.1486524889339229,5.6879900000000001,"***",6.0167000000000002,6.0822876450777201]
["CAP MODIFICADO POR POLÍMERO 65-90-E","2022-08-01","***",6.222785891703924,"***","***",5.3651799999999996,5.916028966177409]
["CAP MODIFICADO POR POLÍMERO 65-90-E","2022-09-01","***",6.0123366451401941,"***","***",5.5873576965962437,5.9197384572597658]
["CAP MODIFICADO POR POLÍMERO 65-90-E","2022-10-01","***",5.5958699999999997,"***",5.1038443809952723,"***",5.1648185966227409]
["CAP MODIFICADO POR POLÍMERO 65-90-E","2022-11-01","***",5.1053298461275425,"***",5.1578417588693393,"***",5.1502615575409072]
["CAP MODIFICADO POR POLÍMERO 65-90-E","2022-12-01","***",5.0620806692039322,"***",4.674058051128295,4.718143455292819,4.7266232003043154]
["CAP MODIFICADO POR POLÍMERO 65-90-E","2023-01-01","***",5.1244668730650158,"***",4.7105463185544707,"***",4.7827723154609147]
["CAP MODIFICADO POR POLÍMERO 65-90-E","2023-02-01","***",5.06386,"***",4.6839759250160853,4.7410399999999999,4.7643442608050046]
["CAP MODIFICADO POR POLÍMERO 65-90-E","2023-03-01","***",5.2004900000000003,"***",4.4260811354563998,4.4109499999999997,4.4844846928400317]
["CAP MODIFICADO POR POLÍMERO 65-90-E","2023-04-01","***",5.1834199999999999,3.5742599999999998,4.5764145271532763,"***",4.4274986396685172]
["CAP MODIFICADO POR POLÍMERO 65-90-E","2023-05-01","***","***",3.7837899999999998,4.5813380217112494,4.445834055532961,4.3592429575071128]
["CAP MODIFICADO POR POLÍMERO 65-90-E","2023-06-01","***","***","***",4.5228506090875857,4.3864967676078237,4.4753020709334645]
["CAP MODIFICADO POR POLÍMERO 65-90-E","2023-07-01","***","***","***",4.5322064288618806,4.4828542581681843,4.5197554302219514]
["CAP MODIFICADO POR POLÍMERO 65-90-E","2023-08-01","***","***","***",4.4510855095769015,4.4114800000000001,4.4442182459975186]
["CAP MODIFICADO POR POLÍMERO 65-90-E","2023-09-01","***","***","***",4.6859799999999998,4.4675789908814583,4.5637877477722606]
["CAP MODIFICADO POR POLÍMERO 65-90-E","2023-10-01","***","***","***",4.3485184566077422,4.7706299999999997,4.442149215541094]
["CAP MODIFICADO POR POLÍMERO 65-90-E","2023-11-01","***","***",4.0297499999999999,4.5253631621981363,4.4809678130959947,4.4404785105080604]
["CAP MODIFICADO POR POLÍMERO 65-90-E","2023-12-01","***","***",4.2520057773771969,4.4080255751668416,4.264759999999999,4.3178400548874283]
["CAP MODIFICADO POR POLÍMERO 65-90-E","2024-01-01","***","***",4.5437700000000003,4.3405943526532935,4.16282,4.3294500647148748]
["CAP MODIFICADO POR POLÍMERO 65-90-E","2024-02-01","***","***","***",4.5087866563649497,"***",4.5087866563649497]
["CAP MODIFICADO POR POLÍMERO 65-90-E","2024-03-01","***","***","***",4.70203001532016,4.26701,4.6806090894903472]
["CAP MODIFICADO POR POLÍMERO 65-90-E","2024-04-01","***","***",3.7585899999999999,4.2893563646037043,4.3119300000000003,4.2498905914294332]
["CAP MODIFICADO POR POLÍMERO 65-90-E","2024-05-01","***","***",3.8791099999999998,4.3543272290021537,4.2877217505683669,4.1413615850929766]
["CAP MODIFICADO POR POLÍMERO 65-90-E","2024-06-01","***",5.9355599999999997,3.8640400000000001,4.4499115408230994,"***",4.4808787273163704]
["CAP MODIFICADO POR POLÍMERO 65-90-E","2024-07-01","***",5.3412034405032331,"***",4.3666013227856917,4.5531199999999998,4.5691904396577163]
["CAP MODIFICADO POR POLÍMERO 65-90-E","2024-08-01","***",4.9985799999999996,"***",4.469815535625477,4.7457102251321714,4.7160559454006323]
["CAP MODIFICADO POR POLÍMERO 65-90-E","2024-09-01","***",5.4448199999999991,"***",4.417127007010647,4.7878770728819626,4.6230440841577041]
["CAP MODIFICADO POR POLÍMERO 65-90-E","2024-10-01","***",5.3850156349260914,"***",4.7540733060513585,4.7195916947363541,4.7753755069686097]
["CAP MODIFICADO POR POLÍMERO 65-90-E","2024-11-01",5.1087699999999998,5.3698375177550659,"***",4.9186789551282057,"***",4.9948933643646569]
["CAP MODIFICADO POR POLÍMERO 65-90-E","2024-12-01","***","***","***",4.692282361994045,5.4578800000000012,4.7355840808153662]
["CAP MODIFICADO POR POLÍMERO 65-90-E","2025-01-01",5.1087699999999998,"***","***",5.3904360983145905,4.7980400000000003,5.3662828488487788]
["CAP MODIFICADO POR POLÍMERO 65-90-E","2025-02-01","***","***","***",5.7140852608685817,4.9833464345982614,5.5600230690015806]
["CAP MODIFICADO POR POLÍMERO 65-90-E","2025-03-01","***","***","***",5.6296929568091647,4.9690200000000004,5.6165833259493896]
["CAP MODIFICADO POR POLÍMERO 65-90-E","2025-04-01","***","***","***",5.583983208789058,5.4066999999999998,5.5818426196260438]
["CAP MODIFICADO POR POLÍMERO 65-90-E","2025-05-01","***","***","***",4.7336299999999998,"***",4.7336299999999998]
["CAP MODIFICADO POR POLÍMERO 65-90-E","2025-06-01",5.0720200000000002,"***","***","***","***",5.0720200000000002]
["CAP MODIFICADO POR POLÍMERO 65-90-E","2025-07-01",5.1270100000000003,"***","***",4.3756000000000004,4.9637500000000001,4.6242070263326918]
["CIMENTO ASFÁLTICO MODIFICADO POR POLÍMERO SBS 50-65","2009-12-01","***","***","***",1.5853699999999999,1.4175780343331446,1.4290957037247272]
["CIMENTO ASFÁLTICO MODIFICADO POR POLÍMERO SBS 50-65","2010-01-01","***","***","***","***",1.5227148666013648,1.5227148666013648]
["CIMENTO ASFÁLTICO MODIFICADO POR POLÍMERO SBS 50-65","2010-02-01","***","***","***","***",1.7089338120646214,1.7089338120646214]
["CIMENTO ASFÁLTICO MODIFICADO POR POLÍMERO SBS 50-65","2010-03-01","***","***",1.6739700000000002,"***",1.6360141964296577,1.6371726087725917]
["CIMENTO ASFÁLTICO MODIFICADO POR POLÍMERO SBS 50-65","2010-04-01","***","***",1.6727100013090854,"***",1.6092808441206579,1.6268555694871045]
["CIMENTO ASFÁLTICO MODIFICADO POR POLÍMERO SBS 50-65","2010-05-01","***","***",1.6741145680141454,1.7066100000000002,1.7158413319527466,1.7044144952166924]
["CIMENTO ASFÁLTICO MODIFICADO POR POLÍMERO SBS 50-65","2010-06-01","***","***","***",1.1916100000000001,1.5606875369553845,1.5222050036817372]
["CIMENTO ASFÁLTICO MODIFICADO POR POLÍMERO SBS 50-65","2010-07-01","***","***","***",1.1916100000000001,1.5982250446396034,1.5081673507049846]
["CIMENTO ASFÁLTICO MODIFICADO POR POLÍMERO SBS 50-65","2010-08-01","***","***","***",1.441050366177923,1.6364339523011098,1.5933854435437302]
["CIMENTO ASFÁLTICO MODIFICADO POR POLÍMERO SBS 50-65","2010-09-01","***","***","***",1.78783,1.539526029682075,1.5814451070872826]
["CIMENTO ASFÁLTICO MODIFICADO POR POLÍMERO SBS 50-65","2010-10-01","***","***","***",1.78783,1.4255098064800529,1.4532206071297715]
["CIMENTO ASFÁLTICO MODIFICADO POR POLÍMERO SBS 50-65","2010-11-01","***","***","***",1.1916100000000001,1.2947742270659188,1.2726645440186215]
["CIMENTO ASFÁLTICO MODIFICADO POR POLÍMERO SBS 50-65","2010-12-01","***","***","***","***","***","***"]
["CIMENTO ASFÁLTICO MODIFICADO POR POLÍMERO SBS 50-65","2011-01-01","***","***","***","***",1.2947756914893618,1.2947756914893618]
["CIMENTO ASFÁLTICO MODIFICADO POR POLÍMERO SBS 50-65","2011-02-01","***","***","***","***","***","***"]
["CIMENTO ASFÁLTICO MODIFICADO POR POLÍMERO SBS 50-65","2011-03-01","***","***","***","***","***","***"]
["CIMENTO ASFÁLTICO MODIFICADO POR POLÍMERO SBS 50-65","2011-04-01","***","***","***",1.2591949999999998,"***",1.2591949999999998]
["CIMENTO ASFÁLTICO MODIFICADO POR POLÍMERO SBS 50-65","2011-05-01","***","***",1.6439900000000001,1.1741618769349846,"***",1.324674936875329]
["CIMENTO ASFÁLTICO MODIFICADO POR POLÍMERO SBS 50-65","2011-06-01","***","***",1.6383241197205665,1.1746700000000001,"***",1.6014024503037811]
["CIMENTO ASFÁLTICO MODIFICADO POR POLÍMERO SBS 50-65","2011-07-01","***","***",1.4925409986848124,1.1730400000000001,"***",1.4723694653523691]
["CIMENTO ASFÁLTICO MODIFICADO POR POLÍMERO SBS 50-65","2011-08-01","***","***",1.3751659402633132,1.172925001042318,"***",1.3604365728383818]
["CIMENTO ASFÁLTICO MODIFICADO POR POLÍMERO SBS 50-65","2011-09-01","***","***",1.3750899999999999,1.1730031992486072,1.5575300000000001,1.3311407755452558]
["CIMENTO ASFÁLTICO MODIFICADO POR POLÍMERO SBS 50-65","2011-10-01","***","***","***",1.1704656716417912,"***",1.1704656716417912]
["CIMENTO ASFÁLTICO MODIFICADO POR POLÍMERO SBS 50-65","2011-11-01","***","***","***","***","***","***"]
["CIMENTO ASFÁLTICO MODIFICADO POR POLÍMERO SBS 50-65","2011-12-01","***","***","***",1.10371,"***",1.10371]
["CIMENTO ASFÁLTICO MODIFICADO POR POLÍMERO SBS 50-65","2012-01-01","***","***","***",1.1037133183023873,"***",1.1037133183023873]
["CIMENTO ASFÁLTICO MODIFICADO POR POLÍMERO SBS 50-65","2012-02-01","***","***","***",1.1037117226670166,"***",1.1037117226670166]
["CIMENTO ASFÁLTICO MODIFICADO POR POLÍMERO SBS 50-65","2012-03-01","***","***","***",1.1037119648497611,"***",1.1037119648497611]
["CIMENTO ASFÁLTICO MODIFICADO POR POLÍMERO SBS 50-65","2012-04-01","***","***","***",1.1037167049543315,"***",1.1037167049543315]
["CIMENTO ASFÁLTICO MODIFICADO POR POLÍMERO SBS 50-65","2012-05-01","***","***",1.56877,1.1252123441037252,"***",1.3474921098562627]
["CIMENTO ASFÁLTICO MODIFICADO POR POLÍMERO SBS 50-65","2012-06-01","***","***",1.56877,1.14682,"***",1.4321106049250534]
["CIMENTO ASFÁLTICO MODIFICADO POR POLÍMERO SBS 50-65","2012-07-01","***","***",1.5687700000000002,1.17455,1.36588,1.372143195945946]
["CIMENTO ASFÁLTICO MODIFICADO POR POLÍMERO SBS 50-65","2012-08-01","***","***",1.56877,1.17455,"***",1.4298126588968694]
["CIMENTO ASFÁLTICO MODIFICADO POR POLÍMERO SBS 50-65","2012-09-01","***","***",1.6187100000000001,"***","***",1.6187100000000001]
["CIMENTO ASFÁLTICO MODIFICADO POR POLÍMERO SBS 50-65","2012-10-01","***","***",1.6387456123380177,"***","***",1.6387456123380177]
["CIMENTO ASFÁLTICO MODIFICADO POR POLÍMERO SBS 50-65","2012-11-01","***","***","***","***","***","***"]
["CIMENTO ASFÁLTICO MODIFICADO POR POLÍMERO SBS 50-65","2012-12-01","***","***","***","***","***","***"]
["CIMENTO ASFÁLTICO MODIFICADO POR POLÍMERO SBS 50-65","2013-01-01","***","***","***","***","***","***"]
["CIMENTO ASFÁLTICO MODIFICADO POR POLÍMERO SBS 50-65","2013-02-01","***","***","***","***","***","***"]
["CIMENTO ASFÁLTICO MODIFICADO POR POLÍMERO SBS 50-65","2013-03-01","***","***","***","***","***","***"]
["CIMENTO ASFÁLTICO MODIFICADO POR POLÍMERO SBS 50-65","2013-04-01","***","***","***",1.3120000000000001,"***",1.3120000000000001]
["CIMENTO ASFÁLTICO MODIFICADO POR POLÍMERO SBS 50-65","2013-05-01","***","***","***",1.3120000000000001,1.3225199999999997,1.3135352611479936]
["CIMENTO ASFÁLTICO MODIFICADO POR POLÍMERO SBS 50-65","2013-06-01","***","***","***",1.3120000000000001,"***",1.3120000000000001]
["CIMENTO ASFÁLTICO MODIFICADO POR POLÍMERO SBS 50-65","2013-07-01","***","***","***",1.3120000000000001,"***",1.3120000000000001]
["CIMENTO ASFÁLTICO MODIFICADO POR POLÍMERO SBS 50-65","2013-08-01","***","***","***","***",1.569720259481038,1.569720259481038]
["CIMENTO ASFÁLTICO MODIFICADO POR POLÍMERO SBS 50-65","2013-09-01","***","***","***",1.3119999999999998,"***",1.3119999999999998]
["CIMENTO ASFÁLTICO MODIFICADO POR POLÍMERO SBS 50-65","2013-10-01","***","***","***","***",1.3614900000000001,1.3614900000000001]
["CIMENTO ASFÁLTICO MODIFICADO POR POLÍMERO SBS 50-65","2013-11-01","***","***","***",1.4475107365538549,"***",1.4475107365538549]
["CIMENTO ASFÁLTICO MODIFICADO POR POLÍMERO SBS 50-65","2013-12-01","***","***","***","***","***","***"]
["CIMENTO ASFÁLTICO MODIFICADO POR POLÍMERO SBS 50-65","2014-01-01","***","***","***",1.4235117923823748,"***",1.4235117923823748]
["CIMENTO ASFÁLTICO MODIFICADO POR POLÍMERO SBS 50-65","2014-02-01","***","***","***","***","***","***"]
["CIMENTO ASFÁLTICO MODIFICADO POR POLÍMERO SBS 50-65","2014-03-01","***","***",1.4269732497883438,"***","***",1.4269732497883438]
["CIMENTO ASFÁLTICO MODIFICADO POR POLÍMERO SBS 50-65","2014-04-01","***","***",1.3033859071393126,"***","***",1.3033859071393126]
["CIMENTO ASFÁLTICO MODIFICADO POR POLÍMERO SBS 50-65","2014-05-01","***","***","***","***","***","***"]
["CIMENTO ASFÁLTICO MODIFICADO POR POLÍMERO SBS 50-65","2014-06-01","***","***","***","***","***","***"]
["CIMENTO ASFÁLTICO MODIFICADO POR POLÍMERO SBS 50-65","2014-07-01","***","***","***","***","***","***"]
["CIMENTO ASFÁLTICO MODIFICADO POR POLÍMERO SBS 50-65","2014-08-01","***","***","***","***","***","***"]
["CIMENTO ASFÁLTICO MODIFICADO POR POLÍMERO SBS 50-65","2014-09-01","***","***","***","***","***","***"]
["CIMENTO ASFÁLTICO MODIFICADO POR POLÍMERO SBS 50-65","2014-10-01","***","***","***","***","***","***"]
["CIMENTO ASFÁLTICO MODIFICADO POR POLÍMERO SBS 50-65","2014-11-01","***","***","***","***","***","***"]
["CIMENTO ASFÁLTICO MODIFICADO POR POLÍMERO SBS 50-65","2014-12-01","***","***","***","***","***","***"]
["CIMENTO ASFÁLTICO MODIFICADO POR POLÍMERO SBS 50-65","2015-01-01","***","***","***","***","***","***"]
["CIMENTO ASFÁLTICO MODIFICADO POR POLÍMERO SBS 50-65","2015-02-01","***","***","***","***","***","***"]
["CIMENTO ASFÁLTICO MODIFICADO POR POLÍMERO SBS 50-65","2015-03-01","***","***","***","***","***","***"]
["CIMENTO ASFÁLTICO MODIFICADO POR POLÍMERO SBS 50-65","2015-04-01","***","***","***","***","***","***"]
["CIMENTO ASFÁLTICO MODIFICADO POR POLÍMERO SBS 50-65","2015-05-01","***","***","***","***","***","***"]
["CIMENTO ASFÁLTICO MODIFICADO POR POLÍMERO SBS 50-65","2015-06-01","***","***","***","***","***","***"]
["CIMENTO ASFÁLTICO MODIFICADO POR POLÍMERO SBS 50-65","2015-07-01","***","***","***","***","***","***"]
["CIMENTO ASFÁLTICO MODIFICADO POR POLÍMERO SBS 50-65","2015-08-01","***","***","***","***","***","***"]
["CIMENTO ASFÁLTICO MODIFICADO POR POLÍMERO SBS 55-75","2009-12-01","***","***","***","***",1.4085247007018027,1.4085247007018027]
["CIMENTO ASFÁLTICO MODIFICADO POR POLÍMERO SBS 55-75","2010-01-01","***",1.4791100000000001,"***","***",1.4119999999999999,1.450170925281842]
["CIMENTO ASFÁLTICO MODIFICADO POR POLÍMERO SBS 55-75","2010-02-01","***","***","***","***",1.3579000000000001,1.3579000000000001]
["CIMENTO ASFÁLTICO MODIFICADO POR POLÍMERO SBS 55-75","2010-03-01","***","***","***","***",1.3579000000000001,1.3579000000000001]
["CIMENTO ASFÁLTICO MODIFICADO POR POLÍMERO SBS 55-75","2010-04-01","***","***","***","***",1.3579000000000001,1.3579000000000001]
["CIMENTO ASFÁLTICO MODIFICADO POR POLÍMERO SBS 55-75","2010-05-01","***","***","***",1.335824099396322,1.3371411609498682,1.3365343806998256]
["CIMENTO ASFÁLTICO MODIFICADO POR POLÍMERO SBS 55-75","2010-06-01","***","***","***","***",1.3492483822797412,1.3492483822797412]
["CIMENTO ASFÁLTICO MODIFICADO POR POLÍMERO SBS 55-75","2010-07-01","***",1.44868,"***","***",1.355732030354772,1.3633325071423599]
["CIMENTO ASFÁLTICO MODIFICADO POR POLÍMERO SBS 55-75","2010-08-01","***","***","***",1.62704,1.3396139892340622,1.3549487880648332]
["CIMENTO ASFÁLTICO MODIFICADO POR POLÍMERO SBS 55-75","2010-09-01","***",1.48319,"***",1.370501854237814,1.3328438754411673,1.38662013509249]
["CIMENTO ASFÁLTICO MODIFICADO POR POLÍMERO SBS 55-75","2010-10-01","***",1.48319,"***",1.3792648636550497,1.3094420737032697,1.3460313551423719]
["CIMENTO ASFÁLTICO MODIFICADO POR POLÍMERO SBS 55-75","2010-11-01","***",1.4831999999999999,"***",1.3082450207117724,1.3296497617494727,1.351569664376058]
["CIMENTO ASFÁLTICO MODIFICADO POR POLÍMERO SBS 55-75","2010-12-01","***","***","***",1.308730630078907,1.3200754854685262,1.3111502506277277]
["CIMENTO ASFÁLTICO MODIFICADO POR POLÍMERO SBS 55-75","2011-01-01","***","***","***",1.2826475553595003,1.2474343583829841,1.279514402204893]
["CIMENTO ASFÁLTICO MODIFICADO POR POLÍMERO SBS 55-75","2011-02-01","***",0.78463168964546981,"***",1.26175681631375,1.2399592992740536,1.1299944498193728]
["CIMENTO ASFÁLTICO MODIFICADO POR POLÍMERO SBS 55-75","2011-03-01","***",1.2996251914733956,"***",1.2808501922158548,1.2338021676063153,1.2566854939877896]
["CIMENTO ASFÁLTICO MODIFICADO POR POLÍMERO SBS 55-75","2011-04-01","***",1.0047351598256449,"***",1.3206800000000001,1.2428463675927452,1.2017634792967831]
["CIMENTO ASFÁLTICO MODIFICADO POR POLÍMERO SBS 55-75","2011-05-01","***",0.64170635477482563,1.6392,1.1187288837828417,1.2408360401638112,1.0682881836423304]
["CIMENTO ASFÁLTICO MODIFICADO POR POLÍMERO SBS 55-75","2011-06-01","***",0.9634607956543827,1.6392,1.1553158220021182,1.2211396712761584,1.1620611962318583]
["CIMENTO ASFÁLTICO MODIFICADO POR POLÍMERO SBS 55-75","2011-07-01","***",1.2441821044546852,1.6490301929954567,1.2627355434567413,1.2302361423095272,1.3480658364966995]
["CIMENTO ASFÁLTICO MODIFICADO POR POLÍMERO SBS 55-75","2011-08-01","***",1.2361395761637386,1.6640999999999999,"***",1.2172296649084702,1.2565885736408151]
["CIMENTO ASFÁLTICO MODIFICADO POR POLÍMERO SBS 55-75","2011-09-01","***",1.4428999999999998,"***",1.362941052219832,1.2034974033416743,1.2434389605884895]
["CIMENTO ASFÁLTICO MODIFICADO POR POLÍMERO SBS 55-75","2011-10-01","***",1.3988614926909613,1.3739400000000002,1.4555,1.1737846124167846,1.3100462594905575]
["CIMENTO ASFÁLTICO MODIFICADO POR POLÍMERO SBS 55-75","2011-11-01","***",1.3504191808920394,"***",1.4382710150831222,1.2702042377648877,1.3281636099899812]
["CIMENTO ASFÁLTICO MODIFICADO POR POLÍMERO SBS 55-75","2011-12-01","***",1.3116941369013233,"***",1.3422100514973714,1.1460981355293409,1.2978681034792567]
["CIMENTO ASFÁLTICO MODIFICADO POR POLÍMERO SBS 55-75","2012-01-01","***",1.3209101535372507,"***",1.3580359146634615,1.2341807745169373,1.2956911162619853]
["CIMENTO ASFÁLTICO MODIFICADO POR POLÍMERO SBS 55-75","2012-02-01","***",1.2906930121566864,"***",1.361523249557969,1.2902423852007598,1.2963331392682682]
["CIMENTO ASFÁLTICO MODIFICADO POR POLÍMERO SBS 55-75","2012-03-01","***",1.3115648818346852,"***",1.41405759081048,1.2989899452948799,1.3128956451485816]
["CIMENTO ASFÁLTICO MODIFICADO POR POLÍMERO SBS 55-75","2012-04-01","***",1.3076635173024704,"***",1.457224823262554,1.2902646767325854,1.3099988146728867]
["CIMENTO ASFÁLTICO MODIFICADO POR POLÍMERO SBS 55-75","2012-05-01","***",0.96958820426787418,"***",1.3870342367136368,1.2912270096463021,1.1326667311411991]
["CIMENTO ASFÁLTICO MODIFICADO POR POLÍMERO SBS 55-75","2012-06-01","***",1.1701404730966323,"***",1.276637219589871,1.3103066359596838,1.2445550617666965]
["CIMENTO ASFÁLTICO MODIFICADO POR POLÍMERO SBS 55-75","2012-07-01","***",1.4348754328977129,"***",1.3393986185983831,1.4178661767344498,1.4087539366296193]
["CIMENTO ASFÁLTICO MODIFICADO POR POLÍMERO SBS 55-75","2012-08-01","***",1.3960953899499453,1.7139000000000004,1.3468000000000002,1.3615477289209512,1.4471253821595651]
["CIMENTO ASFÁLTICO MODIFICADO POR POLÍMERO SBS 55-75","2012-09-01","***",1.3566627289381497,1.7138999999999998,1.4555000000000002,1.4015400096954029,1.4170065712589315]
["CIMENTO ASFÁLTICO MODIFICADO POR POLÍMERO SBS 55-75","2012-10-01","***",1.3691242342553385,1.8283999999999998,1.3163934593724858,1.2594163143145904,1.3767138229706342]
["CIMENTO ASFÁLTICO MODIFICADO POR POLÍMERO SBS 55-75","2012-11-01","***",1.3636168697098827,1.8283999999999998,1.3734999999999999,1.3457855010068078,1.4825564020312414]
["CIMENTO ASFÁLTICO MODIFICADO POR POLÍMERO SBS 55-75","2012-12-01","***",1.343303356441595,1.8284,1.2056500000000001,1.3866577999718666,1.3880223914862104]
["CIMENTO ASFÁLTICO MODIFICADO POR POLÍMERO SBS 55-75","2013-01-01","***",1.3712148691432997,1.8283999999999998,1.3495842531400963,1.3870797655099896,1.3914965239138348]
["CIMENTO ASFÁLTICO MODIFICADO POR POLÍMERO SBS 55-75","2013-02-01","***",1.3809853174157587,1.8284,1.3744712404961985,1.3846009755322071,1.412811319542892]
["CIMENTO ASFÁLTICO MODIFICADO POR POLÍMERO SBS 55-75","2013-03-01","***",1.3783089802922501,"***",1.3098280882092461,1.3793575875974637,1.372979548535709]
["CIMENTO ASFÁLTICO MODIFICADO POR POLÍMERO SBS 55-75","2013-04-01","***",1.3669945456910382,1.8284,1.3283960771827525,1.4031320763378998,1.4070313081023453]
["CIMENTO ASFÁLTICO MODIFICADO POR POLÍMERO SBS 55-75","2013-05-01","***",1.3880124162323715,1.780431223560039,1.2963761451689109,1.4290360611426709,1.4362685830180963]
["CIMENTO ASFÁLTICO MODIFICADO POR POLÍMERO SBS 55-75","2013-06-01","***",1.4021579095618617,1.823902228540963,1.2984873752909876,1.5550054887103821,1.5004443970782166]
["CIMENTO ASFÁLTICO MODIFICADO POR POLÍMERO SBS 55-75","2013-07-01","***",1.3871723656684942,1.8052740763857449,1.3340344015646892,1.4476256065186222,1.4675567171586115]
["CIMENTO ASFÁLTICO MODIFICADO POR POLÍMERO SBS 55-75","2013-08-01","***",1.3728168280860054,1.8249272159868601,1.3488712859428196,1.4924977825197165,1.4391854077958457]
["CIMENTO ASFÁLTICO MODIFICADO POR POLÍMERO SBS 55-75","2013-09-01","***",1.376571897890442,1.8167627969621012,1.3137746593863753,1.4596725257068734,1.4437387626253335]
["CIMENTO ASFÁLTICO MODIFICADO POR POLÍMERO SBS 55-75","2013-10-01","***",1.3168143530316985,1.8378749281630924,"***",1.4889844262145326,1.4748210147873015]
["CIMENTO ASFÁLTICO MODIFICADO POR POLÍMERO SBS 55-75","2013-11-01","***",1.3216723795632224,1.8283778174694629,"***",1.4128924467879875,1.4291300504672884]
["CIMENTO ASFÁLTICO MODIFICADO POR POLÍMERO SBS 55-75","2013-12-01","***",1.4425347827174271,"***",1.3446484564476233,1.3839241651016494,1.4093714870036231]
["CIMENTO ASFÁLTICO MODIFICADO POR POLÍMERO SBS 55-75","2014-01-01","***",1.3379008202287013,1.8284,1.38392,1.4586311939232395,1.4162426627183733]
["CIMENTO ASFÁLTICO MODIFICADO POR POLÍMERO SBS 55-75","2014-02-01","***",1.3716805061792268,"***",1.4903,1.4023857909360811,1.3955580095368261]
["CIMENTO ASFÁLTICO MODIFICADO POR POLÍMERO SBS 55-75","2014-03-01","***",1.3360945071615984,1.8592,1.4895558710667691,1.4185017555694583,1.3862817576476258]
["CIMENTO ASFÁLTICO MODIFICADO POR POLÍMERO SBS 55-75","2014-04-01","***",1.0857983345219244,1.7494475125397766,1.4887999999999999,1.4518133299764735,1.2583130619063316]
["CIMENTO ASFÁLTICO MODIFICADO POR POLÍMERO SBS 55-75","2014-05-01","***",1.3366260577409521,1.7672516786494115,1.3472450359492123,1.4751856772984002,1.4181069734236309]
["CIMENTO ASFÁLTICO MODIFICADO POR POLÍMERO SBS 55-75","2014-06-01","***",1.3528025476803345,"***",1.3493300000000001,1.4381584461528123,1.3952794465748446]
["CIMENTO ASFÁLTICO MODIFICADO POR POLÍMERO SBS 55-75","2014-07-01","***",1.3427451420824639,"***","***",1.4253708750477643,1.3890519264987264]
["CIMENTO ASFÁLTICO MODIFICADO POR POLÍMERO SBS 55-75","2014-08-01","***",1.4111987108167772,"***","***",1.475277564825382,1.4495209358405572]
["CIMENTO ASFÁLTICO MODIFICADO POR POLÍMERO SBS 55-75","2014-09-01","***",1.3958124528805596,"***","***",1.5895094028906267,1.5040162000037711]
["CIMENTO ASFÁLTICO MODIFICADO POR POLÍMERO SBS 55-75","2014-10-01","***",1.3790596339041428,1.8783048773432078,1.4945898512614022,1.4357077744842186,1.4362620507822359]
["CIMENTO ASFÁLTICO MODIFICADO POR POLÍMERO SBS 55-75","2014-11-01","***",1.4297891531115385,1.83897669366257,1.49406207253886,1.5514262768528775,1.5108203419906561]
["CIMENTO ASFÁLTICO MODIFICADO POR POLÍMERO SBS 55-75","2014-12-01","***",1.5294325850217763,2.1386621097428469,1.7207290443942815,1.6982714784996336,1.6213491571764329]
["CIMENTO ASFÁLTICO MODIFICADO POR POLÍMERO SBS 55-75","2015-01-01","***",1.710178672625142,"***","***",1.9805023382300613,1.8054642290188492]
["CIMENTO ASFÁLTICO MODIFICADO POR POLÍMERO SBS 55-75","2015-02-01","***",1.6838658791076999,"***","***",1.812105632806976,1.7485498157394199]
["CIMENTO ASFÁLTICO MODIFICADO POR POLÍMERO SBS 55-75","2015-03-01","***",1.8045122924600154,"***",1.6868543579113273,1.8177668789522243,1.7696051082808801]
["CIMENTO ASFÁLTICO MODIFICADO POR POLÍMERO SBS 55-75","2015-04-01","***",1.80775,"***",1.7313555928686699,1.8111169557007989,1.7825483230139714]
["CIMENTO ASFÁLTICO MODIFICADO POR POLÍMERO SBS 55-75","2015-05-01","***",1.8964186374781087,"***",1.6515433688208552,1.7811996982095701,1.7771494487298456]
["CIMENTO ASFÁLTICO MODIFICADO POR POLÍMERO SBS 55-75","2015-06-01","***",2.0391962239640029,"***",1.7132863849712288,1.6930918749897574,1.7454252476155729]
["CIMENTO ASFÁLTICO MODIFICADO POR POLÍMERO SBS 55-75","2015-07-01","***",1.8790785057680079,"***",2.0011090738472621,1.8652297091043801,1.9063426047603085]
["CIMENTO ASFÁLTICO MODIFICADO POR POLÍMERO SBS 55-75","2015-08-01","***",1.61873,"***",1.8021404825650438,1.706215119281977,1.7395348412855596]
["CIMENTO ASFÁLTICO MODIFICADO POR POLÍMERO SBS 60-85","2009-12-01","***","***",1.7973052872604041,1.3416759596768886,1.3299791491041346,1.4597747057791763]
["CIMENTO ASFÁLTICO MODIFICADO POR POLÍMERO SBS 60-85","2010-01-01","***","***",1.7598133303156949,1.3653638486847555,1.3749035779869163,1.4847893832068557]
["CIMENTO ASFÁLTICO MODIFICADO POR POLÍMERO SBS 60-85","2010-02-01","***","***",1.7917892712492396,1.3470507055902985,1.3895835117380599,1.4663900059220458]
["CIMENTO ASFÁLTICO MODIFICADO POR POLÍMERO SBS 60-85","2010-03-01","***","***",1.8306406473151036,1.3565455023635553,1.3828577225809706,1.4610760610370581]
["CIMENTO ASFÁLTICO MODIFICADO POR POLÍMERO SBS 60-85","2010-04-01","***","***",1.787055545771806,1.3601565656967758,1.2897325091018714,1.5650739454750091]
["CIMENTO ASFÁLTICO MODIFICADO POR POLÍMERO SBS 60-85","2010-05-01","***",1.4083400000000001,1.8260760795673066,1.348022154544007,1.3400597122734763,1.5217681015078091]
["CIMENTO ASFÁLTICO MODIFICADO POR POLÍMERO SBS 60-85","2010-06-01","***",1.4083399999999997,1.8446227536039586,1.2808579669542601,1.3389870090351985,1.3892772831727151]
["CIMENTO ASFÁLTICO MODIFICADO POR POLÍMERO SBS 60-85","2010-07-01","***",1.4083400000000004,1.8334803777940551,1.285574364418574,1.3338362469253147,1.4324505767016498]
["CIMENTO ASFÁLTICO MODIFICADO POR POLÍMERO SBS 60-85","2010-08-01","***",1.4083399999999995,1.8200538202730991,1.2599148648422012,1.3488572866103561,1.3918757816090663]
["CIMENTO ASFÁLTICO MODIFICADO POR POLÍMERO SBS 60-85","2010-09-01","***","***",1.7773753409493085,1.2940079727324849,1.3686770810068987,1.4108881580325077]
["CIMENTO ASFÁLTICO MODIFICADO POR POLÍMERO SBS 60-85","2010-10-01","***","***",1.785539587049372,1.2824269304583,1.3481310768456736,1.4277829685906271]
["CIMENTO ASFÁLTICO MODIFICADO POR POLÍMERO SBS 60-85","2010-11-01","***","***",1.7713255331038242,1.2976995049326951,1.3487482527724053,1.4565097305338597]
["CIMENTO ASFÁLTICO MODIFICADO POR POLÍMERO SBS 60-85","2010-12-01","***",1.5686899999999999,1.8676232809424262,1.2801018771306343,1.3367118381059551,1.4033329494856448]
["CIMENTO ASFÁLTICO MODIFICADO POR POLÍMERO SBS 60-85","2011-01-01","***","***",1.7816071191782421,1.2666310282895501,1.3677614648007861,1.4008117677139884]
["CIMENTO ASFÁLTICO MODIFICADO POR POLÍMERO SBS 60-85","2011-02-01","***",1.6458900000000003,1.9541880622931247,1.3287698795595322,1.3742832479006735,1.4033895690650318]
["CIMENTO ASFÁLTICO MODIFICADO POR POLÍMERO SBS 60-85","2011-03-01","***",1.4768084117781677,1.8488699999999998,1.2339115296731684,1.366899673905714,1.3464988071236557]
["CIMENTO ASFÁLTICO MODIFICADO POR POLÍMERO SBS 60-85","2011-04-01","***","***",1.83944714083356,1.3074872933667403,1.3602523245328082,1.3911519284860143]
["CIMENTO ASFÁLTICO MODIFICADO POR POLÍMERO SBS 60-85","2011-05-01","***",1.3564799999999999,1.7291635397683958,1.271272317266626,1.3576078472320414,1.3777874689410468]
["CIMENTO ASFÁLTICO MODIFICADO POR POLÍMERO SBS 60-85","2011-06-01","***",1.3568699999999998,1.6981810503686494,1.299249989113098,1.3256809304152486,1.3769277827478783]
["CIMENTO ASFÁLTICO MODIFICADO POR POLÍMERO SBS 60-85","2011-07-01","***",1.3567399999999998,1.6800723630464756,1.3086946902916852,1.267300378525847,1.4103994796213684]
["CIMENTO ASFÁLTICO MODIFICADO POR POLÍMERO SBS 60-85","2011-08-01","***",1.3554399999999995,1.712637919875736,1.316895832193957,1.298189220252894,1.4301102943486832]
["CIMENTO ASFÁLTICO MODIFICADO POR POLÍMERO SBS 60-85","2011-09-01","***","***",1.7363432329452966,1.2807825247150331,1.271515590909249,1.3711510650954]
["CIMENTO ASFÁLTICO MODIFICADO POR POLÍMERO SBS 60-85","2011-10-01","***",1.43249,1.5629204195049886,1.2883071879414401,1.282078980398748,1.3766086500552375]
["CIMENTO ASFÁLTICO MODIFICADO POR POLÍMERO SBS 60-85","2011-11-01","***","***",1.448016364465798,1.2961291555119789,1.2444774148666677,1.3329690301020478]
["CIMENTO ASFÁLTICO MODIFICADO POR POLÍMERO SBS 60-85","2011-12-01","***",1.4181900000000001,1.3328846374954495,1.3180593391818556,1.2727961938335941,1.3185584151999703]
["CIMENTO ASFÁLTICO MODIFICADO POR POLÍMERO SBS 60-85","2012-01-01","***",1.41818,1.3926199686940965,1.3030516267523919,1.274805912711735,1.3132685568832039]
["CIMENTO ASFÁLTICO MODIFICADO POR POLÍMERO SBS 60-85","2012-02-01","***",1.41818,1.3411452366851391,1.3235784419763756,1.2774186858931564,1.3183942780558557]
["CIMENTO ASFÁLTICO MODIFICADO POR POLÍMERO SBS 60-85","2012-03-01","***",1.4181999999999997,1.3177278738478222,1.3414761902279959,1.2391253704690386,1.3242000972258234]
["CIMENTO ASFÁLTICO MODIFICADO POR POLÍMERO SBS 60-85","2012-04-01","***",1.4181900000000001,1.4243873216650655,1.3487324631650772,1.2441843522160376,1.3345905999942795]
["CIMENTO ASFÁLTICO MODIFICADO POR POLÍMERO SBS 60-85","2012-05-01","***",1.4181999999999999,1.4416238968928758,1.3800454745410353,1.2616042347410463,1.3547985906870252]
["CIMENTO ASFÁLTICO MODIFICADO POR POLÍMERO SBS 60-85","2012-06-01","***","***",1.473386504021448,1.4155632294629201,1.3231527647937642,1.4186747704073686]
["CIMENTO ASFÁLTICO MODIFICADO POR POLÍMERO SBS 60-85","2012-07-01","***","***",1.582979025530826,1.4464098669956076,1.3657937295328706,1.4834698761020879]
["CIMENTO ASFÁLTICO MODIFICADO POR POLÍMERO SBS 60-85","2012-08-01","***","***",1.5409183867945611,1.3931713236545333,1.3724223877327486,1.4642921052841527]
["CIMENTO ASFÁLTICO MODIFICADO POR POLÍMERO SBS 60-85","2012-09-01","***","***",1.5943221275862969,1.4045669634078148,1.346054360089701,1.5089808516342569]
["CIMENTO ASFÁLTICO MODIFICADO POR POLÍMERO SBS 60-85","2012-10-01",1.55,1.4182200000000003,1.5859510634013307,1.428806510441359,1.362102764062459,1.5106699186069072]
["CIMENTO ASFÁLTICO MODIFICADO POR POLÍMERO SBS 60-85","2012-11-01","***",1.4324900000000003,1.6196126905661397,1.4126842068778707,1.3269605753475624,1.4871822260311887]
["CIMENTO ASFÁLTICO MODIFICADO POR POLÍMERO SBS 60-85","2012-12-01","***",1.4182899999999998,1.5654608687800633,1.4057903388715856,1.3414212325139652,1.435464312862315]
["CIMENTO ASFÁLTICO MODIFICADO POR POLÍMERO SBS 60-85","2013-01-01","***","***",1.4991863498819875,1.4348296352714762,1.3485907021916628,1.4289054581823806]
["CIMENTO ASFÁLTICO MODIFICADO POR POLÍMERO SBS 60-85","2013-02-01","***","***",1.4541001097017485,1.4461664106103045,1.3571992048364154,1.4138698570745023]
["CIMENTO ASFÁLTICO MODIFICADO POR POLÍMERO SBS 60-85","2013-03-01","***",1.4182400000000002,1.4616055171013449,1.3363253094048591,1.3969275870448044,1.3846764380490912]
["CIMENTO ASFÁLTICO MODIFICADO POR POLÍMERO SBS 60-85","2013-04-01","***",1.4182300000000001,1.4911774717759883,1.3039314722481226,1.3627987946698967,1.3585326133056495]
["CIMENTO ASFÁLTICO MODIFICADO POR POLÍMERO SBS 60-85","2013-05-01","***","***",1.5093837113392909,1.2915791698691652,1.3474366976476435,1.3711231089542331]
["CIMENTO ASFÁLTICO MODIFICADO POR POLÍMERO SBS 60-85","2013-06-01","***","***",1.6416509178546135,1.4261365272045738,1.3643068454981093,1.4879326177146246]
["CIMENTO ASFÁLTICO MODIFICADO POR POLÍMERO SBS 60-85","2013-07-01","***",1.41821,1.6991976878896857,1.4791116575175398,1.3712126156274671,1.5094800630661498]
["CIMENTO ASFÁLTICO MODIFICADO POR POLÍMERO SBS 60-85","2013-08-01","***",1.41821,1.8454326139758728,1.4910126894256905,1.3545746519274373,1.5182874307177103]
["CIMENTO ASFÁLTICO MODIFICADO POR POLÍMERO SBS 60-85","2013-09-01","***","***",1.7201816071833729,1.4575988807770992,1.3658021018780169,1.4906674028176585]
["CIMENTO ASFÁLTICO MODIFICADO POR POLÍMERO SBS 60-85","2013-10-01","***","***",1.6469250340154868,1.4773483681699668,1.3867907780295823,1.4845071147097566]
["CIMENTO ASFÁLTICO MODIFICADO POR POLÍMERO SBS 60-85","2013-11-01","***","***",1.6656571819395145,1.4589850538407321,1.4117213275305618,1.476584667586248]
["CIMENTO ASFÁLTICO MODIFICADO POR POLÍMERO SBS 60-85","2013-12-01","***",2.21984,1.6674420536147974,1.4476702235456123,1.4334446804611107,1.4637061051006739]
["CIMENTO ASFÁLTICO MODIFICADO POR POLÍMERO SBS 60-85","2014-01-01","***","***",1.5931533891041718,1.4636374213373073,1.3649216052120874,1.462132657756998]
["CIMENTO ASFÁLTICO MODIFICADO POR POLÍMERO SBS 60-85","2014-02-01","***",2.2198380096354353,1.6563564489729201,1.4862420657846231,1.4158580779409786,1.5072340133417896]
["CIMENTO ASFÁLTICO MODIFICADO POR POLÍMERO SBS 60-85","2014-03-01","***",2.2198380235988204,1.6375762611286224,1.5001486084413898,1.6499897748619212,1.550844004464708]
["CIMENTO ASFÁLTICO MODIFICADO POR POLÍMERO SBS 60-85","2014-04-01","***",1.6316440328984685,1.5774234782780241,1.4735665647839542,1.5553809817417981,1.5075621288644818]
["CIMENTO ASFÁLTICO MODIFICADO POR POLÍMERO SBS 60-85","2014-05-01","***",1.3364256721712171,1.6735634184852446,1.5419092272851374,1.5283483535293834,1.558174617966573]
["CIMENTO ASFÁLTICO MODIFICADO POR POLÍMERO SBS 60-85","2014-06-01","***","***",1.6857432158929635,1.5075095651689208,1.4265820420660578,1.5280660365441696]
["CIMENTO ASFÁLTICO MODIFICADO POR POLÍMERO SBS 60-85","2014-07-01","***","***",1.695981326727078,1.4543104544323486,1.4203496795493766,1.534681209806829]
["CIMENTO ASFÁLTICO MODIFICADO POR POLÍMERO SBS 60-85","2014-08-01","***","***",1.6601533728556759,1.4455420406819435,1.4160834348456957,1.4894295402069531]
["CIMENTO ASFÁLTICO MODIFICADO POR POLÍMERO SBS 60-85","2014-09-01","***",2.21983,1.8424137339431834,1.5784619165156228,1.4496780126314568,1.6314077877957702]
["CIMENTO ASFÁLTICO MODIFICADO POR POLÍMERO SBS 60-85","2014-10-01","***",2.21984,1.6926416620170992,1.5051173618133395,1.4412481862202835,1.5458544225608117]
["CIMENTO ASFÁLTICO MODIFICADO POR POLÍMERO SBS 60-85","2014-11-01","***",2.21984,1.783673431557188,1.5213957890980729,1.473525077774356,1.5819572488017899]
["CIMENTO ASFÁLTICO MODIFICADO POR POLÍMERO SBS 60-85","2014-12-01","***",2.21983,1.8157257047251671,1.6571602722415804,1.5584433472397086,1.6741214704741225]
["CIMENTO ASFÁLTICO MODIFICADO POR POLÍMERO SBS 60-85","2015-01-01","***","***",1.634494627043332,1.752555319737878,1.7100752178338128,1.7219149629811901]
["CIMENTO ASFÁLTICO MODIFICADO POR POLÍMERO SBS 60-85","2015-02-01","***",1.4225580535506404,1.7441293407507081,1.7655466085606035,1.6843297546285096,1.7131272806198146]
["CIMENTO ASFÁLTICO MODIFICADO POR POLÍMERO SBS 60-85","2015-03-01","***",2.2300760133346409,1.6817304352577294,1.7336568484479011,1.7617241837071309,1.739364084749297]
["CIMENTO ASFÁLTICO MODIFICADO POR POLÍMERO SBS 60-85","2015-04-01","***",2.1488900000000002,1.7584167377369395,1.7142352782972576,1.7845759607059732,1.7547188481176113]
["CIMENTO ASFÁLTICO MODIFICADO POR POLÍMERO SBS 60-85","2015-05-01","***",2.11503,1.6313175679128442,1.6837590771749489,1.7766523041148201,1.7039927922822566]
["CIMENTO ASFÁLTICO MODIFICADO POR POLÍMERO SBS 60-85","2015-06-01","***","***",1.7273869637257608,1.612369554632535,1.877719931000196,1.7591965783776944]
["CIMENTO ASFÁLTICO MODIFICADO POR POLÍMERO SBS 60-85","2015-07-01","***",1.0702426516606856,1.7950972657149762,1.6676841185820601,1.8787060578159112,1.804062628790801]
["CIMENTO ASFÁLTICO MODIFICADO POR POLÍMERO SBS 60-85","2015-08-01","***",1.0800169753538311,2.0048510814991336,1.6622248536276525,1.8720301755299018,1.8551006594018449]
["CIMENTO ASFÁLTICO MODIFICADO POR POLÍMERO SBS 65-90","2009-12-01","***","***","***","***",1.3855999999999999,1.3855999999999999]
["CIMENTO ASFÁLTICO MODIFICADO POR POLÍMERO SBS 65-90","2010-01-01","***","***","***","***",1.5105999999999999,1.5105999999999999]
["CIMENTO ASFÁLTICO MODIFICADO POR POLÍMERO SBS 65-90","2010-02-01","***","***","***",1.4157999999999999,1.5027840629590767,1.4372035145881745]
["CIMENTO ASFÁLTICO MODIFICADO POR POLÍMERO SBS 65-90","2010-03-01","***","***","***",1.7021300000000001,1.48071782444124,1.5846814150492399]
["CIMENTO ASFÁLTICO MODIFICADO POR POLÍMERO SBS 65-90","2010-04-01","***","***","***","***","***","***"]
["CIMENTO ASFÁLTICO MODIFICADO POR POLÍMERO SBS 65-90","2010-05-01","***","***","***","***",1.3461000000000001,1.3461000000000001]
["CIMENTO ASFÁLTICO MODIFICADO POR POLÍMERO SBS 65-90","2010-06-01","***","***","***","***",1.3456999999999999,1.3456999999999999]
["CIMENTO ASFÁLTICO MODIFICADO POR POLÍMERO SBS 65-90","2010-07-01","***","***","***","***",1.4308870539824246,1.4308870539824246]
["CIMENTO ASFÁLTICO MODIFICADO POR POLÍMERO SBS 65-90","2010-08-01","***","***","***","***",1.3437638114414194,1.3437638114414194]
["CIMENTO ASFÁLTICO MODIFICADO POR POLÍMERO SBS 65-90","2010-09-01","***","***","***","***",1.3452999999999999,1.3452999999999999]
["CIMENTO ASFÁLTICO MODIFICADO POR POLÍMERO SBS 65-90","2010-10-01","***","***","***","***","***","***"]
["CIMENTO ASFÁLTICO MODIFICADO POR POLÍMERO SBS 65-90","2010-11-01","***","***","***","***",1.3455999999999997,1.3455999999999997]
["CIMENTO ASFÁLTICO MODIFICADO POR POLÍMERO SBS 65-90","2010-12-01","***","***","***",1.49577,"***",1.49577]
["CIMENTO ASFÁLTICO MODIFICADO POR POLÍMERO SBS 65-90","2011-01-01","***","***","***","***",1.471473478934761,1.471473478934761]
["CIMENTO ASFÁLTICO MODIFICADO POR POLÍMERO SBS 65-90","2011-02-01","***","***","***",1.4656447741424206,1.5205599999999999,1.4769252057751989]
["CIMENTO ASFÁLTICO MODIFICADO POR POLÍMERO SBS 65-90","2011-03-01","***","***","***",1.4531604621454066,1.5205566752063764,1.4915057364968822]
["CIMENTO ASFÁLTICO MODIFICADO POR POLÍMERO SBS 65-90","2011-04-01","***","***","***",1.4648865119475574,1.4098422529905237,1.4331544776553826]
["CIMENTO ASFÁLTICO MODIFICADO POR POLÍMERO SBS 65-90","2011-05-01","***","***","***",1.4505312517588069,1.2829991255355917,1.3635167973245463]
["CIMENTO ASFÁLTICO MODIFICADO POR POLÍMERO SBS 65-90","2011-06-01","***","***","***",1.4481417597159789,1.2542256669422911,1.3312255321883713]
["CIMENTO ASFÁLTICO MODIFICADO POR POLÍMERO SBS 65-90","2011-07-01","***","***","***",1.4477834563085155,1.3464154855400534,1.3996345228725657]
["CIMENTO ASFÁLTICO MODIFICADO POR POLÍMERO SBS 65-90","2011-08-01","***","***","***",1.4817691207780725,1.4175468379545912,1.4552340937675114]
["CIMENTO ASFÁLTICO MODIFICADO POR POLÍMERO SBS 65-90","2011-09-01","***","***","***",1.4738999964138424,1.3483071129931388,1.3953001697416973]
["CIMENTO ASFÁLTICO MODIFICADO POR POLÍMERO SBS 65-90","2011-10-01","***","***","***",3.8145400000000005,1.3499993749218653,1.6363332202640737]
["CIMENTO ASFÁLTICO MODIFICADO POR POLÍMERO SBS 65-90","2011-11-01","***","***","***",1.4758099999999998,1.3992214474633324,1.4512366700096433]
["CIMENTO ASFÁLTICO MODIFICADO POR POLÍMERO SBS 65-90","2011-12-01","***","***","***",1.4191217317804947,1.2791880907095829,1.3706950857576845]
["CIMENTO ASFÁLTICO MODIFICADO POR POLÍMERO SBS 65-90","2012-01-01","***","***","***",1.458362095295082,"***",1.458362095295082]
["CIMENTO ASFÁLTICO MODIFICADO POR POLÍMERO SBS 65-90","2012-02-01","***","***","***",1.4323982495388672,1.4065721090168111,1.4279707822802494]
["CIMENTO ASFÁLTICO MODIFICADO POR POLÍMERO SBS 65-90","2012-03-01","***","***","***",1.4821369798230541,1.039994285195277,1.3695502341380683]
["CIMENTO ASFÁLTICO MODIFICADO POR POLÍMERO SBS 65-90","2012-04-01","***","***","***",1.5486325446193863,"***",1.5486325446193863]
["CIMENTO ASFÁLTICO MODIFICADO POR POLÍMERO SBS 65-90","2012-05-01","***","***","***",1.5604873626809026,1.1076999999999999,1.5354658186725507]
["CIMENTO ASFÁLTICO MODIFICADO POR POLÍMERO SBS 65-90","2012-06-01","***","***","***",1.5807981125132995,"***",1.5807981125132995]
["CIMENTO ASFÁLTICO MODIFICADO POR POLÍMERO SBS 65-90","2012-07-01","***","***","***",1.7054343634392573,"***",1.7054343634392573]
["CIMENTO ASFÁLTICO MODIFICADO POR POLÍMERO SBS 65-90","2012-08-01","***","***","***",1.7291400000000001,"***",1.7291400000000001]
["CIMENTO ASFÁLTICO MODIFICADO POR POLÍMERO SBS 65-90","2012-09-01","***","***","***",1.615028975303034,1.353,1.5983357945515191]
["CIMENTO ASFÁLTICO MODIFICADO POR POLÍMERO SBS 65-90","2012-10-01","***","***","***",1.6526046344819156,"***",1.6526046344819156]
["CIMENTO ASFÁLTICO MODIFICADO POR POLÍMERO SBS 65-90","2012-11-01","***","***","***",1.6797814100940223,1.5986000000000002,1.6664340309777741]
["CIMENTO ASFÁLTICO MODIFICADO POR POLÍMERO SBS 65-90","2012-12-01","***","***","***","***","***","***"]
["CIMENTO ASFÁLTICO MODIFICADO POR POLÍMERO SBS 65-90","2013-01-01","***","***","***",1.5523100000000001,"***",1.5523100000000001]
["CIMENTO ASFÁLTICO MODIFICADO POR POLÍMERO SBS 65-90","2013-02-01","***","***","***",1.5694289219982471,"***",1.5694289219982471]
["CIMENTO ASFÁLTICO MODIFICADO POR POLÍMERO SBS 65-90","2013-03-01","***","***","***","***","***","***"]
["CIMENTO ASFÁLTICO MODIFICADO POR POLÍMERO SBS 65-90","2013-04-01","***","***","***",1.2172000000000001,1.3603799999999999,1.3039044133170929]
["CIMENTO ASFÁLTICO MODIFICADO POR POLÍMERO SBS 65-90","2013-05-01","***","***",2.0320000000000005,1.5507499999999999,1.3603799999999999,1.8671543887147337]
["CIMENTO ASFÁLTICO MODIFICADO POR POLÍMERO SBS 65-90","2013-06-01","***","***",2.032,"***","***",2.032]
["CIMENTO ASFÁLTICO MODIFICADO POR POLÍMERO SBS 65-90","2013-07-01","***","***",1.9375008744534665,"***",1.4302229126213593,1.7920235660986747]
["CIMENTO ASFÁLTICO MODIFICADO POR POLÍMERO SBS 65-90","2013-08-01","***","***",1.9973380918727914,"***",0.86665999999999999,1.83579567739802]
["CIMENTO ASFÁLTICO MODIFICADO POR POLÍMERO SBS 65-90","2013-09-01","***","***",2.1069799588243647,1.7026745885039214,"***",1.9764573001730656]
["CIMENTO ASFÁLTICO MODIFICADO POR POLÍMERO SBS 65-90","2013-10-01","***","***",2.0745827822805172,1.8091939519225089,"***",2.005898919749312]
["CIMENTO ASFÁLTICO MODIFICADO POR POLÍMERO SBS 65-90","2013-11-01","***","***",2.0416148233510238,1.6103099999999999,1.5908,1.8364561163538875]
["CIMENTO ASFÁLTICO MODIFICADO POR POLÍMERO SBS 65-90","2013-12-01","***","***",2.0897000000000001,1.6990799999999999,1.5908,1.6897324355439463]
["CIMENTO ASFÁLTICO MODIFICADO POR POLÍMERO SBS 65-90","2014-01-01","***","***","***",1.624100362482005,1.5908,1.6142261262009869]
["CIMENTO ASFÁLTICO MODIFICADO POR POLÍMERO SBS 65-90","2014-02-01","***","***",2.21,1.6195786521477316,1.5908,1.6940184240887166]
["CIMENTO ASFÁLTICO MODIFICADO POR POLÍMERO SBS 65-90","2014-03-01","***","***",2.056374328660699,1.7114,1.5908,1.8202255822605846]
["CIMENTO ASFÁLTICO MODIFICADO POR POLÍMERO SBS 65-90","2014-04-01","***","***","***","***","***","***"]
["CIMENTO ASFÁLTICO MODIFICADO POR POLÍMERO SBS 65-90","2014-05-01","***","***","***","***",1.5239160673645882,1.5239160673645882]
["CIMENTO ASFÁLTICO MODIFICADO POR POLÍMERO SBS 65-90","2014-06-01","***","***",2.1922000000000001,"***",1.4975807971251227,1.7475495796561964]
["CIMENTO ASFÁLTICO MODIFICADO POR POLÍMERO SBS 65-90","2014-07-01","***","***","***","***",1.366741252041372,1.366741252041372]
["CIMENTO ASFÁLTICO MODIFICADO POR POLÍMERO SBS 65-90","2014-08-01","***","***","***","***",1.4450482962756535,1.4450482962756535]
["CIMENTO ASFÁLTICO MODIFICADO POR POLÍMERO SBS 65-90","2014-09-01","***","***","***","***",1.2511443371378401,1.2511443371378401]
["CIMENTO ASFÁLTICO MODIFICADO POR POLÍMERO SBS 65-90","2014-10-01","***","***","***",1.12947,1.3698766083780214,1.2823746397324149]
["CIMENTO ASFÁLTICO MODIFICADO POR POLÍMERO SBS 65-90","2014-11-01","***","***","***",1.1404832288560371,1.4835949317826518,1.3369232868185514]
["CIMENTO ASFÁLTICO MODIFICADO POR POLÍMERO SBS 65-90","2014-12-01","***","***","***",1.2491799999999997,1.6455555981395347,1.5600458116290945]
["CIMENTO ASFÁLTICO MODIFICADO POR POLÍMERO SBS 65-90","2015-01-01","***","***","***",1.421483861336124,1.8485882133840998,1.5511466724042617]
["CIMENTO ASFÁLTICO MODIFICADO POR POLÍMERO SBS 65-90","2015-02-01","***","***","***",1.4472413917997151,1.833234117308246,1.4751977993005485]
["CIMENTO ASFÁLTICO MODIFICADO POR POLÍMERO SBS 65-90","2015-03-01","***","***",1.9569585229479471,1.5864792717135638,1.8187505279610974,1.6815485972790707]
["CIMENTO ASFÁLTICO MODIFICADO POR POLÍMERO SBS 65-90","2015-04-01","***","***","***",1.4081025612748723,1.8266110900473931,1.5414996259668063]
["CIMENTO ASFÁLTICO MODIFICADO POR POLÍMERO SBS 65-90","2015-05-01","***","***","***","***",1.7754500000000002,1.7754500000000002]
["CIMENTO ASFÁLTICO MODIFICADO POR POLÍMERO SBS 65-90","2015-06-01","***","***","***",1.7199599999999999,2.1328999999999998,1.9243479495798317]
["CIMENTO ASFÁLTICO MODIFICADO POR POLÍMERO SBS 65-90","2015-07-01","***","***","***",1.7629999999999999,"***",1.7629999999999999]
["CIMENTO ASFÁLTICO MODIFICADO POR POLÍMERO SBS 65-90","2015-08-01","***","***","***",1.7742931465732865,"***",1.7742931465732865]
["CIMENTOS ASFÁLTICOS CAP-150-200","2008-11-01","***","***","***","***","***","***"]
["CIMENTOS ASFÁLTICOS CAP-150-200","2008-12-01","***","***","***","***","***","***"]
["CIMENTOS ASFÁLTICOS CAP-150-200","2009-01-01","***","***","***","***","***","***"]
["CIMENTOS ASFÁLTICOS CAP-150-200","2009-02-01","***","***","***","***","***","***"]
["CIMENTOS ASFÁLTICOS CAP-150-200","2009-03-01","***","***","***","***","***","***"]
["CIMENTOS ASFÁLTICOS CAP-150-200","2009-04-01","***","***","***","***","***","***"]
["CIMENTOS ASFÁLTICOS CAP-150-200","2009-05-01","***","***","***","***","***","***"]
["CIMENTOS ASFÁLTICOS CAP-150-200","2009-06-01","***","***","***","***","***","***"]
["CIMENTOS ASFÁLTICOS CAP-150-200","2009-07-01","***","***","***","***","***","***"]
["CIMENTOS ASFÁLTICOS CAP-150-200","2009-08-01","***","***","***","***","***","***"]
["CIMENTOS ASFÁLTICOS CAP-150-200","2009-09-01","***","***","***","***","***","***"]
["CIMENTOS ASFÁLTICOS CAP-150-200","2009-10-01","***","***","***","***","***","***"]
["CIMENTOS ASFÁLTICOS CAP-150-200","2009-11-01","***","***","***","***","***","***"]
["CIMENTOS ASFÁLTICOS CAP-150-200","2009-12-01","***","***","***","***","***","***"]
["CIMENTOS ASFÁLTICOS CAP-150-200","2010-01-01","***","***","***","***","***","***"]
["CIMENTOS ASFÁLTICOS CAP-150-200","2010-02-01","***","***","***","***","***","***"]
["CIMENTOS ASFÁLTICOS CAP-150-200","2010-03-01","***","***","***","***","***","***"]
["CIMENTOS ASFÁLTICOS CAP-150-200","2010-04-01","***","***","***","***","***","***"]
["CIMENTOS ASFÁLTICOS CAP-150-200","2010-05-01","***","***","***","***","***","***"]
["CIMENTOS ASFÁLTICOS CAP-150-200","2010-06-01","***","***","***","***","***","***"]
["CIMENTOS ASFÁLTICOS CAP-150-200","2010-07-01","***","***","***","***","***","***"]
["CIMENTOS ASFÁLTICOS CAP-150-200","2010-08-01","***","***","***","***","***","***"]
["CIMENTOS ASFÁLTICOS CAP-150-200","2010-09-01","***","***","***","***","***","***"]
["CIMENTOS ASFÁLTICOS CAP-150-200","2010-10-01","***","***","***","***","***","***"]
["CIMENTOS ASFÁLTICOS CAP-150-200","2010-11-01","***","***","***","***","***","***"]
["CIMENTOS ASFÁLTICOS CAP-150-200","2010-12-01","***","***","***","***","***","***"]
["CIMENTOS ASFÁLTICOS CAP-150-200","2011-01-01","***","***","***","***","***","***"]
["CIMENTOS ASFÁLTICOS CAP-150-200","2011-02-01","***","***","***","***","***","***"]
["CIMENTOS ASFÁLTICOS CAP-150-200","2011-03-01","***","***","***","***","***","***"]
["CIMENTOS ASFÁLTICOS CAP-150-200","2011-04-01","***","***","***","***","***","***"]
["CIMENTOS ASFÁLTICOS CAP-150-200","2011-05-01","***","***","***","***","***","***"]
["CIMENTOS ASFÁLTICOS CAP-150-200","2011-06-01","***","***","***","***","***","***"]
["CIMENTOS ASFÁLTICOS CAP-150-200","2011-07-01","***","***","***","***","***","***"]
["CIMENTOS ASFÁLTICOS CAP-150-200","2011-08-01","***","***","***","***","***","***"]
["CIMENTOS ASFÁLTICOS CAP-150-200","2011-09-01","***","***","***","***","***","***"]
["CIMENTOS ASFÁLTICOS CAP-150-200","2011-10-01","***","***","***","***","***","***"]
["CIMENTOS ASFÁLTICOS CAP-150-200","2011-11-01","***","***","***","***","***","***"]
["CIMENTOS ASFÁLTICOS CAP-150-200","2011-12-01","***","***","***","***","***","***"]
["CIMENTOS ASFÁLTICOS CAP-150-200","2012-01-01","***","***","***","***","***","***"]
["CIMENTOS ASFÁLTICOS CAP-150-200","2012-02-01","***","***","***","***","***","***"]
["CIMENTOS ASFÁLTICOS CAP-150-200","2012-03-01","***","***","***","***","***","***"]
["CIMENTOS ASFÁLTICOS CAP-150-200","2012-04-01","***","***","***","***","***","***"]
["CIMENTOS ASFÁLTICOS CAP-150-200","2012-05-01","***","***","***","***","***","***"]
["CIMENTOS ASFÁLTICOS CAP-150-200","2012-06-01","***","***","***","***","***","***"]
["CIMENTOS ASFÁLTICOS CAP-150-200","2012-07-01","***","***","***","***","***","***"]
["CIMENTOS ASFÁLTICOS CAP-150-200","2012-08-01","***","***","***","***","***","***"]
["CIMENTOS ASFÁLTICOS CAP-150-200","2012-09-01","***","***","***","***","***","***"]
["CIMENTOS ASFÁLTICOS CAP-150-200","2012-10-01","***","***","***","***","***","***"]
["CIMENTOS ASFÁLTICOS CAP-150-200","2012-11-01","***","***","***","***","***","***"]
["CIMENTOS ASFÁLTICOS CAP-150-200","2012-12-01","***","***","***","***","***","***"]
["CIMENTOS ASFÁLTICOS CAP-150-200","2013-01-01","***","***","***","***","***","***"]
["CIMENTOS ASFÁLTICOS CAP-150-200","2013-02-01","***","***","***","***","***","***"]
["CIMENTOS ASFÁLTICOS CAP-150-200","2013-03-01","***","***","***","***","***","***"]
["CIMENTOS ASFÁLTICOS CAP-150-200","2013-04-01","***","***","***","***","***","***"]
["CIMENTOS ASFÁLTICOS CAP-150-200","2013-05-01","***","***","***","***","***","***"]
["CIMENTOS ASFÁLTICOS CAP-150-200","2013-06-01","***","***","***","***","***","***"]
["CIMENTOS ASFÁLTICOS CAP-150-200","2013-07-01","***","***","***","***","***","***"]
["CIMENTOS ASFÁLTICOS CAP-150-200","2013-08-01","***","***","***","***","***","***"]
["CIMENTOS ASFÁLTICOS CAP-150-200","2013-09-01","***","***","***","***","***","***"]
["CIMENTOS ASFÁLTICOS CAP-150-200","2013-10-01","***","***","***","***","***","***"]
["CIMENTOS ASFÁLTICOS CAP-150-200","2013-11-01","***","***","***","***","***","***"]
["CIMENTOS ASFÁLTICOS CAP-150-200","2013-12-01","***","***","***","***","***","***"]
["CIMENTOS ASFÁLTICOS CAP-150-200","2014-01-01","***","***","***","***","***","***"]
["CIMENTOS ASFÁLTICOS CAP-150-200","2014-02-01","***","***","***","***","***","***"]
["CIMENTOS ASFÁLTICOS CAP-150-200","2014-03-01","***","***","***","***","***","***"]
["CIMENTOS ASFÁLTICOS CAP-150-200","2014-04-01","***","***","***","***","***","***"]
["CIMENTOS ASFÁLTICOS CAP-150-200","2014-05-01","***","***","***","***","***","***"]
["CIMENTOS ASFÁLTICOS CAP-150-200","2014-06-01","***","***","***","***","***","***"]
["CIMENTOS ASFÁLTICOS CAP-150-200","2014-07-01","***","***","***","***","***","***"]
["CIMENTOS ASFÁLTICOS CAP-150-200","2014-08-01","***","***","***","***","***","***"]
["CIMENTOS ASFÁLTICOS CAP-150-200","2014-09-01","***","***","***","***","***","***"]
["CIMENTOS ASFÁLTICOS CAP-150-200","2014-10-01","***","***","***","***","***","***"]
["CIMENTOS ASFÁLTICOS CAP-150-200","2014-11-01","***","***","***","***","***","***"]
["CIMENTOS ASFÁLTICOS CAP-150-200","2014-12-01","***","***","***","***","***","***"]
["CIMENTOS ASFÁLTICOS CAP-150-200","2015-01-01","***","***","***","***","***","***"]
["CIMENTOS ASFÁLTICOS CAP-150-200","2015-02-01","***","***","***","***","***","***"]
["CIMENTOS ASFÁLTICOS CAP-150-200","2015-03-01","***","***","***","***","***","***"]
["CIMENTOS ASFÁLTICOS CAP-150-200","2015-04-01","***","***","***","***","***","***"]
["CIMENTOS ASFÁLTICOS CAP-150-200","2015-05-01","***","***","***","***","***","***"]
["CIMENTOS ASFÁLTICOS CAP-150-200","2015-06-01","***","***","***","***","***","***"]
["CIMENTOS ASFÁLTICOS CAP-150-200","2015-07-01","***","***","***","***","***","***"]
["CIMENTOS ASFÁLTICOS CAP-150-200","2015-08-01","***","***","***","***","***","***"]
["CIMENTOS ASFÁLTICOS CAP-150-200","2015-09-01","***","***","***","***","***","***"]
["CIMENTOS ASFÁLTICOS CAP-150-200","2015-10-01","***","***","***","***","***","***"]
["CIMENTOS ASFÁLTICOS CAP-150-200","2015-11-01","***","***","***","***","***","***"]
["CIMENTOS ASFÁLTICOS CAP-150-200","2015-12-01","***","***","***","***","***","***"]
["CIMENTOS ASFÁLTICOS CAP-150-200","2016-01-01","***","***","***","***","***","***"]
["CIMENTOS ASFÁLTICOS CAP-150-200","2016-02-01","***","***","***","***","***","***"]
["CIMENTOS ASFÁLTICOS CAP-150-200","2016-03-01","***","***","***","***","***","***"]
["CIMENTOS ASFÁLTICOS CAP-150-200","2016-04-01","***","***","***","***","***","***"]
["CIMENTOS ASFÁLTICOS CAP-150-200","2016-05-01","***","***","***","***","***","***"]
["CIMENTOS ASFÁLTICOS CAP-150-200","2016-06-01","***","***","***","***","***","***"]
["CIMENTOS ASFÁLTICOS CAP-150-200","2016-07-01","***","***","***","***","***","***"]
["CIMENTOS ASFÁLTICOS CAP-150-200","2016-08-01","***","***","***","***","***","***"]
["CIMENTOS ASFÁLTICOS CAP-150-200","2016-09-01","***","***","***","***","***","***"]
["CIMENTOS ASFÁLTICOS CAP-150-200","2016-10-01","***","***","***","***","***","***"]
["CIMENTOS ASFÁLTICOS CAP-150-200","2016-11-01","***","***","***","***","***","***"]
["CIMENTOS ASFÁLTICOS CAP-150-200","2016-12-01","***","***","***","***","***","***"]
["CIMENTOS ASFÁLTICOS CAP-150-200","2017-01-01","***","***","***","***","***","***"]
["CIMENTOS ASFÁLTICOS CAP-150-200","2017-02-01","***","***","***","***","***","***"]
["CIMENTOS ASFÁLTICOS CAP-150-200","2017-03-01","***","***","***","***","***","***"]
["CIMENTOS ASFÁLTICOS CAP-150-200","2017-04-01","***","***","***","***","***","***"]
["CIMENTOS ASFÁLTICOS CAP-150-200","2017-05-01","***","***","***","***","***","***"]
["CIMENTOS ASFÁLTICOS CAP-150-200","2017-06-01","***","***","***","***","***","***"]
["CIMENTOS ASFÁLTICOS CAP-150-200","2017-07-01","***","***","***","***","***","***"]
["CIMENTOS ASFÁLTICOS CAP-150-200","2017-08-01","***","***","***","***","***","***"]
["CIMENTOS ASFÁLTICOS CAP-150-200","2017-09-01","***","***","***","***","***","***"]
["CIMENTOS ASFÁLTICOS CAP-150-200","2017-10-01","***","***","***","***","***","***"]
["CIMENTOS ASFÁLTICOS CAP-150-200","2017-11-01","***","***","***","***","***","***"]
["CIMENTOS ASFÁLTICOS CAP-150-200","2017-12-01","***","***","***","***","***","***"]
["CIMENTOS ASFÁLTICOS CAP-150-200","2018-01-01","***","***","***","***","***","***"]
["CIMENTOS ASFÁLTICOS CAP-150-200","2018-02-01","***","***","***","***","***","***"]
["CIMENTOS ASFÁLTICOS CAP-150-200","2018-03-01","***","***","***","***","***","***"]
["CIMENTOS ASFÁLTICOS CAP-150-200","2018-04-01","***","***","***","***","***","***"]
["CIMENTOS ASFÁLTICOS CAP-150-200","2018-05-01","***","***","***","***","***","***"]
["CIMENTOS ASFÁLTICOS CAP-150-200","2018-06-01","***","***","***","***","***","***"]
["CIMENTOS ASFÁLTICOS CAP-150-200","2018-07-01","***","***","***","***","***","***"]
["CIMENTOS ASFÁLTICOS CAP-150-200","2018-08-01","***","***","***","***","***","***"]
["CIMENTOS ASFÁLTICOS CAP-150-200","2018-09-01","***","***","***","***","***","***"]
["CIMENTOS ASFÁLTICOS CAP-150-200","2018-10-01","***","***","***","***","***","***"]
["CIMENTOS ASFÁLTICOS CAP-150-200","2018-11-01","***","***","***","***","***","***"]
["CIMENTOS ASFÁLTICOS CAP-150-200","2018-12-01","***","***","***","***","***","***"]
["CIMENTOS ASFÁLTICOS CAP-150-200","2019-01-01","***","***","***","***","***","***"]
["CIMENTOS ASFÁLTICOS CAP-150-200","2019-02-01","***","***","***","***","***","***"]
["CIMENTOS ASFÁLTICOS CAP-150-200","2019-03-01","***","***","***","***","***","***"]
["CIMENTOS ASFÁLTICOS CAP-150-200","2019-04-01","***","***","***","***","***","***"]
["CIMENTOS ASFÁLTICOS CAP-150-200","2019-05-01","***","***","***","***","***","***"]
["CIMENTOS ASFÁLTICOS CAP-150-200","2019-06-01","***","***","***","***","***","***"]
["CIMENTOS ASFÁLTICOS CAP-150-200","2019-07-01","***","***","***","***","***","***"]
["CIMENTOS ASFÁLTICOS CAP-150-200","2019-08-01","***","***","***","***","***","***"]
["CIMENTOS ASFÁLTICOS CAP-150-200","2019-09-01","***","***","***","***","***","***"]
["CIMENTOS ASFÁLTICOS CAP-150-200","2019-10-01","***","***","***","***","***","***"]
["CIMENTOS ASFÁLTICOS CAP-150-200","2019-11-01","***","***","***","***","***","***"]
["CIMENTOS ASFÁLTICOS CAP-150-200","2019-12-01","***","***","***","***","***","***"]
["CIMENTOS ASFÁLTICOS CAP-150-200","2020-01-01","***","***","***","***","***","***"]
["CIMENTOS ASFÁLTICOS CAP-150-200","2020-02-01","***","***","***","***","***","***"]
["CIMENTOS ASFÁLTICOS CAP-150-200","2020-03-01","***","***","***","***","***","***"]
["CIMENTOS ASFÁLTICOS CAP-150-200","2020-04-01","***","***","***","***","***","***"]
["CIMENTOS ASFÁLTICOS CAP-150-200","2020-05-01","***","***","***","***","***","***"]
["CIMENTOS ASFÁLTICOS CAP-150-200","2020-06-01","***","***","***","***","***","***"]
["CIMENTOS ASFÁLTICOS CAP-150-200","2020-07-01","***","***","***","***","***","***"]
["CIMENTOS ASFÁLTICOS CAP-150-200","2020-08-01","***","***","***","***","***","***"]
["CIMENTOS ASFÁLTICOS CAP-150-200","2020-09-01","***","***","***","***","***","***"]
["CIMENTOS ASFÁLTICOS CAP-150-200","2020-10-01","***","***","***","***","***","***"]
["CIMENTOS ASFÁLTICOS CAP-150-200","2020-11-01","***","***","***","***","***","***"]
["CIMENTOS ASFÁLTICOS CAP-150-200","2020-12-01","***","***","***","***","***","***"]
["CIMENTOS ASFÁLTICOS CAP-150-200","2021-01-01","***","***","***","***","***","***"]
["CIMENTOS ASFÁLTICOS CAP-150-200","2021-02-01","***","***","***","***","***","***"]
["CIMENTOS ASFÁLTICOS CAP-150-200","2021-03-01","***","***","***","***","***","***"]
["CIMENTOS ASFÁLTICOS CAP-150-200","2021-04-01","***","***","***","***","***","***"]
["CIMENTOS ASFÁLTICOS CAP-150-200","2021-05-01","***","***","***",6.4181100000000004,"***",6.4181100000000004]
["CIMENTOS ASFÁLTICOS CAP-150-200","2021-06-01","***","***","***","***","***","***"]
["CIMENTOS ASFÁLTICOS CAP-150-200","2021-07-01","***","***","***","***","***","***"]
["CIMENTOS ASFÁLTICOS CAP-150-200","2021-08-01","***","***","***","***","***","***"]
["CIMENTOS ASFÁLTICOS CAP-150-200","2021-09-01","***","***","***","***","***","***"]
["CIMENTOS ASFÁLTICOS CAP-150-200","2021-10-01","***","***","***","***","***","***"]
["CIMENTOS ASFÁLTICOS CAP-150-200","2021-11-01","***","***","***","***","***","***"]
["CIMENTOS ASFÁLTICOS CAP-150-200","2021-12-01","***","***","***","***","***","***"]
["CIMENTOS ASFÁLTICOS CAP-150-200","2022-01-01","***","***","***","***","***","***"]
["CIMENTOS ASFÁLTICOS CAP-150-200","2022-02-01","***","***","***","***","***","***"]
["CIMENTOS ASFÁLTICOS CAP-150-200","2022-03-01","***","***","***","***","***","***"]
["CIMENTOS ASFÁLTICOS CAP-150-200","2022-04-01","***","***","***","***","***","***"]
["CIMENTOS ASFÁLTICOS CAP-150-200","2022-05-01","***","***","***","***","***","***"]
["CIMENTOS ASFÁLTICOS CAP-150-200","2022-06-01","***","***","***","***","***","***"]
["CIMENTOS ASFÁLTICOS CAP-150-200","2022-07-01","***","***","***","***","***","***"]
["CIMENTOS ASFÁLTICOS CAP-150-200","2022-08-01","***","***","***","***","***","***"]
["CIMENTOS ASFÁLTICOS CAP-150-200","2022-09-01","***","***","***","***","***","***"]
["CIMENTOS ASFÁLTICOS CAP-150-200","2022-10-01","***","***","***","***","***","***"]
["CIMENTOS ASFÁLTICOS CAP-150-200","2022-11-01","***","***","***",7.2317600000000004,"***",7.2317600000000004]
["CIMENTOS ASFÁLTICOS CAP-150-200","2022-12-01","***","***","***","***","***","***"]
["CIMENTOS ASFÁLTICOS CAP-150-200","2023-01-01","***","***","***","***","***","***"]
["CIMENTOS ASFÁLTICOS CAP-150-200","2023-02-01","***","***","***","***","***","***"]
["CIMENTOS ASFÁLTICOS CAP-150-200","2023-03-01","***","***","***","***","***","***"]
["CIMENTOS ASFÁLTICOS CAP-150-200","2023-04-01","***","***","***","***","***","***"]
["CIMENTOS ASFÁLTICOS CAP-150-200","2023-05-01","***","***","***","***","***","***"]
["CIMENTOS ASFÁLTICOS CAP-150-200","2023-06-01","***","***","***","***","***","***"]
["CIMENTOS ASFÁLTICOS CAP-150-200","2023-07-01","***","***","***","***","***","***"]
["CIMENTOS ASFÁLTICOS CAP-150-200","2023-08-01","***","***","***","***","***","***"]
["CIMENTOS ASFÁLTICOS CAP-150-200","2023-09-01","***","***","***","***","***","***"]
["CIMENTOS ASFÁLTICOS CAP-150-200","2023-10-01","***","***","***","***","***","***"]
["CIMENTOS ASFÁLTICOS CAP-150-200","2023-11-01","***","***","***","***","***","***"]
["CIMENTOS ASFÁLTICOS CAP-150-200","2023-12-01","***","***","***","***","***","***"]
["CIMENTOS ASFÁLTICOS CAP-150-200","2024-01-01","***","***","***","***","***","***"]
["CIMENTOS ASFÁLTICOS CAP-150-200","2024-02-01","***","***","***","***","***","***"]
["CIMENTOS ASFÁLTICOS CAP-150-200","2024-03-01","***","***","***","***","***","***"]
["CIMENTOS ASFÁLTICOS CAP-150-200","2024-04-01","***","***","***","***","***","***"]
["CIMENTOS ASFÁLTICOS CAP-150-200","2024-05-01","***","***","***","***","***","***"]
["CIMENTOS ASFÁLTICOS CAP-150-200","2024-06-01","***","***","***","***","***","***"]
["CIMENTOS ASFÁLTICOS CAP-150-200","2024-07-01","***","***","***","***","***","***"]
["CIMENTOS ASFÁLTICOS CAP-150-200","2024-08-01","***","***","***","***","***","***"]
["CIMENTOS ASFÁLTICOS CAP-150-200","2024-09-01","***","***","***","***","***","***"]
["CIMENTOS ASFÁLTICOS CAP-150-200","2024-10-01","***","***","***","***","***","***"]
["CIMENTOS ASFÁLTICOS CAP-150-200","2024-11-01","***","***","***","***","***","***"]
["CIMENTOS ASFÁLTICOS CAP-150-200","2024-12-01","***","***","***","***","***","***"]
["CIMENTOS ASFÁLTICOS CAP-150-200","2025-01-01","***","***","***",7.5867000000000004,"***",7.5867000000000004]
["CIMENTOS ASFÁLTICOS CAP-150-200","2025-02-01","***","***","***","***","***","***"]
["CIMENTOS ASFÁLTICOS CAP-150-200","2025-03-01","***","***","***","***","***","***"]
["CIMENTOS ASFÁLTICOS CAP-150-200","2025-04-01","***","***","***","***","***","***"]
["CIMENTOS ASFÁLTICOS CAP-150-200","2025-05-01","***","***","***","***","***","***"]
["CIMENTOS ASFÁLTICOS CAP-150-200","2025-06-01","***","***","***",2.6812100000000001,"***",2.6812100000000001]
["CIMENTOS ASFÁLTICOS CAP-150-200","2025-07-01","***","***","***","***","***","***"]
["CIMENTOS ASFÁLTICOS CAP-30-45","2008-11-01","***","***",2.202,0.96389878550085295,"***",0.96845674115569891]
["CIMENTOS ASFÁLTICOS CAP-30-45","2008-12-01","***","***","***",1.0096355085676287,"***",1.0096355085676287]
["CIMENTOS ASFÁLTICOS CAP-30-45","2009-01-01","***","***","***",0.90312768950474787,0.90890000000000004,0.90315261114342826]
["CIMENTOS ASFÁLTICOS CAP-30-45","2009-02-01","***","***","***",0.95408041011695011,"***",0.95408041011695011]
["CIMENTOS ASFÁLTICOS CAP-30-45","2009-03-01","***","***",1.2091621142564983,0.969488387405673,"***",0.98341130518243203]
["CIMENTOS ASFÁLTICOS CAP-30-45","2009-04-01","***","***",1.2592016208580439,0.9653514425145423,"***",0.9856917687129424]
["CIMENTOS ASFÁLTICOS CAP-30-45","2009-05-01","***","***",1.3017948047023307,0.9390335318817481,"***",0.96651429785302545]
["CIMENTOS ASFÁLTICOS CAP-30-45","2009-06-01","***","***",1.2924647285516548,0.91557454324125842,0.88366999999999996,0.9774661723595347]
["CIMENTOS ASFÁLTICOS CAP-30-45","2009-07-01",1.1983279291325424,"***",1.3162235749754951,1.0332699580752742,"***",1.0809272160906338]
["CIMENTOS ASFÁLTICOS CAP-30-45","2009-08-01",1.1425218841183826,"***",1.2914152885920664,0.94287912663724083,"***",0.99329363368317469]
["CIMENTOS ASFÁLTICOS CAP-30-45","2009-09-01",1.2179708502024291,"***",1.2733065313666061,0.95338647211387628,"***",1.016009727863405]
["CIMENTOS ASFÁLTICOS CAP-30-45","2009-10-01",1.1499900000000001,"***",1.3229985388633532,0.92445890217072479,0.90933990139109,1.0011250271507404]
["CIMENTOS ASFÁLTICOS CAP-30-45","2009-11-01",1.1455082054654391,0.92451993220216944,1.3000044142473726,0.92629696920978677,0.8655433723429663,0.97250195935376071]
["CIMENTOS ASFÁLTICOS CAP-30-45","2009-12-01",1.1418454485199971,"***",1.4794440377275715,0.97485862530318201,0.88864667686154564,0.9834314802968287]
["CIMENTOS ASFÁLTICOS CAP-30-45","2010-01-01",1.1327789624486604,"***",1.4777370874757705,0.93215318715670603,0.88842589522164661,0.94381773411585568]
["CIMENTOS ASFÁLTICOS CAP-30-45","2010-02-01",1.1441124987907516,"***",1.4677596757472788,0.9121543608355378,0.90126464215742774,0.92316997347175667]
["CIMENTOS ASFÁLTICOS CAP-30-45","2010-03-01",1.1405155319148936,"***",1.4205266495058486,0.90919240101119947,0.89570478428739309,0.92373510208075282]
["CIMENTOS ASFÁLTICOS CAP-30-45","2010-04-01",1.1443719701503043,"***",1.4627361365769516,0.9167226347684958,0.89346406072106266,0.92639350600934467]
["CIMENTOS ASFÁLTICOS CAP-30-45","2010-05-01",1.1417957860310919,"***","***",0.89498261321551742,0.88290000000000002,0.89676391266000621]
["CIMENTOS ASFÁLTICOS CAP-30-45","2010-06-01",0.93678558539508006,"***","***",0.8863714107791073,0.88685837633067999,0.88686164277118007]
["CIMENTOS ASFÁLTICOS CAP-30-45","2010-07-01",0.9121474590273152,"***","***",0.87158579567693806,0.96454826648538416,0.87197297593852807]
["CIMENTOS ASFÁLTICOS CAP-30-45","2010-08-01",0.91643472931962799,"***","***",0.86740075124328675,0.95063486967874289,0.86910649157224773]
["CIMENTOS ASFÁLTICOS CAP-30-45","2010-09-01",0.90718200800776505,"***","***",0.8627940222671544,0.95985513380601084,0.86450117298625906]
["CIMENTOS ASFÁLTICOS CAP-30-45","2010-10-01",0.98383149931168523,"***","***",0.89562248488449436,0.97526209593634161,0.89760032311158622]
["CIMENTOS ASFÁLTICOS CAP-30-45","2010-11-01",1.1562939228974558,"***","***",0.91140317675339311,"***",0.91262877329399739]
["CIMENTOS ASFÁLTICOS CAP-30-45","2010-12-01",1.2108562401491401,"***","***",0.91775743823208666,1.115,0.92012815641003765]
["CIMENTOS ASFÁLTICOS CAP-30-45","2011-01-01",1.1575427790802524,"***","***",0.91221318617782177,"***",0.91305628374382519]
["CIMENTOS ASFÁLTICOS CAP-30-45","2011-02-01",1.1853278507348732,"***","***",0.8866836683224586,"***",0.88754358404090872]
["CIMENTOS ASFÁLTICOS CAP-30-45","2011-03-01","***","***","***",0.86643167188030989,"***",0.86643167188030989]
["CIMENTOS ASFÁLTICOS CAP-30-45","2011-04-01","***","***","***",0.85190050777375126,"***",0.85190050777375126]
["CIMENTOS ASFÁLTICOS CAP-30-45","2011-05-01",1.1499900000000001,"***","***",0.8449292999098601,"***",0.84525819797462698]
["CIMENTOS ASFÁLTICOS CAP-30-45","2011-06-01",1.1219149829437778,"***","***",0.83361859559768159,"***",0.83434709813237584]
["CIMENTOS ASFÁLTICOS CAP-30-45","2011-07-01",0.87477161442307683,"***","***",0.83638682639756956,0.87853358875042109,0.83664383580805668]
["CIMENTOS ASFÁLTICOS CAP-30-45","2011-08-01",0.97814035014951295,"***","***",0.83792330514374114,0.87855069314349954,0.83924372574474571]
["CIMENTOS ASFÁLTICOS CAP-30-45","2011-09-01",1.0348991491174679,"***",1.2137,0.83507073984052205,0.87861915736346019,0.83817920650331679]
["CIMENTOS ASFÁLTICOS CAP-30-45","2011-10-01",1.0822499999999999,"***","***",0.83397037589623235,0.86319999999999997,0.83588148750095237]
["CIMENTOS ASFÁLTICOS CAP-30-45","2011-11-01",1.0822499999999999,"***","***",0.83073618965208951,0.86180000000000001,0.83217915346958149]
["CIMENTOS ASFÁLTICOS CAP-30-45","2011-12-01",0.87485000000000002,"***",1.0307999999999999,0.83025514296535508,0.94277999999999995,0.83068396005937728]
["CIMENTOS ASFÁLTICOS CAP-30-45","2012-01-01","***","***",1.034,0.83198640965103643,"***",0.83230224546898857]
["CIMENTOS ASFÁLTICOS CAP-30-45","2012-02-01","***","***",1.0352627540264778,0.83940208733302435,"***",0.84035969542097211]
["CIMENTOS ASFÁLTICOS CAP-30-45","2012-03-01",1.1415730218111542,"***",1.0333519829082654,0.85391003129658372,0.81542999999999999,0.85505706895701483]
["CIMENTOS ASFÁLTICOS CAP-30-45","2012-04-01","***","***",1.1080932106164383,0.86021770894794702,0.82633000000000001,0.86174695820497793]
["CIMENTOS ASFÁLTICOS CAP-30-45","2012-05-01",1.1564000000000001,"***",1.0928641756506217,0.86322191371031787,"***",0.86477360992484931]
["CIMENTOS ASFÁLTICOS CAP-30-45","2012-06-01","***","***",1.0942866042385411,0.86763749884787278,"***",0.86919341941932571]
["CIMENTOS ASFÁLTICOS CAP-30-45","2012-07-01","***","***",1.0966112444961371,0.86694574332193364,0.73311000000000004,0.86926138849551249]
["CIMENTOS ASFÁLTICOS CAP-30-45","2012-08-01","***","***",1.109068670321141,0.86912210655547795,"***",0.87047870373846858]
["CIMENTOS ASFÁLTICOS CAP-30-45","2012-09-01","***","***",1.0989199999999999,0.87404959699900908,0.73310999999999993,0.87351714016107185]
["CIMENTOS ASFÁLTICOS CAP-30-45","2012-10-01","***","***",1.120726317116878,0.87192522158921615,0.92335999999999985,0.87330993620751862]
["CIMENTOS ASFÁLTICOS CAP-30-45","2012-11-01","***","***",1.0935926746445739,0.88025317895736077,"***",0.88101317101768672]
["CIMENTOS ASFÁLTICOS CAP-30-45","2012-12-01","***","***",1.0942082618412068,0.87335111488523343,"***",0.87532681081000019]
["CIMENTOS ASFÁLTICOS CAP-30-45","2013-01-01","***","***",1.1126097397124444,0.86326126378558143,"***",0.86544014844190353]
["CIMENTOS ASFÁLTICOS CAP-30-45","2013-02-01","***","***","***",0.86810117121312724,"***",0.86810117121312724]
["CIMENTOS ASFÁLTICOS CAP-30-45","2013-03-01","***","***",1.0839799999999999,0.88674808734508548,"***",0.8871184155352998]
["CIMENTOS ASFÁLTICOS CAP-30-45","2013-04-01","***","***",1.0961563408896493,0.88448780846965769,"***",0.88523000996176338]
["CIMENTOS ASFÁLTICOS CAP-30-45","2013-05-01","***","***",1.1580256081215108,0.88689324560272076,"***",0.89340757516218638]
["CIMENTOS ASFÁLTICOS CAP-30-45","2013-06-01","***","***",1.0315984161521945,0.87332669843222344,"***",0.87706194722002417]
["CIMENTOS ASFÁLTICOS CAP-30-45","2013-07-01","***","***",1.1397635040159273,0.88105531667051185,"***",0.88759398367491382]
["CIMENTOS ASFÁLTICOS CAP-30-45","2013-08-01","***","***",1.1374981163451809,0.88988045249583847,0.96648385928821234,0.89673800084069433]
["CIMENTOS ASFÁLTICOS CAP-30-45","2013-09-01","***","***",1.1688582059518116,0.90564083949887542,"***",0.91710529604764124]
["CIMENTOS ASFÁLTICOS CAP-30-45","2013-10-01","***","***",1.1241316750198971,0.89339101584518432,"***",0.89910003852175069]
["CIMENTOS ASFÁLTICOS CAP-30-45","2013-11-01","***","***",1.1345695786622871,0.90200024319615169,"***",0.91290723735620116]
["CIMENTOS ASFÁLTICOS CAP-30-45","2013-12-01","***","***",1.0421830456920553,0.91214753923202607,1.0627200000000001,0.91570171921368948]
["CIMENTOS ASFÁLTICOS CAP-30-45","2014-01-01","***","***",1.1475820718796796,0.91088946236607116,1.0039461772876506,0.91843687568522692]
["CIMENTOS ASFÁLTICOS CAP-30-45","2014-02-01","***","***",1.0527563471958818,0.91579669277223186,1.0627200000000001,0.91776396306562558]
["CIMENTOS ASFÁLTICOS CAP-30-45","2014-03-01","***","***",1.118367274284316,0.9137732736248827,1.0627200000000001,0.91879709265568532]
["CIMENTOS ASFÁLTICOS CAP-30-45","2014-04-01","***","***",1.0756725302515024,0.90677938434455585,1.0627200000000001,0.91227790960539823]
["CIMENTOS ASFÁLTICOS CAP-30-45","2014-05-01","***","***",1.0755260311466264,0.90279709829397314,1.0627200000000001,0.91264641134677815]
["CIMENTOS ASFÁLTICOS CAP-30-45","2014-06-01","***","***",1.1218797036496888,0.89763499299156602,"***",0.91526791658935525]
["CIMENTOS ASFÁLTICOS CAP-30-45","2014-07-01","***","***",1.0594807753879203,0.89399277921585951,"***",0.90503382127052701]
["CIMENTOS ASFÁLTICOS CAP-30-45","2014-08-01","***","***",1.0931281678590601,0.89302351524009471,0.92156000000000016,0.91097459811152315]
["CIMENTOS ASFÁLTICOS CAP-30-45","2014-09-01","***","***",1.2093996899954327,0.90881813675403567,0.92156000000000016,0.9330361210419178]
["CIMENTOS ASFÁLTICOS CAP-30-45","2014-10-01","***","***",1.126023363718347,0.87978324033651167,1.0627200000000001,0.89565631357819886]
["CIMENTOS ASFÁLTICOS CAP-30-45","2014-11-01","***","***",1.1310787058454315,0.90050182576729332,1.0627200000000001,0.91621100269825062]
["CIMENTOS ASFÁLTICOS CAP-30-45","2014-12-01","***","***",1.2094707723841531,1.0061659133531129,"***",1.0174715846259297]
["CIMENTOS ASFÁLTICOS CAP-30-45","2015-01-01",1.5476000000000001,"***",1.4789824211477973,1.1831388346140339,"***",1.2079291165799595]
["CIMENTOS ASFÁLTICOS CAP-30-45","2015-02-01",1.5935999999999999,"***",1.4524657730446517,1.1903404196706422,"***",1.2011704656910502]
["CIMENTOS ASFÁLTICOS CAP-30-45","2015-03-01","***","***",1.4917478117518004,1.1863207832165119,0.92156000000000005,1.1991598829148478]
["CIMENTOS ASFÁLTICOS CAP-30-45","2015-04-01",1.3197000000000001,"***",1.3712196920393838,1.1669043821396738,1.1910999999999998,1.1707781213587753]
["CIMENTOS ASFÁLTICOS CAP-30-45","2015-05-01",1.2819350000000003,"***",1.2496642688448607,1.1716586894246632,"***",1.1758068625912648]
["CIMENTOS ASFÁLTICOS CAP-30-45","2015-06-01",1.3191200000000001,"***",1.3000260757632787,1.1597163765942815,"***",1.1656925379042655]
["CIMENTOS ASFÁLTICOS CAP-30-45","2015-07-01","***","***",1.2295591771103487,1.1498034919305045,1.1802999999999999,1.1541518555075092]
["CIMENTOS ASFÁLTICOS CAP-30-45","2015-08-01","***","***",1.2532767878528654,1.1488727950324293,1.1800126075658894,1.1541504011628865]
["CIMENTOS ASFÁLTICOS CAP-30-45","2015-09-01","***","***",1.3990007906656616,1.2213810452231366,1.2650800398465174,1.2314175120453796]
["CIMENTOS ASFÁLTICOS CAP-30-45","2015-10-01","***","***",1.443635030876363,1.2897214195995681,1.2984122856411568,1.2949785780044125]
["CIMENTOS ASFÁLTICOS CAP-30-45","2015-11-01","***","***",1.6947009388196914,1.4554257912241382,1.443783473056794,1.4621579789471342]
["CIMENTOS ASFÁLTICOS CAP-30-45","2015-12-01","***","***",1.7589037895383632,1.4723164948417438,1.4418261947454589,1.4766134875542452]
["CIMENTOS ASFÁLTICOS CAP-30-45","2016-01-01","***","***",1.7401016234422364,1.4709350978552804,1.4428172201022975,1.4718107846909161]
["CIMENTOS ASFÁLTICOS CAP-30-45","2016-02-01","***","***",1.6206697336199285,1.4655615129353645,1.4466349107314262,1.4669560554206267]
["CIMENTOS ASFÁLTICOS CAP-30-45","2016-03-01","***","***",1.5191637115198755,1.4681515467504698,1.4417528771730261,1.4688625342593586]
["CIMENTOS ASFÁLTICOS CAP-30-45","2016-04-01",1.6218399999999999,"***",1.7364547002332618,1.6167903153688672,1.6047846901640666,1.621627991272135]
["CIMENTOS ASFÁLTICOS CAP-30-45","2016-05-01",1.6218399999999999,"***",1.7533678801851769,1.6293389247825596,1.5871641613550143,1.6337069470239136]
["CIMENTOS ASFÁLTICOS CAP-30-45","2016-06-01","***","***",1.733242216322455,1.6317999569489499,1.6465775691492224,1.6381724612254234]
["CIMENTOS ASFÁLTICOS CAP-30-45","2016-07-01","***","***",1.7055866667248345,1.6383546215644806,1.678292250378548,1.6440729072855123]
["CIMENTOS ASFÁLTICOS CAP-30-45","2016-08-01","***","***",1.6663998857082323,1.6387239626262509,1.6350477030755379,1.6411678507476488]
["CIMENTOS ASFÁLTICOS CAP-30-45","2016-09-01","***","***",1.6046551414419903,1.5231140587310765,1.5326052893139017,1.5339610471851866]
["CIMENTOS ASFÁLTICOS CAP-30-45","2016-10-01",1.6735766502463054,"***",1.5773045588340349,1.4982071816986724,1.5383756980357686,1.5132775368772957]
["CIMENTOS ASFÁLTICOS CAP-30-45","2016-11-01","***","***",1.6380838464506422,1.4920079603645255,1.4957786042135404,1.5072778326022582]
["CIMENTOS ASFÁLTICOS CAP-30-45","2016-12-01","***","***",1.5144316757992191,1.4683557268268475,1.5471362886522191,1.4791328724744097]
["CIMENTOS ASFÁLTICOS CAP-30-45","2017-01-01",1.62096,"***",1.4978829866506864,1.4437797776518029,1.5408481562981815,1.4580894500009682]
["CIMENTOS ASFÁLTICOS CAP-30-45","2017-02-01","***","***",1.5932058169169234,1.4381285646787447,1.4947187551045313,1.4583774254740798]
["CIMENTOS ASFÁLTICOS CAP-30-45","2017-03-01",1.6719999999999999,"***",1.503729533588412,1.4355240878982125,1.4720203543193637,1.4452006217291478]
["CIMENTOS ASFÁLTICOS CAP-30-45","2017-04-01","***","***",1.4991807019742887,1.3828354104711336,1.4307786219562451,1.3996932664310946]
["CIMENTOS ASFÁLTICOS CAP-30-45","2017-05-01","***",1.3877342027183361,1.4911717459550751,1.3481409117494374,1.4063853766970464,1.3723398616314999]
["CIMENTOS ASFÁLTICOS CAP-30-45","2017-06-01",1.1928964462327967,1.4375421787105147,1.540286447605268,1.3617663931251867,1.4154846208395953,1.4005314147112784]
["CIMENTOS ASFÁLTICOS CAP-30-45","2017-07-01",1.3884262886433232,1.3858763071259006,1.5496459818109134,1.3658860226677434,1.3878180811259939,1.4015309321689344]
["CIMENTOS ASFÁLTICOS CAP-30-45","2017-08-01",1.4416948389489952,1.3736269219556372,1.4813723681895563,1.3594734118455321,1.3820177097557558,1.383176491798298]
["CIMENTOS ASFÁLTICOS CAP-30-45","2017-09-01",1.4774604252639434,1.4207683494939756,1.5448769848375781,1.3625638924139833,1.3921079098528923,1.3988892826808061]
["CIMENTOS ASFÁLTICOS CAP-30-45","2017-10-01",1.5351341629216142,1.4319901958504988,1.558736843591215,1.3903729939835083,1.4145480796768597,1.4251961042222401]
["CIMENTOS ASFÁLTICOS CAP-30-45","2017-11-01",1.4111836701882208,1.5713555402196702,1.6313413733281281,1.511291559194794,1.5492650476003826,1.5424695028042981]
["CIMENTOS ASFÁLTICOS CAP-30-45","2017-12-01",1.3932608583056978,1.567231485236861,1.6239610354677454,1.5359360368211539,1.5154918622795748,1.540247065719399]
["CIMENTOS ASFÁLTICOS CAP-30-45","2018-01-01",1.6476915690013041,1.6565482133467859,1.7210476510494954,1.6345102992524556,1.5560483995851249,1.6320460077652261]
["CIMENTOS ASFÁLTICOS CAP-30-45","2018-02-01",1.5207832253618192,1.6848502998502819,1.7109770876493224,1.6502653481033869,1.609484265298015,1.6487470301498095]
["CIMENTOS ASFÁLTICOS CAP-30-45","2018-03-01",1.491580158315178,1.6337909705925402,1.6447670189290815,1.6423356303771297,1.6094138275855994,1.6337427130144104]
["CIMENTOS ASFÁLTICOS CAP-30-45","2018-04-01",1.5350898668579127,1.6156584535958651,1.7219590321378506,1.582955638893307,1.5887633107008443,1.5957276371174169]
["CIMENTOS ASFÁLTICOS CAP-30-45","2018-05-01",1.6376558328131312,1.6812811383091628,1.8706448195821743,1.7191927945352512,1.7530972446643402,1.7327933643779989]
["CIMENTOS ASFÁLTICOS CAP-30-45","2018-06-01",1.8336274699343025,1.827537701612685,1.9932059993415836,1.8084922918920414,1.788995438204162,1.8325081297335521]
["CIMENTOS ASFÁLTICOS CAP-30-45","2018-07-01",1.7835403091787443,1.9503305153859225,2.0517924572644537,1.9350421976910559,1.9400145321501541,1.9501163059778668]
["CIMENTOS ASFÁLTICOS CAP-30-45","2018-08-01",1.8515338092195663,2.0970565219905164,2.276089913909626,2.1250608780663995,2.0844227507822755,2.12587811576467]
["CIMENTOS ASFÁLTICOS CAP-30-45","2018-09-01",1.8759813773982819,2.1222184952154386,2.2980150933476593,2.1623097115162091,2.1335432695848788,2.1598957858443106]
["CIMENTOS ASFÁLTICOS CAP-30-45","2018-10-01",2.0102612252088106,2.0943308860278491,2.1893098823558561,2.1812424332326543,2.2231288313716457,2.1666816275572258]
["CIMENTOS ASFÁLTICOS CAP-30-45","2018-11-01",2.2499273327196208,2.467134473990793,2.6231582693347923,2.4524434010275327,2.4637502365755037,2.4600656174966669]
["CIMENTOS ASFÁLTICOS CAP-30-45","2018-12-01",2.1946256801312605,2.4114492872033919,2.4944467619330344,2.4846401051421196,2.5259009497975264,2.4791962391879383]
["CIMENTOS ASFÁLTICOS CAP-30-45","2019-01-01",2.1719482325334449,2.3904946342152442,2.6067390324531954,2.4580470326185537,2.4981693280282999,2.462996179918346]
["CIMENTOS ASFÁLTICOS CAP-30-45","2019-02-01",2.487649734317237,2.5380220692080049,2.7157118300450254,2.6695284653977458,2.7445422570056799,2.6634013867069153]
["CIMENTOS ASFÁLTICOS CAP-30-45","2019-03-01",2.3374180074904194,2.5497505855969091,2.8721549703388689,2.6691157754951504,2.6913096547186193,2.6752786837826901]
["CIMENTOS ASFÁLTICOS CAP-30-45","2019-04-01",2.4543348176726818,2.5871013665182452,2.903504849499682,2.6731510743934792,2.7811138038989256,2.6959982813730003]
["CIMENTOS ASFÁLTICOS CAP-30-45","2019-05-01",2.2983703391820138,2.5964453978923867,2.8723715109593901,2.6876189305966105,2.787929340060634,2.7041945068215179]
["CIMENTOS ASFÁLTICOS CAP-30-45","2019-06-01",2.4379393811291683,2.5312102251240969,2.9418021928178271,2.6577845500934179,2.7737744884529585,2.7044633325711205]
["CIMENTOS ASFÁLTICOS CAP-30-45","2019-07-01",2.3901375469824955,2.5151906620235396,2.9600930635828724,2.6722754481992887,2.7556905584825238,2.6992101400604587]
["CIMENTOS ASFÁLTICOS CAP-30-45","2019-08-01",2.1977314172692632,2.3098604186648646,2.7087069498684011,2.4541473948861134,2.5378288443646846,2.4818408862472676]
["CIMENTOS ASFÁLTICOS CAP-30-45","2019-09-01",2.1307806560495659,2.3214022616986059,2.6917983255897733,2.4380465113080461,2.5297096280901603,2.4629840761999282]
["CIMENTOS ASFÁLTICOS CAP-30-45","2019-10-01",2.2474774518774323,2.3491677587854678,2.6948092754378852,2.4738825270552747,2.4813678752790884,2.4752250662286315]
["CIMENTOS ASFÁLTICOS CAP-30-45","2019-11-01",2.067977100756599,2.4090164372320646,2.7281502466107246,2.5423896208187049,2.5370655123381023,2.5280893569857685]
["CIMENTOS ASFÁLTICOS CAP-30-45","2019-12-01",2.0472294777653426,2.3596118754009128,2.7938789404352251,2.5506304123395727,2.50490399545096,2.5228359815960815]
["CIMENTOS ASFÁLTICOS CAP-30-45","2020-01-01",2.1168232528375213,2.3939028230092054,2.9000756703802844,2.5499748737291572,2.6045780201632418,2.540812459633754]
["CIMENTOS ASFÁLTICOS CAP-30-45","2020-02-01",2.0373928330178042,2.226411747798962,2.6091894054416005,2.3459006092633574,2.3795526333042503,2.3408255501688959]
["CIMENTOS ASFÁLTICOS CAP-30-45","2020-03-01",1.8789610853459127,2.1873698981501555,2.501807910126534,2.3410578401067066,2.3490944205222735,2.3211658798005281]
["CIMENTOS ASFÁLTICOS CAP-30-45","2020-04-01",1.8378897980997622,2.1612196169412701,2.4384086992003566,2.3045937303344841,2.3041973445100421,2.2924943276619993]
["CIMENTOS ASFÁLTICOS CAP-30-45","2020-05-01",2.0522176802602532,2.1252518077088602,2.4698937216243002,2.3173203301913121,2.3746367538734852,2.3105744759872446]
["CIMENTOS ASFÁLTICOS CAP-30-45","2020-06-01",2.0614990509379303,2.166315101787375,2.4457148297142255,2.2961935441919898,2.3914368451534371,2.3010076269484525]
["CIMENTOS ASFÁLTICOS CAP-30-45","2020-07-01",2.055494394882837,2.1640442215858249,2.4335703787523069,2.2979703952265593,2.3873226063181399,2.2939572654147558]
["CIMENTOS ASFÁLTICOS CAP-30-45","2020-08-01",2.2180138910270846,2.264861248238629,2.5793817661334071,2.4143540351426607,2.499962166759381,2.4070441389501145]
["CIMENTOS ASFÁLTICOS CAP-30-45","2020-09-01",2.1856712068342778,2.3238098055489838,2.613494058398905,2.4114040079933305,2.4645739773129045,2.4120117967003187]
["CIMENTOS ASFÁLTICOS CAP-30-45","2020-10-01",2.0923131978464657,2.3199381622544566,2.6310141112619609,2.433140258093804,2.4822316269216933,2.430708452761444]
["CIMENTOS ASFÁLTICOS CAP-30-45","2020-11-01",2.3139704845609481,2.4969735593468227,2.7637683227614294,2.6207119850201575,2.7073638589552202,2.6184578769840914]
["CIMENTOS ASFÁLTICOS CAP-30-45","2020-12-01",2.4520753664454431,"***",2.8173408138434834,2.5323478281875635,2.6066673517698011,2.5584373972765158]
["CIMENTOS ASFÁLTICOS CAP-30-45","2021-01-01",2.5732002442783997,"***",2.7031123347298331,2.5776982723268764,3.2358810219700662,2.601142740405157]
["CIMENTOS ASFÁLTICOS CAP-30-45","2021-02-01","***","***",2.797607010164409,2.839991403679333,3.2993265326276511,2.8431600586185755]
["CIMENTOS ASFÁLTICOS CAP-30-45","2021-03-01","***","***",2.851615649086674,2.8418649817622552,3.4076443931773208,2.8594615289257836]
["CIMENTOS ASFÁLTICOS CAP-30-45","2021-04-01","***","***",2.9539002065947391,2.8615062174872414,3.4491545325394815,2.8899094397810163]
["CIMENTOS ASFÁLTICOS CAP-30-45","2021-05-01","***","***",3.4424206419714181,3.4946755641262071,3.8990453571684967,3.4880048604229317]
["CIMENTOS ASFÁLTICOS CAP-30-45","2021-06-01",3.3012637347410094,"***",3.4260876515724448,3.5003204690754841,4.2544027379540799,3.503158103515529]
["CIMENTOS ASFÁLTICOS CAP-30-45","2021-07-01","***","***",3.5858127603798344,3.5366103741643045,3.9937766570642359,3.5478621828559285]
["CIMENTOS ASFÁLTICOS CAP-30-45","2021-08-01",3.13307,3.5390466688438926,3.7062241755769896,3.6894057164706573,4.0007530944444447,3.6922687013283659]
["CIMENTOS ASFÁLTICOS CAP-30-45","2021-09-01","***","***",3.6148760529848656,3.6845640925931273,3.7792582793791576,3.6738595602718811]
["CIMENTOS ASFÁLTICOS CAP-30-45","2021-10-01",3.41161,"***",3.5771676121935698,3.6697960476056699,3.5521616288372093,3.6539624810654439]
["CIMENTOS ASFÁLTICOS CAP-30-45","2021-11-01",3.7868880915800571,"***",4.0105582319407622,4.0174905618743004,4.7354179379277301,4.0241044347782609]
["CIMENTOS ASFÁLTICOS CAP-30-45","2021-12-01",3.5705,"***",4.1179092742642345,4.0288180521123014,4.1219880159036766,4.0360205065118118]
["CIMENTOS ASFÁLTICOS CAP-30-45","2022-01-01",3.823030000000001,"***",3.9163155203085975,4.0633324824494412,4.0234862916517375,4.0513571258310321]
["CIMENTOS ASFÁLTICOS CAP-30-45","2022-02-01",4.2186818703009576,"***",4.332309016376664,4.3340586646880199,4.8795526919817434,4.3339228362844642]
["CIMENTOS ASFÁLTICOS CAP-30-45","2022-03-01",4.3115555930387437,"***",4.3120532329331329,4.3648103858356357,4.6404149167568329,4.3597932011143845]
["CIMENTOS ASFÁLTICOS CAP-30-45","2022-04-01",4.1670056519355194,"***",4.7773250056806802,4.5184130406569212,4.645853301926663,4.5571931202116351]
["CIMENTOS ASFÁLTICOS CAP-30-45","2022-05-01",4.0886530293407422,"***",4.6237715768539855,4.4214617829770129,4.5072363450878639,4.4457418487702656]
["CIMENTOS ASFÁLTICOS CAP-30-45","2022-06-01",4.0256489360741545,"***",4.4687705649689384,4.4243574666988694,4.6000131542691411,4.4255082694288674]
["CIMENTOS ASFÁLTICOS CAP-30-45","2022-07-01",4.0883708830075474,"***",4.6933856777591894,4.4564854649055494,4.8369036733540183,4.4889436361082256]
["CIMENTOS ASFÁLTICOS CAP-30-45","2022-08-01",3.9438678124013054,"***",4.5792503871140244,4.2824433090519092,4.6279515637071418,4.3329766236538276]
["CIMENTOS ASFÁLTICOS CAP-30-45","2022-09-01",3.9329001466147564,"***",4.4003335774797003,4.0536042796840794,5.06960694058741,4.1215888349065919]
["CIMENTOS ASFÁLTICOS CAP-30-45","2022-10-01",3.6609896740954246,3.8188300000000002,4.0447564099401276,3.6282539341325646,4.5973336639490583,3.7003366665046351]
["CIMENTOS ASFÁLTICOS CAP-30-45","2022-11-01",3.6987617363462086,3.8242800000000003,4.0644587018114331,3.6125027140522441,4.7007613094364027,3.6911023839087376]
["CIMENTOS ASFÁLTICOS CAP-30-45","2022-12-01",3.2604870028937576,3.8592100000000005,3.8759141146761067,3.5899687194091103,4.7159500000000003,3.639500631614438]
["CIMENTOS ASFÁLTICOS CAP-30-45","2023-01-01",3.1283264961957533,"***",3.8962827351976959,3.4730745998984931,4.4178756779039574,3.5370266216042325]
["CIMENTOS ASFÁLTICOS CAP-30-45","2023-02-01",3.0192639761753721,"***",3.8398551501123528,3.3649234580046787,4.2690359072561064,3.4255517472290133]
["CIMENTOS ASFÁLTICOS CAP-30-45","2023-03-01",3.011321122442804,"***",3.5059096487254977,3.2119828747211896,4.2052676030557175,3.2654353976990338]
["CIMENTOS ASFÁLTICOS CAP-30-45","2023-04-01",3.9201921705349139,"***",3.4449413712836869,3.2032941126453101,4.0896218706520058,3.2769258697708756]
["CIMENTOS ASFÁLTICOS CAP-30-45","2023-05-01",3.290546204280361,"***",3.5601331506144867,3.1421904867987198,4.0717008450879275,3.2301441312397836]
["CIMENTOS ASFÁLTICOS CAP-30-45","2023-06-01",3.192112255667197,"***",3.5697929582624575,3.1527881788446077,3.6930170765315524,3.2338957150516237]
["CIMENTOS ASFÁLTICOS CAP-30-45","2023-07-01",3.1687063561326565,4.1558000000000002,3.5176021310000691,3.0671616527539523,3.7299637315243475,3.1381258551121514]
["CIMENTOS ASFÁLTICOS CAP-30-45","2023-08-01",3.5698996008643489,2.714,3.4661020638130431,3.059685837156068,3.3501970328464865,3.1581147818625168]
["CIMENTOS ASFÁLTICOS CAP-30-45","2023-09-01",3.8033632283698666,"***",3.619219726590706,3.3147911815909441,3.2872254382554655,3.3925147036236187]
["CIMENTOS ASFÁLTICOS CAP-30-45","2023-10-01",3.7600330581866497,3.3619629565299696,3.8200223276478678,3.3105228697941458,3.3518664634330393,3.4367387505640097]
["CIMENTOS ASFÁLTICOS CAP-30-45","2023-11-01",3.8301807448803231,"***",3.7547759032662325,3.3747593023223219,3.6097550971617665,3.469012497997908]
["CIMENTOS ASFÁLTICOS CAP-30-45","2023-12-01",3.829389295212954,"***",3.6963417419485141,3.3225710905842054,3.8801581842204609,3.3688653138149496]
["CIMENTOS ASFÁLTICOS CAP-30-45","2024-01-01",3.0459141573211181,"***",3.5830971417809394,3.2091761974122237,4.0791650106058892,3.2624504942271813]
["CIMENTOS ASFÁLTICOS CAP-30-45","2024-02-01",3.1116139747208247,"***",3.6831847425835584,3.2049842409957332,4.2047774179246069,3.2599051684648144]
["CIMENTOS ASFÁLTICOS CAP-30-45","2024-03-01",3.337022864461423,"***",3.628976708817981,3.285675407156472,4.0108926863864625,3.3301311218942491]
["CIMENTOS ASFÁLTICOS CAP-30-45","2024-04-01",3.8189139508478527,"***",3.5916369550797076,3.2443195159528031,3.6592456900042376,3.2957282976677007]
["CIMENTOS ASFÁLTICOS CAP-30-45","2024-05-01",3.6222874444250972,"***",3.6730234403671393,3.3282393560612564,4.1665251613776766,3.3901355839307792]
["CIMENTOS ASFÁLTICOS CAP-30-45","2024-06-01",3.3328678543176169,"***",3.7600099362528852,3.3258418022142582,4.1139195672552971,3.4011170393737844]
["CIMENTOS ASFÁLTICOS CAP-30-45","2024-07-01",3.9102810480876125,"***",3.8303938615195734,3.3337469533566368,4.2663850536082215,3.4438499716391195]
["CIMENTOS ASFÁLTICOS CAP-30-45","2024-08-01",3.7679418349007014,4.9202599999999999,3.9873467323262273,3.580960686875772,3.500367988471178,3.6501318588837992]
["CIMENTOS ASFÁLTICOS CAP-30-45","2024-09-01",3.7071512345505306,3.5625800000000001,4.0105443062148769,3.632327181857641,3.7183670023813882,3.6977331277760257]
["CIMENTOS ASFÁLTICOS CAP-30-45","2024-10-01",3.9920188802662535,"***",4.002413568413874,3.6993538787464941,3.6724885723089562,3.7543255968166735]
["CIMENTOS ASFÁLTICOS CAP-30-45","2024-11-01",4.1123641746317849,3.9238975008000003,4.4771093539914695,3.7111764776231899,4.6933323201276256,3.8201720012981681]
["CIMENTOS ASFÁLTICOS CAP-30-45","2024-12-01",3.6813490192417722,"***",4.0695359812074834,3.775690434565266,4.0310946346375145,3.8110051472516631]
["CIMENTOS ASFÁLTICOS CAP-30-45","2025-01-01",3.7556873013129004,"***",4.1348095788269106,3.7933695912882661,4.302624363110688,3.8454907050739431]
["CIMENTOS ASFÁLTICOS CAP-30-45","2025-02-01",3.8746566922101922,"***",4.3669267126892528,4.0135634259788393,4.4521947226216607,4.0654613477343178]
["CIMENTOS ASFÁLTICOS CAP-30-45","2025-03-01",4.0791781631100532,"***",4.2359437360112979,3.9240033928281659,3.9017460791940954,3.9774516636818591]
["CIMENTOS ASFÁLTICOS CAP-30-45","2025-04-01",4.1733223691774981,3.90225,4.1350741266009958,3.8996190763742797,3.7118854335431317,3.963380954892497]
["CIMENTOS ASFÁLTICOS CAP-30-45","2025-05-01",3.8347773123258508,"***",4.1323862251652415,3.797844499555965,3.6841254400503516,3.8546587658575597]
["CIMENTOS ASFÁLTICOS CAP-30-45","2025-06-01",3.6358378479260325,"***",3.691586413667387,3.6368102024241069,3.7723063024724639,3.6493366929511444]
["CIMENTOS ASFÁLTICOS CAP-30-45","2025-07-01",3.6569003194158296,"***",3.7743385284401922,3.64533900122527,4.2121589931313901,3.6815461103939784]
["CIMENTOS ASFÁLTICOS CAP-50-70","2008-11-01",1.1642002000093201,0.96805847217940089,1.4462434031071205,0.98865296439519579,0.96163141022272336,1.0166208832585175]
["CIMENTOS ASFÁLTICOS CAP-50-70","2008-12-01",1.159534923681445,0.9549372499360903,1.3348739119070991,1.0002482230918115,0.97362996778999378,1.0072500470996759]
["CIMENTOS ASFÁLTICOS CAP-50-70","2009-01-01",1.0455863869308708,0.96128733338734862,1.1830291692251789,0.97634598353562307,0.97364068075219268,0.98096183277499671]
["CIMENTOS ASFÁLTICOS CAP-50-70","2009-02-01",1.0370040640236622,0.93893550251968416,1.1555875081935618,0.96609601293683978,0.96455005583206455,0.96989216926771549]
["CIMENTOS ASFÁLTICOS CAP-50-70","2009-03-01",0.99575096443573208,0.94507491517794651,1.1962947855252439,0.95562842439706885,0.95789000009302427,0.96070465026889662]
["CIMENTOS ASFÁLTICOS CAP-50-70","2009-04-01",1.0483761956606816,0.93276962906464489,1.2271055402503233,0.94696213599386703,0.95204047834180672,0.95892044635957974]
["CIMENTOS ASFÁLTICOS CAP-50-70","2009-05-01",0.98411348111694719,0.92756987016966597,1.2513790175507091,0.92702080547710586,0.94462838353746115,0.94842652037425534]
["CIMENTOS ASFÁLTICOS CAP-50-70","2009-06-01",1.0464192542469533,0.91672658177820365,1.2310166634151205,0.91941342198420961,0.9309694040747355,0.93838120244848355]
["CIMENTOS ASFÁLTICOS CAP-50-70","2009-07-01",1.033264336326984,0.94908535630500002,1.2920838702085002,0.95873289307549625,0.99274622930982648,0.9819922708400608]
["CIMENTOS ASFÁLTICOS CAP-50-70","2009-08-01",1.0349538054103584,0.90675589720571104,1.1702388790294094,0.90784734242270304,0.91378744694585556,0.92533164047068861]
["CIMENTOS ASFÁLTICOS CAP-50-70","2009-09-01",1.0098097872527239,0.90300336799640746,1.174989043872694,0.90904139809446127,0.91526407427170442,0.92866703086483027]
["CIMENTOS ASFÁLTICOS CAP-50-70","2009-10-01",1.0211700468397511,0.92535273820083397,1.171002094013478,0.91403669659253028,0.92002388294013071,0.93589788725090006]
["CIMENTOS ASFÁLTICOS CAP-50-70","2009-11-01",1.044340118251357,0.91887338911969096,1.1715272744723926,0.92125550154293223,0.92071684623057215,0.94010158339962746]
["CIMENTOS ASFÁLTICOS CAP-50-70","2009-12-01",1.1218585293654242,0.91025923868113778,1.255824418499518,0.91336230496708692,0.91920196812230504,0.94658654460419245]
["CIMENTOS ASFÁLTICOS CAP-50-70","2010-01-01",1.133456656565206,0.90993276466361372,1.2404791318277666,0.90311848552795548,0.90926088264860372,0.93654207445196569]
["CIMENTOS ASFÁLTICOS CAP-50-70","2010-02-01",1.1013527642432519,0.90183694319641272,1.2042183536810329,0.88538084006085105,0.88195461178770562,0.91458263661504224]
["CIMENTOS ASFÁLTICOS CAP-50-70","2010-03-01",1.0086812168510952,0.90727898357370174,1.2471964241866265,0.89680880191717915,0.90539560946189657,0.92531076182851313]
["CIMENTOS ASFÁLTICOS CAP-50-70","2010-04-01",1.0468387417746579,0.90044773373281228,1.2270861378565312,0.89108356590527005,0.91192259420483879,0.92766388457798399]
["CIMENTOS ASFÁLTICOS CAP-50-70","2010-05-01",1.0660884296178164,0.90050984063744699,1.2580521862722975,0.88279613189736239,0.90804233225828879,0.92635779360326509]
["CIMENTOS ASFÁLTICOS CAP-50-70","2010-06-01",0.97359196965887629,0.8746055776850481,1.1188488736558733,0.86778115746824702,0.88487272859646693,0.89934749219147248]
["CIMENTOS ASFÁLTICOS CAP-50-70","2010-07-01",0.94048317721408992,0.88191334566549162,1.1161824506929665,0.8784123211625896,0.89486795950418752,0.91002922118350815]
["CIMENTOS ASFÁLTICOS CAP-50-70","2010-08-01",0.95537497314560615,0.87997920182273592,1.1144578378742624,0.87175335236552298,0.87191387444373059,0.89992394466737236]
["CIMENTOS ASFÁLTICOS CAP-50-70","2010-09-01",0.94856930782505522,0.88391502047921022,1.1472069790815675,0.88593007783279432,0.88619053495742783,0.91753025022135515]
["CIMENTOS ASFÁLTICOS CAP-50-70","2010-10-01",0.93155043440074436,0.87849137035388636,1.1449120776795689,0.92604237839513026,0.90666321243673897,0.93291972063342332]
["CIMENTOS ASFÁLTICOS CAP-50-70","2010-11-01",0.94659994636148115,0.8833077854620689,1.1649982175911049,0.94141447522328225,0.93709138126829072,0.93981869282739416]
["CIMENTOS ASFÁLTICOS CAP-50-70","2010-12-01",0.98308806326034937,0.87958773488733932,1.1483552105327666,0.9336381319482675,0.97301298947521808,0.9445180745884586]
["CIMENTOS ASFÁLTICOS CAP-50-70","2011-01-01",1.1491610385266406,0.89178964396001914,1.1835374322531569,0.92997072695845073,0.9742954647688713,0.95451828900897351]
["CIMENTOS ASFÁLTICOS CAP-50-70","2011-02-01",0.995723488472813,0.88568844700388272,1.1321288810020231,0.92934801097271968,0.90677255873700646,0.92939413837166729]
["CIMENTOS ASFÁLTICOS CAP-50-70","2011-03-01",0.95401434113952277,0.86206374768885141,1.1598445358156133,0.89649350794789551,0.88026310807736752,0.8979412194350056]
["CIMENTOS ASFÁLTICOS CAP-50-70","2011-04-01",0.92775404713012577,0.87538905225236696,1.106357818324039,0.86568725533676349,0.87869739583734841,0.88708092799146687]
["CIMENTOS ASFÁLTICOS CAP-50-70","2011-05-01",0.95713314917389825,0.85089927371574625,1.0541858677849316,0.85913591638177356,0.87485191810927998,0.8865656957747019]
["CIMENTOS ASFÁLTICOS CAP-50-70","2011-06-01",0.89970191920263842,0.8379916787396211,1.0730760351104163,0.85586121363580769,0.87167283289833286,0.87649929179840891]
["CIMENTOS ASFÁLTICOS CAP-50-70","2011-07-01",0.85928303553753838,0.83471891274128018,1.0618869288921617,0.84584023713535905,0.86933884976771802,0.86620679160785563]
["CIMENTOS ASFÁLTICOS CAP-50-70","2011-08-01",0.93713573997865574,0.83185464339433635,1.0894662754485147,0.83590658821371822,0.86675998200935256,0.86655590905851454]
["CIMENTOS ASFÁLTICOS CAP-50-70","2011-09-01",0.96017618756024015,0.82940369859884999,1.1376729849847493,0.83734407345244777,0.86744204467017583,0.87206915221180425]
["CIMENTOS ASFÁLTICOS CAP-50-70","2011-10-01",0.94897013141592634,0.83194110858229087,1.1191584739569629,0.84496143150439385,0.85428475233702139,0.86896474563318771]
["CIMENTOS ASFÁLTICOS CAP-50-70","2011-11-01",0.94341314446758262,0.83555050486229721,1.118742876272427,0.84763528312047332,0.86295168084467511,0.87340662638805899]
["CIMENTOS ASFÁLTICOS CAP-50-70","2011-12-01",0.96380364224795978,0.83848303782179212,1.0279255510609169,0.86470407984264119,0.87298816149848057,0.87729063696553533]
["CIMENTOS ASFÁLTICOS CAP-50-70","2012-01-01",0.91094616754733937,0.83848475664723077,1.1189066697035934,0.87824842320582863,0.86083055239174644,0.87176135167825974]
["CIMENTOS ASFÁLTICOS CAP-50-70","2012-02-01",0.89821523882099075,0.84048391113424137,1.1048181423313803,0.88878961800866274,0.87180920137599194,0.88305633766574132]
["CIMENTOS ASFÁLTICOS CAP-50-70","2012-03-01",0.92335652518874889,0.84223851298127173,1.0540589651729875,0.88500024524979404,0.88256779067320767,0.88519741849224631]
["CIMENTOS ASFÁLTICOS CAP-50-70","2012-04-01",0.9771495645959426,0.85548584932047189,1.0697358965953339,0.88116357071918949,0.87783413597573867,0.8991021429873991]
["CIMENTOS ASFÁLTICOS CAP-50-70","2012-05-01",1.0557194208547582,0.85996408754259779,1.0775841700232844,0.88831507864456227,0.87634450501714189,0.90491540050468933]
["CIMENTOS ASFÁLTICOS CAP-50-70","2012-06-01",1.0451933456375511,0.86496493906383531,1.1054021243771597,0.89333736767998018,0.87681068509828675,0.91623252084462758]
["CIMENTOS ASFÁLTICOS CAP-50-70","2012-07-01",1.0446609274716192,0.86262940962823376,1.1266983298377571,0.88602308192304791,0.8770858206865334,0.91046070900498444]
["CIMENTOS ASFÁLTICOS CAP-50-70","2012-08-01",1.080180152614985,0.88019503907373897,1.1374371971853692,0.88507258941438749,0.87261659812848869,0.91438699077706176]
["CIMENTOS ASFÁLTICOS CAP-50-70","2012-09-01",1.0593868034064398,0.88000563544075816,1.1393950495350895,0.86835895178032696,0.84321438360875633,0.89826538015749846]
["CIMENTOS ASFÁLTICOS CAP-50-70","2012-10-01",1.0657263784524351,0.88799516997055195,1.2145959956276788,0.89293064089049445,0.87950805411163513,0.930452334963219]
["CIMENTOS ASFÁLTICOS CAP-50-70","2012-11-01",1.0624498261196145,0.8760214501773631,1.1892648275926003,0.91063849900703142,0.89022301921924663,0.92844583979825834]
["CIMENTOS ASFÁLTICOS CAP-50-70","2012-12-01",1.0916302621762892,0.87465199697513918,1.1906737562499246,0.90824889408923559,0.90064562089656419,0.92884086828124157]
["CIMENTOS ASFÁLTICOS CAP-50-70","2013-01-01",1.0841074123580341,0.86617588669427537,1.1945336517496465,0.90572954724440102,0.9081291736969036,0.91737648723597631]
["CIMENTOS ASFÁLTICOS CAP-50-70","2013-02-01",1.0770174197052831,0.86416685523150627,1.1850045881068689,0.91349007287610395,0.92530605761954743,0.92551155576830835]
["CIMENTOS ASFÁLTICOS CAP-50-70","2013-03-01",1.0731001437013603,0.86383181069089299,1.2130314415168733,0.91628735654798643,0.93021430491819113,0.93071406305322724]
["CIMENTOS ASFÁLTICOS CAP-50-70","2013-04-01",1.0515393279621403,0.85969707242337945,1.2238423013681561,0.9092515680868527,0.92544341387138818,0.93423950621913021]
["CIMENTOS ASFÁLTICOS CAP-50-70","2013-05-01",1.102390840584037,0.87292189525414643,1.2287206187841304,0.91281804709238801,0.91851566988031208,0.95456335071210041]
["CIMENTOS ASFÁLTICOS CAP-50-70","2013-06-01",1.0512115150441912,0.86930597222385697,1.2147472011074534,0.90586924194177421,0.89853504271492834,0.95457664418670729]
["CIMENTOS ASFÁLTICOS CAP-50-70","2013-07-01",1.1234148209758463,0.89127496326120625,1.1928173642429478,0.91059811369325649,0.93118763536803206,0.95878075124699835]
["CIMENTOS ASFÁLTICOS CAP-50-70","2013-08-01",1.0788067306325237,0.89697453114441927,1.2272167442476718,0.91663850362942223,0.93233594739375325,0.9636290405531287]
["CIMENTOS ASFÁLTICOS CAP-50-70","2013-09-01",1.0693628930161776,0.89600650713743013,1.2750900934307716,0.92038689018417064,0.92390483170360627,0.96208068602037078]
["CIMENTOS ASFÁLTICOS CAP-50-70","2013-10-01",1.0283480533587641,0.90601703967767577,1.1974584874490555,0.91491851024945925,0.89095103582316448,0.9508317605935096]
["CIMENTOS ASFÁLTICOS CAP-50-70","2013-11-01",1.0379384075468276,0.91346681929754525,1.1918998676528052,0.910756130767712,0.91147419620068382,0.9542423636830436]
["CIMENTOS ASFÁLTICOS CAP-50-70","2013-12-01",1.0341083872463683,0.9285629923585258,1.2073980950078833,0.9136184773382392,0.90311647396212635,0.95884825526246187]
["CIMENTOS ASFÁLTICOS CAP-50-70","2014-01-01",1.0393866356835342,0.9286454107445653,1.1831448559293558,0.91389714665939537,0.91392201683065522,0.94955600071621138]
["CIMENTOS ASFÁLTICOS CAP-50-70","2014-02-01",1.0801068914145788,0.92349288443166855,1.1426567835283092,0.91723226023843518,0.91279990184824045,0.94659659947220909]
["CIMENTOS ASFÁLTICOS CAP-50-70","2014-03-01",1.0578973871917612,0.92210349613482268,1.1662322210686149,0.91833864524720821,0.91527330599291623,0.94969885625038775]
["CIMENTOS ASFÁLTICOS CAP-50-70","2014-04-01",1.0651644416496278,0.92424617902963435,1.1625454734699598,0.91306573731531782,0.89846391445543539,0.94773424108749693]
["CIMENTOS ASFÁLTICOS CAP-50-70","2014-05-01",1.0472353260566145,0.92304195017769242,1.1776412751407148,0.9237951044191971,0.90563295279396983,0.95585585242681614]
["CIMENTOS ASFÁLTICOS CAP-50-70","2014-06-01",1.0324792573750705,0.91856341091231652,1.2131744076245523,0.91367241771063568,0.90947963021300648,0.95768693925540649]
["CIMENTOS ASFÁLTICOS CAP-50-70","2014-07-01",1.0899277289014129,0.91250785653528699,1.1564804181244481,0.90124131326551982,0.90896155973720405,0.94462212214345398]
["CIMENTOS ASFÁLTICOS CAP-50-70","2014-08-01",1.128133367573348,0.91344092282650113,1.1256416101471862,0.91376504306709483,0.90505463804385677,0.94946614618601022]
["CIMENTOS ASFÁLTICOS CAP-50-70","2014-09-01",1.0994150800834761,0.9307395510670966,1.2076510198604598,0.92076751428916448,0.91561647080025266,0.96686540421225575]
["CIMENTOS ASFÁLTICOS CAP-50-70","2014-10-01",1.1389772876476258,0.91437666072012602,1.163213596483119,0.88626316682525186,0.89496995724703543,0.9429555720527244]
["CIMENTOS ASFÁLTICOS CAP-50-70","2014-11-01",1.0900549772151604,0.93601067313963304,1.1636504031717101,0.89857521842888488,0.91887743458887683,0.95477288647907965]
["CIMENTOS ASFÁLTICOS CAP-50-70","2014-12-01",1.2363141948191407,1.0293060302466643,1.3092659380895271,1.0036907177753511,0.9970741168618541,1.0413560421836723]
["CIMENTOS ASFÁLTICOS CAP-50-70","2015-01-01",1.3331020291117024,1.2658009689968814,1.5124032368468077,1.1200175157198535,1.1854791328029242,1.2112024705915188]
["CIMENTOS ASFÁLTICOS CAP-50-70","2015-02-01",1.4299714188617976,1.2573772214074843,1.5356215442324355,1.1254203658011519,1.1913420075738657,1.2116660603000915]
["CIMENTOS ASFÁLTICOS CAP-50-70","2015-03-01",1.3752684616025708,1.2246791315414842,1.4782303832841821,1.1581453791592358,1.192447014646937,1.2127168387529828]
["CIMENTOS ASFÁLTICOS CAP-50-70","2015-04-01",1.3134691474395337,1.2112090449808595,1.4892597596407817,1.1450940895543591,1.1767638965238483,1.1936587663224227]
["CIMENTOS ASFÁLTICOS CAP-50-70","2015-05-01",1.4688994865143121,1.219804947414036,1.4341223456504737,1.129963675793664,1.1716028249456858,1.2047272516353897]
["CIMENTOS ASFÁLTICOS CAP-50-70","2015-06-01",1.4980994053310124,1.2296318755939852,1.4428316596448605,1.1293785136337058,1.1746569923413057,1.2163629901637165]
["CIMENTOS ASFÁLTICOS CAP-50-70","2015-07-01",1.3276929424462149,1.2465547516674453,1.2046478282774973,1.1244700190615091,1.1672978230290452,1.1888552615853833]
["CIMENTOS ASFÁLTICOS CAP-50-70","2015-08-01",1.3853768174888657,1.2567499170991558,1.395164049013137,1.1169304231925394,1.1722417088818033,1.2189111181394481]
["CIMENTOS ASFÁLTICOS CAP-50-70","2015-09-01",1.4020240123201475,1.308169064576201,1.4937986728404213,1.1819154363670441,1.2201369730847724,1.2760322488003497]
["CIMENTOS ASFÁLTICOS CAP-50-70","2015-10-01",1.4966521672796267,1.3527144370713409,1.5775101426643408,1.2526741499373095,1.2783526152196965,1.3435583024461257]
["CIMENTOS ASFÁLTICOS CAP-50-70","2015-11-01",1.621494567445755,1.5172548331731528,1.7064256743023647,1.4186299218227765,1.4176480773209634,1.4889154300957572]
["CIMENTOS ASFÁLTICOS CAP-50-70","2015-12-01",1.7400574401317017,1.5194635601477331,1.7009060250103198,1.4181914430682963,1.4290280580594383,1.4964192179327931]
["CIMENTOS ASFÁLTICOS CAP-50-70","2016-01-01",1.781275061526602,1.5500283898349039,1.7627892573580628,1.451294199360998,1.4440659404971825,1.5048100264497251]
["CIMENTOS ASFÁLTICOS CAP-50-70","2016-02-01",1.7970452144298847,1.5343035680296913,1.7021055812296226,1.4394538032794713,1.4324901348803265,1.485649903715359]
["CIMENTOS ASFÁLTICOS CAP-50-70","2016-03-01",1.7421180957673104,1.5336459433032994,1.7258470482057702,1.4247330067308193,1.4480525027474631,1.4920293374883566]
["CIMENTOS ASFÁLTICOS CAP-50-70","2016-04-01",1.920659856268065,1.7246241294634763,1.9027849488273274,1.5967631494357639,1.6349489310160947,1.6683185406295418]
["CIMENTOS ASFÁLTICOS CAP-50-70","2016-05-01",1.9858603498410325,1.7261038862805982,1.9265272378722555,1.608465706897277,1.698862560816299,1.6998681044924306]
["CIMENTOS ASFÁLTICOS CAP-50-70","2016-06-01",1.9411020151480789,1.6946170470843793,1.9285820034568095,1.6348656831055393,1.6363676806634833,1.6934584315267283]
["CIMENTOS ASFÁLTICOS CAP-50-70","2016-07-01",1.7971693183635318,1.6791090604505949,1.9187882828757432,1.6443296527187463,1.6160883808289253,1.6779353538113631]
["CIMENTOS ASFÁLTICOS CAP-50-70","2016-08-01",1.8359559153657605,1.6864098093565567,1.9506635990932375,1.6481577723639083,1.6208831347220198,1.68951171275427]
["CIMENTOS ASFÁLTICOS CAP-50-70","2016-09-01",1.7656413933444108,1.5862595292065418,1.8182367959832988,1.5574530759905254,1.4789819501307466,1.5823193923591254]
["CIMENTOS ASFÁLTICOS CAP-50-70","2016-10-01",1.660961973817757,1.5902167313430198,1.7713341100148541,1.5577876656053495,1.4803879013423131,1.574252030712652]
["CIMENTOS ASFÁLTICOS CAP-50-70","2016-11-01",1.6202468992476728,1.5591364433461949,1.8255722389474909,1.5165156755886808,1.4729708332180156,1.5504842781527433]
["CIMENTOS ASFÁLTICOS CAP-50-70","2016-12-01",1.5382700375364895,1.4593338806479481,1.7867553820901454,1.5048656713788664,1.4680470321615726,1.5063560514488981]
["CIMENTOS ASFÁLTICOS CAP-50-70","2017-01-01",1.5364485295129546,1.4492924379727976,1.6096565609041529,1.4488348013450816,1.4536519204366727,1.4670384975294744]
["CIMENTOS ASFÁLTICOS CAP-50-70","2017-02-01",1.5642711347888594,1.447633482971016,1.6400757052002646,1.4569537863547508,1.4462316032555087,1.4686798016575233]
["CIMENTOS ASFÁLTICOS CAP-50-70","2017-03-01",1.5175738417375375,1.4358610536127476,1.6862413216489274,1.4562851525619092,1.455689739087781,1.4736420785100675]
["CIMENTOS ASFÁLTICOS CAP-50-70","2017-04-01",1.6592675620247761,1.3882567672161563,1.6656832257435064,1.3894329650908086,1.4091591868736766,1.4352671787446896]
["CIMENTOS ASFÁLTICOS CAP-50-70","2017-05-01",1.5052220160036573,1.4006083965896339,1.7101340874778825,1.3738648530720272,1.3921241120651013,1.4294543422631905]
["CIMENTOS ASFÁLTICOS CAP-50-70","2017-06-01",1.6394679265884482,1.424608649825942,1.6994010136294582,1.4290815132586419,1.3858353421618099,1.465920329920102]
["CIMENTOS ASFÁLTICOS CAP-50-70","2017-07-01",1.648025960872711,1.4028308330323052,1.751420700800226,1.4180337837940267,1.3563173438095999,1.453112686878401]
["CIMENTOS ASFÁLTICOS CAP-50-70","2017-08-01",1.4898806751607394,1.382825484354695,1.6305673038088857,1.4068473174327485,1.3776108367044124,1.4256328859507283]
["CIMENTOS ASFÁLTICOS CAP-50-70","2017-09-01",1.5488728765619215,1.4236384009391516,1.6992320027914536,1.4166103533727432,1.3767658054397163,1.4484593207404826]
["CIMENTOS ASFÁLTICOS CAP-50-70","2017-10-01",1.5714517430919963,1.4051179101869549,1.7434399123070126,1.4078106119474072,1.3980332892631129,1.4473426233472955]
["CIMENTOS ASFÁLTICOS CAP-50-70","2017-11-01",1.7039528842810301,1.5616891140658082,1.886686535981551,1.5108319641036283,1.5102091587256252,1.5875477199865655]
["CIMENTOS ASFÁLTICOS CAP-50-70","2017-12-01",1.6711296857002704,1.5697607156655975,1.896917348570804,1.546302307625651,1.5111535221937369,1.5843810067723421]
["CIMENTOS ASFÁLTICOS CAP-50-70","2018-01-01",1.7883866454375601,1.6422327847865301,1.85167665381581,1.5906701254672559,1.6130212682361014,1.6446943024308394]
["CIMENTOS ASFÁLTICOS CAP-50-70","2018-02-01",1.7974008038337594,1.6104601565302368,1.7913702231316986,1.599378895365734,1.6034718779593289,1.6212468608112225]
["CIMENTOS ASFÁLTICOS CAP-50-70","2018-03-01",1.8013597381611257,1.6064588891198981,1.8956986354909182,1.6117391185281764,1.6036252180727815,1.6388613189072474]
["CIMENTOS ASFÁLTICOS CAP-50-70","2018-04-01",1.791173348651655,1.6050932239418736,1.8574958780710245,1.6006849031766877,1.6396290487266216,1.6562120285653481]
["CIMENTOS ASFÁLTICOS CAP-50-70","2018-05-01",1.9135020362466497,1.7247004899502745,1.9454369536104017,1.7140554374767161,1.7142093728301666,1.7573254296279242]
["CIMENTOS ASFÁLTICOS CAP-50-70","2018-06-01",2.0655638588085274,1.822399722222076,2.0913163220082742,1.7994782549810844,1.7985402943637774,1.8596629705750489]
["CIMENTOS ASFÁLTICOS CAP-50-70","2018-07-01",2.0686276348694088,1.9451431619915991,2.1407827715002603,1.9403021857647682,1.944647406713385,1.975604883783193]
["CIMENTOS ASFÁLTICOS CAP-50-70","2018-08-01",2.2253463610556303,2.0957584128753965,2.4804068238619807,2.1024259235603977,2.0969791721755815,2.1397208930608778]
["CIMENTOS ASFÁLTICOS CAP-50-70","2018-09-01",2.3303221946613202,2.1233967215855536,2.4927376451938623,2.1340320879969994,2.1060368760513684,2.1733093659855629]
["CIMENTOS ASFÁLTICOS CAP-50-70","2018-10-01",2.2576205724913847,2.1476249120754725,2.2932107571908262,2.1766082678708067,2.1400388376879143,2.1776597065576584]
["CIMENTOS ASFÁLTICOS CAP-50-70","2018-11-01",2.4878078368167045,2.4027451503264685,2.8650562667739119,2.4286819178490608,2.4227802039430171,2.4454619775704876]
["CIMENTOS ASFÁLTICOS CAP-50-70","2018-12-01",2.4908078969943914,2.4209253621256082,2.7093246481957465,2.4282832693452816,2.4640008905163944,2.4580454611849039]
["CIMENTOS ASFÁLTICOS CAP-50-70","2019-01-01",2.485966355827014,2.3598363150238071,2.7708489226376587,2.4853304118858892,2.4520058774851274,2.4559230169622834]
["CIMENTOS ASFÁLTICOS CAP-50-70","2019-02-01",2.6443467696039056,2.5491674833705171,3.0507872983960009,2.7598832649405134,2.7581833791400885,2.7059191814735892]
["CIMENTOS ASFÁLTICOS CAP-50-70","2019-03-01",2.7049794983307636,2.5265844677412992,3.0739571007383386,2.7594368297237932,2.6930711918943446,2.6929741261771207]
["CIMENTOS ASFÁLTICOS CAP-50-70","2019-04-01",2.7607753188878066,2.5642432804089874,3.0739448974745427,2.7595556575960321,2.6966543361975792,2.7111868558212757]
["CIMENTOS ASFÁLTICOS CAP-50-70","2019-05-01",2.7623656498626374,2.5260565904727401,3.0755967027868971,2.7727958493633436,2.6937435420278475,2.7125232137293809]
["CIMENTOS ASFÁLTICOS CAP-50-70","2019-06-01",2.6275232241757065,2.5340987447340915,3.2093060812018823,2.6887152667018173,2.7048097090947207,2.6959936146940651]
["CIMENTOS ASFÁLTICOS CAP-50-70","2019-07-01",2.848599133046692,2.5076702007267917,3.129865949251927,2.758493059939592,2.6989900532261681,2.7132922282790952]
["CIMENTOS ASFÁLTICOS CAP-50-70","2019-08-01",2.6754559394369477,2.3351192760317976,2.9180333699623184,2.5834195289972977,2.5319168723857017,2.5390494014612557]
["CIMENTOS ASFÁLTICOS CAP-50-70","2019-09-01",2.5980567927868394,2.2991941677186176,3.0343326494694214,2.4806511018948472,2.5148259790889318,2.4959986121158075]
["CIMENTOS ASFÁLTICOS CAP-50-70","2019-10-01",2.5335368551069113,2.2703566819708074,2.8375604887431427,2.5098901477389446,2.5096354428455894,2.4733469425880368]
["CIMENTOS ASFÁLTICOS CAP-50-70","2019-11-01",2.6086438306634299,2.324278403690113,2.8673646878988301,2.5682421222511507,2.5563409353306699,2.5296322226405907]
["CIMENTOS ASFÁLTICOS CAP-50-70","2019-12-01",2.5261701917141268,2.3189910031031018,2.9506259448440653,2.6251278319394507,2.557357610616827,2.5301149347303005]
["CIMENTOS ASFÁLTICOS CAP-50-70","2020-01-01",2.6003580196633989,2.2975001512840669,3.0972670727609648,2.573995147807155,2.5484205240781628,2.5181505942533366]
["CIMENTOS ASFÁLTICOS CAP-50-70","2020-02-01",2.4219013818659691,2.1732091774843414,2.8828558258810091,2.3583219521897951,2.3604346639059313,2.3510962225295877]
["CIMENTOS ASFÁLTICOS CAP-50-70","2020-03-01",2.3282465692528196,2.1710881446428303,2.7560542278028,2.3215180311496075,2.3377587714193395,2.3218729750919924]
["CIMENTOS ASFÁLTICOS CAP-50-70","2020-04-01",2.3701199159246475,2.1900262052368706,2.6536854290770329,2.3451607686618678,2.302109989119054,2.3360078713595445]
["CIMENTOS ASFÁLTICOS CAP-50-70","2020-05-01",2.3686394261846795,2.1247552910756897,2.6064373281097986,2.2712297279282154,2.3152415632342191,2.3241992330683745]
["CIMENTOS ASFÁLTICOS CAP-50-70","2020-06-01",2.3042294317613932,2.1289858879119308,2.6211369740885591,2.2628582326877762,2.3085365757440117,2.2965341637850014]
["CIMENTOS ASFÁLTICOS CAP-50-70","2020-07-01",2.304044479362465,2.1338876596137539,2.6233830104391394,2.2346516674318262,2.2832193393500479,2.2747560037648777]
["CIMENTOS ASFÁLTICOS CAP-50-70","2020-08-01",2.4300027956989956,2.2669065783513469,2.7580819984891742,2.3709688699899845,2.4725525475311332,2.4126588088434686]
["CIMENTOS ASFÁLTICOS CAP-50-70","2020-09-01",2.4612302159098656,2.2840450880454655,2.7325767132507766,2.366205823942813,2.4412228987969318,2.4100378532673488]
["CIMENTOS ASFÁLTICOS CAP-50-70","2020-10-01",2.3780262155275858,2.3047325361740207,2.7378722852873492,2.3705598966014705,2.4484419282027829,2.4070227300439866]
["CIMENTOS ASFÁLTICOS CAP-50-70","2020-11-01",2.6109989548752015,2.4839440429499695,2.8383145460657015,2.5426616041723848,2.579844920940447,2.5728040803737011]
["CIMENTOS ASFÁLTICOS CAP-50-70","2020-12-01",2.4666655655762595,2.4640824326818569,2.8257379112810597,2.5868501223410867,2.6026143379342606,2.5712701546518679]
["CIMENTOS ASFÁLTICOS CAP-50-70","2021-01-01",2.3968975954785319,2.4622774998545367,2.907782240151195,2.6226718919314806,2.6213242937239376,2.5653805763117812]
["CIMENTOS ASFÁLTICOS CAP-50-70","2021-02-01",2.6222310409775678,2.673731127444992,3.0375320745977721,2.7814833596524906,2.782348255175616,2.7530042051350425]
["CIMENTOS ASFÁLTICOS CAP-50-70","2021-03-01",2.578814332831965,2.6270392548645867,3.0122661675057723,2.8348633925941438,2.8345419214023351,2.7743902670354887]
["CIMENTOS ASFÁLTICOS CAP-50-70","2021-04-01",2.6898427957607542,2.5990534043432278,3.0214540139862174,2.8122196895302602,2.8049925161599925,2.765914450867323]
["CIMENTOS ASFÁLTICOS CAP-50-70","2021-05-01",3.2587955331488296,3.199529933653531,3.6699109421536678,3.4186159196152395,3.416494653126791,3.3918465166180063]
["CIMENTOS ASFÁLTICOS CAP-50-70","2021-06-01",3.2391603984456503,3.1810943361580368,3.5368984914325114,3.4429599791044843,3.457318319649517,3.38047855982078]
["CIMENTOS ASFÁLTICOS CAP-50-70","2021-07-01",3.1373216685914094,3.15494384258978,3.5919838718924666,3.4484811553772126,3.4146979908217734,3.358942484993253]
["CIMENTOS ASFÁLTICOS CAP-50-70","2021-08-01",3.4628720904303045,3.2939924015883588,3.7814093566309896,3.703180764046488,3.6708938226830172,3.5867388859926872]
["CIMENTOS ASFÁLTICOS CAP-50-70","2021-09-01",3.5278877620433775,3.3263178909604361,3.788326593301047,3.6540910386363854,3.6888809122431803,3.604431583379764]
["CIMENTOS ASFÁLTICOS CAP-50-70","2021-10-01",3.5217613124562903,3.4210299498024654,3.6538369894595868,3.6802665752233978,3.6959141358793346,3.6127059700737445]
["CIMENTOS ASFÁLTICOS CAP-50-70","2021-11-01",3.8287371576631593,3.6976868410797987,4.057204092724124,4.032898063837103,4.00672376594121,3.9406413490900656]
["CIMENTOS ASFÁLTICOS CAP-50-70","2021-12-01",3.8916127711600792,3.7529240450135166,4.0449019099654313,4.0493181173020929,4.0142899130550713,3.9617180719974185]
["CIMENTOS ASFÁLTICOS CAP-50-70","2022-01-01",3.9788758393026189,3.8120644431570443,4.1533097845105278,4.0374365380778192,4.052110957059452,4.000659308351219]
["CIMENTOS ASFÁLTICOS CAP-50-70","2022-02-01",4.3087029640625119,4.0336251775326355,4.4522351382715364,4.27842408373004,4.286057279107963,4.2600070220247828]
["CIMENTOS ASFÁLTICOS CAP-50-70","2022-03-01",4.2574454333633094,4.094680611122385,4.4828529296613677,4.268890624198554,4.3259483699624921,4.2756834382585831]
["CIMENTOS ASFÁLTICOS CAP-50-70","2022-04-01",4.3688451161730795,4.2579998321215138,4.7632061029379953,4.4566133667422294,4.4459162741885585,4.4411848628963968]
["CIMENTOS ASFÁLTICOS CAP-50-70","2022-05-01",4.3528697365113782,4.2018566620318669,4.5833081981961854,4.3093842175109431,4.2489433809575514,4.30229361751132]
["CIMENTOS ASFÁLTICOS CAP-50-70","2022-06-01",4.3936847298741535,4.1962162000686973,4.6136357072876475,4.2900116584792052,4.1810562735013237,4.2899376668844038]
["CIMENTOS ASFÁLTICOS CAP-50-70","2022-07-01",4.5439142662038119,4.3247236022459781,4.7301334425517396,4.3487259522293122,4.2994675353113001,4.4010622330181279]
["CIMENTOS ASFÁLTICOS CAP-50-70","2022-08-01",4.6539061080139872,4.3504308034729178,4.6025056296727955,4.2101763533954246,4.1272996707472203,4.3190455581833893]
["CIMENTOS ASFÁLTICOS CAP-50-70","2022-09-01",4.8752751164537562,4.3409570929431069,4.4076018279111144,4.0676614809330065,3.861452894850498,4.2595706298206366]
["CIMENTOS ASFÁLTICOS CAP-50-70","2022-10-01",4.373319021557859,4.1071079583591548,4.0681957721761703,3.6310591059225499,3.5514967460088966,3.8800480150598844]
["CIMENTOS ASFÁLTICOS CAP-50-70","2022-11-01",4.2011656632619045,3.9620110588681543,4.0475521718081371,3.5860134918380138,3.4743300981902703,3.7871959426154698]
["CIMENTOS ASFÁLTICOS CAP-50-70","2022-12-01",4.3597539890170287,3.745890798610636,4.1320980266797376,3.4982670939458504,3.4515332814684285,3.7300679562108585]
["CIMENTOS ASFÁLTICOS CAP-50-70","2023-01-01",4.1198326035379926,3.5000449078699813,3.9146557017009842,3.2578948696970946,3.2963992178977946,3.4631739193854822]
["CIMENTOS ASFÁLTICOS CAP-50-70","2023-02-01",3.9385531731596499,3.4506332949429344,3.8368071056396134,3.1594029119675229,3.1788002865843632,3.3679711779516004]
["CIMENTOS ASFÁLTICOS CAP-50-70","2023-03-01",3.9600041484806292,3.3172854229256514,3.6926607702291365,3.1175453668862345,2.9654540592183865,3.2359252904357061]
["CIMENTOS ASFÁLTICOS CAP-50-70","2023-04-01",3.7306183204786798,3.2681898930827202,3.5862947498960098,3.1234147790345999,2.9429598659879121,3.1899899165524981]
["CIMENTOS ASFÁLTICOS CAP-50-70","2023-05-01",3.8497237818993599,3.2905144507941957,3.5567609181451343,3.1463887247929043,2.9175662363623585,3.2268291929431503]
["CIMENTOS ASFÁLTICOS CAP-50-70","2023-06-01",3.7712002958516959,3.3323163391206188,3.4273711414204819,3.1240774848656621,2.8993344519763053,3.2186092678799736]
["CIMENTOS ASFÁLTICOS CAP-50-70","2023-07-01",3.7422466988484206,3.3812676564397299,3.5796955347907908,3.1200534403384292,2.9718370166021493,3.2652957046207209]
["CIMENTOS ASFÁLTICOS CAP-50-70","2023-08-01",3.7235845471948972,3.3628518875696574,3.6860720075136317,3.1350839350716573,2.96147439080484,3.2611773436936375]
["CIMENTOS ASFÁLTICOS CAP-50-70","2023-09-01",4.0926243994159428,3.6310433946855167,3.8282034590378986,3.365031717453872,3.181764160209525,3.4998159627953691]
["CIMENTOS ASFÁLTICOS CAP-50-70","2023-10-01",4.0853009570929819,3.6154635123389598,3.7928201532420593,3.3467434077941576,3.1515419092246062,3.4564221832789084]
["CIMENTOS ASFÁLTICOS CAP-50-70","2023-11-01",3.8505252713389297,3.7281310039052444,3.969437078577847,3.4710389077979613,3.1884640096323027,3.538593144333225]
["CIMENTOS ASFÁLTICOS CAP-50-70","2023-12-01",3.9850683709256267,3.6985887867200984,3.8269836357998548,3.3408014906564358,3.2357081337827727,3.4785694902556874]
["CIMENTOS ASFÁLTICOS CAP-50-70","2024-01-01",3.9313769837333346,3.5674685518030458,3.609656766552217,3.2015259811633885,3.1538040559050482,3.3674771499353588]
["CIMENTOS ASFÁLTICOS CAP-50-70","2024-02-01",4.0056345534391822,3.4535764117580761,3.5503640911302359,3.1567107709108009,3.1425150710376535,3.32791304508592]
["CIMENTOS ASFÁLTICOS CAP-50-70","2024-03-01",3.8719084389860861,3.506239922582703,3.4592436690016992,3.1396080816703278,3.227378425529984,3.3411671703001553]
["CIMENTOS ASFÁLTICOS CAP-50-70","2024-04-01",3.8506281406173382,3.3894221237940809,3.3631983456431374,3.0860612081393168,3.2544558984706935,3.2726532960734636]
["CIMENTOS ASFÁLTICOS CAP-50-70","2024-05-01",3.7704835216479937,3.3562695898312351,3.520447498728418,3.2078969044202368,3.317947510856416,3.3579298120816037]
["CIMENTOS ASFÁLTICOS CAP-50-70","2024-06-01",3.7356061213299787,3.5108673314583925,3.4730854930730324,3.217674887600154,3.2956082972632541,3.3562675638353503]
["CIMENTOS ASFÁLTICOS CAP-50-70","2024-07-01",3.8698393882693298,3.8238049868721431,3.5967973698767346,3.3437458887367963,3.4173222318022667,3.532938819228459]
["CIMENTOS ASFÁLTICOS CAP-50-70","2024-08-01",4.0421021970969599,3.9912300451162088,3.8712720571150538,3.5701032263105139,3.5911454659067741,3.749627931441804]
["CIMENTOS ASFÁLTICOS CAP-50-70","2024-09-01",4.0693470910808323,4.0304683499563119,3.8977386335395425,3.5964095630998028,3.692634135040906,3.8217942028302723]
["CIMENTOS ASFÁLTICOS CAP-50-70","2024-10-01",4.0141948529290161,4.0285414602228817,3.8909215237272119,3.6367315945847083,3.6979933154707352,3.8207791978254271]
["CIMENTOS ASFÁLTICOS CAP-50-70","2024-11-01",4.1104306193555535,4.0350944888641118,3.9478164900907187,3.6013637500625872,3.6889351548705855,3.824213262790308]
["CIMENTOS ASFÁLTICOS CAP-50-70","2024-12-01",4.1280947504175858,3.9441570392077105,4.0740798804045717,3.64899976895637,3.7886056179558163,3.8492019346407607]
["CIMENTOS ASFÁLTICOS CAP-50-70","2025-01-01",4.193724595108316,3.8951106683011378,3.9620373493009953,3.6353333261667697,3.758744062923336,3.7956910435344335]
["CIMENTOS ASFÁLTICOS CAP-50-70","2025-02-01",3.9717887548607251,4.0633326009691331,3.9458471892672207,3.814083778291931,3.9040696863749358,3.9039691826411742]
["CIMENTOS ASFÁLTICOS CAP-50-70","2025-03-01",4.1582456696890748,3.8843823157295376,3.9911735142425613,3.7622673766697372,3.8803365079903664,3.8879647762559939]
["CIMENTOS ASFÁLTICOS CAP-50-70","2025-04-01",4.1538981759156606,3.8900358650208293,3.9411497331610055,3.78513166814589,3.8758909759336788,3.8956160971240683]
["CIMENTOS ASFÁLTICOS CAP-50-70","2025-05-01",4.1237937912918925,3.8271142578800652,3.9553635642440121,3.7958453074862288,3.8528074433707911,3.8810612740789288]
["CIMENTOS ASFÁLTICOS CAP-50-70","2025-06-01",4.0131150209633546,3.7192800188373742,3.7334984358493304,3.7003936998971256,3.6977510344764437,3.7612533629481031]
["CIMENTOS ASFÁLTICOS CAP-50-70","2025-07-01",3.9627710335345956,3.5390407801542887,3.7369244144025791,3.6604389956970245,3.752748430014067,3.7298389564362826]
["CIMENTOS ASFÁLTICOS CAP-85-100","2008-11-01","***","***","***","***","***","***"]
["CIMENTOS ASFÁLTICOS CAP-85-100","2008-12-01","***","***","***","***","***","***"]
["CIMENTOS ASFÁLTICOS CAP-85-100","2009-01-01","***","***","***","***","***","***"]
["CIMENTOS ASFÁLTICOS CAP-85-100","2009-02-01","***","***","***","***","***","***"]
["CIMENTOS ASFÁLTICOS CAP-85-100","2009-03-01","***","***","***","***","***","***"]
["CIMENTOS ASFÁLTICOS CAP-85-100","2009-04-01","***","***","***","***","***","***"]
["CIMENTOS ASFÁLTICOS CAP-85-100","2009-05-01","***","***","***","***","***","***"]
["CIMENTOS ASFÁLTICOS CAP-85-100","2009-06-01","***","***","***","***","***","***"]
["CIMENTOS ASFÁLTICOS CAP-85-100","2009-07-01","***","***","***","***","***","***"]
["CIMENTOS ASFÁLTICOS CAP-85-100","2009-08-01","***","***","***","***","***","***"]
["CIMENTOS ASFÁLTICOS CAP-85-100","2009-09-01","***","***","***","***","***","***"]
["CIMENTOS ASFÁLTICOS CAP-85-100","2009-10-01","***","***","***","***","***","***"]
["CIMENTOS ASFÁLTICOS CAP-85-100","2009-11-01","***","***","***","***",1.13323,1.13323]
["CIMENTOS ASFÁLTICOS CAP-85-100","2009-12-01","***","***","***","***","***","***"]
["CIMENTOS ASFÁLTICOS CAP-85-100","2010-01-01","***","***","***","***","***","***"]
["CIMENTOS ASFÁLTICOS CAP-85-100","2010-02-01","***","***","***","***","***","***"]
["CIMENTOS ASFÁLTICOS CAP-85-100","2010-03-01","***","***","***","***","***","***"]
["CIMENTOS ASFÁLTICOS CAP-85-100","2010-04-01","***","***","***","***","***","***"]
["CIMENTOS ASFÁLTICOS CAP-85-100","2010-05-01","***","***","***","***","***","***"]
["CIMENTOS ASFÁLTICOS CAP-85-100","2010-06-01","***","***","***","***","***","***"]
["CIMENTOS ASFÁLTICOS CAP-85-100","2010-07-01","***","***","***","***","***","***"]
["CIMENTOS ASFÁLTICOS CAP-85-100","2010-08-01","***","***","***","***","***","***"]
["CIMENTOS ASFÁLTICOS CAP-85-100","2010-09-01","***","***","***","***","***","***"]
["CIMENTOS ASFÁLTICOS CAP-85-100","2010-10-01","***","***","***",1.19662,"***",1.19662]
["CIMENTOS ASFÁLTICOS CAP-85-100","2010-11-01","***","***","***",1.19662,"***",1.19662]
["CIMENTOS ASFÁLTICOS CAP-85-100","2010-12-01","***","***","***","***","***","***"]
["CIMENTOS ASFÁLTICOS CAP-85-100","2011-01-01","***","***","***","***","***","***"]
["CIMENTOS ASFÁLTICOS CAP-85-100","2011-02-01","***","***","***","***","***","***"]
["CIMENTOS ASFÁLTICOS CAP-85-100","2011-03-01","***","***","***","***","***","***"]
["CIMENTOS ASFÁLTICOS CAP-85-100","2011-04-01","***","***",1.2050000000000001,0.57030000000000003,"***",0.71767059689659085]
["CIMENTOS ASFÁLTICOS CAP-85-100","2011-05-01","***","***","***",0.56930000000000003,"***",0.56930000000000003]
["CIMENTOS ASFÁLTICOS CAP-85-100","2011-06-01","***","***","***","***",0.88490999999999997,0.88490999999999997]
["CIMENTOS ASFÁLTICOS CAP-85-100","2011-07-01","***","***",1.3648999999999998,"***","***",1.3648999999999998]
["CIMENTOS ASFÁLTICOS CAP-85-100","2011-08-01","***","***",1.3424453607802522,1.3506,"***",1.343165560112918]
["CIMENTOS ASFÁLTICOS CAP-85-100","2011-09-01","***","***",1.3371533215939639,"***","***",1.3371533215939639]
["CIMENTOS ASFÁLTICOS CAP-85-100","2011-10-01","***","***","***","***","***","***"]
["CIMENTOS ASFÁLTICOS CAP-85-100","2011-11-01","***","***",1.4185399999999999,"***","***",1.4185399999999999]
["CIMENTOS ASFÁLTICOS CAP-85-100","2011-12-01","***","***","***",0.93511945908301686,"***",0.93511945908301686]
["CIMENTOS ASFÁLTICOS CAP-85-100","2012-01-01","***","***",1.4185400000000001,"***","***",1.4185400000000001]
["CIMENTOS ASFÁLTICOS CAP-85-100","2012-02-01","***","***",1.41855,"***","***",1.41855]
["CIMENTOS ASFÁLTICOS CAP-85-100","2012-03-01","***","***","***","***","***","***"]
["CIMENTOS ASFÁLTICOS CAP-85-100","2012-04-01","***","***",1.4185399999999999,"***","***",1.4185399999999999]
["CIMENTOS ASFÁLTICOS CAP-85-100","2012-05-01","***","***",1.4185399999999999,"***","***",1.4185399999999999]
["CIMENTOS ASFÁLTICOS CAP-85-100","2012-06-01","***","***",1.4185400000000004,"***","***",1.4185400000000004]
["CIMENTOS ASFÁLTICOS CAP-85-100","2012-07-01","***","***",1.4185225066530773,"***","***",1.4185225066530773]
["CIMENTOS ASFÁLTICOS CAP-85-100","2012-08-01","***","***",1.4185369271393431,"***","***",1.4185369271393431]
["CIMENTOS ASFÁLTICOS CAP-85-100","2012-09-01","***","***",1.4311500061884379,"***","***",1.4311500061884379]
["CIMENTOS ASFÁLTICOS CAP-85-100","2012-10-01","***","***",1.4027483648897492,"***","***",1.4027483648897492]
["CIMENTOS ASFÁLTICOS CAP-85-100","2012-11-01","***","***",1.4089350775890115,"***","***",1.4089350775890115]
["CIMENTOS ASFÁLTICOS CAP-85-100","2012-12-01","***","***","***","***","***","***"]
["CIMENTOS ASFÁLTICOS CAP-85-100","2013-01-01","***","***","***","***","***","***"]
["CIMENTOS ASFÁLTICOS CAP-85-100","2013-02-01","***","***","***","***","***","***"]
["CIMENTOS ASFÁLTICOS CAP-85-100","2013-03-01","***","***","***","***","***","***"]
["CIMENTOS ASFÁLTICOS CAP-85-100","2013-04-01","***","***","***","***","***","***"]
["CIMENTOS ASFÁLTICOS CAP-85-100","2013-05-01","***","***","***","***","***","***"]
["CIMENTOS ASFÁLTICOS CAP-85-100","2013-06-01","***","***","***","***","***","***"]
["CIMENTOS ASFÁLTICOS CAP-85-100","2013-07-01","***","***","***","***","***","***"]
["CIMENTOS ASFÁLTICOS CAP-85-100","2013-08-01","***","***","***","***","***","***"]
["CIMENTOS ASFÁLTICOS CAP-85-100","2013-09-01","***","***","***","***","***","***"]
["CIMENTOS ASFÁLTICOS CAP-85-100","2013-10-01","***","***","***","***","***","***"]
["CIMENTOS ASFÁLTICOS CAP-85-100","2013-11-01","***","***","***","***","***","***"]
["CIMENTOS ASFÁLTICOS CAP-85-100","2013-12-01","***","***","***","***","***","***"]
["CIMENTOS ASFÁLTICOS CAP-85-100","2014-01-01","***","***","***","***","***","***"]
["CIMENTOS ASFÁLTICOS CAP-85-100","2014-02-01","***","***","***","***","***","***"]
["CIMENTOS ASFÁLTICOS CAP-85-100","2014-03-01","***","***","***","***","***","***"]
["CIMENTOS ASFÁLTICOS CAP-85-100","2014-04-01","***","***","***","***","***","***"]
["CIMENTOS ASFÁLTICOS CAP-85-100","2014-05-01","***","***","***","***",0.94121999999999995,0.94121999999999995]
["CIMENTOS ASFÁLTICOS CAP-85-100","2014-06-01","***","***","***","***","***","***"]
["CIMENTOS ASFÁLTICOS CAP-85-100","2014-07-01","***","***","***","***","***","***"]
["CIMENTOS ASFÁLTICOS CAP-85-100","2014-08-01","***","***","***","***",1.0109900000000001,1.0109900000000001]
["CIMENTOS ASFÁLTICOS CAP-85-100","2014-09-01","***","***","***","***","***","***"]
["CIMENTOS ASFÁLTICOS CAP-85-100","2014-10-01","***","***","***","***","***","***"]
["CIMENTOS ASFÁLTICOS CAP-85-100","2014-11-01","***","***","***","***","***","***"]
["CIMENTOS ASFÁLTICOS CAP-85-100","2014-12-01","***","***","***","***","***","***"]
["CIMENTOS ASFÁLTICOS CAP-85-100","2015-01-01","***","***","***","***","***","***"]
["CIMENTOS ASFÁLTICOS CAP-85-100","2015-02-01","***","***","***","***","***","***"]
["CIMENTOS ASFÁLTICOS CAP-85-100","2015-03-01","***","***","***","***","***","***"]
["CIMENTOS ASFÁLTICOS CAP-85-100","2015-04-01","***","***","***","***","***","***"]
["CIMENTOS ASFÁLTICOS CAP-85-100","2015-05-01","***","***","***","***","***","***"]
["CIMENTOS ASFÁLTICOS CAP-85-100","2015-06-01","***","***","***","***",1.3446,1.3446]
["CIMENTOS ASFÁLTICOS CAP-85-100","2015-07-01","***","***","***","***","***","***"]
["CIMENTOS ASFÁLTICOS CAP-85-100","2015-08-01","***","***","***","***","***","***"]
["CIMENTOS ASFÁLTICOS CAP-85-100","2015-09-01","***","***","***","***","***","***"]
["CIMENTOS ASFÁLTICOS CAP-85-100","2015-10-01","***","***","***","***","***","***"]
["CIMENTOS ASFÁLTICOS CAP-85-100","2015-11-01","***","***","***","***","***","***"]
["CIMENTOS ASFÁLTICOS CAP-85-100","2015-12-01","***","***","***","***","***","***"]
["CIMENTOS ASFÁLTICOS CAP-85-100","2016-01-01","***","***","***","***","***","***"]
["CIMENTOS ASFÁLTICOS CAP-85-100","2016-02-01","***","***","***","***","***","***"]
["CIMENTOS ASFÁLTICOS CAP-85-100","2016-03-01","***","***","***","***","***","***"]
["CIMENTOS ASFÁLTICOS CAP-85-100","2016-04-01","***","***","***","***","***","***"]
["CIMENTOS ASFÁLTICOS CAP-85-100","2016-05-01","***","***","***","***","***","***"]
["CIMENTOS ASFÁLTICOS CAP-85-100","2016-06-01","***","***","***","***","***","***"]
["CIMENTOS ASFÁLTICOS CAP-85-100","2016-07-01","***","***","***","***","***","***"]
["CIMENTOS ASFÁLTICOS CAP-85-100","2016-08-01","***","***","***","***","***","***"]
["CIMENTOS ASFÁLTICOS CAP-85-100","2016-09-01","***","***","***","***","***","***"]
["CIMENTOS ASFÁLTICOS CAP-85-100","2016-10-01","***","***","***","***","***","***"]
["CIMENTOS ASFÁLTICOS CAP-85-100","2016-11-01","***","***","***","***","***","***"]
["CIMENTOS ASFÁLTICOS CAP-85-100","2016-12-01","***","***","***","***","***","***"]
["CIMENTOS ASFÁLTICOS CAP-85-100","2017-01-01","***","***","***",1.4044165217391302,2.2347600000000001,2.1621444106463876]
["CIMENTOS ASFÁLTICOS CAP-85-100","2017-02-01","***","***","***",1.90513,"***",1.90513]
["CIMENTOS ASFÁLTICOS CAP-85-100","2017-03-01","***","***","***","***","***","***"]
["CIMENTOS ASFÁLTICOS CAP-85-100","2017-04-01","***","***","***",2.12534,"***",2.12534]
["CIMENTOS ASFÁLTICOS CAP-85-100","2017-05-01","***","***","***","***","***","***"]
["CIMENTOS ASFÁLTICOS CAP-85-100","2017-06-01","***","***","***","***","***","***"]
["CIMENTOS ASFÁLTICOS CAP-85-100","2017-07-01","***","***","***","***","***","***"]
["CIMENTOS ASFÁLTICOS CAP-85-100","2017-08-01","***","***","***","***","***","***"]
["CIMENTOS ASFÁLTICOS CAP-85-100","2017-09-01","***","***","***","***","***","***"]
["CIMENTOS ASFÁLTICOS CAP-85-100","2017-10-01","***","***","***","***","***","***"]
["CIMENTOS ASFÁLTICOS CAP-85-100","2017-11-01","***","***","***","***","***","***"]
["CIMENTOS ASFÁLTICOS CAP-85-100","2017-12-01","***","***","***",2.0910000000000002,"***",2.0910000000000002]
["CIMENTOS ASFÁLTICOS CAP-85-100","2018-01-01","***","***","***","***","***","***"]
["CIMENTOS ASFÁLTICOS CAP-85-100","2018-02-01","***","***","***","***","***","***"]
["CIMENTOS ASFÁLTICOS CAP-85-100","2018-03-01","***","***","***",4.444,"***",4.444]
["CIMENTOS ASFÁLTICOS CAP-85-100","2018-04-01","***","***","***","***","***","***"]
["CIMENTOS ASFÁLTICOS CAP-85-100","2018-05-01","***","***","***","***","***","***"]
["CIMENTOS ASFÁLTICOS CAP-85-100","2018-06-01","***","***","***","***","***","***"]
["CIMENTOS ASFÁLTICOS CAP-85-100","2018-07-01","***","***","***","***","***","***"]
["CIMENTOS ASFÁLTICOS CAP-85-100","2018-08-01","***","***","***","***","***","***"]
["CIMENTOS ASFÁLTICOS CAP-85-100","2018-09-01","***","***","***","***","***","***"]
["CIMENTOS ASFÁLTICOS CAP-85-100","2018-10-01","***","***","***","***","***","***"]
["CIMENTOS ASFÁLTICOS CAP-85-100","2018-11-01","***","***","***","***","***","***"]
["CIMENTOS ASFÁLTICOS CAP-85-100","2018-12-01","***","***","***","***","***","***"]
["CIMENTOS ASFÁLTICOS CAP-85-100","2019-01-01","***","***","***","***","***","***"]
["CIMENTOS ASFÁLTICOS CAP-85-100","2019-02-01","***","***","***","***","***","***"]
["CIMENTOS ASFÁLTICOS CAP-85-100","2019-03-01","***","***","***","***","***","***"]
["CIMENTOS ASFÁLTICOS CAP-85-100","2019-04-01","***","***","***","***","***","***"]
["CIMENTOS ASFÁLTICOS CAP-85-100","2019-05-01","***","***","***","***","***","***"]
["CIMENTOS ASFÁLTICOS CAP-85-100","2019-06-01","***","***","***","***","***","***"]
["CIMENTOS ASFÁLTICOS CAP-85-100","2019-07-01","***","***","***","***","***","***"]
["CIMENTOS ASFÁLTICOS CAP-85-100","2019-08-01","***","***","***","***","***","***"]
["CIMENTOS ASFÁLTICOS CAP-85-100","2019-09-01","***","***","***","***","***","***"]
["CIMENTOS ASFÁLTICOS CAP-85-100","2019-10-01","***","***","***","***","***","***"]
["CIMENTOS ASFÁLTICOS CAP-85-100","2019-11-01","***","***","***","***","***","***"]
["CIMENTOS ASFÁLTICOS CAP-85-100","2019-12-01","***","***","***","***","***","***"]
["CIMENTOS ASFÁLTICOS CAP-85-100","2020-01-01","***","***","***","***","***","***"]
["CIMENTOS ASFÁLTICOS CAP-85-100","2020-02-01","***","***","***","***","***","***"]
["CIMENTOS ASFÁLTICOS CAP-85-100","2020-03-01","***","***","***","***","***","***"]
["CIMENTOS ASFÁLTICOS CAP-85-100","2020-04-01","***","***","***","***","***","***"]
["CIMENTOS ASFÁLTICOS CAP-85-100","2020-05-01","***","***","***","***","***","***"]
["CIMENTOS ASFÁLTICOS CAP-85-100","2020-06-01","***","***","***","***","***","***"]
["CIMENTOS ASFÁLTICOS CAP-85-100","2020-07-01","***","***","***","***","***","***"]
["CIMENTOS ASFÁLTICOS CAP-85-100","2020-08-01","***","***","***",1.7318434873949582,"***",1.7318434873949582]
["CIMENTOS ASFÁLTICOS CAP-85-100","2020-09-01","***","***","***",1.9205066437515348,"***",1.9205066437515348]
["CIMENTOS ASFÁLTICOS CAP-85-100","2020-10-01","***","***","***","***","***","***"]
["CIMENTOS ASFÁLTICOS CAP-85-100","2020-11-01","***","***","***","***","***","***"]
["CIMENTOS ASFÁLTICOS CAP-85-100","2020-12-01","***","***","***","***","***","***"]
["CIMENTOS ASFÁLTICOS CAP-85-100","2021-01-01","***","***","***","***","***","***"]
["CIMENTOS ASFÁLTICOS CAP-85-100","2021-02-01","***","***","***","***","***","***"]
["CIMENTOS ASFÁLTICOS CAP-85-100","2021-03-01","***","***","***","***","***","***"]
["CIMENTOS ASFÁLTICOS CAP-85-100","2021-04-01","***","***","***","***","***","***"]
["CIMENTOS ASFÁLTICOS CAP-85-100","2021-05-01","***","***","***","***","***","***"]
["CIMENTOS ASFÁLTICOS CAP-85-100","2021-06-01","***","***","***","***","***","***"]
["CIMENTOS ASFÁLTICOS CAP-85-100","2021-07-01","***","***","***","***","***","***"]
["CIMENTOS ASFÁLTICOS CAP-85-100","2021-08-01","***","***","***","***","***","***"]
["CIMENTOS ASFÁLTICOS CAP-85-100","2021-09-01","***","***","***","***","***","***"]
["CIMENTOS ASFÁLTICOS CAP-85-100","2021-10-01","***","***","***","***","***","***"]
["CIMENTOS ASFÁLTICOS CAP-85-100","2021-11-01","***","***","***","***","***","***"]
["CIMENTOS ASFÁLTICOS CAP-85-100","2021-12-01","***","***","***","***","***","***"]
["CIMENTOS ASFÁLTICOS CAP-85-100","2022-01-01","***","***","***","***","***","***"]
["CIMENTOS ASFÁLTICOS CAP-85-100","2022-02-01","***","***","***","***","***","***"]
["CIMENTOS ASFÁLTICOS CAP-85-100","2022-03-01","***","***","***","***","***","***"]
["CIMENTOS ASFÁLTICOS CAP-85-100","2022-04-01","***","***","***","***","***","***"]
["CIMENTOS ASFÁLTICOS CAP-85-100","2022-05-01","***","***","***","***","***","***"]
["CIMENTOS ASFÁLTICOS CAP-85-100","2022-06-01","***","***","***","***","***","***"]
["CIMENTOS ASFÁLTICOS CAP-85-100","2022-07-01","***","***","***","***","***","***"]
["CIMENTOS ASFÁLTICOS CAP-85-100","2022-08-01","***","***","***","***","***","***"]
["CIMENTOS ASFÁLTICOS CAP-85-100","2022-09-01","***","***","***","***","***","***"]
["CIMENTOS ASFÁLTICOS CAP-85-100","2022-10-01","***","***","***","***","***","***"]
["CIMENTOS ASFÁLTICOS CAP-85-100","2022-11-01","***","***","***","***","***","***"]
["CIMENTOS ASFÁLTICOS CAP-85-100","2022-12-01","***","***","***","***","***","***"]
["CIMENTOS ASFÁLTICOS CAP-85-100","2023-01-01","***","***","***","***","***","***"]
["CIMENTOS ASFÁLTICOS CAP-85-100","2023-02-01","***","***","***","***","***","***"]
["CIMENTOS ASFÁLTICOS CAP-85-100","2023-03-01","***","***","***","***","***","***"]
["CIMENTOS ASFÁLTICOS CAP-85-100","2023-04-01","***","***","***","***","***","***"]
["CIMENTOS ASFÁLTICOS CAP-85-100","2023-05-01","***","***","***","***","***","***"]
["CIMENTOS ASFÁLTICOS CAP-85-100","2023-06-01","***","***","***","***","***","***"]
["CIMENTOS ASFÁLTICOS CAP-85-100","2023-07-01","***","***","***","***","***","***"]
["CIMENTOS ASFÁLTICOS CAP-85-100","2023-08-01","***","***","***","***","***","***"]
["CIMENTOS ASFÁLTICOS CAP-85-100","2023-09-01","***","***","***","***","***","***"]
["CIMENTOS ASFÁLTICOS CAP-85-100","2023-10-01","***","***","***","***","***","***"]
["CIMENTOS ASFÁLTICOS CAP-85-100","2023-11-01","***","***","***","***","***","***"]
["CIMENTOS ASFÁLTICOS CAP-85-100","2023-12-01","***","***","***","***","***","***"]
["CIMENTOS ASFÁLTICOS CAP-85-100","2024-01-01","***","***","***","***","***","***"]
["CIMENTOS ASFÁLTICOS CAP-85-100","2024-02-01","***","***","***","***","***","***"]
["CIMENTOS ASFÁLTICOS CAP-85-100","2024-03-01","***","***","***","***","***","***"]
["CIMENTOS ASFÁLTICOS CAP-85-100","2024-04-01","***","***","***","***","***","***"]
["CIMENTOS ASFÁLTICOS CAP-85-100","2024-05-01","***","***","***","***","***","***"]
["CIMENTOS ASFÁLTICOS CAP-85-100","2024-06-01","***","***","***","***","***","***"]
["CIMENTOS ASFÁLTICOS CAP-85-100","2024-07-01","***","***","***","***","***","***"]
["CIMENTOS ASFÁLTICOS CAP-85-100","2024-08-01","***","***","***","***","***","***"]
["CIMENTOS ASFÁLTICOS CAP-85-100","2024-09-01","***","***","***","***","***","***"]
["CIMENTOS ASFÁLTICOS CAP-85-100","2024-10-01","***","***","***","***","***","***"]
["CIMENTOS ASFÁLTICOS CAP-85-100","2024-11-01","***","***","***","***","***","***"]
["CIMENTOS ASFÁLTICOS CAP-85-100","2024-12-01","***","***","***","***","***","***"]
["CIMENTOS ASFÁLTICOS CAP-85-100","2025-01-01","***","***","***","***","***","***"]
["CIMENTOS ASFÁLTICOS CAP-85-100","2025-02-01","***","***","***","***","***","***"]
["CIMENTOS ASFÁLTICOS CAP-85-100","2025-03-01","***","***","***","***","***","***"]
["CIMENTOS ASFÁLTICOS CAP-85-100","2025-04-01","***","***","***","***","***","***"]
["CIMENTOS ASFÁLTICOS CAP-85-100","2025-05-01","***","***","***","***","***","***"]
["CIMENTOS ASFÁLTICOS CAP-85-100","2025-06-01","***","***","***","***","***","***"]
["CIMENTOS ASFÁLTICOS CAP-85-100","2025-07-01","***","***","***","***","***","***"]
["EMULSÃO ASFÁLTICA CATIÔNICA DE RUPTURA CONTROLADA PARA SERVIÇO DE LAMA ASFÁLTICA","2015-09-01","***",0.60999999999999988,"***","***","***",0.60999999999999988]
["EMULSÃO ASFÁLTICA CATIÔNICA DE RUPTURA CONTROLADA PARA SERVIÇO DE LAMA ASFÁLTICA","2015-10-01","***",0.61,"***","***","***",0.61]
["EMULSÃO ASFÁLTICA CATIÔNICA DE RUPTURA CONTROLADA PARA SERVIÇO DE LAMA ASFÁLTICA","2015-11-01","***",1.689795501022495,"***","***","***",1.689795501022495]
["EMULSÃO ASFÁLTICA CATIÔNICA DE RUPTURA CONTROLADA PARA SERVIÇO DE LAMA ASFÁLTICA","2015-12-01","***","***","***","***","***","***"]
["EMULSÃO ASFÁLTICA CATIÔNICA DE RUPTURA CONTROLADA PARA SERVIÇO DE LAMA ASFÁLTICA","2016-01-01","***","***","***","***","***","***"]
["EMULSÃO ASFÁLTICA CATIÔNICA DE RUPTURA CONTROLADA PARA SERVIÇO DE LAMA ASFÁLTICA","2016-02-01","***","***","***","***","***","***"]
["EMULSÃO ASFÁLTICA CATIÔNICA DE RUPTURA CONTROLADA PARA SERVIÇO DE LAMA ASFÁLTICA","2016-03-01","***","***","***","***","***","***"]
["EMULSÃO ASFÁLTICA CATIÔNICA DE RUPTURA CONTROLADA PARA SERVIÇO DE LAMA ASFÁLTICA","2016-04-01","***",2.13,"***","***","***",2.13]
["EMULSÃO ASFÁLTICA CATIÔNICA DE RUPTURA CONTROLADA PARA SERVIÇO DE LAMA ASFÁLTICA","2016-05-01","***",2.13,"***","***","***",2.13]
["EMULSÃO ASFÁLTICA CATIÔNICA DE RUPTURA CONTROLADA PARA SERVIÇO DE LAMA ASFÁLTICA","2016-06-01","***",1.42,"***","***","***",1.42]
["EMULSÃO ASFÁLTICA CATIÔNICA DE RUPTURA CONTROLADA PARA SERVIÇO DE LAMA ASFÁLTICA","2016-07-01","***","***","***",1.6910000000000001,"***",1.6910000000000001]
["EMULSÃO ASFÁLTICA CATIÔNICA DE RUPTURA CONTROLADA PARA SERVIÇO DE LAMA ASFÁLTICA","2016-08-01","***",1.42,"***",1.6920999999999999,"***",1.6412506050674398]
["EMULSÃO ASFÁLTICA CATIÔNICA DE RUPTURA CONTROLADA PARA SERVIÇO DE LAMA ASFÁLTICA","2016-09-01","***",1.42,1.4028000000000003,1.5048999999999999,"***",1.4719204599129896]
["EMULSÃO ASFÁLTICA CATIÔNICA DE RUPTURA CONTROLADA PARA SERVIÇO DE LAMA ASFÁLTICA","2016-10-01","***",1.4200000000000002,1.4058000000000002,1.5065000000000002,"***",1.4432348359881635]
["EMULSÃO ASFÁLTICA CATIÔNICA DE RUPTURA CONTROLADA PARA SERVIÇO DE LAMA ASFÁLTICA","2016-11-01","***",1.42,"***","***","***",1.42]
["EMULSÃO ASFÁLTICA CATIÔNICA DE RUPTURA CONTROLADA PARA SERVIÇO DE LAMA ASFÁLTICA","2016-12-01","***","***","***","***","***","***"]
["EMULSÃO ASFÁLTICA CATIÔNICA DE RUPTURA CONTROLADA PARA SERVIÇO DE LAMA ASFÁLTICA","2017-01-01","***","***","***","***","***","***"]
["EMULSÃO ASFÁLTICA CATIÔNICA DE RUPTURA CONTROLADA PARA SERVIÇO DE LAMA ASFÁLTICA","2017-02-01","***","***","***","***","***","***"]
["EMULSÃO ASFÁLTICA CATIÔNICA DE RUPTURA CONTROLADA PARA SERVIÇO DE LAMA ASFÁLTICA","2017-03-01","***","***","***","***","***","***"]
["EMULSÃO ASFÁLTICA CATIÔNICA DE RUPTURA CONTROLADA PARA SERVIÇO DE LAMA ASFÁLTICA","2017-04-01","***","***","***","***","***","***"]
["EMULSÃO ASFÁLTICA CATIÔNICA DE RUPTURA CONTROLADA PARA SERVIÇO DE LAMA ASFÁLTICA","2017-05-01","***","***","***","***","***","***"]
["EMULSÃO ASFÁLTICA CATIÔNICA DE RUPTURA CONTROLADA PARA SERVIÇO DE LAMA ASFÁLTICA","2017-06-01","***",1.41,1.3833,"***","***",1.3961805746140652]
["EMULSÃO ASFÁLTICA CATIÔNICA DE RUPTURA CONTROLADA PARA SERVIÇO DE LAMA ASFÁLTICA","2017-07-01","***",1.4097,1.4194392519697907,"***","***",1.4186773227254919]
["EMULSÃO ASFÁLTICA CATIÔNICA DE RUPTURA CONTROLADA PARA SERVIÇO DE LAMA ASFÁLTICA","2017-08-01","***","***",1.3834,"***","***",1.3834]
["EMULSÃO ASFÁLTICA CATIÔNICA DE RUPTURA CONTROLADA PARA SERVIÇO DE LAMA ASFÁLTICA","2017-09-01","***","***",1.3422000000000001,"***","***",1.3422000000000001]
["EMULSÃO ASFÁLTICA CATIÔNICA DE RUPTURA CONTROLADA PARA SERVIÇO DE LAMA ASFÁLTICA","2017-10-01","***","***",1.3260000000000001,1.266075020741672,1.1927022584520337,1.2618354709983683]
["EMULSÃO ASFÁLTICA CATIÔNICA DE RUPTURA CONTROLADA PARA SERVIÇO DE LAMA ASFÁLTICA","2017-11-01","***","***","***",1.3512599999999999,"***",1.3512599999999999]
["EMULSÃO ASFÁLTICA CATIÔNICA DE RUPTURA CONTROLADA PARA SERVIÇO DE LAMA ASFÁLTICA","2017-12-01","***","***","***",1.3113387299415351,1.1678200000000001,1.2862866875449226]
["EMULSÃO ASFÁLTICA CATIÔNICA DE RUPTURA CONTROLADA PARA SERVIÇO DE LAMA ASFÁLTICA","2018-01-01","***","***","***",1.3656299999999997,"***",1.3656299999999997]
["EMULSÃO ASFÁLTICA CATIÔNICA DE RUPTURA CONTROLADA PARA SERVIÇO DE LAMA ASFÁLTICA","2018-02-01","***","***","***",1.3656299999999997,"***",1.3656299999999997]
["EMULSÃO ASFÁLTICA CATIÔNICA DE RUPTURA CONTROLADA PARA SERVIÇO DE LAMA ASFÁLTICA","2018-03-01","***","***","***",1.3643267765361471,1.2826599999999999,1.3574379085357575]
["EMULSÃO ASFÁLTICA CATIÔNICA DE RUPTURA CONTROLADA PARA SERVIÇO DE LAMA ASFÁLTICA","2018-04-01","***","***","***",1.3468059623002917,"***",1.3468059623002917]
["EMULSÃO ASFÁLTICA CATIÔNICA DE RUPTURA CONTROLADA PARA SERVIÇO DE LAMA ASFÁLTICA","2018-05-01","***","***","***",1.40157,1.27651,1.3682738124345093]
["EMULSÃO ASFÁLTICA CATIÔNICA DE RUPTURA CONTROLADA PARA SERVIÇO DE LAMA ASFÁLTICA","2018-06-01","***",1.7265999999999999,"***",1.4650838645418325,"***",1.5399886282871358]
["EMULSÃO ASFÁLTICA CATIÔNICA DE RUPTURA CONTROLADA PARA SERVIÇO DE LAMA ASFÁLTICA","2018-07-01","***","***","***","***","***","***"]
["EMULSÃO ASFÁLTICA CATIÔNICA DE RUPTURA CONTROLADA PARA SERVIÇO DE LAMA ASFÁLTICA","2018-08-01","***","***","***","***","***","***"]
["EMULSÃO ASFÁLTICA CATIÔNICA DE RUPTURA CONTROLADA PARA SERVIÇO DE LAMA ASFÁLTICA","2018-09-01","***","***","***","***","***","***"]
["EMULSÃO ASFÁLTICA CATIÔNICA DE RUPTURA CONTROLADA PARA SERVIÇO DE LAMA ASFÁLTICA","2018-10-01","***","***","***","***",1.99068,1.99068]
["EMULSÃO ASFÁLTICA CATIÔNICA DE RUPTURA CONTROLADA PARA SERVIÇO DE LAMA ASFÁLTICA","2018-11-01","***","***","***","***","***","***"]
["EMULSÃO ASFÁLTICA CATIÔNICA DE RUPTURA CONTROLADA PARA SERVIÇO DE LAMA ASFÁLTICA","2018-12-01","***","***","***","***","***","***"]
["EMULSÃO ASFÁLTICA CATIÔNICA DE RUPTURA CONTROLADA PARA SERVIÇO DE LAMA ASFÁLTICA","2019-01-01","***","***","***","***","***","***"]
["EMULSÃO ASFÁLTICA CATIÔNICA DE RUPTURA CONTROLADA PARA SERVIÇO DE LAMA ASFÁLTICA","2019-02-01","***","***","***","***","***","***"]
["EMULSÃO ASFÁLTICA CATIÔNICA DE RUPTURA CONTROLADA PARA SERVIÇO DE LAMA ASFÁLTICA","2019-03-01","***","***","***","***","***","***"]
["EMULSÃO ASFÁLTICA CATIÔNICA DE RUPTURA CONTROLADA PARA SERVIÇO DE LAMA ASFÁLTICA","2019-04-01","***","***","***","***",2.3486199999999999,2.3486199999999999]
["EMULSÃO ASFÁLTICA CATIÔNICA DE RUPTURA CONTROLADA PARA SERVIÇO DE LAMA ASFÁLTICA","2019-05-01","***","***","***","***","***","***"]
["EMULSÃO ASFÁLTICA CATIÔNICA DE RUPTURA CONTROLADA PARA SERVIÇO DE LAMA ASFÁLTICA","2019-06-01","***","***","***","***","***","***"]
["EMULSÃO ASFÁLTICA CATIÔNICA DE RUPTURA CONTROLADA PARA SERVIÇO DE LAMA ASFÁLTICA","2019-07-01","***","***","***","***",2.3182500000000004,2.3182500000000004]
["EMULSÃO ASFÁLTICA CATIÔNICA DE RUPTURA CONTROLADA PARA SERVIÇO DE LAMA ASFÁLTICA","2019-08-01","***","***","***","***",2.3486199999999999,2.3486199999999999]
["EMULSÃO ASFÁLTICA CATIÔNICA DE RUPTURA CONTROLADA PARA SERVIÇO DE LAMA ASFÁLTICA","2019-09-01","***","***","***","***",2.3240099999999999,2.3240099999999999]
["EMULSÃO ASFÁLTICA CATIÔNICA DE RUPTURA CONTROLADA PARA SERVIÇO DE LAMA ASFÁLTICA","2019-10-01","***","***","***","***","***","***"]
["EMULSÃO ASFÁLTICA CATIÔNICA DE RUPTURA CONTROLADA PARA SERVIÇO DE LAMA ASFÁLTICA","2019-11-01","***","***","***",2.6280899999999998,"***",2.6280899999999998]
["EMULSÃO ASFÁLTICA CATIÔNICA DE RUPTURA CONTROLADA PARA SERVIÇO DE LAMA ASFÁLTICA","2019-12-01","***","***","***",2.6280899999999998,"***",2.6280899999999998]
["EMULSÃO ASFÁLTICA CATIÔNICA DE RUPTURA CONTROLADA PARA SERVIÇO DE LAMA ASFÁLTICA","2020-01-01","***",2.0081199999999999,"***","***","***",2.0081199999999999]
["EMULSÃO ASFÁLTICA CATIÔNICA DE RUPTURA CONTROLADA PARA SERVIÇO DE LAMA ASFÁLTICA","2020-02-01","***","***","***",2.6280899999999998,"***",2.6280899999999998]
["EMULSÃO ASFÁLTICA CATIÔNICA DE RUPTURA CONTROLADA PARA SERVIÇO DE LAMA ASFÁLTICA","2020-03-01","***",2.00813,"***","***","***",2.00813]
["EMULSÃO ASFÁLTICA CATIÔNICA DE RUPTURA CONTROLADA PARA SERVIÇO DE LAMA ASFÁLTICA","2020-04-01","***",2.0081199999999999,"***","***","***",2.0081199999999999]
["EMULSÃO ASFÁLTICA CATIÔNICA DE RUPTURA CONTROLADA PARA SERVIÇO DE LAMA ASFÁLTICA","2020-05-01","***",2.0081199999999999,"***",2.6280899999999998,"***",2.4163402265372165]
["EMULSÃO ASFÁLTICA CATIÔNICA DE RUPTURA CONTROLADA PARA SERVIÇO DE LAMA ASFÁLTICA","2020-06-01","***","***","***","***","***","***"]
["EMULSÃO ASFÁLTICA CATIÔNICA DE RUPTURA CONTROLADA PARA SERVIÇO DE LAMA ASFÁLTICA","2020-07-01","***","***","***",2.6280899999999994,"***",2.6280899999999994]
["EMULSÃO ASFÁLTICA CATIÔNICA DE RUPTURA CONTROLADA PARA SERVIÇO DE LAMA ASFÁLTICA","2020-08-01","***","***",2.4412500000000001,2.6280899999999998,"***",2.5034011814089308]
["EMULSÃO ASFÁLTICA CATIÔNICA DE RUPTURA CONTROLADA PARA SERVIÇO DE LAMA ASFÁLTICA","2020-09-01","***","***",2.4412500000000001,2.6280899999999998,"***",2.5037925079030559]
["EMULSÃO ASFÁLTICA CATIÔNICA DE RUPTURA CONTROLADA PARA SERVIÇO DE LAMA ASFÁLTICA","2020-10-01","***","***",2.4412499999999997,2.6280899999999998,"***",2.4876601820100235]
["EMULSÃO ASFÁLTICA CATIÔNICA DE RUPTURA CONTROLADA PARA SERVIÇO DE LAMA ASFÁLTICA","2020-11-01","***","***","***",2.6280899999999994,"***",2.6280899999999994]
["EMULSÃO ASFÁLTICA CATIÔNICA DE RUPTURA CONTROLADA PARA SERVIÇO DE LAMA ASFÁLTICA","2020-12-01","***","***",2.5987499999999999,2.4680200000000001,"***",2.5651313138082994]
["EMULSÃO ASFÁLTICA CATIÔNICA DE RUPTURA CONTROLADA PARA SERVIÇO DE LAMA ASFÁLTICA","2021-01-01","***","***","***","***","***","***"]
["EMULSÃO ASFÁLTICA CATIÔNICA DE RUPTURA CONTROLADA PARA SERVIÇO DE LAMA ASFÁLTICA","2021-02-01","***","***","***",2.4680200000000001,"***",2.4680200000000001]
["EMULSÃO ASFÁLTICA CATIÔNICA DE RUPTURA CONTROLADA PARA SERVIÇO DE LAMA ASFÁLTICA","2021-03-01","***","***","***",2.4623599999999999,"***",2.4623599999999999]
["EMULSÃO ASFÁLTICA CATIÔNICA DE RUPTURA CONTROLADA PARA SERVIÇO DE LAMA ASFÁLTICA","2021-04-01","***",2.331,"***","***","***",2.331]
["EMULSÃO ASFÁLTICA CATIÔNICA DE RUPTURA CONTROLADA PARA SERVIÇO DE LAMA ASFÁLTICA","2021-05-01","***","***","***",2.4258099999999998,"***",2.4258099999999998]
["EMULSÃO ASFÁLTICA CATIÔNICA DE RUPTURA CONTROLADA PARA SERVIÇO DE LAMA ASFÁLTICA","2021-06-01","***","***","***",2.4258099999999998,"***",2.4258099999999998]
["EMULSÃO ASFÁLTICA CATIÔNICA DE RUPTURA CONTROLADA PARA SERVIÇO DE LAMA ASFÁLTICA","2021-07-01","***","***","***",2.7059199999999999,"***",2.7059199999999999]
["EMULSÃO ASFÁLTICA CATIÔNICA DE RUPTURA CONTROLADA PARA SERVIÇO DE LAMA ASFÁLTICA","2021-08-01","***","***","***","***","***","***"]
["EMULSÃO ASFÁLTICA CATIÔNICA DE RUPTURA CONTROLADA PARA SERVIÇO DE LAMA ASFÁLTICA","2021-09-01","***","***","***",3.13598,"***",3.13598]
["EMULSÃO ASFÁLTICA CATIÔNICA DE RUPTURA CONTROLADA PARA SERVIÇO DE LAMA ASFÁLTICA","2021-10-01","***","***",3.1943999999999999,"***","***",3.1943999999999999]
["EMULSÃO ASFÁLTICA CATIÔNICA DE RUPTURA CONTROLADA PARA SERVIÇO DE LAMA ASFÁLTICA","2021-11-01","***","***",3.6162040636093602,"***","***",3.6162040636093602]
["EMULSÃO ASFÁLTICA CATIÔNICA DE RUPTURA CONTROLADA PARA SERVIÇO DE LAMA ASFÁLTICA","2021-12-01","***","***",3.7479760908551949,"***","***",3.7479760908551949]
["EMULSÃO ASFÁLTICA CATIÔNICA DE RUPTURA CONTROLADA PARA SERVIÇO DE LAMA ASFÁLTICA","2022-01-01","***","***","***","***","***","***"]
["EMULSÃO ASFÁLTICA CATIÔNICA DE RUPTURA CONTROLADA PARA SERVIÇO DE LAMA ASFÁLTICA","2022-02-01","***","***","***",3.4192499999999999,"***",3.4192499999999999]
["EMULSÃO ASFÁLTICA CATIÔNICA DE RUPTURA CONTROLADA PARA SERVIÇO DE LAMA ASFÁLTICA","2022-03-01","***","***","***","***","***","***"]
["EMULSÃO ASFÁLTICA CATIÔNICA DE RUPTURA CONTROLADA PARA SERVIÇO DE LAMA ASFÁLTICA","2022-04-01","***","***","***","***","***","***"]
["EMULSÃO ASFÁLTICA CATIÔNICA DE RUPTURA CONTROLADA PARA SERVIÇO DE LAMA ASFÁLTICA","2022-05-01","***","***","***","***","***","***"]
["EMULSÃO ASFÁLTICA CATIÔNICA DE RUPTURA CONTROLADA PARA SERVIÇO DE LAMA ASFÁLTICA","2022-06-01","***","***","***",3.5394700000000001,"***",3.5394700000000001]
["EMULSÃO ASFÁLTICA CATIÔNICA DE RUPTURA CONTROLADA PARA SERVIÇO DE LAMA ASFÁLTICA","2022-07-01","***","***","***",3.5394700000000001,"***",3.5394700000000001]
["EMULSÃO ASFÁLTICA CATIÔNICA DE RUPTURA CONTROLADA PARA SERVIÇO DE LAMA ASFÁLTICA","2022-08-01","***","***","***","***","***","***"]
["EMULSÃO ASFÁLTICA CATIÔNICA DE RUPTURA CONTROLADA PARA SERVIÇO DE LAMA ASFÁLTICA","2022-09-01","***","***","***","***","***","***"]
["EMULSÃO ASFÁLTICA CATIÔNICA DE RUPTURA CONTROLADA PARA SERVIÇO DE LAMA ASFÁLTICA","2022-10-01","***","***","***",3.5979138425357875,"***",3.5979138425357875]
["EMULSÃO ASFÁLTICA CATIÔNICA DE RUPTURA CONTROLADA PARA SERVIÇO DE LAMA ASFÁLTICA","2022-11-01","***","***","***",3.6104999999999996,"***",3.6104999999999996]
["EMULSÃO ASFÁLTICA CATIÔNICA DE RUPTURA CONTROLADA PARA SERVIÇO DE LAMA ASFÁLTICA","2022-12-01","***","***","***",3.6105,"***",3.6105]
["EMULSÃO ASFÁLTICA CATIÔNICA DE RUPTURA CONTROLADA PARA SERVIÇO DE LAMA ASFÁLTICA","2023-01-01","***","***","***","***","***","***"]
["EMULSÃO ASFÁLTICA CATIÔNICA DE RUPTURA CONTROLADA PARA SERVIÇO DE LAMA ASFÁLTICA","2023-02-01","***","***","***","***","***","***"]
["EMULSÃO ASFÁLTICA CATIÔNICA DE RUPTURA CONTROLADA PARA SERVIÇO DE LAMA ASFÁLTICA","2023-03-01","***","***","***","***","***","***"]
["EMULSÃO ASFÁLTICA CATIÔNICA DE RUPTURA CONTROLADA PARA SERVIÇO DE LAMA ASFÁLTICA","2023-04-01","***","***","***","***","***","***"]
["EMULSÃO ASFÁLTICA CATIÔNICA DE RUPTURA CONTROLADA PARA SERVIÇO DE LAMA ASFÁLTICA","2023-05-01","***","***","***","***","***","***"]
["EMULSÃO ASFÁLTICA CATIÔNICA DE RUPTURA CONTROLADA PARA SERVIÇO DE LAMA ASFÁLTICA","2023-06-01","***","***","***","***","***","***"]
["EMULSÃO ASFÁLTICA CATIÔNICA DE RUPTURA CONTROLADA PARA SERVIÇO DE LAMA ASFÁLTICA","2023-07-01","***","***","***","***","***","***"]
["EMULSÃO ASFÁLTICA CATIÔNICA DE RUPTURA CONTROLADA PARA SERVIÇO DE LAMA ASFÁLTICA","2023-08-01","***","***","***","***","***","***"]
["EMULSÃO ASFÁLTICA CATIÔNICA DE RUPTURA CONTROLADA PARA SERVIÇO DE LAMA ASFÁLTICA","2023-09-01","***","***","***","***","***","***"]
["EMULSÃO ASFÁLTICA CATIÔNICA DE RUPTURA CONTROLADA PARA SERVIÇO DE LAMA ASFÁLTICA","2023-10-01","***","***","***","***","***","***"]
["EMULSÃO ASFÁLTICA CATIÔNICA DE RUPTURA CONTROLADA PARA SERVIÇO DE LAMA ASFÁLTICA","2023-11-01","***","***","***","***","***","***"]
["EMULSÃO ASFÁLTICA CATIÔNICA DE RUPTURA CONTROLADA PARA SERVIÇO DE LAMA ASFÁLTICA","2023-12-01","***","***","***","***","***","***"]
["EMULSÃO ASFÁLTICA CATIÔNICA DE RUPTURA CONTROLADA PARA SERVIÇO DE LAMA ASFÁLTICA","2024-01-01","***","***","***","***","***","***"]
["EMULSÃO ASFÁLTICA CATIÔNICA DE RUPTURA CONTROLADA PARA SERVIÇO DE LAMA ASFÁLTICA","2024-02-01","***",2.9875799999999999,"***","***","***",2.9875799999999999]
["EMULSÃO ASFÁLTICA CATIÔNICA DE RUPTURA CONTROLADA PARA SERVIÇO DE LAMA ASFÁLTICA","2024-03-01","***",2.9074899999999997,"***","***","***",2.9074899999999997]
["EMULSÃO ASFÁLTICA CATIÔNICA DE RUPTURA CONTROLADA PARA SERVIÇO DE LAMA ASFÁLTICA","2024-04-01","***",2.9074900000000006,"***","***","***",2.9074900000000006]
["EMULSÃO ASFÁLTICA CATIÔNICA DE RUPTURA CONTROLADA PARA SERVIÇO DE LAMA ASFÁLTICA","2024-05-01","***",3.0521846814082045,"***","***","***",3.0521846814082045]
["EMULSÃO ASFÁLTICA CATIÔNICA DE RUPTURA CONTROLADA PARA SERVIÇO DE LAMA ASFÁLTICA","2024-06-01","***",3.1209845508390917,"***","***","***",3.1209845508390917]
["EMULSÃO ASFÁLTICA CATIÔNICA DE RUPTURA CONTROLADA PARA SERVIÇO DE LAMA ASFÁLTICA","2024-07-01","***",3.1665000000000001,"***","***","***",3.1665000000000001]
["EMULSÃO ASFÁLTICA CATIÔNICA DE RUPTURA CONTROLADA PARA SERVIÇO DE LAMA ASFÁLTICA","2024-08-01","***",3.3419321040233672,"***","***","***",3.3419321040233672]
["EMULSÃO ASFÁLTICA CATIÔNICA DE RUPTURA CONTROLADA PARA SERVIÇO DE LAMA ASFÁLTICA","2024-09-01","***",3.3377400000000002,"***","***","***",3.3377400000000002]
["EMULSÃO ASFÁLTICA CATIÔNICA DE RUPTURA CONTROLADA PARA SERVIÇO DE LAMA ASFÁLTICA","2024-10-01","***",3.3377400000000002,"***","***","***",3.3377400000000002]
["EMULSÃO ASFÁLTICA CATIÔNICA DE RUPTURA CONTROLADA PARA SERVIÇO DE LAMA ASFÁLTICA","2024-11-01","***",3.3704000000000005,"***","***","***",3.3704000000000005]
["EMULSÃO ASFÁLTICA CATIÔNICA DE RUPTURA CONTROLADA PARA SERVIÇO DE LAMA ASFÁLTICA","2024-12-01","***","***","***","***","***","***"]
["EMULSÃO ASFÁLTICA CATIÔNICA DE RUPTURA CONTROLADA PARA SERVIÇO DE LAMA ASFÁLTICA","2025-01-01","***","***","***","***","***","***"]
["EMULSÃO ASFÁLTICA CATIÔNICA DE RUPTURA CONTROLADA PARA SERVIÇO DE LAMA ASFÁLTICA","2025-02-01","***","***","***","***","***","***"]
["EMULSÃO ASFÁLTICA CATIÔNICA DE RUPTURA CONTROLADA PARA SERVIÇO DE LAMA ASFÁLTICA","2025-03-01","***",3.3834644143232855,"***","***","***",3.3834644143232855]
["EMULSÃO ASFÁLTICA CATIÔNICA DE RUPTURA CONTROLADA PARA SERVIÇO DE LAMA ASFÁLTICA","2025-04-01","***","***","***","***","***","***"]
["EMULSÃO ASFÁLTICA CATIÔNICA DE RUPTURA CONTROLADA PARA SERVIÇO DE LAMA ASFÁLTICA","2025-05-01","***","***","***","***","***","***"]
["EMULSÃO ASFÁLTICA CATIÔNICA DE RUPTURA CONTROLADA PARA SERVIÇO DE LAMA ASFÁLTICA","2025-06-01","***","***","***","***","***","***"]
["EMULSÃO ASFÁLTICA CATIÔNICA DE RUPTURA CONTROLADA PARA SERVIÇO DE LAMA ASFÁLTICA","2025-07-01","***","***","***","***","***","***"]
["EMULSÃO ASFÁLTICA DE RUPTURA LENTA CATIÔNICA PARA SERVIÇO DE LAMA ASFÁLTICA","2015-09-01","***","***","***","***","***","***"]
["EMULSÃO ASFÁLTICA DE RUPTURA LENTA CATIÔNICA PARA SERVIÇO DE LAMA ASFÁLTICA","2015-10-01","***","***","***","***","***","***"]
["EMULSÃO ASFÁLTICA DE RUPTURA LENTA CATIÔNICA PARA SERVIÇO DE LAMA ASFÁLTICA","2015-11-01","***","***","***","***","***","***"]
["EMULSÃO ASFÁLTICA DE RUPTURA LENTA CATIÔNICA PARA SERVIÇO DE LAMA ASFÁLTICA","2015-12-01","***","***","***","***","***","***"]
["EMULSÃO ASFÁLTICA DE RUPTURA LENTA CATIÔNICA PARA SERVIÇO DE LAMA ASFÁLTICA","2016-01-01","***","***","***","***","***","***"]
["EMULSÃO ASFÁLTICA DE RUPTURA LENTA CATIÔNICA PARA SERVIÇO DE LAMA ASFÁLTICA","2016-02-01","***","***","***","***","***","***"]
["EMULSÃO ASFÁLTICA DE RUPTURA LENTA CATIÔNICA PARA SERVIÇO DE LAMA ASFÁLTICA","2016-03-01","***","***","***","***","***","***"]
["EMULSÃO ASFÁLTICA DE RUPTURA LENTA CATIÔNICA PARA SERVIÇO DE LAMA ASFÁLTICA","2016-04-01","***","***","***","***","***","***"]
["EMULSÃO ASFÁLTICA DE RUPTURA LENTA CATIÔNICA PARA SERVIÇO DE LAMA ASFÁLTICA","2016-05-01","***","***","***","***","***","***"]
["EMULSÃO ASFÁLTICA DE RUPTURA LENTA CATIÔNICA PARA SERVIÇO DE LAMA ASFÁLTICA","2016-06-01","***","***","***","***","***","***"]
["EMULSÃO ASFÁLTICA DE RUPTURA LENTA CATIÔNICA PARA SERVIÇO DE LAMA ASFÁLTICA","2016-07-01","***","***","***","***","***","***"]
["EMULSÃO ASFÁLTICA DE RUPTURA LENTA CATIÔNICA PARA SERVIÇO DE LAMA ASFÁLTICA","2016-08-01","***","***","***","***","***","***"]
["EMULSÃO ASFÁLTICA DE RUPTURA LENTA CATIÔNICA PARA SERVIÇO DE LAMA ASFÁLTICA","2016-09-01","***","***","***","***","***","***"]
["EMULSÃO ASFÁLTICA DE RUPTURA LENTA CATIÔNICA PARA SERVIÇO DE LAMA ASFÁLTICA","2016-10-01","***","***","***","***","***","***"]
["EMULSÃO ASFÁLTICA DE RUPTURA LENTA CATIÔNICA PARA SERVIÇO DE LAMA ASFÁLTICA","2016-11-01","***","***","***","***","***","***"]
["EMULSÃO ASFÁLTICA DE RUPTURA LENTA CATIÔNICA PARA SERVIÇO DE LAMA ASFÁLTICA","2016-12-01","***","***","***","***","***","***"]
["EMULSÃO ASFÁLTICA DE RUPTURA LENTA CATIÔNICA PARA SERVIÇO DE LAMA ASFÁLTICA","2017-01-01","***","***","***","***","***","***"]
["EMULSÃO ASFÁLTICA DE RUPTURA LENTA CATIÔNICA PARA SERVIÇO DE LAMA ASFÁLTICA","2017-02-01","***","***","***","***","***","***"]
["EMULSÃO ASFÁLTICA DE RUPTURA LENTA CATIÔNICA PARA SERVIÇO DE LAMA ASFÁLTICA","2017-03-01","***","***","***","***","***","***"]
["EMULSÃO ASFÁLTICA DE RUPTURA LENTA CATIÔNICA PARA SERVIÇO DE LAMA ASFÁLTICA","2017-04-01","***","***","***","***","***","***"]
["EMULSÃO ASFÁLTICA DE RUPTURA LENTA CATIÔNICA PARA SERVIÇO DE LAMA ASFÁLTICA","2017-05-01","***","***","***","***","***","***"]
["EMULSÃO ASFÁLTICA DE RUPTURA LENTA CATIÔNICA PARA SERVIÇO DE LAMA ASFÁLTICA","2017-06-01","***","***","***","***","***","***"]
["EMULSÃO ASFÁLTICA DE RUPTURA LENTA CATIÔNICA PARA SERVIÇO DE LAMA ASFÁLTICA","2017-07-01","***","***","***","***","***","***"]
["EMULSÃO ASFÁLTICA DE RUPTURA LENTA CATIÔNICA PARA SERVIÇO DE LAMA ASFÁLTICA","2017-08-01","***","***","***","***","***","***"]
["EMULSÃO ASFÁLTICA DE RUPTURA LENTA CATIÔNICA PARA SERVIÇO DE LAMA ASFÁLTICA","2017-09-01","***","***","***","***","***","***"]
["EMULSÃO ASFÁLTICA DE RUPTURA LENTA CATIÔNICA PARA SERVIÇO DE LAMA ASFÁLTICA","2017-10-01","***","***","***","***","***","***"]
["EMULSÃO ASFÁLTICA DE RUPTURA LENTA CATIÔNICA PARA SERVIÇO DE LAMA ASFÁLTICA","2017-11-01","***","***","***","***","***","***"]
["EMULSÃO ASFÁLTICA DE RUPTURA LENTA CATIÔNICA PARA SERVIÇO DE LAMA ASFÁLTICA","2017-12-01","***","***","***","***","***","***"]
["EMULSÃO ASFÁLTICA DE RUPTURA LENTA CATIÔNICA PARA SERVIÇO DE LAMA ASFÁLTICA","2018-01-01","***","***","***","***","***","***"]
["EMULSÃO ASFÁLTICA DE RUPTURA LENTA CATIÔNICA PARA SERVIÇO DE LAMA ASFÁLTICA","2018-02-01","***","***","***","***","***","***"]
["EMULSÃO ASFÁLTICA DE RUPTURA LENTA CATIÔNICA PARA SERVIÇO DE LAMA ASFÁLTICA","2018-03-01","***","***","***","***","***","***"]
["EMULSÃO ASFÁLTICA DE RUPTURA LENTA CATIÔNICA PARA SERVIÇO DE LAMA ASFÁLTICA","2018-04-01","***","***","***","***","***","***"]
["EMULSÃO ASFÁLTICA DE RUPTURA LENTA CATIÔNICA PARA SERVIÇO DE LAMA ASFÁLTICA","2018-05-01","***","***","***","***","***","***"]
["EMULSÃO ASFÁLTICA DE RUPTURA LENTA CATIÔNICA PARA SERVIÇO DE LAMA ASFÁLTICA","2018-06-01","***","***","***","***","***","***"]
["EMULSÃO ASFÁLTICA DE RUPTURA LENTA CATIÔNICA PARA SERVIÇO DE LAMA ASFÁLTICA","2018-07-01","***","***","***","***","***","***"]
["EMULSÃO ASFÁLTICA DE RUPTURA LENTA CATIÔNICA PARA SERVIÇO DE LAMA ASFÁLTICA","2018-08-01","***","***","***","***","***","***"]
["EMULSÃO ASFÁLTICA DE RUPTURA LENTA CATIÔNICA PARA SERVIÇO DE LAMA ASFÁLTICA","2018-09-01","***","***","***","***","***","***"]
["EMULSÃO ASFÁLTICA DE RUPTURA LENTA CATIÔNICA PARA SERVIÇO DE LAMA ASFÁLTICA","2018-10-01","***","***","***","***","***","***"]
["EMULSÃO ASFÁLTICA DE RUPTURA LENTA CATIÔNICA PARA SERVIÇO DE LAMA ASFÁLTICA","2018-11-01","***","***","***","***","***","***"]
["EMULSÃO ASFÁLTICA DE RUPTURA LENTA CATIÔNICA PARA SERVIÇO DE LAMA ASFÁLTICA","2018-12-01","***","***","***","***","***","***"]
["EMULSÃO ASFÁLTICA DE RUPTURA LENTA CATIÔNICA PARA SERVIÇO DE LAMA ASFÁLTICA","2019-01-01","***","***","***","***","***","***"]
["EMULSÃO ASFÁLTICA DE RUPTURA LENTA CATIÔNICA PARA SERVIÇO DE LAMA ASFÁLTICA","2019-02-01","***","***","***","***","***","***"]
["EMULSÃO ASFÁLTICA DE RUPTURA LENTA CATIÔNICA PARA SERVIÇO DE LAMA ASFÁLTICA","2019-03-01","***","***","***","***","***","***"]
["EMULSÃO ASFÁLTICA DE RUPTURA LENTA CATIÔNICA PARA SERVIÇO DE LAMA ASFÁLTICA","2019-04-01","***","***","***","***","***","***"]
["EMULSÃO ASFÁLTICA DE RUPTURA LENTA CATIÔNICA PARA SERVIÇO DE LAMA ASFÁLTICA","2019-05-01","***","***","***","***","***","***"]
["EMULSÃO ASFÁLTICA DE RUPTURA LENTA CATIÔNICA PARA SERVIÇO DE LAMA ASFÁLTICA","2019-06-01","***","***","***","***","***","***"]
["EMULSÃO ASFÁLTICA DE RUPTURA LENTA CATIÔNICA PARA SERVIÇO DE LAMA ASFÁLTICA","2019-07-01","***","***","***","***","***","***"]
["EMULSÃO ASFÁLTICA DE RUPTURA LENTA CATIÔNICA PARA SERVIÇO DE LAMA ASFÁLTICA","2019-08-01","***","***","***","***","***","***"]
["EMULSÃO ASFÁLTICA DE RUPTURA LENTA CATIÔNICA PARA SERVIÇO DE LAMA ASFÁLTICA","2019-09-01","***","***","***","***","***","***"]
["EMULSÃO ASFÁLTICA DE RUPTURA LENTA CATIÔNICA PARA SERVIÇO DE LAMA ASFÁLTICA","2019-10-01","***","***","***","***","***","***"]
["EMULSÃO ASFÁLTICA DE RUPTURA LENTA CATIÔNICA PARA SERVIÇO DE LAMA ASFÁLTICA","2019-11-01","***","***","***","***","***","***"]
["EMULSÃO ASFÁLTICA DE RUPTURA LENTA CATIÔNICA PARA SERVIÇO DE LAMA ASFÁLTICA","2019-12-01","***","***","***","***","***","***"]
["EMULSÃO ASFÁLTICA DE RUPTURA LENTA CATIÔNICA PARA SERVIÇO DE LAMA ASFÁLTICA","2020-01-01","***","***","***","***","***","***"]
["EMULSÃO ASFÁLTICA DE RUPTURA LENTA CATIÔNICA PARA SERVIÇO DE LAMA ASFÁLTICA","2020-02-01","***","***","***","***","***","***"]
["EMULSÃO ASFÁLTICA DE RUPTURA LENTA CATIÔNICA PARA SERVIÇO DE LAMA ASFÁLTICA","2020-03-01","***","***","***","***","***","***"]
["EMULSÃO ASFÁLTICA DE RUPTURA LENTA CATIÔNICA PARA SERVIÇO DE LAMA ASFÁLTICA","2020-04-01","***","***","***","***","***","***"]
["EMULSÃO ASFÁLTICA DE RUPTURA LENTA CATIÔNICA PARA SERVIÇO DE LAMA ASFÁLTICA","2020-05-01","***","***","***","***","***","***"]
["EMULSÃO ASFÁLTICA DE RUPTURA LENTA CATIÔNICA PARA SERVIÇO DE LAMA ASFÁLTICA","2020-06-01","***","***","***","***","***","***"]
["EMULSÃO ASFÁLTICA DE RUPTURA LENTA CATIÔNICA PARA SERVIÇO DE LAMA ASFÁLTICA","2020-07-01","***","***","***","***","***","***"]
["EMULSÃO ASFÁLTICA DE RUPTURA LENTA CATIÔNICA PARA SERVIÇO DE LAMA ASFÁLTICA","2020-08-01","***","***","***","***","***","***"]
["EMULSÃO ASFÁLTICA DE RUPTURA LENTA CATIÔNICA PARA SERVIÇO DE LAMA ASFÁLTICA","2020-09-01","***","***","***","***","***","***"]
["EMULSÃO ASFÁLTICA DE RUPTURA LENTA CATIÔNICA PARA SERVIÇO DE LAMA ASFÁLTICA","2020-10-01","***","***","***","***","***","***"]
["EMULSÃO ASFÁLTICA DE RUPTURA LENTA CATIÔNICA PARA SERVIÇO DE LAMA ASFÁLTICA","2020-11-01","***","***","***","***","***","***"]
["EMULSÃO ASFÁLTICA DE RUPTURA LENTA CATIÔNICA PARA SERVIÇO DE LAMA ASFÁLTICA","2020-12-01","***","***","***","***","***","***"]
["EMULSÃO ASFÁLTICA DE RUPTURA LENTA CATIÔNICA PARA SERVIÇO DE LAMA ASFÁLTICA","2021-01-01","***","***","***","***","***","***"]
["EMULSÃO ASFÁLTICA DE RUPTURA LENTA CATIÔNICA PARA SERVIÇO DE LAMA ASFÁLTICA","2021-02-01","***","***","***","***","***","***"]
["EMULSÃO ASFÁLTICA DE RUPTURA LENTA CATIÔNICA PARA SERVIÇO DE LAMA ASFÁLTICA","2021-03-01","***","***","***","***","***","***"]
["EMULSÃO ASFÁLTICA DE RUPTURA LENTA CATIÔNICA PARA SERVIÇO DE LAMA ASFÁLTICA","2021-04-01","***","***","***","***","***","***"]
["EMULSÃO ASFÁLTICA DE RUPTURA LENTA CATIÔNICA PARA SERVIÇO DE LAMA ASFÁLTICA","2021-05-01","***","***","***","***","***","***"]
["EMULSÃO ASFÁLTICA DE RUPTURA LENTA CATIÔNICA PARA SERVIÇO DE LAMA ASFÁLTICA","2021-06-01","***","***","***","***","***","***"]
["EMULSÃO ASFÁLTICA DE RUPTURA LENTA CATIÔNICA PARA SERVIÇO DE LAMA ASFÁLTICA","2021-07-01","***","***","***","***","***","***"]
["EMULSÃO ASFÁLTICA DE RUPTURA LENTA CATIÔNICA PARA SERVIÇO DE LAMA ASFÁLTICA","2021-08-01","***","***","***","***","***","***"]
["EMULSÃO ASFÁLTICA DE RUPTURA LENTA CATIÔNICA PARA SERVIÇO DE LAMA ASFÁLTICA","2021-09-01","***","***","***","***","***","***"]
["EMULSÃO ASFÁLTICA DE RUPTURA LENTA CATIÔNICA PARA SERVIÇO DE LAMA ASFÁLTICA","2021-10-01","***","***","***","***","***","***"]
["EMULSÃO ASFÁLTICA DE RUPTURA LENTA CATIÔNICA PARA SERVIÇO DE LAMA ASFÁLTICA","2021-11-01","***","***","***","***","***","***"]
["EMULSÃO ASFÁLTICA DE RUPTURA LENTA CATIÔNICA PARA SERVIÇO DE LAMA ASFÁLTICA","2021-12-01","***","***","***","***","***","***"]
["EMULSÃO ASFÁLTICA DE RUPTURA LENTA CATIÔNICA PARA SERVIÇO DE LAMA ASFÁLTICA","2022-01-01","***","***","***","***","***","***"]
["EMULSÃO ASFÁLTICA DE RUPTURA LENTA CATIÔNICA PARA SERVIÇO DE LAMA ASFÁLTICA","2022-02-01","***","***","***","***","***","***"]
["EMULSÃO ASFÁLTICA DE RUPTURA LENTA CATIÔNICA PARA SERVIÇO DE LAMA ASFÁLTICA","2022-03-01","***","***","***","***","***","***"]
["EMULSÃO ASFÁLTICA DE RUPTURA LENTA CATIÔNICA PARA SERVIÇO DE LAMA ASFÁLTICA","2022-04-01","***","***","***","***","***","***"]
["EMULSÃO ASFÁLTICA DE RUPTURA LENTA CATIÔNICA PARA SERVIÇO DE LAMA ASFÁLTICA","2022-05-01","***","***","***","***","***","***"]
["EMULSÃO ASFÁLTICA DE RUPTURA LENTA CATIÔNICA PARA SERVIÇO DE LAMA ASFÁLTICA","2022-06-01","***","***","***","***","***","***"]
["EMULSÃO ASFÁLTICA DE RUPTURA LENTA CATIÔNICA PARA SERVIÇO DE LAMA ASFÁLTICA","2022-07-01","***","***","***","***","***","***"]
["EMULSÃO ASFÁLTICA DE RUPTURA LENTA CATIÔNICA PARA SERVIÇO DE LAMA ASFÁLTICA","2022-08-01","***","***","***","***","***","***"]
["EMULSÃO ASFÁLTICA DE RUPTURA LENTA CATIÔNICA PARA SERVIÇO DE LAMA ASFÁLTICA","2022-09-01","***","***","***","***","***","***"]
["EMULSÃO ASFÁLTICA DE RUPTURA LENTA CATIÔNICA PARA SERVIÇO DE LAMA ASFÁLTICA","2022-10-01","***","***","***","***","***","***"]
["EMULSÃO ASFÁLTICA DE RUPTURA LENTA CATIÔNICA PARA SERVIÇO DE LAMA ASFÁLTICA","2022-11-01","***","***","***","***","***","***"]
["EMULSÃO ASFÁLTICA DE RUPTURA LENTA CATIÔNICA PARA SERVIÇO DE LAMA ASFÁLTICA","2022-12-01","***","***","***","***","***","***"]
["EMULSÃO ASFÁLTICA DE RUPTURA LENTA CATIÔNICA PARA SERVIÇO DE LAMA ASFÁLTICA","2023-01-01","***","***","***","***","***","***"]
["EMULSÃO ASFÁLTICA DE RUPTURA LENTA CATIÔNICA PARA SERVIÇO DE LAMA ASFÁLTICA","2023-02-01","***","***","***","***","***","***"]
["EMULSÃO ASFÁLTICA DE RUPTURA LENTA CATIÔNICA PARA SERVIÇO DE LAMA ASFÁLTICA","2023-03-01","***","***","***","***","***","***"]
["EMULSÃO ASFÁLTICA DE RUPTURA LENTA CATIÔNICA PARA SERVIÇO DE LAMA ASFÁLTICA","2023-04-01","***","***","***","***","***","***"]
["EMULSÃO ASFÁLTICA DE RUPTURA LENTA CATIÔNICA PARA SERVIÇO DE LAMA ASFÁLTICA","2023-05-01","***","***","***","***","***","***"]
["EMULSÃO ASFÁLTICA DE RUPTURA LENTA CATIÔNICA PARA SERVIÇO DE LAMA ASFÁLTICA","2023-06-01","***","***","***","***","***","***"]
["EMULSÃO ASFÁLTICA DE RUPTURA LENTA CATIÔNICA PARA SERVIÇO DE LAMA ASFÁLTICA","2023-07-01","***","***","***","***","***","***"]
["EMULSÃO ASFÁLTICA DE RUPTURA LENTA CATIÔNICA PARA SERVIÇO DE LAMA ASFÁLTICA","2023-08-01","***","***","***","***","***","***"]
["EMULSÃO ASFÁLTICA DE RUPTURA LENTA CATIÔNICA PARA SERVIÇO DE LAMA ASFÁLTICA","2023-09-01","***","***","***","***","***","***"]
["EMULSÃO ASFÁLTICA DE RUPTURA LENTA CATIÔNICA PARA SERVIÇO DE LAMA ASFÁLTICA","2023-10-01","***","***","***","***","***","***"]
["EMULSÃO ASFÁLTICA DE RUPTURA LENTA CATIÔNICA PARA SERVIÇO DE LAMA ASFÁLTICA","2023-11-01","***","***","***","***","***","***"]
["EMULSÃO ASFÁLTICA DE RUPTURA LENTA CATIÔNICA PARA SERVIÇO DE LAMA ASFÁLTICA","2023-12-01","***","***","***","***","***","***"]
["EMULSÃO ASFÁLTICA DE RUPTURA LENTA CATIÔNICA PARA SERVIÇO DE LAMA ASFÁLTICA","2024-01-01","***","***","***","***","***","***"]
["EMULSÃO ASFÁLTICA DE RUPTURA LENTA CATIÔNICA PARA SERVIÇO DE LAMA ASFÁLTICA","2024-02-01","***","***","***","***","***","***"]
["EMULSÃO ASFÁLTICA DE RUPTURA LENTA CATIÔNICA PARA SERVIÇO DE LAMA ASFÁLTICA","2024-03-01","***","***","***","***","***","***"]
["EMULSÃO ASFÁLTICA DE RUPTURA LENTA CATIÔNICA PARA SERVIÇO DE LAMA ASFÁLTICA","2024-04-01","***","***","***","***","***","***"]
["EMULSÃO ASFÁLTICA DE RUPTURA LENTA CATIÔNICA PARA SERVIÇO DE LAMA ASFÁLTICA","2024-05-01","***","***","***","***","***","***"]
["EMULSÃO ASFÁLTICA DE RUPTURA LENTA CATIÔNICA PARA SERVIÇO DE LAMA ASFÁLTICA","2024-06-01","***","***","***","***","***","***"]
["EMULSÃO ASFÁLTICA DE RUPTURA LENTA CATIÔNICA PARA SERVIÇO DE LAMA ASFÁLTICA","2024-07-01","***","***","***","***","***","***"]
["EMULSÃO ASFÁLTICA DE RUPTURA LENTA CATIÔNICA PARA SERVIÇO DE LAMA ASFÁLTICA","2024-08-01","***","***","***","***","***","***"]
["EMULSÃO ASFÁLTICA DE RUPTURA LENTA CATIÔNICA PARA SERVIÇO DE LAMA ASFÁLTICA","2024-09-01","***","***","***","***","***","***"]
["EMULSÃO ASFÁLTICA DE RUPTURA LENTA CATIÔNICA PARA SERVIÇO DE LAMA ASFÁLTICA","2024-10-01","***","***","***","***","***","***"]
["EMULSÃO ASFÁLTICA DE RUPTURA LENTA CATIÔNICA PARA SERVIÇO DE LAMA ASFÁLTICA","2024-11-01","***","***","***","***","***","***"]
["EMULSÃO ASFÁLTICA DE RUPTURA LENTA CATIÔNICA PARA SERVIÇO DE LAMA ASFÁLTICA","2024-12-01","***","***","***","***","***","***"]
["EMULSÃO ASFÁLTICA DE RUPTURA LENTA CATIÔNICA PARA SERVIÇO DE LAMA ASFÁLTICA","2025-01-01","***","***","***","***","***","***"]
["EMULSÃO ASFÁLTICA DE RUPTURA LENTA CATIÔNICA PARA SERVIÇO DE LAMA ASFÁLTICA","2025-02-01","***","***","***","***","***","***"]
["EMULSÃO ASFÁLTICA DE RUPTURA LENTA CATIÔNICA PARA SERVIÇO DE LAMA ASFÁLTICA","2025-03-01","***","***","***","***","***","***"]
["EMULSÃO ASFÁLTICA DE RUPTURA LENTA CATIÔNICA PARA SERVIÇO DE LAMA ASFÁLTICA","2025-04-01","***","***","***","***","***","***"]
["EMULSÃO ASFÁLTICA DE RUPTURA LENTA CATIÔNICA PARA SERVIÇO DE LAMA ASFÁLTICA","2025-05-01","***","***","***","***","***","***"]
["EMULSÃO ASFÁLTICA DE RUPTURA LENTA CATIÔNICA PARA SERVIÇO DE LAMA ASFÁLTICA","2025-06-01","***","***","***","***","***","***"]
["EMULSÃO ASFÁLTICA DE RUPTURA LENTA CATIÔNICA PARA SERVIÇO DE LAMA ASFÁLTICA","2025-07-01","***","***","***","***","***","***"]
["EMULSÃO ASFÁLTICA DE RUPTURA LENTA DE CARGA NEUTRA PARA SERVIÇO DE LAMA ASFÁLTICA","2015-09-01","***","***","***","***","***","***"]
["EMULSÃO ASFÁLTICA DE RUPTURA LENTA DE CARGA NEUTRA PARA SERVIÇO DE LAMA ASFÁLTICA","2015-10-01","***","***","***","***","***","***"]
["EMULSÃO ASFÁLTICA DE RUPTURA LENTA DE CARGA NEUTRA PARA SERVIÇO DE LAMA ASFÁLTICA","2015-11-01","***","***","***","***","***","***"]
["EMULSÃO ASFÁLTICA DE RUPTURA LENTA DE CARGA NEUTRA PARA SERVIÇO DE LAMA ASFÁLTICA","2015-12-01","***","***","***",1.78091,"***",1.78091]
["EMULSÃO ASFÁLTICA DE RUPTURA LENTA DE CARGA NEUTRA PARA SERVIÇO DE LAMA ASFÁLTICA","2016-01-01","***","***","***","***","***","***"]
["EMULSÃO ASFÁLTICA DE RUPTURA LENTA DE CARGA NEUTRA PARA SERVIÇO DE LAMA ASFÁLTICA","2016-02-01","***","***","***","***","***","***"]
["EMULSÃO ASFÁLTICA DE RUPTURA LENTA DE CARGA NEUTRA PARA SERVIÇO DE LAMA ASFÁLTICA","2016-03-01","***","***","***","***","***","***"]
["EMULSÃO ASFÁLTICA DE RUPTURA LENTA DE CARGA NEUTRA PARA SERVIÇO DE LAMA ASFÁLTICA","2016-04-01","***","***","***","***","***","***"]
["EMULSÃO ASFÁLTICA DE RUPTURA LENTA DE CARGA NEUTRA PARA SERVIÇO DE LAMA ASFÁLTICA","2016-05-01","***","***","***","***","***","***"]
["EMULSÃO ASFÁLTICA DE RUPTURA LENTA DE CARGA NEUTRA PARA SERVIÇO DE LAMA ASFÁLTICA","2016-06-01","***","***","***","***","***","***"]
["EMULSÃO ASFÁLTICA DE RUPTURA LENTA DE CARGA NEUTRA PARA SERVIÇO DE LAMA ASFÁLTICA","2016-07-01","***","***","***","***","***","***"]
["EMULSÃO ASFÁLTICA DE RUPTURA LENTA DE CARGA NEUTRA PARA SERVIÇO DE LAMA ASFÁLTICA","2016-08-01","***","***","***","***","***","***"]
["EMULSÃO ASFÁLTICA DE RUPTURA LENTA DE CARGA NEUTRA PARA SERVIÇO DE LAMA ASFÁLTICA","2016-09-01","***","***","***","***","***","***"]
["EMULSÃO ASFÁLTICA DE RUPTURA LENTA DE CARGA NEUTRA PARA SERVIÇO DE LAMA ASFÁLTICA","2016-10-01","***","***","***","***","***","***"]
["EMULSÃO ASFÁLTICA DE RUPTURA LENTA DE CARGA NEUTRA PARA SERVIÇO DE LAMA ASFÁLTICA","2016-11-01","***","***","***","***","***","***"]
["EMULSÃO ASFÁLTICA DE RUPTURA LENTA DE CARGA NEUTRA PARA SERVIÇO DE LAMA ASFÁLTICA","2016-12-01","***","***","***","***","***","***"]
["EMULSÃO ASFÁLTICA DE RUPTURA LENTA DE CARGA NEUTRA PARA SERVIÇO DE LAMA ASFÁLTICA","2017-01-01","***","***","***","***",1.3629899999999999,1.3629899999999999]
["EMULSÃO ASFÁLTICA DE RUPTURA LENTA DE CARGA NEUTRA PARA SERVIÇO DE LAMA ASFÁLTICA","2017-02-01","***","***","***","***",1.4107400000000003,1.4107400000000003]
["EMULSÃO ASFÁLTICA DE RUPTURA LENTA DE CARGA NEUTRA PARA SERVIÇO DE LAMA ASFÁLTICA","2017-03-01","***","***","***","***",1.4107400000000001,1.4107400000000001]
["EMULSÃO ASFÁLTICA DE RUPTURA LENTA DE CARGA NEUTRA PARA SERVIÇO DE LAMA ASFÁLTICA","2017-04-01","***","***","***",1.2812077317731774,"***",1.2812077317731774]
["EMULSÃO ASFÁLTICA DE RUPTURA LENTA DE CARGA NEUTRA PARA SERVIÇO DE LAMA ASFÁLTICA","2017-05-01","***","***","***",1.6340114958448753,"***",1.6340114958448753]
["EMULSÃO ASFÁLTICA DE RUPTURA LENTA DE CARGA NEUTRA PARA SERVIÇO DE LAMA ASFÁLTICA","2017-06-01","***","***","***",1.31921,"***",1.31921]
["EMULSÃO ASFÁLTICA DE RUPTURA LENTA DE CARGA NEUTRA PARA SERVIÇO DE LAMA ASFÁLTICA","2017-07-01","***","***","***","***","***","***"]
["EMULSÃO ASFÁLTICA DE RUPTURA LENTA DE CARGA NEUTRA PARA SERVIÇO DE LAMA ASFÁLTICA","2017-08-01","***","***","***",1.9680600000000001,"***",1.9680600000000001]
["EMULSÃO ASFÁLTICA DE RUPTURA LENTA DE CARGA NEUTRA PARA SERVIÇO DE LAMA ASFÁLTICA","2017-09-01","***","***","***","***","***","***"]
["EMULSÃO ASFÁLTICA DE RUPTURA LENTA DE CARGA NEUTRA PARA SERVIÇO DE LAMA ASFÁLTICA","2017-10-01","***","***","***","***","***","***"]
["EMULSÃO ASFÁLTICA DE RUPTURA LENTA DE CARGA NEUTRA PARA SERVIÇO DE LAMA ASFÁLTICA","2017-11-01","***","***","***","***","***","***"]
["EMULSÃO ASFÁLTICA DE RUPTURA LENTA DE CARGA NEUTRA PARA SERVIÇO DE LAMA ASFÁLTICA","2017-12-01","***","***","***","***","***","***"]
["EMULSÃO ASFÁLTICA DE RUPTURA LENTA DE CARGA NEUTRA PARA SERVIÇO DE LAMA ASFÁLTICA","2018-01-01","***","***","***","***","***","***"]
["EMULSÃO ASFÁLTICA DE RUPTURA LENTA DE CARGA NEUTRA PARA SERVIÇO DE LAMA ASFÁLTICA","2018-02-01","***","***","***","***","***","***"]
["EMULSÃO ASFÁLTICA DE RUPTURA LENTA DE CARGA NEUTRA PARA SERVIÇO DE LAMA ASFÁLTICA","2018-03-01","***","***","***","***","***","***"]
["EMULSÃO ASFÁLTICA DE RUPTURA LENTA DE CARGA NEUTRA PARA SERVIÇO DE LAMA ASFÁLTICA","2018-04-01","***","***","***","***","***","***"]
["EMULSÃO ASFÁLTICA DE RUPTURA LENTA DE CARGA NEUTRA PARA SERVIÇO DE LAMA ASFÁLTICA","2018-05-01","***","***","***","***","***","***"]
["EMULSÃO ASFÁLTICA DE RUPTURA LENTA DE CARGA NEUTRA PARA SERVIÇO DE LAMA ASFÁLTICA","2018-06-01","***","***","***","***","***","***"]
["EMULSÃO ASFÁLTICA DE RUPTURA LENTA DE CARGA NEUTRA PARA SERVIÇO DE LAMA ASFÁLTICA","2018-07-01","***","***","***","***","***","***"]
["EMULSÃO ASFÁLTICA DE RUPTURA LENTA DE CARGA NEUTRA PARA SERVIÇO DE LAMA ASFÁLTICA","2018-08-01","***","***","***","***","***","***"]
["EMULSÃO ASFÁLTICA DE RUPTURA LENTA DE CARGA NEUTRA PARA SERVIÇO DE LAMA ASFÁLTICA","2018-09-01","***","***","***","***","***","***"]
["EMULSÃO ASFÁLTICA DE RUPTURA LENTA DE CARGA NEUTRA PARA SERVIÇO DE LAMA ASFÁLTICA","2018-10-01","***","***","***","***","***","***"]
["EMULSÃO ASFÁLTICA DE RUPTURA LENTA DE CARGA NEUTRA PARA SERVIÇO DE LAMA ASFÁLTICA","2018-11-01","***","***","***","***","***","***"]
["EMULSÃO ASFÁLTICA DE RUPTURA LENTA DE CARGA NEUTRA PARA SERVIÇO DE LAMA ASFÁLTICA","2018-12-01","***","***","***","***","***","***"]
["EMULSÃO ASFÁLTICA DE RUPTURA LENTA DE CARGA NEUTRA PARA SERVIÇO DE LAMA ASFÁLTICA","2019-01-01","***","***","***","***","***","***"]
["EMULSÃO ASFÁLTICA DE RUPTURA LENTA DE CARGA NEUTRA PARA SERVIÇO DE LAMA ASFÁLTICA","2019-02-01","***","***","***","***","***","***"]
["EMULSÃO ASFÁLTICA DE RUPTURA LENTA DE CARGA NEUTRA PARA SERVIÇO DE LAMA ASFÁLTICA","2019-03-01","***","***","***","***","***","***"]
["EMULSÃO ASFÁLTICA DE RUPTURA LENTA DE CARGA NEUTRA PARA SERVIÇO DE LAMA ASFÁLTICA","2019-04-01","***","***","***","***","***","***"]
["EMULSÃO ASFÁLTICA DE RUPTURA LENTA DE CARGA NEUTRA PARA SERVIÇO DE LAMA ASFÁLTICA","2019-05-01","***","***","***","***","***","***"]
["EMULSÃO ASFÁLTICA DE RUPTURA LENTA DE CARGA NEUTRA PARA SERVIÇO DE LAMA ASFÁLTICA","2019-06-01","***","***","***","***","***","***"]
["EMULSÃO ASFÁLTICA DE RUPTURA LENTA DE CARGA NEUTRA PARA SERVIÇO DE LAMA ASFÁLTICA","2019-07-01","***","***","***","***","***","***"]
["EMULSÃO ASFÁLTICA DE RUPTURA LENTA DE CARGA NEUTRA PARA SERVIÇO DE LAMA ASFÁLTICA","2019-08-01","***","***","***","***","***","***"]
["EMULSÃO ASFÁLTICA DE RUPTURA LENTA DE CARGA NEUTRA PARA SERVIÇO DE LAMA ASFÁLTICA","2019-09-01","***","***","***","***","***","***"]
["EMULSÃO ASFÁLTICA DE RUPTURA LENTA DE CARGA NEUTRA PARA SERVIÇO DE LAMA ASFÁLTICA","2019-10-01","***","***","***","***","***","***"]
["EMULSÃO ASFÁLTICA DE RUPTURA LENTA DE CARGA NEUTRA PARA SERVIÇO DE LAMA ASFÁLTICA","2019-11-01","***","***","***","***","***","***"]
["EMULSÃO ASFÁLTICA DE RUPTURA LENTA DE CARGA NEUTRA PARA SERVIÇO DE LAMA ASFÁLTICA","2019-12-01","***","***","***","***","***","***"]
["EMULSÃO ASFÁLTICA DE RUPTURA LENTA DE CARGA NEUTRA PARA SERVIÇO DE LAMA ASFÁLTICA","2020-01-01","***","***","***","***","***","***"]
["EMULSÃO ASFÁLTICA DE RUPTURA LENTA DE CARGA NEUTRA PARA SERVIÇO DE LAMA ASFÁLTICA","2020-02-01","***","***","***","***","***","***"]
["EMULSÃO ASFÁLTICA DE RUPTURA LENTA DE CARGA NEUTRA PARA SERVIÇO DE LAMA ASFÁLTICA","2020-03-01","***","***","***","***","***","***"]
["EMULSÃO ASFÁLTICA DE RUPTURA LENTA DE CARGA NEUTRA PARA SERVIÇO DE LAMA ASFÁLTICA","2020-04-01","***","***","***","***","***","***"]
["EMULSÃO ASFÁLTICA DE RUPTURA LENTA DE CARGA NEUTRA PARA SERVIÇO DE LAMA ASFÁLTICA","2020-05-01","***","***","***","***","***","***"]
["EMULSÃO ASFÁLTICA DE RUPTURA LENTA DE CARGA NEUTRA PARA SERVIÇO DE LAMA ASFÁLTICA","2020-06-01","***","***","***","***","***","***"]
["EMULSÃO ASFÁLTICA DE RUPTURA LENTA DE CARGA NEUTRA PARA SERVIÇO DE LAMA ASFÁLTICA","2020-07-01","***","***","***","***","***","***"]
["EMULSÃO ASFÁLTICA DE RUPTURA LENTA DE CARGA NEUTRA PARA SERVIÇO DE LAMA ASFÁLTICA","2020-08-01","***","***","***","***","***","***"]
["EMULSÃO ASFÁLTICA DE RUPTURA LENTA DE CARGA NEUTRA PARA SERVIÇO DE LAMA ASFÁLTICA","2020-09-01","***","***","***","***","***","***"]
["EMULSÃO ASFÁLTICA DE RUPTURA LENTA DE CARGA NEUTRA PARA SERVIÇO DE LAMA ASFÁLTICA","2020-10-01","***","***","***","***","***","***"]
["EMULSÃO ASFÁLTICA DE RUPTURA LENTA DE CARGA NEUTRA PARA SERVIÇO DE LAMA ASFÁLTICA","2020-11-01","***","***","***","***","***","***"]
["EMULSÃO ASFÁLTICA DE RUPTURA LENTA DE CARGA NEUTRA PARA SERVIÇO DE LAMA ASFÁLTICA","2020-12-01","***","***","***","***","***","***"]
["EMULSÃO ASFÁLTICA DE RUPTURA LENTA DE CARGA NEUTRA PARA SERVIÇO DE LAMA ASFÁLTICA","2021-01-01","***","***","***","***","***","***"]
["EMULSÃO ASFÁLTICA DE RUPTURA LENTA DE CARGA NEUTRA PARA SERVIÇO DE LAMA ASFÁLTICA","2021-02-01","***","***","***","***","***","***"]
["EMULSÃO ASFÁLTICA DE RUPTURA LENTA DE CARGA NEUTRA PARA SERVIÇO DE LAMA ASFÁLTICA","2021-03-01","***","***","***","***","***","***"]
["EMULSÃO ASFÁLTICA DE RUPTURA LENTA DE CARGA NEUTRA PARA SERVIÇO DE LAMA ASFÁLTICA","2021-04-01","***","***","***","***","***","***"]
["EMULSÃO ASFÁLTICA DE RUPTURA LENTA DE CARGA NEUTRA PARA SERVIÇO DE LAMA ASFÁLTICA","2021-05-01","***","***","***","***","***","***"]
["EMULSÃO ASFÁLTICA DE RUPTURA LENTA DE CARGA NEUTRA PARA SERVIÇO DE LAMA ASFÁLTICA","2021-06-01","***","***","***","***","***","***"]
["EMULSÃO ASFÁLTICA DE RUPTURA LENTA DE CARGA NEUTRA PARA SERVIÇO DE LAMA ASFÁLTICA","2021-07-01","***","***","***","***","***","***"]
["EMULSÃO ASFÁLTICA DE RUPTURA LENTA DE CARGA NEUTRA PARA SERVIÇO DE LAMA ASFÁLTICA","2021-08-01","***","***","***","***","***","***"]
["EMULSÃO ASFÁLTICA DE RUPTURA LENTA DE CARGA NEUTRA PARA SERVIÇO DE LAMA ASFÁLTICA","2021-09-01","***","***","***","***","***","***"]
["EMULSÃO ASFÁLTICA DE RUPTURA LENTA DE CARGA NEUTRA PARA SERVIÇO DE LAMA ASFÁLTICA","2021-10-01","***","***","***","***","***","***"]
["EMULSÃO ASFÁLTICA DE RUPTURA LENTA DE CARGA NEUTRA PARA SERVIÇO DE LAMA ASFÁLTICA","2021-11-01","***","***","***","***","***","***"]
["EMULSÃO ASFÁLTICA DE RUPTURA LENTA DE CARGA NEUTRA PARA SERVIÇO DE LAMA ASFÁLTICA","2021-12-01","***","***","***","***","***","***"]
["EMULSÃO ASFÁLTICA DE RUPTURA LENTA DE CARGA NEUTRA PARA SERVIÇO DE LAMA ASFÁLTICA","2022-01-01","***","***","***","***","***","***"]
["EMULSÃO ASFÁLTICA DE RUPTURA LENTA DE CARGA NEUTRA PARA SERVIÇO DE LAMA ASFÁLTICA","2022-02-01","***","***","***","***","***","***"]
["EMULSÃO ASFÁLTICA DE RUPTURA LENTA DE CARGA NEUTRA PARA SERVIÇO DE LAMA ASFÁLTICA","2022-03-01","***","***","***","***","***","***"]
["EMULSÃO ASFÁLTICA DE RUPTURA LENTA DE CARGA NEUTRA PARA SERVIÇO DE LAMA ASFÁLTICA","2022-04-01","***","***","***","***","***","***"]
["EMULSÃO ASFÁLTICA DE RUPTURA LENTA DE CARGA NEUTRA PARA SERVIÇO DE LAMA ASFÁLTICA","2022-05-01","***","***","***","***","***","***"]
["EMULSÃO ASFÁLTICA DE RUPTURA LENTA DE CARGA NEUTRA PARA SERVIÇO DE LAMA ASFÁLTICA","2022-06-01","***","***","***","***","***","***"]
["EMULSÃO ASFÁLTICA DE RUPTURA LENTA DE CARGA NEUTRA PARA SERVIÇO DE LAMA ASFÁLTICA","2022-07-01","***","***","***","***","***","***"]
["EMULSÃO ASFÁLTICA DE RUPTURA LENTA DE CARGA NEUTRA PARA SERVIÇO DE LAMA ASFÁLTICA","2022-08-01","***","***","***","***","***","***"]
["EMULSÃO ASFÁLTICA DE RUPTURA LENTA DE CARGA NEUTRA PARA SERVIÇO DE LAMA ASFÁLTICA","2022-09-01","***","***","***","***","***","***"]
["EMULSÃO ASFÁLTICA DE RUPTURA LENTA DE CARGA NEUTRA PARA SERVIÇO DE LAMA ASFÁLTICA","2022-10-01","***","***","***","***","***","***"]
["EMULSÃO ASFÁLTICA DE RUPTURA LENTA DE CARGA NEUTRA PARA SERVIÇO DE LAMA ASFÁLTICA","2022-11-01","***","***","***","***","***","***"]
["EMULSÃO ASFÁLTICA DE RUPTURA LENTA DE CARGA NEUTRA PARA SERVIÇO DE LAMA ASFÁLTICA","2022-12-01","***","***","***","***","***","***"]
["EMULSÃO ASFÁLTICA DE RUPTURA LENTA DE CARGA NEUTRA PARA SERVIÇO DE LAMA ASFÁLTICA","2023-01-01","***","***","***","***","***","***"]
["EMULSÃO ASFÁLTICA DE RUPTURA LENTA DE CARGA NEUTRA PARA SERVIÇO DE LAMA ASFÁLTICA","2023-02-01","***","***","***","***","***","***"]
["EMULSÃO ASFÁLTICA DE RUPTURA LENTA DE CARGA NEUTRA PARA SERVIÇO DE LAMA ASFÁLTICA","2023-03-01","***","***","***","***","***","***"]
["EMULSÃO ASFÁLTICA DE RUPTURA LENTA DE CARGA NEUTRA PARA SERVIÇO DE LAMA ASFÁLTICA","2023-04-01","***","***","***","***","***","***"]
["EMULSÃO ASFÁLTICA DE RUPTURA LENTA DE CARGA NEUTRA PARA SERVIÇO DE LAMA ASFÁLTICA","2023-05-01","***","***","***","***","***","***"]
["EMULSÃO ASFÁLTICA DE RUPTURA LENTA DE CARGA NEUTRA PARA SERVIÇO DE LAMA ASFÁLTICA","2023-06-01","***","***","***","***","***","***"]
["EMULSÃO ASFÁLTICA DE RUPTURA LENTA DE CARGA NEUTRA PARA SERVIÇO DE LAMA ASFÁLTICA","2023-07-01","***","***","***","***","***","***"]
["EMULSÃO ASFÁLTICA DE RUPTURA LENTA DE CARGA NEUTRA PARA SERVIÇO DE LAMA ASFÁLTICA","2023-08-01","***","***","***","***","***","***"]
["EMULSÃO ASFÁLTICA DE RUPTURA LENTA DE CARGA NEUTRA PARA SERVIÇO DE LAMA ASFÁLTICA","2023-09-01","***","***","***","***","***","***"]
["EMULSÃO ASFÁLTICA DE RUPTURA LENTA DE CARGA NEUTRA PARA SERVIÇO DE LAMA ASFÁLTICA","2023-10-01","***","***","***","***","***","***"]
["EMULSÃO ASFÁLTICA DE RUPTURA LENTA DE CARGA NEUTRA PARA SERVIÇO DE LAMA ASFÁLTICA","2023-11-01","***","***","***","***","***","***"]
["EMULSÃO ASFÁLTICA DE RUPTURA LENTA DE CARGA NEUTRA PARA SERVIÇO DE LAMA ASFÁLTICA","2023-12-01","***","***","***","***","***","***"]
["EMULSÃO ASFÁLTICA DE RUPTURA LENTA DE CARGA NEUTRA PARA SERVIÇO DE LAMA ASFÁLTICA","2024-01-01","***","***","***","***","***","***"]
["EMULSÃO ASFÁLTICA DE RUPTURA LENTA DE CARGA NEUTRA PARA SERVIÇO DE LAMA ASFÁLTICA","2024-02-01","***","***","***","***","***","***"]
["EMULSÃO ASFÁLTICA DE RUPTURA LENTA DE CARGA NEUTRA PARA SERVIÇO DE LAMA ASFÁLTICA","2024-03-01","***","***","***","***","***","***"]
["EMULSÃO ASFÁLTICA DE RUPTURA LENTA DE CARGA NEUTRA PARA SERVIÇO DE LAMA ASFÁLTICA","2024-04-01","***","***","***","***","***","***"]
["EMULSÃO ASFÁLTICA DE RUPTURA LENTA DE CARGA NEUTRA PARA SERVIÇO DE LAMA ASFÁLTICA","2024-05-01","***","***","***","***","***","***"]
["EMULSÃO ASFÁLTICA DE RUPTURA LENTA DE CARGA NEUTRA PARA SERVIÇO DE LAMA ASFÁLTICA","2024-06-01","***","***","***","***","***","***"]
["EMULSÃO ASFÁLTICA DE RUPTURA LENTA DE CARGA NEUTRA PARA SERVIÇO DE LAMA ASFÁLTICA","2024-07-01","***","***","***","***","***","***"]
["EMULSÃO ASFÁLTICA DE RUPTURA LENTA DE CARGA NEUTRA PARA SERVIÇO DE LAMA ASFÁLTICA","2024-08-01","***","***","***","***","***","***"]
["EMULSÃO ASFÁLTICA DE RUPTURA LENTA DE CARGA NEUTRA PARA SERVIÇO DE LAMA ASFÁLTICA","2024-09-01","***","***","***","***","***","***"]
["EMULSÃO ASFÁLTICA DE RUPTURA LENTA DE CARGA NEUTRA PARA SERVIÇO DE LAMA ASFÁLTICA","2024-10-01","***","***","***","***","***","***"]
["EMULSÃO ASFÁLTICA DE RUPTURA LENTA DE CARGA NEUTRA PARA SERVIÇO DE LAMA ASFÁLTICA","2024-11-01","***","***","***","***","***","***"]
["EMULSÃO ASFÁLTICA DE RUPTURA LENTA DE CARGA NEUTRA PARA SERVIÇO DE LAMA ASFÁLTICA","2024-12-01","***","***","***","***","***","***"]
["EMULSÃO ASFÁLTICA DE RUPTURA LENTA DE CARGA NEUTRA PARA SERVIÇO DE LAMA ASFÁLTICA","2025-01-01","***","***","***","***","***","***"]
["EMULSÃO ASFÁLTICA DE RUPTURA LENTA DE CARGA NEUTRA PARA SERVIÇO DE LAMA ASFÁLTICA","2025-02-01","***","***","***","***","***","***"]
["EMULSÃO ASFÁLTICA DE RUPTURA LENTA DE CARGA NEUTRA PARA SERVIÇO DE LAMA ASFÁLTICA","2025-03-01","***","***","***","***","***","***"]
["EMULSÃO ASFÁLTICA DE RUPTURA LENTA DE CARGA NEUTRA PARA SERVIÇO DE LAMA ASFÁLTICA","2025-04-01","***","***","***","***","***","***"]
["EMULSÃO ASFÁLTICA DE RUPTURA LENTA DE CARGA NEUTRA PARA SERVIÇO DE LAMA ASFÁLTICA","2025-05-01","***","***","***","***","***","***"]
["EMULSÃO ASFÁLTICA DE RUPTURA LENTA DE CARGA NEUTRA PARA SERVIÇO DE LAMA ASFÁLTICA","2025-06-01","***","***","***","***","***","***"]
["EMULSÃO ASFÁLTICA DE RUPTURA LENTA DE CARGA NEUTRA PARA SERVIÇO DE LAMA ASFÁLTICA","2025-07-01","***","***","***","***","***","***"]
["EMULSÃO ASFÁLTICA PARA SERVIÇO DE IMPRIMAÇÃO","2015-09-01","***","***",1.4717220003202049,1.4096112734159074,1.4193069532859328,1.446822740151299]
["EMULSÃO ASFÁLTICA PARA SERVIÇO DE IMPRIMAÇÃO","2015-10-01","***",1.9176,1.781092886124624,1.4955308126593099,1.6322685873497631,1.6558735877785684]
["EMULSÃO ASFÁLTICA PARA SERVIÇO DE IMPRIMAÇÃO","2015-11-01","***",1.9491000000000001,1.851497011280008,1.5423770651148661,1.7165669846000993,1.7111602719051495]
["EMULSÃO ASFÁLTICA PARA SERVIÇO DE IMPRIMAÇÃO","2015-12-01","***",1.9329001129943502,1.9289875347995546,1.5349218527808066,1.7583001329948014,1.7451550601173027]
["EMULSÃO ASFÁLTICA PARA SERVIÇO DE IMPRIMAÇÃO","2016-01-01","***",2.0734232378223494,1.7298643690939413,1.5701077270194985,1.8257659849583492,1.7351025423644171]
["EMULSÃO ASFÁLTICA PARA SERVIÇO DE IMPRIMAÇÃO","2016-02-01","***","***",1.9732574718275353,1.5621659796115781,1.7777156657003466,1.6603494935167886]
["EMULSÃO ASFÁLTICA PARA SERVIÇO DE IMPRIMAÇÃO","2016-03-01","***",2.0640000000000001,1.954123306098047,1.5733089191379386,1.7422350461028668,1.6939279132448939]
["EMULSÃO ASFÁLTICA PARA SERVIÇO DE IMPRIMAÇÃO","2016-04-01","***","***",2.1729798992309735,1.7525258127145407,1.8008038630578787,1.8146813159618167]
["EMULSÃO ASFÁLTICA PARA SERVIÇO DE IMPRIMAÇÃO","2016-05-01","***",1.7919240662460567,2.118228549569467,1.7355234617836999,1.9137052848109848,1.8802597980249405]
["EMULSÃO ASFÁLTICA PARA SERVIÇO DE IMPRIMAÇÃO","2016-06-01","***",2.3814000000000002,2.0685431061761879,1.7727581593359081,1.866770418484206,1.8919590595887776]
["EMULSÃO ASFÁLTICA PARA SERVIÇO DE IMPRIMAÇÃO","2016-07-01","***",2.2549342402884771,2.057723744701883,1.7455767606817247,1.9228265695583726,1.9082666921964366]
["EMULSÃO ASFÁLTICA PARA SERVIÇO DE IMPRIMAÇÃO","2016-08-01","***",1.9722799120284216,2.0208821239199635,1.8171883423962276,1.885670286408119,1.914476303570678]
["EMULSÃO ASFÁLTICA PARA SERVIÇO DE IMPRIMAÇÃO","2016-09-01","***",1.5627763159710244,1.8440562928701951,1.5798445022986489,1.6956428947170663,1.6976975163017372]
["EMULSÃO ASFÁLTICA PARA SERVIÇO DE IMPRIMAÇÃO","2016-10-01","***",1.3846296727384657,1.8077131124999994,1.5586842050456009,1.7103719054645461,1.6861737127229937]
["EMULSÃO ASFÁLTICA PARA SERVIÇO DE IMPRIMAÇÃO","2016-11-01",1.8555506785714286,1.5683234213680513,1.8844597698120391,1.502814868711015,1.6454688381756071,1.6395871836940492]
["EMULSÃO ASFÁLTICA PARA SERVIÇO DE IMPRIMAÇÃO","2016-12-01",1.835539482993197,1.7820216889674323,1.7095233511963166,1.4685483053029356,1.7295495707354236,1.6919890208808703]
["EMULSÃO ASFÁLTICA PARA SERVIÇO DE IMPRIMAÇÃO","2017-01-01",1.8523369286359528,1.9103789201849,1.7347059970384997,1.3295956145425254,1.7152723192149464,1.6610438044154168]
["EMULSÃO ASFÁLTICA PARA SERVIÇO DE IMPRIMAÇÃO","2017-02-01",1.80267,1.6531303859872608,1.692170593425987,1.5038838855913981,1.6521456953841025,1.6307036896274727]
["EMULSÃO ASFÁLTICA PARA SERVIÇO DE IMPRIMAÇÃO","2017-03-01","***",1.8867000000000003,1.8112680378486055,1.4228776705346042,1.6713104675337158,1.5907534057935775]
["EMULSÃO ASFÁLTICA PARA SERVIÇO DE IMPRIMAÇÃO","2017-04-01",1.80267,1.9221112673830594,1.9080195351925628,1.4540572151287079,1.4810554970551493,1.5422089253019704]
["EMULSÃO ASFÁLTICA PARA SERVIÇO DE IMPRIMAÇÃO","2017-05-01","***",1.798720788171672,1.9108605754545833,1.4473522046819021,1.5792215321643097,1.6012454388775854]
["EMULSÃO ASFÁLTICA PARA SERVIÇO DE IMPRIMAÇÃO","2017-06-01","***",1.928042078211333,1.7547227717460026,1.5224507626460311,1.6157893204478087,1.6626244760566549]
["EMULSÃO ASFÁLTICA PARA SERVIÇO DE IMPRIMAÇÃO","2017-07-01","***",1.8200533150144438,1.7937393923183163,1.5130407463586413,1.5841936541858999,1.6338958205168921]
["EMULSÃO ASFÁLTICA PARA SERVIÇO DE IMPRIMAÇÃO","2017-08-01",2.0585001865378132,1.8604519498001415,1.8188039432332377,1.4662376294908728,1.6024065110271175,1.6858944252430712]
["EMULSÃO ASFÁLTICA PARA SERVIÇO DE IMPRIMAÇÃO","2017-09-01",2.1347865658783785,1.912976607365793,1.7309102069523037,1.4955104023610026,1.7016208187846578,1.6378792960882471]
["EMULSÃO ASFÁLTICA PARA SERVIÇO DE IMPRIMAÇÃO","2017-10-01",1.9739520872469212,2.0452770015331643,1.7447005355811598,1.5035520794776804,1.6649430589906942,1.6895213192639258]
["EMULSÃO ASFÁLTICA PARA SERVIÇO DE IMPRIMAÇÃO","2017-11-01",2.2336100000000001,2.1274698169846036,1.7658597976295769,1.5960234244052445,1.7149270506442769,1.7348380917195407]
["EMULSÃO ASFÁLTICA PARA SERVIÇO DE IMPRIMAÇÃO","2017-12-01",2.0474999999999999,2.1473485538110029,1.8056750821779453,1.5046702154828409,1.713302354625726,1.793716006729597]
["EMULSÃO ASFÁLTICA PARA SERVIÇO DE IMPRIMAÇÃO","2018-01-01","***",2.1136413638684837,1.7047400385048834,1.661529397695241,1.7933764125799576,1.8390607333859526]
["EMULSÃO ASFÁLTICA PARA SERVIÇO DE IMPRIMAÇÃO","2018-02-01",2.2785099999999998,2.0658926604692343,1.8006337253545488,1.6419065684557534,1.7814624818836775,1.7641855811241458]
["EMULSÃO ASFÁLTICA PARA SERVIÇO DE IMPRIMAÇÃO","2018-03-01",2.2487019364214351,2.0861432800225783,1.9422039728402196,1.6115233037469801,1.8381134033956901,1.8777657953659046]
["EMULSÃO ASFÁLTICA PARA SERVIÇO DE IMPRIMAÇÃO","2018-04-01",2.2489575499112688,2.124686455890973,1.8978037947725068,1.6093467640342376,1.8135804273660479,1.8005182668979485]
["EMULSÃO ASFÁLTICA PARA SERVIÇO DE IMPRIMAÇÃO","2018-05-01","***",1.6126478213586228,2.0262988983512402,1.7277407187953555,1.886713069113602,1.7973856697043356]
["EMULSÃO ASFÁLTICA PARA SERVIÇO DE IMPRIMAÇÃO","2018-06-01",2.5311933305099097,1.896695403468095,2.112269213085765,1.7636055451565207,1.9582836458415978,1.9553870655161913]
["EMULSÃO ASFÁLTICA PARA SERVIÇO DE IMPRIMAÇÃO","2018-07-01",2.0369999999999999,1.7043749202437319,2.1750624815865645,1.8698214052011728,2.0236902374215862,1.9568261828570443]
["EMULSÃO ASFÁLTICA PARA SERVIÇO DE IMPRIMAÇÃO","2018-08-01",2.4222804352806415,2.1440126394777175,2.2640288331904372,1.9046096054385497,2.1279229118504173,2.1252186176818904]
["EMULSÃO ASFÁLTICA PARA SERVIÇO DE IMPRIMAÇÃO","2018-09-01",2.3363446925730522,2.2616459603713808,2.2680425644164259,1.8891011288312105,2.1329636128967833,2.1162671078665434]
["EMULSÃO ASFÁLTICA PARA SERVIÇO DE IMPRIMAÇÃO","2018-10-01",2.2061509825119234,2.320035007940946,2.2529405629192727,1.9093879243100309,2.150117762859733,2.1277288771141061]
["EMULSÃO ASFÁLTICA PARA SERVIÇO DE IMPRIMAÇÃO","2018-11-01","***",2.4775578172098047,2.347241355345544,2.048181918630879,2.2622156464294187,2.2770121207177478]
["EMULSÃO ASFÁLTICA PARA SERVIÇO DE IMPRIMAÇÃO","2018-12-01",2.6970100000000001,2.4878049135929841,2.2755942229183495,1.9267085426847577,2.2704107290574749,2.1773289110451319]
["EMULSÃO ASFÁLTICA PARA SERVIÇO DE IMPRIMAÇÃO","2019-01-01",2.569534034699779,2.0477524468903763,2.273538935697442,1.9026970882528318,2.2676028906672214,2.1379930658384958]
["EMULSÃO ASFÁLTICA PARA SERVIÇO DE IMPRIMAÇÃO","2019-02-01","***",2.0257277589489724,2.4624917058645401,1.9703196337051905,2.3070408404815756,2.1551676978941878]
["EMULSÃO ASFÁLTICA PARA SERVIÇO DE IMPRIMAÇÃO","2019-03-01",2.6691099999999999,1.6959436318303136,2.5465520276717553,1.9552438313539189,2.4281821113268061,2.2045408586361903]
["EMULSÃO ASFÁLTICA PARA SERVIÇO DE IMPRIMAÇÃO","2019-04-01",3.35955,1.9818107514303227,2.3125620717113136,2.0354331516730602,2.2397450546167494,2.1774734721493982]
["EMULSÃO ASFÁLTICA PARA SERVIÇO DE IMPRIMAÇÃO","2019-05-01","***",1.8234970544595721,2.4254257239463191,1.9132360206144159,2.2897054462858146,2.0706776060769183]
["EMULSÃO ASFÁLTICA PARA SERVIÇO DE IMPRIMAÇÃO","2019-06-01",2.2517219839142086,2.0564316331744847,2.3626354541824299,1.9853630545154812,2.3117404267678539,2.1754297162835736]
["EMULSÃO ASFÁLTICA PARA SERVIÇO DE IMPRIMAÇÃO","2019-07-01",2.3897042241771573,1.9267336846819376,2.3502997148567633,1.8861192366997852,2.3443128931004193,2.1300336245449243]
["EMULSÃO ASFÁLTICA PARA SERVIÇO DE IMPRIMAÇÃO","2019-08-01",2.4204981811922095,1.9366342717638025,2.2289583891939122,1.9191860417525901,2.0707519605165676,2.0746355600434843]
["EMULSÃO ASFÁLTICA PARA SERVIÇO DE IMPRIMAÇÃO","2019-09-01","***",1.72595770251872,2.1658361328552553,1.9828711191237132,2.1233871540218638,2.0320109511814355]
["EMULSÃO ASFÁLTICA PARA SERVIÇO DE IMPRIMAÇÃO","2019-10-01",4.5373264802536761,2.4236474290967682,2.2699362042611231,1.9603570112969801,2.0919216161557252,2.2362857279303823]
["EMULSÃO ASFÁLTICA PARA SERVIÇO DE IMPRIMAÇÃO","2019-11-01",5.6230687732466951,2.6715909938236941,2.7934442152445098,2.0930103721866944,1.9917861432045603,2.4255786535411881]
["EMULSÃO ASFÁLTICA PARA SERVIÇO DE IMPRIMAÇÃO","2019-12-01",2.3584000000000001,3.0904484000344756,2.6985981808610187,1.99483101942341,2.0674729614924576,2.3388369589663549]
["EMULSÃO ASFÁLTICA PARA SERVIÇO DE IMPRIMAÇÃO","2020-01-01",3.6791948315847596,4.1110188511601589,2.2090466486420044,2.2934666147576288,2.1807412851880241,2.3621384832723091]
["EMULSÃO ASFÁLTICA PARA SERVIÇO DE IMPRIMAÇÃO","2020-02-01",2.1811774007807414,2.1654909296132416,2.3830260641579271,2.2917209365781708,1.9559190447735786,2.1193258904026702]
["EMULSÃO ASFÁLTICA PARA SERVIÇO DE IMPRIMAÇÃO","2020-03-01",2.1471933954276037,1.9745777774206508,2.2907157166825649,2.1034900110826631,1.9431246398375084,2.0570322765095441]
["EMULSÃO ASFÁLTICA PARA SERVIÇO DE IMPRIMAÇÃO","2020-04-01",2.0778829341696397,1.793610134150381,2.2503999009644868,1.8989067760757625,2.0198990328425186,1.996356513702779]
["EMULSÃO ASFÁLTICA PARA SERVIÇO DE IMPRIMAÇÃO","2020-05-01",2.2555799800760732,1.8382469968106199,2.04921303898035,1.8409840556324244,2.1390478487386093,2.0004694352028545]
["EMULSÃO ASFÁLTICA PARA SERVIÇO DE IMPRIMAÇÃO","2020-06-01",2.1355224401584296,1.8717526592631764,2.0038524815999561,1.8457568575565277,2.1776289934903108,1.9814549341740808]
["EMULSÃO ASFÁLTICA PARA SERVIÇO DE IMPRIMAÇÃO","2020-07-01",2.3472582310469319,1.8385508340644319,2.0749291448471241,1.8187960953023425,2.1207410166589744,1.9855505192296981]
["EMULSÃO ASFÁLTICA PARA SERVIÇO DE IMPRIMAÇÃO","2020-08-01",2.3394068348445596,1.8707316968504784,2.1051079563256461,1.821531322006902,2.3315088349322686,2.0288077844879919]
["EMULSÃO ASFÁLTICA PARA SERVIÇO DE IMPRIMAÇÃO","2020-09-01",2.3620475670480823,1.8818332306167003,2.1206819463732454,1.8097786931062012,2.2764226232558142,2.0419763580939101]
["EMULSÃO ASFÁLTICA PARA SERVIÇO DE IMPRIMAÇÃO","2020-10-01",2.5521439381897189,2.0400156077004343,2.0565348781561954,1.8438136785625752,2.117957078695349,2.0469068041644838]
["EMULSÃO ASFÁLTICA PARA SERVIÇO DE IMPRIMAÇÃO","2020-11-01",2.4177600491974358,2.0188306190867253,2.1679761156056374,1.9405702252841677,2.2862254143170171,2.1147758396697172]
["EMULSÃO ASFÁLTICA PARA SERVIÇO DE IMPRIMAÇÃO","2020-12-01",2.3378236417126823,2.0841264732830966,2.1625742851821004,1.8335132127921996,2.2766193632809539,2.0952730475821557]
["EMULSÃO ASFÁLTICA PARA SERVIÇO DE IMPRIMAÇÃO","2021-01-01",2.347244482758621,2.0375597878691645,2.1396080159366542,2.0393461044153844,2.2376702420775714,2.0954109971087274]
["EMULSÃO ASFÁLTICA PARA SERVIÇO DE IMPRIMAÇÃO","2021-02-01",2.3501493848565898,2.056014115717268,2.1588145218720154,1.9805419662265893,2.2036431279255186,2.1088280212173074]
["EMULSÃO ASFÁLTICA PARA SERVIÇO DE IMPRIMAÇÃO","2021-03-01",2.343814607712766,1.969391522550507,2.1533056388479248,2.0575737712482201,2.4169572172627878,2.1614513911194146]
["EMULSÃO ASFÁLTICA PARA SERVIÇO DE IMPRIMAÇÃO","2021-04-01",2.4893339250275637,2.0094747183833115,2.2065015696897596,2.0225825563419222,2.3671075612262298,2.1681865962186944]
["EMULSÃO ASFÁLTICA PARA SERVIÇO DE IMPRIMAÇÃO","2021-05-01",2.5603540979658761,2.3435163980556548,2.457967603936039,2.4267227848229345,2.7680441952971298,2.5118451187675048]
["EMULSÃO ASFÁLTICA PARA SERVIÇO DE IMPRIMAÇÃO","2021-06-01",2.5979053203325209,2.2069928780173469,2.4392551551554367,2.3694899931799145,2.6563028965188091,2.4059176206771271]
["EMULSÃO ASFÁLTICA PARA SERVIÇO DE IMPRIMAÇÃO","2021-07-01",2.4877789729600099,2.2985659921240611,2.4157101048123479,2.346950719202165,2.5056567606381792,2.3916177185434626]
["EMULSÃO ASFÁLTICA PARA SERVIÇO DE IMPRIMAÇÃO","2021-08-01",2.742960745203034,2.2921504163659039,2.4581779088688727,2.4122336335128094,2.6645593237887648,2.4453203266611006]
["EMULSÃO ASFÁLTICA PARA SERVIÇO DE IMPRIMAÇÃO","2021-09-01",2.7361295292805354,2.3472058621277911,2.5007145940183619,2.4364476848492838,2.7185047802971698,2.4887002947269417]
["EMULSÃO ASFÁLTICA PARA SERVIÇO DE IMPRIMAÇÃO","2021-10-01",2.7711781203321229,2.2997943112176391,2.6102565992943241,2.3568543962721984,2.7147784922709639,2.502040352146762]
["EMULSÃO ASFÁLTICA PARA SERVIÇO DE IMPRIMAÇÃO","2021-11-01",3.2692235431946162,2.4903316498765697,2.7374106313084097,2.6827509963977656,3.1193826345188782,2.7718410004092489]
["EMULSÃO ASFÁLTICA PARA SERVIÇO DE IMPRIMAÇÃO","2021-12-01",3.0232395197510824,2.4811121239696741,2.8399219184106168,2.7897857359420737,3.0907552560988689,2.7695953079483986]
["EMULSÃO ASFÁLTICA PARA SERVIÇO DE IMPRIMAÇÃO","2022-01-01",3.1666615251287764,2.481387776339024,2.7500260733344808,2.8233744563615524,2.8680127154040589,2.7139794918540954]
["EMULSÃO ASFÁLTICA PARA SERVIÇO DE IMPRIMAÇÃO","2022-02-01",3.0130564295865194,2.5115472186482144,2.9902902135669787,2.8740507177825525,3.2858949624965774,2.7548944818147176]
["EMULSÃO ASFÁLTICA PARA SERVIÇO DE IMPRIMAÇÃO","2022-03-01",2.6530668181818178,2.5834505076381014,2.9893677349524816,2.9960875739952,3.2109117195300594,2.8387753231243074]
["EMULSÃO ASFÁLTICA PARA SERVIÇO DE IMPRIMAÇÃO","2022-04-01",3.1752210021198692,2.940810703564269,3.3647037660408499,3.0254126235653729,3.3443792665933461,3.1323690863580556]
["EMULSÃO ASFÁLTICA PARA SERVIÇO DE IMPRIMAÇÃO","2022-05-01",3.0254911624216048,3.0780428892722784,3.2428600844879454,2.9954721791758256,3.2211547963766369,3.1142319039385353]
["EMULSÃO ASFÁLTICA PARA SERVIÇO DE IMPRIMAÇÃO","2022-06-01",3.6042888992827633,2.8092826705882352,3.2421525773346196,3.0548692157720279,3.1202498527210061,3.1022324317211183]
["EMULSÃO ASFÁLTICA PARA SERVIÇO DE IMPRIMAÇÃO","2022-07-01",3.4499439039665964,3.0348787201779102,3.3563751586175035,3.0616644898099823,3.2482423979123425,3.2208183723553989]
["EMULSÃO ASFÁLTICA PARA SERVIÇO DE IMPRIMAÇÃO","2022-08-01",3.3751389350154999,3.1220525103388717,3.2507862014749653,3.0489916859357522,3.0750210139125702,3.1839754819147492]
["EMULSÃO ASFÁLTICA PARA SERVIÇO DE IMPRIMAÇÃO","2022-09-01",3.2297256626561928,2.9600224090719442,3.225590487197985,3.0296922171785332,2.9285265107581853,3.092850095982473]
["EMULSÃO ASFÁLTICA PARA SERVIÇO DE IMPRIMAÇÃO","2022-10-01",2.935023095195846,2.9086159784433829,3.1679567346382225,2.8126770393215117,3.0105865418280522,2.989660612175725]
["EMULSÃO ASFÁLTICA PARA SERVIÇO DE IMPRIMAÇÃO","2022-11-01",2.9075154359690019,2.8680256058162539,3.1302584511687539,2.783119177985331,3.0188929179218427,2.9518353931359811]
["EMULSÃO ASFÁLTICA PARA SERVIÇO DE IMPRIMAÇÃO","2022-12-01",3.1460890492363855,2.8836224971110211,3.0842276081993569,2.6200572645143412,2.968354368522979,2.9477420729651174]
["EMULSÃO ASFÁLTICA PARA SERVIÇO DE IMPRIMAÇÃO","2023-01-01",3.8304929538251491,2.6506506503031555,3.7344407531553907,2.9369341704325373,2.8237329120440404,2.919766584205989]
["EMULSÃO ASFÁLTICA PARA SERVIÇO DE IMPRIMAÇÃO","2023-02-01",3.4133893972384484,2.4792648831875175,3.1333218813703287,2.6523342416099243,3.1679657370950047,2.8125589134745792]
["EMULSÃO ASFÁLTICA PARA SERVIÇO DE IMPRIMAÇÃO","2023-03-01",3.5901048167945904,2.4145219695785145,2.8183603233850856,2.480602476721836,2.5785954413552723,2.6069080807161735]
["EMULSÃO ASFÁLTICA PARA SERVIÇO DE IMPRIMAÇÃO","2023-04-01",2.8250312966243478,2.5919587799430368,2.6577796107966027,2.5803076548062727,2.5932050439301864,2.6128176019535871]
["EMULSÃO ASFÁLTICA PARA SERVIÇO DE IMPRIMAÇÃO","2023-05-01",3.0429693417960846,2.5710268530500762,2.8081399934176865,2.3133460501123841,2.4410065126863336,2.5847333100638288]
["EMULSÃO ASFÁLTICA PARA SERVIÇO DE IMPRIMAÇÃO","2023-06-01",2.9723964454576812,2.2668458757660641,2.6939132050872843,2.2833170288798188,2.5303938847813896,2.5360126160424636]
["EMULSÃO ASFÁLTICA PARA SERVIÇO DE IMPRIMAÇÃO","2023-07-01",2.8821984790862936,2.2594110713559488,2.7539668765588168,2.2901569172070624,2.512011643394199,2.5559367978409413]
["EMULSÃO ASFÁLTICA PARA SERVIÇO DE IMPRIMAÇÃO","2023-08-01",2.7599007776265299,2.2519800763491018,2.7191533246964581,2.2484444720773578,2.5402393394585627,2.5142633929458533]
["EMULSÃO ASFÁLTICA PARA SERVIÇO DE IMPRIMAÇÃO","2023-09-01",2.9963490996753093,2.4694270879331937,2.8359607079418838,2.3542105755106055,2.5440572242567523,2.6296176286072672]
["EMULSÃO ASFÁLTICA PARA SERVIÇO DE IMPRIMAÇÃO","2023-10-01",2.9069041499660679,2.3466247757107976,2.7833585392391194,2.2449571863692013,2.5161631257360222,2.5548858726305226]
["EMULSÃO ASFÁLTICA PARA SERVIÇO DE IMPRIMAÇÃO","2023-11-01",3.0181251174746495,2.3975742733603242,2.8357085214027693,2.3057315663117457,2.4853234413728993,2.572672654733811]
["EMULSÃO ASFÁLTICA PARA SERVIÇO DE IMPRIMAÇÃO","2023-12-01",2.9937428089594218,2.2685369069181678,2.7311677809768633,2.3025249018134035,2.7201461208829767,2.5120108245592774]
["EMULSÃO ASFÁLTICA PARA SERVIÇO DE IMPRIMAÇÃO","2024-01-01",3.1576856514478879,2.3099500424127517,2.6017947218421353,2.3588540766402923,2.802549309967008,2.5373917743397296]
["EMULSÃO ASFÁLTICA PARA SERVIÇO DE IMPRIMAÇÃO","2024-02-01",3.234264558593213,2.2708615396454501,2.9665520767683202,2.4553468603164843,2.5576459832485345,2.6139879569074673]
["EMULSÃO ASFÁLTICA PARA SERVIÇO DE IMPRIMAÇÃO","2024-03-01",2.6702058955338024,2.4236607271309123,2.9815662589960108,2.4739468321703972,2.6390660255654708,2.5783919491563876]
["EMULSÃO ASFÁLTICA PARA SERVIÇO DE IMPRIMAÇÃO","2024-04-01",2.9503289613675987,2.3977666569139311,2.7515861276104396,2.432173726034859,2.5948871731624283,2.5758307695536784]
["EMULSÃO ASFÁLTICA PARA SERVIÇO DE IMPRIMAÇÃO","2024-05-01",2.6731142865479063,2.2813300612065581,2.7293088782774348,2.2721972972263225,2.6037438786779208,2.4768549450201895]
["EMULSÃO ASFÁLTICA PARA SERVIÇO DE IMPRIMAÇÃO","2024-06-01",2.8272212648087556,2.212118134446988,2.680425728561346,2.3290443651920096,2.728540167542866,2.5003945712804874]
["EMULSÃO ASFÁLTICA PARA SERVIÇO DE IMPRIMAÇÃO","2024-07-01",2.8467844628704033,2.3746331376635825,2.7308762651570158,2.2487735151282049,2.671186451783333,2.5167889319488714]
["EMULSÃO ASFÁLTICA PARA SERVIÇO DE IMPRIMAÇÃO","2024-08-01",2.9880259360094583,2.5082052554791727,2.8920587872376293,2.3247020362216446,2.7860967985379679,2.6625485580594068]
["EMULSÃO ASFÁLTICA PARA SERVIÇO DE IMPRIMAÇÃO","2024-09-01",2.8396078200783585,2.5699292831622249,2.8469091232319403,2.3683149021816194,2.8201723913095718,2.6478239846216836]
["EMULSÃO ASFÁLTICA PARA SERVIÇO DE IMPRIMAÇÃO","2024-10-01",2.9082204440948569,2.5548386463659063,2.8637807061625451,2.4421895150219357,2.791179746440827,2.6763043913671702]
["EMULSÃO ASFÁLTICA PARA SERVIÇO DE IMPRIMAÇÃO","2024-11-01",2.9758249086334581,2.6353573137935737,3.1570713283853884,2.5678343130610819,2.7666862331462565,2.7590658968462618]
["EMULSÃO ASFÁLTICA PARA SERVIÇO DE IMPRIMAÇÃO","2024-12-01",3.1570362296637744,2.6664351178237875,2.8784755375934115,2.5664918076204954,2.9098050592270743,2.7428432193986052]
["EMULSÃO ASFÁLTICA PARA SERVIÇO DE IMPRIMAÇÃO","2025-01-01",3.3348626569058077,2.6268319905984949,2.7522662688610167,2.7477909579976103,2.7765335594752814,2.774097259733415]
["EMULSÃO ASFÁLTICA PARA SERVIÇO DE IMPRIMAÇÃO","2025-02-01",4.2515314450464778,2.7104017950292691,2.815490991061139,2.7609338335366278,2.8544355674732254,2.8918818553458907]
["EMULSÃO ASFÁLTICA PARA SERVIÇO DE IMPRIMAÇÃO","2025-03-01",3.6823233060752325,2.6921716637631667,2.8044363051524281,2.6677025962636884,2.8781706904048368,2.8456431765401953]
["EMULSÃO ASFÁLTICA PARA SERVIÇO DE IMPRIMAÇÃO","2025-04-01",3.243521353820598,2.4399342995610711,2.432848034165358,2.408879555892427,2.7538394138407583,2.5357329426140782]
["EMULSÃO ASFÁLTICA PARA SERVIÇO DE IMPRIMAÇÃO","2025-05-01",2.9860426406865006,2.3014684351090757,2.586745227863223,2.3800829018524494,2.7002438599096288,2.5214293155438781]
["EMULSÃO ASFÁLTICA PARA SERVIÇO DE IMPRIMAÇÃO","2025-06-01",2.4018648759517065,2.3216290573694685,2.5635119068050352,2.3107589003236337,2.6697432210010943,2.4682279431638579]
["EMULSÃO ASFÁLTICA PARA SERVIÇO DE IMPRIMAÇÃO","2025-07-01",3.0406751627796851,2.1824943203235305,2.6234570977303591,2.3082119634190552,2.6841307854957925,2.5027299527406228]
["EMULSÕES ASF. MOD. POR POLÍMEROS RC1C-E","2009-12-01","***",1.1249974622097942,1.5012044702572058,1.0900798700620846,1.151130149816231,1.1683242533717153]
["EMULSÕES ASF. MOD. POR POLÍMEROS RC1C-E","2010-01-01","***",1.1223363337167658,1.4157852740584027,1.0761393660013314,1.1651924106492932,1.1467530703502113]
["EMULSÕES ASF. MOD. POR POLÍMEROS RC1C-E","2010-02-01","***",1.1344336512451259,1.4143909262474355,1.1024085153895054,1.1392542378874455,1.1564077223627776]
["EMULSÕES ASF. MOD. POR POLÍMEROS RC1C-E","2010-03-01","***",1.1300057804492121,1.3818383980646003,1.1281897382399328,1.134015585180544,1.1480818886759294]
["EMULSÕES ASF. MOD. POR POLÍMEROS RC1C-E","2010-04-01","***",1.1171007272806979,1.2989352979825408,1.1023387644332401,1.2256434109430649,1.1585751896097041]
["EMULSÕES ASF. MOD. POR POLÍMEROS RC1C-E","2010-05-01","***",1.1152479897652927,1.2936459694096301,1.0918828325528409,1.2216601265202642,1.148750335293629]
["EMULSÕES ASF. MOD. POR POLÍMEROS RC1C-E","2010-06-01","***",1.10612930410162,1.2859711135024787,1.0848081888090657,1.22739985995969,1.1676931182482189]
["EMULSÕES ASF. MOD. POR POLÍMEROS RC1C-E","2010-07-01","***",1.1020354164535162,1.3083709777081185,1.0671102711288294,1.2302566956844019,1.141761029854385]
["EMULSÕES ASF. MOD. POR POLÍMEROS RC1C-E","2010-08-01","***",1.1477252622478387,1.213071513014315,1.0671942635545479,1.2287279908781303,1.1263273024146228]
["EMULSÕES ASF. MOD. POR POLÍMEROS RC1C-E","2010-09-01","***",1.1240271988603991,1.2048207812444864,1.0812034053441875,1.2227587568451816,1.1407292574373391]
["EMULSÕES ASF. MOD. POR POLÍMEROS RC1C-E","2010-10-01","***",1.12382505243718,1.2402748419216565,1.0629624864075402,1.227489407154192,1.1605848421899869]
["EMULSÕES ASF. MOD. POR POLÍMEROS RC1C-E","2010-11-01","***",1.127163555318405,1.2599578586370248,1.083439300496432,1.152436103324803,1.1519706552296827]
["EMULSÕES ASF. MOD. POR POLÍMEROS RC1C-E","2010-12-01","***",1.1180315056056933,1.2236586101220752,1.0749838007420212,1.0954672327393018,1.10823103888343]
["EMULSÕES ASF. MOD. POR POLÍMEROS RC1C-E","2011-01-01","***",1.1461730858179697,1.2363849138491549,1.0415796559565325,1.0716663188414266,1.0989677141413692]
["EMULSÕES ASF. MOD. POR POLÍMEROS RC1C-E","2011-02-01","***",1.1164302921771911,1.2504619394501797,1.0358900782134814,1.0289122660034395,1.0539672213759068]
["EMULSÕES ASF. MOD. POR POLÍMEROS RC1C-E","2011-03-01","***",1.1174118832480158,1.3198188749214332,1.0419353598656744,1.0679306437908918,1.0991659220299679]
["EMULSÕES ASF. MOD. POR POLÍMEROS RC1C-E","2011-04-01","***",1.0929120640569396,1.2777195395489738,1.0155519392305301,1.0312878541324213,1.0613240023224555]
["EMULSÕES ASF. MOD. POR POLÍMEROS RC1C-E","2011-05-01","***",1.1333055436153809,1.335280122793459,1.028016591150843,1.0303283854901206,1.0829396048763413]
["EMULSÕES ASF. MOD. POR POLÍMEROS RC1C-E","2011-06-01","***",1.0548344565616961,1.1947211464033625,0.97101998251654198,1.0453341463634946,1.0295728794896428]
["EMULSÕES ASF. MOD. POR POLÍMEROS RC1C-E","2011-07-01","***",1.0103309518664301,1.2503282297918179,0.97315089914352504,1.1184684719284386,1.0488825637407684]
["EMULSÕES ASF. MOD. POR POLÍMEROS RC1C-E","2011-08-01","***",1.0243519017122233,1.295179172523105,0.98326954029948133,1.1885867471062075,1.078822969841932]
["EMULSÕES ASF. MOD. POR POLÍMEROS RC1C-E","2011-09-01","***",0.99319086976320592,1.3285561246995141,1.0054746683238018,1.568061437875039,1.1857470332937741]
["EMULSÕES ASF. MOD. POR POLÍMEROS RC1C-E","2011-10-01","***",0.98000889615917497,1.128925610195777,1.0521928427561575,1.2146136738477096,1.0760154636389638]
["EMULSÕES ASF. MOD. POR POLÍMEROS RC1C-E","2011-11-01","***",0.87861219387367473,1.18702022006749,1.045232774735831,1.3764207342773651,1.1040722078712992]
["EMULSÕES ASF. MOD. POR POLÍMEROS RC1C-E","2011-12-01","***",0.94987084953146628,1.2273952102194425,1.0099211100246777,1.5096180565539343,1.1494316206746151]
["EMULSÕES ASF. MOD. POR POLÍMEROS RC1C-E","2012-01-01","***",1.0273643712861378,1.208450860576896,1.0538665073903686,1.4359563057531255,1.1360094165805719]
["EMULSÕES ASF. MOD. POR POLÍMEROS RC1C-E","2012-02-01","***",1.0265920586824346,1.191665069972357,1.056466299769069,1.1224067407600966,1.0822853202375438]
["EMULSÕES ASF. MOD. POR POLÍMEROS RC1C-E","2012-03-01","***",1.0515732614997984,1.1866229311017857,1.1014503311160788,1.125374753666059,1.10485504824346]
["EMULSÕES ASF. MOD. POR POLÍMEROS RC1C-E","2012-04-01","***",1.0463841142217984,1.2660407152557718,1.1202346548579882,1.1911450988237182,1.130536870656643]
["EMULSÕES ASF. MOD. POR POLÍMEROS RC1C-E","2012-05-01","***",1.0230424666882276,1.285265209933349,1.1185578521406547,1.1318183179718204,1.1268649057851496]
["EMULSÕES ASF. MOD. POR POLÍMEROS RC1C-E","2012-06-01","***",1.0763058022506005,1.2673700579357619,1.1315320437594911,1.1706642725381415,1.1559037488707784]
["EMULSÕES ASF. MOD. POR POLÍMEROS RC1C-E","2012-07-01","***",1.0498189945357634,1.3999638502940106,1.1109503301061849,1.2219652017431315,1.1642874285363398]
["EMULSÕES ASF. MOD. POR POLÍMEROS RC1C-E","2012-08-01",1.1550039807524057,1.0576747971137774,1.4005061760838382,1.0772248897912731,1.2146278904057515,1.1343902425561538]
["EMULSÕES ASF. MOD. POR POLÍMEROS RC1C-E","2012-09-01",1.3126953851444294,1.0783472235853095,1.3711627975047167,1.1351364751957154,1.1854630869470792,1.1691538300792861]
["EMULSÕES ASF. MOD. POR POLÍMEROS RC1C-E","2012-10-01",1.3394600000000001,1.0826936749561786,1.3748843083591722,1.1132680889930426,1.2526001632164856,1.1668020932768566]
["EMULSÕES ASF. MOD. POR POLÍMEROS RC1C-E","2012-11-01","***",1.1480441404825192,1.3833119896722983,1.1337157660561346,1.2416035854920027,1.1803426317380132]
["EMULSÕES ASF. MOD. POR POLÍMEROS RC1C-E","2012-12-01",1.40892,1.1473087920925731,1.3479291458558369,1.1168303138315863,1.388632091303946,1.1851309792736946]
["EMULSÕES ASF. MOD. POR POLÍMEROS RC1C-E","2013-01-01","***",1.1068925732799548,1.3186500000000001,1.1122713710323253,1.209105370392213,1.1383407012113103]
["EMULSÕES ASF. MOD. POR POLÍMEROS RC1C-E","2013-02-01","***",1.1273708835974863,1.4234605547187449,1.0965513124873782,1.200365957902785,1.1412895347639416]
["EMULSÕES ASF. MOD. POR POLÍMEROS RC1C-E","2013-03-01","***",1.1036774407360979,1.65,1.130694767881808,1.2804810097110606,1.1641214427427828]
["EMULSÕES ASF. MOD. POR POLÍMEROS RC1C-E","2013-04-01","***",1.1274804529855085,1.5576226186625415,1.1483371713035944,1.3054082575941424,1.1976170730110067]
["EMULSÕES ASF. MOD. POR POLÍMEROS RC1C-E","2013-05-01","***",1.157535912472444,1.5446702955223881,1.1811169914917092,1.302122823761372,1.2215407805136647]
["EMULSÕES ASF. MOD. POR POLÍMEROS RC1C-E","2013-06-01","***",1.1916057818042463,1.5037569421399704,1.1814021519920321,1.2976378910462272,1.2357224495398178]
["EMULSÕES ASF. MOD. POR POLÍMEROS RC1C-E","2013-07-01","***",1.2045938195980779,1.4270994286978738,1.2142421669115382,1.3365954579975081,1.2522782227989238]
["EMULSÕES ASF. MOD. POR POLÍMEROS RC1C-E","2013-08-01","***",1.1865055846713901,1.4340845220180809,1.2367312882182677,1.3994277430284272,1.2896922295147963]
["EMULSÕES ASF. MOD. POR POLÍMEROS RC1C-E","2013-09-01","***",1.3049627102297741,1.5172540324291843,1.2177425932695489,1.2714871894185784,1.2864671547629916]
["EMULSÕES ASF. MOD. POR POLÍMEROS RC1C-E","2013-10-01",1.184925,1.2912742226630733,1.4717286144183583,1.221021080629257,1.2904612482814586,1.2919139839934626]
["EMULSÕES ASF. MOD. POR POLÍMEROS RC1C-E","2013-11-01","***",1.3021849410156059,1.4578905522692402,1.2358621543808483,1.3045326707760916,1.2974252460222016]
["EMULSÕES ASF. MOD. POR POLÍMEROS RC1C-E","2013-12-01","***",1.3446567270177905,1.5380718752157676,1.1983555060343936,1.317872779964901,1.3127753370478132]
["EMULSÕES ASF. MOD. POR POLÍMEROS RC1C-E","2014-01-01","***",1.3135002822628952,1.5090714663191251,1.2258328950604314,1.3093216405833725,1.2985462925217168]
["EMULSÕES ASF. MOD. POR POLÍMEROS RC1C-E","2014-02-01","***",1.3581667001468865,1.510661817826972,1.2649584104491196,1.279991476173898,1.312766950678816]
["EMULSÕES ASF. MOD. POR POLÍMEROS RC1C-E","2014-03-01","***",1.3078937482545319,1.4241690309237218,1.2365484449166031,1.2641022964487394,1.2931454657264152]
["EMULSÕES ASF. MOD. POR POLÍMEROS RC1C-E","2014-04-01","***",1.3510091676975233,1.3913668313841692,1.1859426508248181,1.3038012582427436,1.3179735952924496]
["EMULSÕES ASF. MOD. POR POLÍMEROS RC1C-E","2014-05-01","***",1.3451243803002242,1.3838800388803358,1.2475926795069259,1.3925420259611025,1.3478947207454026]
["EMULSÕES ASF. MOD. POR POLÍMEROS RC1C-E","2014-06-01","***",1.4457758324498891,1.4443604348837797,1.2703546503960561,1.4261621354949163,1.3801012116708664]
["EMULSÕES ASF. MOD. POR POLÍMEROS RC1C-E","2014-07-01",1.4313181434599158,1.4092881457075548,1.4284587611149047,1.2749059378394769,1.3920441361296199,1.3631387997118012]
["EMULSÕES ASF. MOD. POR POLÍMEROS RC1C-E","2014-08-01",1.445872,1.3466524710729635,1.4195094611929826,1.2828450374476037,1.3820444534859917,1.3491650645057238]
["EMULSÕES ASF. MOD. POR POLÍMEROS RC1C-E","2014-09-01",1.4050666666666667,1.430957484727807,1.5297012623350417,1.3451900484440831,1.4085876395858052,1.4251755133913036]
["EMULSÕES ASF. MOD. POR POLÍMEROS RC1C-E","2014-10-01",1.437271763527054,1.3694041206410177,1.4275563526662334,1.2339295195910751,1.3544867281666095,1.3428969686808248]
["EMULSÕES ASF. MOD. POR POLÍMEROS RC1C-E","2014-11-01",1.4248429381846635,1.4517914383766044,1.493591009094412,1.2407457438936986,1.4153330790594985,1.4148786906213311]
["EMULSÕES ASF. MOD. POR POLÍMEROS RC1C-E","2014-12-01",1.541411574734209,1.4352496887092756,1.5240712998345916,1.374881434997546,1.4681536818443339,1.4513922105424466]
["EMULSÕES ASF. MOD. POR POLÍMEROS RC1C-E","2015-01-01",1.6640699999999999,1.7476690080201649,1.9534644600607503,1.6947961578098716,1.7240500473481319,1.7601758112705266]
["EMULSÕES ASF. MOD. POR POLÍMEROS RC1C-E","2015-02-01",2.61246,1.552593523771346,1.9965035807379174,1.4764141552968577,1.739549304921066,1.7058344687225115]
["EMULSÕES ASF. MOD. POR POLÍMEROS RC1C-E","2015-03-01",2.3652500958525344,1.5210053128671708,1.9856847429182178,1.3858565932493743,1.6223108422814108,1.7150667962789021]
["EMULSÕES ASF. MOD. POR POLÍMEROS RC1C-E","2015-04-01",2.0753699999999999,1.3688307012218548,1.8940614236317777,1.3659499220272902,1.5998860078272417,1.5857109353362775]
["EMULSÕES ASF. MOD. POR POLÍMEROS RC1C-E","2015-05-01","***",1.4357438943754417,1.6709046347807046,1.3493991490118491,1.6362412373444506,1.4827988745645075]
["EMULSÕES ASF. MOD. POR POLÍMEROS RC1C-E","2015-06-01","***",1.3657807210532549,1.698183406320477,1.398928853730697,1.6059590519288345,1.503811004116931]
["EMULSÕES ASF. MOD. POR POLÍMEROS RC1C-E","2015-07-01",1.49769,1.3929732295237625,1.6790018607561334,1.3418424681814372,1.5587985777097393,1.4511562252105705]
["EMULSÕES ASF. MOD. POR POLÍMEROS RC1C-E","2015-08-01",1.5204274482518698,1.488965664376158,1.6824712031467968,1.3287649930294669,1.616372105364082,1.5208139012308572]
["EMULSÕES ASF. MOD. POR POLÍMEROS RC1C-E","2015-09-01",1.6019000000000001,1.6341163754420058,1.716661764358431,1.4419594224894345,1.3044542894025031,1.4392199992169461]
["EMULSÕES ASF. MOD. POR POLÍMEROS RC1C-E","2015-10-01","***",1.7773064574533985,2.1424040001345941,1.429540958540181,1.4017076534638198,1.4868951153000773]
["EMULSÕES ASF. MOD. POR POLÍMEROS RC1C-E","2015-11-01",1.7647000000000004,1.7929059115805945,2.2065135785117258,1.5609665980017349,1.6712810007864991,1.7161023512156017]
["EMULSÕES ASF. MOD. POR POLÍMEROS RC1C-E","2015-12-01",1.7646999999999997,1.6546615113072256,2.1055908130269287,1.5422357216344185,1.6166820437795304,1.6971454661426497]
["EMULSÕES ASF. MOD. POR POLÍMEROS RC1C-E","2016-01-01",2.9923663015251818,1.780883063810182,1.8597592382495951,1.5274389908398125,1.8146120882495556,1.8182656552440575]
["EMULSÕES ASF. MOD. POR POLÍMEROS RC1C-E","2016-02-01",3.1519942195299793,1.8072458197577275,1.858577107263055,1.5683904112317846,1.8562801449347619,1.850122981146253]
["EMULSÕES ASF. MOD. POR POLÍMEROS RC1C-E","2016-03-01",3.2870607280070923,1.6666447281620507,1.84508216504303,1.5569201404189956,1.7938798665024549,1.7873915117423176]
["EMULSÕES ASF. MOD. POR POLÍMEROS RC1C-E","2016-04-01",3.4336199999999999,1.8097797060439038,1.8886648536344284,1.6650924868449448,1.9426649934017397,1.8690073561913223]
["EMULSÕES ASF. MOD. POR POLÍMEROS RC1C-E","2016-05-01",2.6172200000000001,1.8095122972680924,1.795742453679702,1.6998189818034655,1.9744048583169493,1.818226332350787]
["EMULSÕES ASF. MOD. POR POLÍMEROS RC1C-E","2016-06-01",2.7742499999999994,1.5931027647005558,1.8162392698751912,1.6574796173095472,1.9764401579246744,1.7634669650030232]
["EMULSÕES ASF. MOD. POR POLÍMEROS RC1C-E","2016-07-01",2.7742499999999999,1.6603816690096271,1.8979902538785778,1.7104181674960321,1.9516712463267007,1.7943855871012859]
["EMULSÕES ASF. MOD. POR POLÍMEROS RC1C-E","2016-08-01",2.7742499999999999,1.6301098056809804,1.8540468573555753,1.7657811034615882,2.006478871311248,1.8517957095244217]
["EMULSÕES ASF. MOD. POR POLÍMEROS RC1C-E","2016-09-01",2.9049700000000001,1.701501045592112,1.8390729971195077,1.5794951089273137,1.7359205677285414,1.7244356751366379]
["EMULSÕES ASF. MOD. POR POLÍMEROS RC1C-E","2016-10-01",2.9049700000000005,1.7438641944241409,1.8475148134032793,1.6467597117611241,1.7650163752659638,1.7890765785745739]
["EMULSÕES ASF. MOD. POR POLÍMEROS RC1C-E","2016-11-01",2.6777598692754983,1.6858481303812025,1.8454490332873779,1.579165275534816,1.7697974971269006,1.7313882535270677]
["EMULSÕES ASF. MOD. POR POLÍMEROS RC1C-E","2016-12-01",2.1479395296994106,1.6225943815807062,1.8404246841685956,1.4753300640788967,1.7272505855575355,1.6482371352014966]
["EMULSÕES ASF. MOD. POR POLÍMEROS RC1C-E","2017-01-01",2.4670971346394328,1.68588278275001,1.7441683791310805,1.4762617329110042,1.7514871180648504,1.6587530917299795]
["EMULSÕES ASF. MOD. POR POLÍMEROS RC1C-E","2017-02-01",2.4565132422802849,1.6303720396820311,1.7786030910475303,1.4450694083010769,1.7260976333620488,1.6120705559220971]
["EMULSÕES ASF. MOD. POR POLÍMEROS RC1C-E","2017-03-01",2.6826647224859737,1.5725711890982315,1.7609781511268714,1.4681683132228573,1.7369340377331943,1.6324636190123645]
["EMULSÕES ASF. MOD. POR POLÍMEROS RC1C-E","2017-04-01",2.4716615019157087,1.5284401311336464,1.8316258591291412,1.4793744315252568,1.7949692891099356,1.6531394771751273]
["EMULSÕES ASF. MOD. POR POLÍMEROS RC1C-E","2017-05-01",2.0095589148214641,1.4773517563974417,1.8267142130468548,1.4685361477529115,1.7769695352528057,1.6135704045936921]
["EMULSÕES ASF. MOD. POR POLÍMEROS RC1C-E","2017-06-01",1.8188328010606649,1.4654575838858894,1.6728675648196556,1.4589521963407417,1.7685894079075979,1.5926867145766093]
["EMULSÕES ASF. MOD. POR POLÍMEROS RC1C-E","2017-07-01",1.926787017014489,1.4889938826790259,1.6800667987378626,1.4624371057128056,1.7146979597942851,1.616829298657795]
["EMULSÕES ASF. MOD. POR POLÍMEROS RC1C-E","2017-08-01",1.8100617722749186,1.4718851832829691,1.7042857808862766,1.4468612990407095,1.7404270052245872,1.6031879946633518]
["EMULSÕES ASF. MOD. POR POLÍMEROS RC1C-E","2017-09-01",2.3925010677624363,1.6634573937735406,1.7004059180767059,1.4469082192732685,1.7035616706648637,1.6321422043773441]
["EMULSÕES ASF. MOD. POR POLÍMEROS RC1C-E","2017-10-01",2.3850507335104165,1.7102944995837195,1.6327767700168934,1.4334509892772245,1.7517174269483751,1.664454933946893]
["EMULSÕES ASF. MOD. POR POLÍMEROS RC1C-E","2017-11-01",2.40272,1.822556394527717,1.7343741635514309,1.5189248656933454,1.7467060351380126,1.6812596393627313]
["EMULSÕES ASF. MOD. POR POLÍMEROS RC1C-E","2017-12-01","***",1.7769609539473681,1.8191803343786299,1.5928358745694724,1.7650567202624095,1.7102603031822092]
["EMULSÕES ASF. MOD. POR POLÍMEROS RC1C-E","2018-01-01","***",1.826572427618947,1.8568667883804786,1.593350424095558,1.8689203762675779,1.7202658468950269]
["EMULSÕES ASF. MOD. POR POLÍMEROS RC1C-E","2018-02-01","***",1.7613824564504406,1.7030894245718156,1.607019177253163,1.8369099304673817,1.6962298570587953]
["EMULSÕES ASF. MOD. POR POLÍMEROS RC1C-E","2018-03-01","***",1.6542475779447194,1.8190898887026481,1.6130793310558889,1.818194921830298,1.6950212759079917]
["EMULSÕES ASF. MOD. POR POLÍMEROS RC1C-E","2018-04-01","***",1.6775427874592288,1.8668107783018868,1.6367775418189598,1.8525373552009463,1.726796614448133]
["EMULSÕES ASF. MOD. POR POLÍMEROS RC1C-E","2018-05-01",2.2947600000000001,1.7477595576591476,1.9497870117442708,1.6731898783774046,1.9803067712531108,1.7862687932961188]
["EMULSÕES ASF. MOD. POR POLÍMEROS RC1C-E","2018-06-01","***",1.7933672410966524,2.0408467630828362,1.706340166407122,1.9821130546733079,1.8625042210881302]
["EMULSÕES ASF. MOD. POR POLÍMEROS RC1C-E","2018-07-01",2.0163000000000002,1.8826945075978461,2.1324877064786047,1.8943761836636626,2.0641378309065859,2.0139423338950557]
["EMULSÕES ASF. MOD. POR POLÍMEROS RC1C-E","2018-08-01",2.1330150582177083,1.986627880880268,2.2509212878245761,2.0822481923243572,2.1488582948203083,2.144503560435151]
["EMULSÕES ASF. MOD. POR POLÍMEROS RC1C-E","2018-09-01",2.1388516765423491,2.0753034745184036,2.2186059082430556,2.196225493017872,2.174229223194724,2.1740641014363464]
["EMULSÕES ASF. MOD. POR POLÍMEROS RC1C-E","2018-10-01",2.4091915792519716,2.1057688388845186,1.9753217567837802,2.1832813186944717,2.148440920647912,2.0964909042871063]
["EMULSÕES ASF. MOD. POR POLÍMEROS RC1C-E","2018-11-01",2.565282061128527,2.3693550165754287,2.590575354623295,2.2962242472566707,2.3140427472906553,2.4029002206536862]
["EMULSÕES ASF. MOD. POR POLÍMEROS RC1C-E","2018-12-01",2.3493400000000002,2.3018660590798627,2.3176081549820493,2.3307820501027767,2.3912758532667771,2.3343796861813906]
["EMULSÕES ASF. MOD. POR POLÍMEROS RC1C-E","2019-01-01",2.3312499999999998,2.4228769078777095,2.6617262910494608,2.2698375513055948,2.3569698319080978,2.4454807661374751]
["EMULSÕES ASF. MOD. POR POLÍMEROS RC1C-E","2019-02-01","***",2.455265132242642,2.64863370567618,2.6521840175567637,2.3681202229193348,2.5282471593017495]
["EMULSÕES ASF. MOD. POR POLÍMEROS RC1C-E","2019-03-01","***",2.4194593902545907,2.8288140164284337,2.5014575822334577,2.3943784461345414,2.5406140760548759]
["EMULSÕES ASF. MOD. POR POLÍMEROS RC1C-E","2019-04-01","***",2.4452311385273671,2.8108165135230996,2.4641380597655007,2.4976747433675612,2.5797790317898701]
["EMULSÕES ASF. MOD. POR POLÍMEROS RC1C-E","2019-05-01","***",2.4267955912536983,2.6468966466671442,2.5045540312717911,2.478085034287199,2.5380524707969214]
["EMULSÕES ASF. MOD. POR POLÍMEROS RC1C-E","2019-06-01",2.9501257583019513,2.4976600804694051,2.5252649626875994,2.5174090670887121,2.5332289166706734,2.5270382433855989]
["EMULSÕES ASF. MOD. POR POLÍMEROS RC1C-E","2019-07-01",2.3374567310606058,2.4251416301237048,2.6035848829442276,2.3528772675337564,2.5200139926034004,2.4757854537527861]
["EMULSÕES ASF. MOD. POR POLÍMEROS RC1C-E","2019-08-01",2.099420787172865,2.352140983042458,2.5834152101813568,2.2668267100027442,2.4340697918651961,2.3515662868625369]
["EMULSÕES ASF. MOD. POR POLÍMEROS RC1C-E","2019-09-01",2.1048897174111945,2.2944493887643183,2.6670596471640229,2.2493492302794476,2.3989068217023366,2.3559136758416233]
["EMULSÕES ASF. MOD. POR POLÍMEROS RC1C-E","2019-10-01",2.3879482424989718,2.2691392158049455,2.6843578510841173,2.3123320437277353,2.4141647663965489,2.4021783256685469]
["EMULSÕES ASF. MOD. POR POLÍMEROS RC1C-E","2019-11-01",3.2943041667770863,2.3900935937791545,2.5786385817591495,2.2923713239680676,2.4344270528950966,2.4130837746663358]
["EMULSÕES ASF. MOD. POR POLÍMEROS RC1C-E","2019-12-01",2.2023600000000001,2.3345212840272893,2.6329710191317148,2.3493017735483726,2.4640666536509976,2.413901803527267]
["EMULSÕES ASF. MOD. POR POLÍMEROS RC1C-E","2020-01-01",3.6739999999999999,2.2181605096106107,2.6017392832108346,2.2589791286468159,2.4677743473543261,2.3464003222552838]
["EMULSÕES ASF. MOD. POR POLÍMEROS RC1C-E","2020-02-01","***",2.2861759617636817,2.5420464468695738,2.1435248713043,2.3972244000410816,2.2802186122856938]
["EMULSÕES ASF. MOD. POR POLÍMEROS RC1C-E","2020-03-01","***",2.4240241953311101,2.4255268840103001,2.1633013803706791,2.303430220479938,2.2867149240879048]
["EMULSÕES ASF. MOD. POR POLÍMEROS RC1C-E","2020-04-01","***",2.1124749599713883,2.3608361241894817,2.2124679166864007,2.3288215678100088,2.2687727190140001]
["EMULSÕES ASF. MOD. POR POLÍMEROS RC1C-E","2020-05-01","***",2.2371542287733246,2.0240588391351779,2.2246649009664861,2.3469379115161142,2.2307520057985455]
["EMULSÕES ASF. MOD. POR POLÍMEROS RC1C-E","2020-06-01",2.19842,2.1233119685873745,2.2859282512739876,2.2385165303997869,2.1942374247470959,2.2178467082075142]
["EMULSÕES ASF. MOD. POR POLÍMEROS RC1C-E","2020-07-01",2.1141302870019829,2.1696106349994886,2.3415892762084694,2.2059854781764208,2.3231823849348356,2.2482138291115383]
["EMULSÕES ASF. MOD. POR POLÍMEROS RC1C-E","2020-08-01",2.0930528456981743,2.3137248446338807,2.5084267684367902,2.2870791010583598,2.4287316484283261,2.3556193877773932]
["EMULSÕES ASF. MOD. POR POLÍMEROS RC1C-E","2020-09-01",2.1536471547629255,2.2967606126791336,2.5213940688687249,2.2744366592762626,2.4182144555035299,2.3526803725743539]
["EMULSÕES ASF. MOD. POR POLÍMEROS RC1C-E","2020-10-01",2.3380701104186095,2.2812309624374176,2.6107033606454957,2.302406326964233,2.4427651243723858,2.4126324285932976]
["EMULSÕES ASF. MOD. POR POLÍMEROS RC1C-E","2020-11-01",2.4722627299416855,2.4773590457414127,2.7745613479626305,2.4002878892406847,2.5289077492448828,2.5054277244287477]
["EMULSÕES ASF. MOD. POR POLÍMEROS RC1C-E","2020-12-01",2.4139746136819893,2.4581990113082268,2.6860123733952057,2.3985008330583608,2.6064185918295459,2.5227810713094008]
["EMULSÕES ASF. MOD. POR POLÍMEROS RC1C-E","2021-01-01",2.3511752584035728,2.4541477941273504,2.8905167226183006,2.4674805651992378,2.5991788384998253,2.5405241640864111]
["EMULSÕES ASF. MOD. POR POLÍMEROS RC1C-E","2021-02-01",2.5284502380023413,2.5597974788736275,2.8684150537033992,2.6152167382470668,2.705607835038609,2.6622912296213839]
["EMULSÕES ASF. MOD. POR POLÍMEROS RC1C-E","2021-03-01",2.5213200000000002,2.5618016569365971,2.9692093517890772,2.6054078507218614,2.6852775259111756,2.6543962049536503]
["EMULSÕES ASF. MOD. POR POLÍMEROS RC1C-E","2021-04-01","***",2.640218994039115,2.7641888526996508,2.5655878695898426,2.7505524324511366,2.6738766405884968]
["EMULSÕES ASF. MOD. POR POLÍMEROS RC1C-E","2021-05-01",4.0621999999999989,3.0281294577935856,3.0619746122916238,3.0760313350627717,3.2403922046583351,3.1275986787558852]
["EMULSÕES ASF. MOD. POR POLÍMEROS RC1C-E","2021-06-01",3.201877497749495,3.2717418672727274,3.0668103470023986,3.054237506764697,3.1087813621984792,3.0851901192079123]
["EMULSÕES ASF. MOD. POR POLÍMEROS RC1C-E","2021-07-01",3.0459508317206114,3.1194337327667614,3.2114184362195801,3.1001280697975147,3.0640252643117303,3.1299747315723927]
["EMULSÕES ASF. MOD. POR POLÍMEROS RC1C-E","2021-08-01",3.2173289123288122,3.1087859834243652,3.4971362663953642,3.3262876450552725,3.1378006720864193,3.3201799757849444]
["EMULSÕES ASF. MOD. POR POLÍMEROS RC1C-E","2021-09-01",3.0314576817948384,3.2060753232180637,3.5059866013403802,3.3969443737033926,3.215302462936342,3.3231791685490299]
["EMULSÕES ASF. MOD. POR POLÍMEROS RC1C-E","2021-10-01",3.0856650238163357,3.2189818822489085,3.4591703630263582,3.2942783257452293,3.3339949792630006,3.2974085465009266]
["EMULSÕES ASF. MOD. POR POLÍMEROS RC1C-E","2021-11-01",3.0288667580044417,3.3941555840590643,3.692904938616929,3.5949088480460705,3.5570574144351181,3.5053760829981742]
["EMULSÕES ASF. MOD. POR POLÍMEROS RC1C-E","2021-12-01",3.3622228515836401,3.3961872489661213,3.773099472304557,3.6122170958686199,3.8132931500728628,3.5482797661789265]
["EMULSÕES ASF. MOD. POR POLÍMEROS RC1C-E","2022-01-01",3.4506690059356453,3.47022436850781,3.8188361118938983,3.5682181686834604,3.7456307754627631,3.5970630315271688]
["EMULSÕES ASF. MOD. POR POLÍMEROS RC1C-E","2022-02-01",3.4303199999999996,3.6864139104211895,4.0832628424318882,3.883412320854192,3.7991991185342764,3.811302851468541]
["EMULSÕES ASF. MOD. POR POLÍMEROS RC1C-E","2022-03-01",3.9576372576339374,3.6759478078203762,4.0053914266391262,3.8356568091855801,3.9054963598235761,3.8393060175902587]
["EMULSÕES ASF. MOD. POR POLÍMEROS RC1C-E","2022-04-01",3.6481522042073689,3.8196209164206536,4.2570337679286308,4.0358776958832987,4.1842258413041886,4.0335401468979333]
["EMULSÕES ASF. MOD. POR POLÍMEROS RC1C-E","2022-05-01",3.7789313609526012,4.0566069275485175,4.1492163053848783,3.8317878917391073,3.907701949289812,3.9754420829225983]
["EMULSÕES ASF. MOD. POR POLÍMEROS RC1C-E","2022-06-01",3.7420897076866066,3.8482784087594362,4.0891728366553366,3.8118770449815478,4.0654621599264225,3.9537725073391581]
["EMULSÕES ASF. MOD. POR POLÍMEROS RC1C-E","2022-07-01",3.7913976382555754,3.9642035546660788,4.166960783050234,3.8591406734033082,3.9695978036039974,4.0002217812824012]
["EMULSÕES ASF. MOD. POR POLÍMEROS RC1C-E","2022-08-01",3.6861991186155993,4.1020259852744703,4.1155652760214254,3.7726728099149756,3.9237924368312664,3.9814816952537142]
["EMULSÕES ASF. MOD. POR POLÍMEROS RC1C-E","2022-09-01",3.5584268974466426,4.2260592333128493,3.956711624616863,3.6806676878522562,3.8551209785988099,3.8837379896513964]
["EMULSÕES ASF. MOD. POR POLÍMEROS RC1C-E","2022-10-01",3.5622462957237748,3.8060540368300764,3.6090661323010478,3.4834645992112994,3.7759549613404495,3.6087696978759141]
["EMULSÕES ASF. MOD. POR POLÍMEROS RC1C-E","2022-11-01",3.6595493871934313,4.0486058436244479,3.9160063511769629,3.5016385492511795,3.6481102649496031,3.7892140747457219]
["EMULSÕES ASF. MOD. POR POLÍMEROS RC1C-E","2022-12-01",3.5069335796353633,4.0045537702534268,3.8505299276999279,3.4750259796404115,3.6180403202415756,3.7605520042353748]
["EMULSÕES ASF. MOD. POR POLÍMEROS RC1C-E","2023-01-01",3.4736174796900388,3.4998188085610114,3.5830110296085875,3.3157932760782001,3.5328230115160362,3.4501689238461171]
["EMULSÕES ASF. MOD. POR POLÍMEROS RC1C-E","2023-02-01",3.4813048283791845,3.4357982593994465,3.7779110493421189,3.2578336326077317,3.324035123940948,3.4728869589765816]
["EMULSÕES ASF. MOD. POR POLÍMEROS RC1C-E","2023-03-01",4.2333559605323021,3.3612850345705092,3.6757527403977455,3.2408996877544061,3.0781773132523349,3.3687089268388819]
["EMULSÕES ASF. MOD. POR POLÍMEROS RC1C-E","2023-04-01",3.1256858314196299,3.2173679081671058,3.5564243264137545,3.2739829701817551,3.2133709613797889,3.3334662549669081]
["EMULSÕES ASF. MOD. POR POLÍMEROS RC1C-E","2023-05-01",2.9558989993592077,3.2987128104021712,3.4851641439389294,3.2753717877907436,3.1359499359473948,3.3162709069279792]
["EMULSÕES ASF. MOD. POR POLÍMEROS RC1C-E","2023-06-01",2.9036140918970701,3.2454031131672094,3.3302020689090797,3.1118054574850165,3.073140198137343,3.2039913910368742]
["EMULSÕES ASF. MOD. POR POLÍMEROS RC1C-E","2023-07-01",3.0961028846595369,3.4058632927015267,3.4294210208271876,3.0143352534069776,3.1028822952297426,3.2933831547783776]
["EMULSÕES ASF. MOD. POR POLÍMEROS RC1C-E","2023-08-01",2.9920521495576438,3.3165703171359819,3.4754428670194994,3.0664980455249853,3.0937270668137078,3.2870146874294965]
["EMULSÕES ASF. MOD. POR POLÍMEROS RC1C-E","2023-09-01",3.4922599795810259,3.5027549681021193,3.6023484454768684,3.2048241336599066,3.2642715574999839,3.4477896436705815]
["EMULSÕES ASF. MOD. POR POLÍMEROS RC1C-E","2023-10-01",3.4918251026370069,3.4758875818411927,3.5094414870526625,3.1777668949828075,3.181188871569034,3.3903638407088885]
["EMULSÕES ASF. MOD. POR POLÍMEROS RC1C-E","2023-11-01",3.6378074306816592,3.5340946630189509,3.7065224135686843,3.2958961589586409,3.2236986264887095,3.5017359100454528]
["EMULSÕES ASF. MOD. POR POLÍMEROS RC1C-E","2023-12-01",3.3841284662089457,3.4136589429802586,3.6226180146557589,3.2251409299024743,3.2459044920562983,3.3952809958856891]
["EMULSÕES ASF. MOD. POR POLÍMEROS RC1C-E","2024-01-01",3.2954800020648363,3.3442107807941066,3.6079101573097159,3.0738161367120767,3.2290896707088104,3.3024097721637546]
["EMULSÕES ASF. MOD. POR POLÍMEROS RC1C-E","2024-02-01",3.1301100000000002,3.2996251027768833,3.4071522196770334,2.9759034287847284,3.2488810589423793,3.232736530933134]
["EMULSÕES ASF. MOD. POR POLÍMEROS RC1C-E","2024-03-01",2.9363460756529562,3.201733656705644,3.4212294537372445,3.0501459278824528,3.2737435195350448,3.2355827224480787]
["EMULSÕES ASF. MOD. POR POLÍMEROS RC1C-E","2024-04-01",2.9489193700804712,3.2997466249588121,3.4798907796477532,3.0454251975516207,3.2925890868577294,3.3043486919272285]
["EMULSÕES ASF. MOD. POR POLÍMEROS RC1C-E","2024-05-01",3.134715944543419,3.2396704099523097,3.5493213801704155,3.199128650675557,3.3268555246004072,3.3350013217934102]
["EMULSÕES ASF. MOD. POR POLÍMEROS RC1C-E","2024-06-01",3.2058456844788261,3.1960158101525735,3.4857720935587486,3.0586563904273762,3.3163928964019793,3.2734477866974547]
["EMULSÕES ASF. MOD. POR POLÍMEROS RC1C-E","2024-07-01",3.4146056923555643,3.4977969409362029,3.7226251474589596,3.152690313365587,3.4113421367872445,3.4697480201061501]
["EMULSÕES ASF. MOD. POR POLÍMEROS RC1C-E","2024-08-01",3.5612653175198989,3.6985304616164179,3.7677087691451798,3.3904894842290907,3.6480381907482275,3.6416563266984778]
["EMULSÕES ASF. MOD. POR POLÍMEROS RC1C-E","2024-09-01",3.758847211107307,3.6713717478773642,3.7349595357795518,3.4577978636613218,3.5436022813324066,3.6357614474235982]
["EMULSÕES ASF. MOD. POR POLÍMEROS RC1C-E","2024-10-01",4.0065540653913629,3.7173514974474151,3.816971883249221,3.4517481208322054,3.5570209214529616,3.6814131700321266]
["EMULSÕES ASF. MOD. POR POLÍMEROS RC1C-E","2024-11-01",3.4253753503936117,3.818204888795584,3.8874614349774768,3.4938091727592244,3.5812024103883502,3.6949955665703476]
["EMULSÕES ASF. MOD. POR POLÍMEROS RC1C-E","2024-12-01",3.4749699999999994,3.7888706590131753,3.8924231437997703,3.5525552136232488,3.5970769540963525,3.7204763817108901]
["EMULSÕES ASF. MOD. POR POLÍMEROS RC1C-E","2025-01-01","***",3.8233046083718225,3.91762107046398,3.5019876729535291,3.7817626721774489,3.7827199603495854]
["EMULSÕES ASF. MOD. POR POLÍMEROS RC1C-E","2025-02-01",3.3800998034934495,3.7452121965510901,4.0443112912613151,3.5446541755564169,3.802234105120871,3.7612952625765583]
["EMULSÕES ASF. MOD. POR POLÍMEROS RC1C-E","2025-03-01",3.1910374962852899,3.5654706141460966,4.076504928928574,3.6228328180285336,3.6963257190369441,3.7299276764205045]
["EMULSÕES ASF. MOD. POR POLÍMEROS RC1C-E","2025-04-01",3.431347045861298,3.6575942364825447,3.6332277151046308,3.8028349253828773,3.7009601066979112,3.6821263965647493]
["EMULSÕES ASF. MOD. POR POLÍMEROS RC1C-E","2025-05-01",3.4565708458783155,3.721375351769538,3.6893960327149173,3.8373924129445971,3.6484177743220823,3.6999951783590022]
["EMULSÕES ASF. MOD. POR POLÍMEROS RC1C-E","2025-06-01",3.4128438780018127,3.333453722016702,3.4691666042928091,3.7767501469520912,3.5967685920838206,3.5551073292754833]
["EMULSÕES ASF. MOD. POR POLÍMEROS RC1C-E","2025-07-01",3.9652727468802755,3.2974585403749908,3.5769558206896299,3.6751850382709925,3.597193977148772,3.6141439307988499]
["EMULSÕES ASF. MOD. POR POLÍMEROS RL1C-E","2009-12-01","***",1.02372,1.5320287970068789,1.0725852722820761,1.187344129333729,1.1884002443380917]
["EMULSÕES ASF. MOD. POR POLÍMEROS RL1C-E","2010-01-01","***",1.0585643380698453,1.4833595426561124,1.1766507736060741,1.2098515572105475,1.1402030226886712]
["EMULSÕES ASF. MOD. POR POLÍMEROS RL1C-E","2010-02-01","***",1.0601111550764128,1.4253430398132538,1.2112000000000001,1.2087874705973458,1.1747844091925919]
["EMULSÕES ASF. MOD. POR POLÍMEROS RL1C-E","2010-03-01","***",1.0742376646810117,1.369580650704548,"***",1.178857941959724,1.1462039723039044]
["EMULSÕES ASF. MOD. POR POLÍMEROS RL1C-E","2010-04-01","***",1.0317613108166319,1.2738615472013368,"***",1.1991873693581938,1.1410236341851516]
["EMULSÕES ASF. MOD. POR POLÍMEROS RL1C-E","2010-05-01","***",1.0249304455124306,1.3160093515283844,"***",1.2081029245773924,1.1657579415860035]
["EMULSÕES ASF. MOD. POR POLÍMEROS RL1C-E","2010-06-01","***",1.0631043347298788,1.267840358310641,0.85331938903295179,1.1815474195224567,1.1692650934837752]
["EMULSÕES ASF. MOD. POR POLÍMEROS RL1C-E","2010-07-01","***",1.0301412453751355,1.3396218082417681,0.88133898263798938,1.134833093419761,1.08753193041937]
["EMULSÕES ASF. MOD. POR POLÍMEROS RL1C-E","2010-08-01","***",1.0008433118581237,1.2532388558469763,0.89367908611778146,1.1360307643913454,1.1020851863058065]
["EMULSÕES ASF. MOD. POR POLÍMEROS RL1C-E","2010-09-01","***",1.0244811004545684,1.2191567172093194,0.91600206581139887,1.1532813396888184,1.0868293583499022]
["EMULSÕES ASF. MOD. POR POLÍMEROS RL1C-E","2010-10-01","***",0.99910381474841381,1.2534287378104148,0.91820793844492454,1.1373939289982589,1.101576179193519]
["EMULSÕES ASF. MOD. POR POLÍMEROS RL1C-E","2010-11-01","***",0.99885257357077839,1.3123021757622777,0.94102762594718703,1.0996379941987831,1.0879306559197102]
["EMULSÕES ASF. MOD. POR POLÍMEROS RL1C-E","2010-12-01","***",1.0231396751339781,1.3005202263019309,0.91044259282444528,1.1276897560843315,1.1198107633790571]
["EMULSÕES ASF. MOD. POR POLÍMEROS RL1C-E","2011-01-01","***",1.06846,1.2599507571964956,0.91578308182784263,1.0876344415450512,1.0829109222756121]
["EMULSÕES ASF. MOD. POR POLÍMEROS RL1C-E","2011-02-01","***",1.0468388359030838,1.2789125545171338,1.1173999999999997,1.0867935045916439,1.1015004639467552]
["EMULSÕES ASF. MOD. POR POLÍMEROS RL1C-E","2011-03-01","***",1.0460136032535676,1.1934748785554492,0.99345000000000006,1.0815850919791705,1.077874575085066]
["EMULSÕES ASF. MOD. POR POLÍMEROS RL1C-E","2011-04-01","***",0.9518899999999999,1.165071585025653,0.89339999999999997,1.0602631704160368,1.0759705966281441]
["EMULSÕES ASF. MOD. POR POLÍMEROS RL1C-E","2011-05-01","***",1.02355,1.1660563513269526,1.0631000000000002,1.090333660922634,1.1091373603811479]
["EMULSÕES ASF. MOD. POR POLÍMEROS RL1C-E","2011-06-01","***",1.0037728923296763,1.1394255684609416,1.0609999999999999,1.099344439740173,1.0879929138861064]
["EMULSÕES ASF. MOD. POR POLÍMEROS RL1C-E","2011-07-01","***",0.98571022166029176,1.0900742239880805,1.0712591127453888,1.1018255326189701,1.0590463789261351]
["EMULSÕES ASF. MOD. POR POLÍMEROS RL1C-E","2011-08-01","***",0.94731756454426563,1.174690253990792,0.98680393507410025,1.0721306054655046,1.0598281922072097]
["EMULSÕES ASF. MOD. POR POLÍMEROS RL1C-E","2011-09-01","***","***",1.1194394729818491,1.0455405689277901,1.1081643448058913,1.1082915971565543]
["EMULSÕES ASF. MOD. POR POLÍMEROS RL1C-E","2011-10-01","***",0.91261416114011584,1.0869431589356349,0.87043494070053773,1.1025805803126125,1.0690616748404302]
["EMULSÕES ASF. MOD. POR POLÍMEROS RL1C-E","2011-11-01","***",0.96307110328638501,1.0956991098062394,0.8273809322811525,1.1349048287893357,1.0883204926517283]
["EMULSÕES ASF. MOD. POR POLÍMEROS RL1C-E","2011-12-01","***",0.87379249716958363,1.0967003135388196,1.0433358486325652,1.158861778498629,1.1092314194655912]
["EMULSÕES ASF. MOD. POR POLÍMEROS RL1C-E","2012-01-01","***","***",1.0877738410227904,1.0461883959044367,1.0858484249456217,1.0762743391086409]
["EMULSÕES ASF. MOD. POR POLÍMEROS RL1C-E","2012-02-01","***","***",1.1836433061778682,"***",1.0709065334889958,1.083644712154336]
["EMULSÕES ASF. MOD. POR POLÍMEROS RL1C-E","2012-03-01","***","***",1.0842880403015542,"***",1.105981412704738,1.0986970413177148]
["EMULSÕES ASF. MOD. POR POLÍMEROS RL1C-E","2012-04-01","***","***",1.1095409232381721,"***",1.1891202597675232,1.1323532602873121]
["EMULSÕES ASF. MOD. POR POLÍMEROS RL1C-E","2012-05-01","***",0.94464999999999999,1.098513907686389,1.0165,1.1673181224093279,1.1063662681290163]
["EMULSÕES ASF. MOD. POR POLÍMEROS RL1C-E","2012-06-01","***",0.96163194501718219,1.1610579314645768,1.0449486045869025,1.1351775865842619,1.1495860253378962]
["EMULSÕES ASF. MOD. POR POLÍMEROS RL1C-E","2012-07-01","***",0.95782,1.2018663172065194,1.0507806641053787,1.0943033887453975,1.1774784353543699]
["EMULSÕES ASF. MOD. POR POLÍMEROS RL1C-E","2012-08-01","***","***",1.2327306087544967,0.99990000000000001,1.1369150781755943,1.2108398663146747]
["EMULSÕES ASF. MOD. POR POLÍMEROS RL1C-E","2012-09-01","***",1.06264,1.2421090150664893,1.0613484135009565,1.1371857642901173,1.2218442919202008]
["EMULSÕES ASF. MOD. POR POLÍMEROS RL1C-E","2012-10-01","***",1.06264,1.2356809522188203,1.0208371123311901,1.1467394287142831,1.1851869467247611]
["EMULSÕES ASF. MOD. POR POLÍMEROS RL1C-E","2012-11-01","***","***",1.2516165178492298,1.0393833142939939,1.1776342498799506,1.155732675678238]
["EMULSÕES ASF. MOD. POR POLÍMEROS RL1C-E","2012-12-01","***","***",1.2608066500512507,0.92764503297442813,1.1125656335508975,1.0706652442940119]
["EMULSÕES ASF. MOD. POR POLÍMEROS RL1C-E","2013-01-01","***",0.91137000000000001,1.1786000000000001,0.99686000000000008,1.1580527418864714,1.0904460955752215]
["EMULSÕES ASF. MOD. POR POLÍMEROS RL1C-E","2013-02-01","***","***",1.0815161331528427,1.1008590455105083,1.1231977079540956,1.1050251623562644]
["EMULSÕES ASF. MOD. POR POLÍMEROS RL1C-E","2013-03-01","***",0.91446000000000005,1.0062090809806499,1.0868489631319864,1.1539998541265486,1.066144355525696]
["EMULSÕES ASF. MOD. POR POLÍMEROS RL1C-E","2013-04-01","***",0.9144620040691761,1.1475921826931998,1.0640057283729862,1.2329232492304405,1.1237308309114933]
["EMULSÕES ASF. MOD. POR POLÍMEROS RL1C-E","2013-05-01","***",1.0515300000000001,1.1847372746365925,1.0685726644298847,1.3428819771132736,1.1470955183867828]
["EMULSÕES ASF. MOD. POR POLÍMEROS RL1C-E","2013-06-01","***","***",1.184515753005412,1.1283487636985021,1.2949231038786482,1.1656755304300337]
["EMULSÕES ASF. MOD. POR POLÍMEROS RL1C-E","2013-07-01","***",0.996,1.1975379437520375,1.1238005312792936,1.2241393749368674,1.1628061949169357]
["EMULSÕES ASF. MOD. POR POLÍMEROS RL1C-E","2013-08-01","***",0.99602508029468495,1.2494124699445366,1.1381202124825074,1.3114037107045615,1.2008906508938486]
["EMULSÕES ASF. MOD. POR POLÍMEROS RL1C-E","2013-09-01","***",1.1312323170283192,1.2520634154815893,1.1853845557046119,1.3530443719391865,1.2345506473113637]
["EMULSÕES ASF. MOD. POR POLÍMEROS RL1C-E","2013-10-01","***",1.1170576754599435,1.19456345530638,1.1288564182235374,1.3929916235481783,1.1954086202523588]
["EMULSÕES ASF. MOD. POR POLÍMEROS RL1C-E","2013-11-01","***",1.1294503123764335,1.2519725951049692,1.1719657241967658,1.3726670739324407,1.2541506320696849]
["EMULSÕES ASF. MOD. POR POLÍMEROS RL1C-E","2013-12-01","***",1.1294500000000001,1.2989992006352569,1.1573713884023233,1.287973409182108,1.2754914845247067]
["EMULSÕES ASF. MOD. POR POLÍMEROS RL1C-E","2014-01-01","***",1.1427700000000001,1.372394937906299,1.2065040179659317,1.2560600893632066,1.2796878995334886]
["EMULSÕES ASF. MOD. POR POLÍMEROS RL1C-E","2014-02-01","***",1.1435999999999999,1.2299757085961323,1.0373113472047739,1.2104255884820441,1.1626653722061919]
["EMULSÕES ASF. MOD. POR POLÍMEROS RL1C-E","2014-03-01","***",1.0318791973791974,1.2303993288352273,0.88554223733187765,1.2202221109808313,1.1159292579413862]
["EMULSÕES ASF. MOD. POR POLÍMEROS RL1C-E","2014-04-01","***",0.90585623119706737,1.2149793114112648,0.92704144131777644,1.2350792663712982,1.1359471071960365]
["EMULSÕES ASF. MOD. POR POLÍMEROS RL1C-E","2014-05-01","***",1.257522685804771,1.2697250639029884,1.112066283318905,1.2355571974202659,1.2450686269168789]
["EMULSÕES ASF. MOD. POR POLÍMEROS RL1C-E","2014-06-01","***",1.4182797260080504,1.2673419302913906,1.0924872267518486,1.266170934724292,1.2576005676080038]
["EMULSÕES ASF. MOD. POR POLÍMEROS RL1C-E","2014-07-01",1.355199090909091,1.2211681745416318,1.1032238759689925,0.95883557624879745,1.2804993540609135,1.1086851890767651]
["EMULSÕES ASF. MOD. POR POLÍMEROS RL1C-E","2014-08-01",1.5751900000000001,1.0261367597895965,1.0014999050668507,0.92555602109905677,1.3060651703989945,1.0159736662628955]
["EMULSÕES ASF. MOD. POR POLÍMEROS RL1C-E","2014-09-01","***",1.2340196189458579,1.2697694658489309,0.93070352203777895,1.2957578748734562,1.2507084930276484]
["EMULSÕES ASF. MOD. POR POLÍMEROS RL1C-E","2014-10-01",0.89761999999999986,1.1322857954020333,1.1353704149636226,0.98688067924018741,1.2213153519500934,1.1171651157107951]
["EMULSÕES ASF. MOD. POR POLÍMEROS RL1C-E","2014-11-01",0.90525422756857066,1.0102064800935913,1.1436818341108712,1.0347567679222358,1.2372976397154882,1.1227517123499935]
["EMULSÕES ASF. MOD. POR POLÍMEROS RL1C-E","2014-12-01",0.99155000000000004,1.6238556364176444,1.107951840851997,1.3198677249921607,1.3846824844893693,1.1692689852378464]
["EMULSÕES ASF. MOD. POR POLÍMEROS RL1C-E","2015-01-01","***",1.7783058041893514,1.5561981455564902,1.20302,1.2411163247657939,1.5202013773124026]
["EMULSÕES ASF. MOD. POR POLÍMEROS RL1C-E","2015-02-01","***",1.4900000000000002,1.2777296307744421,1.5636399999999999,1.5058953171659537,1.370850309521038]
["EMULSÕES ASF. MOD. POR POLÍMEROS RL1C-E","2015-03-01","***",1.3709053576282277,1.3892457247013807,1.56853,1.3179709229726237,1.3641131420901615]
["EMULSÕES ASF. MOD. POR POLÍMEROS RL1C-E","2015-04-01","***",1.2234786989519335,1.5086420250719277,1.5361199999999999,1.4224702085722853,1.4028049304107328]
["EMULSÕES ASF. MOD. POR POLÍMEROS RL1C-E","2015-05-01","***",1.1959348377620509,1.4442483338009988,1.4889499559424875,1.4042737230485414,1.4296351374724461]
["EMULSÕES ASF. MOD. POR POLÍMEROS RL1C-E","2015-06-01","***","***",1.4436429114437199,1.5652599999999999,1.2760637018271825,1.3871328278489219]
["EMULSÕES ASF. MOD. POR POLÍMEROS RL1C-E","2015-07-01","***",1.8600000000000003,1.1767506854349388,1.1029721688270628,1.2186831137336271,1.1926282196481222]
["EMULSÕES ASF. MOD. POR POLÍMEROS RL1C-E","2015-08-01","***","***",1.5062950200198273,1.220186600310603,1.3974525874055916,1.4755943260201903]
["EMULSÕES ASF. MOD. POR POLÍMEROS RL1C-E","2015-09-01",1.5380985564212553,"***",1.4976523944169196,1.28326472765771,1.3325103389830508,1.4713935424108973]
["EMULSÕES ASF. MOD. POR POLÍMEROS RL1C-E","2015-10-01",1.5396269727967988,1.205087576168929,1.5299030718875954,1.1300515825449007,1.5969199999999999,1.4358391347395418]
["EMULSÕES ASF. MOD. POR POLÍMEROS RL1C-E","2015-11-01",1.70207,1.7858595718574597,1.8087935970883091,1.6165712852807839,1.67411,1.7531095933060377]
["EMULSÕES ASF. MOD. POR POLÍMEROS RL1C-E","2015-12-01",1.7815984279338406,"***",1.7082612294228519,1.7400404843527255,1.4354612531098598,1.7101024379972962]
["EMULSÕES ASF. MOD. POR POLÍMEROS RL1C-E","2016-01-01","***","***",1.7428976843664437,1.2707541606648198,1.4631744138965259,1.4628378597924108]
["EMULSÕES ASF. MOD. POR POLÍMEROS RL1C-E","2016-02-01",1.6494501694915253,"***",1.5879340297453368,1.6785759904248951,1.627361804740671,1.6130966812411103]
["EMULSÕES ASF. MOD. POR POLÍMEROS RL1C-E","2016-03-01",1.628546462034679,"***",1.7172545654427567,1.548898430962343,1.35365,1.6878617735699577]
["EMULSÕES ASF. MOD. POR POLÍMEROS RL1C-E","2016-04-01",1.67350150997151,2.37,1.9555894925206698,"***",1.5416832540166769,1.9202531253137707]
["EMULSÕES ASF. MOD. POR POLÍMEROS RL1C-E","2016-05-01",1.694367367303609,"***",1.9866646248415227,1.5920342433762078,1.7001699090773588,1.7926031482698124]
["EMULSÕES ASF. MOD. POR POLÍMEROS RL1C-E","2016-06-01",1.6409844983391166,"***",2.0489585514061068,1.5188038158798702,1.5918908927712774,1.756901731719321]
["EMULSÕES ASF. MOD. POR POLÍMEROS RL1C-E","2016-07-01",1.6417052606929612,"***",2.0133568501586461,1.4398094206061383,1.4557978095022284,1.7123868884027944]
["EMULSÕES ASF. MOD. POR POLÍMEROS RL1C-E","2016-08-01",1.6898123406614731,"***",1.9006425267418954,1.4948910102166262,1.4560500000000001,1.7865810387402685]
["EMULSÕES ASF. MOD. POR POLÍMEROS RL1C-E","2016-09-01",1.4665205785376783,"***",1.7634790837596899,1.4484578613046952,1.371,1.6775573362278966]
["EMULSÕES ASF. MOD. POR POLÍMEROS RL1C-E","2016-10-01",1.4218381901806798,1.45,1.8214070417599373,2.133200692981903,1.3709999999999998,1.7792425450610898]
["EMULSÕES ASF. MOD. POR POLÍMEROS RL1C-E","2016-11-01",1.4315949167724116,"***",2.2905769909914149,1.9188216083230292,1.371,2.188028474574006]
["EMULSÕES ASF. MOD. POR POLÍMEROS RL1C-E","2016-12-01","***","***",2.1212619321389967,1.8762455214723925,1.3709784314568112,2.0058506686384714]
["EMULSÕES ASF. MOD. POR POLÍMEROS RL1C-E","2017-01-01","***","***",2.3381669244238985,1.9404602922077923,1.37097,2.0445144983802388]
["EMULSÕES ASF. MOD. POR POLÍMEROS RL1C-E","2017-02-01","***","***",2.0834266814612499,2.2105811094265584,1.3709700000000002,2.0984078736021377]
["EMULSÕES ASF. MOD. POR POLÍMEROS RL1C-E","2017-03-01","***","***",2.2534733621409484,2.2575663935238723,1.37097,2.0608085908747822]
["EMULSÕES ASF. MOD. POR POLÍMEROS RL1C-E","2017-04-01","***","***",2.4231083170994179,2.0476681668672283,1.3665799999999999,2.1981441615421238]
["EMULSÕES ASF. MOD. POR POLÍMEROS RL1C-E","2017-05-01",1.3653199999999999,"***",2.1939963383485002,2.1691381043784639,1.3665799999999999,1.9630381067474574]
["EMULSÕES ASF. MOD. POR POLÍMEROS RL1C-E","2017-06-01",1.3787272224695097,"***",2.1812642738098891,1.8735071761322788,"***",2.0261925595716668]
["EMULSÕES ASF. MOD. POR POLÍMEROS RL1C-E","2017-07-01",1.3723299999999998,"***",2.1024764568534553,1.7797273981611546,"***",2.0559084473949318]
["EMULSÕES ASF. MOD. POR POLÍMEROS RL1C-E","2017-08-01","***","***",1.9042397207311279,2.1384462953462808,"***",1.9085097781760543]
["EMULSÕES ASF. MOD. POR POLÍMEROS RL1C-E","2017-09-01",1.3805756869604469,"***",2.0671421431496628,2.0418639999782049,"***",2.0376404485622639]
["EMULSÕES ASF. MOD. POR POLÍMEROS RL1C-E","2017-10-01",1.4123887492036524,"***",2.0408992667471297,2.2484113814629949,"***",2.0695592481067302]
["EMULSÕES ASF. MOD. POR POLÍMEROS RL1C-E","2017-11-01",1.4712700000000001,1.55925,2.1338326546177839,2.2470739929002144,"***",2.1078730343187084]
["EMULSÕES ASF. MOD. POR POLÍMEROS RL1C-E","2017-12-01",1.4712699999999999,1.55925,2.1898316519877716,2.3804582183908045,"***",2.1280098010294686]
["EMULSÕES ASF. MOD. POR POLÍMEROS RL1C-E","2018-01-01","***","***",1.6145666149432782,"***","***",1.6145666149432782]
["EMULSÕES ASF. MOD. POR POLÍMEROS RL1C-E","2018-02-01","***","***",1.5872762062718606,"***","***",1.5872762062718606]
["EMULSÕES ASF. MOD. POR POLÍMEROS RL1C-E","2018-03-01","***","***",1.6476296609202428,"***","***",1.6476296609202428]
["EMULSÕES ASF. MOD. POR POLÍMEROS RL1C-E","2018-04-01","***","***",1.6252411006218834,1.6180600000000001,"***",1.6246885083001497]
["EMULSÕES ASF. MOD. POR POLÍMEROS RL1C-E","2018-05-01","***","***",1.5877489637980069,"***","***",1.5877489637980069]
["EMULSÕES ASF. MOD. POR POLÍMEROS RL1C-E","2018-06-01","***","***",1.832930334737449,"***","***",1.832930334737449]
["EMULSÕES ASF. MOD. POR POLÍMEROS RL1C-E","2018-07-01","***","***",1.9074802317001429,2.3034400000000002,"***",1.9439239470343612]
["EMULSÕES ASF. MOD. POR POLÍMEROS RL1C-E","2018-08-01",1.927,"***",2.0378398860593894,"***","***",2.0358527959543449]
["EMULSÕES ASF. MOD. POR POLÍMEROS RL1C-E","2018-09-01","***","***",2.1855527269408124,"***","***",2.1855527269408124]
["EMULSÕES ASF. MOD. POR POLÍMEROS RL1C-E","2018-10-01","***",1.9805600000000001,2.0937629132932698,1.968,"***",2.0864472267643497]
["EMULSÕES ASF. MOD. POR POLÍMEROS RL1C-E","2018-11-01","***",2.2325599999999999,2.3583192448645871,2.1648000000000001,"***",2.3352712410487633]
["EMULSÕES ASF. MOD. POR POLÍMEROS RL1C-E","2018-12-01","***",2.0299999999999998,2.0715596498970283,"***","***",2.0518467754407665]
["EMULSÕES ASF. MOD. POR POLÍMEROS RL1C-E","2019-01-01","***",2.2325599999999999,2.3638657587358782,"***","***",2.3505173582170071]
["EMULSÕES ASF. MOD. POR POLÍMEROS RL1C-E","2019-02-01","***","***",2.5128929826950812,"***",2.18248,2.5122325265851124]
["EMULSÕES ASF. MOD. POR POLÍMEROS RL1C-E","2019-03-01","***","***",2.5525698418345777,"***","***",2.5525698418345777]
["EMULSÕES ASF. MOD. POR POLÍMEROS RL1C-E","2019-04-01","***","***",2.5190075848513902,"***","***",2.5190075848513902]
["EMULSÕES ASF. MOD. POR POLÍMEROS RL1C-E","2019-05-01","***","***",2.5947528566365405,"***","***",2.5947528566365405]
["EMULSÕES ASF. MOD. POR POLÍMEROS RL1C-E","2019-06-01","***","***",2.5756834778351094,"***","***",2.5756834778351094]
["EMULSÕES ASF. MOD. POR POLÍMEROS RL1C-E","2019-07-01","***","***",2.6339024480259146,"***",3.6011199999999999,2.6364637316950459]
["EMULSÕES ASF. MOD. POR POLÍMEROS RL1C-E","2019-08-01","***","***",2.4591963360555642,"***","***",2.4591963360555642]
["EMULSÕES ASF. MOD. POR POLÍMEROS RL1C-E","2019-09-01","***","***",2.6096139014429101,"***","***",2.6096139014429101]
["EMULSÕES ASF. MOD. POR POLÍMEROS RL1C-E","2019-10-01","***","***",2.586292796099452,1.9275715983998607,"***",2.4161527455076364]
["EMULSÕES ASF. MOD. POR POLÍMEROS RL1C-E","2019-11-01",2.05905,1.9530000000000001,2.344175846260709,1.9105699999999999,"***",2.1984066684253443]
["EMULSÕES ASF. MOD. POR POLÍMEROS RL1C-E","2019-12-01","***","***",2.3397363832376978,1.91726,"***",2.2608207579185522]
["EMULSÕES ASF. MOD. POR POLÍMEROS RL1C-E","2020-01-01","***","***",2.65401,2.1825000000000001,"***",2.5109614585764293]
["EMULSÕES ASF. MOD. POR POLÍMEROS RL1C-E","2020-02-01","***","***","***","***","***","***"]
["EMULSÕES ASF. MOD. POR POLÍMEROS RL1C-E","2020-03-01","***","***",2.2298759693621295,"***","***",2.2298759693621295]
["EMULSÕES ASF. MOD. POR POLÍMEROS RL1C-E","2020-04-01","***","***",2.2285900000000001,"***","***",2.2285900000000001]
["EMULSÕES ASF. MOD. POR POLÍMEROS RL1C-E","2020-05-01","***","***",2.2617554714330863,"***",3.6011199999999999,2.2664423333449979]
["EMULSÕES ASF. MOD. POR POLÍMEROS RL1C-E","2020-06-01","***","***",2.1753930715783025,"***","***",2.1753930715783025]
["EMULSÕES ASF. MOD. POR POLÍMEROS RL1C-E","2020-07-01","***",1.862951059377945,2.1324940838833477,"***","***",2.0647657496289744]
["EMULSÕES ASF. MOD. POR POLÍMEROS RL1C-E","2020-08-01",2.1328382901443441,2.0277004935438527,2.2073144364456279,2.0217100000000001,"***",2.1405328169161337]
["EMULSÕES ASF. MOD. POR POLÍMEROS RL1C-E","2020-09-01",2.1584296998864434,2.0163690741239373,2.192614518780807,2.0217100000000001,3.2737500000000002,2.119879340000594]
["EMULSÕES ASF. MOD. POR POLÍMEROS RL1C-E","2020-10-01",2.35676,1.9664099999999998,2.1852590764513677,"***","***",2.1072666796296033]
["EMULSÕES ASF. MOD. POR POLÍMEROS RL1C-E","2020-11-01",2.1065900000000002,2.0308385185400777,2.2723746986635165,"***","***",2.1886718917941343]
["EMULSÕES ASF. MOD. POR POLÍMEROS RL1C-E","2020-12-01",2.10276,2.0997957894072083,2.3340289443633555,"***","***",2.1719404278970416]
["EMULSÕES ASF. MOD. POR POLÍMEROS RL1C-E","2021-01-01","***",2.142521433202015,2.485038322817315,"***","***",2.2293999728301328]
["EMULSÕES ASF. MOD. POR POLÍMEROS RL1C-E","2021-02-01","***",2.2131132812704051,2.6752508830364059,"***","***",2.2908774474833273]
["EMULSÕES ASF. MOD. POR POLÍMEROS RL1C-E","2021-03-01","***",2.2266090944423396,2.3237017172289955,"***",4.8924399999999997,2.2516948170922801]
["EMULSÕES ASF. MOD. POR POLÍMEROS RL1C-E","2021-04-01","***",2.2226347534928088,2.3774873387920632,"***","***",2.2809558804943446]
["EMULSÕES ASF. MOD. POR POLÍMEROS RL1C-E","2021-05-01","***",2.6408150867521614,2.8201249183168322,"***","***",2.778250400037944]
["EMULSÕES ASF. MOD. POR POLÍMEROS RL1C-E","2021-06-01",2.7941048126858279,2.7219822776021325,2.7303304115547258,"***",5.8745500000000002,2.7325574274997546]
["EMULSÕES ASF. MOD. POR POLÍMEROS RL1C-E","2021-07-01",2.6031618254614548,2.7435516290623059,2.8785755191951279,"***",5.8745599999999998,2.8655068382675681]
["EMULSÕES ASF. MOD. POR POLÍMEROS RL1C-E","2021-08-01","***",2.8309810250809062,3.076932024033916,3.1686999999999999,"***",3.0452618357105541]
["EMULSÕES ASF. MOD. POR POLÍMEROS RL1C-E","2021-09-01",2.7897799999999995,2.830980337258223,3.0950539095938736,3.1686999999999999,"***",2.9971183265315258]
["EMULSÕES ASF. MOD. POR POLÍMEROS RL1C-E","2021-10-01","***",2.8309811302954784,2.9890402388488972,"***","***",2.9642829443294367]
["EMULSÕES ASF. MOD. POR POLÍMEROS RL1C-E","2021-11-01","***",3.02915,2.9934399988506031,"***","***",2.9961237870631203]
["EMULSÕES ASF. MOD. POR POLÍMEROS RL1C-E","2021-12-01",2.50285,3.02915,3.3885607344503095,"***","***",3.2999144143106056]
["EMULSÕES ASF. MOD. POR POLÍMEROS RL1C-E","2022-01-01","***","***",3.3838127493796519,"***",3.3483299999999998,3.3838048269617205]
["EMULSÕES ASF. MOD. POR POLÍMEROS RL1C-E","2022-02-01","***","***",4.0285234084761044,"***","***",4.0285234084761044]
["EMULSÕES ASF. MOD. POR POLÍMEROS RL1C-E","2022-03-01","***","***",3.7434526941667214,"***","***",3.7434526941667214]
["EMULSÕES ASF. MOD. POR POLÍMEROS RL1C-E","2022-04-01","***",3.3810799999999999,3.8767376580064239,"***","***",3.8440513893501906]
["EMULSÕES ASF. MOD. POR POLÍMEROS RL1C-E","2022-05-01","***","***",3.8769191358138846,"***","***",3.8769191358138846]
["EMULSÕES ASF. MOD. POR POLÍMEROS RL1C-E","2022-06-01","***","***",3.8526523753241468,"***","***",3.8526523753241468]
["EMULSÕES ASF. MOD. POR POLÍMEROS RL1C-E","2022-07-01","***",3.5129436526757911,3.8424058742129503,"***","***",3.6937415846473192]
["EMULSÕES ASF. MOD. POR POLÍMEROS RL1C-E","2022-08-01","***",3.6054467984938778,3.9619444182037835,"***","***",3.8295425248427932]
["EMULSÕES ASF. MOD. POR POLÍMEROS RL1C-E","2022-09-01","***",3.6246248494392375,3.8362795715723506,"***","***",3.721222836099801]
["EMULSÕES ASF. MOD. POR POLÍMEROS RL1C-E","2022-10-01","***",3.6125510254231532,3.4370704019656015,"***","***",3.5106990905849815]
["EMULSÕES ASF. MOD. POR POLÍMEROS RL1C-E","2022-11-01","***",3.5431308985765124,3.5752506588854653,"***","***",3.5644788757035335]
["EMULSÕES ASF. MOD. POR POLÍMEROS RL1C-E","2022-12-01","***",3.49797,3.572834842822215,"***","***",3.5251059780131673]
["EMULSÕES ASF. MOD. POR POLÍMEROS RL1C-E","2023-01-01","***",3.4318199577947768,"***","***","***",3.4318199577947768]
["EMULSÕES ASF. MOD. POR POLÍMEROS RL1C-E","2023-02-01","***",3.4176899999999999,3.9512198131880356,"***","***",3.8854257779294206]
["EMULSÕES ASF. MOD. POR POLÍMEROS RL1C-E","2023-03-01","***","***",3.3465507235762093,4.0088800000000004,"***",3.530366585165587]
["EMULSÕES ASF. MOD. POR POLÍMEROS RL1C-E","2023-04-01","***","***",3.6266582710570359,4.1654296706192362,"***",3.6557566996957993]
["EMULSÕES ASF. MOD. POR POLÍMEROS RL1C-E","2023-05-01","***","***",3.7813204780461582,4.1536799999999996,"***",3.793395716406267]
["EMULSÕES ASF. MOD. POR POLÍMEROS RL1C-E","2023-06-01","***","***",3.4535528961185071,3.4182800000000002,"***",3.4535000627223367]
["EMULSÕES ASF. MOD. POR POLÍMEROS RL1C-E","2023-07-01","***","***",3.4999470224383846,4.0849230731553172,"***",3.5504168266150469]
["EMULSÕES ASF. MOD. POR POLÍMEROS RL1C-E","2023-08-01","***",3.2110983722266107,3.5256439337403771,"***","***",3.4538466390775957]
["EMULSÕES ASF. MOD. POR POLÍMEROS RL1C-E","2023-09-01","***",3.4526159464200288,3.4989581662997162,4.1815579690491385,"***",3.5613632790744667]
["EMULSÕES ASF. MOD. POR POLÍMEROS RL1C-E","2023-10-01","***",3.1278600000000001,3.5044214432653304,4.2376269429937885,"***",3.7514319921825998]
["EMULSÕES ASF. MOD. POR POLÍMEROS RL1C-E","2023-11-01","***",3.4672800000000001,3.3614491869633225,4.3680025046229707,"***",3.5926109192469493]
["EMULSÕES ASF. MOD. POR POLÍMEROS RL1C-E","2023-12-01","***","***",2.8345906714673741,4.3746900704934539,"***",3.2557165707467064]
["EMULSÕES ASF. MOD. POR POLÍMEROS RL1C-E","2024-01-01","***","***",3.7850600000000001,2.9024200000000002,"***",3.559821991701245]
["EMULSÕES ASF. MOD. POR POLÍMEROS RL1C-E","2024-02-01","***","***",3.4983240834888059,4.5088800000000004,"***",3.5168324336080583]
["EMULSÕES ASF. MOD. POR POLÍMEROS RL1C-E","2024-03-01",2.6892,"***",2.5602703351104341,"***","***",2.5900814040634694]
["EMULSÕES ASF. MOD. POR POLÍMEROS RL1C-E","2024-04-01",2.7951000000000001,"***",2.915417591211829,"***","***",2.9107756415367882]
["EMULSÕES ASF. MOD. POR POLÍMEROS RL1C-E","2024-05-01","***","***",3.0294281997153392,8.0474899999999998,"***",3.0374254295655874]
["EMULSÕES ASF. MOD. POR POLÍMEROS RL1C-E","2024-06-01","***","***",2.7362379185619665,"***","***",2.7362379185619665]
["EMULSÕES ASF. MOD. POR POLÍMEROS RL1C-E","2024-07-01","***","***",3.153736280935985,"***","***",3.153736280935985]
["EMULSÕES ASF. MOD. POR POLÍMEROS RL1C-E","2024-08-01","***","***",3.3453005260023003,"***","***",3.3453005260023003]
["EMULSÕES ASF. MOD. POR POLÍMEROS RL1C-E","2024-09-01","***","***",3.3610572490231037,"***","***",3.3610572490231037]
["EMULSÕES ASF. MOD. POR POLÍMEROS RL1C-E","2024-10-01","***","***",3.4322338428521446,"***","***",3.4322338428521446]
["EMULSÕES ASF. MOD. POR POLÍMEROS RL1C-E","2024-11-01","***","***",3.3128680112145754,"***","***",3.3128680112145754]
["EMULSÕES ASF. MOD. POR POLÍMEROS RL1C-E","2024-12-01","***","***",3.2490381537432405,8.4434199999999997,"***",3.3288683813601181]
["EMULSÕES ASF. MOD. POR POLÍMEROS RL1C-E","2025-01-01","***","***",3.2371632627361189,"***","***",3.2371632627361189]
["EMULSÕES ASF. MOD. POR POLÍMEROS RL1C-E","2025-02-01","***","***",3.3689284616880593,"***","***",3.3689284616880593]
["EMULSÕES ASF. MOD. POR POLÍMEROS RL1C-E","2025-03-01","***","***",3.3072003313204719,"***","***",3.3072003313204719]
["EMULSÕES ASF. MOD. POR POLÍMEROS RL1C-E","2025-04-01","***","***",3.4239285630087006,"***","***",3.4239285630087006]
["EMULSÕES ASF. MOD. POR POLÍMEROS RL1C-E","2025-05-01","***","***",3.6690665985401458,8.5963100000000008,"***",3.6854531906048633]
["EMULSÕES ASF. MOD. POR POLÍMEROS RL1C-E","2025-06-01","***","***",3.1972289681342985,"***","***",3.1972289681342985]
["EMULSÕES ASF. MOD. POR POLÍMEROS RL1C-E","2025-07-01","***","***",3.3983341592322627,"***","***",3.3983341592322627]
["EMULSÕES ASF. MOD. POR POLÍMEROS RM1C-E","2009-12-01","***","***","***","***","***","***"]
["EMULSÕES ASF. MOD. POR POLÍMEROS RM1C-E","2010-01-01","***","***","***","***","***","***"]
["EMULSÕES ASF. MOD. POR POLÍMEROS RM1C-E","2010-02-01","***","***","***","***","***","***"]
["EMULSÕES ASF. MOD. POR POLÍMEROS RM1C-E","2010-03-01","***","***","***","***","***","***"]
["EMULSÕES ASF. MOD. POR POLÍMEROS RM1C-E","2010-04-01","***","***","***","***",0.9883900000000001,0.9883900000000001]
["EMULSÕES ASF. MOD. POR POLÍMEROS RM1C-E","2010-05-01","***","***","***","***",1.0001899999999999,1.0001899999999999]
["EMULSÕES ASF. MOD. POR POLÍMEROS RM1C-E","2010-06-01","***","***","***","***",1.0179,1.0179]
["EMULSÕES ASF. MOD. POR POLÍMEROS RM1C-E","2010-07-01","***","***","***","***",1.00525,1.00525]
["EMULSÕES ASF. MOD. POR POLÍMEROS RM1C-E","2010-08-01","***","***","***","***","***","***"]
["EMULSÕES ASF. MOD. POR POLÍMEROS RM1C-E","2010-09-01","***","***","***","***","***","***"]
["EMULSÕES ASF. MOD. POR POLÍMEROS RM1C-E","2010-10-01","***","***","***","***","***","***"]
["EMULSÕES ASF. MOD. POR POLÍMEROS RM1C-E","2010-11-01","***","***","***","***","***","***"]
["EMULSÕES ASF. MOD. POR POLÍMEROS RM1C-E","2010-12-01","***","***","***","***","***","***"]
["EMULSÕES ASF. MOD. POR POLÍMEROS RM1C-E","2011-01-01","***","***","***","***","***","***"]
["EMULSÕES ASF. MOD. POR POLÍMEROS RM1C-E","2011-02-01","***","***","***","***","***","***"]
["EMULSÕES ASF. MOD. POR POLÍMEROS RM1C-E","2011-03-01","***","***","***","***","***","***"]
["EMULSÕES ASF. MOD. POR POLÍMEROS RM1C-E","2011-04-01","***","***","***","***","***","***"]
["EMULSÕES ASF. MOD. POR POLÍMEROS RM1C-E","2011-05-01","***","***","***","***","***","***"]
["EMULSÕES ASF. MOD. POR POLÍMEROS RM1C-E","2011-06-01","***","***","***","***","***","***"]
["EMULSÕES ASF. MOD. POR POLÍMEROS RM1C-E","2011-07-01","***","***","***","***","***","***"]
["EMULSÕES ASF. MOD. POR POLÍMEROS RM1C-E","2011-08-01","***","***","***","***","***","***"]
["EMULSÕES ASF. MOD. POR POLÍMEROS RM1C-E","2011-09-01","***","***","***","***","***","***"]
["EMULSÕES ASF. MOD. POR POLÍMEROS RM1C-E","2011-10-01","***","***","***","***","***","***"]
["EMULSÕES ASF. MOD. POR POLÍMEROS RM1C-E","2011-11-01","***","***","***","***","***","***"]
["EMULSÕES ASF. MOD. POR POLÍMEROS RM1C-E","2011-12-01","***","***","***","***","***","***"]
["EMULSÕES ASF. MOD. POR POLÍMEROS RM1C-E","2012-01-01","***","***","***","***","***","***"]
["EMULSÕES ASF. MOD. POR POLÍMEROS RM1C-E","2012-02-01","***","***","***","***","***","***"]
["EMULSÕES ASF. MOD. POR POLÍMEROS RM1C-E","2012-03-01","***","***","***","***","***","***"]
["EMULSÕES ASF. MOD. POR POLÍMEROS RM1C-E","2012-04-01","***","***","***","***","***","***"]
["EMULSÕES ASF. MOD. POR POLÍMEROS RM1C-E","2012-05-01","***","***","***","***","***","***"]
["EMULSÕES ASF. MOD. POR POLÍMEROS RM1C-E","2012-06-01","***","***","***","***","***","***"]
["EMULSÕES ASF. MOD. POR POLÍMEROS RM1C-E","2012-07-01","***","***","***","***","***","***"]
["EMULSÕES ASF. MOD. POR POLÍMEROS RM1C-E","2012-08-01","***","***","***","***","***","***"]
["EMULSÕES ASF. MOD. POR POLÍMEROS RM1C-E","2012-09-01","***","***","***","***","***","***"]
["EMULSÕES ASF. MOD. POR POLÍMEROS RM1C-E","2012-10-01","***","***","***","***","***","***"]
["EMULSÕES ASF. MOD. POR POLÍMEROS RM1C-E","2012-11-01","***","***","***","***","***","***"]
["EMULSÕES ASF. MOD. POR POLÍMEROS RM1C-E","2012-12-01","***","***","***","***","***","***"]
["EMULSÕES ASF. MOD. POR POLÍMEROS RM1C-E","2013-01-01","***","***","***","***","***","***"]
["EMULSÕES ASF. MOD. POR POLÍMEROS RM1C-E","2013-02-01","***","***","***","***","***","***"]
["EMULSÕES ASF. MOD. POR POLÍMEROS RM1C-E","2013-03-01","***","***","***","***","***","***"]
["EMULSÕES ASF. MOD. POR POLÍMEROS RM1C-E","2013-04-01","***","***","***","***","***","***"]
["EMULSÕES ASF. MOD. POR POLÍMEROS RM1C-E","2013-05-01","***","***","***","***","***","***"]
["EMULSÕES ASF. MOD. POR POLÍMEROS RM1C-E","2013-06-01","***","***","***","***","***","***"]
["EMULSÕES ASF. MOD. POR POLÍMEROS RM1C-E","2013-07-01","***","***","***","***","***","***"]
["EMULSÕES ASF. MOD. POR POLÍMEROS RM1C-E","2013-08-01","***","***","***","***","***","***"]
["EMULSÕES ASF. MOD. POR POLÍMEROS RM1C-E","2013-09-01","***","***","***","***","***","***"]
["EMULSÕES ASF. MOD. POR POLÍMEROS RM1C-E","2013-10-01","***","***","***","***",1.6719999999999999,1.6719999999999999]
["EMULSÕES ASF. MOD. POR POLÍMEROS RM1C-E","2013-11-01","***","***","***","***","***","***"]
["EMULSÕES ASF. MOD. POR POLÍMEROS RM1C-E","2013-12-01","***","***","***","***","***","***"]
["EMULSÕES ASF. MOD. POR POLÍMEROS RM1C-E","2014-01-01","***","***","***","***","***","***"]
["EMULSÕES ASF. MOD. POR POLÍMEROS RM1C-E","2014-02-01","***","***","***","***","***","***"]
["EMULSÕES ASF. MOD. POR POLÍMEROS RM1C-E","2014-03-01","***","***","***","***","***","***"]
["EMULSÕES ASF. MOD. POR POLÍMEROS RM1C-E","2014-04-01","***","***","***","***","***","***"]
["EMULSÕES ASF. MOD. POR POLÍMEROS RM1C-E","2014-05-01","***","***","***","***","***","***"]
["EMULSÕES ASF. MOD. POR POLÍMEROS RM1C-E","2014-06-01","***","***","***","***","***","***"]
["EMULSÕES ASF. MOD. POR POLÍMEROS RM1C-E","2014-07-01","***","***","***","***","***","***"]
["EMULSÕES ASF. MOD. POR POLÍMEROS RM1C-E","2014-08-01","***","***",1.4913099999999999,"***","***",1.4913099999999999]
["EMULSÕES ASF. MOD. POR POLÍMEROS RM1C-E","2014-09-01","***","***","***","***","***","***"]
["EMULSÕES ASF. MOD. POR POLÍMEROS RM1C-E","2014-10-01","***","***","***","***","***","***"]
["EMULSÕES ASF. MOD. POR POLÍMEROS RM1C-E","2014-11-01","***","***","***","***","***","***"]
["EMULSÕES ASF. MOD. POR POLÍMEROS RM1C-E","2014-12-01","***","***","***","***","***","***"]
["EMULSÕES ASF. MOD. POR POLÍMEROS RM1C-E","2015-01-01","***","***","***","***","***","***"]
["EMULSÕES ASF. MOD. POR POLÍMEROS RM1C-E","2015-02-01","***","***","***","***","***","***"]
["EMULSÕES ASF. MOD. POR POLÍMEROS RM1C-E","2015-03-01","***","***","***","***","***","***"]
["EMULSÕES ASF. MOD. POR POLÍMEROS RM1C-E","2015-04-01","***","***","***","***","***","***"]
["EMULSÕES ASF. MOD. POR POLÍMEROS RM1C-E","2015-05-01","***","***","***","***","***","***"]
["EMULSÕES ASF. MOD. POR POLÍMEROS RM1C-E","2015-06-01","***","***","***","***","***","***"]
["EMULSÕES ASF. MOD. POR POLÍMEROS RM1C-E","2015-07-01","***","***","***",1.65802,"***",1.65802]
["EMULSÕES ASF. MOD. POR POLÍMEROS RM1C-E","2015-08-01","***","***","***","***","***","***"]
["EMULSÕES ASF. MOD. POR POLÍMEROS RM1C-E","2015-09-01","***","***","***","***","***","***"]
["EMULSÕES ASF. MOD. POR POLÍMEROS RM1C-E","2015-10-01","***","***","***","***","***","***"]
["EMULSÕES ASF. MOD. POR POLÍMEROS RM1C-E","2015-11-01","***","***","***","***","***","***"]
["EMULSÕES ASF. MOD. POR POLÍMEROS RM1C-E","2015-12-01","***","***","***",2.1626400000000001,"***",2.1626400000000001]
["EMULSÕES ASF. MOD. POR POLÍMEROS RM1C-E","2016-01-01","***","***","***",2.1626400000000001,"***",2.1626400000000001]
["EMULSÕES ASF. MOD. POR POLÍMEROS RM1C-E","2016-02-01","***","***","***","***","***","***"]
["EMULSÕES ASF. MOD. POR POLÍMEROS RM1C-E","2016-03-01","***","***","***","***","***","***"]
["EMULSÕES ASF. MOD. POR POLÍMEROS RM1C-E","2016-04-01","***","***","***","***","***","***"]
["EMULSÕES ASF. MOD. POR POLÍMEROS RM1C-E","2016-05-01","***","***","***","***","***","***"]
["EMULSÕES ASF. MOD. POR POLÍMEROS RM1C-E","2016-06-01","***","***","***","***","***","***"]
["EMULSÕES ASF. MOD. POR POLÍMEROS RM1C-E","2016-07-01","***","***","***","***","***","***"]
["EMULSÕES ASF. MOD. POR POLÍMEROS RM1C-E","2016-08-01","***","***","***","***","***","***"]
["EMULSÕES ASF. MOD. POR POLÍMEROS RM1C-E","2016-09-01","***","***","***","***","***","***"]
["EMULSÕES ASF. MOD. POR POLÍMEROS RM1C-E","2016-10-01","***","***","***","***","***","***"]
["EMULSÕES ASF. MOD. POR POLÍMEROS RM1C-E","2016-11-01","***","***","***","***","***","***"]
["EMULSÕES ASF. MOD. POR POLÍMEROS RM1C-E","2016-12-01","***","***","***",1.7301999999999997,"***",1.7301999999999997]
["EMULSÕES ASF. MOD. POR POLÍMEROS RM1C-E","2017-01-01","***","***","***","***","***","***"]
["EMULSÕES ASF. MOD. POR POLÍMEROS RM1C-E","2017-02-01","***","***","***",2.2707700000000002,"***",2.2707700000000002]
["EMULSÕES ASF. MOD. POR POLÍMEROS RM1C-E","2017-03-01","***","***","***","***","***","***"]
["EMULSÕES ASF. MOD. POR POLÍMEROS RM1C-E","2017-04-01","***","***","***","***","***","***"]
["EMULSÕES ASF. MOD. POR POLÍMEROS RM1C-E","2017-05-01","***","***","***","***","***","***"]
["EMULSÕES ASF. MOD. POR POLÍMEROS RM1C-E","2017-06-01","***","***","***","***","***","***"]
["EMULSÕES ASF. MOD. POR POLÍMEROS RM1C-E","2017-07-01","***","***","***","***","***","***"]
["EMULSÕES ASF. MOD. POR POLÍMEROS RM1C-E","2017-08-01","***","***","***","***","***","***"]
["EMULSÕES ASF. MOD. POR POLÍMEROS RM1C-E","2017-09-01","***","***","***","***","***","***"]
["EMULSÕES ASF. MOD. POR POLÍMEROS RM1C-E","2017-10-01","***","***","***","***","***","***"]
["EMULSÕES ASF. MOD. POR POLÍMEROS RM1C-E","2017-11-01","***","***","***","***","***","***"]
["EMULSÕES ASF. MOD. POR POLÍMEROS RM1C-E","2017-12-01","***","***","***","***","***","***"]
["EMULSÕES ASF. MOD. POR POLÍMEROS RM1C-E","2018-01-01","***","***","***","***","***","***"]
["EMULSÕES ASF. MOD. POR POLÍMEROS RM1C-E","2018-02-01","***","***","***","***","***","***"]
["EMULSÕES ASF. MOD. POR POLÍMEROS RM1C-E","2018-03-01","***","***","***","***","***","***"]
["EMULSÕES ASF. MOD. POR POLÍMEROS RM1C-E","2018-04-01","***","***","***","***","***","***"]
["EMULSÕES ASF. MOD. POR POLÍMEROS RM1C-E","2018-05-01","***","***","***","***","***","***"]
["EMULSÕES ASF. MOD. POR POLÍMEROS RM1C-E","2018-06-01","***","***","***","***","***","***"]
["EMULSÕES ASF. MOD. POR POLÍMEROS RM1C-E","2018-07-01","***","***","***","***","***","***"]
["EMULSÕES ASF. MOD. POR POLÍMEROS RM1C-E","2018-08-01","***","***","***","***","***","***"]
["EMULSÕES ASF. MOD. POR POLÍMEROS RM1C-E","2018-09-01","***","***","***","***","***","***"]
["EMULSÕES ASF. MOD. POR POLÍMEROS RM1C-E","2018-10-01","***","***","***","***","***","***"]
["EMULSÕES ASF. MOD. POR POLÍMEROS RM1C-E","2018-11-01","***","***","***","***","***","***"]
["EMULSÕES ASF. MOD. POR POLÍMEROS RM1C-E","2018-12-01","***","***","***","***","***","***"]
["EMULSÕES ASF. MOD. POR POLÍMEROS RM1C-E","2019-01-01","***","***","***","***","***","***"]
["EMULSÕES ASF. MOD. POR POLÍMEROS RM1C-E","2019-02-01","***","***","***","***","***","***"]
["EMULSÕES ASF. MOD. POR POLÍMEROS RM1C-E","2019-03-01","***","***","***","***","***","***"]
["EMULSÕES ASF. MOD. POR POLÍMEROS RM1C-E","2019-04-01","***","***","***","***","***","***"]
["EMULSÕES ASF. MOD. POR POLÍMEROS RM1C-E","2019-05-01","***","***","***","***","***","***"]
["EMULSÕES ASF. MOD. POR POLÍMEROS RM1C-E","2019-06-01","***","***","***","***","***","***"]
["EMULSÕES ASF. MOD. POR POLÍMEROS RM1C-E","2019-07-01","***","***","***","***","***","***"]
["EMULSÕES ASF. MOD. POR POLÍMEROS RM1C-E","2019-08-01","***","***","***","***","***","***"]
["EMULSÕES ASF. MOD. POR POLÍMEROS RM1C-E","2019-09-01","***","***","***","***","***","***"]
["EMULSÕES ASF. MOD. POR POLÍMEROS RM1C-E","2019-10-01","***","***","***","***","***","***"]
["EMULSÕES ASF. MOD. POR POLÍMEROS RM1C-E","2019-11-01","***","***","***","***","***","***"]
["EMULSÕES ASF. MOD. POR POLÍMEROS RM1C-E","2019-12-01","***","***","***","***","***","***"]
["EMULSÕES ASF. MOD. POR POLÍMEROS RM1C-E","2020-01-01","***","***","***","***","***","***"]
["EMULSÕES ASF. MOD. POR POLÍMEROS RM1C-E","2020-02-01","***","***","***","***","***","***"]
["EMULSÕES ASF. MOD. POR POLÍMEROS RM1C-E","2020-03-01","***","***","***","***","***","***"]
["EMULSÕES ASF. MOD. POR POLÍMEROS RM1C-E","2020-04-01","***","***","***","***","***","***"]
["EMULSÕES ASF. MOD. POR POLÍMEROS RM1C-E","2020-05-01","***","***","***","***","***","***"]
["EMULSÕES ASF. MOD. POR POLÍMEROS RM1C-E","2020-06-01","***","***","***","***","***","***"]
["EMULSÕES ASF. MOD. POR POLÍMEROS RM1C-E","2020-07-01","***","***","***","***","***","***"]
["EMULSÕES ASF. MOD. POR POLÍMEROS RM1C-E","2020-08-01","***","***","***","***","***","***"]
["EMULSÕES ASF. MOD. POR POLÍMEROS RM1C-E","2020-09-01","***","***","***","***","***","***"]
["EMULSÕES ASF. MOD. POR POLÍMEROS RM1C-E","2020-10-01","***","***","***","***","***","***"]
["EMULSÕES ASF. MOD. POR POLÍMEROS RM1C-E","2020-11-01","***","***","***","***","***","***"]
["EMULSÕES ASF. MOD. POR POLÍMEROS RM1C-E","2020-12-01","***","***","***","***","***","***"]
["EMULSÕES ASF. MOD. POR POLÍMEROS RM1C-E","2021-01-01","***","***","***","***","***","***"]
["EMULSÕES ASF. MOD. POR POLÍMEROS RM1C-E","2021-02-01","***","***","***","***","***","***"]
["EMULSÕES ASF. MOD. POR POLÍMEROS RM1C-E","2021-03-01","***","***","***","***","***","***"]
["EMULSÕES ASF. MOD. POR POLÍMEROS RM1C-E","2021-04-01","***","***","***","***","***","***"]
["EMULSÕES ASF. MOD. POR POLÍMEROS RM1C-E","2021-05-01","***","***","***","***","***","***"]
["EMULSÕES ASF. MOD. POR POLÍMEROS RM1C-E","2021-06-01","***","***","***","***","***","***"]
["EMULSÕES ASF. MOD. POR POLÍMEROS RM1C-E","2021-07-01","***","***","***","***","***","***"]
["EMULSÕES ASF. MOD. POR POLÍMEROS RM1C-E","2021-08-01","***","***","***","***","***","***"]
["EMULSÕES ASF. MOD. POR POLÍMEROS RM1C-E","2021-09-01","***","***","***","***","***","***"]
["EMULSÕES ASF. MOD. POR POLÍMEROS RM1C-E","2021-10-01","***","***","***","***","***","***"]
["EMULSÕES ASF. MOD. POR POLÍMEROS RM1C-E","2021-11-01","***","***","***","***","***","***"]
["EMULSÕES ASF. MOD. POR POLÍMEROS RM1C-E","2021-12-01","***","***","***","***","***","***"]
["EMULSÕES ASF. MOD. POR POLÍMEROS RM1C-E","2022-01-01","***","***","***","***","***","***"]
["EMULSÕES ASF. MOD. POR POLÍMEROS RM1C-E","2022-02-01","***","***","***","***","***","***"]
["EMULSÕES ASF. MOD. POR POLÍMEROS RM1C-E","2022-03-01","***","***","***","***","***","***"]
["EMULSÕES ASF. MOD. POR POLÍMEROS RM1C-E","2022-04-01","***","***","***","***","***","***"]
["EMULSÕES ASF. MOD. POR POLÍMEROS RM1C-E","2022-05-01","***","***","***","***","***","***"]
["EMULSÕES ASF. MOD. POR POLÍMEROS RM1C-E","2022-06-01","***","***","***","***","***","***"]
["EMULSÕES ASF. MOD. POR POLÍMEROS RM1C-E","2022-07-01","***","***","***","***","***","***"]
["EMULSÕES ASF. MOD. POR POLÍMEROS RM1C-E","2022-08-01","***","***","***","***","***","***"]
["EMULSÕES ASF. MOD. POR POLÍMEROS RM1C-E","2022-09-01","***","***","***","***","***","***"]
["EMULSÕES ASF. MOD. POR POLÍMEROS RM1C-E","2022-10-01","***","***","***","***","***","***"]
["EMULSÕES ASF. MOD. POR POLÍMEROS RM1C-E","2022-11-01","***","***","***","***","***","***"]
["EMULSÕES ASF. MOD. POR POLÍMEROS RM1C-E","2022-12-01","***","***","***","***","***","***"]
["EMULSÕES ASF. MOD. POR POLÍMEROS RM1C-E","2023-01-01","***","***","***","***","***","***"]
["EMULSÕES ASF. MOD. POR POLÍMEROS RM1C-E","2023-02-01","***","***","***","***","***","***"]
["EMULSÕES ASF. MOD. POR POLÍMEROS RM1C-E","2023-03-01","***","***","***","***","***","***"]
["EMULSÕES ASF. MOD. POR POLÍMEROS RM1C-E","2023-04-01","***","***","***","***","***","***"]
["EMULSÕES ASF. MOD. POR POLÍMEROS RM1C-E","2023-05-01","***","***","***","***","***","***"]
["EMULSÕES ASF. MOD. POR POLÍMEROS RM1C-E","2023-06-01","***","***","***","***","***","***"]
["EMULSÕES ASF. MOD. POR POLÍMEROS RM1C-E","2023-07-01","***","***","***","***","***","***"]
["EMULSÕES ASF. MOD. POR POLÍMEROS RM1C-E","2023-08-01","***","***","***","***","***","***"]
["EMULSÕES ASF. MOD. POR POLÍMEROS RM1C-E","2023-09-01","***","***","***","***","***","***"]
["EMULSÕES ASF. MOD. POR POLÍMEROS RM1C-E","2023-10-01","***","***","***","***","***","***"]
["EMULSÕES ASF. MOD. POR POLÍMEROS RM1C-E","2023-11-01","***","***","***","***","***","***"]
["EMULSÕES ASF. MOD. POR POLÍMEROS RM1C-E","2023-12-01","***","***","***","***","***","***"]
["EMULSÕES ASF. MOD. POR POLÍMEROS RM1C-E","2024-01-01","***","***","***","***","***","***"]
["EMULSÕES ASF. MOD. POR POLÍMEROS RM1C-E","2024-02-01","***","***","***","***","***","***"]
["EMULSÕES ASF. MOD. POR POLÍMEROS RM1C-E","2024-03-01","***","***","***","***","***","***"]
["EMULSÕES ASF. MOD. POR POLÍMEROS RM1C-E","2024-04-01","***","***","***","***","***","***"]
["EMULSÕES ASF. MOD. POR POLÍMEROS RM1C-E","2024-05-01","***","***","***","***","***","***"]
["EMULSÕES ASF. MOD. POR POLÍMEROS RM1C-E","2024-06-01","***","***","***","***","***","***"]
["EMULSÕES ASF. MOD. POR POLÍMEROS RM1C-E","2024-07-01","***","***","***","***","***","***"]
["EMULSÕES ASF. MOD. POR POLÍMEROS RM1C-E","2024-08-01","***","***","***","***","***","***"]
["EMULSÕES ASF. MOD. POR POLÍMEROS RM1C-E","2024-09-01","***","***","***","***","***","***"]
["EMULSÕES ASF. MOD. POR POLÍMEROS RM1C-E","2024-10-01","***","***","***","***","***","***"]
["EMULSÕES ASF. MOD. POR POLÍMEROS RM1C-E","2024-11-01","***","***","***","***","***","***"]
["EMULSÕES ASF. MOD. POR POLÍMEROS RM1C-E","2024-12-01","***","***","***","***","***","***"]
["EMULSÕES ASF. MOD. POR POLÍMEROS RM1C-E","2025-01-01","***","***","***","***","***","***"]
["EMULSÕES ASF. MOD. POR POLÍMEROS RM1C-E","2025-02-01","***","***","***","***","***","***"]
["EMULSÕES ASF. MOD. POR POLÍMEROS RM1C-E","2025-03-01","***","***","***","***","***","***"]
["EMULSÕES ASF. MOD. POR POLÍMEROS RM1C-E","2025-04-01","***","***","***","***","***","***"]
["EMULSÕES ASF. MOD. POR POLÍMEROS RM1C-E","2025-05-01","***","***","***","***","***","***"]
["EMULSÕES ASF. MOD. POR POLÍMEROS RM1C-E","2025-06-01","***","***","***","***","***","***"]
["EMULSÕES ASF. MOD. POR POLÍMEROS RM1C-E","2025-07-01","***","***","***","***","***","***"]
["EMULSÕES ASF. MOD. POR POLÍMEROS RR1C-E","2009-12-01","***","***","***",0.89054,1.0026314648010495,0.93210516903121188]
["EMULSÕES ASF. MOD. POR POLÍMEROS RR1C-E","2010-01-01","***","***","***",0.84518038935487216,0.95168362907842019,0.86149581901087313]
["EMULSÕES ASF. MOD. POR POLÍMEROS RR1C-E","2010-02-01","***","***","***",0.85204744344331373,0.95277601001072576,0.86041978901072769]
["EMULSÕES ASF. MOD. POR POLÍMEROS RR1C-E","2010-03-01","***","***","***",0.8738581558400168,0.95218094327597202,0.88504763487366256]
["EMULSÕES ASF. MOD. POR POLÍMEROS RR1C-E","2010-04-01","***","***","***",0.87244571809252325,0.94729999999999992,0.87690010957307329]
["EMULSÕES ASF. MOD. POR POLÍMEROS RR1C-E","2010-05-01","***",1.0957567615658363,"***",0.87534809785202861,0.94730000000000014,0.91388529088497239]
["EMULSÕES ASF. MOD. POR POLÍMEROS RR1C-E","2010-06-01","***",1.09592,"***",0.88266000000000011,0.95085037557547858,0.93425502657937443]
["EMULSÕES ASF. MOD. POR POLÍMEROS RR1C-E","2010-07-01","***","***","***",0.85158577156334225,0.9513265205479452,0.90659540193411903]
["EMULSÕES ASF. MOD. POR POLÍMEROS RR1C-E","2010-08-01","***","***","***",0.8453445985024528,0.94988868013151706,0.90009170212765943]
["EMULSÕES ASF. MOD. POR POLÍMEROS RR1C-E","2010-09-01","***","***","***",0.85007486525406306,0.90563987386124734,0.87062995722618264]
["EMULSÕES ASF. MOD. POR POLÍMEROS RR1C-E","2010-10-01","***","***","***",0.8714642813979252,0.90262350376925604,0.8787883790446841]
["EMULSÕES ASF. MOD. POR POLÍMEROS RR1C-E","2010-11-01","***","***","***",0.85416325882187549,0.88001997532387422,0.86225862095605998]
["EMULSÕES ASF. MOD. POR POLÍMEROS RR1C-E","2010-12-01","***","***","***",0.83430000000000015,0.94730000000000003,0.85775608436242556]
["EMULSÕES ASF. MOD. POR POLÍMEROS RR1C-E","2011-01-01","***","***","***","***",0.84119999999999995,0.84119999999999995]
["EMULSÕES ASF. MOD. POR POLÍMEROS RR1C-E","2011-02-01","***","***","***",0.83430000000000004,0.95066115029842657,0.88201998219848698]
["EMULSÕES ASF. MOD. POR POLÍMEROS RR1C-E","2011-03-01","***","***","***",1.0020500000000001,0.87156845238095237,0.92535473918575073]
["EMULSÕES ASF. MOD. POR POLÍMEROS RR1C-E","2011-04-01","***","***","***",0.83430000000000004,0.88671779319245037,0.87122056584479035]
["EMULSÕES ASF. MOD. POR POLÍMEROS RR1C-E","2011-05-01","***","***","***",0.83430000000000004,0.89410409556313986,0.84452322053675621]
["EMULSÕES ASF. MOD. POR POLÍMEROS RR1C-E","2011-06-01","***","***","***",0.87006825061830162,0.85879799139167867,0.86890655723158816]
["EMULSÕES ASF. MOD. POR POLÍMEROS RR1C-E","2011-07-01","***","***","***",0.89392704039318072,0.89030224126565605,0.89354882866772134]
["EMULSÕES ASF. MOD. POR POLÍMEROS RR1C-E","2011-08-01","***","***","***",0.93508360975963989,"***",0.93508360975963989]
["EMULSÕES ASF. MOD. POR POLÍMEROS RR1C-E","2011-09-01","***","***","***",0.93006348141119655,0.92777840006153611,0.92898289541407886]
["EMULSÕES ASF. MOD. POR POLÍMEROS RR1C-E","2011-10-01","***","***","***",0.92381979738856379,0.84602314049586769,0.86448322329059823]
["EMULSÕES ASF. MOD. POR POLÍMEROS RR1C-E","2011-11-01","***","***","***",1.0047567888111888,1.2438260040388296,1.1863319275633351]
["EMULSÕES ASF. MOD. POR POLÍMEROS RR1C-E","2011-12-01","***","***","***",1.1453,1.3910259210008658,1.3303187054920318]
["EMULSÕES ASF. MOD. POR POLÍMEROS RR1C-E","2012-01-01","***","***","***","***",0.94469526951545024,0.94469526951545024]
["EMULSÕES ASF. MOD. POR POLÍMEROS RR1C-E","2012-02-01","***","***","***",1.1452899999999999,0.893238352553542,0.97334647336480096]
["EMULSÕES ASF. MOD. POR POLÍMEROS RR1C-E","2012-03-01","***","***","***",0.95725903825136616,0.98369662454007345,0.98032090706112196]
["EMULSÕES ASF. MOD. POR POLÍMEROS RR1C-E","2012-04-01","***","***","***",1.008,0.8983183161004431,0.94356693938267033]
["EMULSÕES ASF. MOD. POR POLÍMEROS RR1C-E","2012-05-01","***","***","***",0.96094000000000002,0.89628793895191783,0.90696730183786212]
["EMULSÕES ASF. MOD. POR POLÍMEROS RR1C-E","2012-06-01","***","***","***",0.94838885517241378,0.94129988564894218,0.9433772918350849]
["EMULSÕES ASF. MOD. POR POLÍMEROS RR1C-E","2012-07-01","***","***","***",0.95052000000000003,1.0053579048469956,0.99194218660367806]
["EMULSÕES ASF. MOD. POR POLÍMEROS RR1C-E","2012-08-01","***","***","***",1.0327974677243741,0.97559505956552217,1.0058953217434294]
["EMULSÕES ASF. MOD. POR POLÍMEROS RR1C-E","2012-09-01","***","***","***",1.0316000000000001,1.0448996276420983,1.0420634585559194]
["EMULSÕES ASF. MOD. POR POLÍMEROS RR1C-E","2012-10-01","***","***","***",0.91969999999999996,1.0516000000000001,0.93591416953393802]
["EMULSÕES ASF. MOD. POR POLÍMEROS RR1C-E","2012-11-01","***","***","***","***",1.248419851617611,1.248419851617611]
["EMULSÕES ASF. MOD. POR POLÍMEROS RR1C-E","2012-12-01","***","***","***","***",1.3297201041743627,1.3297201041743627]
["EMULSÕES ASF. MOD. POR POLÍMEROS RR1C-E","2013-01-01","***","***","***","***",1.324947447031432,1.324947447031432]
["EMULSÕES ASF. MOD. POR POLÍMEROS RR1C-E","2013-02-01","***","***","***",0.91890000000000005,1.2961947615878484,1.2620222368983194]
["EMULSÕES ASF. MOD. POR POLÍMEROS RR1C-E","2013-03-01","***","***","***",0.96750000000000014,1.2785343681968764,1.2320034979589491]
["EMULSÕES ASF. MOD. POR POLÍMEROS RR1C-E","2013-04-01","***","***","***",1.0285,1.3772934016653446,1.3750945464933018]
["EMULSÕES ASF. MOD. POR POLÍMEROS RR1C-E","2013-05-01","***","***","***","***",1.2222535387697384,1.2222535387697384]
["EMULSÕES ASF. MOD. POR POLÍMEROS RR1C-E","2013-06-01","***","***","***",0.98640000000000005,1.3493719925751952,1.2816404837616318]
["EMULSÕES ASF. MOD. POR POLÍMEROS RR1C-E","2013-07-01","***","***","***",1.0881936094674556,1.356658311274215,1.3151271058787632]
["EMULSÕES ASF. MOD. POR POLÍMEROS RR1C-E","2013-08-01","***","***","***",1.2147699999999999,1.4131041855819868,1.3949340208498286]
["EMULSÕES ASF. MOD. POR POLÍMEROS RR1C-E","2013-09-01","***","***","***",1.2147699999999999,1.3382603515577278,1.333418729604414]
["EMULSÕES ASF. MOD. POR POLÍMEROS RR1C-E","2013-10-01","***","***","***",0.98640000000000005,1.3498686242786846,1.3311813227886362]
["EMULSÕES ASF. MOD. POR POLÍMEROS RR1C-E","2013-11-01","***",1.1371,1.1243627332931967,"***",1.3890231741228432,1.3251647594077731]
["EMULSÕES ASF. MOD. POR POLÍMEROS RR1C-E","2013-12-01","***","***","***","***",1.2377026907518482,1.2377026907518482]
["EMULSÕES ASF. MOD. POR POLÍMEROS RR1C-E","2014-01-01","***","***","***",0.88609000000000004,1.492464633439583,1.3394014237747092]
["EMULSÕES ASF. MOD. POR POLÍMEROS RR1C-E","2014-02-01","***","***","***",0.91219010821831858,1.3450023594322116,1.2401260278189488]
["EMULSÕES ASF. MOD. POR POLÍMEROS RR1C-E","2014-03-01","***","***","***",0.88609000000000016,1.2881413866027975,1.1952639477242]
["EMULSÕES ASF. MOD. POR POLÍMEROS RR1C-E","2014-04-01","***",0.69880500000000001,"***","***",1.33587744476245,1.193676303245887]
["EMULSÕES ASF. MOD. POR POLÍMEROS RR1C-E","2014-05-01","***",0.69883000000000006,"***","***",1.4274492617893351,1.160821645941037]
["EMULSÕES ASF. MOD. POR POLÍMEROS RR1C-E","2014-06-01","***",1.2101000000000002,"***",1.0291581626794259,1.416564262951004,1.2981517399744122]
["EMULSÕES ASF. MOD. POR POLÍMEROS RR1C-E","2014-07-01","***","***","***",0.97659999999999991,1.4013279142111152,1.359663828971271]
["EMULSÕES ASF. MOD. POR POLÍMEROS RR1C-E","2014-08-01","***","***",0.99380000000000002,1.0403,1.4064825666864877,1.3386385248745702]
["EMULSÕES ASF. MOD. POR POLÍMEROS RR1C-E","2014-09-01","***","***",1.0986,"***",1.2727809775031684,1.16250550627761]
["EMULSÕES ASF. MOD. POR POLÍMEROS RR1C-E","2014-10-01","***",1.0541,1.2508047256097561,"***",1.1422639098250338,1.1857019033823695]
["EMULSÕES ASF. MOD. POR POLÍMEROS RR1C-E","2014-11-01","***","***",1.29,1.0286999999999999,1.1997449951987709,1.2493924208761955]
["EMULSÕES ASF. MOD. POR POLÍMEROS RR1C-E","2014-12-01","***","***","***",1.0915703237228125,1.3793299999999999,1.2257307559803445]
["EMULSÕES ASF. MOD. POR POLÍMEROS RR1C-E","2015-01-01","***","***","***","***",1.3566806261180679,1.3566806261180679]
["EMULSÕES ASF. MOD. POR POLÍMEROS RR1C-E","2015-02-01","***",0.84189499999999995,"***",1.1667799999999999,1.3580797239120261,1.0927276618218691]
["EMULSÕES ASF. MOD. POR POLÍMEROS RR1C-E","2015-03-01","***",0.84173999999999993,"***",1.0744,1.3492419251282051,1.1550382592100896]
["EMULSÕES ASF. MOD. POR POLÍMEROS RR1C-E","2015-04-01","***","***","***",1.1322899048407116,1.2765727014591823,1.2417830446927376]
["EMULSÕES ASF. MOD. POR POLÍMEROS RR1C-E","2015-05-01","***","***","***",1.4910199910487305,1.3793299999999999,1.4785693268221294]
["EMULSÕES ASF. MOD. POR POLÍMEROS RR1C-E","2015-06-01","***","***","***",1.511195382757059,1.2586558695652172,1.3759550627673749]
["EMULSÕES ASF. MOD. POR POLÍMEROS RR1C-E","2015-07-01","***","***","***","***",1.3793299999999999,1.3793299999999999]
["EMULSÕES ASF. MOD. POR POLÍMEROS RR1C-E","2015-08-01","***","***","***",1.3466977468014534,1.23388506063782,1.3077403024662635]
["EMULSÕES ASF. MOD. POR POLÍMEROS RR1C-E","2015-09-01","***",0.87291000000000007,"***",1.2148399999999999,1.3793299999999999,1.1499396191456512]
["EMULSÕES ASF. MOD. POR POLÍMEROS RR1C-E","2015-10-01","***","***","***",1.2048783021690352,1.3793299999999999,1.3286791889074681]
["EMULSÕES ASF. MOD. POR POLÍMEROS RR1C-E","2015-11-01","***","***","***",1.2925068755020082,1.36981,1.3159099495959676]
["EMULSÕES ASF. MOD. POR POLÍMEROS RR1C-E","2015-12-01","***","***","***","***",1.36981,1.36981]
["EMULSÕES ASF. MOD. POR POLÍMEROS RR1C-E","2016-01-01","***","***","***","***",1.36981,1.36981]
["EMULSÕES ASF. MOD. POR POLÍMEROS RR1C-E","2016-02-01","***","***","***",1.18509,"***",1.18509]
["EMULSÕES ASF. MOD. POR POLÍMEROS RR1C-E","2016-03-01","***","***","***","***",1.3213944886896696,1.3213944886896696]
["EMULSÕES ASF. MOD. POR POLÍMEROS RR1C-E","2016-04-01","***","***","***","***","***","***"]
["EMULSÕES ASF. MOD. POR POLÍMEROS RR1C-E","2016-05-01","***","***","***","***",1.5654028007392473,1.5654028007392473]
["EMULSÕES ASF. MOD. POR POLÍMEROS RR1C-E","2016-06-01","***",1.5429600000000001,"***","***",1.7995532328406263,1.7866094663702057]
["EMULSÕES ASF. MOD. POR POLÍMEROS RR1C-E","2016-07-01","***",1.5505199999999999,"***","***",1.6469692312661499,1.6368770044168683]
["EMULSÕES ASF. MOD. POR POLÍMEROS RR1C-E","2016-08-01","***",1.54278,1.8303900000000002,"***",1.4733203244773516,1.6138318346118841]
["EMULSÕES ASF. MOD. POR POLÍMEROS RR1C-E","2016-09-01","***","***",1.6471604452690167,1.4177454226587163,1.5427672301444044,1.5583943757046914]
["EMULSÕES ASF. MOD. POR POLÍMEROS RR1C-E","2016-10-01","***","***","***",1.4019699999999999,1.3774717203743552,1.3813139682609075]
["EMULSÕES ASF. MOD. POR POLÍMEROS RR1C-E","2016-11-01","***","***","***","***",1.46079,1.46079]
["EMULSÕES ASF. MOD. POR POLÍMEROS RR1C-E","2016-12-01","***","***","***",1.2174700000000001,1.352965263573904,1.3423573907195696]
["EMULSÕES ASF. MOD. POR POLÍMEROS RR1C-E","2017-01-01","***","***","***","***",1.4228301741364544,1.4228301741364544]
["EMULSÕES ASF. MOD. POR POLÍMEROS RR1C-E","2017-02-01","***","***","***","***",1.4239487032141369,1.4239487032141369]
["EMULSÕES ASF. MOD. POR POLÍMEROS RR1C-E","2017-03-01","***","***","***","***",1.46079,1.46079]
["EMULSÕES ASF. MOD. POR POLÍMEROS RR1C-E","2017-04-01","***","***","***",1.0603,1.4627893591772152,1.3155118281496345]
["EMULSÕES ASF. MOD. POR POLÍMEROS RR1C-E","2017-05-01","***","***","***","***",1.46079,1.46079]
["EMULSÕES ASF. MOD. POR POLÍMEROS RR1C-E","2017-06-01","***","***","***","***",1.3958724687679083,1.3958724687679083]
["EMULSÕES ASF. MOD. POR POLÍMEROS RR1C-E","2017-07-01","***","***",1.2437,"***",1.4303691989664082,1.4042820566347733]
["EMULSÕES ASF. MOD. POR POLÍMEROS RR1C-E","2017-08-01","***","***","***",1.3461000000000001,1.3415985993015487,1.3420480318458277]
["EMULSÕES ASF. MOD. POR POLÍMEROS RR1C-E","2017-09-01","***","***",1.1777,1.2202436390408078,1.3167783982930299,1.2706298457511973]
["EMULSÕES ASF. MOD. POR POLÍMEROS RR1C-E","2017-10-01","***","***","***","***",1.3109794191958095,1.3109794191958095]
["EMULSÕES ASF. MOD. POR POLÍMEROS RR1C-E","2017-11-01","***","***","***","***",1.4324767785977859,1.4324767785977859]
["EMULSÕES ASF. MOD. POR POLÍMEROS RR1C-E","2017-12-01","***","***","***",1.15527,1.4390455897126784,1.3784607569532237]
["EMULSÕES ASF. MOD. POR POLÍMEROS RR1C-E","2018-01-01","***","***","***","***",1.4603554817944078,1.4603554817944078]
["EMULSÕES ASF. MOD. POR POLÍMEROS RR1C-E","2018-02-01","***","***","***","***",1.4585830151350283,1.4585830151350283]
["EMULSÕES ASF. MOD. POR POLÍMEROS RR1C-E","2018-03-01","***","***","***",1.2067075301327888,1.458595689166194,1.3936979293647036]
["EMULSÕES ASF. MOD. POR POLÍMEROS RR1C-E","2018-04-01","***","***","***",1.1761542709077912,1.4617748744664825,1.4191071516284035]
["EMULSÕES ASF. MOD. POR POLÍMEROS RR1C-E","2018-05-01","***","***",1.4948399999999999,1.2908318100890206,1.4715571388281747,1.4597138328496808]
["EMULSÕES ASF. MOD. POR POLÍMEROS RR1C-E","2018-06-01","***",1.57789,"***",1.63083,1.5913585134489894,1.5971873122866893]
["EMULSÕES ASF. MOD. POR POLÍMEROS RR1C-E","2018-07-01","***",1.57789,"***",1.6081463063707946,1.6020399365973932,1.604608451765235]
["EMULSÕES ASF. MOD. POR POLÍMEROS RR1C-E","2018-08-01","***","***","***",1.6742313674898635,1.6369256078100065,1.6444978452790662]
["EMULSÕES ASF. MOD. POR POLÍMEROS RR1C-E","2018-09-01","***","***",2.2341700000000002,1.8784508130081299,1.4692400000000003,1.8123022041166381]
["EMULSÕES ASF. MOD. POR POLÍMEROS RR1C-E","2018-10-01","***","***",2.2341700000000007,1.8489347157668929,1.4692400000000001,1.9321701432588034]
["EMULSÕES ASF. MOD. POR POLÍMEROS RR1C-E","2018-11-01","***","***","***","***","***","***"]
["EMULSÕES ASF. MOD. POR POLÍMEROS RR1C-E","2018-12-01","***","***","***","***",2.2082000000000002,2.2082000000000002]
["EMULSÕES ASF. MOD. POR POLÍMEROS RR1C-E","2019-01-01","***","***","***","***",2.3943699999999999,2.3943699999999999]
["EMULSÕES ASF. MOD. POR POLÍMEROS RR1C-E","2019-02-01","***","***",2.46007,"***",2.53078,2.4793220260408027]
["EMULSÕES ASF. MOD. POR POLÍMEROS RR1C-E","2019-03-01","***","***","***",2.2281200000000001,"***",2.2281200000000001]
["EMULSÕES ASF. MOD. POR POLÍMEROS RR1C-E","2019-04-01","***","***",2.46007,"***","***",2.46007]
["EMULSÕES ASF. MOD. POR POLÍMEROS RR1C-E","2019-05-01","***",2.2618,2.6475246147296718,"***",2.1901099999999998,2.4639514823187469]
["EMULSÕES ASF. MOD. POR POLÍMEROS RR1C-E","2019-06-01","***",2.2618200000000002,2.64662,"***",2.2395700000000001,2.4087667156105104]
["EMULSÕES ASF. MOD. POR POLÍMEROS RR1C-E","2019-07-01","***",2.3224532118504584,2.692232426398244,"***",2.1904599999999994,2.5693675399125349]
["EMULSÕES ASF. MOD. POR POLÍMEROS RR1C-E","2019-08-01","***",2.1289699999999998,2.6324100000000001,2.1677650925181013,2.173538428860418,2.3804612869449966]
["EMULSÕES ASF. MOD. POR POLÍMEROS RR1C-E","2019-09-01","***",2.1289799999999999,2.5795499999999998,2.1032899999999999,"***",2.3751069315023705]
["EMULSÕES ASF. MOD. POR POLÍMEROS RR1C-E","2019-10-01","***","***","***",2.1116279485820302,"***",2.1116279485820302]
["EMULSÕES ASF. MOD. POR POLÍMEROS RR1C-E","2019-11-01","***","***","***",2.2421600000000002,2.2077649072512644,2.2182431496247657]
["EMULSÕES ASF. MOD. POR POLÍMEROS RR1C-E","2019-12-01","***","***","***",2.0493600000000001,2.23848,2.1376642896935931]
["EMULSÕES ASF. MOD. POR POLÍMEROS RR1C-E","2020-01-01","***","***","***",2.2421799999999998,"***",2.2421799999999998]
["EMULSÕES ASF. MOD. POR POLÍMEROS RR1C-E","2020-02-01","***","***","***",2.1088,"***",2.1088]
["EMULSÕES ASF. MOD. POR POLÍMEROS RR1C-E","2020-03-01","***","***","***",2.1085400000000001,"***",2.1085400000000001]
["EMULSÕES ASF. MOD. POR POLÍMEROS RR1C-E","2020-04-01","***","***","***","***","***","***"]
["EMULSÕES ASF. MOD. POR POLÍMEROS RR1C-E","2020-05-01","***","***","***","***","***","***"]
["EMULSÕES ASF. MOD. POR POLÍMEROS RR1C-E","2020-06-01","***","***","***",2.3820000000000001,2.1860900000000001,2.2816695335129675]
["EMULSÕES ASF. MOD. POR POLÍMEROS RR1C-E","2020-07-01","***",1.85456,"***","***","***",1.85456]
["EMULSÕES ASF. MOD. POR POLÍMEROS RR1C-E","2020-08-01","***",1.9805600000000001,"***",2.0933593915211968,2.2533301575286413,2.1754737822436656]
["EMULSÕES ASF. MOD. POR POLÍMEROS RR1C-E","2020-09-01","***",1.9805600000000001,"***","***",1.2230786132407789,1.3531633213910281]
["EMULSÕES ASF. MOD. POR POLÍMEROS RR1C-E","2020-10-01","***",2.1169909623430962,"***","***",2.08819,2.1075862479679204]
["EMULSÕES ASF. MOD. POR POLÍMEROS RR1C-E","2020-11-01","***",2.016,"***","***",2.2705299999999999,2.1381327000630121]
["EMULSÕES ASF. MOD. POR POLÍMEROS RR1C-E","2020-12-01","***","***","***","***","***","***"]
["EMULSÕES ASF. MOD. POR POLÍMEROS RR1C-E","2021-01-01","***",2.016,"***","***",2.2397499999999999,2.1207387144259076]
["EMULSÕES ASF. MOD. POR POLÍMEROS RR1C-E","2021-02-01","***","***","***","***",2.45947,2.45947]
["EMULSÕES ASF. MOD. POR POLÍMEROS RR1C-E","2021-03-01","***","***","***","***",2.4467150647058822,2.4467150647058822]
["EMULSÕES ASF. MOD. POR POLÍMEROS RR1C-E","2021-04-01","***",2.6312000000000002,"***","***",2.4843189884064558,2.5237445584566771]
["EMULSÕES ASF. MOD. POR POLÍMEROS RR1C-E","2021-05-01","***","***","***","***",3.0254984626267389,3.0254984626267389]
["EMULSÕES ASF. MOD. POR POLÍMEROS RR1C-E","2021-06-01","***",3.0931999999999999,"***","***",2.8313657222770647,2.9601596438722622]
["EMULSÕES ASF. MOD. POR POLÍMEROS RR1C-E","2021-07-01","***","***","***",2.7347000000000001,3.0211000000000006,2.905569544171037]
["EMULSÕES ASF. MOD. POR POLÍMEROS RR1C-E","2021-08-01","***",2.9802499999999998,"***",2.7554599999999998,3.2498544636678197,3.1036280487486962]
["EMULSÕES ASF. MOD. POR POLÍMEROS RR1C-E","2021-09-01","***","***","***",3.0580465818547036,3.2546388999999998,3.1237672141742809]
["EMULSÕES ASF. MOD. POR POLÍMEROS RR1C-E","2021-10-01","***",3.0279400000000001,"***",3.3371881557177616,3.3223293691037732,3.2822440990080821]
["EMULSÕES ASF. MOD. POR POLÍMEROS RR1C-E","2021-11-01","***","***","***",3.1308131578947371,3.7197956847230675,3.47853083363277]
["EMULSÕES ASF. MOD. POR POLÍMEROS RR1C-E","2021-12-01","***",3.3168799999999998,"***",3.3643000000000001,3.6635167755385685,3.4848407662236118]
["EMULSÕES ASF. MOD. POR POLÍMEROS RR1C-E","2022-01-01","***","***","***","***",3.6922630674157308,3.6922630674157308]
["EMULSÕES ASF. MOD. POR POLÍMEROS RR1C-E","2022-02-01","***","***","***","***",3.9474800000000001,3.9474800000000001]
["EMULSÕES ASF. MOD. POR POLÍMEROS RR1C-E","2022-03-01","***","***","***","***",3.8811136250816451,3.8811136250816451]
["EMULSÕES ASF. MOD. POR POLÍMEROS RR1C-E","2022-04-01","***","***","***","***",3.9067799999999995,3.9067799999999995]
["EMULSÕES ASF. MOD. POR POLÍMEROS RR1C-E","2022-05-01","***",3.5609299999999999,"***","***",3.7803658879113717,3.7113541098950198]
["EMULSÕES ASF. MOD. POR POLÍMEROS RR1C-E","2022-06-01","***","***","***","***",3.7705199999999994,3.7705199999999994]
["EMULSÕES ASF. MOD. POR POLÍMEROS RR1C-E","2022-07-01","***",3.5950899999999999,"***","***",3.5305297726188587,3.5423670718088558]
["EMULSÕES ASF. MOD. POR POLÍMEROS RR1C-E","2022-08-01","***",3.78295,"***","***",3.2968199999999999,3.561594833625219]
["EMULSÕES ASF. MOD. POR POLÍMEROS RR1C-E","2022-09-01","***",3.7488000000000001,"***","***",3.20791,3.6752980429128743]
["EMULSÕES ASF. MOD. POR POLÍMEROS RR1C-E","2022-10-01","***",3.1893699999999998,"***","***",2.9241795302445301,3.0617632528255148]
["EMULSÕES ASF. MOD. POR POLÍMEROS RR1C-E","2022-11-01","***","***","***","***",3.2838170199370409,3.2838170199370409]
["EMULSÕES ASF. MOD. POR POLÍMEROS RR1C-E","2022-12-01","***","***","***","***",2.9880399999999998,2.9880399999999998]
["EMULSÕES ASF. MOD. POR POLÍMEROS RR1C-E","2023-01-01","***",3.0318700000000001,"***","***",3.3519600000000001,3.1779847808132149]
["EMULSÕES ASF. MOD. POR POLÍMEROS RR1C-E","2023-02-01","***","***","***","***",2.7701099999999999,2.7701099999999999]
["EMULSÕES ASF. MOD. POR POLÍMEROS RR1C-E","2023-03-01","***",2.9674399999999999,"***","***","***",2.9674399999999999]
["EMULSÕES ASF. MOD. POR POLÍMEROS RR1C-E","2023-04-01","***","***","***","***","***","***"]
["EMULSÕES ASF. MOD. POR POLÍMEROS RR1C-E","2023-05-01","***","***","***","***",3.4115480763116057,3.4115480763116057]
["EMULSÕES ASF. MOD. POR POLÍMEROS RR1C-E","2023-06-01","***","***","***","***","***","***"]
["EMULSÕES ASF. MOD. POR POLÍMEROS RR1C-E","2023-07-01","***","***","***",5.9894999999999996,2.43187,2.5307617303683112]
["EMULSÕES ASF. MOD. POR POLÍMEROS RR1C-E","2023-08-01","***","***","***",2.4742999999999999,1.8361637363966146,2.2469244334338647]
["EMULSÕES ASF. MOD. POR POLÍMEROS RR1C-E","2023-09-01","***",2.8280068670711529,3.5404,2.5739200000000002,2.7266699999999995,2.9644456129156995]
["EMULSÕES ASF. MOD. POR POLÍMEROS RR1C-E","2023-10-01","***",3.1496900000000001,3.5404000000000004,2.32484,2.7266699999999999,3.171523038360057]
["EMULSÕES ASF. MOD. POR POLÍMEROS RR1C-E","2023-11-01","***","***",3.5937000000000001,"***","***",3.5937000000000001]
["EMULSÕES ASF. MOD. POR POLÍMEROS RR1C-E","2023-12-01","***","***",3.69353,"***",2.7507700000000002,3.4187292293349909]
["EMULSÕES ASF. MOD. POR POLÍMEROS RR1C-E","2024-01-01","***","***",3.4829799999999995,2.3956599999999999,2.7116099999999999,2.9643051687270296]
["EMULSÕES ASF. MOD. POR POLÍMEROS RR1C-E","2024-02-01","***","***",3.3849799999999997,"***",2.7115999999999998,3.3452766106989458]
["EMULSÕES ASF. MOD. POR POLÍMEROS RR1C-E","2024-03-01","***","***","***",2.3956599999999999,2.8766428506047728,2.752864792425346]
["EMULSÕES ASF. MOD. POR POLÍMEROS RR1C-E","2024-04-01","***",2.6120399999999999,"***",2.3956599999999999,2.97343,2.7620548537647793]
["EMULSÕES ASF. MOD. POR POLÍMEROS RR1C-E","2024-05-01","***",2.6284863136363636,"***",2.8270299999999997,"***",2.672930119950609]
["EMULSÕES ASF. MOD. POR POLÍMEROS RR1C-E","2024-06-01","***","***","***","***","***","***"]
["EMULSÕES ASF. MOD. POR POLÍMEROS RR1C-E","2024-07-01","***","***","***","***",2.8773123670605614,2.8773123670605614]
["EMULSÕES ASF. MOD. POR POLÍMEROS RR1C-E","2024-08-01","***",3.3524500000000002,3.6468841953830706,"***",3.075763583391486,3.3662329281418168]
["EMULSÕES ASF. MOD. POR POLÍMEROS RR1C-E","2024-09-01","***","***",3.7207499999999998,"***",3.4570161630128724,3.4868635044145191]
["EMULSÕES ASF. MOD. POR POLÍMEROS RR1C-E","2024-10-01","***",3.3523700000000001,4.0002599999999999,"***",3.1093099999999998,3.2416887218225421]
["EMULSÕES ASF. MOD. POR POLÍMEROS RR1C-E","2024-11-01","***",3.3391960639606397,3.7207499999999998,"***",3.1093099999999998,3.3820067833001985]
["EMULSÕES ASF. MOD. POR POLÍMEROS RR1C-E","2024-12-01","***",3.4178799999999998,"***","***",3.25468,3.3824729726715002]
["EMULSÕES ASF. MOD. POR POLÍMEROS RR1C-E","2025-01-01","***","***","***",3.5070170639129223,3.253410493753718,3.4260306193009118]
["EMULSÕES ASF. MOD. POR POLÍMEROS RR1C-E","2025-02-01","***","***","***",3.8115000000000006,3.3789600000000006,3.6260719007184856]
["EMULSÕES ASF. MOD. POR POLÍMEROS RR1C-E","2025-03-01","***","***","***","***",3.3789600000000002,3.3789600000000002]
["EMULSÕES ASF. MOD. POR POLÍMEROS RR1C-E","2025-04-01","***","***",3.0000200000000001,3.5822424512329776,"***",3.4003992457605667]
["EMULSÕES ASF. MOD. POR POLÍMEROS RR1C-E","2025-05-01","***","***","***","***","***","***"]
["EMULSÕES ASF. MOD. POR POLÍMEROS RR1C-E","2025-06-01","***","***",3.7879999999999998,"***",2.8856046171171172,3.3521577544677541]
["EMULSÕES ASF. MOD. POR POLÍMEROS RR1C-E","2025-07-01","***","***",3.678727632352941,2.9089325895706821,2.8917304384250211,3.0789353329608273]
["EMULSÕES ASF. MOD. POR POLÍMEROS RR2C-E","2009-12-01","***",0.91073000000000015,1.3482015124576889,0.97463384143280862,1.064896808041341,1.1251529238674067]
["EMULSÕES ASF. MOD. POR POLÍMEROS RR2C-E","2010-01-01","***",0.9693552443572403,1.3844562371787055,0.99360614972778138,1.1459363248461107,1.0605545362413358]
["EMULSÕES ASF. MOD. POR POLÍMEROS RR2C-E","2010-02-01","***",0.97387734613893795,1.3294654088567808,1.0191973787735122,1.0289061801553787,1.0252560058556988]
["EMULSÕES ASF. MOD. POR POLÍMEROS RR2C-E","2010-03-01","***",0.98538961557897331,1.3563176982107437,0.98313385779847928,1.0331116510426284,1.0211207741717185]
["EMULSÕES ASF. MOD. POR POLÍMEROS RR2C-E","2010-04-01","***",1.0259216150962451,1.363112940816396,1.0063451527980307,1.0375686460852214,1.0555331596185491]
["EMULSÕES ASF. MOD. POR POLÍMEROS RR2C-E","2010-05-01","***",1.0057743738571969,1.3778442603518921,1.0196485259137658,1.0109797276414916,1.1181722303374833]
["EMULSÕES ASF. MOD. POR POLÍMEROS RR2C-E","2010-06-01","***",1.0022666921185934,1.2876981818851252,0.99832096772613732,1.0424317771402385,1.0345939802202011]
["EMULSÕES ASF. MOD. POR POLÍMEROS RR2C-E","2010-07-01","***",1.0264999339416405,1.3213210761356364,0.9937038466277921,1.1646360662251656,1.0389420277703152]
["EMULSÕES ASF. MOD. POR POLÍMEROS RR2C-E","2010-08-01","***",1.0369185782919894,1.4376747133548193,0.95222752554253143,1.0748169951194884,1.0824424827087062]
["EMULSÕES ASF. MOD. POR POLÍMEROS RR2C-E","2010-09-01","***",0.97521682852227098,1.284456580863675,0.90286433857443882,1.1372663272397643,1.0656619840078314]
["EMULSÕES ASF. MOD. POR POLÍMEROS RR2C-E","2010-10-01","***",1.0427381205244024,1.2049290652502616,0.9658636812946495,1.0085314037626629,1.0329083311998859]
["EMULSÕES ASF. MOD. POR POLÍMEROS RR2C-E","2010-11-01","***",0.91288663384184887,1.173975467309712,0.9772618361117632,0.92572641885164297,0.99952363154160029]
["EMULSÕES ASF. MOD. POR POLÍMEROS RR2C-E","2010-12-01","***",0.91350776287425162,1.1860042742062866,0.93655554129965091,0.96251999999999993,0.97345868233789057]
["EMULSÕES ASF. MOD. POR POLÍMEROS RR2C-E","2011-01-01","***",0.876990195129566,1.2326601670275286,0.91837124792013314,0.93761864041003506,0.91315001623483461]
["EMULSÕES ASF. MOD. POR POLÍMEROS RR2C-E","2011-02-01","***",0.89596164658059729,"***",0.90391722854893719,0.94078084950949714,0.90510198348277504]
["EMULSÕES ASF. MOD. POR POLÍMEROS RR2C-E","2011-03-01","***",1.0425603096774194,1.14266,0.98263565344722392,0.94076174903193643,0.9816808458299825]
["EMULSÕES ASF. MOD. POR POLÍMEROS RR2C-E","2011-04-01","***",1.01892,"***",0.97933343078801793,0.93411320802130937,0.95512094993801011]
["EMULSÕES ASF. MOD. POR POLÍMEROS RR2C-E","2011-05-01","***","***",1.103676260861076,0.95844269973168883,0.92870896473853837,0.96062016096050473]
["EMULSÕES ASF. MOD. POR POLÍMEROS RR2C-E","2011-06-01","***",0.99434,1.1807970560446639,0.92473898881155314,0.94270465618153876,0.95531757880039658]
["EMULSÕES ASF. MOD. POR POLÍMEROS RR2C-E","2011-07-01","***",0.90549999999999997,1.1593346519079522,0.93690198653198642,0.93796602834577514,0.94844019907287991]
["EMULSÕES ASF. MOD. POR POLÍMEROS RR2C-E","2011-08-01","***",0.92192640057361386,1.327846235047478,0.90058197635880433,0.92986433260393864,0.95617189469650299]
["EMULSÕES ASF. MOD. POR POLÍMEROS RR2C-E","2011-09-01","***",1.0188999999999999,1.1825332688664352,0.92010725501388058,0.9220801830014187,1.0228430709444361]
["EMULSÕES ASF. MOD. POR POLÍMEROS RR2C-E","2011-10-01","***",1.0291999999999999,1.0211078098343551,0.85278281905381259,0.92233270840917359,0.95865456752187295]
["EMULSÕES ASF. MOD. POR POLÍMEROS RR2C-E","2011-11-01","***",1.0167213758947895,1.0572052130504548,0.90260209552904258,0.92230285534591205,1.0027919387519557]
["EMULSÕES ASF. MOD. POR POLÍMEROS RR2C-E","2011-12-01","***",0.94254161410853743,1.0198442419911584,0.94580500523012556,1.1406720837777564,1.0085832770758691]
["EMULSÕES ASF. MOD. POR POLÍMEROS RR2C-E","2012-01-01","***","***","***",0.9499488425345044,1.2959912,1.1457807584164481]
["EMULSÕES ASF. MOD. POR POLÍMEROS RR2C-E","2012-02-01","***","***",0.98616999999999999,1.0596629093476917,0.94771054271896815,1.0062128911593347]
["EMULSÕES ASF. MOD. POR POLÍMEROS RR2C-E","2012-03-01","***",0.91441830903887122,1.0160555699824882,1.0271862132034633,0.90274780667088217,0.96543823815209251]
["EMULSÕES ASF. MOD. POR POLÍMEROS RR2C-E","2012-04-01","***",0.99975758325430164,1.05167816441304,0.9940148131642097,0.81271701976143851,1.0328483323763917]
["EMULSÕES ASF. MOD. POR POLÍMEROS RR2C-E","2012-05-01","***",0.98930999999999991,1.0695710716912474,1.0661405811192766,0.93174103713188206,1.0610959913579545]
["EMULSÕES ASF. MOD. POR POLÍMEROS RR2C-E","2012-06-01","***",0.97567027619602753,1.1183954334854334,0.91789838738596219,0.97188565734164367,1.0730589498780974]
["EMULSÕES ASF. MOD. POR POLÍMEROS RR2C-E","2012-07-01","***",0.99142832561166061,1.1495598031692607,1.0006129988552921,0.77495000000000003,1.1135641637742253]
["EMULSÕES ASF. MOD. POR POLÍMEROS RR2C-E","2012-08-01","***",1.0083846462076642,1.1776659524165074,0.98261376747216311,0.85809412330634183,1.1299888137170995]
["EMULSÕES ASF. MOD. POR POLÍMEROS RR2C-E","2012-09-01","***",1.01586,1.172634867365008,0.87997914575666325,0.77495000000000014,1.1052008701795699]
["EMULSÕES ASF. MOD. POR POLÍMEROS RR2C-E","2012-10-01","***",1.01586,1.203518780900759,0.88132266274238213,0.77495000000000003,1.137102065849193]
["EMULSÕES ASF. MOD. POR POLÍMEROS RR2C-E","2012-11-01","***","***",1.2074963172320901,0.92897941839525133,0.77495000000000003,1.1241170972860712]
["EMULSÕES ASF. MOD. POR POLÍMEROS RR2C-E","2012-12-01","***",1.0310619154360261,1.2244743826645097,1.0867397145669291,0.77495000000000003,1.1109499297330991]
["EMULSÕES ASF. MOD. POR POLÍMEROS RR2C-E","2013-01-01","***",1.0207094422503427,1.1639900000000001,1.0191901817257594,0.77495000000000003,1.013285423148409]
["EMULSÕES ASF. MOD. POR POLÍMEROS RR2C-E","2013-02-01","***",1.040408108127854,1.165595168539326,1.1213133277832004,1.0846,1.0797058632227987]
["EMULSÕES ASF. MOD. POR POLÍMEROS RR2C-E","2013-03-01","***",1.0459037408031204,1.1457691854185419,1.0427425733936193,1.0860000000000001,1.0559334668384242]
["EMULSÕES ASF. MOD. POR POLÍMEROS RR2C-E","2013-04-01","***",1.0450615067519549,1.1722468467797387,1.0734656618705036,1.0851999999999997,1.092194868944506]
["EMULSÕES ASF. MOD. POR POLÍMEROS RR2C-E","2013-05-01","***",1.01586,1.1956835689441176,1.0189430222145688,1.0874811502376021,1.1725298780805569]
["EMULSÕES ASF. MOD. POR POLÍMEROS RR2C-E","2013-06-01","***",1.0707762262568159,1.1652365414842842,1.1324555936282374,"***",1.1568578755605823]
["EMULSÕES ASF. MOD. POR POLÍMEROS RR2C-E","2013-07-01","***",1.0465773569595673,1.1494511240295302,1.3725700000000001,0.9502744302949061,1.1296285660121443]
["EMULSÕES ASF. MOD. POR POLÍMEROS RR2C-E","2013-08-01",1.1894199999999999,1.0682611078346165,1.2315269669972844,1.0074673948480148,1.0851182650862068,1.1654649484550903]
["EMULSÕES ASF. MOD. POR POLÍMEROS RR2C-E","2013-09-01",1.1894199999999999,1.1440045906870879,1.2528628579577101,1.1019623604142199,1.0836609482620536,1.2098457782846987]
["EMULSÕES ASF. MOD. POR POLÍMEROS RR2C-E","2013-10-01",1.1894199999999999,1.0918590735436384,1.1911388203371553,1.0903726192209227,1.1026447060664544,1.1513442354059602]
["EMULSÕES ASF. MOD. POR POLÍMEROS RR2C-E","2013-11-01",1.1894199999999999,1.15428960458881,1.2205610993447065,1.0669682677895014,1.1345570929139241,1.1729076354105372]
["EMULSÕES ASF. MOD. POR POLÍMEROS RR2C-E","2013-12-01","***",1.2668440149370954,1.1935266914065994,0.98873296904943175,1.1240429736243138,1.1748054077038796]
["EMULSÕES ASF. MOD. POR POLÍMEROS RR2C-E","2014-01-01","***",1.247356749397867,1.2159570565571851,1.0686530727242818,1.1165981920427386,1.1783926418801733]
["EMULSÕES ASF. MOD. POR POLÍMEROS RR2C-E","2014-02-01","***",1.0548471918307802,1.261290915991903,1.0574515916557639,0.95132467546754673,1.1015334699168118]
["EMULSÕES ASF. MOD. POR POLÍMEROS RR2C-E","2014-03-01","***",1.0546396102592919,1.2107343531041335,1.032502960412818,"***",1.1093446478087736]
["EMULSÕES ASF. MOD. POR POLÍMEROS RR2C-E","2014-04-01","***",1.0544453727266359,1.2595154955199335,1.0732031631384593,1.1143799999999999,1.1711471907965776]
["EMULSÕES ASF. MOD. POR POLÍMEROS RR2C-E","2014-05-01","***",1.0572356763041122,1.2224131289725235,1.0642879506616005,1.0906,1.1427100535994106]
["EMULSÕES ASF. MOD. POR POLÍMEROS RR2C-E","2014-06-01","***",1.0127070776406544,1.2330664120299948,1.0569769532179196,0.99095999999999984,1.1457222562331786]
["EMULSÕES ASF. MOD. POR POLÍMEROS RR2C-E","2014-07-01","***",1.0610044606223692,1.1877229535623102,1.0339776766346456,0.96319894476385837,1.1296284937685945]
["EMULSÕES ASF. MOD. POR POLÍMEROS RR2C-E","2014-08-01","***",1.185060196115338,1.1631348804929769,1.1093563689436654,1.3945000000000001,1.1599434439559446]
["EMULSÕES ASF. MOD. POR POLÍMEROS RR2C-E","2014-09-01","***",1.2859173625880433,1.2292168192483086,1.0394028159546929,1.0980686474501107,1.209428199373332]
["EMULSÕES ASF. MOD. POR POLÍMEROS RR2C-E","2014-10-01","***",1.2075999888220745,1.140759223294723,1.0200284186428414,1.0012025230615806,1.1319441142669944]
["EMULSÕES ASF. MOD. POR POLÍMEROS RR2C-E","2014-11-01","***",1.2097424733375719,1.1481782517951935,1.0805822762439319,1.006739234411997,1.1508560082074619]
["EMULSÕES ASF. MOD. POR POLÍMEROS RR2C-E","2014-12-01","***",1.4203582304245668,1.2656279883147512,1.2965096950456951,1.1009080576093655,1.3043207249647133]
["EMULSÕES ASF. MOD. POR POLÍMEROS RR2C-E","2015-01-01","***",1.89,"***",1.3687025589586521,"***",1.6658315727895341]
["EMULSÕES ASF. MOD. POR POLÍMEROS RR2C-E","2015-02-01","***","***","***",1.3240290071954077,1.474788650100739,1.3532830774744249]
["EMULSÕES ASF. MOD. POR POLÍMEROS RR2C-E","2015-03-01","***",1.3440993359992559,1.5022999999999997,1.3077129657664694,1.4598499999999999,1.348052529738436]
["EMULSÕES ASF. MOD. POR POLÍMEROS RR2C-E","2015-04-01","***",1.7966579515744003,1.4824299999999999,1.3020135980583167,1.1632354545454546,1.4613749808653618]
["EMULSÕES ASF. MOD. POR POLÍMEROS RR2C-E","2015-05-01","***","***",1.4736734340949034,1.3437811129980404,1.0866682456631225,1.3685169804060329]
["EMULSÕES ASF. MOD. POR POLÍMEROS RR2C-E","2015-06-01","***",2.0246,1.4221099980919669,1.2850635255712732,1.1362413661971831,1.3419107360259646]
["EMULSÕES ASF. MOD. POR POLÍMEROS RR2C-E","2015-07-01","***",1.3040171705137751,1.2050277566137566,1.2723727289889981,1.0527027375603262,1.2187224509803922]
["EMULSÕES ASF. MOD. POR POLÍMEROS RR2C-E","2015-08-01","***","***",1.4304241234287407,1.2877805560334372,1.1832146505829233,1.3109193235217733]
["EMULSÕES ASF. MOD. POR POLÍMEROS RR2C-E","2015-09-01","***","***",1.3681639026177814,1.3284410235816815,1.1654292899767371,1.335152918025774]
["EMULSÕES ASF. MOD. POR POLÍMEROS RR2C-E","2015-10-01","***",1.9799999999999998,1.5313464230925111,1.3928056922388734,1.4202399999999999,1.584727438826778]
["EMULSÕES ASF. MOD. POR POLÍMEROS RR2C-E","2015-11-01","***",2.1295271177074286,1.7236552366822102,1.4988003398917344,"***",1.8252301252129475]
["EMULSÕES ASF. MOD. POR POLÍMEROS RR2C-E","2015-12-01","***",1.9659285604345857,1.5857699999999999,1.4862204200749829,"***",1.652229903089335]
["EMULSÕES ASF. MOD. POR POLÍMEROS RR2C-E","2016-01-01","***","***",2.39249,1.4319490265136525,"***",1.7155483694338571]
["EMULSÕES ASF. MOD. POR POLÍMEROS RR2C-E","2016-02-01","***","***",2.3908767881241566,1.3519587282764263,"***",1.4472652318167751]
["EMULSÕES ASF. MOD. POR POLÍMEROS RR2C-E","2016-03-01","***",1.53504,1.70774,1.4605829949832776,"***",1.4744193261511012]
["EMULSÕES ASF. MOD. POR POLÍMEROS RR2C-E","2016-04-01","***",1.7567199999999998,1.73264,1.5643557069314213,1.6958915113937467,1.6604180378746218]
["EMULSÕES ASF. MOD. POR POLÍMEROS RR2C-E","2016-05-01","***","***",1.5669751288304525,1.5305542446460139,1.6832552074891716,1.5599606403859498]
["EMULSÕES ASF. MOD. POR POLÍMEROS RR2C-E","2016-06-01","***","***",1.7023000640934001,1.5752502187631467,1.7093499999999997,1.6420744232150213]
["EMULSÕES ASF. MOD. POR POLÍMEROS RR2C-E","2016-07-01","***",1.5349599999999999,1.7126558824373053,1.5713038020383485,1.7058176536976537,1.6696668943707345]
["EMULSÕES ASF. MOD. POR POLÍMEROS RR2C-E","2016-08-01","***",1.5955299999999999,1.7508424629029866,1.6220628054342554,1.5319,1.695470408260968]
["EMULSÕES ASF. MOD. POR POLÍMEROS RR2C-E","2016-09-01","***",1.5374365511684127,1.6296106844046365,1.4705299722778378,1.4302934942495409,1.5485389053409508]
["EMULSÕES ASF. MOD. POR POLÍMEROS RR2C-E","2016-10-01","***",1.4657620751931499,1.4807369928755811,1.3314506740681997,1.4036390572890349,1.4397881801451071]
["EMULSÕES ASF. MOD. POR POLÍMEROS RR2C-E","2016-11-01","***",1.090746839641404,1.5489556537348004,1.3344953175813008,1.4941367172157973,1.3178127690310013]
["EMULSÕES ASF. MOD. POR POLÍMEROS RR2C-E","2016-12-01","***",1.1544616635543106,1.9311799999999999,1.343578928332217,"***",1.3351411672017202]
["EMULSÕES ASF. MOD. POR POLÍMEROS RR2C-E","2017-01-01","***",1.1538758823529411,"***",1.6008604170950214,1.5232481154059552,1.3988085043731777]
["EMULSÕES ASF. MOD. POR POLÍMEROS RR2C-E","2017-02-01","***",1.440448807243601,1.8829,1.3443576271186441,1.5224090422840622,1.4582330549979927]
["EMULSÕES ASF. MOD. POR POLÍMEROS RR2C-E","2017-03-01","***",1.4158900000000003,"***",1.4039715027437738,"***",1.4124174972328132]
["EMULSÕES ASF. MOD. POR POLÍMEROS RR2C-E","2017-04-01","***",1.4214227784346181,1.8724564568720381,1.6077348575387025,1.4981199999999999,1.5939213083599815]
["EMULSÕES ASF. MOD. POR POLÍMEROS RR2C-E","2017-05-01","***",1.4158900000000001,1.7492685177579828,1.3593678427152318,1.5034797092731831,1.597873081179884]
["EMULSÕES ASF. MOD. POR POLÍMEROS RR2C-E","2017-06-01","***",1.5218350415361568,1.7301512805636137,1.4325360549943884,1.4430000000000003,1.6799273818390517]
["EMULSÕES ASF. MOD. POR POLÍMEROS RR2C-E","2017-07-01","***",1.4831199999999998,1.6837631773108475,1.3304094357480889,1.3904146926833987,1.6380343919322031]
["EMULSÕES ASF. MOD. POR POLÍMEROS RR2C-E","2017-08-01","***",1.4828600000000001,1.4776571773016869,1.359223122395941,1.3949024939505525,1.46554936367542]
["EMULSÕES ASF. MOD. POR POLÍMEROS RR2C-E","2017-09-01","***",1.49241,1.5819643448284988,1.4225914688869412,1.3872618577871605,1.5637850130410551]
["EMULSÕES ASF. MOD. POR POLÍMEROS RR2C-E","2017-10-01","***","***",1.7548139726581242,1.5386678454267446,1.4028317361777516,1.7274472661327334]
["EMULSÕES ASF. MOD. POR POLÍMEROS RR2C-E","2017-11-01","***",1.6607000000000001,1.8019497802632578,2.0248467509831012,1.5366294498480246,1.772521303658251]
["EMULSÕES ASF. MOD. POR POLÍMEROS RR2C-E","2017-12-01","***",1.71302,1.6872102291982518,1.6093306759276524,1.5150585572404436,1.6490958815513532]
["EMULSÕES ASF. MOD. POR POLÍMEROS RR2C-E","2018-01-01","***",1.7705200000000001,1.7122480652854377,1.6568882694928084,1.723098764984667,1.7068311488104142]
["EMULSÕES ASF. MOD. POR POLÍMEROS RR2C-E","2018-02-01","***","***",1.6208777303411785,1.5017440075729815,1.6663459099804308,1.5993478908323473]
["EMULSÕES ASF. MOD. POR POLÍMEROS RR2C-E","2018-03-01","***",1.7359082045184304,1.7302030327806799,1.4395287370491803,1.5987413545816733,1.6489803003635983]
["EMULSÕES ASF. MOD. POR POLÍMEROS RR2C-E","2018-04-01","***",1.7085023280238605,1.692307551267298,1.5782218939253205,1.6356732360160187,1.6785284698620004]
["EMULSÕES ASF. MOD. POR POLÍMEROS RR2C-E","2018-05-01","***",1.7765505334389859,1.7077995419563465,1.6687254406908814,1.6897599999999999,1.7256480736373012]
["EMULSÕES ASF. MOD. POR POLÍMEROS RR2C-E","2018-06-01","***",1.6690443111444229,1.7988880673945729,1.6841103199718708,1.7847617012313675,1.7646454974132142]
["EMULSÕES ASF. MOD. POR POLÍMEROS RR2C-E","2018-07-01","***",1.9692499999999999,1.8439185862482508,1.7441110652346858,2.2279599999999999,1.8492824882864511]
["EMULSÕES ASF. MOD. POR POLÍMEROS RR2C-E","2018-08-01",3.3587799999999999,1.9654179475156921,2.1854208648984996,1.8819623016102598,1.97194,2.165980263808057]
["EMULSÕES ASF. MOD. POR POLÍMEROS RR2C-E","2018-09-01",2.4708184259573027,2.0565377374904141,2.2272392526537805,1.8523617291675303,1.9503253913622738,2.1241247743951344]
["EMULSÕES ASF. MOD. POR POLÍMEROS RR2C-E","2018-10-01","***",2.0033770084545148,1.7713993296849748,1.8022148714666226,1.98038,1.8702457819197829]
["EMULSÕES ASF. MOD. POR POLÍMEROS RR2C-E","2018-11-01","***",2.1326911196925464,2.4216285236130215,2.1122750312786085,2.2565845149608323,2.2388512726786503]
["EMULSÕES ASF. MOD. POR POLÍMEROS RR2C-E","2018-12-01",2.33256,2.0697199999999998,2.2177600000000002,2.1224763746201165,2.23010700821653,2.1631127314979066]
["EMULSÕES ASF. MOD. POR POLÍMEROS RR2C-E","2019-01-01","***",2.2000099999999998,"***",2.1652022601747039,2.0643973361747467,2.1589821217013534]
["EMULSÕES ASF. MOD. POR POLÍMEROS RR2C-E","2019-02-01","***","***","***",2.3185367674670254,2.2951897653596789,2.3165165457362686]
["EMULSÕES ASF. MOD. POR POLÍMEROS RR2C-E","2019-03-01","***",2.4764300000000001,"***",2.2734969208972848,2.1978187443227362,2.3004899778024419]
["EMULSÕES ASF. MOD. POR POLÍMEROS RR2C-E","2019-04-01","***",2.4884661793949649,2.2523488576844959,2.6665232520325204,2.2597713849632561,2.3299397600248568]
["EMULSÕES ASF. MOD. POR POLÍMEROS RR2C-E","2019-05-01","***",2.3824900000000002,2.249373832788967,2.5116499121538975,2.2641309883720933,2.3282346978740991]
["EMULSÕES ASF. MOD. POR POLÍMEROS RR2C-E","2019-06-01","***","***",2.7486408250151237,2.5123457204814055,2.2321478292046932,2.5941416320891357]
["EMULSÕES ASF. MOD. POR POLÍMEROS RR2C-E","2019-07-01",2.43831,2.7412835847142376,2.561814888430431,2.2512048607410993,2.2679897830374753,2.5457385344955838]
["EMULSÕES ASF. MOD. POR POLÍMEROS RR2C-E","2019-08-01",2.3455191267605633,2.3227346966666671,2.5525009547511313,2.3129090470887688,"***",2.5127410760027362]
["EMULSÕES ASF. MOD. POR POLÍMEROS RR2C-E","2019-09-01",2.3281356750102589,2.0440503115814224,2.4817195561959657,2.3520848983643003,2.2729148412524638,2.4204883333790947]
["EMULSÕES ASF. MOD. POR POLÍMEROS RR2C-E","2019-10-01",2.3624800000000001,3.011217255492781,2.3567727267681815,2.3191814927071057,2.192470313084907,2.4711996581402627]
["EMULSÕES ASF. MOD. POR POLÍMEROS RR2C-E","2019-11-01",2.36849,3.3502205157820995,2.4676782807865076,2.3225340573674331,2.2316018915635203,2.8422216610054343]
["EMULSÕES ASF. MOD. POR POLÍMEROS RR2C-E","2019-12-01",2.3686799999999999,3.1151456544171845,2.3543015436867338,2.3374460240160109,2.3543250404954739,2.8414480743293469]
["EMULSÕES ASF. MOD. POR POLÍMEROS RR2C-E","2020-01-01","***",3.0619413400800188,2.474122646573897,2.3700881022508575,2.3403816429966269,2.6374461712368973]
["EMULSÕES ASF. MOD. POR POLÍMEROS RR2C-E","2020-02-01",2.0538099999999999,3.2716576540755469,2.8653300000000002,2.41859,2.1598124990078049,2.7477419555304077]
["EMULSÕES ASF. MOD. POR POLÍMEROS RR2C-E","2020-03-01",2.1066623964646465,"***",2.1696447205960618,2.2224373307046115,2.0841862626114929,2.1507985547910846]
["EMULSÕES ASF. MOD. POR POLÍMEROS RR2C-E","2020-04-01",2.0355952302869551,"***",2.2015968598954934,2.1934076102659983,2.0950267971190559,2.1064516237145332]
["EMULSÕES ASF. MOD. POR POLÍMEROS RR2C-E","2020-05-01","***",2.2723900000000001,2.2972375617161718,2.2209613882010202,2.1553695526992289,2.2382648257188618]
["EMULSÕES ASF. MOD. POR POLÍMEROS RR2C-E","2020-06-01",2.0219871021729587,2.1570165542957924,2.4413150657816765,2.41859,2.5018799999999999,2.3028148817473699]
["EMULSÕES ASF. MOD. POR POLÍMEROS RR2C-E","2020-07-01",1.97315,2.121620962608286,2.3638028381539766,2.2103281977618172,1.4994911835205993,2.1406387866845664]
["EMULSÕES ASF. MOD. POR POLÍMEROS RR2C-E","2020-08-01","***",2.203842436108205,2.5932499689574411,2.3849091785150081,2.8673499999999996,2.5106721421474676]
["EMULSÕES ASF. MOD. POR POLÍMEROS RR2C-E","2020-09-01","***",2.1923949345335516,2.4273613854033291,2.2397767067176408,0.28672999999999993,2.3226628040798083]
["EMULSÕES ASF. MOD. POR POLÍMEROS RR2C-E","2020-10-01","***",2.2075696302382908,2.4423051481563021,2.3065642514171389,2.1341329036027261,2.3956152284716734]
["EMULSÕES ASF. MOD. POR POLÍMEROS RR2C-E","2020-11-01","***",2.2860410379951497,2.8261841950561126,2.3237399999999999,2.5703100000000001,2.6501792629108749]
["EMULSÕES ASF. MOD. POR POLÍMEROS RR2C-E","2020-12-01","***",2.3396254678858894,2.8461964888041922,2.3268200000000001,2.4196956687898092,2.560701490537848]
["EMULSÕES ASF. MOD. POR POLÍMEROS RR2C-E","2021-01-01","***",2.3767410620144283,2.9341315537848605,2.2185277478976069,2.2601421781055016,2.5576864574458642]
["EMULSÕES ASF. MOD. POR POLÍMEROS RR2C-E","2021-02-01","***",2.3527499999999999,3.1254121989580264,2.3695078082869512,2.1555800000000001,2.8338672706994035]
["EMULSÕES ASF. MOD. POR POLÍMEROS RR2C-E","2021-03-01","***",2.763569140499706,2.3166645016226242,2.3655854469916164,"***",2.5066435201785597]
["EMULSÕES ASF. MOD. POR POLÍMEROS RR2C-E","2021-04-01","***",2.3279999999999998,2.4540795533338402,2.3783185889376091,2.5152377513446424,2.4401183745659956]
["EMULSÕES ASF. MOD. POR POLÍMEROS RR2C-E","2021-05-01","***",2.8498000000000001,2.831064392483162,2.8946166502488597,3.0639599999999998,2.8679935524421265]
["EMULSÕES ASF. MOD. POR POLÍMEROS RR2C-E","2021-06-01","***",2.7936000000000001,2.9242336583408672,2.8083336144823376,3.0637442543728133,2.9310565560835586]
["EMULSÕES ASF. MOD. POR POLÍMEROS RR2C-E","2021-07-01","***",2.9639899999999999,3.125921793211182,2.9358050249293668,3.0126369038432439,3.0886699107905091]
["EMULSÕES ASF. MOD. POR POLÍMEROS RR2C-E","2021-08-01","***",2.8990900000000006,3.3423373468847353,3.1259175629904998,3.0846684136396285,3.2962011030982779]
["EMULSÕES ASF. MOD. POR POLÍMEROS RR2C-E","2021-09-01","***","***",3.2973198341934578,3.088923973256362,3.0064363607122346,3.2716967891139817]
["EMULSÕES ASF. MOD. POR POLÍMEROS RR2C-E","2021-10-01","***",3.0912600000000006,3.2885131134726384,2.9791415447739702,3.0169631818181819,3.2239709662123768]
["EMULSÕES ASF. MOD. POR POLÍMEROS RR2C-E","2021-11-01","***",3.385697294283037,3.502571825327299,3.3585344478722448,3.2982121758417668,3.4017871413287692]
["EMULSÕES ASF. MOD. POR POLÍMEROS RR2C-E","2021-12-01","***","***",3.5586173603524229,3.5337103658675795,3.5015484641509436,3.5355516644146645]
["EMULSÕES ASF. MOD. POR POLÍMEROS RR2C-E","2022-01-01","***",3.2460900000000001,3.7693536936060044,3.5001901449076613,3.8643467935000673,3.6674595797889928]
["EMULSÕES ASF. MOD. POR POLÍMEROS RR2C-E","2022-02-01","***",3.5857100000000002,3.8406183275145467,3.8451525133091264,4.0422099999999999,3.83759451029553]
["EMULSÕES ASF. MOD. POR POLÍMEROS RR2C-E","2022-03-01","***",3.6974153276353277,3.7419201387374401,3.9556631096691595,3.7222024290780142,3.866843605922778]
["EMULSÕES ASF. MOD. POR POLÍMEROS RR2C-E","2022-04-01","***",3.8544299999999998,4.6856900000000001,4.0458181291197235,4.1241105446849291,4.1141489564558684]
["EMULSÕES ASF. MOD. POR POLÍMEROS RR2C-E","2022-05-01",4.0049969570060142,4.1313700000000004,3.9169645708985987,4.1508882176555595,3.7809772825484766,4.0369837200164342]
["EMULSÕES ASF. MOD. POR POLÍMEROS RR2C-E","2022-06-01",3.8655033649017079,"***",3.8453874757897157,4.0250318570097319,3.7830738392749246,3.9441159177051635]
["EMULSÕES ASF. MOD. POR POLÍMEROS RR2C-E","2022-07-01",3.9166799999999999,3.6922299999999995,3.9892275891872018,3.8733046095961647,3.7096622727626767,3.8877545530495832]
["EMULSÕES ASF. MOD. POR POLÍMEROS RR2C-E","2022-08-01",3.7444899999999999,3.7760500000000001,4.0189779245664212,3.8011483682483211,3.4792555373051224,3.8890841148480719]
["EMULSÕES ASF. MOD. POR POLÍMEROS RR2C-E","2022-09-01","***",4.2418009108427546,4.053000061081323,3.7088813092117343,3.8063199999999999,3.8677118111396811]
["EMULSÕES ASF. MOD. POR POLÍMEROS RR2C-E","2022-10-01","***",3.1055511526328559,3.2695332481964305,3.712576289904614,3.3054116881775943,3.5698722948153399]
["EMULSÕES ASF. MOD. POR POLÍMEROS RR2C-E","2022-11-01","***",3.5929139204620464,3.6400621680206937,3.4623746992202009,"***",3.5194713574277463]
["EMULSÕES ASF. MOD. POR POLÍMEROS RR2C-E","2022-12-01","***",3.2589800000000007,3.6303540253845865,3.4135661563057242,3.4572393655371307,3.5389447600288797]
["EMULSÕES ASF. MOD. POR POLÍMEROS RR2C-E","2023-01-01","***","***","***",3.3638170275741328,3.0793328811449912,3.3408265310535579]
["EMULSÕES ASF. MOD. POR POLÍMEROS RR2C-E","2023-02-01","***",3.1933099999999999,3.1039579550367491,3.348338517894319,2.735728093058734,3.1954278909809783]
["EMULSÕES ASF. MOD. POR POLÍMEROS RR2C-E","2023-03-01","***",3.6410270004127114,3.0446717336864917,3.1101882689813425,2.8713062160202965,3.2610608927650335]
["EMULSÕES ASF. MOD. POR POLÍMEROS RR2C-E","2023-04-01","***",3.8463999015795869,3.044970889027804,3.0110756056213455,3.4107399999999997,3.1428392842301922]
["EMULSÕES ASF. MOD. POR POLÍMEROS RR2C-E","2023-05-01","***",3.201989415411024,3.2197198472724478,2.9478137865644802,2.9409981007218979,3.0638158369609592]
["EMULSÕES ASF. MOD. POR POLÍMEROS RR2C-E","2023-06-01","***",3.2163662222991687,3.3218876293340278,2.9017037694049161,3.1563150385147147,3.1102995277837215]
["EMULSÕES ASF. MOD. POR POLÍMEROS RR2C-E","2023-07-01","***",3.0564444727000746,3.3476616518863951,3.0412601153822032,2.964,3.1562408064102336]
["EMULSÕES ASF. MOD. POR POLÍMEROS RR2C-E","2023-08-01",3.39527,2.9390996956124313,3.3940534058331946,2.9036825083555313,2.5705577559986481,3.097199578169652]
["EMULSÕES ASF. MOD. POR POLÍMEROS RR2C-E","2023-09-01",3.7967428324839716,3.1265415292853307,3.3529604637725234,3.0066069704305081,3.0187740760983814,3.2114826237563987]
["EMULSÕES ASF. MOD. POR POLÍMEROS RR2C-E","2023-10-01",3.7189490073033711,3.060235180591977,3.4672701007077129,3.1135945415140416,3.065496559915164,3.2967803519847219]
["EMULSÕES ASF. MOD. POR POLÍMEROS RR2C-E","2023-11-01",3.9093570283766916,3.142113085898059,3.7203014185715242,3.1187153621825026,3.0274906449193857,3.3906457770228986]
["EMULSÕES ASF. MOD. POR POLÍMEROS RR2C-E","2023-12-01",4.0990000000000002,2.9067292059072618,3.689587716164545,3.2715966485225509,3.1460722200198217,3.2144224645675163]
["EMULSÕES ASF. MOD. POR POLÍMEROS RR2C-E","2024-01-01","***",2.7583119172444643,3.5355081544783231,2.5292139655130952,3.1224375838926175,2.8990815270261345]
["EMULSÕES ASF. MOD. POR POLÍMEROS RR2C-E","2024-02-01","***",2.7394105956398791,3.6880048115362651,3.0112846235252055,"***",3.0948030467849268]
["EMULSÕES ASF. MOD. POR POLÍMEROS RR2C-E","2024-03-01","***",3.1603027807141939,3.0623809196234615,2.923525464536977,"***",2.986530683472695]
["EMULSÕES ASF. MOD. POR POLÍMEROS RR2C-E","2024-04-01","***","***",3.1008640005402488,2.9338343389963297,"***",2.9729020254304208]
["EMULSÕES ASF. MOD. POR POLÍMEROS RR2C-E","2024-05-01","***",2.9975166666666668,3.2035828109300337,2.8098162042964652,2.9586700000000001,2.9714655958630041]
["EMULSÕES ASF. MOD. POR POLÍMEROS RR2C-E","2024-06-01","***",3.0296988910260461,3.2979862167569345,2.9216926524251985,2.9586700000000001,3.0721550632389953]
["EMULSÕES ASF. MOD. POR POLÍMEROS RR2C-E","2024-07-01","***",3.2269325330517802,3.725128926094794,3.0517222261839834,3.00461,3.3554888484810976]
["EMULSÕES ASF. MOD. POR POLÍMEROS RR2C-E","2024-08-01",3.8729903349122941,3.6394854662244334,3.8666824001021425,3.3542947685713682,3.126391756608716,3.6285475734230044]
["EMULSÕES ASF. MOD. POR POLÍMEROS RR2C-E","2024-09-01",3.9541620299754627,3.4991264455424727,3.9102538023632798,3.4601143093636835,3.121041742215914,3.7302717500359637]
["EMULSÕES ASF. MOD. POR POLÍMEROS RR2C-E","2024-10-01","***",3.5283874969246254,3.9791982103240247,4.0275365931156228,"***",3.8735782405467747]
["EMULSÕES ASF. MOD. POR POLÍMEROS RR2C-E","2024-11-01","***",3.76939,3.5591567336683423,4.0105974292999536,3.0911499999999998,3.6832738063917465]
["EMULSÕES ASF. MOD. POR POLÍMEROS RR2C-E","2024-12-01","***",3.5558200000000002,3.965360134115675,5.6081432786885239,"***",3.9170618101730468]
["EMULSÕES ASF. MOD. POR POLÍMEROS RR2C-E","2025-01-01","***",3.7367937100213218,4.1420986521817529,3.4484670702966276,3.1838799999999998,3.8128217181722577]
["EMULSÕES ASF. MOD. POR POLÍMEROS RR2C-E","2025-02-01","***",4.2227199999999998,3.9391494960446978,3.5271740882435072,3.6279847368421048,3.9512388581271924]
["EMULSÕES ASF. MOD. POR POLÍMEROS RR2C-E","2025-03-01",4.4953900000000004,4.0348568534145279,3.4631386805493221,3.2240255756061456,3.688345873574546,3.7476901346336233]
["EMULSÕES ASF. MOD. POR POLÍMEROS RR2C-E","2025-04-01","***",3.5214273405570937,3.3321114958060933,3.2478433704161516,3.6036431303707341,3.3777354530906187]
["EMULSÕES ASF. MOD. POR POLÍMEROS RR2C-E","2025-05-01","***",3.8009390850439884,3.3751543006356437,3.5574663230192867,3.1975303087557601,3.4096834489789263]
["EMULSÕES ASF. MOD. POR POLÍMEROS RR2C-E","2025-06-01","***","***",3.3405832740528316,3.2132934034148821,"***",3.3319151880743099]
["EMULSÕES ASF. MOD. POR POLÍMEROS RR2C-E","2025-07-01","***",3.714983117151486,3.8596918529666091,3.3324888042865206,3.1785696666666667,3.7852237139468912]
["EMULSÕES ASFÁLTICAS LA-E","2008-11-01",2.3033221447253704,"***","***",0.98824298157453949,0.81794999999999995,2.098442299465241]
["EMULSÕES ASFÁLTICAS LA-E","2008-12-01","***","***","***",1.0900345919044461,"***",1.0900345919044461]
["EMULSÕES ASFÁLTICAS LA-E","2009-01-01","***","***","***",1.1149193050193051,"***",1.1149193050193051]
["EMULSÕES ASFÁLTICAS LA-E","2009-02-01","***","***","***",1.1002894454382828,"***",1.1002894454382828]
["EMULSÕES ASFÁLTICAS LA-E","2009-03-01","***","***",0.77302888986013996,1.223181492811257,"***",0.93673440315941692]
["EMULSÕES ASFÁLTICAS LA-E","2009-04-01","***","***","***",1.0326047691527143,"***",1.0326047691527143]
["EMULSÕES ASFÁLTICAS LA-E","2009-05-01","***","***","***",1.1254783427495292,0.67854999999999999,0.80113210227272724]
["EMULSÕES ASFÁLTICAS LA-E","2009-06-01","***","***","***",1.0738062992125983,"***",1.0738062992125983]
["EMULSÕES ASFÁLTICAS LA-E","2009-07-01","***","***","***",1.0759839390386869,"***",1.0759839390386869]
["EMULSÕES ASFÁLTICAS LA-E","2009-08-01","***","***",0.91224567881585228,1.0658639088729014,"***",0.92180669402985072]
["EMULSÕES ASFÁLTICAS LA-E","2009-09-01","***","***",0.92048999999999992,1.0538754042553191,"***",0.95201209372485918]
["EMULSÕES ASFÁLTICAS LA-E","2009-10-01","***","***",0.77695696078431375,1.1181319587628866,"***",0.85268688024408856]
["EMULSÕES ASFÁLTICAS LA-E","2009-11-01","***","***",0.74589394406518394,0.95686511306532662,"***",0.77735975829117487]
["EMULSÕES ASFÁLTICAS LA-E","2009-12-01","***","***","***",0.97666949806949799,"***",0.97666949806949799]
["EMULSÕES ASFÁLTICAS LA-E","2010-01-01","***","***","***",0.78245491689459279,"***",0.78245491689459279]
["EMULSÕES ASFÁLTICAS LA-E","2010-02-01","***","***","***",0.78837289422811374,"***",0.78837289422811374]
["EMULSÕES ASFÁLTICAS LA-E","2010-03-01","***","***","***",1.0517568835616438,"***",1.0517568835616438]
["EMULSÕES ASFÁLTICAS LA-E","2010-04-01","***","***",0.74590000000000001,0.98982251442704028,"***",0.82503292591602029]
["EMULSÕES ASFÁLTICAS LA-E","2010-05-01","***","***",0.81927176619159303,1.0002163324538258,0.66247999999999996,0.82116073858679861]
["EMULSÕES ASFÁLTICAS LA-E","2010-06-01","***","***",0.81640000000000001,1.0156338608562689,"***",0.86595274576915759]
["EMULSÕES ASFÁLTICAS LA-E","2010-07-01","***","***",0.7843,1.0380163937007874,"***",0.90121575471698112]
["EMULSÕES ASFÁLTICAS LA-E","2010-08-01","***","***",0.783895838587642,0.99216139877300624,"***",0.81055880301602268]
["EMULSÕES ASFÁLTICAS LA-E","2010-09-01","***","***",0.83652992957746464,0.98461505862646559,"***",0.88036077838373816]
["EMULSÕES ASFÁLTICAS LA-E","2010-10-01","***","***",0.82889248093633627,1.0560252293577981,"***",0.8593117339886347]
["EMULSÕES ASFÁLTICAS LA-E","2010-11-01","***","***",0.79390000000000005,1.0263447679324893,"***",0.96837160728424387]
["EMULSÕES ASFÁLTICAS LA-E","2010-12-01","***","***",0.83322314049586776,1.0125136700336699,"***",0.94000647058823528]
["EMULSÕES ASFÁLTICAS LA-E","2011-01-01","***","***","***",1.0195860676009891,"***",1.0195860676009891]
["EMULSÕES ASFÁLTICAS LA-E","2011-02-01","***","***","***",1.0396500692041521,"***",1.0396500692041521]
["EMULSÕES ASFÁLTICAS LA-E","2011-03-01","***","***",0.78149999999999997,1.061991591096455,"***",0.8872619832141746]
["EMULSÕES ASFÁLTICAS LA-E","2011-04-01","***","***",0.81405221502363856,1.0217681134564642,"***",0.85762455514044555]
["EMULSÕES ASFÁLTICAS LA-E","2011-05-01","***","***",0.79859831361502343,0.99949230832646307,"***",0.80735197463898267]
["EMULSÕES ASFÁLTICAS LA-E","2011-06-01","***","***",0.79322637396694229,1.0618031504922643,"***",0.8116036319892217]
["EMULSÕES ASFÁLTICAS LA-E","2011-07-01","***","***",0.75249248444839401,1.2156620930232558,"***",0.78754815184229054]
["EMULSÕES ASFÁLTICAS LA-E","2011-08-01","***","***",0.78047076193390452,1.0487035196850392,"***",0.82411098770176794]
["EMULSÕES ASFÁLTICAS LA-E","2011-09-01","***","***",0.81338728603470656,0.8607634885790566,"***",0.82687362100996453]
["EMULSÕES ASFÁLTICAS LA-E","2011-10-01","***","***",0.83520000000000016,1.053883241590214,"***",0.91659945361411477]
["EMULSÕES ASFÁLTICAS LA-E","2011-11-01","***","***",0.75600000000000001,0.99928899422918382,"***",0.78531454753153884]
["EMULSÕES ASFÁLTICAS LA-E","2011-12-01","***","***",0.75697344061520933,1.1632141015624999,"***",0.78458098221396333]
["EMULSÕES ASFÁLTICAS LA-E","2012-01-01","***","***","***",1.0630484400904294,"***",1.0630484400904294]
["EMULSÕES ASFÁLTICAS LA-E","2012-02-01","***","***","***",1.012449905511811,"***",1.012449905511811]
["EMULSÕES ASFÁLTICAS LA-E","2012-03-01","***","***","***",0.92201100658857971,"***",0.92201100658857971]
["EMULSÕES ASFÁLTICAS LA-E","2012-04-01","***","***",0.8266302922698715,0.77033506805157614,"***",0.7874570100523387]
["EMULSÕES ASFÁLTICAS LA-E","2012-05-01","***","***",0.75284071652237983,0.94700099712023023,"***",0.79239610369609847]
["EMULSÕES ASFÁLTICAS LA-E","2012-06-01","***","***",0.77016013179571652,0.92279252981795346,0.91839999999999999,0.9118600274290537]
["EMULSÕES ASFÁLTICAS LA-E","2012-07-01","***","***",0.81429265121537586,0.91462042395385035,"***",0.89007103188325598]
["EMULSÕES ASFÁLTICAS LA-E","2012-08-01","***","***",0.81479096690037511,0.95715338956657148,0.91839999999999999,0.87913682335837173]
["EMULSÕES ASFÁLTICAS LA-E","2012-09-01","***","***",0.82346089011421819,0.91773674082665557,0.91839999999999999,0.88099465924824372]
["EMULSÕES ASFÁLTICAS LA-E","2012-10-01","***","***",0.80310558347292016,0.90957737730663535,0.91839999999999988,0.85944706965409867]
["EMULSÕES ASFÁLTICAS LA-E","2012-11-01","***","***",0.81469999999999998,1.1081773519913887,0.91839999999999999,0.87662869315461955]
["EMULSÕES ASFÁLTICAS LA-E","2012-12-01","***","***",0.81469999999999987,1.0579856043956044,1.0062045608489503,0.91354224822183283]
["EMULSÕES ASFÁLTICAS LA-E","2013-01-01","***","***","***",1.1665648884381339,"***",1.1665648884381339]
["EMULSÕES ASFÁLTICAS LA-E","2013-02-01","***","***","***",1.0060459769167354,"***",1.0060459769167354]
["EMULSÕES ASFÁLTICAS LA-E","2013-03-01","***",0.90100000000000002,0.80871999999999999,1.0150619389701208,"***",0.92901406333538983]
["EMULSÕES ASFÁLTICAS LA-E","2013-04-01","***",0.90100000000000002,0.80871999999999999,0.91012707488986788,"***",0.8967267432432432]
["EMULSÕES ASFÁLTICAS LA-E","2013-05-01","***","***",0.8676768237791932,0.99040634042553199,"***",0.90852871671388102]
["EMULSÕES ASFÁLTICAS LA-E","2013-06-01","***","***",0.8397,0.99261574482297921,"***",0.93504147022074147]
["EMULSÕES ASFÁLTICAS LA-E","2013-07-01","***","***","***",1.4652888888888889,0.91839999999999988,0.95409389312977089]
["EMULSÕES ASFÁLTICAS LA-E","2013-08-01","***","***",0.86447505200126074,1.0107801412546737,"***",0.92758550896057368]
["EMULSÕES ASFÁLTICAS LA-E","2013-09-01","***","***",0.83757890704584037,"***","***",0.83757890704584037]
["EMULSÕES ASFÁLTICAS LA-E","2013-10-01","***","***",0.82574000000000003,1.5078277777777778,0.91839999999999999,0.88102365238095237]
["EMULSÕES ASFÁLTICAS LA-E","2013-11-01","***","***","***",1.4759,"***",1.4759]
["EMULSÕES ASFÁLTICAS LA-E","2013-12-01","***","***","***",1.4713020000000001,1.1561999999999999,1.1677355260115605]
["EMULSÕES ASFÁLTICAS LA-E","2014-01-01","***","***",0.83343336737588658,1.4690949999999998,1.1561999999999999,0.97361151286674297]
["EMULSÕES ASFÁLTICAS LA-E","2014-02-01","***","***",0.79852999999999996,1.4130976190476192,"***",0.91009163785259328]
["EMULSÕES ASFÁLTICAS LA-E","2014-03-01","***","***",0.84553999999999985,1.4622799999999998,"***",0.85806598610368778]
["EMULSÕES ASFÁLTICAS LA-E","2014-04-01","***","***","***",0.98882540664375707,"***",0.98882540664375707]
["EMULSÕES ASFÁLTICAS LA-E","2014-05-01","***","***",1.21,1.0644142616372392,"***",1.1364396472019465]
["EMULSÕES ASFÁLTICAS LA-E","2014-06-01","***","***",0.85942346292947558,1.0561305837611712,"***",0.99788989961183239]
["EMULSÕES ASFÁLTICAS LA-E","2014-07-01","***","***",0.62122000000000011,1.0487444833005894,"***",0.89187915671641793]
["EMULSÕES ASFÁLTICAS LA-E","2014-08-01","***",1.53,"***",1.0027548253826719,"***",1.2250985922997595]
["EMULSÕES ASFÁLTICAS LA-E","2014-09-01","***",1.53,0.87405999999999995,1.0506760204081635,"***",1.1200124000652636]
["EMULSÕES ASFÁLTICAS LA-E","2014-10-01","***",1.27,0.69171984848484847,1.049920786163522,"***",0.96198231882892316]
["EMULSÕES ASFÁLTICAS LA-E","2014-11-01","***",1.2699999999999998,0.65868000000000004,1.5342975000000001,"***",1.0842707941140701]
["EMULSÕES ASFÁLTICAS LA-E","2014-12-01","***","***","***",1.6844933333333336,"***",1.6844933333333336]
["EMULSÕES ASFÁLTICAS LA-E","2015-01-01","***","***","***","***","***","***"]
["EMULSÕES ASFÁLTICAS LA-E","2015-02-01","***","***","***",1.2839,"***",1.2839]
["EMULSÕES ASFÁLTICAS LA-E","2015-03-01","***","***","***","***","***","***"]
["EMULSÕES ASFÁLTICAS LA-E","2015-04-01","***","***","***",1.2090000000000001,"***",1.2090000000000001]
["EMULSÕES ASFÁLTICAS LA-E","2015-05-01","***","***","***",1.2312000000000001,"***",1.2312000000000001]
["EMULSÕES ASFÁLTICAS LA-E","2015-06-01","***",1.97,"***","***","***",1.97]
["EMULSÕES ASFÁLTICAS LA-E","2015-07-01","***","***","***","***","***","***"]
["EMULSÕES ASFÁLTICAS LA-E","2015-08-01","***","***","***",1.1745000000000001,"***",1.1745000000000001]
["EMULSÕES ASFÁLTICAS RL-1C","2008-11-01",1.1337367193710803,0.82909705758218244,1.0123072239738879,0.76819089891112302,0.78295181783867707,0.83507677968494176]
["EMULSÕES ASFÁLTICAS RL-1C","2008-12-01",1.6816414593794207,0.90851708075388216,1.0518602859719159,0.77048902264208219,0.84096474803779875,0.88006357164699955]
["EMULSÕES ASFÁLTICAS RL-1C","2009-01-01",1.7767251486634723,0.95670433042737102,1.048008490646664,0.77475230276824225,0.88206460479510163,0.92295130107878409]
["EMULSÕES ASFÁLTICAS RL-1C","2009-02-01",1.335909029960193,0.98164153888543937,1.0424075602804979,0.86729839232663619,0.88040202021181646,0.92851954103418766]
["EMULSÕES ASFÁLTICAS RL-1C","2009-03-01",1.2094642718525324,1.0838679811896412,1.0157732456475965,0.81030083621771209,0.90061806000153521,0.89425955952878577]
["EMULSÕES ASFÁLTICAS RL-1C","2009-04-01",1.2227006488215071,1.0290262168527851,1.0452953485436403,0.79489055608496717,0.86327962507348799,0.88437406599184176]
["EMULSÕES ASFÁLTICAS RL-1C","2009-05-01",1.399349754286338,0.984989917756108,1.0550202309492964,0.81191242332609614,0.91001509015194237,0.91222418698756369]
["EMULSÕES ASFÁLTICAS RL-1C","2009-06-01",1.2842121913145088,0.89913940419113747,1.0397378512653201,0.79617148751510081,0.89537956942264996,0.90267753689464392]
["EMULSÕES ASFÁLTICAS RL-1C","2009-07-01",1.4180000237846067,0.97209818842476248,1.0299306008657094,0.81623672202128539,0.97433216915045673,0.93779430065724156]
["EMULSÕES ASFÁLTICAS RL-1C","2009-08-01",1.2707500497232389,0.91162033457629288,1.0356661824195559,0.81238721664849756,0.9162965713317095,0.91481274182647465]
["EMULSÕES ASFÁLTICAS RL-1C","2009-09-01",1.3326649843862604,0.87112101696288302,1.0558386672175515,0.79724030791661327,0.87356679064048437,0.89900022901717147]
["EMULSÕES ASFÁLTICAS RL-1C","2009-10-01",1.4479635233368426,0.89492004474980535,1.0223184300890191,0.81959542481486203,0.88476568623238716,0.90677308326236505]
["EMULSÕES ASFÁLTICAS RL-1C","2009-11-01",1.3472131788931789,0.92637572964481407,1.0228731490364222,0.81124182981946369,0.89988311625296025,0.91191494172355481]
["EMULSÕES ASFÁLTICAS RL-1C","2009-12-01",1.4870461488223092,0.93173670793845254,1.010318496145681,0.79911653286453632,0.85675602550758778,0.9052453824202944]
["EMULSÕES ASFÁLTICAS RL-1C","2010-01-01",1.5100926910516004,0.84861539200723224,1.0485459459778459,0.84136823476461964,0.83260228943070469,0.89460549829265668]
["EMULSÕES ASFÁLTICAS RL-1C","2010-02-01",1.6671029493697729,0.8543367603196883,1.0301634386595484,0.87649349876000915,0.78187584191062764,0.89828149929194978]
["EMULSÕES ASFÁLTICAS RL-1C","2010-03-01",1.0359952470477645,0.77930315376850801,1.0199947591845175,0.85710019115268821,0.79304235325555539,0.86189391749043576]
["EMULSÕES ASFÁLTICAS RL-1C","2010-04-01",1.1200338069705094,0.72410152308280373,1.0429107519000169,0.82493974002127712,0.76740669341214951,0.8511063292387927]
["EMULSÕES ASFÁLTICAS RL-1C","2010-05-01",1.5772651834969316,0.71156682472061383,1.0276701726270399,0.81082938531425197,0.73930895680494813,0.83067256080542173]
["EMULSÕES ASFÁLTICAS RL-1C","2010-06-01",1.3902331122038867,0.70776594076212718,0.97860494859470093,0.81846515787974516,0.75829875901576038,0.84119292356714059]
["EMULSÕES ASFÁLTICAS RL-1C","2010-07-01",1.4465997985901307,0.71160120545443828,0.9564968835851132,0.80790649136605652,0.75401543822336781,0.83359454340534345]
["EMULSÕES ASFÁLTICAS RL-1C","2010-08-01",1.1841257615694769,0.70828243277414471,0.94081418768179192,0.765871243861871,0.74350204522738927,0.7920383085510464]
["EMULSÕES ASFÁLTICAS RL-1C","2010-09-01",1.250827468914752,0.71615812125723477,0.96665288745684086,0.75316963201170761,0.75588959100354836,0.80082669090372582]
["EMULSÕES ASFÁLTICAS RL-1C","2010-10-01",1.2089414767952189,0.71790035930401985,0.99988680901667726,0.77677819704464779,0.80340748505276116,0.84889697620471927]
["EMULSÕES ASFÁLTICAS RL-1C","2010-11-01",1.223075645233813,0.72646904460053241,0.98389369594880227,0.69449508009641536,0.75657561090435921,0.80137760262074764]
["EMULSÕES ASFÁLTICAS RL-1C","2010-12-01",1.2200442915685761,0.72270405732695464,0.94026399935283189,0.75597660658875032,0.76366957012592263,0.80325898437742804]
["EMULSÕES ASFÁLTICAS RL-1C","2011-01-01",1.0179717836447797,0.70475948617089712,0.98166222067122499,0.77189910009488694,0.76383277735968291,0.81353863613637145]
["EMULSÕES ASFÁLTICAS RL-1C","2011-02-01",1.25206722537142,0.72503751411188477,0.93291845035736953,0.74383552052645452,0.77223721673158652,0.79421292370703778]
["EMULSÕES ASFÁLTICAS RL-1C","2011-03-01",1.2707482630102833,0.72167428675154932,0.95248340997716319,0.74650864959502161,0.73644205225794557,0.79074268855053897]
["EMULSÕES ASFÁLTICAS RL-1C","2011-04-01",1.3569220621334424,0.71944409601369397,0.89030396631593289,0.74569874366422317,0.71082713390874752,0.78548259698309386]
["EMULSÕES ASFÁLTICAS RL-1C","2011-05-01",1.2877998305492546,0.73875797069304949,0.90834265450051543,0.72125295406553735,0.70718702579215731,0.77210141838247348]
["EMULSÕES ASFÁLTICAS RL-1C","2011-06-01",1.3052468520631095,0.76883359955821495,0.8798694337987174,0.72377178073897808,0.71933359404497743,0.78145920581843686]
["EMULSÕES ASFÁLTICAS RL-1C","2011-07-01",1.2508033153363489,0.68571783887207416,0.93805533341132585,0.73071928002733066,0.71811545537114529,0.77156768543051135]
["EMULSÕES ASFÁLTICAS RL-1C","2011-08-01",1.2880376501301125,0.68610112329782946,0.91786469656284042,0.75720519644660533,0.71506313810013411,0.80493951321486656]
["EMULSÕES ASFÁLTICAS RL-1C","2011-09-01",1.230759141615628,0.70168431233811979,0.91896527588917487,0.72895589640805469,0.71461552607360435,0.80382264692642535]
["EMULSÕES ASFÁLTICAS RL-1C","2011-10-01",1.194784287890239,0.68709666146580961,0.86511899697137606,0.72923079070262831,0.73022289948550734,0.78066939195723284]
["EMULSÕES ASFÁLTICAS RL-1C","2011-11-01",1.2799511780592734,0.70634661891935291,0.83524391490417538,0.70949278005651861,0.75998614988973401,0.77419319619442817]
["EMULSÕES ASFÁLTICAS RL-1C","2011-12-01",1.3067253731138544,0.68144987949992475,0.84060784518295806,0.70184592864075157,0.72693466546113117,0.76394882035292411]
["EMULSÕES ASFÁLTICAS RL-1C","2012-01-01",1.1973315040282213,0.70413994720122353,0.82047602618749838,0.7302117190609434,0.72891317644722509,0.76127942625958889]
["EMULSÕES ASFÁLTICAS RL-1C","2012-02-01",1.26167402231286,0.69680294535496612,0.83229839162029473,0.71548226477997456,0.72271914084337685,0.74953885666187836]
["EMULSÕES ASFÁLTICAS RL-1C","2012-03-01",1.2533495385936775,0.69199288038492113,0.79373715476282247,0.73316272250178161,0.72790643742932293,0.77027882839940276]
["EMULSÕES ASFÁLTICAS RL-1C","2012-04-01",1.3123663940886701,0.6920244654574158,0.82987399547818275,0.74205284276143768,0.72346825637727918,0.76915546291032422]
["EMULSÕES ASFÁLTICAS RL-1C","2012-05-01",1.3024841040114989,0.73764172830036323,0.8453271029312055,0.74845335951869441,0.73326877207688002,0.78410622390686346]
["EMULSÕES ASFÁLTICAS RL-1C","2012-06-01",1.2962296121792232,0.72425365108868833,0.86680952253272314,0.75079548404057117,0.77157581947382492,0.80017537234209501]
["EMULSÕES ASFÁLTICAS RL-1C","2012-07-01",1.4707906966807287,0.74361550053430292,0.9199315433900852,0.75368374146514583,0.77175863287701041,0.83454054302584291]
["EMULSÕES ASFÁLTICAS RL-1C","2012-08-01",1.3272728313954167,0.75698993166881956,0.8889690931406139,0.76618406235642489,0.77421126501566551,0.82449269471881959]
["EMULSÕES ASFÁLTICAS RL-1C","2012-09-01",1.4014646654332907,0.76429726068967552,0.91901220861843502,0.78846314811584395,0.76924146220797796,0.84483644953703985]
["EMULSÕES ASFÁLTICAS RL-1C","2012-10-01",1.2948489494554587,0.75654992787666941,0.93111831770554176,0.83726226452061658,0.76463455950234194,0.8606407475083363]
["EMULSÕES ASFÁLTICAS RL-1C","2012-11-01",1.2351895704422762,0.76297230787695569,0.95633254590442818,0.80918051630092624,0.76911495509903727,0.85506692776156046]
["EMULSÕES ASFÁLTICAS RL-1C","2012-12-01",1.2820861514129684,0.77695895557478734,0.87372102301264287,0.79263763788632702,0.80441913576035029,0.85157619753572]
["EMULSÕES ASFÁLTICAS RL-1C","2013-01-01",1.2318379111934885,0.77973151604028845,0.92836417098866486,0.85214133654857505,0.83567682354747097,0.86565322681083212]
["EMULSÕES ASFÁLTICAS RL-1C","2013-02-01",1.1872487810128942,0.78911340368009053,0.81598160853264012,0.84618523431601733,0.79075490037824248,0.83816108516722332]
["EMULSÕES ASFÁLTICAS RL-1C","2013-03-01",1.3348921943919785,0.75694678443027674,0.88556546171084216,0.90630104642983922,0.79185746863458406,0.86883531818065496]
["EMULSÕES ASFÁLTICAS RL-1C","2013-04-01",1.3374499944640803,0.80169346973121147,0.88750454945994783,0.86493247052189359,0.81279259837007334,0.86479494361614317]
["EMULSÕES ASFÁLTICAS RL-1C","2013-05-01",1.6532152573225218,0.79473728792491727,0.83666041784537226,0.88476178114698656,0.82486276090753363,0.86271567682634853]
["EMULSÕES ASFÁLTICAS RL-1C","2013-06-01",1.4650860236831744,0.78280722220145782,0.93039685345020384,0.86638886389244474,0.81920777540435341,0.89824164001460549]
["EMULSÕES ASFÁLTICAS RL-1C","2013-07-01",1.4859202449664428,0.77641291066447793,0.95880415635418936,0.89622488397002353,0.85351478458977992,0.90341165886025776]
["EMULSÕES ASFÁLTICAS RL-1C","2013-08-01",1.4003700203453353,0.76096465963835169,0.88023447158853252,0.88185225512170284,0.84578099086211567,0.88226316171090458]
["EMULSÕES ASFÁLTICAS RL-1C","2013-09-01",1.3296909638635863,0.75879144750110916,0.98358018449125828,0.9038698504830891,0.83574230246342529,0.91460111473294536]
["EMULSÕES ASFÁLTICAS RL-1C","2013-10-01",1.4282301762069141,0.80881747647433089,0.87526475679839422,0.8913920501088074,0.86156288408736947,0.88646285220181176]
["EMULSÕES ASFÁLTICAS RL-1C","2013-11-01",1.2838024568295758,0.83795460007379907,0.94170459474189583,0.9113356267080186,0.87087416094386605,0.91766094647498431]
["EMULSÕES ASFÁLTICAS RL-1C","2013-12-01",1.5705007365002028,0.84015883568126393,1.0262385733989601,0.93758184613896234,0.90672104235484652,0.97041663924442867]
["EMULSÕES ASFÁLTICAS RL-1C","2014-01-01",1.341931315243768,0.95241895416110356,1.018690591750874,0.95431173340574038,0.90527787344448551,0.97144162249002397]
["EMULSÕES ASFÁLTICAS RL-1C","2014-02-01",1.4007473584417507,0.88782474973168113,1.0182872809962591,0.94894911456754782,0.92824808501721323,0.96649487031938053]
["EMULSÕES ASFÁLTICAS RL-1C","2014-03-01",1.5499855367395465,0.84750452321553305,1.076052384194321,0.93276528272106518,0.97211535782443537,0.97147748071139517]
["EMULSÕES ASFÁLTICAS RL-1C","2014-04-01",1.4676601178189788,0.84994258968934067,1.0281082162468207,0.92803462885193644,1.0193915762026493,0.98149532708306142]
["EMULSÕES ASFÁLTICAS RL-1C","2014-05-01",1.4119103138170925,0.88340002770154136,1.0436179199523428,0.92623469777771206,1.0411657102537137,0.99818016727424441]
["EMULSÕES ASFÁLTICAS RL-1C","2014-06-01",1.3999514483978939,0.82666911088288142,1.0621752450439232,0.91109970873560142,1.007558416313582,0.99891201392835982]
["EMULSÕES ASFÁLTICAS RL-1C","2014-07-01",1.4374784482149294,0.89997833156881657,0.90631209324145401,0.91718241757498675,0.98644798595544525,0.94678351805832905]
["EMULSÕES ASFÁLTICAS RL-1C","2014-08-01",1.2986147093558418,0.89306288651903243,0.81922657685195066,0.90811340435626731,1.0302307016155672,0.90297161494096068]
["EMULSÕES ASFÁLTICAS RL-1C","2014-09-01",1.3310051145767032,0.92652164788166613,1.0377921682292568,0.89966969878572078,1.0086967947905445,0.98201718224524015]
["EMULSÕES ASFÁLTICAS RL-1C","2014-10-01",1.4533669842271295,0.99312573583032659,0.91186614208106398,0.91478586148748087,1.0062453431927467,0.94796903285534395]
["EMULSÕES ASFÁLTICAS RL-1C","2014-11-01",1.4998756236033097,0.95768163840277376,0.89962601209478754,0.93569424376288646,0.9750597618360769,0.94697423869026776]
["EMULSÕES ASFÁLTICAS RL-1C","2014-12-01",1.2792678123018388,0.99758056882255375,1.0135456343856988,1.0175641527935348,1.0896034389905265,1.0390355578921735]
["EMULSÕES ASFÁLTICAS RL-1C","2015-01-01",1.3144019456529017,1.1408793854680555,1.3787927530647111,1.048467606960273,1.2232335683032181,1.1580844612265353]
["EMULSÕES ASFÁLTICAS RL-1C","2015-02-01",1.5804051908637202,1.1718213826292434,1.3365670389030955,1.0380191091321045,1.3143784814877881,1.1641161869635197]
["EMULSÕES ASFÁLTICAS RL-1C","2015-03-01",1.6096865543656687,1.1657134724367351,1.350010163576751,0.99666524041691762,1.2556966947987875,1.1258784142775451]
["EMULSÕES ASFÁLTICAS RL-1C","2015-04-01",1.5788964185293166,1.1651086942908366,1.2995186131626164,1.0027871380700875,1.2631303447080555,1.1111597725529154]
["EMULSÕES ASFÁLTICAS RL-1C","2015-05-01",1.5988011916776117,1.100912942696685,1.3115423713779248,0.95598590574778453,1.2301983685125524,1.0964914368134209]
["EMULSÕES ASFÁLTICAS RL-1C","2015-06-01",1.349922752132124,1.2324326582393599,1.3215484462950651,0.97999644848122713,1.2528357262902721,1.1499861565713259]
["EMULSÕES ASFÁLTICAS RL-1C","2015-07-01",1.378890964037091,1.1201880396403758,1.1293216486838131,0.85317766385851246,1.2735099265576322,1.0301406005443117]
["EMULSÕES ASFÁLTICAS RL-1C","2015-08-01",1.6569267553725926,1.0889020928677209,1.2906253105378742,0.91126430831498795,1.2202366478604796,1.0887471559821549]
["EMULSÕES ASFÁLTICAS RL-1C","2015-09-01",1.8234600739634101,1.0881527826086959,1.2289230243264608,0.92332207016056278,1.1932406101937958,1.0890432153501726]
["EMULSÕES ASFÁLTICAS RL-1C","2015-10-01",1.6264592314884068,1.2162416493816448,1.3188067252633835,1.0812369985579073,1.2775595123124774,1.207548485253602]
["EMULSÕES ASFÁLTICAS RL-1C","2015-11-01",1.7031554268152134,1.2914047732170073,1.4294667621387251,1.1828121415480617,1.3834305894484857,1.3278412713371364]
["EMULSÕES ASFÁLTICAS RL-1C","2015-12-01",1.726412483021676,1.2916979502423265,1.3647676623544283,1.1879378311403754,1.2982124293581638,1.2897302063557512]
["EMULSÕES ASFÁLTICAS RL-1C","2016-01-01",1.7343974534653468,1.2428023811005977,1.4592186960035145,1.2468671993235709,1.360083131141391,1.3297636079208188]
["EMULSÕES ASFÁLTICAS RL-1C","2016-02-01",1.5573464552694229,1.1714925429288059,1.5530437277938862,1.1982444701580475,1.422907030348028,1.3212053784823625]
["EMULSÕES ASFÁLTICAS RL-1C","2016-03-01",1.8860514474293653,1.5778557660833987,1.5256856119048172,1.1675318613742252,1.444576221198157,1.3044714395048351]
["EMULSÕES ASFÁLTICAS RL-1C","2016-04-01",1.648696048608389,1.377631354485181,1.5905725843950178,1.2797983266958946,1.5042964332163005,1.4013999340840213]
["EMULSÕES ASFÁLTICAS RL-1C","2016-05-01",1.9573453076652907,1.3354859306120883,1.5942625369933248,1.2679933576691851,1.5304678160613394,1.4028095171561843]
["EMULSÕES ASFÁLTICAS RL-1C","2016-06-01",1.8918994455379008,1.3627591276445374,1.6663336964921001,1.3096060640868972,1.5031851445258591,1.4382924028528905]
["EMULSÕES ASFÁLTICAS RL-1C","2016-07-01",2.0076421612219386,1.3669709903988314,1.6189730926327199,1.3455611851683864,1.483208495100621,1.4511544319787149]
["EMULSÕES ASFÁLTICAS RL-1C","2016-08-01",1.9143376514908732,1.4455878037523451,1.657195090340321,1.318920242720184,1.516895408907192,1.4714929852668872]
["EMULSÕES ASFÁLTICAS RL-1C","2016-09-01",1.6240282841934388,1.3052087905482639,1.5026049970132751,1.2240494236582502,1.3857329862740357,1.3476346553194247]
["EMULSÕES ASFÁLTICAS RL-1C","2016-10-01",1.7069203615113944,1.2650152822307117,1.4832404686532412,1.2546497901255813,1.4039221400379824,1.3693256725333498]
["EMULSÕES ASFÁLTICAS RL-1C","2016-11-01",1.7655825565339498,1.3188025273938795,1.5251902972697937,1.2846913278246563,1.3816460181018351,1.3998865078614113]
["EMULSÕES ASFÁLTICAS RL-1C","2016-12-01",1.8517242551910924,1.324273895099541,1.477047112289704,1.2796468065704374,1.3139354831836909,1.3575951071860608]
["EMULSÕES ASFÁLTICAS RL-1C","2017-01-01",1.527615414709071,1.1785957439868591,1.4543974329313025,1.2354384621611605,1.3149247933996668,1.3077573032211409]
["EMULSÕES ASFÁLTICAS RL-1C","2017-02-01",1.7921095822813864,1.1880611051162451,1.4084625297490732,1.2626918148250739,1.340301708302811,1.2981381105752023]
["EMULSÕES ASFÁLTICAS RL-1C","2017-03-01",1.8590877466652553,1.165400750667519,1.5095380526998223,1.2853390126752755,1.3289876271956835,1.3374577933549783]
["EMULSÕES ASFÁLTICAS RL-1C","2017-04-01",1.3857881873620019,1.1562387973024628,1.5364962844977084,1.3580275094129557,1.2795021718158368,1.3544942072806532]
["EMULSÕES ASFÁLTICAS RL-1C","2017-05-01",1.5691271946034344,1.1280904559665876,1.4814699769081212,1.3351868705790004,1.3212422505729005,1.3397816083264311]
["EMULSÕES ASFÁLTICAS RL-1C","2017-06-01",1.6032647627510215,1.1651824399795676,1.4476974678194179,1.2972357055713715,1.3402915064112657,1.350873102253243]
["EMULSÕES ASFÁLTICAS RL-1C","2017-07-01",1.5404965391065053,1.1316500591731233,1.4508261971805807,1.2895475516764763,1.28869388152475,1.3342133127690328]
["EMULSÕES ASFÁLTICAS RL-1C","2017-08-01",1.5665998913834067,1.1277314490566039,1.3886070363695109,1.2871533078658968,1.2566576481772778,1.312024396776664]
["EMULSÕES ASFÁLTICAS RL-1C","2017-09-01",1.6322100353015718,1.2577376497228605,1.420726203520841,1.307780157207836,1.2104677848314107,1.3383426509585583]
["EMULSÕES ASFÁLTICAS RL-1C","2017-10-01",1.6466361323649754,1.1035673397712018,1.4483200610787628,1.3086672815248546,1.2370216260142091,1.3405602213494139]
["EMULSÕES ASFÁLTICAS RL-1C","2017-11-01",1.7094168676788428,1.1964455462807055,1.4747841861237316,1.3842792241253008,1.2785427916191225,1.3855940658165806]
["EMULSÕES ASFÁLTICAS RL-1C","2017-12-01",1.5684146161825723,1.1980565982044702,1.4608394024153954,1.3665407114070807,1.3477709872946095,1.3715688971412405]
["EMULSÕES ASFÁLTICAS RL-1C","2018-01-01",1.8600921694013879,1.2355019580021831,1.4758471822917953,1.2865629546425452,1.2892159966022867,1.3508658770559154]
["EMULSÕES ASFÁLTICAS RL-1C","2018-02-01",2.028287085987261,1.2301229910041209,1.4836997052597194,1.2947917494520824,1.2480700218568312,1.3145652037873143]
["EMULSÕES ASFÁLTICAS RL-1C","2018-03-01",2.1065612720925153,1.2104900433959016,1.4630612440396442,1.299837343892831,1.2841877957922285,1.3295024171745828]
["EMULSÕES ASFÁLTICAS RL-1C","2018-04-01",1.7592755235098763,1.228501621502325,1.4695917697488492,1.2804668508625874,1.3935110752545956,1.3506314066743323]
["EMULSÕES ASFÁLTICAS RL-1C","2018-05-01",1.9193039234449765,1.2621428281118898,1.4863430441874039,1.3433005905169124,1.3587834170757602,1.3691374796788405]
["EMULSÕES ASFÁLTICAS RL-1C","2018-06-01",1.8240053492951604,1.3165510449836839,1.5827154580180822,1.4089329335615239,1.4004620781909278,1.4588051820586565]
["EMULSÕES ASFÁLTICAS RL-1C","2018-07-01",1.9609351896507703,1.390314086871669,1.6041728204783374,1.4939493336446956,1.4643765638718145,1.5315665889019379]
["EMULSÕES ASFÁLTICAS RL-1C","2018-08-01",2.3817705816646559,1.4255047185893184,1.7691971038845788,1.608826027040555,1.5221223181977375,1.6685149252111491]
["EMULSÕES ASFÁLTICAS RL-1C","2018-09-01",1.9841175924440226,1.4930497962438785,1.7757050434344053,1.6254990559840248,1.5437363253466247,1.6577630828167256]
["EMULSÕES ASFÁLTICAS RL-1C","2018-10-01",2.0631185531249998,1.4921472362848256,1.629754978302635,1.5933682067412851,1.6716565903853127,1.6178824138874799]
["EMULSÕES ASFÁLTICAS RL-1C","2018-11-01",2.6475637347330578,1.5556966212062564,2.0112116989619886,1.7726185243565014,1.6644664361639139,1.8364501412607208]
["EMULSÕES ASFÁLTICAS RL-1C","2018-12-01",1.8279792227979272,1.5893000142375693,1.8603004601533923,1.7461125390659815,1.630714944286755,1.7262255014248922]
["EMULSÕES ASFÁLTICAS RL-1C","2019-01-01",2.635818598882377,2.0592965962385898,2.0636373485963375,1.8320327909834799,1.8941201299990973,1.9478866635284464]
["EMULSÕES ASFÁLTICAS RL-1C","2019-02-01",2.8139073338229892,2.1221237317340003,2.320688726705177,1.8734621485530341,1.9015232394514059,2.03150110019978]
["EMULSÕES ASFÁLTICAS RL-1C","2019-03-01",2.285577613024127,2.2671906340622305,2.3798522622725113,1.9605150318995812,1.9987293754083888,2.0812818507094004]
["EMULSÕES ASFÁLTICAS RL-1C","2019-04-01",2.5572009811010679,1.9661175855588524,2.3709521478060052,1.9958284647404589,1.9729791775191177,2.0872148444257976]
["EMULSÕES ASFÁLTICAS RL-1C","2019-05-01",2.7298414886695088,1.9965003940820669,2.2912616986964074,2.0065709427600846,2.0324223717271543,2.1054405541250683]
["EMULSÕES ASFÁLTICAS RL-1C","2019-06-01",2.7454786032786891,1.9446995871358157,2.2656297224447939,2.0247945367028244,1.9634730579955284,2.1148171115890544]
["EMULSÕES ASFÁLTICAS RL-1C","2019-07-01",2.4095478010835349,1.9715957089055915,2.176480912300863,2.036146168720669,1.9442434395441788,2.0653344756118033]
["EMULSÕES ASFÁLTICAS RL-1C","2019-08-01",2.1070846964734913,1.9021569694392575,2.037149360890977,1.9563564911788058,1.9904700929429686,1.9931314283365202]
["EMULSÕES ASFÁLTICAS RL-1C","2019-09-01",2.3977936286305463,1.8377744031782335,2.1395945838662072,1.9236540258371129,1.9730581604042765,2.0056963661247824]
["EMULSÕES ASFÁLTICAS RL-1C","2019-10-01",2.1139845910531445,1.8522747906690689,2.1244690048889545,1.9001005029070861,1.9952558066660184,1.9989864059268647]
["EMULSÕES ASFÁLTICAS RL-1C","2019-11-01",2.3902238315250521,1.90103629721989,2.0119086555162227,1.9662155593882871,1.993321198928415,1.98729504518833]
["EMULSÕES ASFÁLTICAS RL-1C","2019-12-01",1.9947895017838939,1.9737474431836555,2.1164318163017857,1.960219052018267,2.0434365307192959,2.0192939951908766]
["EMULSÕES ASFÁLTICAS RL-1C","2020-01-01",1.8509554715192336,1.7882379723265742,2.0848251078273141,1.9329832913948319,2.1184394422542274,1.9924072503966428]
["EMULSÕES ASFÁLTICAS RL-1C","2020-02-01",1.6422605323808883,1.7623552060133632,2.0939292198314794,1.9005049535812031,2.0293604173311266,1.9635675112486466]
["EMULSÕES ASFÁLTICAS RL-1C","2020-03-01",1.7821339816600048,1.7364126037160219,2.0405731092534665,1.7819197858056437,2.0651275622471927,1.9224465668475388]
["EMULSÕES ASFÁLTICAS RL-1C","2020-04-01",1.9212903983822045,1.7047786050996963,1.9413986435726875,1.811472926322764,1.9429929664459114,1.8687943837980365]
["EMULSÕES ASFÁLTICAS RL-1C","2020-05-01",1.84602017338241,1.6254413706102051,1.8869336636960361,1.7980058837471793,2.0133432076294202,1.8569839170928431]
["EMULSÕES ASFÁLTICAS RL-1C","2020-06-01",2.2869417929883142,1.6714534330726833,1.9532110498485866,1.7968346466294505,1.9074341892307944,1.8613752361675866]
["EMULSÕES ASFÁLTICAS RL-1C","2020-07-01",2.0723572284922178,1.742166824551632,1.8913290322015541,1.8583570150444084,1.9448622784756597,1.893368531680556]
["EMULSÕES ASFÁLTICAS RL-1C","2020-08-01",1.9322939680509583,1.8521269776817855,1.9503371636311113,1.9048103135026977,2.0141756370476855,1.9424530594805709]
["EMULSÕES ASFÁLTICAS RL-1C","2020-09-01",1.9680406072598609,1.8482556521867659,1.9633524701295031,1.8624247082262815,2.0098004277553203,1.9312253671243171]
["EMULSÕES ASFÁLTICAS RL-1C","2020-10-01",1.896759930378991,1.7810603696709584,1.9246654135892671,1.8507379156568775,2.0678038519988067,1.9325563260655181]
["EMULSÕES ASFÁLTICAS RL-1C","2020-11-01",2.0042622596598454,1.8892477925580715,2.064495812375799,1.9306559980732556,2.0898275170275307,2.0141069599725587]
["EMULSÕES ASFÁLTICAS RL-1C","2020-12-01",2.191598889038413,1.8519353063639004,2.043907161136735,1.9015685700316083,2.0520950208825433,1.9850224935848333]
["EMULSÕES ASFÁLTICAS RL-1C","2021-01-01",2.0646467338316543,1.8806377320675103,2.1260523156942144,1.8838693611196573,2.0964823984868159,1.9950111632810386]
["EMULSÕES ASFÁLTICAS RL-1C","2021-02-01",1.9684197106720673,2.0257758589705444,2.2510452537705046,2.0269586724664186,2.2078441067263141,2.1480883178214638]
["EMULSÕES ASFÁLTICAS RL-1C","2021-03-01",2.1845855751492129,2.0021545662851574,2.0673008745379673,1.989308949013598,2.2333652164006752,2.0721110798228239]
["EMULSÕES ASFÁLTICAS RL-1C","2021-04-01",2.1715900000000001,2.0489367012987012,2.1493808461331474,1.9604355425914717,2.1773941929446337,2.0820971189425639]
["EMULSÕES ASFÁLTICAS RL-1C","2021-05-01",2.2092031875217844,2.4363959649895413,2.494903773193887,2.3250479651021498,3.052240785843265,2.4418483885311639]
["EMULSÕES ASFÁLTICAS RL-1C","2021-06-01",2.1730939466370205,2.368935862657148,2.4800845368810398,2.4206554463186452,2.4896154773182562,2.4525153461975471]
["EMULSÕES ASFÁLTICAS RL-1C","2021-07-01",2.4191242708010336,2.3507914618357253,2.5201424663033816,2.4065323239030807,2.5230863681021773,2.4796917521439292]
["EMULSÕES ASFÁLTICAS RL-1C","2021-08-01",2.4679154051754888,2.4788242305147339,2.7080988113389588,2.5013227192607808,2.6132193858477972,2.6100630168066341]
["EMULSÕES ASFÁLTICAS RL-1C","2021-09-01",2.5034927129980566,2.4830448609324995,2.6536965304349267,2.5675863070320188,2.5812073942351357,2.5937230871753369]
["EMULSÕES ASFÁLTICAS RL-1C","2021-10-01",2.4335925512037373,2.4853675784165108,2.6188627007265444,2.6593691677311595,2.5835558766935462,2.5882142630248697]
["EMULSÕES ASFÁLTICAS RL-1C","2021-11-01",2.5315789938663511,2.7143948711943793,2.6511510273820109,2.7702008170170176,2.6918381740886281,2.6930830704605557]
["EMULSÕES ASFÁLTICAS RL-1C","2021-12-01",2.7405063029491119,2.7775651593962887,2.8055347310759422,2.8091795957200922,2.7559279323879751,2.7866207536702619]
["EMULSÕES ASFÁLTICAS RL-1C","2022-01-01",2.7448074712933117,2.6558534932451856,2.7855379472856612,2.8282165260325258,2.8284400548413622,2.7852382942958673]
["EMULSÕES ASFÁLTICAS RL-1C","2022-02-01",3.0746135942857142,2.7468614681865064,3.0430167511111117,3.0138797969741691,2.7225306131566023,2.8877573059039006]
["EMULSÕES ASFÁLTICAS RL-1C","2022-03-01",3.0691356345957006,2.7940439021931618,2.9168643941379284,3.0366092706453656,2.8447713538579431,2.93469443938671]
["EMULSÕES ASFÁLTICAS RL-1C","2022-04-01",3.2672809177820272,2.7769459352597847,3.1469815911330556,3.1642874187823282,2.9036314879552898,3.0393407871824674]
["EMULSÕES ASFÁLTICAS RL-1C","2022-05-01",3.0305917793773784,3.1849290479091081,3.1505533881392078,3.1754279734999913,2.8252387850640903,3.1026030806397573]
["EMULSÕES ASFÁLTICAS RL-1C","2022-06-01",3.1817183594068044,3.1320570820713134,3.2004653443208526,3.1800173588816478,2.9744257251303901,3.1454073835721417]
["EMULSÕES ASFÁLTICAS RL-1C","2022-07-01",1.9821709867338542,3.1220321431625702,3.2229369974596165,3.0845514352993675,3.0547470737403115,3.1006358460581636]
["EMULSÕES ASFÁLTICAS RL-1C","2022-08-01",3.5353510700247854,3.3433251757230749,3.1706453091638376,3.0925065545937751,3.1815151223471463,3.1843244723423596]
["EMULSÕES ASFÁLTICAS RL-1C","2022-09-01",3.9180343131387274,3.3231093131161087,3.0134132551119812,3.0563380239042752,3.106088569041213,3.1312297963033493]
["EMULSÕES ASFÁLTICAS RL-1C","2022-10-01",3.4268674756490425,3.4269938568035685,2.7883508496513798,2.9819437673531572,2.985622034553018,3.0184617471886264]
["EMULSÕES ASFÁLTICAS RL-1C","2022-11-01",3.9012557870483846,3.4617350202937933,2.9066697161907378,2.8461826162699411,2.9765785847214254,3.0104104191827368]
["EMULSÕES ASFÁLTICAS RL-1C","2022-12-01",3.6678319809244311,3.3723875209414675,2.8494436775185443,2.7585939333486924,2.929605848549242,2.9848026946616972]
["EMULSÕES ASFÁLTICAS RL-1C","2023-01-01",3.7258602184873948,3.1760972865012129,3.001617038174293,2.6935739518823398,2.9308847087048164,2.9769252699780013]
["EMULSÕES ASFÁLTICAS RL-1C","2023-02-01",3.6420587373618623,3.2083733957756579,2.7016006712905507,2.5959868114810751,2.915303455094822,2.8201037533172424]
["EMULSÕES ASFÁLTICAS RL-1C","2023-03-01",3.581302315208156,3.0473738158049448,2.8273261707789614,2.5667079655661578,2.8425234193294262,2.7760784541830827]
["EMULSÕES ASFÁLTICAS RL-1C","2023-04-01",3.1944402434658081,2.9925985140992699,3.0112124888456071,2.6068615400753381,2.8747278583170255,2.8331788630240315]
["EMULSÕES ASFÁLTICAS RL-1C","2023-05-01",3.167048608265977,2.9036993681481209,2.8583495800423888,2.5921670846894922,2.6725207831201563,2.75802995572228]
["EMULSÕES ASFÁLTICAS RL-1C","2023-06-01",3.2835637189211964,2.9481023451709087,2.7721148041261801,2.5751809089169391,2.644116986718184,2.7300681217883569]
["EMULSÕES ASFÁLTICAS RL-1C","2023-07-01",3.1708478311798083,2.732969760835863,2.8267051124651625,2.5416072737104205,2.6841439703047758,2.6982514716940655]
["EMULSÕES ASFÁLTICAS RL-1C","2023-08-01",3.036677738613049,2.783136735699359,2.883023354052721,2.4153755294540153,2.5814544032638556,2.6410541676633112]
["EMULSÕES ASFÁLTICAS RL-1C","2023-09-01",3.3483076617912237,2.7546797537004792,2.976282450627088,2.6405205985106108,2.6080038770196738,2.7610603016616393]
["EMULSÕES ASFÁLTICAS RL-1C","2023-10-01",3.289099207959099,2.8973954392085997,2.9504737453403229,2.5886299738041805,2.713302049966213,2.7868987444940285]
["EMULSÕES ASFÁLTICAS RL-1C","2023-11-01",2.876410597536871,2.8529796318783509,3.0209880407405838,2.5129901210822974,2.6862648455836555,2.7288935262596725]
["EMULSÕES ASFÁLTICAS RL-1C","2023-12-01",3.1656090264404715,3.0778295892240903,2.9343058854358217,2.4916221775103713,2.6623158427547002,2.7583881653877542]
["EMULSÕES ASFÁLTICAS RL-1C","2024-01-01",2.7356886006289303,2.7617483158426204,2.9984184287572369,2.4753254603877131,2.5535835588463485,2.6957943570235079]
["EMULSÕES ASFÁLTICAS RL-1C","2024-02-01",2.8670386366569858,2.7661053789458374,2.9053692173610504,2.5539528767585709,2.5415431443803134,2.6676760654483345]
["EMULSÕES ASFÁLTICAS RL-1C","2024-03-01",2.5048512605127167,2.7981131524290239,2.8131624794876546,2.4980238070604592,2.5583726422932691,2.6406528674063874]
["EMULSÕES ASFÁLTICAS RL-1C","2024-04-01",2.9015602544217689,2.7380778336059337,2.7396106206076096,2.4368141989254619,2.5962116115861886,2.5948626661675389]
["EMULSÕES ASFÁLTICAS RL-1C","2024-05-01",2.597611526062777,2.7114853551632532,2.7917974452542063,2.4305511979851171,2.601844132867408,2.5752561700705874]
["EMULSÕES ASFÁLTICAS RL-1C","2024-06-01",2.8991144430823113,2.7639774377234021,2.6876941910100336,2.392133511214793,2.6656152732703022,2.5553277641999754]
["EMULSÕES ASFÁLTICAS RL-1C","2024-07-01",3.2850664432823815,2.8439083669227392,2.8293459694048009,2.507762390912823,2.6328719858288792,2.6626157411146063]
["EMULSÕES ASFÁLTICAS RL-1C","2024-08-01",3.914050819217739,2.9653939294719707,3.0459679694748942,2.6912336539141495,2.695245731794977,2.8368312009533181]
["EMULSÕES ASFÁLTICAS RL-1C","2024-09-01",3.4717358604251665,3.0347671262454687,3.1132799345153801,2.7196701927572802,2.8249900622781547,2.8911125080890026]
["EMULSÕES ASFÁLTICAS RL-1C","2024-10-01",3.2531327282438163,3.0795954820065985,3.3492436549060169,2.727095119556564,2.8443529997448493,2.928795528326356]
["EMULSÕES ASFÁLTICAS RL-1C","2024-11-01",3.0874166061163493,2.8559958909041194,3.0790455485820876,2.7177281617366127,2.9039500582933577,2.8576895680206196]
["EMULSÕES ASFÁLTICAS RL-1C","2024-12-01",3.4179695981630309,3.1751804202912246,3.0106763011702564,2.8626259293953278,3.0092820325792582,2.9546971389443861]
["EMULSÕES ASFÁLTICAS RL-1C","2025-01-01",3.482177239263804,3.0609661607107599,2.9562724185306206,2.7395572249245475,3.1297030544241262,2.9205046854658274]
["EMULSÕES ASFÁLTICAS RL-1C","2025-02-01",3.7596999999999996,3.2570613933781773,3.2405142303539467,2.8432475901624463,3.1716909745210859,3.0203789479991214]
["EMULSÕES ASFÁLTICAS RL-1C","2025-03-01",3.6459345658686679,2.7387465968533915,2.9951341771131506,2.8586687016818062,3.1069740814781479,2.9106660252608592]
["EMULSÕES ASFÁLTICAS RL-1C","2025-04-01",3.6439462262301512,2.7776321496300649,3.0443464261933206,2.7643947194757037,3.0490036900018671,2.8927432542739311]
["EMULSÕES ASFÁLTICAS RL-1C","2025-05-01",3.4293891108556096,2.7920789904936094,3.034575718331388,2.8050675441535082,3.0745393692154357,2.8943596781004124]
["EMULSÕES ASFÁLTICAS RL-1C","2025-06-01",3.2261196249401496,2.8225819062023985,2.8639249832307856,2.7816178770604068,2.9905300212285142,2.8503264466581566]
["EMULSÕES ASFÁLTICAS RL-1C","2025-07-01",4.0919457930353866,2.7670842679260965,2.9358718153625381,3.0144983352214485,3.0635539864029671,3.003179831369815]
["EMULSÕES ASFÁLTICAS RM-1C","2008-11-01",1.2440746756266305,0.83737125724693595,1.2302087565235102,1.0770216649742204,0.93029969398803902,0.99194697105575613]
["EMULSÕES ASFÁLTICAS RM-1C","2008-12-01",1.2757451960894022,0.88756640695071143,1.1972130708411794,1.0074814750540864,0.94581961125570146,0.99315543588644317]
["EMULSÕES ASFÁLTICAS RM-1C","2009-01-01",1.1692491401627692,0.93428388985236244,1.2055997645472507,0.9392693173620229,0.96282630756923537,1.0164850753236701]
["EMULSÕES ASFÁLTICAS RM-1C","2009-02-01",1.2185810448804506,0.91851765590709578,1.2456314268356794,0.99770133375213332,0.9497388182442883,1.0373901754860333]
["EMULSÕES ASFÁLTICAS RM-1C","2009-03-01",1.1627963120401728,0.9277118202078084,1.2102570091416185,0.9103957531099135,0.94034762056325694,1.0013663352842179]
["EMULSÕES ASFÁLTICAS RM-1C","2009-04-01",1.2711328476132235,0.87459951400745084,1.1978227296035973,0.92589123267579498,0.94190758478931191,0.98046008053262357]
["EMULSÕES ASFÁLTICAS RM-1C","2009-05-01",1.3753979956901705,0.86869089842699165,1.2313967657413556,0.88922972800331301,0.91997459936112735,0.9837775863242072]
["EMULSÕES ASFÁLTICAS RM-1C","2009-06-01",1.4422934168089547,0.88335770522804669,1.1986050068320748,0.87294991509975017,0.94398753174671501,0.96770110428401168]
["EMULSÕES ASFÁLTICAS RM-1C","2009-07-01",1.3991710608467058,0.85038391203860597,1.2397290640486094,0.98340286839061664,0.94138006025652521,0.94739118502226982]
["EMULSÕES ASFÁLTICAS RM-1C","2009-08-01",1.4135809115293387,0.84747785706760304,1.1265953153909967,0.89526325795762152,0.87568058619863809,0.91817900161395671]
["EMULSÕES ASFÁLTICAS RM-1C","2009-09-01",1.4715034676434675,0.83730006188485617,1.1732581770169879,0.87330593464086659,0.87515142553997183,0.90853638559109073]
["EMULSÕES ASFÁLTICAS RM-1C","2009-10-01",1.4403662767600971,0.84754292346029625,1.1898825896140159,0.88634172635386732,0.878008573618691,0.95039760947872098]
["EMULSÕES ASFÁLTICAS RM-1C","2009-11-01",1.4752813603562107,0.84055645592934836,1.1394213528453545,0.92195017553161274,0.86981725758585993,0.90203337414072537]
["EMULSÕES ASFÁLTICAS RM-1C","2009-12-01",1.1704376634999312,0.83864203028195738,1.0898878652110811,0.88652672790587239,0.89811291253426395,0.9265671573281139]
["EMULSÕES ASFÁLTICAS RM-1C","2010-01-01",1.1511888752211412,0.82339013886873635,1.1520021218137368,0.85553178721341006,0.86879759891354125,0.94813039075901606]
["EMULSÕES ASFÁLTICAS RM-1C","2010-02-01",1.3483415518824611,0.83630684544548306,1.1046151437657348,0.86912036553728034,0.85551358897807206,0.91978573476372016]
["EMULSÕES ASFÁLTICAS RM-1C","2010-03-01",1.1104721025658488,0.83199322443700308,1.1299371655437676,0.85050743807887752,0.85754784919594673,0.9137229974999298]
["EMULSÕES ASFÁLTICAS RM-1C","2010-04-01",1.0966126863441681,0.84044834611533503,1.1456176946905472,0.82265265382523323,0.86949607740950752,0.92735824552140889]
["EMULSÕES ASFÁLTICAS RM-1C","2010-05-01",1.0738392007894415,0.84954815538850414,1.0768264519534754,0.83109798137877589,0.81875251314607911,0.89980226668522512]
["EMULSÕES ASFÁLTICAS RM-1C","2010-06-01",1.1880163179803951,0.88348805291668808,1.0027454959827347,0.81660860565356852,0.83043972898024665,0.89271539860918281]
["EMULSÕES ASFÁLTICAS RM-1C","2010-07-01",1.214792852748114,0.85124598400050733,0.99520839597095156,1.0553408610172523,0.82131302795622796,0.92899880297332715]
["EMULSÕES ASFÁLTICAS RM-1C","2010-08-01",1.117648232917962,0.86775010589509294,1.040275194428149,0.83972803748384295,0.81359839643464227,0.87408684551949478]
["EMULSÕES ASFÁLTICAS RM-1C","2010-09-01",1.1190722773781085,0.84948488885167872,1.0652531903960194,0.79687197442419211,0.81479282245224505,0.86993555454404403]
["EMULSÕES ASFÁLTICAS RM-1C","2010-10-01",1.0159090696086417,0.8246800681987394,1.0316397489539009,0.95721208902352595,0.81430716097957001,0.89136019796629329]
["EMULSÕES ASFÁLTICAS RM-1C","2010-11-01",1.0878597151607545,0.80615534044900716,0.96710292728458214,0.96469666139976751,0.79958472508700773,0.87789754102628637]
["EMULSÕES ASFÁLTICAS RM-1C","2010-12-01",1.1506631971235517,0.81791017659960674,1.025397694948901,0.92341065245529308,0.83163011470656223,0.92206578790354088]
["EMULSÕES ASFÁLTICAS RM-1C","2011-01-01",1.1009037960795724,0.80535792796051042,1.074130929747648,0.86621481145842716,0.82742895359125457,0.90934624313128254]
["EMULSÕES ASFÁLTICAS RM-1C","2011-02-01",1.1893804375865216,0.80165347861447511,1.0819090155081026,0.8372027730086532,0.82581328441652213,0.90641993730568371]
["EMULSÕES ASFÁLTICAS RM-1C","2011-03-01",0.9799309268365094,0.80698824333826191,1.0228058474509325,0.99096270838989964,0.85468653979115516,0.90770122249176111]
["EMULSÕES ASFÁLTICAS RM-1C","2011-04-01",1.0216544633789779,0.80147597368795498,1.0355141002033987,0.91591943378753793,0.82446614171232036,0.89597489448547873]
["EMULSÕES ASFÁLTICAS RM-1C","2011-05-01",0.94107896478638187,0.80484471254569478,1.0191156004155506,0.96463839189391321,0.80120334982460006,0.86701741920643793]
["EMULSÕES ASFÁLTICAS RM-1C","2011-06-01",1.1103178831625042,0.79442537985310757,1.0331756140200801,0.97574190195274602,0.81325655368422678,0.90126143462723463]
["EMULSÕES ASFÁLTICAS RM-1C","2011-07-01",1.1201162286671553,0.79484422638329111,1.029953980446914,0.82885915461275028,0.81181453934896874,0.86091323102752237]
["EMULSÕES ASFÁLTICAS RM-1C","2011-08-01",1.0037899748800072,0.78157908151180266,1.0255700573440403,0.78388233676746089,0.82024004953760909,0.8343426858574996]
["EMULSÕES ASFÁLTICAS RM-1C","2011-09-01",0.91246930126353976,0.77596353481529012,1.026791585180751,0.75800776013137461,0.80537571233942606,0.8221870978683562]
["EMULSÕES ASFÁLTICAS RM-1C","2011-10-01",0.93742091604471833,0.77908928729115923,1.0558443433486642,0.74541231801684593,0.82193475035167485,0.8371499690094687]
["EMULSÕES ASFÁLTICAS RM-1C","2011-11-01",1.0056961423673156,0.78685274567164953,1.0500890812686077,0.76898537752309137,0.81639764301328765,0.8335211071780475]
["EMULSÕES ASFÁLTICAS RM-1C","2011-12-01",1.0321656286403107,0.78603018107453426,1.0557717877969099,0.74738072434082836,0.83097082648978149,0.8559323296368615]
["EMULSÕES ASFÁLTICAS RM-1C","2012-01-01",0.97718956895496834,0.78816376192361104,0.99055096257024666,0.83629194124627204,0.83567029634393342,0.8710153849825728]
["EMULSÕES ASFÁLTICAS RM-1C","2012-02-01",1.0056200337943373,0.78540672515515431,1.0436393927485568,0.90134453237467183,0.83223977207928035,0.8866582802145363]
["EMULSÕES ASFÁLTICAS RM-1C","2012-03-01",1.0465676978258955,0.79432799575872393,1.0294477815144547,0.89345190839583299,0.85218647044364004,0.878215503875036]
["EMULSÕES ASFÁLTICAS RM-1C","2012-04-01",1.1323340888376434,0.79383793537578506,1.0168887129992157,0.93013643344201302,0.86083166977686398,0.8918502267024131]
["EMULSÕES ASFÁLTICAS RM-1C","2012-05-01",1.3072376625512239,0.84637013159372632,1.0515696312684566,0.94645964547514339,0.84982788620084104,0.90412293346356587]
["EMULSÕES ASFÁLTICAS RM-1C","2012-06-01",1.2417558167207541,0.8397975462969427,1.0832595693578104,0.97754787835886603,0.86735899654228388,0.91915020546770265]
["EMULSÕES ASFÁLTICAS RM-1C","2012-07-01",1.2161289489092453,0.83493867821353485,1.0359146747118244,0.98582202201819646,0.87017300155207822,0.9200783822703249]
["EMULSÕES ASFÁLTICAS RM-1C","2012-08-01",1.2314005931034484,0.83935778892873858,1.0913175572674303,0.98793563356512926,0.86168719809992511,0.90920967288325949]
["EMULSÕES ASFÁLTICAS RM-1C","2012-09-01",0.84728706486191852,0.86318102775998085,1.060482788167584,0.90873533260834827,0.85439202185591467,0.87881156115243353]
["EMULSÕES ASFÁLTICAS RM-1C","2012-10-01",1.1832633836988431,0.88023826429980301,1.1000667754000857,0.96348602284317242,0.85032078464281946,0.91808221211157304]
["EMULSÕES ASFÁLTICAS RM-1C","2012-11-01",1.2091937268114132,0.88176344019212394,1.0960109303609533,0.9265937161941159,0.89230397873541945,0.93029045520229614]
["EMULSÕES ASFÁLTICAS RM-1C","2012-12-01",1.2200999999999997,0.85426092444060331,1.0558040570327178,0.92432547659660602,0.86409295466275982,0.94181012677620823]
["EMULSÕES ASFÁLTICAS RM-1C","2013-01-01",1.2284339326747162,0.87033193380989604,1.0887423500618352,1.053334332691509,0.89236908455807751,0.98126119521284116]
["EMULSÕES ASFÁLTICAS RM-1C","2013-02-01",1.2253841107352681,0.84867467032788479,1.1485429792311026,0.86964437804396477,0.89362647423683028,0.99942924583634152]
["EMULSÕES ASFÁLTICAS RM-1C","2013-03-01",1.2156765872873123,0.8494502078753271,1.1520893409978326,0.869632999161705,0.90750685694410671,0.99010968939959054]
["EMULSÕES ASFÁLTICAS RM-1C","2013-04-01",1.1986927540073484,0.84869761951604961,1.1693319655446488,0.87953942490553105,0.89016013521721771,0.98031303127467173]
["EMULSÕES ASFÁLTICAS RM-1C","2013-05-01",0.98938620657413212,0.86094833083901257,1.1444377843854776,0.88244038414607273,0.90423026642470827,0.95761708745943852]
["EMULSÕES ASFÁLTICAS RM-1C","2013-06-01",1.2174793086612636,0.86768896784428573,1.164136971088358,0.89372625910922276,0.90496241363478991,0.96615868448241948]
["EMULSÕES ASFÁLTICAS RM-1C","2013-07-01",1.1171583604310125,0.88426264089352791,1.1571427082421888,0.91663292644247196,0.94248917152269196,0.96138237357667244]
["EMULSÕES ASFÁLTICAS RM-1C","2013-08-01",1.2118713430306511,0.87054365052699401,1.1569895184202428,0.91867112505906579,0.91801887620495759,0.96375720995793401]
["EMULSÕES ASFÁLTICAS RM-1C","2013-09-01",1.202,0.90663111467864377,1.171295749180786,0.93298370704616451,0.90658975421904442,0.98569455387683791]
["EMULSÕES ASFÁLTICAS RM-1C","2013-10-01",1.2181492919878114,0.95006897728628836,1.1354721454815453,0.91839960772196483,0.89495813501768529,0.97929272525175515]
["EMULSÕES ASFÁLTICAS RM-1C","2013-11-01",1.1195558886944814,0.94802065957925663,1.1440306670461884,0.93026080733809891,0.91075605853383912,0.98575120139592476]
["EMULSÕES ASFÁLTICAS RM-1C","2013-12-01",1.2128139371554345,0.924216638581287,1.1896604811455453,0.91843757400422876,0.90599239644822016,1.0071186734164457]
["EMULSÕES ASFÁLTICAS RM-1C","2014-01-01",1.2067020436758733,0.94259640782181142,1.1412903035651072,0.92889875666732213,0.92234515003768069,1.0025032393494497]
["EMULSÕES ASFÁLTICAS RM-1C","2014-02-01",1.0579315772732258,0.92368605489971045,1.1429172288149934,0.93217781899228425,0.87922893799542923,0.96795597048398319]
["EMULSÕES ASFÁLTICAS RM-1C","2014-03-01",0.9997439288450648,0.93791855913735322,1.1657046266221616,0.92193538126391972,0.91895274771452173,0.97821862278597493]
["EMULSÕES ASFÁLTICAS RM-1C","2014-04-01",1.0310021510196676,0.94274368537637876,1.128477542203479,0.88914415488063392,0.91984325608798101,0.97323432777391894]
["EMULSÕES ASFÁLTICAS RM-1C","2014-05-01",1.1143157323548218,0.93449108802475611,1.1581051288412034,0.92385576145827886,0.90982706584962836,0.99508747499448846]
["EMULSÕES ASFÁLTICAS RM-1C","2014-06-01",1.0169746381699241,0.95563974707690769,1.1929335994173713,0.93609120504383891,0.9352096646059741,0.99275027025368912]
["EMULSÕES ASFÁLTICAS RM-1C","2014-07-01",0.88644807044706797,0.9483675122396592,1.0022731372522997,0.90942928363207809,0.91942553538204896,0.93980024814958585]
["EMULSÕES ASFÁLTICAS RM-1C","2014-08-01",1.2195540832485012,0.93945798005768544,1.0486856251470773,0.90207295975078772,0.92205139435985195,0.95508313764177033]
["EMULSÕES ASFÁLTICAS RM-1C","2014-09-01",1.170468620735081,0.93115061529545839,1.1577073614266999,0.91021734900408957,0.93515578457253623,0.96429925418195328]
["EMULSÕES ASFÁLTICAS RM-1C","2014-10-01",1.3542394211677606,0.93506156252423134,1.0563183132137126,0.86315841471376142,0.97135973935622555,0.9489259470168655]
["EMULSÕES ASFÁLTICAS RM-1C","2014-11-01",1.2293336289866013,0.96017017240788982,1.0970816325706858,0.92481923881065564,0.95140020348837206,0.97467027232499881]
["EMULSÕES ASFÁLTICAS RM-1C","2014-12-01",1.1319735098863155,1.0689854505157959,1.1058130844637208,0.8783799550814152,1.0118455786298257,1.0282630859181972]
["EMULSÕES ASFÁLTICAS RM-1C","2015-01-01",1.3663039621340931,1.3353018260124534,1.4089803100391451,1.0393082398893714,1.199734699349823,1.2703752728627753]
["EMULSÕES ASFÁLTICAS RM-1C","2015-02-01",1.6478061813855389,1.2955207990076321,1.3999763827123628,1.0165557140370221,1.1761570701637758,1.2526426904446903]
["EMULSÕES ASFÁLTICAS RM-1C","2015-03-01",1.5589427873762804,1.2605027625158327,1.4601410058534363,1.0875560601129803,1.1378319685617226,1.2525076139823397]
["EMULSÕES ASFÁLTICAS RM-1C","2015-04-01",1.3241754455136077,1.2771967615675162,1.4132283044708203,1.0923654477175413,1.2149305994750745,1.2624108976646942]
["EMULSÕES ASFÁLTICAS RM-1C","2015-05-01",1.5552132680022084,1.2785987089364168,1.4133167154701134,1.0234322514265173,1.1671401019813132,1.2669828619074477]
["EMULSÕES ASFÁLTICAS RM-1C","2015-06-01",1.5623747938184134,1.2522278641008713,1.4901750889259209,1.0220828389642531,1.1546196432832516,1.2854731199760379]
["EMULSÕES ASFÁLTICAS RM-1C","2015-07-01",1.4972154738651995,1.264458328077084,1.2560783739658024,1.0347053620116375,1.1810006773681725,1.2476002962438619]
["EMULSÕES ASFÁLTICAS RM-1C","2015-08-01",1.5477231585178022,1.3378228677958703,1.4831631620723167,1.0208515532316462,1.1421220969438861,1.298923017064793]
["EMULSÕES ASFÁLTICAS RM-1C","2015-09-01",1.5578782789954144,1.2801082484822721,1.3944477404254176,1.1208783545292689,1.0859062231588994,1.2553305044978029]
["EMULSÕES ASFÁLTICAS RM-1C","2015-10-01",1.662527932725268,1.2909606839048544,1.5455570567247257,1.0977588872173012,1.1332078077580878,1.3180389108792234]
["EMULSÕES ASFÁLTICAS RM-1C","2015-11-01",1.8338622435181615,1.5058168099363505,1.5859677649855599,1.3758140780678019,1.2458764281269585,1.4961979826208793]
["EMULSÕES ASFÁLTICAS RM-1C","2015-12-01",1.8777695619773731,1.4431751257945624,1.5835331875816046,1.2489359567552292,1.1891475882448894,1.4516128667788266]
["EMULSÕES ASFÁLTICAS RM-1C","2016-01-01",1.7409283222464698,1.4791194918534782,1.7134591762173246,1.2475936126613185,1.3203095498839823,1.4677294565828749]
["EMULSÕES ASFÁLTICAS RM-1C","2016-02-01",1.9385085667962687,1.5140419773488456,1.7216144482592244,1.2798829328634946,1.2929359483319467,1.5312358578416068]
["EMULSÕES ASFÁLTICAS RM-1C","2016-03-01",1.7843736950210707,1.512588694547701,1.7015461512301324,1.3431408401961054,1.3335937506472995,1.4925970905857922]
["EMULSÕES ASFÁLTICAS RM-1C","2016-04-01",1.80006117922675,1.6167340791734461,1.7867565217576311,1.3829176510506853,1.3426001867888202,1.541898976057938]
["EMULSÕES ASFÁLTICAS RM-1C","2016-05-01",1.755126411788573,1.7094488456586903,1.7928550321562347,1.4637279105207799,1.4273058337740265,1.60641896274598]
["EMULSÕES ASFÁLTICAS RM-1C","2016-06-01",1.8205085676551109,1.5173140759155508,1.7171148840770418,1.5115493939039371,1.3533683158821266,1.509405429616993]
["EMULSÕES ASFÁLTICAS RM-1C","2016-07-01",1.8189527171487472,1.470334662343511,1.7296839468592804,1.4939717954839484,1.4122387304201487,1.5083949722965055]
["EMULSÕES ASFÁLTICAS RM-1C","2016-08-01",1.9758494687440229,1.5302191190164971,1.7112679882593975,1.5107556680860244,1.4285483985026346,1.5632637808778107]
["EMULSÕES ASFÁLTICAS RM-1C","2016-09-01",1.6444586911442398,1.5032578217748696,1.5741901436708714,1.3311757407168434,1.278645770237917,1.4204560157760806]
["EMULSÕES ASFÁLTICAS RM-1C","2016-10-01",1.6558099254394296,1.4703067206074427,1.5116758776771082,1.3598163400259069,1.2495570878466304,1.4134255567498784]
["EMULSÕES ASFÁLTICAS RM-1C","2016-11-01",1.598621901157814,1.4510326702745142,1.7429948600369587,1.3373589897983582,1.3089074306257398,1.4475169464401583]
["EMULSÕES ASFÁLTICAS RM-1C","2016-12-01",1.7842162184362642,1.4330079691372393,1.7616727438377737,1.3329012360694386,1.2288198759824072,1.4582415504395472]
["EMULSÕES ASFÁLTICAS RM-1C","2017-01-01",1.6516441865129101,1.3225611786905576,1.8125244118606612,1.3026528046521966,1.2190395134316296,1.4117359143035897]
["EMULSÕES ASFÁLTICAS RM-1C","2017-02-01",1.6196794885446919,1.179923531817922,1.6970293396495046,1.3714264536859213,1.2548173172056125,1.3260330735952215]
["EMULSÕES ASFÁLTICAS RM-1C","2017-03-01",1.6939173962904914,1.2189000824215845,1.7763121341426584,1.3587478706392102,1.2153180161911408,1.3862117256511903]
["EMULSÕES ASFÁLTICAS RM-1C","2017-04-01",1.7124616299601394,1.2494399906972471,1.7872092215953399,1.2385920811579791,1.1621679500505928,1.385017912091866]
["EMULSÕES ASFÁLTICAS RM-1C","2017-05-01",1.7094804743222911,1.2070241369761581,1.6664202790934897,1.3427858774394266,1.1816139837011574,1.3750651962349436]
["EMULSÕES ASFÁLTICAS RM-1C","2017-06-01",1.6816326713947989,1.2528271545694243,1.8146677425405686,1.65509911689612,1.1163669943427763,1.362000046602247]
["EMULSÕES ASFÁLTICAS RM-1C","2017-07-01",1.6410656015280995,1.2432846598897036,1.6123913301049233,1.407942360062542,1.0758034116375832,1.2570175029594184]
["EMULSÕES ASFÁLTICAS RM-1C","2017-08-01",1.6761631933913737,1.2497292395764861,1.5136316681697921,1.4323507874999997,1.1387723095667803,1.2631308531775087]
["EMULSÕES ASFÁLTICAS RM-1C","2017-09-01",1.688621115778171,1.2370675026929987,1.7795554193356067,1.4087075520638774,1.135769276913716,1.2954755337066299]
["EMULSÕES ASFÁLTICAS RM-1C","2017-10-01",1.6789470045281121,1.2700495809202119,1.6104542960720822,1.5056643560085716,1.1050028607380595,1.3260411411446831]
["EMULSÕES ASFÁLTICAS RM-1C","2017-11-01",1.6910137283100632,1.318507677133079,1.6874571685149165,1.4590908597829075,1.0222031595779058,1.3548520408699223]
["EMULSÕES ASFÁLTICAS RM-1C","2017-12-01",1.7774686918862421,1.3419842252342902,1.6046481277473501,1.3931731327163808,1.1589382389750029,1.4325811635127581]
["EMULSÕES ASFÁLTICAS RM-1C","2018-01-01",1.8989063385577725,1.3783171042869371,1.5353010643394933,1.4613785948100002,1.1307527878855113,1.4571882655307402]
["EMULSÕES ASFÁLTICAS RM-1C","2018-02-01",1.7178404560988991,1.3067482196616174,1.5275124545702825,1.48708766193104,1.1391060725198281,1.3625410913531768]
["EMULSÕES ASFÁLTICAS RM-1C","2018-03-01",1.9343988253808084,1.3305726202127952,1.5455149828970745,1.4533731790739739,1.3771954222738567,1.4807028942560059]
["EMULSÕES ASFÁLTICAS RM-1C","2018-04-01",1.6871042184152896,1.3260416409905063,1.5353970997593038,1.4147212726915135,1.4862852011320513,1.4523387181508043]
["EMULSÕES ASFÁLTICAS RM-1C","2018-05-01",1.6918126626199632,1.450391579016262,1.5524364943131403,1.4594211711379927,1.2693003140377508,1.4601952243619425]
["EMULSÕES ASFÁLTICAS RM-1C","2018-06-01",1.8608319905785122,1.4646383854109559,1.7100193417166003,1.4296296397405321,1.6423499350833355,1.5962611306127075]
["EMULSÕES ASFÁLTICAS RM-1C","2018-07-01",1.8843249473951003,1.5753774895550132,1.6881124355605814,1.6164236326190835,1.6098421843306188,1.6409525559129283]
["EMULSÕES ASFÁLTICAS RM-1C","2018-08-01",1.7350076362052542,1.7074808071370779,1.8984421274126957,2.3351216704835869,1.7126626074026443,1.8653923204892395]
["EMULSÕES ASFÁLTICAS RM-1C","2018-09-01",2.2421754983821542,1.7385658792052334,1.9470503476821193,2.4023011806250696,1.8182721045566295,1.9929832017075235]
["EMULSÕES ASFÁLTICAS RM-1C","2018-10-01",2.6736504558721332,1.7939585005250016,1.7228296886782215,2.6811515289962546,1.8766269795765667,2.1360434865918747]
["EMULSÕES ASFÁLTICAS RM-1C","2018-11-01",3.1662958005636606,2.0049001032755851,2.0889110397241208,2.9804048795164602,1.9286064359376285,2.561817288699396]
["EMULSÕES ASFÁLTICAS RM-1C","2018-12-01",2.5235890087374853,1.8902582005571029,1.8778794960410339,2.7595711423649174,2.0028638773520973,2.1388882327528074]
["EMULSÕES ASFÁLTICAS RM-1C","2019-01-01",2.7000417112449608,2.0263812007721045,2.1401435726019571,2.3752739596170773,2.1046126948587403,2.2377215782525286]
["EMULSÕES ASFÁLTICAS RM-1C","2019-02-01",2.5733624764971501,2.1542414305680135,2.3266222765828877,2.2246261956885962,2.2402913233408142,2.2885883317330773]
["EMULSÕES ASFÁLTICAS RM-1C","2019-03-01",2.8039128535567817,2.1164654771507334,2.2966397089168376,2.3552267958130821,2.2269099649953943,2.3395193684561457]
["EMULSÕES ASFÁLTICAS RM-1C","2019-04-01",2.7538439997428235,2.0658516615049809,2.3667705242946089,2.3377453847810723,2.353345154889567,2.3333522488259275]
["EMULSÕES ASFÁLTICAS RM-1C","2019-05-01",2.7969122690888448,2.0706944561289027,2.3869999679722458,2.1514114061167944,2.2615761870261339,2.2930108152411943]
["EMULSÕES ASFÁLTICAS RM-1C","2019-06-01",2.8786715804206779,2.0150139348024609,2.4271920313692248,2.4445590406661033,2.2218819576401843,2.2990949752309149]
["EMULSÕES ASFÁLTICAS RM-1C","2019-07-01",2.6714989437684493,2.0765382613180163,2.4750797262471407,2.4072261088772917,2.2616874244421012,2.3371358884741809]
["EMULSÕES ASFÁLTICAS RM-1C","2019-08-01",2.6105183273124908,2.0178180587620402,2.4382153145880281,2.862795964312745,2.2316705899165901,2.3492405255405107]
["EMULSÕES ASFÁLTICAS RM-1C","2019-09-01",2.6169414750954818,2.0379581402271745,2.3889140219025826,2.8923801499953989,2.2615100605866463,2.3972090642093713]
["EMULSÕES ASFÁLTICAS RM-1C","2019-10-01",2.5795184776761699,1.9476248567562788,2.3166481776261767,3.0621034408231025,2.143885439242228,2.3382454204595176]
["EMULSÕES ASFÁLTICAS RM-1C","2019-11-01",2.7559181109736706,1.9595045753070652,2.1892937255071216,3.4006857775107808,2.1605882843526598,2.4762799914246103]
["EMULSÕES ASFÁLTICAS RM-1C","2019-12-01",2.5643978285879458,1.9826297196214957,2.2382257018169627,3.2700447978238021,2.1397160452083721,2.5283457387778498]
["EMULSÕES ASFÁLTICAS RM-1C","2020-01-01",2.4148274299845438,2.0941317018578753,2.2094822552485005,3.1719546686672624,2.1970384864997468,2.4254583600110244]
["EMULSÕES ASFÁLTICAS RM-1C","2020-02-01",2.492383953065676,1.8278887061654314,2.2506818284180961,2.7726498567096893,2.0965432526937491,2.192000924003727]
["EMULSÕES ASFÁLTICAS RM-1C","2020-03-01",2.6220254806379995,1.8600077105883774,2.0935512931815019,2.9644898953982293,2.1074885517773092,2.2851733688592399]
["EMULSÕES ASFÁLTICAS RM-1C","2020-04-01",2.7685419624096674,1.8383978988656022,2.0556880200649159,3.2110309400699588,2.0740192292004886,2.5598260144446194]
["EMULSÕES ASFÁLTICAS RM-1C","2020-05-01",2.5873227315798473,1.8324985356734531,2.0987700661687887,3.0280077796987976,2.262818894027419,2.3953100903291746]
["EMULSÕES ASFÁLTICAS RM-1C","2020-06-01",2.6653602997813737,1.827148860703113,2.1006188006560316,2.5744209548239638,1.994877755327545,2.1684036937577744]
["EMULSÕES ASFÁLTICAS RM-1C","2020-07-01",2.518747949134521,1.7447592093495172,2.1587461023122567,2.8737181068635738,1.9952807007260616,2.2026478039167801]
["EMULSÕES ASFÁLTICAS RM-1C","2020-08-01",2.4850709606845016,1.8043691707852343,2.1120853794063974,2.8153138965191924,2.078086265443837,2.2416182195989731]
["EMULSÕES ASFÁLTICAS RM-1C","2020-09-01",2.4387211421566795,1.8193145530364379,2.1249319616378082,3.150277193153745,2.0462239440688461,2.2986682876635061]
["EMULSÕES ASFÁLTICAS RM-1C","2020-10-01",2.4537260314192846,1.8931990864276063,2.0349097760900872,2.8966225637489713,2.0669731455560321,2.2249560539642759]
["EMULSÕES ASFÁLTICAS RM-1C","2020-11-01",2.6788735678640654,2.0282348868913092,2.1591436775428003,2.9492634684649812,2.1978360791324034,2.2971804531208218]
["EMULSÕES ASFÁLTICAS RM-1C","2020-12-01",2.5782098261565314,2.031621505422994,2.182355341060485,2.8198574550722637,2.2336993279057684,2.2530474852908866]
["EMULSÕES ASFÁLTICAS RM-1C","2021-01-01",2.6460557236152544,1.9772043132732453,2.2039075070457561,2.9169103005693482,2.3310170638219829,2.2639639514467942]
["EMULSÕES ASFÁLTICAS RM-1C","2021-02-01",2.7763632350908063,2.2314145150664366,2.3617696181759351,2.4934783763739907,2.0791072008120337,2.3330562750476069]
["EMULSÕES ASFÁLTICAS RM-1C","2021-03-01",2.7488581881121239,2.235616055189193,2.1610643416420219,2.8496555620010824,2.024870610598045,2.4319672912941215]
["EMULSÕES ASFÁLTICAS RM-1C","2021-04-01",2.7022177187715331,2.1545405267247157,2.3513964897280255,2.6040845155733323,2.1755969681687986,2.3554871614366903]
["EMULSÕES ASFÁLTICAS RM-1C","2021-05-01",2.7691541589985018,2.5542164010704012,2.6211269781238413,2.980714858806246,2.6535696066957,2.6652074322149648]
["EMULSÕES ASFÁLTICAS RM-1C","2021-06-01",2.8310897928610155,2.5766534197350079,2.4944611800774932,2.8136878898715612,2.785719333985933,2.6864717364832926]
["EMULSÕES ASFÁLTICAS RM-1C","2021-07-01",2.8192577986908383,2.5375287071369086,2.9232094227736738,3.0800879967300676,2.7666488233474591,2.7874428846374699]
["EMULSÕES ASFÁLTICAS RM-1C","2021-08-01",2.7901102225183978,2.7662159493828353,2.7345264303465724,3.2080260645661571,2.5996659750170985,2.89861943386278]
["EMULSÕES ASFÁLTICAS RM-1C","2021-09-01",3.0149762790055248,2.7097822189680998,3.0281167162675344,3.3832351041122846,2.7640196779512549,3.0442834418761717]
["EMULSÕES ASFÁLTICAS RM-1C","2021-10-01",3.0577732398294404,2.7416084647742265,2.7137322753938768,3.3095715435861974,2.924937996763278,3.0006139055606527]
["EMULSÕES ASFÁLTICAS RM-1C","2021-11-01",2.974116802697274,2.9188494352115475,2.5755678274899387,3.2562823109914105,2.8298921051848169,3.0145811183083739]
["EMULSÕES ASFÁLTICAS RM-1C","2021-12-01",3.1022162818722196,3.0353075421712803,3.2342096800184694,3.2563482037351443,2.9829561138478375,3.1480739165851901]
["EMULSÕES ASFÁLTICAS RM-1C","2022-01-01",3.5243332388407023,2.998015441976392,3.1117204931032187,3.1820726442157237,3.0274792927239824,3.1051654412349841]
["EMULSÕES ASFÁLTICAS RM-1C","2022-02-01",3.1470410345029936,3.1884414024906609,3.4177878797864931,3.3815293332855814,3.26762072349652,3.2970123716383584]
["EMULSÕES ASFÁLTICAS RM-1C","2022-03-01",3.2971135796024891,3.2349724220268903,3.3957945159661747,3.4089674000805394,3.3167783412684924,3.3431232328530331]
["EMULSÕES ASFÁLTICAS RM-1C","2022-04-01",3.232495087491511,3.202977451894681,3.632519496276315,3.4534832294951188,3.4964966247769187,3.3579776655172409]
["EMULSÕES ASFÁLTICAS RM-1C","2022-05-01",3.2677784139652237,3.3187918956782116,3.6409925444118771,3.4642361804008908,3.4431738629320621,3.4112118266302316]
["EMULSÕES ASFÁLTICAS RM-1C","2022-06-01",3.4891097789395684,3.2505582296130733,3.4968460600575511,3.4761861800015228,3.3328988742580674,3.3978575497327461]
["EMULSÕES ASFÁLTICAS RM-1C","2022-07-01",3.3716558738435118,3.4801715532604449,3.6378042606194452,3.4860360013792406,3.4087002781740363,3.4765934648092411]
["EMULSÕES ASFÁLTICAS RM-1C","2022-08-01",3.4159907069510269,3.3415832828988785,3.5642669701776648,3.4751693939673616,2.9704179487903599,3.3913389254258406]
["EMULSÕES ASFÁLTICAS RM-1C","2022-09-01",3.184089366559725,3.3026745944362652,3.5577997683482869,3.4978231406364664,2.8967105078839128,3.3585221292978207]
["EMULSÕES ASFÁLTICAS RM-1C","2022-10-01",3.1436407384363489,3.1510210859888717,2.8280262324316161,3.4874648149048855,3.0069169538308635,3.1537361082270832]
["EMULSÕES ASFÁLTICAS RM-1C","2022-11-01",3.014957998372247,3.0965618853550554,3.0093241312139623,3.3987008167439647,2.7949346515604963,3.0950125674184119]
["EMULSÕES ASFÁLTICAS RM-1C","2022-12-01",3.2973887615137634,3.3401545339691943,3.1573021480308916,3.31044459800267,2.9710173971439189,3.2478429828191677]
["EMULSÕES ASFÁLTICAS RM-1C","2023-01-01",3.4618784375205416,2.7712581713782143,3.3138610858985271,3.7794237778593534,2.6575248707510575,3.0829475190357107]
["EMULSÕES ASFÁLTICAS RM-1C","2023-02-01",3.051213300122356,2.876198402738698,3.0233817688703124,3.176460722460321,2.4314014709832472,2.9341423749155759]
["EMULSÕES ASFÁLTICAS RM-1C","2023-03-01",3.4308232290432468,2.7030070653166862,3.1772111793020454,3.1836061787825631,2.6188253744648504,2.9886116726739718]
["EMULSÕES ASFÁLTICAS RM-1C","2023-04-01",3.1746686978237602,2.5923755910240622,3.1717916579534098,3.0382346519787844,2.5593691590021042,2.7953761187031354]
["EMULSÕES ASFÁLTICAS RM-1C","2023-05-01",3.1638937469089345,2.7383579232745636,3.0077502908518396,2.9849140334861168,2.5990487339860908,2.8312145860335658]
["EMULSÕES ASFÁLTICAS RM-1C","2023-06-01",3.0911257811808448,2.5216644654372375,2.995133255565237,2.7342298649628272,2.580487162500896,2.6821373931849846]
["EMULSÕES ASFÁLTICAS RM-1C","2023-07-01",2.7902825923295453,2.6398198762102179,2.6615814785642544,2.8632474023022763,2.3590166043548857,2.6827134077601325]
["EMULSÕES ASFÁLTICAS RM-1C","2023-08-01",2.9437886281957626,2.6420421637817664,3.1345290640226628,2.7417938918461986,2.628139949833519,2.7013622959238752]
["EMULSÕES ASFÁLTICAS RM-1C","2023-09-01",3.0708926101694916,2.8668699207778898,3.1969746433431614,2.9282040884652174,2.7481440894269085,2.8847052069586612]
["EMULSÕES ASFÁLTICAS RM-1C","2023-10-01",3.1194481628965813,2.8792463064549141,3.0315695729235412,2.925786095207803,2.7558308714418787,2.8878107952646515]
["EMULSÕES ASFÁLTICAS RM-1C","2023-11-01",3.4732888441522864,3.0170359383323904,3.5236184152229479,2.6752653794452144,2.5290868128232891,2.9155708317108084]
["EMULSÕES ASFÁLTICAS RM-1C","2023-12-01",3.1393044859382204,3.2290611018631252,2.434868774517033,2.8330412234674656,2.6414087328461946,2.9388655721391577]
["EMULSÕES ASFÁLTICAS RM-1C","2024-01-01",3.1885069863408213,2.9262857380640588,3.0285282782589507,2.7086732346386495,2.6114630065547799,2.862475144835408]
["EMULSÕES ASFÁLTICAS RM-1C","2024-02-01",2.9511305704954842,2.7766891645412044,2.996795307836293,2.7674769367001169,2.6634504675419937,2.7900961256204351]
["EMULSÕES ASFÁLTICAS RM-1C","2024-03-01",3.1592422077570759,2.9290864819500544,3.0798212052989218,2.657677897844513,2.7625063737390443,2.8783513407274439]
["EMULSÕES ASFÁLTICAS RM-1C","2024-04-01",2.9583787506148549,2.8357869742019544,3.0954418919113929,2.6539026610674816,2.7610277700492052,2.8184672285686321]
["EMULSÕES ASFÁLTICAS RM-1C","2024-05-01",2.9773243672791438,2.8035492532735136,2.9198819501671882,2.7723471782596119,2.723919421286777,2.8141199648743864]
["EMULSÕES ASFÁLTICAS RM-1C","2024-06-01",2.9396719371727751,2.7875884870994474,2.6984849252491698,2.71251633694536,2.7939950416278445,2.7866457358200223]
["EMULSÕES ASFÁLTICAS RM-1C","2024-07-01",3.1712052795729133,2.8910904528592218,2.7554293019703682,2.826695341202734,2.841206876779276,2.8675549375004827]
["EMULSÕES ASFÁLTICAS RM-1C","2024-08-01",4.4560089218191115,3.1384083623188399,2.9642911868779951,2.8511711168587279,2.8999091735274143,3.0387612034291296]
["EMULSÕES ASFÁLTICAS RM-1C","2024-09-01",3.1504017966061473,3.1218243102058532,3.0780338603668107,3.1225687883666251,2.9880006163061323,3.0868408413109338]
["EMULSÕES ASFÁLTICAS RM-1C","2024-10-01",3.13932709429614,3.156247586289934,3.2013314655172418,2.9858098513971894,2.8806596877040258,3.0444641276396207]
["EMULSÕES ASFÁLTICAS RM-1C","2024-11-01",3.0508534738539503,3.1293665317945862,3.1069386354212947,2.9749072803035217,2.9329747782355793,3.0420204888377391]
["EMULSÕES ASFÁLTICAS RM-1C","2024-12-01",3.1586100732758622,3.2489335650941902,3.1245719947333774,3.1583148749893337,3.0962034314088775,3.1683572336831953]
["EMULSÕES ASFÁLTICAS RM-1C","2025-01-01",3.1809649982297747,3.160396225721084,3.208712186523873,2.8719207589186797,2.9362228246740765,3.0577851177876423]
["EMULSÕES ASFÁLTICAS RM-1C","2025-02-01",3.1807210091157705,3.1032560099705537,3.2091537621325088,3.0123675986532477,3.031023006086266,3.0915310600214498]
["EMULSÕES ASFÁLTICAS RM-1C","2025-03-01",3.0753241412651589,2.9958526040212643,3.2141031843702579,3.1640569006052144,3.0373053852800669,3.0837607241532132]
["EMULSÕES ASFÁLTICAS RM-1C","2025-04-01",3.2564576025874263,3.0552306410867494,2.9655958129745166,3.1707646652900814,3.0223941775760994,3.0869884151022911]
["EMULSÕES ASFÁLTICAS RM-1C","2025-05-01",3.1158362527964214,2.7888307565943444,3.2824854115752577,3.1500441239726391,3.0725301409583259,2.980754043100855]
["EMULSÕES ASFÁLTICAS RM-1C","2025-06-01",3.4771945572831422,2.8407826487967913,2.815261936071396,3.170753527864147,2.9846180401066276,2.9435756562680582]
["EMULSÕES ASFÁLTICAS RM-1C","2025-07-01",3.1490600993070572,2.8177221913301986,2.9322149924992504,3.040121886034195,3.1667033477801256,2.9540453934004356]
["EMULSÕES ASFÁLTICAS RM-2C","2008-11-01","***","***","***","***","***","***"]
["EMULSÕES ASFÁLTICAS RM-2C","2008-12-01","***","***","***",0.81623000000000001,"***",0.81623000000000001]
["EMULSÕES ASFÁLTICAS RM-2C","2009-01-01",2.2606894197292067,"***","***",0.98309999999999986,"***",2.1628897703495786]
["EMULSÕES ASFÁLTICAS RM-2C","2009-02-01","***","***","***",2.7796333333333334,0.87446999999999986,2.16045525]
["EMULSÕES ASFÁLTICAS RM-2C","2009-03-01","***","***","***",0.83383232067510549,0.92679999999999996,0.89309269760326371]
["EMULSÕES ASFÁLTICAS RM-2C","2009-04-01","***","***","***",0.78739999999999999,"***",0.78739999999999999]
["EMULSÕES ASFÁLTICAS RM-2C","2009-05-01","***","***","***","***","***","***"]
["EMULSÕES ASFÁLTICAS RM-2C","2009-06-01","***","***","***",0.78454391640323151,0.87446999999999986,0.80125880183013998]
["EMULSÕES ASFÁLTICAS RM-2C","2009-07-01","***","***","***",0.88127797833935018,"***",0.88127797833935018]
["EMULSÕES ASFÁLTICAS RM-2C","2009-08-01","***","***","***",0.90200000000000002,"***",0.90200000000000002]
["EMULSÕES ASFÁLTICAS RM-2C","2009-09-01","***","***","***",0.90199999999999991,"***",0.90199999999999991]
["EMULSÕES ASFÁLTICAS RM-2C","2009-10-01","***","***","***",0.86578551310388374,1.0888,0.96305905643581968]
["EMULSÕES ASFÁLTICAS RM-2C","2009-11-01","***","***","***",0.90200000000000014,"***",0.90200000000000014]
["EMULSÕES ASFÁLTICAS RM-2C","2009-12-01","***","***","***",0.90200000000000002,"***",0.90200000000000002]
["EMULSÕES ASFÁLTICAS RM-2C","2010-01-01","***","***","***",0.86583953629588739,"***",0.86583953629588739]
["EMULSÕES ASFÁLTICAS RM-2C","2010-02-01","***","***","***",0.86248000000000002,"***",0.86248000000000002]
["EMULSÕES ASFÁLTICAS RM-2C","2010-03-01","***","***","***",0.86248000000000002,0.87176441348375699,0.87080383987326349]
["EMULSÕES ASFÁLTICAS RM-2C","2010-04-01","***","***","***",0.86088036577400384,0.87952101585595277,0.87408711728865207]
["EMULSÕES ASFÁLTICAS RM-2C","2010-05-01","***","***","***",0.85102999999999995,0.89494205151565343,0.8922133237533012]
["EMULSÕES ASFÁLTICAS RM-2C","2010-06-01","***","***","***",0.84967999999999999,0.89133205685796113,0.88963664394016484]
["EMULSÕES ASFÁLTICAS RM-2C","2010-07-01","***","***","***",0.8503431818181818,0.89546224502577443,0.88916656178750575]
["EMULSÕES ASFÁLTICAS RM-2C","2010-08-01","***","***","***",0.84782999999999997,0.89268361236710259,0.89050129105388598]
["EMULSÕES ASFÁLTICAS RM-2C","2010-09-01","***","***","***",0.79874639304973039,0.90085522871217449,0.88522828389344832]
["EMULSÕES ASFÁLTICAS RM-2C","2010-10-01","***","***","***",0.84733000000000003,0.86026621955983862,0.85962573338284465]
["EMULSÕES ASFÁLTICAS RM-2C","2010-11-01","***","***","***",0.84867000000000004,0.89062398734177217,0.88518601101749839]
["EMULSÕES ASFÁLTICAS RM-2C","2010-12-01","***","***","***",0.80433026126366303,0.78766000000000003,0.79996133577274153]
["EMULSÕES ASFÁLTICAS RM-2C","2011-01-01","***","***","***",0.77276500000000015,0.90049999999999997,0.85327818853974113]
["EMULSÕES ASFÁLTICAS RM-2C","2011-02-01","***","***","***",0.69686000000000003,0.89416398157873467,0.88218529255520983]
["EMULSÕES ASFÁLTICAS RM-2C","2011-03-01","***","***","***",0.68036495049504953,0.90166620472948489,0.87687926092866864]
["EMULSÕES ASFÁLTICAS RM-2C","2011-04-01","***","***","***",0.73064243727598566,0.90529588664913818,0.89586885775087743]
["EMULSÕES ASFÁLTICAS RM-2C","2011-05-01","***","***","***",0.71970285714285709,0.89892865232163077,0.88888401774138526]
["EMULSÕES ASFÁLTICAS RM-2C","2011-06-01","***","***","***",0.68755999999999995,0.89428349324358292,0.89171957632584231]
["EMULSÕES ASFÁLTICAS RM-2C","2011-07-01","***","***","***",0.69351913609467453,0.88057162363555808,0.84885084523530774]
["EMULSÕES ASFÁLTICAS RM-2C","2011-08-01","***","***","***",0.68755999999999995,0.80646522299306245,0.7990958258444375]
["EMULSÕES ASFÁLTICAS RM-2C","2011-09-01","***","***",1.17,0.72069564755838644,0.80807083488697273,0.83813055461724562]
["EMULSÕES ASFÁLTICAS RM-2C","2011-10-01","***","***","***",0.67960221630708884,0.73730212909766812,0.705756328125]
["EMULSÕES ASFÁLTICAS RM-2C","2011-11-01","***","***","***",0.68755999999999995,0.82348999999999994,0.81902321010474421]
["EMULSÕES ASFÁLTICAS RM-2C","2011-12-01","***","***","***",0.69324208241027907,0.85990123215356928,0.82438860932779456]
["EMULSÕES ASFÁLTICAS RM-2C","2012-01-01","***","***","***",0.72281758455756751,"***",0.72281758455756751]
["EMULSÕES ASFÁLTICAS RM-2C","2012-02-01","***","***","***",0.75697999999999999,0.87980719804514784,0.86052884638022376]
["EMULSÕES ASFÁLTICAS RM-2C","2012-03-01","***","***","***",0.73287936724068869,0.81946763385146815,0.79337726318329915]
["EMULSÕES ASFÁLTICAS RM-2C","2012-04-01","***","***","***",0.86426306569343059,0.81718040586080598,0.82173350906604314]
["EMULSÕES ASFÁLTICAS RM-2C","2012-05-01","***","***","***",0.80365069098949693,0.88907584208532775,0.8840666330632091]
["EMULSÕES ASFÁLTICAS RM-2C","2012-06-01","***","***","***",0.80007238158772509,0.95421,0.92449839580788262]
["EMULSÕES ASFÁLTICAS RM-2C","2012-07-01","***","***","***",0.80957268047006159,0.94296246753246749,0.93163159575985166]
["EMULSÕES ASFÁLTICAS RM-2C","2012-08-01","***","***","***",0.73655511218403857,0.95421,0.91372596090861058]
["EMULSÕES ASFÁLTICAS RM-2C","2012-09-01","***","***","***",0.95795076411960123,0.95421,0.95693631961259074]
["EMULSÕES ASFÁLTICAS RM-2C","2012-10-01","***","***","***",0.75697999999999999,0.87016175615664104,0.84253117790662191]
["EMULSÕES ASFÁLTICAS RM-2C","2012-11-01","***","***","***",0.73406229235880405,1.2217702777777777,0.99723662282043435]
["EMULSÕES ASFÁLTICAS RM-2C","2012-12-01","***","***","***",1.1447799999999999,0.95421,1.0544950688500188]
["EMULSÕES ASFÁLTICAS RM-2C","2013-01-01","***","***","***",0.86675557594291541,"***",0.86675557594291541]
["EMULSÕES ASFÁLTICAS RM-2C","2013-02-01","***","***","***",0.73373337850045162,"***",0.73373337850045162]
["EMULSÕES ASFÁLTICAS RM-2C","2013-03-01","***","***","***",0.84782582852431987,1.0893564646464646,0.94789018670529535]
["EMULSÕES ASFÁLTICAS RM-2C","2013-04-01",1.180746551724138,"***","***",0.7365739316239317,0.95421,0.99569431275393916]
["EMULSÕES ASFÁLTICAS RM-2C","2013-05-01","***","***","***",0.84741921170395873,0.95421,0.87163687250465804]
["EMULSÕES ASFÁLTICAS RM-2C","2013-06-01","***","***","***",0.83011795416433765,1.0434753323069026,0.97634618185015831]
["EMULSÕES ASFÁLTICAS RM-2C","2013-07-01","***","***","***",0.84782000000000002,0.84870000000000001,0.84839901667379225]
["EMULSÕES ASFÁLTICAS RM-2C","2013-08-01","***","***","***",0.78820795259501431,0.84870000000000001,0.80274407326917097]
["EMULSÕES ASFÁLTICAS RM-2C","2013-09-01","***","***","***",0.81859163934426238,0.84870000000000001,0.82905711229946522]
["EMULSÕES ASFÁLTICAS RM-2C","2013-10-01","***","***","***",0.74507999999999996,1.0206354838709677,0.8827113774787535]
["EMULSÕES ASFÁLTICAS RM-2C","2013-11-01","***","***","***",0.85117999999999994,0.84870000000000001,0.84983924376508446]
["EMULSÕES ASFÁLTICAS RM-2C","2013-12-01","***","***","***",0.78148743207245597,"***",0.78148743207245597]
["EMULSÕES ASFÁLTICAS RM-2C","2014-01-01","***","***","***","***","***","***"]
["EMULSÕES ASFÁLTICAS RM-2C","2014-02-01","***","***","***",0.78061205889755858,1.034606477577616,0.88129140230932856]
["EMULSÕES ASFÁLTICAS RM-2C","2014-03-01","***","***","***",0.87640787937743192,0.87805,0.877276351970669]
["EMULSÕES ASFÁLTICAS RM-2C","2014-04-01","***","***","***",0.78109045442941027,"***",0.78109045442941027]
["EMULSÕES ASFÁLTICAS RM-2C","2014-05-01","***","***","***","***","***","***"]
["EMULSÕES ASFÁLTICAS RM-2C","2014-06-01","***","***","***",0.77893150972762648,1.7374499999999999,1.020652952473327]
["EMULSÕES ASFÁLTICAS RM-2C","2014-07-01","***","***","***",0.84741000000000011,"***",0.84741000000000011]
["EMULSÕES ASFÁLTICAS RM-2C","2014-08-01","***","***","***",0.77939521511017829,"***",0.77939521511017829]
["EMULSÕES ASFÁLTICAS RM-2C","2014-09-01","***","***","***",0.7797662606671838,"***",0.7797662606671838]
["EMULSÕES ASFÁLTICAS RM-2C","2014-10-01","***","***","***",0.78453000000000006,"***",0.78453000000000006]
["EMULSÕES ASFÁLTICAS RM-2C","2014-11-01","***","***","***",0.77605862540192916,1.2828398550724636,0.99151090418977195]
["EMULSÕES ASFÁLTICAS RM-2C","2014-12-01","***","***","***","***","***","***"]
["EMULSÕES ASFÁLTICAS RM-2C","2015-01-01","***","***","***",1.0311776923076921,"***",1.0311776923076921]
["EMULSÕES ASFÁLTICAS RM-2C","2015-02-01","***","***","***",1.0527899999999999,"***",1.0527899999999999]
["EMULSÕES ASFÁLTICAS RM-2C","2015-03-01","***","***","***",1.0360962363296877,1.4190801779581641,1.2776910300344655]
["EMULSÕES ASFÁLTICAS RM-2C","2015-04-01","***","***","***","***","***","***"]
["EMULSÕES ASFÁLTICAS RM-2C","2015-05-01","***","***","***",1.0251139168017287,1.0545199999999999,1.0331074665617623]
["EMULSÕES ASFÁLTICAS RM-2C","2015-06-01","***","***","***",1.0247651411827383,1.3727157652303119,1.1700774402730376]
["EMULSÕES ASFÁLTICAS RM-2C","2015-07-01","***","***","***",1.0738971703373292,"***",1.0738971703373292]
["EMULSÕES ASFÁLTICAS RM-2C","2015-08-01","***","***","***",0.99763999999999997,1.1069582280781463,1.0646434586466167]
["EMULSÕES ASFÁLTICAS RM-2C","2015-09-01","***","***","***",1.0611699999999999,"***",1.0611699999999999]
["EMULSÕES ASFÁLTICAS RM-2C","2015-10-01","***","***",1.5336155142103722,"***","***",1.5336155142103722]
["EMULSÕES ASFÁLTICAS RM-2C","2015-11-01","***","***","***",1.1672899999999999,1.0545199999999999,1.096018125854993]
["EMULSÕES ASFÁLTICAS RM-2C","2015-12-01","***","***","***",1.1303399999999999,1.0850515496894411,1.0873226519174042]
["EMULSÕES ASFÁLTICAS RM-2C","2016-01-01",1.7201859210526316,"***","***",1.1303399999999999,1.47948935828877,1.4760628488971346]
["EMULSÕES ASFÁLTICAS RM-2C","2016-02-01","***","***","***",1.2200580092685873,1.4104300000000003,1.3674740468288247]
["EMULSÕES ASFÁLTICAS RM-2C","2016-03-01","***","***","***",1.1303399999999999,1.4104300000000001,1.3851720154805744]
["EMULSÕES ASFÁLTICAS RM-2C","2016-04-01","***","***","***",1.2781918642117378,1.5021424562261132,1.4721766290707521]
["EMULSÕES ASFÁLTICAS RM-2C","2016-05-01","***","***","***",1.2615400000000001,1.4104300000000001,1.4065002078521944]
["EMULSÕES ASFÁLTICAS RM-2C","2016-06-01","***","***","***",1.2765921996958949,1.4104299999999999,1.3900249323854417]
["EMULSÕES ASFÁLTICAS RM-2C","2016-07-01","***","***","***",1.2615400000000001,1.51536,1.4904298588090854]
["EMULSÕES ASFÁLTICAS RM-2C","2016-08-01",2.1663000000000001,"***","***",1.2761982030620469,1.5153599999999998,1.4774914438113191]
["EMULSÕES ASFÁLTICAS RM-2C","2016-09-01","***","***","***",1.6482326859045504,1.35608,1.4511773880057803]
["EMULSÕES ASFÁLTICAS RM-2C","2016-10-01","***","***","***",1.2810264509929534,"***",1.2810264509929534]
["EMULSÕES ASFÁLTICAS RM-2C","2016-11-01","***","***","***",1.2787535449583456,"***",1.2787535449583456]
["EMULSÕES ASFÁLTICAS RM-2C","2016-12-01","***","***","***",1.2615400000000001,1.35608,1.3489690560361038]
["EMULSÕES ASFÁLTICAS RM-2C","2017-01-01","***","***",1.75,1.2615400000000001,1.3397561215969895,1.3989072998718148]
["EMULSÕES ASFÁLTICAS RM-2C","2017-02-01","***","***","***",1.2791579153094463,1.33324,1.3247840794499617]
["EMULSÕES ASFÁLTICAS RM-2C","2017-03-01","***","***","***",1.2615400000000001,1.3332399999999998,1.3304645608941792]
["EMULSÕES ASFÁLTICAS RM-2C","2017-04-01","***","***","***",1.83,1.33324,1.39778917416355]
["EMULSÕES ASFÁLTICAS RM-2C","2017-05-01","***","***","***","***","***","***"]
["EMULSÕES ASFÁLTICAS RM-2C","2017-06-01","***","***",1.7129325058184639,1.2615400000000001,1.33324,1.4462352903798537]
["EMULSÕES ASFÁLTICAS RM-2C","2017-07-01","***","***",1.74051,1.2788003330486766,1.33324,1.3498259420551471]
["EMULSÕES ASFÁLTICAS RM-2C","2017-08-01","***","***","***",1.25719,1.33324,1.3148947107176732]
["EMULSÕES ASFÁLTICAS RM-2C","2017-09-01","***","***","***",1.2739290592575514,"***",1.2739290592575514]
["EMULSÕES ASFÁLTICAS RM-2C","2017-10-01","***","***","***",1.85215,"***",1.85215]
["EMULSÕES ASFÁLTICAS RM-2C","2017-11-01","***","***","***",1.2741456094182826,"***",1.2741456094182826]
["EMULSÕES ASFÁLTICAS RM-2C","2017-12-01",1.89551,"***",1.85331,1.5030796904247661,"***",1.8174043998965339]
["EMULSÕES ASFÁLTICAS RM-2C","2018-01-01",1.7751600000000001,"***","***",1.34555,1.3169,1.4745409932533733]
["EMULSÕES ASFÁLTICAS RM-2C","2018-02-01",1.89551,"***","***","***",1.4080999999999999,1.7562324697885197]
["EMULSÕES ASFÁLTICAS RM-2C","2018-03-01","***","***","***",1.3362911730945823,"***",1.3362911730945823]
["EMULSÕES ASFÁLTICAS RM-2C","2018-04-01","***","***","***",1.5862699999999998,"***",1.5862699999999998]
["EMULSÕES ASFÁLTICAS RM-2C","2018-05-01","***","***","***",1.7371415080789947,"***",1.7371415080789947]
["EMULSÕES ASFÁLTICAS RM-2C","2018-06-01","***","***","***","***",1.539734398782344,1.539734398782344]
["EMULSÕES ASFÁLTICAS RM-2C","2018-07-01","***","***","***",1.6635781402995984,"***",1.6635781402995984]
["EMULSÕES ASFÁLTICAS RM-2C","2018-08-01","***","***","***",1.852903392797038,"***",1.852903392797038]
["EMULSÕES ASFÁLTICAS RM-2C","2018-09-01","***","***","***","***","***","***"]
["EMULSÕES ASFÁLTICAS RM-2C","2018-10-01","***","***","***",1.7539369363636361,"***",1.7539369363636361]
["EMULSÕES ASFÁLTICAS RM-2C","2018-11-01",2.4884173611111113,"***","***",2.0099991304347822,"***",2.2204463182011032]
["EMULSÕES ASFÁLTICAS RM-2C","2018-12-01","***","***","***",2.3347536363636365,"***",2.3347536363636365]
["EMULSÕES ASFÁLTICAS RM-2C","2019-01-01","***","***","***",1.9040731233980224,"***",1.9040731233980224]
["EMULSÕES ASFÁLTICAS RM-2C","2019-02-01","***","***","***",2.0479867856626677,2.0344199999999999,2.0445307916846187]
["EMULSÕES ASFÁLTICAS RM-2C","2019-03-01",2.4885000000000002,"***","***",2.0938163753840593,2.2371300000000001,2.1625158023277997]
["EMULSÕES ASFÁLTICAS RM-2C","2019-04-01","***","***","***",2.1404994552699086,"***",2.1404994552699086]
["EMULSÕES ASFÁLTICAS RM-2C","2019-05-01","***","***","***",2.2083526107833724,"***",2.2083526107833724]
["EMULSÕES ASFÁLTICAS RM-2C","2019-06-01","***","***",2.2194600000000002,2.1846171338506304,2.2359100000000001,2.2065998740206831]
["EMULSÕES ASFÁLTICAS RM-2C","2019-07-01",2.4278228741623229,"***",2.2601357977922731,2.1467014506569195,1.9846607600611843,2.1183690459860025]
["EMULSÕES ASFÁLTICAS RM-2C","2019-08-01","***","***",2.04508,2.0812290883977904,1.9814039915933681,2.0364289013503494]
["EMULSÕES ASFÁLTICAS RM-2C","2019-09-01",2.27074,"***",2.0441685030130032,2.0449253815209341,1.8882677329082536,2.0237561115303495]
["EMULSÕES ASFÁLTICAS RM-2C","2019-10-01","***","***","***",2.041132055075022,1.8625542357614013,1.9817843114746372]
["EMULSÕES ASFÁLTICAS RM-2C","2019-11-01","***","***","***",2.0620786876235795,2.0069656914336971,2.0519864068659657]
["EMULSÕES ASFÁLTICAS RM-2C","2019-12-01",3.0960299999999998,"***","***",2.089128662939669,"***",2.1339495548631202]
["EMULSÕES ASFÁLTICAS RM-2C","2020-01-01","***","***","***",2.0250500796627726,2.2354652647657844,2.050942465461608]
["EMULSÕES ASFÁLTICAS RM-2C","2020-02-01","***","***","***",2.0300026031641707,2.0173492697319895,2.0279740196310314]
["EMULSÕES ASFÁLTICAS RM-2C","2020-03-01","***","***","***",1.8831589703215956,1.9955400000000001,1.9043207273431448]
["EMULSÕES ASFÁLTICAS RM-2C","2020-04-01","***","***","***",1.976670957999056,"***",1.976670957999056]
["EMULSÕES ASFÁLTICAS RM-2C","2020-05-01","***","***",2.0392306379383185,1.889174935653378,"***",1.9086289598795021]
["EMULSÕES ASFÁLTICAS RM-2C","2020-06-01",2.3037100000000001,"***",2.1768847627478753,1.9161755817578869,2.0230999999999999,1.9743465895696657]
["EMULSÕES ASFÁLTICAS RM-2C","2020-07-01","***","***","***",1.8634123367076403,1.9038057696447792,1.8674792597810772]
["EMULSÕES ASFÁLTICAS RM-2C","2020-08-01",2.3373835435435435,"***",2.079376712856043,2.0678055228080576,2.0712253386911597,2.1090912187890516]
["EMULSÕES ASFÁLTICAS RM-2C","2020-09-01","***","***",2.0991599999999999,2.0699460873239435,2.0890017273869343,2.0764613728637107]
["EMULSÕES ASFÁLTICAS RM-2C","2020-10-01","***","***",2.07348,1.963273223600325,1.8769496597760551,1.9569137212080234]
["EMULSÕES ASFÁLTICAS RM-2C","2020-11-01","***","***","***",2.0825105919481408,2.2443300000000002,2.0884963548996525]
["EMULSÕES ASFÁLTICAS RM-2C","2020-12-01","***","***","***",2.053273987068966,2.2418999999999998,2.1249334505268567]
["EMULSÕES ASFÁLTICAS RM-2C","2021-01-01","***","***","***",2.173017607085566,"***",2.173017607085566]
["EMULSÕES ASFÁLTICAS RM-2C","2021-02-01","***","***","***",2.3661116726336542,2.3188606578947368,2.3583793126535006]
["EMULSÕES ASFÁLTICAS RM-2C","2021-03-01","***","***","***",2.1841277339953518,2.2720600000000002,2.2140634260033445]
["EMULSÕES ASFÁLTICAS RM-2C","2021-04-01","***","***",2.3127200000000001,2.3151433515938091,2.2974584414414418,2.3109319673268089]
["EMULSÕES ASFÁLTICAS RM-2C","2021-05-01",2.6420820915032679,"***","***",2.7463130203442883,2.8340193553907582,2.7665031669639673]
["EMULSÕES ASFÁLTICAS RM-2C","2021-06-01","***","***",3.08643,2.66330323417389,2.79888,2.726376872471016]
["EMULSÕES ASFÁLTICAS RM-2C","2021-07-01","***","***",2.66974,2.8325034320731017,2.7988799999999996,2.817826042674731]
["EMULSÕES ASFÁLTICAS RM-2C","2021-08-01",2.8018100000000006,"***","***",2.8098894412955469,3.0114999999999994,2.8660102921145945]
["EMULSÕES ASFÁLTICAS RM-2C","2021-09-01",2.8018100000000001,"***","***",2.7629216075500795,3.0114999999999998,2.809700869876596]
["EMULSÕES ASFÁLTICAS RM-2C","2021-10-01","***","***","***",2.9013425036622817,3.013799405898578,2.9305265958735531]
["EMULSÕES ASFÁLTICAS RM-2C","2021-11-01","***","***","***",2.968186864247349,3.2958099999999999,3.0598907242753648]
["EMULSÕES ASFÁLTICAS RM-2C","2021-12-01","***","***","***",2.9297020456037726,"***",2.9297020456037726]
["EMULSÕES ASFÁLTICAS RM-2C","2022-01-01","***","***","***",2.9418923573285118,"***",2.9418923573285118]
["EMULSÕES ASFÁLTICAS RM-2C","2022-02-01","***","***","***",3.2677440005793743,"***",3.2677440005793743]
["EMULSÕES ASFÁLTICAS RM-2C","2022-03-01","***","***","***",3.2588862701712031,3.3854099999999998,3.2724400395130715]
["EMULSÕES ASFÁLTICAS RM-2C","2022-04-01","***","***","***",3.1581276415874329,3.5534699999999999,3.2061860544711753]
["EMULSÕES ASFÁLTICAS RM-2C","2022-05-01","***","***",2.5024299999999995,2.9024472487426944,3.3803800000000002,2.9275990465018373]
["EMULSÕES ASFÁLTICAS RM-2C","2022-06-01","***",4.0773900000000003,"***",3.2962321148313891,3.06863882106523,3.3023931674145479]
["EMULSÕES ASFÁLTICAS RM-2C","2022-07-01","***",3.5488900000000001,"***",3.0599675166643814,3.3441617079397497,3.1176123041656063]
["EMULSÕES ASFÁLTICAS RM-2C","2022-08-01","***","***","***",2.9758307996768978,3.3727203931775387,3.0578465948778981]
["EMULSÕES ASFÁLTICAS RM-2C","2022-09-01","***","***","***",3.1134794783929873,3.1156962228870606,3.1140073005498534]
["EMULSÕES ASFÁLTICAS RM-2C","2022-10-01","***","***","***",2.7010293290058236,3.1239817547568709,2.7462667888418366]
["EMULSÕES ASFÁLTICAS RM-2C","2022-11-01","***","***","***",2.5237768386118735,3.2123521509038513,2.5737149353042881]
["EMULSÕES ASFÁLTICAS RM-2C","2022-12-01","***","***","***",2.8252559438514404,2.9974288261485529,2.8586720099772176]
["EMULSÕES ASFÁLTICAS RM-2C","2023-01-01","***","***","***",2.74376295189021,3.1450716453115897,2.8035890449316252]
["EMULSÕES ASFÁLTICAS RM-2C","2023-02-01","***","***","***",2.6143701762798637,3.0775905263157894,2.6694239120955134]
["EMULSÕES ASFÁLTICAS RM-2C","2023-03-01","***","***","***",2.5022396022941233,2.8682239015079216,2.5504613150746951]
["EMULSÕES ASFÁLTICAS RM-2C","2023-04-01","***","***","***",2.4362702733416932,3.0515349015628166,2.5787471291800821]
["EMULSÕES ASFÁLTICAS RM-2C","2023-05-01","***","***",2.8923800000000006,2.4992644404518303,2.821459962357217,2.5489527159476695]
["EMULSÕES ASFÁLTICAS RM-2C","2023-06-01","***","***","***",2.3311881471990885,2.7648241118110239,2.3752131587951264]
["EMULSÕES ASFÁLTICAS RM-2C","2023-07-01","***","***","***",2.3018254205284663,2.8190166452016814,2.373513452302733]
["EMULSÕES ASFÁLTICAS RM-2C","2023-08-01","***","***",2.8209547234466084,2.3632790229047043,2.8625893189326557,2.4495314472114718]
["EMULSÕES ASFÁLTICAS RM-2C","2023-09-01","***","***",2.97226159782775,2.2891858218397854,3.0964656884970609,2.5359313764450455]
["EMULSÕES ASFÁLTICAS RM-2C","2023-10-01","***","***",3.038443263473054,2.4628081853081794,3.0611318553974054,2.6231187684459201]
["EMULSÕES ASFÁLTICAS RM-2C","2023-11-01","***","***",2.9347046453421957,2.5630156713839876,3.0789979773837062,2.6867156472684086]
["EMULSÕES ASFÁLTICAS RM-2C","2023-12-01","***","***",2.9526400000000002,2.4543046708677263,3.1667030066700872,2.5604252259976978]
["EMULSÕES ASFÁLTICAS RM-2C","2024-01-01","***","***",2.9216881339712919,2.4740384374533178,2.8512851035474585,2.5890055940311143]
["EMULSÕES ASFÁLTICAS RM-2C","2024-02-01","***","***",2.9771365768958189,2.4500414637449217,2.8957249242858314,2.6172577101662253]
["EMULSÕES ASFÁLTICAS RM-2C","2024-03-01","***","***","***",2.5339744866420069,2.9396387472779368,2.641051197398276]
["EMULSÕES ASFÁLTICAS RM-2C","2024-04-01","***","***",3.0269849839021248,2.5834829054164619,3.0045496165655132,2.7585414241366863]
["EMULSÕES ASFÁLTICAS RM-2C","2024-05-01","***","***",2.7106382839879153,2.4262249319286875,3.2989512584850766,2.6343504638475173]
["EMULSÕES ASFÁLTICAS RM-2C","2024-06-01","***","***",2.9251103362831858,2.5472848883715775,2.99918048902027,2.6621179630684129]
["EMULSÕES ASFÁLTICAS RM-2C","2024-07-01","***","***",2.9705251763606637,2.2303282786223648,3.2281432715321086,2.4370109606649271]
["EMULSÕES ASFÁLTICAS RM-2C","2024-08-01","***","***",3.1953271446028517,2.577744008999689,3.3907302126190806,2.7532775929241851]
["EMULSÕES ASFÁLTICAS RM-2C","2024-09-01","***","***","***",4.4322952188183811,3.6017903099979471,4.003803596017371]
["EMULSÕES ASFÁLTICAS RM-2C","2024-10-01","***","***",3.2079786330049265,2.6568555354919052,3.4626768056343353,2.8894677415426244]
["EMULSÕES ASFÁLTICAS RM-2C","2024-11-01","***","***",4.3235099999999997,2.8179361758446393,3.3571770582098894,3.1068404500381397]
["EMULSÕES ASFÁLTICAS RM-2C","2024-12-01","***","***",2.9225099999999999,2.4223607125028366,3.5491695932463547,2.7935715844908171]
["EMULSÕES ASFÁLTICAS RM-2C","2025-01-01","***","***",3.0912299999999999,3.0730717740832554,3.7197991867375664,3.2021691076609669]
["EMULSÕES ASFÁLTICAS RM-2C","2025-02-01","***","***",4.7076500000000001,2.7379051272174353,3.7659467309425128,3.0595404796082386]
["EMULSÕES ASFÁLTICAS RM-2C","2025-03-01","***","***","***",2.604425209077422,3.7955413679389314,2.9196626263687424]
["EMULSÕES ASFÁLTICAS RM-2C","2025-04-01","***","***","***",2.8943065851096277,3.7667352122426672,3.031136139207955]
["EMULSÕES ASFÁLTICAS RM-2C","2025-05-01","***",2.7307299999999999,3.2177700000000002,2.3004719999444849,3.1339999999999999,2.4029247758682852]
["EMULSÕES ASFÁLTICAS RM-2C","2025-06-01","***","***","***",2.4351982745211007,3.3933399999999998,2.5090680340289779]
["EMULSÕES ASFÁLTICAS RM-2C","2025-07-01","***","***",3.9514151535508644,2.3437986434389875,3.2312780761523046,2.687529617211192]
["EMULSÕES ASFÁLTICAS RR-1C","2008-11-01",1.1461917356273603,0.76840882469946381,1.1902450275502543,0.7778823116463196,0.96363937818157874,0.87853752784031081]
["EMULSÕES ASFÁLTICAS RR-1C","2008-12-01",1.0878486891778525,0.73657215135920806,1.1006574901312769,0.77156247219702023,0.87145006508213996,0.82980044701261835]
["EMULSÕES ASFÁLTICAS RR-1C","2009-01-01",1.4034966625369292,0.72020427361191741,0.95774023204108694,0.75841980527112618,0.83002997715983085,0.80427657038374878]
["EMULSÕES ASFÁLTICAS RR-1C","2009-02-01",1.4359120354384372,0.68655456748312094,1.131643366292135,0.84852009478080015,0.87289126655931915,0.84732102018859479]
["EMULSÕES ASFÁLTICAS RR-1C","2009-03-01",1.4614782122905028,0.71251216862540401,0.94048919534113751,0.74174829128648023,0.80402576786803126,0.76522063010042796]
["EMULSÕES ASFÁLTICAS RR-1C","2009-04-01",1.0026778309409889,0.73566945001519291,0.94100066754694844,0.72825697462072003,0.77543401692072,0.75614292051381449]
["EMULSÕES ASFÁLTICAS RR-1C","2009-05-01",0.9258534082923402,0.66686899395365151,1.008376143699337,0.7232158740500817,0.75008824754988968,0.75110664391143311]
["EMULSÕES ASFÁLTICAS RR-1C","2009-06-01",1.288659655540314,0.68408237453155074,0.9615357005519779,0.70466996717438202,0.7599146830048078,0.74756833614172002]
["EMULSÕES ASFÁLTICAS RR-1C","2009-07-01",1.1899667152450351,0.70222483922829593,1.0138471476359188,0.75443918170970103,0.79231470073505761,0.79214408199315067]
["EMULSÕES ASFÁLTICAS RR-1C","2009-08-01",1.4389065877712031,0.66411167834009688,0.93393813006167259,0.71303873103907256,0.74217619415270653,0.7338924542120091]
["EMULSÕES ASFÁLTICAS RR-1C","2009-09-01",1.0916213364827796,0.66557623301633762,0.92875823065301344,0.70347543727638895,0.74483946902021037,0.7326713107389643]
["EMULSÕES ASFÁLTICAS RR-1C","2009-10-01",1.1404012305762665,0.70039868236217373,1.1091528578746048,0.72383264898662159,0.73738518100242489,0.80285151115357589]
["EMULSÕES ASFÁLTICAS RR-1C","2009-11-01",1.2463634436629063,0.67965431022329215,1.2438647360305846,0.71455517964143556,0.73792220370124884,0.84981882339756176]
["EMULSÕES ASFÁLTICAS RR-1C","2009-12-01",1.2760502963504472,0.69744376668140662,1.2723439844509536,0.71250756915776103,0.84294741330219192,0.90820556065685087]
["EMULSÕES ASFÁLTICAS RR-1C","2010-01-01",1.3433965234708392,0.70475578555994312,1.1475356495994009,0.70002314847421576,0.77798587917948292,0.85108300519398661]
["EMULSÕES ASFÁLTICAS RR-1C","2010-02-01",1.3348048786366813,0.70811186342433274,1.0443329563315313,0.72600781329039255,0.81888443426889124,0.8124765701609068]
["EMULSÕES ASFÁLTICAS RR-1C","2010-03-01",1.1319444820124427,0.70450051010396098,1.0151834900424868,0.71905738461489177,0.8405899068333752,0.81854143350396147]
["EMULSÕES ASFÁLTICAS RR-1C","2010-04-01",1.1922205427918848,0.69633074404481943,0.94064266698797283,0.67955016016369152,0.77876597940302328,0.77501590196018022]
["EMULSÕES ASFÁLTICAS RR-1C","2010-05-01",1.1094985390428209,0.67789978697556463,0.9213891067952148,0.69463337954137805,0.72455063995092694,0.7733747663256777]
["EMULSÕES ASFÁLTICAS RR-1C","2010-06-01",0.9605351270794481,0.65763544109978522,0.85631709185724225,0.69573953378550568,0.73547211465017004,0.73596460076617864]
["EMULSÕES ASFÁLTICAS RR-1C","2010-07-01",1.0180140284724981,0.6662606947742995,0.98102916177579313,0.69587501560414711,0.71557560825399125,0.78585278107075562]
["EMULSÕES ASFÁLTICAS RR-1C","2010-08-01",0.96337623538653849,0.690964006192061,1.0127331491951732,0.67358103119080992,0.70497480969676263,0.7677892897060915]
["EMULSÕES ASFÁLTICAS RR-1C","2010-09-01",1.061102170844892,0.68107986076745675,0.95674222554917943,0.6769406133999758,0.7306262386801573,0.77559871242907885]
["EMULSÕES ASFÁLTICAS RR-1C","2010-10-01",1.0517857002517204,0.69074038815290806,0.89697939396390414,0.66510519671667911,0.72203077400666371,0.75945335932143743]
["EMULSÕES ASFÁLTICAS RR-1C","2010-11-01",1.0602593711260091,0.6923635384922171,0.98779058025444155,0.67310419135437716,0.76062382649235938,0.7750137607100962]
["EMULSÕES ASFÁLTICAS RR-1C","2010-12-01",1.0048663175412613,0.70235529542176978,0.94952568194505937,0.68956380277557627,0.77407559725964736,0.77572166936620379]
["EMULSÕES ASFÁLTICAS RR-1C","2011-01-01",0.82966495056237044,0.72102432001269889,0.85330135540194907,0.6757526144324123,0.71408287727647834,0.71207753689889397]
["EMULSÕES ASFÁLTICAS RR-1C","2011-02-01",0.76244582932296123,0.69763913112096954,0.8274794899249811,0.66644747229314272,0.71495325860994474,0.69464393632768706]
["EMULSÕES ASFÁLTICAS RR-1C","2011-03-01",0.98666655155604555,0.67096692933337521,0.80975719209762309,0.68021948574445656,0.70772575900676293,0.73728582947570609]
["EMULSÕES ASFÁLTICAS RR-1C","2011-04-01",0.89607567569285163,0.67006594069970715,0.69635832041844248,0.67253440436225376,0.69757828533743127,0.68798830762895558]
["EMULSÕES ASFÁLTICAS RR-1C","2011-05-01",0.83293505328328188,0.66604198470038234,0.84079136251488695,0.6638522969196905,0.73063846824235401,0.72134475517472796]
["EMULSÕES ASFÁLTICAS RR-1C","2011-06-01",0.83372655769069026,0.66973753857410401,0.91361848417662439,0.66939122354658243,0.70489422762705078,0.73193092344147437]
["EMULSÕES ASFÁLTICAS RR-1C","2011-07-01",0.91810793002467794,0.66601450206068602,0.82807407648040443,0.66659472998083091,0.68378448875858866,0.74191680917296476]
["EMULSÕES ASFÁLTICAS RR-1C","2011-08-01",0.98117460004750401,0.67378243095791934,0.90431981857166088,0.68092754358281016,0.70675563703636546,0.7583557406593352]
["EMULSÕES ASFÁLTICAS RR-1C","2011-09-01",0.82556535992993318,0.70861332864218252,0.9122792158436549,0.68215877937185798,0.70300743898122364,0.74319713768250717]
["EMULSÕES ASFÁLTICAS RR-1C","2011-10-01",0.87383832074216805,0.69682791262322619,0.9825634835463708,0.67887349756384696,0.6913283428930832,0.78490089177593625]
["EMULSÕES ASFÁLTICAS RR-1C","2011-11-01",0.77498255872098765,0.69714660717944044,0.87921974566729233,0.67273155528393414,0.69353398115385656,0.72256938513843127]
["EMULSÕES ASFÁLTICAS RR-1C","2011-12-01",0.70152469866785372,0.69306788526171814,0.86775461354094607,0.67462760019800594,0.75503747383256969,0.71625242630979802]
["EMULSÕES ASFÁLTICAS RR-1C","2012-01-01",0.76843737149761826,0.69228091371638756,0.82294039158631749,0.68393378725721532,0.71322910603424716,0.70938964664290283]
["EMULSÕES ASFÁLTICAS RR-1C","2012-02-01",0.72350061361470919,0.67664068817005385,0.85527940978728278,0.68817569560586334,0.7297751113109272,0.71433958778091211]
["EMULSÕES ASFÁLTICAS RR-1C","2012-03-01",0.88169653449621976,0.68497359703064875,0.7529941671811563,0.7003577225577029,0.73111034953534637,0.72741567251611505]
["EMULSÕES ASFÁLTICAS RR-1C","2012-04-01",0.75975916228691565,0.66848695057150498,0.71588001113333188,0.71241833167148128,0.76541699217955161,0.71864318573403307]
["EMULSÕES ASFÁLTICAS RR-1C","2012-05-01",1.064351825665198,0.67857025882394606,0.74293306285496064,0.69133628247508783,0.73631980092445459,0.71935858619617021]
["EMULSÕES ASFÁLTICAS RR-1C","2012-06-01",0.91444398201981059,0.67393119289488279,0.76034290768699819,0.69690362660978367,0.71998498811223355,0.71480663559467339]
["EMULSÕES ASFÁLTICAS RR-1C","2012-07-01",0.9628846725033946,0.68364827468583655,0.72176496058144701,0.7072841291464308,0.76571121221857241,0.72557325902897352]
["EMULSÕES ASFÁLTICAS RR-1C","2012-08-01",0.85927141581632649,0.69930281709151221,0.78199009178423085,0.70728419899787986,0.76666165838725697,0.7311920087415652]
["EMULSÕES ASFÁLTICAS RR-1C","2012-09-01",1.181654485315248,0.7091337078721166,0.78311585096087399,0.73276657393388089,0.75068752605051126,0.75164391308729051]
["EMULSÕES ASFÁLTICAS RR-1C","2012-10-01",1.0021047075978511,0.72483906359402106,0.77087857572657681,0.72294410287343336,0.74429275099866843,0.74021930066236041]
["EMULSÕES ASFÁLTICAS RR-1C","2012-11-01",0.88046607651001441,0.75226107811809517,0.74481505661712666,0.72831456687386231,0.75895592830224345,0.74596119095289515]
["EMULSÕES ASFÁLTICAS RR-1C","2012-12-01",0.71948834370292747,0.72101933914846639,0.64858965332637741,0.68063908629418823,0.84492535198102492,0.70981768849612936]
["EMULSÕES ASFÁLTICAS RR-1C","2013-01-01",1.0986197927986003,0.69257434965458742,0.79603366381089058,0.7403089177323704,0.86487390533218322,0.78032437902994112]
["EMULSÕES ASFÁLTICAS RR-1C","2013-02-01",1.1057061332250202,0.6977254917419291,0.72683774534379775,0.72356188389015896,0.85496335091374709,0.75328607298927208]
["EMULSÕES ASFÁLTICAS RR-1C","2013-03-01",0.83817935380791775,0.70444440856591961,0.66127036961101493,0.71419653649720272,0.85066877832686405,0.7391431797251995]
["EMULSÕES ASFÁLTICAS RR-1C","2013-04-01",1.0802730328844921,0.70594082752477738,0.61453520801406769,0.73231777618558758,0.83660793047449966,0.74220785816004164]
["EMULSÕES ASFÁLTICAS RR-1C","2013-05-01",1.2172842911592454,0.69856252977688316,0.67485237330893766,0.71454506301315646,0.88162795589415088,0.74974101294362738]
["EMULSÕES ASFÁLTICAS RR-1C","2013-06-01",1.1056104802955664,0.70289048650185382,0.713298555012706,0.70929603426549326,0.89518943520481364,0.75450852624219189]
["EMULSÕES ASFÁLTICAS RR-1C","2013-07-01",1.2564001897326711,0.7124733473836925,0.60789816080006542,0.69624796177915982,0.84328518630942706,0.72648839554568312]
["EMULSÕES ASFÁLTICAS RR-1C","2013-08-01",1.1441483159148036,0.71436813037322811,0.67444067352432013,0.73599855837199701,0.85562350065220516,0.75589433925737104]
["EMULSÕES ASFÁLTICAS RR-1C","2013-09-01",1.0137874653524792,0.78376789429697125,0.77060269847449547,0.74787690688290687,0.85866986650321842,0.78633571839237759]
["EMULSÕES ASFÁLTICAS RR-1C","2013-10-01",1.1110590901587476,0.8795540253140175,0.7503272015811453,0.75310240888460644,0.83846621070682836,0.80831576099343427]
["EMULSÕES ASFÁLTICAS RR-1C","2013-11-01",0.94924779784360025,0.87955652150854113,0.76776736852403948,0.7730057943869042,0.80769525194259784,0.8125268349333491]
["EMULSÕES ASFÁLTICAS RR-1C","2013-12-01",0.89690864219723254,0.90224861201791873,0.75180021586279411,0.76873239804874249,0.86631431823355365,0.82852704481780171]
["EMULSÕES ASFÁLTICAS RR-1C","2014-01-01",1.0892351767949175,0.86674408755246646,0.88347741152594694,0.78327264886568237,0.80283869181556056,0.83790171428587779]
["EMULSÕES ASFÁLTICAS RR-1C","2014-02-01",1.1972206223652948,0.87246710918289727,0.7978905911916655,0.77387795998710063,0.84616178601792968,0.81778822598684153]
["EMULSÕES ASFÁLTICAS RR-1C","2014-03-01",1.0451502005567506,0.80589772532907777,0.83337554811727144,0.77888583090957164,0.86425691892995715,0.81455800938044776]
["EMULSÕES ASFÁLTICAS RR-1C","2014-04-01",0.80888685455262144,0.91934162605375458,0.78996813000849331,0.77586469841190209,0.84070304986532818,0.81630502231268309]
["EMULSÕES ASFÁLTICAS RR-1C","2014-05-01",0.73614683026519045,0.83669528903042278,0.8951972556730794,0.75029083964291543,0.86435202572370451,0.80149986229684467]
["EMULSÕES ASFÁLTICAS RR-1C","2014-06-01",1.1539946509954426,0.8125769919686312,0.80186761632674297,0.74701177216330461,0.84637859763896828,0.78826839449712427]
["EMULSÕES ASFÁLTICAS RR-1C","2014-07-01",1.1934057553366173,0.84986199005032903,0.7864599242356598,0.74053540483355451,0.82324495698917888,0.78701571151934668]
["EMULSÕES ASFÁLTICAS RR-1C","2014-08-01",1.0733064297440851,0.73787627486066565,0.78336283247662919,0.75494633139486611,0.853122436168541,0.79367975723219442]
["EMULSÕES ASFÁLTICAS RR-1C","2014-09-01",1.3248166289396728,0.76482176138362834,0.9090356027509755,0.75814702293803138,0.8705706997831133,0.82213754676414053]
["EMULSÕES ASFÁLTICAS RR-1C","2014-10-01",1.3773813108053419,0.794552502733755,0.81107597765363126,0.72515993875957541,0.80901982153226548,0.78730550052582837]
["EMULSÕES ASFÁLTICAS RR-1C","2014-11-01",1.0855608815794215,0.83919959545113931,0.82586198542548173,0.74177622116323139,0.88058023253351347,0.82225040154743534]
["EMULSÕES ASFÁLTICAS RR-1C","2014-12-01",1.2337626345523549,0.91894253422135364,0.85154490348837208,0.82783306746674212,0.940180082021283,0.894773280114877]
["EMULSÕES ASFÁLTICAS RR-1C","2015-01-01",1.2717984123624049,1.1192591549145108,1.2016216769457668,0.90776537674480973,0.99709199296848117,0.9912214434041654]
["EMULSÕES ASFÁLTICAS RR-1C","2015-02-01",1.1330778978740312,1.0544092204225892,1.1384995033034451,0.92559389707192685,1.0668874436464084,1.0004987580500881]
["EMULSÕES ASFÁLTICAS RR-1C","2015-03-01",1.3890919850686576,0.99919900157201036,1.1228500564800805,0.93867345332076924,1.077391028219111,1.0167464164864037]
["EMULSÕES ASFÁLTICAS RR-1C","2015-04-01",2.0947529426055262,1.0674579280214342,1.0225630634493785,0.92129661031528742,1.0633313364174115,0.99479275329182937]
["EMULSÕES ASFÁLTICAS RR-1C","2015-05-01",1.4067173133278885,1.0297722793995827,1.0251152861350117,0.89330451376373909,0.973918259998104,0.96308495586727472]
["EMULSÕES ASFÁLTICAS RR-1C","2015-06-01",1.4724748431690129,1.0091615271396797,1.0930979719032223,0.91224224021321809,1.0451141285294916,1.0181060824049541]
["EMULSÕES ASFÁLTICAS RR-1C","2015-07-01",1.2854519856591287,1.0392525922762594,0.95168083739566733,0.8412560884767456,1.0026002084463532,0.92725433062368923]
["EMULSÕES ASFÁLTICAS RR-1C","2015-08-01",1.2441770460012027,1.133268527103048,1.0791239028615567,0.88926927249385246,1.0610180649932961,0.98959742787914728]
["EMULSÕES ASFÁLTICAS RR-1C","2015-09-01",1.480108828090581,1.031195072778099,1.1086473548663365,0.94525088375332578,1.1208094051855941,1.0338305510460919]
["EMULSÕES ASFÁLTICAS RR-1C","2015-10-01",1.1153095404157043,1.174313441991168,1.1786447859630846,0.98123572257147496,1.1817746151316433,1.0664608943363432]
["EMULSÕES ASFÁLTICAS RR-1C","2015-11-01",1.1631651822481914,1.289200014360447,1.2641407522649175,1.0925414374765945,1.2281906183717468,1.1749195430775363]
["EMULSÕES ASFÁLTICAS RR-1C","2015-12-01",1.4940769239282388,1.3655049957604459,1.1662317207921824,1.095258432880065,1.2628507801686115,1.1992324296388353]
["EMULSÕES ASFÁLTICAS RR-1C","2016-01-01",1.4015406611262715,1.2289651610604333,1.3744521839119277,1.0867181838932085,1.1796977526352317,1.1482430578054559]
["EMULSÕES ASFÁLTICAS RR-1C","2016-02-01",1.5451954198582576,1.2674534185878061,1.5475314149839787,1.1106257188544537,1.1877954973849398,1.181037631794783]
["EMULSÕES ASFÁLTICAS RR-1C","2016-03-01",1.4693942230386861,1.2732482074734912,1.3389015955876287,1.0948188316276946,1.2045396785775973,1.1676104392927296]
["EMULSÕES ASFÁLTICAS RR-1C","2016-04-01",1.6345179211339276,1.4163511180509596,1.3956716704403938,1.2099927159242965,1.299140290938283,1.2696904122037251]
["EMULSÕES ASFÁLTICAS RR-1C","2016-05-01",1.8984233093525182,1.3937507935155788,1.3543441959039784,1.2116468036827752,1.3232460884781312,1.2776656052735198]
["EMULSÕES ASFÁLTICAS RR-1C","2016-06-01",1.7713919338028743,1.2966127474138498,1.3702910925283123,1.2063539928039093,1.3143555935527924,1.2741025302640243]
["EMULSÕES ASFÁLTICAS RR-1C","2016-07-01",1.553803771597996,1.2256920537319504,1.4150027696736631,1.1985482381853494,1.3008393115249308,1.2498167537839215]
["EMULSÕES ASFÁLTICAS RR-1C","2016-08-01",1.6568234684016772,1.1018838158873099,1.4688170984930609,1.206645946390537,1.2973673824670251,1.2641473812911128]
["EMULSÕES ASFÁLTICAS RR-1C","2016-09-01",1.7731211668908871,1.1322021853906183,1.4890946936066145,1.140865993929868,1.1234887246183269,1.1711538882919978]
["EMULSÕES ASFÁLTICAS RR-1C","2016-10-01",1.2320684794708923,1.1871315122401984,1.3819863423521386,1.119773712626192,1.1307899487238464,1.1628274508149603]
["EMULSÕES ASFÁLTICAS RR-1C","2016-11-01",1.54433949836032,1.0872683435256578,1.467637020395431,1.1199620469375311,1.1368469355840531,1.1628167990319815]
["EMULSÕES ASFÁLTICAS RR-1C","2016-12-01",1.543073638596836,0.97823813164045892,1.5157295190111513,1.0912118276936931,1.1366253702173557,1.1189377210614171]
["EMULSÕES ASFÁLTICAS RR-1C","2017-01-01",1.6055271315570356,1.1316028415007484,1.3236249380996596,1.1103982320282597,1.0796133112468174,1.1109038245665697]
["EMULSÕES ASFÁLTICAS RR-1C","2017-02-01",1.8904233680032847,0.94497181233181227,1.4960705014831297,1.1131414808392688,1.1369077571592594,1.1199059004766609]
["EMULSÕES ASFÁLTICAS RR-1C","2017-03-01",1.9339924667048549,1.117781569543963,1.3747303523075773,1.0993955305634437,1.1219122822611072,1.1447122859510008]
["EMULSÕES ASFÁLTICAS RR-1C","2017-04-01",1.2115782586206896,1.1688138846721625,1.3394482865274346,1.1102466850644797,1.0966012955738076,1.1320029543537555]
["EMULSÕES ASFÁLTICAS RR-1C","2017-05-01",1.2991514500956023,1.157986162136432,1.3260372285463313,1.082820781527994,1.0987312224613848,1.1305617540140847]
["EMULSÕES ASFÁLTICAS RR-1C","2017-06-01",1.7670235925596125,1.1659306305172417,1.3932068983359889,1.0809475827366297,1.0882019768788096,1.1718487107829867]
["EMULSÕES ASFÁLTICAS RR-1C","2017-07-01",1.7439607308278027,1.1535055025107854,1.3320103931395881,1.0685809541734921,1.0938012206554604,1.1900818772576554]
["EMULSÕES ASFÁLTICAS RR-1C","2017-08-01",1.7559369539660346,1.1399790666346212,1.2878460799842562,1.0949221695946536,1.0754000810904563,1.187280532157615]
["EMULSÕES ASFÁLTICAS RR-1C","2017-09-01",1.6860267902260635,1.1733418336451777,1.4368332215340376,1.0562280561269088,1.1090864929925315,1.180934588018242]
["EMULSÕES ASFÁLTICAS RR-1C","2017-10-01",1.7820987095177585,1.126143728191102,1.5079603594584061,1.0986246310699073,1.0798684755547514,1.2530089888143168]
["EMULSÕES ASFÁLTICAS RR-1C","2017-11-01",1.8203951267183649,1.173951972728658,1.6195288282645155,1.1895688060348615,1.1691940411763555,1.2985682911411305]
["EMULSÕES ASFÁLTICAS RR-1C","2017-12-01",1.9892461724425883,1.2242780666129842,1.5625451414427161,1.2056049018457893,1.2380375036256996,1.3907825213420653]
["EMULSÕES ASFÁLTICAS RR-1C","2018-01-01",1.9732964403095963,1.2430391813692976,1.5213808121440253,1.2112724380134439,1.2505016651215559,1.3286199421360427]
["EMULSÕES ASFÁLTICAS RR-1C","2018-02-01",2.0999175425856542,1.2479372863266185,1.4108579721062813,1.176701077226646,1.2472872947202238,1.2866922919628798]
["EMULSÕES ASFÁLTICAS RR-1C","2018-03-01",1.9326236959521625,1.2164272369041997,1.425116236747618,1.1992574308292041,1.2484719887908093,1.2792438177688337]
["EMULSÕES ASFÁLTICAS RR-1C","2018-04-01",2.0119287245617561,1.2311014674529372,1.4838352998608284,1.1769715481379885,1.2608494228982632,1.3095466195145127]
["EMULSÕES ASFÁLTICAS RR-1C","2018-05-01",2.0473518838089544,1.295359887388001,1.4781858432087513,1.259694233318055,1.2856890886585575,1.36820856751558]
["EMULSÕES ASFÁLTICAS RR-1C","2018-06-01",1.9901220520179825,1.3999215586325202,1.5362336745362568,1.2874646514631733,1.3423999780554505,1.3849919925709666]
["EMULSÕES ASFÁLTICAS RR-1C","2018-07-01",2.065907629108247,1.4309733706444356,1.6242645432672702,1.4183062191351268,1.4518257133349877,1.5318065128713414]
["EMULSÕES ASFÁLTICAS RR-1C","2018-08-01",2.167168526284124,1.6505070712695948,1.7798473613945978,1.5151502786687565,1.5526900061855946,1.6858387427266845]
["EMULSÕES ASFÁLTICAS RR-1C","2018-09-01",2.2535485718681727,1.7104678915330995,1.7777500239466331,1.4938269707548963,1.5639597146197493,1.6543006418243766]
["EMULSÕES ASFÁLTICAS RR-1C","2018-10-01",2.2851618756087815,1.6878798080495905,1.6171154443669606,1.5367862271100987,1.5846812721928318,1.6585877620178697]
["EMULSÕES ASFÁLTICAS RR-1C","2018-11-01",2.5867169198520337,1.7802820428033193,1.9201414408375037,1.6847758483246154,1.7022134336925492,1.8121189830729272]
["EMULSÕES ASFÁLTICAS RR-1C","2018-12-01",2.3512532878733357,1.8444405416546135,1.7330339695386185,1.6817503351773802,1.7472075872548527,1.7741420601411786]
["EMULSÕES ASFÁLTICAS RR-1C","2019-01-01",2.0687054839968773,1.8952291054705155,2.0669794667201278,1.7076851793315941,1.779058615899038,1.780843157897521]
["EMULSÕES ASFÁLTICAS RR-1C","2019-02-01",2.0223163709836389,1.9320044119100095,2.1477165653224786,1.8965443050574888,1.9309379631829426,1.9369132309190058]
["EMULSÕES ASFÁLTICAS RR-1C","2019-03-01",2.2524525861289688,1.9399512946752309,2.1444182612130258,1.8834618714243665,1.8998877598456989,1.9251438745994149]
["EMULSÕES ASFÁLTICAS RR-1C","2019-04-01",2.1286981039544908,1.9980004876637012,2.174879181157586,1.8720472698521351,1.9279681785999023,1.9370170951550372]
["EMULSÕES ASFÁLTICAS RR-1C","2019-05-01",2.2397357788960526,1.9352499858310626,2.0646238306965268,1.9074425024319888,1.9559173148857494,1.9624643922889262]
["EMULSÕES ASFÁLTICAS RR-1C","2019-06-01",2.4906698345267313,1.9638389763894146,2.1447896159352773,1.8541310496466679,1.9204066884550328,2.0191025464549788]
["EMULSÕES ASFÁLTICAS RR-1C","2019-07-01",2.7519561230944807,1.8146104562427765,2.1238932731218365,1.8834050940727858,1.9674088179171842,2.0915535342056275]
["EMULSÕES ASFÁLTICAS RR-1C","2019-08-01",2.8825837005743491,1.7675809499814872,1.954806315000349,1.7977962858601704,1.865639325417382,1.9976956929319818]
["EMULSÕES ASFÁLTICAS RR-1C","2019-09-01",2.5821268752820017,1.8059019108550429,2.0088865497966544,1.9159243858674659,1.8371342090800395,2.0221684924063954]
["EMULSÕES ASFÁLTICAS RR-1C","2019-10-01",2.4494703146050285,1.8659633784250342,1.9774920845827233,1.8125389824592186,1.8001658505270228,1.925870393473341]
["EMULSÕES ASFÁLTICAS RR-1C","2019-11-01",2.8425915107264959,1.7830967058304601,2.1317178536343211,1.8196106747286434,1.8517542927044104,2.0066525314457451]
["EMULSÕES ASFÁLTICAS RR-1C","2019-12-01",2.4724393649773133,1.7771504597824057,1.9883509896907217,1.8853204695370154,1.8518256626423053,1.9626399512611334]
["EMULSÕES ASFÁLTICAS RR-1C","2020-01-01",2.6174317047131437,1.7866677795605301,1.9361792608771622,1.8431572566254677,1.8698800548556331,1.9449720000777417]
["EMULSÕES ASFÁLTICAS RR-1C","2020-02-01",2.8933631475971864,1.7428416789559926,2.0062844222281662,1.7864562781789151,1.7488260680435703,1.9286511721735402]
["EMULSÕES ASFÁLTICAS RR-1C","2020-03-01",2.2749140198624906,1.7050041314165096,1.8660595876654662,1.7631170993016843,1.7080554760561839,1.7863541263894174]
["EMULSÕES ASFÁLTICAS RR-1C","2020-04-01",1.9611101499013806,1.6379574172055655,2.0078281190849738,1.7373796045184353,1.6788197666705109,1.7513578392449649]
["EMULSÕES ASFÁLTICAS RR-1C","2020-05-01",2.0337384410979165,1.6547838385281022,1.9015125860502189,1.6827187897747187,1.661478306513962,1.7406580357811949]
["EMULSÕES ASFÁLTICAS RR-1C","2020-06-01",2.2046010447927089,1.6805755410849292,1.8239452924752579,1.6544020066390646,1.6167611066384915,1.7581563242987288]
["EMULSÕES ASFÁLTICAS RR-1C","2020-07-01",2.506995095711507,1.6162738126607485,1.8233691775713987,1.6535543589151294,1.6830466431256876,1.870451993595118]
["EMULSÕES ASFÁLTICAS RR-1C","2020-08-01",2.4917937164785648,1.7468784660041736,1.927878966297867,1.7217398186630282,1.7802441659297132,1.9240303419909277]
["EMULSÕES ASFÁLTICAS RR-1C","2020-09-01",2.3584308624005264,1.7657972444151824,1.9576049803425748,1.743674445028405,1.7530005626194576,1.8763490593302079]
["EMULSÕES ASFÁLTICAS RR-1C","2020-10-01",2.5568913971558356,1.7696895493945346,2.0094580368134705,1.7937723078302099,1.7218673640647091,1.9580610601020352]
["EMULSÕES ASFÁLTICAS RR-1C","2020-11-01",2.7356250570746088,1.9307901925271767,2.0352346056461119,1.8298806593172143,1.859081798194018,2.0679574492856663]
["EMULSÕES ASFÁLTICAS RR-1C","2020-12-01",2.7671130089415055,1.9033221917371914,2.162272016129033,1.8293443683391275,1.8843375357688141,2.4552057555687536]
["EMULSÕES ASFÁLTICAS RR-1C","2021-01-01",2.6858859756916669,1.8770008949272319,2.0615655312246552,1.8715576796338671,1.8566956344013197,2.2742526001116987]
["EMULSÕES ASFÁLTICAS RR-1C","2021-02-01",2.8657777986647233,2.0519979641946673,2.2528293847189915,1.9604434066284036,1.8824226210366499,2.3005067849984986]
["EMULSÕES ASFÁLTICAS RR-1C","2021-03-01",3.0249225383074654,2.0842250044793613,2.0668101791788853,1.9566936909579817,1.9640306082499246,2.4071265585165111]
["EMULSÕES ASFÁLTICAS RR-1C","2021-04-01",2.7493043848926493,2.0061768572951144,2.2219687326644681,1.9597441588428832,1.9507325157162112,2.3222108522711293]
["EMULSÕES ASFÁLTICAS RR-1C","2021-05-01",3.1200840326944164,2.5082146029252668,2.4401540514331632,2.3610233089838659,2.261141513856753,2.6575969651920373]
["EMULSÕES ASFÁLTICAS RR-1C","2021-06-01",3.1263332392365641,2.4171978138975421,2.3939625496992556,2.3229309448732605,2.3720702411517438,2.740630984325632]
["EMULSÕES ASFÁLTICAS RR-1C","2021-07-01",3.3433842179979849,2.4164030200475706,2.5552069552432553,2.3534139050749991,2.3952448062479443,2.9432390169180227]
["EMULSÕES ASFÁLTICAS RR-1C","2021-08-01",3.4928548007492606,2.6085769909483876,2.6661420867464996,2.5029488415849039,2.4650391712743054,3.0962764307235977]
["EMULSÕES ASFÁLTICAS RR-1C","2021-09-01",3.3977758816081067,2.5812517063957281,2.7143461726023044,2.5313061578124119,2.4611115601509903,3.0300504855599195]
["EMULSÕES ASFÁLTICAS RR-1C","2021-10-01",3.3623745549175408,2.6069207360490578,2.518030681296421,2.5362650909719684,2.5364909303124232,3.0171144827832332]
["EMULSÕES ASFÁLTICAS RR-1C","2021-11-01",3.4521204080334833,2.8202302004602404,2.6760989100369246,2.7286189827446479,2.7640474890659674,3.2227463038192403]
["EMULSÕES ASFÁLTICAS RR-1C","2021-12-01",3.7255543098596537,2.8130169410420129,2.9570810359429354,2.7770988250018811,2.8673117168938083,3.3303353992315654]
["EMULSÕES ASFÁLTICAS RR-1C","2022-01-01",3.6476680547662124,2.8037784920326221,3.0955015230449989,2.8180097112757947,2.7516219650337734,3.1838824535101797]
["EMULSÕES ASFÁLTICAS RR-1C","2022-02-01",3.9100309296993858,3.0031432356236771,3.5929820263246719,2.9758823673456378,2.9933116060940042,3.3365322664246189]
["EMULSÕES ASFÁLTICAS RR-1C","2022-03-01",4.2870304768205241,3.2820139136356845,2.9357804946983563,3.0189654103371297,2.9340016422740627,3.5172198644838999]
["EMULSÕES ASFÁLTICAS RR-1C","2022-04-01",4.0835117296154158,3.5908275641428005,3.4177515986430893,3.1149756540560829,2.9741045407580424,3.4642538206603168]
["EMULSÕES ASFÁLTICAS RR-1C","2022-05-01",4.1192134068763187,3.9418659210390739,3.3636449227169489,3.0939437443312268,3.0046704696044886,3.5074786705088004]
["EMULSÕES ASFÁLTICAS RR-1C","2022-06-01",4.1097850421798192,3.7706321441061177,3.3917216768916152,3.0678515927693306,3.0346963567474563,3.5593927604793265]
["EMULSÕES ASFÁLTICAS RR-1C","2022-07-01",4.2199184228711202,3.8077845185517014,3.4131185020924306,3.0925562870640286,2.9306002907656432,3.5838009093159719]
["EMULSÕES ASFÁLTICAS RR-1C","2022-08-01",4.0718584622646121,4.0774376456353725,3.3608652560377203,3.1681380399740049,3.018259160940036,3.5831515036290047]
["EMULSÕES ASFÁLTICAS RR-1C","2022-09-01",3.7545781546974308,3.9554203735912412,3.3313344196758012,3.0107474029964698,2.8184943258695778,3.4015679599916249]
["EMULSÕES ASFÁLTICAS RR-1C","2022-10-01",4.3218544738264377,3.8054046043929572,2.7621279141984023,2.8993835566337798,2.6858715732558225,3.5475683739502064]
["EMULSÕES ASFÁLTICAS RR-1C","2022-11-01",3.257664931388303,4.1383464845539288,3.0709998939235623,2.691657394015873,2.6425247297861385,3.1912931025704268]
["EMULSÕES ASFÁLTICAS RR-1C","2022-12-01",3.3948870808854341,4.2552255733297928,3.2057266110288514,2.8333628425503066,2.5506682455130831,3.4184079231091915]
["EMULSÕES ASFÁLTICAS RR-1C","2023-01-01",3.566447722182132,3.5682205865611416,2.8718751813767169,2.6191195840140526,2.4621514666834408,3.0010222474885322]
["EMULSÕES ASFÁLTICAS RR-1C","2023-02-01",4.5959489856093585,3.5569100939101004,2.892261254374878,2.5912414427933506,2.3104335881467741,3.1905964159868714]
["EMULSÕES ASFÁLTICAS RR-1C","2023-03-01",3.6466526544204614,3.3984609680274436,3.133091189968753,2.4282231799439864,2.3026411737277748,2.8770179615737148]
["EMULSÕES ASFÁLTICAS RR-1C","2023-04-01",3.0298562475117059,3.4566912868733879,3.0581353719471904,2.4459955727887959,2.3075646012044913,2.8041404876383811]
["EMULSÕES ASFÁLTICAS RR-1C","2023-05-01",4.0740380938121126,3.3317627385166295,2.7561766490984936,2.4201675421593585,2.2049363255039913,2.7583720504210785]
["EMULSÕES ASFÁLTICAS RR-1C","2023-06-01",4.0367850790539421,3.2388526235616286,2.7517994552691145,2.3415225214506945,2.22619602926863,3.1031978270718841]
["EMULSÕES ASFÁLTICAS RR-1C","2023-07-01",3.8529859131732529,3.1483240708140876,2.8254640699702933,2.2741024639284841,2.2548778139376977,2.8750260505600336]
["EMULSÕES ASFÁLTICAS RR-1C","2023-08-01",3.9178683014164384,3.1895652941292183,2.7467291469430415,2.2504317280087487,2.2239461261859579,2.8054147502164017]
["EMULSÕES ASFÁLTICAS RR-1C","2023-09-01",3.9033076775498827,3.3607487144065673,2.7840884662065246,2.3943081873181433,2.3614090355369317,3.0374049420901539]
["EMULSÕES ASFÁLTICAS RR-1C","2023-10-01",3.8877492038507513,3.4503158733522681,2.7490743814028309,2.3787364253191954,2.332315334019015,3.1345935620180581]
["EMULSÕES ASFÁLTICAS RR-1C","2023-11-01",4.1107618757828188,3.7353368556719087,2.9741875968792564,2.4315755784302264,2.3061331180261968,3.093702632056579]
["EMULSÕES ASFÁLTICAS RR-1C","2023-12-01",3.9665642360777458,3.7342001190255187,2.728887877029623,2.575032120803241,2.3732377405162057,3.0634735109870492]
["EMULSÕES ASFÁLTICAS RR-1C","2024-01-01",3.6257683348473466,3.3671725933480268,2.9951460052475798,2.5282775867902592,2.3396073120888512,2.8820667898148589]
["EMULSÕES ASFÁLTICAS RR-1C","2024-02-01",3.6303502690867391,3.3140049587994294,2.7066044979558015,2.4421998448679214,2.3417265057144792,2.780219619072489]
["EMULSÕES ASFÁLTICAS RR-1C","2024-03-01",3.5326067772511855,3.1645256229793941,2.5714111623513696,2.6074360580635894,2.4093027263694733,2.7650432364498059]
["EMULSÕES ASFÁLTICAS RR-1C","2024-04-01",3.553018429023532,2.6441649183212421,2.4893210880066583,2.4581747699315657,2.4508573099452771,2.6218849987471256]
["EMULSÕES ASFÁLTICAS RR-1C","2024-05-01",3.3932415698027336,2.7227922223469463,2.7626560285808148,2.4540833823443862,2.4768583357390384,2.7072500768703476]
["EMULSÕES ASFÁLTICAS RR-1C","2024-06-01",3.6116586457740647,2.7811912364283962,2.6506305987214334,2.508906134965506,2.4313889370621315,2.9237681457632396]
["EMULSÕES ASFÁLTICAS RR-1C","2024-07-01",3.6013393270141432,2.8205897508900026,2.7772496393073984,2.5568047096927602,2.468814007400201,2.8108817703987219]
["EMULSÕES ASFÁLTICAS RR-1C","2024-08-01",3.6538806143925537,3.0144748828840204,2.9830253967103766,2.669959841188279,2.6183683121814219,2.9072445733977323]
["EMULSÕES ASFÁLTICAS RR-1C","2024-09-01",3.9133393495751756,3.0656612905455369,3.3454783972667572,2.7158456315637278,2.6540626407705044,3.0787671394099227]
["EMULSÕES ASFÁLTICAS RR-1C","2024-10-01",3.6984797668842488,3.0312584120349602,3.2863492466344968,2.7551757203648859,2.6415173988566716,3.096619220468968]
["EMULSÕES ASFÁLTICAS RR-1C","2024-11-01",3.66868504281519,3.1112471972132263,3.7244613348102811,2.7785862756002553,2.7066624984416383,3.0762059277130418]
["EMULSÕES ASFÁLTICAS RR-1C","2024-12-01",3.6084565125370163,3.1132343944075926,3.2575370861757449,2.7734975034562561,2.7074316133253515,2.9890767137334837]
["EMULSÕES ASFÁLTICAS RR-1C","2025-01-01",3.7665951446731216,2.9434581407320337,3.0698717699737146,2.6518164157661896,2.7212441141504851,3.0766840207164736]
["EMULSÕES ASFÁLTICAS RR-1C","2025-02-01",2.9288976632191339,3.0984651633185618,3.0695857732808691,2.7300013717296618,2.8027898463728333,2.8211290823692194]
["EMULSÕES ASFÁLTICAS RR-1C","2025-03-01",3.7149766728245548,3.0067268238582727,3.700750826832794,2.8320583822602252,2.8394568847948438,3.0941803617673584]
["EMULSÕES ASFÁLTICAS RR-1C","2025-04-01",3.5036140402225207,3.2537378499234308,2.9713837132104097,2.8401328708628504,2.7720343941603174,3.0360289813430525]
["EMULSÕES ASFÁLTICAS RR-1C","2025-05-01",3.2861233361943922,3.0742636224861264,3.0772031641442612,2.8918404916545266,2.768051061994246,2.9643827872336566]
["EMULSÕES ASFÁLTICAS RR-1C","2025-06-01",3.4364809738019071,2.7466729029773642,2.6927881485086433,2.8245014676569142,2.7008748414008212,2.8690574271690084]
["EMULSÕES ASFÁLTICAS RR-1C","2025-07-01",3.7393547552553539,2.6483822087994322,2.8464376068861252,2.8941279702011,2.7406951161683413,3.091846308074286]
["EMULSÕES ASFÁLTICAS RR-2C","2008-11-01",1.1860047651207701,0.77766557288396332,1.0356594885383481,0.87875336794945536,0.87898930510695594,0.93775887879787834]
["EMULSÕES ASFÁLTICAS RR-2C","2008-12-01",1.0276876384590246,0.78476307719606586,1.0333839993271019,0.92244237332212486,0.82038562799997927,0.9125333207315196]
["EMULSÕES ASFÁLTICAS RR-2C","2009-01-01",1.0510571200359695,0.77784577380212527,1.0325167961742188,0.8846485367219189,0.79965288024627612,0.88473107013127705]
["EMULSÕES ASFÁLTICAS RR-2C","2009-02-01",0.96217235978193283,0.7661383275120387,1.047467025103568,0.83774881079533381,0.80466389528904414,0.84502349311743485]
["EMULSÕES ASFÁLTICAS RR-2C","2009-03-01",0.98514635834036846,0.77842969807630258,1.0636889307737931,0.84046000575679558,0.80126093499976825,0.86401467059892856]
["EMULSÕES ASFÁLTICAS RR-2C","2009-04-01",1.0495375335922628,0.76861338538174562,1.1515099628986141,0.85306888973025763,0.80613444964878789,0.8771702351107511]
["EMULSÕES ASFÁLTICAS RR-2C","2009-05-01",1.0193264327207254,0.75772748792344058,1.1227723815032418,0.74561540421572126,0.78982750924353151,0.85963356515114775]
["EMULSÕES ASFÁLTICAS RR-2C","2009-06-01",1.0861110589217531,0.74426762568656324,1.0554438935335839,0.72785718631909013,0.7617658256113965,0.84754062667569141]
["EMULSÕES ASFÁLTICAS RR-2C","2009-07-01",1.2849757987093415,0.74038153607136648,1.1094148118355331,0.78792691123041858,0.79164141296766799,0.92135293181857159]
["EMULSÕES ASFÁLTICAS RR-2C","2009-08-01",1.0892319148291891,0.72008497365203183,1.0215112290490849,0.81831270493180785,0.77979004729406209,0.88338826477245835]
["EMULSÕES ASFÁLTICAS RR-2C","2009-09-01",1.0941912818000381,0.71521636350585516,1.0263816032137729,0.82163707986993795,0.77327177382057999,0.87072968555434915]
["EMULSÕES ASFÁLTICAS RR-2C","2009-10-01",0.94039371428711882,0.73884200961329016,1.031929453973623,0.82357966107231273,0.76035193425269099,0.89900360698327519]
["EMULSÕES ASFÁLTICAS RR-2C","2009-11-01",1.0568532698694313,0.7320417717071348,1.077125081652677,0.79052652508001664,0.77119389400553751,0.85607420192249972]
["EMULSÕES ASFÁLTICAS RR-2C","2009-12-01",1.1292411541174912,0.73688909780167267,1.0286771461470732,0.77169688219632049,0.75506123399292502,0.82470193944842052]
["EMULSÕES ASFÁLTICAS RR-2C","2010-01-01",1.0499464831193486,0.72338063248049556,1.0445763814291145,0.77246450195565475,0.75617388163890575,0.79349255145711661]
["EMULSÕES ASFÁLTICAS RR-2C","2010-02-01",1.0548732928559879,0.72431262235757887,0.99573374827200234,0.76339734429068917,0.75164282918582204,0.78797034843212599]
["EMULSÕES ASFÁLTICAS RR-2C","2010-03-01",1.0236663130563255,0.721431425156979,1.0334486196248018,0.75139080964981753,0.75360049162920029,0.78904908533316398]
["EMULSÕES ASFÁLTICAS RR-2C","2010-04-01",1.0247015341295078,0.72546426038869249,1.0163523748802779,0.77293297806636951,0.76991584227332599,0.80569458348784229]
["EMULSÕES ASFÁLTICAS RR-2C","2010-05-01",1.0625521384279262,0.71129609064700761,1.0108020023345456,0.75961664541190999,0.77512748134160536,0.82305943088924316]
["EMULSÕES ASFÁLTICAS RR-2C","2010-06-01",0.89864430644676396,0.69788871327569435,0.93440986929900571,0.76596108308637834,0.75494356096326731,0.80327965424573666]
["EMULSÕES ASFÁLTICAS RR-2C","2010-07-01",0.88637185489355852,0.69257739416250896,0.9317224602320795,0.76886240376136328,0.76685712164320741,0.80928371079027084]
["EMULSÕES ASFÁLTICAS RR-2C","2010-08-01",0.88956562661370286,0.69933012836881403,0.91445429956094071,0.713288489121359,0.77107030097185791,0.79190520792503383]
["EMULSÕES ASFÁLTICAS RR-2C","2010-09-01",0.92245566087829767,0.69929511035958869,0.90654850692161493,0.73079474155617152,0.76261219209368825,0.80159160678612906]
["EMULSÕES ASFÁLTICAS RR-2C","2010-10-01",0.88743056521880814,0.71023207738821481,0.91477542590862326,0.73571158898582545,0.73554586020353496,0.79923955790759416]
["EMULSÕES ASFÁLTICAS RR-2C","2010-11-01",0.91443051157493138,0.70656512353778089,0.911203916506652,0.73841442445548566,0.74479320214557554,0.79089742477565961]
["EMULSÕES ASFÁLTICAS RR-2C","2010-12-01",0.89985341144829056,0.70372284578530142,0.94917453439453436,0.7639360742603738,0.74440267205883204,0.78146179215994416]
["EMULSÕES ASFÁLTICAS RR-2C","2011-01-01",0.95069952708664218,0.71194104030725458,0.99751145630371185,0.75202052622807503,0.73554478258828104,0.76545632697547117]
["EMULSÕES ASFÁLTICAS RR-2C","2011-02-01",0.98821578676492694,0.71505058143369471,0.94460697090628876,0.74247372573490256,0.73921360164478567,0.76925972204404403]
["EMULSÕES ASFÁLTICAS RR-2C","2011-03-01",0.99589658301689488,0.71760435398850053,0.95429656484399306,0.73023268109412842,0.72198641444612899,0.75882236441141515]
["EMULSÕES ASFÁLTICAS RR-2C","2011-04-01",0.98387739548686959,0.70602833719340241,0.86259687129678531,0.71371093174120537,0.74389773759203892,0.76247597734656958]
["EMULSÕES ASFÁLTICAS RR-2C","2011-05-01",0.91615126797021906,0.68272257695258876,0.87623240618246068,0.72294266308585275,0.74907741079909074,0.77400782064323348]
["EMULSÕES ASFÁLTICAS RR-2C","2011-06-01",0.94780715375018765,0.67118944677163728,0.92569839282304756,0.72569025126808584,0.74473856717897857,0.80628440786959288]
["EMULSÕES ASFÁLTICAS RR-2C","2011-07-01",0.79337812251844797,0.64305424471628658,0.93299720046730206,0.72502093837008974,0.74471188228081697,0.78728661644081499]
["EMULSÕES ASFÁLTICAS RR-2C","2011-08-01",0.7965359125813728,0.66465791503236449,0.90937122978750362,0.72234222992595332,0.73925341716534887,0.78274147220766355]
["EMULSÕES ASFÁLTICAS RR-2C","2011-09-01",0.89863304493200591,0.67364778985119744,0.90889264283537852,0.67402318079308088,0.73684363816112541,0.7754366480211371]
["EMULSÕES ASFÁLTICAS RR-2C","2011-10-01",0.92081640931616404,0.67945373848598267,0.91162545869605427,0.6971101927049479,0.74114639968031371,0.78669395646164175]
["EMULSÕES ASFÁLTICAS RR-2C","2011-11-01",0.91827161712136651,0.66593022889335707,0.92234198031545322,0.71180768638226943,0.73899042814951343,0.79274564541949866]
["EMULSÕES ASFÁLTICAS RR-2C","2011-12-01",0.87177623292601913,0.67736955144787425,0.96702388466508082,0.74915453655754149,0.73882524091241153,0.78862595870913432]
["EMULSÕES ASFÁLTICAS RR-2C","2012-01-01",0.90680182884064275,0.68947966649142856,0.94618379210427317,0.75123175981206802,0.76136360044373086,0.75864243033217327]
["EMULSÕES ASFÁLTICAS RR-2C","2012-02-01",0.87911367760744608,0.69588599321215461,0.95726901233047068,0.73780639699333628,0.75666126240440768,0.75744744670671837]
["EMULSÕES ASFÁLTICAS RR-2C","2012-03-01",0.89277744056055885,0.69995003581761372,0.92661224659093522,0.7631729028743317,0.78071637219134515,0.78083433511984934]
["EMULSÕES ASFÁLTICAS RR-2C","2012-04-01",0.90094780785886963,0.70785586958546654,0.91843879192256739,0.75189698012071038,0.77546220546241262,0.77891692113175381]
["EMULSÕES ASFÁLTICAS RR-2C","2012-05-01",1.2845665727523012,0.71312612058473623,0.93241823387447498,0.75785447324961708,0.75603382811310849,0.82219732898120912]
["EMULSÕES ASFÁLTICAS RR-2C","2012-06-01",0.92045606091092003,0.71714045343040944,0.94328348062741407,0.74512941638296604,0.78770767023012889,0.83468751786263384]
["EMULSÕES ASFÁLTICAS RR-2C","2012-07-01",1.076963979008734,0.71986052658494837,0.94530689999743045,0.74568082186266571,0.82667445222201696,0.82341589866826004]
["EMULSÕES ASFÁLTICAS RR-2C","2012-08-01",1.0447101298093466,0.74404995877505975,0.95829352439216664,0.75038015750549958,0.79473559171614772,0.83772129038120513]
["EMULSÕES ASFÁLTICAS RR-2C","2012-09-01",1.1105699129789433,0.76415934085404857,0.9656930335927274,0.78218757350915646,0.8070021806822919,0.86553988971655882]
["EMULSÕES ASFÁLTICAS RR-2C","2012-10-01",0.89651782409514258,0.7648226869639807,0.98309457359139896,0.7775748712394277,0.80182611788298797,0.86388819264250472]
["EMULSÕES ASFÁLTICAS RR-2C","2012-11-01",0.98354002766930648,0.77503569143839535,1.0105194333769283,0.7927207815970001,0.82122048164064831,0.86955156508681231]
["EMULSÕES ASFÁLTICAS RR-2C","2012-12-01",0.92595945302907445,0.7662320557103145,1.0014132364290862,0.75187553075384228,0.82609230412185763,0.83669224252950058]
["EMULSÕES ASFÁLTICAS RR-2C","2013-01-01",0.95774885080444683,0.75588483739920309,1.0427891307003481,0.79643660368157454,0.84616517598402774,0.82887140828354322]
["EMULSÕES ASFÁLTICAS RR-2C","2013-02-01",1.0406373020478534,0.74759397934808636,0.99508193311787618,0.78625884524632905,0.79784629378448713,0.80673020027363496]
["EMULSÕES ASFÁLTICAS RR-2C","2013-03-01",1.0105474487233876,0.7389438558828284,1.0131143720430327,0.76949046964869461,0.80934238892073118,0.80616178541890049]
["EMULSÕES ASFÁLTICAS RR-2C","2013-04-01",1.0281120471184664,0.75067475985723742,1.0013605390256572,0.7685567476014119,0.82338001109316128,0.82598694787956572]
["EMULSÕES ASFÁLTICAS RR-2C","2013-05-01",1.0120627906957587,0.75171162421279158,1.0149387158041197,0.78690153652134887,0.83743806586740199,0.85693546994255942]
["EMULSÕES ASFÁLTICAS RR-2C","2013-06-01",1.0984476673746881,0.76460370962552637,1.0230143042207434,0.75008967545210825,0.83491954418428249,0.87847527511743273]
["EMULSÕES ASFÁLTICAS RR-2C","2013-07-01",0.77392501190552021,0.77878288626844039,0.99877737062428962,0.79508553712890107,0.82813619463935717,0.86815538066012288]
["EMULSÕES ASFÁLTICAS RR-2C","2013-08-01",1.0117386429167297,0.75886063209467547,1.0221744108171147,0.80991748400801367,0.85638075113235756,0.91102860569489807]
["EMULSÕES ASFÁLTICAS RR-2C","2013-09-01",0.95683386636102929,0.78500515082846622,1.0670266046680352,0.80423762403947618,0.81905467853602409,0.92756547685447577]
["EMULSÕES ASFÁLTICAS RR-2C","2013-10-01",1.0257757814259048,0.79052466565125834,1.0278378140333979,0.76985077594459839,0.82561451887404913,0.91629635087072792]
["EMULSÕES ASFÁLTICAS RR-2C","2013-11-01",0.93691592015777703,0.82692021000834215,1.0275495010784741,0.83077686589304556,0.85016116748372939,0.92042372560440167]
["EMULSÕES ASFÁLTICAS RR-2C","2013-12-01",0.97543385301100682,0.8025762687006649,1.0627448877111678,0.84214765978925465,0.86130403982482795,0.92173035931948555]
["EMULSÕES ASFÁLTICAS RR-2C","2014-01-01",1.0837297141045092,0.79858969739726793,1.0497101839075584,0.82190552026300223,0.83897590349020745,0.87469782165930043]
["EMULSÕES ASFÁLTICAS RR-2C","2014-02-01",1.025693696939848,0.80179770042362586,1.0590728731542025,0.80880693500388756,0.83781644126663213,0.86668090569857936]
["EMULSÕES ASFÁLTICAS RR-2C","2014-03-01",1.000866849660083,0.81239587248077505,1.0616378349776874,0.80763201190268141,0.86779931272561173,0.85841196129198938]
["EMULSÕES ASFÁLTICAS RR-2C","2014-04-01",1.1594848711056374,0.79691440009548009,1.0859034037760293,0.82344069594623581,0.8636822098071647,0.88272963249857039]
["EMULSÕES ASFÁLTICAS RR-2C","2014-05-01",1.0582627517652703,0.80949236867921071,1.0491177470333348,0.8399845447507055,0.87050362839566109,0.90554470790525898]
["EMULSÕES ASFÁLTICAS RR-2C","2014-06-01",1.0109621677371956,0.83552178712477843,1.0587776415734154,0.78481841787371143,0.88870351160057615,0.92708508396399614]
["EMULSÕES ASFÁLTICAS RR-2C","2014-07-01",1.1508399830201148,0.8489174368850918,0.96591461518704791,0.81812140961729973,0.87037988315306192,0.91171109585605681]
["EMULSÕES ASFÁLTICAS RR-2C","2014-08-01",1.0916762827552351,0.83808771486068157,0.919472136448513,0.82738565342982373,0.8558607587976893,0.88543184512571915]
["EMULSÕES ASFÁLTICAS RR-2C","2014-09-01",1.0742297093106616,0.85008846991814813,1.0659043939784172,0.8135331126643861,0.89119731334306496,0.95866258088488365]
["EMULSÕES ASFÁLTICAS RR-2C","2014-10-01",1.0933752428295078,0.88060978410514912,0.95302894230412094,0.78554125490538085,0.85443701849207165,0.91139917160065775]
["EMULSÕES ASFÁLTICAS RR-2C","2014-11-01",1.2084999728512678,0.90929680979517946,0.96671601633312099,0.79281018069092646,0.87830756254253306,0.93262516343366275]
["EMULSÕES ASFÁLTICAS RR-2C","2014-12-01",1.1733195141686963,0.97479973913927564,1.0811019358226572,0.95743193879134147,0.94471770902187446,1.0088546900330395]
["EMULSÕES ASFÁLTICAS RR-2C","2015-01-01",1.1974942761346909,1.1735737482546862,1.2467714419920852,1.025342721383574,1.1225559810063366,1.1585903484442719]
["EMULSÕES ASFÁLTICAS RR-2C","2015-02-01",1.3138584683462771,1.1213655613326337,1.2216030862851623,0.98311352896681115,1.0495339345942003,1.1368373374790675]
["EMULSÕES ASFÁLTICAS RR-2C","2015-03-01",1.3559925113257558,1.0596881895771542,1.2894042019950926,1.0809616590454936,1.0636650125355411,1.1289281805945497]
["EMULSÕES ASFÁLTICAS RR-2C","2015-04-01",1.1985585422550749,1.0958319872243889,1.3005537147189334,1.0428812335459468,1.0826236151274535,1.1148943907803934]
["EMULSÕES ASFÁLTICAS RR-2C","2015-05-01",1.3960662277306455,1.0733620860159381,1.246182259324168,1.0021866976426856,1.1007545004604327,1.1336037602660691]
["EMULSÕES ASFÁLTICAS RR-2C","2015-06-01",1.3738029836101526,1.070598601394444,1.2400291368255192,0.99510670262462975,1.1137137617235191,1.1581439880323197]
["EMULSÕES ASFÁLTICAS RR-2C","2015-07-01",1.2915544901173832,1.0782396821328417,1.0611909286829198,1.0072484445472174,1.1404108411616547,1.0886719806136569]
["EMULSÕES ASFÁLTICAS RR-2C","2015-08-01",1.2644389492358916,1.1098748142613037,1.2785713002472454,1.0093247984156792,1.1017859744041891,1.2007353305035777]
["EMULSÕES ASFÁLTICAS RR-2C","2015-09-01",1.3178222167105091,1.0793162903745952,1.2729908719334742,1.0412168829797834,1.1015058988908772,1.1993241667707197]
["EMULSÕES ASFÁLTICAS RR-2C","2015-10-01",1.3475910609364452,1.1515919369427989,1.3034316798932244,1.1408835708336198,1.153839863433008,1.2445506841065885]
["EMULSÕES ASFÁLTICAS RR-2C","2015-11-01",1.4219476311042603,1.2528977823002232,1.4632652382833597,1.2023260722378897,1.2091014097133812,1.3509407654186711]
["EMULSÕES ASFÁLTICAS RR-2C","2015-12-01",1.5005775899763167,1.2466905674903261,1.3857931469782372,1.2274435317644234,1.2352426092001128,1.3247389248337151]
["EMULSÕES ASFÁLTICAS RR-2C","2016-01-01",1.6489841751292391,1.3076282632331491,1.4491413888827895,1.2358730350079974,1.2644155209558658,1.3328124724100971]
["EMULSÕES ASFÁLTICAS RR-2C","2016-02-01",1.4040425978966906,1.2955796163300726,1.4551720277392293,1.2803424144945961,1.2506211519631303,1.3241249017582162]
["EMULSÕES ASFÁLTICAS RR-2C","2016-03-01",1.3737404725681612,1.27647148296601,1.4700769498354112,1.2373776159079404,1.2705861769372377,1.305985136244233]
["EMULSÕES ASFÁLTICAS RR-2C","2016-04-01",1.8031323295940906,1.364877411695095,1.5460723913427832,1.3373403028324489,1.3714673792970147,1.4262694176770088]
["EMULSÕES ASFÁLTICAS RR-2C","2016-05-01",1.7102055614999203,1.3931871019703457,1.5304737991034352,1.3786105124528174,1.3875955987901301,1.4487465103471819]
["EMULSÕES ASFÁLTICAS RR-2C","2016-06-01",1.6834621917161186,1.3076158114304404,1.6010919665553396,1.356493165706369,1.4241657077439134,1.4604616960242911]
["EMULSÕES ASFÁLTICAS RR-2C","2016-07-01",1.6111651204569051,1.3055962015036633,1.5874577441260496,1.4386016770426933,1.4249958544942616,1.4681297634542807]
["EMULSÕES ASFÁLTICAS RR-2C","2016-08-01",1.6042944555730914,1.3044006684628899,1.6128486125495336,1.4229043477148113,1.4247229275758995,1.4903735494037429]
["EMULSÕES ASFÁLTICAS RR-2C","2016-09-01",1.553851496196532,1.2150283632130348,1.4872524174442627,1.3105037105253383,1.2611711851144485,1.3821742114193818]
["EMULSÕES ASFÁLTICAS RR-2C","2017-01-01",1.3295876746587254,0.97529368058710841,1.5003093541431693,1.3613255863655229,1.2259310480635319,1.162473759755621]
["EMULSÕES ASFÁLTICAS RR-2C","2017-02-01",1.4037658906824355,1.0198585605870976,1.4605251549752429,1.3429240664997402,1.2001638942968333,1.2072304467276591]
["EMULSÕES ASFÁLTICAS RR-2C","2017-03-01",1.3968718336946988,1.1665844193583097,1.4231876339836147,1.3160723644059664,1.2102225969368148,1.2717657443337291]
["EMULSÕES ASFÁLTICAS RR-2C","2017-04-01",1.4061631137262074,1.1506254668179239,1.4732979449818155,1.3193940401053521,1.1820012709603336,1.2910710683970288]
["EMULSÕES ASFÁLTICAS RR-2C","2017-05-01",1.4040905911420187,1.1726007246709151,1.4867733051140943,1.3140967919320101,1.1876465988739124,1.3403886901233701]
["EMULSÕES ASFÁLTICAS RR-2C","2017-06-01",1.4180165227812969,1.1684172838844951,1.5310011089707642,1.310190923481293,1.1966920331458697,1.3648500164722874]
["EMULSÕES ASFÁLTICAS RR-2C","2017-07-01",1.4683032351132663,1.1821042315179353,1.5121518421393534,1.279054806325338,1.1332529777843998,1.3596206153764889]
["EMULSÕES ASFÁLTICAS RR-2C","2017-08-01",1.4659732608904723,1.1767755729291771,1.4039573392310976,1.2663431235738367,1.1787432600234897,1.3237918138953939]
["EMULSÕES ASFÁLTICAS RR-2C","2017-09-01",1.4318169843184565,1.1898936241353053,1.4537715938762008,1.285693733499309,1.1871601859074818,1.3557104427679683]
["EMULSÕES ASFÁLTICAS RR-2C","2017-10-01",1.4491825161573515,1.207247931507442,1.4640186621729441,1.3323982310869649,1.1739416100992857,1.3656793673117567]
["EMULSÕES ASFÁLTICAS RR-2C","2017-11-01",1.6182821244723802,1.3028339514031291,1.613822346548186,1.3221653058249512,1.3171489059517127,1.470333346304054]
["EMULSÕES ASFÁLTICAS RR-2C","2017-12-01",1.7125002440971306,1.2886934902522582,1.5429548396659947,1.3195933811261036,1.2911470687211588,1.4588224527224354]
["EMULSÕES ASFÁLTICAS RR-2C","2018-01-01",1.7515336292151191,1.3422873031567961,1.5094109583930098,1.4328183639485839,1.3355080841653342,1.4836715709672179]
["EMULSÕES ASFÁLTICAS RR-2C","2018-02-01",1.6610447362374416,1.3617859637129377,1.4817483937901115,1.4473927675821461,1.3768173297345929,1.464831025079206]
["EMULSÕES ASFÁLTICAS RR-2C","2018-03-01",1.6954410071578938,1.3542430540092358,1.5375908708380657,1.4470604820108977,1.3716501298316999,1.4762333231771931]
["EMULSÕES ASFÁLTICAS RR-2C","2018-04-01",1.5687528009889737,1.3328629020561542,1.5585033645258797,1.4457720027222314,1.3289872914575056,1.4374587251281956]
["EMULSÕES ASFÁLTICAS RR-2C","2018-05-01",1.7163026083236441,1.3834788285607762,1.5103835313012901,1.4576575745862743,1.389937608144785,1.4705688952497875]
["EMULSÕES ASFÁLTICAS RR-2C","2018-06-01",1.6716741875576386,1.4609526623690046,1.6477862351376675,1.5056177886693052,1.477334696437135,1.5493132904114215]
["EMULSÕES ASFÁLTICAS RR-2C","2018-07-01",1.8253082227990263,1.5732933124999999,1.7544677766475567,1.6004874978074706,1.5400833118241328,1.6672031017821791]
["EMULSÕES ASFÁLTICAS RR-2C","2018-08-01",1.8237348329219192,1.6856683889889545,1.9125286765249321,1.792216451929783,1.6785264626315743,1.8037470793696593]
["EMULSÕES ASFÁLTICAS RR-2C","2018-09-01",2.0523986018700042,1.6860471795771725,1.9361390855149667,1.7776622986446278,1.671035098067317,1.8592348438575659]
["EMULSÕES ASFÁLTICAS RR-2C","2018-10-01",2.0948296937314117,1.6883271818603525,1.7462853595717469,1.8021848956888453,1.8360439480275756,1.8157307890497472]
["EMULSÕES ASFÁLTICAS RR-2C","2018-11-01",2.3302103085686281,1.8411957128023935,2.2180064699423223,2.0313127776314679,1.9465198511700676,2.0870045956628331]
["EMULSÕES ASFÁLTICAS RR-2C","2018-12-01",2.4361316266045097,1.8393499622552583,2.1197689237108417,1.965038414689654,1.8961533620377922,2.0415136307555772]
["EMULSÕES ASFÁLTICAS RR-2C","2019-01-01",2.3991345843015304,1.8794259372218571,2.1853799053644076,1.9930195949447314,1.9291890399299196,2.0567036929498808]
["EMULSÕES ASFÁLTICAS RR-2C","2019-02-01",2.3935305933199142,2.0100960861601598,2.5045713226881685,2.2630791373111849,2.011119163324107,2.221643893102268]
["EMULSÕES ASFÁLTICAS RR-2C","2019-03-01",2.6796868563796195,1.9901953412149367,2.5579138928296858,2.2045042492184406,2.1221855575987485,2.3186042099253266]
["EMULSÕES ASFÁLTICAS RR-2C","2019-04-01",2.5151364924337956,2.0008711133696599,2.6333980969763933,2.2328616267732357,2.064076870973012,2.2770809235388998]
["EMULSÕES ASFÁLTICAS RR-2C","2019-05-01",2.130236099035983,1.9602812773391383,2.342473017478655,2.2107797640821767,2.1667787404248919,2.1630728056913133]
["EMULSÕES ASFÁLTICAS RR-2C","2019-06-01",2.1640004023312627,1.9250025893071754,2.3795330791824369,2.1424839632324493,2.180249833510187,2.1664218876157775]
["EMULSÕES ASFÁLTICAS RR-2C","2019-07-01",2.1615179943408442,1.9051335877053119,2.3700902877231584,2.1133180405618193,2.1666049432405368,2.1596773513500382]
["EMULSÕES ASFÁLTICAS RR-2C","2019-08-01",2.1481809366418849,1.7871269706863533,2.2736676089666341,2.1017264720781426,2.2305631470804643,2.0961132223137593]
["EMULSÕES ASFÁLTICAS RR-2C","2019-09-01",2.2749944295789932,1.7685931897088947,2.2749520229204818,2.1225434842050381,2.1952209533465918,2.1148551376961868]
["EMULSÕES ASFÁLTICAS RR-2C","2019-10-01",2.2524961567227826,1.9675231472624461,2.7384906229713128,2.140464842920998,2.0307587249754748,2.2988745877901753]
["EMULSÕES ASFÁLTICAS RR-2C","2019-11-01",2.3917174442554017,1.9231227266456397,2.512152538067824,2.2131398457308085,2.0431128800664373,2.2502473128028275]
["EMULSÕES ASFÁLTICAS RR-2C","2019-12-01",2.3919884072624522,1.9747996623618451,2.2505237811516414,2.1680659242486069,2.0507505043328487,2.1451935699272586]
["EMULSÕES ASFÁLTICAS RR-2C","2020-01-01",2.6176967003231986,1.8780382062314398,2.3352936603561383,2.1839891996075491,2.0472221450393495,2.1668040965205764]
["EMULSÕES ASFÁLTICAS RR-2C","2020-02-01",2.3231193990355696,1.8085269957869419,1.9789899591272726,2.0867364995803164,2.0257661032488543,2.0277399242873178]
["EMULSÕES ASFÁLTICAS RR-2C","2020-03-01",2.342808005513314,1.7940557638862922,1.7211304181993443,2.0453141869832105,1.9732840557989404,1.977121831129143]
["EMULSÕES ASFÁLTICAS RR-2C","2020-04-01",2.2240730834885021,1.7111360495033376,1.9436800343479061,1.9811404040070473,2.058778777406876,1.976530938882715]
["EMULSÕES ASFÁLTICAS RR-2C","2020-05-01",2.1531647858372311,1.6890004950705062,1.9149744998837386,1.9603349388846041,2.0178718450444366,1.9398605813392242]
["EMULSÕES ASFÁLTICAS RR-2C","2020-06-01",2.0788679536771095,1.6652410281559347,1.8330357408618185,1.8933000395325583,2.0136753030428336,1.8781888356284024]
["EMULSÕES ASFÁLTICAS RR-2C","2020-07-01",2.0544219055495532,1.6667189694659075,1.9149395193317231,1.899576427834716,1.9461358220848106,1.8893577757890485]
["EMULSÕES ASFÁLTICAS RR-2C","2020-08-01",2.1543678216757582,1.7733730018910185,2.0777540225277957,1.9996892515751252,1.9912568037037868,2.0096793301248019]
["EMULSÕES ASFÁLTICAS RR-2C","2020-09-01",2.1187831673682336,1.7856461237044037,2.0094154164761493,1.9832651947209383,1.9852846031484475,1.9762008668036497]
["EMULSÕES ASFÁLTICAS RR-2C","2020-10-01",2.1464286111245734,1.8266482066125822,1.9794450617759367,1.9848517880852443,1.9913562126682482,1.9779957152564804]
["EMULSÕES ASFÁLTICAS RR-2C","2020-11-01",2.1376816723114409,1.9380777485027982,2.1402438608489014,2.1672747672637573,2.0918311383258161,2.0903535768484067]
["EMULSÕES ASFÁLTICAS RR-2C","2020-12-01",2.1490044399500974,1.9454777606049933,1.9606696497771214,2.1883989731123372,2.0951376036445559,2.035179336495458]
["EMULSÕES ASFÁLTICAS RR-2C","2021-01-01",2.1393735849540185,1.8981612264009384,1.8354725973686459,2.2135263550144111,2.0580072059081282,2.0051177573215337]
["EMULSÕES ASFÁLTICAS RR-2C","2021-02-01",2.3508577507118704,2.0596027416889715,2.2519660018072147,2.4247311156864044,2.2197472071407698,2.2438069352317429]
["EMULSÕES ASFÁLTICAS RR-2C","2021-03-01",2.3250714306150009,2.0517918559048689,2.1828263772095058,2.3466687299279227,2.2734914636523507,2.2270420265188373]
["EMULSÕES ASFÁLTICAS RR-2C","2021-04-01",2.6889810867861912,2.0645253663669711,2.2891410701693373,2.2627266030870632,2.1779034200888803,2.2111387924732311]
["EMULSÕES ASFÁLTICAS RR-2C","2021-05-01",2.5745496094499001,2.5180315213446613,2.5567890474465726,2.6400274183860075,2.6094833731897507,2.5778018499335968]
["EMULSÕES ASFÁLTICAS RR-2C","2021-06-01",2.6722399675705408,2.4893505901848623,2.6009999536735515,2.7064951331304958,2.5552921185584028,2.5931272798618585]
["EMULSÕES ASFÁLTICAS RR-2C","2021-07-01",2.6431769206569165,2.4692622799259656,2.6563319289775995,2.6793157575261062,2.6620791096261516,2.610630402066493]
["EMULSÕES ASFÁLTICAS RR-2C","2021-08-01",2.7961407527887832,2.5759914248354314,2.8258074818475234,2.9191427775852907,2.7494512239446278,2.7664227491806077]
["EMULSÕES ASFÁLTICAS RR-2C","2021-09-01",2.830094258699333,2.6444601784336945,2.876162301397434,2.9267422256079656,2.8918415567704794,2.8068743600852644]
["EMULSÕES ASFÁLTICAS RR-2C","2021-10-01",2.9702878379404463,2.659644806101749,2.8209744927170664,2.8878564813611582,2.7931902764908703,2.8043071709721406]
["EMULSÕES ASFÁLTICAS RR-2C","2021-11-01",3.1288425054692297,2.8641569797826447,3.1550719837703785,3.3298848339432068,3.0708670042737229,3.1101825774701517]
["EMULSÕES ASFÁLTICAS RR-2C","2021-12-01",3.1416148138267768,2.9394743512613672,3.1796148150211683,3.3832212657234604,3.1174233894906123,3.1190781839195152]
["EMULSÕES ASFÁLTICAS RR-2C","2022-01-01",3.1680180966752389,2.8978883410610892,3.1718370526966604,3.2245494357151325,3.0766925593721233,3.0550736209655045]
["EMULSÕES ASFÁLTICAS RR-2C","2022-02-01",3.2922767112693143,3.0297198872500939,3.3177290502392736,3.399646589868567,3.2098987026663215,3.1990043731141529]
["EMULSÕES ASFÁLTICAS RR-2C","2022-03-01",3.0825143735363008,3.0500042385000845,3.2790615343344673,3.4098559609202037,3.2383783348331554,3.2088533928189276]
["EMULSÕES ASFÁLTICAS RR-2C","2022-04-01",3.4104994747810746,3.2162203422212721,3.4789274469856308,3.5252721458886924,3.00054992574153,3.3539676296553056]
["EMULSÕES ASFÁLTICAS RR-2C","2022-05-01",3.3636363462380134,3.1743785984524191,3.5119967937401126,2.7024184874129711,3.207091199150176,3.1292506581784498]
["EMULSÕES ASFÁLTICAS RR-2C","2022-06-01",3.6153029894262358,3.2053946913242877,3.4455839071143339,3.4582361526372583,3.1774448120884893,3.3735881530198797]
["EMULSÕES ASFÁLTICAS RR-2C","2022-07-01",3.5030009154948063,3.2969304243788469,3.6024628398006868,3.4750806334189273,3.3203778262125732,3.4479452704125833]
["EMULSÕES ASFÁLTICAS RR-2C","2022-08-01",3.5317087220741561,3.3395169467089989,3.540153068030317,3.3854273872748482,3.1514614825228127,3.4327931374233192]
["EMULSÕES ASFÁLTICAS RR-2C","2022-09-01",3.4611166205196167,3.3477991664831728,3.3700147015734134,3.2361076198657774,3.0452192921035408,3.3458284433524583]
["EMULSÕES ASFÁLTICAS RR-2C","2022-10-01",3.4407087288730906,3.2396973673631093,3.0816406308553566,3.0884257786256173,2.9761674905370374,3.1785213522037212]
["EMULSÕES ASFÁLTICAS RR-2C","2022-11-01",3.2314387037394514,3.142929577646707,3.2239381233414193,2.9171046643981984,2.7953862663167981,3.1216330233579428]
["EMULSÕES ASFÁLTICAS RR-2C","2022-12-01",3.1795323794024788,3.1393122599866921,3.0605759048792094,2.9247446234100298,2.7407330746581793,3.0496763148638495]
["EMULSÕES ASFÁLTICAS RR-2C","2023-01-01",3.2359240498456319,2.8821275827674335,3.1743967926609025,2.7981787230186401,2.6587045960863023,2.904143728641785]
["EMULSÕES ASFÁLTICAS RR-2C","2023-02-01",3.127258291047482,2.8628392906914342,3.1894738973220016,2.7364632961896005,2.6985125709752453,2.9003749035138853]
["EMULSÕES ASFÁLTICAS RR-2C","2023-03-01",3.2417182611113513,2.8190573657006235,2.9086944063153171,2.8172106055821451,2.530385896360182,2.8507331892043561]
["EMULSÕES ASFÁLTICAS RR-2C","2023-04-01",3.4081380308906026,2.9193557473760552,2.8965513162008643,2.7394980498049879,2.503562137875428,2.8547500149403975]
["EMULSÕES ASFÁLTICAS RR-2C","2023-05-01",3.1511809277988481,2.7777992165496261,2.9324742736171769,2.6186446088076356,2.3897364325137977,2.7687758905210926]
["EMULSÕES ASFÁLTICAS RR-2C","2023-06-01",3.233603037330671,2.7194016450848277,2.9275401489895247,2.5910125840766982,2.5725312379074721,2.8185192878852612]
["EMULSÕES ASFÁLTICAS RR-2C","2023-07-01",3.1307961536124727,2.7247528493187181,2.9163947946123114,2.5821073809604385,2.5236547511190492,2.8118154506951494]
["EMULSÕES ASFÁLTICAS RR-2C","2023-08-01",3.0677037232901774,2.7216455673154036,2.9443666246791231,2.6178307781847057,2.6577102024371473,2.8367618990188062]
["EMULSÕES ASFÁLTICAS RR-2C","2023-09-01",3.2744488849864211,2.8096427755648139,3.1190148443176664,2.7245526081478673,2.4250695979563992,2.9664101532014788]
["EMULSÕES ASFÁLTICAS RR-2C","2023-10-01",3.2626952234552484,2.839883928413546,2.9709860290854109,2.7051095096038824,2.6057283732394545,2.9142011431843406]
["EMULSÕES ASFÁLTICAS RR-2C","2023-11-01",3.2235832800521309,2.8872379234184913,3.1843065534303503,2.7414029368851089,2.4977279247892628,3.0028190183210888]
["EMULSÕES ASFÁLTICAS RR-2C","2023-12-01",3.3688845324018319,2.8489933251362687,2.9142958512112624,2.673718829052357,2.5652465120426715,2.8604912224089261]
["EMULSÕES ASFÁLTICAS RR-2C","2024-01-01",3.2043261979755915,2.6137829562431318,3.1347642561947389,2.6490363636324572,2.578343242379717,2.760727858120025]
["EMULSÕES ASFÁLTICAS RR-2C","2024-02-01",3.6109679154533718,2.5962893842837409,2.9902878128407462,2.7048609416540326,2.5740140978274222,2.7715169451357977]
["EMULSÕES ASFÁLTICAS RR-2C","2024-03-01",3.4520161496532866,2.6875793655124753,3.0479722002117411,2.7196841685316735,2.6062070216745044,2.788256085018729]
["EMULSÕES ASFÁLTICAS RR-2C","2024-04-01",3.3407242720069159,2.5814220899123526,3.000304036682099,2.6795946273877997,2.6318830630511858,2.7592814920274322]
["EMULSÕES ASFÁLTICAS RR-2C","2024-05-01",2.8996297793596146,2.6170608519820937,3.0787963662099749,2.662816597847915,2.7325513851864902,2.8024459450091719]
["EMULSÕES ASFÁLTICAS RR-2C","2024-06-01",3.0250808329361698,2.5523932793648507,3.1070457668540929,2.6046795854372573,2.7923408831871845,2.8326220070937813]
["EMULSÕES ASFÁLTICAS RR-2C","2024-07-01",3.1738146281031918,2.8413624631888381,3.2525046245272629,2.7112081493223505,2.722506480823716,3.0077527774200958]
["EMULSÕES ASFÁLTICAS RR-2C","2024-08-01",3.3457384311987242,2.9922333698045329,3.492892448067825,2.9062788979408745,2.8911608555146611,3.1924611585776237]
["EMULSÕES ASFÁLTICAS RR-2C","2024-09-01",3.401436002470823,3.0350305606550685,3.5520301687680713,2.9124666207836167,2.9194042195183512,3.2517042599764618]
["EMULSÕES ASFÁLTICAS RR-2C","2024-10-01",3.3368188348409173,3.0374661539061862,3.5024619664907344,3.0523020811170145,2.9008855700792382,3.2454008486061099]
["EMULSÕES ASFÁLTICAS RR-2C","2024-11-01",3.5377301210833143,3.1163223280014241,3.6789994288112204,2.9131945890532944,2.8496764150713418,3.252019950878005]
["EMULSÕES ASFÁLTICAS RR-2C","2024-12-01",3.6483472875545053,3.1416258531370542,3.5132362265543744,2.9995027238678444,2.9536552654137811,3.1782066921744048]
["EMULSÕES ASFÁLTICAS RR-2C","2025-01-01",4.1506776221498374,2.9736000434472616,3.8079258931850655,2.9895412319963919,2.9462251313376022,3.08511571600279]
["EMULSÕES ASFÁLTICAS RR-2C","2025-02-01",3.6543957467818027,3.028501150035845,3.4601622246875152,3.0974758895650463,3.0276302841390716,3.1078845692058943]
["EMULSÕES ASFÁLTICAS RR-2C","2025-03-01",3.6480445618119037,2.988157154570747,3.5585110941991744,3.0356308244664394,2.9809509603261697,3.1049284684759142]
["EMULSÕES ASFÁLTICAS RR-2C","2025-04-01",3.9103085964903426,2.8644085565336943,3.2123350493554339,2.9911300098710756,3.0056641889372289,3.0466695891814042]
["EMULSÕES ASFÁLTICAS RR-2C","2025-05-01",3.2839191953585329,2.7360377030576659,3.2617453094853697,3.0449945282798248,2.9917949725877517,3.0509630816936881]
["EMULSÕES ASFÁLTICAS RR-2C","2025-06-01",3.0924125545870647,2.587907939383975,3.3117576493675576,2.9954614755593294,2.9662524302459703,3.0346682534534728]
["EMULSÕES ASFÁLTICAS RR-2C","2025-07-01",3.2199257236654555,2.6400243383530682,3.3710569776323069,2.8731736129506689,2.8900345540809482,3.065334165522815]
["***: Sem comercialização."]
["Nota 1: Preços à vista, sem frete, com todos os impostos inclusos, à exceção do ICMS, do PIS/Pasep e da Cofins."]
["Nota 2: As informações são baseadas em dados preliminares, portanto sujeitos a reprocessamento por parte dos informantes nos moldes da Resolução ANP nº 729/2018."]

{"sheet":"Pessoal Sicro","index":20,"n_rows":6161,"n_cols":16,"rows_kept":6161,"cut":false,"hidden":false,"merged":[[0,0,1,0],[0,1,1,5],[0,6,1,6],[2,0,2,6],[3,0,3,6],[15,8,15,16],[16,8,16,12],[16,13,16,16],[17,8,17,12],[17,13,17,16],[12,8,12,12],[12,13,12,16],[13,8,13,12],[13,13,13,16],[14,8,14,12],[14,13,14,16],[9,8,9,12],[9,13,9,16],[10,8,10,12],[10,13,10,16],[11,8,11,12],[11,13,11,16],[6,8,6,12],[6,13,6,16],[7,8,7,12],[7,13,7,16],[8,8,8,12],[8,13,8,16],[3,8,3,12],[3,13,3,16],[4,8,4,16],[5,8,5,12],[5,13,5,16],[0,8,0,9],[0,10,0,12],[0,13,0,14],[0,15,0,16],[1,8,1,9],[1,10,1,12],[1,13,1,14],[1,15,1,16],[33,8,33,12],[33,13,33,16],[34,8,34,16],[35,8,35,12],[35,13,35,16],[30,8,30,12],[30,13,30,16],[31,8,31,12],[31,13,31,16],[32,8,32,12],[32,13,32,16],[27,8,27,16],[28,8,28,12],[28,13,28,16],[29,8,29,12],[29,13,29,16],[24,8,24,12],[24,13,24,16],[25,8,25,12],[25,13,25,16],[26,8,26,12],[26,13,26,16],[21,8,21,12],[21,13,21,16],[22,8,22,12],[22,13,22,16],[23,8,23,12],[23,13,23,16],[18,8,18,12],[18,13,18,16],[19,8,19,12],[19,13,19,16],[20,8,20,12],[20,13,20,16],[47,8,47,12],[47,13,47,14],[47,15,47,16],[48,8,48,12],[48,13,48,14],[48,15,48,16],[45,8,45,12],[45,13,45,14],[45,15,45,16],[46,8,46,12],[46,13,46,14],[46,15,46,16],[43,8,43,12],[43,13,43,14],[43,15,43,16],[44,8,44,12],[44,13,44,14],[44,15,44,16],[41,8,41,12],[41,13,41,14],[41,15,41,16],[42,8,42,12],[42,13,42,14],[42,15,42,16],[39,8,39,12],[39,13,39,14],[39,15,39,16],[40,8,40,12],[40,13,40,14],[40,15,40,16],[36,8,36,12],[36,13,36,16],[37,8,37,12],[37,13,37,16],[38,8,38,12],[38,13,38,16],[59,8,59,12],[59,13,59,14],[59,15,59,16],[60,8,60,14],[60,15,60,16],[57,8,57,12],[57,13,57,14],[57,15,57,16],[58,8,58,12],[58,13,58,14],[58,15,58,16],[55,8,55,12],[55,13,55,14],[55,15,55,16],[56,8,56,12],[56,13,56,14],[56,15,56,16],[53,8,53,12],[53,13,53,14],[53,15,53,16],[54,8,54,12],[54,13,54,14],[54,15,54,16],[51,8,51,12],[51,13,51,14],[51,15,51,16],[52,8,52,12],[52,13,52,14],[52,15,52,16],[49,8,49,12],[49,13,49,14],[49,15,49,16],[50,8,50,12],[50,13,50,14],[50,15,50,16],[76,8,76,16],[77,8,77,12],[77,13,77,16],[78,8,78,12],[78,13,78,16],[73,8,73,12],[73,13,73,16],[74,8,74,12],[74,13,74,16],[75,8,75,12],[75,13,75,16],[70,8,70,12],[70,13,70,16],[71,8,71,12],[71,13,71,16],[72,8,72,12],[72,13,72,16],[67,8,67,12],[67,13,67,16],[68,8,68,12],[68,13,68,16],[69,8,69,12],[69,13,69,16],[64,8,64,12],[64,13,64,16],[65,8,65,16],[66,8,66,12],[66,13,66,16],[61,8,61,9],[61,10,61,12],[61,13,61,14],[61,15,61,16],[62,8,62,9],[62,10,62,12],[62,13,62,14],[62,15,62,16],[94,8,94,12],[94,13,94,16],[95,8,95,16],[96,8,96,12],[96,13,96,16],[91,8,91,12],[91,13,91,16],[92,8,92,12],[92,13,92,16],[93,8,93,12],[93,13,93,16],[88,8,88,16],[89,8,89,12],[89,13,89,16],[90,8,90,12],[90,13,90,16],[85,8,85,12],[85,13,85,16],[86,8,86,12],[86,13,86,16],[87,8,87,12],[87,13,87,16],[82,8,82,12],[82,13,82,16],[83,8,83,12],[83,13,83,16],[84,8,84,12],[84,13,84,16],[79,8,79,12],[79,13,79,16],[80,8,80,12],[80,13,80,16],[81,8,81,12],[81,13,81,16],[108,8,108,12],[108,13,108,14],[108,15,108,16],[109,8,109,12],[109,13,109,14],[109,15,109,16],[106,8,106,12],[106,13,106,14],[106,15,106,16],[107,8,107,12],[107,13,107,14],[107,15,107,16],[104,8,104,12],[104,13,104,14],[104,15,104,16],[105,8,105,12],[105,13,105,14],[105,15,105,16],[102,8,102,12],[102,13,102,14],[102,15,102,16],[103,8,103,12],[103,13,103,14],[103,15,103,16],[100,8,100,12],[100,13,100,14],[100,15,100,16],[101,8,101,12],[101,13,101,14],[101,15,101,16],[97,8,97,12],[97,13,97,16],[98,8,98,12],[98,13,98,16],[99,8,99,12],[99,13,99,16],[120,8,120,12],[120,13,120,14],[120,15,120,16],[121,8,121,14],[121,15,121,16],[118,8,118,12],[118,13,118,14],[118,15,118,16],[119,8,119,12],[119,13,119,14],[119,15,119,16],[116,8,116,12],[116,13,116,14],[116,15,116,16],[117,8,117,12],[117,13,117,14],[117,15,117,16],[114,8,114,12],[114,13,114,14],[114,15,114,16],[115,8,115,12],[115,13,115,14],[115,15,115,16],[112,8,112,12],[112,13,112,14],[112,15,112,16],[113,8,113,12],[113,13,113,14],[113,15,113,16],[110,8,110,12],[110,13,110,14],[110,15,110,16],[111,8,111,12],[111,13,111,14],[111,15,111,16],[137,8,137,16],[138,8,138,12],[138,13,138,16],[139,8,139,12],[139,13,139,16],[134,8,134,12],[134,13,134,16],[135,8,135,12],[135,13,135,16],[136,8,136,12],[136,13,136,16],[131,8,131,12],[131,13,131,16],[132,8,132,12],[132,13,132,16],[133,8,133,12],[133,13,133,16],[128,8,128,12],[128,13,128,16],[129,8,129,12],[129,13,129,16],[130,8,130,12],[130,13,130,16],[125,8,125,12],[125,13,125,16],[126,8,126,16],[127,8,127,12],[127,13,127,16],[122,8,122,9],[122,10,122,12],[122,13,122,14],[122,15,122,16],[123,8,123,9],[123,10,123,12],[123,13,123,14],[123,15,123,16],[155,8,155,12],[155,13,155,16],[156,8,156,16],[157,8,157,12],[157,13,157,16],[152,8,152,12],[152,13,152,16],[153,8,153,12],[153,13,153,16],[154,8,154,12],[154,13,154,16],[149,8,149,16],[150,8,150,12],[150,13,150,16],[151,8,151,12],[151,13,151,16],[146,8,146,12],[146,13,146,16],[147,8,147,12],[147,13,147,16],[148,8,148,12],[148,13,148,16],[143,8,143,12],[143,13,143,16],[144,8,144,12],[144,13,144,16],[145,8,145,12],[145,13,145,16],[140,8,140,12],[140,13,140,16],[141,8,141,12],[141,13,141,16],[142,8,142,12],[142,13,142,16],[169,8,169,12],[169,13,169,14],[169,15,169,16],[170,8,170,12],[170,13,170,14],[170,15,170,16],[167,8,167,12],[167,13,167,14],[167,15,167,16],[168,8,168,12],[168,13,168,14],[168,15,168,16],[165,8,165,12],[165,13,165,14],[165,15,165,16],[166,8,166,12],[166,13,166,14],[166,15,166,16],[163,8,163,12],[163,13,163,14],[163,15,163,16],[164,8,164,12],[164,13,164,14],[164,15,164,16],[161,8,161,12],[161,13,161,14],[161,15,161,16],[162,8,162,12],[162,13,162,14],[162,15,162,16],[158,8,158,12],[158,13,158,16],[159,8,159,12],[159,13,159,16],[160,8,160,12],[160,13,160,16],[181,8,181,12],[181,13,181,14],[181,15,181,16],[182,8,182,14],[182,15,182,16],[179,8,179,12],[179,13,179,14],[179,15,179,16],[180,8,180,12],[180,13,180,14],[180,15,180,16],[177,8,177,12],[177,13,177,14],[177,15,177,16],[178,8,178,12],[178,13,178,14],[178,15,178,16],[175,8,175,12],[175,13,175,14],[175,15,175,16],[176,8,176,12],[176,13,176,14],[176,15,176,16],[173,8,173,12],[173,13,173,14],[173,15,173,16],[174,8,174,12],[174,13,174,14],[174,15,174,16],[171,8,171,12],[171,13,171,14],[171,15,171,16],[172,8,172,12],[172,13,172,14],[172,15,172,16],[198,8,198,16],[199,8,199,12],[199,13,199,16],[200,8,200,12],[200,13,200,16],[195,8,195,12],[195,13,195,16],[196,8,196,12],[196,13,196,16],[197,8,197,12],[197,13,197,16],[192,8,192,12],[192,13,192,16],[193,8,193,12],[193,13,193,16],[194,8,194,12],[194,13,194,16],[189,8,189,12],[189,13,189,16],[190,8,190,12],[190,13,190,16],[191,8,191,12],[191,13,191,16],[186,8,186,12],[186,13,186,16],[187,8,187,16],[188,8,188,12],[188,13,188,16],[183,8,183,9],[183,10,183,12],[183,13,183,14],[183,15,183,16],[184,8,184,9],[184,10,184,12],[184,13,184,14],[184,15,184,16],[216,8,216,12],[216,13,216,16],[217,8,217,16],[218,8,218,12],[218,13,218,16],[213,8,213,12],[213,13,213,16],[214,8,214,12],[214,13,214,16],[215,8,215,12],[215,13,215,16],[210,8,210,16],[211,8,211,12],[211,13,211,16],[212,8,212,12],[212,13,212,16],[207,8,207,12],[207,13,207,16],[208,8,208,12],[208,13,208,16],[209,8,209,12],[209,13,209,16],[204,8,204,12],[204,13,204,16],[205,8,205,12],[205,13,205,16],[206,8,206,12],[206,13,206,16],[201,8,201,12],[201,13,201,16],[202,8,202,12],[202,13,202,16],[203,8,203,12],[203,13,203,16],[230,8,230,12],[230,13,230,14],[230,15,230,16],[231,8,231,12],[231,13,231,14],[231,15,231,16],[228,8,228,12],[228,13,228,14],[228,15,228,16],[229,8,229,12],[229,13,229,14],[229,15,229,16],[226,8,226,12],[226,13,226,14],[226,15,226,16],[227,8,227,12],[227,13,227,14],[227,15,227,16],[224,8,224,12],[224,13,224,14],[224,15,224,16],[225,8,225,12],[225,13,225,14],[225,15,225,16],[222,8,222,12],[222,13,222,14],[222,15,222,16],[223,8,223,12],[223,13,223,14],[223,15,223,16],[219,8,219,12],[219,13,219,16],[220,8,220,12],[220,13,220,16],[221,8,221,12],[221,13,221,16],[242,8,242,12],[242,13,242,14],[242,15,242,16],[243,8,243,14],[243,15,243,16],[240,8,240,12],[240,13,240,14],[240,15,240,16],[241,8,241,12],[241,13,241,14],[241,15,241,16],[238,8,238,12],[238,13,238,14],[238,15,238,16],[239,8,239,12],[239,13,239,14],[239,15,239,16],[236,8,236,12],[236,13,236,14],[236,15,236,16],[237,8,237,12],[237,13,237,14],[237,15,237,16],[234,8,234,12],[234,13,234,14],[234,15,234,16],[235,8,235,12],[235,13,235,14],[235,15,235,16],[232,8,232,12],[232,13,232,14],[232,15,232,16],[233,8,233,12],[233,13,233,14],[233,15,233,16],[259,8,259,16],[260,8,260,12],[260,13,260,16],[261,8,261,12],[261,13,261,16],[256,8,256,12],[256,13,256,16],[257,8,257,12],[257,13,257,16],[258,8,258,12],[258,13,258,16],[253,8,253,12],[253,13,253,16],[254,8,254,12],[254,13,254,16],[255,8,255,12],[255,13,255,16],[250,8,250,12],[250,13,250,16],[251,8,251,12],[251,13,251,16],[252,8,252,12],[252,13,252,16],[247,8,247,12],[247,13,247,16],[248,8,248,16],[249,8,249,12],[249,13,249,16],[244,8,244,9],[244,10,244,12],[244,13,244,14],[244,15,244,16],[245,8,245,9],[245,10,245,12],[245,13,245,14],[245,15,245,16],[277,8,277,12],[277,13,277,16],[278,8,278,16],[279,8,279,12],[279,13,279,16],[274,8,274,12],[274,13,274,16],[275,8,275,12],[275,13,275,16],[276,8,276,12],[276,13,276,16],[271,8,271,16],[272,8,272,12],[272,13,272,16],[273,8,273,12],[273,13,273,16],[268,8,268,12],[268,13,268,16],[269,8,269,12],[269,13,269,16],[270,8,270,12],[270,13,270,16],[265,8,265,12],[265,13,265,16],[266,8,266,12],[266,13,266,16],[267,8,267,12],[267,13,267,16],[262,8,262,12],[262,13,262,16],[263,8,263,12],[263,13,263,16],[264,8,264,12],[264,13,264,16],[291,8,291,12],[291,13,291,14],[291,15,291,16],[292,8,292,12],[292,13,292,14],[292,15,292,16],[289,8,289,12],[289,13,289,14],[289,15,289,16],[290,8,290,12],[290,13,290,14],[290,15,290,16],[287,8,287,12],[287,13,287,14],[287,15,287,16],[288,8,288,12],[288,13,288,14],[288,15,288,16],[285,8,285,12],[285,13,285,14],[285,15,285,16],[286,8,286,12],[286,13,286,14],[286,15,286,16],[283,8,283,12],[283,13,283,14],[283,15,283,16],[284,8,284,12],[284,13,284,14],[284,15,284,16],[280,8,280,12],[280,13,280,16],[281,8,281,12],[281,13,281,16],[282,8,282,12],[282,13,282,16],[303,8,303,12],[303,13,303,14],[303,15,303,16],[304,8,304,14],[304,15,304,16],[301,8,301,12],[301,13,301,14],[301,15,301,16],[302,8,302,12],[302,13,302,14],[302,15,302,16],[299,8,299,12],[299,13,299,14],[299,15,299,16],[300,8,300,12],[300,13,300,14],[300,15,300,16],[297,8,297,12],[297,13,297,14],[297,15,297,16],[298,8,298,12],[298,13,298,14],[298,15,298,16],[295,8,295,12],[295,13,295,14],[295,15,295,16],[296,8,296,12],[296,13,296,14],[296,15,296,16],[293,8,293,12],[293,13,293,14],[293,15,293,16],[294,8,294,12],[294,13,294,14],[294,15,294,16],[320,8,320,16],[321,8,321,12],[321,13,321,16],[322,8,322,12],[322,13,322,16],[317,8,317,12],[317,13,317,16],[318,8,318,12],[318,13,318,16],[319,8,319,12],[319,13,319,16],[314,8,314,12],[314,13,314,16],[315,8,315,12],[315,13,315,16],[316,8,316,12],[316,13,316,16],[311,8,311,12],[311,13,311,16],[312,8,312,12],[312,13,312,16],[313,8,313,12],[313,13,313,16],[308,8,308,12],[308,13,308,16],[309,8,309,16],[310,8,310,12],[310,13,310,16],[305,8,305,9],[305,10,305,12],[305,13,305,14],[305,15,305,16],[306,8,306,9],[306,10,306,12],[306,13,306,14],[306,15,306,16],[338,8,338,12],[338,13,338,16],[339,8,339,16],[340,8,340,12],[340,13,340,16],[335,8,335,12],[335,13,335,16],[336,8,336,12],[336,13,336,16],[337,8,337,12],[337,13,337,16],[332,8,332,16],[333,8,333,12],[333,13,333,16],[334,8,334,12],[334,13,334,16],[329,8,329,12],[329,13,329,16],[330,8,330,12],[330,13,330,16],[331,8,331,12],[331,13,331,16],[326,8,326,12],[326,13,326,16],[327,8,327,12],[327,13,327,16],[328,8,328,12],[328,13,328,16],[323,8,323,12],[323,13,323,16],[324,8,324,12],[324,13,324,16],[325,8,325,12],[325,13,325,16],[352,8,352,12],[352,13,352,14],[352,15,352,16],[353,8,353,12],[353,13,353,14],[353,15,353,16],[350,8,350,12],[350,13,350,14],[350,15,350,16],[351,8,351,12],[351,13,351,14],[351,15,351,16],[348,8,348,12],[348,13,348,14],[348,15,348,16],[349,8,349,12],[349,13,349,14],[349,15,349,16],[346,8,346,12],[346,13,346,14],[346,15,346,16],[347,8,347,12],[347,13,347,14],[347,15,347,16],[344,8,344,12],[344,13,344,14],[344,15,344,16],[345,8,345,12],[345,13,345,14],[345,15,345,16],[341,8,341,12],[341,13,341,16],[342,8,342,12],[342,13,342,16],[343,8,343,12],[343,13,343,16],[364,8,364,12],[364,13,364,14],[364,15,364,16],[365,8,365,14],[365,15,365,16],[362,8,362,12],[362,13,362,14],[362,15,362,16],[363,8,363,12],[363,13,363,14],[363,15,363,16],[360,8,360,12],[360,13,360,14],[360,15,360,16],[361,8,361,12],[361,13,361,14],[361,15,361,16],[358,8,358,12],[358,13,358,14],[358,15,358,16],[359,8,359,12],[359,13,359,14],[359,15,359,16],[356,8,356,12],[356,13,356,14],[356,15,356,16],[357,8,357,12],[357,13,357,14],[357,15,357,16],[354,8,354,12],[354,13,354,14],[354,15,354,16],[355,8,355,12],[355,13,355,14],[355,15,355,16],[381,8,381,16],[382,8,382,12],[382,13,382,16],[383,8,383,12],[383,13,383,16],[378,8,378,12],[378,13,378,16],[379,8,379,12],[379,13,379,16],[380,8,380,12],[380,13,380,16],[375,8,375,12],[375,13,375,16],[376,8,376,12],[376,13,376,16],[377,8,377,12],[377,13,377,16],[372,8,372,12],[372,13,372,16],[373,8,373,12],[373,13,373,16],[374,8,374,12],[374,13,374,16],[369,8,369,12],[369,13,369,16],[370,8,370,16],[371,8,371,12],[371,13,371,16],[366,8,366,9],[366,10,366,12],[366,13,366,14],[366,15,366,16],[367,8,367,9],[367,10,367,12],[367,13,367,14],[367,15,367,16],[399,8,399,12],[399,13,399,16],[400,8,400,16],[401,8,401,12],[401,13,401,16],[396,8,396,12],[396,13,396,16],[397,8,397,12],[397,13,397,16],[398,8,398,12],[398,13,398,16],[393,8,393,16],[394,8,394,12],[394,13,394,16],[395,8,395,12],[395,13,395,16],[390,8,390,12],[390,13,390,16],[391,8,391,12],[391,13,391,16],[392,8,392,12],[392,13,392,16],[387,8,387,12],[387,13,387,16],[388,8,388,12],[388,13,388,16],[389,8,389,12],[389,13,389,16],[384,8,384,12],[384,13,384,16],[385,8,385,12],[385,13,385,16],[386,8,386,12],[386,13,386,16],[413,8,413,12],[413,13,413,14],[413,15,413,16],[414,8,414,12],[414,13,414,14],[414,15,414,16],[411,8,411,12],[411,13,411,14],[411,15,411,16],[412,8,412,12],[412,13,412,14],[412,15,412,16],[409,8,409,12],[409,13,409,14],[409,15,409,16],[410,8,410,12],[410,13,410,14],[410,15,410,16],[407,8,407,12],[407,13,407,14],[407,15,407,16],[408,8,408,12],[408,13,408,14],[408,15,408,16],[405,8,405,12],[405,13,405,14],[405,15,405,16],[406,8,406,12],[406,13,406,14],[406,15,406,16],[402,8,402,12],[402,13,402,16],[403,8,403,12],[403,13,403,16],[404,8,404,12],[404,13,404,16],[425,8,425,12],[425,13,425,14],[425,15,425,16],[426,8,426,14],[426,15,426,16],[423,8,423,12],[423,13,423,14],[423,15,423,16],[424,8,424,12],[424,13,424,14],[424,15,424,16],[421,8,421,12],[421,13,421,14],[421,15,421,16],[422,8,422,12],[422,13,422,14],[422,15,422,16],[419,8,419,12],[419,13,419,14],[419,15,419,16],[420,8,420,12],[420,13,420,14],[420,15,420,16],[417,8,417,12],[417,13,417,14],[417,15,417,16],[418,8,418,12],[418,13,418,14],[418,15,418,16],[415,8,415,12],[415,13,415,14],[415,15,415,16],[416,8,416,12],[416,13,416,14],[416,15,416,16],[442,8,442,16],[443,8,443,12],[443,13,443,16],[444,8,444,12],[444,13,444,16],[439,8,439,12],[439,13,439,16],[440,8,440,12]],"merged_total":14246,"flags":["merged_cut"]}
["CGCIT","SISTEMA DE CUSTOS REFERENCIAIS DE OBRAS - SICRO",{"$nulls":4},"DNIT",null,"Código",null,"Descrição",null,null,"Unidade",null,"Salário \n(R$)"]
[{"$nulls":8},"P9801",null,"Ajudante",null,null,"h",null,7.1608999999999998]
["Rio Grande do Norte - Abril/2025"]
["Sem desoneração",{"$nulls":7},"Encargos Sociais e Trabalhistas - abril/2025",{"$nulls":4}," %"]
["Código","Descrição","Unidade","Salário (R$)","Encargos Totais","Custo (R$)","Periculosidade/\nInsalubridade",null,"Grupo A - Encargos Sociais"]
["P9801","Ajudante","h",{"$f":"P2","v":7.1608999999999998},{"$f":"N60/100","v":2.1307450000000001},{"$f":"P61","v":22.418900000000001},0,null,"Previdência Social",{"$nulls":4},20]
["P9802","Ajudante especializado","h",{"$f":"P63","v":8.5951000000000004},{"$f":"N121/100","v":2.0316860000000001},{"$f":"P122","v":26.057600000000001},0,null,"FGTS",{"$nulls":4},8]
["P9803","Almoxarife","mês",{"$f":"P124","v":2835.8},{"$f":"N182/100","v":1.230232},{"$f":"P183","v":6324.4919},0,null,"Salário Educação",{"$nulls":4},2.5]
["P9804","Apontador","mês",{"$f":"P185","v":2019.7892999999999},{"$f":"N243/100","v":1.445041},{"$f":"P244","v":4938.4675999999999},0,null,"SESC ou SESI",{"$nulls":4},1.5]
["P9805","Armador","h",{"$f":"P246","v":11.35},{"$f":"N304/100","v":1.758667},{"$f":"P305","v":31.3108},0,null,"SENAI / SEBRAE",{"$nulls":4},1.6]
["P9806","Auxiliar administrativo","mês",{"$f":"P307","v":1894.2571},{"$f":"N365/100","v":1.4624549999999998},{"$f":"P366","v":4664.5227999999997},0,null,"INCRA",{"$nulls":4},0.2]
["P9807","Bombeiro hidráulico","h",{"$f":"P368","v":11.35},{"$f":"N426/100","v":1.8070619999999999},{"$f":"P427","v":31.860099999999999},0,null,"Seguro Contra Risco e Acidente de Trabalho",{"$nulls":4},3]
["P9808","Carpinteiro","h",{"$f":"P429","v":9.0096000000000007},{"$f":"N487/100","v":1.9277529999999998},{"$f":"P488","v":26.377800000000001},0,null,"SECONCI",{"$nulls":4},0]
["P9809","Encarregado administrativo","mês",{"$f":"P490","v":3646.8240999999998},{"$f":"N548/100","v":1.1036600000000001},{"$f":"P549","v":7671.6778999999997},0,null,"FAE - Financiamento de Aposentadoria Especial",{"$nulls":4},0]
["P9810","Eletricista","h",{"$f":"P551","v":11.319699999999999},{"$f":"N609/100","v":1.7843020000000001},{"$f":"P610","v":31.517399999999999},0,null,"Total Grupo A",{"$nulls":4},36.799999999999997]
["P9811","Encarregado especializado","mês",{"$f":"P612","v":4059.3816000000002},{"$f":"N670/10","v":10.926779999999999},{"$f":"P671","v":8494.9784999999993},0,null,"Grupo B - Encargos Trabalhistas"]
["P9812","Engenheiro","mês",{"$f":"P673","v":13798.4388},{"$f":"N731/100","v":0.85409899999999994},{"$f":"P732","v":25583.6715},0,null,"Repouso Semanal Remunerado - Domingos",{"$nulls":4},17.797283109999999]
["P9814","Operacional","mês",{"$f":"P734","v":1704.0393999999999},{"$f":"N792/100","v":1.4781770000000001},{"$f":"P793","v":4222.9111999999996},0,null,"Feriados",{"$nulls":4},4.92230832]
["P9815","Jardineiro","h",{"$f":"P795","v":10.47},{"$f":"N853/100","v":1.8004660000000001},{"$f":"P854","v":29.320799999999998},0,null,"Férias Gozadas + 1/3",{"$nulls":4},8.8230619999999996E-2]
["P9819","Engenheiro supervisor","mês",{"$f":"P856","v":13798.4388},{"$f":"N914/100","v":0.85409899999999994},{"$f":"P915","v":25583.6715},0,null,"Auxílio Enfermidade",{"$nulls":4},0.92146187999999996]
["P9821","Pedreiro","h",{"$f":"P917","v":8.8035999999999994},{"$f":"N975/100","v":1.9439660000000001},{"$f":"P976","v":25.917400000000001},0,null,"Auxílio Acidente de Trabalho",{"$nulls":4},4.9094239999999997E-2]
["P9822","Pintor","h",{"$f":"P978","v":11.35},{"$f":"N1036/100","v":1.7567650000000001},{"$f":"P1037","v":31.289200000000001},0,null,"Licença Paternidade",{"$nulls":4},9.9054519999999993E-2]
["P9823","Serralheiro","h",{"$f":"P1039","v":10.3919},{"$f":"N1097/100","v":1.8147280000000001},{"$f":"P1098","v":29.250299999999999},0,null,"13° Salário",{"$nulls":4},9.2415410399999995]
["P9824","Servente","h",{"$f":"P1100","v":6.9},{"$f":"N1158/100","v":2.1679239999999997},{"$f":"P1159","v":21.858599999999999},0,null,"Faltas Justificadas",{"$nulls":4},0.74273650999999996]
["P9825","Soldador","h",{"$f":"P1161","v":13.501099999999999},{"$f":"N1219/100","v":1.6531209999999998},{"$f":"P1220","v":35.82},0,null,"Férias sobre Licença Maternidade",{"$nulls":4},7.0639199999999996E-3]
["P9826","Chefe setor de finanças","mês",{"$f":"P1222","v":14401.2338},{"$f":"N1280/100","v":0.84895900000000002},{"$f":"P1281","v":26627.290799999999},0,null,"Reciclagem Tecnológica",{"$nulls":4},0]
["P9827","Vigia","mês",{"$f":"P1283","v":1657.3},{"$f":"N1341/100","v":1.7941100000000001},{"$f":"P1342","v":5127.8684999999996},0.3,null,"Total Grupo B",{"$nulls":4},33.868774170000002]
["P9830","Montador","h",{"$f":"P1344","v":11.449199999999999},{"$f":"N1402/100","v":1.807555},{"$f":"P1403","v":32.144199999999998},0,null,"Grupo C - Verbas Rescisórias"]
["P9833","Auxiliar de laboratório","mês",{"$f":"P1405","v":2497},{"$f":"N1463/100","v":1.2999180000000001},{"$f":"P1464","v":5742.8951999999999},0,null,"Aviso Prévio Indenizado",{"$nulls":4},8.1909268500000003]
["P9837","Oceanógrafo","mês",{"$f":"P1466","v":6355.5483000000004},{"$f":"N1524/100","v":0.95251000000000008},{"$f":"P1525","v":12409.2716},0,null,"Aviso Prévio Trabalhado",{"$nulls":4},0.22564639]
["P9840","Encarregado geral","mês",{"$f":"P1527","v":6483.3728000000001},{"$f":"N1585/100","v":0.96994200000000008},{"$f":"P1586","v":12771.8683},0,null,"Férias Indenizadas + 1/3",{"$nulls":4},12.2338241]
["P9842","Faxineiro","mês",{"$f":"P1588","v":1584},{"$f":"N1646/100","v":1.606954},{"$f":"P1647","v":4129.4151000000002},0,null,"Depósito por Rescisão Sem Justa Causa",{"$nulls":4},4.28380077]
["P9843","Operador de equipamento leve","h",{"$f":"P1649","v":9.3154000000000003},{"$f":"N1707/100","v":1.8822859999999999},{"$f":"P1708","v":26.849599999999999},0,null,"Indenização Adicional",{"$nulls":4},0.92842064000000002]
["P9845","Operador de equipamento pesado","h",{"$f":"P1710","v":13.558299999999999},{"$f":"N1768/100","v":1.63462},{"$f":"P1769","v":35.7209},0,null,"Total Grupo C",{"$nulls":4},25.862618749999999]
["P9846","Operador de equipamento especial","h",{"$f":"P1771","v":18.227799999999998},{"$f":"N1829/100","v":1.4914179999999999},{"$f":"P1830","v":45.412999999999997},0,null,"Grupo D - Verbas Rescisórias"]
["P9847","Perfurador de tubulão","h",{"$f":"P1832","v":7.1544999999999996},{"$f":"N1890/100","v":2.128768},{"$f":"P1891","v":22.384699999999999},0,null,"Reincidência de A sobre B",{"$nulls":4},12.4637089]
["P9848","Desenhista","mês",{"$f":"P1893","v":3822.5479},{"$f":"N1951/100","v":1.0998840000000001},{"$f":"P1952","v":8026.9071000000004},0,null,"Reincidência de A sobre Aviso Prévio Trabalhado + Reincidência de FGTS sobre Aviso Prévio Indenizado",{"$nulls":4},0.73831201999999996]
["P9849","Condutor maquinista fluvial","mês",{"$f":"P1954","v":2615.7730000000001},{"$f":"N2012/100","v":1.2149509999999999},{"$f":"P2013","v":5793.8090000000002},0,null,"Total Grupo D",{"$nulls":4},13.202020920000001]
["P9850","Copeiro","mês",{"$f":"P2015","v":1735.4357},{"$f":"N2073/100","v":1.524378},{"$f":"P2074","v":4380.8957},0,null,"Total Encargos Sociais e Trabalhistas - abril/2025",{"$nulls":4},109.73]
["P9851","Médico do trabalho","mês",{"$f":"P2076","v":10050.698700000001},{"$f":"N2134/100","v":0.88944100000000004},{"$f":"P2135","v":18990.2022},0,null,"Periculosidade/Insalubridade",{"$nulls":4}," %",null,"R$"]
["P9852","Blaster","h",{"$f":"P2137","v":12.4795},{"$f":"N2195/100","v":2.0259460000000002},{"$f":"P2196","v":41.506100000000004},0.3,null,"Total Periculosidade/Insalubridade",{"$nulls":4},0,null,0]
["P9853","Pré-marcador","h",{"$f":"P2198","v":7.1542000000000003},{"$f":"N2256/100","v":2.1125249999999998},{"$f":"P2257","v":22.267600000000002},0,null,"Encargos Sociais e Trabalhistas - Média Móvel",{"$nulls":4}," %",null,"R$"]
["P9854","Recepcionista","mês",{"$f":"P2259","v":1692.1795},{"$f":"N2317/100","v":1.5113239999999999},{"$f":"P2318","v":4249.6108999999997},0,null,"Encargos Sociais e Trabalhistas - Média Móvel - Sobre Salário",{"$nulls":4},109.43,null,7.8361729999999996]
["P9855","Marinheiro de máquinas","mês",{"$f":"P2320","v":2392.7157000000002},{"$f":"N2378/100","v":1.2537370000000001},{"$f":"P2379","v":5392.5519000000004},0,null,"Encargos Sociais e Trabalhistas - Média Móvel - Sobre Periculosidade/Insalubridade",{"$nulls":4},109.43,null,0]
["P9856","Marinheiro de convés","h",{"$f":"P2381","v":10.8032},{"$f":"N2439/100","v":1.698353},{"$f":"P2440","v":29.1508},0,null,"Total Encargos Sociais e Trabalhistas - Média Móvel",{"$nulls":4},109.43,null,7.8361729999999996]
["P9857","Marinheiro de convés - mensalista","mês",{"$f":"P2442","v":2376.7116999999998},{"$f":"N2500/100","v":1.2564029999999999},{"$f":"P2501","v":5362.8194000000003},0,null,"Encargos Complementares",{"$nulls":4}," %",null,"R$"]
["P9858","Laboratorista","mês",{"$f":"P2503","v":3487},{"$f":"N2561/100","v":1.149553},{"$f":"P2562","v":7495.4912999999997},0,null,"Alimentação",{"$nulls":4},50.46,null,3.6132550000000001]
["P9859","Trabalhador de via","h",{"$f":"P2564","v":6.9},{"$f":"N2622/100","v":2.1713499999999999},{"$f":"P2623","v":21.882300000000001},0,null,"EPI",{"$nulls":4},5.44,null,0.38952999999999999]
["P9861","Selecionador de material pétreo","h",{"$f":"P2625","v":7.1542000000000003},{"$f":"N2683/100","v":2.1189819999999999},{"$f":"P2684","v":22.313800000000001},0,null,"Ferramenta",{"$nulls":4},0.81,null,5.7754E-2]
["P9864","Engenheiro de segurança do trabalho","mês",{"$f":"P2686","v":13332.709500000001},{"$f":"N2744/100","v":0.86272599999999999},{"$f":"P2745","v":24835.184600000001},0,null,"Transporte",{"$nulls":4},13.66,null,0.97811700000000001]
["P9866","Motorista de caminhão","h",{"$f":"P2747","v":12.1029},{"$f":"N2805/100","v":1.691298},{"$f":"P2806","v":32.572499999999998},0,null,"Consulta Ocupacional",{"$nulls":4},1.18,null,8.4463999999999997E-2]
["P9867","Técnico especializado - mensalista","mês",{"$f":"P2808","v":3323.0481},{"$f":"N2866/100","v":1.163978},{"$f":"P2867","v":7191.0029000000004},0,null,"Total Encargos Complementares",{"$nulls":4},71.55,null,5.1231200000000001]
["P9869","Encarregado de obras de artes especiais","mês",{"$f":"P2869","v":4059.3816000000002},{"$f":"N2927/100","v":1.092678},{"$f":"P2928","v":8494.9784999999993},0,null,"Encargos Adicionais",{"$nulls":4}," %",null,"R$"]
["P9870","Motorista de veículo leve","h",{"$f":"P2930","v":11.35},{"$f":"N2988/100","v":1.726172},{"$f":"P2989","v":30.942},0,null,"Cesta Básica",{"$nulls":4},32.06,null,2.2960159999999998]
["P9871","Motorista de veículo especial","h",{"$f":"P2991","v":13.6455},{"$f":"N3049/100","v":1.623831},{"$f":"P3050","v":35.803400000000003},0,null,"Assistência Médica",{"$nulls":4},0,null,0]
["P9875","Encarregado de turma","mês",{"$f":"P3052","v":2483.2883000000002},{"$f":"N3110/100","v":1.301029},{"$f":"P3111","v":5714.1183000000001},0,null,"Seguro de Vida",{"$nulls":4},0.04,null,2.7399999999999998E-3]
["P9876","Técnico de segurança do trabalho","mês",{"$f":"P3113","v":3425.4},{"$f":"N3171/100","v":1.158704},{"$f":"P3172","v":7394.4246000000003},0,null,"Desgaste Orgânico",{"$nulls":4},0,null,0]
["P9878","Secretária","mês",{"$f":"P3174","v":3137.9425000000001},{"$f":"N3232/100","v":1.171616},{"$f":"P3233","v":6814.4061000000002},0,null,"Adicional de Confinamento",{"$nulls":4},0,null,0]
["P9880","Piloto fluvial","mês",{"$f":"P3235","v":3698.49},{"$f":"N3293/100","v":1.0768470000000001},{"$f":"P3294","v":7681.1977999999999},0,null,"Total Encargos Adicionais",{"$nulls":4},32.1,null,2.298756]
["P9882","Técnico especializado","h",{"$f":"P3296","v":15.104799999999999},{"$f":"N3354/100","v":1.576535},{"$f":"P3355","v":38.917999999999999},0,null,"Encargos Totais",{"$nulls":4},213.0745,null,15.258049]
["P9883","Chefe do setor administrativo","mês",{"$f":"P3357","v":3646.9497000000001},{"$f":"N3415/100","v":1.103648},{"$f":"P3416","v":7671.8984},0,null,"Custo Total",{"$nulls":6},22.418900000000001]
["P9884","Encarregado de terraplenagem","mês",{"$f":"P3418","v":4059.3816000000002},{"$f":"N3476/100","v":1.092678},{"$f":"P3477","v":8494.9784999999993},0,null,"Código",null,"Descrição",null,null,"Unidade",null,"Salário \n(R$)"]
["P9885","Frentista de túnel","h",{"$f":"P3479","v":7.1542000000000003},{"$f":"N3537/100","v":2.1831420000000001},{"$f":"P3538","v":22.7728},0,null,"P9802",null,"Ajudante especializado",null,null,"h",null,8.5951000000000004]
["P9889","Técnico da qualidade","mês",{"$f":"P3540","v":3780.3654999999999},{"$f":"N3598/100","v":1.114385},{"$f":"P3599","v":7993.1481000000003},0]
["P9892","Auxiliar de blaster","h",{"$f":"P3601","v":10.6218},{"$f":"N3659/100","v":2.1309149999999999},{"$f":"P3660","v":36.442399999999999},0.3,null,"Encargos Sociais e Trabalhistas - abril/2025",{"$nulls":4}," %"]
["P9893","Encarregado de pavimentação","mês",{"$f":"P3662","v":4059.3816000000002},{"$f":"N3720/100","v":1.092678},{"$f":"P3721","v":8494.9784999999993},0,null,"Grupo A - Encargos Sociais"]
["P9896","Porteiro","mês",{"$f":"P3723","v":1584},{"$f":"N3781/100","v":1.6023660000000002},{"$f":"P3782","v":4122.1477000000004},0,null,"Previdência Social",{"$nulls":4},20]
["P9897","Técnico de meio ambiente","mês",{"$f":"P3784","v":3734.9812999999999},{"$f":"N3842/100","v":1.135953},{"$f":"P3843","v":7977.7444999999998},0,null,"FGTS",{"$nulls":4},8]
["P9900","Comprador","mês",{"$f":"P3845","v":3508.5844999999999},{"$f":"N3903/100","v":1.1358349999999999},{"$f":"P3904","v":7493.7574999999997},0,null,"Salário Educação",{"$nulls":4},2.5]
["P9901","Encarregado de superestrutura ferroviária","mês",{"$f":"P3906","v":4059.3816000000002},{"$f":"N3964/100","v":1.092678},{"$f":"P3965","v":8494.9784999999993},0,null,"SESC ou SESI",{"$nulls":4},1.5]
["P9903","Auxiliar técnico","mês",{"$f":"P3967","v":1953.3208},{"$f":"N4025/100","v":1.447446},{"$f":"P4026","v":4780.6471000000001},0,null,"SENAI / SEBRAE",{"$nulls":4},1.6]
["P9907","Comandante de longo curso","mês",{"$f":"P4028","v":10944.052},{"$f":"N4086/100","v":0.86462700000000003},{"$f":"P4087","v":20406.574799999999},0,null,"INCRA",{"$nulls":4},0.2]
["P9908","Imediato","mês",{"$f":"P4089","v":8717.4701000000005},{"$f":"N4147/100","v":0.89229600000000009},{"$f":"P4148","v":16496.033800000001},0,null,"Seguro Contra Risco e Acidente de Trabalho",{"$nulls":4},3]
["P9909","Oficial de náutica","mês",{"$f":"P4150","v":3136.9045000000001},{"$f":"N4208/100","v":1.1390640000000001},{"$f":"P4209","v":6710.0393999999997},0,null,"SECONCI",{"$nulls":4},0]
["P9910","Oficial de máquinas","mês",{"$f":"P4211","v":3047.6597999999999},{"$f":"N4269/100","v":1.1451500000000001},{"$f":"P4270","v":6537.6873999999998},0,null,"FAE - Financiamento de Aposentadoria Especial",{"$nulls":4},0]
["P9913","Draguista","mês",{"$f":"P4272","v":3035.7411000000002},{"$f":"N4330/100","v":1.146828},{"$f":"P4331","v":6517.2138999999997},0,null,"Total Grupo A",{"$nulls":4},36.799999999999997]
["P9915","Maquinista","h",{"$f":"P4333","v":13.1431},{"$f":"N4391/100","v":1.644379},{"$f":"P4392","v":34.755299999999998},0,null,"Grupo B - Encargos Trabalhistas"]
["P9916","Encarregado de conservação rodoviária","mês",{"$f":"P4394","v":4059.3816000000002},{"$f":"N4452/100","v":1.092678},{"$f":"P4453","v":8494.9784999999993},0,null,"Repouso Semanal Remunerado - Domingos",{"$nulls":4},17.797283109999999]
["P9920","Mestre fluvial","mês",{"$f":"P4455","v":4212.4614000000001},{"$f":"N4513/100","v":1.0377370000000001},{"$f":"P4514","v":8583.8883999999998},0,null,"Feriados",{"$nulls":4},4.92230832]
["P9921","Mergulhador raso autônomo de emergência","h",{"$f":"P4516","v":11.151400000000001},{"$f":"N4574/100","v":2.244723},{"$f":"P4575","v":38.943100000000001},0.26629999999999998,null,"Férias Gozadas + 1/3",{"$nulls":4},8.8230619999999996E-2]
["P9922","Mergulhador raso dependente de emergência","h",{"$f":"P4577","v":11.237},{"$f":"N4635/100","v":2.3052420000000002},{"$f":"P4636","v":40.512099999999997},0.3,null,"Auxílio Enfermidade",{"$nulls":4},0.92146187999999996]
["P9924","Mergulhador raso dependente","h",{"$f":"P4638","v":11.237},{"$f":"N4696/100","v":3.388369},{"$f":"P4697","v":52.683199999999999},0.3,null,"Auxílio Acidente de Trabalho",{"$nulls":4},4.9094239999999997E-2]
["P9925","Mergulhador raso autônomo","h",{"$f":"P4699","v":11.151400000000001},{"$f":"N4757/100","v":3.1377140000000003},{"$f":"P4758","v":48.901200000000003},0.26629999999999998,null,"Licença Paternidade",{"$nulls":4},9.9054519999999993E-2]
["P9926","Mergulhador raso auxiliar de superfície","h",{"$f":"P4760","v":11.151400000000001},{"$f":"N4818/100","v":2.0560990000000001},{"$f":"P4819","v":36.839700000000001},0.26629999999999998,null,"13° Salário",{"$nulls":4},9.2415410399999995]
["P9927","Frentista de túnel com periculosidade","h",{"$f":"P4821","v":7.1542000000000003},{"$f":"N4879/100","v":2.5114380000000001},{"$f":"P4880","v":27.267700000000001},0.3,null,"Faltas Justificadas",{"$nulls":4},0.74273650999999996]
["P9930","Eletricista com periculosidade","h",{"$f":"P4882","v":11.319699999999999},{"$f":"N4940/100","v":2.1118410000000001},{"$f":"P4941","v":38.621000000000002},0.3,null,"Férias sobre Licença Maternidade",{"$nulls":4},7.0639199999999996E-3]
["P9931","Operador de equipamento de mergulho","h",{"$f":"P4943","v":20.8002},{"$f":"N5001/100","v":1.690701},{"$f":"P5002","v":58.7273},0.13980000000000001,null,"Reciclagem Tecnológica",{"$nulls":4},0]
["P9932","Operador de equipamento pesado com periculosidade","h",{"$f":"P5004","v":13.558299999999999},{"$f":"N5062/100","v":1.9629110000000001},{"$f":"P5063","v":44.2395},0.3,null,"Total Grupo B",{"$nulls":4},33.868774170000002]
["P9933","Supervisor de mergulho raso","mês",{"$f":"P5065","v":4576.0511999999999},{"$f":"N5123/100","v":1.2345280000000001},{"$f":"P5124","v":10832.556500000001},0.13980000000000001,null,"Grupo C - Verbas Rescisórias"]
["P9934","Motorista de veículo especial com periculosidade","h",{"$f":"P5126","v":13.6455},{"$f":"N5184/100","v":1.9521770000000001},{"$f":"P5185","v":44.377499999999998},0.3,null,"Aviso Prévio Indenizado",{"$nulls":4},8.1909268500000003]
["P9938","Operador de equipamento leve com periculosidade","h",{"$f":"P5187","v":9.3154000000000003},{"$f":"N5245/100","v":2.2105730000000001},{"$f":"P5246","v":32.702300000000001},0.3,null,"Aviso Prévio Trabalhado",{"$nulls":4},0.22564639]
["P9939","Operador de equipamento leve com insalubridade","h",{"$f":"P5248","v":9.3154000000000003},{"$f":"N5306/100","v":2.415988},{"$f":"P5307","v":34.581400000000002},0.27850000000000003,null,"Férias Indenizadas + 1/3",{"$nulls":4},12.2338241]
["P9942","Marinheiro de convés com periculosidade","h",{"$f":"P5309","v":10.8032},{"$f":"N5367/100","v":2.0274270000000003},{"$f":"P5368","v":35.946800000000003},0.3,null,"Depósito por Rescisão Sem Justa Causa",{"$nulls":4},4.28380077]
["P9944","Operador de equipamento especial com periculosidade","h",{"$f":"P5370","v":18.227799999999998},{"$f":"N5428/100","v":1.8197049999999999},{"$f":"P5429","v":56.865299999999998},0.3,null,"Indenização Adicional",{"$nulls":4},0.92842064000000002]
["P9946","Engenheiro auxiliar","mês",{"$f":"P5431","v":12903},{"$f":"N5489/100","v":0.86059399999999997},{"$f":"P5490","v":24007.244299999998},0,null,"Total Grupo C",{"$nulls":4},25.862618749999999]
["P9947","Técnico florestal","mês",{"$f":"P5492","v":3734.9812999999999},{"$f":"N5550/100","v":1.135953},{"$f":"P5551","v":7977.7444999999998},0,null,"Grupo D - Verbas Rescisórias"]
["P9948","Motorista de veículo leve - mensalista","mês",{"$f":"P5553","v":2497},{"$f":"N5611/100","v":1.2870769999999998},{"$f":"P5612","v":5710.8311999999996},0,null,"Reincidência de A sobre B",{"$nulls":4},12.4637089]
["P9949","Topógrafo","mês",{"$f":"P5614","v":4239.3999999999996},{"$f":"N5672/100","v":1.0883209999999999},{"$f":"P5673","v":8853.2279999999992},0,null,"Reincidência de A sobre Aviso Prévio Trabalhado + Reincidência de FGTS sobre Aviso Prévio Indenizado",{"$nulls":4},0.73831201999999996]
["P9950","Auxiliar de topografia","mês",{"$f":"P5675","v":2497},{"$f":"N5733/100","v":1.3080019999999999},{"$f":"P5734","v":5763.0808999999999},0,null,"Total Grupo D",{"$nulls":4},13.202020920000001]
["P9951","Médico de câmara hiperbárica","mês",{"$f":"P5736","v":10050.698700000001},{"$f":"N5794/100","v":1.084967},{"$f":"P5795","v":21562.437300000001},5.8599999999999999E-2,null,"Total Encargos Sociais e Trabalhistas - abril/2025",{"$nulls":4},109.73]
["P9952","Pedreiro - mensalista","mês",{"$f":"P5797","v":1936.7946999999999},{"$f":"N5855/100","v":1.47618},{"$f":"P5856","v":4795.8522999999996},0,null,"Periculosidade/Insalubridade",{"$nulls":4}," %",null,"R$"]
["P9953","Eletricista - mensalista","mês",{"$f":"P5858","v":2490.3265000000001},{"$f":"N5916/100","v":1.3376320000000002},{"$f":"P5917","v":5821.4669000000004},0,null,"Total Periculosidade/Insalubridade",{"$nulls":4},0,null,0]
["P9954","Servente - mensalista","mês",{"$f":"P5919","v":1518},{"$f":"N5977/100","v":1.6681710000000001},{"$f":"P5978","v":4050.2835},0,null,"Encargos Sociais e Trabalhistas - Média Móvel",{"$nulls":4}," %",null,"R$"]
["P9955","Engenheiro chefe","mês",{"$f":"P5980","v":17438.303899999999},{"$f":"N6038/100","v":0.83456199999999992},{"$f":"P6039","v":31991.649600000001},0,null,"Encargos Sociais e Trabalhistas - Média Móvel - Sobre Salário",{"$nulls":4},109.43,null,9.4056180000000005]
["P9956","Motorista de caminhão com periculosidade","h",{"$f":"P6041","v":12.1029},{"$f":"N6099/100","v":2.0196510000000001},{"$f":"P6100","v":40.177399999999999},0.3,null,"Encargos Sociais e Trabalhistas - Média Móvel - Sobre Periculosidade/Insalubridade",{"$nulls":4},109.43,null,0]
["P9972","Técnico de batimetria","mês",{"$f":"P6102","v":3130.9362999999998},{"$f":"N6160/100","v":1.1388120000000002},{"$f":"P6161","v":6696.4840999999997},0,null,"Total Encargos Sociais e Trabalhistas - Média Móvel",{"$nulls":4},109.43,null,9.4056180000000005]
[{"$nulls":8},"Encargos Complementares",{"$nulls":4}," %",null,"R$"]
[{"$nulls":8},"Alimentação",{"$nulls":4},42.04,null,3.6132550000000001]
[{"$nulls":8},"EPI",{"$nulls":4},4.53,null,0.38952999999999999]
[{"$nulls":8},"Ferramenta",{"$nulls":4},8.06,null,0.69280699999999995]
[{"$nulls":8},"Transporte",{"$nulls":4},11.38,null,0.97811700000000001]
[{"$nulls":8},"Consulta Ocupacional",{"$nulls":4},0.98,null,8.4463999999999997E-2]
[{"$nulls":8},"Total Encargos Complementares",{"$nulls":4},66.989999999999995,null,5.7581730000000002]
[{"$nulls":8},"Encargos Adicionais",{"$nulls":4}," %",null,"R$"]
[{"$nulls":8},"Cesta Básica",{"$nulls":4},26.71,null,2.2960159999999998]
[{"$nulls":8},"Assistência Médica",{"$nulls":4},0,null,0]
[{"$nulls":8},"Seguro de Vida",{"$nulls":4},0.03,null,2.7399999999999998E-3]
[{"$nulls":8},"Desgaste Orgânico",{"$nulls":4},0,null,0]
[{"$nulls":8},"Adicional de Confinamento",{"$nulls":4},0,null,0]
[{"$nulls":8},"Total Encargos Adicionais",{"$nulls":4},26.74,null,2.298756]
[{"$nulls":8},"Encargos Totais",{"$nulls":4},203.1686,null,17.462547000000001]
[{"$nulls":8},"Custo Total",{"$nulls":6},26.057600000000001]
[{"$nulls":8},"Código",null,"Descrição",null,null,"Unidade",null,"Salário \n(R$)"]
[{"$nulls":8},"P9803",null,"Almoxarife",null,null,"mês",null,2835.8]
[]
[{"$nulls":8},"Encargos Sociais e Trabalhistas - abril/2025",{"$nulls":4}," %"]
[{"$nulls":8},"Grupo A - Encargos Sociais"]
[{"$nulls":8},"Previdência Social",{"$nulls":4},20]
[{"$nulls":8},"FGTS",{"$nulls":4},8]
[{"$nulls":8},"Salário Educação",{"$nulls":4},2.5]
[{"$nulls":8},"SESC ou SESI",{"$nulls":4},1.5]
[{"$nulls":8},"SENAI / SEBRAE",{"$nulls":4},1.6]
[{"$nulls":8},"INCRA",{"$nulls":4},0.2]
[{"$nulls":8},"Seguro Contra Risco e Acidente de Trabalho",{"$nulls":4},3]
[{"$nulls":8},"SECONCI",{"$nulls":4},0.11111111]
[{"$nulls":8},"FAE - Financiamento de Aposentadoria Especial",{"$nulls":4},0]
[{"$nulls":8},"Total Grupo A",{"$nulls":4},36.91111111]
[{"$nulls":8},"Grupo B - Encargos Trabalhistas"]
[{"$nulls":8},"Repouso Semanal Remunerado - Domingos",{"$nulls":4},0]
[{"$nulls":8},"Feriados",{"$nulls":4},0]
[{"$nulls":8},"Férias Gozadas + 1/3",{"$nulls":4},6.3409757300000003]
[{"$nulls":8},"Auxílio Enfermidade",{"$nulls":4},0.89917307999999996]
[{"$nulls":8},"Auxílio Acidente de Trabalho",{"$nulls":4},4.9084589999999997E-2]
[{"$nulls":8},"Licença Paternidade",{"$nulls":4},9.3712249999999997E-2]
[{"$nulls":8},"13° Salário",{"$nulls":4},9.2397235299999991]
[{"$nulls":8},"Faltas Justificadas",{"$nulls":4},0.74259043999999996]
[{"$nulls":8},"Férias sobre Licença Maternidade",{"$nulls":4},1.481237E-2]
[{"$nulls":8},"Reciclagem Tecnológica",{"$nulls":4},0]
[{"$nulls":8},"Total Grupo B",{"$nulls":4},17.380071990000001]
[{"$nulls":8},"Grupo C - Verbas Rescisórias"]
[{"$nulls":8},"Aviso Prévio Indenizado",{"$nulls":4},4.3676551000000003]
[{"$nulls":8},"Aviso Prévio Trabalhado",{"$nulls":4},0.11029482]
[{"$nulls":8},"Férias Indenizadas + 1/3",{"$nulls":4},5.9786556500000003]
[{"$nulls":8},"Depósito por Rescisão Sem Justa Causa",{"$nulls":4},3.7561623000000002]
[{"$nulls":8},"Indenização Adicional",{"$nulls":4},0.92823805000000004]
[{"$nulls":8},"Total Grupo C",{"$nulls":4},15.14100592]
[{"$nulls":8},"Grupo D - Verbas Rescisórias"]
[{"$nulls":8},"Reincidência de A sobre B",{"$nulls":4},6.4151776800000002]
[{"$nulls":8},"Reincidência de A sobre Aviso Prévio Trabalhado + Reincidência de FGTS sobre Aviso Prévio Indenizado",{"$nulls":4},0.39012344999999998]
[{"$nulls":8},"Total Grupo D",{"$nulls":4},6.8053011300000001]
[{"$nulls":8},"Total Encargos Sociais e Trabalhistas - abril/2025",{"$nulls":4},76.239999999999995]
[{"$nulls":8},"Periculosidade/Insalubridade",{"$nulls":4}," %",null,"R$"]
[{"$nulls":8},"Total Periculosidade/Insalubridade",{"$nulls":4},0,null,0]
[{"$nulls":8},"Encargos Sociais e Trabalhistas - Média Móvel",{"$nulls":4}," %",null,"R$"]
[{"$nulls":8},"Encargos Sociais e Trabalhistas - Média Móvel - Sobre Salário",{"$nulls":4},76.03,null,2156.0587399999999]
[{"$nulls":8},"Encargos Sociais e Trabalhistas - Média Móvel - Sobre Periculosidade/Insalubridade",{"$nulls":4},76.03,null,0]
[{"$nulls":8},"Total Encargos Sociais e Trabalhistas - Média Móvel",{"$nulls":4},76.03,null,2156.0587399999999]
[{"$nulls":8},"Encargos Complementares",{"$nulls":4}," %",null,"R$"]
[{"$nulls":8},"Alimentação",{"$nulls":4},23.25,null,659.38283200000001]
[{"$nulls":8},"EPI",{"$nulls":4},2.2599999999999998,null,63.953294999999997]
[{"$nulls":8},"Ferramenta",{"$nulls":4},0,null,0]
[{"$nulls":8},"Transporte",{"$nulls":4},6.29,null,178.49648400000001]
[{"$nulls":8},"Consulta Ocupacional",{"$nulls":4},0.4,null,11.301308000000001]
[{"$nulls":8},"Total Encargos Complementares",{"$nulls":4},32.200000000000003,null,913.13391899999999]
[{"$nulls":8},"Encargos Adicionais",{"$nulls":4}," %",null,"R$"]
[{"$nulls":8},"Cesta Básica",{"$nulls":4},14.78,null,419]
[{"$nulls":8},"Assistência Médica",{"$nulls":4},0,null,0]
[{"$nulls":8},"Seguro de Vida",{"$nulls":4},0.02,null,0.5]
[{"$nulls":8},"Desgaste Orgânico",{"$nulls":4},0,null,0]
[{"$nulls":8},"Adicional de Confinamento",{"$nulls":4},0,null,0]
[{"$nulls":8},"Total Encargos Adicionais",{"$nulls":4},14.8,null,419.5]
[{"$nulls":8},"Encargos Totais",{"$nulls":4},123.0232,null,3488.6926589999998]
[{"$nulls":8},"Custo Total",{"$nulls":6},6324.4919]
[{"$nulls":8},"Código",null,"Descrição",null,null,"Unidade",null,"Salário \n(R$)"]
[{"$nulls":8},"P9804",null,"Apontador",null,null,"mês",null,2019.7892999999999]
[]
[{"$nulls":8},"Encargos Sociais e Trabalhistas - abril/2025",{"$nulls":4}," %"]
[{"$nulls":8},"Grupo A - Encargos Sociais"]
[{"$nulls":8},"Previdência Social",{"$nulls":4},20]
[{"$nulls":8},"FGTS",{"$nulls":4},8]
[{"$nulls":8},"Salário Educação",{"$nulls":4},2.5]
[{"$nulls":8},"SESC ou SESI",{"$nulls":4},1.5]
[{"$nulls":8},"SENAI / SEBRAE",{"$nulls":4},1.6]
[{"$nulls":8},"INCRA",{"$nulls":4},0.2]
[{"$nulls":8},"Seguro Contra Risco e Acidente de Trabalho",{"$nulls":4},3]
[{"$nulls":8},"SECONCI",{"$nulls":4},0]
[{"$nulls":8},"FAE - Financiamento de Aposentadoria Especial",{"$nulls":4},0]
[{"$nulls":8},"Total Grupo A",{"$nulls":4},36.799999999999997]
[{"$nulls":8},"Grupo B - Encargos Trabalhistas"]
[{"$nulls":8},"Repouso Semanal Remunerado - Domingos",{"$nulls":4},0]
[{"$nulls":8},"Feriados",{"$nulls":4},0]
[{"$nulls":8},"Férias Gozadas + 1/3",{"$nulls":4},0]
[{"$nulls":8},"Auxílio Enfermidade",{"$nulls":4},0.92151757000000001]
[{"$nulls":8},"Auxílio Acidente de Trabalho",{"$nulls":4},4.9097210000000002E-2]
[{"$nulls":8},"Licença Paternidade",{"$nulls":4},9.7798179999999998E-2]
[{"$nulls":8},"13° Salário",{"$nulls":4},9.2420996500000001]
[{"$nulls":8},"Faltas Justificadas",{"$nulls":4},0.74278140999999998]
[{"$nulls":8},"Férias sobre Licença Maternidade",{"$nulls":4},1.4357079999999999E-2]
[{"$nulls":8},"Reciclagem Tecnológica",{"$nulls":4},0]
[{"$nulls":8},"Total Grupo B",{"$nulls":4},11.067651100000001]
[{"$nulls":8},"Grupo C - Verbas Rescisórias"]
[{"$nulls":8},"Aviso Prévio Indenizado",{"$nulls":4},7.7185044500000002]
[{"$nulls":8},"Aviso Prévio Trabalhado",{"$nulls":4},0.23389514]
[{"$nulls":8},"Férias Indenizadas + 1/3",{"$nulls":4},12.322799529999999]
[{"$nulls":8},"Depósito por Rescisão Sem Justa Causa",{"$nulls":4},3.5541648399999999]
[{"$nulls":8},"Indenização Adicional",{"$nulls":4},0.92847676000000001]
[{"$nulls":8},"Total Grupo C",{"$nulls":4},24.75784071]
[{"$nulls":8},"Grupo D - Verbas Rescisórias"]
[{"$nulls":8},"Reincidência de A sobre B",{"$nulls":4},4.0728956099999998]
[{"$nulls":8},"Reincidência de A sobre Aviso Prévio Trabalhado + Reincidência de FGTS sobre Aviso Prévio Indenizado",{"$nulls":4},0.70355376999999997]
[{"$nulls":8},"Total Grupo D",{"$nulls":4},4.7764493699999999]
[{"$nulls":8},"Total Encargos Sociais e Trabalhistas - abril/2025",{"$nulls":4},77.400000000000006]
[{"$nulls":8},"Periculosidade/Insalubridade",{"$nulls":4}," %",null,"R$"]
[{"$nulls":8},"Total Periculosidade/Insalubridade",{"$nulls":4},0,null,0]
[{"$nulls":8},"Encargos Sociais e Trabalhistas - Média Móvel",{"$nulls":4}," %",null,"R$"]
[{"$nulls":8},"Encargos Sociais e Trabalhistas - Média Móvel - Sobre Salário",{"$nulls":4},78,null,1575.4356540000001]
[{"$nulls":8},"Encargos Sociais e Trabalhistas - Média Móvel - Sobre Periculosidade/Insalubridade",{"$nulls":4},78,null,0]
[{"$nulls":8},"Total Encargos Sociais e Trabalhistas - Média Móvel",{"$nulls":4},78,null,1575.4356540000001]
[{"$nulls":8},"Encargos Complementares",{"$nulls":4}," %",null,"R$"]
[{"$nulls":8},"Alimentação",{"$nulls":4},32.65,null,659.38283200000001]
[{"$nulls":8},"EPI",{"$nulls":4},3.46,null,69.885209000000003]
[{"$nulls":8},"Ferramenta",{"$nulls":4},0,null,0]
[{"$nulls":8},"Transporte",{"$nulls":4},8.84,null,178.49648400000001]
[{"$nulls":8},"Consulta Ocupacional",{"$nulls":4},0.79,null,15.977304]
[{"$nulls":8},"Total Encargos Complementares",{"$nulls":4},45.74,null,923.74182900000005]
[{"$nulls":8},"Encargos Adicionais",{"$nulls":4}," %",null,"R$"]
[{"$nulls":8},"Cesta Básica",{"$nulls":4},20.74,null,419]
[{"$nulls":8},"Assistência Médica",{"$nulls":4},0,null,0]
[{"$nulls":8},"Seguro de Vida",{"$nulls":4},0.02,null,0.5]
[{"$nulls":8},"Desgaste Orgânico",{"$nulls":4},0,null,0]
[{"$nulls":8},"Adicional de Confinamento",{"$nulls":4},0,null,0]
[{"$nulls":8},"Total Encargos Adicionais",{"$nulls":4},20.76,null,419.5]
[{"$nulls":8},"Encargos Totais",{"$nulls":4},144.50409999999999,null,2918.6774829999999]
[{"$nulls":8},"Custo Total",{"$nulls":6},4938.4675999999999]
[{"$nulls":8},"Código",null,"Descrição",null,null,"Unidade",null,"Salário \n(R$)"]
[{"$nulls":8},"P9805",null,"Armador",null,null,"h",null,11.35]
[]
[{"$nulls":8},"Encargos Sociais e Trabalhistas - abril/2025",{"$nulls":4}," %"]
[{"$nulls":8},"Grupo A - Encargos Sociais"]
[{"$nulls":8},"Previdência Social",{"$nulls":4},20]
[{"$nulls":8},"FGTS",{"$nulls":4},8]
[{"$nulls":8},"Salário Educação",{"$nulls":4},2.5]
[{"$nulls":8},"SESC ou SESI",{"$nulls":4},1.5]
[{"$nulls":8},"SENAI / SEBRAE",{"$nulls":4},1.6]
[{"$nulls":8},"INCRA",{"$nulls":4},0.2]
[{"$nulls":8},"Seguro Contra Risco e Acidente de Trabalho",{"$nulls":4},3]
[{"$nulls":8},"SECONCI",{"$nulls":4},0.11111111]
[{"$nulls":8},"FAE - Financiamento de Aposentadoria Especial",{"$nulls":4},0]
[{"$nulls":8},"Total Grupo A",{"$nulls":4},36.91111111]
[{"$nulls":8},"Grupo B - Encargos Trabalhistas"]
[{"$nulls":8},"Repouso Semanal Remunerado - Domingos",{"$nulls":4},18.016828619999998]
[{"$nulls":8},"Feriados",{"$nulls":4},4.9840202500000004]
[{"$nulls":8},"Férias Gozadas + 1/3",{"$nulls":4},1.83272116]
[{"$nulls":8},"Auxílio Enfermidade",{"$nulls":4},0.89905760000000001]
[{"$nulls":8},"Auxílio Acidente de Trabalho",{"$nulls":4},4.9078289999999997E-2]
[{"$nulls":8},"Licença Paternidade",{"$nulls":4},9.5412049999999998E-2]
[{"$nulls":8},"13° Salário",{"$nulls":4},9.2385369100000005]
[{"$nulls":8},"Faltas Justificadas",{"$nulls":4},0.74249507000000003]
[{"$nulls":8},"Férias sobre Licença Maternidade",{"$nulls":4},2.8331E-4]
[{"$nulls":8},"Reciclagem Tecnológica",{"$nulls":4},0]
[{"$nulls":8},"Total Grupo B",{"$nulls":4},35.858433249999997]
[{"$nulls":8},"Grupo C - Verbas Rescisórias"]
[{"$nulls":8},"Aviso Prévio Indenizado",{"$nulls":4},7.0225370099999997]
[{"$nulls":8},"Aviso Prévio Trabalhado",{"$nulls":4},0.1934592]
[{"$nulls":8},"Férias Indenizadas + 1/3",{"$nulls":4},10.485328060000001]
[{"$nulls":8},"Depósito por Rescisão Sem Justa Causa",{"$nulls":4},4.3474698600000004]
[{"$nulls":8},"Indenização Adicional",{"$nulls":4},0.92811884]
[{"$nulls":8},"Total Grupo C",{"$nulls":4},22.976912970000001]
[{"$nulls":8},"Grupo D - Verbas Rescisórias"]
[{"$nulls":8},"Reincidência de A sobre B",{"$nulls":4},13.23574614]
[{"$nulls":8},"Reincidência de A sobre Aviso Prévio Trabalhado + Reincidência de FGTS sobre Aviso Prévio Indenizado",{"$nulls":4},0.63321090000000002]
[{"$nulls":8},"Total Grupo D",{"$nulls":4},13.86895704]
[{"$nulls":8},"Total Encargos Sociais e Trabalhistas - abril/2025",{"$nulls":4},109.62]
[{"$nulls":8},"Periculosidade/Insalubridade",{"$nulls":4}," %",null,"R$"]
[{"$nulls":8},"Total Periculosidade/Insalubridade",{"$nulls":4},0,null,0]
[{"$nulls":8},"Encargos Sociais e Trabalhistas - Média Móvel",{"$nulls":4}," %",null,"R$"]
[{"$nulls":8},"Encargos Sociais e Trabalhistas - Média Móvel - Sobre Salário",{"$nulls":4},109.69,null,12.449814999999999]
[{"$nulls":8},"Encargos Sociais e Trabalhistas - Média Móvel - Sobre Periculosidade/Insalubridade",{"$nulls":4},109.69,null,0]
[{"$nulls":8},"Total Encargos Sociais e Trabalhistas - Média Móvel",{"$nulls":4},109.69,null,12.449814999999999]
[{"$nulls":8},"Encargos Complementares",{"$nulls":4}," %",null,"R$"]
[{"$nulls":8},"Alimentação",{"$nulls":4},31.83,null,3.6132550000000001]
[{"$nulls":8},"EPI",{"$nulls":4},4.41,null,0.50046199999999996]
[{"$nulls":8},"Ferramenta",{"$nulls":4},0.42,null,4.8049000000000001E-2]
[{"$nulls":8},"Transporte",{"$nulls":4},8.6199999999999992,null,0.97811700000000001]
[{"$nulls":8},"Consulta Ocupacional",{"$nulls":4},0.64,null,7.2415999999999994E-2]
[{"$nulls":8},"Total Encargos Complementares",{"$nulls":4},45.92,null,5.2122989999999998]
[{"$nulls":8},"Encargos Adicionais",{"$nulls":4}," %",null,"R$"]
[{"$nulls":8},"Cesta Básica",{"$nulls":4},20.23,null,2.2960159999999998]
[{"$nulls":8},"Assistência Médica",{"$nulls":4},0,null,0]
[{"$nulls":8},"Seguro de Vida",{"$nulls":4},0.02,null,2.7399999999999998E-3]
[{"$nulls":8},"Desgaste Orgânico",{"$nulls":4},0,null,0]
[{"$nulls":8},"Adicional de Confinamento",{"$nulls":4},0,null,0]
[{"$nulls":8},"Total Encargos Adicionais",{"$nulls":4},20.25,null,2.298756]
[{"$nulls":8},"Encargos Totais",{"$nulls":4},175.86670000000001,null,19.96087]
[{"$nulls":8},"Custo Total",{"$nulls":6},31.3108]
[{"$nulls":8},"Código",null,"Descrição",null,null,"Unidade",null,"Salário \n(R$)"]
[{"$nulls":8},"P9806",null,"Auxiliar administrativo",null,null,"mês",null,1894.2571]
[]
[{"$nulls":8},"Encargos Sociais e Trabalhistas - abril/2025",{"$nulls":4}," %"]
[{"$nulls":8},"Grupo A - Encargos Sociais"]
[{"$nulls":8},"Previdência Social",{"$nulls":4},20]
[{"$nulls":8},"FGTS",{"$nulls":4},8]
[{"$nulls":8},"Salário Educação",{"$nulls":4},2.5]
[{"$nulls":8},"SESC ou SESI",{"$nulls":4},1.5]
[{"$nulls":8},"SENAI / SEBRAE",{"$nulls":4},1.6]
[{"$nulls":8},"INCRA",{"$nulls":4},0.2]
[{"$nulls":8},"Seguro Contra Risco e Acidente de Trabalho",{"$nulls":4},3]
[{"$nulls":8},"SECONCI",{"$nulls":4},0]
[{"$nulls":8},"FAE - Financiamento de Aposentadoria Especial",{"$nulls":4},0]
[{"$nulls":8},"Total Grupo A",{"$nulls":4},36.799999999999997]
[{"$nulls":8},"Grupo B - Encargos Trabalhistas"]
[{"$nulls":8},"Repouso Semanal Remunerado - Domingos",{"$nulls":4},0]
[{"$nulls":8},"Feriados",{"$nulls":4},0]
[{"$nulls":8},"Férias Gozadas + 1/3",{"$nulls":4},7.2088044099999999]
[{"$nulls":8},"Auxílio Enfermidade",{"$nulls":4},0.92235858999999998]
[{"$nulls":8},"Auxílio Acidente de Trabalho",{"$nulls":4},4.9142020000000002E-2]
[{"$nulls":8},"Licença Paternidade",{"$nulls":4},4.1959059999999999E-2]
[{"$nulls":8},"13° Salário",{"$nulls":4},9.2505343399999997]
[{"$nulls":8},"Faltas Justificadas",{"$nulls":4},0.74345930000000005]
[{"$nulls":8},"Férias sobre Licença Maternidade",{"$nulls":4},0.16145483999999999]
[{"$nulls":8},"Reciclagem Tecnológica",{"$nulls":4},0]
[{"$nulls":8},"Total Grupo B",{"$nulls":4},18.377712549999998]
[{"$nulls":8},"Grupo C - Verbas Rescisórias"]
[{"$nulls":8},"Aviso Prévio Indenizado",{"$nulls":4},3.7398249699999999]
[{"$nulls":8},"Aviso Prévio Trabalhado",{"$nulls":4},9.4440449999999995E-2]
[{"$nulls":8},"Férias Indenizadas + 1/3",{"$nulls":4},5.1252413700000004]
[{"$nulls":8},"Depósito por Rescisão Sem Justa Causa",{"$nulls":4},3.7880867999999999]
[{"$nulls":8},"Indenização Adicional",{"$nulls":4},0.92932411999999998]
[{"$nulls":8},"Total Grupo C",{"$nulls":4},13.676917720000001]
[{"$nulls":8},"Grupo D - Verbas Rescisórias"]
[{"$nulls":8},"Reincidência de A sobre B",{"$nulls":4},6.7629982200000001]
[{"$nulls":8},"Reincidência de A sobre Aviso Prévio Trabalhado + Reincidência de FGTS sobre Aviso Prévio Indenizado",{"$nulls":4},0.33394007999999997]
[{"$nulls":8},"Total Grupo D",{"$nulls":4},7.0969382999999997]
[{"$nulls":8},"Total Encargos Sociais e Trabalhistas - abril/2025",{"$nulls":4},75.95]
[{"$nulls":8},"Periculosidade/Insalubridade",{"$nulls":4}," %",null,"R$"]
[{"$nulls":8},"Total Periculosidade/Insalubridade",{"$nulls":4},0,null,0]
[{"$nulls":8},"Encargos Sociais e Trabalhistas - Média Móvel",{"$nulls":4}," %",null,"R$"]
[{"$nulls":8},"Encargos Sociais e Trabalhistas - Média Móvel - Sobre Salário",{"$nulls":4},75.98,null,1439.256545]
[{"$nulls":8},"Encargos Sociais e Trabalhistas - Média Móvel - Sobre Periculosidade/Insalubridade",{"$nulls":4},75.98,null,0]
[{"$nulls":8},"Total Encargos Sociais e Trabalhistas - Média Móvel",{"$nulls":4},75.98,null,1439.256545]
[{"$nulls":8},"Encargos Complementares",{"$nulls":4}," %",null,"R$"]
[{"$nulls":8},"Alimentação",{"$nulls":4},34.81,null,659.38283200000001]
[{"$nulls":8},"EPI",{"$nulls":4},3.38,null,63.953294999999997]
[{"$nulls":8},"Ferramenta",{"$nulls":4},0,null,0]
[{"$nulls":8},"Transporte",{"$nulls":4},9.42,null,178.49648400000001]
[{"$nulls":8},"Consulta Ocupacional",{"$nulls":4},0.51,null,9.6767970000000005]
[{"$nulls":8},"Total Encargos Complementares",{"$nulls":4},48.12,null,911.50940800000001]
[{"$nulls":8},"Encargos Adicionais",{"$nulls":4}," %",null,"R$"]
[{"$nulls":8},"Cesta Básica",{"$nulls":4},22.12,null,419]
[{"$nulls":8},"Assistência Médica",{"$nulls":4},0,null,0]
[{"$nulls":8},"Seguro de Vida",{"$nulls":4},0.03,null,0.5]
[{"$nulls":8},"Desgaste Orgânico",{"$nulls":4},0,null,0]
[{"$nulls":8},"Adicional de Confinamento",{"$nulls":4},0,null,0]
[{"$nulls":8},"Total Encargos Adicionais",{"$nulls":4},22.15,null,419.5]
[{"$nulls":8},"Encargos Totais",{"$nulls":4},146.24549999999999,null,2770.2659530000001]
[{"$nulls":8},"Custo Total",{"$nulls":6},4664.5227999999997]
[{"$nulls":8},"Código",null,"Descrição",null,null,"Unidade",null,"Salário \n(R$)"]
[{"$nulls":8},"P9807",null,"Bombeiro hidráulico",null,null,"h",null,11.35]
[]
[{"$nulls":8},"Encargos Sociais e Trabalhistas - abril/2025",{"$nulls":4}," %"]
[{"$nulls":8},"Grupo A - Encargos Sociais"]
[{"$nulls":8},"Previdência Social",{"$nulls":4},20]
[{"$nulls":8},"FGTS",{"$nulls":4},8]
[{"$nulls":8},"Salário Educação",{"$nulls":4},2.5]
[{"$nulls":8},"SESC ou SESI",{"$nulls":4},1.5]
[{"$nulls":8},"SENAI / SEBRAE",{"$nulls":4},1.6]
[{"$nulls":8},"INCRA",{"$nulls":4},0.2]
[{"$nulls":8},"Seguro Contra Risco e Acidente de Trabalho",{"$nulls":4},3]
[{"$nulls":8},"SECONCI",{"$nulls":4},0.11111111]
[{"$nulls":8},"FAE - Financiamento de Aposentadoria Especial",{"$nulls":4},0]
[{"$nulls":8},"Total Grupo A",{"$nulls":4},36.91111111]
[{"$nulls":8},"Grupo B - Encargos Trabalhistas"]
[{"$nulls":8},"Repouso Semanal Remunerado - Domingos",{"$nulls":4},18.57894259]
[{"$nulls":8},"Feriados",{"$nulls":4},5.1419621400000004]
[{"$nulls":8},"Férias Gozadas + 1/3",{"$nulls":4},6.1893788499999998]
[{"$nulls":8},"Auxílio Enfermidade",{"$nulls":4},0.89902656999999997]
[{"$nulls":8},"Auxílio Acidente de Trabalho",{"$nulls":4},4.9076590000000003E-2]
[{"$nulls":8},"Licença Paternidade",{"$nulls":4},9.0734229999999999E-2]
[{"$nulls":8},"13° Salário",{"$nulls":4},9.2382180199999997]
[{"$nulls":8},"Faltas Justificadas",{"$nulls":4},0.74246944000000004]
[{"$nulls":8},"Férias sobre Licença Maternidade",{"$nulls":4},1.5038300000000001E-3]
[{"$nulls":8},"Reciclagem Tecnológica",{"$nulls":4},0]
[{"$nulls":8},"Total Grupo B",{"$nulls":4},40.931312249999998]
[{"$nulls":8},"Grupo C - Verbas Rescisórias"]
[{"$nulls":8},"Aviso Prévio Indenizado",{"$nulls":4},4.47766602]
[{"$nulls":8},"Aviso Prévio Trabalhado",{"$nulls":4},0.11307289]
[{"$nulls":8},"Férias Indenizadas + 1/3",{"$nulls":4},6.1282451800000004]
[{"$nulls":8},"Depósito por Rescisão Sem Justa Causa",{"$nulls":4},4.5098019899999997]
[{"$nulls":8},"Indenização Adicional",{"$nulls":4},0.92808679999999999]
[{"$nulls":8},"Total Grupo C",{"$nulls":4},16.156872880000002]
[{"$nulls":8},"Grupo D - Verbas Rescisórias"]
[{"$nulls":8},"Reincidência de A sobre B",{"$nulls":4},15.10820214]
[{"$nulls":8},"Reincidência de A sobre Aviso Prévio Trabalhado + Reincidência de FGTS sobre Aviso Prévio Indenizado",{"$nulls":4},0.39994974]
[{"$nulls":8},"Total Grupo D",{"$nulls":4},15.508151890000001]
[{"$nulls":8},"Total Encargos Sociais e Trabalhistas - abril/2025",{"$nulls":4},109.51]
[{"$nulls":8},"Periculosidade/Insalubridade",{"$nulls":4}," %",null,"R$"]
[{"$nulls":8},"Total Periculosidade/Insalubridade",{"$nulls":4},0,null,0]
[{"$nulls":8},"Encargos Sociais e Trabalhistas - Média Móvel",{"$nulls":4}," %",null,"R$"]
[{"$nulls":8},"Encargos Sociais e Trabalhistas - Média Móvel - Sobre Salário",{"$nulls":4},109.29,null,12.404415]
[{"$nulls":8},"Encargos Sociais e Trabalhistas - Média Móvel - Sobre Periculosidade/Insalubridade",{"$nulls":4},109.29,null,0]
[{"$nulls":8},"Total Encargos Sociais e Trabalhistas - Média Móvel",{"$nulls":4},109.29,null,12.404415]
[{"$nulls":8},"Encargos Complementares",{"$nulls":4}," %",null,"R$"]
[{"$nulls":8},"Alimentação",{"$nulls":4},31.83,null,3.6132550000000001]
[{"$nulls":8},"EPI",{"$nulls":4},4.05,null,0.45931100000000002]
[{"$nulls":8},"Ferramenta",{"$nulls":4},6.1,null,0.69280699999999995]
[{"$nulls":8},"Transporte",{"$nulls":4},8.6199999999999992,null,0.97811700000000001]
[{"$nulls":8},"Consulta Ocupacional",{"$nulls":4},0.56000000000000005,null,6.3488000000000003E-2]
[{"$nulls":8},"Total Encargos Complementares",{"$nulls":4},51.16,null,5.806978]
[{"$nulls":8},"Encargos Adicionais",{"$nulls":4}," %",null,"R$"]
[{"$nulls":8},"Cesta Básica",{"$nulls":4},20.23,null,2.2960159999999998]
[{"$nulls":8},"Assistência Médica",{"$nulls":4},0,null,0]
[{"$nulls":8},"Seguro de Vida",{"$nulls":4},0.02,null,2.7399999999999998E-3]
[{"$nulls":8},"Desgaste Orgânico",{"$nulls":4},0,null,0]
[{"$nulls":8},"Adicional de Confinamento",{"$nulls":4},0,null,0]
[{"$nulls":8},"Total Encargos Adicionais",{"$nulls":4},20.25,null,2.298756]
[{"$nulls":8},"Encargos Totais",{"$nulls":4},180.7062,null,20.510148999999998]
[{"$nulls":8},"Custo Total",{"$nulls":6},31.860099999999999]
[{"$nulls":8},"Código",null,"Descrição",null,null,"Unidade",null,"Salário \n(R$)"]
[{"$nulls":8},"P9808",null,"Carpinteiro",null,null,"h",null,9.0096000000000007]
[]
[{"$nulls":8},"Encargos Sociais e Trabalhistas - abril/2025",{"$nulls":4}," %"]
[{"$nulls":8},"Grupo A - Encargos Sociais"]
[{"$nulls":8},"Previdência Social",{"$nulls":4},20]
[{"$nulls":8},"FGTS",{"$nulls":4},8]
[{"$nulls":8},"Salário Educação",{"$nulls":4},2.5]
[{"$nulls":8},"SESC ou SESI",{"$nulls":4},1.5]
[{"$nulls":8},"SENAI / SEBRAE",{"$nulls":4},1.6]
[{"$nulls":8},"INCRA",{"$nulls":4},0.2]
[{"$nulls":8},"Seguro Contra Risco e Acidente de Trabalho",{"$nulls":4},3]
[{"$nulls":8},"SECONCI",{"$nulls":4},0]
[{"$nulls":8},"FAE - Financiamento de Aposentadoria Especial",{"$nulls":4},0]
[{"$nulls":8},"Total Grupo A",{"$nulls":4},36.799999999999997]
[{"$nulls":8},"Grupo B - Encargos Trabalhistas"]
[{"$nulls":8},"Repouso Semanal Remunerado - Domingos",{"$nulls":4},18.114678690000002]
[{"$nulls":8},"Feriados",{"$nulls":4},5.0115003800000002]
[{"$nulls":8},"Férias Gozadas + 1/3",{"$nulls":4},2.5671334799999999]
[{"$nulls":8},"Auxílio Enfermidade",{"$nulls":4},0.92131722999999999]
[{"$nulls":8},"Auxílio Acidente de Trabalho",{"$nulls":4},4.9086539999999998E-2]
[{"$nulls":8},"Licença Paternidade",{"$nulls":4},8.976605E-2]
[{"$nulls":8},"13° Salário",{"$nulls":4},9.2400903599999999]
[{"$nulls":8},"Faltas Justificadas",{"$nulls":4},0.74261991999999999]
[{"$nulls":8},"Férias sobre Licença Maternidade",{"$nulls":4},6.5118000000000001E-4]
[{"$nulls":8},"Reciclagem Tecnológica",{"$nulls":4},0]
[{"$nulls":8},"Total Grupo B",{"$nulls":4},36.736843829999998]
[{"$nulls":8},"Grupo C - Verbas Rescisórias"]
[{"$nulls":8},"Aviso Prévio Indenizado",{"$nulls":4},6.53095421]
[{"$nulls":8},"Aviso Prévio Trabalhado",{"$nulls":4},0.17991691000000001]
[{"$nulls":8},"Férias Indenizadas + 1/3",{"$nulls":4},9.7529869999999992]
[{"$nulls":8},"Depósito por Rescisão Sem Justa Causa",{"$nulls":4},4.3755790000000001]
[{"$nulls":8},"Indenização Adicional",{"$nulls":4},0.92827490000000001]
[{"$nulls":8},"Total Grupo C",{"$nulls":4},21.767712020000001]
[{"$nulls":8},"Grupo D - Verbas Rescisórias"]
[{"$nulls":8},"Reincidência de A sobre B",{"$nulls":4},13.51915853]
[{"$nulls":8},"Reincidência de A sobre Aviso Prévio Trabalhado + Reincidência de FGTS sobre Aviso Prévio Indenizado",{"$nulls":4},0.58868575999999995]
[{"$nulls":8},"Total Grupo D",{"$nulls":4},14.107844289999999]
[{"$nulls":8},"Total Encargos Sociais e Trabalhistas - abril/2025",{"$nulls":4},109.41]
[{"$nulls":8},"Periculosidade/Insalubridade",{"$nulls":4}," %",null,"R$"]
[{"$nulls":8},"Total Periculosidade/Insalubridade",{"$nulls":4},0,null,0]
[{"$nulls":8},"Encargos Sociais e Trabalhistas - Média Móvel",{"$nulls":4}," %",null,"R$"]
[{"$nulls":8},"Encargos Sociais e Trabalhistas - Média Móvel - Sobre Salário",{"$nulls":4},109.53,null,9.8682149999999993]
[{"$nulls":8},"Encargos Sociais e Trabalhistas - Média Móvel - Sobre Periculosidade/Insalubridade",{"$nulls":4},109.53,null,0]
[{"$nulls":8},"Total Encargos Sociais e Trabalhistas - Média Móvel",{"$nulls":4},109.53,null,9.8682149999999993]
[{"$nulls":8},"Encargos Complementares",{"$nulls":4}," %",null,"R$"]
[{"$nulls":8},"Alimentação",{"$nulls":4},40.1,null,3.6132550000000001]
[{"$nulls":8},"EPI",{"$nulls":4},5.55,null,0.50046199999999996]
[{"$nulls":8},"Ferramenta",{"$nulls":4},0.47,null,4.2133999999999998E-2]
[{"$nulls":8},"Transporte",{"$nulls":4},10.86,null,0.97811700000000001]
[{"$nulls":8},"Consulta Ocupacional",{"$nulls":4},0.75,null,6.7347000000000004E-2]
[{"$nulls":8},"Total Encargos Complementares",{"$nulls":4},57.73,null,5.2013150000000001]
[{"$nulls":8},"Encargos Adicionais",{"$nulls":4}," %",null,"R$"]
[{"$nulls":8},"Cesta Básica",{"$nulls":4},25.48,null,2.2960159999999998]
[{"$nulls":8},"Assistência Médica",{"$nulls":4},0,null,0]
[{"$nulls":8},"Seguro de Vida",{"$nulls":4},0.03,null,2.7399999999999998E-3]
[{"$nulls":8},"Desgaste Orgânico",{"$nulls":4},0,null,0]
[{"$nulls":8},"Adicional de Confinamento",{"$nulls":4},0,null,0]
[{"$nulls":8},"Total Encargos Adicionais",{"$nulls":4},25.51,null,2.298756]
[{"$nulls":8},"Encargos Totais",{"$nulls":4},192.77529999999999,null,17.368286000000001]
[{"$nulls":8},"Custo Total",{"$nulls":6},26.377800000000001]
[{"$nulls":8},"Código",null,"Descrição",null,null,"Unidade",null,"Salário \n(R$)"]
[{"$nulls":8},"P9809",null,"Encarregado administrativo",null,null,"mês",null,3646.8240999999998]
[]
[{"$nulls":8},"Encargos Sociais e Trabalhistas - abril/2025",{"$nulls":4}," %"]
[{"$nulls":8},"Grupo A - Encargos Sociais"]
[{"$nulls":8},"Previdência Social",{"$nulls":4},20]
[{"$nulls":8},"FGTS",{"$nulls":4},8]
[{"$nulls":8},"Salário Educação",{"$nulls":4},2.5]
[{"$nulls":8},"SESC ou SESI",{"$nulls":4},1.5]
[{"$nulls":8},"SENAI / SEBRAE",{"$nulls":4},1.6]
[{"$nulls":8},"INCRA",{"$nulls":4},0.2]
[{"$nulls":8},"Seguro Contra Risco e Acidente de Trabalho",{"$nulls":4},3]
[{"$nulls":8},"SECONCI",{"$nulls":4},0.11111111]
[{"$nulls":8},"FAE - Financiamento de Aposentadoria Especial",{"$nulls":4},0]
[{"$nulls":8},"Total Grupo A",{"$nulls":4},36.91111111]
[{"$nulls":8},"Grupo B - Encargos Trabalhistas"]
[{"$nulls":8},"Repouso Semanal Remunerado - Domingos",{"$nulls":4},0]
[{"$nulls":8},"Feriados",{"$nulls":4},0]
[{"$nulls":8},"Férias Gozadas + 1/3",{"$nulls":4},7.9373764299999996]
[{"$nulls":8},"Auxílio Enfermidade",{"$nulls":4},0.89943107]
[{"$nulls":8},"Auxílio Acidente de Trabalho",{"$nulls":4},4.9098669999999997E-2]
[{"$nulls":8},"Licença Paternidade",{"$nulls":4},6.5588880000000002E-2]
[{"$nulls":8},"13° Salário",{"$nulls":4},9.2423745799999999]
[{"$nulls":8},"Faltas Justificadas",{"$nulls":4},0.74280349999999995]
[{"$nulls":8},"Férias sobre Licença Maternidade",{"$nulls":4},7.1592550000000005E-2]
[{"$nulls":8},"Reciclagem Tecnológica",{"$nulls":4},0]
[{"$nulls":8},"Total Grupo B",{"$nulls":4},19.008265680000001]
[{"$nulls":8},"Grupo C - Verbas Rescisórias"]
[{"$nulls":8},"Aviso Prévio Indenizado",{"$nulls":4},3.2030816400000002]
[{"$nulls":8},"Aviso Prévio Trabalhado",{"$nulls":4},8.0886269999999996E-2]
[{"$nulls":8},"Férias Indenizadas + 1/3",{"$nulls":4},4.3857896800000002]
[{"$nulls":8},"Depósito por Rescisão Sem Justa Causa",{"$nulls":4},3.8082644999999999]
[{"$nulls":8},"Indenização Adicional",{"$nulls":4},0.92850438000000002]
[{"$nulls":8},"Total Grupo C",{"$nulls":4},12.406526469999999]
[{"$nulls":8},"Grupo D - Verbas Rescisórias"]
[{"$nulls":8},"Reincidência de A sobre B",{"$nulls":4},7.0161620600000001]
[{"$nulls":8},"Reincidência de A sobre Aviso Prévio Trabalhado + Reincidência de FGTS sobre Aviso Prévio Indenizado",{"$nulls":4},0.28610255000000001]
[{"$nulls":8},"Total Grupo D",{"$nulls":4},7.3022646199999999]
[{"$nulls":8},"Total Encargos Sociais e Trabalhistas - abril/2025",{"$nulls":4},75.63]
[{"$nulls":8},"Periculosidade/Insalubridade",{"$nulls":4}," %",null,"R$"]
[{"$nulls":8},"Total Periculosidade/Insalubridade",{"$nulls":4},0,null,0]
[{"$nulls":8},"Encargos Sociais e Trabalhistas - Média Móvel",{"$nulls":4}," %",null,"R$"]
[{"$nulls":8},"Encargos Sociais e Trabalhistas - Média Móvel - Sobre Salário",{"$nulls":4},75.66,null,2759.1871139999998]
[{"$nulls":8},"Encargos Sociais e Trabalhistas - Média Móvel - Sobre Periculosidade/Insalubridade",{"$nulls":4},75.66,null,0]
[{"$nulls":8},"Total Encargos Sociais e Trabalhistas - Média Móvel",{"$nulls":4},75.66,null,2759.1871139999998]
[{"$nulls":8},"Encargos Complementares",{"$nulls":4}," %",null,"R$"]
[{"$nulls":8},"Alimentação",{"$nulls":4},18.079999999999998,null,659.38283200000001]
[{"$nulls":8},"EPI",{"$nulls":4},0,null,0]
[{"$nulls":8},"Ferramenta",{"$nulls":4},0,null,0]
[{"$nulls":8},"Transporte",{"$nulls":4},4.8899999999999997,null,178.49648400000001]
[{"$nulls":8},"Consulta Ocupacional",{"$nulls":4},0.23,null,8.2879740000000002]
[{"$nulls":8},"Total Encargos Complementares",{"$nulls":4},23.2,null,846.16728999999998]
[{"$nulls":8},"Encargos Adicionais",{"$nulls":4}," %",null,"R$"]
[{"$nulls":8},"Cesta Básica",{"$nulls":4},11.49,null,419]
[{"$nulls":8},"Assistência Médica",{"$nulls":4},0,null,0]
[{"$nulls":8},"Seguro de Vida",{"$nulls":4},0.01,null,0.5]
[{"$nulls":8},"Desgaste Orgânico",{"$nulls":4},0,null,0]
[{"$nulls":8},"Adicional de Confinamento",{"$nulls":4},0,null,0]
[{"$nulls":8},"Total Encargos Adicionais",{"$nulls":4},11.5,null,419.5]
[{"$nulls":8},"Encargos Totais",{"$nulls":4},110.366,null,4024.8544040000002]
[{"$nulls":8},"Custo Total",{"$nulls":6},7671.6778999999997]
[{"$nulls":8},"Código",null,"Descrição",null,null,"Unidade",null,"Salário \n(R$)"]
[{"$nulls":8},"P9810",null,"Eletricista",null,null,"h",null,11.319699999999999]
[]
[{"$nulls":8},"Encargos Sociais e Trabalhistas - abril/2025",{"$nulls":4}," %"]
[{"$nulls":8},"Grupo A - Encargos Sociais"]
[{"$nulls":8},"Previdência Social",{"$nulls":4},20]
[{"$nulls":8},"FGTS",{"$nulls":4},8]
[{"$nulls":8},"Salário Educação",{"$nulls":4},2.5]
[{"$nulls":8},"SESC ou SESI",{"$nulls":4},1.5]
[{"$nulls":8},"SENAI / SEBRAE",{"$nulls":4},1.6]
[{"$nulls":8},"INCRA",{"$nulls":4},0.2]
[{"$nulls":8},"Seguro Contra Risco e Acidente de Trabalho",{"$nulls":4},3]
[{"$nulls":8},"SECONCI",{"$nulls":4},0]
[{"$nulls":8},"FAE - Financiamento de Aposentadoria Especial",{"$nulls":4},0]
[{"$nulls":8},"Total Grupo A",{"$nulls":4},36.799999999999997]
[{"$nulls":8},"Grupo B - Encargos Trabalhistas"]
[{"$nulls":8},"Repouso Semanal Remunerado - Domingos",{"$nulls":4},18.320332610000001]
[{"$nulls":8},"Feriados",{"$nulls":4},5.0692804899999997]
[{"$nulls":8},"Férias Gozadas + 1/3",{"$nulls":4},4.1536560299999996]
[{"$nulls":8},"Auxílio Enfermidade",{"$nulls":4},0.92135509000000004]
[{"$nulls":8},"Auxílio Acidente de Trabalho",{"$nulls":4},4.9088550000000002E-2]
[{"$nulls":8},"Licença Paternidade",{"$nulls":4},9.2915129999999999E-2]
[{"$nulls":8},"13° Salário",{"$nulls":4},9.2404700500000008]
[{"$nulls":8},"Faltas Justificadas",{"$nulls":4},0.74265044000000002]
[{"$nulls":8},"Férias sobre Licença Maternidade",{"$nulls":4},1.61315E-3]
[{"$nulls":8},"Reciclagem Tecnológica",{"$nulls":4},0]
[{"$nulls":8},"Total Grupo B",{"$nulls":4},38.591361550000002]
[{"$nulls":8},"Grupo C - Verbas Rescisórias"]
[{"$nulls":8},"Aviso Prévio Indenizado",{"$nulls":4},5.4686754000000004]
[{"$nulls":8},"Aviso Prévio Trabalhado",{"$nulls":4},0.15065290000000001]
[{"$nulls":8},"Férias Indenizadas + 1/3",{"$nulls":4},8.1669707099999993]
[{"$nulls":8},"Depósito por Rescisão Sem Justa Causa",{"$nulls":4},4.4349235699999996]
[{"$nulls":8},"Indenização Adicional",{"$nulls":4},0.92831304999999997]
[{"$nulls":8},"Total Grupo C",{"$nulls":4},19.149535620000002]
[{"$nulls":8},"Grupo D - Verbas Rescisórias"]
[{"$nulls":8},"Reincidência de A sobre B",{"$nulls":4},14.20162105]
[{"$nulls":8},"Reincidência de A sobre Aviso Prévio Trabalhado + Reincidência de FGTS sobre Aviso Prévio Indenizado",{"$nulls":4},0.49293429999999999]
[{"$nulls":8},"Total Grupo D",{"$nulls":4},14.69455535]
[{"$nulls":8},"Total Encargos Sociais e Trabalhistas - abril/2025",{"$nulls":4},109.24]
[{"$nulls":8},"Periculosidade/Insalubridade",{"$nulls":4}," %",null,"R$"]
[{"$nulls":8},"Total Periculosidade/Insalubridade",{"$nulls":4},0,null,0]
[{"$nulls":8},"Encargos Sociais e Trabalhistas - Média Móvel",{"$nulls":4}," %",null,"R$"]
[{"$nulls":8},"Encargos Sociais e Trabalhistas - Média Móvel - Sobre Salário",{"$nulls":4},109.18,null,12.358848]
[{"$nulls":8},"Encargos Sociais e Trabalhistas - Média Móvel - Sobre Periculosidade/Insalubridade",{"$nulls":4},109.18,null,0]
[{"$nulls":8},"Total Encargos Sociais e Trabalhistas - Média Móvel",{"$nulls":4},109.18,null,12.358848]
[{"$nulls":8},"Encargos Complementares",{"$nulls":4}," %",null,"R$"]
[{"$nulls":8},"Alimentação",{"$nulls":4},31.92,null,3.6132550000000001]
[{"$nulls":8},"EPI",{"$nulls":4},6.85,null,0.77524800000000005]
[{"$nulls":8},"Ferramenta",{"$nulls":4},1.03,null,0.117147]
[{"$nulls":8},"Transporte",{"$nulls":4},8.64,null,0.97811700000000001]
[{"$nulls":8},"Consulta Ocupacional",{"$nulls":4},0.5,null,5.6391999999999998E-2]
[{"$nulls":8},"Total Encargos Complementares",{"$nulls":4},48.94,null,5.5401590000000001]
[{"$nulls":8},"Encargos Adicionais",{"$nulls":4}," %",null,"R$"]
[{"$nulls":8},"Cesta Básica",{"$nulls":4},20.28,null,2.2960159999999998]
[{"$nulls":8},"Assistência Médica",{"$nulls":4},0,null,0]
[{"$nulls":8},"Seguro de Vida",{"$nulls":4},0.02,null,2.7399999999999998E-3]
[{"$nulls":8},"Desgaste Orgânico",{"$nulls":4},0,null,0]
[{"$nulls":8},"Adicional de Confinamento",{"$nulls":4},0,null,0]
[{"$nulls":8},"Total Encargos Adicionais",{"$nulls":4},20.3,null,2.298756]
[{"$nulls":8},"Encargos Totais",{"$nulls":4},178.43020000000001,null,20.197762999999998]
[{"$nulls":8},"Custo Total",{"$nulls":6},31.517399999999999]
[{"$nulls":8},"Código",null,"Descrição",null,null,"Unidade",null,"Salário \n(R$)"]
[{"$nulls":8},"P9811",null,"Encarregado especializado",null,null,"mês",null,4059.3816000000002]
[]
[{"$nulls":8},"Encargos Sociais e Trabalhistas - abril/2025",{"$nulls":4}," %"]
[{"$nulls":8},"Grupo A - Encargos Sociais"]
[{"$nulls":8},"Previdência Social",{"$nulls":4},20]
[{"$nulls":8},"FGTS",{"$nulls":4},8]
[{"$nulls":8},"Salário Educação",{"$nulls":4},2.5]
[{"$nulls":8},"SESC ou SESI",{"$nulls":4},1.5]
[{"$nulls":8},"SENAI / SEBRAE",{"$nulls":4},1.6]
[{"$nulls":8},"INCRA",{"$nulls":4},0.2]
[{"$nulls":8},"Seguro Contra Risco e Acidente de Trabalho",{"$nulls":4},3]
[{"$nulls":8},"SECONCI",{"$nulls":4},0]
[{"$nulls":8},"FAE - Financiamento de Aposentadoria Especial",{"$nulls":4},0]
[{"$nulls":8},"Total Grupo A",{"$nulls":4},36.799999999999997]
[{"$nulls":8},"Grupo B - Encargos Trabalhistas"]
[{"$nulls":8},"Repouso Semanal Remunerado - Domingos",{"$nulls":4},0]
[{"$nulls":8},"Feriados",{"$nulls":4},0]
[{"$nulls":8},"Férias Gozadas + 1/3",{"$nulls":4},4.2058231299999997]
[{"$nulls":8},"Auxílio Enfermidade",{"$nulls":4},0.92123778999999995]
[{"$nulls":8},"Auxílio Acidente de Trabalho",{"$nulls":4},4.9082309999999997E-2]
[{"$nulls":8},"Licença Paternidade",{"$nulls":4},7.8825980000000004E-2]
[{"$nulls":8},"13° Salário",{"$nulls":4},9.2392936399999996]
[{"$nulls":8},"Faltas Justificadas",{"$nulls":4},0.74255589]
[{"$nulls":8},"Férias sobre Licença Maternidade",{"$nulls":4},2.9574900000000001E-3]
[{"$nulls":8},"Reciclagem Tecnológica",{"$nulls":4},0]
[{"$nulls":8},"Total Grupo B",{"$nulls":4},15.23977622]
[{"$nulls":8},"Grupo C - Verbas Rescisórias"]
[{"$nulls":8},"Aviso Prévio Indenizado",{"$nulls":4},5.4333852599999997]
[{"$nulls":8},"Aviso Prévio Trabalhado",{"$nulls":4},0.14968071999999999]
[{"$nulls":8},"Férias Indenizadas + 1/3",{"$nulls":4},8.1132350500000001]
[{"$nulls":8},"Depósito por Rescisão Sem Justa Causa",{"$nulls":4},3.6876728399999998]
[{"$nulls":8},"Indenização Adicional",{"$nulls":4},0.92819485999999995]
[{"$nulls":8},"Total Grupo C",{"$nulls":4},18.31216873]
[{"$nulls":8},"Grupo D - Verbas Rescisórias"]
[{"$nulls":8},"Reincidência de A sobre B",{"$nulls":4},5.6082376500000004]
[{"$nulls":8},"Reincidência de A sobre Aviso Prévio Trabalhado + Reincidência de FGTS sobre Aviso Prévio Indenizado",{"$nulls":4},0.48975331999999999]
[{"$nulls":8},"Total Grupo D",{"$nulls":4},6.0979909699999997]
[{"$nulls":8},"Total Encargos Sociais e Trabalhistas - abril/2025",{"$nulls":4},76.45]
[{"$nulls":8},"Periculosidade/Insalubridade",{"$nulls":4}," %",null,"R$"]
[{"$nulls":8},"Total Periculosidade/Insalubridade",{"$nulls":4},0,null,0]
[{"$nulls":8},"Encargos Sociais e Trabalhistas - Média Móvel",{"$nulls":4}," %",null,"R$"]
[{"$nulls":8},"Encargos Sociais e Trabalhistas - Média Móvel - Sobre Salário",{"$nulls":4},76.44,null,3102.9912949999998]
[{"$nulls":8},"Encargos Sociais e Trabalhistas - Média Móvel - Sobre Periculosidade/Insalubridade",{"$nulls":4},76.44,null,0]
[{"$nulls":8},"Total Encargos Sociais e Trabalhistas - Média Móvel",{"$nulls":4},76.44,null,3102.9912949999998]
[{"$nulls":8},"Encargos Complementares",{"$nulls":4}," %",null,"R$"]
[{"$nulls":8},"Alimentação",{"$nulls":4},16.239999999999998,null,659.38283200000001]
[{"$nulls":8},"EPI",{"$nulls":4},1.6,null,65.001029000000003]
[{"$nulls":8},"Ferramenta",{"$nulls":4},0,null,0]
[{"$nulls":8},"Transporte",{"$nulls":4},4.4000000000000004,null,178.49648400000001]
[{"$nulls":8},"Consulta Ocupacional",{"$nulls":4},0.25,null,10.224643]
[{"$nulls":8},"Total Encargos Complementares",{"$nulls":4},22.49,null,913.10498800000005]
[{"$nulls":8},"Encargos Adicionais",{"$nulls":4}," %",null,"R$"]
[{"$nulls":8},"Cesta Básica",{"$nulls":4},10.32,null,419]
[{"$nulls":8},"Assistência Médica",{"$nulls":4},0,null,0]
[{"$nulls":8},"Seguro de Vida",{"$nulls":4},0.01,null,0.5]
[{"$nulls":8},"Desgaste Orgânico",{"$nulls":4},0,null,0]
[{"$nulls":8},"Adicional de Confinamento",{"$nulls":4},0,null,0]
[{"$nulls":8},"Total Encargos Adicionais",{"$nulls":4},10.33,null,419.5]
[{"$nulls":8},"Encargos Totais",{"$nulls":4},109.26779999999999,null,4435.5962829999999]
[{"$nulls":8},"Custo Total",{"$nulls":6},8494.9784999999993]
[{"$nulls":8},"Código",null,"Descrição",null,null,"Unidade",null,"Salário \n(R$)"]
[{"$nulls":8},"P9812",null,"Engenheiro",null,null,"mês",null,13798.4388]
[]
[{"$nulls":8},"Encargos Sociais e Trabalhistas - abril/2025",{"$nulls":4}," %"]
[{"$nulls":8},"Grupo A - Encargos Sociais"]
[{"$nulls":8},"Previdência Social",{"$nulls":4},20]
[{"$nulls":8},"FGTS",{"$nulls":4},8]
[{"$nulls":8},"Salário Educação",{"$nulls":4},2.5]
[{"$nulls":8},"SESC ou SESI",{"$nulls":4},1.5]
[{"$nulls":8},"SENAI / SEBRAE",{"$nulls":4},1.6]
[{"$nulls":8},"INCRA",{"$nulls":4},0.2]
[{"$nulls":8},"Seguro Contra Risco e Acidente de Trabalho",{"$nulls":4},3]
[{"$nulls":8},"SECONCI",{"$nulls":4},0.11111111]
[{"$nulls":8},"FAE - Financiamento de Aposentadoria Especial",{"$nulls":4},0]
[{"$nulls":8},"Total Grupo A",{"$nulls":4},36.91111111]
[{"$nulls":8},"Grupo B - Encargos Trabalhistas"]
[{"$nulls":8},"Repouso Semanal Remunerado - Domingos",{"$nulls":4},0]
[{"$nulls":8},"Feriados",{"$nulls":4},0]
[{"$nulls":8},"Férias Gozadas + 1/3",{"$nulls":4},5.9971701599999996]
[{"$nulls":8},"Auxílio Enfermidade",{"$nulls":4},0.89923615999999995]
[{"$nulls":8},"Auxílio Acidente de Trabalho",{"$nulls":4},4.9088029999999998E-2]
[{"$nulls":8},"Licença Paternidade",{"$nulls":4},8.1783759999999997E-2]
[{"$nulls":8},"13° Salário",{"$nulls":4},9.2403718000000001]
[{"$nulls":8},"Faltas Justificadas",{"$nulls":4},0.74264253999999996]
[{"$nulls":8},"Férias sobre Licença Maternidade",{"$nulls":4},3.3737099999999999E-2]
[{"$nulls":8},"Reciclagem Tecnológica",{"$nulls":4},0]
[{"$nulls":8},"Total Grupo B",{"$nulls":4},17.044029550000001]
[{"$nulls":8},"Grupo C - Verbas Rescisórias"]
[{"$nulls":8},"Aviso Prévio Indenizado",{"$nulls":4},4.2341994200000004]
[{"$nulls":8},"Aviso Prévio Trabalhado",{"$nulls":4},0.11664513999999999]
[{"$nulls":8},"Férias Indenizadas + 1/3",{"$nulls":4},6.3233255599999998]
[{"$nulls":8},"Depósito por Rescisão Sem Justa Causa",{"$nulls":4},3.7454089499999998]
[{"$nulls":8},"Indenização Adicional",{"$nulls":4},0.92830316999999996]
[{"$nulls":8},"Total Grupo C",{"$nulls":4},15.34788225]
[{"$nulls":8},"Grupo D - Verbas Rescisórias"]
[{"$nulls":8},"Reincidência de A sobre B",{"$nulls":4},6.2911406899999998]
[{"$nulls":8},"Reincidência de A sobre Aviso Prévio Trabalhado + Reincidência de FGTS sobre Aviso Prévio Indenizado",{"$nulls":4},0.38179097000000001]
[{"$nulls":8},"Total Grupo D",{"$nulls":4},6.6729316599999997]
[{"$nulls":8},"Total Encargos Sociais e Trabalhistas - abril/2025",{"$nulls":4},75.98]
[{"$nulls":8},"Periculosidade/Insalubridade",{"$nulls":4}," %",null,"R$"]
[{"$nulls":8},"Total Periculosidade/Insalubridade",{"$nulls":4},0,null,0]
[{"$nulls":8},"Encargos Sociais e Trabalhistas - Média Móvel",{"$nulls":4}," %",null,"R$"]
[{"$nulls":8},"Encargos Sociais e Trabalhistas - Média Móvel - Sobre Salário",{"$nulls":4},76.05,null,10493.712707000001]
[{"$nulls":8},"Encargos Sociais e Trabalhistas - Média Móvel - Sobre Periculosidade/Insalubridade",{"$nulls":4},76.05,null,0]
[{"$nulls":8},"Total Encargos Sociais e Trabalhistas - Média Móvel",{"$nulls":4},76.05,null,10493.712707000001]
[{"$nulls":8},"Encargos Complementares",{"$nulls":4}," %",null,"R$"]
[{"$nulls":8},"Alimentação",{"$nulls":4},4.78,null,659.38283200000001]
[{"$nulls":8},"EPI",{"$nulls":4},0.19,null,26.169748999999999]
[{"$nulls":8},"Ferramenta",{"$nulls":4},0,null,0]
[{"$nulls":8},"Transporte",{"$nulls":4},1.29,null,178.49648400000001]
[{"$nulls":8},"Consulta Ocupacional",{"$nulls":4},0.06,null,7.9679929999999999]
[{"$nulls":8},"Total Encargos Complementares",{"$nulls":4},6.32,null,872.01705800000002]
[{"$nulls":8},"Encargos Adicionais",{"$nulls":4}," %",null,"R$"]
[{"$nulls":8},"Cesta Básica",{"$nulls":4},3.04,null,419]
[{"$nulls":8},"Assistência Médica",{"$nulls":4},0,null,0]
[{"$nulls":8},"Seguro de Vida",{"$nulls":4},0,null,0.5]
[{"$nulls":8},"Desgaste Orgânico",{"$nulls":4},0,null,0]
[{"$nulls":8},"Adicional de Confinamento",{"$nulls":4},0,null,0]
[{"$nulls":8},"Total Encargos Adicionais",{"$nulls":4},3.04,null,419.5]
[{"$nulls":8},"Encargos Totais",{"$nulls":4},85.409899999999993,null,11785.229765]
[{"$nulls":8},"Custo Total",{"$nulls":6},25583.6715]
[{"$nulls":8},"Código",null,"Descrição",null,null,"Unidade",null,"Salário \n(R$)"]
[{"$nulls":8},"P9814",null,"Operacional",null,null,"mês",null,1704.0393999999999]
[]
[{"$nulls":8},"Encargos Sociais e Trabalhistas - abril/2025",{"$nulls":4}," %"]
[{"$nulls":8},"Grupo A - Encargos Sociais"]
[{"$nulls":8},"Previdência Social",{"$nulls":4},20]
[{"$nulls":8},"FGTS",{"$nulls":4},8]
[{"$nulls":8},"Salário Educação",{"$nulls":4},2.5]
[{"$nulls":8},"SESC ou SESI",{"$nulls":4},1.5]
[{"$nulls":8},"SENAI / SEBRAE",{"$nulls":4},1.6]
[{"$nulls":8},"INCRA",{"$nulls":4},0.2]
[{"$nulls":8},"Seguro Contra Risco e Acidente de Trabalho",{"$nulls":4},3]
[{"$nulls":8},"SECONCI",{"$nulls":4},0.41481480999999998]
[{"$nulls":8},"FAE - Financiamento de Aposentadoria Especial",{"$nulls":4},0]
[{"$nulls":8},"Total Grupo A",{"$nulls":4},37.21481481]
[{"$nulls":8},"Grupo B - Encargos Trabalhistas"]
[{"$nulls":8},"Repouso Semanal Remunerado - Domingos",{"$nulls":4},0]
[{"$nulls":8},"Feriados",{"$nulls":4},0]
[{"$nulls":8},"Férias Gozadas + 1/3",{"$nulls":4},2.1763710500000002]
[{"$nulls":8},"Auxílio Enfermidade",{"$nulls":4},0.90867012999999996]
[{"$nulls":8},"Auxílio Acidente de Trabalho",{"$nulls":4},5.0929080000000002E-2]
[{"$nulls":8},"Licença Paternidade",{"$nulls":4},0.10211533]
[{"$nulls":8},"13° Salário",{"$nulls":4},9.2406534800000006]
[{"$nulls":8},"Faltas Justificadas",{"$nulls":4},0.74266518000000004]
[{"$nulls":8},"Férias sobre Licença Maternidade",{"$nulls":4},5.2557999999999997E-3]
[{"$nulls":8},"Reciclagem Tecnológica",{"$nulls":4},0]
[{"$nulls":8},"Total Grupo B",{"$nulls":4},13.22666005]
[{"$nulls":8},"Grupo C - Verbas Rescisórias"]
[{"$nulls":8},"Aviso Prévio Indenizado",{"$nulls":4},6.7927117299999997]
[{"$nulls":8},"Aviso Prévio Trabalhado",{"$nulls":4},0.18712790000000001]
[{"$nulls":8},"Férias Indenizadas + 1/3",{"$nulls":4},10.14450025]
[{"$nulls":8},"Depósito por Rescisão Sem Justa Causa",{"$nulls":4},3.6232531200000002]
[{"$nulls":8},"Indenização Adicional",{"$nulls":4},0.92833147000000005]
[{"$nulls":8},"Total Grupo C",{"$nulls":4},21.675924469999998]
[{"$nulls":8},"Grupo D - Verbas Rescisórias"]
[{"$nulls":8},"Reincidência de A sobre B",{"$nulls":4},4.92227704]
[{"$nulls":8},"Reincidência de A sobre Aviso Prévio Trabalhado + Reincidência de FGTS sobre Aviso Prévio Indenizado",{"$nulls":4},0.61305624000000003]
[{"$nulls":8},"Total Grupo D",{"$nulls":4},5.5353332799999997]
[{"$nulls":8},"Total Encargos Sociais e Trabalhistas - abril/2025",{"$nulls":4},77.650000000000006]
[{"$nulls":8},"Periculosidade/Insalubridade",{"$nulls":4}," %",null,"R$"]
[{"$nulls":8},"Total Periculosidade/Insalubridade",{"$nulls":4},0,null,0]
[{"$nulls":8},"Encargos Sociais e Trabalhistas - Média Móvel",{"$nulls":4}," %",null,"R$"]
[{"$nulls":8},"Encargos Sociais e Trabalhistas - Média Móvel - Sobre Salário",{"$nulls":4},77.849999999999994,null,1326.5946730000001]
[{"$nulls":8},"Encargos Sociais e Trabalhistas - Média Móvel - Sobre Periculosidade/Insalubridade",{"$nulls":4},77.849999999999994,null,0]
[{"$nulls":8},"Total Encargos Sociais e Trabalhistas - Média Móvel",{"$nulls":4},77.849999999999994,null,1326.5946730000001]
[{"$nulls":8},"Encargos Complementares",{"$nulls":4}," %",null,"R$"]
[{"$nulls":8},"Alimentação",{"$nulls":4},51.32,null,874.50499000000002]
[{"$nulls":8},"EPI",{"$nulls":4},0,null,0]
[{"$nulls":8},"Ferramenta",{"$nulls":4},0,null,0]
[{"$nulls":8},"Transporte",{"$nulls":4},0,null,0]
[{"$nulls":8},"Consulta Ocupacional",{"$nulls":4},0.75,null,12.782648]
[{"$nulls":8},"Total Encargos Complementares",{"$nulls":4},52.07,null,887.28763800000002]
[{"$nulls":8},"Encargos Adicionais",{"$nulls":4}," %",null,"R$"]
[{"$nulls":8},"Cesta Básica",{"$nulls":4},17.61,null,300]
[{"$nulls":8},"Assistência Médica",{"$nulls":4},0,null,0]
[{"$nulls":8},"Seguro de Vida",{"$nulls":4},0.28999999999999998,null,4.99]
[{"$nulls":8},"Desgaste Orgânico",{"$nulls":4},0,null,0]
[{"$nulls":8},"Adicional de Confinamento",{"$nulls":4},0,null,0]
[{"$nulls":8},"Total Encargos Adicionais",{"$nulls":4},17.899999999999999,null,304.99]
[{"$nulls":8},"Encargos Totais",{"$nulls":4},147.8177,null,2518.8723110000001]
[{"$nulls":8},"Custo Total",{"$nulls":6},4222.9111999999996]
[{"$nulls":8},"Código",null,"Descrição",null,null,"Unidade",null,"Salário \n(R$)"]
[{"$nulls":8},"P9815",null,"Jardineiro",null,null,"h",null,10.47]
[]
[{"$nulls":8},"Encargos Sociais e Trabalhistas - abril/2025",{"$nulls":4}," %"]
[{"$nulls":8},"Grupo A - Encargos Sociais"]
[{"$nulls":8},"Previdência Social",{"$nulls":4},20]
[{"$nulls":8},"FGTS",{"$nulls":4},8]
[{"$nulls":8},"Salário Educação",{"$nulls":4},2.5]
[{"$nulls":8},"SESC ou SESI",{"$nulls":4},1.5]
[{"$nulls":8},"SENAI / SEBRAE",{"$nulls":4},1.6]
[{"$nulls":8},"INCRA",{"$nulls":4},0.2]
[{"$nulls":8},"Seguro Contra Risco e Acidente de Trabalho",{"$nulls":4},3]
[{"$nulls":8},"SECONCI",{"$nulls":4},0.41481480999999998]
[{"$nulls":8},"FAE - Financiamento de Aposentadoria Especial",{"$nulls":4},0]
[{"$nulls":8},"Total Grupo A",{"$nulls":4},37.21481481]
[{"$nulls":8},"Grupo B - Encargos Trabalhistas"]
[{"$nulls":8},"Repouso Semanal Remunerado - Domingos",{"$nulls":4},18.561224750000001]
[{"$nulls":8},"Feriados",{"$nulls":4},5.1369729599999996]
[{"$nulls":8},"Férias Gozadas + 1/3",{"$nulls":4},6.0329623200000002]
[{"$nulls":8},"Auxílio Enfermidade",{"$nulls":4},0.90855808000000005]
[{"$nulls":8},"Auxílio Acidente de Trabalho",{"$nulls":4},4.9083450000000001E-2]
[{"$nulls":8},"Licença Paternidade",{"$nulls":4},8.7928610000000004E-2]
[{"$nulls":8},"13° Salário",{"$nulls":4},9.2395095900000008]
[{"$nulls":8},"Faltas Justificadas",{"$nulls":4},0.74257324000000002]
[{"$nulls":8},"Férias sobre Licença Maternidade",{"$nulls":4},8.8843399999999993E-3]
[{"$nulls":8},"Reciclagem Tecnológica",{"$nulls":4},0]
[{"$nulls":8},"Total Grupo B",{"$nulls":4},40.767697339999998]
[{"$nulls":8},"Grupo C - Verbas Rescisórias"]
[{"$nulls":8},"Aviso Prévio Indenizado",{"$nulls":4},4.2098554400000001]
[{"$nulls":8},"Aviso Prévio Trabalhado",{"$nulls":4},0.11597451]
[{"$nulls":8},"Férias Indenizadas + 1/3",{"$nulls":4},6.2863837900000004]
[{"$nulls":8},"Depósito por Rescisão Sem Justa Causa",{"$nulls":4},4.5045663100000004]
[{"$nulls":8},"Indenização Adicional",{"$nulls":4},0.92821655999999997]
[{"$nulls":8},"Total Grupo C",{"$nulls":4},16.044996609999998]
[{"$nulls":8},"Grupo D - Verbas Rescisórias"]
[{"$nulls":8},"Reincidência de A sobre B",{"$nulls":4},15.171623070000001]
[{"$nulls":8},"Reincidência de A sobre Aviso Prévio Trabalhado + Reincidência de FGTS sobre Aviso Prévio Indenizado",{"$nulls":4},0.37994813]
[{"$nulls":8},"Total Grupo D",{"$nulls":4},15.5515712]
[{"$nulls":8},"Total Encargos Sociais e Trabalhistas - abril/2025",{"$nulls":4},109.58]
[{"$nulls":8},"Periculosidade/Insalubridade",{"$nulls":4}," %",null,"R$"]
[{"$nulls":8},"Total Periculosidade/Insalubridade",{"$nulls":4},0,null,0]
[{"$nulls":8},"Encargos Sociais e Trabalhistas - Média Móvel",{"$nulls":4}," %",null,"R$"]
[{"$nulls":8},"Encargos Sociais e Trabalhistas - Média Móvel - Sobre Salário",{"$nulls":4},109.57,null,11.471978999999999]
[{"$nulls":8},"Encargos Sociais e Trabalhistas - Média Móvel - Sobre Periculosidade/Insalubridade",{"$nulls":4},109.57,null,0]
[{"$nulls":8},"Total Encargos Sociais e Trabalhistas - Média Móvel",{"$nulls":4},109.57,null,11.471978999999999]
[{"$nulls":8},"Encargos Complementares",{"$nulls":4}," %",null,"R$"]
[{"$nulls":8},"Alimentação",{"$nulls":4},34.51,null,3.6132550000000001]
[{"$nulls":8},"EPI",{"$nulls":4},3.58,null,0.37451299999999998]
[{"$nulls":8},"Ferramenta",{"$nulls":4},0.68,null,7.0849999999999996E-2]
[{"$nulls":8},"Transporte",{"$nulls":4},9.34,null,0.97811700000000001]
[{"$nulls":8},"Consulta Ocupacional",{"$nulls":4},0.41,null,4.3411999999999999E-2]
[{"$nulls":8},"Total Encargos Complementares",{"$nulls":4},48.52,null,5.0801470000000002]
[{"$nulls":8},"Encargos Adicionais",{"$nulls":4}," %",null,"R$"]
[{"$nulls":8},"Cesta Básica",{"$nulls":4},21.93,null,2.2960159999999998]
[{"$nulls":8},"Assistência Médica",{"$nulls":4},0,null,0]
[{"$nulls":8},"Seguro de Vida",{"$nulls":4},0.03,null,2.7399999999999998E-3]
[{"$nulls":8},"Desgaste Orgânico",{"$nulls":4},0,null,0]
[{"$nulls":8},"Adicional de Confinamento",{"$nulls":4},0,null,0]
[{"$nulls":8},"Total Encargos Adicionais",{"$nulls":4},21.96,null,2.298756]
[{"$nulls":8},"Encargos Totais",{"$nulls":4},180.04660000000001,null,18.850881999999999]
[{"$nulls":8},"Custo Total",{"$nulls":6},29.320799999999998]
[{"$nulls":8},"Código",null,"Descrição",null,null,"Unidade",null,"Salário \n(R$)"]
[{"$nulls":8},"P9819",null,"Engenheiro supervisor",null,null,"mês",null,13798.4388]
[]
[{"$nulls":8},"Encargos Sociais e Trabalhistas - abril/2025",{"$nulls":4}," %"]
[{"$nulls":8},"Grupo A - Encargos Sociais"]
[{"$nulls":8},"Previdência Social",{"$nulls":4},20]
[{"$nulls":8},"FGTS",{"$nulls":4},8]
[{"$nulls":8},"Salário Educação",{"$nulls":4},2.5]
[{"$nulls":8},"SESC ou SESI",{"$nulls":4},1.5]
[{"$nulls":8},"SENAI / SEBRAE",{"$nulls":4},1.6]
[{"$nulls":8},"INCRA",{"$nulls":4},0.2]
[{"$nulls":8},"Seguro Contra Risco e Acidente de Trabalho",{"$nulls":4},3]
[{"$nulls":8},"SECONCI",{"$nulls":4},0.11111111]
[{"$nulls":8},"FAE - Financiamento de Aposentadoria Especial",{"$nulls":4},0]
[{"$nulls":8},"Total Grupo A",{"$nulls":4},36.91111111]
[{"$nulls":8},"Grupo B - Encargos Trabalhistas"]
[{"$nulls":8},"Repouso Semanal Remunerado - Domingos",{"$nulls":4},0]
[{"$nulls":8},"Feriados",{"$nulls":4},0]
[{"$nulls":8},"Férias Gozadas + 1/3",{"$nulls":4},5.9971701599999996]
[{"$nulls":8},"Auxílio Enfermidade",{"$nulls":4},0.89923615999999995]
[{"$nulls":8},"Auxílio Acidente de Trabalho",{"$nulls":4},4.9088029999999998E-2]
[{"$nulls":8},"Licença Paternidade",{"$nulls":4},8.1783759999999997E-2]
[{"$nulls":8},"13° Salário",{"$nulls":4},9.2403718000000001]
[{"$nulls":8},"Faltas Justificadas",{"$nulls":4},0.74264253999999996]
[{"$nulls":8},"Férias sobre Licença Maternidade",{"$nulls":4},3.3737099999999999E-2]
[{"$nulls":8},"Reciclagem Tecnológica",{"$nulls":4},0]
[{"$nulls":8},"Total Grupo B",{"$nulls":4},17.044029550000001]
[{"$nulls":8},"Grupo C - Verbas Rescisórias"]
[{"$nulls":8},"Aviso Prévio Indenizado",{"$nulls":4},4.2341994200000004]
[{"$nulls":8},"Aviso Prévio Trabalhado",{"$nulls":4},0.11664513999999999]
[{"$nulls":8},"Férias Indenizadas + 1/3",{"$nulls":4},6.3233255599999998]
[{"$nulls":8},"Depósito por Rescisão Sem Justa Causa",{"$nulls":4},3.7454089499999998]
[{"$nulls":8},"Indenização Adicional",{"$nulls":4},0.92830316999999996]
[{"$nulls":8},"Total Grupo C",{"$nulls":4},15.34788225]
[{"$nulls":8},"Grupo D - Verbas Rescisórias"]
[{"$nulls":8},"Reincidência de A sobre B",{"$nulls":4},6.2911406899999998]
[{"$nulls":8},"Reincidência de A sobre Aviso Prévio Trabalhado + Reincidência de FGTS sobre Aviso Prévio Indenizado",{"$nulls":4},0.38179097000000001]
[{"$nulls":8},"Total Grupo D",{"$nulls":4},6.6729316599999997]
[{"$nulls":8},"Total Encargos Sociais e Trabalhistas - abril/2025",{"$nulls":4},75.98]
[{"$nulls":8},"Periculosidade/Insalubridade",{"$nulls":4}," %",null,"R$"]
[{"$nulls":8},"Total Periculosidade/Insalubridade",{"$nulls":4},0,null,0]
[{"$nulls":8},"Encargos Sociais e Trabalhistas - Média Móvel",{"$nulls":4}," %",null,"R$"]
[{"$nulls":8},"Encargos Sociais e Trabalhistas - Média Móvel - Sobre Salário",{"$nulls":4},76.05,null,10493.712707000001]
[{"$nulls":8},"Encargos Sociais e Trabalhistas - Média Móvel - Sobre Periculosidade/Insalubridade",{"$nulls":4},76.05,null,0]
[{"$nulls":8},"Total Encargos Sociais e Trabalhistas - Média Móvel",{"$nulls":4},76.05,null,10493.712707000001]
[{"$nulls":8},"Encargos Complementares",{"$nulls":4}," %",null,"R$"]
[{"$nulls":8},"Alimentação",{"$nulls":4},4.78,null,659.38283200000001]
[{"$nulls":8},"EPI",{"$nulls":4},0.19,null,26.169748999999999]
[{"$nulls":8},"Ferramenta",{"$nulls":4},0,null,0]
[{"$nulls":8},"Transporte",{"$nulls":4},1.29,null,178.49648400000001]
[{"$nulls":8},"Consulta Ocupacional",{"$nulls":4},0.06,null,7.9679929999999999]
[{"$nulls":8},"Total Encargos Complementares",{"$nulls":4},6.32,null,872.01705800000002]
[{"$nulls":8},"Encargos Adicionais",{"$nulls":4}," %",null,"R$"]
[{"$nulls":8},"Cesta Básica",{"$nulls":4},3.04,null,419]
[{"$nulls":8},"Assistência Médica",{"$nulls":4},0,null,0]
[{"$nulls":8},"Seguro de Vida",{"$nulls":4},0,null,0.5]
[{"$nulls":8},"Desgaste Orgânico",{"$nulls":4},0,null,0]
[{"$nulls":8},"Adicional de Confinamento",{"$nulls":4},0,null,0]
[{"$nulls":8},"Total Encargos Adicionais",{"$nulls":4},3.04,null,419.5]
[{"$nulls":8},"Encargos Totais",{"$nulls":4},85.409899999999993,null,11785.229765]
[{"$nulls":8},"Custo Total",{"$nulls":6},25583.6715]
[{"$nulls":8},"Código",null,"Descrição",null,null,"Unidade",null,"Salário \n(R$)"]
[{"$nulls":8},"P9821",null,"Pedreiro",null,null,"h",null,8.8035999999999994]
[]
[{"$nulls":8},"Encargos Sociais e Trabalhistas - abril/2025",{"$nulls":4}," %"]
[{"$nulls":8},"Grupo A - Encargos Sociais"]
[{"$nulls":8},"Previdência Social",{"$nulls":4},20]
[{"$nulls":8},"FGTS",{"$nulls":4},8]
[{"$nulls":8},"Salário Educação",{"$nulls":4},2.5]
[{"$nulls":8},"SESC ou SESI",{"$nulls":4},1.5]
[{"$nulls":8},"SENAI / SEBRAE",{"$nulls":4},1.6]
[{"$nulls":8},"INCRA",{"$nulls":4},0.2]
[{"$nulls":8},"Seguro Contra Risco e Acidente de Trabalho",{"$nulls":4},3]
[{"$nulls":8},"SECONCI",{"$nulls":4},0]
[{"$nulls":8},"FAE - Financiamento de Aposentadoria Especial",{"$nulls":4},0]
[{"$nulls":8},"Total Grupo A",{"$nulls":4},36.799999999999997]
[{"$nulls":8},"Grupo B - Encargos Trabalhistas"]
[{"$nulls":8},"Repouso Semanal Remunerado - Domingos",{"$nulls":4},18.13752874]
[{"$nulls":8},"Feriados",{"$nulls":4},5.0179286300000001]
[{"$nulls":8},"Férias Gozadas + 1/3",{"$nulls":4},2.7580975599999999]
[{"$nulls":8},"Auxílio Enfermidade",{"$nulls":4},0.92122316000000004]
[{"$nulls":8},"Auxílio Acidente de Trabalho",{"$nulls":4},4.9081529999999998E-2]
[{"$nulls":8},"Licença Paternidade",{"$nulls":4},7.9899020000000001E-2]
[{"$nulls":8},"13° Salário",{"$nulls":4},9.23914686]
[{"$nulls":8},"Faltas Justificadas",{"$nulls":4},0.74254408999999999]
[{"$nulls":8},"Férias sobre Licença Maternidade",{"$nulls":4},2.987E-4]
[{"$nulls":8},"Reciclagem Tecnológica",{"$nulls":4},0]
[{"$nulls":8},"Total Grupo B",{"$nulls":4},36.945748270000003]
[{"$nulls":8},"Grupo C - Verbas Rescisórias"]
[{"$nulls":8},"Aviso Prévio Indenizado",{"$nulls":4},6.4028891300000002]
[{"$nulls":8},"Aviso Prévio Trabalhado",{"$nulls":4},0.17638893]
[{"$nulls":8},"Férias Indenizadas + 1/3",{"$nulls":4},9.5607649200000004]
[{"$nulls":8},"Depósito por Rescisão Sem Justa Causa",{"$nulls":4},4.3822639399999996]
[{"$nulls":8},"Indenização Adicional",{"$nulls":4},0.92818011]
[{"$nulls":8},"Total Grupo C",{"$nulls":4},21.450487039999999]
[{"$nulls":8},"Grupo D - Verbas Rescisórias"]
[{"$nulls":8},"Reincidência de A sobre B",{"$nulls":4},13.59603536]
[{"$nulls":8},"Reincidência de A sobre Aviso Prévio Trabalhado + Reincidência de FGTS sobre Aviso Prévio Indenizado",{"$nulls":4},0.57714226000000002]
[{"$nulls":8},"Total Grupo D",{"$nulls":4},14.173177620000001]
[{"$nulls":8},"Total Encargos Sociais e Trabalhistas - abril/2025",{"$nulls":4},109.37]
[{"$nulls":8},"Periculosidade/Insalubridade",{"$nulls":4}," %",null,"R$"]
[{"$nulls":8},"Total Periculosidade/Insalubridade",{"$nulls":4},0,null,0]
[{"$nulls":8},"Encargos Sociais e Trabalhistas - Média Móvel",{"$nulls":4}," %",null,"R$"]
[{"$nulls":8},"Encargos Sociais e Trabalhistas - Média Móvel - Sobre Salário",{"$nulls":4},109.42,null,9.6328990000000001]
[{"$nulls":8},"Encargos Sociais e Trabalhistas - Média Móvel - Sobre Periculosidade/Insalubridade",{"$nulls":4},109.42,null,0]
[{"$nulls":8},"Total Encargos Sociais e Trabalhistas - Média Móvel",{"$nulls":4},109.42,null,9.6328990000000001]
[{"$nulls":8},"Encargos Complementares",{"$nulls":4}," %",null,"R$"]
[{"$nulls":8},"Alimentação",{"$nulls":4},41.04,null,3.6132550000000001]
[{"$nulls":8},"EPI",{"$nulls":4},5.61,null,0.49388500000000002]
[{"$nulls":8},"Ferramenta",{"$nulls":4},0.35,null,3.0960000000000001E-2]
[{"$nulls":8},"Transporte",{"$nulls":4},11.11,null,0.97811700000000001]
[{"$nulls":8},"Consulta Ocupacional",{"$nulls":4},0.75,null,6.6026000000000001E-2]
[{"$nulls":8},"Total Encargos Complementares",{"$nulls":4},58.86,null,5.1822429999999997]
[{"$nulls":8},"Encargos Adicionais",{"$nulls":4}," %",null,"R$"]
[{"$nulls":8},"Cesta Básica",{"$nulls":4},26.08,null,2.2960159999999998]
[{"$nulls":8},"Assistência Médica",{"$nulls":4},0,null,0]
[{"$nulls":8},"Seguro de Vida",{"$nulls":4},0.03,null,2.7399999999999998E-3]
[{"$nulls":8},"Desgaste Orgânico",{"$nulls":4},0,null,0]
[{"$nulls":8},"Adicional de Confinamento",{"$nulls":4},0,null,0]
[{"$nulls":8},"Total Encargos Adicionais",{"$nulls":4},26.11,null,2.298756]
[{"$nulls":8},"Encargos Totais",{"$nulls":4},194.39660000000001,null,17.113897999999999]
[{"$nulls":8},"Custo Total",{"$nulls":6},25.917400000000001]
[{"$nulls":8},"Código",null,"Descrição",null,null,"Unidade",null,"Salário \n(R$)"]
[{"$nulls":8},"P9822",null,"Pintor",null,null,"h",null,11.35]
[]
[{"$nulls":8},"Encargos Sociais e Trabalhistas - abril/2025",{"$nulls":4}," %"]
[{"$nulls":8},"Grupo A - Encargos Sociais"]
[{"$nulls":8},"Previdência Social",{"$nulls":4},20]
[{"$nulls":8},"FGTS",{"$nulls":4},8]
[{"$nulls":8},"Salário Educação",{"$nulls":4},2.5]
[{"$nulls":8},"SESC ou SESI",{"$nulls":4},1.5]
[{"$nulls":8},"SENAI / SEBRAE",{"$nulls":4},1.6]
[{"$nulls":8},"INCRA",{"$nulls":4},0.2]
[{"$nulls":8},"Seguro Contra Risco e Acidente de Trabalho",{"$nulls":4},3]
[{"$nulls":8},"SECONCI",{"$nulls":4},0.11111111]
[{"$nulls":8},"FAE - Financiamento de Aposentadoria Especial",{"$nulls":4},0]
[{"$nulls":8},"Total Grupo A",{"$nulls":4},36.91111111]
[{"$nulls":8},"Grupo B - Encargos Trabalhistas"]
[{"$nulls":8},"Repouso Semanal Remunerado - Domingos",{"$nulls":4},18.28909561]
[{"$nulls":8},"Feriados",{"$nulls":4},5.0605243]
[{"$nulls":8},"Férias Gozadas + 1/3",{"$nulls":4},3.94803674]
[{"$nulls":8},"Auxílio Enfermidade",{"$nulls":4},0.89900917000000002]
[{"$nulls":8},"Auxílio Acidente de Trabalho",{"$nulls":4},4.9075639999999997E-2]
[{"$nulls":8},"Licença Paternidade",{"$nulls":4},8.836157E-2]
[{"$nulls":8},"13° Salário",{"$nulls":4},9.2380392699999998]
[{"$nulls":8},"Faltas Justificadas",{"$nulls":4},0.74245508000000005]
[{"$nulls":8},"Férias sobre Licença Maternidade",{"$nulls":4},1.9390799999999999E-3]
[{"$nulls":8},"Reciclagem Tecnológica",{"$nulls":4},0]
[{"$nulls":8},"Total Grupo B",{"$nulls":4},38.316536450000001]
[{"$nulls":8},"Grupo C - Verbas Rescisórias"]
[{"$nulls":8},"Aviso Prévio Indenizado",{"$nulls":4},5.6056642700000001]
[{"$nulls":8},"Aviso Prévio Trabalhado",{"$nulls":4},0.15442670999999999]
[{"$nulls":8},"Férias Indenizadas + 1/3",{"$nulls":4},8.3693489499999991]
[{"$nulls":8},"Depósito por Rescisão Sem Justa Causa",{"$nulls":4},4.4261291700000003]
[{"$nulls":8},"Indenização Adicional",{"$nulls":4},0.92806884000000001]
[{"$nulls":8},"Total Grupo C",{"$nulls":4},19.483637940000001]
[{"$nulls":8},"Grupo D - Verbas Rescisórias"]
[{"$nulls":8},"Reincidência de A sobre B",{"$nulls":4},14.143059340000001]
[{"$nulls":8},"Reincidência de A sobre Aviso Prévio Trabalhado + Reincidência de FGTS sobre Aviso Prévio Indenizado",{"$nulls":4},0.50545375999999997]
[{"$nulls":8},"Total Grupo D",{"$nulls":4},14.648513100000001]
[{"$nulls":8},"Total Encargos Sociais e Trabalhistas - abril/2025",{"$nulls":4},109.36]
[{"$nulls":8},"Periculosidade/Insalubridade",{"$nulls":4}," %",null,"R$"]
[{"$nulls":8},"Total Periculosidade/Insalubridade",{"$nulls":4},0,null,0]
[{"$nulls":8},"Encargos Sociais e Trabalhistas - Média Móvel",{"$nulls":4}," %",null,"R$"]
[{"$nulls":8},"Encargos Sociais e Trabalhistas - Média Móvel - Sobre Salário",{"$nulls":4},109.39,null,12.415765]
[{"$nulls":8},"Encargos Sociais e Trabalhistas - Média Móvel - Sobre Periculosidade/Insalubridade",{"$nulls":4},109.39,null,0]
[{"$nulls":8},"Total Encargos Sociais e Trabalhistas - Média Móvel",{"$nulls":4},109.39,null,12.415765]
[{"$nulls":8},"Encargos Complementares",{"$nulls":4}," %",null,"R$"]
[{"$nulls":8},"Alimentação",{"$nulls":4},31.83,null,3.6132550000000001]
[{"$nulls":8},"EPI",{"$nulls":4},4.3499999999999996,null,0.49388500000000002]
[{"$nulls":8},"Ferramenta",{"$nulls":4},0.72,null,8.1702999999999998E-2]
[{"$nulls":8},"Transporte",{"$nulls":4},8.6199999999999992,null,0.97811700000000001]
[{"$nulls":8},"Consulta Ocupacional",{"$nulls":4},0.51,null,5.7805000000000002E-2]
[{"$nulls":8},"Total Encargos Complementares",{"$nulls":4},46.03,null,5.2247649999999997]
[{"$nulls":8},"Encargos Adicionais",{"$nulls":4}," %",null,"R$"]
[{"$nulls":8},"Cesta Básica",{"$nulls":4},20.23,null,2.2960159999999998]
[{"$nulls":8},"Assistência Médica",{"$nulls":4},0,null,0]
[{"$nulls":8},"Seguro de Vida",{"$nulls":4},0.02,null,2.7399999999999998E-3]
[{"$nulls":8},"Desgaste Orgânico",{"$nulls":4},0,null,0]
[{"$nulls":8},"Adicional de Confinamento",{"$nulls":4},0,null,0]
[{"$nulls":8},"Total Encargos Adicionais",{"$nulls":4},20.25,null,2.298756]
[{"$nulls":8},"Encargos Totais",{"$nulls":4},175.6765,null,19.939285999999999]
[{"$nulls":8},"Custo Total",{"$nulls":6},31.289200000000001]
[{"$nulls":8},"Código",null,"Descrição",null,null,"Unidade",null,"Salário \n(R$)"]
[{"$nulls":8},"P9823",null,"Serralheiro",null,null,"h",null,10.3919]
[]
[{"$nulls":8},"Encargos Sociais e Trabalhistas - abril/2025",{"$nulls":4}," %"]
[{"$nulls":8},"Grupo A - Encargos Sociais"]
[{"$nulls":8},"Previdência Social",{"$nulls":4},20]
[{"$nulls":8},"FGTS",{"$nulls":4},8]
[{"$nulls":8},"Salário Educação",{"$nulls":4},2.5]
[{"$nulls":8},"SESC ou SESI",{"$nulls":4},1.5]
[{"$nulls":8},"SENAI / SEBRAE",{"$nulls":4},1.6]
[{"$nulls":8},"INCRA",{"$nulls":4},0.2]
[{"$nulls":8},"Seguro Contra Risco e Acidente de Trabalho",{"$nulls":4},3]
[{"$nulls":8},"SECONCI",{"$nulls":4},0.11111111]
[{"$nulls":8},"FAE - Financiamento de Aposentadoria Especial",{"$nulls":4},0]
[{"$nulls":8},"Total Grupo A",{"$nulls":4},36.91111111]
[{"$nulls":8},"Grupo B - Encargos Trabalhistas"]
[{"$nulls":8},"Repouso Semanal Remunerado - Domingos",{"$nulls":4},18.435497389999998]
[{"$nulls":8},"Feriados",{"$nulls":4},5.1016559800000003]
[{"$nulls":8},"Férias Gozadas + 1/3",{"$nulls":4},5.0755718400000003]
[{"$nulls":8},"Auxílio Enfermidade",{"$nulls":4},0.89904779000000001]
[{"$nulls":8},"Auxílio Acidente de Trabalho",{"$nulls":4},4.9077750000000003E-2]
[{"$nulls":8},"Licença Paternidade",{"$nulls":4},9.3019530000000003E-2]
[{"$nulls":8},"13° Salário",{"$nulls":4},9.2384360900000004]
[{"$nulls":8},"Faltas Justificadas",{"$nulls":4},0.74248696999999997]
[{"$nulls":8},"Férias sobre Licença Maternidade",{"$nulls":4},1.58099E-3]
[{"$nulls":8},"Reciclagem Tecnológica",{"$nulls":4},0]
[{"$nulls":8},"Total Grupo B",{"$nulls":4},39.636374310000001]
[{"$nulls":8},"Grupo C - Verbas Rescisórias"]
[{"$nulls":8},"Aviso Prévio Indenizado",{"$nulls":4},4.8506042100000002]
[{"$nulls":8},"Aviso Prévio Trabalhado",{"$nulls":4},0.13362607000000001]
[{"$nulls":8},"Férias Indenizadas + 1/3",{"$nulls":4},7.2423429400000003]
[{"$nulls":8},"Depósito por Rescisão Sem Justa Causa",{"$nulls":4},4.4683639800000003]
[{"$nulls":8},"Indenização Adicional",{"$nulls":4},0.92810870999999995]
[{"$nulls":8},"Total Grupo C",{"$nulls":4},17.623045900000001]
[{"$nulls":8},"Grupo D - Verbas Rescisórias"]
[{"$nulls":8},"Reincidência de A sobre B",{"$nulls":4},14.630226159999999]
[{"$nulls":8},"Reincidência de A sobre Aviso Prévio Trabalhado + Reincidência de FGTS sobre Aviso Prévio Indenizado",{"$nulls":4},0.43737120000000002]
[{"$nulls":8},"Total Grupo D",{"$nulls":4},15.06759737]
[{"$nulls":8},"Total Encargos Sociais e Trabalhistas - abril/2025",{"$nulls":4},109.24]
[{"$nulls":8},"Periculosidade/Insalubridade",{"$nulls":4}," %",null,"R$"]
[{"$nulls":8},"Total Periculosidade/Insalubridade",{"$nulls":4},0,null,0]
[{"$nulls":8},"Encargos Sociais e Trabalhistas - Média Móvel",{"$nulls":4}," %",null,"R$"]
[{"$nulls":8},"Encargos Sociais e Trabalhistas - Média Móvel - Sobre Salário",{"$nulls":4},109.3,null,11.358347]
[{"$nulls":8},"Encargos Sociais e Trabalhistas - Média Móvel - Sobre Periculosidade/Insalubridade",{"$nulls":4},109.3,null,0]
[{"$nulls":8},"Total Encargos Sociais e Trabalhistas - Média Móvel",{"$nulls":4},109.3,null,11.358347]
[{"$nulls":8},"Encargos Complementares",{"$nulls":4}," %",null,"R$"]
[{"$nulls":8},"Alimentação",{"$nulls":4},34.770000000000003,null,3.6132550000000001]
[{"$nulls":8},"EPI",{"$nulls":4},4.75,null,0.49388500000000002]
[{"$nulls":8},"Ferramenta",{"$nulls":4},0.64,null,6.6097000000000003E-2]
[{"$nulls":8},"Transporte",{"$nulls":4},9.41,null,0.97811700000000001]
[{"$nulls":8},"Consulta Ocupacional",{"$nulls":4},0.48,null,5.0019000000000001E-2]
[{"$nulls":8},"Total Encargos Complementares",{"$nulls":4},50.05,null,5.2013730000000002]
[{"$nulls":8},"Encargos Adicionais",{"$nulls":4}," %",null,"R$"]
[{"$nulls":8},"Cesta Básica",{"$nulls":4},22.09,null,2.2960159999999998]
[{"$nulls":8},"Assistência Médica",{"$nulls":4},0,null,0]
[{"$nulls":8},"Seguro de Vida",{"$nulls":4},0.03,null,2.7399999999999998E-3]
[{"$nulls":8},"Desgaste Orgânico",{"$nulls":4},0,null,0]
[{"$nulls":8},"Adicional de Confinamento",{"$nulls":4},0,null,0]
[{"$nulls":8},"Total Encargos Adicionais",{"$nulls":4},22.12,null,2.298756]
[{"$nulls":8},"Encargos Totais",{"$nulls":4},181.47280000000001,null,18.858476]
[{"$nulls":8},"Custo Total",{"$nulls":6},29.250299999999999]
[{"$nulls":8},"Código",null,"Descrição",null,null,"Unidade",null,"Salário \n(R$)"]
[{"$nulls":8},"P9824",null,"Servente",null,null,"h",null,6.9]
[]
[{"$nulls":8},"Encargos Sociais e Trabalhistas - abril/2025",{"$nulls":4}," %"]
[{"$nulls":8},"Grupo A - Encargos Sociais"]
[{"$nulls":8},"Previdência Social",{"$nulls":4},20]
[{"$nulls":8},"FGTS",{"$nulls":4},8]
[{"$nulls":8},"Salário Educação",{"$nulls":4},2.5]
[{"$nulls":8},"SESC ou SESI",{"$nulls":4},1.5]
[{"$nulls":8},"SENAI / SEBRAE",{"$nulls":4},1.6]
[{"$nulls":8},"INCRA",{"$nulls":4},0.2]
[{"$nulls":8},"Seguro Contra Risco e Acidente de Trabalho",{"$nulls":4},3]
[{"$nulls":8},"SECONCI",{"$nulls":4},0]
[{"$nulls":8},"FAE - Financiamento de Aposentadoria Especial",{"$nulls":4},0]
[{"$nulls":8},"Total Grupo A",{"$nulls":4},36.799999999999997]
[{"$nulls":8},"Grupo B - Encargos Trabalhistas"]
[{"$nulls":8},"Repouso Semanal Remunerado - Domingos",{"$nulls":4},17.797283109999999]
[{"$nulls":8},"Feriados",{"$nulls":4},4.92230832]
[{"$nulls":8},"Férias Gozadas + 1/3",{"$nulls":4},8.8230619999999996E-2]
[{"$nulls":8},"Auxílio Enfermidade",{"$nulls":4},0.92146187999999996]
[{"$nulls":8},"Auxílio Acidente de Trabalho",{"$nulls":4},4.9094239999999997E-2]
[{"$nulls":8},"Licença Paternidade",{"$nulls":4},9.9054519999999993E-2]
[{"$nulls":8},"13° Salário",{"$nulls":4},9.2415410399999995]
[{"$nulls":8},"Faltas Justificadas",{"$nulls":4},0.74273650999999996]
[{"$nulls":8},"Férias sobre Licença Maternidade",{"$nulls":4},7.0639199999999996E-3]
[{"$nulls":8},"Reciclagem Tecnológica",{"$nulls":4},0]
[{"$nulls":8},"Total Grupo B",{"$nulls":4},33.868774170000002]
[{"$nulls":8},"Grupo C - Verbas Rescisórias"]
[{"$nulls":8},"Aviso Prévio Indenizado",{"$nulls":4},8.1909268500000003]
[{"$nulls":8},"Aviso Prévio Trabalhado",{"$nulls":4},0.22564639]
[{"$nulls":8},"Férias Indenizadas + 1/3",{"$nulls":4},12.2338241]
[{"$nulls":8},"Depósito por Rescisão Sem Justa Causa",{"$nulls":4},4.28380077]
[{"$nulls":8},"Indenização Adicional",{"$nulls":4},0.92842064000000002]
[{"$nulls":8},"Total Grupo C",{"$nulls":4},25.862618749999999]
[{"$nulls":8},"Grupo D - Verbas Rescisórias"]
[{"$nulls":8},"Reincidência de A sobre B",{"$nulls":4},12.4637089]
[{"$nulls":8},"Reincidência de A sobre Aviso Prévio Trabalhado + Reincidência de FGTS sobre Aviso Prévio Indenizado",{"$nulls":4},0.73831201999999996]
[{"$nulls":8},"Total Grupo D",{"$nulls":4},13.202020920000001]
[{"$nulls":8},"Total Encargos Sociais e Trabalhistas - abril/2025",{"$nulls":4},109.73]
[{"$nulls":8},"Periculosidade/Insalubridade",{"$nulls":4}," %",null,"R$"]
[{"$nulls":8},"Total Periculosidade/Insalubridade",{"$nulls":4},0,null,0]
[{"$nulls":8},"Encargos Sociais e Trabalhistas - Média Móvel",{"$nulls":4}," %",null,"R$"]
[{"$nulls":8},"Encargos Sociais e Trabalhistas - Média Móvel - Sobre Salário",{"$nulls":4},109.43,null,7.5506700000000002]
[{"$nulls":8},"Encargos Sociais e Trabalhistas - Média Móvel - Sobre Periculosidade/Insalubridade",{"$nulls":4},109.43,null,0]
[{"$nulls":8},"Total Encargos Sociais e Trabalhistas - Média Móvel",{"$nulls":4},109.43,null,7.5506700000000002]
[{"$nulls":8},"Encargos Complementares",{"$nulls":4}," %",null,"R$"]
[{"$nulls":8},"Alimentação",{"$nulls":4},52.37,null,3.6132550000000001]
[{"$nulls":8},"EPI",{"$nulls":4},5.55,null,0.38295400000000002]
[{"$nulls":8},"Ferramenta",{"$nulls":4},0.73,null,5.0458999999999997E-2]
[{"$nulls":8},"Transporte",{"$nulls":4},14.18,null,0.97811700000000001]
[{"$nulls":8},"Consulta Ocupacional",{"$nulls":4},1.22,null,8.4463999999999997E-2]
[{"$nulls":8},"Total Encargos Complementares",{"$nulls":4},74.05,null,5.1092490000000002]
[{"$nulls":8},"Encargos Adicionais",{"$nulls":4}," %",null,"R$"]
[{"$nulls":8},"Cesta Básica",{"$nulls":4},33.28,null,2.2960159999999998]
[{"$nulls":8},"Assistência Médica",{"$nulls":4},0,null,0]
[{"$nulls":8},"Seguro de Vida",{"$nulls":4},0.04,null,2.7399999999999998E-3]
[{"$nulls":8},"Desgaste Orgânico",{"$nulls":4},0,null,0]
[{"$nulls":8},"Adicional de Confinamento",{"$nulls":4},0,null,0]
[{"$nulls":8},"Total Encargos Adicionais",{"$nulls":4},33.32,null,2.298756]
[{"$nulls":8},"Encargos Totais",{"$nulls":4},216.79239999999999,null,14.958674999999999]
[{"$nulls":8},"Custo Total",{"$nulls":6},21.858599999999999]
[{"$nulls":8},"Código",null,"Descrição",null,null,"Unidade",null,"Salário \n(R$)"]
[{"$nulls":8},"P9825",null,"Soldador",null,null,"h",null,13.501099999999999]
[]
[{"$nulls":8},"Encargos Sociais e Trabalhistas - abril/2025",{"$nulls":4}," %"]
[{"$nulls":8},"Grupo A - Encargos Sociais"]
[{"$nulls":8},"Previdência Social",{"$nulls":4},20]
[{"$nulls":8},"FGTS",{"$nulls":4},8]
[{"$nulls":8},"Salário Educação",{"$nulls":4},2.5]
[{"$nulls":8},"SESC ou SESI",{"$nulls":4},1.5]
[{"$nulls":8},"SENAI / SEBRAE",{"$nulls":4},1.6]
[{"$nulls":8},"INCRA",{"$nulls":4},0.2]
[{"$nulls":8},"Seguro Contra Risco e Acidente de Trabalho",{"$nulls":4},3]
[{"$nulls":8},"SECONCI",{"$nulls":4},0.11111111]
[{"$nulls":8},"FAE - Financiamento de Aposentadoria Especial",{"$nulls":4},0]
[{"$nulls":8},"Total Grupo A",{"$nulls":4},36.91111111]
[{"$nulls":8},"Grupo B - Encargos Trabalhistas"]
[{"$nulls":8},"Repouso Semanal Remunerado - Domingos",{"$nulls":4},18.377795209999999]
[{"$nulls":8},"Feriados",{"$nulls":4},5.0854374099999999]
[{"$nulls":8},"Férias Gozadas + 1/3",{"$nulls":4},4.6186686100000003]
[{"$nulls":8},"Auxílio Enfermidade",{"$nulls":4},0.89911421999999996]
[{"$nulls":8},"Auxílio Acidente de Trabalho",{"$nulls":4},4.9081380000000001E-2]
[{"$nulls":8},"Licença Paternidade",{"$nulls":4},9.6254060000000002E-2]
[{"$nulls":8},"13° Salário",{"$nulls":4},9.2391187000000006]
[{"$nulls":8},"Faltas Justificadas",{"$nulls":4},0.74254182999999996]
[{"$nulls":8},"Férias sobre Licença Maternidade",{"$nulls":4},5.7341900000000001E-3]
[{"$nulls":8},"Reciclagem Tecnológica",{"$nulls":4},0]
[{"$nulls":8},"Total Grupo B",{"$nulls":4},39.113745600000001]
[{"$nulls":8},"Grupo C - Verbas Rescisórias"]
[{"$nulls":8},"Aviso Prévio Indenizado",{"$nulls":4},5.1568465300000002]
[{"$nulls":8},"Aviso Prévio Trabalhado",{"$nulls":4},0.14206252999999999]
[{"$nulls":8},"Férias Indenizadas + 1/3",{"$nulls":4},7.7001563199999996]
[{"$nulls":8},"Depósito por Rescisão Sem Justa Causa",{"$nulls":4},4.4516398600000002]
[{"$nulls":8},"Indenização Adicional",{"$nulls":4},0.92817729000000004]
[{"$nulls":8},"Total Grupo C",{"$nulls":4},18.378882529999998]
[{"$nulls":8},"Grupo D - Verbas Rescisórias"]
[{"$nulls":8},"Reincidência de A sobre B",{"$nulls":4},14.437318100000001]
[{"$nulls":8},"Reincidência de A sobre Aviso Prévio Trabalhado + Reincidência de FGTS sobre Aviso Prévio Indenizado",{"$nulls":4},0.46498457999999998]
[{"$nulls":8},"Total Grupo D",{"$nulls":4},14.90230268]
[{"$nulls":8},"Total Encargos Sociais e Trabalhistas - abril/2025",{"$nulls":4},109.31]
[{"$nulls":8},"Periculosidade/Insalubridade",{"$nulls":4}," %",null,"R$"]
[{"$nulls":8},"Total Periculosidade/Insalubridade",{"$nulls":4},0,null,0]
[{"$nulls":8},"Encargos Sociais e Trabalhistas - Média Móvel",{"$nulls":4}," %",null,"R$"]
[{"$nulls":8},"Encargos Sociais e Trabalhistas - Média Móvel - Sobre Salário",{"$nulls":4},109.39,null,14.768853]
[{"$nulls":8},"Encargos Sociais e Trabalhistas - Média Móvel - Sobre Periculosidade/Insalubridade",{"$nulls":4},109.39,null,0]
[{"$nulls":8},"Total Encargos Sociais e Trabalhistas - Média Móvel",{"$nulls":4},109.39,null,14.768853]
[{"$nulls":8},"Encargos Complementares",{"$nulls":4}," %",null,"R$"]
[{"$nulls":8},"Alimentação",{"$nulls":4},26.76,null,3.6132550000000001]
[{"$nulls":8},"EPI",{"$nulls":4},4.13,null,0.55789900000000003]
[{"$nulls":8},"Ferramenta",{"$nulls":4},0.36,null,4.8889000000000002E-2]
[{"$nulls":8},"Transporte",{"$nulls":4},7.24,null,0.97811700000000001]
[{"$nulls":8},"Consulta Ocupacional",{"$nulls":4},0.39,null,5.3177000000000002E-2]
[{"$nulls":8},"Total Encargos Complementares",{"$nulls":4},38.880000000000003,null,5.2513370000000004]
[{"$nulls":8},"Encargos Adicionais",{"$nulls":4}," %",null,"R$"]
[{"$nulls":8},"Cesta Básica",{"$nulls":4},17.010000000000002,null,2.2960159999999998]
[{"$nulls":8},"Assistência Médica",{"$nulls":4},0,null,0]
[{"$nulls":8},"Seguro de Vida",{"$nulls":4},0.02,null,2.7399999999999998E-3]
[{"$nulls":8},"Desgaste Orgânico",{"$nulls":4},0,null,0]
[{"$nulls":8},"Adicional de Confinamento",{"$nulls":4},0,null,0]
[{"$nulls":8},"Total Encargos Adicionais",{"$nulls":4},17.03,null,2.298756]
[{"$nulls":8},"Encargos Totais",{"$nulls":4},165.31209999999999,null,22.318946]
[{"$nulls":8},"Custo Total",{"$nulls":6},35.82]
[{"$nulls":8},"Código",null,"Descrição",null,null,"Unidade",null,"Salário \n(R$)"]
[{"$nulls":8},"P9826",null,"Chefe setor de finanças",null,null,"mês",null,14401.2338]
[]
[{"$nulls":8},"Encargos Sociais e Trabalhistas - abril/2025",{"$nulls":4}," %"]
[{"$nulls":8},"Grupo A - Encargos Sociais"]
[{"$nulls":8},"Previdência Social",{"$nulls":4},20]
[{"$nulls":8},"FGTS",{"$nulls":4},8]
[{"$nulls":8},"Salário Educação",{"$nulls":4},2.5]
[{"$nulls":8},"SESC ou SESI",{"$nulls":4},1.5]
[{"$nulls":8},"SENAI / SEBRAE",{"$nulls":4},1.6]
[{"$nulls":8},"INCRA",{"$nulls":4},0.2]
[{"$nulls":8},"Seguro Contra Risco e Acidente de Trabalho",{"$nulls":4},3]
[{"$nulls":8},"SECONCI",{"$nulls":4},0.41481480999999998]
[{"$nulls":8},"FAE - Financiamento de Aposentadoria Especial",{"$nulls":4},0]
[{"$nulls":8},"Total Grupo A",{"$nulls":4},37.21481481]
[{"$nulls":8},"Grupo B - Encargos Trabalhistas"]
[{"$nulls":8},"Repouso Semanal Remunerado - Domingos",{"$nulls":4},0]
[{"$nulls":8},"Feriados",{"$nulls":4},0]
[{"$nulls":8},"Férias Gozadas + 1/3",{"$nulls":4},9.9977229199999993]
[{"$nulls":8},"Auxílio Enfermidade",{"$nulls":4},0.90931032000000001]
[{"$nulls":8},"Auxílio Acidente de Trabalho",{"$nulls":4},4.9124090000000002E-2]
[{"$nulls":8},"Licença Paternidade",{"$nulls":4},4.2694610000000001E-2]
[{"$nulls":8},"13° Salário",{"$nulls":4},9.2471594100000001]
[{"$nulls":8},"Faltas Justificadas",{"$nulls":4},0.74318804999999999]
[{"$nulls":8},"Férias sobre Licença Maternidade",{"$nulls":4},0.13689177999999999]
[{"$nulls":8},"Reciclagem Tecnológica",{"$nulls":4},0]
[{"$nulls":8},"Total Grupo B",{"$nulls":4},21.126091169999999]
[{"$nulls":8},"Grupo C - Verbas Rescisórias"]
[{"$nulls":8},"Aviso Prévio Indenizado",{"$nulls":4},2.1276540599999998]
[{"$nulls":8},"Aviso Prévio Trabalhado",{"$nulls":4},4.2983109999999998E-2]
[{"$nulls":8},"Férias Indenizadas + 1/3",{"$nulls":4},2.3318229599999998]
[{"$nulls":8},"Depósito por Rescisão Sem Justa Causa",{"$nulls":4},3.8760349199999999]
[{"$nulls":8},"Indenização Adicional",{"$nulls":4},0.92898506999999997]
[{"$nulls":8},"Total Grupo C",{"$nulls":4},9.3074801100000002]
[{"$nulls":8},"Grupo D - Verbas Rescisórias"]
[{"$nulls":8},"Reincidência de A sobre B",{"$nulls":4},7.8620357099999998]
[{"$nulls":8},"Reincidência de A sobre Aviso Prévio Trabalhado + Reincidência de FGTS sobre Aviso Prévio Indenizado",{"$nulls":4},0.18620840999999999]
[{"$nulls":8},"Total Grupo D",{"$nulls":4},8.0482441199999997]
[{"$nulls":8},"Total Encargos Sociais e Trabalhistas - abril/2025",{"$nulls":4},75.7]
[{"$nulls":8},"Periculosidade/Insalubridade",{"$nulls":4}," %",null,"R$"]
[{"$nulls":8},"Total Periculosidade/Insalubridade",{"$nulls":4},0,null,0]
[{"$nulls":8},"Encargos Sociais e Trabalhistas - Média Móvel",{"$nulls":4}," %",null,"R$"]
[{"$nulls":8},"Encargos Sociais e Trabalhistas - Média Móvel - Sobre Salário",{"$nulls":4},75.680000000000007,null,10898.85374]
[{"$nulls":8},"Encargos Sociais e Trabalhistas - Média Móvel - Sobre Periculosidade/Insalubridade",{"$nulls":4},75.680000000000007,null,0]
[{"$nulls":8},"Total Encargos Sociais e Trabalhistas - Média Móvel",{"$nulls":4},75.680000000000007,null,10898.85374]
[{"$nulls":8},"Encargos Complementares",{"$nulls":4}," %",null,"R$"]
[{"$nulls":8},"Alimentação",{"$nulls":4},4.58,null,659.38283200000001]
[{"$nulls":8},"EPI",{"$nulls":4},0.44,null,63.953294999999997]
[{"$nulls":8},"Ferramenta",{"$nulls":4},0,null,0]
[{"$nulls":8},"Transporte",{"$nulls":4},1.24,null,178.49648400000001]
[{"$nulls":8},"Consulta Ocupacional",{"$nulls":4},0.04,null,5.872325]
[{"$nulls":8},"Total Encargos Complementares",{"$nulls":4},6.3,null,907.70493599999998]
[{"$nulls":8},"Encargos Adicionais",{"$nulls":4}," %",null,"R$"]
[{"$nulls":8},"Cesta Básica",{"$nulls":4},2.91,null,419]
[{"$nulls":8},"Assistência Médica",{"$nulls":4},0,null,0]
[{"$nulls":8},"Seguro de Vida",{"$nulls":4},0,null,0.5]
[{"$nulls":8},"Desgaste Orgânico",{"$nulls":4},0,null,0]
[{"$nulls":8},"Adicional de Confinamento",{"$nulls":4},0,null,0]
[{"$nulls":8},"Total Encargos Adicionais",{"$nulls":4},2.91,null,419.5]
[{"$nulls":8},"Encargos Totais",{"$nulls":4},84.895899999999997,null,12226.058676000001]
[{"$nulls":8},"Custo Total",{"$nulls":6},26627.290799999999]
[{"$nulls":8},"Código",null,"Descrição",null,null,"Unidade",null,"Salário \n(R$)"]
[{"$nulls":8},"P9827",null,"Vigia",null,null,"mês",null,1657.3]
[]
[{"$nulls":8},"Encargos Sociais e Trabalhistas - abril/2025",{"$nulls":4}," %"]
[{"$nulls":8},"Grupo A - Encargos Sociais"]
[{"$nulls":8},"Previdência Social",{"$nulls":4},20]
[{"$nulls":8},"FGTS",{"$nulls":4},8]
[{"$nulls":8},"Salário Educação",{"$nulls":4},2.5]
[{"$nulls":8},"SESC ou SESI",{"$nulls":4},1.5]
[{"$nulls":8},"SENAI / SEBRAE",{"$nulls":4},1.6]
[{"$nulls":8},"INCRA",{"$nulls":4},0.2]
[{"$nulls":8},"Seguro Contra Risco e Acidente de Trabalho",{"$nulls":4},3]
[{"$nulls":8},"SECONCI",{"$nulls":4},0]
[{"$nulls":8},"FAE - Financiamento de Aposentadoria Especial",{"$nulls":4},0]
[{"$nulls":8},"Total Grupo A",{"$nulls":4},36.799999999999997]
[{"$nulls":8},"Grupo B - Encargos Trabalhistas"]
[{"$nulls":8},"Repouso Semanal Remunerado - Domingos",{"$nulls":4},0]
[{"$nulls":8},"Feriados",{"$nulls":4},0]
[{"$nulls":8},"Férias Gozadas + 1/3",{"$nulls":4},5.1284308000000003]
[{"$nulls":8},"Auxílio Enfermidade",{"$nulls":4},0.92126476000000002]
[{"$nulls":8},"Auxílio Acidente de Trabalho",{"$nulls":4},4.9083740000000001E-2]
[{"$nulls":8},"Licença Paternidade",{"$nulls":4},8.4718219999999997E-2]
[{"$nulls":8},"13° Salário",{"$nulls":4},9.2395641400000006]
[{"$nulls":8},"Faltas Justificadas",{"$nulls":4},0.74257762999999999]
[{"$nulls":8},"Férias sobre Licença Maternidade",{"$nulls":4},0]
[{"$nulls":8},"Reciclagem Tecnológica",{"$nulls":4},0]
[{"$nulls":8},"Total Grupo B",{"$nulls":4},16.165639290000001]
[{"$nulls":8},"Grupo C - Verbas Rescisórias"]
[{"$nulls":8},"Aviso Prévio Indenizado",{"$nulls":4},4.8156209399999996]
[{"$nulls":8},"Aviso Prévio Trabalhado",{"$nulls":4},0.13266233999999999]
[{"$nulls":8},"Férias Indenizadas + 1/3",{"$nulls":4},7.1909880499999996]
[{"$nulls":8},"Depósito por Rescisão Sem Justa Causa",{"$nulls":4},3.7173004600000001]
[{"$nulls":8},"Indenização Adicional",{"$nulls":4},0.92822203999999997]
[{"$nulls":8},"Total Grupo C",{"$nulls":4},16.784793820000001]
[{"$nulls":8},"Grupo D - Verbas Rescisórias"]
[{"$nulls":8},"Reincidência de A sobre B",{"$nulls":4},5.94895526]
[{"$nulls":8},"Reincidência de A sobre Aviso Prévio Trabalhado + Reincidência de FGTS sobre Aviso Prévio Indenizado",{"$nulls":4},0.43406941999999998]
[{"$nulls":8},"Total Grupo D",{"$nulls":4},6.3830246700000002]
[{"$nulls":8},"Total Encargos Sociais e Trabalhistas - abril/2025",{"$nulls":4},76.13]
[{"$nulls":8},"Periculosidade/Insalubridade",{"$nulls":4}," %",null,"R$"]
[{"$nulls":8},"Total Periculosidade/Insalubridade",{"$nulls":4},30,null,497.19]
[{"$nulls":8},"Encargos Sociais e Trabalhistas - Média Móvel",{"$nulls":4}," %",null,"R$"]
[{"$nulls":8},"Encargos Sociais e Trabalhistas - Média Móvel - Sobre Salário",{"$nulls":4},76.209999999999994,null,1263.0283300000001]
[{"$nulls":8},"Encargos Sociais e Trabalhistas - Média Móvel - Sobre Periculosidade/Insalubridade",{"$nulls":4},76.209999999999994,null,378.90849900000001]
[{"$nulls":8},"Total Encargos Sociais e Trabalhistas - Média Móvel",{"$nulls":4},76.209999999999994,null,1641.936829]
[{"$nulls":8},"Encargos Complementares",{"$nulls":4}," %",null,"R$"]
[{"$nulls":8},"Alimentação",{"$nulls":4},39.79,null,659.38283200000001]
[{"$nulls":8},"EPI",{"$nulls":4},3.92,null,65.001029000000003]
[{"$nulls":8},"Ferramenta",{"$nulls":4},0,null,0]
[{"$nulls":8},"Transporte",{"$nulls":4},10.77,null,178.49648400000001]
[{"$nulls":8},"Consulta Ocupacional",{"$nulls":4},0.55000000000000004,null,9.0621229999999997]
[{"$nulls":8},"Total Encargos Complementares",{"$nulls":4},55.03,null,911.94246799999996]
[{"$nulls":8},"Encargos Adicionais",{"$nulls":4}," %",null,"R$"]
[{"$nulls":8},"Cesta Básica",{"$nulls":4},25.28,null,419]
[{"$nulls":8},"Assistência Médica",{"$nulls":4},0,null,0]
[{"$nulls":8},"Seguro de Vida",{"$nulls":4},0.03,null,0.5]
[{"$nulls":8},"Desgaste Orgânico",{"$nulls":4},0,null,0]
[{"$nulls":8},"Adicional de Confinamento",{"$nulls":4},0,null,0]
[{"$nulls":8},"Total Encargos Adicionais",{"$nulls":4},25.31,null,419.5]
[{"$nulls":8},"Encargos Totais",{"$nulls":4},179.411,null,2973.379297]
[{"$nulls":8},"Custo Total",{"$nulls":6},5127.8684999999996]
[{"$nulls":8},"Código",null,"Descrição",null,null,"Unidade",null,"Salário \n(R$)"]
[{"$nulls":8},"P9830",null,"Montador",null,null,"h",null,11.449199999999999]
[]
[{"$nulls":8},"Encargos Sociais e Trabalhistas - abril/2025",{"$nulls":4}," %"]
[{"$nulls":8},"Grupo A - Encargos Sociais"]
[{"$nulls":8},"Previdência Social",{"$nulls":4},20]
[{"$nulls":8},"FGTS",{"$nulls":4},8]
[{"$nulls":8},"Salário Educação",{"$nulls":4},2.5]
[{"$nulls":8},"SESC ou SESI",{"$nulls":4},1.5]
[{"$nulls":8},"SENAI / SEBRAE",{"$nulls":4},1.6]
[{"$nulls":8},"INCRA",{"$nulls":4},0.2]
[{"$nulls":8},"Seguro Contra Risco e Acidente de Trabalho",{"$nulls":4},3]
[{"$nulls":8},"SECONCI",{"$nulls":4},0.11111111]
[{"$nulls":8},"FAE - Financiamento de Aposentadoria Especial",{"$nulls":4},0]
[{"$nulls":8},"Total Grupo A",{"$nulls":4},36.91111111]
[{"$nulls":8},"Grupo B - Encargos Trabalhistas"]
[{"$nulls":8},"Repouso Semanal Remunerado - Domingos",{"$nulls":4},18.188509289999999]
[{"$nulls":8},"Feriados",{"$nulls":4},5.0322498500000004]
[{"$nulls":8},"Férias Gozadas + 1/3",{"$nulls":4},3.1475664299999999]
[{"$nulls":8},"Auxílio Enfermidade",{"$nulls":4},0.89915107999999999]
[{"$nulls":8},"Auxílio Acidente de Trabalho",{"$nulls":4},4.9083389999999998E-2]
[{"$nulls":8},"Licença Paternidade",{"$nulls":4},0.10488354]
[{"$nulls":8},"13° Salário",{"$nulls":4},9.2394974899999998]
[{"$nulls":8},"Faltas Justificadas",{"$nulls":4},0.74257227000000003]
[{"$nulls":8},"Férias sobre Licença Maternidade",{"$nulls":4},1.21725E-3]
[{"$nulls":8},"Reciclagem Tecnológica",{"$nulls":4},0]
[{"$nulls":8},"Total Grupo B",{"$nulls":4},37.40473059]
[{"$nulls":8},"Grupo C - Verbas Rescisórias"]
[{"$nulls":8},"Aviso Prévio Indenizado",{"$nulls":4},6.1421399900000004]
[{"$nulls":8},"Aviso Prévio Trabalhado",{"$nulls":4},0.16920573]
[{"$nulls":8},"Férias Indenizadas + 1/3",{"$nulls":4},9.1717635600000005]
[{"$nulls":8},"Depósito por Rescisão Sem Justa Causa",{"$nulls":4},4.39695138]
[{"$nulls":8},"Indenização Adicional",{"$nulls":4},0.92821534000000006]
[{"$nulls":8},"Total Grupo C",{"$nulls":4},20.808275999999999]
[{"$nulls":8},"Grupo D - Verbas Rescisórias"]
[{"$nulls":8},"Reincidência de A sobre B",{"$nulls":4},13.806501669999999]
[{"$nulls":8},"Reincidência de A sobre Aviso Prévio Trabalhado + Reincidência de FGTS sobre Aviso Prévio Indenizado",{"$nulls":4},0.55382690999999995]
[{"$nulls":8},"Total Grupo D",{"$nulls":4},14.360328579999999]
[{"$nulls":8},"Total Encargos Sociais e Trabalhistas - abril/2025",{"$nulls":4},109.48]
[{"$nulls":8},"Periculosidade/Insalubridade",{"$nulls":4}," %",null,"R$"]
[{"$nulls":8},"Total Periculosidade/Insalubridade",{"$nulls":4},0,null,0]
[{"$nulls":8},"Encargos Sociais e Trabalhistas - Média Móvel",{"$nulls":4}," %",null,"R$"]
[{"$nulls":8},"Encargos Sociais e Trabalhistas - Média Móvel - Sobre Salário",{"$nulls":4},109.6,null,12.548323]
[{"$nulls":8},"Encargos Sociais e Trabalhistas - Média Móvel - Sobre Periculosidade/Insalubridade",{"$nulls":4},109.6,null,0]
[{"$nulls":8},"Total Encargos Sociais e Trabalhistas - Média Móvel",{"$nulls":4},109.6,null,12.548323]
[{"$nulls":8},"Encargos Complementares",{"$nulls":4}," %",null,"R$"]
[{"$nulls":8},"Alimentação",{"$nulls":4},31.56,null,3.6132550000000001]
[{"$nulls":8},"EPI",{"$nulls":4},4.37,null,0.50046199999999996]
[{"$nulls":8},"Ferramenta",{"$nulls":4},6.05,null,0.69280699999999995]
[{"$nulls":8},"Transporte",{"$nulls":4},8.5399999999999991,null,0.97811700000000001]
[{"$nulls":8},"Consulta Ocupacional",{"$nulls":4},0.55000000000000004,null,6.3337000000000004E-2]
[{"$nulls":8},"Total Encargos Complementares",{"$nulls":4},51.07,null,5.8479780000000003]
[{"$nulls":8},"Encargos Adicionais",{"$nulls":4}," %",null,"R$"]
[{"$nulls":8},"Cesta Básica",{"$nulls":4},20.05,null,2.2960159999999998]
[{"$nulls":8},"Assistência Médica",{"$nulls":4},0,null,0]
[{"$nulls":8},"Seguro de Vida",{"$nulls":4},0.02,null,2.7399999999999998E-3]
[{"$nulls":8},"Desgaste Orgânico",{"$nulls":4},0,null,0]
[{"$nulls":8},"Adicional de Confinamento",{"$nulls":4},0,null,0]
[{"$nulls":8},"Total Encargos Adicionais",{"$nulls":4},20.07,null,2.298756]
[{"$nulls":8},"Encargos Totais",{"$nulls":4},180.75550000000001,null,20.695056999999998]
[{"$nulls":8},"Custo Total",{"$nulls":6},32.144199999999998]
[{"$nulls":8},"Código",null,"Descrição",null,null,"Unidade",null,"Salário \n(R$)"]
[{"$nulls":8},"P9833",null,"Auxiliar de laboratório",null,null,"mês",null,2497]
[]
[{"$nulls":8},"Encargos Sociais e Trabalhistas - abril/2025",{"$nulls":4}," %"]
[{"$nulls":8},"Grupo A - Encargos Sociais"]
[{"$nulls":8},"Previdência Social",{"$nulls":4},20]
[{"$nulls":8},"FGTS",{"$nulls":4},8]
[{"$nulls":8},"Salário Educação",{"$nulls":4},2.5]
[{"$nulls":8},"SESC ou SESI",{"$nulls":4},1.5]
[{"$nulls":8},"SENAI / SEBRAE",{"$nulls":4},1.6]
[{"$nulls":8},"INCRA",{"$nulls":4},0.2]
[{"$nulls":8},"Seguro Contra Risco e Acidente de Trabalho",{"$nulls":4},3]
[{"$nulls":8},"SECONCI",{"$nulls":4},0.11111111]
[{"$nulls":8},"FAE - Financiamento de Aposentadoria Especial",{"$nulls":4},0]
[{"$nulls":8},"Total Grupo A",{"$nulls":4},36.91111111]
[{"$nulls":8},"Grupo B - Encargos Trabalhistas"]
[{"$nulls":8},"Repouso Semanal Remunerado - Domingos",{"$nulls":4},0]
[{"$nulls":8},"Feriados",{"$nulls":4},0]
[{"$nulls":8},"Férias Gozadas + 1/3",{"$nulls":4},3.3593673100000001]
[{"$nulls":8},"Auxílio Enfermidade",{"$nulls":4},0.89912996000000001]
[{"$nulls":8},"Auxílio Acidente de Trabalho",{"$nulls":4},4.9082239999999999E-2]
[{"$nulls":8},"Licença Paternidade",{"$nulls":4},9.7862130000000006E-2]
[{"$nulls":8},"13° Salário",{"$nulls":4},9.2392804900000005]
[{"$nulls":8},"Faltas Justificadas",{"$nulls":4},0.74255483]
[{"$nulls":8},"Férias sobre Licença Maternidade",{"$nulls":4},5.8785900000000004E-3]
[{"$nulls":8},"Reciclagem Tecnológica",{"$nulls":4},0]
[{"$nulls":8},"Total Grupo B",{"$nulls":4},14.39315554]
[{"$nulls":8},"Grupo C - Verbas Rescisórias"]
[{"$nulls":8},"Aviso Prévio Indenizado",{"$nulls":4},6.0002484899999997]
[{"$nulls":8},"Aviso Prévio Trabalhado",{"$nulls":4},0.16529685]
[{"$nulls":8},"Férias Indenizadas + 1/3",{"$nulls":4},8.9596733499999992]
[{"$nulls":8},"Depósito por Rescisão Sem Justa Causa",{"$nulls":4},3.6605809800000002]
[{"$nulls":8},"Indenização Adicional",{"$nulls":4},0.92819353999999998]
[{"$nulls":8},"Total Grupo C",{"$nulls":4},19.713993210000002]
[{"$nulls":8},"Grupo D - Verbas Rescisórias"]
[{"$nulls":8},"Reincidência de A sobre B",{"$nulls":4},5.3126736299999999]
[{"$nulls":8},"Reincidência de A sobre Aviso Prévio Trabalhado + Reincidência de FGTS sobre Aviso Prévio Indenizado",{"$nulls":4},0.54103277999999999]
[{"$nulls":8},"Total Grupo D",{"$nulls":4},5.85370642]
[{"$nulls":8},"Total Encargos Sociais e Trabalhistas - abril/2025",{"$nulls":4},76.87]
[{"$nulls":8},"Periculosidade/Insalubridade",{"$nulls":4}," %",null,"R$"]
[{"$nulls":8},"Total Periculosidade/Insalubridade",{"$nulls":4},0,null,0]
[{"$nulls":8},"Encargos Sociais e Trabalhistas - Média Móvel",{"$nulls":4}," %",null,"R$"]
[{"$nulls":8},"Encargos Sociais e Trabalhistas - Média Móvel - Sobre Salário",{"$nulls":4},77.03,null,1923.4391000000001]
[{"$nulls":8},"Encargos Sociais e Trabalhistas - Média Móvel - Sobre Periculosidade/Insalubridade",{"$nulls":4},77.03,null,0]
[{"$nulls":8},"Total Encargos Sociais e Trabalhistas - Média Móvel",{"$nulls":4},77.03,null,1923.4391000000001]
[{"$nulls":8},"Encargos Complementares",{"$nulls":4}," %",null,"R$"]
[{"$nulls":8},"Alimentação",{"$nulls":4},26.41,null,659.38283200000001]
[{"$nulls":8},"EPI",{"$nulls":4},2.15,null,53.786180999999999]
[{"$nulls":8},"Ferramenta",{"$nulls":4},0,null,0]
[{"$nulls":8},"Transporte",{"$nulls":4},7.15,null,178.49648400000001]
[{"$nulls":8},"Consulta Ocupacional",{"$nulls":4},0.45,null,11.291377000000001]
[{"$nulls":8},"Total Encargos Complementares",{"$nulls":4},36.159999999999997,null,902.95687399999997]
[{"$nulls":8},"Encargos Adicionais",{"$nulls":4}," %",null,"R$"]
[{"$nulls":8},"Cesta Básica",{"$nulls":4},16.78,null,419]
[{"$nulls":8},"Assistência Médica",{"$nulls":4},0,null,0]
[{"$nulls":8},"Seguro de Vida",{"$nulls":4},0.02,null,0.5]
[{"$nulls":8},"Desgaste Orgânico",{"$nulls":4},0,null,0]
[{"$nulls":8},"Adicional de Confinamento",{"$nulls":4},0,null,0]
[{"$nulls":8},"Total Encargos Adicionais",{"$nulls":4},16.8,null,419.5]
[{"$nulls":8},"Encargos Totais",{"$nulls":4},129.99180000000001,null,3245.895974]
[{"$nulls":8},"Custo Total",{"$nulls":6},5742.8951999999999]
[{"$nulls":8},"Código",null,"Descrição",null,null,"Unidade",null,"Salário \n(R$)"]
[{"$nulls":8},"P9837",null,"Oceanógrafo",null,null,"mês",null,6355.5483000000004]
[]
[{"$nulls":8},"Encargos Sociais e Trabalhistas - abril/2025",{"$nulls":4}," %"]
[{"$nulls":8},"Grupo A - Encargos Sociais"]
[{"$nulls":8},"Previdência Social",{"$nulls":4},20]
[{"$nulls":8},"FGTS",{"$nulls":4},8]
[{"$nulls":8},"Salário Educação",{"$nulls":4},2.5]
[{"$nulls":8},"SESC ou SESI",{"$nulls":4},1.5]
[{"$nulls":8},"SENAI / SEBRAE",{"$nulls":4},1.6]
[{"$nulls":8},"INCRA",{"$nulls":4},0.2]
[{"$nulls":8},"Seguro Contra Risco e Acidente de Trabalho",{"$nulls":4},3]
[{"$nulls":8},"SECONCI",{"$nulls":4},0.41481480999999998]
[{"$nulls":8},"FAE - Financiamento de Aposentadoria Especial",{"$nulls":4},0]
[{"$nulls":8},"Total Grupo A",{"$nulls":4},37.21481481]
[{"$nulls":8},"Grupo B - Encargos Trabalhistas"]
[{"$nulls":8},"Repouso Semanal Remunerado - Domingos",{"$nulls":4},0]
[{"$nulls":8},"Feriados",{"$nulls":4},0]
[{"$nulls":8},"Férias Gozadas + 1/3",{"$nulls":4},6.1897064899999998]
[{"$nulls":8},"Auxílio Enfermidade",{"$nulls":4},0.90951652999999999]
[{"$nulls":8},"Auxílio Acidente de Trabalho",{"$nulls":4},5.0976519999999997E-2]
[{"$nulls":8},"Licença Paternidade",{"$nulls":4},6.0050810000000003E-2]
[{"$nulls":8},"13° Salário",{"$nulls":4},9.2492608700000005]
[{"$nulls":8},"Faltas Justificadas",{"$nulls":4},0.74335695000000002]
[{"$nulls":8},"Férias sobre Licença Maternidade",{"$nulls":4},0.14040933999999999]
[{"$nulls":8},"Reciclagem Tecnológica",{"$nulls":4},0]
[{"$nulls":8},"Total Grupo B",{"$nulls":4},17.34327751]
[{"$nulls":8},"Grupo C - Verbas Rescisórias"]
[{"$nulls":8},"Aviso Prévio Indenizado",{"$nulls":4},4.4828262099999998]
[{"$nulls":8},"Aviso Prévio Trabalhado",{"$nulls":4},0.1132032]
[{"$nulls":8},"Férias Indenizadas + 1/3",{"$nulls":4},6.1426413399999999]
[{"$nulls":8},"Depósito por Rescisão Sem Justa Causa",{"$nulls":4},3.7549848799999999]
[{"$nulls":8},"Indenização Adicional",{"$nulls":4},0.92919618999999998]
[{"$nulls":8},"Total Grupo C",{"$nulls":4},15.42285182]
[{"$nulls":8},"Grupo D - Verbas Rescisórias"]
[{"$nulls":8},"Reincidência de A sobre B",{"$nulls":4},6.4542686099999997]
[{"$nulls":8},"Reincidência de A sobre Aviso Prévio Trabalhado + Reincidência de FGTS sobre Aviso Prévio Indenizado",{"$nulls":4},0.40075445999999998]
[{"$nulls":8},"Total Grupo D",{"$nulls":4},6.8550230599999997]
[{"$nulls":8},"Total Encargos Sociais e Trabalhistas - abril/2025",{"$nulls":4},76.84]
[{"$nulls":8},"Periculosidade/Insalubridade",{"$nulls":4}," %",null,"R$"]
[{"$nulls":8},"Total Periculosidade/Insalubridade",{"$nulls":4},0,null,0]
[{"$nulls":8},"Encargos Sociais e Trabalhistas - Média Móvel",{"$nulls":4}," %",null,"R$"]
[{"$nulls":8},"Encargos Sociais e Trabalhistas - Média Móvel - Sobre Salário",{"$nulls":4},76.510000000000005,null,4862.6300039999996]
[{"$nulls":8},"Encargos Sociais e Trabalhistas - Média Móvel - Sobre Periculosidade/Insalubridade",{"$nulls":4},76.510000000000005,null,0]
[{"$nulls":8},"Total Encargos Sociais e Trabalhistas - Média Móvel",{"$nulls":4},76.510000000000005,null,4862.6300039999996]
[{"$nulls":8},"Encargos Complementares",{"$nulls":4}," %",null,"R$"]
[{"$nulls":8},"Alimentação",{"$nulls":4},13.76,null,874.50499000000002]
[{"$nulls":8},"EPI",{"$nulls":4},0,null,0]
[{"$nulls":8},"Ferramenta",{"$nulls":4},0,null,0]
[{"$nulls":8},"Transporte",{"$nulls":4},0,null,0]
[{"$nulls":8},"Consulta Ocupacional",{"$nulls":4},0.18,null,11.599313]
[{"$nulls":8},"Total Encargos Complementares",{"$nulls":4},13.94,null,886.10430299999996]
[{"$nulls":8},"Encargos Adicionais",{"$nulls":4}," %",null,"R$"]
[{"$nulls":8},"Cesta Básica",{"$nulls":4},4.72,null,300]
[{"$nulls":8},"Assistência Médica",{"$nulls":4},0,null,0]
[{"$nulls":8},"Seguro de Vida",{"$nulls":4},0.08,null,4.99]
[{"$nulls":8},"Desgaste Orgânico",{"$nulls":4},0,null,0]
[{"$nulls":8},"Adicional de Confinamento",{"$nulls":4},0,null,0]
[{"$nulls":8},"Total Encargos Adicionais",{"$nulls":4},4.8,null,304.99]
[{"$nulls":8},"Encargos Totais",{"$nulls":4},95.251000000000005,null,6053.7243070000004]
[{"$nulls":8},"Custo Total",{"$nulls":6},12409.2716]
[{"$nulls":8},"Código",null,"Descrição",null,null,"Unidade",null,"Salário \n(R$)"]
[{"$nulls":8},"P9840",null,"Encarregado geral",null,null,"mês",null,6483.3728000000001]
[]
[{"$nulls":8},"Encargos Sociais e Trabalhistas - abril/2025",{"$nulls":4}," %"]
[{"$nulls":8},"Grupo A - Encargos Sociais"]
[{"$nulls":8},"Previdência Social",{"$nulls":4},20]
[{"$nulls":8},"FGTS",{"$nulls":4},8]
[{"$nulls":8},"Salário Educação",{"$nulls":4},2.5]
[{"$nulls":8},"SESC ou SESI",{"$nulls":4},1.5]
[{"$nulls":8},"SENAI / SEBRAE",{"$nulls":4},1.6]
[{"$nulls":8},"INCRA",{"$nulls":4},0.2]
[{"$nulls":8},"Seguro Contra Risco e Acidente de Trabalho",{"$nulls":4},3]
[{"$nulls":8},"SECONCI",{"$nulls":4},0]
[{"$nulls":8},"FAE - Financiamento de Aposentadoria Especial",{"$nulls":4},0]
[{"$nulls":8},"Total Grupo A",{"$nulls":4},36.799999999999997]
[{"$nulls":8},"Grupo B - Encargos Trabalhistas"]
[{"$nulls":8},"Repouso Semanal Remunerado - Domingos",{"$nulls":4},0]
[{"$nulls":8},"Feriados",{"$nulls":4},0]
[{"$nulls":8},"Férias Gozadas + 1/3",{"$nulls":4},4.2058231299999997]
[{"$nulls":8},"Auxílio Enfermidade",{"$nulls":4},0.92123778999999995]
[{"$nulls":8},"Auxílio Acidente de Trabalho",{"$nulls":4},4.9082309999999997E-2]
[{"$nulls":8},"Licença Paternidade",{"$nulls":4},7.8825980000000004E-2]
[{"$nulls":8},"13° Salário",{"$nulls":4},9.2392936399999996]
[{"$nulls":8},"Faltas Justificadas",{"$nulls":4},0.74255589]
[{"$nulls":8},"Férias sobre Licença Maternidade",{"$nulls":4},2.9574900000000001E-3]
[{"$nulls":8},"Reciclagem Tecnológica",{"$nulls":4},0]
[{"$nulls":8},"Total Grupo B",{"$nulls":4},15.23977622]
[{"$nulls":8},"Grupo C - Verbas Rescisórias"]
[{"$nulls":8},"Aviso Prévio Indenizado",{"$nulls":4},5.4333852599999997]
[{"$nulls":8},"Aviso Prévio Trabalhado",{"$nulls":4},0.14968071999999999]
[{"$nulls":8},"Férias Indenizadas + 1/3",{"$nulls":4},8.1132350500000001]
[{"$nulls":8},"Depósito por Rescisão Sem Justa Causa",{"$nulls":4},3.6876728399999998]
[{"$nulls":8},"Indenização Adicional",{"$nulls":4},0.92819485999999995]
[{"$nulls":8},"Total Grupo C",{"$nulls":4},18.31216873]
[{"$nulls":8},"Grupo D - Verbas Rescisórias"]
[{"$nulls":8},"Reincidência de A sobre B",{"$nulls":4},5.6082376500000004]
[{"$nulls":8},"Reincidência de A sobre Aviso Prévio Trabalhado + Reincidência de FGTS sobre Aviso Prévio Indenizado",{"$nulls":4},0.48975331999999999]
[{"$nulls":8},"Total Grupo D",{"$nulls":4},6.0979909699999997]
[{"$nulls":8},"Total Encargos Sociais e Trabalhistas - abril/2025",{"$nulls":4},76.45]
[{"$nulls":8},"Periculosidade/Insalubridade",{"$nulls":4}," %",null,"R$"]
[{"$nulls":8},"Total Periculosidade/Insalubridade",{"$nulls":4},0,null,0]
[{"$nulls":8},"Encargos Sociais e Trabalhistas - Média Móvel",{"$nulls":4}," %",null,"R$"]
[{"$nulls":8},"Encargos Sociais e Trabalhistas - Média Móvel - Sobre Salário",{"$nulls":4},76.44,null,4955.8901679999999]
[{"$nulls":8},"Encargos Sociais e Trabalhistas - Média Móvel - Sobre Periculosidade/Insalubridade",{"$nulls":4},76.44,null,0]
[{"$nulls":8},"Total Encargos Sociais e Trabalhistas - Média Móvel",{"$nulls":4},76.44,null,4955.8901679999999]
[{"$nulls":8},"Encargos Complementares",{"$nulls":4}," %",null,"R$"]
[{"$nulls":8},"Alimentação",{"$nulls":4},10.17,null,659.38283200000001]
[{"$nulls":8},"EPI",{"$nulls":4},1,null,65.001029000000003]
[{"$nulls":8},"Ferramenta",{"$nulls":4},0,null,0]
[{"$nulls":8},"Transporte",{"$nulls":4},2.75,null,178.49648400000001]
[{"$nulls":8},"Consulta Ocupacional",{"$nulls":4},0.16,null,10.224643]
[{"$nulls":8},"Total Encargos Complementares",{"$nulls":4},14.08,null,913.10498800000005]
[{"$nulls":8},"Encargos Adicionais",{"$nulls":4}," %",null,"R$"]
[{"$nulls":8},"Cesta Básica",{"$nulls":4},6.46,null,419]
[{"$nulls":8},"Assistência Médica",{"$nulls":4},0,null,0]
[{"$nulls":8},"Seguro de Vida",{"$nulls":4},0.01,null,0.5]
[{"$nulls":8},"Desgaste Orgânico",{"$nulls":4},0,null,0]
[{"$nulls":8},"Adicional de Confinamento",{"$nulls":4},0,null,0]
[{"$nulls":8},"Total Encargos Adicionais",{"$nulls":4},6.47,null,419.5]
[{"$nulls":8},"Encargos Totais",{"$nulls":4},96.994200000000006,null,6288.495156]
[{"$nulls":8},"Custo Total",{"$nulls":6},12771.8683]
[{"$nulls":8},"Código",null,"Descrição",null,null,"Unidade",null,"Salário \n(R$)"]
[{"$nulls":8},"P9842",null,"Faxineiro",null,null,"mês",null,1584]
[]
[{"$nulls":8},"Encargos Sociais e Trabalhistas - abril/2025",{"$nulls":4}," %"]
[{"$nulls":8},"Grupo A - Encargos Sociais"]
[{"$nulls":8},"Previdência Social",{"$nulls":4},20]
[{"$nulls":8},"FGTS",{"$nulls":4},8]
[{"$nulls":8},"Salário Educação",{"$nulls":4},2.5]
[{"$nulls":8},"SESC ou SESI",{"$nulls":4},1.5]
[{"$nulls":8},"SENAI / SEBRAE",{"$nulls":4},1.6]
[{"$nulls":8},"INCRA",{"$nulls":4},0.2]
[{"$nulls":8},"Seguro Contra Risco e Acidente de Trabalho",{"$nulls":4},3]
[{"$nulls":8},"SECONCI",{"$nulls":4},0.11111111]
[{"$nulls":8},"FAE - Financiamento de Aposentadoria Especial",{"$nulls":4},0]
[{"$nulls":8},"Total Grupo A",{"$nulls":4},36.91111111]
[{"$nulls":8},"Grupo B - Encargos Trabalhistas"]
[{"$nulls":8},"Repouso Semanal Remunerado - Domingos",{"$nulls":4},0]
[{"$nulls":8},"Feriados",{"$nulls":4},0]
[{"$nulls":8},"Férias Gozadas + 1/3",{"$nulls":4},5.2408852399999999]
[{"$nulls":8},"Auxílio Enfermidade",{"$nulls":4},0.89981348999999999]
[{"$nulls":8},"Auxílio Acidente de Trabalho",{"$nulls":4},4.9119549999999998E-2]
[{"$nulls":8},"Licença Paternidade",{"$nulls":4},3.8809719999999999E-2]
[{"$nulls":8},"13° Salário",{"$nulls":4},9.2463042899999994]
[{"$nulls":8},"Faltas Justificadas",{"$nulls":4},0.74311932999999997]
[{"$nulls":8},"Férias sobre Licença Maternidade",{"$nulls":4},0.14093296999999999]
[{"$nulls":8},"Reciclagem Tecnológica",{"$nulls":4},0]
[{"$nulls":8},"Total Grupo B",{"$nulls":4},16.358984589999999]
[{"$nulls":8},"Grupo C - Verbas Rescisórias"]
[{"$nulls":8},"Aviso Prévio Indenizado",{"$nulls":4},4.7428714899999997]
[{"$nulls":8},"Aviso Prévio Trabalhado",{"$nulls":4},0.13065821]
[{"$nulls":8},"Férias Indenizadas + 1/3",{"$nulls":4},7.0875204800000002]
[{"$nulls":8},"Depósito por Rescisão Sem Justa Causa",{"$nulls":4},3.72348751]
[{"$nulls":8},"Indenização Adicional",{"$nulls":4},0.92889915999999995]
[{"$nulls":8},"Total Grupo C",{"$nulls":4},16.613436849999999]
[{"$nulls":8},"Grupo D - Verbas Rescisórias"]
[{"$nulls":8},"Reincidência de A sobre B",{"$nulls":4},6.03828298]
[{"$nulls":8},"Reincidência de A sobre Aviso Prévio Trabalhado + Reincidência de FGTS sobre Aviso Prévio Indenizado",{"$nulls":4},0.42765712]
[{"$nulls":8},"Total Grupo D",{"$nulls":4},6.4659400900000001]
[{"$nulls":8},"Total Encargos Sociais e Trabalhistas - abril/2025",{"$nulls":4},76.349999999999994]
[{"$nulls":8},"Periculosidade/Insalubridade",{"$nulls":4}," %",null,"R$"]
[{"$nulls":8},"Total Periculosidade/Insalubridade",{"$nulls":4},0,null,0]
[{"$nulls":8},"Encargos Sociais e Trabalhistas - Média Móvel",{"$nulls":4}," %",null,"R$"]
[{"$nulls":8},"Encargos Sociais e Trabalhistas - Média Móvel - Sobre Salário",{"$nulls":4},76.34,null,1209.2256]
[{"$nulls":8},"Encargos Sociais e Trabalhistas - Média Móvel - Sobre Periculosidade/Insalubridade",{"$nulls":4},76.34,null,0]
[{"$nulls":8},"Total Encargos Sociais e Trabalhistas - Média Móvel",{"$nulls":4},76.34,null,1209.2256]
[{"$nulls":8},"Encargos Complementares",{"$nulls":4}," %",null,"R$"]
[{"$nulls":8},"Alimentação",{"$nulls":4},41.63,null,659.38283200000001]
[{"$nulls":8},"EPI",{"$nulls":4},4.41,null,69.885209000000003]
[{"$nulls":8},"Ferramenta",{"$nulls":4},0,null,0]
[{"$nulls":8},"Transporte",{"$nulls":4},11.27,null,178.49648400000001]
[{"$nulls":8},"Consulta Ocupacional",{"$nulls":4},0.56000000000000005,null,8.9252219999999998]
[{"$nulls":8},"Total Encargos Complementares",{"$nulls":4},57.87,null,916.68974700000001]
[{"$nulls":8},"Encargos Adicionais",{"$nulls":4}," %",null,"R$"]
[{"$nulls":8},"Cesta Básica",{"$nulls":4},26.45,null,419]
[{"$nulls":8},"Assistência Médica",{"$nulls":4},0,null,0]
[{"$nulls":8},"Seguro de Vida",{"$nulls":4},0.03,null,0.5]
[{"$nulls":8},"Desgaste Orgânico",{"$nulls":4},0,null,0]
[{"$nulls":8},"Adicional de Confinamento",{"$nulls":4},0,null,0]
[{"$nulls":8},"Total Encargos Adicionais",{"$nulls":4},26.48,null,419.5]
[{"$nulls":8},"Encargos Totais",{"$nulls":4},160.69540000000001,null,2545.4153470000001]
[{"$nulls":8},"Custo Total",{"$nulls":6},4129.4151000000002]
[{"$nulls":8},"Código",null,"Descrição",null,null,"Unidade",null,"Salário \n(R$)"]
[{"$nulls":8},"P9843",null,"Operador de equipamento leve",null,null,"h",null,9.3154000000000003]
[]
[{"$nulls":8},"Encargos Sociais e Trabalhistas - abril/2025",{"$nulls":4}," %"]
[{"$nulls":8},"Grupo A - Encargos Sociais"]
[{"$nulls":8},"Previdência Social",{"$nulls":4},20]
[{"$nulls":8},"FGTS",{"$nulls":4},8]
[{"$nulls":8},"Salário Educação",{"$nulls":4},2.5]
[{"$nulls":8},"SESC ou SESI",{"$nulls":4},1.5]
[{"$nulls":8},"SENAI / SEBRAE",{"$nulls":4},1.6]
[{"$nulls":8},"INCRA",{"$nulls":4},0.2]
[{"$nulls":8},"Seguro Contra Risco e Acidente de Trabalho",{"$nulls":4},3]
[{"$nulls":8},"SECONCI",{"$nulls":4},0]
[{"$nulls":8},"FAE - Financiamento de Aposentadoria Especial",{"$nulls":4},0]
[{"$nulls":8},"Total Grupo A",{"$nulls":4},36.799999999999997]
[{"$nulls":8},"Grupo B - Encargos Trabalhistas"]
[{"$nulls":8},"Repouso Semanal Remunerado - Domingos",{"$nulls":4},17.888026610000001]
[{"$nulls":8},"Feriados",{"$nulls":4},4.9478133900000003]
[{"$nulls":8},"Férias Gozadas + 1/3",{"$nulls":4},0.80580246]
[{"$nulls":8},"Auxílio Enfermidade",{"$nulls":4},0.92136127999999995]
[{"$nulls":8},"Auxílio Acidente de Trabalho",{"$nulls":4},4.9088880000000001E-2]
[{"$nulls":8},"Licença Paternidade",{"$nulls":4},9.4141009999999997E-2]
[{"$nulls":8},"13° Salário",{"$nulls":4},9.2405321499999999]
[{"$nulls":8},"Faltas Justificadas",{"$nulls":4},0.74265543000000001]
[{"$nulls":8},"Férias sobre Licença Maternidade",{"$nulls":4},1.0609599999999999E-3]
[{"$nulls":8},"Reciclagem Tecnológica",{"$nulls":4},0]
[{"$nulls":8},"Total Grupo B",{"$nulls":4},34.690482179999997]
[{"$nulls":8},"Grupo C - Verbas Rescisórias"]
[{"$nulls":8},"Aviso Prévio Indenizado",{"$nulls":4},7.7104312100000003]
[{"$nulls":8},"Aviso Prévio Trabalhado",{"$nulls":4},0.21240954000000001]
[{"$nulls":8},"Férias Indenizadas + 1/3",{"$nulls":4},11.51490707]
[{"$nulls":8},"Depósito por Rescisão Sem Justa Causa",{"$nulls":4},4.3100954299999996]
[{"$nulls":8},"Indenização Adicional",{"$nulls":4},0.92831927999999997]
[{"$nulls":8},"Total Grupo C",{"$nulls":4},24.67616254]
[{"$nulls":8},"Grupo D - Verbas Rescisórias"]
[{"$nulls":8},"Reincidência de A sobre B",{"$nulls":4},12.766097439999999]
[{"$nulls":8},"Reincidência de A sobre Aviso Prévio Trabalhado + Reincidência de FGTS sobre Aviso Prévio Indenizado",{"$nulls":4},0.69500121000000004]
[{"$nulls":8},"Total Grupo D",{"$nulls":4},13.46109865]
[{"$nulls":8},"Total Encargos Sociais e Trabalhistas - abril/2025",{"$nulls":4},109.63]
[{"$nulls":8},"Periculosidade/Insalubridade",{"$nulls":4}," %",null,"R$"]
[{"$nulls":8},"Total Periculosidade/Insalubridade",{"$nulls":4},0,null,0]
[{"$nulls":8},"Encargos Sociais e Trabalhistas - Média Móvel",{"$nulls":4}," %",null,"R$"]
[{"$nulls":8},"Encargos Sociais e Trabalhistas - Média Móvel - Sobre Salário",{"$nulls":4},109.43,null,10.193842]
[{"$nulls":8},"Encargos Sociais e Trabalhistas - Média Móvel - Sobre Periculosidade/Insalubridade",{"$nulls":4},109.43,null,0]
[{"$nulls":8},"Total Encargos Sociais e Trabalhistas - Média Móvel",{"$nulls":4},109.43,null,10.193842]
[{"$nulls":8},"Encargos Complementares",{"$nulls":4}," %",null,"R$"]
[{"$nulls":8},"Alimentação",{"$nulls":4},38.79,null,3.6132550000000001]
[{"$nulls":8},"EPI",{"$nulls":4},3.98,null,0.37076599999999998]
[{"$nulls":8},"Ferramenta",{"$nulls":4},0,null,0]
[{"$nulls":8},"Transporte",{"$nulls":4},10.5,null,0.97811700000000001]
[{"$nulls":8},"Consulta Ocupacional",{"$nulls":4},0.85,null,7.9508999999999996E-2]
[{"$nulls":8},"Total Encargos Complementares",{"$nulls":4},54.12,null,5.0416470000000002]
[{"$nulls":8},"Encargos Adicionais",{"$nulls":4}," %",null,"R$"]
[{"$nulls":8},"Cesta Básica",{"$nulls":4},24.65,null,2.2960159999999998]
[{"$nulls":8},"Assistência Médica",{"$nulls":4},0,null,0]
[{"$nulls":8},"Seguro de Vida",{"$nulls":4},0.03,null,2.7399999999999998E-3]
[{"$nulls":8},"Desgaste Orgânico",{"$nulls":4},0,null,0]
[{"$nulls":8},"Adicional de Confinamento",{"$nulls":4},0,null,0]
[{"$nulls":8},"Total Encargos Adicionais",{"$nulls":4},24.68,null,2.298756]
[{"$nulls":8},"Encargos Totais",{"$nulls":4},188.2286,null,17.534244999999999]
[{"$nulls":8},"Custo Total",{"$nulls":6},26.849599999999999]
[{"$nulls":8},"Código",null,"Descrição",null,null,"Unidade",null,"Salário \n(R$)"]
[{"$nulls":8},"P9845",null,"Operador de equipamento pesado",null,null,"h",null,13.558299999999999]
[]
[{"$nulls":8},"Encargos Sociais e Trabalhistas - abril/2025",{"$nulls":4}," %"]
[{"$nulls":8},"Grupo A - Encargos Sociais"]
[{"$nulls":8},"Previdência Social",{"$nulls":4},20]
[{"$nulls":8},"FGTS",{"$nulls":4},8]
[{"$nulls":8},"Salário Educação",{"$nulls":4},2.5]
[{"$nulls":8},"SESC ou SESI",{"$nulls":4},1.5]
[{"$nulls":8},"SENAI / SEBRAE",{"$nulls":4},1.6]
[{"$nulls":8},"INCRA",{"$nulls":4},0.2]
[{"$nulls":8},"Seguro Contra Risco e Acidente de Trabalho",{"$nulls":4},3]
[{"$nulls":8},"SECONCI",{"$nulls":4},0]
[{"$nulls":8},"FAE - Financiamento de Aposentadoria Especial",{"$nulls":4},0]
[{"$nulls":8},"Total Grupo A",{"$nulls":4},36.799999999999997]
[{"$nulls":8},"Grupo B - Encargos Trabalhistas"]
[{"$nulls":8},"Repouso Semanal Remunerado - Domingos",{"$nulls":4},17.888026610000001]
[{"$nulls":8},"Feriados",{"$nulls":4},4.9478133900000003]
[{"$nulls":8},"Férias Gozadas + 1/3",{"$nulls":4},0.80580246]
[{"$nulls":8},"Auxílio Enfermidade",{"$nulls":4},0.92136127999999995]
[{"$nulls":8},"Auxílio Acidente de Trabalho",{"$nulls":4},4.9088880000000001E-2]
[{"$nulls":8},"Licença Paternidade",{"$nulls":4},9.4141009999999997E-2]
[{"$nulls":8},"13° Salário",{"$nulls":4},9.2405321499999999]
[{"$nulls":8},"Faltas Justificadas",{"$nulls":4},0.74265543000000001]
[{"$nulls":8},"Férias sobre Licença Maternidade",{"$nulls":4},1.0609599999999999E-3]
[{"$nulls":8},"Reciclagem Tecnológica",{"$nulls":4},0]
[{"$nulls":8},"Total Grupo B",{"$nulls":4},34.690482179999997]
[{"$nulls":8},"Grupo C - Verbas Rescisórias"]
[{"$nulls":8},"Aviso Prévio Indenizado",{"$nulls":4},7.7104312100000003]
[{"$nulls":8},"Aviso Prévio Trabalhado",{"$nulls":4},0.21240954000000001]
[{"$nulls":8},"Férias Indenizadas + 1/3",{"$nulls":4},11.51490707]
[{"$nulls":8},"Depósito por Rescisão Sem Justa Causa",{"$nulls":4},4.3100954299999996]
[{"$nulls":8},"Indenização Adicional",{"$nulls":4},0.92831927999999997]
[{"$nulls":8},"Total Grupo C",{"$nulls":4},24.67616254]
[{"$nulls":8},"Grupo D - Verbas Rescisórias"]
[{"$nulls":8},"Reincidência de A sobre B",{"$nulls":4},12.766097439999999]
[{"$nulls":8},"Reincidência de A sobre Aviso Prévio Trabalhado + Reincidência de FGTS sobre Aviso Prévio Indenizado",{"$nulls":4},0.69500121000000004]
[{"$nulls":8},"Total Grupo D",{"$nulls":4},13.46109865]
[{"$nulls":8},"Total Encargos Sociais e Trabalhistas - abril/2025",{"$nulls":4},109.63]
[{"$nulls":8},"Periculosidade/Insalubridade",{"$nulls":4}," %",null,"R$"]
[{"$nulls":8},"Total Periculosidade/Insalubridade",{"$nulls":4},0,null,0]
[{"$nulls":8},"Encargos Sociais e Trabalhistas - Média Móvel",{"$nulls":4}," %",null,"R$"]
[{"$nulls":8},"Encargos Sociais e Trabalhistas - Média Móvel - Sobre Salário",{"$nulls":4},109.43,null,14.836848]
[{"$nulls":8},"Encargos Sociais e Trabalhistas - Média Móvel - Sobre Periculosidade/Insalubridade",{"$nulls":4},109.43,null,0]
[{"$nulls":8},"Total Encargos Sociais e Trabalhistas - Média Móvel",{"$nulls":4},109.43,null,14.836848]
[{"$nulls":8},"Encargos Complementares",{"$nulls":4}," %",null,"R$"]
[{"$nulls":8},"Alimentação",{"$nulls":4},26.65,null,3.6132550000000001]
[{"$nulls":8},"EPI",{"$nulls":4},2.63,null,0.35619000000000001]
[{"$nulls":8},"Ferramenta",{"$nulls":4},0,null,0]
[{"$nulls":8},"Transporte",{"$nulls":4},7.21,null,0.97811700000000001]
[{"$nulls":8},"Consulta Ocupacional",{"$nulls":4},0.59,null,7.9508999999999996E-2]
[{"$nulls":8},"Total Encargos Complementares",{"$nulls":4},37.08,null,5.0270710000000003]
[{"$nulls":8},"Encargos Adicionais",{"$nulls":4}," %",null,"R$"]
[{"$nulls":8},"Cesta Básica",{"$nulls":4},16.93,null,2.2960159999999998]
[{"$nulls":8},"Assistência Médica",{"$nulls":4},0,null,0]
[{"$nulls":8},"Seguro de Vida",{"$nulls":4},0.02,null,2.7399999999999998E-3]
[{"$nulls":8},"Desgaste Orgânico",{"$nulls":4},0,null,0]
[{"$nulls":8},"Adicional de Confinamento",{"$nulls":4},0,null,0]
[{"$nulls":8},"Total Encargos Adicionais",{"$nulls":4},16.95,null,2.298756]
[{"$nulls":8},"Encargos Totais",{"$nulls":4},163.46199999999999,null,22.162675]
[{"$nulls":8},"Custo Total",{"$nulls":6},35.7209]
[{"$nulls":8},"Código",null,"Descrição",null,null,"Unidade",null,"Salário \n(R$)"]
[{"$nulls":8},"P9846",null,"Operador de equipamento especial",null,null,"h",null,18.227799999999998]
[]
[{"$nulls":8},"Encargos Sociais e Trabalhistas - abril/2025",{"$nulls":4}," %"]
[{"$nulls":8},"Grupo A - Encargos Sociais"]
[{"$nulls":8},"Previdência Social",{"$nulls":4},20]
[{"$nulls":8},"FGTS",{"$nulls":4},8]
[{"$nulls":8},"Salário Educação",{"$nulls":4},2.5]
[{"$nulls":8},"SESC ou SESI",{"$nulls":4},1.5]
[{"$nulls":8},"SENAI / SEBRAE",{"$nulls":4},1.6]
[{"$nulls":8},"INCRA",{"$nulls":4},0.2]
[{"$nulls":8},"Seguro Contra Risco e Acidente de Trabalho",{"$nulls":4},3]
[{"$nulls":8},"SECONCI",{"$nulls":4},0]
[{"$nulls":8},"FAE - Financiamento de Aposentadoria Especial",{"$nulls":4},0]
[{"$nulls":8},"Total Grupo A",{"$nulls":4},36.799999999999997]
[{"$nulls":8},"Grupo B - Encargos Trabalhistas"]
[{"$nulls":8},"Repouso Semanal Remunerado - Domingos",{"$nulls":4},17.888026610000001]
[{"$nulls":8},"Feriados",{"$nulls":4},4.9478133900000003]
[{"$nulls":8},"Férias Gozadas + 1/3",{"$nulls":4},0.80580246]
[{"$nulls":8},"Auxílio Enfermidade",{"$nulls":4},0.92136127999999995]
[{"$nulls":8},"Auxílio Acidente de Trabalho",{"$nulls":4},4.9088880000000001E-2]
[{"$nulls":8},"Licença Paternidade",{"$nulls":4},9.4141009999999997E-2]
[{"$nulls":8},"13° Salário",{"$nulls":4},9.2405321499999999]
[{"$nulls":8},"Faltas Justificadas",{"$nulls":4},0.74265543000000001]
[{"$nulls":8},"Férias sobre Licença Maternidade",{"$nulls":4},1.0609599999999999E-3]
[{"$nulls":8},"Reciclagem Tecnológica",{"$nulls":4},0]
[{"$nulls":8},"Total Grupo B",{"$nulls":4},34.690482179999997]
[{"$nulls":8},"Grupo C - Verbas Rescisórias"]
[{"$nulls":8},"Aviso Prévio Indenizado",{"$nulls":4},7.7104312100000003]
[{"$nulls":8},"Aviso Prévio Trabalhado",{"$nulls":4},0.21240954000000001]
[{"$nulls":8},"Férias Indenizadas + 1/3",{"$nulls":4},11.51490707]
[{"$nulls":8},"Depósito por Rescisão Sem Justa Causa",{"$nulls":4},4.3100954299999996]
[{"$nulls":8},"Indenização Adicional",{"$nulls":4},0.92831927999999997]
[{"$nulls":8},"Total Grupo C",{"$nulls":4},24.67616254]
[{"$nulls":8},"Grupo D - Verbas Rescisórias"]
[{"$nulls":8},"Reincidência de A sobre B",{"$nulls":4},12.766097439999999]
[{"$nulls":8},"Reincidência de A sobre Aviso Prévio Trabalhado + Reincidência de FGTS sobre Aviso Prévio Indenizado",{"$nulls":4},0.69500121000000004]
[{"$nulls":8},"Total Grupo D",{"$nulls":4},13.46109865]
[{"$nulls":8},"Total Encargos Sociais e Trabalhistas - abril/2025",{"$nulls":4},109.63]
[{"$nulls":8},"Periculosidade/Insalubridade",{"$nulls":4}," %",null,"R$"]
[{"$nulls":8},"Total Periculosidade/Insalubridade",{"$nulls":4},0,null,0]
[{"$nulls":8},"Encargos Sociais e Trabalhistas - Média Móvel",{"$nulls":4}," %",null,"R$"]
[{"$nulls":8},"Encargos Sociais e Trabalhistas - Média Móvel - Sobre Salário",{"$nulls":4},109.43,null,19.946681999999999]
[{"$nulls":8},"Encargos Sociais e Trabalhistas - Média Móvel - Sobre Periculosidade/Insalubridade",{"$nulls":4},109.43,null,0]
[{"$nulls":8},"Total Encargos Sociais e Trabalhistas - Média Móvel",{"$nulls":4},109.43,null,19.946681999999999]
[{"$nulls":8},"Encargos Complementares",{"$nulls":4}," %",null,"R$"]
[{"$nulls":8},"Alimentação",{"$nulls":4},19.82,null,3.6132550000000001]
[{"$nulls":8},"EPI",{"$nulls":4},1.48,null,0.26894200000000001]
[{"$nulls":8},"Ferramenta",{"$nulls":4},0,null,0]
[{"$nulls":8},"Transporte",{"$nulls":4},5.37,null,0.97811700000000001]
[{"$nulls":8},"Consulta Ocupacional",{"$nulls":4},0.44,null,7.9508999999999996E-2]
[{"$nulls":8},"Total Encargos Complementares",{"$nulls":4},27.11,null,4.9398229999999996]
[{"$nulls":8},"Encargos Adicionais",{"$nulls":4}," %",null,"R$"]
[{"$nulls":8},"Cesta Básica",{"$nulls":4},12.6,null,2.2960159999999998]
[{"$nulls":8},"Assistência Médica",{"$nulls":4},0,null,0]
[{"$nulls":8},"Seguro de Vida",{"$nulls":4},0.02,null,2.7399999999999998E-3]
[{"$nulls":8},"Desgaste Orgânico",{"$nulls":4},0,null,0]
[{"$nulls":8},"Adicional de Confinamento",{"$nulls":4},0,null,0]
[{"$nulls":8},"Total Encargos Adicionais",{"$nulls":4},12.62,null,2.298756]
[{"$nulls":8},"Encargos Totais",{"$nulls":4},149.14179999999999,null,27.185261000000001]
[{"$nulls":8},"Custo Total",{"$nulls":6},45.412999999999997]
[{"$nulls":8},"Código",null,"Descrição",null,null,"Unidade",null,"Salário \n(R$)"]
[{"$nulls":8},"P9847",null,"Perfurador de tubulão",null,null,"h",null,7.1544999999999996]
[]
[{"$nulls":8},"Encargos Sociais e Trabalhistas - abril/2025",{"$nulls":4}," %"]
[{"$nulls":8},"Grupo A - Encargos Sociais"]
[{"$nulls":8},"Previdência Social",{"$nulls":4},20]
[{"$nulls":8},"FGTS",{"$nulls":4},8]
[{"$nulls":8},"Salário Educação",{"$nulls":4},2.5]
[{"$nulls":8},"SESC ou SESI",{"$nulls":4},1.5]
[{"$nulls":8},"SENAI / SEBRAE",{"$nulls":4},1.6]
[{"$nulls":8},"INCRA",{"$nulls":4},0.2]
[{"$nulls":8},"Seguro Contra Risco e Acidente de Trabalho",{"$nulls":4},3]
[{"$nulls":8},"SECONCI",{"$nulls":4},0]
[{"$nulls":8},"FAE - Financiamento de Aposentadoria Especial",{"$nulls":4},0]
[{"$nulls":8},"Total Grupo A",{"$nulls":4},36.799999999999997]
[{"$nulls":8},"Grupo B - Encargos Trabalhistas"]
[{"$nulls":8},"Repouso Semanal Remunerado - Domingos",{"$nulls":4},17.797283109999999]
[{"$nulls":8},"Feriados",{"$nulls":4},4.92230832]
[{"$nulls":8},"Férias Gozadas + 1/3",{"$nulls":4},8.8230619999999996E-2]
[{"$nulls":8},"Auxílio Enfermidade",{"$nulls":4},0.92146187999999996]
[{"$nulls":8},"Auxílio Acidente de Trabalho",{"$nulls":4},4.9094239999999997E-2]
[{"$nulls":8},"Licença Paternidade",{"$nulls":4},9.9054519999999993E-2]
[{"$nulls":8},"13° Salário",{"$nulls":4},9.2415410399999995]
[{"$nulls":8},"Faltas Justificadas",{"$nulls":4},0.74273650999999996]
[{"$nulls":8},"Férias sobre Licença Maternidade",{"$nulls":4},7.0639199999999996E-3]
[{"$nulls":8},"Reciclagem Tecnológica",{"$nulls":4},0]
[{"$nulls":8},"Total Grupo B",{"$nulls":4},33.868774170000002]
[{"$nulls":8},"Grupo C - Verbas Rescisórias"]
[{"$nulls":8},"Aviso Prévio Indenizado",{"$nulls":4},8.1909268500000003]
[{"$nulls":8},"Aviso Prévio Trabalhado",{"$nulls":4},0.22564639]
[{"$nulls":8},"Férias Indenizadas + 1/3",{"$nulls":4},12.2338241]
[{"$nulls":8},"Depósito por Rescisão Sem Justa Causa",{"$nulls":4},4.28380077]
[{"$nulls":8},"Indenização Adicional",{"$nulls":4},0.92842064000000002]
[{"$nulls":8},"Total Grupo C",{"$nulls":4},25.862618749999999]
[{"$nulls":8},"Grupo D - Verbas Rescisórias"]
[{"$nulls":8},"Reincidência de A sobre B",{"$nulls":4},12.4637089]
[{"$nulls":8},"Reincidência de A sobre Aviso Prévio Trabalhado + Reincidência de FGTS sobre Aviso Prévio Indenizado",{"$nulls":4},0.73831201999999996]
[{"$nulls":8},"Total Grupo D",{"$nulls":4},13.202020920000001]
[{"$nulls":8},"Total Encargos Sociais e Trabalhistas - abril/2025",{"$nulls":4},109.73]
[{"$nulls":8},"Periculosidade/Insalubridade",{"$nulls":4}," %",null,"R$"]
[{"$nulls":8},"Total Periculosidade/Insalubridade",{"$nulls":4},0,null,0]
[{"$nulls":8},"Encargos Sociais e Trabalhistas - Média Móvel",{"$nulls":4}," %",null,"R$"]
[{"$nulls":8},"Encargos Sociais e Trabalhistas - Média Móvel - Sobre Salário",{"$nulls":4},109.43,null,7.8291690000000003]
[{"$nulls":8},"Encargos Sociais e Trabalhistas - Média Móvel - Sobre Periculosidade/Insalubridade",{"$nulls":4},109.43,null,0]
[{"$nulls":8},"Total Encargos Sociais e Trabalhistas - Média Móvel",{"$nulls":4},109.43,null,7.8291690000000003]
[{"$nulls":8},"Encargos Complementares",{"$nulls":4}," %",null,"R$"]
[{"$nulls":8},"Alimentação",{"$nulls":4},50.5,null,3.6132550000000001]
[{"$nulls":8},"EPI",{"$nulls":4},5.35,null,0.38295400000000002]
[{"$nulls":8},"Ferramenta",{"$nulls":4},0.61,null,4.3557999999999999E-2]
[{"$nulls":8},"Transporte",{"$nulls":4},13.67,null,0.97811700000000001]
[{"$nulls":8},"Consulta Ocupacional",{"$nulls":4},1.18,null,8.4463999999999997E-2]
[{"$nulls":8},"Total Encargos Complementares",{"$nulls":4},71.31,null,5.1023480000000001]
[{"$nulls":8},"Encargos Adicionais",{"$nulls":4}," %",null,"R$"]
[{"$nulls":8},"Cesta Básica",{"$nulls":4},32.090000000000003,null,2.2960159999999998]
[{"$nulls":8},"Assistência Médica",{"$nulls":4},0,null,0]
[{"$nulls":8},"Seguro de Vida",{"$nulls":4},0.04,null,2.7399999999999998E-3]
[{"$nulls":8},"Desgaste Orgânico",{"$nulls":4},0,null,0]
[{"$nulls":8},"Adicional de Confinamento",{"$nulls":4},0,null,0]
[{"$nulls":8},"Total Encargos Adicionais",{"$nulls":4},32.130000000000003,null,2.298756]
[{"$nulls":8},"Encargos Totais",{"$nulls":4},212.8768,null,15.230273]
[{"$nulls":8},"Custo Total",{"$nulls":6},22.384699999999999]
[{"$nulls":8},"Código",null,"Descrição",null,null,"Unidade",null,"Salário \n(R$)"]
[{"$nulls":8},"P9848",null,"Desenhista",null,null,"mês",null,3822.5479]
[]
[{"$nulls":8},"Encargos Sociais e Trabalhistas - abril/2025",{"$nulls":4}," %"]
[{"$nulls":8},"Grupo A - Encargos Sociais"]
[{"$nulls":8},"Previdência Social",{"$nulls":4},20]
[{"$nulls":8},"FGTS",{"$nulls":4},8]
[{"$nulls":8},"Salário Educação",{"$nulls":4},2.5]
[{"$nulls":8},"SESC ou SESI",{"$nulls":4},1.5]
[{"$nulls":8},"SENAI / SEBRAE",{"$nulls":4},1.6]
[{"$nulls":8},"INCRA",{"$nulls":4},0.2]
[{"$nulls":8},"Seguro Contra Risco e Acidente de Trabalho",{"$nulls":4},3]
[{"$nulls":8},"SECONCI",{"$nulls":4},0.11111111]
[{"$nulls":8},"FAE - Financiamento de Aposentadoria Especial",{"$nulls":4},0]
[{"$nulls":8},"Total Grupo A",{"$nulls":4},36.91111111]
[{"$nulls":8},"Grupo B - Encargos Trabalhistas"]
[{"$nulls":8},"Repouso Semanal Remunerado - Domingos",{"$nulls":4},0]
[{"$nulls":8},"Feriados",{"$nulls":4},0]
[{"$nulls":8},"Férias Gozadas + 1/3",{"$nulls":4},3.99003774]
[{"$nulls":8},"Auxílio Enfermidade",{"$nulls":4},0.89965295000000001]
[{"$nulls":8},"Auxílio Acidente de Trabalho",{"$nulls":4},4.911078E-2]
[{"$nulls":8},"Licença Paternidade",{"$nulls":4},7.4234400000000006E-2]
[{"$nulls":8},"13° Salário",{"$nulls":4},9.2446545600000007]
[{"$nulls":8},"Faltas Justificadas",{"$nulls":4},0.74298673999999998]
[{"$nulls":8},"Férias sobre Licença Maternidade",{"$nulls":4},8.7613469999999999E-2]
[{"$nulls":8},"Reciclagem Tecnológica",{"$nulls":4},0]
[{"$nulls":8},"Total Grupo B",{"$nulls":4},15.08829064]
[{"$nulls":8},"Grupo C - Verbas Rescisórias"]
[{"$nulls":8},"Aviso Prévio Indenizado",{"$nulls":4},5.5794449999999998]
[{"$nulls":8},"Aviso Prévio Trabalhado",{"$nulls":4},0.15370442000000001]
[{"$nulls":8},"Férias Indenizadas + 1/3",{"$nulls":4},8.3361683400000004]
[{"$nulls":8},"Depósito por Rescisão Sem Justa Causa",{"$nulls":4},3.6828253000000002]
[{"$nulls":8},"Indenização Adicional",{"$nulls":4},0.92873342999999997]
[{"$nulls":8},"Total Grupo C",{"$nulls":4},18.680876489999999]
[{"$nulls":8},"Grupo D - Verbas Rescisórias"]
[{"$nulls":8},"Reincidência de A sobre B",{"$nulls":4},5.5692557200000001]
[{"$nulls":8},"Reincidência de A sobre Aviso Prévio Trabalhado + Reincidência de FGTS sobre Aviso Prévio Indenizado",{"$nulls":4},0.50308960999999996]
[{"$nulls":8},"Total Grupo D",{"$nulls":4},6.0723453300000001]
[{"$nulls":8},"Total Encargos Sociais e Trabalhistas - abril/2025",{"$nulls":4},76.75]
[{"$nulls":8},"Periculosidade/Insalubridade",{"$nulls":4}," %",null,"R$"]
[{"$nulls":8},"Total Periculosidade/Insalubridade",{"$nulls":4},0,null,0]
[{"$nulls":8},"Encargos Sociais e Trabalhistas - Média Móvel",{"$nulls":4}," %",null,"R$"]
[{"$nulls":8},"Encargos Sociais e Trabalhistas - Média Móvel - Sobre Salário",{"$nulls":4},76.819999999999993,null,2936.4812969999998]
[{"$nulls":8},"Encargos Sociais e Trabalhistas - Média Móvel - Sobre Periculosidade/Insalubridade",{"$nulls":4},76.819999999999993,null,0]
[{"$nulls":8},"Total Encargos Sociais e Trabalhistas - Média Móvel",{"$nulls":4},76.819999999999993,null,2936.4812969999998]
[{"$nulls":8},"Encargos Complementares",{"$nulls":4}," %",null,"R$"]
[{"$nulls":8},"Alimentação",{"$nulls":4},17.25,null,659.38283200000001]
[{"$nulls":8},"EPI",{"$nulls":4},0,null,0]
[{"$nulls":8},"Ferramenta",{"$nulls":4},0,null,0]
[{"$nulls":8},"Transporte",{"$nulls":4},4.67,null,178.49648400000001]
[{"$nulls":8},"Consulta Ocupacional",{"$nulls":4},0.27,null,10.499501]
[{"$nulls":8},"Total Encargos Complementares",{"$nulls":4},22.19,null,848.37881700000003]
[{"$nulls":8},"Encargos Adicionais",{"$nulls":4}," %",null,"R$"]
[{"$nulls":8},"Cesta Básica",{"$nulls":4},10.96,null,419]
[{"$nulls":8},"Assistência Médica",{"$nulls":4},0,null,0]
[{"$nulls":8},"Seguro de Vida",{"$nulls":4},0.01,null,0.5]
[{"$nulls":8},"Desgaste Orgânico",{"$nulls":4},0,null,0]
[{"$nulls":8},"Adicional de Confinamento",{"$nulls":4},0,null,0]
[{"$nulls":8},"Total Encargos Adicionais",{"$nulls":4},10.97,null,419.5]
[{"$nulls":8},"Encargos Totais",{"$nulls":4},109.9884,null,4204.3601140000001]
[{"$nulls":8},"Custo Total",{"$nulls":6},8026.9071000000004]
[{"$nulls":8},"Código",null,"Descrição",null,null,"Unidade",null,"Salário \n(R$)"]
[{"$nulls":8},"P9849",null,"Condutor maquinista fluvial",null,null,"mês",null,2615.7730000000001]
[]
[{"$nulls":8},"Encargos Sociais e Trabalhistas - abril/2025",{"$nulls":4}," %"]
[{"$nulls":8},"Grupo A - Encargos Sociais"]
[{"$nulls":8},"Previdência Social",{"$nulls":4},20]
[{"$nulls":8},"FGTS",{"$nulls":4},8]
[{"$nulls":8},"Salário Educação",{"$nulls":4},2.5]
[{"$nulls":8},"SESC ou SESI",{"$nulls":4},1.5]
[{"$nulls":8},"SENAI / SEBRAE",{"$nulls":4},1.6]
[{"$nulls":8},"INCRA",{"$nulls":4},0.2]
[{"$nulls":8},"Seguro Contra Risco e Acidente de Trabalho",{"$nulls":4},3]
[{"$nulls":8},"SECONCI",{"$nulls":4},0.41481480999999998]
[{"$nulls":8},"FAE - Financiamento de Aposentadoria Especial",{"$nulls":4},0]
[{"$nulls":8},"Total Grupo A",{"$nulls":4},37.21481481]
[{"$nulls":8},"Grupo B - Encargos Trabalhistas"]
[{"$nulls":8},"Repouso Semanal Remunerado - Domingos",{"$nulls":4},0]
[{"$nulls":8},"Feriados",{"$nulls":4},0]
[{"$nulls":8},"Férias Gozadas + 1/3",{"$nulls":4},7.7033059899999996]
[{"$nulls":8},"Auxílio Enfermidade",{"$nulls":4},0.90832657000000006]
[{"$nulls":8},"Auxílio Acidente de Trabalho",{"$nulls":4},5.0909820000000001E-2]
[{"$nulls":8},"Licença Paternidade",{"$nulls":4},6.7059590000000002E-2]
[{"$nulls":8},"13° Salário",{"$nulls":4},9.2371596700000005]
[{"$nulls":8},"Faltas Justificadas",{"$nulls":4},0.74238437999999995]
[{"$nulls":8},"Férias sobre Licença Maternidade",{"$nulls":4},2.46927E-3]
[{"$nulls":8},"Reciclagem Tecnológica",{"$nulls":4},0]
[{"$nulls":8},"Total Grupo B",{"$nulls":4},18.711615299999998]
[{"$nulls":8},"Grupo C - Verbas Rescisórias"]
[{"$nulls":8},"Aviso Prévio Indenizado",{"$nulls":4},3.3708545399999998]
[{"$nulls":8},"Aviso Prévio Trabalhado",{"$nulls":4},8.5122980000000001E-2]
[{"$nulls":8},"Férias Indenizadas + 1/3",{"$nulls":4},4.6129068999999996]
[{"$nulls":8},"Depósito por Rescisão Sem Justa Causa",{"$nulls":4},3.7987716900000001]
[{"$nulls":8},"Indenização Adicional",{"$nulls":4},0.92798048]
[{"$nulls":8},"Total Grupo C",{"$nulls":4},12.79563658]
[{"$nulls":8},"Grupo D - Verbas Rescisórias"]
[{"$nulls":8},"Reincidência de A sobre B",{"$nulls":4},6.9634929799999998]
[{"$nulls":8},"Reincidência de A sobre Aviso Prévio Trabalhado + Reincidência de FGTS sobre Aviso Prévio Indenizado",{"$nulls":4},0.30134672000000001]
[{"$nulls":8},"Total Grupo D",{"$nulls":4},7.2648396999999996]
[{"$nulls":8},"Total Encargos Sociais e Trabalhistas - abril/2025",{"$nulls":4},75.989999999999995]
[{"$nulls":8},"Periculosidade/Insalubridade",{"$nulls":4}," %",null,"R$"]
[{"$nulls":8},"Total Periculosidade/Insalubridade",{"$nulls":4},0,null,0]
[{"$nulls":8},"Encargos Sociais e Trabalhistas - Média Móvel",{"$nulls":4}," %",null,"R$"]
[{"$nulls":8},"Encargos Sociais e Trabalhistas - Média Móvel - Sobre Salário",{"$nulls":4},76.069999999999993,null,1989.8185209999999]
[{"$nulls":8},"Encargos Sociais e Trabalhistas - Média Móvel - Sobre Periculosidade/Insalubridade",{"$nulls":4},76.069999999999993,null,0]
[{"$nulls":8},"Total Encargos Sociais e Trabalhistas - Média Móvel",{"$nulls":4},76.069999999999993,null,1989.8185209999999]
[{"$nulls":8},"Encargos Complementares",{"$nulls":4}," %",null,"R$"]
[{"$nulls":8},"Alimentação",{"$nulls":4},33.43,null,874.50499000000002]
[{"$nulls":8},"EPI",{"$nulls":4},0,null,0]
[{"$nulls":8},"Ferramenta",{"$nulls":4},0,null,0]
[{"$nulls":8},"Transporte",{"$nulls":4},0,null,0]
[{"$nulls":8},"Consulta Ocupacional",{"$nulls":4},0.33,null,8.7220859999999991]
[{"$nulls":8},"Total Encargos Complementares",{"$nulls":4},33.76,null,883.22707600000001]
[{"$nulls":8},"Encargos Adicionais",{"$nulls":4}," %",null,"R$"]
[{"$nulls":8},"Cesta Básica",{"$nulls":4},11.47,null,300]
[{"$nulls":8},"Assistência Médica",{"$nulls":4},0,null,0]
[{"$nulls":8},"Seguro de Vida",{"$nulls":4},0.19,null,4.99]
[{"$nulls":8},"Desgaste Orgânico",{"$nulls":4},0,null,0]
[{"$nulls":8},"Adicional de Confinamento",{"$nulls":4},0,null,0]
[{"$nulls":8},"Total Encargos Adicionais",{"$nulls":4},11.66,null,304.99]
[{"$nulls":8},"Encargos Totais",{"$nulls":4},121.49509999999999,null,3178.0355970000001]
[{"$nulls":8},"Custo Total",{"$nulls":6},5793.8090000000002]
[{"$nulls":8},"Código",null,"Descrição",null,null,"Unidade",null,"Salário \n(R$)"]
[{"$nulls":8},"P9850",null,"Copeiro",null,null,"mês",null,1735.4357]
[]
[{"$nulls":8},"Encargos Sociais e Trabalhistas - abril/2025",{"$nulls":4}," %"]
[{"$nulls":8},"Grupo A - Encargos Sociais"]
[{"$nulls":8},"Previdência Social",{"$nulls":4},20]
[{"$nulls":8},"FGTS",{"$nulls":4},8]
[{"$nulls":8},"Salário Educação",{"$nulls":4},2.5]
[{"$nulls":8},"SESC ou SESI",{"$nulls":4},1.5]
[{"$nulls":8},"SENAI / SEBRAE",{"$nulls":4},1.6]
[{"$nulls":8},"INCRA",{"$nulls":4},0.2]
[{"$nulls":8},"Seguro Contra Risco e Acidente de Trabalho",{"$nulls":4},3]
[{"$nulls":8},"SECONCI",{"$nulls":4},0.11111111]
[{"$nulls":8},"FAE - Financiamento de Aposentadoria Especial",{"$nulls":4},0]
[{"$nulls":8},"Total Grupo A",{"$nulls":4},36.91111111]
[{"$nulls":8},"Grupo B - Encargos Trabalhistas"]
[{"$nulls":8},"Repouso Semanal Remunerado - Domingos",{"$nulls":4},0]
[{"$nulls":8},"Feriados",{"$nulls":4},0]
[{"$nulls":8},"Férias Gozadas + 1/3",{"$nulls":4},4.37428931]
[{"$nulls":8},"Auxílio Enfermidade",{"$nulls":4},0.89980707000000004]
[{"$nulls":8},"Auxílio Acidente de Trabalho",{"$nulls":4},4.9119200000000002E-2]
[{"$nulls":8},"Licença Paternidade",{"$nulls":4},7.2870599999999997E-3]
[{"$nulls":8},"13° Salário",{"$nulls":4},9.2462383100000007]
[{"$nulls":8},"Faltas Justificadas",{"$nulls":4},0.74311402999999998]
[{"$nulls":8},"Férias sobre Licença Maternidade",{"$nulls":4},0.17182523]
[{"$nulls":8},"Reciclagem Tecnológica",{"$nulls":4},0]
[{"$nulls":8},"Total Grupo B",{"$nulls":4},15.491680219999999]
[{"$nulls":8},"Grupo C - Verbas Rescisórias"]
[{"$nulls":8},"Aviso Prévio Indenizado",{"$nulls":4},5.3227647100000004]
[{"$nulls":8},"Aviso Prévio Trabalhado",{"$nulls":4},0.14663329999999999]
[{"$nulls":8},"Férias Indenizadas + 1/3",{"$nulls":4},7.9540284400000001]
[{"$nulls":8},"Depósito por Rescisão Sem Justa Causa",{"$nulls":4},3.6957337699999999]
[{"$nulls":8},"Indenização Adicional",{"$nulls":4},0.92889253000000005]
[{"$nulls":8},"Total Grupo C",{"$nulls":4},18.04805275]
[{"$nulls":8},"Grupo D - Verbas Rescisórias"]
[{"$nulls":8},"Reincidência de A sobre B",{"$nulls":4},5.7181512999999997]
[{"$nulls":8},"Reincidência de A sobre Aviso Prévio Trabalhado + Reincidência de FGTS sobre Aviso Prévio Indenizado",{"$nulls":4},0.47994515999999998]
[{"$nulls":8},"Total Grupo D",{"$nulls":4},6.1980964600000004]
[{"$nulls":8},"Total Encargos Sociais e Trabalhistas - abril/2025",{"$nulls":4},76.650000000000006]
[{"$nulls":8},"Periculosidade/Insalubridade",{"$nulls":4}," %",null,"R$"]
[{"$nulls":8},"Total Periculosidade/Insalubridade",{"$nulls":4},0,null,0]
[{"$nulls":8},"Encargos Sociais e Trabalhistas - Média Móvel",{"$nulls":4}," %",null,"R$"]
[{"$nulls":8},"Encargos Sociais e Trabalhistas - Média Móvel - Sobre Salário",{"$nulls":4},76.72,null,1331.426269]
[{"$nulls":8},"Encargos Sociais e Trabalhistas - Média Móvel - Sobre Periculosidade/Insalubridade",{"$nulls":4},76.72,null,0]
[{"$nulls":8},"Total Encargos Sociais e Trabalhistas - Média Móvel",{"$nulls":4},76.72,null,1331.426269]
[{"$nulls":8},"Encargos Complementares",{"$nulls":4}," %",null,"R$"]
[{"$nulls":8},"Alimentação",{"$nulls":4},38,null,659.38283200000001]
[{"$nulls":8},"EPI",{"$nulls":4},2.69,null,46.637943]
[{"$nulls":8},"Ferramenta",{"$nulls":4},0,null,0]
[{"$nulls":8},"Transporte",{"$nulls":4},10.29,null,178.49648400000001]
[{"$nulls":8},"Consulta Ocupacional",{"$nulls":4},0.57999999999999996,null,10.016475]
[{"$nulls":8},"Total Encargos Complementares",{"$nulls":4},51.56,null,894.53373399999998]
[{"$nulls":8},"Encargos Adicionais",{"$nulls":4}," %",null,"R$"]
[{"$nulls":8},"Cesta Básica",{"$nulls":4},24.14,null,419]
[{"$nulls":8},"Assistência Médica",{"$nulls":4},0,null,0]
[{"$nulls":8},"Seguro de Vida",{"$nulls":4},0.03,null,0.5]
[{"$nulls":8},"Desgaste Orgânico",{"$nulls":4},0,null,0]
[{"$nulls":8},"Adicional de Confinamento",{"$nulls":4},0,null,0]
[{"$nulls":8},"Total Encargos Adicionais",{"$nulls":4},24.17,null,419.5]
[{"$nulls":8},"Encargos Totais",{"$nulls":4},152.43780000000001,null,2645.4600030000001]
[{"$nulls":8},"Custo Total",{"$nulls":6},4380.8957]
[{"$nulls":8},"Código",null,"Descrição",null,null,"Unidade",null,"Salário \n(R$)"]
[{"$nulls":8},"P9851",null,"Médico do trabalho",null,null,"mês",null,10050.698700000001]
[]
[{"$nulls":8},"Encargos Sociais e Trabalhistas - abril/2025",{"$nulls":4}," %"]
[{"$nulls":8},"Grupo A - Encargos Sociais"]
[{"$nulls":8},"Previdência Social",{"$nulls":4},20]
[{"$nulls":8},"FGTS",{"$nulls":4},8]
[{"$nulls":8},"Salário Educação",{"$nulls":4},2.5]
[{"$nulls":8},"SESC ou SESI",{"$nulls":4},1.5]
[{"$nulls":8},"SENAI / SEBRAE",{"$nulls":4},1.6]
[{"$nulls":8},"INCRA",{"$nulls":4},0.2]
[{"$nulls":8},"Seguro Contra Risco e Acidente de Trabalho",{"$nulls":4},3]
[{"$nulls":8},"SECONCI",{"$nulls":4},0.41481480999999998]
[{"$nulls":8},"FAE - Financiamento de Aposentadoria Especial",{"$nulls":4},0]
[{"$nulls":8},"Total Grupo A",{"$nulls":4},37.21481481]
[{"$nulls":8},"Grupo B - Encargos Trabalhistas"]
[{"$nulls":8},"Repouso Semanal Remunerado - Domingos",{"$nulls":4},0]
[{"$nulls":8},"Feriados",{"$nulls":4},0]
[{"$nulls":8},"Férias Gozadas + 1/3",{"$nulls":4},6.8049689600000001]
[{"$nulls":8},"Auxílio Enfermidade",{"$nulls":4},0.90849278]
[{"$nulls":8},"Auxílio Acidente de Trabalho",{"$nulls":4},4.9079919999999999E-2]
[{"$nulls":8},"Licença Paternidade",{"$nulls":4},4.2527759999999998E-2]
[{"$nulls":8},"13° Salário",{"$nulls":4},9.2388454899999992]
[{"$nulls":8},"Faltas Justificadas",{"$nulls":4},0.74251986999999997]
[{"$nulls":8},"Férias sobre Licença Maternidade",{"$nulls":4},4.7066249999999997E-2]
[{"$nulls":8},"Reciclagem Tecnológica",{"$nulls":4},0]
[{"$nulls":8},"Total Grupo B",{"$nulls":4},17.833501040000002]
[{"$nulls":8},"Grupo C - Verbas Rescisórias"]
[{"$nulls":8},"Aviso Prévio Indenizado",{"$nulls":4},4.0282163999999998]
[{"$nulls":8},"Aviso Prévio Trabalhado",{"$nulls":4},0.1017231]
[{"$nulls":8},"Férias Indenizadas + 1/3",{"$nulls":4},5.5134916900000004]
[{"$nulls":8},"Depósito por Rescisão Sem Justa Causa",{"$nulls":4},3.7706720300000001]
[{"$nulls":8},"Indenização Adicional",{"$nulls":4},0.92814984]
[{"$nulls":8},"Total Grupo C",{"$nulls":4},14.34225307]
[{"$nulls":8},"Grupo D - Verbas Rescisórias"]
[{"$nulls":8},"Reincidência de A sobre B",{"$nulls":4},6.6367043900000002]
[{"$nulls":8},"Reincidência de A sobre Aviso Prévio Trabalhado + Reincidência de FGTS sobre Aviso Prévio Indenizado",{"$nulls":4},0.36011336999999999]
[{"$nulls":8},"Total Grupo D",{"$nulls":4},6.9968177599999999]
[{"$nulls":8},"Total Encargos Sociais e Trabalhistas - abril/2025",{"$nulls":4},76.39]
[{"$nulls":8},"Periculosidade/Insalubridade",{"$nulls":4}," %",null,"R$"]
[{"$nulls":8},"Total Periculosidade/Insalubridade",{"$nulls":4},0,null,0]
[{"$nulls":8},"Encargos Sociais e Trabalhistas - Média Móvel",{"$nulls":4}," %",null,"R$"]
[{"$nulls":8},"Encargos Sociais e Trabalhistas - Média Móvel - Sobre Salário",{"$nulls":4},76.33,null,7671.6983179999997]
[{"$nulls":8},"Encargos Sociais e Trabalhistas - Média Móvel - Sobre Periculosidade/Insalubridade",{"$nulls":4},76.33,null,0]
[{"$nulls":8},"Total Encargos Sociais e Trabalhistas - Média Móvel",{"$nulls":4},76.33,null,7671.6983179999997]
[{"$nulls":8},"Encargos Complementares",{"$nulls":4}," %",null,"R$"]
[{"$nulls":8},"Alimentação",{"$nulls":4},6.56,null,659.38283200000001]
[{"$nulls":8},"EPI",{"$nulls":4},0,null,0]
[{"$nulls":8},"Ferramenta",{"$nulls":4},0,null,0]
[{"$nulls":8},"Transporte",{"$nulls":4},1.78,null,178.49648400000001]
[{"$nulls":8},"Consulta Ocupacional",{"$nulls":4},0.1,null,10.42301]
[{"$nulls":8},"Total Encargos Complementares",{"$nulls":4},8.44,null,848.30232599999999]
[{"$nulls":8},"Encargos Adicionais",{"$nulls":4}," %",null,"R$"]
[{"$nulls":8},"Cesta Básica",{"$nulls":4},4.17,null,419]
[{"$nulls":8},"Assistência Médica",{"$nulls":4},0,null,0]
[{"$nulls":8},"Seguro de Vida",{"$nulls":4},0,null,0.5]
[{"$nulls":8},"Desgaste Orgânico",{"$nulls":4},0,null,0]
[{"$nulls":8},"Adicional de Confinamento",{"$nulls":4},0,null,0]
[{"$nulls":8},"Total Encargos Adicionais",{"$nulls":4},4.17,null,419.5]
[{"$nulls":8},"Encargos Totais",{"$nulls":4},88.944100000000006,null,8939.5006439999997]
[{"$nulls":8},"Custo Total",{"$nulls":6},18990.2022]
[{"$nulls":8},"Código",null,"Descrição",null,null,"Unidade",null,"Salário \n(R$)"]
[{"$nulls":8},"P9852",null,"Blaster",null,null,"h",null,12.4795]
[]
[{"$nulls":8},"Encargos Sociais e Trabalhistas - abril/2025",{"$nulls":4}," %"]
[{"$nulls":8},"Grupo A - Encargos Sociais"]
[{"$nulls":8},"Previdência Social",{"$nulls":4},20]
[{"$nulls":8},"FGTS",{"$nulls":4},8]
[{"$nulls":8},"Salário Educação",{"$nulls":4},2.5]
[{"$nulls":8},"SESC ou SESI",{"$nulls":4},1.5]
[{"$nulls":8},"SENAI / SEBRAE",{"$nulls":4},1.6]
[{"$nulls":8},"INCRA",{"$nulls":4},0.2]
[{"$nulls":8},"Seguro Contra Risco e Acidente de Trabalho",{"$nulls":4},3]
[{"$nulls":8},"SECONCI",{"$nulls":4},0.41481480999999998]
[{"$nulls":8},"FAE - Financiamento de Aposentadoria Especial",{"$nulls":4},0]
[{"$nulls":8},"Total Grupo A",{"$nulls":4},37.21481481]
[{"$nulls":8},"Grupo B - Encargos Trabalhistas"]
[{"$nulls":8},"Repouso Semanal Remunerado - Domingos",{"$nulls":4},18.679468709999998]
[{"$nulls":8},"Feriados",{"$nulls":4},5.1701945900000004]
[{"$nulls":8},"Férias Gozadas + 1/3",{"$nulls":4},6.9452512000000004]
[{"$nulls":8},"Auxílio Enfermidade",{"$nulls":4},0.90857893999999995]
[{"$nulls":8},"Auxílio Acidente de Trabalho",{"$nulls":4},4.9084580000000003E-2]
[{"$nulls":8},"Licença Paternidade",{"$nulls":4},9.6820959999999998E-2]
[{"$nulls":8},"13° Salário",{"$nulls":4},9.2397216699999998]
[{"$nulls":8},"Faltas Justificadas",{"$nulls":4},0.74259028999999999]
[{"$nulls":8},"Férias sobre Licença Maternidade",{"$nulls":4},2.30079E-3]
[{"$nulls":8},"Reciclagem Tecnológica",{"$nulls":4},0]
[{"$nulls":8},"Total Grupo B",{"$nulls":4},41.834011740000001]
[{"$nulls":8},"Grupo C - Verbas Rescisórias"]
[{"$nulls":8},"Aviso Prévio Indenizado",{"$nulls":4},3.92620586]
[{"$nulls":8},"Aviso Prévio Trabalhado",{"$nulls":4},9.9147059999999995E-2]
[{"$nulls":8},"Férias Indenizadas + 1/3",{"$nulls":4},5.3743776900000002]
[{"$nulls":8},"Depósito por Rescisão Sem Justa Causa",{"$nulls":4},4.53868838]
[{"$nulls":8},"Indenização Adicional",{"$nulls":4},0.92823785999999997]
[{"$nulls":8},"Total Grupo C",{"$nulls":4},14.866656860000001]
[{"$nulls":8},"Grupo D - Verbas Rescisórias"]
[{"$nulls":8},"Reincidência de A sobre B",{"$nulls":4},15.56845]
[{"$nulls":8},"Reincidência de A sobre Aviso Prévio Trabalhado + Reincidência de FGTS sobre Aviso Prévio Indenizado",{"$nulls":4},0.35099386999999999]
[{"$nulls":8},"Total Grupo D",{"$nulls":4},15.919443859999999]
[{"$nulls":8},"Total Encargos Sociais e Trabalhistas - abril/2025",{"$nulls":4},109.83]
[{"$nulls":8},"Periculosidade/Insalubridade",{"$nulls":4}," %",null,"R$"]
[{"$nulls":8},"Total Periculosidade/Insalubridade",{"$nulls":4},30,null,3.7439]
[{"$nulls":8},"Encargos Sociais e Trabalhistas - Média Móvel",{"$nulls":4}," %",null,"R$"]
[{"$nulls":8},"Encargos Sociais e Trabalhistas - Média Móvel - Sobre Salário",{"$nulls":4},109.67,null,13.686268]
[{"$nulls":8},"Encargos Sociais e Trabalhistas - Média Móvel - Sobre Periculosidade/Insalubridade",{"$nulls":4},109.67,null,4.1059349999999997]
[{"$nulls":8},"Total Encargos Sociais e Trabalhistas - Média Móvel",{"$nulls":4},109.67,null,17.792203000000001]
[{"$nulls":8},"Encargos Complementares",{"$nulls":4}," %",null,"R$"]
[{"$nulls":8},"Alimentação",{"$nulls":4},28.95,null,3.6132550000000001]
[{"$nulls":8},"EPI",{"$nulls":4},4.01,null,0.50046199999999996]
[{"$nulls":8},"Ferramenta",{"$nulls":4},0.36,null,4.4330000000000001E-2]
[{"$nulls":8},"Transporte",{"$nulls":4},7.84,null,0.97811700000000001]
[{"$nulls":8},"Consulta Ocupacional",{"$nulls":4},0.45,null,5.5669000000000003E-2]
[{"$nulls":8},"Total Encargos Complementares",{"$nulls":4},41.61,null,5.1918329999999999]
[{"$nulls":8},"Encargos Adicionais",{"$nulls":4}," %",null,"R$"]
[{"$nulls":8},"Cesta Básica",{"$nulls":4},18.399999999999999,null,2.2960159999999998]
[{"$nulls":8},"Assistência Médica",{"$nulls":4},0,null,0]
[{"$nulls":8},"Seguro de Vida",{"$nulls":4},0.02,null,2.7399999999999998E-3]
[{"$nulls":8},"Desgaste Orgânico",{"$nulls":4},0,null,0]
[{"$nulls":8},"Adicional de Confinamento",{"$nulls":4},0,null,0]
[{"$nulls":8},"Total Encargos Adicionais",{"$nulls":4},18.420000000000002,null,2.298756]
[{"$nulls":8},"Encargos Totais",{"$nulls":4},202.59460000000001,null,25.282792000000001]
[{"$nulls":8},"Custo Total",{"$nulls":6},41.506100000000004]
[{"$nulls":8},"Código",null,"Descrição",null,null,"Unidade",null,"Salário \n(R$)"]
[{"$nulls":8},"P9853",null,"Pré-marcador",null,null,"h",null,7.1542000000000003]
[]
[{"$nulls":8},"Encargos Sociais e Trabalhistas - abril/2025",{"$nulls":4}," %"]
[{"$nulls":8},"Grupo A - Encargos Sociais"]
[{"$nulls":8},"Previdência Social",{"$nulls":4},20]
[{"$nulls":8},"FGTS",{"$nulls":4},8]
[{"$nulls":8},"Salário Educação",{"$nulls":4},2.5]
[{"$nulls":8},"SESC ou SESI",{"$nulls":4},1.5]
[{"$nulls":8},"SENAI / SEBRAE",{"$nulls":4},1.6]
[{"$nulls":8},"INCRA",{"$nulls":4},0.2]
[{"$nulls":8},"Seguro Contra Risco e Acidente de Trabalho",{"$nulls":4},3]
[{"$nulls":8},"SECONCI",{"$nulls":4},0]
[{"$nulls":8},"FAE - Financiamento de Aposentadoria Especial",{"$nulls":4},0]
[{"$nulls":8},"Total Grupo A",{"$nulls":4},36.799999999999997]
[{"$nulls":8},"Grupo B - Encargos Trabalhistas"]
[{"$nulls":8},"Repouso Semanal Remunerado - Domingos",{"$nulls":4},17.797283109999999]
[{"$nulls":8},"Feriados",{"$nulls":4},4.92230832]
[{"$nulls":8},"Férias Gozadas + 1/3",{"$nulls":4},8.8230619999999996E-2]
[{"$nulls":8},"Auxílio Enfermidade",{"$nulls":4},0.92146187999999996]
[{"$nulls":8},"Auxílio Acidente de Trabalho",{"$nulls":4},4.9094239999999997E-2]
[{"$nulls":8},"Licença Paternidade",{"$nulls":4},9.9054519999999993E-2]
[{"$nulls":8},"13° Salário",{"$nulls":4},9.2415410399999995]
[{"$nulls":8},"Faltas Justificadas",{"$nulls":4},0.74273650999999996]
[{"$nulls":8},"Férias sobre Licença Maternidade",{"$nulls":4},7.0639199999999996E-3]
[{"$nulls":8},"Reciclagem Tecnológica",{"$nulls":4},0]
[{"$nulls":8},"Total Grupo B",{"$nulls":4},33.868774170000002]
[{"$nulls":8},"Grupo C - Verbas Rescisórias"]
[{"$nulls":8},"Aviso Prévio Indenizado",{"$nulls":4},8.1909268500000003]
[{"$nulls":8},"Aviso Prévio Trabalhado",{"$nulls":4},0.22564639]
[{"$nulls":8},"Férias Indenizadas + 1/3",{"$nulls":4},12.2338241]
[{"$nulls":8},"Depósito por Rescisão Sem Justa Causa",{"$nulls":4},4.28380077]
[{"$nulls":8},"Indenização Adicional",{"$nulls":4},0.92842064000000002]
[{"$nulls":8},"Total Grupo C",{"$nulls":4},25.862618749999999]
[{"$nulls":8},"Grupo D - Verbas Rescisórias"]
[{"$nulls":8},"Reincidência de A sobre B",{"$nulls":4},12.4637089]
[{"$nulls":8},"Reincidência de A sobre Aviso Prévio Trabalhado + Reincidência de FGTS sobre Aviso Prévio Indenizado",{"$nulls":4},0.73831201999999996]
[{"$nulls":8},"Total Grupo D",{"$nulls":4},13.202020920000001]
[{"$nulls":8},"Total Encargos Sociais e Trabalhistas - abril/2025",{"$nulls":4},109.73]
[{"$nulls":8},"Periculosidade/Insalubridade",{"$nulls":4}," %",null,"R$"]
[{"$nulls":8},"Total Periculosidade/Insalubridade",{"$nulls":4},0,null,0]
[{"$nulls":8},"Encargos Sociais e Trabalhistas - Média Móvel",{"$nulls":4}," %",null,"R$"]
[{"$nulls":8},"Encargos Sociais e Trabalhistas - Média Móvel - Sobre Salário",{"$nulls":4},109.43,null,7.8288409999999997]
[{"$nulls":8},"Encargos Sociais e Trabalhistas - Média Móvel - Sobre Periculosidade/Insalubridade",{"$nulls":4},109.43,null,0]
[{"$nulls":8},"Total Encargos Sociais e Trabalhistas - Média Móvel",{"$nulls":4},109.43,null,7.8288409999999997]
[{"$nulls":8},"Encargos Complementares",{"$nulls":4}," %",null,"R$"]
[{"$nulls":8},"Alimentação",{"$nulls":4},50.51,null,3.6132550000000001]
[{"$nulls":8},"EPI",{"$nulls":4},3.59,null,0.25672299999999998]
[{"$nulls":8},"Ferramenta",{"$nulls":4},0.74,null,5.3273000000000001E-2]
[{"$nulls":8},"Transporte",{"$nulls":4},13.67,null,0.97811700000000001]
[{"$nulls":8},"Consulta Ocupacional",{"$nulls":4},1.18,null,8.4463999999999997E-2]
[{"$nulls":8},"Total Encargos Complementares",{"$nulls":4},69.69,null,4.9858320000000003]
[{"$nulls":8},"Encargos Adicionais",{"$nulls":4}," %",null,"R$"]
[{"$nulls":8},"Cesta Básica",{"$nulls":4},32.090000000000003,null,2.2960159999999998]
[{"$nulls":8},"Assistência Médica",{"$nulls":4},0,null,0]
[{"$nulls":8},"Seguro de Vida",{"$nulls":4},0.04,null,2.7399999999999998E-3]
[{"$nulls":8},"Desgaste Orgânico",{"$nulls":4},0,null,0]
[{"$nulls":8},"Adicional de Confinamento",{"$nulls":4},0,null,0]
[{"$nulls":8},"Total Encargos Adicionais",{"$nulls":4},32.130000000000003,null,2.298756]
[{"$nulls":8},"Encargos Totais",{"$nulls":4},211.2525,null,15.113429]
[{"$nulls":8},"Custo Total",{"$nulls":6},22.267600000000002]
[{"$nulls":8},"Código",null,"Descrição",null,null,"Unidade",null,"Salário \n(R$)"]
[{"$nulls":8},"P9854",null,"Recepcionista",null,null,"mês",null,1692.1795]
[]
[{"$nulls":8},"Encargos Sociais e Trabalhistas - abril/2025",{"$nulls":4}," %"]
[{"$nulls":8},"Grupo A - Encargos Sociais"]
[{"$nulls":8},"Previdência Social",{"$nulls":4},20]
[{"$nulls":8},"FGTS",{"$nulls":4},8]
[{"$nulls":8},"Salário Educação",{"$nulls":4},2.5]
[{"$nulls":8},"SESC ou SESI",{"$nulls":4},1.5]
[{"$nulls":8},"SENAI / SEBRAE",{"$nulls":4},1.6]
[{"$nulls":8},"INCRA",{"$nulls":4},0.2]
[{"$nulls":8},"Seguro Contra Risco e Acidente de Trabalho",{"$nulls":4},3]
[{"$nulls":8},"SECONCI",{"$nulls":4},0.11111111]
[{"$nulls":8},"FAE - Financiamento de Aposentadoria Especial",{"$nulls":4},0]
[{"$nulls":8},"Total Grupo A",{"$nulls":4},36.91111111]
[{"$nulls":8},"Grupo B - Encargos Trabalhistas"]
[{"$nulls":8},"Repouso Semanal Remunerado - Domingos",{"$nulls":4},0]
[{"$nulls":8},"Feriados",{"$nulls":4},0]
[{"$nulls":8},"Férias Gozadas + 1/3",{"$nulls":4},5.7858799200000002]
[{"$nulls":8},"Auxílio Enfermidade",{"$nulls":4},0.90031249000000002]
[{"$nulls":8},"Auxílio Acidente de Trabalho",{"$nulls":4},4.9146790000000003E-2]
[{"$nulls":8},"Licença Paternidade",{"$nulls":4},2.040264E-2]
[{"$nulls":8},"13° Salário",{"$nulls":4},9.2514318899999992]
[{"$nulls":8},"Faltas Justificadas",{"$nulls":4},0.74353142999999999]
[{"$nulls":8},"Férias sobre Licença Maternidade",{"$nulls":4},0.21491714000000001]
[{"$nulls":8},"Reciclagem Tecnológica",{"$nulls":4},0]
[{"$nulls":8},"Total Grupo B",{"$nulls":4},16.965622289999999]
[{"$nulls":8},"Grupo C - Verbas Rescisórias"]
[{"$nulls":8},"Aviso Prévio Indenizado",{"$nulls":4},4.38031448]
[{"$nulls":8},"Aviso Prévio Trabalhado",{"$nulls":4},0.12067037]
[{"$nulls":8},"Férias Indenizadas + 1/3",{"$nulls":4},6.5493626000000003]
[{"$nulls":8},"Depósito por Rescisão Sem Justa Causa",{"$nulls":4},3.7428999100000002]
[{"$nulls":8},"Indenização Adicional",{"$nulls":4},0.92941428999999998]
[{"$nulls":8},"Total Grupo C",{"$nulls":4},15.72266166]
[{"$nulls":8},"Grupo D - Verbas Rescisórias"]
[{"$nulls":8},"Reincidência de A sobre B",{"$nulls":4},6.2621996900000001]
[{"$nulls":8},"Reincidência de A sobre Aviso Prévio Trabalhado + Reincidência de FGTS sobre Aviso Prévio Indenizado",{"$nulls":4},0.39496593000000002]
[{"$nulls":8},"Total Grupo D",{"$nulls":4},6.6571656299999997]
[{"$nulls":8},"Total Encargos Sociais e Trabalhistas - abril/2025",{"$nulls":4},76.260000000000005]
[{"$nulls":8},"Periculosidade/Insalubridade",{"$nulls":4}," %",null,"R$"]
[{"$nulls":8},"Total Periculosidade/Insalubridade",{"$nulls":4},0,null,0]
[{"$nulls":8},"Encargos Sociais e Trabalhistas - Média Móvel",{"$nulls":4}," %",null,"R$"]
[{"$nulls":8},"Encargos Sociais e Trabalhistas - Média Móvel - Sobre Salário",{"$nulls":4},76.34,null,1291.8098299999999]
[{"$nulls":8},"Encargos Sociais e Trabalhistas - Média Móvel - Sobre Periculosidade/Insalubridade",{"$nulls":4},76.34,null,0]
[{"$nulls":8},"Total Encargos Sociais e Trabalhistas - Média Móvel",{"$nulls":4},76.34,null,1291.8098299999999]
[{"$nulls":8},"Encargos Complementares",{"$nulls":4}," %",null,"R$"]
[{"$nulls":8},"Alimentação",{"$nulls":4},38.97,null,659.38283200000001]
[{"$nulls":8},"EPI",{"$nulls":4},0,null,0]
[{"$nulls":8},"Ferramenta",{"$nulls":4},0,null,0]
[{"$nulls":8},"Transporte",{"$nulls":4},10.55,null,178.49648400000001]
[{"$nulls":8},"Consulta Ocupacional",{"$nulls":4},0.49,null,8.2429550000000003]
[{"$nulls":8},"Total Encargos Complementares",{"$nulls":4},50.01,null,846.12227099999996]
[{"$nulls":8},"Encargos Adicionais",{"$nulls":4}," %",null,"R$"]
[{"$nulls":8},"Cesta Básica",{"$nulls":4},24.76,null,419]
[{"$nulls":8},"Assistência Médica",{"$nulls":4},0,null,0]
[{"$nulls":8},"Seguro de Vida",{"$nulls":4},0.03,null,0.5]
[{"$nulls":8},"Desgaste Orgânico",{"$nulls":4},0,null,0]
[{"$nulls":8},"Adicional de Confinamento",{"$nulls":4},0,null,0]
[{"$nulls":8},"Total Encargos Adicionais",{"$nulls":4},24.79,null,419.5]
[{"$nulls":8},"Encargos Totais",{"$nulls":4},151.13239999999999,null,2557.4321009999999]
[{"$nulls":8},"Custo Total",{"$nulls":6},4249.6108999999997]
[{"$nulls":8},"Código",null,"Descrição",null,null,"Unidade",null,"Salário \n(R$)"]
[{"$nulls":8},"P9855",null,"Marinheiro de máquinas",null,null,"mês",null,2392.7157000000002]
[]
[{"$nulls":8},"Encargos Sociais e Trabalhistas - abril/2025",{"$nulls":4}," %"]
[{"$nulls":8},"Grupo A - Encargos Sociais"]
[{"$nulls":8},"Previdência Social",{"$nulls":4},20]
[{"$nulls":8},"FGTS",{"$nulls":4},8]
[{"$nulls":8},"Salário Educação",{"$nulls":4},2.5]
[{"$nulls":8},"SESC ou SESI",{"$nulls":4},1.5]
[{"$nulls":8},"SENAI / SEBRAE",{"$nulls":4},1.6]
[{"$nulls":8},"INCRA",{"$nulls":4},0.2]
[{"$nulls":8},"Seguro Contra Risco e Acidente de Trabalho",{"$nulls":4},3]
[{"$nulls":8},"SECONCI",{"$nulls":4},0.41481480999999998]
[{"$nulls":8},"FAE - Financiamento de Aposentadoria Especial",{"$nulls":4},0]
[{"$nulls":8},"Total Grupo A",{"$nulls":4},37.21481481]
[{"$nulls":8},"Grupo B - Encargos Trabalhistas"]
[{"$nulls":8},"Repouso Semanal Remunerado - Domingos",{"$nulls":4},0]
[{"$nulls":8},"Feriados",{"$nulls":4},0]
[{"$nulls":8},"Férias Gozadas + 1/3",{"$nulls":4},8.7941778500000005]
[{"$nulls":8},"Auxílio Enfermidade",{"$nulls":4},0.90849528999999996]
[{"$nulls":8},"Auxílio Acidente de Trabalho",{"$nulls":4},5.0919279999999997E-2]
[{"$nulls":8},"Licença Paternidade",{"$nulls":4},8.4596969999999994E-2]
[{"$nulls":8},"13° Salário",{"$nulls":4},9.2388753799999996]
[{"$nulls":8},"Faltas Justificadas",{"$nulls":4},0.74252227000000004]
[{"$nulls":8},"Férias sobre Licença Maternidade",{"$nulls":4},3.5161599999999999E-3]
[{"$nulls":8},"Reciclagem Tecnológica",{"$nulls":4},0]
[{"$nulls":8},"Total Grupo B",{"$nulls":4},19.823103190000001]
[{"$nulls":8},"Grupo C - Verbas Rescisórias"]
[{"$nulls":8},"Aviso Prévio Indenizado",{"$nulls":4},2.7894747299999998]
[{"$nulls":8},"Aviso Prévio Trabalhado",{"$nulls":4},6.5023020000000001E-2]
[{"$nulls":8},"Férias Indenizadas + 1/3",{"$nulls":4},3.5243226600000002]
[{"$nulls":8},"Depósito por Rescisão Sem Justa Causa",{"$nulls":4},3.8343392999999999]
[{"$nulls":8},"Indenização Adicional",{"$nulls":4},0.92815283999999998]
[{"$nulls":8},"Total Grupo C",{"$nulls":4},11.14131255]
[{"$nulls":8},"Grupo D - Verbas Rescisórias"]
[{"$nulls":8},"Reincidência de A sobre B",{"$nulls":4},7.3771311400000004]
[{"$nulls":8},"Reincidência de A sobre Aviso Prévio Trabalhado + Reincidência de FGTS sobre Aviso Prévio Indenizado",{"$nulls":4},0.24735616999999999]
[{"$nulls":8},"Total Grupo D",{"$nulls":4},7.6244873200000001]
[{"$nulls":8},"Total Encargos Sociais e Trabalhistas - abril/2025",{"$nulls":4},75.8]
[{"$nulls":8},"Periculosidade/Insalubridade",{"$nulls":4}," %",null,"R$"]
[{"$nulls":8},"Total Periculosidade/Insalubridade",{"$nulls":4},0,null,0]
[{"$nulls":8},"Encargos Sociais e Trabalhistas - Média Móvel",{"$nulls":4}," %",null,"R$"]
[{"$nulls":8},"Encargos Sociais e Trabalhistas - Média Móvel - Sobre Salário",{"$nulls":4},75.8,null,1813.6785010000001]
[{"$nulls":8},"Encargos Sociais e Trabalhistas - Média Móvel - Sobre Periculosidade/Insalubridade",{"$nulls":4},75.8,null,0]
[{"$nulls":8},"Total Encargos Sociais e Trabalhistas - Média Móvel",{"$nulls":4},75.8,null,1813.6785010000001]
[{"$nulls":8},"Encargos Complementares",{"$nulls":4}," %",null,"R$"]
[{"$nulls":8},"Alimentação",{"$nulls":4},36.549999999999997,null,874.50499000000002]
[{"$nulls":8},"EPI",{"$nulls":4},0,null,0]
[{"$nulls":8},"Ferramenta",{"$nulls":4},0,null,0]
[{"$nulls":8},"Transporte",{"$nulls":4},0,null,0]
[{"$nulls":8},"Consulta Ocupacional",{"$nulls":4},0.28000000000000003,null,6.6625529999999999]
[{"$nulls":8},"Total Encargos Complementares",{"$nulls":4},36.83,null,881.16754300000002]
[{"$nulls":8},"Encargos Adicionais",{"$nulls":4}," %",null,"R$"]
[{"$nulls":8},"Cesta Básica",{"$nulls":4},12.54,null,300]
[{"$nulls":8},"Assistência Médica",{"$nulls":4},0,null,0]
[{"$nulls":8},"Seguro de Vida",{"$nulls":4},0.21,null,4.99]
[{"$nulls":8},"Desgaste Orgânico",{"$nulls":4},0,null,0]
[{"$nulls":8},"Adicional de Confinamento",{"$nulls":4},0,null,0]
[{"$nulls":8},"Total Encargos Adicionais",{"$nulls":4},12.75,null,304.99]
[{"$nulls":8},"Encargos Totais",{"$nulls":4},125.3737,null,2999.8360440000001]
[{"$nulls":8},"Custo Total",{"$nulls":6},5392.5519000000004]
[{"$nulls":8},"Código",null,"Descrição",null,null,"Unidade",null,"Salário \n(R$)"]
[{"$nulls":8},"P9856",null,"Marinheiro de convés",null,null,"h",null,10.8032]
[]
[{"$nulls":8},"Encargos Sociais e Trabalhistas - abril/2025",{"$nulls":4}," %"]
[{"$nulls":8},"Grupo A - Encargos Sociais"]
[{"$nulls":8},"Previdência Social",{"$nulls":4},20]
[{"$nulls":8},"FGTS",{"$nulls":4},8]
[{"$nulls":8},"Salário Educação",{"$nulls":4},2.5]
[{"$nulls":8},"SESC ou SESI",{"$nulls":4},1.5]
[{"$nulls":8},"SENAI / SEBRAE",{"$nulls":4},1.6]
[{"$nulls":8},"INCRA",{"$nulls":4},0.2]
[{"$nulls":8},"Seguro Contra Risco e Acidente de Trabalho",{"$nulls":4},3]
[{"$nulls":8},"SECONCI",{"$nulls":4},0.41481480999999998]
[{"$nulls":8},"FAE - Financiamento de Aposentadoria Especial",{"$nulls":4},0]
[{"$nulls":8},"Total Grupo A",{"$nulls":4},37.21481481]
[{"$nulls":8},"Grupo B - Encargos Trabalhistas"]
[{"$nulls":8},"Repouso Semanal Remunerado - Domingos",{"$nulls":4},18.945511289999999]
[{"$nulls":8},"Feriados",{"$nulls":4},5.2449486199999997]
[{"$nulls":8},"Férias Gozadas + 1/3",{"$nulls":4},9.0103851699999993]
[{"$nulls":8},"Auxílio Enfermidade",{"$nulls":4},0.90854272000000003]
[{"$nulls":8},"Auxílio Acidente de Trabalho",{"$nulls":4},5.0921929999999997E-2]
[{"$nulls":8},"Licença Paternidade",{"$nulls":4},8.9208300000000004E-2]
[{"$nulls":8},"13° Salário",{"$nulls":4},9.2393577100000002]
[{"$nulls":8},"Faltas Justificadas",{"$nulls":4},0.74256104000000001]
[{"$nulls":8},"Férias sobre Licença Maternidade",{"$nulls":4},4.1287199999999998E-3]
[{"$nulls":8},"Reciclagem Tecnológica",{"$nulls":4},0]
[{"$nulls":8},"Total Grupo B",{"$nulls":4},44.2355655]
[{"$nulls":8},"Grupo C - Verbas Rescisórias"]
[{"$nulls":8},"Aviso Prévio Indenizado",{"$nulls":4},2.6187205699999998]
[{"$nulls":8},"Aviso Prévio Trabalhado",{"$nulls":4},6.1042720000000002E-2]
[{"$nulls":8},"Férias Indenizadas + 1/3",{"$nulls":4},3.30875845]
[{"$nulls":8},"Depósito por Rescisão Sem Justa Causa",{"$nulls":4},4.6155381000000002]
[{"$nulls":8},"Indenização Adicional",{"$nulls":4},0.92820130000000001]
[{"$nulls":8},"Total Grupo C",{"$nulls":4},11.53226113]
[{"$nulls":8},"Grupo D - Verbas Rescisórias"]
[{"$nulls":8},"Reincidência de A sobre B",{"$nulls":4},16.46218378]
[{"$nulls":8},"Reincidência de A sobre Aviso Prévio Trabalhado + Reincidência de FGTS sobre Aviso Prévio Indenizado",{"$nulls":4},0.23221458]
[{"$nulls":8},"Total Grupo D",{"$nulls":4},16.694398360000001]
[{"$nulls":8},"Total Encargos Sociais e Trabalhistas - abril/2025",{"$nulls":4},109.68]
[{"$nulls":8},"Periculosidade/Insalubridade",{"$nulls":4}," %",null,"R$"]
[{"$nulls":8},"Total Periculosidade/Insalubridade",{"$nulls":4},0,null,0]
[{"$nulls":8},"Encargos Sociais e Trabalhistas - Média Móvel",{"$nulls":4}," %",null,"R$"]
[{"$nulls":8},"Encargos Sociais e Trabalhistas - Média Móvel - Sobre Salário",{"$nulls":4},109.69,null,11.85003]
[{"$nulls":8},"Encargos Sociais e Trabalhistas - Média Móvel - Sobre Periculosidade/Insalubridade",{"$nulls":4},109.69,null,0]
[{"$nulls":8},"Total Encargos Sociais e Trabalhistas - Média Móvel",{"$nulls":4},109.69,null,11.85003]
[{"$nulls":8},"Encargos Complementares",{"$nulls":4}," %",null,"R$"]
[{"$nulls":8},"Alimentação",{"$nulls":4},44.36,null,4.792071]
[{"$nulls":8},"EPI",{"$nulls":4},0,null,0]
[{"$nulls":8},"Ferramenta",{"$nulls":4},0,null,0]
[{"$nulls":8},"Transporte",{"$nulls":4},0,null,0]
[{"$nulls":8},"Consulta Ocupacional",{"$nulls":4},0.32,null,3.4273999999999999E-2]
[{"$nulls":8},"Total Encargos Complementares",{"$nulls":4},44.68,null,4.8263449999999999]
[{"$nulls":8},"Encargos Adicionais",{"$nulls":4}," %",null,"R$"]
[{"$nulls":8},"Cesta Básica",{"$nulls":4},15.22,null,1.643926]
[{"$nulls":8},"Assistência Médica",{"$nulls":4},0,null,0]
[{"$nulls":8},"Seguro de Vida",{"$nulls":4},0.25,null,2.7344E-2]
[{"$nulls":8},"Desgaste Orgânico",{"$nulls":4},0,null,0]
[{"$nulls":8},"Adicional de Confinamento",{"$nulls":4},0,null,0]
[{"$nulls":8},"Total Encargos Adicionais",{"$nulls":4},15.47,null,1.67127]
[{"$nulls":8},"Encargos Totais",{"$nulls":4},169.83529999999999,null,18.347645]
[{"$nulls":8},"Custo Total",{"$nulls":6},29.1508]
[{"$nulls":8},"Código",null,"Descrição",null,null,"Unidade",null,"Salário \n(R$)"]
[{"$nulls":8},"P9857",null,"Marinheiro de convés - mensalista",null,null,"mês",null,2376.7116999999998]
[]
[{"$nulls":8},"Encargos Sociais e Trabalhistas - abril/2025",{"$nulls":4}," %"]
[{"$nulls":8},"Grupo A - Encargos Sociais"]
[{"$nulls":8},"Previdência Social",{"$nulls":4},20]
[{"$nulls":8},"FGTS",{"$nulls":4},8]
[{"$nulls":8},"Salário Educação",{"$nulls":4},2.5]
[{"$nulls":8},"SESC ou SESI",{"$nulls":4},1.5]
[{"$nulls":8},"SENAI / SEBRAE",{"$nulls":4},1.6]
[{"$nulls":8},"INCRA",{"$nulls":4},0.2]
[{"$nulls":8},"Seguro Contra Risco e Acidente de Trabalho",{"$nulls":4},3]
[{"$nulls":8},"SECONCI",{"$nulls":4},0.41481480999999998]
[{"$nulls":8},"FAE - Financiamento de Aposentadoria Especial",{"$nulls":4},0]
[{"$nulls":8},"Total Grupo A",{"$nulls":4},37.21481481]
[{"$nulls":8},"Grupo B - Encargos Trabalhistas"]
[{"$nulls":8},"Repouso Semanal Remunerado - Domingos",{"$nulls":4},0]
[{"$nulls":8},"Feriados",{"$nulls":4},0]
[{"$nulls":8},"Férias Gozadas + 1/3",{"$nulls":4},9.0103851699999993]
[{"$nulls":8},"Auxílio Enfermidade",{"$nulls":4},0.90854272000000003]
[{"$nulls":8},"Auxílio Acidente de Trabalho",{"$nulls":4},5.0921929999999997E-2]
[{"$nulls":8},"Licença Paternidade",{"$nulls":4},8.9208300000000004E-2]
[{"$nulls":8},"13° Salário",{"$nulls":4},9.2393577100000002]
[{"$nulls":8},"Faltas Justificadas",{"$nulls":4},0.74256104000000001]
[{"$nulls":8},"Férias sobre Licença Maternidade",{"$nulls":4},4.1287199999999998E-3]
[{"$nulls":8},"Reciclagem Tecnológica",{"$nulls":4},0]
[{"$nulls":8},"Total Grupo B",{"$nulls":4},20.045105599999999]
[{"$nulls":8},"Grupo C - Verbas Rescisórias"]
[{"$nulls":8},"Aviso Prévio Indenizado",{"$nulls":4},2.6187205699999998]
[{"$nulls":8},"Aviso Prévio Trabalhado",{"$nulls":4},6.1042720000000002E-2]
[{"$nulls":8},"Férias Indenizadas + 1/3",{"$nulls":4},3.30875845]
[{"$nulls":8},"Depósito por Rescisão Sem Justa Causa",{"$nulls":4},3.8414433799999999]
[{"$nulls":8},"Indenização Adicional",{"$nulls":4},0.92820130000000001]
[{"$nulls":8},"Total Grupo C",{"$nulls":4},10.758166409999999]
[{"$nulls":8},"Grupo D - Verbas Rescisórias"]
[{"$nulls":8},"Reincidência de A sobre B",{"$nulls":4},7.4597489299999999]
[{"$nulls":8},"Reincidência de A sobre Aviso Prévio Trabalhado + Reincidência de FGTS sobre Aviso Prévio Indenizado",{"$nulls":4},0.23221458]
[{"$nulls":8},"Total Grupo D",{"$nulls":4},7.6919635099999999]
[{"$nulls":8},"Total Encargos Sociais e Trabalhistas - abril/2025",{"$nulls":4},75.709999999999994]
[{"$nulls":8},"Periculosidade/Insalubridade",{"$nulls":4}," %",null,"R$"]
[{"$nulls":8},"Total Periculosidade/Insalubridade",{"$nulls":4},0,null,0]
[{"$nulls":8},"Encargos Sociais e Trabalhistas - Média Móvel",{"$nulls":4}," %",null,"R$"]
[{"$nulls":8},"Encargos Sociais e Trabalhistas - Média Móvel - Sobre Salário",{"$nulls":4},75.75,null,1800.359113]
[{"$nulls":8},"Encargos Sociais e Trabalhistas - Média Móvel - Sobre Periculosidade/Insalubridade",{"$nulls":4},75.75,null,0]
[{"$nulls":8},"Total Encargos Sociais e Trabalhistas - Média Móvel",{"$nulls":4},75.75,null,1800.359113]
[{"$nulls":8},"Encargos Complementares",{"$nulls":4}," %",null,"R$"]
[{"$nulls":8},"Alimentação",{"$nulls":4},36.79,null,874.50499000000002]
[{"$nulls":8},"EPI",{"$nulls":4},0,null,0]
[{"$nulls":8},"Ferramenta",{"$nulls":4},0,null,0]
[{"$nulls":8},"Transporte",{"$nulls":4},0,null,0]
[{"$nulls":8},"Consulta Ocupacional",{"$nulls":4},0.26,null,6.2547129999999997]
[{"$nulls":8},"Total Encargos Complementares",{"$nulls":4},37.049999999999997,null,880.75970299999994]
[{"$nulls":8},"Encargos Adicionais",{"$nulls":4}," %",null,"R$"]
[{"$nulls":8},"Cesta Básica",{"$nulls":4},12.62,null,300]
[{"$nulls":8},"Assistência Médica",{"$nulls":4},0,null,0]
[{"$nulls":8},"Seguro de Vida",{"$nulls":4},0.21,null,4.99]
[{"$nulls":8},"Desgaste Orgânico",{"$nulls":4},0,null,0]
[{"$nulls":8},"Adicional de Confinamento",{"$nulls":4},0,null,0]
[{"$nulls":8},"Total Encargos Adicionais",{"$nulls":4},12.83,null,304.99]
[{"$nulls":8},"Encargos Totais",{"$nulls":4},125.6403,null,2986.1088159999999]
[{"$nulls":8},"Custo Total",{"$nulls":6},5362.8194000000003]
[{"$nulls":8},"Código",null,"Descrição",null,null,"Unidade",null,"Salário \n(R$)"]
[{"$nulls":8},"P9858",null,"Laboratorista",null,null,"mês",null,3487]
[]
[{"$nulls":8},"Encargos Sociais e Trabalhistas - abril/2025",{"$nulls":4}," %"]
[{"$nulls":8},"Grupo A - Encargos Sociais"]
[{"$nulls":8},"Previdência Social",{"$nulls":4},20]
[{"$nulls":8},"FGTS",{"$nulls":4},8]
[{"$nulls":8},"Salário Educação",{"$nulls":4},2.5]
[{"$nulls":8},"SESC ou SESI",{"$nulls":4},1.5]
[{"$nulls":8},"SENAI / SEBRAE",{"$nulls":4},1.6]
[{"$nulls":8},"INCRA",{"$nulls":4},0.2]
[{"$nulls":8},"Seguro Contra Risco e Acidente de Trabalho",{"$nulls":4},3]
[{"$nulls":8},"SECONCI",{"$nulls":4},0.11111111]
[{"$nulls":8},"FAE - Financiamento de Aposentadoria Especial",{"$nulls":4},0]
[{"$nulls":8},"Total Grupo A",{"$nulls":4},36.91111111]
[{"$nulls":8},"Grupo B - Encargos Trabalhistas"]
[{"$nulls":8},"Repouso Semanal Remunerado - Domingos",{"$nulls":4},0]
[{"$nulls":8},"Feriados",{"$nulls":4},0]
[{"$nulls":8},"Férias Gozadas + 1/3",{"$nulls":4},3.3593673100000001]
[{"$nulls":8},"Auxílio Enfermidade",{"$nulls":4},0.89912996000000001]
[{"$nulls":8},"Auxílio Acidente de Trabalho",{"$nulls":4},4.9082239999999999E-2]
[{"$nulls":8},"Licença Paternidade",{"$nulls":4},9.7862130000000006E-2]
[{"$nulls":8},"13° Salário",{"$nulls":4},9.2392804900000005]
[{"$nulls":8},"Faltas Justificadas",{"$nulls":4},0.74255483]
[{"$nulls":8},"Férias sobre Licença Maternidade",{"$nulls":4},5.8785900000000004E-3]
[{"$nulls":8},"Reciclagem Tecnológica",{"$nulls":4},0]
[{"$nulls":8},"Total Grupo B",{"$nulls":4},14.39315554]
[{"$nulls":8},"Grupo C - Verbas Rescisórias"]
[{"$nulls":8},"Aviso Prévio Indenizado",{"$nulls":4},6.0002484899999997]
[{"$nulls":8},"Aviso Prévio Trabalhado",{"$nulls":4},0.16529685]
[{"$nulls":8},"Férias Indenizadas + 1/3",{"$nulls":4},8.9596733499999992]
[{"$nulls":8},"Depósito por Rescisão Sem Justa Causa",{"$nulls":4},3.6605809800000002]
[{"$nulls":8},"Indenização Adicional",{"$nulls":4},0.92819353999999998]
[{"$nulls":8},"Total Grupo C",{"$nulls":4},19.713993210000002]
[{"$nulls":8},"Grupo D - Verbas Rescisórias"]
[{"$nulls":8},"Reincidência de A sobre B",{"$nulls":4},5.3126736299999999]
[{"$nulls":8},"Reincidência de A sobre Aviso Prévio Trabalhado + Reincidência de FGTS sobre Aviso Prévio Indenizado",{"$nulls":4},0.54103277999999999]
[{"$nulls":8},"Total Grupo D",{"$nulls":4},5.85370642]
[{"$nulls":8},"Total Encargos Sociais e Trabalhistas - abril/2025",{"$nulls":4},76.87]
[{"$nulls":8},"Periculosidade/Insalubridade",{"$nulls":4}," %",null,"R$"]
[{"$nulls":8},"Total Periculosidade/Insalubridade",{"$nulls":4},0,null,0]
[{"$nulls":8},"Encargos Sociais e Trabalhistas - Média Móvel",{"$nulls":4}," %",null,"R$"]
[{"$nulls":8},"Encargos Sociais e Trabalhistas - Média Móvel - Sobre Salário",{"$nulls":4},77.03,null,2686.0360999999998]
[{"$nulls":8},"Encargos Sociais e Trabalhistas - Média Móvel - Sobre Periculosidade/Insalubridade",{"$nulls":4},77.03,null,0]
[{"$nulls":8},"Total Encargos Sociais e Trabalhistas - Média Móvel",{"$nulls":4},77.03,null,2686.0360999999998]
[{"$nulls":8},"Encargos Complementares",{"$nulls":4}," %",null,"R$"]
[{"$nulls":8},"Alimentação",{"$nulls":4},18.91,null,659.38283200000001]
[{"$nulls":8},"EPI",{"$nulls":4},1.54,null,53.786180999999999]
[{"$nulls":8},"Ferramenta",{"$nulls":4},0,null,0]
[{"$nulls":8},"Transporte",{"$nulls":4},5.12,null,178.49648400000001]
[{"$nulls":8},"Consulta Ocupacional",{"$nulls":4},0.32,null,11.291377000000001]
[{"$nulls":8},"Total Encargos Complementares",{"$nulls":4},25.89,null,902.95687399999997]
[{"$nulls":8},"Encargos Adicionais",{"$nulls":4}," %",null,"R$"]
[{"$nulls":8},"Cesta Básica",{"$nulls":4},12.02,null,419]
[{"$nulls":8},"Assistência Médica",{"$nulls":4},0,null,0]
[{"$nulls":8},"Seguro de Vida",{"$nulls":4},0.01,null,0.5]
[{"$nulls":8},"Desgaste Orgânico",{"$nulls":4},0,null,0]
[{"$nulls":8},"Adicional de Confinamento",{"$nulls":4},0,null,0]
[{"$nulls":8},"Total Encargos Adicionais",{"$nulls":4},12.03,null,419.5]
[{"$nulls":8},"Encargos Totais",{"$nulls":4},114.95529999999999,null,4008.4929739999998]
[{"$nulls":8},"Custo Total",{"$nulls":6},7495.4912999999997]
[{"$nulls":8},"Código",null,"Descrição",null,null,"Unidade",null,"Salário \n(R$)"]
[{"$nulls":8},"P9859",null,"Trabalhador de via",null,null,"h",null,6.9]
[]
[{"$nulls":8},"Encargos Sociais e Trabalhistas - abril/2025",{"$nulls":4}," %"]
[{"$nulls":8},"Grupo A - Encargos Sociais"]
[{"$nulls":8},"Previdência Social",{"$nulls":4},20]
[{"$nulls":8},"FGTS",{"$nulls":4},8]
[{"$nulls":8},"Salário Educação",{"$nulls":4},2.5]
[{"$nulls":8},"SESC ou SESI",{"$nulls":4},1.5]
[{"$nulls":8},"SENAI / SEBRAE",{"$nulls":4},1.6]
[{"$nulls":8},"INCRA",{"$nulls":4},0.2]
[{"$nulls":8},"Seguro Contra Risco e Acidente de Trabalho",{"$nulls":4},3]
[{"$nulls":8},"SECONCI",{"$nulls":4},0]
[{"$nulls":8},"FAE - Financiamento de Aposentadoria Especial",{"$nulls":4},0]
[{"$nulls":8},"Total Grupo A",{"$nulls":4},36.799999999999997]
[{"$nulls":8},"Grupo B - Encargos Trabalhistas"]
[{"$nulls":8},"Repouso Semanal Remunerado - Domingos",{"$nulls":4},17.797283109999999]
[{"$nulls":8},"Feriados",{"$nulls":4},4.92230832]
[{"$nulls":8},"Férias Gozadas + 1/3",{"$nulls":4},8.8230619999999996E-2]
[{"$nulls":8},"Auxílio Enfermidade",{"$nulls":4},0.92146187999999996]
[{"$nulls":8},"Auxílio Acidente de Trabalho",{"$nulls":4},4.9094239999999997E-2]
[{"$nulls":8},"Licença Paternidade",{"$nulls":4},9.9054519999999993E-2]
[{"$nulls":8},"13° Salário",{"$nulls":4},9.2415410399999995]
[{"$nulls":8},"Faltas Justificadas",{"$nulls":4},0.74273650999999996]
[{"$nulls":8},"Férias sobre Licença Maternidade",{"$nulls":4},7.0639199999999996E-3]
[{"$nulls":8},"Reciclagem Tecnológica",{"$nulls":4},0]
[{"$nulls":8},"Total Grupo B",{"$nulls":4},33.868774170000002]
[{"$nulls":8},"Grupo C - Verbas Rescisórias"]
[{"$nulls":8},"Aviso Prévio Indenizado",{"$nulls":4},8.1909268500000003]
[{"$nulls":8},"Aviso Prévio Trabalhado",{"$nulls":4},0.22564639]
[{"$nulls":8},"Férias Indenizadas + 1/3",{"$nulls":4},12.2338241]
[{"$nulls":8},"Depósito por Rescisão Sem Justa Causa",{"$nulls":4},4.28380077]
[{"$nulls":8},"Indenização Adicional",{"$nulls":4},0.92842064000000002]
[{"$nulls":8},"Total Grupo C",{"$nulls":4},25.862618749999999]
[{"$nulls":8},"Grupo D - Verbas Rescisórias"]
[{"$nulls":8},"Reincidência de A sobre B",{"$nulls":4},12.4637089]
[{"$nulls":8},"Reincidência de A sobre Aviso Prévio Trabalhado + Reincidência de FGTS sobre Aviso Prévio Indenizado",{"$nulls":4},0.73831201999999996]
[{"$nulls":8},"Total Grupo D",{"$nulls":4},13.202020920000001]
[{"$nulls":8},"Total Encargos Sociais e Trabalhistas - abril/2025",{"$nulls":4},109.73]
[{"$nulls":8},"Periculosidade/Insalubridade",{"$nulls":4}," %",null,"R$"]
[{"$nulls":8},"Total Periculosidade/Insalubridade",{"$nulls":4},0,null,0]
[{"$nulls":8},"Encargos Sociais e Trabalhistas - Média Móvel",{"$nulls":4}," %",null,"R$"]
[{"$nulls":8},"Encargos Sociais e Trabalhistas - Média Móvel - Sobre Salário",{"$nulls":4},109.43,null,7.5506700000000002]
[{"$nulls":8},"Encargos Sociais e Trabalhistas - Média Móvel - Sobre Periculosidade/Insalubridade",{"$nulls":4},109.43,null,0]
[{"$nulls":8},"Total Encargos Sociais e Trabalhistas - Média Móvel",{"$nulls":4},109.43,null,7.5506700000000002]
[{"$nulls":8},"Encargos Complementares",{"$nulls":4}," %",null,"R$"]
[{"$nulls":8},"Alimentação",{"$nulls":4},52.37,null,3.6132550000000001]
[{"$nulls":8},"EPI",{"$nulls":4},5.55,null,0.38295400000000002]
[{"$nulls":8},"Ferramenta",{"$nulls":4},1.07,null,7.4096999999999996E-2]
[{"$nulls":8},"Transporte",{"$nulls":4},14.18,null,0.97811700000000001]
[{"$nulls":8},"Consulta Ocupacional",{"$nulls":4},1.22,null,8.4463999999999997E-2]
[{"$nulls":8},"Total Encargos Complementares",{"$nulls":4},74.39,null,5.1328870000000002]
[{"$nulls":8},"Encargos Adicionais",{"$nulls":4}," %",null,"R$"]
[{"$nulls":8},"Cesta Básica",{"$nulls":4},33.28,null,2.2960159999999998]
[{"$nulls":8},"Assistência Médica",{"$nulls":4},0,null,0]
[{"$nulls":8},"Seguro de Vida",{"$nulls":4},0.04,null,2.7399999999999998E-3]
[{"$nulls":8},"Desgaste Orgânico",{"$nulls":4},0,null,0]
[{"$nulls":8},"Adicional de Confinamento",{"$nulls":4},0,null,0]
[{"$nulls":8},"Total Encargos Adicionais",{"$nulls":4},33.32,null,2.298756]
[{"$nulls":8},"Encargos Totais",{"$nulls":4},217.13499999999999,null,14.982313]
[{"$nulls":8},"Custo Total",{"$nulls":6},21.882300000000001]
[{"$nulls":8},"Código",null,"Descrição",null,null,"Unidade",null,"Salário \n(R$)"]
[{"$nulls":8},"P9861",null,"Selecionador de material pétreo",null,null,"h",null,7.1542000000000003]
[]
[{"$nulls":8},"Encargos Sociais e Trabalhistas - abril/2025",{"$nulls":4}," %"]
[{"$nulls":8},"Grupo A - Encargos Sociais"]
[{"$nulls":8},"Previdência Social",{"$nulls":4},20]
[{"$nulls":8},"FGTS",{"$nulls":4},8]
[{"$nulls":8},"Salário Educação",{"$nulls":4},2.5]
[{"$nulls":8},"SESC ou SESI",{"$nulls":4},1.5]
[{"$nulls":8},"SENAI / SEBRAE",{"$nulls":4},1.6]
[{"$nulls":8},"INCRA",{"$nulls":4},0.2]
[{"$nulls":8},"Seguro Contra Risco e Acidente de Trabalho",{"$nulls":4},3]
[{"$nulls":8},"SECONCI",{"$nulls":4},0]
[{"$nulls":8},"FAE - Financiamento de Aposentadoria Especial",{"$nulls":4},0]
[{"$nulls":8},"Total Grupo A",{"$nulls":4},36.799999999999997]
[{"$nulls":8},"Grupo B - Encargos Trabalhistas"]
[{"$nulls":8},"Repouso Semanal Remunerado - Domingos",{"$nulls":4},17.797283109999999]
[{"$nulls":8},"Feriados",{"$nulls":4},4.92230832]
[{"$nulls":8},"Férias Gozadas + 1/3",{"$nulls":4},8.8230619999999996E-2]
[{"$nulls":8},"Auxílio Enfermidade",{"$nulls":4},0.92146187999999996]
[{"$nulls":8},"Auxílio Acidente de Trabalho",{"$nulls":4},4.9094239999999997E-2]
[{"$nulls":8},"Licença Paternidade",{"$nulls":4},9.9054519999999993E-2]
[{"$nulls":8},"13° Salário",{"$nulls":4},9.2415410399999995]
[{"$nulls":8},"Faltas Justificadas",{"$nulls":4},0.74273650999999996]
[{"$nulls":8},"Férias sobre Licença Maternidade",{"$nulls":4},7.0639199999999996E-3]
[{"$nulls":8},"Reciclagem Tecnológica",{"$nulls":4},0]
[{"$nulls":8},"Total Grupo B",{"$nulls":4},33.868774170000002]
[{"$nulls":8},"Grupo C - Verbas Rescisórias"]
[{"$nulls":8},"Aviso Prévio Indenizado",{"$nulls":4},8.1909268500000003]
[{"$nulls":8},"Aviso Prévio Trabalhado",{"$nulls":4},0.22564639]
[{"$nulls":8},"Férias Indenizadas + 1/3",{"$nulls":4},12.2338241]
[{"$nulls":8},"Depósito por Rescisão Sem Justa Causa",{"$nulls":4},4.28380077]
[{"$nulls":8},"Indenização Adicional",{"$nulls":4},0.92842064000000002]
[{"$nulls":8},"Total Grupo C",{"$nulls":4},25.862618749999999]
[{"$nulls":8},"Grupo D - Verbas Rescisórias"]
[{"$nulls":8},"Reincidência de A sobre B",{"$nulls":4},12.4637089]
[{"$nulls":8},"Reincidência de A sobre Aviso Prévio Trabalhado + Reincidência de FGTS sobre Aviso Prévio Indenizado",{"$nulls":4},0.73831201999999996]
[{"$nulls":8},"Total Grupo D",{"$nulls":4},13.202020920000001]
[{"$nulls":8},"Total Encargos Sociais e Trabalhistas - abril/2025",{"$nulls":4},109.73]
[{"$nulls":8},"Periculosidade/Insalubridade",{"$nulls":4}," %",null,"R$"]
[{"$nulls":8},"Total Periculosidade/Insalubridade",{"$nulls":4},0,null,0]
[{"$nulls":8},"Encargos Sociais e Trabalhistas - Média Móvel",{"$nulls":4}," %",null,"R$"]
[{"$nulls":8},"Encargos Sociais e Trabalhistas - Média Móvel - Sobre Salário",{"$nulls":4},109.43,null,7.8288409999999997]
[{"$nulls":8},"Encargos Sociais e Trabalhistas - Média Móvel - Sobre Periculosidade/Insalubridade",{"$nulls":4},109.43,null,0]
[{"$nulls":8},"Total Encargos Sociais e Trabalhistas - Média Móvel",{"$nulls":4},109.43,null,7.8288409999999997]
[{"$nulls":8},"Encargos Complementares",{"$nulls":4}," %",null,"R$"]
[{"$nulls":8},"Alimentação",{"$nulls":4},50.51,null,3.6132550000000001]
[{"$nulls":8},"EPI",{"$nulls":4},4.9800000000000004,null,0.35619000000000001]
[{"$nulls":8},"Ferramenta",{"$nulls":4},0,null,0]
[{"$nulls":8},"Transporte",{"$nulls":4},13.67,null,0.97811700000000001]
[{"$nulls":8},"Consulta Ocupacional",{"$nulls":4},1.18,null,8.4463999999999997E-2]
[{"$nulls":8},"Total Encargos Complementares",{"$nulls":4},70.34,null,5.0320260000000001]
[{"$nulls":8},"Encargos Adicionais",{"$nulls":4}," %",null,"R$"]
[{"$nulls":8},"Cesta Básica",{"$nulls":4},32.090000000000003,null,2.2960159999999998]
[{"$nulls":8},"Assistência Médica",{"$nulls":4},0,null,0]
[{"$nulls":8},"Seguro de Vida",{"$nulls":4},0.04,null,2.7399999999999998E-3]
[{"$nulls":8},"Desgaste Orgânico",{"$nulls":4},0,null,0]
[{"$nulls":8},"Adicional de Confinamento",{"$nulls":4},0,null,0]
[{"$nulls":8},"Total Encargos Adicionais",{"$nulls":4},32.130000000000003,null,2.298756]
[{"$nulls":8},"Encargos Totais",{"$nulls":4},211.8982,null,15.159623]
[{"$nulls":8},"Custo Total",{"$nulls":6},22.313800000000001]
[{"$nulls":8},"Código",null,"Descrição",null,null,"Unidade",null,"Salário \n(R$)"]
[{"$nulls":8},"P9864",null,"Engenheiro de segurança do trabalho",null,null,"mês",null,13332.709500000001]
[]
[{"$nulls":8},"Encargos Sociais e Trabalhistas - abril/2025",{"$nulls":4}," %"]
[{"$nulls":8},"Grupo A - Encargos Sociais"]
[{"$nulls":8},"Previdência Social",{"$nulls":4},20]
[{"$nulls":8},"FGTS",{"$nulls":4},8]
[{"$nulls":8},"Salário Educação",{"$nulls":4},2.5]
[{"$nulls":8},"SESC ou SESI",{"$nulls":4},1.5]
[{"$nulls":8},"SENAI / SEBRAE",{"$nulls":4},1.6]
[{"$nulls":8},"INCRA",{"$nulls":4},0.2]
[{"$nulls":8},"Seguro Contra Risco e Acidente de Trabalho",{"$nulls":4},3]
[{"$nulls":8},"SECONCI",{"$nulls":4},0.41481480999999998]
[{"$nulls":8},"FAE - Financiamento de Aposentadoria Especial",{"$nulls":4},0]
[{"$nulls":8},"Total Grupo A",{"$nulls":4},37.21481481]
[{"$nulls":8},"Grupo B - Encargos Trabalhistas"]
[{"$nulls":8},"Repouso Semanal Remunerado - Domingos",{"$nulls":4},0]
[{"$nulls":8},"Feriados",{"$nulls":4},0]
[{"$nulls":8},"Férias Gozadas + 1/3",{"$nulls":4},5.3887537200000004]
[{"$nulls":8},"Auxílio Enfermidade",{"$nulls":4},0.90883252000000003]
[{"$nulls":8},"Auxílio Acidente de Trabalho",{"$nulls":4},4.9098280000000001E-2]
[{"$nulls":8},"Licença Paternidade",{"$nulls":4},6.7949389999999998E-2]
[{"$nulls":8},"13° Salário",{"$nulls":4},9.2423004599999992]
[{"$nulls":8},"Faltas Justificadas",{"$nulls":4},0.74279753999999998]
[{"$nulls":8},"Férias sobre Licença Maternidade",{"$nulls":4},5.9034040000000003E-2]
[{"$nulls":8},"Reciclagem Tecnológica",{"$nulls":4},0]
[{"$nulls":8},"Total Grupo B",{"$nulls":4},16.458765960000001]
[{"$nulls":8},"Grupo C - Verbas Rescisórias"]
[{"$nulls":8},"Aviso Prévio Indenizado",{"$nulls":4},4.6423577500000004]
[{"$nulls":8},"Aviso Prévio Trabalhado",{"$nulls":4},0.12788922]
[{"$nulls":8},"Férias Indenizadas + 1/3",{"$nulls":4},6.9343135599999997]
[{"$nulls":8},"Depósito por Rescisão Sem Justa Causa",{"$nulls":4},3.72668051]
[{"$nulls":8},"Indenização Adicional",{"$nulls":4},0.92849693]
[{"$nulls":8},"Total Grupo C",{"$nulls":4},16.359737970000001]
[{"$nulls":8},"Grupo D - Verbas Rescisórias"]
[{"$nulls":8},"Reincidência de A sobre B",{"$nulls":4},6.1250992699999998]
[{"$nulls":8},"Reincidência de A sobre Aviso Prévio Trabalhado + Reincidência de FGTS sobre Aviso Prévio Indenizado",{"$nulls":4},0.41898236]
[{"$nulls":8},"Total Grupo D",{"$nulls":4},6.54408163]
[{"$nulls":8},"Total Encargos Sociais e Trabalhistas - abril/2025",{"$nulls":4},76.58]
[{"$nulls":8},"Periculosidade/Insalubridade",{"$nulls":4}," %",null,"R$"]
[{"$nulls":8},"Total Periculosidade/Insalubridade",{"$nulls":4},0,null,0]
[{"$nulls":8},"Encargos Sociais e Trabalhistas - Média Móvel",{"$nulls":4}," %",null,"R$"]
[{"$nulls":8},"Encargos Sociais e Trabalhistas - Média Móvel - Sobre Salário",{"$nulls":4},76.58,null,10210.188935]
[{"$nulls":8},"Encargos Sociais e Trabalhistas - Média Móvel - Sobre Periculosidade/Insalubridade",{"$nulls":4},76.58,null,0]
[{"$nulls":8},"Total Encargos Sociais e Trabalhistas - Média Móvel",{"$nulls":4},76.58,null,10210.188935]
[{"$nulls":8},"Encargos Complementares",{"$nulls":4}," %",null,"R$"]
[{"$nulls":8},"Alimentação",{"$nulls":4},4.95,null,659.38283200000001]
[{"$nulls":8},"EPI",{"$nulls":4},0.2,null,26.169748999999999]
[{"$nulls":8},"Ferramenta",{"$nulls":4},0,null,0]
[{"$nulls":8},"Transporte",{"$nulls":4},1.34,null,178.49648400000001]
[{"$nulls":8},"Consulta Ocupacional",{"$nulls":4},7.0000000000000007E-2,null,8.7360729999999993]
[{"$nulls":8},"Total Encargos Complementares",{"$nulls":4},6.56,null,872.78513799999996]
[{"$nulls":8},"Encargos Adicionais",{"$nulls":4}," %",null,"R$"]
[{"$nulls":8},"Cesta Básica",{"$nulls":4},3.14,null,419]
[{"$nulls":8},"Assistência Médica",{"$nulls":4},0,null,0]
[{"$nulls":8},"Seguro de Vida",{"$nulls":4},0,null,0.5]
[{"$nulls":8},"Desgaste Orgânico",{"$nulls":4},0,null,0]
[{"$nulls":8},"Adicional de Confinamento",{"$nulls":4},0,null,0]
[{"$nulls":8},"Total Encargos Adicionais",{"$nulls":4},3.14,null,419.5]
[{"$nulls":8},"Encargos Totais",{"$nulls":4},86.272599999999997,null,11502.474072999999]
[{"$nulls":8},"Custo Total",{"$nulls":6},24835.184600000001]
[{"$nulls":8},"Código",null,"Descrição",null,null,"Unidade",null,"Salário \n(R$)"]
[{"$nulls":8},"P9866",null,"Motorista de caminhão",null,null,"h",null,12.1029]
[]
[{"$nulls":8},"Encargos Sociais e Trabalhistas - abril/2025",{"$nulls":4}," %"]
[{"$nulls":8},"Grupo A - Encargos Sociais"]
[{"$nulls":8},"Previdência Social",{"$nulls":4},20]
[{"$nulls":8},"FGTS",{"$nulls":4},8]
[{"$nulls":8},"Salário Educação",{"$nulls":4},2.5]
[{"$nulls":8},"SESC ou SESI",{"$nulls":4},1.5]
[{"$nulls":8},"SENAI / SEBRAE",{"$nulls":4},1.6]
[{"$nulls":8},"INCRA",{"$nulls":4},0.2]
[{"$nulls":8},"Seguro Contra Risco e Acidente de Trabalho",{"$nulls":4},3]
[{"$nulls":8},"SECONCI",{"$nulls":4},0]
[{"$nulls":8},"FAE - Financiamento de Aposentadoria Especial",{"$nulls":4},0]
[{"$nulls":8},"Total Grupo A",{"$nulls":4},36.799999999999997]
[{"$nulls":8},"Grupo B - Encargos Trabalhistas"]
[{"$nulls":8},"Repouso Semanal Remunerado - Domingos",{"$nulls":4},18.178763310000001]
[{"$nulls":8},"Feriados",{"$nulls":4},5.0295063999999998]
[{"$nulls":8},"Férias Gozadas + 1/3",{"$nulls":4},3.0631584900000002]
[{"$nulls":8},"Auxílio Enfermidade",{"$nulls":4},0.92131803999999995]
[{"$nulls":8},"Auxílio Acidente de Trabalho",{"$nulls":4},4.9086579999999998E-2]
[{"$nulls":8},"Licença Paternidade",{"$nulls":4},9.05059E-2]
[{"$nulls":8},"13° Salário",{"$nulls":4},9.2400984400000006]
[{"$nulls":8},"Faltas Justificadas",{"$nulls":4},0.74262057000000004]
[{"$nulls":8},"Férias sobre Licença Maternidade",{"$nulls":4},0]
[{"$nulls":8},"Reciclagem Tecnológica",{"$nulls":4},0]
[{"$nulls":8},"Total Grupo B",{"$nulls":4},37.315057719999999]
[{"$nulls":8},"Grupo C - Verbas Rescisórias"]
[{"$nulls":8},"Aviso Prévio Indenizado",{"$nulls":4},6.1987996499999998]
[{"$nulls":8},"Aviso Prévio Trabalhado",{"$nulls":4},0.17076661000000001]
[{"$nulls":8},"Férias Indenizadas + 1/3",{"$nulls":4},9.2569727700000008]
[{"$nulls":8},"Depósito por Rescisão Sem Justa Causa",{"$nulls":4},4.3940818500000001]
[{"$nulls":8},"Indenização Adicional",{"$nulls":4},0.92827570999999998]
[{"$nulls":8},"Total Grupo C",{"$nulls":4},20.94889658]
[{"$nulls":8},"Grupo D - Verbas Rescisórias"]
[{"$nulls":8},"Reincidência de A sobre B",{"$nulls":4},13.731941239999999]
[{"$nulls":8},"Reincidência de A sobre Aviso Prévio Trabalhado + Reincidência de FGTS sobre Aviso Prévio Indenizado",{"$nulls":4},0.55874608000000003]
[{"$nulls":8},"Total Grupo D",{"$nulls":4},14.290687330000001]
[{"$nulls":8},"Total Encargos Sociais e Trabalhistas - abril/2025",{"$nulls":4},109.35]
[{"$nulls":8},"Periculosidade/Insalubridade",{"$nulls":4}," %",null,"R$"]
[{"$nulls":8},"Total Periculosidade/Insalubridade",{"$nulls":4},0,null,0]
[{"$nulls":8},"Encargos Sociais e Trabalhistas - Média Móvel",{"$nulls":4}," %",null,"R$"]
[{"$nulls":8},"Encargos Sociais e Trabalhistas - Média Móvel - Sobre Salário",{"$nulls":4},109.45,null,13.246624000000001]
[{"$nulls":8},"Encargos Sociais e Trabalhistas - Média Móvel - Sobre Periculosidade/Insalubridade",{"$nulls":4},109.45,null,0]
[{"$nulls":8},"Total Encargos Sociais e Trabalhistas - Média Móvel",{"$nulls":4},109.45,null,13.246624000000001]
[{"$nulls":8},"Encargos Complementares",{"$nulls":4}," %",null,"R$"]
[{"$nulls":8},"Alimentação",{"$nulls":4},29.85,null,3.6132550000000001]
[{"$nulls":8},"EPI",{"$nulls":4},2.2200000000000002,null,0.26894200000000001]
[{"$nulls":8},"Ferramenta",{"$nulls":4},0,null,0]
[{"$nulls":8},"Transporte",{"$nulls":4},8.08,null,0.97811700000000001]
[{"$nulls":8},"Consulta Ocupacional",{"$nulls":4},0.53,null,6.3921000000000006E-2]
[{"$nulls":8},"Total Encargos Complementares",{"$nulls":4},40.68,null,4.9242350000000004]
[{"$nulls":8},"Encargos Adicionais",{"$nulls":4}," %",null,"R$"]
[{"$nulls":8},"Cesta Básica",{"$nulls":4},18.97,null,2.2960159999999998]
[{"$nulls":8},"Assistência Médica",{"$nulls":4},0,null,0]
[{"$nulls":8},"Seguro de Vida",{"$nulls":4},0.02,null,2.7399999999999998E-3]
[{"$nulls":8},"Desgaste Orgânico",{"$nulls":4},0,null,0]
[{"$nulls":8},"Adicional de Confinamento",{"$nulls":4},0,null,0]
[{"$nulls":8},"Total Encargos Adicionais",{"$nulls":4},18.989999999999998,null,2.298756]
[{"$nulls":8},"Encargos Totais",{"$nulls":4},169.12979999999999,null,20.469615000000001]
[{"$nulls":8},"Custo Total",{"$nulls":6},32.572499999999998]
[{"$nulls":8},"Código",null,"Descrição",null,null,"Unidade",null,"Salário \n(R$)"]
[{"$nulls":8},"P9867",null,"Técnico especializado - mensalista",null,null,"mês",null,3323.0481]
[]
[{"$nulls":8},"Encargos Sociais e Trabalhistas - abril/2025",{"$nulls":4}," %"]
[{"$nulls":8},"Grupo A - Encargos Sociais"]
[{"$nulls":8},"Previdência Social",{"$nulls":4},20]
[{"$nulls":8},"FGTS",{"$nulls":4},8]
[{"$nulls":8},"Salário Educação",{"$nulls":4},2.5]
[{"$nulls":8},"SESC ou SESI",{"$nulls":4},1.5]
[{"$nulls":8},"SENAI / SEBRAE",{"$nulls":4},1.6]
[{"$nulls":8},"INCRA",{"$nulls":4},0.2]
[{"$nulls":8},"Seguro Contra Risco e Acidente de Trabalho",{"$nulls":4},3]
[{"$nulls":8},"SECONCI",{"$nulls":4},0.11111111]
[{"$nulls":8},"FAE - Financiamento de Aposentadoria Especial",{"$nulls":4},0]
[{"$nulls":8},"Total Grupo A",{"$nulls":4},36.91111111]
[{"$nulls":8},"Grupo B - Encargos Trabalhistas"]
[{"$nulls":8},"Repouso Semanal Remunerado - Domingos",{"$nulls":4},0]
[{"$nulls":8},"Feriados",{"$nulls":4},0]
[{"$nulls":8},"Férias Gozadas + 1/3",{"$nulls":4},5.1072397699999996]
[{"$nulls":8},"Auxílio Enfermidade",{"$nulls":4},0.89960017999999997]
[{"$nulls":8},"Auxílio Acidente de Trabalho",{"$nulls":4},4.9107900000000003E-2]
[{"$nulls":8},"Licença Paternidade",{"$nulls":4},7.5093519999999997E-2]
[{"$nulls":8},"13° Salário",{"$nulls":4},9.2441123699999999]
[{"$nulls":8},"Faltas Justificadas",{"$nulls":4},0.74294316999999999]
[{"$nulls":8},"Férias sobre Licença Maternidade",{"$nulls":4},8.0888580000000002E-2]
[{"$nulls":8},"Reciclagem Tecnológica",{"$nulls":4},0]
[{"$nulls":8},"Total Grupo B",{"$nulls":4},16.198985499999999]
[{"$nulls":8},"Grupo C - Verbas Rescisórias"]
[{"$nulls":8},"Aviso Prévio Indenizado",{"$nulls":4},4.8314948099999997]
[{"$nulls":8},"Aviso Prévio Trabalhado",{"$nulls":4},0.13309963999999999]
[{"$nulls":8},"Férias Indenizadas + 1/3",{"$nulls":4},7.2182433899999996]
[{"$nulls":8},"Depósito por Rescisão Sem Justa Causa",{"$nulls":4},3.71836754]
[{"$nulls":8},"Indenização Adicional",{"$nulls":4},0.92867896000000005]
[{"$nulls":8},"Total Grupo C",{"$nulls":4},16.82988434]
[{"$nulls":8},"Grupo D - Verbas Rescisórias"]
[{"$nulls":8},"Reincidência de A sobre B",{"$nulls":4},5.9792255399999998]
[{"$nulls":8},"Reincidência de A sobre Aviso Prévio Trabalhado + Reincidência de FGTS sobre Aviso Prévio Indenizado",{"$nulls":4},0.43564814000000002]
[{"$nulls":8},"Total Grupo D",{"$nulls":4},6.4148736800000004]
[{"$nulls":8},"Total Encargos Sociais e Trabalhistas - abril/2025",{"$nulls":4},76.349999999999994]
[{"$nulls":8},"Periculosidade/Insalubridade",{"$nulls":4}," %",null,"R$"]
[{"$nulls":8},"Total Periculosidade/Insalubridade",{"$nulls":4},0,null,0]
[{"$nulls":8},"Encargos Sociais e Trabalhistas - Média Móvel",{"$nulls":4}," %",null,"R$"]
[{"$nulls":8},"Encargos Sociais e Trabalhistas - Média Móvel - Sobre Salário",{"$nulls":4},76.33,null,2536.4826149999999]
[{"$nulls":8},"Encargos Sociais e Trabalhistas - Média Móvel - Sobre Periculosidade/Insalubridade",{"$nulls":4},76.33,null,0]
[{"$nulls":8},"Total Encargos Sociais e Trabalhistas - Média Móvel",{"$nulls":4},76.33,null,2536.4826149999999]
[{"$nulls":8},"Encargos Complementares",{"$nulls":4}," %",null,"R$"]
[{"$nulls":8},"Alimentação",{"$nulls":4},19.84,null,659.38283200000001]
[{"$nulls":8},"EPI",{"$nulls":4},1.96,null,65.001029000000003]
[{"$nulls":8},"Ferramenta",{"$nulls":4},0,null,0]
[{"$nulls":8},"Transporte",{"$nulls":4},5.37,null,178.49648400000001]
[{"$nulls":8},"Consulta Ocupacional",{"$nulls":4},0.27,null,9.0919950000000007]
[{"$nulls":8},"Total Encargos Complementares",{"$nulls":4},27.44,null,911.97234000000003]
[{"$nulls":8},"Encargos Adicionais",{"$nulls":4}," %",null,"R$"]
[{"$nulls":8},"Cesta Básica",{"$nulls":4},12.61,null,419]
[{"$nulls":8},"Assistência Médica",{"$nulls":4},0,null,0]
[{"$nulls":8},"Seguro de Vida",{"$nulls":4},0.02,null,0.5]
[{"$nulls":8},"Desgaste Orgânico",{"$nulls":4},0,null,0]
[{"$nulls":8},"Adicional de Confinamento",{"$nulls":4},0,null,0]
[{"$nulls":8},"Total Encargos Adicionais",{"$nulls":4},12.63,null,419.5]
[{"$nulls":8},"Encargos Totais",{"$nulls":4},116.3978,null,3867.9549550000002]
[{"$nulls":8},"Custo Total",{"$nulls":6},7191.0029000000004]
[{"$nulls":8},"Código",null,"Descrição",null,null,"Unidade",null,"Salário \n(R$)"]
[{"$nulls":8},"P9869",null,"Encarregado de obras de artes especiais",null,null,"mês",null,4059.3816000000002]
[]
[{"$nulls":8},"Encargos Sociais e Trabalhistas - abril/2025",{"$nulls":4}," %"]
[{"$nulls":8},"Grupo A - Encargos Sociais"]
[{"$nulls":8},"Previdência Social",{"$nulls":4},20]
[{"$nulls":8},"FGTS",{"$nulls":4},8]
[{"$nulls":8},"Salário Educação",{"$nulls":4},2.5]
[{"$nulls":8},"SESC ou SESI",{"$nulls":4},1.5]
[{"$nulls":8},"SENAI / SEBRAE",{"$nulls":4},1.6]
[{"$nulls":8},"INCRA",{"$nulls":4},0.2]
[{"$nulls":8},"Seguro Contra Risco e Acidente de Trabalho",{"$nulls":4},3]
[{"$nulls":8},"SECONCI",{"$nulls":4},0]
[{"$nulls":8},"FAE - Financiamento de Aposentadoria Especial",{"$nulls":4},0]
[{"$nulls":8},"Total Grupo A",{"$nulls":4},36.799999999999997]
[{"$nulls":8},"Grupo B - Encargos Trabalhistas"]
[{"$nulls":8},"Repouso Semanal Remunerado - Domingos",{"$nulls":4},0]
[{"$nulls":8},"Feriados",{"$nulls":4},0]
[{"$nulls":8},"Férias Gozadas + 1/3",{"$nulls":4},4.2058231299999997]
[{"$nulls":8},"Auxílio Enfermidade",{"$nulls":4},0.92123778999999995]
[{"$nulls":8},"Auxílio Acidente de Trabalho",{"$nulls":4},4.9082309999999997E-2]
[{"$nulls":8},"Licença Paternidade",{"$nulls":4},7.8825980000000004E-2]
[{"$nulls":8},"13° Salário",{"$nulls":4},9.2392936399999996]
[{"$nulls":8},"Faltas Justificadas",{"$nulls":4},0.74255589]
[{"$nulls":8},"Férias sobre Licença Maternidade",{"$nulls":4},2.9574900000000001E-3]
[{"$nulls":8},"Reciclagem Tecnológica",{"$nulls":4},0]
[{"$nulls":8},"Total Grupo B",{"$nulls":4},15.23977622]
[{"$nulls":8},"Grupo C - Verbas Rescisórias"]
[{"$nulls":8},"Aviso Prévio Indenizado",{"$nulls":4},5.4333852599999997]
[{"$nulls":8},"Aviso Prévio Trabalhado",{"$nulls":4},0.14968071999999999]
[{"$nulls":8},"Férias Indenizadas + 1/3",{"$nulls":4},8.1132350500000001]
[{"$nulls":8},"Depósito por Rescisão Sem Justa Causa",{"$nulls":4},3.6876728399999998]
[{"$nulls":8},"Indenização Adicional",{"$nulls":4},0.92819485999999995]
[{"$nulls":8},"Total Grupo C",{"$nulls":4},18.31216873]
[{"$nulls":8},"Grupo D - Verbas Rescisórias"]
[{"$nulls":8},"Reincidência de A sobre B",{"$nulls":4},5.6082376500000004]
[{"$nulls":8},"Reincidência de A sobre Aviso Prévio Trabalhado + Reincidência de FGTS sobre Aviso Prévio Indenizado",{"$nulls":4},0.48975331999999999]
[{"$nulls":8},"Total Grupo D",{"$nulls":4},6.0979909699999997]
[{"$nulls":8},"Total Encargos Sociais e Trabalhistas - abril/2025",{"$nulls":4},76.45]
[{"$nulls":8},"Periculosidade/Insalubridade",{"$nulls":4}," %",null,"R$"]
[{"$nulls":8},"Total Periculosidade/Insalubridade",{"$nulls":4},0,null,0]
[{"$nulls":8},"Encargos Sociais e Trabalhistas - Média Móvel",{"$nulls":4}," %",null,"R$"]
[{"$nulls":8},"Encargos Sociais e Trabalhistas - Média Móvel - Sobre Salário",{"$nulls":4},76.44,null,3102.9912949999998]
[{"$nulls":8},"Encargos Sociais e Trabalhistas - Média Móvel - Sobre Periculosidade/Insalubridade",{"$nulls":4},76.44,null,0]
[{"$nulls":8},"Total Encargos Sociais e Trabalhistas - Média Móvel",{"$nulls":4},76.44,null,3102.9912949999998]
[{"$nulls":8},"Encargos Complementares",{"$nulls":4}," %",null,"R$"]
[{"$nulls":8},"Alimentação",{"$nulls":4},16.239999999999998,null,659.38283200000001]
[{"$nulls":8},"EPI",{"$nulls":4},1.6,null,65.001029000000003]
[{"$nulls":8},"Ferramenta",{"$nulls":4},0,null,0]
[{"$nulls":8},"Transporte",{"$nulls":4},4.4000000000000004,null,178.49648400000001]
[{"$nulls":8},"Consulta Ocupacional",{"$nulls":4},0.25,null,10.224643]
[{"$nulls":8},"Total Encargos Complementares",{"$nulls":4},22.49,null,913.10498800000005]
[{"$nulls":8},"Encargos Adicionais",{"$nulls":4}," %",null,"R$"]
[{"$nulls":8},"Cesta Básica",{"$nulls":4},10.32,null,419]
[{"$nulls":8},"Assistência Médica",{"$nulls":4},0,null,0]
[{"$nulls":8},"Seguro de Vida",{"$nulls":4},0.01,null,0.5]
[{"$nulls":8},"Desgaste Orgânico",{"$nulls":4},0,null,0]
[{"$nulls":8},"Adicional de Confinamento",{"$nulls":4},0,null,0]
[{"$nulls":8},"Total Encargos Adicionais",{"$nulls":4},10.33,null,419.5]
[{"$nulls":8},"Encargos Totais",{"$nulls":4},109.26779999999999,null,4435.5962829999999]
[{"$nulls":8},"Custo Total",{"$nulls":6},8494.9784999999993]
[{"$nulls":8},"Código",null,"Descrição",null,null,"Unidade",null,"Salário \n(R$)"]
[{"$nulls":8},"P9870",null,"Motorista de veículo leve",null,null,"h",null,11.35]
[]
[{"$nulls":8},"Encargos Sociais e Trabalhistas - abril/2025",{"$nulls":4}," %"]
[{"$nulls":8},"Grupo A - Encargos Sociais"]
[{"$nulls":8},"Previdência Social",{"$nulls":4},20]
[{"$nulls":8},"FGTS",{"$nulls":4},8]
[{"$nulls":8},"Salário Educação",{"$nulls":4},2.5]
[{"$nulls":8},"SESC ou SESI",{"$nulls":4},1.5]
[{"$nulls":8},"SENAI / SEBRAE",{"$nulls":4},1.6]
[{"$nulls":8},"INCRA",{"$nulls":4},0.2]
[{"$nulls":8},"Seguro Contra Risco e Acidente de Trabalho",{"$nulls":4},3]
[{"$nulls":8},"SECONCI",{"$nulls":4},0.11111111]
[{"$nulls":8},"FAE - Financiamento de Aposentadoria Especial",{"$nulls":4},0]
[{"$nulls":8},"Total Grupo A",{"$nulls":4},36.91111111]
[{"$nulls":8},"Grupo B - Encargos Trabalhistas"]
[{"$nulls":8},"Repouso Semanal Remunerado - Domingos",{"$nulls":4},18.5594328]
[{"$nulls":8},"Feriados",{"$nulls":4},5.1364843100000002]
[{"$nulls":8},"Férias Gozadas + 1/3",{"$nulls":4},6.0452088000000002]
[{"$nulls":8},"Auxílio Enfermidade",{"$nulls":4},0.89898166000000002]
[{"$nulls":8},"Auxílio Acidente de Trabalho",{"$nulls":4},4.9074140000000002E-2]
[{"$nulls":8},"Licença Paternidade",{"$nulls":4},8.3822610000000006E-2]
[{"$nulls":8},"13° Salário",{"$nulls":4},9.2377565799999992]
[{"$nulls":8},"Faltas Justificadas",{"$nulls":4},0.74243236000000001]
[{"$nulls":8},"Férias sobre Licença Maternidade",{"$nulls":4},3.4129799999999999E-3]
[{"$nulls":8},"Reciclagem Tecnológica",{"$nulls":4},0]
[{"$nulls":8},"Total Grupo B",{"$nulls":4},40.756606240000004]
[{"$nulls":8},"Grupo C - Verbas Rescisórias"]
[{"$nulls":8},"Aviso Prévio Indenizado",{"$nulls":4},4.2008859999999997]
[{"$nulls":8},"Aviso Prévio Trabalhado",{"$nulls":4},0.11572741]
[{"$nulls":8},"Férias Indenizadas + 1/3",{"$nulls":4},6.27179997]
[{"$nulls":8},"Depósito por Rescisão Sem Justa Causa",{"$nulls":4},4.5042114]
[{"$nulls":8},"Indenização Adicional",{"$nulls":4},0.92804045000000002]
[{"$nulls":8},"Total Grupo C",{"$nulls":4},16.020665229999999]
[{"$nulls":8},"Grupo D - Verbas Rescisórias"]
[{"$nulls":8},"Reincidência de A sobre B",{"$nulls":4},15.04371622]
[{"$nulls":8},"Reincidência de A sobre Aviso Prévio Trabalhado + Reincidência de FGTS sobre Aviso Prévio Indenizado",{"$nulls":4},0.37878715000000002]
[{"$nulls":8},"Total Grupo D",{"$nulls":4},15.422503369999999]
[{"$nulls":8},"Total Encargos Sociais e Trabalhistas - abril/2025",{"$nulls":4},109.11]
[{"$nulls":8},"Periculosidade/Insalubridade",{"$nulls":4}," %",null,"R$"]
[{"$nulls":8},"Total Periculosidade/Insalubridade",{"$nulls":4},0,null,0]
[{"$nulls":8},"Encargos Sociais e Trabalhistas - Média Móvel",{"$nulls":4}," %",null,"R$"]
[{"$nulls":8},"Encargos Sociais e Trabalhistas - Média Móvel - Sobre Salário",{"$nulls":4},109.16,null,12.389659999999999]
[{"$nulls":8},"Encargos Sociais e Trabalhistas - Média Móvel - Sobre Periculosidade/Insalubridade",{"$nulls":4},109.16,null,0]
[{"$nulls":8},"Total Encargos Sociais e Trabalhistas - Média Móvel",{"$nulls":4},109.16,null,12.389659999999999]
[{"$nulls":8},"Encargos Complementares",{"$nulls":4}," %",null,"R$"]
[{"$nulls":8},"Alimentação",{"$nulls":4},31.83,null,3.6132550000000001]
[{"$nulls":8},"EPI",{"$nulls":4},2.37,null,0.26894200000000001]
[{"$nulls":8},"Ferramenta",{"$nulls":4},0,null,0]
[{"$nulls":8},"Transporte",{"$nulls":4},8.6199999999999992,null,0.97811700000000001]
[{"$nulls":8},"Consulta Ocupacional",{"$nulls":4},0.38,null,4.3319000000000003E-2]
[{"$nulls":8},"Total Encargos Complementares",{"$nulls":4},43.2,null,4.9036330000000001]
[{"$nulls":8},"Encargos Adicionais",{"$nulls":4}," %",null,"R$"]
[{"$nulls":8},"Cesta Básica",{"$nulls":4},20.23,null,2.2960159999999998]
[{"$nulls":8},"Assistência Médica",{"$nulls":4},0,null,0]
[{"$nulls":8},"Seguro de Vida",{"$nulls":4},0.02,null,2.7399999999999998E-3]
[{"$nulls":8},"Desgaste Orgânico",{"$nulls":4},0,null,0]
[{"$nulls":8},"Adicional de Confinamento",{"$nulls":4},0,null,0]
[{"$nulls":8},"Total Encargos Adicionais",{"$nulls":4},20.25,null,2.298756]
[{"$nulls":8},"Encargos Totais",{"$nulls":4},172.6172,null,19.592048999999999]
[{"$nulls":8},"Custo Total",{"$nulls":6},30.942]
[{"$nulls":8},"Código",null,"Descrição",null,null,"Unidade",null,"Salário \n(R$)"]
[{"$nulls":8},"P9871",null,"Motorista de veículo especial",null,null,"h",null,13.6455]
[]
[{"$nulls":8},"Encargos Sociais e Trabalhistas - abril/2025",{"$nulls":4}," %"]
[{"$nulls":8},"Grupo A - Encargos Sociais"]
[{"$nulls":8},"Previdência Social",{"$nulls":4},20]
[{"$nulls":8},"FGTS",{"$nulls":4},8]
[{"$nulls":8},"Salário Educação",{"$nulls":4},2.5]
[{"$nulls":8},"SESC ou SESI",{"$nulls":4},1.5]
[{"$nulls":8},"SENAI / SEBRAE",{"$nulls":4},1.6]
[{"$nulls":8},"INCRA",{"$nulls":4},0.2]
[{"$nulls":8},"Seguro Contra Risco e Acidente de Trabalho",{"$nulls":4},3]
[{"$nulls":8},"SECONCI",{"$nulls":4},0]
[{"$nulls":8},"FAE - Financiamento de Aposentadoria Especial",{"$nulls":4},0]
[{"$nulls":8},"Total Grupo A",{"$nulls":4},36.799999999999997]
[{"$nulls":8},"Grupo B - Encargos Trabalhistas"]
[{"$nulls":8},"Repouso Semanal Remunerado - Domingos",{"$nulls":4},18.178763310000001]
[{"$nulls":8},"Feriados",{"$nulls":4},5.0295063999999998]
[{"$nulls":8},"Férias Gozadas + 1/3",{"$nulls":4},3.0631584900000002]
[{"$nulls":8},"Auxílio Enfermidade",{"$nulls":4},0.92131803999999995]
[{"$nulls":8},"Auxílio Acidente de Trabalho",{"$nulls":4},4.9086579999999998E-2]
[{"$nulls":8},"Licença Paternidade",{"$nulls":4},9.05059E-2]
[{"$nulls":8},"13° Salário",{"$nulls":4},9.2400984400000006]
[{"$nulls":8},"Faltas Justificadas",{"$nulls":4},0.74262057000000004]
[{"$nulls":8},"Férias sobre Licença Maternidade",{"$nulls":4},0]
[{"$nulls":8},"Reciclagem Tecnológica",{"$nulls":4},0]
[{"$nulls":8},"Total Grupo B",{"$nulls":4},37.315057719999999]
[{"$nulls":8},"Grupo C - Verbas Rescisórias"]
[{"$nulls":8},"Aviso Prévio Indenizado",{"$nulls":4},6.1987996499999998]
[{"$nulls":8},"Aviso Prévio Trabalhado",{"$nulls":4},0.17076661000000001]
[{"$nulls":8},"Férias Indenizadas + 1/3",{"$nulls":4},9.2569727700000008]
[{"$nulls":8},"Depósito por Rescisão Sem Justa Causa",{"$nulls":4},4.3940818500000001]
[{"$nulls":8},"Indenização Adicional",{"$nulls":4},0.92827570999999998]
[{"$nulls":8},"Total Grupo C",{"$nulls":4},20.94889658]
[{"$nulls":8},"Grupo D - Verbas Rescisórias"]
[{"$nulls":8},"Reincidência de A sobre B",{"$nulls":4},13.731941239999999]
[{"$nulls":8},"Reincidência de A sobre Aviso Prévio Trabalhado + Reincidência de FGTS sobre Aviso Prévio Indenizado",{"$nulls":4},0.55874608000000003]
[{"$nulls":8},"Total Grupo D",{"$nulls":4},14.290687330000001]
[{"$nulls":8},"Total Encargos Sociais e Trabalhistas - abril/2025",{"$nulls":4},109.35]
[{"$nulls":8},"Periculosidade/Insalubridade",{"$nulls":4}," %",null,"R$"]
[{"$nulls":8},"Total Periculosidade/Insalubridade",{"$nulls":4},0,null,0]
[{"$nulls":8},"Encargos Sociais e Trabalhistas - Média Móvel",{"$nulls":4}," %",null,"R$"]
[{"$nulls":8},"Encargos Sociais e Trabalhistas - Média Móvel - Sobre Salário",{"$nulls":4},109.45,null,14.935]
[{"$nulls":8},"Encargos Sociais e Trabalhistas - Média Móvel - Sobre Periculosidade/Insalubridade",{"$nulls":4},109.45,null,0]
[{"$nulls":8},"Total Encargos Sociais e Trabalhistas - Média Móvel",{"$nulls":4},109.45,null,14.935]
[{"$nulls":8},"Encargos Complementares",{"$nulls":4}," %",null,"R$"]
[{"$nulls":8},"Alimentação",{"$nulls":4},26.48,null,3.6132550000000001]
[{"$nulls":8},"EPI",{"$nulls":4},1.97,null,0.26894200000000001]
[{"$nulls":8},"Ferramenta",{"$nulls":4},0,null,0]
[{"$nulls":8},"Transporte",{"$nulls":4},7.17,null,0.97811700000000001]
[{"$nulls":8},"Consulta Ocupacional",{"$nulls":4},0.47,null,6.3921000000000006E-2]
[{"$nulls":8},"Total Encargos Complementares",{"$nulls":4},36.090000000000003,null,4.9242350000000004]
[{"$nulls":8},"Encargos Adicionais",{"$nulls":4}," %",null,"R$"]
[{"$nulls":8},"Cesta Básica",{"$nulls":4},16.829999999999998,null,2.2960159999999998]
[{"$nulls":8},"Assistência Médica",{"$nulls":4},0,null,0]
[{"$nulls":8},"Seguro de Vida",{"$nulls":4},0.02,null,2.7399999999999998E-3]
[{"$nulls":8},"Desgaste Orgânico",{"$nulls":4},0,null,0]
[{"$nulls":8},"Adicional de Confinamento",{"$nulls":4},0,null,0]
[{"$nulls":8},"Total Encargos Adicionais",{"$nulls":4},16.850000000000001,null,2.298756]
[{"$nulls":8},"Encargos Totais",{"$nulls":4},162.38310000000001,null,22.157990999999999]
[{"$nulls":8},"Custo Total",{"$nulls":6},35.803400000000003]
[{"$nulls":8},"Código",null,"Descrição",null,null,"Unidade",null,"Salário \n(R$)"]
[{"$nulls":8},"P9875",null,"Encarregado de turma",null,null,"mês",null,2483.2883000000002]
[]
[{"$nulls":8},"Encargos Sociais e Trabalhistas - abril/2025",{"$nulls":4}," %"]
[{"$nulls":8},"Grupo A - Encargos Sociais"]
[{"$nulls":8},"Previdência Social",{"$nulls":4},20]
[{"$nulls":8},"FGTS",{"$nulls":4},8]
[{"$nulls":8},"Salário Educação",{"$nulls":4},2.5]
[{"$nulls":8},"SESC ou SESI",{"$nulls":4},1.5]
[{"$nulls":8},"SENAI / SEBRAE",{"$nulls":4},1.6]
[{"$nulls":8},"INCRA",{"$nulls":4},0.2]
[{"$nulls":8},"Seguro Contra Risco e Acidente de Trabalho",{"$nulls":4},3]
[{"$nulls":8},"SECONCI",{"$nulls":4},0]
[{"$nulls":8},"FAE - Financiamento de Aposentadoria Especial",{"$nulls":4},0]
[{"$nulls":8},"Total Grupo A",{"$nulls":4},36.799999999999997]
[{"$nulls":8},"Grupo B - Encargos Trabalhistas"]
[{"$nulls":8},"Repouso Semanal Remunerado - Domingos",{"$nulls":4},0]
[{"$nulls":8},"Feriados",{"$nulls":4},0]
[{"$nulls":8},"Férias Gozadas + 1/3",{"$nulls":4},4.2058231299999997]
[{"$nulls":8},"Auxílio Enfermidade",{"$nulls":4},0.92123778999999995]
[{"$nulls":8},"Auxílio Acidente de Trabalho",{"$nulls":4},4.9082309999999997E-2]
[{"$nulls":8},"Licença Paternidade",{"$nulls":4},7.8825980000000004E-2]
[{"$nulls":8},"13° Salário",{"$nulls":4},9.2392936399999996]
[{"$nulls":8},"Faltas Justificadas",{"$nulls":4},0.74255589]
[{"$nulls":8},"Férias sobre Licença Maternidade",{"$nulls":4},2.9574900000000001E-3]
[{"$nulls":8},"Reciclagem Tecnológica",{"$nulls":4},0]
[{"$nulls":8},"Total Grupo B",{"$nulls":4},15.23977622]
[{"$nulls":8},"Grupo C - Verbas Rescisórias"]
[{"$nulls":8},"Aviso Prévio Indenizado",{"$nulls":4},5.4333852599999997]
[{"$nulls":8},"Aviso Prévio Trabalhado",{"$nulls":4},0.14968071999999999]
[{"$nulls":8},"Férias Indenizadas + 1/3",{"$nulls":4},8.1132350500000001]
[{"$nulls":8},"Depósito por Rescisão Sem Justa Causa",{"$nulls":4},3.6876728399999998]
[{"$nulls":8},"Indenização Adicional",{"$nulls":4},0.92819485999999995]
[{"$nulls":8},"Total Grupo C",{"$nulls":4},18.31216873]
[{"$nulls":8},"Grupo D - Verbas Rescisórias"]
[{"$nulls":8},"Reincidência de A sobre B",{"$nulls":4},5.6082376500000004]
[{"$nulls":8},"Reincidência de A sobre Aviso Prévio Trabalhado + Reincidência de FGTS sobre Aviso Prévio Indenizado",{"$nulls":4},0.48975331999999999]
[{"$nulls":8},"Total Grupo D",{"$nulls":4},6.0979909699999997]
[{"$nulls":8},"Total Encargos Sociais e Trabalhistas - abril/2025",{"$nulls":4},76.45]
[{"$nulls":8},"Periculosidade/Insalubridade",{"$nulls":4}," %",null,"R$"]
[{"$nulls":8},"Total Periculosidade/Insalubridade",{"$nulls":4},0,null,0]
[{"$nulls":8},"Encargos Sociais e Trabalhistas - Média Móvel",{"$nulls":4}," %",null,"R$"]
[{"$nulls":8},"Encargos Sociais e Trabalhistas - Média Móvel - Sobre Salário",{"$nulls":4},76.44,null,1898.2255769999999]
[{"$nulls":8},"Encargos Sociais e Trabalhistas - Média Móvel - Sobre Periculosidade/Insalubridade",{"$nulls":4},76.44,null,0]
[{"$nulls":8},"Total Encargos Sociais e Trabalhistas - Média Móvel",{"$nulls":4},76.44,null,1898.2255769999999]
[{"$nulls":8},"Encargos Complementares",{"$nulls":4}," %",null,"R$"]
[{"$nulls":8},"Alimentação",{"$nulls":4},26.55,null,659.38283200000001]
[{"$nulls":8},"EPI",{"$nulls":4},2.62,null,65.001029000000003]
[{"$nulls":8},"Ferramenta",{"$nulls":4},0,null,0]
[{"$nulls":8},"Transporte",{"$nulls":4},7.19,null,178.49648400000001]
[{"$nulls":8},"Consulta Ocupacional",{"$nulls":4},0.41,null,10.224643]
[{"$nulls":8},"Total Encargos Complementares",{"$nulls":4},36.770000000000003,null,913.10498800000005]
[{"$nulls":8},"Encargos Adicionais",{"$nulls":4}," %",null,"R$"]
[{"$nulls":8},"Cesta Básica",{"$nulls":4},16.87,null,419]
[{"$nulls":8},"Assistência Médica",{"$nulls":4},0,null,0]
[{"$nulls":8},"Seguro de Vida",{"$nulls":4},0.02,null,0.5]
[{"$nulls":8},"Desgaste Orgânico",{"$nulls":4},0,null,0]
[{"$nulls":8},"Adicional de Confinamento",{"$nulls":4},0,null,0]
[{"$nulls":8},"Total Encargos Adicionais",{"$nulls":4},16.89,null,419.5]
[{"$nulls":8},"Encargos Totais",{"$nulls":4},130.10290000000001,null,3230.8305650000002]
[{"$nulls":8},"Custo Total",{"$nulls":6},5714.1183000000001]
[{"$nulls":8},"Código",null,"Descrição",null,null,"Unidade",null,"Salário \n(R$)"]
[{"$nulls":8},"P9876",null,"Técnico de segurança do trabalho",null,null,"mês",null,3425.4]
[]
[{"$nulls":8},"Encargos Sociais e Trabalhistas - abril/2025",{"$nulls":4}," %"]
[{"$nulls":8},"Grupo A - Encargos Sociais"]
[{"$nulls":8},"Previdência Social",{"$nulls":4},20]
[{"$nulls":8},"FGTS",{"$nulls":4},8]
[{"$nulls":8},"Salário Educação",{"$nulls":4},2.5]
[{"$nulls":8},"SESC ou SESI",{"$nulls":4},1.5]
[{"$nulls":8},"SENAI / SEBRAE",{"$nulls":4},1.6]
[{"$nulls":8},"INCRA",{"$nulls":4},0.2]
[{"$nulls":8},"Seguro Contra Risco e Acidente de Trabalho",{"$nulls":4},3]
[{"$nulls":8},"SECONCI",{"$nulls":4},0.11111111]
[{"$nulls":8},"FAE - Financiamento de Aposentadoria Especial",{"$nulls":4},0]
[{"$nulls":8},"Total Grupo A",{"$nulls":4},36.91111111]
[{"$nulls":8},"Grupo B - Encargos Trabalhistas"]
[{"$nulls":8},"Repouso Semanal Remunerado - Domingos",{"$nulls":4},0]
[{"$nulls":8},"Feriados",{"$nulls":4},0]
[{"$nulls":8},"Férias Gozadas + 1/3",{"$nulls":4},4.0940315399999996]
[{"$nulls":8},"Auxílio Enfermidade",{"$nulls":4},0.89970172000000004]
[{"$nulls":8},"Auxílio Acidente de Trabalho",{"$nulls":4},4.9113450000000003E-2]
[{"$nulls":8},"Licença Paternidade",{"$nulls":4},6.2559710000000004E-2]
[{"$nulls":8},"13° Salário",{"$nulls":4},9.2451557799999993]
[{"$nulls":8},"Faltas Justificadas",{"$nulls":4},0.74302703000000003]
[{"$nulls":8},"Férias sobre Licença Maternidade",{"$nulls":4},0.10471775999999999]
[{"$nulls":8},"Reciclagem Tecnológica",{"$nulls":4},0]
[{"$nulls":8},"Total Grupo B",{"$nulls":4},15.198306990000001]
[{"$nulls":8},"Grupo C - Verbas Rescisórias"]
[{"$nulls":8},"Aviso Prévio Indenizado",{"$nulls":4},5.5099899099999998]
[{"$nulls":8},"Aviso Prévio Trabalhado",{"$nulls":4},0.15179105000000001]
[{"$nulls":8},"Férias Indenizadas + 1/3",{"$nulls":4},8.23284284]
[{"$nulls":8},"Depósito por Rescisão Sem Justa Causa",{"$nulls":4},3.6863458200000001]
[{"$nulls":8},"Indenização Adicional",{"$nulls":4},0.92878377999999995]
[{"$nulls":8},"Total Grupo C",{"$nulls":4},18.50975339]
[{"$nulls":8},"Grupo D - Verbas Rescisórias"]
[{"$nulls":8},"Reincidência de A sobre B",{"$nulls":4},5.6098639800000001]
[{"$nulls":8},"Reincidência de A sobre Aviso Prévio Trabalhado + Reincidência de FGTS sobre Aviso Prévio Indenizado",{"$nulls":4},0.49682694999999999]
[{"$nulls":8},"Total Grupo D",{"$nulls":4},6.1066909300000001]
[{"$nulls":8},"Total Encargos Sociais e Trabalhistas - abril/2025",{"$nulls":4},76.73]
[{"$nulls":8},"Periculosidade/Insalubridade",{"$nulls":4}," %",null,"R$"]
[{"$nulls":8},"Total Periculosidade/Insalubridade",{"$nulls":4},0,null,0]
[{"$nulls":8},"Encargos Sociais e Trabalhistas - Média Móvel",{"$nulls":4}," %",null,"R$"]
[{"$nulls":8},"Encargos Sociais e Trabalhistas - Média Móvel - Sobre Salário",{"$nulls":4},76.819999999999993,null,2631.39228]
[{"$nulls":8},"Encargos Sociais e Trabalhistas - Média Móvel - Sobre Periculosidade/Insalubridade",{"$nulls":4},76.819999999999993,null,0]
[{"$nulls":8},"Total Encargos Sociais e Trabalhistas - Média Móvel",{"$nulls":4},76.819999999999993,null,2631.39228]
[{"$nulls":8},"Encargos Complementares",{"$nulls":4}," %",null,"R$"]
[{"$nulls":8},"Alimentação",{"$nulls":4},19.25,null,659.38283200000001]
[{"$nulls":8},"EPI",{"$nulls":4},2.04,null,69.885209000000003]
[{"$nulls":8},"Ferramenta",{"$nulls":4},0,null,0]
[{"$nulls":8},"Transporte",{"$nulls":4},5.21,null,178.49648400000001]
[{"$nulls":8},"Consulta Ocupacional",{"$nulls":4},0.3,null,10.368798999999999]
[{"$nulls":8},"Total Encargos Complementares",{"$nulls":4},26.8,null,918.13332400000002]
[{"$nulls":8},"Encargos Adicionais",{"$nulls":4}," %",null,"R$"]
[{"$nulls":8},"Cesta Básica",{"$nulls":4},12.23,null,419]
[{"$nulls":8},"Assistência Médica",{"$nulls":4},0,null,0]
[{"$nulls":8},"Seguro de Vida",{"$nulls":4},0.01,null,0.5]
[{"$nulls":8},"Desgaste Orgânico",{"$nulls":4},0,null,0]
[{"$nulls":8},"Adicional de Confinamento",{"$nulls":4},0,null,0]
[{"$nulls":8},"Total Encargos Adicionais",{"$nulls":4},12.24,null,419.5]
[{"$nulls":8},"Encargos Totais",{"$nulls":4},115.8704,null,3969.0256039999999]
[{"$nulls":8},"Custo Total",{"$nulls":6},7394.4246000000003]
[{"$nulls":8},"Código",null,"Descrição",null,null,"Unidade",null,"Salário \n(R$)"]
[{"$nulls":8},"P9878",null,"Secretária",null,null,"mês",null,3137.9425000000001]
[]
[{"$nulls":8},"Encargos Sociais e Trabalhistas - abril/2025",{"$nulls":4}," %"]
[{"$nulls":8},"Grupo A - Encargos Sociais"]
[{"$nulls":8},"Previdência Social",{"$nulls":4},20]
[{"$nulls":8},"FGTS",{"$nulls":4},8]
[{"$nulls":8},"Salário Educação",{"$nulls":4},2.5]
[{"$nulls":8},"SESC ou SESI",{"$nulls":4},1.5]
[{"$nulls":8},"SENAI / SEBRAE",{"$nulls":4},1.6]
[{"$nulls":8},"INCRA",{"$nulls":4},0.2]
[{"$nulls":8},"Seguro Contra Risco e Acidente de Trabalho",{"$nulls":4},3]
[{"$nulls":8},"SECONCI",{"$nulls":4},0.41481480999999998]
[{"$nulls":8},"FAE - Financiamento de Aposentadoria Especial",{"$nulls":4},0]
[{"$nulls":8},"Total Grupo A",{"$nulls":4},37.21481481]
[{"$nulls":8},"Grupo B - Encargos Trabalhistas"]
[{"$nulls":8},"Repouso Semanal Remunerado - Domingos",{"$nulls":4},0]
[{"$nulls":8},"Feriados",{"$nulls":4},0]
[{"$nulls":8},"Férias Gozadas + 1/3",{"$nulls":4},6.4950626600000003]
[{"$nulls":8},"Auxílio Enfermidade",{"$nulls":4},0.90974719000000004]
[{"$nulls":8},"Auxílio Acidente de Trabalho",{"$nulls":4},4.9147690000000001E-2]
[{"$nulls":8},"Licença Paternidade",{"$nulls":4},1.9904959999999999E-2]
[{"$nulls":8},"13° Salário",{"$nulls":4},9.25160217]
[{"$nulls":8},"Faltas Justificadas",{"$nulls":4},0.74354511999999995]
[{"$nulls":8},"Férias sobre Licença Maternidade",{"$nulls":4},0.20784659999999999]
[{"$nulls":8},"Reciclagem Tecnológica",{"$nulls":4},0]
[{"$nulls":8},"Total Grupo B",{"$nulls":4},17.676856390000001]
[{"$nulls":8},"Grupo C - Verbas Rescisórias"]
[{"$nulls":8},"Aviso Prévio Indenizado",{"$nulls":4},4.2611804800000002]
[{"$nulls":8},"Aviso Prévio Trabalhado",{"$nulls":4},0.10760606]
[{"$nulls":8},"Férias Indenizadas + 1/3",{"$nulls":4},5.8404069099999996]
[{"$nulls":8},"Depósito por Rescisão Sem Justa Causa",{"$nulls":4},3.7656594000000001]
[{"$nulls":8},"Indenização Adicional",{"$nulls":4},0.92943140000000002]
[{"$nulls":8},"Total Grupo C",{"$nulls":4},14.90428425]
[{"$nulls":8},"Grupo D - Verbas Rescisórias"]
[{"$nulls":8},"Reincidência de A sobre B",{"$nulls":4},6.5784093700000001]
[{"$nulls":8},"Reincidência de A sobre Aviso Prévio Trabalhado + Reincidência de FGTS sobre Aviso Prévio Indenizado",{"$nulls":4},0.38093982999999998]
[{"$nulls":8},"Total Grupo D",{"$nulls":4},6.9593492000000001]
[{"$nulls":8},"Total Encargos Sociais e Trabalhistas - abril/2025",{"$nulls":4},76.760000000000005]
[{"$nulls":8},"Periculosidade/Insalubridade",{"$nulls":4}," %",null,"R$"]
[{"$nulls":8},"Total Periculosidade/Insalubridade",{"$nulls":4},0,null,0]
[{"$nulls":8},"Encargos Sociais e Trabalhistas - Média Móvel",{"$nulls":4}," %",null,"R$"]
[{"$nulls":8},"Encargos Sociais e Trabalhistas - Média Móvel - Sobre Salário",{"$nulls":4},76.739999999999995,null,2408.0570739999998]
[{"$nulls":8},"Encargos Sociais e Trabalhistas - Média Móvel - Sobre Periculosidade/Insalubridade",{"$nulls":4},76.739999999999995,null,0]
[{"$nulls":8},"Total Encargos Sociais e Trabalhistas - Média Móvel",{"$nulls":4},76.739999999999995,null,2408.0570739999998]
[{"$nulls":8},"Encargos Complementares",{"$nulls":4}," %",null,"R$"]
[{"$nulls":8},"Alimentação",{"$nulls":4},21.01,null,659.38283200000001]
[{"$nulls":8},"EPI",{"$nulls":4},0,null,0]
[{"$nulls":8},"Ferramenta",{"$nulls":4},0,null,0]
[{"$nulls":8},"Transporte",{"$nulls":4},5.69,null,178.49648400000001]
[{"$nulls":8},"Consulta Ocupacional",{"$nulls":4},0.35,null,11.025805]
[{"$nulls":8},"Total Encargos Complementares",{"$nulls":4},27.05,null,848.90512100000001]
[{"$nulls":8},"Encargos Adicionais",{"$nulls":4}," %",null,"R$"]
[{"$nulls":8},"Cesta Básica",{"$nulls":4},13.35,null,419]
[{"$nulls":8},"Assistência Médica",{"$nulls":4},0,null,0]
[{"$nulls":8},"Seguro de Vida",{"$nulls":4},0.02,null,0.5]
[{"$nulls":8},"Desgaste Orgânico",{"$nulls":4},0,null,0]
[{"$nulls":8},"Adicional de Confinamento",{"$nulls":4},0,null,0]
[{"$nulls":8},"Total Encargos Adicionais",{"$nulls":4},13.37,null,419.5]
[{"$nulls":8},"Encargos Totais",{"$nulls":4},117.16160000000001,null,3676.4621950000001]
[{"$nulls":8},"Custo Total",{"$nulls":6},6814.4061000000002]
[{"$nulls":8},"Código",null,"Descrição",null,null,"Unidade",null,"Salário \n(R$)"]
[{"$nulls":8},"P9880",null,"Piloto fluvial",null,null,"mês",null,3698.49]
[]
[{"$nulls":8},"Encargos Sociais e Trabalhistas - abril/2025",{"$nulls":4}," %"]
[{"$nulls":8},"Grupo A - Encargos Sociais"]
[{"$nulls":8},"Previdência Social",{"$nulls":4},20]
[{"$nulls":8},"FGTS",{"$nulls":4},8]
[{"$nulls":8},"Salário Educação",{"$nulls":4},2.5]
[{"$nulls":8},"SESC ou SESI",{"$nulls":4},1.5]
[{"$nulls":8},"SENAI / SEBRAE",{"$nulls":4},1.6]
[{"$nulls":8},"INCRA",{"$nulls":4},0.2]
[{"$nulls":8},"Seguro Contra Risco e Acidente de Trabalho",{"$nulls":4},3]
[{"$nulls":8},"SECONCI",{"$nulls":4},0.41481480999999998]
[{"$nulls":8},"FAE - Financiamento de Aposentadoria Especial",{"$nulls":4},0]
[{"$nulls":8},"Total Grupo A",{"$nulls":4},37.21481481]
[{"$nulls":8},"Grupo B - Encargos Trabalhistas"]
[{"$nulls":8},"Repouso Semanal Remunerado - Domingos",{"$nulls":4},0]
[{"$nulls":8},"Feriados",{"$nulls":4},0]
[{"$nulls":8},"Férias Gozadas + 1/3",{"$nulls":4},9.1165276599999991]
[{"$nulls":8},"Auxílio Enfermidade",{"$nulls":4},0.90814733999999997]
[{"$nulls":8},"Auxílio Acidente de Trabalho",{"$nulls":4},5.0899769999999997E-2]
[{"$nulls":8},"Licença Paternidade",{"$nulls":4},4.1485330000000001E-2]
[{"$nulls":8},"13° Salário",{"$nulls":4},9.2353369300000008]
[{"$nulls":8},"Faltas Justificadas",{"$nulls":4},0.74223788999999996]
[{"$nulls":8},"Férias sobre Licença Maternidade",{"$nulls":4},8.2935700000000001E-3]
[{"$nulls":8},"Reciclagem Tecnológica",{"$nulls":4},0]
[{"$nulls":8},"Total Grupo B",{"$nulls":4},20.10292849]
[{"$nulls":8},"Grupo C - Verbas Rescisórias"]
[{"$nulls":8},"Aviso Prévio Indenizado",{"$nulls":4},2.5315726700000001]
[{"$nulls":8},"Aviso Prévio Trabalhado",{"$nulls":4},5.9011290000000001E-2]
[{"$nulls":8},"Férias Indenizadas + 1/3",{"$nulls":4},3.1972549199999998]
[{"$nulls":8},"Depósito por Rescisão Sem Justa Causa",{"$nulls":4},3.8432937100000002]
[{"$nulls":8},"Indenização Adicional",{"$nulls":4},0.92779736000000002]
[{"$nulls":8},"Total Grupo C",{"$nulls":4},10.55892995]
[{"$nulls":8},"Grupo D - Verbas Rescisórias"]
[{"$nulls":8},"Reincidência de A sobre B",{"$nulls":4},7.4812676099999997]
[{"$nulls":8},"Reincidência de A sobre Aviso Prévio Trabalhado + Reincidência de FGTS sobre Aviso Prévio Indenizado",{"$nulls":4},0.22448675000000001]
[{"$nulls":8},"Total Grupo D",{"$nulls":4},7.7057543600000002]
[{"$nulls":8},"Total Encargos Sociais e Trabalhistas - abril/2025",{"$nulls":4},75.58]
[{"$nulls":8},"Periculosidade/Insalubridade",{"$nulls":4}," %",null,"R$"]
[{"$nulls":8},"Total Periculosidade/Insalubridade",{"$nulls":4},0,null,0]
[{"$nulls":8},"Encargos Sociais e Trabalhistas - Média Móvel",{"$nulls":4}," %",null,"R$"]
[{"$nulls":8},"Encargos Sociais e Trabalhistas - Média Móvel - Sobre Salário",{"$nulls":4},75.63,null,2797.1679869999998]
[{"$nulls":8},"Encargos Sociais e Trabalhistas - Média Móvel - Sobre Periculosidade/Insalubridade",{"$nulls":4},75.63,null,0]
[{"$nulls":8},"Total Encargos Sociais e Trabalhistas - Média Móvel",{"$nulls":4},75.63,null,2797.1679869999998]
[{"$nulls":8},"Encargos Complementares",{"$nulls":4}," %",null,"R$"]
[{"$nulls":8},"Alimentação",{"$nulls":4},23.64,null,874.50499000000002]
[{"$nulls":8},"EPI",{"$nulls":4},0,null,0]
[{"$nulls":8},"Ferramenta",{"$nulls":4},0,null,0]
[{"$nulls":8},"Transporte",{"$nulls":4},0,null,0]
[{"$nulls":8},"Consulta Ocupacional",{"$nulls":4},0.16,null,6.046564]
[{"$nulls":8},"Total Encargos Complementares",{"$nulls":4},23.8,null,880.55155400000001]
[{"$nulls":8},"Encargos Adicionais",{"$nulls":4}," %",null,"R$"]
[{"$nulls":8},"Cesta Básica",{"$nulls":4},8.11,null,300]
[{"$nulls":8},"Assistência Médica",{"$nulls":4},0,null,0]
[{"$nulls":8},"Seguro de Vida",{"$nulls":4},0.13,null,4.99]
[{"$nulls":8},"Desgaste Orgânico",{"$nulls":4},0,null,0]
[{"$nulls":8},"Adicional de Confinamento",{"$nulls":4},0,null,0]
[{"$nulls":8},"Total Encargos Adicionais",{"$nulls":4},8.24,null,304.99]
[{"$nulls":8},"Encargos Totais",{"$nulls":4},107.68470000000001,null,3982.7095410000002]
[{"$nulls":8},"Custo Total",{"$nulls":6},7681.1977999999999]
[{"$nulls":8},"Código",null,"Descrição",null,null,"Unidade",null,"Salário \n(R$)"]
[{"$nulls":8},"P9882",null,"Técnico especializado",null,null,"h",null,15.104799999999999]
[]
[{"$nulls":8},"Encargos Sociais e Trabalhistas - abril/2025",{"$nulls":4}," %"]
[{"$nulls":8},"Grupo A - Encargos Sociais"]
[{"$nulls":8},"Previdência Social",{"$nulls":4},20]
[{"$nulls":8},"FGTS",{"$nulls":4},8]
[{"$nulls":8},"Salário Educação",{"$nulls":4},2.5]
[{"$nulls":8},"SESC ou SESI",{"$nulls":4},1.5]
[{"$nulls":8},"SENAI / SEBRAE",{"$nulls":4},1.6]
[{"$nulls":8},"INCRA",{"$nulls":4},0.2]
[{"$nulls":8},"Seguro Contra Risco e Acidente de Trabalho",{"$nulls":4},3]
[{"$nulls":8},"SECONCI",{"$nulls":4},0.11111111]
[{"$nulls":8},"FAE - Financiamento de Aposentadoria Especial",{"$nulls":4},0]
[{"$nulls":8},"Total Grupo A",{"$nulls":4},36.91111111]
[{"$nulls":8},"Grupo B - Encargos Trabalhistas"]
[{"$nulls":8},"Repouso Semanal Remunerado - Domingos",{"$nulls":4},18.450512119999999]
[{"$nulls":8},"Feriados",{"$nulls":4},5.10582665]
[{"$nulls":8},"Férias Gozadas + 1/3",{"$nulls":4},5.1072397699999996]
[{"$nulls":8},"Auxílio Enfermidade",{"$nulls":4},0.89960017999999997]
[{"$nulls":8},"Auxílio Acidente de Trabalho",{"$nulls":4},4.9107900000000003E-2]
[{"$nulls":8},"Licença Paternidade",{"$nulls":4},7.5093519999999997E-2]
[{"$nulls":8},"13° Salário",{"$nulls":4},9.2441123699999999]
[{"$nulls":8},"Faltas Justificadas",{"$nulls":4},0.74294316999999999]
[{"$nulls":8},"Férias sobre Licença Maternidade",{"$nulls":4},8.0888580000000002E-2]
[{"$nulls":8},"Reciclagem Tecnológica",{"$nulls":4},0]
[{"$nulls":8},"Total Grupo B",{"$nulls":4},39.755324280000004]
[{"$nulls":8},"Grupo C - Verbas Rescisórias"]
[{"$nulls":8},"Aviso Prévio Indenizado",{"$nulls":4},4.8314948099999997]
[{"$nulls":8},"Aviso Prévio Trabalhado",{"$nulls":4},0.13309963999999999]
[{"$nulls":8},"Férias Indenizadas + 1/3",{"$nulls":4},7.2182433899999996]
[{"$nulls":8},"Depósito por Rescisão Sem Justa Causa",{"$nulls":4},4.4721703799999997]
[{"$nulls":8},"Indenização Adicional",{"$nulls":4},0.92867896000000005]
[{"$nulls":8},"Total Grupo C",{"$nulls":4},17.583687179999998]
[{"$nulls":8},"Grupo D - Verbas Rescisórias"]
[{"$nulls":8},"Reincidência de A sobre B",{"$nulls":4},14.674131920000001]
[{"$nulls":8},"Reincidência de A sobre Aviso Prévio Trabalhado + Reincidência de FGTS sobre Aviso Prévio Indenizado",{"$nulls":4},0.43564814000000002]
[{"$nulls":8},"Total Grupo D",{"$nulls":4},15.10978006]
[{"$nulls":8},"Total Encargos Sociais e Trabalhistas - abril/2025",{"$nulls":4},109.36]
[{"$nulls":8},"Periculosidade/Insalubridade",{"$nulls":4}," %",null,"R$"]
[{"$nulls":8},"Total Periculosidade/Insalubridade",{"$nulls":4},0,null,0]
[{"$nulls":8},"Encargos Sociais e Trabalhistas - Média Móvel",{"$nulls":4}," %",null,"R$"]
[{"$nulls":8},"Encargos Sociais e Trabalhistas - Média Móvel - Sobre Salário",{"$nulls":4},109.35,null,16.517099000000002]
[{"$nulls":8},"Encargos Sociais e Trabalhistas - Média Móvel - Sobre Periculosidade/Insalubridade",{"$nulls":4},109.35,null,0]
[{"$nulls":8},"Total Encargos Sociais e Trabalhistas - Média Móvel",{"$nulls":4},109.35,null,16.517099000000002]
[{"$nulls":8},"Encargos Complementares",{"$nulls":4}," %",null,"R$"]
[{"$nulls":8},"Alimentação",{"$nulls":4},23.92,null,3.6132550000000001]
[{"$nulls":8},"EPI",{"$nulls":4},2.36,null,0.35619000000000001]
[{"$nulls":8},"Ferramenta",{"$nulls":4},0,null,0]
[{"$nulls":8},"Transporte",{"$nulls":4},6.48,null,0.97811700000000001]
[{"$nulls":8},"Consulta Ocupacional",{"$nulls":4},0.33,null,4.9821999999999998E-2]
[{"$nulls":8},"Total Encargos Complementares",{"$nulls":4},33.090000000000003,null,4.9973840000000003]
[{"$nulls":8},"Encargos Adicionais",{"$nulls":4}," %",null,"R$"]
[{"$nulls":8},"Cesta Básica",{"$nulls":4},15.2,null,2.2960159999999998]
[{"$nulls":8},"Assistência Médica",{"$nulls":4},0,null,0]
[{"$nulls":8},"Seguro de Vida",{"$nulls":4},0.02,null,2.7399999999999998E-3]
[{"$nulls":8},"Desgaste Orgânico",{"$nulls":4},0,null,0]
[{"$nulls":8},"Adicional de Confinamento",{"$nulls":4},0,null,0]
[{"$nulls":8},"Total Encargos Adicionais",{"$nulls":4},15.22,null,2.298756]
[{"$nulls":8},"Encargos Totais",{"$nulls":4},157.65350000000001,null,23.813238999999999]
[{"$nulls":8},"Custo Total",{"$nulls":6},38.917999999999999]
[{"$nulls":8},"Código",null,"Descrição",null,null,"Unidade",null,"Salário \n(R$)"]
[{"$nulls":8},"P9883",null,"Chefe do setor administrativo",null,null,"mês",null,3646.9497000000001]
[]
[{"$nulls":8},"Encargos Sociais e Trabalhistas - abril/2025",{"$nulls":4}," %"]
[{"$nulls":8},"Grupo A - Encargos Sociais"]
[{"$nulls":8},"Previdência Social",{"$nulls":4},20]
[{"$nulls":8},"FGTS",{"$nulls":4},8]
[{"$nulls":8},"Salário Educação",{"$nulls":4},2.5]
[{"$nulls":8},"SESC ou SESI",{"$nulls":4},1.5]
[{"$nulls":8},"SENAI / SEBRAE",{"$nulls":4},1.6]
[{"$nulls":8},"INCRA",{"$nulls":4},0.2]
[{"$nulls":8},"Seguro Contra Risco e Acidente de Trabalho",{"$nulls":4},3]
[{"$nulls":8},"SECONCI",{"$nulls":4},0.11111111]
[{"$nulls":8},"FAE - Financiamento de Aposentadoria Especial",{"$nulls":4},0]
[{"$nulls":8},"Total Grupo A",{"$nulls":4},36.91111111]
[{"$nulls":8},"Grupo B - Encargos Trabalhistas"]
[{"$nulls":8},"Repouso Semanal Remunerado - Domingos",{"$nulls":4},0]
[{"$nulls":8},"Feriados",{"$nulls":4},0]
[{"$nulls":8},"Férias Gozadas + 1/3",{"$nulls":4},7.9373764299999996]
[{"$nulls":8},"Auxílio Enfermidade",{"$nulls":4},0.89943107]
[{"$nulls":8},"Auxílio Acidente de Trabalho",{"$nulls":4},4.9098669999999997E-2]
[{"$nulls":8},"Licença Paternidade",{"$nulls":4},6.5588880000000002E-2]
[{"$nulls":8},"13° Salário",{"$nulls":4},9.2423745799999999]
[{"$nulls":8},"Faltas Justificadas",{"$nulls":4},0.74280349999999995]
[{"$nulls":8},"Férias sobre Licença Maternidade",{"$nulls":4},7.1592550000000005E-2]
[{"$nulls":8},"Reciclagem Tecnológica",{"$nulls":4},0]
[{"$nulls":8},"Total Grupo B",{"$nulls":4},19.008265680000001]
[{"$nulls":8},"Grupo C - Verbas Rescisórias"]
[{"$nulls":8},"Aviso Prévio Indenizado",{"$nulls":4},3.2030816400000002]
[{"$nulls":8},"Aviso Prévio Trabalhado",{"$nulls":4},8.0886269999999996E-2]
[{"$nulls":8},"Férias Indenizadas + 1/3",{"$nulls":4},4.3857896800000002]
[{"$nulls":8},"Depósito por Rescisão Sem Justa Causa",{"$nulls":4},3.8082644999999999]
[{"$nulls":8},"Indenização Adicional",{"$nulls":4},0.92850438000000002]
[{"$nulls":8},"Total Grupo C",{"$nulls":4},12.406526469999999]
[{"$nulls":8},"Grupo D - Verbas Rescisórias"]
[{"$nulls":8},"Reincidência de A sobre B",{"$nulls":4},7.0161620600000001]
[{"$nulls":8},"Reincidência de A sobre Aviso Prévio Trabalhado + Reincidência de FGTS sobre Aviso Prévio Indenizado",{"$nulls":4},0.28610255000000001]
[{"$nulls":8},"Total Grupo D",{"$nulls":4},7.3022646199999999]
[{"$nulls":8},"Total Encargos Sociais e Trabalhistas - abril/2025",{"$nulls":4},75.63]
[{"$nulls":8},"Periculosidade/Insalubridade",{"$nulls":4}," %",null,"R$"]
[{"$nulls":8},"Total Periculosidade/Insalubridade",{"$nulls":4},0,null,0]
[{"$nulls":8},"Encargos Sociais e Trabalhistas - Média Móvel",{"$nulls":4}," %",null,"R$"]
[{"$nulls":8},"Encargos Sociais e Trabalhistas - Média Móvel - Sobre Salário",{"$nulls":4},75.66,null,2759.2821429999999]
[{"$nulls":8},"Encargos Sociais e Trabalhistas - Média Móvel - Sobre Periculosidade/Insalubridade",{"$nulls":4},75.66,null,0]
[{"$nulls":8},"Total Encargos Sociais e Trabalhistas - Média Móvel",{"$nulls":4},75.66,null,2759.2821429999999]
[{"$nulls":8},"Encargos Complementares",{"$nulls":4}," %",null,"R$"]
[{"$nulls":8},"Alimentação",{"$nulls":4},18.079999999999998,null,659.38283200000001]
[{"$nulls":8},"EPI",{"$nulls":4},0,null,0]
[{"$nulls":8},"Ferramenta",{"$nulls":4},0,null,0]
[{"$nulls":8},"Transporte",{"$nulls":4},4.8899999999999997,null,178.49648400000001]
[{"$nulls":8},"Consulta Ocupacional",{"$nulls":4},0.23,null,8.2879740000000002]
[{"$nulls":8},"Total Encargos Complementares",{"$nulls":4},23.2,null,846.16728999999998]
[{"$nulls":8},"Encargos Adicionais",{"$nulls":4}," %",null,"R$"]
[{"$nulls":8},"Cesta Básica",{"$nulls":4},11.49,null,419]
[{"$nulls":8},"Assistência Médica",{"$nulls":4},0,null,0]
[{"$nulls":8},"Seguro de Vida",{"$nulls":4},0.01,null,0.5]
[{"$nulls":8},"Desgaste Orgânico",{"$nulls":4},0,null,0]
[{"$nulls":8},"Adicional de Confinamento",{"$nulls":4},0,null,0]
[{"$nulls":8},"Total Encargos Adicionais",{"$nulls":4},11.5,null,419.5]
[{"$nulls":8},"Encargos Totais",{"$nulls":4},110.3648,null,4024.9494330000002]
[{"$nulls":8},"Custo Total",{"$nulls":6},7671.8984]
[{"$nulls":8},"Código",null,"Descrição",null,null,"Unidade",null,"Salário \n(R$)"]
[{"$nulls":8},"P9884",null,"Encarregado de terraplenagem",null,null,"mês",null,4059.3816000000002]
[]
[{"$nulls":8},"Encargos Sociais e Trabalhistas - abril/2025",{"$nulls":4}," %"]
[{"$nulls":8},"Grupo A - Encargos Sociais"]
[{"$nulls":8},"Previdência Social",{"$nulls":4},20]
[{"$nulls":8},"FGTS",{"$nulls":4},8]
[{"$nulls":8},"Salário Educação",{"$nulls":4},2.5]
[{"$nulls":8},"SESC ou SESI",{"$nulls":4},1.5]
[{"$nulls":8},"SENAI / SEBRAE",{"$nulls":4},1.6]
[{"$nulls":8},"INCRA",{"$nulls":4},0.2]
[{"$nulls":8},"Seguro Contra Risco e Acidente de Trabalho",{"$nulls":4},3]
[{"$nulls":8},"SECONCI",{"$nulls":4},0]
[{"$nulls":8},"FAE - Financiamento de Aposentadoria Especial",{"$nulls":4},0]
[{"$nulls":8},"Total Grupo A",{"$nulls":4},36.799999999999997]
[{"$nulls":8},"Grupo B - Encargos Trabalhistas"]
[{"$nulls":8},"Repouso Semanal Remunerado - Domingos",{"$nulls":4},0]
[{"$nulls":8},"Feriados",{"$nulls":4},0]
[{"$nulls":8},"Férias Gozadas + 1/3",{"$nulls":4},4.2058231299999997]
[{"$nulls":8},"Auxílio Enfermidade",{"$nulls":4},0.92123778999999995]
[{"$nulls":8},"Auxílio Acidente de Trabalho",{"$nulls":4},4.9082309999999997E-2]
[{"$nulls":8},"Licença Paternidade",{"$nulls":4},7.8825980000000004E-2]
[{"$nulls":8},"13° Salário",{"$nulls":4},9.2392936399999996]
[{"$nulls":8},"Faltas Justificadas",{"$nulls":4},0.74255589]
[{"$nulls":8},"Férias sobre Licença Maternidade",{"$nulls":4},2.9574900000000001E-3]
[{"$nulls":8},"Reciclagem Tecnológica",{"$nulls":4},0]
[{"$nulls":8},"Total Grupo B",{"$nulls":4},15.23977622]
[{"$nulls":8},"Grupo C - Verbas Rescisórias"]
[{"$nulls":8},"Aviso Prévio Indenizado",{"$nulls":4},5.4333852599999997]
[{"$nulls":8},"Aviso Prévio Trabalhado",{"$nulls":4},0.14968071999999999]
[{"$nulls":8},"Férias Indenizadas + 1/3",{"$nulls":4},8.1132350500000001]
[{"$nulls":8},"Depósito por Rescisão Sem Justa Causa",{"$nulls":4},3.6876728399999998]
[{"$nulls":8},"Indenização Adicional",{"$nulls":4},0.92819485999999995]
[{"$nulls":8},"Total Grupo C",{"$nulls":4},18.31216873]
[{"$nulls":8},"Grupo D - Verbas Rescisórias"]
[{"$nulls":8},"Reincidência de A sobre B",{"$nulls":4},5.6082376500000004]
[{"$nulls":8},"Reincidência de A sobre Aviso Prévio Trabalhado + Reincidência de FGTS sobre Aviso Prévio Indenizado",{"$nulls":4},0.48975331999999999]
[{"$nulls":8},"Total Grupo D",{"$nulls":4},6.0979909699999997]
[{"$nulls":8},"Total Encargos Sociais e Trabalhistas - abril/2025",{"$nulls":4},76.45]
[{"$nulls":8},"Periculosidade/Insalubridade",{"$nulls":4}," %",null,"R$"]
[{"$nulls":8},"Total Periculosidade/Insalubridade",{"$nulls":4},0,null,0]
[{"$nulls":8},"Encargos Sociais e Trabalhistas - Média Móvel",{"$nulls":4}," %",null,"R$"]
[{"$nulls":8},"Encargos Sociais e Trabalhistas - Média Móvel - Sobre Salário",{"$nulls":4},76.44,null,3102.9912949999998]
[{"$nulls":8},"Encargos Sociais e Trabalhistas - Média Móvel - Sobre Periculosidade/Insalubridade",{"$nulls":4},76.44,null,0]
[{"$nulls":8},"Total Encargos Sociais e Trabalhistas - Média Móvel",{"$nulls":4},76.44,null,3102.9912949999998]
[{"$nulls":8},"Encargos Complementares",{"$nulls":4}," %",null,"R$"]
[{"$nulls":8},"Alimentação",{"$nulls":4},16.239999999999998,null,659.38283200000001]
[{"$nulls":8},"EPI",{"$nulls":4},1.6,null,65.001029000000003]
[{"$nulls":8},"Ferramenta",{"$nulls":4},0,null,0]
[{"$nulls":8},"Transporte",{"$nulls":4},4.4000000000000004,null,178.49648400000001]
[{"$nulls":8},"Consulta Ocupacional",{"$nulls":4},0.25,null,10.224643]
[{"$nulls":8},"Total Encargos Complementares",{"$nulls":4},22.49,null,913.10498800000005]
[{"$nulls":8},"Encargos Adicionais",{"$nulls":4}," %",null,"R$"]
[{"$nulls":8},"Cesta Básica",{"$nulls":4},10.32,null,419]
[{"$nulls":8},"Assistência Médica",{"$nulls":4},0,null,0]
[{"$nulls":8},"Seguro de Vida",{"$nulls":4},0.01,null,0.5]
[{"$nulls":8},"Desgaste Orgânico",{"$nulls":4},0,null,0]
[{"$nulls":8},"Adicional de Confinamento",{"$nulls":4},0,null,0]
[{"$nulls":8},"Total Encargos Adicionais",{"$nulls":4},10.33,null,419.5]
[{"$nulls":8},"Encargos Totais",{"$nulls":4},109.26779999999999,null,4435.5962829999999]
[{"$nulls":8},"Custo Total",{"$nulls":6},8494.9784999999993]
[{"$nulls":8},"Código",null,"Descrição",null,null,"Unidade",null,"Salário \n(R$)"]
[{"$nulls":8},"P9885",null,"Frentista de túnel",null,null,"h",null,7.1542000000000003]
[]
[{"$nulls":8},"Encargos Sociais e Trabalhistas - abril/2025",{"$nulls":4}," %"]
[{"$nulls":8},"Grupo A - Encargos Sociais"]
[{"$nulls":8},"Previdência Social",{"$nulls":4},20]
[{"$nulls":8},"FGTS",{"$nulls":4},8]
[{"$nulls":8},"Salário Educação",{"$nulls":4},2.5]
[{"$nulls":8},"SESC ou SESI",{"$nulls":4},1.5]
[{"$nulls":8},"SENAI / SEBRAE",{"$nulls":4},1.6]
[{"$nulls":8},"INCRA",{"$nulls":4},0.2]
[{"$nulls":8},"Seguro Contra Risco e Acidente de Trabalho",{"$nulls":4},3]
[{"$nulls":8},"SECONCI",{"$nulls":4},0]
[{"$nulls":8},"FAE - Financiamento de Aposentadoria Especial",{"$nulls":4},0]
[{"$nulls":8},"Total Grupo A",{"$nulls":4},36.799999999999997]
[{"$nulls":8},"Grupo B - Encargos Trabalhistas"]
[{"$nulls":8},"Repouso Semanal Remunerado - Domingos",{"$nulls":4},17.797283109999999]
[{"$nulls":8},"Feriados",{"$nulls":4},4.92230832]
[{"$nulls":8},"Férias Gozadas + 1/3",{"$nulls":4},8.8230619999999996E-2]
[{"$nulls":8},"Auxílio Enfermidade",{"$nulls":4},0.92146187999999996]
[{"$nulls":8},"Auxílio Acidente de Trabalho",{"$nulls":4},4.9094239999999997E-2]
[{"$nulls":8},"Licença Paternidade",{"$nulls":4},9.9054519999999993E-2]
[{"$nulls":8},"13° Salário",{"$nulls":4},9.2415410399999995]
[{"$nulls":8},"Faltas Justificadas",{"$nulls":4},0.74273650999999996]
[{"$nulls":8},"Férias sobre Licença Maternidade",{"$nulls":4},7.0639199999999996E-3]
[{"$nulls":8},"Reciclagem Tecnológica",{"$nulls":4},0]
[{"$nulls":8},"Total Grupo B",{"$nulls":4},33.868774170000002]
[{"$nulls":8},"Grupo C - Verbas Rescisórias"]
[{"$nulls":8},"Aviso Prévio Indenizado",{"$nulls":4},8.1909268500000003]
[{"$nulls":8},"Aviso Prévio Trabalhado",{"$nulls":4},0.22564639]
[{"$nulls":8},"Férias Indenizadas + 1/3",{"$nulls":4},12.2338241]
[{"$nulls":8},"Depósito por Rescisão Sem Justa Causa",{"$nulls":4},4.28380077]
[{"$nulls":8},"Indenização Adicional",{"$nulls":4},0.92842064000000002]
[{"$nulls":8},"Total Grupo C",{"$nulls":4},25.862618749999999]
[{"$nulls":8},"Grupo D - Verbas Rescisórias"]
[{"$nulls":8},"Reincidência de A sobre B",{"$nulls":4},12.4637089]
[{"$nulls":8},"Reincidência de A sobre Aviso Prévio Trabalhado + Reincidência de FGTS sobre Aviso Prévio Indenizado",{"$nulls":4},0.73831201999999996]
[{"$nulls":8},"Total Grupo D",{"$nulls":4},13.202020920000001]
[{"$nulls":8},"Total Encargos Sociais e Trabalhistas - abril/2025",{"$nulls":4},109.73]
[{"$nulls":8},"Periculosidade/Insalubridade",{"$nulls":4}," %",null,"R$"]
[{"$nulls":8},"Total Periculosidade/Insalubridade",{"$nulls":4},0,null,0]
[{"$nulls":8},"Encargos Sociais e Trabalhistas - Média Móvel",{"$nulls":4}," %",null,"R$"]
[{"$nulls":8},"Encargos Sociais e Trabalhistas - Média Móvel - Sobre Salário",{"$nulls":4},109.43,null,7.8288409999999997]
[{"$nulls":8},"Encargos Sociais e Trabalhistas - Média Móvel - Sobre Periculosidade/Insalubridade",{"$nulls":4},109.43,null,0]
[{"$nulls":8},"Total Encargos Sociais e Trabalhistas - Média Móvel",{"$nulls":4},109.43,null,7.8288409999999997]
[{"$nulls":8},"Encargos Complementares",{"$nulls":4}," %",null,"R$"]
[{"$nulls":8},"Alimentação",{"$nulls":4},50.51,null,3.6132550000000001]
[{"$nulls":8},"EPI",{"$nulls":4},10.34,null,0.73990100000000003]
[{"$nulls":8},"Ferramenta",{"$nulls":4},1.05,null,7.5301000000000007E-2]
[{"$nulls":8},"Transporte",{"$nulls":4},13.67,null,0.97811700000000001]
[{"$nulls":8},"Consulta Ocupacional",{"$nulls":4},1.18,null,8.4463999999999997E-2]
[{"$nulls":8},"Total Encargos Complementares",{"$nulls":4},76.75,null,5.4910379999999996]
[{"$nulls":8},"Encargos Adicionais",{"$nulls":4}," %",null,"R$"]
[{"$nulls":8},"Cesta Básica",{"$nulls":4},32.090000000000003,null,2.2960159999999998]
[{"$nulls":8},"Assistência Médica",{"$nulls":4},0,null,0]
[{"$nulls":8},"Seguro de Vida",{"$nulls":4},0.04,null,2.7399999999999998E-3]
[{"$nulls":8},"Desgaste Orgânico",{"$nulls":4},0,null,0]
[{"$nulls":8},"Adicional de Confinamento",{"$nulls":4},0,null,0]
[{"$nulls":8},"Total Encargos Adicionais",{"$nulls":4},32.130000000000003,null,2.298756]
[{"$nulls":8},"Encargos Totais",{"$nulls":4},218.3142,null,15.618634999999999]
[{"$nulls":8},"Custo Total",{"$nulls":6},22.7728]
[{"$nulls":8},"Código",null,"Descrição",null,null,"Unidade",null,"Salário \n(R$)"]
[{"$nulls":8},"P9889",null,"Técnico da qualidade",null,null,"mês",null,3780.3654999999999]
[]
[{"$nulls":8},"Encargos Sociais e Trabalhistas - abril/2025",{"$nulls":4}," %"]
[{"$nulls":8},"Grupo A - Encargos Sociais"]
[{"$nulls":8},"Previdência Social",{"$nulls":4},20]
[{"$nulls":8},"FGTS",{"$nulls":4},8]
[{"$nulls":8},"Salário Educação",{"$nulls":4},2.5]
[{"$nulls":8},"SESC ou SESI",{"$nulls":4},1.5]
[{"$nulls":8},"SENAI / SEBRAE",{"$nulls":4},1.6]
[{"$nulls":8},"INCRA",{"$nulls":4},0.2]
[{"$nulls":8},"Seguro Contra Risco e Acidente de Trabalho",{"$nulls":4},3]
[{"$nulls":8},"SECONCI",{"$nulls":4},0.11111111]
[{"$nulls":8},"FAE - Financiamento de Aposentadoria Especial",{"$nulls":4},0]
[{"$nulls":8},"Total Grupo A",{"$nulls":4},36.91111111]
[{"$nulls":8},"Grupo B - Encargos Trabalhistas"]
[{"$nulls":8},"Repouso Semanal Remunerado - Domingos",{"$nulls":4},0]
[{"$nulls":8},"Feriados",{"$nulls":4},0]
[{"$nulls":8},"Férias Gozadas + 1/3",{"$nulls":4},5.7733008400000001]
[{"$nulls":8},"Auxílio Enfermidade",{"$nulls":4},0.89961376999999998]
[{"$nulls":8},"Auxílio Acidente de Trabalho",{"$nulls":4},4.9108649999999997E-2]
[{"$nulls":8},"Licença Paternidade",{"$nulls":4},7.1358759999999993E-2]
[{"$nulls":8},"13° Salário",{"$nulls":4},9.2442520199999993]
[{"$nulls":8},"Faltas Justificadas",{"$nulls":4},0.74295438999999996]
[{"$nulls":8},"Férias sobre Licença Maternidade",{"$nulls":4},8.6134840000000004E-2]
[{"$nulls":8},"Reciclagem Tecnológica",{"$nulls":4},0]
[{"$nulls":8},"Total Grupo B",{"$nulls":4},16.866723260000001]
[{"$nulls":8},"Grupo C - Verbas Rescisórias"]
[{"$nulls":8},"Aviso Prévio Indenizado",{"$nulls":4},4.3857285700000004]
[{"$nulls":8},"Aviso Prévio Trabalhado",{"$nulls":4},0.12081952]
[{"$nulls":8},"Férias Indenizadas + 1/3",{"$nulls":4},6.5523685199999999]
[{"$nulls":8},"Depósito por Rescisão Sem Justa Causa",{"$nulls":4},3.7397351400000001]
[{"$nulls":8},"Indenização Adicional",{"$nulls":4},0.92869299000000005]
[{"$nulls":8},"Total Grupo C",{"$nulls":4},15.727344739999999]
[{"$nulls":8},"Grupo D - Verbas Rescisórias"]
[{"$nulls":8},"Reincidência de A sobre B",{"$nulls":4},6.2256949600000002]
[{"$nulls":8},"Reincidência de A sobre Aviso Prévio Trabalhado + Reincidência de FGTS sobre Aviso Prévio Indenizado",{"$nulls":4},0.39545411000000003]
[{"$nulls":8},"Total Grupo D",{"$nulls":4},6.6211490800000004]
[{"$nulls":8},"Total Encargos Sociais e Trabalhistas - abril/2025",{"$nulls":4},76.13]
[{"$nulls":8},"Periculosidade/Insalubridade",{"$nulls":4}," %",null,"R$"]
[{"$nulls":8},"Total Periculosidade/Insalubridade",{"$nulls":4},0,null,0]
[{"$nulls":8},"Encargos Sociais e Trabalhistas - Média Móvel",{"$nulls":4}," %",null,"R$"]
[{"$nulls":8},"Encargos Sociais e Trabalhistas - Média Móvel - Sobre Salário",{"$nulls":4},76.239999999999995,null,2882.1506570000001]
[{"$nulls":8},"Encargos Sociais e Trabalhistas - Média Móvel - Sobre Periculosidade/Insalubridade",{"$nulls":4},76.239999999999995,null,0]
[{"$nulls":8},"Total Encargos Sociais e Trabalhistas - Média Móvel",{"$nulls":4},76.239999999999995,null,2882.1506570000001]
[{"$nulls":8},"Encargos Complementares",{"$nulls":4}," %",null,"R$"]
[{"$nulls":8},"Alimentação",{"$nulls":4},17.440000000000001,null,659.38283200000001]
[{"$nulls":8},"EPI",{"$nulls":4},1.72,null,65.001029000000003]
[{"$nulls":8},"Ferramenta",{"$nulls":4},0,null,0]
[{"$nulls":8},"Transporte",{"$nulls":4},4.72,null,178.49648400000001]
[{"$nulls":8},"Consulta Ocupacional",{"$nulls":4},0.22,null,8.2531440000000007]
[{"$nulls":8},"Total Encargos Complementares",{"$nulls":4},24.1,null,911.13348900000005]
[{"$nulls":8},"Encargos Adicionais",{"$nulls":4}," %",null,"R$"]
[{"$nulls":8},"Cesta Básica",{"$nulls":4},11.08,null,419]
[{"$nulls":8},"Assistência Médica",{"$nulls":4},0,null,0]
[{"$nulls":8},"Seguro de Vida",{"$nulls":4},0.01,null,0.5]
[{"$nulls":8},"Desgaste Orgânico",{"$nulls":4},0,null,0]
[{"$nulls":8},"Adicional de Confinamento",{"$nulls":4},0,null,0]
[{"$nulls":8},"Total Encargos Adicionais",{"$nulls":4},11.09,null,419.5]
[{"$nulls":8},"Encargos Totais",{"$nulls":4},111.4385,null,4212.784146]
[{"$nulls":8},"Custo Total",{"$nulls":6},7993.1481000000003]
[{"$nulls":8},"Código",null,"Descrição",null,null,"Unidade",null,"Salário \n(R$)"]
[{"$nulls":8},"P9892",null,"Auxiliar de blaster",null,null,"h",null,10.6218]
[]
[{"$nulls":8},"Encargos Sociais e Trabalhistas - abril/2025",{"$nulls":4}," %"]
[{"$nulls":8},"Grupo A - Encargos Sociais"]
[{"$nulls":8},"Previdência Social",{"$nulls":4},20]
[{"$nulls":8},"FGTS",{"$nulls":4},8]
[{"$nulls":8},"Salário Educação",{"$nulls":4},2.5]
[{"$nulls":8},"SESC ou SESI",{"$nulls":4},1.5]
[{"$nulls":8},"SENAI / SEBRAE",{"$nulls":4},1.6]
[{"$nulls":8},"INCRA",{"$nulls":4},0.2]
[{"$nulls":8},"Seguro Contra Risco e Acidente de Trabalho",{"$nulls":4},3]
[{"$nulls":8},"SECONCI",{"$nulls":4},0.41481480999999998]
[{"$nulls":8},"FAE - Financiamento de Aposentadoria Especial",{"$nulls":4},0]
[{"$nulls":8},"Total Grupo A",{"$nulls":4},37.21481481]
[{"$nulls":8},"Grupo B - Encargos Trabalhistas"]
[{"$nulls":8},"Repouso Semanal Remunerado - Domingos",{"$nulls":4},18.679468709999998]
[{"$nulls":8},"Feriados",{"$nulls":4},5.1701945900000004]
[{"$nulls":8},"Férias Gozadas + 1/3",{"$nulls":4},6.9452512000000004]
[{"$nulls":8},"Auxílio Enfermidade",{"$nulls":4},0.90857893999999995]
[{"$nulls":8},"Auxílio Acidente de Trabalho",{"$nulls":4},4.9084580000000003E-2]
[{"$nulls":8},"Licença Paternidade",{"$nulls":4},9.6820959999999998E-2]
[{"$nulls":8},"13° Salário",{"$nulls":4},9.2397216699999998]
[{"$nulls":8},"Faltas Justificadas",{"$nulls":4},0.74259028999999999]
[{"$nulls":8},"Férias sobre Licença Maternidade",{"$nulls":4},2.30079E-3]
[{"$nulls":8},"Reciclagem Tecnológica",{"$nulls":4},0]
[{"$nulls":8},"Total Grupo B",{"$nulls":4},41.834011740000001]
[{"$nulls":8},"Grupo C - Verbas Rescisórias"]
[{"$nulls":8},"Aviso Prévio Indenizado",{"$nulls":4},3.92620586]
[{"$nulls":8},"Aviso Prévio Trabalhado",{"$nulls":4},9.9147059999999995E-2]
[{"$nulls":8},"Férias Indenizadas + 1/3",{"$nulls":4},5.3743776900000002]
[{"$nulls":8},"Depósito por Rescisão Sem Justa Causa",{"$nulls":4},4.53868838]
[{"$nulls":8},"Indenização Adicional",{"$nulls":4},0.92823785999999997]
[{"$nulls":8},"Total Grupo C",{"$nulls":4},14.866656860000001]
[{"$nulls":8},"Grupo D - Verbas Rescisórias"]
[{"$nulls":8},"Reincidência de A sobre B",{"$nulls":4},15.56845]
[{"$nulls":8},"Reincidência de A sobre Aviso Prévio Trabalhado + Reincidência de FGTS sobre Aviso Prévio Indenizado",{"$nulls":4},0.35099386999999999]
[{"$nulls":8},"Total Grupo D",{"$nulls":4},15.919443859999999]
[{"$nulls":8},"Total Encargos Sociais e Trabalhistas - abril/2025",{"$nulls":4},109.83]
[{"$nulls":8},"Periculosidade/Insalubridade",{"$nulls":4}," %",null,"R$"]
[{"$nulls":8},"Total Periculosidade/Insalubridade",{"$nulls":4},30,null,3.1865000000000001]
[{"$nulls":8},"Encargos Sociais e Trabalhistas - Média Móvel",{"$nulls":4}," %",null,"R$"]
[{"$nulls":8},"Encargos Sociais e Trabalhistas - Média Móvel - Sobre Salário",{"$nulls":4},109.67,null,11.648928]
[{"$nulls":8},"Encargos Sociais e Trabalhistas - Média Móvel - Sobre Periculosidade/Insalubridade",{"$nulls":4},109.67,null,3.4946350000000002]
[{"$nulls":8},"Total Encargos Sociais e Trabalhistas - Média Móvel",{"$nulls":4},109.67,null,15.143563]
[{"$nulls":8},"Encargos Complementares",{"$nulls":4}," %",null,"R$"]
[{"$nulls":8},"Alimentação",{"$nulls":4},34.020000000000003,null,3.6132550000000001]
[{"$nulls":8},"EPI",{"$nulls":4},4.71,null,0.50046199999999996]
[{"$nulls":8},"Ferramenta",{"$nulls":4},0.42,null,4.4330000000000001E-2]
[{"$nulls":8},"Transporte",{"$nulls":4},9.2100000000000009,null,0.97811700000000001]
[{"$nulls":8},"Consulta Ocupacional",{"$nulls":4},0.52,null,5.5669000000000003E-2]
[{"$nulls":8},"Total Encargos Complementares",{"$nulls":4},48.88,null,5.1918329999999999]
[{"$nulls":8},"Encargos Adicionais",{"$nulls":4}," %",null,"R$"]
[{"$nulls":8},"Cesta Básica",{"$nulls":4},21.62,null,2.2960159999999998]
[{"$nulls":8},"Assistência Médica",{"$nulls":4},0,null,0]
[{"$nulls":8},"Seguro de Vida",{"$nulls":4},0.03,null,2.7399999999999998E-3]
[{"$nulls":8},"Desgaste Orgânico",{"$nulls":4},0,null,0]
[{"$nulls":8},"Adicional de Confinamento",{"$nulls":4},0,null,0]
[{"$nulls":8},"Total Encargos Adicionais",{"$nulls":4},21.65,null,2.298756]
[{"$nulls":8},"Encargos Totais",{"$nulls":4},213.0915,null,22.634152]
[{"$nulls":8},"Custo Total",{"$nulls":6},36.442399999999999]
[{"$nulls":8},"Código",null,"Descrição",null,null,"Unidade",null,"Salário \n(R$)"]
[{"$nulls":8},"P9893",null,"Encarregado de pavimentação",null,null,"mês",null,4059.3816000000002]
[]
[{"$nulls":8},"Encargos Sociais e Trabalhistas - abril/2025",{"$nulls":4}," %"]
[{"$nulls":8},"Grupo A - Encargos Sociais"]
[{"$nulls":8},"Previdência Social",{"$nulls":4},20]
[{"$nulls":8},"FGTS",{"$nulls":4},8]
[{"$nulls":8},"Salário Educação",{"$nulls":4},2.5]
[{"$nulls":8},"SESC ou SESI",{"$nulls":4},1.5]
[{"$nulls":8},"SENAI / SEBRAE",{"$nulls":4},1.6]
[{"$nulls":8},"INCRA",{"$nulls":4},0.2]
[{"$nulls":8},"Seguro Contra Risco e Acidente de Trabalho",{"$nulls":4},3]
[{"$nulls":8},"SECONCI",{"$nulls":4},0]
[{"$nulls":8},"FAE - Financiamento de Aposentadoria Especial",{"$nulls":4},0]
[{"$nulls":8},"Total Grupo A",{"$nulls":4},36.799999999999997]
[{"$nulls":8},"Grupo B - Encargos Trabalhistas"]
[{"$nulls":8},"Repouso Semanal Remunerado - Domingos",{"$nulls":4},0]
[{"$nulls":8},"Feriados",{"$nulls":4},0]
[{"$nulls":8},"Férias Gozadas + 1/3",{"$nulls":4},4.2058231299999997]
[{"$nulls":8},"Auxílio Enfermidade",{"$nulls":4},0.92123778999999995]
[{"$nulls":8},"Auxílio Acidente de Trabalho",{"$nulls":4},4.9082309999999997E-2]
[{"$nulls":8},"Licença Paternidade",{"$nulls":4},7.8825980000000004E-2]
[{"$nulls":8},"13° Salário",{"$nulls":4},9.2392936399999996]
[{"$nulls":8},"Faltas Justificadas",{"$nulls":4},0.74255589]
[{"$nulls":8},"Férias sobre Licença Maternidade",{"$nulls":4},2.9574900000000001E-3]
[{"$nulls":8},"Reciclagem Tecnológica",{"$nulls":4},0]
[{"$nulls":8},"Total Grupo B",{"$nulls":4},15.23977622]
[{"$nulls":8},"Grupo C - Verbas Rescisórias"]
[{"$nulls":8},"Aviso Prévio Indenizado",{"$nulls":4},5.4333852599999997]
[{"$nulls":8},"Aviso Prévio Trabalhado",{"$nulls":4},0.14968071999999999]
[{"$nulls":8},"Férias Indenizadas + 1/3",{"$nulls":4},8.1132350500000001]
[{"$nulls":8},"Depósito por Rescisão Sem Justa Causa",{"$nulls":4},3.6876728399999998]
[{"$nulls":8},"Indenização Adicional",{"$nulls":4},0.92819485999999995]
[{"$nulls":8},"Total Grupo C",{"$nulls":4},18.31216873]
[{"$nulls":8},"Grupo D - Verbas Rescisórias"]
[{"$nulls":8},"Reincidência de A sobre B",{"$nulls":4},5.6082376500000004]
[{"$nulls":8},"Reincidência de A sobre Aviso Prévio Trabalhado + Reincidência de FGTS sobre Aviso Prévio Indenizado",{"$nulls":4},0.48975331999999999]
[{"$nulls":8},"Total Grupo D",{"$nulls":4},6.0979909699999997]
[{"$nulls":8},"Total Encargos Sociais e Trabalhistas - abril/2025",{"$nulls":4},76.45]
[{"$nulls":8},"Periculosidade/Insalubridade",{"$nulls":4}," %",null,"R$"]
[{"$nulls":8},"Total Periculosidade/Insalubridade",{"$nulls":4},0,null,0]
[{"$nulls":8},"Encargos Sociais e Trabalhistas - Média Móvel",{"$nulls":4}," %",null,"R$"]
[{"$nulls":8},"Encargos Sociais e Trabalhistas - Média Móvel - Sobre Salário",{"$nulls":4},76.44,null,3102.9912949999998]
[{"$nulls":8},"Encargos Sociais e Trabalhistas - Média Móvel - Sobre Periculosidade/Insalubridade",{"$nulls":4},76.44,null,0]
[{"$nulls":8},"Total Encargos Sociais e Trabalhistas - Média Móvel",{"$nulls":4},76.44,null,3102.9912949999998]
[{"$nulls":8},"Encargos Complementares",{"$nulls":4}," %",null,"R$"]
[{"$nulls":8},"Alimentação",{"$nulls":4},16.239999999999998,null,659.38283200000001]
[{"$nulls":8},"EPI",{"$nulls":4},1.6,null,65.001029000000003]
[{"$nulls":8},"Ferramenta",{"$nulls":4},0,null,0]
[{"$nulls":8},"Transporte",{"$nulls":4},4.4000000000000004,null,178.49648400000001]
[{"$nulls":8},"Consulta Ocupacional",{"$nulls":4},0.25,null,10.224643]
[{"$nulls":8},"Total Encargos Complementares",{"$nulls":4},22.49,null,913.10498800000005]
[{"$nulls":8},"Encargos Adicionais",{"$nulls":4}," %",null,"R$"]
[{"$nulls":8},"Cesta Básica",{"$nulls":4},10.32,null,419]
[{"$nulls":8},"Assistência Médica",{"$nulls":4},0,null,0]
[{"$nulls":8},"Seguro de Vida",{"$nulls":4},0.01,null,0.5]
[{"$nulls":8},"Desgaste Orgânico",{"$nulls":4},0,null,0]
[{"$nulls":8},"Adicional de Confinamento",{"$nulls":4},0,null,0]
[{"$nulls":8},"Total Encargos Adicionais",{"$nulls":4},10.33,null,419.5]
[{"$nulls":8},"Encargos Totais",{"$nulls":4},109.26779999999999,null,4435.5962829999999]
[{"$nulls":8},"Custo Total",{"$nulls":6},8494.9784999999993]
[{"$nulls":8},"Código",null,"Descrição",null,null,"Unidade",null,"Salário \n(R$)"]
[{"$nulls":8},"P9896",null,"Porteiro",null,null,"mês",null,1584]
[]
[{"$nulls":8},"Encargos Sociais e Trabalhistas - abril/2025",{"$nulls":4}," %"]
[{"$nulls":8},"Grupo A - Encargos Sociais"]
[{"$nulls":8},"Previdência Social",{"$nulls":4},20]
[{"$nulls":8},"FGTS",{"$nulls":4},8]
[{"$nulls":8},"Salário Educação",{"$nulls":4},2.5]
[{"$nulls":8},"SESC ou SESI",{"$nulls":4},1.5]
[{"$nulls":8},"SENAI / SEBRAE",{"$nulls":4},1.6]
[{"$nulls":8},"INCRA",{"$nulls":4},0.2]
[{"$nulls":8},"Seguro Contra Risco e Acidente de Trabalho",{"$nulls":4},3]
[{"$nulls":8},"SECONCI",{"$nulls":4},0.11111111]
[{"$nulls":8},"FAE - Financiamento de Aposentadoria Especial",{"$nulls":4},0]
[{"$nulls":8},"Total Grupo A",{"$nulls":4},36.91111111]
[{"$nulls":8},"Grupo B - Encargos Trabalhistas"]
[{"$nulls":8},"Repouso Semanal Remunerado - Domingos",{"$nulls":4},0]
[{"$nulls":8},"Feriados",{"$nulls":4},0]
[{"$nulls":8},"Férias Gozadas + 1/3",{"$nulls":4},6.7638674999999999]
[{"$nulls":8},"Auxílio Enfermidade",{"$nulls":4},0.89915818000000003]
[{"$nulls":8},"Auxílio Acidente de Trabalho",{"$nulls":4},4.908378E-2]
[{"$nulls":8},"Licença Paternidade",{"$nulls":4},7.9636750000000006E-2]
[{"$nulls":8},"13° Salário",{"$nulls":4},9.2395704199999997]
[{"$nulls":8},"Faltas Justificadas",{"$nulls":4},0.74257812999999995]
[{"$nulls":8},"Férias sobre Licença Maternidade",{"$nulls":4},2.7213339999999999E-2]
[{"$nulls":8},"Reciclagem Tecnológica",{"$nulls":4},0]
[{"$nulls":8},"Total Grupo B",{"$nulls":4},17.80110809]
[{"$nulls":8},"Grupo C - Verbas Rescisórias"]
[{"$nulls":8},"Aviso Prévio Indenizado",{"$nulls":4},4.0586332900000004]
[{"$nulls":8},"Aviso Prévio Trabalhado",{"$nulls":4},0.10249121]
[{"$nulls":8},"Férias Indenizadas + 1/3",{"$nulls":4},5.5555597199999998]
[{"$nulls":8},"Depósito por Rescisão Sem Justa Causa",{"$nulls":4},3.7696354599999999]
[{"$nulls":8},"Indenização Adicional",{"$nulls":4},0.92822267000000003]
[{"$nulls":8},"Total Grupo C",{"$nulls":4},14.414542340000001]
[{"$nulls":8},"Grupo D - Verbas Rescisórias"]
[{"$nulls":8},"Reincidência de A sobre B",{"$nulls":4},6.5705867900000001]
[{"$nulls":8},"Reincidência de A sobre Aviso Prévio Trabalhado + Reincidência de FGTS sobre Aviso Prévio Indenizado",{"$nulls":4},0.36252130999999999]
[{"$nulls":8},"Total Grupo D",{"$nulls":4},6.9331080900000002]
[{"$nulls":8},"Total Encargos Sociais e Trabalhistas - abril/2025",{"$nulls":4},76.06]
[{"$nulls":8},"Periculosidade/Insalubridade",{"$nulls":4}," %",null,"R$"]
[{"$nulls":8},"Total Periculosidade/Insalubridade",{"$nulls":4},0,null,0]
[{"$nulls":8},"Encargos Sociais e Trabalhistas - Média Móvel",{"$nulls":4}," %",null,"R$"]
[{"$nulls":8},"Encargos Sociais e Trabalhistas - Média Móvel - Sobre Salário",{"$nulls":4},76.09,null,1205.2655999999999]
[{"$nulls":8},"Encargos Sociais e Trabalhistas - Média Móvel - Sobre Periculosidade/Insalubridade",{"$nulls":4},76.09,null,0]
[{"$nulls":8},"Total Encargos Sociais e Trabalhistas - Média Móvel",{"$nulls":4},76.09,null,1205.2655999999999]
[{"$nulls":8},"Encargos Complementares",{"$nulls":4}," %",null,"R$"]
[{"$nulls":8},"Alimentação",{"$nulls":4},41.63,null,659.38283200000001]
[{"$nulls":8},"EPI",{"$nulls":4},4.0999999999999996,null,65.001029000000003]
[{"$nulls":8},"Ferramenta",{"$nulls":4},0,null,0]
[{"$nulls":8},"Transporte",{"$nulls":4},11.27,null,178.49648400000001]
[{"$nulls":8},"Consulta Ocupacional",{"$nulls":4},0.66,null,10.501714]
[{"$nulls":8},"Total Encargos Complementares",{"$nulls":4},57.66,null,913.38205900000003]
[{"$nulls":8},"Encargos Adicionais",{"$nulls":4}," %",null,"R$"]
[{"$nulls":8},"Cesta Básica",{"$nulls":4},26.45,null,419]
[{"$nulls":8},"Assistência Médica",{"$nulls":4},0,null,0]
[{"$nulls":8},"Seguro de Vida",{"$nulls":4},0.03,null,0.5]
[{"$nulls":8},"Desgaste Orgânico",{"$nulls":4},0,null,0]
[{"$nulls":8},"Adicional de Confinamento",{"$nulls":4},0,null,0]
[{"$nulls":8},"Total Encargos Adicionais",{"$nulls":4},26.48,null,419.5]
[{"$nulls":8},"Encargos Totais",{"$nulls":4},160.23660000000001,null,2538.1476590000002]
[{"$nulls":8},"Custo Total",{"$nulls":6},4122.1477000000004]
[{"$nulls":8},"Código",null,"Descrição",null,null,"Unidade",null,"Salário \n(R$)"]
[{"$nulls":8},"P9897",null,"Técnico de meio ambiente",null,null,"mês",null,3734.9812999999999]
[]
[{"$nulls":8},"Encargos Sociais e Trabalhistas - abril/2025",{"$nulls":4}," %"]
[{"$nulls":8},"Grupo A - Encargos Sociais"]
[{"$nulls":8},"Previdência Social",{"$nulls":4},20]
[{"$nulls":8},"FGTS",{"$nulls":4},8]
[{"$nulls":8},"Salário Educação",{"$nulls":4},2.5]
[{"$nulls":8},"SESC ou SESI",{"$nulls":4},1.5]
[{"$nulls":8},"SENAI / SEBRAE",{"$nulls":4},1.6]
[{"$nulls":8},"INCRA",{"$nulls":4},0.2]
[{"$nulls":8},"Seguro Contra Risco e Acidente de Trabalho",{"$nulls":4},3]
[{"$nulls":8},"SECONCI",{"$nulls":4},0.41481480999999998]
[{"$nulls":8},"FAE - Financiamento de Aposentadoria Especial",{"$nulls":4},0]
[{"$nulls":8},"Total Grupo A",{"$nulls":4},37.21481481]
[{"$nulls":8},"Grupo B - Encargos Trabalhistas"]
[{"$nulls":8},"Repouso Semanal Remunerado - Domingos",{"$nulls":4},0]
[{"$nulls":8},"Feriados",{"$nulls":4},0]
[{"$nulls":8},"Férias Gozadas + 1/3",{"$nulls":4},2.3029474599999999]
[{"$nulls":8},"Auxílio Enfermidade",{"$nulls":4},0.90935129000000003]
[{"$nulls":8},"Auxílio Acidente de Trabalho",{"$nulls":4},4.9126299999999998E-2]
[{"$nulls":8},"Licença Paternidade",{"$nulls":4},5.8867839999999998E-2]
[{"$nulls":8},"13° Salário",{"$nulls":4},9.2475760000000005]
[{"$nulls":8},"Faltas Justificadas",{"$nulls":4},0.74322153999999996]
[{"$nulls":8},"Férias sobre Licença Maternidade",{"$nulls":4},0.12520126000000001]
[{"$nulls":8},"Reciclagem Tecnológica",{"$nulls":4},0]
[{"$nulls":8},"Total Grupo B",{"$nulls":4},13.436291689999999]
[{"$nulls":8},"Grupo C - Verbas Rescisórias"]
[{"$nulls":8},"Aviso Prévio Indenizado",{"$nulls":4},6.7091110799999996]
[{"$nulls":8},"Aviso Prévio Trabalhado",{"$nulls":4},0.18482483999999999]
[{"$nulls":8},"Férias Indenizadas + 1/3",{"$nulls":4},10.02715388]
[{"$nulls":8},"Depósito por Rescisão Sem Justa Causa",{"$nulls":4},3.62996133]
[{"$nulls":8},"Indenização Adicional",{"$nulls":4},0.92902691999999998]
[{"$nulls":8},"Total Grupo C",{"$nulls":4},21.480078049999999]
[{"$nulls":8},"Grupo D - Verbas Rescisórias"]
[{"$nulls":8},"Reincidência de A sobre B",{"$nulls":4},5.0002910700000003]
[{"$nulls":8},"Reincidência de A sobre Aviso Prévio Trabalhado + Reincidência de FGTS sobre Aviso Prévio Indenizado",{"$nulls":4},0.60551111000000002]
[{"$nulls":8},"Total Grupo D",{"$nulls":4},5.6058021800000004]
[{"$nulls":8},"Total Encargos Sociais e Trabalhistas - abril/2025",{"$nulls":4},77.739999999999995]
[{"$nulls":8},"Periculosidade/Insalubridade",{"$nulls":4}," %",null,"R$"]
[{"$nulls":8},"Total Periculosidade/Insalubridade",{"$nulls":4},0,null,0]
[{"$nulls":8},"Encargos Sociais e Trabalhistas - Média Móvel",{"$nulls":4}," %",null,"R$"]
[{"$nulls":8},"Encargos Sociais e Trabalhistas - Média Móvel - Sobre Salário",{"$nulls":4},77.88,null,2908.8034360000001]
[{"$nulls":8},"Encargos Sociais e Trabalhistas - Média Móvel - Sobre Periculosidade/Insalubridade",{"$nulls":4},77.88,null,0]
[{"$nulls":8},"Total Encargos Sociais e Trabalhistas - Média Móvel",{"$nulls":4},77.88,null,2908.8034360000001]
[{"$nulls":8},"Encargos Complementares",{"$nulls":4}," %",null,"R$"]
[{"$nulls":8},"Alimentação",{"$nulls":4},17.649999999999999,null,659.38283200000001]
[{"$nulls":8},"EPI",{"$nulls":4},1.71,null,63.953294999999997]
[{"$nulls":8},"Ferramenta",{"$nulls":4},0,null,0]
[{"$nulls":8},"Transporte",{"$nulls":4},4.78,null,178.49648400000001]
[{"$nulls":8},"Consulta Ocupacional",{"$nulls":4},0.34,null,12.625327]
[{"$nulls":8},"Total Encargos Complementares",{"$nulls":4},24.48,null,914.45793800000001]
[{"$nulls":8},"Encargos Adicionais",{"$nulls":4}," %",null,"R$"]
[{"$nulls":8},"Cesta Básica",{"$nulls":4},11.22,null,419]
[{"$nulls":8},"Assistência Médica",{"$nulls":4},0,null,0]
[{"$nulls":8},"Seguro de Vida",{"$nulls":4},0.01,null,0.5]
[{"$nulls":8},"Desgaste Orgânico",{"$nulls":4},0,null,0]
[{"$nulls":8},"Adicional de Confinamento",{"$nulls":4},0,null,0]
[{"$nulls":8},"Total Encargos Adicionais",{"$nulls":4},11.23,null,419.5]
[{"$nulls":8},"Encargos Totais",{"$nulls":4},113.59529999999999,null,4242.7613739999997]
[{"$nulls":8},"Custo Total",{"$nulls":6},7977.7444999999998]
[{"$nulls":8},"Código",null,"Descrição",null,null,"Unidade",null,"Salário \n(R$)"]
[{"$nulls":8},"P9900",null,"Comprador",null,null,"mês",null,3508.5844999999999]
[]
[{"$nulls":8},"Encargos Sociais e Trabalhistas - abril/2025",{"$nulls":4}," %"]
[{"$nulls":8},"Grupo A - Encargos Sociais"]
[{"$nulls":8},"Previdência Social",{"$nulls":4},20]
[{"$nulls":8},"FGTS",{"$nulls":4},8]
[{"$nulls":8},"Salário Educação",{"$nulls":4},2.5]
[{"$nulls":8},"SESC ou SESI",{"$nulls":4},1.5]
[{"$nulls":8},"SENAI / SEBRAE",{"$nulls":4},1.6]
[{"$nulls":8},"INCRA",{"$nulls":4},0.2]
[{"$nulls":8},"Seguro Contra Risco e Acidente de Trabalho",{"$nulls":4},3]
[{"$nulls":8},"SECONCI",{"$nulls":4},0.11111111]
[{"$nulls":8},"FAE - Financiamento de Aposentadoria Especial",{"$nulls":4},0]
[{"$nulls":8},"Total Grupo A",{"$nulls":4},36.91111111]
[{"$nulls":8},"Grupo B - Encargos Trabalhistas"]
[{"$nulls":8},"Repouso Semanal Remunerado - Domingos",{"$nulls":4},0]
[{"$nulls":8},"Feriados",{"$nulls":4},0]
[{"$nulls":8},"Férias Gozadas + 1/3",{"$nulls":4},7.8037079499999997]
[{"$nulls":8},"Auxílio Enfermidade",{"$nulls":4},0.89956356000000004]
[{"$nulls":8},"Auxílio Acidente de Trabalho",{"$nulls":4},4.9105900000000001E-2]
[{"$nulls":8},"Licença Paternidade",{"$nulls":4},5.8420090000000001E-2]
[{"$nulls":8},"13° Salário",{"$nulls":4},9.2437360200000001]
[{"$nulls":8},"Faltas Justificadas",{"$nulls":4},0.74291291999999998]
[{"$nulls":8},"Férias sobre Licença Maternidade",{"$nulls":4},9.3496570000000001E-2]
[{"$nulls":8},"Reciclagem Tecnológica",{"$nulls":4},0]
[{"$nulls":8},"Total Grupo B",{"$nulls":4},18.890943010000001]
[{"$nulls":8},"Grupo C - Verbas Rescisórias"]
[{"$nulls":8},"Aviso Prévio Indenizado",{"$nulls":4},3.30154338]
[{"$nulls":8},"Aviso Prévio Trabalhado",{"$nulls":4},8.3372689999999999E-2]
[{"$nulls":8},"Férias Indenizadas + 1/3",{"$nulls":4},4.52127341]
[{"$nulls":8},"Depósito por Rescisão Sem Justa Causa",{"$nulls":4},3.8045101799999999]
[{"$nulls":8},"Indenização Adicional",{"$nulls":4},0.92864115000000003]
[{"$nulls":8},"Total Grupo C",{"$nulls":4},12.639340799999999]
[{"$nulls":8},"Grupo D - Verbas Rescisórias"]
[{"$nulls":8},"Reincidência de A sobre B",{"$nulls":4},6.9728569599999997]
[{"$nulls":8},"Reincidência de A sobre Aviso Prévio Trabalhado + Reincidência de FGTS sobre Aviso Prévio Indenizado",{"$nulls":4},0.29489725999999999]
[{"$nulls":8},"Total Grupo D",{"$nulls":4},7.2677542199999996]
[{"$nulls":8},"Total Encargos Sociais e Trabalhistas - abril/2025",{"$nulls":4},75.709999999999994]
[{"$nulls":8},"Periculosidade/Insalubridade",{"$nulls":4}," %",null,"R$"]
[{"$nulls":8},"Total Periculosidade/Insalubridade",{"$nulls":4},0,null,0]
[{"$nulls":8},"Encargos Sociais e Trabalhistas - Média Móvel",{"$nulls":4}," %",null,"R$"]
[{"$nulls":8},"Encargos Sociais e Trabalhistas - Média Móvel - Sobre Salário",{"$nulls":4},75.680000000000007,null,2655.29675]
[{"$nulls":8},"Encargos Sociais e Trabalhistas - Média Móvel - Sobre Periculosidade/Insalubridade",{"$nulls":4},75.680000000000007,null,0]
[{"$nulls":8},"Total Encargos Sociais e Trabalhistas - Média Móvel",{"$nulls":4},75.680000000000007,null,2655.29675]
[{"$nulls":8},"Encargos Complementares",{"$nulls":4}," %",null,"R$"]
[{"$nulls":8},"Alimentação",{"$nulls":4},18.79,null,659.38283200000001]
[{"$nulls":8},"EPI",{"$nulls":4},1.82,null,63.953294999999997]
[{"$nulls":8},"Ferramenta",{"$nulls":4},0,null,0]
[{"$nulls":8},"Transporte",{"$nulls":4},5.09,null,178.49648400000001]
[{"$nulls":8},"Consulta Ocupacional",{"$nulls":4},0.24,null,8.5427440000000008]
[{"$nulls":8},"Total Encargos Complementares",{"$nulls":4},25.94,null,910.37535500000001]
[{"$nulls":8},"Encargos Adicionais",{"$nulls":4}," %",null,"R$"]
[{"$nulls":8},"Cesta Básica",{"$nulls":4},11.94,null,419]
[{"$nulls":8},"Assistência Médica",{"$nulls":4},0,null,0]
[{"$nulls":8},"Seguro de Vida",{"$nulls":4},0.01,null,0.5]
[{"$nulls":8},"Desgaste Orgânico",{"$nulls":4},0,null,0]
[{"$nulls":8},"Adicional de Confinamento",{"$nulls":4},0,null,0]
[{"$nulls":8},"Total Encargos Adicionais",{"$nulls":4},11.95,null,419.5]
[{"$nulls":8},"Encargos Totais",{"$nulls":4},113.5835,null,3985.1721050000001]
[{"$nulls":8},"Custo Total",{"$nulls":6},7493.7574999999997]
[{"$nulls":8},"Código",null,"Descrição",null,null,"Unidade",null,"Salário \n(R$)"]
[{"$nulls":8},"P9901",null,"Encarregado de superestrutura ferroviária",null,null,"mês",null,4059.3816000000002]
[]
[{"$nulls":8},"Encargos Sociais e Trabalhistas - abril/2025",{"$nulls":4}," %"]
[{"$nulls":8},"Grupo A - Encargos Sociais"]
[{"$nulls":8},"Previdência Social",{"$nulls":4},20]
[{"$nulls":8},"FGTS",{"$nulls":4},8]
[{"$nulls":8},"Salário Educação",{"$nulls":4},2.5]
[{"$nulls":8},"SESC ou SESI",{"$nulls":4},1.5]
[{"$nulls":8},"SENAI / SEBRAE",{"$nulls":4},1.6]
[{"$nulls":8},"INCRA",{"$nulls":4},0.2]
[{"$nulls":8},"Seguro Contra Risco e Acidente de Trabalho",{"$nulls":4},3]
[{"$nulls":8},"SECONCI",{"$nulls":4},0]
[{"$nulls":8},"FAE - Financiamento de Aposentadoria Especial",{"$nulls":4},0]
[{"$nulls":8},"Total Grupo A",{"$nulls":4},36.799999999999997]
[{"$nulls":8},"Grupo B - Encargos Trabalhistas"]
[{"$nulls":8},"Repouso Semanal Remunerado - Domingos",{"$nulls":4},0]
[{"$nulls":8},"Feriados",{"$nulls":4},0]
[{"$nulls":8},"Férias Gozadas + 1/3",{"$nulls":4},4.2058231299999997]
[{"$nulls":8},"Auxílio Enfermidade",{"$nulls":4},0.92123778999999995]
[{"$nulls":8},"Auxílio Acidente de Trabalho",{"$nulls":4},4.9082309999999997E-2]
[{"$nulls":8},"Licença Paternidade",{"$nulls":4},7.8825980000000004E-2]
[{"$nulls":8},"13° Salário",{"$nulls":4},9.2392936399999996]
[{"$nulls":8},"Faltas Justificadas",{"$nulls":4},0.74255589]
[{"$nulls":8},"Férias sobre Licença Maternidade",{"$nulls":4},2.9574900000000001E-3]
[{"$nulls":8},"Reciclagem Tecnológica",{"$nulls":4},0]
[{"$nulls":8},"Total Grupo B",{"$nulls":4},15.23977622]
[{"$nulls":8},"Grupo C - Verbas Rescisórias"]
[{"$nulls":8},"Aviso Prévio Indenizado",{"$nulls":4},5.4333852599999997]
[{"$nulls":8},"Aviso Prévio Trabalhado",{"$nulls":4},0.14968071999999999]
[{"$nulls":8},"Férias Indenizadas + 1/3",{"$nulls":4},8.1132350500000001]
[{"$nulls":8},"Depósito por Rescisão Sem Justa Causa",{"$nulls":4},3.6876728399999998]
[{"$nulls":8},"Indenização Adicional",{"$nulls":4},0.92819485999999995]
[{"$nulls":8},"Total Grupo C",{"$nulls":4},18.31216873]
[{"$nulls":8},"Grupo D - Verbas Rescisórias"]
[{"$nulls":8},"Reincidência de A sobre B",{"$nulls":4},5.6082376500000004]
[{"$nulls":8},"Reincidência de A sobre Aviso Prévio Trabalhado + Reincidência de FGTS sobre Aviso Prévio Indenizado",{"$nulls":4},0.48975331999999999]
[{"$nulls":8},"Total Grupo D",{"$nulls":4},6.0979909699999997]
[{"$nulls":8},"Total Encargos Sociais e Trabalhistas - abril/2025",{"$nulls":4},76.45]
[{"$nulls":8},"Periculosidade/Insalubridade",{"$nulls":4}," %",null,"R$"]
[{"$nulls":8},"Total Periculosidade/Insalubridade",{"$nulls":4},0,null,0]
[{"$nulls":8},"Encargos Sociais e Trabalhistas - Média Móvel",{"$nulls":4}," %",null,"R$"]
[{"$nulls":8},"Encargos Sociais e Trabalhistas - Média Móvel - Sobre Salário",{"$nulls":4},76.44,null,3102.9912949999998]
[{"$nulls":8},"Encargos Sociais e Trabalhistas - Média Móvel - Sobre Periculosidade/Insalubridade",{"$nulls":4},76.44,null,0]
[{"$nulls":8},"Total Encargos Sociais e Trabalhistas - Média Móvel",{"$nulls":4},76.44,null,3102.9912949999998]
[{"$nulls":8},"Encargos Complementares",{"$nulls":4}," %",null,"R$"]
[{"$nulls":8},"Alimentação",{"$nulls":4},16.239999999999998,null,659.38283200000001]
[{"$nulls":8},"EPI",{"$nulls":4},1.6,null,65.001029000000003]
[{"$nulls":8},"Ferramenta",{"$nulls":4},0,null,0]
[{"$nulls":8},"Transporte",{"$nulls":4},4.4000000000000004,null,178.49648400000001]
[{"$nulls":8},"Consulta Ocupacional",{"$nulls":4},0.25,null,10.224643]
[{"$nulls":8},"Total Encargos Complementares",{"$nulls":4},22.49,null,913.10498800000005]
[{"$nulls":8},"Encargos Adicionais",{"$nulls":4}," %",null,"R$"]
[{"$nulls":8},"Cesta Básica",{"$nulls":4},10.32,null,419]
[{"$nulls":8},"Assistência Médica",{"$nulls":4},0,null,0]
[{"$nulls":8},"Seguro de Vida",{"$nulls":4},0.01,null,0.5]
[{"$nulls":8},"Desgaste Orgânico",{"$nulls":4},0,null,0]
[{"$nulls":8},"Adicional de Confinamento",{"$nulls":4},0,null,0]
[{"$nulls":8},"Total Encargos Adicionais",{"$nulls":4},10.33,null,419.5]
[{"$nulls":8},"Encargos Totais",{"$nulls":4},109.26779999999999,null,4435.5962829999999]
[{"$nulls":8},"Custo Total",{"$nulls":6},8494.9784999999993]
[{"$nulls":8},"Código",null,"Descrição",null,null,"Unidade",null,"Salário \n(R$)"]
[{"$nulls":8},"P9903",null,"Auxiliar técnico",null,null,"mês",null,1953.3208]
[]
[{"$nulls":8},"Encargos Sociais e Trabalhistas - abril/2025",{"$nulls":4}," %"]
[{"$nulls":8},"Grupo A - Encargos Sociais"]
[{"$nulls":8},"Previdência Social",{"$nulls":4},20]
[{"$nulls":8},"FGTS",{"$nulls":4},8]
[{"$nulls":8},"Salário Educação",{"$nulls":4},2.5]
[{"$nulls":8},"SESC ou SESI",{"$nulls":4},1.5]
[{"$nulls":8},"SENAI / SEBRAE",{"$nulls":4},1.6]
[{"$nulls":8},"INCRA",{"$nulls":4},0.2]
[{"$nulls":8},"Seguro Contra Risco e Acidente de Trabalho",{"$nulls":4},3]
[{"$nulls":8},"SECONCI",{"$nulls":4},0.11111111]
[{"$nulls":8},"FAE - Financiamento de Aposentadoria Especial",{"$nulls":4},0]
[{"$nulls":8},"Total Grupo A",{"$nulls":4},36.91111111]
[{"$nulls":8},"Grupo B - Encargos Trabalhistas"]
[{"$nulls":8},"Repouso Semanal Remunerado - Domingos",{"$nulls":4},0]
[{"$nulls":8},"Feriados",{"$nulls":4},0]
[{"$nulls":8},"Férias Gozadas + 1/3",{"$nulls":4},5.1072397699999996]
[{"$nulls":8},"Auxílio Enfermidade",{"$nulls":4},0.89960017999999997]
[{"$nulls":8},"Auxílio Acidente de Trabalho",{"$nulls":4},4.9107900000000003E-2]
[{"$nulls":8},"Licença Paternidade",{"$nulls":4},7.5093519999999997E-2]
[{"$nulls":8},"13° Salário",{"$nulls":4},9.2441123699999999]
[{"$nulls":8},"Faltas Justificadas",{"$nulls":4},0.74294316999999999]
[{"$nulls":8},"Férias sobre Licença Maternidade",{"$nulls":4},8.0888580000000002E-2]
[{"$nulls":8},"Reciclagem Tecnológica",{"$nulls":4},0]
[{"$nulls":8},"Total Grupo B",{"$nulls":4},16.198985499999999]
[{"$nulls":8},"Grupo C - Verbas Rescisórias"]
[{"$nulls":8},"Aviso Prévio Indenizado",{"$nulls":4},4.8314948099999997]
[{"$nulls":8},"Aviso Prévio Trabalhado",{"$nulls":4},0.13309963999999999]
[{"$nulls":8},"Férias Indenizadas + 1/3",{"$nulls":4},7.2182433899999996]
[{"$nulls":8},"Depósito por Rescisão Sem Justa Causa",{"$nulls":4},3.71836754]
[{"$nulls":8},"Indenização Adicional",{"$nulls":4},0.92867896000000005]
[{"$nulls":8},"Total Grupo C",{"$nulls":4},16.82988434]
[{"$nulls":8},"Grupo D - Verbas Rescisórias"]
[{"$nulls":8},"Reincidência de A sobre B",{"$nulls":4},5.9792255399999998]
[{"$nulls":8},"Reincidência de A sobre Aviso Prévio Trabalhado + Reincidência de FGTS sobre Aviso Prévio Indenizado",{"$nulls":4},0.43564814000000002]
[{"$nulls":8},"Total Grupo D",{"$nulls":4},6.4148736800000004]
[{"$nulls":8},"Total Encargos Sociais e Trabalhistas - abril/2025",{"$nulls":4},76.349999999999994]
[{"$nulls":8},"Periculosidade/Insalubridade",{"$nulls":4}," %",null,"R$"]
[{"$nulls":8},"Total Periculosidade/Insalubridade",{"$nulls":4},0,null,0]
[{"$nulls":8},"Encargos Sociais e Trabalhistas - Média Móvel",{"$nulls":4}," %",null,"R$"]
[{"$nulls":8},"Encargos Sociais e Trabalhistas - Média Móvel - Sobre Salário",{"$nulls":4},76.33,null,1490.969767]
[{"$nulls":8},"Encargos Sociais e Trabalhistas - Média Móvel - Sobre Periculosidade/Insalubridade",{"$nulls":4},76.33,null,0]
[{"$nulls":8},"Total Encargos Sociais e Trabalhistas - Média Móvel",{"$nulls":4},76.33,null,1490.969767]
[{"$nulls":8},"Encargos Complementares",{"$nulls":4}," %",null,"R$"]
[{"$nulls":8},"Alimentação",{"$nulls":4},33.76,null,659.38283200000001]
[{"$nulls":8},"EPI",{"$nulls":4},3.58,null,69.885209000000003]
[{"$nulls":8},"Ferramenta",{"$nulls":4},0,null,0]
[{"$nulls":8},"Transporte",{"$nulls":4},9.14,null,178.49648400000001]
[{"$nulls":8},"Consulta Ocupacional",{"$nulls":4},0.47,null,9.0919950000000007]
[{"$nulls":8},"Total Encargos Complementares",{"$nulls":4},46.95,null,916.85652000000005]
[{"$nulls":8},"Encargos Adicionais",{"$nulls":4}," %",null,"R$"]
[{"$nulls":8},"Cesta Básica",{"$nulls":4},21.45,null,419]
[{"$nulls":8},"Assistência Médica",{"$nulls":4},0,null,0]
[{"$nulls":8},"Seguro de Vida",{"$nulls":4},0.03,null,0.5]
[{"$nulls":8},"Desgaste Orgânico",{"$nulls":4},0,null,0]
[{"$nulls":8},"Adicional de Confinamento",{"$nulls":4},0,null,0]
[{"$nulls":8},"Total Encargos Adicionais",{"$nulls":4},21.48,null,419.5]
[{"$nulls":8},"Encargos Totais",{"$nulls":4},144.74459999999999,null,2827.3262869999999]
[{"$nulls":8},"Custo Total",{"$nulls":6},4780.6471000000001]
[{"$nulls":8},"Código",null,"Descrição",null,null,"Unidade",null,"Salário \n(R$)"]
[{"$nulls":8},"P9907",null,"Comandante de longo curso",null,null,"mês",null,10944.052]
[]
[{"$nulls":8},"Encargos Sociais e Trabalhistas - abril/2025",{"$nulls":4}," %"]
[{"$nulls":8},"Grupo A - Encargos Sociais"]
[{"$nulls":8},"Previdência Social",{"$nulls":4},20]
[{"$nulls":8},"FGTS",{"$nulls":4},8]
[{"$nulls":8},"Salário Educação",{"$nulls":4},2.5]
[{"$nulls":8},"SESC ou SESI",{"$nulls":4},1.5]
[{"$nulls":8},"SENAI / SEBRAE",{"$nulls":4},1.6]
[{"$nulls":8},"INCRA",{"$nulls":4},0.2]
[{"$nulls":8},"Seguro Contra Risco e Acidente de Trabalho",{"$nulls":4},3]
[{"$nulls":8},"SECONCI",{"$nulls":4},0.41481480999999998]
[{"$nulls":8},"FAE - Financiamento de Aposentadoria Especial",{"$nulls":4},0]
[{"$nulls":8},"Total Grupo A",{"$nulls":4},37.21481481]
[{"$nulls":8},"Grupo B - Encargos Trabalhistas"]
[{"$nulls":8},"Repouso Semanal Remunerado - Domingos",{"$nulls":4},0]
[{"$nulls":8},"Feriados",{"$nulls":4},0]
[{"$nulls":8},"Férias Gozadas + 1/3",{"$nulls":4},9.1165276599999991]
[{"$nulls":8},"Auxílio Enfermidade",{"$nulls":4},0.90814733999999997]
[{"$nulls":8},"Auxílio Acidente de Trabalho",{"$nulls":4},5.0899769999999997E-2]
[{"$nulls":8},"Licença Paternidade",{"$nulls":4},4.1485330000000001E-2]
[{"$nulls":8},"13° Salário",{"$nulls":4},9.2353369300000008]
[{"$nulls":8},"Faltas Justificadas",{"$nulls":4},0.74223788999999996]
[{"$nulls":8},"Férias sobre Licença Maternidade",{"$nulls":4},8.2935700000000001E-3]
[{"$nulls":8},"Reciclagem Tecnológica",{"$nulls":4},0]
[{"$nulls":8},"Total Grupo B",{"$nulls":4},20.10292849]
[{"$nulls":8},"Grupo C - Verbas Rescisórias"]
[{"$nulls":8},"Aviso Prévio Indenizado",{"$nulls":4},2.5315726700000001]
[{"$nulls":8},"Aviso Prévio Trabalhado",{"$nulls":4},5.9011290000000001E-2]
[{"$nulls":8},"Férias Indenizadas + 1/3",{"$nulls":4},3.1972549199999998]
[{"$nulls":8},"Depósito por Rescisão Sem Justa Causa",{"$nulls":4},3.8432937100000002]
[{"$nulls":8},"Indenização Adicional",{"$nulls":4},0.92779736000000002]
[{"$nulls":8},"Total Grupo C",{"$nulls":4},10.55892995]
[{"$nulls":8},"Grupo D - Verbas Rescisórias"]
[{"$nulls":8},"Reincidência de A sobre B",{"$nulls":4},7.4812676099999997]
[{"$nulls":8},"Reincidência de A sobre Aviso Prévio Trabalhado + Reincidência de FGTS sobre Aviso Prévio Indenizado",{"$nulls":4},0.22448675000000001]
[{"$nulls":8},"Total Grupo D",{"$nulls":4},7.7057543600000002]
[{"$nulls":8},"Total Encargos Sociais e Trabalhistas - abril/2025",{"$nulls":4},75.58]
[{"$nulls":8},"Periculosidade/Insalubridade",{"$nulls":4}," %",null,"R$"]
[{"$nulls":8},"Total Periculosidade/Insalubridade",{"$nulls":4},0,null,0]
[{"$nulls":8},"Encargos Sociais e Trabalhistas - Média Móvel",{"$nulls":4}," %",null,"R$"]
[{"$nulls":8},"Encargos Sociais e Trabalhistas - Média Móvel - Sobre Salário",{"$nulls":4},75.63,null,8276.9865279999995]
[{"$nulls":8},"Encargos Sociais e Trabalhistas - Média Móvel - Sobre Periculosidade/Insalubridade",{"$nulls":4},75.63,null,0]
[{"$nulls":8},"Total Encargos Sociais e Trabalhistas - Média Móvel",{"$nulls":4},75.63,null,8276.9865279999995]
[{"$nulls":8},"Encargos Complementares",{"$nulls":4}," %",null,"R$"]
[{"$nulls":8},"Alimentação",{"$nulls":4},7.99,null,874.50499000000002]
[{"$nulls":8},"EPI",{"$nulls":4},0,null,0]
[{"$nulls":8},"Ferramenta",{"$nulls":4},0,null,0]
[{"$nulls":8},"Transporte",{"$nulls":4},0,null,0]
[{"$nulls":8},"Consulta Ocupacional",{"$nulls":4},0.06,null,6.046564]
[{"$nulls":8},"Total Encargos Complementares",{"$nulls":4},8.0500000000000007,null,880.55155400000001]
[{"$nulls":8},"Encargos Adicionais",{"$nulls":4}," %",null,"R$"]
[{"$nulls":8},"Cesta Básica",{"$nulls":4},2.74,null,300]
[{"$nulls":8},"Assistência Médica",{"$nulls":4},0,null,0]
[{"$nulls":8},"Seguro de Vida",{"$nulls":4},0.05,null,4.99]
[{"$nulls":8},"Desgaste Orgânico",{"$nulls":4},0,null,0]
[{"$nulls":8},"Adicional de Confinamento",{"$nulls":4},0,null,0]
[{"$nulls":8},"Total Encargos Adicionais",{"$nulls":4},2.79,null,304.99]
[{"$nulls":8},"Encargos Totais",{"$nulls":4},86.462699999999998,null,9462.5280820000007]
[{"$nulls":8},"Custo Total",{"$nulls":6},20406.574799999999]
[{"$nulls":8},"Código",null,"Descrição",null,null,"Unidade",null,"Salário \n(R$)"]
[{"$nulls":8},"P9908",null,"Imediato",null,null,"mês",null,8717.4701000000005]
[]
[{"$nulls":8},"Encargos Sociais e Trabalhistas - abril/2025",{"$nulls":4}," %"]
[{"$nulls":8},"Grupo A - Encargos Sociais"]
[{"$nulls":8},"Previdência Social",{"$nulls":4},20]
[{"$nulls":8},"FGTS",{"$nulls":4},8]
[{"$nulls":8},"Salário Educação",{"$nulls":4},2.5]
[{"$nulls":8},"SESC ou SESI",{"$nulls":4},1.5]
[{"$nulls":8},"SENAI / SEBRAE",{"$nulls":4},1.6]
[{"$nulls":8},"INCRA",{"$nulls":4},0.2]
[{"$nulls":8},"Seguro Contra Risco e Acidente de Trabalho",{"$nulls":4},3]
[{"$nulls":8},"SECONCI",{"$nulls":4},0.41481480999999998]
[{"$nulls":8},"FAE - Financiamento de Aposentadoria Especial",{"$nulls":4},0]
[{"$nulls":8},"Total Grupo A",{"$nulls":4},37.21481481]
[{"$nulls":8},"Grupo B - Encargos Trabalhistas"]
[{"$nulls":8},"Repouso Semanal Remunerado - Domingos",{"$nulls":4},0]
[{"$nulls":8},"Feriados",{"$nulls":4},0]
[{"$nulls":8},"Férias Gozadas + 1/3",{"$nulls":4},9.1165276599999991]
[{"$nulls":8},"Auxílio Enfermidade",{"$nulls":4},0.90814733999999997]
[{"$nulls":8},"Auxílio Acidente de Trabalho",{"$nulls":4},5.0899769999999997E-2]
[{"$nulls":8},"Licença Paternidade",{"$nulls":4},4.1485330000000001E-2]
[{"$nulls":8},"13° Salário",{"$nulls":4},9.2353369300000008]
[{"$nulls":8},"Faltas Justificadas",{"$nulls":4},0.74223788999999996]
[{"$nulls":8},"Férias sobre Licença Maternidade",{"$nulls":4},8.2935700000000001E-3]
[{"$nulls":8},"Reciclagem Tecnológica",{"$nulls":4},0]
[{"$nulls":8},"Total Grupo B",{"$nulls":4},20.10292849]
[{"$nulls":8},"Grupo C - Verbas Rescisórias"]
[{"$nulls":8},"Aviso Prévio Indenizado",{"$nulls":4},2.5315726700000001]
[{"$nulls":8},"Aviso Prévio Trabalhado",{"$nulls":4},5.9011290000000001E-2]
[{"$nulls":8},"Férias Indenizadas + 1/3",{"$nulls":4},3.1972549199999998]
[{"$nulls":8},"Depósito por Rescisão Sem Justa Causa",{"$nulls":4},3.8432937100000002]
[{"$nulls":8},"Indenização Adicional",{"$nulls":4},0.92779736000000002]
[{"$nulls":8},"Total Grupo C",{"$nulls":4},10.55892995]
[{"$nulls":8},"Grupo D - Verbas Rescisórias"]
[{"$nulls":8},"Reincidência de A sobre B",{"$nulls":4},7.4812676099999997]
[{"$nulls":8},"Reincidência de A sobre Aviso Prévio Trabalhado + Reincidência de FGTS sobre Aviso Prévio Indenizado",{"$nulls":4},0.22448675000000001]
[{"$nulls":8},"Total Grupo D",{"$nulls":4},7.7057543600000002]
[{"$nulls":8},"Total Encargos Sociais e Trabalhistas - abril/2025",{"$nulls":4},75.58]
[{"$nulls":8},"Periculosidade/Insalubridade",{"$nulls":4}," %",null,"R$"]
[{"$nulls":8},"Total Periculosidade/Insalubridade",{"$nulls":4},0,null,0]
[{"$nulls":8},"Encargos Sociais e Trabalhistas - Média Móvel",{"$nulls":4}," %",null,"R$"]
[{"$nulls":8},"Encargos Sociais e Trabalhistas - Média Móvel - Sobre Salário",{"$nulls":4},75.63,null,6593.022637]
[{"$nulls":8},"Encargos Sociais e Trabalhistas - Média Móvel - Sobre Periculosidade/Insalubridade",{"$nulls":4},75.63,null,0]
[{"$nulls":8},"Total Encargos Sociais e Trabalhistas - Média Móvel",{"$nulls":4},75.63,null,6593.022637]
[{"$nulls":8},"Encargos Complementares",{"$nulls":4}," %",null,"R$"]
[{"$nulls":8},"Alimentação",{"$nulls":4},10.029999999999999,null,874.50499000000002]
[{"$nulls":8},"EPI",{"$nulls":4},0,null,0]
[{"$nulls":8},"Ferramenta",{"$nulls":4},0,null,0]
[{"$nulls":8},"Transporte",{"$nulls":4},0,null,0]
[{"$nulls":8},"Consulta Ocupacional",{"$nulls":4},7.0000000000000007E-2,null,6.046564]
[{"$nulls":8},"Total Encargos Complementares",{"$nulls":4},10.1,null,880.55155400000001]
[{"$nulls":8},"Encargos Adicionais",{"$nulls":4}," %",null,"R$"]
[{"$nulls":8},"Cesta Básica",{"$nulls":4},3.44,null,300]
[{"$nulls":8},"Assistência Médica",{"$nulls":4},0,null,0]
[{"$nulls":8},"Seguro de Vida",{"$nulls":4},0.06,null,4.99]
[{"$nulls":8},"Desgaste Orgânico",{"$nulls":4},0,null,0]
[{"$nulls":8},"Adicional de Confinamento",{"$nulls":4},0,null,0]
[{"$nulls":8},"Total Encargos Adicionais",{"$nulls":4},3.5,null,304.99]
[{"$nulls":8},"Encargos Totais",{"$nulls":4},89.229600000000005,null,7778.5641910000004]
[{"$nulls":8},"Custo Total",{"$nulls":6},16496.033800000001]
[{"$nulls":8},"Código",null,"Descrição",null,null,"Unidade",null,"Salário \n(R$)"]
[{"$nulls":8},"P9909",null,"Oficial de náutica",null,null,"mês",null,3136.9045000000001]
[]
[{"$nulls":8},"Encargos Sociais e Trabalhistas - abril/2025",{"$nulls":4}," %"]
[{"$nulls":8},"Grupo A - Encargos Sociais"]
[{"$nulls":8},"Previdência Social",{"$nulls":4},20]
[{"$nulls":8},"FGTS",{"$nulls":4},8]
[{"$nulls":8},"Salário Educação",{"$nulls":4},2.5]
[{"$nulls":8},"SESC ou SESI",{"$nulls":4},1.5]
[{"$nulls":8},"SENAI / SEBRAE",{"$nulls":4},1.6]
[{"$nulls":8},"INCRA",{"$nulls":4},0.2]
[{"$nulls":8},"Seguro Contra Risco e Acidente de Trabalho",{"$nulls":4},3]
[{"$nulls":8},"SECONCI",{"$nulls":4},0.41481480999999998]
[{"$nulls":8},"FAE - Financiamento de Aposentadoria Especial",{"$nulls":4},0]
[{"$nulls":8},"Total Grupo A",{"$nulls":4},37.21481481]
[{"$nulls":8},"Grupo B - Encargos Trabalhistas"]
[{"$nulls":8},"Repouso Semanal Remunerado - Domingos",{"$nulls":4},0]
[{"$nulls":8},"Feriados",{"$nulls":4},0]
[{"$nulls":8},"Férias Gozadas + 1/3",{"$nulls":4},8.4096862600000009]
[{"$nulls":8},"Auxílio Enfermidade",{"$nulls":4},0.90889352999999995]
[{"$nulls":8},"Auxílio Acidente de Trabalho",{"$nulls":4},5.0941599999999997E-2]
[{"$nulls":8},"Licença Paternidade",{"$nulls":4},7.1306439999999999E-2]
[{"$nulls":8},"13° Salário",{"$nulls":4},9.2429252500000008]
[{"$nulls":8},"Faltas Justificadas",{"$nulls":4},0.74284775999999997]
[{"$nulls":8},"Férias sobre Licença Maternidade",{"$nulls":4},6.0599899999999998E-2]
[{"$nulls":8},"Reciclagem Tecnológica",{"$nulls":4},0]
[{"$nulls":8},"Total Grupo B",{"$nulls":4},19.487200739999999]
[{"$nulls":8},"Grupo C - Verbas Rescisórias"]
[{"$nulls":8},"Aviso Prévio Indenizado",{"$nulls":4},3.0967133900000001]
[{"$nulls":8},"Aviso Prévio Trabalhado",{"$nulls":4},7.2184789999999999E-2]
[{"$nulls":8},"Férias Indenizadas + 1/3",{"$nulls":4},3.9142140699999999]
[{"$nulls":8},"Depósito por Rescisão Sem Justa Causa",{"$nulls":4},3.8235904199999999]
[{"$nulls":8},"Indenização Adicional",{"$nulls":4},0.92855969999999999]
[{"$nulls":8},"Total Grupo C",{"$nulls":4},11.83526238]
[{"$nulls":8},"Grupo D - Verbas Rescisórias"]
[{"$nulls":8},"Reincidência de A sobre B",{"$nulls":4},7.2521256699999999]
[{"$nulls":8},"Reincidência de A sobre Aviso Prévio Trabalhado + Reincidência de FGTS sobre Aviso Prévio Indenizado",{"$nulls":4},0.27460051000000002]
[{"$nulls":8},"Total Grupo D",{"$nulls":4},7.5267261699999999]
[{"$nulls":8},"Total Encargos Sociais e Trabalhistas - abril/2025",{"$nulls":4},76.06]
[{"$nulls":8},"Periculosidade/Insalubridade",{"$nulls":4}," %",null,"R$"]
[{"$nulls":8},"Total Periculosidade/Insalubridade",{"$nulls":4},0,null,0]
[{"$nulls":8},"Encargos Sociais e Trabalhistas - Média Móvel",{"$nulls":4}," %",null,"R$"]
[{"$nulls":8},"Encargos Sociais e Trabalhistas - Média Móvel - Sobre Salário",{"$nulls":4},76.069999999999993,null,2386.2432530000001]
[{"$nulls":8},"Encargos Sociais e Trabalhistas - Média Móvel - Sobre Periculosidade/Insalubridade",{"$nulls":4},76.069999999999993,null,0]
[{"$nulls":8},"Total Encargos Sociais e Trabalhistas - Média Móvel",{"$nulls":4},76.069999999999993,null,2386.2432530000001]
[{"$nulls":8},"Encargos Complementares",{"$nulls":4}," %",null,"R$"]
[{"$nulls":8},"Alimentação",{"$nulls":4},27.88,null,874.50499000000002]
[{"$nulls":8},"EPI",{"$nulls":4},0,null,0]
[{"$nulls":8},"Ferramenta",{"$nulls":4},0,null,0]
[{"$nulls":8},"Transporte",{"$nulls":4},0,null,0]
[{"$nulls":8},"Consulta Ocupacional",{"$nulls":4},0.24,null,7.3963809999999999]
[{"$nulls":8},"Total Encargos Complementares",{"$nulls":4},28.12,null,881.90137100000004]
[{"$nulls":8},"Encargos Adicionais",{"$nulls":4}," %",null,"R$"]
[{"$nulls":8},"Cesta Básica",{"$nulls":4},9.56,null,300]
[{"$nulls":8},"Assistência Médica",{"$nulls":4},0,null,0]
[{"$nulls":8},"Seguro de Vida",{"$nulls":4},0.16,null,4.99]
[{"$nulls":8},"Desgaste Orgânico",{"$nulls":4},0,null,0]
[{"$nulls":8},"Adicional de Confinamento",{"$nulls":4},0,null,0]
[{"$nulls":8},"Total Encargos Adicionais",{"$nulls":4},9.7200000000000006,null,304.99]
[{"$nulls":8},"Encargos Totais",{"$nulls":4},113.9064,null,3573.1346239999998]
[{"$nulls":8},"Custo Total",{"$nulls":6},6710.0393999999997]
[{"$nulls":8},"Código",null,"Descrição",null,null,"Unidade",null,"Salário \n(R$)"]
[{"$nulls":8},"P9910",null,"Oficial de máquinas",null,null,"mês",null,3047.6597999999999]
[]
[{"$nulls":8},"Encargos Sociais e Trabalhistas - abril/2025",{"$nulls":4}," %"]
[{"$nulls":8},"Grupo A - Encargos Sociais"]
[{"$nulls":8},"Previdência Social",{"$nulls":4},20]
[{"$nulls":8},"FGTS",{"$nulls":4},8]
[{"$nulls":8},"Salário Educação",{"$nulls":4},2.5]
[{"$nulls":8},"SESC ou SESI",{"$nulls":4},1.5]
[{"$nulls":8},"SENAI / SEBRAE",{"$nulls":4},1.6]
[{"$nulls":8},"INCRA",{"$nulls":4},0.2]
[{"$nulls":8},"Seguro Contra Risco e Acidente de Trabalho",{"$nulls":4},3]
[{"$nulls":8},"SECONCI",{"$nulls":4},0.41481480999999998]
[{"$nulls":8},"FAE - Financiamento de Aposentadoria Especial",{"$nulls":4},0]
[{"$nulls":8},"Total Grupo A",{"$nulls":4},37.21481481]
[{"$nulls":8},"Grupo B - Encargos Trabalhistas"]
[{"$nulls":8},"Repouso Semanal Remunerado - Domingos",{"$nulls":4},0]
[{"$nulls":8},"Feriados",{"$nulls":4},0]
[{"$nulls":8},"Férias Gozadas + 1/3",{"$nulls":4},9.4984115599999992]
[{"$nulls":8},"Auxílio Enfermidade",{"$nulls":4},0.90860733000000005]
[{"$nulls":8},"Auxílio Acidente de Trabalho",{"$nulls":4},5.0925560000000002E-2]
[{"$nulls":8},"Licença Paternidade",{"$nulls":4},7.7594540000000004E-2]
[{"$nulls":8},"13° Salário",{"$nulls":4},9.2400148200000007]
[{"$nulls":8},"Faltas Justificadas",{"$nulls":4},0.74261385000000002]
[{"$nulls":8},"Férias sobre Licença Maternidade",{"$nulls":4},2.2833099999999999E-2]
[{"$nulls":8},"Reciclagem Tecnológica",{"$nulls":4},0]
[{"$nulls":8},"Total Grupo B",{"$nulls":4},20.54100077]
[{"$nulls":8},"Grupo C - Verbas Rescisórias"]
[{"$nulls":8},"Aviso Prévio Indenizado",{"$nulls":4},2.40477586]
[{"$nulls":8},"Aviso Prévio Trabalhado",{"$nulls":4},5.205166E-2]
[{"$nulls":8},"Férias Indenizadas + 1/3",{"$nulls":4},2.8216082]
[{"$nulls":8},"Depósito por Rescisão Sem Justa Causa",{"$nulls":4},3.8573120200000002]
[{"$nulls":8},"Indenização Adicional",{"$nulls":4},0.92826730999999996]
[{"$nulls":8},"Total Grupo C",{"$nulls":4},10.06401505]
[{"$nulls":8},"Grupo D - Verbas Rescisórias"]
[{"$nulls":8},"Reincidência de A sobre B",{"$nulls":4},7.6442953999999999]
[{"$nulls":8},"Reincidência de A sobre Aviso Prévio Trabalhado + Reincidência de FGTS sobre Aviso Prévio Indenizado",{"$nulls":4},0.211753]
[{"$nulls":8},"Total Grupo D",{"$nulls":4},7.8560483899999998]
[{"$nulls":8},"Total Encargos Sociais e Trabalhistas - abril/2025",{"$nulls":4},75.680000000000007]
[{"$nulls":8},"Periculosidade/Insalubridade",{"$nulls":4}," %",null,"R$"]
[{"$nulls":8},"Total Periculosidade/Insalubridade",{"$nulls":4},0,null,0]
[{"$nulls":8},"Encargos Sociais e Trabalhistas - Média Móvel",{"$nulls":4}," %",null,"R$"]
[{"$nulls":8},"Encargos Sociais e Trabalhistas - Média Móvel - Sobre Salário",{"$nulls":4},75.58,null,2303.4212769999999]
[{"$nulls":8},"Encargos Sociais e Trabalhistas - Média Móvel - Sobre Periculosidade/Insalubridade",{"$nulls":4},75.58,null,0]
[{"$nulls":8},"Total Encargos Sociais e Trabalhistas - Média Móvel",{"$nulls":4},75.58,null,2303.4212769999999]
[{"$nulls":8},"Encargos Complementares",{"$nulls":4}," %",null,"R$"]
[{"$nulls":8},"Alimentação",{"$nulls":4},28.69,null,874.50499000000002]
[{"$nulls":8},"EPI",{"$nulls":4},0,null,0]
[{"$nulls":8},"Ferramenta",{"$nulls":4},0,null,0]
[{"$nulls":8},"Transporte",{"$nulls":4},0,null,0]
[{"$nulls":8},"Consulta Ocupacional",{"$nulls":4},0.23,null,7.1112659999999996]
[{"$nulls":8},"Total Encargos Complementares",{"$nulls":4},28.92,null,881.61625600000002]
[{"$nulls":8},"Encargos Adicionais",{"$nulls":4}," %",null,"R$"]
[{"$nulls":8},"Cesta Básica",{"$nulls":4},9.84,null,300]
[{"$nulls":8},"Assistência Médica",{"$nulls":4},0,null,0]
[{"$nulls":8},"Seguro de Vida",{"$nulls":4},0.16,null,4.99]
[{"$nulls":8},"Desgaste Orgânico",{"$nulls":4},0,null,0]
[{"$nulls":8},"Adicional de Confinamento",{"$nulls":4},0,null,0]
[{"$nulls":8},"Total Encargos Adicionais",{"$nulls":4},10,null,304.99]
[{"$nulls":8},"Encargos Totais",{"$nulls":4},114.515,null,3490.0275329999999]
[{"$nulls":8},"Custo Total",{"$nulls":6},6537.6873999999998]
[{"$nulls":8},"Código",null,"Descrição",null,null,"Unidade",null,"Salário \n(R$)"]
[{"$nulls":8},"P9913",null,"Draguista",null,null,"mês",null,3035.7411000000002]
[]
[{"$nulls":8},"Encargos Sociais e Trabalhistas - abril/2025",{"$nulls":4}," %"]
[{"$nulls":8},"Grupo A - Encargos Sociais"]
[{"$nulls":8},"Previdência Social",{"$nulls":4},20]
[{"$nulls":8},"FGTS",{"$nulls":4},8]
[{"$nulls":8},"Salário Educação",{"$nulls":4},2.5]
[{"$nulls":8},"SESC ou SESI",{"$nulls":4},1.5]
[{"$nulls":8},"SENAI / SEBRAE",{"$nulls":4},1.6]
[{"$nulls":8},"INCRA",{"$nulls":4},0.2]
[{"$nulls":8},"Seguro Contra Risco e Acidente de Trabalho",{"$nulls":4},3]
[{"$nulls":8},"SECONCI",{"$nulls":4},0.41481480999999998]
[{"$nulls":8},"FAE - Financiamento de Aposentadoria Especial",{"$nulls":4},0]
[{"$nulls":8},"Total Grupo A",{"$nulls":4},37.21481481]
[{"$nulls":8},"Grupo B - Encargos Trabalhistas"]
[{"$nulls":8},"Repouso Semanal Remunerado - Domingos",{"$nulls":4},0]
[{"$nulls":8},"Feriados",{"$nulls":4},0]
[{"$nulls":8},"Férias Gozadas + 1/3",{"$nulls":4},9.1165276599999991]
[{"$nulls":8},"Auxílio Enfermidade",{"$nulls":4},0.90814733999999997]
[{"$nulls":8},"Auxílio Acidente de Trabalho",{"$nulls":4},5.0899769999999997E-2]
[{"$nulls":8},"Licença Paternidade",{"$nulls":4},4.1485330000000001E-2]
[{"$nulls":8},"13° Salário",{"$nulls":4},9.2353369300000008]
[{"$nulls":8},"Faltas Justificadas",{"$nulls":4},0.74223788999999996]
[{"$nulls":8},"Férias sobre Licença Maternidade",{"$nulls":4},8.2935700000000001E-3]
[{"$nulls":8},"Reciclagem Tecnológica",{"$nulls":4},0]
[{"$nulls":8},"Total Grupo B",{"$nulls":4},20.10292849]
[{"$nulls":8},"Grupo C - Verbas Rescisórias"]
[{"$nulls":8},"Aviso Prévio Indenizado",{"$nulls":4},2.5315726700000001]
[{"$nulls":8},"Aviso Prévio Trabalhado",{"$nulls":4},5.9011290000000001E-2]
[{"$nulls":8},"Férias Indenizadas + 1/3",{"$nulls":4},3.1972549199999998]
[{"$nulls":8},"Depósito por Rescisão Sem Justa Causa",{"$nulls":4},3.8432937100000002]
[{"$nulls":8},"Indenização Adicional",{"$nulls":4},0.92779736000000002]
[{"$nulls":8},"Total Grupo C",{"$nulls":4},10.55892995]
[{"$nulls":8},"Grupo D - Verbas Rescisórias"]
[{"$nulls":8},"Reincidência de A sobre B",{"$nulls":4},7.4812676099999997]
[{"$nulls":8},"Reincidência de A sobre Aviso Prévio Trabalhado + Reincidência de FGTS sobre Aviso Prévio Indenizado",{"$nulls":4},0.22448675000000001]
[{"$nulls":8},"Total Grupo D",{"$nulls":4},7.7057543600000002]
[{"$nulls":8},"Total Encargos Sociais e Trabalhistas - abril/2025",{"$nulls":4},75.58]
[{"$nulls":8},"Periculosidade/Insalubridade",{"$nulls":4}," %",null,"R$"]
[{"$nulls":8},"Total Periculosidade/Insalubridade",{"$nulls":4},0,null,0]
[{"$nulls":8},"Encargos Sociais e Trabalhistas - Média Móvel",{"$nulls":4}," %",null,"R$"]
[{"$nulls":8},"Encargos Sociais e Trabalhistas - Média Móvel - Sobre Salário",{"$nulls":4},75.63,null,2295.9309939999998]
[{"$nulls":8},"Encargos Sociais e Trabalhistas - Média Móvel - Sobre Periculosidade/Insalubridade",{"$nulls":4},75.63,null,0]
[{"$nulls":8},"Total Encargos Sociais e Trabalhistas - Média Móvel",{"$nulls":4},75.63,null,2295.9309939999998]
[{"$nulls":8},"Encargos Complementares",{"$nulls":4}," %",null,"R$"]
[{"$nulls":8},"Alimentação",{"$nulls":4},28.81,null,874.50499000000002]
[{"$nulls":8},"EPI",{"$nulls":4},0,null,0]
[{"$nulls":8},"Ferramenta",{"$nulls":4},0,null,0]
[{"$nulls":8},"Transporte",{"$nulls":4},0,null,0]
[{"$nulls":8},"Consulta Ocupacional",{"$nulls":4},0.2,null,6.046564]
[{"$nulls":8},"Total Encargos Complementares",{"$nulls":4},29.01,null,880.55155400000001]
[{"$nulls":8},"Encargos Adicionais",{"$nulls":4}," %",null,"R$"]
[{"$nulls":8},"Cesta Básica",{"$nulls":4},9.8800000000000008,null,300]
[{"$nulls":8},"Assistência Médica",{"$nulls":4},0,null,0]
[{"$nulls":8},"Seguro de Vida",{"$nulls":4},0.16,null,4.99]
[{"$nulls":8},"Desgaste Orgânico",{"$nulls":4},0,null,0]
[{"$nulls":8},"Adicional de Confinamento",{"$nulls":4},0,null,0]
[{"$nulls":8},"Total Encargos Adicionais",{"$nulls":4},10.039999999999999,null,304.99]
[{"$nulls":8},"Encargos Totais",{"$nulls":4},114.6828,null,3481.4725480000002]
[{"$nulls":8},"Custo Total",{"$nulls":6},6517.2138999999997]
[{"$nulls":8},"Código",null,"Descrição",null,null,"Unidade",null,"Salário \n(R$)"]
[{"$nulls":8},"P9915",null,"Maquinista",null,null,"h",null,13.1431]
[]
[{"$nulls":8},"Encargos Sociais e Trabalhistas - abril/2025",{"$nulls":4}," %"]
[{"$nulls":8},"Grupo A - Encargos Sociais"]
[{"$nulls":8},"Previdência Social",{"$nulls":4},20]
[{"$nulls":8},"FGTS",{"$nulls":4},8]
[{"$nulls":8},"Salário Educação",{"$nulls":4},2.5]
[{"$nulls":8},"SESC ou SESI",{"$nulls":4},1.5]
[{"$nulls":8},"SENAI / SEBRAE",{"$nulls":4},1.6]
[{"$nulls":8},"INCRA",{"$nulls":4},0.2]
[{"$nulls":8},"Seguro Contra Risco e Acidente de Trabalho",{"$nulls":4},3]
[{"$nulls":8},"SECONCI",{"$nulls":4},0.41481480999999998]
[{"$nulls":8},"FAE - Financiamento de Aposentadoria Especial",{"$nulls":4},0]
[{"$nulls":8},"Total Grupo A",{"$nulls":4},37.21481481]
[{"$nulls":8},"Grupo B - Encargos Trabalhistas"]
[{"$nulls":8},"Repouso Semanal Remunerado - Domingos",{"$nulls":4},19.133893669999999]
[{"$nulls":8},"Feriados",{"$nulls":4},5.2979042400000003]
[{"$nulls":8},"Férias Gozadas + 1/3",{"$nulls":4},10.5130882]
[{"$nulls":8},"Auxílio Enfermidade",{"$nulls":4},0.90825118000000005]
[{"$nulls":8},"Auxílio Acidente de Trabalho",{"$nulls":4},4.9066869999999999E-2]
[{"$nulls":8},"Licença Paternidade",{"$nulls":4},6.3016989999999995E-2]
[{"$nulls":8},"13° Salário",{"$nulls":4},9.2363885799999998]
[{"$nulls":8},"Faltas Justificadas",{"$nulls":4},0.74232240999999999]
[{"$nulls":8},"Férias sobre Licença Maternidade",{"$nulls":4},0]
[{"$nulls":8},"Reciclagem Tecnológica",{"$nulls":4},0]
[{"$nulls":8},"Total Grupo B",{"$nulls":4},45.943932140000001]
[{"$nulls":8},"Grupo C - Verbas Rescisórias"]
[{"$nulls":8},"Aviso Prévio Indenizado",{"$nulls":4},1.75597519]
[{"$nulls":8},"Aviso Prévio Trabalhado",{"$nulls":4},3.3257259999999997E-2]
[{"$nulls":8},"Férias Indenizadas + 1/3",{"$nulls":4},1.8020965799999999]
[{"$nulls":8},"Depósito por Rescisão Sem Justa Causa",{"$nulls":4},4.6702058299999996]
[{"$nulls":8},"Indenização Adicional",{"$nulls":4},0.92790300999999997]
[{"$nulls":8},"Total Grupo C",{"$nulls":4},9.1894378700000008]
[{"$nulls":8},"Grupo D - Verbas Rescisórias"]
[{"$nulls":8},"Reincidência de A sobre B",{"$nulls":4},17.09794926]
[{"$nulls":8},"Reincidência de A sobre Aviso Prévio Trabalhado + Reincidência de FGTS sobre Aviso Prévio Indenizado",{"$nulls":4},0.15285464000000001]
[{"$nulls":8},"Total Grupo D",{"$nulls":4},17.250803909999998]
[{"$nulls":8},"Total Encargos Sociais e Trabalhistas - abril/2025",{"$nulls":4},109.6]
[{"$nulls":8},"Periculosidade/Insalubridade",{"$nulls":4}," %",null,"R$"]
[{"$nulls":8},"Total Periculosidade/Insalubridade",{"$nulls":4},0,null,0]
[{"$nulls":8},"Encargos Sociais e Trabalhistas - Média Móvel",{"$nulls":4}," %",null,"R$"]
[{"$nulls":8},"Encargos Sociais e Trabalhistas - Média Móvel - Sobre Salário",{"$nulls":4},109.65,null,14.411409000000001]
[{"$nulls":8},"Encargos Sociais e Trabalhistas - Média Móvel - Sobre Periculosidade/Insalubridade",{"$nulls":4},109.65,null,0]
[{"$nulls":8},"Total Encargos Sociais e Trabalhistas - Média Móvel",{"$nulls":4},109.65,null,14.411409000000001]
[{"$nulls":8},"Encargos Complementares",{"$nulls":4}," %",null,"R$"]
[{"$nulls":8},"Alimentação",{"$nulls":4},27.49,null,3.6132550000000001]
[{"$nulls":8},"EPI",{"$nulls":4},2.0499999999999998,null,0.26894200000000001]
[{"$nulls":8},"Ferramenta",{"$nulls":4},0.08,null,1.064E-2]
[{"$nulls":8},"Transporte",{"$nulls":4},7.44,null,0.97811700000000001]
[{"$nulls":8},"Consulta Ocupacional",{"$nulls":4},0.24,null,3.1122E-2]
[{"$nulls":8},"Total Encargos Complementares",{"$nulls":4},37.299999999999997,null,4.9020760000000001]
[{"$nulls":8},"Encargos Adicionais",{"$nulls":4}," %",null,"R$"]
[{"$nulls":8},"Cesta Básica",{"$nulls":4},17.47,null,2.2960159999999998]
[{"$nulls":8},"Assistência Médica",{"$nulls":4},0,null,0]
[{"$nulls":8},"Seguro de Vida",{"$nulls":4},0.02,null,2.7399999999999998E-3]
[{"$nulls":8},"Desgaste Orgânico",{"$nulls":4},0,null,0]
[{"$nulls":8},"Adicional de Confinamento",{"$nulls":4},0,null,0]
[{"$nulls":8},"Total Encargos Adicionais",{"$nulls":4},17.489999999999998,null,2.298756]
[{"$nulls":8},"Encargos Totais",{"$nulls":4},164.43790000000001,null,21.612241000000001]
[{"$nulls":8},"Custo Total",{"$nulls":6},34.755299999999998]
[{"$nulls":8},"Código",null,"Descrição",null,null,"Unidade",null,"Salário \n(R$)"]
[{"$nulls":8},"P9916",null,"Encarregado de conservação rodoviária",null,null,"mês",null,4059.3816000000002]
[]
[{"$nulls":8},"Encargos Sociais e Trabalhistas - abril/2025",{"$nulls":4}," %"]
[{"$nulls":8},"Grupo A - Encargos Sociais"]
[{"$nulls":8},"Previdência Social",{"$nulls":4},20]
[{"$nulls":8},"FGTS",{"$nulls":4},8]
[{"$nulls":8},"Salário Educação",{"$nulls":4},2.5]
[{"$nulls":8},"SESC ou SESI",{"$nulls":4},1.5]
[{"$nulls":8},"SENAI / SEBRAE",{"$nulls":4},1.6]
[{"$nulls":8},"INCRA",{"$nulls":4},0.2]
[{"$nulls":8},"Seguro Contra Risco e Acidente de Trabalho",{"$nulls":4},3]
[{"$nulls":8},"SECONCI",{"$nulls":4},0]
[{"$nulls":8},"FAE - Financiamento de Aposentadoria Especial",{"$nulls":4},0]
[{"$nulls":8},"Total Grupo A",{"$nulls":4},36.799999999999997]
[{"$nulls":8},"Grupo B - Encargos Trabalhistas"]
[{"$nulls":8},"Repouso Semanal Remunerado - Domingos",{"$nulls":4},0]
[{"$nulls":8},"Feriados",{"$nulls":4},0]
[{"$nulls":8},"Férias Gozadas + 1/3",{"$nulls":4},4.2058231299999997]
[{"$nulls":8},"Auxílio Enfermidade",{"$nulls":4},0.92123778999999995]
[{"$nulls":8},"Auxílio Acidente de Trabalho",{"$nulls":4},4.9082309999999997E-2]
[{"$nulls":8},"Licença Paternidade",{"$nulls":4},7.8825980000000004E-2]
[{"$nulls":8},"13° Salário",{"$nulls":4},9.2392936399999996]
[{"$nulls":8},"Faltas Justificadas",{"$nulls":4},0.74255589]
[{"$nulls":8},"Férias sobre Licença Maternidade",{"$nulls":4},2.9574900000000001E-3]
[{"$nulls":8},"Reciclagem Tecnológica",{"$nulls":4},0]
[{"$nulls":8},"Total Grupo B",{"$nulls":4},15.23977622]
[{"$nulls":8},"Grupo C - Verbas Rescisórias"]
[{"$nulls":8},"Aviso Prévio Indenizado",{"$nulls":4},5.4333852599999997]
[{"$nulls":8},"Aviso Prévio Trabalhado",{"$nulls":4},0.14968071999999999]
[{"$nulls":8},"Férias Indenizadas + 1/3",{"$nulls":4},8.1132350500000001]
[{"$nulls":8},"Depósito por Rescisão Sem Justa Causa",{"$nulls":4},3.6876728399999998]
[{"$nulls":8},"Indenização Adicional",{"$nulls":4},0.92819485999999995]
[{"$nulls":8},"Total Grupo C",{"$nulls":4},18.31216873]
[{"$nulls":8},"Grupo D - Verbas Rescisórias"]
[{"$nulls":8},"Reincidência de A sobre B",{"$nulls":4},5.6082376500000004]
[{"$nulls":8},"Reincidência de A sobre Aviso Prévio Trabalhado + Reincidência de FGTS sobre Aviso Prévio Indenizado",{"$nulls":4},0.48975331999999999]
[{"$nulls":8},"Total Grupo D",{"$nulls":4},6.0979909699999997]
[{"$nulls":8},"Total Encargos Sociais e Trabalhistas - abril/2025",{"$nulls":4},76.45]
[{"$nulls":8},"Periculosidade/Insalubridade",{"$nulls":4}," %",null,"R$"]
[{"$nulls":8},"Total Periculosidade/Insalubridade",{"$nulls":4},0,null,0]
[{"$nulls":8},"Encargos Sociais e Trabalhistas - Média Móvel",{"$nulls":4}," %",null,"R$"]
[{"$nulls":8},"Encargos Sociais e Trabalhistas - Média Móvel - Sobre Salário",{"$nulls":4},76.44,null,3102.9912949999998]
[{"$nulls":8},"Encargos Sociais e Trabalhistas - Média Móvel - Sobre Periculosidade/Insalubridade",{"$nulls":4},76.44,null,0]
[{"$nulls":8},"Total Encargos Sociais e Trabalhistas - Média Móvel",{"$nulls":4},76.44,null,3102.9912949999998]
[{"$nulls":8},"Encargos Complementares",{"$nulls":4}," %",null,"R$"]
[{"$nulls":8},"Alimentação",{"$nulls":4},16.239999999999998,null,659.38283200000001]
[{"$nulls":8},"EPI",{"$nulls":4},1.6,null,65.001029000000003]
[{"$nulls":8},"Ferramenta",{"$nulls":4},0,null,0]
[{"$nulls":8},"Transporte",{"$nulls":4},4.4000000000000004,null,178.49648400000001]
[{"$nulls":8},"Consulta Ocupacional",{"$nulls":4},0.25,null,10.224643]
[{"$nulls":8},"Total Encargos Complementares",{"$nulls":4},22.49,null,913.10498800000005]
[{"$nulls":8},"Encargos Adicionais",{"$nulls":4}," %",null,"R$"]
[{"$nulls":8},"Cesta Básica",{"$nulls":4},10.32,null,419]
[{"$nulls":8},"Assistência Médica",{"$nulls":4},0,null,0]
[{"$nulls":8},"Seguro de Vida",{"$nulls":4},0.01,null,0.5]
[{"$nulls":8},"Desgaste Orgânico",{"$nulls":4},0,null,0]
[{"$nulls":8},"Adicional de Confinamento",{"$nulls":4},0,null,0]
[{"$nulls":8},"Total Encargos Adicionais",{"$nulls":4},10.33,null,419.5]
[{"$nulls":8},"Encargos Totais",{"$nulls":4},109.26779999999999,null,4435.5962829999999]
[{"$nulls":8},"Custo Total",{"$nulls":6},8494.9784999999993]
[{"$nulls":8},"Código",null,"Descrição",null,null,"Unidade",null,"Salário \n(R$)"]
[{"$nulls":8},"P9920",null,"Mestre fluvial",null,null,"mês",null,4212.4614000000001]
[]
[{"$nulls":8},"Encargos Sociais e Trabalhistas - abril/2025",{"$nulls":4}," %"]
[{"$nulls":8},"Grupo A - Encargos Sociais"]
[{"$nulls":8},"Previdência Social",{"$nulls":4},20]
[{"$nulls":8},"FGTS",{"$nulls":4},8]
[{"$nulls":8},"Salário Educação",{"$nulls":4},2.5]
[{"$nulls":8},"SESC ou SESI",{"$nulls":4},1.5]
[{"$nulls":8},"SENAI / SEBRAE",{"$nulls":4},1.6]
[{"$nulls":8},"INCRA",{"$nulls":4},0.2]
[{"$nulls":8},"Seguro Contra Risco e Acidente de Trabalho",{"$nulls":4},3]
[{"$nulls":8},"SECONCI",{"$nulls":4},0.41481480999999998]
[{"$nulls":8},"FAE - Financiamento de Aposentadoria Especial",{"$nulls":4},0]
[{"$nulls":8},"Total Grupo A",{"$nulls":4},37.21481481]
[{"$nulls":8},"Grupo B - Encargos Trabalhistas"]
[{"$nulls":8},"Repouso Semanal Remunerado - Domingos",{"$nulls":4},0]
[{"$nulls":8},"Feriados",{"$nulls":4},0]
[{"$nulls":8},"Férias Gozadas + 1/3",{"$nulls":4},9.1165276599999991]
[{"$nulls":8},"Auxílio Enfermidade",{"$nulls":4},0.90814733999999997]
[{"$nulls":8},"Auxílio Acidente de Trabalho",{"$nulls":4},5.0899769999999997E-2]
[{"$nulls":8},"Licença Paternidade",{"$nulls":4},4.1485330000000001E-2]
[{"$nulls":8},"13° Salário",{"$nulls":4},9.2353369300000008]
[{"$nulls":8},"Faltas Justificadas",{"$nulls":4},0.74223788999999996]
[{"$nulls":8},"Férias sobre Licença Maternidade",{"$nulls":4},8.2935700000000001E-3]
[{"$nulls":8},"Reciclagem Tecnológica",{"$nulls":4},0]
[{"$nulls":8},"Total Grupo B",{"$nulls":4},20.10292849]
[{"$nulls":8},"Grupo C - Verbas Rescisórias"]
[{"$nulls":8},"Aviso Prévio Indenizado",{"$nulls":4},2.5315726700000001]
[{"$nulls":8},"Aviso Prévio Trabalhado",{"$nulls":4},5.9011290000000001E-2]
[{"$nulls":8},"Férias Indenizadas + 1/3",{"$nulls":4},3.1972549199999998]
[{"$nulls":8},"Depósito por Rescisão Sem Justa Causa",{"$nulls":4},3.8432937100000002]
[{"$nulls":8},"Indenização Adicional",{"$nulls":4},0.92779736000000002]
[{"$nulls":8},"Total Grupo C",{"$nulls":4},10.55892995]
[{"$nulls":8},"Grupo D - Verbas Rescisórias"]
[{"$nulls":8},"Reincidência de A sobre B",{"$nulls":4},7.4812676099999997]
[{"$nulls":8},"Reincidência de A sobre Aviso Prévio Trabalhado + Reincidência de FGTS sobre Aviso Prévio Indenizado",{"$nulls":4},0.22448675000000001]
[{"$nulls":8},"Total Grupo D",{"$nulls":4},7.7057543600000002]
[{"$nulls":8},"Total Encargos Sociais e Trabalhistas - abril/2025",{"$nulls":4},75.58]
[{"$nulls":8},"Periculosidade/Insalubridade",{"$nulls":4}," %",null,"R$"]
[{"$nulls":8},"Total Periculosidade/Insalubridade",{"$nulls":4},0,null,0]
[{"$nulls":8},"Encargos Sociais e Trabalhistas - Média Móvel",{"$nulls":4}," %",null,"R$"]
[{"$nulls":8},"Encargos Sociais e Trabalhistas - Média Móvel - Sobre Salário",{"$nulls":4},75.63,null,3185.8845569999999]
[{"$nulls":8},"Encargos Sociais e Trabalhistas - Média Móvel - Sobre Periculosidade/Insalubridade",{"$nulls":4},75.63,null,0]
[{"$nulls":8},"Total Encargos Sociais e Trabalhistas - Média Móvel",{"$nulls":4},75.63,null,3185.8845569999999]
[{"$nulls":8},"Encargos Complementares",{"$nulls":4}," %",null,"R$"]
[{"$nulls":8},"Alimentação",{"$nulls":4},20.76,null,874.50499000000002]
[{"$nulls":8},"EPI",{"$nulls":4},0,null,0]
[{"$nulls":8},"Ferramenta",{"$nulls":4},0,null,0]
[{"$nulls":8},"Transporte",{"$nulls":4},0,null,0]
[{"$nulls":8},"Consulta Ocupacional",{"$nulls":4},0.14000000000000001,null,6.046564]
[{"$nulls":8},"Total Encargos Complementares",{"$nulls":4},20.9,null,880.55155400000001]
[{"$nulls":8},"Encargos Adicionais",{"$nulls":4}," %",null,"R$"]
[{"$nulls":8},"Cesta Básica",{"$nulls":4},7.12,null,300]
[{"$nulls":8},"Assistência Médica",{"$nulls":4},0,null,0]
[{"$nulls":8},"Seguro de Vida",{"$nulls":4},0.12,null,4.99]
[{"$nulls":8},"Desgaste Orgânico",{"$nulls":4},0,null,0]
[{"$nulls":8},"Adicional de Confinamento",{"$nulls":4},0,null,0]
[{"$nulls":8},"Total Encargos Adicionais",{"$nulls":4},7.24,null,304.99]
[{"$nulls":8},"Encargos Totais",{"$nulls":4},103.77370000000001,null,4371.4261109999998]
[{"$nulls":8},"Custo Total",{"$nulls":6},8583.8883999999998]
[{"$nulls":8},"Código",null,"Descrição",null,null,"Unidade",null,"Salário \n(R$)"]
[{"$nulls":8},"P9921",null,"Mergulhador raso autônomo de emergência",null,null,"h",null,11.151400000000001]
[]
[{"$nulls":8},"Encargos Sociais e Trabalhistas - abril/2025",{"$nulls":4}," %"]
[{"$nulls":8},"Grupo A - Encargos Sociais"]
[{"$nulls":8},"Previdência Social",{"$nulls":4},20]
[{"$nulls":8},"FGTS",{"$nulls":4},8]
[{"$nulls":8},"Salário Educação",{"$nulls":4},2.5]
[{"$nulls":8},"SESC ou SESI",{"$nulls":4},1.5]
[{"$nulls":8},"SENAI / SEBRAE",{"$nulls":4},1.6]
[{"$nulls":8},"INCRA",{"$nulls":4},0.2]
[{"$nulls":8},"Seguro Contra Risco e Acidente de Trabalho",{"$nulls":4},3]
[{"$nulls":8},"SECONCI",{"$nulls":4},0.41481480999999998]
[{"$nulls":8},"FAE - Financiamento de Aposentadoria Especial",{"$nulls":4},12]
[{"$nulls":8},"Total Grupo A",{"$nulls":4},49.21481481]
[{"$nulls":8},"Grupo B - Encargos Trabalhistas"]
[{"$nulls":8},"Repouso Semanal Remunerado - Domingos",{"$nulls":4},18.747190979999999]
[{"$nulls":8},"Feriados",{"$nulls":4},5.1892194199999997]
[{"$nulls":8},"Férias Gozadas + 1/3",{"$nulls":4},7.4636818500000004]
[{"$nulls":8},"Auxílio Enfermidade",{"$nulls":4},0.90861729999999996]
[{"$nulls":8},"Auxílio Acidente de Trabalho",{"$nulls":4},5.0926109999999997E-2]
[{"$nulls":8},"Licença Paternidade",{"$nulls":4},9.6466830000000003E-2]
[{"$nulls":8},"13° Salário",{"$nulls":4},9.2401161399999996]
[{"$nulls":8},"Faltas Justificadas",{"$nulls":4},0.74262198999999995]
[{"$nulls":8},"Férias sobre Licença Maternidade",{"$nulls":4},5.084E-3]
[{"$nulls":8},"Reciclagem Tecnológica",{"$nulls":4},0]
[{"$nulls":8},"Total Grupo B",{"$nulls":4},42.443924619999997]
[{"$nulls":8},"Grupo C - Verbas Rescisórias"]
[{"$nulls":8},"Aviso Prévio Indenizado",{"$nulls":4},3.5477035400000001]
[{"$nulls":8},"Aviso Prévio Trabalhado",{"$nulls":4},8.9588879999999996E-2]
[{"$nulls":8},"Férias Indenizadas + 1/3",{"$nulls":4},4.8564730000000003]
[{"$nulls":8},"Depósito por Rescisão Sem Justa Causa",{"$nulls":4},4.55820559]
[{"$nulls":8},"Indenização Adicional",{"$nulls":4},0.92827749000000004]
[{"$nulls":8},"Total Grupo C",{"$nulls":4},13.980248489999999]
[{"$nulls":8},"Grupo D - Verbas Rescisórias"]
[{"$nulls":8},"Reincidência de A sobre B",{"$nulls":4},20.888698900000001]
[{"$nulls":8},"Reincidência de A sobre Aviso Prévio Trabalhado + Reincidência de FGTS sobre Aviso Prévio Indenizado",{"$nulls":4},0.32790728000000002]
[{"$nulls":8},"Total Grupo D",{"$nulls":4},21.21660619]
[{"$nulls":8},"Total Encargos Sociais e Trabalhistas - abril/2025",{"$nulls":4},126.86]
[{"$nulls":8},"Periculosidade/Insalubridade",{"$nulls":4}," %",null,"R$"]
[{"$nulls":8},"Total Periculosidade/Insalubridade",{"$nulls":4},24.75,null,2.76]
[{"$nulls":8},"Encargos Sociais e Trabalhistas - Média Móvel",{"$nulls":4}," %",null,"R$"]
[{"$nulls":8},"Encargos Sociais e Trabalhistas - Média Móvel - Sobre Salário",{"$nulls":4},126.84,null,14.144436000000001]
[{"$nulls":8},"Encargos Sociais e Trabalhistas - Média Móvel - Sobre Periculosidade/Insalubridade",{"$nulls":4},126.84,null,3.5007839999999999]
[{"$nulls":8},"Total Encargos Sociais e Trabalhistas - Média Móvel",{"$nulls":4},126.84,null,17.645219999999998]
[{"$nulls":8},"Encargos Complementares",{"$nulls":4}," %",null,"R$"]
[{"$nulls":8},"Alimentação",{"$nulls":4},42.97,null,4.792071]
[{"$nulls":8},"EPI",{"$nulls":4},7.85,null,0.87578999999999996]
[{"$nulls":8},"Ferramenta",{"$nulls":4},0,null,0]
[{"$nulls":8},"Transporte",{"$nulls":4},0,null,0]
[{"$nulls":8},"Consulta Ocupacional",{"$nulls":4},0.45,null,5.0301999999999999E-2]
[{"$nulls":8},"Total Encargos Complementares",{"$nulls":4},51.27,null,5.7181629999999997]
[{"$nulls":8},"Encargos Adicionais",{"$nulls":4}," %",null,"R$"]
[{"$nulls":8},"Cesta Básica",{"$nulls":4},0,null,0]
[{"$nulls":8},"Assistência Médica",{"$nulls":4},0,null,0]
[{"$nulls":8},"Seguro de Vida",{"$nulls":4},0.49,null,5.4688000000000001E-2]
[{"$nulls":8},"Desgaste Orgânico",{"$nulls":4},14.47,null,1.6137349999999999]
[{"$nulls":8},"Adicional de Confinamento",{"$nulls":4},0,null,0]
[{"$nulls":8},"Total Encargos Adicionais",{"$nulls":4},14.96,null,1.668423]
[{"$nulls":8},"Encargos Totais",{"$nulls":4},224.47229999999999,null,25.031806]
[{"$nulls":8},"Custo Total",{"$nulls":6},38.943100000000001]
[{"$nulls":8},"Código",null,"Descrição",null,null,"Unidade",null,"Salário \n(R$)"]
[{"$nulls":8},"P9922",null,"Mergulhador raso dependente de emergência",null,null,"h",null,11.237]
[]
[{"$nulls":8},"Encargos Sociais e Trabalhistas - abril/2025",{"$nulls":4}," %"]
[{"$nulls":8},"Grupo A - Encargos Sociais"]
[{"$nulls":8},"Previdência Social",{"$nulls":4},20]
[{"$nulls":8},"FGTS",{"$nulls":4},8]
[{"$nulls":8},"Salário Educação",{"$nulls":4},2.5]
[{"$nulls":8},"SESC ou SESI",{"$nulls":4},1.5]
[{"$nulls":8},"SENAI / SEBRAE",{"$nulls":4},1.6]
[{"$nulls":8},"INCRA",{"$nulls":4},0.2]
[{"$nulls":8},"Seguro Contra Risco e Acidente de Trabalho",{"$nulls":4},3]
[{"$nulls":8},"SECONCI",{"$nulls":4},0.41481480999999998]
[{"$nulls":8},"FAE - Financiamento de Aposentadoria Especial",{"$nulls":4},0]
[{"$nulls":8},"Total Grupo A",{"$nulls":4},37.21481481]
[{"$nulls":8},"Grupo B - Encargos Trabalhistas"]
[{"$nulls":8},"Repouso Semanal Remunerado - Domingos",{"$nulls":4},18.747190979999999]
[{"$nulls":8},"Feriados",{"$nulls":4},5.1892194199999997]
[{"$nulls":8},"Férias Gozadas + 1/3",{"$nulls":4},7.4636818500000004]
[{"$nulls":8},"Auxílio Enfermidade",{"$nulls":4},0.90861729999999996]
[{"$nulls":8},"Auxílio Acidente de Trabalho",{"$nulls":4},5.0926109999999997E-2]
[{"$nulls":8},"Licença Paternidade",{"$nulls":4},9.6466830000000003E-2]
[{"$nulls":8},"13° Salário",{"$nulls":4},9.2401161399999996]
[{"$nulls":8},"Faltas Justificadas",{"$nulls":4},0.74262198999999995]
[{"$nulls":8},"Férias sobre Licença Maternidade",{"$nulls":4},5.084E-3]
[{"$nulls":8},"Reciclagem Tecnológica",{"$nulls":4},0]
[{"$nulls":8},"Total Grupo B",{"$nulls":4},42.443924619999997]
[{"$nulls":8},"Grupo C - Verbas Rescisórias"]
[{"$nulls":8},"Aviso Prévio Indenizado",{"$nulls":4},3.5477035400000001]
[{"$nulls":8},"Aviso Prévio Trabalhado",{"$nulls":4},8.9588879999999996E-2]
[{"$nulls":8},"Férias Indenizadas + 1/3",{"$nulls":4},4.8564730000000003]
[{"$nulls":8},"Depósito por Rescisão Sem Justa Causa",{"$nulls":4},4.55820559]
[{"$nulls":8},"Indenização Adicional",{"$nulls":4},0.92827749000000004]
[{"$nulls":8},"Total Grupo C",{"$nulls":4},13.980248489999999]
[{"$nulls":8},"Grupo D - Verbas Rescisórias"]
[{"$nulls":8},"Reincidência de A sobre B",{"$nulls":4},15.795427950000001]
[{"$nulls":8},"Reincidência de A sobre Aviso Prévio Trabalhado + Reincidência de FGTS sobre Aviso Prévio Indenizado",{"$nulls":4},0.31715662]
[{"$nulls":8},"Total Grupo D",{"$nulls":4},16.112584569999999]
[{"$nulls":8},"Total Encargos Sociais e Trabalhistas - abril/2025",{"$nulls":4},109.75]
[{"$nulls":8},"Periculosidade/Insalubridade",{"$nulls":4}," %",null,"R$"]
[{"$nulls":8},"Total Periculosidade/Insalubridade",{"$nulls":4},30,null,3.3711000000000002]
[{"$nulls":8},"Encargos Sociais e Trabalhistas - Média Móvel",{"$nulls":4}," %",null,"R$"]
[{"$nulls":8},"Encargos Sociais e Trabalhistas - Média Móvel - Sobre Salário",{"$nulls":4},109.75,null,12.332608]
[{"$nulls":8},"Encargos Sociais e Trabalhistas - Média Móvel - Sobre Periculosidade/Insalubridade",{"$nulls":4},109.75,null,3.6997819999999999]
[{"$nulls":8},"Total Encargos Sociais e Trabalhistas - Média Móvel",{"$nulls":4},109.75,null,16.032389999999999]
[{"$nulls":8},"Encargos Complementares",{"$nulls":4}," %",null,"R$"]
[{"$nulls":8},"Alimentação",{"$nulls":4},42.65,null,4.792071]
[{"$nulls":8},"EPI",{"$nulls":4},14.91,null,1.6752739999999999]
[{"$nulls":8},"Ferramenta",{"$nulls":4},0,null,0]
[{"$nulls":8},"Transporte",{"$nulls":4},0,null,0]
[{"$nulls":8},"Consulta Ocupacional",{"$nulls":4},0.45,null,5.0301999999999999E-2]
[{"$nulls":8},"Total Encargos Complementares",{"$nulls":4},58.01,null,6.5176470000000002]
[{"$nulls":8},"Encargos Adicionais",{"$nulls":4}," %",null,"R$"]
[{"$nulls":8},"Cesta Básica",{"$nulls":4},0,null,0]
[{"$nulls":8},"Assistência Médica",{"$nulls":4},0,null,0]
[{"$nulls":8},"Seguro de Vida",{"$nulls":4},0.49,null,5.4688000000000001E-2]
[{"$nulls":8},"Desgaste Orgânico",{"$nulls":4},14.36,null,1.6137349999999999]
[{"$nulls":8},"Adicional de Confinamento",{"$nulls":4},15,null,1.685549]
[{"$nulls":8},"Total Encargos Adicionais",{"$nulls":4},29.85,null,3.3539720000000002]
[{"$nulls":8},"Encargos Totais",{"$nulls":4},230.52420000000001,null,25.904008999999999]
[{"$nulls":8},"Custo Total",{"$nulls":6},40.512099999999997]
[{"$nulls":8},"Código",null,"Descrição",null,null,"Unidade",null,"Salário \n(R$)"]
[{"$nulls":8},"P9924",null,"Mergulhador raso dependente",null,null,"h",null,11.237]
[]
[{"$nulls":8},"Encargos Sociais e Trabalhistas - abril/2025",{"$nulls":4}," %"]
[{"$nulls":8},"Grupo A - Encargos Sociais"]
[{"$nulls":8},"Previdência Social",{"$nulls":4},20]
[{"$nulls":8},"FGTS",{"$nulls":4},8]
[{"$nulls":8},"Salário Educação",{"$nulls":4},2.5]
[{"$nulls":8},"SESC ou SESI",{"$nulls":4},1.5]
[{"$nulls":8},"SENAI / SEBRAE",{"$nulls":4},1.6]
[{"$nulls":8},"INCRA",{"$nulls":4},0.2]
[{"$nulls":8},"Seguro Contra Risco e Acidente de Trabalho",{"$nulls":4},3]
[{"$nulls":8},"SECONCI",{"$nulls":4},0.41481480999999998]
[{"$nulls":8},"FAE - Financiamento de Aposentadoria Especial",{"$nulls":4},0]
[{"$nulls":8},"Total Grupo A",{"$nulls":4},37.21481481]
[{"$nulls":8},"Grupo B - Encargos Trabalhistas"]
[{"$nulls":8},"Repouso Semanal Remunerado - Domingos",{"$nulls":4},18.747190979999999]
[{"$nulls":8},"Feriados",{"$nulls":4},5.1892194199999997]
[{"$nulls":8},"Férias Gozadas + 1/3",{"$nulls":4},7.4636818500000004]
[{"$nulls":8},"Auxílio Enfermidade",{"$nulls":4},0.90861729999999996]
[{"$nulls":8},"Auxílio Acidente de Trabalho",{"$nulls":4},5.0926109999999997E-2]
[{"$nulls":8},"Licença Paternidade",{"$nulls":4},9.6466830000000003E-2]
[{"$nulls":8},"13° Salário",{"$nulls":4},9.2401161399999996]
[{"$nulls":8},"Faltas Justificadas",{"$nulls":4},0.74262198999999995]
[{"$nulls":8},"Férias sobre Licença Maternidade",{"$nulls":4},5.084E-3]
[{"$nulls":8},"Reciclagem Tecnológica",{"$nulls":4},0]
[{"$nulls":8},"Total Grupo B",{"$nulls":4},42.443924619999997]
[{"$nulls":8},"Grupo C - Verbas Rescisórias"]
[{"$nulls":8},"Aviso Prévio Indenizado",{"$nulls":4},3.5477035400000001]
[{"$nulls":8},"Aviso Prévio Trabalhado",{"$nulls":4},8.9588879999999996E-2]
[{"$nulls":8},"Férias Indenizadas + 1/3",{"$nulls":4},4.8564730000000003]
[{"$nulls":8},"Depósito por Rescisão Sem Justa Causa",{"$nulls":4},4.55820559]
[{"$nulls":8},"Indenização Adicional",{"$nulls":4},0.92827749000000004]
[{"$nulls":8},"Total Grupo C",{"$nulls":4},13.980248489999999]
[{"$nulls":8},"Grupo D - Verbas Rescisórias"]
[{"$nulls":8},"Reincidência de A sobre B",{"$nulls":4},15.795427950000001]
[{"$nulls":8},"Reincidência de A sobre Aviso Prévio Trabalhado + Reincidência de FGTS sobre Aviso Prévio Indenizado",{"$nulls":4},0.31715662]
[{"$nulls":8},"Total Grupo D",{"$nulls":4},16.112584569999999]
[{"$nulls":8},"Total Encargos Sociais e Trabalhistas - abril/2025",{"$nulls":4},109.75]
[{"$nulls":8},"Periculosidade/Insalubridade",{"$nulls":4}," %",null,"R$"]
[{"$nulls":8},"Total Periculosidade/Insalubridade",{"$nulls":4},30,null,3.3711000000000002]
[{"$nulls":8},"Encargos Sociais e Trabalhistas - Média Móvel",{"$nulls":4}," %",null,"R$"]
[{"$nulls":8},"Encargos Sociais e Trabalhistas - Média Móvel - Sobre Salário",{"$nulls":4},109.75,null,12.332608]
[{"$nulls":8},"Encargos Sociais e Trabalhistas - Média Móvel - Sobre Periculosidade/Insalubridade",{"$nulls":4},109.75,null,3.6997819999999999]
[{"$nulls":8},"Total Encargos Sociais e Trabalhistas - Média Móvel",{"$nulls":4},109.75,null,16.032389999999999]
[{"$nulls":8},"Encargos Complementares",{"$nulls":4}," %",null,"R$"]
[{"$nulls":8},"Alimentação",{"$nulls":4},42.65,null,4.792071]
[{"$nulls":8},"EPI",{"$nulls":4},65.78,null,7.3914330000000001]
[{"$nulls":8},"Ferramenta",{"$nulls":4},0,null,0]
[{"$nulls":8},"Transporte",{"$nulls":4},0,null,0]
[{"$nulls":8},"Consulta Ocupacional",{"$nulls":4},0.45,null,5.0301999999999999E-2]
[{"$nulls":8},"Total Encargos Complementares",{"$nulls":4},108.88,null,12.233806]
[{"$nulls":8},"Encargos Adicionais",{"$nulls":4}," %",null,"R$"]
[{"$nulls":8},"Cesta Básica",{"$nulls":4},0,null,0]
[{"$nulls":8},"Assistência Médica",{"$nulls":4},0,null,0]
[{"$nulls":8},"Seguro de Vida",{"$nulls":4},0.49,null,5.4688000000000001E-2]
[{"$nulls":8},"Desgaste Orgânico",{"$nulls":4},71.8,null,8.0686730000000004]
[{"$nulls":8},"Adicional de Confinamento",{"$nulls":4},15,null,1.685549]
[{"$nulls":8},"Total Encargos Adicionais",{"$nulls":4},87.29,null,9.8089099999999991]
[{"$nulls":8},"Encargos Totais",{"$nulls":4},338.83690000000001,null,38.075105999999998]
[{"$nulls":8},"Custo Total",{"$nulls":6},52.683199999999999]
[{"$nulls":8},"Código",null,"Descrição",null,null,"Unidade",null,"Salário \n(R$)"]
[{"$nulls":8},"P9925",null,"Mergulhador raso autônomo",null,null,"h",null,11.151400000000001]
[]
[{"$nulls":8},"Encargos Sociais e Trabalhistas - abril/2025",{"$nulls":4}," %"]
[{"$nulls":8},"Grupo A - Encargos Sociais"]
[{"$nulls":8},"Previdência Social",{"$nulls":4},20]
[{"$nulls":8},"FGTS",{"$nulls":4},8]
[{"$nulls":8},"Salário Educação",{"$nulls":4},2.5]
[{"$nulls":8},"SESC ou SESI",{"$nulls":4},1.5]
[{"$nulls":8},"SENAI / SEBRAE",{"$nulls":4},1.6]
[{"$nulls":8},"INCRA",{"$nulls":4},0.2]
[{"$nulls":8},"Seguro Contra Risco e Acidente de Trabalho",{"$nulls":4},3]
[{"$nulls":8},"SECONCI",{"$nulls":4},0.41481480999999998]
[{"$nulls":8},"FAE - Financiamento de Aposentadoria Especial",{"$nulls":4},12]
[{"$nulls":8},"Total Grupo A",{"$nulls":4},49.21481481]
[{"$nulls":8},"Grupo B - Encargos Trabalhistas"]
[{"$nulls":8},"Repouso Semanal Remunerado - Domingos",{"$nulls":4},18.747190979999999]
[{"$nulls":8},"Feriados",{"$nulls":4},5.1892194199999997]
[{"$nulls":8},"Férias Gozadas + 1/3",{"$nulls":4},7.4636818500000004]
[{"$nulls":8},"Auxílio Enfermidade",{"$nulls":4},0.90861729999999996]
[{"$nulls":8},"Auxílio Acidente de Trabalho",{"$nulls":4},5.0926109999999997E-2]
[{"$nulls":8},"Licença Paternidade",{"$nulls":4},9.6466830000000003E-2]
[{"$nulls":8},"13° Salário",{"$nulls":4},9.2401161399999996]
[{"$nulls":8},"Faltas Justificadas",{"$nulls":4},0.74262198999999995]
[{"$nulls":8},"Férias sobre Licença Maternidade",{"$nulls":4},5.084E-3]
[{"$nulls":8},"Reciclagem Tecnológica",{"$nulls":4},0]
[{"$nulls":8},"Total Grupo B",{"$nulls":4},42.443924619999997]
[{"$nulls":8},"Grupo C - Verbas Rescisórias"]
[{"$nulls":8},"Aviso Prévio Indenizado",{"$nulls":4},3.5477035400000001]
[{"$nulls":8},"Aviso Prévio Trabalhado",{"$nulls":4},8.9588879999999996E-2]
[{"$nulls":8},"Férias Indenizadas + 1/3",{"$nulls":4},4.8564730000000003]
[{"$nulls":8},"Depósito por Rescisão Sem Justa Causa",{"$nulls":4},4.55820559]
[{"$nulls":8},"Indenização Adicional",{"$nulls":4},0.92827749000000004]
[{"$nulls":8},"Total Grupo C",{"$nulls":4},13.980248489999999]
[{"$nulls":8},"Grupo D - Verbas Rescisórias"]
[{"$nulls":8},"Reincidência de A sobre B",{"$nulls":4},20.888698900000001]
[{"$nulls":8},"Reincidência de A sobre Aviso Prévio Trabalhado + Reincidência de FGTS sobre Aviso Prévio Indenizado",{"$nulls":4},0.32790728000000002]
[{"$nulls":8},"Total Grupo D",{"$nulls":4},21.21660619]
[{"$nulls":8},"Total Encargos Sociais e Trabalhistas - abril/2025",{"$nulls":4},126.86]
[{"$nulls":8},"Periculosidade/Insalubridade",{"$nulls":4}," %",null,"R$"]
[{"$nulls":8},"Total Periculosidade/Insalubridade",{"$nulls":4},24.75,null,2.76]
[{"$nulls":8},"Encargos Sociais e Trabalhistas - Média Móvel",{"$nulls":4}," %",null,"R$"]
[{"$nulls":8},"Encargos Sociais e Trabalhistas - Média Móvel - Sobre Salário",{"$nulls":4},126.84,null,14.144436000000001]
[{"$nulls":8},"Encargos Sociais e Trabalhistas - Média Móvel - Sobre Periculosidade/Insalubridade",{"$nulls":4},126.84,null,3.5007839999999999]
[{"$nulls":8},"Total Encargos Sociais e Trabalhistas - Média Móvel",{"$nulls":4},126.84,null,17.645219999999998]
[{"$nulls":8},"Encargos Complementares",{"$nulls":4}," %",null,"R$"]
[{"$nulls":8},"Alimentação",{"$nulls":4},42.97,null,4.792071]
[{"$nulls":8},"EPI",{"$nulls":4},39.270000000000003,null,4.3789490000000004]
[{"$nulls":8},"Ferramenta",{"$nulls":4},0,null,0]
[{"$nulls":8},"Transporte",{"$nulls":4},0,null,0]
[{"$nulls":8},"Consulta Ocupacional",{"$nulls":4},0.45,null,5.0301999999999999E-2]
[{"$nulls":8},"Total Encargos Complementares",{"$nulls":4},82.69,null,9.2213220000000007]
[{"$nulls":8},"Encargos Adicionais",{"$nulls":4}," %",null,"R$"]
[{"$nulls":8},"Cesta Básica",{"$nulls":4},0,null,0]
[{"$nulls":8},"Assistência Médica",{"$nulls":4},0,null,0]
[{"$nulls":8},"Seguro de Vida",{"$nulls":4},0.49,null,5.4688000000000001E-2]
[{"$nulls":8},"Desgaste Orgânico",{"$nulls":4},72.36,null,8.0686730000000004]
[{"$nulls":8},"Adicional de Confinamento",{"$nulls":4},0,null,0]
[{"$nulls":8},"Total Encargos Adicionais",{"$nulls":4},72.849999999999994,null,8.1233609999999992]
[{"$nulls":8},"Encargos Totais",{"$nulls":4},313.77140000000003,null,34.989902999999998]
[{"$nulls":8},"Custo Total",{"$nulls":6},48.901200000000003]
[{"$nulls":8},"Código",null,"Descrição",null,null,"Unidade",null,"Salário \n(R$)"]
[{"$nulls":8},"P9926",null,"Mergulhador raso auxiliar de superfície",null,null,"h",null,11.151400000000001]
[]
[{"$nulls":8},"Encargos Sociais e Trabalhistas - abril/2025",{"$nulls":4}," %"]
[{"$nulls":8},"Grupo A - Encargos Sociais"]
[{"$nulls":8},"Previdência Social",{"$nulls":4},20]
[{"$nulls":8},"FGTS",{"$nulls":4},8]
[{"$nulls":8},"Salário Educação",{"$nulls":4},2.5]
[{"$nulls":8},"SESC ou SESI",{"$nulls":4},1.5]
[{"$nulls":8},"SENAI / SEBRAE",{"$nulls":4},1.6]
[{"$nulls":8},"INCRA",{"$nulls":4},0.2]
[{"$nulls":8},"Seguro Contra Risco e Acidente de Trabalho",{"$nulls":4},3]
[{"$nulls":8},"SECONCI",{"$nulls":4},0.41481480999999998]
[{"$nulls":8},"FAE - Financiamento de Aposentadoria Especial",{"$nulls":4},12]
[{"$nulls":8},"Total Grupo A",{"$nulls":4},49.21481481]
[{"$nulls":8},"Grupo B - Encargos Trabalhistas"]
[{"$nulls":8},"Repouso Semanal Remunerado - Domingos",{"$nulls":4},18.747190979999999]
[{"$nulls":8},"Feriados",{"$nulls":4},5.1892194199999997]
[{"$nulls":8},"Férias Gozadas + 1/3",{"$nulls":4},7.4636818500000004]
[{"$nulls":8},"Auxílio Enfermidade",{"$nulls":4},0.90861729999999996]
[{"$nulls":8},"Auxílio Acidente de Trabalho",{"$nulls":4},5.0926109999999997E-2]
[{"$nulls":8},"Licença Paternidade",{"$nulls":4},9.6466830000000003E-2]
[{"$nulls":8},"13° Salário",{"$nulls":4},9.2401161399999996]
[{"$nulls":8},"Faltas Justificadas",{"$nulls":4},0.74262198999999995]
[{"$nulls":8},"Férias sobre Licença Maternidade",{"$nulls":4},5.084E-3]
[{"$nulls":8},"Reciclagem Tecnológica",{"$nulls":4},0]
[{"$nulls":8},"Total Grupo B",{"$nulls":4},42.443924619999997]
[{"$nulls":8},"Grupo C - Verbas Rescisórias"]
[{"$nulls":8},"Aviso Prévio Indenizado",{"$nulls":4},3.5477035400000001]
[{"$nulls":8},"Aviso Prévio Trabalhado",{"$nulls":4},8.9588879999999996E-2]
[{"$nulls":8},"Férias Indenizadas + 1/3",{"$nulls":4},4.8564730000000003]
[{"$nulls":8},"Depósito por Rescisão Sem Justa Causa",{"$nulls":4},4.55820559]
[{"$nulls":8},"Indenização Adicional",{"$nulls":4},0.92827749000000004]
[{"$nulls":8},"Total Grupo C",{"$nulls":4},13.980248489999999]
[{"$nulls":8},"Grupo D - Verbas Rescisórias"]
[{"$nulls":8},"Reincidência de A sobre B",{"$nulls":4},20.888698900000001]
[{"$nulls":8},"Reincidência de A sobre Aviso Prévio Trabalhado + Reincidência de FGTS sobre Aviso Prévio Indenizado",{"$nulls":4},0.32790728000000002]
[{"$nulls":8},"Total Grupo D",{"$nulls":4},21.21660619]
[{"$nulls":8},"Total Encargos Sociais e Trabalhistas - abril/2025",{"$nulls":4},126.86]
[{"$nulls":8},"Periculosidade/Insalubridade",{"$nulls":4}," %",null,"R$"]
[{"$nulls":8},"Total Periculosidade/Insalubridade",{"$nulls":4},24.75,null,2.76]
[{"$nulls":8},"Encargos Sociais e Trabalhistas - Média Móvel",{"$nulls":4}," %",null,"R$"]
[{"$nulls":8},"Encargos Sociais e Trabalhistas - Média Móvel - Sobre Salário",{"$nulls":4},126.84,null,14.144436000000001]
[{"$nulls":8},"Encargos Sociais e Trabalhistas - Média Móvel - Sobre Periculosidade/Insalubridade",{"$nulls":4},126.84,null,3.5007839999999999]
[{"$nulls":8},"Total Encargos Sociais e Trabalhistas - Média Móvel",{"$nulls":4},126.84,null,17.645219999999998]
[{"$nulls":8},"Encargos Complementares",{"$nulls":4}," %",null,"R$"]
[{"$nulls":8},"Alimentação",{"$nulls":4},42.97,null,4.792071]
[{"$nulls":8},"EPI",{"$nulls":4},3.46,null,0.386098]
[{"$nulls":8},"Ferramenta",{"$nulls":4},0,null,0]
[{"$nulls":8},"Transporte",{"$nulls":4},0,null,0]
[{"$nulls":8},"Consulta Ocupacional",{"$nulls":4},0.45,null,5.0301999999999999E-2]
[{"$nulls":8},"Total Encargos Complementares",{"$nulls":4},46.88,null,5.2284709999999999]
[{"$nulls":8},"Encargos Adicionais",{"$nulls":4}," %",null,"R$"]
[{"$nulls":8},"Cesta Básica",{"$nulls":4},0,null,0]
[{"$nulls":8},"Assistência Médica",{"$nulls":4},0,null,0]
[{"$nulls":8},"Seguro de Vida",{"$nulls":4},0.49,null,5.4688000000000001E-2]
[{"$nulls":8},"Desgaste Orgânico",{"$nulls":4},0,null,0]
[{"$nulls":8},"Adicional de Confinamento",{"$nulls":4},0,null,0]
[{"$nulls":8},"Total Encargos Adicionais",{"$nulls":4},0.49,null,5.4688000000000001E-2]
[{"$nulls":8},"Encargos Totais",{"$nulls":4},205.60990000000001,null,22.928379]
[{"$nulls":8},"Custo Total",{"$nulls":6},36.839700000000001]
[{"$nulls":8},"Código",null,"Descrição",null,null,"Unidade",null,"Salário \n(R$)"]
[{"$nulls":8},"P9927",null,"Frentista de túnel com periculosidade",null,null,"h",null,7.1542000000000003]
[]
[{"$nulls":8},"Encargos Sociais e Trabalhistas - abril/2025",{"$nulls":4}," %"]
[{"$nulls":8},"Grupo A - Encargos Sociais"]
[{"$nulls":8},"Previdência Social",{"$nulls":4},20]
[{"$nulls":8},"FGTS",{"$nulls":4},8]
[{"$nulls":8},"Salário Educação",{"$nulls":4},2.5]
[{"$nulls":8},"SESC ou SESI",{"$nulls":4},1.5]
[{"$nulls":8},"SENAI / SEBRAE",{"$nulls":4},1.6]
[{"$nulls":8},"INCRA",{"$nulls":4},0.2]
[{"$nulls":8},"Seguro Contra Risco e Acidente de Trabalho",{"$nulls":4},3]
[{"$nulls":8},"SECONCI",{"$nulls":4},0]
[{"$nulls":8},"FAE - Financiamento de Aposentadoria Especial",{"$nulls":4},0]
[{"$nulls":8},"Total Grupo A",{"$nulls":4},36.799999999999997]
[{"$nulls":8},"Grupo B - Encargos Trabalhistas"]
[{"$nulls":8},"Repouso Semanal Remunerado - Domingos",{"$nulls":4},17.797283109999999]
[{"$nulls":8},"Feriados",{"$nulls":4},4.92230832]
[{"$nulls":8},"Férias Gozadas + 1/3",{"$nulls":4},8.8230619999999996E-2]
[{"$nulls":8},"Auxílio Enfermidade",{"$nulls":4},0.92146187999999996]
[{"$nulls":8},"Auxílio Acidente de Trabalho",{"$nulls":4},4.9094239999999997E-2]
[{"$nulls":8},"Licença Paternidade",{"$nulls":4},9.9054519999999993E-2]
[{"$nulls":8},"13° Salário",{"$nulls":4},9.2415410399999995]
[{"$nulls":8},"Faltas Justificadas",{"$nulls":4},0.74273650999999996]
[{"$nulls":8},"Férias sobre Licença Maternidade",{"$nulls":4},7.0639199999999996E-3]
[{"$nulls":8},"Reciclagem Tecnológica",{"$nulls":4},0]
[{"$nulls":8},"Total Grupo B",{"$nulls":4},33.868774170000002]
[{"$nulls":8},"Grupo C - Verbas Rescisórias"]
[{"$nulls":8},"Aviso Prévio Indenizado",{"$nulls":4},8.1909268500000003]
[{"$nulls":8},"Aviso Prévio Trabalhado",{"$nulls":4},0.22564639]
[{"$nulls":8},"Férias Indenizadas + 1/3",{"$nulls":4},12.2338241]
[{"$nulls":8},"Depósito por Rescisão Sem Justa Causa",{"$nulls":4},4.28380077]
[{"$nulls":8},"Indenização Adicional",{"$nulls":4},0.92842064000000002]
[{"$nulls":8},"Total Grupo C",{"$nulls":4},25.862618749999999]
[{"$nulls":8},"Grupo D - Verbas Rescisórias"]
[{"$nulls":8},"Reincidência de A sobre B",{"$nulls":4},12.4637089]
[{"$nulls":8},"Reincidência de A sobre Aviso Prévio Trabalhado + Reincidência de FGTS sobre Aviso Prévio Indenizado",{"$nulls":4},0.73831201999999996]
[{"$nulls":8},"Total Grupo D",{"$nulls":4},13.202020920000001]
[{"$nulls":8},"Total Encargos Sociais e Trabalhistas - abril/2025",{"$nulls":4},109.73]
[{"$nulls":8},"Periculosidade/Insalubridade",{"$nulls":4}," %",null,"R$"]
[{"$nulls":8},"Total Periculosidade/Insalubridade",{"$nulls":4},30,null,2.1463000000000001]
[{"$nulls":8},"Encargos Sociais e Trabalhistas - Média Móvel",{"$nulls":4}," %",null,"R$"]
[{"$nulls":8},"Encargos Sociais e Trabalhistas - Média Móvel - Sobre Salário",{"$nulls":4},109.43,null,7.8288409999999997]
[{"$nulls":8},"Encargos Sociais e Trabalhistas - Média Móvel - Sobre Periculosidade/Insalubridade",{"$nulls":4},109.43,null,2.3486959999999999]
[{"$nulls":8},"Total Encargos Sociais e Trabalhistas - Média Móvel",{"$nulls":4},109.43,null,10.177536999999999]
[{"$nulls":8},"Encargos Complementares",{"$nulls":4}," %",null,"R$"]
[{"$nulls":8},"Alimentação",{"$nulls":4},50.51,null,3.6132550000000001]
[{"$nulls":8},"EPI",{"$nulls":4},10.34,null,0.73990100000000003]
[{"$nulls":8},"Ferramenta",{"$nulls":4},1.05,null,7.5301000000000007E-2]
[{"$nulls":8},"Transporte",{"$nulls":4},13.67,null,0.97811700000000001]
[{"$nulls":8},"Consulta Ocupacional",{"$nulls":4},1.18,null,8.4463999999999997E-2]
[{"$nulls":8},"Total Encargos Complementares",{"$nulls":4},76.75,null,5.4910379999999996]
[{"$nulls":8},"Encargos Adicionais",{"$nulls":4}," %",null,"R$"]
[{"$nulls":8},"Cesta Básica",{"$nulls":4},32.090000000000003,null,2.2960159999999998]
[{"$nulls":8},"Assistência Médica",{"$nulls":4},0,null,0]
[{"$nulls":8},"Seguro de Vida",{"$nulls":4},0.04,null,2.7399999999999998E-3]
[{"$nulls":8},"Desgaste Orgânico",{"$nulls":4},0,null,0]
[{"$nulls":8},"Adicional de Confinamento",{"$nulls":4},0,null,0]
[{"$nulls":8},"Total Encargos Adicionais",{"$nulls":4},32.130000000000003,null,2.298756]
[{"$nulls":8},"Encargos Totais",{"$nulls":4},251.1438,null,17.967331000000001]
[{"$nulls":8},"Custo Total",{"$nulls":6},27.267700000000001]
[{"$nulls":8},"Código",null,"Descrição",null,null,"Unidade",null,"Salário \n(R$)"]
[{"$nulls":8},"P9930",null,"Eletricista com periculosidade",null,null,"h",null,11.319699999999999]
[]
[{"$nulls":8},"Encargos Sociais e Trabalhistas - abril/2025",{"$nulls":4}," %"]
[{"$nulls":8},"Grupo A - Encargos Sociais"]
[{"$nulls":8},"Previdência Social",{"$nulls":4},20]
[{"$nulls":8},"FGTS",{"$nulls":4},8]
[{"$nulls":8},"Salário Educação",{"$nulls":4},2.5]
[{"$nulls":8},"SESC ou SESI",{"$nulls":4},1.5]
[{"$nulls":8},"SENAI / SEBRAE",{"$nulls":4},1.6]
[{"$nulls":8},"INCRA",{"$nulls":4},0.2]
[{"$nulls":8},"Seguro Contra Risco e Acidente de Trabalho",{"$nulls":4},3]
[{"$nulls":8},"SECONCI",{"$nulls":4},0]
[{"$nulls":8},"FAE - Financiamento de Aposentadoria Especial",{"$nulls":4},0]
[{"$nulls":8},"Total Grupo A",{"$nulls":4},36.799999999999997]
[{"$nulls":8},"Grupo B - Encargos Trabalhistas"]
[{"$nulls":8},"Repouso Semanal Remunerado - Domingos",{"$nulls":4},18.320332610000001]
[{"$nulls":8},"Feriados",{"$nulls":4},5.0692804899999997]
[{"$nulls":8},"Férias Gozadas + 1/3",{"$nulls":4},4.1536560299999996]
[{"$nulls":8},"Auxílio Enfermidade",{"$nulls":4},0.92135509000000004]
[{"$nulls":8},"Auxílio Acidente de Trabalho",{"$nulls":4},4.9088550000000002E-2]
[{"$nulls":8},"Licença Paternidade",{"$nulls":4},9.2915129999999999E-2]
[{"$nulls":8},"13° Salário",{"$nulls":4},9.2404700500000008]
[{"$nulls":8},"Faltas Justificadas",{"$nulls":4},0.74265044000000002]
[{"$nulls":8},"Férias sobre Licença Maternidade",{"$nulls":4},1.61315E-3]
[{"$nulls":8},"Reciclagem Tecnológica",{"$nulls":4},0]
[{"$nulls":8},"Total Grupo B",{"$nulls":4},38.591361550000002]
[{"$nulls":8},"Grupo C - Verbas Rescisórias"]
[{"$nulls":8},"Aviso Prévio Indenizado",{"$nulls":4},5.4686754000000004]
[{"$nulls":8},"Aviso Prévio Trabalhado",{"$nulls":4},0.15065290000000001]
[{"$nulls":8},"Férias Indenizadas + 1/3",{"$nulls":4},8.1669707099999993]
[{"$nulls":8},"Depósito por Rescisão Sem Justa Causa",{"$nulls":4},4.4349235699999996]
[{"$nulls":8},"Indenização Adicional",{"$nulls":4},0.92831304999999997]
[{"$nulls":8},"Total Grupo C",{"$nulls":4},19.149535620000002]
[{"$nulls":8},"Grupo D - Verbas Rescisórias"]
[{"$nulls":8},"Reincidência de A sobre B",{"$nulls":4},14.20162105]
[{"$nulls":8},"Reincidência de A sobre Aviso Prévio Trabalhado + Reincidência de FGTS sobre Aviso Prévio Indenizado",{"$nulls":4},0.49293429999999999]
[{"$nulls":8},"Total Grupo D",{"$nulls":4},14.69455535]
[{"$nulls":8},"Total Encargos Sociais e Trabalhistas - abril/2025",{"$nulls":4},109.24]
[{"$nulls":8},"Periculosidade/Insalubridade",{"$nulls":4}," %",null,"R$"]
[{"$nulls":8},"Total Periculosidade/Insalubridade",{"$nulls":4},30,null,3.3959000000000001]
[{"$nulls":8},"Encargos Sociais e Trabalhistas - Média Móvel",{"$nulls":4}," %",null,"R$"]
[{"$nulls":8},"Encargos Sociais e Trabalhistas - Média Móvel - Sobre Salário",{"$nulls":4},109.18,null,12.358848]
[{"$nulls":8},"Encargos Sociais e Trabalhistas - Média Móvel - Sobre Periculosidade/Insalubridade",{"$nulls":4},109.18,null,3.7076440000000002]
[{"$nulls":8},"Total Encargos Sociais e Trabalhistas - Média Móvel",{"$nulls":4},109.18,null,16.066492]
[{"$nulls":8},"Encargos Complementares",{"$nulls":4}," %",null,"R$"]
[{"$nulls":8},"Alimentação",{"$nulls":4},31.92,null,3.6132550000000001]
[{"$nulls":8},"EPI",{"$nulls":4},6.85,null,0.77524800000000005]
[{"$nulls":8},"Ferramenta",{"$nulls":4},1.03,null,0.117147]
[{"$nulls":8},"Transporte",{"$nulls":4},8.64,null,0.97811700000000001]
[{"$nulls":8},"Consulta Ocupacional",{"$nulls":4},0.5,null,5.6391999999999998E-2]
[{"$nulls":8},"Total Encargos Complementares",{"$nulls":4},48.94,null,5.5401590000000001]
[{"$nulls":8},"Encargos Adicionais",{"$nulls":4}," %",null,"R$"]
[{"$nulls":8},"Cesta Básica",{"$nulls":4},20.28,null,2.2960159999999998]
[{"$nulls":8},"Assistência Médica",{"$nulls":4},0,null,0]
[{"$nulls":8},"Seguro de Vida",{"$nulls":4},0.02,null,2.7399999999999998E-3]
[{"$nulls":8},"Desgaste Orgânico",{"$nulls":4},0,null,0]
[{"$nulls":8},"Adicional de Confinamento",{"$nulls":4},0,null,0]
[{"$nulls":8},"Total Encargos Adicionais",{"$nulls":4},20.3,null,2.298756]
[{"$nulls":8},"Encargos Totais",{"$nulls":4},211.1841,null,23.905407]
[{"$nulls":8},"Custo Total",{"$nulls":6},38.621000000000002]
[{"$nulls":8},"Código",null,"Descrição",null,null,"Unidade",null,"Salário \n(R$)"]
[{"$nulls":8},"P9931",null,"Operador de equipamento de mergulho",null,null,"h",null,20.8002]
[]
[{"$nulls":8},"Encargos Sociais e Trabalhistas - abril/2025",{"$nulls":4}," %"]
[{"$nulls":8},"Grupo A - Encargos Sociais"]
[{"$nulls":8},"Previdência Social",{"$nulls":4},20]
[{"$nulls":8},"FGTS",{"$nulls":4},8]
[{"$nulls":8},"Salário Educação",{"$nulls":4},2.5]
[{"$nulls":8},"SESC ou SESI",{"$nulls":4},1.5]
[{"$nulls":8},"SENAI / SEBRAE",{"$nulls":4},1.6]
[{"$nulls":8},"INCRA",{"$nulls":4},0.2]
[{"$nulls":8},"Seguro Contra Risco e Acidente de Trabalho",{"$nulls":4},3]
[{"$nulls":8},"SECONCI",{"$nulls":4},0.41481480999999998]
[{"$nulls":8},"FAE - Financiamento de Aposentadoria Especial",{"$nulls":4},12]
[{"$nulls":8},"Total Grupo A",{"$nulls":4},49.21481481]
[{"$nulls":8},"Grupo B - Encargos Trabalhistas"]
[{"$nulls":8},"Repouso Semanal Remunerado - Domingos",{"$nulls":4},18.747190979999999]
[{"$nulls":8},"Feriados",{"$nulls":4},5.1892194199999997]
[{"$nulls":8},"Férias Gozadas + 1/3",{"$nulls":4},7.4636818500000004]
[{"$nulls":8},"Auxílio Enfermidade",{"$nulls":4},0.90861729999999996]
[{"$nulls":8},"Auxílio Acidente de Trabalho",{"$nulls":4},5.0926109999999997E-2]
[{"$nulls":8},"Licença Paternidade",{"$nulls":4},9.6466830000000003E-2]
[{"$nulls":8},"13° Salário",{"$nulls":4},9.2401161399999996]
[{"$nulls":8},"Faltas Justificadas",{"$nulls":4},0.74262198999999995]
[{"$nulls":8},"Férias sobre Licença Maternidade",{"$nulls":4},5.084E-3]
[{"$nulls":8},"Reciclagem Tecnológica",{"$nulls":4},0]
[{"$nulls":8},"Total Grupo B",{"$nulls":4},42.443924619999997]
[{"$nulls":8},"Grupo C - Verbas Rescisórias"]
[{"$nulls":8},"Aviso Prévio Indenizado",{"$nulls":4},3.5477035400000001]
[{"$nulls":8},"Aviso Prévio Trabalhado",{"$nulls":4},8.9588879999999996E-2]
[{"$nulls":8},"Férias Indenizadas + 1/3",{"$nulls":4},4.8564730000000003]
[{"$nulls":8},"Depósito por Rescisão Sem Justa Causa",{"$nulls":4},4.55820559]
[{"$nulls":8},"Indenização Adicional",{"$nulls":4},0.92827749000000004]
[{"$nulls":8},"Total Grupo C",{"$nulls":4},13.980248489999999]
[{"$nulls":8},"Grupo D - Verbas Rescisórias"]
[{"$nulls":8},"Reincidência de A sobre B",{"$nulls":4},20.888698900000001]
[{"$nulls":8},"Reincidência de A sobre Aviso Prévio Trabalhado + Reincidência de FGTS sobre Aviso Prévio Indenizado",{"$nulls":4},0.32790728000000002]
[{"$nulls":8},"Total Grupo D",{"$nulls":4},21.21660619]
[{"$nulls":8},"Total Encargos Sociais e Trabalhistas - abril/2025",{"$nulls":4},126.86]
[{"$nulls":8},"Periculosidade/Insalubridade",{"$nulls":4}," %",null,"R$"]
[{"$nulls":8},"Total Periculosidade/Insalubridade",{"$nulls":4},13.27,null,2.76]
[{"$nulls":8},"Encargos Sociais e Trabalhistas - Média Móvel",{"$nulls":4}," %",null,"R$"]
[{"$nulls":8},"Encargos Sociais e Trabalhistas - Média Móvel - Sobre Salário",{"$nulls":4},126.84,null,26.382974000000001]
[{"$nulls":8},"Encargos Sociais e Trabalhistas - Média Móvel - Sobre Periculosidade/Insalubridade",{"$nulls":4},126.84,null,3.5007839999999999]
[{"$nulls":8},"Total Encargos Sociais e Trabalhistas - Média Móvel",{"$nulls":4},126.84,null,29.883758]
[{"$nulls":8},"Encargos Complementares",{"$nulls":4}," %",null,"R$"]
[{"$nulls":8},"Alimentação",{"$nulls":4},23.04,null,4.792071]
[{"$nulls":8},"EPI",{"$nulls":4},1.86,null,0.386098]
[{"$nulls":8},"Ferramenta",{"$nulls":4},0,null,0]
[{"$nulls":8},"Transporte",{"$nulls":4},0,null,0]
[{"$nulls":8},"Consulta Ocupacional",{"$nulls":4},0.24,null,5.0301999999999999E-2]
[{"$nulls":8},"Total Encargos Complementares",{"$nulls":4},25.14,null,5.2284709999999999]
[{"$nulls":8},"Encargos Adicionais",{"$nulls":4}," %",null,"R$"]
[{"$nulls":8},"Cesta Básica",{"$nulls":4},0,null,0]
[{"$nulls":8},"Assistência Médica",{"$nulls":4},0,null,0]
[{"$nulls":8},"Seguro de Vida",{"$nulls":4},0.26,null,5.4688000000000001E-2]
[{"$nulls":8},"Desgaste Orgânico",{"$nulls":4},0,null,0]
[{"$nulls":8},"Adicional de Confinamento",{"$nulls":4},0,null,0]
[{"$nulls":8},"Total Encargos Adicionais",{"$nulls":4},0.26,null,5.4688000000000001E-2]
[{"$nulls":8},"Encargos Totais",{"$nulls":4},169.0701,null,35.166916999999998]
[{"$nulls":8},"Custo Total",{"$nulls":6},58.7273]
[{"$nulls":8},"Código",null,"Descrição",null,null,"Unidade",null,"Salário \n(R$)"]
[{"$nulls":8},"P9932",null,"Operador de equipamento pesado com periculosidade",null,null,"h",null,13.558299999999999]
[]
[{"$nulls":8},"Encargos Sociais e Trabalhistas - abril/2025",{"$nulls":4}," %"]
[{"$nulls":8},"Grupo A - Encargos Sociais"]
[{"$nulls":8},"Previdência Social",{"$nulls":4},20]
[{"$nulls":8},"FGTS",{"$nulls":4},8]
[{"$nulls":8},"Salário Educação",{"$nulls":4},2.5]
[{"$nulls":8},"SESC ou SESI",{"$nulls":4},1.5]
[{"$nulls":8},"SENAI / SEBRAE",{"$nulls":4},1.6]
[{"$nulls":8},"INCRA",{"$nulls":4},0.2]
[{"$nulls":8},"Seguro Contra Risco e Acidente de Trabalho",{"$nulls":4},3]
[{"$nulls":8},"SECONCI",{"$nulls":4},0]
[{"$nulls":8},"FAE - Financiamento de Aposentadoria Especial",{"$nulls":4},0]
[{"$nulls":8},"Total Grupo A",{"$nulls":4},36.799999999999997]
[{"$nulls":8},"Grupo B - Encargos Trabalhistas"]
[{"$nulls":8},"Repouso Semanal Remunerado - Domingos",{"$nulls":4},17.888026610000001]
[{"$nulls":8},"Feriados",{"$nulls":4},4.9478133900000003]
[{"$nulls":8},"Férias Gozadas + 1/3",{"$nulls":4},0.80580246]
[{"$nulls":8},"Auxílio Enfermidade",{"$nulls":4},0.92136127999999995]
[{"$nulls":8},"Auxílio Acidente de Trabalho",{"$nulls":4},4.9088880000000001E-2]
[{"$nulls":8},"Licença Paternidade",{"$nulls":4},9.4141009999999997E-2]
[{"$nulls":8},"13° Salário",{"$nulls":4},9.2405321499999999]
[{"$nulls":8},"Faltas Justificadas",{"$nulls":4},0.74265543000000001]
[{"$nulls":8},"Férias sobre Licença Maternidade",{"$nulls":4},1.0609599999999999E-3]
[{"$nulls":8},"Reciclagem Tecnológica",{"$nulls":4},0]
[{"$nulls":8},"Total Grupo B",{"$nulls":4},34.690482179999997]
[{"$nulls":8},"Grupo C - Verbas Rescisórias"]
[{"$nulls":8},"Aviso Prévio Indenizado",{"$nulls":4},7.7104312100000003]
[{"$nulls":8},"Aviso Prévio Trabalhado",{"$nulls":4},0.21240954000000001]
[{"$nulls":8},"Férias Indenizadas + 1/3",{"$nulls":4},11.51490707]
[{"$nulls":8},"Depósito por Rescisão Sem Justa Causa",{"$nulls":4},4.3100954299999996]
[{"$nulls":8},"Indenização Adicional",{"$nulls":4},0.92831927999999997]
[{"$nulls":8},"Total Grupo C",{"$nulls":4},24.67616254]
[{"$nulls":8},"Grupo D - Verbas Rescisórias"]
[{"$nulls":8},"Reincidência de A sobre B",{"$nulls":4},12.766097439999999]
[{"$nulls":8},"Reincidência de A sobre Aviso Prévio Trabalhado + Reincidência de FGTS sobre Aviso Prévio Indenizado",{"$nulls":4},0.69500121000000004]
[{"$nulls":8},"Total Grupo D",{"$nulls":4},13.46109865]
[{"$nulls":8},"Total Encargos Sociais e Trabalhistas - abril/2025",{"$nulls":4},109.63]
[{"$nulls":8},"Periculosidade/Insalubridade",{"$nulls":4}," %",null,"R$"]
[{"$nulls":8},"Total Periculosidade/Insalubridade",{"$nulls":4},30,null,4.0674999999999999]
[{"$nulls":8},"Encargos Sociais e Trabalhistas - Média Móvel",{"$nulls":4}," %",null,"R$"]
[{"$nulls":8},"Encargos Sociais e Trabalhistas - Média Móvel - Sobre Salário",{"$nulls":4},109.43,null,14.836848]
[{"$nulls":8},"Encargos Sociais e Trabalhistas - Média Móvel - Sobre Periculosidade/Insalubridade",{"$nulls":4},109.43,null,4.4510649999999998]
[{"$nulls":8},"Total Encargos Sociais e Trabalhistas - Média Móvel",{"$nulls":4},109.43,null,19.287913]
[{"$nulls":8},"Encargos Complementares",{"$nulls":4}," %",null,"R$"]
[{"$nulls":8},"Alimentação",{"$nulls":4},26.65,null,3.6132550000000001]
[{"$nulls":8},"EPI",{"$nulls":4},2.63,null,0.35619000000000001]
[{"$nulls":8},"Ferramenta",{"$nulls":4},0,null,0]
[{"$nulls":8},"Transporte",{"$nulls":4},7.21,null,0.97811700000000001]
[{"$nulls":8},"Consulta Ocupacional",{"$nulls":4},0.59,null,7.9508999999999996E-2]
[{"$nulls":8},"Total Encargos Complementares",{"$nulls":4},37.08,null,5.0270710000000003]
[{"$nulls":8},"Encargos Adicionais",{"$nulls":4}," %",null,"R$"]
[{"$nulls":8},"Cesta Básica",{"$nulls":4},16.93,null,2.2960159999999998]
[{"$nulls":8},"Assistência Médica",{"$nulls":4},0,null,0]
[{"$nulls":8},"Seguro de Vida",{"$nulls":4},0.02,null,2.7399999999999998E-3]
[{"$nulls":8},"Desgaste Orgânico",{"$nulls":4},0,null,0]
[{"$nulls":8},"Adicional de Confinamento",{"$nulls":4},0,null,0]
[{"$nulls":8},"Total Encargos Adicionais",{"$nulls":4},16.95,null,2.298756]
[{"$nulls":8},"Encargos Totais",{"$nulls":4},196.2911,null,26.61374]
[{"$nulls":8},"Custo Total",{"$nulls":6},44.2395]
[{"$nulls":8},"Código",null,"Descrição",null,null,"Unidade",null,"Salário \n(R$)"]
[{"$nulls":8},"P9933",null,"Supervisor de mergulho raso",null,null,"mês",null,4576.0511999999999]
[]
[{"$nulls":8},"Encargos Sociais e Trabalhistas - abril/2025",{"$nulls":4}," %"]
[{"$nulls":8},"Grupo A - Encargos Sociais"]
[{"$nulls":8},"Previdência Social",{"$nulls":4},20]
[{"$nulls":8},"FGTS",{"$nulls":4},8]
[{"$nulls":8},"Salário Educação",{"$nulls":4},2.5]
[{"$nulls":8},"SESC ou SESI",{"$nulls":4},1.5]
[{"$nulls":8},"SENAI / SEBRAE",{"$nulls":4},1.6]
[{"$nulls":8},"INCRA",{"$nulls":4},0.2]
[{"$nulls":8},"Seguro Contra Risco e Acidente de Trabalho",{"$nulls":4},3]
[{"$nulls":8},"SECONCI",{"$nulls":4},0.41481480999999998]
[{"$nulls":8},"FAE - Financiamento de Aposentadoria Especial",{"$nulls":4},12]
[{"$nulls":8},"Total Grupo A",{"$nulls":4},49.21481481]
[{"$nulls":8},"Grupo B - Encargos Trabalhistas"]
[{"$nulls":8},"Repouso Semanal Remunerado - Domingos",{"$nulls":4},0]
[{"$nulls":8},"Feriados",{"$nulls":4},0]
[{"$nulls":8},"Férias Gozadas + 1/3",{"$nulls":4},7.4636818500000004]
[{"$nulls":8},"Auxílio Enfermidade",{"$nulls":4},0.90861729999999996]
[{"$nulls":8},"Auxílio Acidente de Trabalho",{"$nulls":4},5.0926109999999997E-2]
[{"$nulls":8},"Licença Paternidade",{"$nulls":4},9.6466830000000003E-2]
[{"$nulls":8},"13° Salário",{"$nulls":4},9.2401161399999996]
[{"$nulls":8},"Faltas Justificadas",{"$nulls":4},0.74262198999999995]
[{"$nulls":8},"Férias sobre Licença Maternidade",{"$nulls":4},5.084E-3]
[{"$nulls":8},"Reciclagem Tecnológica",{"$nulls":4},0]
[{"$nulls":8},"Total Grupo B",{"$nulls":4},18.507514230000002]
[{"$nulls":8},"Grupo C - Verbas Rescisórias"]
[{"$nulls":8},"Aviso Prévio Indenizado",{"$nulls":4},3.5477035400000001]
[{"$nulls":8},"Aviso Prévio Trabalhado",{"$nulls":4},8.9588879999999996E-2]
[{"$nulls":8},"Férias Indenizadas + 1/3",{"$nulls":4},4.8564730000000003]
[{"$nulls":8},"Depósito por Rescisão Sem Justa Causa",{"$nulls":4},3.7922404599999999]
[{"$nulls":8},"Indenização Adicional",{"$nulls":4},0.92827749000000004]
[{"$nulls":8},"Total Grupo C",{"$nulls":4},13.21428336]
[{"$nulls":8},"Grupo D - Verbas Rescisórias"]
[{"$nulls":8},"Reincidência de A sobre B",{"$nulls":4},9.1084388500000006]
[{"$nulls":8},"Reincidência de A sobre Aviso Prévio Trabalhado + Reincidência de FGTS sobre Aviso Prévio Indenizado",{"$nulls":4},0.32790728000000002]
[{"$nulls":8},"Total Grupo D",{"$nulls":4},9.4363461399999995]
[{"$nulls":8},"Total Encargos Sociais e Trabalhistas - abril/2025",{"$nulls":4},90.37]
[{"$nulls":8},"Periculosidade/Insalubridade",{"$nulls":4}," %",null,"R$"]
[{"$nulls":8},"Total Periculosidade/Insalubridade",{"$nulls":4},13.27,null,607.20000000000005]
[{"$nulls":8},"Encargos Sociais e Trabalhistas - Média Móvel",{"$nulls":4}," %",null,"R$"]
[{"$nulls":8},"Encargos Sociais e Trabalhistas - Média Móvel - Sobre Salário",{"$nulls":4},90.39,null,4136.2926799999996]
[{"$nulls":8},"Encargos Sociais e Trabalhistas - Média Móvel - Sobre Periculosidade/Insalubridade",{"$nulls":4},90.39,null,548.84807999999998]
[{"$nulls":8},"Total Encargos Sociais e Trabalhistas - Média Móvel",{"$nulls":4},90.39,null,4685.1407600000002]
[{"$nulls":8},"Encargos Complementares",{"$nulls":4}," %",null,"R$"]
[{"$nulls":8},"Alimentação",{"$nulls":4},19.11,null,874.50499000000002]
[{"$nulls":8},"EPI",{"$nulls":4},1.54,null,70.458978000000002]
[{"$nulls":8},"Ferramenta",{"$nulls":4},0,null,0]
[{"$nulls":8},"Transporte",{"$nulls":4},0,null,0]
[{"$nulls":8},"Consulta Ocupacional",{"$nulls":4},0.2,null,9.1796830000000007]
[{"$nulls":8},"Total Encargos Complementares",{"$nulls":4},20.85,null,954.14365099999998]
[{"$nulls":8},"Encargos Adicionais",{"$nulls":4}," %",null,"R$"]
[{"$nulls":8},"Cesta Básica",{"$nulls":4},0,null,0]
[{"$nulls":8},"Assistência Médica",{"$nulls":4},0,null,0]
[{"$nulls":8},"Seguro de Vida",{"$nulls":4},0.22,null,9.98]
[{"$nulls":8},"Desgaste Orgânico",{"$nulls":4},0,null,0]
[{"$nulls":8},"Adicional de Confinamento",{"$nulls":4},0,null,0]
[{"$nulls":8},"Total Encargos Adicionais",{"$nulls":4},0.22,null,9.98]
[{"$nulls":8},"Encargos Totais",{"$nulls":4},123.4528,null,5649.2644110000001]
[{"$nulls":8},"Custo Total",{"$nulls":6},10832.556500000001]
[{"$nulls":8},"Código",null,"Descrição",null,null,"Unidade",null,"Salário \n(R$)"]
[{"$nulls":8},"P9934",null,"Motorista de veículo especial com periculosidade",null,null,"h",null,13.6455]
[]
[{"$nulls":8},"Encargos Sociais e Trabalhistas - abril/2025",{"$nulls":4}," %"]
[{"$nulls":8},"Grupo A - Encargos Sociais"]
[{"$nulls":8},"Previdência Social",{"$nulls":4},20]
[{"$nulls":8},"FGTS",{"$nulls":4},8]
[{"$nulls":8},"Salário Educação",{"$nulls":4},2.5]
[{"$nulls":8},"SESC ou SESI",{"$nulls":4},1.5]
[{"$nulls":8},"SENAI / SEBRAE",{"$nulls":4},1.6]
[{"$nulls":8},"INCRA",{"$nulls":4},0.2]
[{"$nulls":8},"Seguro Contra Risco e Acidente de Trabalho",{"$nulls":4},3]
[{"$nulls":8},"SECONCI",{"$nulls":4},0]
[{"$nulls":8},"FAE - Financiamento de Aposentadoria Especial",{"$nulls":4},0]
[{"$nulls":8},"Total Grupo A",{"$nulls":4},36.799999999999997]
[{"$nulls":8},"Grupo B - Encargos Trabalhistas"]
[{"$nulls":8},"Repouso Semanal Remunerado - Domingos",{"$nulls":4},18.178763310000001]
[{"$nulls":8},"Feriados",{"$nulls":4},5.0295063999999998]
[{"$nulls":8},"Férias Gozadas + 1/3",{"$nulls":4},3.0631584900000002]
[{"$nulls":8},"Auxílio Enfermidade",{"$nulls":4},0.92131803999999995]
[{"$nulls":8},"Auxílio Acidente de Trabalho",{"$nulls":4},4.9086579999999998E-2]
[{"$nulls":8},"Licença Paternidade",{"$nulls":4},9.05059E-2]
[{"$nulls":8},"13° Salário",{"$nulls":4},9.2400984400000006]
[{"$nulls":8},"Faltas Justificadas",{"$nulls":4},0.74262057000000004]
[{"$nulls":8},"Férias sobre Licença Maternidade",{"$nulls":4},0]
[{"$nulls":8},"Reciclagem Tecnológica",{"$nulls":4},0]
[{"$nulls":8},"Total Grupo B",{"$nulls":4},37.315057719999999]
[{"$nulls":8},"Grupo C - Verbas Rescisórias"]
[{"$nulls":8},"Aviso Prévio Indenizado",{"$nulls":4},6.1987996499999998]
[{"$nulls":8},"Aviso Prévio Trabalhado",{"$nulls":4},0.17076661000000001]
[{"$nulls":8},"Férias Indenizadas + 1/3",{"$nulls":4},9.2569727700000008]
[{"$nulls":8},"Depósito por Rescisão Sem Justa Causa",{"$nulls":4},4.3940818500000001]
[{"$nulls":8},"Indenização Adicional",{"$nulls":4},0.92827570999999998]
[{"$nulls":8},"Total Grupo C",{"$nulls":4},20.94889658]
[{"$nulls":8},"Grupo D - Verbas Rescisórias"]
[{"$nulls":8},"Reincidência de A sobre B",{"$nulls":4},13.731941239999999]
[{"$nulls":8},"Reincidência de A sobre Aviso Prévio Trabalhado + Reincidência de FGTS sobre Aviso Prévio Indenizado",{"$nulls":4},0.55874608000000003]
[{"$nulls":8},"Total Grupo D",{"$nulls":4},14.290687330000001]
[{"$nulls":8},"Total Encargos Sociais e Trabalhistas - abril/2025",{"$nulls":4},109.35]
[{"$nulls":8},"Periculosidade/Insalubridade",{"$nulls":4}," %",null,"R$"]
[{"$nulls":8},"Total Periculosidade/Insalubridade",{"$nulls":4},30,null,4.0936000000000003]
[{"$nulls":8},"Encargos Sociais e Trabalhistas - Média Móvel",{"$nulls":4}," %",null,"R$"]
[{"$nulls":8},"Encargos Sociais e Trabalhistas - Média Móvel - Sobre Salário",{"$nulls":4},109.45,null,14.935]
[{"$nulls":8},"Encargos Sociais e Trabalhistas - Média Móvel - Sobre Periculosidade/Insalubridade",{"$nulls":4},109.45,null,4.4804449999999996]
[{"$nulls":8},"Total Encargos Sociais e Trabalhistas - Média Móvel",{"$nulls":4},109.45,null,19.415444999999998]
[{"$nulls":8},"Encargos Complementares",{"$nulls":4}," %",null,"R$"]
[{"$nulls":8},"Alimentação",{"$nulls":4},26.48,null,3.6132550000000001]
[{"$nulls":8},"EPI",{"$nulls":4},1.97,null,0.26894200000000001]
[{"$nulls":8},"Ferramenta",{"$nulls":4},0,null,0]
[{"$nulls":8},"Transporte",{"$nulls":4},7.17,null,0.97811700000000001]
[{"$nulls":8},"Consulta Ocupacional",{"$nulls":4},0.47,null,6.3921000000000006E-2]
[{"$nulls":8},"Total Encargos Complementares",{"$nulls":4},36.090000000000003,null,4.9242350000000004]
[{"$nulls":8},"Encargos Adicionais",{"$nulls":4}," %",null,"R$"]
[{"$nulls":8},"Cesta Básica",{"$nulls":4},16.829999999999998,null,2.2960159999999998]
[{"$nulls":8},"Assistência Médica",{"$nulls":4},0,null,0]
[{"$nulls":8},"Seguro de Vida",{"$nulls":4},0.02,null,2.7399999999999998E-3]
[{"$nulls":8},"Desgaste Orgânico",{"$nulls":4},0,null,0]
[{"$nulls":8},"Adicional de Confinamento",{"$nulls":4},0,null,0]
[{"$nulls":8},"Total Encargos Adicionais",{"$nulls":4},16.850000000000001,null,2.298756]
[{"$nulls":8},"Encargos Totais",{"$nulls":4},195.21770000000001,null,26.638435999999999]
[{"$nulls":8},"Custo Total",{"$nulls":6},44.377499999999998]
[{"$nulls":8},"Código",null,"Descrição",null,null,"Unidade",null,"Salário \n(R$)"]
[{"$nulls":8},"P9938",null,"Operador de equipamento leve com periculosidade",null,null,"h",null,9.3154000000000003]
[]
[{"$nulls":8},"Encargos Sociais e Trabalhistas - abril/2025",{"$nulls":4}," %"]
[{"$nulls":8},"Grupo A - Encargos Sociais"]
[{"$nulls":8},"Previdência Social",{"$nulls":4},20]
[{"$nulls":8},"FGTS",{"$nulls":4},8]
[{"$nulls":8},"Salário Educação",{"$nulls":4},2.5]
[{"$nulls":8},"SESC ou SESI",{"$nulls":4},1.5]
[{"$nulls":8},"SENAI / SEBRAE",{"$nulls":4},1.6]
[{"$nulls":8},"INCRA",{"$nulls":4},0.2]
[{"$nulls":8},"Seguro Contra Risco e Acidente de Trabalho",{"$nulls":4},3]
[{"$nulls":8},"SECONCI",{"$nulls":4},0]
[{"$nulls":8},"FAE - Financiamento de Aposentadoria Especial",{"$nulls":4},0]
[{"$nulls":8},"Total Grupo A",{"$nulls":4},36.799999999999997]
[{"$nulls":8},"Grupo B - Encargos Trabalhistas"]
[{"$nulls":8},"Repouso Semanal Remunerado - Domingos",{"$nulls":4},17.888026610000001]
[{"$nulls":8},"Feriados",{"$nulls":4},4.9478133900000003]
[{"$nulls":8},"Férias Gozadas + 1/3",{"$nulls":4},0.80580246]
[{"$nulls":8},"Auxílio Enfermidade",{"$nulls":4},0.92136127999999995]
[{"$nulls":8},"Auxílio Acidente de Trabalho",{"$nulls":4},4.9088880000000001E-2]
[{"$nulls":8},"Licença Paternidade",{"$nulls":4},9.4141009999999997E-2]
[{"$nulls":8},"13° Salário",{"$nulls":4},9.2405321499999999]
[{"$nulls":8},"Faltas Justificadas",{"$nulls":4},0.74265543000000001]
[{"$nulls":8},"Férias sobre Licença Maternidade",{"$nulls":4},1.0609599999999999E-3]
[{"$nulls":8},"Reciclagem Tecnológica",{"$nulls":4},0]
[{"$nulls":8},"Total Grupo B",{"$nulls":4},34.690482179999997]
[{"$nulls":8},"Grupo C - Verbas Rescisórias"]
[{"$nulls":8},"Aviso Prévio Indenizado",{"$nulls":4},7.7104312100000003]
[{"$nulls":8},"Aviso Prévio Trabalhado",{"$nulls":4},0.21240954000000001]
[{"$nulls":8},"Férias Indenizadas + 1/3",{"$nulls":4},11.51490707]
[{"$nulls":8},"Depósito por Rescisão Sem Justa Causa",{"$nulls":4},4.3100954299999996]
[{"$nulls":8},"Indenização Adicional",{"$nulls":4},0.92831927999999997]
[{"$nulls":8},"Total Grupo C",{"$nulls":4},24.67616254]
[{"$nulls":8},"Grupo D - Verbas Rescisórias"]
[{"$nulls":8},"Reincidência de A sobre B",{"$nulls":4},12.766097439999999]
[{"$nulls":8},"Reincidência de A sobre Aviso Prévio Trabalhado + Reincidência de FGTS sobre Aviso Prévio Indenizado",{"$nulls":4},0.69500121000000004]
[{"$nulls":8},"Total Grupo D",{"$nulls":4},13.46109865]
[{"$nulls":8},"Total Encargos Sociais e Trabalhistas - abril/2025",{"$nulls":4},109.63]
[{"$nulls":8},"Periculosidade/Insalubridade",{"$nulls":4}," %",null,"R$"]
[{"$nulls":8},"Total Periculosidade/Insalubridade",{"$nulls":4},30,null,2.7946]
[{"$nulls":8},"Encargos Sociais e Trabalhistas - Média Móvel",{"$nulls":4}," %",null,"R$"]
[{"$nulls":8},"Encargos Sociais e Trabalhistas - Média Móvel - Sobre Salário",{"$nulls":4},109.43,null,10.193842]
[{"$nulls":8},"Encargos Sociais e Trabalhistas - Média Móvel - Sobre Periculosidade/Insalubridade",{"$nulls":4},109.43,null,3.0581309999999999]
[{"$nulls":8},"Total Encargos Sociais e Trabalhistas - Média Móvel",{"$nulls":4},109.43,null,13.251973]
[{"$nulls":8},"Encargos Complementares",{"$nulls":4}," %",null,"R$"]
[{"$nulls":8},"Alimentação",{"$nulls":4},38.79,null,3.6132550000000001]
[{"$nulls":8},"EPI",{"$nulls":4},3.98,null,0.37076599999999998]
[{"$nulls":8},"Ferramenta",{"$nulls":4},0,null,0]
[{"$nulls":8},"Transporte",{"$nulls":4},10.5,null,0.97811700000000001]
[{"$nulls":8},"Consulta Ocupacional",{"$nulls":4},0.85,null,7.9508999999999996E-2]
[{"$nulls":8},"Total Encargos Complementares",{"$nulls":4},54.12,null,5.0416470000000002]
[{"$nulls":8},"Encargos Adicionais",{"$nulls":4}," %",null,"R$"]
[{"$nulls":8},"Cesta Básica",{"$nulls":4},24.65,null,2.2960159999999998]
[{"$nulls":8},"Assistência Médica",{"$nulls":4},0,null,0]
[{"$nulls":8},"Seguro de Vida",{"$nulls":4},0.03,null,2.7399999999999998E-3]
[{"$nulls":8},"Desgaste Orgânico",{"$nulls":4},0,null,0]
[{"$nulls":8},"Adicional de Confinamento",{"$nulls":4},0,null,0]
[{"$nulls":8},"Total Encargos Adicionais",{"$nulls":4},24.68,null,2.298756]
[{"$nulls":8},"Encargos Totais",{"$nulls":4},221.0573,null,20.592376000000002]
[{"$nulls":8},"Custo Total",{"$nulls":6},32.702300000000001]
[{"$nulls":8},"Código",null,"Descrição",null,null,"Unidade",null,"Salário \n(R$)"]
[{"$nulls":8},"P9939",null,"Operador de equipamento leve com insalubridade",null,null,"h",null,9.3154000000000003]
[]
[{"$nulls":8},"Encargos Sociais e Trabalhistas - abril/2025",{"$nulls":4}," %"]
[{"$nulls":8},"Grupo A - Encargos Sociais"]
[{"$nulls":8},"Previdência Social",{"$nulls":4},20]
[{"$nulls":8},"FGTS",{"$nulls":4},8]
[{"$nulls":8},"Salário Educação",{"$nulls":4},2.5]
[{"$nulls":8},"SESC ou SESI",{"$nulls":4},1.5]
[{"$nulls":8},"SENAI / SEBRAE",{"$nulls":4},1.6]
[{"$nulls":8},"INCRA",{"$nulls":4},0.2]
[{"$nulls":8},"Seguro Contra Risco e Acidente de Trabalho",{"$nulls":4},3]
[{"$nulls":8},"SECONCI",{"$nulls":4},0]
[{"$nulls":8},"FAE - Financiamento de Aposentadoria Especial",{"$nulls":4},12]
[{"$nulls":8},"Total Grupo A",{"$nulls":4},48.8]
[{"$nulls":8},"Grupo B - Encargos Trabalhistas"]
[{"$nulls":8},"Repouso Semanal Remunerado - Domingos",{"$nulls":4},17.888026610000001]
[{"$nulls":8},"Feriados",{"$nulls":4},4.9478133900000003]
[{"$nulls":8},"Férias Gozadas + 1/3",{"$nulls":4},0.80580246]
[{"$nulls":8},"Auxílio Enfermidade",{"$nulls":4},0.92136127999999995]
[{"$nulls":8},"Auxílio Acidente de Trabalho",{"$nulls":4},4.9088880000000001E-2]
[{"$nulls":8},"Licença Paternidade",{"$nulls":4},9.4141009999999997E-2]
[{"$nulls":8},"13° Salário",{"$nulls":4},9.2405321499999999]
[{"$nulls":8},"Faltas Justificadas",{"$nulls":4},0.74265543000000001]
[{"$nulls":8},"Férias sobre Licença Maternidade",{"$nulls":4},1.0609599999999999E-3]
[{"$nulls":8},"Reciclagem Tecnológica",{"$nulls":4},0]
[{"$nulls":8},"Total Grupo B",{"$nulls":4},34.690482179999997]
[{"$nulls":8},"Grupo C - Verbas Rescisórias"]
[{"$nulls":8},"Aviso Prévio Indenizado",{"$nulls":4},7.7104312100000003]
[{"$nulls":8},"Aviso Prévio Trabalhado",{"$nulls":4},0.21240954000000001]
[{"$nulls":8},"Férias Indenizadas + 1/3",{"$nulls":4},11.51490707]
[{"$nulls":8},"Depósito por Rescisão Sem Justa Causa",{"$nulls":4},4.3100954299999996]
[{"$nulls":8},"Indenização Adicional",{"$nulls":4},0.92831927999999997]
[{"$nulls":8},"Total Grupo C",{"$nulls":4},24.67616254]
[{"$nulls":8},"Grupo D - Verbas Rescisórias"]
[{"$nulls":8},"Reincidência de A sobre B",{"$nulls":4},16.928955309999999]
[{"$nulls":8},"Reincidência de A sobre Aviso Prévio Trabalhado + Reincidência de FGTS sobre Aviso Prévio Indenizado",{"$nulls":4},0.72049034999999995]
[{"$nulls":8},"Total Grupo D",{"$nulls":4},17.649445660000001]
[{"$nulls":8},"Total Encargos Sociais e Trabalhistas - abril/2025",{"$nulls":4},125.82]
[{"$nulls":8},"Periculosidade/Insalubridade",{"$nulls":4}," %",null,"R$"]
[{"$nulls":8},"Total Periculosidade/Insalubridade",{"$nulls":4},29.63,null,2.76]
[{"$nulls":8},"Encargos Sociais e Trabalhistas - Média Móvel",{"$nulls":4}," %",null,"R$"]
[{"$nulls":8},"Encargos Sociais e Trabalhistas - Média Móvel - Sobre Salário",{"$nulls":4},125.59,null,11.699211]
[{"$nulls":8},"Encargos Sociais e Trabalhistas - Média Móvel - Sobre Periculosidade/Insalubridade",{"$nulls":4},125.59,null,3.4662839999999999]
[{"$nulls":8},"Total Encargos Sociais e Trabalhistas - Média Móvel",{"$nulls":4},125.59,null,15.165495]
[{"$nulls":8},"Encargos Complementares",{"$nulls":4}," %",null,"R$"]
[{"$nulls":8},"Alimentação",{"$nulls":4},38.79,null,3.6132550000000001]
[{"$nulls":8},"EPI",{"$nulls":4},3.98,null,0.37076599999999998]
[{"$nulls":8},"Ferramenta",{"$nulls":4},0,null,0]
[{"$nulls":8},"Transporte",{"$nulls":4},10.5,null,0.97811700000000001]
[{"$nulls":8},"Consulta Ocupacional",{"$nulls":4},0.85,null,7.9508999999999996E-2]
[{"$nulls":8},"Total Encargos Complementares",{"$nulls":4},54.12,null,5.0416470000000002]
[{"$nulls":8},"Encargos Adicionais",{"$nulls":4}," %",null,"R$"]
[{"$nulls":8},"Cesta Básica",{"$nulls":4},24.65,null,2.2960159999999998]
[{"$nulls":8},"Assistência Médica",{"$nulls":4},0,null,0]
[{"$nulls":8},"Seguro de Vida",{"$nulls":4},0.03,null,2.7399999999999998E-3]
[{"$nulls":8},"Desgaste Orgânico",{"$nulls":4},0,null,0]
[{"$nulls":8},"Adicional de Confinamento",{"$nulls":4},0,null,0]
[{"$nulls":8},"Total Encargos Adicionais",{"$nulls":4},24.68,null,2.298756]
[{"$nulls":8},"Encargos Totais",{"$nulls":4},241.59880000000001,null,22.505897999999998]
[{"$nulls":8},"Custo Total",{"$nulls":6},34.581400000000002]
[{"$nulls":8},"Código",null,"Descrição",null,null,"Unidade",null,"Salário \n(R$)"]
[{"$nulls":8},"P9942",null,"Marinheiro de convés com periculosidade",null,null,"h",null,10.8032]
[]
[{"$nulls":8},"Encargos Sociais e Trabalhistas - abril/2025",{"$nulls":4}," %"]
[{"$nulls":8},"Grupo A - Encargos Sociais"]
[{"$nulls":8},"Previdência Social",{"$nulls":4},20]
[{"$nulls":8},"FGTS",{"$nulls":4},8]
[{"$nulls":8},"Salário Educação",{"$nulls":4},2.5]
[{"$nulls":8},"SESC ou SESI",{"$nulls":4},1.5]
[{"$nulls":8},"SENAI / SEBRAE",{"$nulls":4},1.6]
[{"$nulls":8},"INCRA",{"$nulls":4},0.2]
[{"$nulls":8},"Seguro Contra Risco e Acidente de Trabalho",{"$nulls":4},3]
[{"$nulls":8},"SECONCI",{"$nulls":4},0.41481480999999998]
[{"$nulls":8},"FAE - Financiamento de Aposentadoria Especial",{"$nulls":4},0]
[{"$nulls":8},"Total Grupo A",{"$nulls":4},37.21481481]
[{"$nulls":8},"Grupo B - Encargos Trabalhistas"]
[{"$nulls":8},"Repouso Semanal Remunerado - Domingos",{"$nulls":4},18.945511289999999]
[{"$nulls":8},"Feriados",{"$nulls":4},5.2449486199999997]
[{"$nulls":8},"Férias Gozadas + 1/3",{"$nulls":4},9.0103851699999993]
[{"$nulls":8},"Auxílio Enfermidade",{"$nulls":4},0.90854272000000003]
[{"$nulls":8},"Auxílio Acidente de Trabalho",{"$nulls":4},5.0921929999999997E-2]
[{"$nulls":8},"Licença Paternidade",{"$nulls":4},8.9208300000000004E-2]
[{"$nulls":8},"13° Salário",{"$nulls":4},9.2393577100000002]
[{"$nulls":8},"Faltas Justificadas",{"$nulls":4},0.74256104000000001]
[{"$nulls":8},"Férias sobre Licença Maternidade",{"$nulls":4},4.1287199999999998E-3]
[{"$nulls":8},"Reciclagem Tecnológica",{"$nulls":4},0]
[{"$nulls":8},"Total Grupo B",{"$nulls":4},44.2355655]
[{"$nulls":8},"Grupo C - Verbas Rescisórias"]
[{"$nulls":8},"Aviso Prévio Indenizado",{"$nulls":4},2.6187205699999998]
[{"$nulls":8},"Aviso Prévio Trabalhado",{"$nulls":4},6.1042720000000002E-2]
[{"$nulls":8},"Férias Indenizadas + 1/3",{"$nulls":4},3.30875845]
[{"$nulls":8},"Depósito por Rescisão Sem Justa Causa",{"$nulls":4},4.6155381000000002]
[{"$nulls":8},"Indenização Adicional",{"$nulls":4},0.92820130000000001]
[{"$nulls":8},"Total Grupo C",{"$nulls":4},11.53226113]
[{"$nulls":8},"Grupo D - Verbas Rescisórias"]
[{"$nulls":8},"Reincidência de A sobre B",{"$nulls":4},16.46218378]
[{"$nulls":8},"Reincidência de A sobre Aviso Prévio Trabalhado + Reincidência de FGTS sobre Aviso Prévio Indenizado",{"$nulls":4},0.23221458]
[{"$nulls":8},"Total Grupo D",{"$nulls":4},16.694398360000001]
[{"$nulls":8},"Total Encargos Sociais e Trabalhistas - abril/2025",{"$nulls":4},109.68]
[{"$nulls":8},"Periculosidade/Insalubridade",{"$nulls":4}," %",null,"R$"]
[{"$nulls":8},"Total Periculosidade/Insalubridade",{"$nulls":4},30,null,3.2410000000000001]
[{"$nulls":8},"Encargos Sociais e Trabalhistas - Média Móvel",{"$nulls":4}," %",null,"R$"]
[{"$nulls":8},"Encargos Sociais e Trabalhistas - Média Móvel - Sobre Salário",{"$nulls":4},109.69,null,11.85003]
[{"$nulls":8},"Encargos Sociais e Trabalhistas - Média Móvel - Sobre Periculosidade/Insalubridade",{"$nulls":4},109.69,null,3.555053]
[{"$nulls":8},"Total Encargos Sociais e Trabalhistas - Média Móvel",{"$nulls":4},109.69,null,15.405082999999999]
[{"$nulls":8},"Encargos Complementares",{"$nulls":4}," %",null,"R$"]
[{"$nulls":8},"Alimentação",{"$nulls":4},44.36,null,4.792071]
[{"$nulls":8},"EPI",{"$nulls":4},0,null,0]
[{"$nulls":8},"Ferramenta",{"$nulls":4},0,null,0]
[{"$nulls":8},"Transporte",{"$nulls":4},0,null,0]
[{"$nulls":8},"Consulta Ocupacional",{"$nulls":4},0.32,null,3.4273999999999999E-2]
[{"$nulls":8},"Total Encargos Complementares",{"$nulls":4},44.68,null,4.8263449999999999]
[{"$nulls":8},"Encargos Adicionais",{"$nulls":4}," %",null,"R$"]
[{"$nulls":8},"Cesta Básica",{"$nulls":4},15.22,null,1.643926]
[{"$nulls":8},"Assistência Médica",{"$nulls":4},0,null,0]
[{"$nulls":8},"Seguro de Vida",{"$nulls":4},0.25,null,2.7344E-2]
[{"$nulls":8},"Desgaste Orgânico",{"$nulls":4},0,null,0]
[{"$nulls":8},"Adicional de Confinamento",{"$nulls":4},0,null,0]
[{"$nulls":8},"Total Encargos Adicionais",{"$nulls":4},15.47,null,1.67127]
[{"$nulls":8},"Encargos Totais",{"$nulls":4},202.74270000000001,null,21.902698000000001]
[{"$nulls":8},"Custo Total",{"$nulls":6},35.946800000000003]
[{"$nulls":8},"Código",null,"Descrição",null,null,"Unidade",null,"Salário \n(R$)"]
[{"$nulls":8},"P9944",null,"Operador de equipamento especial com periculosidade",null,null,"h",null,18.227799999999998]
[]
[{"$nulls":8},"Encargos Sociais e Trabalhistas - abril/2025",{"$nulls":4}," %"]
[{"$nulls":8},"Grupo A - Encargos Sociais"]
[{"$nulls":8},"Previdência Social",{"$nulls":4},20]
[{"$nulls":8},"FGTS",{"$nulls":4},8]
[{"$nulls":8},"Salário Educação",{"$nulls":4},2.5]
[{"$nulls":8},"SESC ou SESI",{"$nulls":4},1.5]
[{"$nulls":8},"SENAI / SEBRAE",{"$nulls":4},1.6]
[{"$nulls":8},"INCRA",{"$nulls":4},0.2]
[{"$nulls":8},"Seguro Contra Risco e Acidente de Trabalho",{"$nulls":4},3]
[{"$nulls":8},"SECONCI",{"$nulls":4},0]
[{"$nulls":8},"FAE - Financiamento de Aposentadoria Especial",{"$nulls":4},0]
[{"$nulls":8},"Total Grupo A",{"$nulls":4},36.799999999999997]
[{"$nulls":8},"Grupo B - Encargos Trabalhistas"]
[{"$nulls":8},"Repouso Semanal Remunerado - Domingos",{"$nulls":4},17.888026610000001]
[{"$nulls":8},"Feriados",{"$nulls":4},4.9478133900000003]
[{"$nulls":8},"Férias Gozadas + 1/3",{"$nulls":4},0.80580246]
[{"$nulls":8},"Auxílio Enfermidade",{"$nulls":4},0.92136127999999995]
[{"$nulls":8},"Auxílio Acidente de Trabalho",{"$nulls":4},4.9088880000000001E-2]
[{"$nulls":8},"Licença Paternidade",{"$nulls":4},9.4141009999999997E-2]
[{"$nulls":8},"13° Salário",{"$nulls":4},9.2405321499999999]
[{"$nulls":8},"Faltas Justificadas",{"$nulls":4},0.74265543000000001]
[{"$nulls":8},"Férias sobre Licença Maternidade",{"$nulls":4},1.0609599999999999E-3]
[{"$nulls":8},"Reciclagem Tecnológica",{"$nulls":4},0]
[{"$nulls":8},"Total Grupo B",{"$nulls":4},34.690482179999997]
[{"$nulls":8},"Grupo C - Verbas Rescisórias"]
[{"$nulls":8},"Aviso Prévio Indenizado",{"$nulls":4},7.7104312100000003]
[{"$nulls":8},"Aviso Prévio Trabalhado",{"$nulls":4},0.21240954000000001]
[{"$nulls":8},"Férias Indenizadas + 1/3",{"$nulls":4},11.51490707]
[{"$nulls":8},"Depósito por Rescisão Sem Justa Causa",{"$nulls":4},4.3100954299999996]
[{"$nulls":8},"Indenização Adicional",{"$nulls":4},0.92831927999999997]
[{"$nulls":8},"Total Grupo C",{"$nulls":4},24.67616254]
[{"$nulls":8},"Grupo D - Verbas Rescisórias"]
[{"$nulls":8},"Reincidência de A sobre B",{"$nulls":4},12.766097439999999]
[{"$nulls":8},"Reincidência de A sobre Aviso Prévio Trabalhado + Reincidência de FGTS sobre Aviso Prévio Indenizado",{"$nulls":4},0.69500121000000004]
[{"$nulls":8},"Total Grupo D",{"$nulls":4},13.46109865]
[{"$nulls":8},"Total Encargos Sociais e Trabalhistas - abril/2025",{"$nulls":4},109.63]
[{"$nulls":8},"Periculosidade/Insalubridade",{"$nulls":4}," %",null,"R$"]
[{"$nulls":8},"Total Periculosidade/Insalubridade",{"$nulls":4},30,null,5.4683000000000002]
[{"$nulls":8},"Encargos Sociais e Trabalhistas - Média Móvel",{"$nulls":4}," %",null,"R$"]
[{"$nulls":8},"Encargos Sociais e Trabalhistas - Média Móvel - Sobre Salário",{"$nulls":4},109.43,null,19.946681999999999]
[{"$nulls":8},"Encargos Sociais e Trabalhistas - Média Móvel - Sobre Periculosidade/Insalubridade",{"$nulls":4},109.43,null,5.9839609999999999]
[{"$nulls":8},"Total Encargos Sociais e Trabalhistas - Média Móvel",{"$nulls":4},109.43,null,25.930641999999999]
[{"$nulls":8},"Encargos Complementares",{"$nulls":4}," %",null,"R$"]
[{"$nulls":8},"Alimentação",{"$nulls":4},19.82,null,3.6132550000000001]
[{"$nulls":8},"EPI",{"$nulls":4},1.48,null,0.26894200000000001]
[{"$nulls":8},"Ferramenta",{"$nulls":4},0,null,0]
[{"$nulls":8},"Transporte",{"$nulls":4},5.37,null,0.97811700000000001]
[{"$nulls":8},"Consulta Ocupacional",{"$nulls":4},0.44,null,7.9508999999999996E-2]
[{"$nulls":8},"Total Encargos Complementares",{"$nulls":4},27.11,null,4.9398229999999996]
[{"$nulls":8},"Encargos Adicionais",{"$nulls":4}," %",null,"R$"]
[{"$nulls":8},"Cesta Básica",{"$nulls":4},12.6,null,2.2960159999999998]
[{"$nulls":8},"Assistência Médica",{"$nulls":4},0,null,0]
[{"$nulls":8},"Seguro de Vida",{"$nulls":4},0.02,null,2.7399999999999998E-3]
[{"$nulls":8},"Desgaste Orgânico",{"$nulls":4},0,null,0]
[{"$nulls":8},"Adicional de Confinamento",{"$nulls":4},0,null,0]
[{"$nulls":8},"Total Encargos Adicionais",{"$nulls":4},12.62,null,2.298756]
[{"$nulls":8},"Encargos Totais",{"$nulls":4},181.97049999999999,null,33.169221]
[{"$nulls":8},"Custo Total",{"$nulls":6},56.865299999999998]
[{"$nulls":8},"Código",null,"Descrição",null,null,"Unidade",null,"Salário \n(R$)"]
[{"$nulls":8},"P9946",null,"Engenheiro auxiliar",null,null,"mês",null,12903]
[]
[{"$nulls":8},"Encargos Sociais e Trabalhistas - abril/2025",{"$nulls":4}," %"]
[{"$nulls":8},"Grupo A - Encargos Sociais"]
[{"$nulls":8},"Previdência Social",{"$nulls":4},20]
[{"$nulls":8},"FGTS",{"$nulls":4},8]
[{"$nulls":8},"Salário Educação",{"$nulls":4},2.5]
[{"$nulls":8},"SESC ou SESI",{"$nulls":4},1.5]
[{"$nulls":8},"SENAI / SEBRAE",{"$nulls":4},1.6]
[{"$nulls":8},"INCRA",{"$nulls":4},0.2]
[{"$nulls":8},"Seguro Contra Risco e Acidente de Trabalho",{"$nulls":4},3]
[{"$nulls":8},"SECONCI",{"$nulls":4},0.11111111]
[{"$nulls":8},"FAE - Financiamento de Aposentadoria Especial",{"$nulls":4},0]
[{"$nulls":8},"Total Grupo A",{"$nulls":4},36.91111111]
[{"$nulls":8},"Grupo B - Encargos Trabalhistas"]
[{"$nulls":8},"Repouso Semanal Remunerado - Domingos",{"$nulls":4},0]
[{"$nulls":8},"Feriados",{"$nulls":4},0]
[{"$nulls":8},"Férias Gozadas + 1/3",{"$nulls":4},5.9971701599999996]
[{"$nulls":8},"Auxílio Enfermidade",{"$nulls":4},0.89923615999999995]
[{"$nulls":8},"Auxílio Acidente de Trabalho",{"$nulls":4},4.9088029999999998E-2]
[{"$nulls":8},"Licença Paternidade",{"$nulls":4},8.1783759999999997E-2]
[{"$nulls":8},"13° Salário",{"$nulls":4},9.2403718000000001]
[{"$nulls":8},"Faltas Justificadas",{"$nulls":4},0.74264253999999996]
[{"$nulls":8},"Férias sobre Licença Maternidade",{"$nulls":4},3.3737099999999999E-2]
[{"$nulls":8},"Reciclagem Tecnológica",{"$nulls":4},0]
[{"$nulls":8},"Total Grupo B",{"$nulls":4},17.044029550000001]
[{"$nulls":8},"Grupo C - Verbas Rescisórias"]
[{"$nulls":8},"Aviso Prévio Indenizado",{"$nulls":4},4.2341994200000004]
[{"$nulls":8},"Aviso Prévio Trabalhado",{"$nulls":4},0.11664513999999999]
[{"$nulls":8},"Férias Indenizadas + 1/3",{"$nulls":4},6.3233255599999998]
[{"$nulls":8},"Depósito por Rescisão Sem Justa Causa",{"$nulls":4},3.7454089499999998]
[{"$nulls":8},"Indenização Adicional",{"$nulls":4},0.92830316999999996]
[{"$nulls":8},"Total Grupo C",{"$nulls":4},15.34788225]
[{"$nulls":8},"Grupo D - Verbas Rescisórias"]
[{"$nulls":8},"Reincidência de A sobre B",{"$nulls":4},6.2911406899999998]
[{"$nulls":8},"Reincidência de A sobre Aviso Prévio Trabalhado + Reincidência de FGTS sobre Aviso Prévio Indenizado",{"$nulls":4},0.38179097000000001]
[{"$nulls":8},"Total Grupo D",{"$nulls":4},6.6729316599999997]
[{"$nulls":8},"Total Encargos Sociais e Trabalhistas - abril/2025",{"$nulls":4},75.98]
[{"$nulls":8},"Periculosidade/Insalubridade",{"$nulls":4}," %",null,"R$"]
[{"$nulls":8},"Total Periculosidade/Insalubridade",{"$nulls":4},0,null,0]
[{"$nulls":8},"Encargos Sociais e Trabalhistas - Média Móvel",{"$nulls":4}," %",null,"R$"]
[{"$nulls":8},"Encargos Sociais e Trabalhistas - Média Móvel - Sobre Salário",{"$nulls":4},76.05,null,9812.7314999999999]
[{"$nulls":8},"Encargos Sociais e Trabalhistas - Média Móvel - Sobre Periculosidade/Insalubridade",{"$nulls":4},76.05,null,0]
[{"$nulls":8},"Total Encargos Sociais e Trabalhistas - Média Móvel",{"$nulls":4},76.05,null,9812.7314999999999]
[{"$nulls":8},"Encargos Complementares",{"$nulls":4}," %",null,"R$"]
[{"$nulls":8},"Alimentação",{"$nulls":4},5.1100000000000003,null,659.38283200000001]
[{"$nulls":8},"EPI",{"$nulls":4},0.2,null,26.169748999999999]
[{"$nulls":8},"Ferramenta",{"$nulls":4},0,null,0]
[{"$nulls":8},"Transporte",{"$nulls":4},1.38,null,178.49648400000001]
[{"$nulls":8},"Consulta Ocupacional",{"$nulls":4},0.06,null,7.9679929999999999]
[{"$nulls":8},"Total Encargos Complementares",{"$nulls":4},6.75,null,872.01705800000002]
[{"$nulls":8},"Encargos Adicionais",{"$nulls":4}," %",null,"R$"]
[{"$nulls":8},"Cesta Básica",{"$nulls":4},3.25,null,419]
[{"$nulls":8},"Assistência Médica",{"$nulls":4},0,null,0]
[{"$nulls":8},"Seguro de Vida",{"$nulls":4},0,null,0.5]
[{"$nulls":8},"Desgaste Orgânico",{"$nulls":4},0,null,0]
[{"$nulls":8},"Adicional de Confinamento",{"$nulls":4},0,null,0]
[{"$nulls":8},"Total Encargos Adicionais",{"$nulls":4},3.25,null,419.5]
[{"$nulls":8},"Encargos Totais",{"$nulls":4},86.059399999999997,null,11104.248557999999]
[{"$nulls":8},"Custo Total",{"$nulls":6},24007.244299999998]
[{"$nulls":8},"Código",null,"Descrição",null,null,"Unidade",null,"Salário \n(R$)"]
[{"$nulls":8},"P9947",null,"Técnico florestal",null,null,"mês",null,3734.9812999999999]
[]
[{"$nulls":8},"Encargos Sociais e Trabalhistas - abril/2025",{"$nulls":4}," %"]
[{"$nulls":8},"Grupo A - Encargos Sociais"]
[{"$nulls":8},"Previdência Social",{"$nulls":4},20]
[{"$nulls":8},"FGTS",{"$nulls":4},8]
[{"$nulls":8},"Salário Educação",{"$nulls":4},2.5]
[{"$nulls":8},"SESC ou SESI",{"$nulls":4},1.5]
[{"$nulls":8},"SENAI / SEBRAE",{"$nulls":4},1.6]
[{"$nulls":8},"INCRA",{"$nulls":4},0.2]
[{"$nulls":8},"Seguro Contra Risco e Acidente de Trabalho",{"$nulls":4},3]
[{"$nulls":8},"SECONCI",{"$nulls":4},0.41481480999999998]
[{"$nulls":8},"FAE - Financiamento de Aposentadoria Especial",{"$nulls":4},0]
[{"$nulls":8},"Total Grupo A",{"$nulls":4},37.21481481]
[{"$nulls":8},"Grupo B - Encargos Trabalhistas"]
[{"$nulls":8},"Repouso Semanal Remunerado - Domingos",{"$nulls":4},0]
[{"$nulls":8},"Feriados",{"$nulls":4},0]
[{"$nulls":8},"Férias Gozadas + 1/3",{"$nulls":4},2.3029474599999999]
[{"$nulls":8},"Auxílio Enfermidade",{"$nulls":4},0.90935129000000003]
[{"$nulls":8},"Auxílio Acidente de Trabalho",{"$nulls":4},4.9126299999999998E-2]
[{"$nulls":8},"Licença Paternidade",{"$nulls":4},5.8867839999999998E-2]
[{"$nulls":8},"13° Salário",{"$nulls":4},9.2475760000000005]
[{"$nulls":8},"Faltas Justificadas",{"$nulls":4},0.74322153999999996]
[{"$nulls":8},"Férias sobre Licença Maternidade",{"$nulls":4},0.12520126000000001]
[{"$nulls":8},"Reciclagem Tecnológica",{"$nulls":4},0]
[{"$nulls":8},"Total Grupo B",{"$nulls":4},13.436291689999999]
[{"$nulls":8},"Grupo C - Verbas Rescisórias"]
[{"$nulls":8},"Aviso Prévio Indenizado",{"$nulls":4},6.7091110799999996]
[{"$nulls":8},"Aviso Prévio Trabalhado",{"$nulls":4},0.18482483999999999]
[{"$nulls":8},"Férias Indenizadas + 1/3",{"$nulls":4},10.02715388]
[{"$nulls":8},"Depósito por Rescisão Sem Justa Causa",{"$nulls":4},3.62996133]
[{"$nulls":8},"Indenização Adicional",{"$nulls":4},0.92902691999999998]
[{"$nulls":8},"Total Grupo C",{"$nulls":4},21.480078049999999]
[{"$nulls":8},"Grupo D - Verbas Rescisórias"]
[{"$nulls":8},"Reincidência de A sobre B",{"$nulls":4},5.0002910700000003]
[{"$nulls":8},"Reincidência de A sobre Aviso Prévio Trabalhado + Reincidência de FGTS sobre Aviso Prévio Indenizado",{"$nulls":4},0.60551111000000002]
[{"$nulls":8},"Total Grupo D",{"$nulls":4},5.6058021800000004]
[{"$nulls":8},"Total Encargos Sociais e Trabalhistas - abril/2025",{"$nulls":4},77.739999999999995]
[{"$nulls":8},"Periculosidade/Insalubridade",{"$nulls":4}," %",null,"R$"]
[{"$nulls":8},"Total Periculosidade/Insalubridade",{"$nulls":4},0,null,0]
[{"$nulls":8},"Encargos Sociais e Trabalhistas - Média Móvel",{"$nulls":4}," %",null,"R$"]
[{"$nulls":8},"Encargos Sociais e Trabalhistas - Média Móvel - Sobre Salário",{"$nulls":4},77.88,null,2908.8034360000001]
[{"$nulls":8},"Encargos Sociais e Trabalhistas - Média Móvel - Sobre Periculosidade/Insalubridade",{"$nulls":4},77.88,null,0]
[{"$nulls":8},"Total Encargos Sociais e Trabalhistas - Média Móvel",{"$nulls":4},77.88,null,2908.8034360000001]
[{"$nulls":8},"Encargos Complementares",{"$nulls":4}," %",null,"R$"]
[{"$nulls":8},"Alimentação",{"$nulls":4},17.649999999999999,null,659.38283200000001]
[{"$nulls":8},"EPI",{"$nulls":4},1.71,null,63.953294999999997]
[{"$nulls":8},"Ferramenta",{"$nulls":4},0,null,0]
[{"$nulls":8},"Transporte",{"$nulls":4},4.78,null,178.49648400000001]
[{"$nulls":8},"Consulta Ocupacional",{"$nulls":4},0.34,null,12.625327]
[{"$nulls":8},"Total Encargos Complementares",{"$nulls":4},24.48,null,914.45793800000001]
[{"$nulls":8},"Encargos Adicionais",{"$nulls":4}," %",null,"R$"]
[{"$nulls":8},"Cesta Básica",{"$nulls":4},11.22,null,419]
[{"$nulls":8},"Assistência Médica",{"$nulls":4},0,null,0]
[{"$nulls":8},"Seguro de Vida",{"$nulls":4},0.01,null,0.5]
[{"$nulls":8},"Desgaste Orgânico",{"$nulls":4},0,null,0]
[{"$nulls":8},"Adicional de Confinamento",{"$nulls":4},0,null,0]
[{"$nulls":8},"Total Encargos Adicionais",{"$nulls":4},11.23,null,419.5]
[{"$nulls":8},"Encargos Totais",{"$nulls":4},113.59529999999999,null,4242.7613739999997]
[{"$nulls":8},"Custo Total",{"$nulls":6},7977.7444999999998]
[{"$nulls":8},"Código",null,"Descrição",null,null,"Unidade",null,"Salário \n(R$)"]
[{"$nulls":8},"P9948",null,"Motorista de veículo leve - mensalista",null,null,"mês",null,2497]
[]
[{"$nulls":8},"Encargos Sociais e Trabalhistas - abril/2025",{"$nulls":4}," %"]
[{"$nulls":8},"Grupo A - Encargos Sociais"]
[{"$nulls":8},"Previdência Social",{"$nulls":4},20]
[{"$nulls":8},"FGTS",{"$nulls":4},8]
[{"$nulls":8},"Salário Educação",{"$nulls":4},2.5]
[{"$nulls":8},"SESC ou SESI",{"$nulls":4},1.5]
[{"$nulls":8},"SENAI / SEBRAE",{"$nulls":4},1.6]
[{"$nulls":8},"INCRA",{"$nulls":4},0.2]
[{"$nulls":8},"Seguro Contra Risco e Acidente de Trabalho",{"$nulls":4},3]
[{"$nulls":8},"SECONCI",{"$nulls":4},0.11111111]
[{"$nulls":8},"FAE - Financiamento de Aposentadoria Especial",{"$nulls":4},0]
[{"$nulls":8},"Total Grupo A",{"$nulls":4},36.91111111]
[{"$nulls":8},"Grupo B - Encargos Trabalhistas"]
[{"$nulls":8},"Repouso Semanal Remunerado - Domingos",{"$nulls":4},0]
[{"$nulls":8},"Feriados",{"$nulls":4},0]
[{"$nulls":8},"Férias Gozadas + 1/3",{"$nulls":4},6.0452088000000002]
[{"$nulls":8},"Auxílio Enfermidade",{"$nulls":4},0.89898166000000002]
[{"$nulls":8},"Auxílio Acidente de Trabalho",{"$nulls":4},4.9074140000000002E-2]
[{"$nulls":8},"Licença Paternidade",{"$nulls":4},8.3822610000000006E-2]
[{"$nulls":8},"13° Salário",{"$nulls":4},9.2377565799999992]
[{"$nulls":8},"Faltas Justificadas",{"$nulls":4},0.74243236000000001]
[{"$nulls":8},"Férias sobre Licença Maternidade",{"$nulls":4},3.4129799999999999E-3]
[{"$nulls":8},"Reciclagem Tecnológica",{"$nulls":4},0]
[{"$nulls":8},"Total Grupo B",{"$nulls":4},17.06068913]
[{"$nulls":8},"Grupo C - Verbas Rescisórias"]
[{"$nulls":8},"Aviso Prévio Indenizado",{"$nulls":4},4.2008859999999997]
[{"$nulls":8},"Aviso Prévio Trabalhado",{"$nulls":4},0.11572741]
[{"$nulls":8},"Férias Indenizadas + 1/3",{"$nulls":4},6.27179997]
[{"$nulls":8},"Depósito por Rescisão Sem Justa Causa",{"$nulls":4},3.74594205]
[{"$nulls":8},"Indenização Adicional",{"$nulls":4},0.92804045000000002]
[{"$nulls":8},"Total Grupo C",{"$nulls":4},15.26239588]
[{"$nulls":8},"Grupo D - Verbas Rescisórias"]
[{"$nulls":8},"Reincidência de A sobre B",{"$nulls":4},6.2972899199999999]
[{"$nulls":8},"Reincidência de A sobre Aviso Prévio Trabalhado + Reincidência de FGTS sobre Aviso Prévio Indenizado",{"$nulls":4},0.37878715000000002]
[{"$nulls":8},"Total Grupo D",{"$nulls":4},6.6760770799999998]
[{"$nulls":8},"Total Encargos Sociais e Trabalhistas - abril/2025",{"$nulls":4},75.91]
[{"$nulls":8},"Periculosidade/Insalubridade",{"$nulls":4}," %",null,"R$"]
[{"$nulls":8},"Total Periculosidade/Insalubridade",{"$nulls":4},0,null,0]
[{"$nulls":8},"Encargos Sociais e Trabalhistas - Média Móvel",{"$nulls":4}," %",null,"R$"]
[{"$nulls":8},"Encargos Sociais e Trabalhistas - Média Móvel - Sobre Salário",{"$nulls":4},76.069999999999993,null,1899.4679000000001]
[{"$nulls":8},"Encargos Sociais e Trabalhistas - Média Móvel - Sobre Periculosidade/Insalubridade",{"$nulls":4},76.069999999999993,null,0]
[{"$nulls":8},"Total Encargos Sociais e Trabalhistas - Média Móvel",{"$nulls":4},76.069999999999993,null,1899.4679000000001]
[{"$nulls":8},"Encargos Complementares",{"$nulls":4}," %",null,"R$"]
[{"$nulls":8},"Alimentação",{"$nulls":4},26.41,null,659.38283200000001]
[{"$nulls":8},"EPI",{"$nulls":4},1.97,null,49.079245999999998]
[{"$nulls":8},"Ferramenta",{"$nulls":4},0,null,0]
[{"$nulls":8},"Transporte",{"$nulls":4},7.15,null,178.49648400000001]
[{"$nulls":8},"Consulta Ocupacional",{"$nulls":4},0.32,null,7.9053040000000001]
[{"$nulls":8},"Total Encargos Complementares",{"$nulls":4},35.85,null,894.86386600000003]
[{"$nulls":8},"Encargos Adicionais",{"$nulls":4}," %",null,"R$"]
[{"$nulls":8},"Cesta Básica",{"$nulls":4},16.78,null,419]
[{"$nulls":8},"Assistência Médica",{"$nulls":4},0,null,0]
[{"$nulls":8},"Seguro de Vida",{"$nulls":4},0.02,null,0.5]
[{"$nulls":8},"Desgaste Orgânico",{"$nulls":4},0,null,0]
[{"$nulls":8},"Adicional de Confinamento",{"$nulls":4},0,null,0]
[{"$nulls":8},"Total Encargos Adicionais",{"$nulls":4},16.8,null,419.5]
[{"$nulls":8},"Encargos Totais",{"$nulls":4},128.70769999999999,null,3213.8317659999998]
[{"$nulls":8},"Custo Total",{"$nulls":6},5710.8311999999996]
[{"$nulls":8},"Código",null,"Descrição",null,null,"Unidade",null,"Salário \n(R$)"]
[{"$nulls":8},"P9949",null,"Topógrafo",null,null,"mês",null,4239.3999999999996]
[]
[{"$nulls":8},"Encargos Sociais e Trabalhistas - abril/2025",{"$nulls":4}," %"]
[{"$nulls":8},"Grupo A - Encargos Sociais"]
[{"$nulls":8},"Previdência Social",{"$nulls":4},20]
[{"$nulls":8},"FGTS",{"$nulls":4},8]
[{"$nulls":8},"Salário Educação",{"$nulls":4},2.5]
[{"$nulls":8},"SESC ou SESI",{"$nulls":4},1.5]
[{"$nulls":8},"SENAI / SEBRAE",{"$nulls":4},1.6]
[{"$nulls":8},"INCRA",{"$nulls":4},0.2]
[{"$nulls":8},"Seguro Contra Risco e Acidente de Trabalho",{"$nulls":4},3]
[{"$nulls":8},"SECONCI",{"$nulls":4},0.11111111]
[{"$nulls":8},"FAE - Financiamento de Aposentadoria Especial",{"$nulls":4},0]
[{"$nulls":8},"Total Grupo A",{"$nulls":4},36.91111111]
[{"$nulls":8},"Grupo B - Encargos Trabalhistas"]
[{"$nulls":8},"Repouso Semanal Remunerado - Domingos",{"$nulls":4},0]
[{"$nulls":8},"Feriados",{"$nulls":4},0]
[{"$nulls":8},"Férias Gozadas + 1/3",{"$nulls":4},2.5823559899999999]
[{"$nulls":8},"Auxílio Enfermidade",{"$nulls":4},0.89905871999999998]
[{"$nulls":8},"Auxílio Acidente de Trabalho",{"$nulls":4},4.907835E-2]
[{"$nulls":8},"Licença Paternidade",{"$nulls":4},9.5191330000000005E-2]
[{"$nulls":8},"13° Salário",{"$nulls":4},9.2385484200000008]
[{"$nulls":8},"Faltas Justificadas",{"$nulls":4},0.74249600000000004]
[{"$nulls":8},"Férias sobre Licença Maternidade",{"$nulls":4},6.2803999999999996E-4]
[{"$nulls":8},"Reciclagem Tecnológica",{"$nulls":4},0]
[{"$nulls":8},"Total Grupo B",{"$nulls":4},13.60735685]
[{"$nulls":8},"Grupo C - Verbas Rescisórias"]
[{"$nulls":8},"Aviso Prévio Indenizado",{"$nulls":4},6.5204720500000004]
[{"$nulls":8},"Aviso Prévio Trabalhado",{"$nulls":4},0.17962814999999999]
[{"$nulls":8},"Férias Indenizadas + 1/3",{"$nulls":4},9.7357085699999999]
[{"$nulls":8},"Depósito por Rescisão Sem Justa Causa",{"$nulls":4},3.6354354199999999]
[{"$nulls":8},"Indenização Adicional",{"$nulls":4},0.92811999000000001]
[{"$nulls":8},"Total Grupo C",{"$nulls":4},20.999364180000001]
[{"$nulls":8},"Grupo D - Verbas Rescisórias"]
[{"$nulls":8},"Reincidência de A sobre B",{"$nulls":4},5.0226266099999997]
[{"$nulls":8},"Reincidência de A sobre Aviso Prévio Trabalhado + Reincidência de FGTS sobre Aviso Prévio Indenizado",{"$nulls":4},0.58794051000000003]
[{"$nulls":8},"Total Grupo D",{"$nulls":4},5.6105671099999999]
[{"$nulls":8},"Total Encargos Sociais e Trabalhistas - abril/2025",{"$nulls":4},77.13]
[{"$nulls":8},"Periculosidade/Insalubridade",{"$nulls":4}," %",null,"R$"]
[{"$nulls":8},"Total Periculosidade/Insalubridade",{"$nulls":4},0,null,0]
[{"$nulls":8},"Encargos Sociais e Trabalhistas - Média Móvel",{"$nulls":4}," %",null,"R$"]
[{"$nulls":8},"Encargos Sociais e Trabalhistas - Média Móvel - Sobre Salário",{"$nulls":4},77.349999999999994,null,3279.1759000000002]
[{"$nulls":8},"Encargos Sociais e Trabalhistas - Média Móvel - Sobre Periculosidade/Insalubridade",{"$nulls":4},77.349999999999994,null,0]
[{"$nulls":8},"Total Encargos Sociais e Trabalhistas - Média Móvel",{"$nulls":4},77.349999999999994,null,3279.1759000000002]
[{"$nulls":8},"Encargos Complementares",{"$nulls":4}," %",null,"R$"]
[{"$nulls":8},"Alimentação",{"$nulls":4},15.55,null,659.38283200000001]
[{"$nulls":8},"EPI",{"$nulls":4},1.53,null,65.001029000000003]
[{"$nulls":8},"Ferramenta",{"$nulls":4},0,null,0]
[{"$nulls":8},"Transporte",{"$nulls":4},4.21,null,178.49648400000001]
[{"$nulls":8},"Consulta Ocupacional",{"$nulls":4},0.28999999999999998,null,12.270343]
[{"$nulls":8},"Total Encargos Complementares",{"$nulls":4},21.58,null,915.15068799999995]
[{"$nulls":8},"Encargos Adicionais",{"$nulls":4}," %",null,"R$"]
[{"$nulls":8},"Cesta Básica",{"$nulls":4},9.8800000000000008,null,419]
[{"$nulls":8},"Assistência Médica",{"$nulls":4},0,null,0]
[{"$nulls":8},"Seguro de Vida",{"$nulls":4},0.01,null,0.5]
[{"$nulls":8},"Desgaste Orgânico",{"$nulls":4},0,null,0]
[{"$nulls":8},"Adicional de Confinamento",{"$nulls":4},0,null,0]
[{"$nulls":8},"Total Encargos Adicionais",{"$nulls":4},9.89,null,419.5]
[{"$nulls":8},"Encargos Totais",{"$nulls":4},108.8321,null,4613.8265879999999]
[{"$nulls":8},"Custo Total",{"$nulls":6},8853.2279999999992]
[{"$nulls":8},"Código",null,"Descrição",null,null,"Unidade",null,"Salário \n(R$)"]
[{"$nulls":8},"P9950",null,"Auxiliar de topografia",null,null,"mês",null,2497]
[]
[{"$nulls":8},"Encargos Sociais e Trabalhistas - abril/2025",{"$nulls":4}," %"]
[{"$nulls":8},"Grupo A - Encargos Sociais"]
[{"$nulls":8},"Previdência Social",{"$nulls":4},20]
[{"$nulls":8},"FGTS",{"$nulls":4},8]
[{"$nulls":8},"Salário Educação",{"$nulls":4},2.5]
[{"$nulls":8},"SESC ou SESI",{"$nulls":4},1.5]
[{"$nulls":8},"SENAI / SEBRAE",{"$nulls":4},1.6]
[{"$nulls":8},"INCRA",{"$nulls":4},0.2]
[{"$nulls":8},"Seguro Contra Risco e Acidente de Trabalho",{"$nulls":4},3]
[{"$nulls":8},"SECONCI",{"$nulls":4},0.11111111]
[{"$nulls":8},"FAE - Financiamento de Aposentadoria Especial",{"$nulls":4},0]
[{"$nulls":8},"Total Grupo A",{"$nulls":4},36.91111111]
[{"$nulls":8},"Grupo B - Encargos Trabalhistas"]
[{"$nulls":8},"Repouso Semanal Remunerado - Domingos",{"$nulls":4},0]
[{"$nulls":8},"Feriados",{"$nulls":4},0]
[{"$nulls":8},"Férias Gozadas + 1/3",{"$nulls":4},2.5823559899999999]
[{"$nulls":8},"Auxílio Enfermidade",{"$nulls":4},0.89905871999999998]
[{"$nulls":8},"Auxílio Acidente de Trabalho",{"$nulls":4},4.907835E-2]
[{"$nulls":8},"Licença Paternidade",{"$nulls":4},9.5191330000000005E-2]
[{"$nulls":8},"13° Salário",{"$nulls":4},9.2385484200000008]
[{"$nulls":8},"Faltas Justificadas",{"$nulls":4},0.74249600000000004]
[{"$nulls":8},"Férias sobre Licença Maternidade",{"$nulls":4},6.2803999999999996E-4]
[{"$nulls":8},"Reciclagem Tecnológica",{"$nulls":4},0]
[{"$nulls":8},"Total Grupo B",{"$nulls":4},13.60735685]
[{"$nulls":8},"Grupo C - Verbas Rescisórias"]
[{"$nulls":8},"Aviso Prévio Indenizado",{"$nulls":4},6.5204720500000004]
[{"$nulls":8},"Aviso Prévio Trabalhado",{"$nulls":4},0.17962814999999999]
[{"$nulls":8},"Férias Indenizadas + 1/3",{"$nulls":4},9.7357085699999999]
[{"$nulls":8},"Depósito por Rescisão Sem Justa Causa",{"$nulls":4},3.6354354199999999]
[{"$nulls":8},"Indenização Adicional",{"$nulls":4},0.92811999000000001]
[{"$nulls":8},"Total Grupo C",{"$nulls":4},20.999364180000001]
[{"$nulls":8},"Grupo D - Verbas Rescisórias"]
[{"$nulls":8},"Reincidência de A sobre B",{"$nulls":4},5.0226266099999997]
[{"$nulls":8},"Reincidência de A sobre Aviso Prévio Trabalhado + Reincidência de FGTS sobre Aviso Prévio Indenizado",{"$nulls":4},0.58794051000000003]
[{"$nulls":8},"Total Grupo D",{"$nulls":4},5.6105671099999999]
[{"$nulls":8},"Total Encargos Sociais e Trabalhistas - abril/2025",{"$nulls":4},77.13]
[{"$nulls":8},"Periculosidade/Insalubridade",{"$nulls":4}," %",null,"R$"]
[{"$nulls":8},"Total Periculosidade/Insalubridade",{"$nulls":4},0,null,0]
[{"$nulls":8},"Encargos Sociais e Trabalhistas - Média Móvel",{"$nulls":4}," %",null,"R$"]
[{"$nulls":8},"Encargos Sociais e Trabalhistas - Média Móvel - Sobre Salário",{"$nulls":4},77.349999999999994,null,1931.4295]
[{"$nulls":8},"Encargos Sociais e Trabalhistas - Média Móvel - Sobre Periculosidade/Insalubridade",{"$nulls":4},77.349999999999994,null,0]
[{"$nulls":8},"Total Encargos Sociais e Trabalhistas - Média Móvel",{"$nulls":4},77.349999999999994,null,1931.4295]
[{"$nulls":8},"Encargos Complementares",{"$nulls":4}," %",null,"R$"]
[{"$nulls":8},"Alimentação",{"$nulls":4},26.41,null,659.38283200000001]
[{"$nulls":8},"EPI",{"$nulls":4},2.6,null,65.001029000000003]
[{"$nulls":8},"Ferramenta",{"$nulls":4},0,null,0]
[{"$nulls":8},"Transporte",{"$nulls":4},7.15,null,178.49648400000001]
[{"$nulls":8},"Consulta Ocupacional",{"$nulls":4},0.49,null,12.270343]
[{"$nulls":8},"Total Encargos Complementares",{"$nulls":4},36.65,null,915.15068799999995]
[{"$nulls":8},"Encargos Adicionais",{"$nulls":4}," %",null,"R$"]
[{"$nulls":8},"Cesta Básica",{"$nulls":4},16.78,null,419]
[{"$nulls":8},"Assistência Médica",{"$nulls":4},0,null,0]
[{"$nulls":8},"Seguro de Vida",{"$nulls":4},0.02,null,0.5]
[{"$nulls":8},"Desgaste Orgânico",{"$nulls":4},0,null,0]
[{"$nulls":8},"Adicional de Confinamento",{"$nulls":4},0,null,0]
[{"$nulls":8},"Total Encargos Adicionais",{"$nulls":4},16.8,null,419.5]
[{"$nulls":8},"Encargos Totais",{"$nulls":4},130.80019999999999,null,3266.0801879999999]
[{"$nulls":8},"Custo Total",{"$nulls":6},5763.0808999999999]
[{"$nulls":8},"Código",null,"Descrição",null,null,"Unidade",null,"Salário \n(R$)"]
[{"$nulls":8},"P9951",null,"Médico de câmara hiperbárica",null,null,"mês",null,10050.698700000001]
[]
[{"$nulls":8},"Encargos Sociais e Trabalhistas - abril/2025",{"$nulls":4}," %"]
[{"$nulls":8},"Grupo A - Encargos Sociais"]
[{"$nulls":8},"Previdência Social",{"$nulls":4},20]
[{"$nulls":8},"FGTS",{"$nulls":4},8]
[{"$nulls":8},"Salário Educação",{"$nulls":4},2.5]
[{"$nulls":8},"SESC ou SESI",{"$nulls":4},1.5]
[{"$nulls":8},"SENAI / SEBRAE",{"$nulls":4},1.6]
[{"$nulls":8},"INCRA",{"$nulls":4},0.2]
[{"$nulls":8},"Seguro Contra Risco e Acidente de Trabalho",{"$nulls":4},3]
[{"$nulls":8},"SECONCI",{"$nulls":4},0.41481480999999998]
[{"$nulls":8},"FAE - Financiamento de Aposentadoria Especial",{"$nulls":4},12]
[{"$nulls":8},"Total Grupo A",{"$nulls":4},49.21481481]
[{"$nulls":8},"Grupo B - Encargos Trabalhistas"]
[{"$nulls":8},"Repouso Semanal Remunerado - Domingos",{"$nulls":4},0]
[{"$nulls":8},"Feriados",{"$nulls":4},0]
[{"$nulls":8},"Férias Gozadas + 1/3",{"$nulls":4},6.8049689600000001]
[{"$nulls":8},"Auxílio Enfermidade",{"$nulls":4},0.90849278]
[{"$nulls":8},"Auxílio Acidente de Trabalho",{"$nulls":4},4.9079919999999999E-2]
[{"$nulls":8},"Licença Paternidade",{"$nulls":4},4.2527759999999998E-2]
[{"$nulls":8},"13° Salário",{"$nulls":4},9.2388454899999992]
[{"$nulls":8},"Faltas Justificadas",{"$nulls":4},0.74251986999999997]
[{"$nulls":8},"Férias sobre Licença Maternidade",{"$nulls":4},4.7066249999999997E-2]
[{"$nulls":8},"Reciclagem Tecnológica",{"$nulls":4},0]
[{"$nulls":8},"Total Grupo B",{"$nulls":4},17.833501040000002]
[{"$nulls":8},"Grupo C - Verbas Rescisórias"]
[{"$nulls":8},"Aviso Prévio Indenizado",{"$nulls":4},4.0282163999999998]
[{"$nulls":8},"Aviso Prévio Trabalhado",{"$nulls":4},0.1017231]
[{"$nulls":8},"Férias Indenizadas + 1/3",{"$nulls":4},5.5134916900000004]
[{"$nulls":8},"Depósito por Rescisão Sem Justa Causa",{"$nulls":4},3.7706720300000001]
[{"$nulls":8},"Indenização Adicional",{"$nulls":4},0.92814984]
[{"$nulls":8},"Total Grupo C",{"$nulls":4},14.34225307]
[{"$nulls":8},"Grupo D - Verbas Rescisórias"]
[{"$nulls":8},"Reincidência de A sobre B",{"$nulls":4},8.7767245099999993]
[{"$nulls":8},"Reincidência de A sobre Aviso Prévio Trabalhado + Reincidência de FGTS sobre Aviso Prévio Indenizado",{"$nulls":4},0.37232015000000002]
[{"$nulls":8},"Total Grupo D",{"$nulls":4},9.1490446599999995]
[{"$nulls":8},"Total Encargos Sociais e Trabalhistas - abril/2025",{"$nulls":4},90.54]
[{"$nulls":8},"Periculosidade/Insalubridade",{"$nulls":4}," %",null,"R$"]
[{"$nulls":8},"Total Periculosidade/Insalubridade",{"$nulls":4},6.04,null,607.20000000000005]
[{"$nulls":8},"Encargos Sociais e Trabalhistas - Média Móvel",{"$nulls":4}," %",null,"R$"]
[{"$nulls":8},"Encargos Sociais e Trabalhistas - Média Móvel - Sobre Salário",{"$nulls":4},90.42,null,9087.8417649999992]
[{"$nulls":8},"Encargos Sociais e Trabalhistas - Média Móvel - Sobre Periculosidade/Insalubridade",{"$nulls":4},90.42,null,549.03024000000005]
[{"$nulls":8},"Total Encargos Sociais e Trabalhistas - Média Móvel",{"$nulls":4},90.42,null,9636.8720049999993]
[{"$nulls":8},"Encargos Complementares",{"$nulls":4}," %",null,"R$"]
[{"$nulls":8},"Alimentação",{"$nulls":4},6.56,null,659.38283200000001]
[{"$nulls":8},"EPI",{"$nulls":4},0,null,0]
[{"$nulls":8},"Ferramenta",{"$nulls":4},0,null,0]
[{"$nulls":8},"Transporte",{"$nulls":4},1.78,null,178.49648400000001]
[{"$nulls":8},"Consulta Ocupacional",{"$nulls":4},0.1,null,10.42301]
[{"$nulls":8},"Total Encargos Complementares",{"$nulls":4},8.44,null,848.30232599999999]
[{"$nulls":8},"Encargos Adicionais",{"$nulls":4}," %",null,"R$"]
[{"$nulls":8},"Cesta Básica",{"$nulls":4},4.17,null,419]
[{"$nulls":8},"Assistência Médica",{"$nulls":4},0,null,0]
[{"$nulls":8},"Seguro de Vida",{"$nulls":4},0,null,0.5]
[{"$nulls":8},"Desgaste Orgânico",{"$nulls":4},0,null,0]
[{"$nulls":8},"Adicional de Confinamento",{"$nulls":4},0,null,0]
[{"$nulls":8},"Total Encargos Adicionais",{"$nulls":4},4.17,null,419.5]
[{"$nulls":8},"Encargos Totais",{"$nulls":4},108.4967,null,10904.674331]
[{"$nulls":8},"Custo Total",{"$nulls":6},21562.437300000001]
[{"$nulls":8},"Código",null,"Descrição",null,null,"Unidade",null,"Salário \n(R$)"]
[{"$nulls":8},"P9952",null,"Pedreiro - mensalista",null,null,"mês",null,1936.7946999999999]
[]
[{"$nulls":8},"Encargos Sociais e Trabalhistas - abril/2025",{"$nulls":4}," %"]
[{"$nulls":8},"Grupo A - Encargos Sociais"]
[{"$nulls":8},"Previdência Social",{"$nulls":4},20]
[{"$nulls":8},"FGTS",{"$nulls":4},8]
[{"$nulls":8},"Salário Educação",{"$nulls":4},2.5]
[{"$nulls":8},"SESC ou SESI",{"$nulls":4},1.5]
[{"$nulls":8},"SENAI / SEBRAE",{"$nulls":4},1.6]
[{"$nulls":8},"INCRA",{"$nulls":4},0.2]
[{"$nulls":8},"Seguro Contra Risco e Acidente de Trabalho",{"$nulls":4},3]
[{"$nulls":8},"SECONCI",{"$nulls":4},0]
[{"$nulls":8},"FAE - Financiamento de Aposentadoria Especial",{"$nulls":4},0]
[{"$nulls":8},"Total Grupo A",{"$nulls":4},36.799999999999997]
[{"$nulls":8},"Grupo B - Encargos Trabalhistas"]
[{"$nulls":8},"Repouso Semanal Remunerado - Domingos",{"$nulls":4},0]
[{"$nulls":8},"Feriados",{"$nulls":4},0]
[{"$nulls":8},"Férias Gozadas + 1/3",{"$nulls":4},2.7580975599999999]
[{"$nulls":8},"Auxílio Enfermidade",{"$nulls":4},0.92122316000000004]
[{"$nulls":8},"Auxílio Acidente de Trabalho",{"$nulls":4},4.9081529999999998E-2]
[{"$nulls":8},"Licença Paternidade",{"$nulls":4},7.9899020000000001E-2]
[{"$nulls":8},"13° Salário",{"$nulls":4},9.23914686]
[{"$nulls":8},"Faltas Justificadas",{"$nulls":4},0.74254408999999999]
[{"$nulls":8},"Férias sobre Licença Maternidade",{"$nulls":4},2.987E-4]
[{"$nulls":8},"Reciclagem Tecnológica",{"$nulls":4},0]
[{"$nulls":8},"Total Grupo B",{"$nulls":4},13.7902909]
[{"$nulls":8},"Grupo C - Verbas Rescisórias"]
[{"$nulls":8},"Aviso Prévio Indenizado",{"$nulls":4},6.4028891300000002]
[{"$nulls":8},"Aviso Prévio Trabalhado",{"$nulls":4},0.17638893]
[{"$nulls":8},"Férias Indenizadas + 1/3",{"$nulls":4},9.5607649200000004]
[{"$nulls":8},"Depósito por Rescisão Sem Justa Causa",{"$nulls":4},3.6412893099999999]
[{"$nulls":8},"Indenização Adicional",{"$nulls":4},0.92818011]
[{"$nulls":8},"Total Grupo C",{"$nulls":4},20.709512400000001]
[{"$nulls":8},"Grupo D - Verbas Rescisórias"]
[{"$nulls":8},"Reincidência de A sobre B",{"$nulls":4},5.0748270499999997]
[{"$nulls":8},"Reincidência de A sobre Aviso Prévio Trabalhado + Reincidência de FGTS sobre Aviso Prévio Indenizado",{"$nulls":4},0.57714226000000002]
[{"$nulls":8},"Total Grupo D",{"$nulls":4},5.6519693100000001]
[{"$nulls":8},"Total Encargos Sociais e Trabalhistas - abril/2025",{"$nulls":4},76.95]
[{"$nulls":8},"Periculosidade/Insalubridade",{"$nulls":4}," %",null,"R$"]
[{"$nulls":8},"Total Periculosidade/Insalubridade",{"$nulls":4},0,null,0]
[{"$nulls":8},"Encargos Sociais e Trabalhistas - Média Móvel",{"$nulls":4}," %",null,"R$"]
[{"$nulls":8},"Encargos Sociais e Trabalhistas - Média Móvel - Sobre Salário",{"$nulls":4},77.13,null,1493.8497520000001]
[{"$nulls":8},"Encargos Sociais e Trabalhistas - Média Móvel - Sobre Periculosidade/Insalubridade",{"$nulls":4},77.13,null,0]
[{"$nulls":8},"Total Encargos Sociais e Trabalhistas - Média Móvel",{"$nulls":4},77.13,null,1493.8497520000001]
[{"$nulls":8},"Encargos Complementares",{"$nulls":4}," %",null,"R$"]
[{"$nulls":8},"Alimentação",{"$nulls":4},34.049999999999997,null,659.38283200000001]
[{"$nulls":8},"EPI",{"$nulls":4},4.6500000000000004,null,90.129142000000002]
[{"$nulls":8},"Ferramenta",{"$nulls":4},0.28999999999999998,null,5.6498860000000004]
[{"$nulls":8},"Transporte",{"$nulls":4},9.2200000000000006,null,178.49648400000001]
[{"$nulls":8},"Consulta Ocupacional",{"$nulls":4},0.62,null,12.049073]
[{"$nulls":8},"Total Encargos Complementares",{"$nulls":4},48.83,null,945.70741699999996]
[{"$nulls":8},"Encargos Adicionais",{"$nulls":4}," %",null,"R$"]
[{"$nulls":8},"Cesta Básica",{"$nulls":4},21.63,null,419]
[{"$nulls":8},"Assistência Médica",{"$nulls":4},0,null,0]
[{"$nulls":8},"Seguro de Vida",{"$nulls":4},0.03,null,0.5]
[{"$nulls":8},"Desgaste Orgânico",{"$nulls":4},0,null,0]
[{"$nulls":8},"Adicional de Confinamento",{"$nulls":4},0,null,0]
[{"$nulls":8},"Total Encargos Adicionais",{"$nulls":4},21.66,null,419.5]
[{"$nulls":8},"Encargos Totais",{"$nulls":4},147.61799999999999,null,2859.0571690000002]
[{"$nulls":8},"Custo Total",{"$nulls":6},4795.8522999999996]
[{"$nulls":8},"Código",null,"Descrição",null,null,"Unidade",null,"Salário \n(R$)"]
[{"$nulls":8},"P9953",null,"Eletricista - mensalista",null,null,"mês",null,2490.3265000000001]
[]
[{"$nulls":8},"Encargos Sociais e Trabalhistas - abril/2025",{"$nulls":4}," %"]
[{"$nulls":8},"Grupo A - Encargos Sociais"]
[{"$nulls":8},"Previdência Social",{"$nulls":4},20]
[{"$nulls":8},"FGTS",{"$nulls":4},8]
[{"$nulls":8},"Salário Educação",{"$nulls":4},2.5]
[{"$nulls":8},"SESC ou SESI",{"$nulls":4},1.5]
[{"$nulls":8},"SENAI / SEBRAE",{"$nulls":4},1.6]
[{"$nulls":8},"INCRA",{"$nulls":4},0.2]
[{"$nulls":8},"Seguro Contra Risco e Acidente de Trabalho",{"$nulls":4},3]
[{"$nulls":8},"SECONCI",{"$nulls":4},0]
[{"$nulls":8},"FAE - Financiamento de Aposentadoria Especial",{"$nulls":4},0]
[{"$nulls":8},"Total Grupo A",{"$nulls":4},36.799999999999997]
[{"$nulls":8},"Grupo B - Encargos Trabalhistas"]
[{"$nulls":8},"Repouso Semanal Remunerado - Domingos",{"$nulls":4},0]
[{"$nulls":8},"Feriados",{"$nulls":4},0]
[{"$nulls":8},"Férias Gozadas + 1/3",{"$nulls":4},4.1536560299999996]
[{"$nulls":8},"Auxílio Enfermidade",{"$nulls":4},0.92135509000000004]
[{"$nulls":8},"Auxílio Acidente de Trabalho",{"$nulls":4},4.9088550000000002E-2]
[{"$nulls":8},"Licença Paternidade",{"$nulls":4},9.2915129999999999E-2]
[{"$nulls":8},"13° Salário",{"$nulls":4},9.2404700500000008]
[{"$nulls":8},"Faltas Justificadas",{"$nulls":4},0.74265044000000002]
[{"$nulls":8},"Férias sobre Licença Maternidade",{"$nulls":4},1.61315E-3]
[{"$nulls":8},"Reciclagem Tecnológica",{"$nulls":4},0]
[{"$nulls":8},"Total Grupo B",{"$nulls":4},15.201748439999999]
[{"$nulls":8},"Grupo C - Verbas Rescisórias"]
[{"$nulls":8},"Aviso Prévio Indenizado",{"$nulls":4},5.4686754000000004]
[{"$nulls":8},"Aviso Prévio Trabalhado",{"$nulls":4},0.15065290000000001]
[{"$nulls":8},"Férias Indenizadas + 1/3",{"$nulls":4},8.1669707099999993]
[{"$nulls":8},"Depósito por Rescisão Sem Justa Causa",{"$nulls":4},3.68645595]
[{"$nulls":8},"Indenização Adicional",{"$nulls":4},0.92831304999999997]
[{"$nulls":8},"Total Grupo C",{"$nulls":4},18.401067999999999]
[{"$nulls":8},"Grupo D - Verbas Rescisórias"]
[{"$nulls":8},"Reincidência de A sobre B",{"$nulls":4},5.5942434299999997]
[{"$nulls":8},"Reincidência de A sobre Aviso Prévio Trabalhado + Reincidência de FGTS sobre Aviso Prévio Indenizado",{"$nulls":4},0.49293429999999999]
[{"$nulls":8},"Total Grupo D",{"$nulls":4},6.0871777299999996]
[{"$nulls":8},"Total Encargos Sociais e Trabalhistas - abril/2025",{"$nulls":4},76.489999999999995]
[{"$nulls":8},"Periculosidade/Insalubridade",{"$nulls":4}," %",null,"R$"]
[{"$nulls":8},"Total Periculosidade/Insalubridade",{"$nulls":4},0,null,0]
[{"$nulls":8},"Encargos Sociais e Trabalhistas - Média Móvel",{"$nulls":4}," %",null,"R$"]
[{"$nulls":8},"Encargos Sociais e Trabalhistas - Média Móvel - Sobre Salário",{"$nulls":4},76.319999999999993,null,1900.6171850000001]
[{"$nulls":8},"Encargos Sociais e Trabalhistas - Média Móvel - Sobre Periculosidade/Insalubridade",{"$nulls":4},76.319999999999993,null,0]
[{"$nulls":8},"Total Encargos Sociais e Trabalhistas - Média Móvel",{"$nulls":4},76.319999999999993,null,1900.6171850000001]
[{"$nulls":8},"Encargos Complementares",{"$nulls":4}," %",null,"R$"]
[{"$nulls":8},"Alimentação",{"$nulls":4},26.48,null,659.38283200000001]
[{"$nulls":8},"EPI",{"$nulls":4},5.68,null,141.47500299999999]
[{"$nulls":8},"Ferramenta",{"$nulls":4},0.86,null,21.378191999999999]
[{"$nulls":8},"Transporte",{"$nulls":4},7.17,null,178.49648400000001]
[{"$nulls":8},"Consulta Ocupacional",{"$nulls":4},0.41,null,10.291053]
[{"$nulls":8},"Total Encargos Complementares",{"$nulls":4},40.6,null,1011.023564]
[{"$nulls":8},"Encargos Adicionais",{"$nulls":4}," %",null,"R$"]
[{"$nulls":8},"Cesta Básica",{"$nulls":4},16.829999999999998,null,419]
[{"$nulls":8},"Assistência Médica",{"$nulls":4},0,null,0]
[{"$nulls":8},"Seguro de Vida",{"$nulls":4},0.02,null,0.5]
[{"$nulls":8},"Desgaste Orgânico",{"$nulls":4},0,null,0]
[{"$nulls":8},"Adicional de Confinamento",{"$nulls":4},0,null,0]
[{"$nulls":8},"Total Encargos Adicionais",{"$nulls":4},16.850000000000001,null,419.5]
[{"$nulls":8},"Encargos Totais",{"$nulls":4},133.76320000000001,null,3331.1407490000001]
[{"$nulls":8},"Custo Total",{"$nulls":6},5821.4669000000004]
[{"$nulls":8},"Código",null,"Descrição",null,null,"Unidade",null,"Salário \n(R$)"]
[{"$nulls":8},"P9954",null,"Servente - mensalista",null,null,"mês",null,1518]
[]
[{"$nulls":8},"Encargos Sociais e Trabalhistas - abril/2025",{"$nulls":4}," %"]
[{"$nulls":8},"Grupo A - Encargos Sociais"]
[{"$nulls":8},"Previdência Social",{"$nulls":4},20]
[{"$nulls":8},"FGTS",{"$nulls":4},8]
[{"$nulls":8},"Salário Educação",{"$nulls":4},2.5]
[{"$nulls":8},"SESC ou SESI",{"$nulls":4},1.5]
[{"$nulls":8},"SENAI / SEBRAE",{"$nulls":4},1.6]
[{"$nulls":8},"INCRA",{"$nulls":4},0.2]
[{"$nulls":8},"Seguro Contra Risco e Acidente de Trabalho",{"$nulls":4},3]
[{"$nulls":8},"SECONCI",{"$nulls":4},0]
[{"$nulls":8},"FAE - Financiamento de Aposentadoria Especial",{"$nulls":4},0]
[{"$nulls":8},"Total Grupo A",{"$nulls":4},36.799999999999997]
[{"$nulls":8},"Grupo B - Encargos Trabalhistas"]
[{"$nulls":8},"Repouso Semanal Remunerado - Domingos",{"$nulls":4},0]
[{"$nulls":8},"Feriados",{"$nulls":4},0]
[{"$nulls":8},"Férias Gozadas + 1/3",{"$nulls":4},8.8230619999999996E-2]
[{"$nulls":8},"Auxílio Enfermidade",{"$nulls":4},0.92146187999999996]
[{"$nulls":8},"Auxílio Acidente de Trabalho",{"$nulls":4},4.9094239999999997E-2]
[{"$nulls":8},"Licença Paternidade",{"$nulls":4},9.9054519999999993E-2]
[{"$nulls":8},"13° Salário",{"$nulls":4},9.2415410399999995]
[{"$nulls":8},"Faltas Justificadas",{"$nulls":4},0.74273650999999996]
[{"$nulls":8},"Férias sobre Licença Maternidade",{"$nulls":4},7.0639199999999996E-3]
[{"$nulls":8},"Reciclagem Tecnológica",{"$nulls":4},0]
[{"$nulls":8},"Total Grupo B",{"$nulls":4},11.149182740000001]
[{"$nulls":8},"Grupo C - Verbas Rescisórias"]
[{"$nulls":8},"Aviso Prévio Indenizado",{"$nulls":4},8.1909268500000003]
[{"$nulls":8},"Aviso Prévio Trabalhado",{"$nulls":4},0.22564639]
[{"$nulls":8},"Férias Indenizadas + 1/3",{"$nulls":4},12.2338241]
[{"$nulls":8},"Depósito por Rescisão Sem Justa Causa",{"$nulls":4},3.5567738499999999]
[{"$nulls":8},"Indenização Adicional",{"$nulls":4},0.92842064000000002]
[{"$nulls":8},"Total Grupo C",{"$nulls":4},25.135591829999999]
[{"$nulls":8},"Grupo D - Verbas Rescisórias"]
[{"$nulls":8},"Reincidência de A sobre B",{"$nulls":4},4.1028992500000001]
[{"$nulls":8},"Reincidência de A sobre Aviso Prévio Trabalhado + Reincidência de FGTS sobre Aviso Prévio Indenizado",{"$nulls":4},0.73831201999999996]
[{"$nulls":8},"Total Grupo D",{"$nulls":4},4.8412112699999996]
[{"$nulls":8},"Total Encargos Sociais e Trabalhistas - abril/2025",{"$nulls":4},77.930000000000007]
[{"$nulls":8},"Periculosidade/Insalubridade",{"$nulls":4}," %",null,"R$"]
[{"$nulls":8},"Total Periculosidade/Insalubridade",{"$nulls":4},0,null,0]
[{"$nulls":8},"Encargos Sociais e Trabalhistas - Média Móvel",{"$nulls":4}," %",null,"R$"]
[{"$nulls":8},"Encargos Sociais e Trabalhistas - Média Móvel - Sobre Salário",{"$nulls":4},77.760000000000005,null,1180.3968]
[{"$nulls":8},"Encargos Sociais e Trabalhistas - Média Móvel - Sobre Periculosidade/Insalubridade",{"$nulls":4},77.760000000000005,null,0]
[{"$nulls":8},"Total Encargos Sociais e Trabalhistas - Média Móvel",{"$nulls":4},77.760000000000005,null,1180.3968]
[{"$nulls":8},"Encargos Complementares",{"$nulls":4}," %",null,"R$"]
[{"$nulls":8},"Alimentação",{"$nulls":4},43.44,null,659.38283200000001]
[{"$nulls":8},"EPI",{"$nulls":4},4.5999999999999996,null,69.885209000000003]
[{"$nulls":8},"Ferramenta",{"$nulls":4},0.61,null,9.2082639999999998]
[{"$nulls":8},"Transporte",{"$nulls":4},11.76,null,178.49648400000001]
[{"$nulls":8},"Consulta Ocupacional",{"$nulls":4},1.02,null,15.413835000000001]
[{"$nulls":8},"Total Encargos Complementares",{"$nulls":4},61.43,null,932.38662399999998]
[{"$nulls":8},"Encargos Adicionais",{"$nulls":4}," %",null,"R$"]
[{"$nulls":8},"Cesta Básica",{"$nulls":4},27.6,null,419]
[{"$nulls":8},"Assistência Médica",{"$nulls":4},0,null,0]
[{"$nulls":8},"Seguro de Vida",{"$nulls":4},0.03,null,0.5]
[{"$nulls":8},"Desgaste Orgânico",{"$nulls":4},0,null,0]
[{"$nulls":8},"Adicional de Confinamento",{"$nulls":4},0,null,0]
[{"$nulls":8},"Total Encargos Adicionais",{"$nulls":4},27.63,null,419.5]
[{"$nulls":8},"Encargos Totais",{"$nulls":4},166.81710000000001,null,2532.2834240000002]
[{"$nulls":8},"Custo Total",{"$nulls":6},4050.2835]
[{"$nulls":8},"Código",null,"Descrição",null,null,"Unidade",null,"Salário \n(R$)"]
[{"$nulls":8},"P9955",null,"Engenheiro chefe",null,null,"mês",null,17438.303899999999]
[]
[{"$nulls":8},"Encargos Sociais e Trabalhistas - abril/2025",{"$nulls":4}," %"]
[{"$nulls":8},"Grupo A - Encargos Sociais"]
[{"$nulls":8},"Previdência Social",{"$nulls":4},20]
[{"$nulls":8},"FGTS",{"$nulls":4},8]
[{"$nulls":8},"Salário Educação",{"$nulls":4},2.5]
[{"$nulls":8},"SESC ou SESI",{"$nulls":4},1.5]
[{"$nulls":8},"SENAI / SEBRAE",{"$nulls":4},1.6]
[{"$nulls":8},"INCRA",{"$nulls":4},0.2]
[{"$nulls":8},"Seguro Contra Risco e Acidente de Trabalho",{"$nulls":4},3]
[{"$nulls":8},"SECONCI",{"$nulls":4},0.11111111]
[{"$nulls":8},"FAE - Financiamento de Aposentadoria Especial",{"$nulls":4},0]
[{"$nulls":8},"Total Grupo A",{"$nulls":4},36.91111111]
[{"$nulls":8},"Grupo B - Encargos Trabalhistas"]
[{"$nulls":8},"Repouso Semanal Remunerado - Domingos",{"$nulls":4},0]
[{"$nulls":8},"Feriados",{"$nulls":4},0]
[{"$nulls":8},"Férias Gozadas + 1/3",{"$nulls":4},5.9971701599999996]
[{"$nulls":8},"Auxílio Enfermidade",{"$nulls":4},0.89923615999999995]
[{"$nulls":8},"Auxílio Acidente de Trabalho",{"$nulls":4},4.9088029999999998E-2]
[{"$nulls":8},"Licença Paternidade",{"$nulls":4},8.1783759999999997E-2]
[{"$nulls":8},"13° Salário",{"$nulls":4},9.2403718000000001]
[{"$nulls":8},"Faltas Justificadas",{"$nulls":4},0.74264253999999996]
[{"$nulls":8},"Férias sobre Licença Maternidade",{"$nulls":4},3.3737099999999999E-2]
[{"$nulls":8},"Reciclagem Tecnológica",{"$nulls":4},0]
[{"$nulls":8},"Total Grupo B",{"$nulls":4},17.044029550000001]
[{"$nulls":8},"Grupo C - Verbas Rescisórias"]
[{"$nulls":8},"Aviso Prévio Indenizado",{"$nulls":4},4.2341994200000004]
[{"$nulls":8},"Aviso Prévio Trabalhado",{"$nulls":4},0.11664513999999999]
[{"$nulls":8},"Férias Indenizadas + 1/3",{"$nulls":4},6.3233255599999998]
[{"$nulls":8},"Depósito por Rescisão Sem Justa Causa",{"$nulls":4},3.7454089499999998]
[{"$nulls":8},"Indenização Adicional",{"$nulls":4},0.92830316999999996]
[{"$nulls":8},"Total Grupo C",{"$nulls":4},15.34788225]
[{"$nulls":8},"Grupo D - Verbas Rescisórias"]
[{"$nulls":8},"Reincidência de A sobre B",{"$nulls":4},6.2911406899999998]
[{"$nulls":8},"Reincidência de A sobre Aviso Prévio Trabalhado + Reincidência de FGTS sobre Aviso Prévio Indenizado",{"$nulls":4},0.38179097000000001]
[{"$nulls":8},"Total Grupo D",{"$nulls":4},6.6729316599999997]
[{"$nulls":8},"Total Encargos Sociais e Trabalhistas - abril/2025",{"$nulls":4},75.98]
[{"$nulls":8},"Periculosidade/Insalubridade",{"$nulls":4}," %",null,"R$"]
[{"$nulls":8},"Total Periculosidade/Insalubridade",{"$nulls":4},0,null,0]
[{"$nulls":8},"Encargos Sociais e Trabalhistas - Média Móvel",{"$nulls":4}," %",null,"R$"]
[{"$nulls":8},"Encargos Sociais e Trabalhistas - Média Móvel - Sobre Salário",{"$nulls":4},76.05,null,13261.830115999999]
[{"$nulls":8},"Encargos Sociais e Trabalhistas - Média Móvel - Sobre Periculosidade/Insalubridade",{"$nulls":4},76.05,null,0]
[{"$nulls":8},"Total Encargos Sociais e Trabalhistas - Média Móvel",{"$nulls":4},76.05,null,13261.830115999999]
[{"$nulls":8},"Encargos Complementares",{"$nulls":4}," %",null,"R$"]
[{"$nulls":8},"Alimentação",{"$nulls":4},3.78,null,659.38283200000001]
[{"$nulls":8},"EPI",{"$nulls":4},0.15,null,26.169748999999999]
[{"$nulls":8},"Ferramenta",{"$nulls":4},0,null,0]
[{"$nulls":8},"Transporte",{"$nulls":4},1.02,null,178.49648400000001]
[{"$nulls":8},"Consulta Ocupacional",{"$nulls":4},0.05,null,7.9679929999999999]
[{"$nulls":8},"Total Encargos Complementares",{"$nulls":4},5,null,872.01705800000002]
[{"$nulls":8},"Encargos Adicionais",{"$nulls":4}," %",null,"R$"]
[{"$nulls":8},"Cesta Básica",{"$nulls":4},2.4,null,419]
[{"$nulls":8},"Assistência Médica",{"$nulls":4},0,null,0]
[{"$nulls":8},"Seguro de Vida",{"$nulls":4},0,null,0.5]
[{"$nulls":8},"Desgaste Orgânico",{"$nulls":4},0,null,0]
[{"$nulls":8},"Adicional de Confinamento",{"$nulls":4},0,null,0]
[{"$nulls":8},"Total Encargos Adicionais",{"$nulls":4},2.4,null,419.5]
[{"$nulls":8},"Encargos Totais",{"$nulls":4},83.456199999999995,null,14553.347174]
[{"$nulls":8},"Custo Total",{"$nulls":6},31991.649600000001]
[{"$nulls":8},"Código",null,"Descrição",null,null,"Unidade",null,"Salário \n(R$)"]
[{"$nulls":8},"P9956",null,"Motorista de caminhão com periculosidade",null,null,"h",null,12.1029]
[]
[{"$nulls":8},"Encargos Sociais e Trabalhistas - abril/2025",{"$nulls":4}," %"]
[{"$nulls":8},"Grupo A - Encargos Sociais"]
[{"$nulls":8},"Previdência Social",{"$nulls":4},20]
[{"$nulls":8},"FGTS",{"$nulls":4},8]
[{"$nulls":8},"Salário Educação",{"$nulls":4},2.5]
[{"$nulls":8},"SESC ou SESI",{"$nulls":4},1.5]
[{"$nulls":8},"SENAI / SEBRAE",{"$nulls":4},1.6]
[{"$nulls":8},"INCRA",{"$nulls":4},0.2]
[{"$nulls":8},"Seguro Contra Risco e Acidente de Trabalho",{"$nulls":4},3]
[{"$nulls":8},"SECONCI",{"$nulls":4},0]
[{"$nulls":8},"FAE - Financiamento de Aposentadoria Especial",{"$nulls":4},0]
[{"$nulls":8},"Total Grupo A",{"$nulls":4},36.799999999999997]
[{"$nulls":8},"Grupo B - Encargos Trabalhistas"]
[{"$nulls":8},"Repouso Semanal Remunerado - Domingos",{"$nulls":4},18.178763310000001]
[{"$nulls":8},"Feriados",{"$nulls":4},5.0295063999999998]
[{"$nulls":8},"Férias Gozadas + 1/3",{"$nulls":4},3.0631584900000002]
[{"$nulls":8},"Auxílio Enfermidade",{"$nulls":4},0.92131803999999995]
[{"$nulls":8},"Auxílio Acidente de Trabalho",{"$nulls":4},4.9086579999999998E-2]
[{"$nulls":8},"Licença Paternidade",{"$nulls":4},9.05059E-2]
[{"$nulls":8},"13° Salário",{"$nulls":4},9.2400984400000006]
[{"$nulls":8},"Faltas Justificadas",{"$nulls":4},0.74262057000000004]
[{"$nulls":8},"Férias sobre Licença Maternidade",{"$nulls":4},0]
[{"$nulls":8},"Reciclagem Tecnológica",{"$nulls":4},0]
[{"$nulls":8},"Total Grupo B",{"$nulls":4},37.315057719999999]
[{"$nulls":8},"Grupo C - Verbas Rescisórias"]
[{"$nulls":8},"Aviso Prévio Indenizado",{"$nulls":4},6.1987996499999998]
[{"$nulls":8},"Aviso Prévio Trabalhado",{"$nulls":4},0.17076661000000001]
[{"$nulls":8},"Férias Indenizadas + 1/3",{"$nulls":4},9.2569727700000008]
[{"$nulls":8},"Depósito por Rescisão Sem Justa Causa",{"$nulls":4},4.3940818500000001]
[{"$nulls":8},"Indenização Adicional",{"$nulls":4},0.92827570999999998]
[{"$nulls":8},"Total Grupo C",{"$nulls":4},20.94889658]
[{"$nulls":8},"Grupo D - Verbas Rescisórias"]
[{"$nulls":8},"Reincidência de A sobre B",{"$nulls":4},13.731941239999999]
[{"$nulls":8},"Reincidência de A sobre Aviso Prévio Trabalhado + Reincidência de FGTS sobre Aviso Prévio Indenizado",{"$nulls":4},0.55874608000000003]
[{"$nulls":8},"Total Grupo D",{"$nulls":4},14.290687330000001]
[{"$nulls":8},"Total Encargos Sociais e Trabalhistas - abril/2025",{"$nulls":4},109.35]
[{"$nulls":8},"Periculosidade/Insalubridade",{"$nulls":4}," %",null,"R$"]
[{"$nulls":8},"Total Periculosidade/Insalubridade",{"$nulls":4},30,null,3.6309]
[{"$nulls":8},"Encargos Sociais e Trabalhistas - Média Móvel",{"$nulls":4}," %",null,"R$"]
[{"$nulls":8},"Encargos Sociais e Trabalhistas - Média Móvel - Sobre Salário",{"$nulls":4},109.45,null,13.246624000000001]
[{"$nulls":8},"Encargos Sociais e Trabalhistas - Média Móvel - Sobre Periculosidade/Insalubridade",{"$nulls":4},109.45,null,3.9740199999999999]
[{"$nulls":8},"Total Encargos Sociais e Trabalhistas - Média Móvel",{"$nulls":4},109.45,null,17.220644]
[{"$nulls":8},"Encargos Complementares",{"$nulls":4}," %",null,"R$"]
[{"$nulls":8},"Alimentação",{"$nulls":4},29.85,null,3.6132550000000001]
[{"$nulls":8},"EPI",{"$nulls":4},2.2200000000000002,null,0.26894200000000001]
[{"$nulls":8},"Ferramenta",{"$nulls":4},0,null,0]
[{"$nulls":8},"Transporte",{"$nulls":4},8.08,null,0.97811700000000001]
[{"$nulls":8},"Consulta Ocupacional",{"$nulls":4},0.53,null,6.3921000000000006E-2]
[{"$nulls":8},"Total Encargos Complementares",{"$nulls":4},40.68,null,4.9242350000000004]
[{"$nulls":8},"Encargos Adicionais",{"$nulls":4}," %",null,"R$"]
[{"$nulls":8},"Cesta Básica",{"$nulls":4},18.97,null,2.2960159999999998]
[{"$nulls":8},"Assistência Médica",{"$nulls":4},0,null,0]
[{"$nulls":8},"Seguro de Vida",{"$nulls":4},0.02,null,2.7399999999999998E-3]
[{"$nulls":8},"Desgaste Orgânico",{"$nulls":4},0,null,0]
[{"$nulls":8},"Adicional de Confinamento",{"$nulls":4},0,null,0]
[{"$nulls":8},"Total Encargos Adicionais",{"$nulls":4},18.989999999999998,null,2.298756]
[{"$nulls":8},"Encargos Totais",{"$nulls":4},201.96510000000001,null,24.443635]
[{"$nulls":8},"Custo Total",{"$nulls":6},40.177399999999999]
[{"$nulls":8},"Código",null,"Descrição",null,null,"Unidade",null,"Salário \n(R$)"]
[{"$nulls":8},"P9972",null,"Técnico de batimetria",null,null,"mês",null,3130.9362999999998]
[]
[{"$nulls":8},"Encargos Sociais e Trabalhistas - abril/2025",{"$nulls":4}," %"]
[{"$nulls":8},"Grupo A - Encargos Sociais"]
[{"$nulls":8},"Previdência Social",{"$nulls":4},20]
[{"$nulls":8},"FGTS",{"$nulls":4},8]
[{"$nulls":8},"Salário Educação",{"$nulls":4},2.5]
[{"$nulls":8},"SESC ou SESI",{"$nulls":4},1.5]
[{"$nulls":8},"SENAI / SEBRAE",{"$nulls":4},1.6]
[{"$nulls":8},"INCRA",{"$nulls":4},0.2]
[{"$nulls":8},"Seguro Contra Risco e Acidente de Trabalho",{"$nulls":4},3]
[{"$nulls":8},"SECONCI",{"$nulls":4},0.41481480999999998]
[{"$nulls":8},"FAE - Financiamento de Aposentadoria Especial",{"$nulls":4},0]
[{"$nulls":8},"Total Grupo A",{"$nulls":4},37.21481481]
[{"$nulls":8},"Grupo B - Encargos Trabalhistas"]
[{"$nulls":8},"Repouso Semanal Remunerado - Domingos",{"$nulls":4},0]
[{"$nulls":8},"Feriados",{"$nulls":4},0]
[{"$nulls":8},"Férias Gozadas + 1/3",{"$nulls":4},8.1977282200000001]
[{"$nulls":8},"Auxílio Enfermidade",{"$nulls":4},0.90870107]
[{"$nulls":8},"Auxílio Acidente de Trabalho",{"$nulls":4},5.093081E-2]
[{"$nulls":8},"Licença Paternidade",{"$nulls":4},0.10072536999999999]
[{"$nulls":8},"13° Salário",{"$nulls":4},9.2409680699999992]
[{"$nulls":8},"Faltas Justificadas",{"$nulls":4},0.74269046000000005]
[{"$nulls":8},"Férias sobre Licença Maternidade",{"$nulls":4},1.0044320000000001E-2]
[{"$nulls":8},"Reciclagem Tecnológica",{"$nulls":4},0]
[{"$nulls":8},"Total Grupo B",{"$nulls":4},19.251788319999999]
[{"$nulls":8},"Grupo C - Verbas Rescisórias"]
[{"$nulls":8},"Aviso Prévio Indenizado",{"$nulls":4},3.01202719]
[{"$nulls":8},"Aviso Prévio Trabalhado",{"$nulls":4},7.606164E-2]
[{"$nulls":8},"Férias Indenizadas + 1/3",{"$nulls":4},4.1235625300000001]
[{"$nulls":8},"Depósito por Rescisão Sem Justa Causa",{"$nulls":4},3.8160572300000002]
[{"$nulls":8},"Indenização Adicional",{"$nulls":4},0.92836308000000001]
[{"$nulls":8},"Total Grupo C",{"$nulls":4},11.95607167]
[{"$nulls":8},"Grupo D - Verbas Rescisórias"]
[{"$nulls":8},"Reincidência de A sobre B",{"$nulls":4},7.1645173700000004]
[{"$nulls":8},"Reincidência de A sobre Aviso Prévio Trabalhado + Reincidência de FGTS sobre Aviso Prévio Indenizado",{"$nulls":4},0.26926836999999998]
[{"$nulls":8},"Total Grupo D",{"$nulls":4},7.4337857400000003]
[{"$nulls":8},"Total Encargos Sociais e Trabalhistas - abril/2025",{"$nulls":4},75.86]
[{"$nulls":8},"Periculosidade/Insalubridade",{"$nulls":4}," %",null,"R$"]
[{"$nulls":8},"Total Periculosidade/Insalubridade",{"$nulls":4},0,null,0]
[{"$nulls":8},"Encargos Sociais e Trabalhistas - Média Móvel",{"$nulls":4}," %",null,"R$"]
[{"$nulls":8},"Encargos Sociais e Trabalhistas - Média Móvel - Sobre Salário",{"$nulls":4},75.959999999999994,null,2378.2592129999998]
[{"$nulls":8},"Encargos Sociais e Trabalhistas - Média Móvel - Sobre Periculosidade/Insalubridade",{"$nulls":4},75.959999999999994,null,0]
[{"$nulls":8},"Total Encargos Sociais e Trabalhistas - Média Móvel",{"$nulls":4},75.959999999999994,null,2378.2592129999998]
[{"$nulls":8},"Encargos Complementares",{"$nulls":4}," %",null,"R$"]
[{"$nulls":8},"Alimentação",{"$nulls":4},27.93,null,874.50499000000002]
[{"$nulls":8},"EPI",{"$nulls":4},0,null,0]
[{"$nulls":8},"Ferramenta",{"$nulls":4},0,null,0]
[{"$nulls":8},"Transporte",{"$nulls":4},0,null,0]
[{"$nulls":8},"Consulta Ocupacional",{"$nulls":4},0.25,null,7.7936199999999998]
[{"$nulls":8},"Total Encargos Complementares",{"$nulls":4},28.18,null,882.29861000000005]
[{"$nulls":8},"Encargos Adicionais",{"$nulls":4}," %",null,"R$"]
[{"$nulls":8},"Cesta Básica",{"$nulls":4},9.58,null,300]
[{"$nulls":8},"Assistência Médica",{"$nulls":4},0,null,0]
[{"$nulls":8},"Seguro de Vida",{"$nulls":4},0.16,null,4.99]
[{"$nulls":8},"Desgaste Orgânico",{"$nulls":4},0,null,0]
[{"$nulls":8},"Adicional de Confinamento",{"$nulls":4},0,null,0]
[{"$nulls":8},"Total Encargos Adicionais",{"$nulls":4},9.74,null,304.99]
[{"$nulls":8},"Encargos Totais",{"$nulls":4},113.88120000000001,null,3565.5478229999999]
[{"$nulls":8},"Custo Total",{"$nulls":6},6696.4840999999997]

{"sheet":"MATERIAL SICRO","index":21,"n_rows":1677,"n_cols":4,"rows_kept":1677,"cut":false,"hidden":false,"merged":[[0,1,0,2]]}
["CGCIT","SISTEMA DE CUSTOS REFERENCIAIS DE OBRAS - SICRO",null,"DNIT"]
[null,"Rio Grande do Norte - Abril/2025"]
["Código","Descrição","Unidade","Preço Unitário (R$)"]
["M0003","Aço CA 25","kg",6.7817999999999996]
["M0004","Aço CA 50","kg",6.5956999999999999]
["M0005","Brita 0","m³",160.3972]
["M0006","Fibra de poliamida para concreto","kg",27.9876]
["M0007","Fibra de aço para concreto","kg",17.439599999999999]
["M0008","Detergente líquido neutro","l",4.3033999999999999]
["M0009","Aço CP 175 RB","kg",9.5632000000000001]
["M0010","Aditivo superplastificante para concreto e argamassa","kg",15.3688]
["M0011","Aditivo modificador de viscosidade para concreto e argamassa","kg",10.6363]
["M0012","Silicato de alumínio","kg",2.3536999999999999]
["M0013","Grampo de ancoragem em aço CA 50 - D = 12,5 mm","kg",6.5956999999999999]
["M0014","Aço CA 60","kg",8.2323000000000004]
["M0015","Espoleta elétrica Nº 8 - D = 6,0 mm","un",19.9299]
["M0016","Grampo sargento em ferro fundido tipo C com abertura útil de 105 mm (4\")","un",43.489199999999997]
["M0017","Saco de aniagem ou de ráfia de 50 kg - C = 95 cm e L = 65 cm","un",2.665]
["M0018","Grampo pesado em aço-carbono para cabo de aço - D = 13 mm (1/2\")","un",19.740400000000001]
["M0019","Esticador em aço tipo olhal x olhal para cabo de aço - D = 13 mm","un",139.79329999999999]
["M0020","Grampo de ancoragem em aço CA 50 - D = 6,3 mm","kg",8.0729000000000006]
["M0021","Herbicida glifosato para áreas contínuas","l",27.338000000000001]
["M0025","Adesivo plástico para tubos de PVC","kg",52.0351]
["M0026","Aditivo aglutinante para argamassa","l",8.5620999999999992]
["M0028","Areia média","m³",124.36499999999999]
["M0029","Sílica ativa para concreto e argamassa (microssílica)","kg",2.3193000000000001]
["M0030","Aditivo plastificante e retardador de pega para concreto e argamassa","kg",7.0086000000000004]
["M0032","Adesivo de contato para laminado elastoplástico","kg",47.293199999999999]
["M0035","Diluente tipo aguarrás para tintas e vernizes","l",15.2]
["M0039","Gasolina comum","l",5.6040999999999999]
["M0041","Contêiner com 2 banheiros - L = 2,44 m e C = 6,09 m (1 TEU)","un",105431.0196]
["M0042","Contêiner com janela - L = 2,44 m e C = 6,09 m (1 TEU)","un",46123.936800000003]
["M0043","Óleo diesel","l",5.5975999999999999]
["M0044","Abrasivo de vidro com granulometria de 210 a 420 micra","kg",10.5726]
["M0045","Barreira plástica monobloco para canalização de trânsito - C = 100 cm, L = 50 cm e H = 55 cm","un",471.11590000000001]
["M0046","Barreira plástica para canalização de trânsito - C = 60 cm, L = 45 cm e H = 60 cm","un",330.15309999999999]
["M0047","Cone de sinalização em polietileno - H = 75 cm e base quadrada de 40 x 40 cm","un",95.663300000000007]
["M0048","Balizador cônico refletivo em polietileno semiflexível - H = 114 cm e base octogonal de D = 40 cm","un",159.79130000000001]
["M0049","Delimitador de tráfego flexível com chumbador e duas faixas refletivas - H = 77 cm e D = 21 cm","un",168.73929999999999]
["M0050","Aditivo natural tipo goma xantana para hidrossemeadura","kg",96.486199999999997]
["M0051","Cilindro canalizador de tráfego em polietileno - H = 117 cm e base quadrada de 60 x 60 cm","un",191.33349999999999]
["M0052","Fita adesiva de PVC - L = 50 mm e C = 50 m","m",0.1118]
["M0053","Tela plástica em polipropileno na cor laranja para tapume - L = 1,2 m","m",1.7515000000000001]
["M0054","Fita zebrada de cor laranja e branca - L = 7 a 8 cm","m",7.2800000000000004E-2]
["M0055","Barreira plástica articulável modular - C = 240 cm e H = 100 cm","un",1297.6089999999999]
["M0056","Ferramenta de corte para removedora de faixa de sinalização (Smith Cutter)","un",7567.7272999999996]
["M0057","Contêiner com janela - L = 4,88 m e C = 6,09 m (1 TEU duplo)","un",154694.0393]
["M0058","Contêiner com janela e 2 banheiros - L = 4,88 m e C = 6,09 m (1 TEU duplo)","un",159709.0393]
["M0059","Contêiner com revestimento térmico, janela e banheiro - L = 2,44 m e C = 6,09 m (1 TEU)","un",63375.536800000002]
["M0060","Contêiner com janela - L = 2,44 m e C = 4,58 m (3/4 TEU)","un",66815.5196]
["M0065","Contêiner com janela e banheiro - L = 2,44 m e 4,58 m (3/4 TEU)","un",81273.143100000001]
["M0066","Contêiner com revestimento térmico, janela e banheiro - L = 2,44 m e C = 12,90 m (2 TEU)","un",140296.75210000001]
["M0067","Tubo PEAD PE 100 PN 10 com flanges - D = 160 mm","m",175.26060000000001]
["M0068","Caibro de pinho - L = 7,5 cm e E = 10,0 cm","m",25.579699999999999]
["M0069","Arame farpado em aço galvanizado - D = 1,60 mm","m",0.78169999999999995]
["M0071","Contêiner com 3 janelas para guarita - L = 2,44 m e C = 3,05 m (1/2 TEU)","un",54516.550999999999]
["M0072","Arame liso em aço galvanizado - D = 2,10 mm (14 BWG)","kg",19.5]
["M0073","Muda de árvore com altura de 0,30 a 0,80 m","un",18.947399999999998]
["M0074","Muda de arbusto com altura até 0,50 m","un",22.569199999999999]
["M0075","Arame liso recozido em aço-carbono - D = 1,24 mm (18 BWG)","kg",12.46]
["M0076","Disco de corte abrasivo para policorte - D = 300 mm","un",19.1661]
["M0080","Areia fina","m³",125.8738]
["M0081","Areia grossa","m³",117.9915]
["M0082","Areia média lavada","m³",130.56049999999999]
["M0083","Argamassa pré-dosada para grauteamento","kg",1.7759]
["M0084","Argamassa pré-dosada autoadensável para grauteamento","kg",1.8431999999999999]
["M0085","Ancoragem ativa para 4 cordoalhas - D = 12,7 mm","un",362.60660000000001]
["M0086","Ancoragem ativa para 6 cordoalhas - D = 12,7 mm","un",489.88119999999998]
["M0087","Ancoragem ativa para 7 cordoalhas - D = 12,7 mm","un",550.45730000000003]
["M0088","Ancoragem ativa para 8 cordoalhas - D = 12,7 mm","un",713.80690000000004]
["M0089","Ancoragem ativa para 9 cordoalhas - D = 12,7 mm","un",746.17269999999996]
["M0091","Ancoragem ativa para 10 cordoalhas - D = 12,7 mm","un",823.00319999999999]
["M0092","Ancoragem ativa para 12 cordoalhas - D = 12,7 mm","un",954.66700000000003]
["M0093","Ancoragem ativa para 15 cordoalhas - D = 12,7 mm","un",1470.3090999999999]
["M0094","Ancoragem ativa para 19 cordoalhas - D = 12,7 mm","un",1830.2194999999999]
["M0098","Bambu com diâmetro médio de 10 cm","m",25.355799999999999]
["M0099","Equipamentos para a fábrica de dormentes de concreto protendido","ISF",581.79700000000003]
["M0100","Ancoragem ativa para 22 cordoalhas - D = 12,7 mm","un",2402.9176000000002]
["M0101","Ancoragem ativa para 27 cordoalhas - D = 12,7 mm","un",2960.6734000000001]
["M0102","Ancoragem ativa para 31 cordoalhas - D = 12,7 mm","un",3010.0009]
["M0103","Aditivo acelerador de pega para concreto e argamassa projetados","kg",7.7386999999999997]
["M0104","Asfalto diluído de petróleo - CM-30","t","-"]
["M0105","Ancoragem ativa para 4 cordoalhas - D = 15,2 mm","un",531.44259999999997]
["M0106","Ancoragem ativa para 6 cordoalhas - D = 15,2 mm","un",625.66480000000001]
["M0107","Geocomposto para drenagem","m²",48.043199999999999]
["M0108","Ancoragem ativa para 7 cordoalhas - D = 15,2 mm","un",682.69039999999995]
["M0109","Geodreno vertical - L = 10 cm e E = 5 mm","m",5.18]
["M0110","Ancoragem ativa para 10 cordoalhas - D = 15,2 mm","un",1136.9219000000001]
["M0111","Ancoragem ativa para 9 cordoalhas - D = 15,2 mm","un",1009.586]
["M0112","Disco diamantado segmentado para corte de pavimento - D = 1.000 mm","un",5881.0348999999997]
["M0113","Ancoragem ativa para 12 cordoalhas - D = 15,2 mm","un",1288.9866999999999]
["M0114","Disco diamantado segmentado para corte de pavimento - D = 1.500 mm","un",26165.5959]
["M0115","Biomanta vegetal de fibras de coco entrelaçadas com fios de polipropileno biodegradáveis - densidade 0,4 kg/m²","m²",6.5]
["M0116","Mangote flangeado de borracha reforçada com lonas sintéticas - C = 1,80 m e D = 0,30 m","un",16800.0416]
["M0117","Mangote flangeado de borracha reforçada com lonas sintéticas - C = 1,80 m e D = 0,40 m","un",23307.254300000001]
["M0118","Mangote flangeado de borracha reforçada com lonas sintéticas - C = 1,80 m e D = 0,45 m","un",25844.3328]
["M0119","Mangote flangeado de borracha reforçada com lonas sintéticas - C = 1,80 m e D = 0,50 m","un",29594.47]
["M0120","Tubo PEAD PE 100 PN 8 com flanges - D = 250 mm","m",327.91750000000002]
["M0121","Tubo PEAD PE 100 PN 8 com flanges - D = 400 mm","m",2103.3364999999999]
["M0122","Tubo PEAD PE 100 PN 8 com flanges - D = 450 mm","m",2642.0962]
["M0123","Tubo PEAD PE 100 PN 8 com flanges - D = 500 mm","m",2958.6736000000001]
["M0124","Flutuador bipartido em polietileno com núcleo de espuma em poliuretano para tubos - D = 0,30 m","un",4796.9075999999995]
["M0125","Flutuador bipartido em polietileno com núcleo de espuma em poliuretano para tubos - D = 0,40 m","un",6598.2506000000003]
["M0126","Flutuador bipartido em polietileno com núcleo de espuma em poliuretano para tubos - D = 0,45 m","un",7601.8404]
["M0127","Flutuador bipartido em polietileno com núcleo de espuma em poliuretano para tubos - D = 0,50 m","un",8174.5855000000001]
["M0128","Biomanta vegetal de fibras de palha entrelaçadas com fios de polipropileno biodegradáveis - densidade 0,6 kg/m²","m²",5.9]
["M0129","Retentor de sedimento em fibras vegetais - D = 20 cm","m",68.070599999999999]
["M0130","Ancoragem ativa para 15 cordoalhas - D = 15,2 mm","un",1728.3148000000001]
["M0131","Tubo PEAD corrugado com paredes estruturadas para drenagem - D = 400 mm","m",252.22139999999999]
["M0132","Tubo PEAD corrugado com paredes estruturadas para drenagem - D = 450 mm","m",288.7568]
["M0133","Tubo PEAD corrugado com paredes estruturadas para drenagem - D = 500 mm","m",415.46780000000001]
["M0134","Tubo PEAD corrugado com paredes estruturadas para drenagem - D = 600 mm","m",605.3877]
["M0135","Tubo PEAD corrugado com paredes estruturadas para drenagem - D = 750 mm","m",854.04250000000002]
["M0136","Tubo PEAD corrugado com paredes estruturadas para drenagem - D = 800 mm","m",905.73040000000003]
["M0137","Tubo PEAD corrugado com paredes estruturadas para drenagem - D = 900 mm","m",1149.873]
["M0138","Ancoragem ativa para 19 cordoalhas - D = 15,2 mm","un",2266.9854]
["M0139","Tubo PEAD corrugado com paredes estruturadas para drenagem - D = 1.000 mm","m",1587.4285]
["M0140","Bentonita","kg",3.0857999999999999]
["M0141","Tubo PEAD corrugado com paredes estruturadas para drenagem - D = 1.050 mm","m",1641.6572000000001]
["M0142","Tubo PEAD corrugado com paredes estruturadas para drenagem - D = 1.200 mm","m",2243.7453]
["M0143","Tubo PEAD corrugado com paredes estruturadas para drenagem - D = 1.500 mm","m",2539.0183999999999]
["M0145","Ancoragem ativa para 22 cordoalhas - D = 15,2 mm","un",2907.4992999999999]
["M0146","Ancoragem ativa para 27 cordoalhas - D = 15,2 mm","un",3825.0333999999998]
["M0148","Ancoragem ativa para lajes para 1 cordoalha - D = 12,7 mm","un",81.787400000000005]
["M0151","Ancoragem ativa para lajes para 2 cordoalhas - D = 12,7 mm","un",159.39840000000001]
["M0152","Ancoragem ativa para lajes para 3 cordoalhas - D = 12,7 mm","un",219.3015]
["M0153","Ancoragem ativa para lajes para 4 cordoalhas - D = 12,7 mm","un",291.93650000000002]
["M0156","Bloco de concreto - L = 19 cm, A = 19 cm e C = 39 cm","un",5.7001999999999997]
["M0158","Tela metálica galvanizada dobrada em L - C = 2,0 m, L = 0,4 m e H = 0,4 m","un",452.4649]
["M0160","Extintor de incêndio tipo espuma mecânica - V = 10 l","un",609.84839999999997]
["M0161","Barra de fibra de vidro (vergalhão) - D = 25,0 mm","m",58.575499999999998]
["M0162","Corrente de elo soldado em aço galvanizado com acabamento polido - D = 3,18 mm (1/8\")","m",6.8829000000000002]
["M0163","Gonzo com aba em aço galvanizado - D = 12,7 mm (1/2\")","un",2.5602]
["M0164","Tubo em aço galvanizado - E = 1,50 mm e seção de 20 x 20 mm","m",11.3117]
["M0166","Tubo em aço galvanizado - E = 2,25 mm e D = 20 mm (3/4\")","m",29.499099999999999]
["M0167","Tela de poliamida industrial - E = 0,40 mm e malha de 1,6 mm","m²",14.4337]
["M0168","Abraçadeira de poliamida - E = 3,6 mm e C = 200 mm","un",0.1996]
["M0169","Roda em aço e pneu com câmara de ar 83/203 mm (3,25\"/8\") para carrinho de mão","un",75.155000000000001]
["M0173","Ancoragem ativa para lajes para 1 cordoalha - D = 15,2 mm","un",91.0946]
["M0178","Ancoragem ativa para lajes para 2 cordoalhas - D = 15,2 mm","un",203.39779999999999]
["M0181","Ancoragem ativa para lajes para 3 cordoalhas - D = 15,2 mm","un",278.76150000000001]
["M0184","Ancoragem ativa para lajes para 4 cordoalhas - D = 15,2 mm","un",349.19060000000002]
["M0191","Brita 1","m³",138.14510000000001]
["M0192","Brita 2","m³",136.7543]
["M0193","Brita 3","m³",133.05260000000001]
["M0194","Escória de aciaria","m³",14.5395]
["M0198","Parafuso de cabeça chata em aço - D = 4,5 mm e bucha plástica - D = 8 mm (S8)","un",0.35909999999999997]
["M0199","Coroa de botões cruzados linha R32 - D = 43 mm (1 11/16’’)","un",329.6259]
["M0201","Coroa de botões esféricos linha T38 - D = 89 mm (3 1/2\")","un",869.37249999999995]
["M0202","Coroa de botões esféricos linha T45 - D = 76 mm (3\")","un",756.96079999999995]
["M0204","Instalações físicas para a central de pré-moldagem de dormentes de concreto protendido","CMCC",1815.48]
["M0217","Enxofre","kg",3.7067000000000001]
["M0220","Adubo à base de nitrogênio, fósforo e potássio (NPK)","kg",3.2218]
["M0222","Filer calcário","kg",0.19400000000000001]
["M0223","Sementes para hidrossemeadura","kg",31.0885]
["M0224","Guia-chapéu pré-moldada - C = 120 cm","un",65.2363]
["M0225","Adubo orgânico composto","kg",0.29449999999999998]
["M0229","Gabião tipo colchão em liga de zinco e alumínio revestido com polímero de malha hexagonal - E = 0,17 m","m²",172.6694]
["M0230","Gabião tipo caixa em liga de zinco e alumínio de malha hexagonal - C = 2,00 m, L = 1,00 m e H = 0,50 m","un",546.90419999999995]
["M0231","Gabião tipo caixa em liga de zinco e alumínio de malha hexagonal - C = 2,00 m, L = 1,00 m e H = 1,00 m","un",815.86869999999999]
["M0232","Gabião tipo caixa em liga de zinco e alumínio revestido com polímero de malha hexagonal - C = 2,00 m, L = 1,00 m e H = 0,50 m","un",681.33630000000005]
["M0233","Gabião tipo caixa em liga de zinco e alumínio revestido com polímero de malha hexagonal - C = 2,00 m, L = 1,00 m e H = 1,00 m","un",951.44100000000003]
["M0234","Gabião tipo saco em liga de zinco e alumínio revestido com polímero de malha hexagonal - D = 0,65 m","m³",492.5016]
["M0235","Gabião tipo colchão em liga de zinco e alumínio revestido com polímero de malha hexagonal - E = 0,23 m","m²",179.79859999999999]
["M0236","Gabião tipo colchão em liga de zinco e alumínio revestido com polímero de malha hexagonal - E = 0,30 m","m²",206.0735]
["M0237","Energia elétrica","kWh",0.9698]
["M0253","Cabo de cobre flexível antichama isolado em PVC - tensão de 450/750 V e seção de 16 mm²","m",14.4185]
["M0254","Mistura gasosa de argônio e dióxido de carbono para solda MIG/MAG","m³",53.190399999999997]
["M0256","Tinta à base de etil silicato de zinco bicomponente para fundo preparador de pintura","l",251.52539999999999]
["M0257","Diluente para tinta à base de etil silicato de zinco","l",36.591900000000003]
["M0260","Cabo de cobre PP flexível isolado em PVC - tensão de 300/500 V e seção de 3 x 1,5 mm²","m",4.8936999999999999]
["M0264","Bomba de combustível industrial eletrônica simples","un",28943.6662]
["M0265","Tanque de combustível aéreo horizontal com escada para visita - capacidade de 5.000 l","un",20933.875899999999]
["M0266","Cabo de cobre flexível antichama isolado em PVC - tensão de 0,6/1,0 kV e seção de 240 mm²","m",180.8349]
["M0267","Módulo de torre de elevador de cremalheira","un",3929.2049000000002]
["M0268","Módulo de ancoragem de torre de elevador de cremalheira","un",2953.0322999999999]
["M0269","Cabo de cobre flexível antichama isolado em PVC - tensão de 0,6/1,0 kV e seção de 50 mm²","m",39.3444]
["M0284","Caibro de pinho - L = 7,5 cm e E = 7,5 cm","m",18.226400000000002]
["M0285","Pontalete para escoramento - D = 15 cm","m",7.7405999999999997]
["M0286","Tábua - E = 2,5 cm e L = 30 cm","m",20.668600000000001]
["M0289","Tábua - E = 2,5 cm e L = 15 cm","m",9.9016999999999999]
["M0290","Tábua - E = 2,5 cm e L = 10 cm","m",6.3308999999999997]
["M0291","Estrutura modular com 2 banheiros - L = 2,44 m e C = 6,06 m (1 TEU)","un",80953.647800000006]
["M0292","Estrutura modular com janela - L = 2,44 m e C = 6,06 m (1 TEU)","un",65936.767000000007]
["M0293","Estrutura modular com janela - L = 4,88 m e C = 6,06 m (1 TEU duplo)","un",133646.26759999999]
["M0294","Estrutura modular com janela e 2 banheiros - L = 4,88 m e C = 6,06 m (1 TEU duplo)","un",134195.30059999999]
["M0295","Estrutura modular com revestimento térmico, janela e banheiro - L = 2,44 m e C = 6,06 m (1 TEU)","un",74146.322]
["M0296","Estrutura modular com revestimento térmico, janela e banheiro - L = 2,44 m e C = 12,19 m (2 TEU)","un",141385.986]
["M0297","Estrutura modular com 3 janelas para guarita - L = 2,44 m e C = 3,05 m (1/2 TEU)","un",41027.488499999999]
["M0301","Pontalete para escoramento - D = 10 cm","m",3.4419]
["M0310","Peça de madeira - L = 7,5 cm e E = 2,5 cm","m",6.1029999999999998]
["M0311","Filtro de aspiração de ar externo com capacidade 3,58 l/s para compressor de ar respirável ","un",307.72730000000001]
["M0312","Filtro de purificação de ar comprimido com capacidade de 35 MPa para compressor de ar respirável ","un",316.99650000000003]
["M0344","Cal hidratada - a granel","kg",0.51790000000000003]
["M0345","Cal hidratada - saco","kg",0.79110000000000003]
["M0346","Disco de aço para bomba de projeção via seca","un",377.82870000000003]
["M0347","Disco de aço para bomba de projeção via úmida","un",1484.4643000000001]
["M0348","Disco de borracha para bomba de projeção via seca","un",304.2593]
["M0349","Disco de borracha para bomba de projeção via úmida","un",678.86479999999995]
["M0350","Bico para bomba de projeção","un",298.9522]
["M0351","Mangote para bomba de projeção","m",340.20460000000003]
["M0364","Perfil cartola em aço carbono SAE 1010/1020 galvanizado - 50 x 70 x 3 mm - aba 20 mm","m",126.0821]
["M0365","Cantoneira em ferro de abas iguais - L = 25,4 mm e E = 4,76 mm","kg",9.5444999999999993]
["M0366","Cantoneira em aço ASTM A36 galvanizado","kg",9.1067999999999998]
["M0375","Serra copo com suporte para furadeira para chapas de até 3 mm - D = 25 mm","un",113.1562]
["M0395","Chapa de alumínio - E = 1,5 mm","m²",174.9743]
["M0408","Chumbador de expansão controlada por torque em aço zincado para concreto - D = 12,5 mm","un",7.9222999999999999]
["M0409","Chumbador de expansão controlada por torque em aço zincado para concreto - D = 6,3 mm","un",0.83830000000000005]
["M0410","Chumbador de expansão controlada por torque em aço zincado para concreto - D = 20,0 mm","un",13.8909]
["M0411","Chumbador de expansão controlada por torque em aço zincado para concreto - D = 10,0 mm","un",3.0855999999999999]
["M0412","Chumbador de expansão controlada por torque em aço zincado para concreto - D = 16,0 mm","un",10.3903]
["M0413","Chumbador de expansão controlada por torque em aço zincado para concreto - D = 25,0 mm","un",30.543299999999999]
["M0421","Argamassa expansiva para desmonte de rocha e demolição de concreto","kg",12.645]
["M0424","Cimento Portland CP II - 32 - saco","kg",0.624]
["M0427","Cordoalha nua tipo CP 190 RB - D = 12,7 mm","kg",10.6631]
["M0428","Cordoalha nua tipo CP 190 RB - D = 15,2 mm","kg",10.6631]
["M0429","Perfil de alumínio tipo L421 para placa de sinalização - seção de 33 x 40 mm","m",14.966699999999999]
["M0434","Tirante de barra de aço - tensão de escoamento = 950 MPa, tensão de ruptura = 1.050 MPa e D = 32 mm","m",260.41989999999998]
["M0442","Compensado plastificado - E = 10 mm","m²",39.100999999999999]
["M0443","Compensado plastificado - E = 12 mm","m²",48.6447]
["M0444","Luva em aço para emenda tipo prensada - D = 12,5 mm","un",18.449100000000001]
["M0445","Luva em aço para emenda tipo prensada - D = 16,0 mm","un",26.103999999999999]
["M0446","Compensado resinado - E = 10 mm","m²",30.922799999999999]
["M0447","Compensado resinado - E = 12 mm","m²",35.977200000000003]
["M0448","Compensado resinado - E = 14 mm","m²",48.0655]
["M0450","Compensado de virola - E = 6 mm","m²",35.945900000000002]
["M0451","Concreto usinado - fck = 20 MPa (comercial)","m³","-"]
["M0452","Concreto usinado - fck = 25 MPa (comercial)","m³","-"]
["M0453","Concreto usinado - fck = 30 MPa (comercial)","m³","-"]
["M0454","Concreto usinado - fck = 35 MPa (comercial)","m³","-"]
["M0459","Compensado plastificado - E = 14 mm","m²",53.813800000000001]
["M0467","Luva em aço para emenda tipo prensada - D = 20,0 mm","un",36.753799999999998]
["M0468","Luva em aço para emenda tipo prensada - D = 25,0 mm","un",66.213899999999995]
["M0469","Luva em aço para emenda tipo prensada - D = 32,0 mm","un",147.41200000000001]
["M0470","Luva em aço para emenda com rosca cônica - D = 12,5 mm","un",15.0199]
["M0471","Luva em aço para emenda com rosca cônica - D = 16,0 mm","un",25.454599999999999]
["M0472","Luva em aço para emenda com rosca cônica - D = 20,0 mm","un",33.986400000000003]
["M0481","Luva em aço para emenda com rosca cônica - D = 25,0 mm","un",46.485100000000003]
["M0502","Luva em aço para emenda com rosca cônica - D = 32,0 mm","un",69.003399999999999]
["M0505","Broca de widia - D = 6,5 mm e C = 100 mm","un",4.4339000000000004]
["M0506","Broca de widia - D = 8 mm e C = 120 mm","un",7.4733000000000001]
["M0511","Abrasivo tipo granalha de aço","kg",11.5901]
["M0512","Bico venturi longo - D = 7,9 mm (5/16\")","un",631.86559999999997]
["M0521","Laminado elastoplástico - E = 1,5 mm","m²",190.75630000000001]
["M0532","Escora tubular galvanizada regulável telescópica para tunnel liner - L = 2,42 a 4,00 m e capacidade de 1.750 a 625 kg","kg",19.564699999999998]
["M0533","Escora tubular galvanizada regulável - L = 3,00 a 4,50 m e capacidade de 2.100 a 750 kg","un",283.70740000000001]
["M0534","Escora tubular galvanizada regulável - L = 2,00 a 3,10 m e capacidade de 3.200 a 1.500 kg","un",205.7071]
["M0536","Quadro tubular contraventado com acessórios - C = 1,00 m, L = 1,00 m e H = 1,25 m","un",582.83219999999994]
["M0537","Sapata ajustável para andaime - base quadrada de 15 x 15 cm","un",94.368700000000004]
["M0538","Escada metálica tipo marinheiro para andaime","m",201.91249999999999]
["M0539","Quadro tubular contraventado para andaime - H = 100 cm e L = 100 cm","un",212.44290000000001]
["M0540","Quadro tubular contraventado para andaime - H = 100 cm e L = 150 cm","un",234.3828]
["M0541","Quadro tubular contraventado para andaime - H = 100 cm e L = 200 cm","un",267.39350000000002]
["M0542","Diagonal tubular para andaime - C = 141 cm","un",77.786600000000007]
["M0543","Diagonal tubular para andaime - C = 212 cm","un",82.006399999999999]
["M0544","Diagonal tubular para andaime - C = 283 cm","un",95.564800000000005]
["M0545","Plataforma metálica de piso para andaime - C = 100 e L = 33 cm","un",195.9796]
["M0546","Plataforma metálica de piso para andaime - C = 150 e L = 37 cm","un",230.82929999999999]
["M0547","Plataforma metálica de piso para andaime - C = 200 e L = 33 cm","un",345.58699999999999]
["M0548","Quadro tubular tipo guarda-corpo para andaime - H = 120 cm e L = 100 cm","un",290.83780000000002]
["M0549","Quadro tubular tipo guarda-corpo com acessórios para andaime - H = 120 cm e L = 150 cm","un",344.49930000000001]
["M0550","Quadro tubular tipo guarda-corpo com acessórios para andaime - H = 120 cm e L = 200 cm","un",435.91820000000001]
["M0560","Desmoldante para fôrmas de madeira","l",13.3363]
["M0562","Abraçadeira giratória em aço galvanizado para escada multidirecional - D = 48 mm","un",57.618699999999997]
["M0563","Tubo em aço galvanizado para escada multidirecional - C = 100 cm","un",97.5154]
["M0564","Peça base em aço galvanizado para escada multidirecional - C = 33 cm","un",130.76169999999999]
["M0565","Poste vertical em aço galvanizado para escada multidirecional - C = 100 cm","un",298.87599999999998]
["M0566","Poste vertical em aço galvanizado para escada multidirecional - C = 200 cm","un",463.79180000000002]
["M0567","Travessa em aço galvanizado para escada multidirecional - C = 75 cm","un",148.37039999999999]
["M0568","Travessa em aço galvanizado para escada multidirecional - C = 150 cm","un",305.54599999999999]
["M0569","Travessa em aço galvanizado para escada multidirecional - C = 250 cm","un",416.08030000000002]
["M0570","Diagonal em aço galvanizado para escada multidirecional - C = 150 cm para módulos de H = 200 cm","un",352.95190000000002]
["M0571","Diagonal em aço galvanizado para escada multidirecional - C = 250 cm para módulos de H = 200 cm","un",399.2604]
["M0572","Piso em aço galvanizado para escada multidirecional - L = 32 cm e C = 150 cm","un",557.65650000000005]
["M0573","Escada de alumínio para escada multidirecional - H = 200 cm e C = 250 cm","un",4635.5523999999996]
["M0574","Corrimão externo em alumínio para escada multidirecional - C = 250 cm","un",790.05600000000004]
["M0575","Corrimão interno em alumínio para escada multidirecional - C = 250 cm","un",1158.1437000000001]
["M0576","Conexão tubular em aço galvanizado com semiabraçadeira para travessas - C = 30 cm e D = 48,3 mm","un",310.70010000000002]
["M0601","Ponteiro para martelete - D = 32 mm e C = 1,00 m","un",794.85]
["M0602","Ponteiro para rompedor hidráulico de 1.700 kg","un",7466.6198000000004]
["M0603","Ponteiro para rompedor hidráulico de 520 kg","un",6049.8841000000002]
["M0614","Concreto usinado - fctM,k = 4,5 MPa (comercial)","m³","-"]
["M0615","Aditivo incorporador de ar para concreto e argamassa","kg",7.8368000000000002]
["M0639","Bico para corte a plasma CNC - 130A","un",132.53219999999999]
["M0640","Bocal para corte a plasma CNC - 130A","un",125.5552]
["M0641","Capa do bico para corte a plasma CNC - 130A","un",1542.0372]
["M0642","Capa do bocal para corte a plasma CNC - 130A","un",777.2056]
["M0643","Distribuidor de gás para corte a plasma CNC - 130A","un",208.85560000000001]
["M0644","Eletrodo para corte a plasma CNC - 130A","un",126.74460000000001]
["M0645","Tubo de água para corte a plasma CNC - 130A","un",197.31620000000001]
["M0646","Estaca pré-moldada de concreto protendido com compressão admissível de 100 t","m",276.74810000000002]
["M0647","Estaca pré-moldada de concreto protendido com compressão admissível de 25 t","m",87.981200000000001]
["M0648","Estaca pré-moldada de concreto protendido com compressão admissível de 35 t","m",118.1835]
["M0649","Estaca pré-moldada de concreto protendido com compressão admissível de 60 t","m",131.8466]
["M0650","Estaca pré-moldada de concreto protendido com compressão admissível de 75 t","m",184.3845]
["M0666","Martelo de fundo DTH - DN = 76 mm (3\")","un",8896.4568999999992]
["M0667","Martelo de fundo DTH - DN = 127 mm (5\")","un",13933.344999999999]
["M0668","Martelo de fundo DTH - DN = 152 mm (6\")","un",18303.331999999999]
["M0669","Martelo de fundo DTH - DN = 203 mm (8\")","un",30532.575000000001]
["M0673","Estaca pré-moldada de concreto armado centrifugado com compressão admissível de 55 t","m",203.5865]
["M0677","Estaca pré-moldada de concreto armado centrifugado com compressão admissível de 80 t","m",266.51069999999999]
["M0682","Aço em perfis ASTM A36","kg",9.2187000000000001]
["M0686","Estaca pré-moldada de concreto armado centrifugado com compressão admissível de 100 t","m",300.75279999999998]
["M0713","Cinta com cerdas de aço","un",369.88249999999999]
["M0714","Tinta de acabamento poliuretano acrílico alifático brilhante bicomponente","l",115.66540000000001]
["M0715","Tinta selante epóxi vinílico bicomponente curada com poliamida","l",144.00970000000001]
["M0716","Tinta anti-incrustante livre de estanho","l",194.73269999999999]
["M0717","Tinta à base de resina epóxi bicomponente para fundo preparador de pintura","l",302.18279999999999]
["M0718","Tinta esmalte à base de resina epóxi bicomponente","l",61.340299999999999]
["M0719","Diluente epóxi","l",36.866]
["M0721","Tinta anticorrosiva zarcão para fundo preparador de pintura","l",48.176499999999997]
["M0722","Estaca pré-moldada de concreto armado centrifugado com compressão admissível de 125 t","m",380.22359999999998]
["M0729","Fixador de cal para pintura","l",4.4657999999999998]
["M0734","Estaca pré-moldada de concreto armado centrifugado com compressão admissível de 170 t","m",539.48649999999998]
["M0741","Grama tipo batatais","m²",6.6924999999999999]
["M0745","Grampo em aço galvanizado para cerca - C = 25,4 mm e E = 3,76 mm (1\" x 9 BWG)","kg",12.539400000000001]
["M0755","Estaca pré-moldada de concreto armado centrifugado com compressão admissível de 230 t","m",730.16319999999996]
["M0756","Estaca pré-moldada de concreto armado centrifugado com compressão admissível de 300 t","m",833.05010000000004]
["M0767","Sinalizador a LED com bateria","un",213.55789999999999]
["M0769","Lona plástica - E = 200 micra","m²",1.5531999999999999]
["M0771","Cavalete em polietileno zebrado com faixa refletiva","un",364.58089999999999]
["M0773","Perfil de alumínio tipo L463 para placa de sinalização - seção de 50 x 50 mm","m",54.985300000000002]
["M0785","Massa asfáltica comercial","t","-"]
["M0786","Placa de poliestireno expandido (EPS)","m³",369.33280000000002]
["M0787","Suporte em aço-carbono galvanizado tipo perfil C para placa de sinalização","kg",29.646999999999998]
["M0789","Conjunto para fixação de placas em aço galvanizado composto por barra chata, abraçadeira, parafusos, porcas e arruelas","kg",30.9024]
["M0796","Semipórtico metálico para vão de 8,3 m e vento de 35 m/s","un",61245.058100000002]
["M0798","Apoio de neoprene fretado","dm³",114.6134]
["M0804","Cabo de aço - D = 12,70 mm (1/2\")","m",29.244800000000001]
["M0805","Semipórtico duplo metálico para vão de 2 x 8,3 m e vento de 35 m/s","un",98926.708299999998]
["M0808","Brita 4","m³",131.89709999999999]
["M0809","Cabo de aço - D = 6,35 mm (1/4\")","m",10.533799999999999]
["M0810","Cabo de aço - D = 52,00 mm (2\")","m",646.81389999999999]
["M0812","Sapatilha em aço inox - D = 6,35 mm (1/4\")","un",3.88]
["M0818","Semipórtico metálico para vão de 8,3 m e vento de 40 m/s","un",65360.256699999998]
["M0824","Semipórtico duplo metálico para vão de 2 x 8,3 m e vento de 40 m/s","un",109763.1203]
["M0831","Pórtico metálico para vão de 15,9 m e vento de 40 m/s","un",110847.1586]
["M0848","Semipórtico metálico para vão de 8,3 m e vento de 45 m/s","un",71931.856]
["M0849","Corda de sisal - D = 12,0 mm","m",2.4033000000000002]
["M0851","Grampo leve em aço-carbono para cabo de aço - D = 6,3 mm (1/4\")","un",1.0033000000000001]
["M0852","Poste de concreto - carga nominal de 800 daN, H = 15 m e D = 520 mm","un",7249.3822]
["M0858","Semipórtico duplo metálico para vão de 2 x 8,3 m e vento de 45 m/s","un",120599.53230000001]
["M0865","Pórtico metálico para vão de 15,9 m e vento de 45 m/s","un",111533.21060000001]
["M0868","Lâmpada fluorescente compacta eletrônica - potência de 20 W","un",12.389099999999999]
["M0875","Manta asfáltica não-tecido em poliéster - E = 3 mm","m²",40.443600000000004]
["M0876","Manta asfáltica não-tecido em poliéster - E = 4 mm","m²",47.816800000000001]
["M0879","Lixa para ferro Nº 150","un",2.7904]
["M0942","Estaca prancha metálica","kg",17.526599999999998]
["M0945","Parafuso de cabeça sextavada em aço galvanizado com porca e arruela de pressão - D = 6,35 mm (1/4\")","cj",0.56859999999999999]
["M0946","Aço em perfis ASTM A572 grau 50","kg",13.631600000000001]
["M0947","Parafuso de cabeça sextavada em aço galvanizado com porca e arruela de pressão - D = 9,525 mm (3/8\")","cj",1.6229]
["M0948","Arruela lisa em aço ASTM F436 para parafuso - D = 12,7 mm","un",1.0042]
["M0949","Arruela lisa em aço ASTM F436 para parafuso - D = 16,0 mm","un",1.4545999999999999]
["M0950","Arruela lisa em aço ASTM F436 para parafuso - D = 20,0 mm","un",1.6854]
["M0951","Parafuso de cabeça sextavada em aço ASTM A325 de alta resistência com rosca parcial - D = 12,7 mm e C = 38,10 mm","un",2.4049]
["M0952","Parafuso de cabeça sextavada em aço ASTM A325 de alta resistência com rosca parcial - D = 12,7 mm e C = 44,45 mm","un",2.7826]
["M0953","Parafuso de cabeça sextavada em aço ASTM A325 de alta resistência com rosca parcial - D = 12,7 mm e C = 50,80 mm","un",3.0392000000000001]
["M0954","Parafuso de cabeça sextavada em aço ASTM A325 de alta resistência com rosca parcial - D = 12,7 mm e C = 57,15 mm","un",3.0259]
["M0955","Parafuso de cabeça sextavada em aço ASTM A325 de alta resistência com rosca parcial - D = 16 mm e C = 44,45 mm","un",4.3788999999999998]
["M0956","Parafuso de cabeça sextavada em aço ASTM A325 de alta resistência com rosca parcial - D = 16 mm e C = 50,80 mm","un",4.7122999999999999]
["M0957","Parafuso de cabeça sextavada em aço ASTM A325 de alta resistência com rosca parcial - D = 16 mm e C = 63,50 mm","un",6.4805000000000001]
["M0958","Parafuso de cabeça sextavada em aço ASTM A325 de alta resistência com rosca parcial - D = 20 mm e C = 50,80 mm","un",6.9162999999999997]
["M0959","Parafuso de cabeça sextavada em aço ASTM A325 de alta resistência com rosca parcial - D = 20 mm e C = 57,15 mm","un",7.8639999999999999]
["M0960","Parafuso de cabeça sextavada em aço ASTM A325 de alta resistência com rosca parcial - D = 20 mm e C = 63,50 mm","un",9.1835000000000004]
["M0961","Parafuso de cabeça sextavada em aço ASTM A325 de alta resistência com rosca parcial - D = 20 mm e C = 76,20 mm","un",10.141]
["M0962","Tubo em aço galvanizado - E = 2,00 mm e D = 50,80 mm (2\")","m",25.8109]
["M0963","Tubo em aço galvanizado - E = 3,00 mm e seção de 80 x 80 mm","m",67.932400000000001]
["M0964","Aço em perfis ASTM A572 grau 50 perfurado","kg",14.067]
["M0965","Pino conector de cisalhamento para laje steel deck - D = 19 mm e C = 80 mm","un",7.1547000000000001]
["M0966","Porca sextavada pesada em aço ASTM A194 grau 2H para parafuso - D = 12,7 mm","un",1.3076000000000001]
["M0967","Porca sextavada pesada em aço ASTM A194 grau 2H para parafuso - D = 16 mm","un",2.472]
["M0968","Porca sextavada pesada em aço ASTM A194 grau 2H para parafuso - D = 20 mm","un",3.9013]
["M0969","Steel deck em aço galvanizado ASTM A653 grau 40","m²",138.53139999999999]
["M0970","Chapa de aço ASTM A572 grau 50 cortada e perfurada","kg",19.0822]
["M0971","Suporte em aço-carbono para corrimão de guarda-corpo metálico","un",20.886600000000001]
["M0972","Fluido de resfriamento para usinagem de metais","l",25.4726]
["M0998","Madeira estrutural de eucalipto","m³",2453.8146999999999]
["M0999","Tela em aço CA 60 soldada nervurada","kg",9.2234999999999996]
["M1000","Tela em aço galvanizado para alambrado - E = 1,64 mm (BWG 16) e malha de 50 mm","m²",20.679400000000001]
["M1001","Tela em aço galvanizado para passarelas rodoviárias - E = 2,75 mm e malha de 50 mm","m²",59.968499999999999]
["M1010","Manta de PVC reforçada com tela de poliéster - E = 1,2 mm","m²",157.7567]
["M1011","Manta de PVC reforçada com tela de poliéster - E = 1,5 mm","m²",210.7516]
["M1022","Massa para vidro","kg",4.3287000000000004]
["M1066","Cera de proteção para ancoragem de estais","kg",33.076799999999999]
["M1078","Parafuso de cabeça sextavada em aço inox - D = 12,7 mm (1/2\") e C = 127,0 mm (5\")","un",6.0406000000000004]
["M1079","Parafuso de cabeça sextavada em aço galvanizado tipo autoatarrachante com arruela de vedação - D = 6,3 mm e C = 19 mm","un",0.46389999999999998]
["M1097","Pedra de mão ou rachão","m³",130.1799]
["M1103","Pedrisco","m³",152.03450000000001]
["M1118","Cruzeta de madeira para poste - H = 240 cm","un",163.50790000000001]
["M1129","Junta de dilatação em perfil extrudado de borracha vulcanizada","m","-"]
["M1130","Selante elástico à base de poliuretano","kg",104.027]
["M1131","Cordão de polietileno expandido de baixa densidade - D = 15,0 mm","m",0.72150000000000003]
["M1132","Junta de dilatação em elastômero e perfil VV - L = 20 mm e H = 40 mm","m",170.80500000000001]
["M1134","Junta de dilatação em elastômero e perfil VV - L = 25 mm e H = 50 mm","m",196.685]
["M1135","Pó de pedra","m³",113.337]
["M1136","Cordão de polietileno expandido de baixa densidade - D = 10,0 mm","m",0.20319999999999999]
["M1142","Junta de dilatação em elastômero e perfil VV - L = 35 mm e H = 60 mm","m",273.94]
["M1150","Adesivo estrutural à base de resina epóxi bicomponente tipo ADE-52 ou similar","kg",129.22399999999999]
["M1151","Junta de dilatação em elastômero e perfil VV - L = 40 mm e H = 70 mm","m",390.99]
["M1152","Junta de dilatação em elastômero e perfil VV - L = 50 mm e H = 80 mm","m",399.42]
["M1176","Arame liso em aço galvanizado - D = 1,65 mm (16 BWG)","kg",19.8888]
["M1205","Prego de ferro","kg",14.5221]
["M1210","Pórtico metálico para vão de 15,9 m e vento de 35 m/s","un",100042.2408]
["M1218","Projetor externo em alumínio fundido para lâmpada de até 2.000 W","un",535.80989999999997]
["M1242","Coroa diamantada - D = 15,87 mm (5/8\")","un",266.38209999999998]
["M1243","Coroa diamantada - D = 19,50 mm (3/4\")","un",273.90210000000002]
["M1244","Coroa diamantada - D = 25,40 mm (1\")","un",312.5401]
["M1245","Barra em aço SAE 1010/1020 roscada - D = 9,5 mm (3/8\")","m",9.5132999999999992]
["M1300","Roller bit - Tooth cutter - série 8 - D = 700 mm","un",268858.11290000001]
["M1301","Roller bit - Tooth cutter - série 8 - D = 800 mm","un",289002.87099999998]
["M1302","Roller bit - Tooth cutter - série 8 - D = 900 mm","un",309235.24239999999]
["M1303","Roller bit - Tooth cutter - série 8 - D = 1.000 mm","un",344829.81270000001]
["M1304","Roller bit - Tooth cutter - série 8 - D = 1.100 mm","un",381638.17109999998]
["M1305","Roller bit - Tooth cutter - série 8 - D = 1.200 mm","un",387817.63569999998]
["M1306","Roller bit - Tooth cutter - série 8 - D = 1.300 mm","un",498762.23080000002]
["M1307","Roller bit - Tooth cutter - série 13 - D = 1.400 mm","un",506875.01679999998]
["M1308","Roller bit - Tooth cutter - série 13 - D = 1.500 mm","un",568377.91910000006]
["M1309","Roller bit - Tooth cutter - série 13 - D = 1.600 mm","un",622953.96680000005]
["M1310","Roller bit - Tooth cutter - série 13 - D = 1.700 mm","un",639990.32759999996]
["M1311","Roller bit - Tooth cutter - série 13 - D = 1.800 mm","un",692886.7696]
["M1312","Roller bit - Tooth cutter - cantilever - D = 600 mm","un",229241.0239]
["M1313","Roller bit - TCI button cutter - cantilever - D = 600 mm","un",235248.43969999999]
["M1314","Roller bit - TCI button cutter - série 8 - D = 700 mm","un",253253.47940000001]
["M1315","Roller bit - TCI button cutter - série 8 - D = 800 mm","un",271253.78230000002]
["M1316","Roller bit - TCI button cutter - série 8 - D = 900 mm","un",289284.53019999998]
["M1317","Roller bit - TCI button cutter - série 8 - D = 1.000 mm","un",320613.2843]
["M1318","Roller bit - TCI button cutter - série 8 - D = 1.100 mm","un",353135.01679999998]
["M1319","Roller bit - TCI button cutter - série 8 - D = 1.200 mm","un",359215.39299999998]
["M1320","Roller bit - TCI button cutter - série 8 - D = 1.300 mm","un",385322.28210000001]
["M1321","Roller bit - TCI button cutter - série 13 - D = 1.400 mm","un",393296.34389999998]
["M1322","Roller bit - TCI button cutter - série 13 - D = 1.500 mm","un",419757.2255]
["M1323","Roller bit - TCI button cutter - série 13 - D = 1.600 mm","un",481148.2377]
["M1324","Roller bit - TCI button cutter - série 13 - D = 1.700 mm","un",497902.1949]
["M1325","Roller bit - TCI button cutter - série 13 - D = 1.800 mm","un",536801.88210000005]
["M1328","Ripa de madeira - E = 4,0 cm e L = 1,5 cm","m",2.242]
["M1337","Série de brocas integrais S11","un",957.89729999999997]
["M1341","Parafuso de cabeça sextavada em aço galvanizado - D = 15,875 mm (5/8\") e C = 101,600 mm (4\")","un",4.9039999999999999]
["M1350","Muda de árvore ornamental com altura de 2,00 a 3,00 m","un",94.698700000000002]
["M1351","Muda de árvore ornamental com altura de 1,00 a 2,00 m","un",69.778000000000006]
["M1356","Muda de árvore ornamental com altura até 1,00 m","un",33.200899999999997]
["M1358","Sarrafo em madeira de terceira - E = 2,5 cm e L = 5 cm","m",3.1448]
["M1359","Muda de árvore frutífera com altura de 2,00 a 3,00 m","un",218.59180000000001]
["M1360","Muda de árvore frutífera com altura de 1,00 a 2,00 m","un",85.8553]
["M1361","Muda de árvore frutífera com altura até 1,00 m","un",33.485300000000002]
["M1362","Tapete de floríferas com altura até 0,50 m","m²",58.44]
["M1364","Herbicida glifosato para aplicação localizada","l",26.744199999999999]
["M1366","Desengraxante líquido biodegradável","l",26.1755]
["M1367","Chapa fina em aço galvanizado","kg",13.2103]
["M1368","Pingadeira de elastômero com aba inclinada - L = 40 mm e H = 40 mm","m",167.84950000000001]
["M1369","Selador acrílico para pintura","l",8.6740999999999993]
["M1370","Aditivo látex de polímero SBR para concreto e argamassa","l",8.2857000000000003]
["M1376","Chapa fina em aço ASTM A36","kg",10.7342]
["M1377","Treliça nervurada eletrossoldada em aço CA 60","kg",8.8299000000000003]
["M1378","Chapa grossa em aço ASTM A36","kg",9.6809999999999992]
["M1379","Argamassa polimérica monocomponente para reparos estruturais","kg",5.8249000000000004]
["M1382","Areia grossa lavada","m³",120.42059999999999]
["M1383","Areia fina lavada","m³",142.8125]
["M1384","Tubo em aço-carbono com funil cônico tremonha para lançamento de concreto","kg",26.154699999999998]
["M1385","Disco de corte diamantado para concreto e asfalto - D = 350 mm","un",504.88040000000001]
["M1387","Adesivo estrutural à base de resina epóxi de média viscosidade","kg",62.4392]
["M1388","Cordoalha tipo CP 177 RB para estais - D = 15,7 mm","kg",24.919599999999999]
["M1390","Adesivo estrutural à base de resina epóxi de baixa viscosidade","kg",186.9]
["M1391","Ponteiro para martelete - D = 22 mm e C = 1,00 m","un",445.84739999999999]
["M1397","Eletrodo revestido E60XX","kg",32.703000000000003]
["M1398","Vareta em aço-carbono para solda oxiacetileno AWS A 5.2 R45","kg",33.7712]
["M1399","Broca de widia - D = 14 mm e C = 150 mm","un",32.466700000000003]
["M1400","Adesivo estrutural à base de resina epóxi de alta viscosidade","kg",59.391399999999997]
["M1401","Bico de adesão para injeção de adesivo estrutural à base de resina epóxi","un",8.1692999999999998]
["M1402","Bico de perfuração para injeção de adesivo estrutural à base de resina epóxi","un",5.9081000000000001]
["M1404","Aplicador manual de adesivo estrutural","un",2986.89]
["M1405","Disco diamantado para desbaste - D = 180 mm","un",502.34930000000003]
["M1406","Broca de aço rápido - D = 12,5 mm e C = 151 mm","un",33.298099999999998]
["M1408","Grelha metálica para canaletas - C = 1,00 m e L = 0,30 m","un",381.71559999999999]
["M1409","Porta-grelha metálica - C = 1,00 m e L = 0,30 m","m",92.978700000000003]
["M1429","Tábua de pinho de terceira - E = 2,5 cm","m²",65.353399999999993]
["M1432","Tampão de ferro fundido articulado para águas pluviais - DN 600 classe 400","un",590.68849999999998]
["M1433","Grelha metálica para canaletas - C = 0,50 m e L = 0,50 m","un",306.73]
["M1434","Porta-grelha metálica - C = 0,50 m e L = 0,50 m","m",166.89]
["M1446","Geogrelha bidirecional em polipropileno extrudado - resistência à tração de 30 kN/m, deformação inferior a 5% e malha de 36 x 34 mm","m²",39.407200000000003]
["M1447","Geogrelha unidirecional em poliéster - resistência à tração longitudinal de 50 kN/m","m²",23.620699999999999]
["M1448","Geogrelha unidirecional em poliéster - resistência à tração longitudinal de 90 kN/m","m²",29.989799999999999]
["M1449","Geogrelha unidirecional em poliéster - resistência à tração longitudinal de 100 kN/m","m²",31.002800000000001]
["M1450","Geogrelha unidirecional em poliéster - resistência à tração longitudinal de 150 kN/m","m²",33.119199999999999]
["M1451","Geogrelha unidirecional em poliéster - resistência à tração longitudinal de 200 kN/m","m²",43.199300000000001]
["M1452","Geogrelha unidirecional em poliéster - resistência à tração longitudinal de 300 kN/m","m²",63.339500000000001]
["M1453","Geogrelha unidirecional em poliéster - resistência à tração longitudinal de 400 kN/m","m²",83.469800000000006]
["M1454","Geocélula em PEAD - H = 75 mm e célula de 289 cm²","m²",41.313000000000002]
["M1455","Geocélula em PEAD - H = 100 mm e célula de 289 cm²","m²",51.863100000000003]
["M1456","Geocélula em PEAD - H = 150 mm e célula de 289 cm²","m²",62.311300000000003]
["M1457","Geocélula em PEAD - H = 200 mm e célula de 289 cm²","m²",73.936999999999998]
["M1458","Geocélula em PEAD - H = 75 mm e célula de 460 cm²","m²",34.029499999999999]
["M1459","Geocélula em PEAD - H = 100 mm e célula de 460 cm²","m²",42.158499999999997]
["M1460","Geocélula em PEAD - H = 150 mm e célula de 460 cm²","m²",50.684899999999999]
["M1461","Geocélula em PEAD - H = 200 mm e célula de 460 cm²","m²",59.76]
["M1462","Geocélula em PEAD - H = 75 mm e célula de 1.206 cm²","m²",30.3813]
["M1463","Geocélula em PEAD - H = 100 mm e célula de 1.206 cm²","m²",39.647599999999997]
["M1464","Geocélula em PEAD - H = 150 mm e célula de 1.206 cm²","m²",47.867400000000004]
["M1465","Geocélula em PEAD - H = 200 mm e célula de 1.206 cm²","m²",55.5229]
["M1472","Tubo de PVC rosqueável para água fria - D = 75 mm (3\")","m",59.476599999999998]
["M1481","Coroa diamantada - D = 31,80 mm (1 1/4\")","un",354.49279999999999]
["M1496","Coroa diamantada - D = 38,10 mm (1 1/2\")","un",359.54020000000003]
["M1498","Coroa diamantada - D = 44,50 mm (1 3/4\")","un",382.79070000000002]
["M1518","Coroa diamantada - D = 50,80 mm (2\")","un",406.17500000000001]
["M1519","Coroa diamantada - D = 63,50 mm (2 1/2\")","un",458.39299999999997]
["M1520","Coroa diamantada - D = 76,20 mm (3\")","un",606.11670000000004]
["M1526","Coroa diamantada - D = 101,60 mm (4\")","un",805.28039999999999]
["M1527","Broca de widia - D = 10 mm e C = 150 mm","un",11.103199999999999]
["M1528","Broca de widia - D = 13 mm e C = 150 mm","un",20.712499999999999]
["M1546","Telha trapezoidal em aço zincado - E = 0,43 mm","m²",44.867699999999999]
["M1553","Geotêxtil não-tecido agulhado em poliéster - resistência à tração longitudinal de 31 kN/m","m²",16.224599999999999]
["M1556","Terra vegetal produzida","m³","-"]
["M1575","Tinta látex à base de resina acrílica","l",15.186299999999999]
["M1577","Tinta plástica à base de resina metacrílica aplicada a frio por dispersão ou extrusão","kg",34.419499999999999]
["M1585","Massa termoplástica aplicada por extrusão","kg",12.6396]
["M1591","Suporte polimérico ecológico maciço colapsível para placa de sinalização - D = 6,4 cm","m",197.23759999999999]
["M1600","Trilho TR25 em aço-carbono usado","kg",5.4687000000000001]
["M1602","Trilho TR37 em aço-carbono usado","kg",5.4687999999999999]
["M1603","Trilho TR45 em aço-carbono usado","kg",5.4687000000000001]
["M1605","Trilho TR57 em aço-carbono usado","kg",5.4687000000000001]
["M1606","Trilho TR68 em aço-carbono usado","kg",5.4690000000000003]
["M1614","Tubo em aço galvanizado com rosca BSP classe leve - D = 50 mm (2\")","m",61.533700000000003]
["M1616","Tubo em aço galvanizado com rosca BSP classe leve - D = 20 mm (3/4\")","m",13.0124]
["M1617","Tubo em aço galvanizado com rosca BSP classe leve - D = 80 mm (3\")","m",132.06970000000001]
["M1618","Tubo em aço galvanizado com rosca BSP classe leve - D = 100 mm (4\")","m",142.37430000000001]
["M1624","Suporte polimérico ecológico maciço colapsível para placa de sinalização - seção de 8 x 8 cm","m",268.73469999999998]
["M1636","Suporte polimérico ecológico maciço colapsível para placa de sinalização - seção de 7 x 15 cm","m",576.24800000000005]
["M1638","Mourão de madeira - H = 2,10 m e D = 0,10 m","un",23.808199999999999]
["M1639","Mourão de madeira - H = 2,20 m e D = 0,15 m","un",43.106200000000001]
["M1640","Nonel iniciador - C = 300,0 m","un",249.72559999999999]
["M1642","Coroa de botões esféricos - D = 130 mm (5 1/8\")","un",3353.4074999999998]
["M1643","Coroa de botões esféricos - D = 194 mm (7 5/8\")","un",7741.3797999999997]
["M1644","Coroa de botões esféricos - D = 251 mm (9 7/8\")","un",9296.3693999999996]
["M1645","Coroa de botões esféricos - D = 305 mm (12\")","un",14134.711600000001]
["M1646","Coroa de botões esféricos - D = 355 mm (14\")","un",9123.5056999999997]
["M1648","Dente de corte para trado ou caçamba de perfuração","un",33.742600000000003]
["M1649","Coroa de botões esféricos linha ST68 - D = 102 mm (4\")","un",2588.3094999999998]
["M1650","Coroa de botões esféricos para tirante autoinjetável - D = 87 mm (3 7/16\")","un",814.34550000000002]
["M1651","Tricone para tirante autoinjetável - D = 120 mm","un",368.863]
["M1653","Coroa piloto de botões esféricos para sistema autoperfurante - D = 76,2 mm (3\")","un",1330.4090000000001]
["M1655","Tubo de PVC ponta e bolsa para esgoto - D = 50 mm (2\")","m",7.9]
["M1656","Tubo de PVC ponta e bolsa para esgoto - D = 75 mm (3\")","m",12.3672]
["M1657","Tubo PEAD corrugado perfurado para drenagem - D = 170 mm","m",31.951000000000001]
["M1658","Tubo PEAD corrugado perfurado para drenagem - D = 230 mm","m",47.484499999999997]
["M1662","Suporte em madeira de eucalipto tratado - seção de 8 x 8 cm","m",14.7272]
["M1665","Tubo de PVC rosqueável para água fria - D = 40 mm (1 1/2\")","m",21.9679]
["M1673","Tubo de PVC rosqueável para água fria - D = 100 mm (4\")","m",74.339500000000001]
["M1675","Tubo de PVC rosqueável para água fria - D = 150 mm (6\")","m",79.160899999999998]
["M1702","Duto flexível de ventilação em PVC - D = 1,20 m","m",146.10589999999999]
["M1719","Broca integral série H19 - D = 24 mm e C = 0,4 m","un",504.41109999999998]
["M1720","Geotêxtil não-tecido agulhado em poliéster - resistência à tração longitudinal de 10 kN/m","m²",6.0742000000000003]
["M1728","Punho linha R25 para martelete perfurador e rompedor - D = 25 mm (1\")","un",797.15740000000005]
["M1729","Haste linha R25 para martelete perfurador e rompedor - D = 25 mm (1\") e C = 1,00 m","un",1384.0014000000001]
["M1730","Luva de acoplamento linha R25 para martelete perfurador e rompedor - D = 25 mm (1\")","un",285.64449999999999]
["M1731","Haste de perfuração simples para jet grouting - D = 88,9 mm (3 1/2\") e C = 3,00 m","un",1738.0615]
["M1732","Luva em aço galvanizado com rosca BSP classe leve - D = 50 mm (2\")","un",16.664300000000001]
["M1733","Manta drenante em malha de polietileno e geotêxtil de polipropileno em uma das faces","m²",49.9377]
["M1735","Punho linha ST68 para perfuração - D = 80 mm (3 5/32\")","un",7392.0866999999998]
["M1736","Adesivo à base de resina poliéster bicomponente para ancoragem","kg",55.399299999999997]
["M1737","Tubo em aço-carbono para ar comprimido - D = 150 mm (6\")","m",227.49289999999999]
["M1739","Haste linha T45 para perfuratriz sobre esteiras - D = 45,0 mm (1 3/4\") e C = 3,60 m","un",4563.7663000000002]
["M1740","Punho linha T45 para perfuratriz sobre esteiras - D = 45 mm (1 3/4\")","un",2609.9092000000001]
["M1741","Luva em aço linha T45 para perfuratriz sobre esteiras - D = 45,0 mm (1 3/4\")","un",561.84469999999999]
["M1742","Coroa de botões esféricos linha T45 - D = 89 mm (3 1/2\")","un",1444.3882000000001]
["M1747","Tubo em aço-carbono para sistema autoperfurante - D = 76,2 mm","m",166.62780000000001]
["M1748","Tubo em aço-carbono iniciador para sistema autoperfurante com anel da coroa piloto - D = 76,2 mm (3\") e C = 3 m","un",1217.4208000000001]
["M1749","Haste linha ST68 para perfuração - D = 87,0 mm (3 7/16\") e C = 1,83 m","un",11378.853800000001]
["M1750","Hidromonitor com bico de injeção para jet grouting - D = 88,9 mm (3 1/2\")","un",10847.650299999999]
["M1751","Válvula manchete - D = 73 mm","un",6.4195000000000002]
["M1752","Borracha para obturador mecânico","un",390]
["M1753","Disco de corte diamantado segmentado para concreto - D = 110 mm","un",39.570599999999999]
["M1754","Conjunto de lâminas de corte para trituradora de galhos e troncos","un",4258.7033000000001]
["M1755","Pó calcário dolomítico","kg",0.17199999999999999]
["M1756","Material formador de camada protetora para hidrossemeadura","kg",2.9823]
["M1765","Tubo em aço-carbono schedule 40 - D = 65 mm (2 1/2\")","m",101.9472]
["M1773","Ancoragem regulável para estais de 19 cordoalhas - D = 15,7 mm","un",30443.7775]
["M1774","Ancoragem regulável para estais de 31 cordoalhas - D = 15,7 mm","un",49271.109100000001]
["M1775","Ancoragem regulável para estais de 37 cordoalhas - D = 15,7 mm","un",58519.190999999999]
["M1776","Ancoragem regulável para estais de 55 cordoalhas - D = 15,7 mm","un",85738.153200000001]
["M1777","Ancoragem regulável para estais de 61 cordoalhas - D = 15,7 mm","un",94577.427800000005]
["M1778","Ancoragem regulável para estais de 73 cordoalhas - D = 15,7 mm","un",112592.0665]
["M1779","Ancoragem regulável para estais de 91 cordoalhas - D = 15,7 mm","un",139767.32490000001]
["M1780","Ancoragem fixa para estais de 19 cordoalhas - D = 15,7 mm","un",17997.7199]
["M1781","Ancoragem fixa para estais de 31 cordoalhas - D = 15,7 mm","un",29105.782500000001]
["M1782","Ancoragem fixa para estais de 37 cordoalhas - D = 15,7 mm","un",34556.143900000003]
["M1783","Ancoragem fixa para estais de 55 cordoalhas - D = 15,7 mm","un",50648.494100000004]
["M1784","Ancoragem fixa para estais de 61 cordoalhas - D = 15,7 mm","un",55898.107600000003]
["M1785","Ancoragem fixa para estais de 73 cordoalhas - D = 15,7 mm","un",66539.380300000004]
["M1786","Ancoragem fixa para estais de 91 cordoalhas - D = 15,7 mm","un",82676.110499999995]
["M1787","Estaca de tutoramento - D = 5 cm e H = 2 m","un",6.8460000000000001]
["M1789","Ancoragem ativa para 31 cordoalhas - D = 15,2 mm","un",5177.5785999999998]
["M1790","Gás liquefeito de petróleo (GLP)","kg",8.3460999999999999]
["M1795","Gás oxigênio","m³",24.935700000000001]
["M1796","Gás acetileno","kg",126.2479]
["M1797","Fita de espuma EPDM para vedação com adesivo em uma face - E = 4 mm e L = 40 mm","m",3.0655999999999999]
["M1800","Manta asfáltica não-tecido em poliéster - antirraíz - E = 3 mm","m²",42.634999999999998]
["M1811","Longarina de madeira de primeira - L = 16 cm e E = 6 cm","m",47.920999999999999]
["M1812","Estronca de madeira - D = 20 cm","m",24.75]
["M1814","Tela metálica galvanizada dobrada em L - C = 2,0 m, L = 0,5 m e H = 0,5 m","un",490.65069999999997]
["M1819","Cartucho de cimento - D = 25 mm e C = 320 mm","un",3.7345000000000002]
["M1820","Cartucho de resina poliéster - D = 38 mm e C = 500 mm","un",15.385400000000001]
["M1844","Ancoragem ativa para 8 cordoalhas - D = 15,2 mm","un",898.5711]
["M1845","Ancoragem passiva aderente para 10 cordoalhas - D = 15,2 mm","un",164.2037]
["M1868","Tinta em pó à base de resina epóxi","kg",103.1674]
["M1869","Coroa de botões esféricos - D = 120 mm (4 3/4\")","un",2251.6329000000001]
["M1870","Cunha metálica para cordoalha - D = 12,7 mm","un",18.153300000000002]
["M1874","Martelo de fundo DTH - DN = 102 mm (4\")","un",9971.5617000000002]
["M1875","Haste de perfuração com rosca API 2 3/8\" - D = 73 mm (2 7/8\")","m",787.20039999999995]
["M1876","Válvula manchete - D = 32 mm","un",2.48]
["M1877","Válvula manchete - D = 40 mm","un",4.0251999999999999]
["M1879","Tubo PEAD PE 80 PN 6 - D = 40 mm","m",10.67]
["M1880","Tubo PEAD PE 80 PN 16 - D = 20 mm","m",4.3818999999999999]
["M1894","Cabo de aço - D = 16,00 mm (5/8\")","m",36.069600000000001]
["M1895","Coroa de botões esféricos linha R25 - D = 48 mm (1 7/8\")","un",425.25299999999999]
["M1898","Pasta lubrificante para tubo PEAD","kg",39.1633]
["M1899","Tela metálica de dupla torção em liga de zinco e alumínio com cabos de aço longitudinais - resistência longitudinal à tração de 121 kN/m - inclusive grampos e clipes de junção","m²",189.733]
["M1907","Tubo PEAD PE 80 PN 8 - D = 32 mm","m",5.1506999999999996]
["M1909","Tubo PEAD PE 80 PN 8 - D = 40 mm","m",8.4323999999999995]
["M1911","Tubo PEAD PE 80 PN 8 - D = 50 mm","m",12.882]
["M1912","Tubo PEAD PE 80 PN 8 - D = 63 mm","m",19.424099999999999]
["M1913","Tubo PEAD PE 80 PN 8 - D = 75 mm","m",24.419899999999998]
["M1919","Tubo PEAD PE 80 PN 8 - D = 110 mm","m",79.284599999999998]
["M1920","Duto flexível de poliéster aluminizado sem isolamento para exaustão - D = 263 mm","m",36.139400000000002]
["M1922","Tubo de PVC espaguete - D = 14 mm","m",1.7448999999999999]
["M1923","Duto flexível de poliéster aluminizado sem isolamento para ventilação forçada - D = 161 mm","m",13.9763]
["M1926","Espaçador plástico tipo disco separador para tirante com 6 cordoalhas - D = 12,7 mm","un",1.1907000000000001]
["M1927","Espaçador plástico tipo disco separador para tirante com 8 cordoalhas - D = 12,7 mm","un",1.1907000000000001]
["M1928","Espaçador plástico tipo disco separador para tirante com 10 cordoalhas - D = 12,7 mm","un",1.1907000000000001]
["M1931","Espaçador plástico tipo disco separador para tirante com 12 cordoalhas - D = 12,7 mm","un",1.1907000000000001]
["M1935","Espaçador plástico tipo centralizador carambola para tirante de barra de aço - D = 32,0 mm","un",3.6947000000000001]
["M1936","Espaçador plástico tipo centralizador carambola para tirante de barra de aço - D = 30,0 mm","un",3.6888000000000001]
["M1937","Espaçador plástico tipo centralizador carambola para tirante de barra de aço - D = 40,0 mm","un",4.1494999999999997]
["M1941","Óleo tipo A1","l",5.6870000000000003]
["M1942","Espaçador plástico tipo centralizador carambola para tirante de barra de aço - D = 47,0 mm","un",4.1700999999999997]
["M1943","Cimento asfáltico de petróleo - CAP 50/70","t","-"]
["M1944","Cimento asfáltico de petróleo - CAP 150/200","t","-"]
["M1945","Cimento asfáltico de petróleo - CAP 85/100","t","-"]
["M1946","Emulsão asfáltica - RR-1C","t","-"]
["M1947","Emulsão asfáltica - RM-1C","t","-"]
["M1948","Espaçador plástico tipo centralizador carambola para tirante de barra de aço - D = 50,0 mm","un",4.1788999999999996]
["M1949","Emulsão asfáltica - RL-1C","t","-"]
["M1950","Emulsão asfáltica com polímero - RC-1C-E","t","-"]
["M1952","Cimento asfáltico de petróleo com polímero - CAP 150/200-E","t","-"]
["M1953","Aditivo asfáltico de reciclagem para misturas a quente","t",9139.7832999999991]
["M1954","Cimento Portland CP II - 32 - a granel","kg",0.56779999999999997]
["M1955","Cimento asfáltico de petróleo com polímero - CAP 55/75-E","t","-"]
["M1956","Emulsão asfáltica com polímero - RR-2C-E","t","-"]
["M1958","Emulsão asfáltica com polímero - RM-1C-E","t","-"]
["M1959","Espaçador plástico tipo centralizador carambola para tirante de barra de aço - D = 53,0 mm","un",5.1665999999999999]
["M1960","Espaçador plástico tipo centralizador carambola para tirante de barra de aço - D = 57,0 mm","un",9.0861999999999998]
["M1961","Espaçador plástico tipo centralizador carambola para tirante de barra de aço - D = 63,0 mm","un",10.093400000000001]
["M1962","Espaçador plástico tipo centralizador carambola para tirante de barra de aço - D = 69,0 mm","un",10.1051]
["M1965","Cantoneira em ferro de abas iguais - L = 63,5 mm e E = 9,53 mm","kg",9.6658000000000008]
["M1966","Defensa metálica maleável simples","un",2907.4720000000002]
["M1967","Defensa metálica maleável dupla","un",3803.3690999999999]
["M1968","Defensa metálica semimaleável simples","un",1452.8679999999999]
["M1969","Defensa metálica semimaleável dupla","un",2213.1320999999998]
["M1970","Dente de corte para fresadora de 155 kW","un",38.086799999999997]
["M1971","Módulo de transição de defensa metálica tipo dupla onda com lâmina adicional para barreira rígida","un",6861.9628000000002]
["M1974","Dente de corte para fresadora de 455 kW","un",40.223199999999999]
["M1976","Terminal aéreo de defensa metálica (tipo A)","un",350.56709999999998]
["M1977","Terminal de ancoragem de defensa metálica em barreira rígida (tipo D)","un",350.56709999999998]
["M1979","Luva em aço para emenda de tirantes - D = 38 mm e C = 115 mm","un",70.73]
["M1980","Luva em aço para emenda de tirantes - D = 48 mm e C = 120 mm","un",72.239999999999995]
["M1981","Luva em aço para emenda de tirantes - D = 60 mm e C = 160 mm","un",101.71]
["M1982","Luva em aço para emenda de tirantes - D = 50 mm e C = 130 mm","un",79.400000000000006]
["M1983","Luva em aço para emenda de tirantes - D = 63 mm e C = 180 mm","un",128.86490000000001]
["M1984","Luva em aço para emenda de tirantes - D = 73 mm e C = 180 mm","un",154.93]
["M1985","Luva em aço para emenda de tirantes - D = 73 mm e C = 200 mm","un",159.47999999999999]
["M1986","Luva em aço para emenda de tirantes - D = 82 mm e C = 200 mm","un",188.51]
["M1987","Luva em aço para emenda de tirantes - D = 89 mm e C = 210 mm","un",209.68]
["M1988","Luva em aço para emenda de tirantes - D = 97 mm e C = 210 mm","un",282.39]
["M1990","Placa de ancoragem para tirante de barra de aço - E = 16,0 mm e seção de 160 x 160 mm","un",101.48]
["M1991","Placa de ancoragem para tirante de barra de aço - E = 16,0 mm e seção de 200 x 200 mm","un",158.57]
["M1994","Placa de ancoragem para tirante de barra de aço - E = 22,0 mm e seção de 200 x 200 mm","un",221.85]
["M1996","Amortecedor retrátil tipo TAU II paralelo PCB ou similar para velocidade de projeto de 100 km/h","un",180526.74710000001]
["M1997","Amortecedor retrátil tipo TAU II combinado PCB ou similar para velocidade de projeto de 100 km/h e âncora traseira de 900 mm","un",190527.6551]
["M1998","Amortecedor retrátil tipo TAU II combinado PCB ou similar para velocidade de projeto de 100 km/h e âncora traseira de 1.060 mm","un",231404.5238]
["M1999","Amortecedor retrátil tipo TAU II combinado PCB ou similar para velocidade de projeto de 100 km/h e âncora traseira de 1.220 mm","un",245211.9791]
["M2000","Amortecedor retrátil tipo TAU II combinado PCB ou similar para velocidade de projeto de 100 km/h e âncora traseira de 1.370 mm","un",264220.99619999999]
["M2001","Dispositivo de ancoragem de fixação elástica Pandrol","un",16.6645]
["M2002","Amortecedor retrátil tipo TAU II combinado PCB ou similar para velocidade de projeto de 100 km/h e âncora traseira de 1.520 mm","un",277761.49619999999]
["M2003","Amortecedor retrátil tipo TAU II afunilado PCB ou similar para velocidade de projeto de 100 km/h e âncora traseira de 1.680 mm","un",274076.51459999999]
["M2004","Amortecedor retrátil tipo TAU II afunilado PCB ou similar para velocidade de projeto de 100 km/h e âncora traseira de 1.830 mm","un",274990.3075]
["M2005","Placa de ancoragem para tirante de barra de aço - E = 32,0 mm e seção de 250 x 250 mm","un",593.94000000000005]
["M2006","Placa de ancoragem para tirante de barra de aço - E = 38,0 mm e seção de 250 x 250 mm","un",593.64]
["M2007","Placa de ancoragem para tirante de barra de aço - E = 51,0 mm e seção de 300 x 300 mm","un",1141.3499999999999]
["M2008","Placa de ancoragem para tirante de barra de aço - E = 64,0 mm e seção de 350 x 350 mm","un",1941.87]
["M2009","Placa de ancoragem para tirante com 6 cordoalhas de D = 12,7 mm","un",230.52]
["M2010","Placa de ancoragem para tirante com 8 cordoalhas de D = 12,7 mm","un",303.25]
["M2011","Placa de ancoragem para tirante com 10 cordoalhas de D = 12,7 mm","un",362.85]
["M2012","Placa de ancoragem para tirante com 12 cordoalhas de D = 12,7 mm","un",470.08]
["M2014","Mourão de madeira - H = 2,20 m e D = 0,10 m","un",24.537700000000001]
["M2016","Amortecedor retrátil tipo TAU II afunilado PCB ou similar para velocidade de projeto de 100 km/h e âncora traseira de 1.980 mm","un",277115.15600000002]
["M2017","Porca em aço para ancoragem de tirantes - D = 38 mm e C = 55 mm","un",38.64]
["M2018","Gastalho - L = 10 cm e E = 2 cm","m",5.0991999999999997]
["M2019","Porca em aço para ancoragem de tirantes - D = 38 mm e C = 60 mm","un",46.54]
["M2020","Porca em aço para ancoragem de tirantes - D = 48 mm e C = 65 mm","un",48.06]
["M2021","Amortecedor retrátil tipo TAU II afunilado PCB ou similar para velocidade de projeto de 100 km/h e âncora traseira de 2.130 mm","un",278669.80599999998]
["M2024","Cordel detonante NP 10","m",2.2061000000000002]
["M2025","Retardo de cordel","un",29.573399999999999]
["M2026","Estopim","m",2.8403999999999998]
["M2027","Tinta à base de resina acrílica estirenada para demarcação viária","l",33.930599999999998]
["M2028","Coroa de botões cônicos - TCI tricone - D = 75 mm (2 15/16\")","un",1263.5246]
["M2029","Porca em aço para ancoragem de tirantes - D = 60 mm e C = 65 mm","un",70.31]
["M2030","Porca em aço para ancoragem de tirantes - D = 73 mm e C = 80 mm","un",120.31]
["M2031","Porca em aço para ancoragem de tirantes - D = 73 mm e C = 100 mm","un",136.91999999999999]
["M2032","Porca em aço para ancoragem de tirantes - D = 82 mm e C = 100 mm","un",150.91]
["M2033","Porca em aço para ancoragem de tirantes - D = 89 mm e C = 100 mm","un",189.97]
["M2034","Solvente para tinta à base de resina acrílica","l",16.6828]
["M2035","Porca em aço para ancoragem de tirantes - D = 97 mm e C = 110 mm","un",217.79]
["M2036","Tinta à base de resina acrílica emulsionada em água para demarcação viária","l",22.229299999999999]
["M2037","Microesferas refletivas de vidro tipo I-B","kg",9.3451000000000004]
["M2038","Microesferas refletivas de vidro tipo II-A","kg",10.2799]
["M2040","Massa termoplástica para aspersão","kg",11.979699999999999]
["M2041","Adesivo à base de resina poliéster","kg",30.314599999999999]
["M2042","Emulsão explosiva encartuchada","kg",13.28]
["M2044","Tinta à base de resina acrílica emulsionada em água para pré-marcação viária","l",22.229299999999999]
["M2045","Microesferas refletivas de vidro tipo II-C","kg",11.1088]
["M2046","Coroa de botões cônicos - TCI tricone - D = 121 mm (4 3/4\")","un",1741.2788]
["M2047","Tirante autoinjetável de aço - tensão de escoamento = 440 MPa, tensão de ruptura = 580 MPa, seção de 684 mm² e D = 40 mm","m",160.03]
["M2048","Tirante autoinjetável de aço - tensão de escoamento = 470 MPa, tensão de ruptura = 600 MPa, seção de 822 mm² e D = 40 mm","m",189.65]
["M2049","Tirante autoinjetável de aço - tensão de escoamento = 700 MPa, tensão de ruptura = 830 MPa, seção de 936 mm² e D = 40 mm","m",239.22]
["M2050","Geotêxtil não-tecido agulhado em poliéster - resistência à tração longitudinal de 9 kN/m","m²",5.673]
["M2051","Geotêxtil não-tecido agulhado em poliéster - resistência à tração longitudinal de 14 kN/m","m²",7.3380000000000001]
["M2052","Tirante autoinjetável de aço - tensão de escoamento = 630 MPa, tensão de ruptura = 740 MPa, seção de 1.330 mm² e D = 50 mm","m",316.33]
["M2053","Tirante autoinjetável de aço - tensão de escoamento = 630 MPa, tensão de ruptura = 740 MPa, seção de 1.569 mm² e D = 50 mm","m",368.45]
["M2054","Tirante de barra de aço - tensão de escoamento = 600 MPa, tensão de ruptura = 720 MPa e D = 30 mm","m",111.51]
["M2055","Tirante de barra de aço - tensão de escoamento = 600 MPa, tensão de ruptura = 720 MPa e D = 40 mm","m",188.36]
["M2056","Tirante de barra de aço - tensão de escoamento = 680 MPa, tensão de ruptura = 870 MPa e D = 44 mm","m",245.2]
["M2057","Tirante de barra de aço - tensão de escoamento = 600 MPa, tensão de ruptura = 720 MPa e D = 50 mm","m",296.14999999999998]
["M2058","Tirante de barra de aço - tensão de escoamento = 600 MPa, tensão de ruptura = 720 MPa e D = 53 mm","m",334.56]
["M2059","Tirante de barra de aço - tensão de escoamento = 600 MPa, tensão de ruptura = 720 MPa e D = 57 mm","m",376.5]
["M2060","Amortecedor retrátil tipo TAU II afunilado PCB ou similar para velocidade de projeto de 100 km/h e âncora traseira de 2.290 mm","un",282003.0748]
["M2061","Amortecedor retrátil tipo TAU II afunilado PCB ou similar para velocidade de projeto de 100 km/h e âncora traseira de 2.440 mm","un",282269.02260000003]
["M2062","Coroa de botões esféricos linha T38 - D = 64 mm (2 1/2\")","un",722.245]
["M2063","Tirante de barra de aço - tensão de escoamento = 600 MPa, tensão de ruptura = 720 MPa e D = 63 mm","m",468.88]
["M2064","Termoplástico pré-formado - E = 2,00 mm","m²",337.15879999999999]
["M2065","Haste linha T38 para perfuratriz sobre esteiras - D = 38,0 mm (1 1/2\") e C = 3,05 m","un",2200.5581000000002]
["M2066","Luva em aço linha T38 para perfuratriz sobre esteiras - D = 38,0 mm (1 1/2\")","un",351.98700000000002]
["M2067","Punho linha T38 para perfuratriz sobre esteiras - D = 38 mm (1 1/2\")","un",1122.3820000000001]
["M2069","Tirante de barra de aço - tensão de escoamento = 600 MPa, tensão de ruptura = 720 MPa e D = 69 mm","m",570.42999999999995]
["M2070","Haste linha R/T38 - R32 para jumbo hidráulico - D = 38 mm (1 1/2\") e C = 4,50 m","un",4489.9911000000002]
["M2071","Coroa de botões esféricos linha R32 - D = 51 mm (2\")","un",678.34090000000003]
["M2072","Luva de acoplamento linha T38 para jumbo hidráulico - D = 38,0 mm (1 1/2\")","un",280.81529999999998]
["M2073","Punho linha T38 para jumbo hidráulico - D = 38 mm (1 1/2\")","un",1641.0947000000001]
["M2074","Cartucho de absorção de energia para amortecedor retrátil - tipo A","un",5582.951]
["M2075","Cartucho de absorção de energia para amortecedor retrátil - tipo B","un",5462.9714000000004]
["M2079","Fio de poliamida Nº 40 - E = 0,40 mm","m",9.2799999999999994E-2]
["M2087","Placa de ancoragem para tirante de barra de aço - E = 25,4 mm e seção de 225 x 225 mm","un",321]
["M2088","Placa de ancoragem para tirante de barra de aço - E = 20,0 mm e seção de 200 x 200 mm","un",189.67]
["M2089","Porca sextavada em aço para ancoragem de tirantes - D = 50 mm e C = 85 mm","un",97.778899999999993]
["M2090","Porca em aço para ancoragem de tirantes - D = 73 mm e C = 60 mm","un",88.18]
["M2091","Porca sextavada em aço para ancoragem de tirantes - D = 50 mm e C = 50 mm","un",67.099999999999994]
["M2092","Emulsão asfáltica para imprimação","t","-"]
["M2093","Material fresado","m³","-"]
["M2094","Porca em aço para ancoragem de tirantes - D = 49 mm e C = 60 mm","un",57.4]
["M2095","Porca em aço para ancoragem de tirantes - D = 60 mm e C = 90 mm","un",83.73]
["M2096","Porca em aço para ancoragem de tirantes - D = 60 mm e C = 110 mm","un",130.80000000000001]
["M2097","Emulsão asfáltica - RR-2C","t","-"]
["M2100","Placa de ancoragem para tirante de barra de aço - E = 16,0 mm e seção de 140 x 140 mm","un",99.254099999999994]
["M2101","Porca sextavada em aço para ancoragem de tirantes - D = 41 mm e C = 50 mm","un",48.4]
["M2102","Adesivo à base de PVA","kg",12.2156]
["M2110","Mandíbula móvel para britador - abertura de alimentação com L = 930 mm","un",24475.407200000001]
["M2111","Mandíbula fixa para britador - abertura de alimentação com L = 930 mm","un",32226.295300000002]
["M2112","Manta do britador cônico HP200 ou similar","un",21825.071800000002]
["M2113","Revestimento do bojo interno do britador cônico HP200 ou similar","un",24783.0344]
["M2114","Cunha lateral superior para britador","un",2526.8276999999998]
["M2115","Cunha lateral inferior para britador","un",1969.9487999999999]
["M2117","Meio tubo de concreto simples - D = 0,40 m","m",39.582299999999996]
["M2118","Calha metálica semicircular corrugada e galvanizada, incluindo fixações - D = 400 mm","m",576.17619999999999]
["M2119","Mourão de madeira - H = 2,80 m e D = 0,15 m","un",70.075599999999994]
["M2128","Tinta esmalte sintético acetinado","l",36.517800000000001]
["M2130","Eletrodo revestido E70XX","kg",31.9]
["M2135","Nonel de coluna (túnel) - C = 4,8 m","un",20.3093]
["M2137","Tubo de PVC soldável para água fria - D = 50 mm (2\")","m",12.081300000000001]
["M2138","Nonel de coluna - C = 12,0 m","un",19.090199999999999]
["M2140","Coroa de diamante linha AWG","un",834.154]
["M2141","Nonel de iniciação para fogacho - C = 6,0 m","un",14.077999999999999]
["M2142","Nonel de coluna - C = 4,8 m","un",16.733599999999999]
["M2143","Nonel de ligação - C = 6,0 m","un",16.6356]
["M2144","Nonel de coluna - C = 6,0 m","un",15.5709]
["M2145","Série de brocas integrais S12","un",1166.2936999999999]
["M2146","Nonel iniciador - C = 150,0 m","un",191.333]
["M2147","Dente de corte para recicladora","un",54.2151]
["M2148","Porta-dente de corte para fresadora e recicladora a frio","un",494.7285]
["M2150","Selante elástico à base de poliuretano e asfalto","kg",54.912700000000001]
["M2152","Aditivo de cura para concreto","kg",12.1149]
["M2153","Coroa de diamante linha HWG","un",1743.9652000000001]
["M2156","Coroa de diamante linha NWG","un",1415.9656]
["M2158","Argamassa asfáltica","kg",27.349599999999999]
["M2160","Tubo PEAD corrugado perfurado para drenagem - D = 100 mm","m",22.239100000000001]
["M2162","Coroa de widia linha AWG","un",415.33019999999999]
["M2163","Tubo de concreto armado PA1 - D = 0,40 m","m",116.7426]
["M2164","Tubo de concreto armado PA2 - D = 0,40 m","m",123.2141]
["M2165","Tubo de concreto armado PA3 - D = 0,40 m","m",130.39779999999999]
["M2166","Tubo de concreto armado PA4 - D = 0,40 m","m",176.3734]
["M2167","Tubo de concreto armado PA1 - D = 0,60 m","m",183.4]
["M2168","Tubo de concreto armado PA2 - D = 0,60 m","m",215.90770000000001]
["M2169","Tubo de concreto armado PA3 - D = 0,60 m","m",231.27760000000001]
["M2170","Tubo de concreto armado PA4 - D = 0,60 m","m",267.5324]
["M2171","Tubo de concreto armado PA1 - D = 0,80 m","m",294.1807]
["M2172","Tubo de concreto armado PA2 - D = 0,80 m","m",311.20409999999998]
["M2173","Tubo de concreto armado PA3 - D = 0,80 m","m",361.81459999999998]
["M2174","Tubo de concreto armado PA4 - D = 0,80 m","m",428.14490000000001]
["M2175","Tubo de concreto armado PA1 - D = 1,00 m","m",397.95850000000002]
["M2176","Tubo de concreto armado PA2 - D = 1,00 m","m",442.67200000000003]
["M2177","Tubo de concreto armado PA3 - D = 1,00 m","m",485.84879999999998]
["M2178","Tubo de concreto armado PA4 - D = 1,00 m","m",517.44380000000001]
["M2179","Tubo de concreto armado PA1 - D = 1,20 m","m",566.10799999999995]
["M2180","Tubo de concreto armado PA2 - D = 1,20 m","m",638.59490000000005]
["M2181","Tubo de concreto armado PA3 - D = 1,20 m","m",767.20339999999999]
["M2182","Tubo de concreto armado PA4 - D = 1,20 m","m",901.56169999999997]
["M2183","Tubo de concreto armado PA1 - D = 1,50 m","m",1068.6424]
["M2184","Tubo de concreto armado PA2 - D = 1,50 m","m",1114.3461]
["M2185","Tubo de concreto armado PA3 - D = 1,50 m","m",1181.1396]
["M2186","Tubo de concreto armado PA4 - D = 1,50 m","m",1259.0331000000001]
["M2187","Tubo de concreto armado PA1 - D = 0,50 m","m",157.57900000000001]
["M2188","Tubo de concreto armado PA2 - D = 0,50 m","m",169.13460000000001]
["M2189","Tubo de concreto armado PA3 - D = 0,50 m","m",179.9188]
["M2190","Tubo de concreto armado PA4 - D = 0,50 m","m",256.01310000000001]
["M2192","Coroa de widia linha HWG","un",736.97090000000003]
["M2193","Coroa de widia linha NWG","un",651.21709999999996]
["M2197","Haste de paredes paralelas com niple linha NW","m",740.3338]
["M2198","Trilho UIC60 em aço-carbono - C = 12 m","t",10355.660400000001]
["M2200","Trilho TR45 em aço-carbono - C = 12 m","t",8851.1604000000007]
["M2202","Trilho TR57 em aço-carbono - C = 12 m","t",9854.1604000000007]
["M2204","Trilho TR68 em aço-carbono - C = 12 m","t",10355.660400000001]
["M2206","Lubrificador de trilhos e de flanges de rodas","un",92615.1302]
["M2207","Tirefão - D = 24 mm e C = 188 mm","un",14.991400000000001]
["M2208","Tirefão - D = 22 mm e C = 155 mm","un",12.462199999999999]
["M2209","Retensor para via férrea de TR45","un",55.341900000000003]
["M2210","Retensor para via férrea de TR57","un",57.154899999999998]
["M2211","Retensor para via férrea de TR68","un",60.359699999999997]
["M2213","Placa de apoio em aço laminado para UIC60 com fixação rígida","un",148.02189999999999]
["M2214","Grampo elástico Pandrol para fixação elástica","un",14.6264]
["M2215","Placa de apoio em aço laminado para TR45 com fixação elástica","un",99.471500000000006]
["M2216","Placa de apoio em aço laminado para TR57 com fixação elástica","un",122.67270000000001]
["M2217","Placa de apoio em aço laminado para TR68 com fixação elástica","un",136.33609999999999]
["M2218","Placa de apoio em aço laminado para TR45 com fixação rígida","un",68.532399999999996]
["M2219","Placa de apoio em aço laminado para TR57 com fixação rígida","un",110.0913]
["M2220","Placa de apoio em aço laminado para TR68 com fixação rígida","un",130.74199999999999]
["M2221","Retensor para via férrea de UIC60","un",62.801900000000003]
["M2222","Placa de apoio em aço laminado para UIC60 com fixação elástica","un",131.8331]
["M2225","Tala de junção TJ 45 não isolada com 6 furos","par",764.52499999999998]
["M2227","Tala de junção TJ 57 não isolada com 6 furos","par",838.03420000000006]
["M2229","Tala de junção TJ 68 não isolada com 6 furos","par",1046.8530000000001]
["M2233","Parafuso de cabeça abaulada em aço inox com porca e arruela de pressão para tala de junção - D = 25,4 mm","un",50.973999999999997]
["M2234","Tala de junção TJ 60 não isolada com 6 furos","par",921.80970000000002]
["M2236","AMV tipo TR45, abertura 1:8, bitola métrica","un",446498.5637]
["M2237","AMV tipo TR45, abertura 1:10, bitola métrica","un",490029.09960000002]
["M2238","AMV tipo TR45, abertura 1:12, bitola métrica","un",537913.14020000002]
["M2239","AMV tipo TR45, abertura 1:14, bitola métrica","un",596629.81440000003]
["M2240","AMV tipo TR57, abertura 1:8, bitola métrica","un",568512.16780000005]
["M2241","AMV tipo TR57, abertura 1:10, bitola métrica","un",623639.58880000003]
["M2242","AMV tipo TR57, abertura 1:12, bitola métrica","un",678806.07530000003]
["M2243","AMV tipo TR57, abertura 1:14, bitola métrica","un",745510.40379999997]
["M2244","AMV tipo TR57, abertura 1:20, bitola métrica","un",906352.12919999997]
["M2245","AMV tipo TR68, abertura 1:10, bitola métrica","un",734640.95940000005]
["M2246","AMV tipo TR68, abertura 1:12, bitola métrica","un",812582.11410000001]
["M2247","AMV tipo TR68, abertura 1:14, bitola métrica","un",892161.34470000002]
["M2248","AMV tipo UIC60, abertura 1:10, bitola métrica","un",649552.98360000004]
["M2249","AMV tipo TR68, abertura 1:20, bitola métrica","un",1067236.0374]
["M2250","AMV tipo TR45, abertura 1:8, bitola larga","un",511697.69390000001]
["M2251","AMV tipo TR45, abertura 1:10, bitola larga","un",561748.1753]
["M2252","AMV tipo TR45, abertura 1:12, bitola larga","un",616804.05839999998]
["M2253","AMV tipo TR45, abertura 1:14, bitola larga","un",677365.14350000001]
["M2254","AMV tipo TR57, abertura 1:8, bitola larga","un",651146.26210000005]
["M2255","AMV tipo TR57, abertura 1:10, bitola larga","un",714586.91260000004]
["M2256","AMV tipo TR57, abertura 1:12, bitola larga","un",784321.93700000003]
["M2257","AMV tipo TR57, abertura 1:14, bitola larga","un",869648.63650000002]
["M2258","AMV tipo TR57, abertura 1:20, bitola larga","un",1038407.3643]
["M2259","AMV tipo TR68, abertura 1:10, bitola larga","un",857828.1139]
["M2260","AMV tipo TR68, abertura 1:12, bitola larga","un",931958.37159999995]
["M2261","AMV tipo TR68, abertura 1:14, bitola larga","un",1032542.5389]
["M2262","AMV tipo UIC60, abertura 1:10, bitola larga","un",745267.24860000005]
["M2263","AMV tipo TR68, abertura 1:20, bitola larga","un",1241600.8118]
["M2264","AMV tipo TR45, abertura 1:8, bitola mista","un",617659.72340000002]
["M2265","AMV tipo TR45, abertura 1:10, bitola mista","un",677701.99710000004]
["M2266","AMV tipo TR45, abertura 1:12, bitola mista","un",743748.62609999999]
["M2267","AMV tipo TR45, abertura 1:14, bitola mista","un",825017.96299999999]
["M2268","AMV tipo TR57, abertura 1:8, bitola mista","un",778054.95160000003]
["M2269","AMV tipo TR57, abertura 1:10, bitola mista","un",862754.88989999995]
["M2270","AMV tipo TR57, abertura 1:12, bitola mista","un",946444.97439999995]
["M2271","AMV tipo TR57, abertura 1:14, bitola mista","un",1029436.9181]
["M2272","AMV tipo TR57, abertura 1:20, bitola mista","un",1266888.8466]
["M2273","AMV tipo TR68, abertura 1:10, bitola mista","un",1024276.0354000001]
["M2274","AMV tipo TR68, abertura 1:12, bitola mista","un",1115051.1170000001]
["M2275","AMV tipo TR68, abertura 1:14, bitola mista","un",1241665.2605999999]
["M2276","Revestimento com conector linha AW","m",384.19970000000001]
["M2277","AMV tipo TR68, abertura 1:20, bitola mista","un",1483283.1592000001]
["M2281","Dormente de madeira bitola larga - C = 280 cm, L = 24 cm e H = 17 cm","un",470.02269999999999]
["M2282","Dormente de madeira bitola métrica - C = 200 cm, L = 22 cm e H = 16 cm","un",245.48859999999999]
["M2284","Revestimento com conector linha HW","m",807.38430000000005]
["M2285","Revestimento com conector linha NW","m",654.39350000000002]
["M2292","AMV tipo UIC60, abertura 1:12, bitola métrica","un",713389.02540000004]
["M2293","AMV tipo UIC60, abertura 1:14, bitola métrica","un",783608.70360000001]
["M2294","AMV tipo UIC60, abertura 1:20, bitola métrica","un",943688.02110000001]
["M2298","AMV tipo UIC60, abertura 1:10, bitola mista","un",897763.21939999994]
["M2299","AMV tipo UIC60, abertura 1:12, bitola mista","un",985860.94609999994]
["M2300","AMV tipo UIC60, abertura 1:14, bitola mista","un",1082768.1555000001]
["M2301","AMV tipo UIC60, abertura 1:20, bitola mista","un",1312752.0946]
["M2303","Sapata de widia linha NW","un",542.87300000000005]
["M2304","Broca de arraste com três asas linha NW","un",1917.8154999999999]
["M2308","Dormente de madeira para pontes - C = 300 cm, L = 25 cm e H = 20 cm","un",512.3415]
["M2313","AMV tipo UIC60, abertura 1:12, bitola larga","un",824270.51740000001]
["M2314","AMV tipo UIC60, abertura 1:14, bitola larga","un",905018.84530000004]
["M2316","AMV tipo UIC60, abertura 1:20, bitola larga","un",1082665.0377]
["M2317","Tubo de revestimento em aço-carbono schedule 40 para estaca raiz - ponteira schedule 80, D = 141,3 mm, peso 24 kg/m","m",474.10359999999997]
["M2318","Tubo de revestimento em aço-carbono schedule 40 para estaca raiz - ponteira schedule 80, D = 168,3 mm, peso 31 kg/m","m",589.81910000000005]
["M2319","Tubo de revestimento em aço-carbono schedule 40 para estaca raiz - ponteira schedule 80, D = 219,1 mm, peso 47 kg/m","m",854.86770000000001]
["M2320","Tubo de revestimento em aço-carbono schedule 40 para estaca raiz - ponteira schedule 80, D = 273,0 mm, peso 67 kg/m","m",1274.9182000000001]
["M2321","Tubo de revestimento em aço-carbono schedule 40 para estaca raiz - ponteira schedule 80, D = 323,8 mm, peso 90 kg/m","m",1620.8257000000001]
["M2322","Tubo de revestimento em aço-carbono schedule 40 para estaca raiz - ponteira schedule 80, D = 406,0 mm, peso 143 kg/m","m",3161.2494999999999]
["M2325","Anel de compensação angular para tirantes com diâmetro de 30 mm","un",53.0351]
["M2326","Anel de compensação angular para tirantes com diâmetro de 32 mm","un",77.290400000000005]
["M2327","Anel de compensação angular para tirantes com diâmetro de 40 mm","un",78.88]
["M2328","Anel de compensação angular para tirantes com diâmetro de 44 mm","un",90.47]
["M2329","Anel de compensação angular para tirantes com diâmetro de 50 mm","un",99.75]
["M2330","Anel de compensação angular para tirantes com diâmetro de 53 mm","un",109.02]
["M2331","Anel de compensação angular para tirantes com diâmetro de 57 mm","un",119.36]
["M2332","Anel de compensação angular para tirantes com diâmetro de 63 mm","un",132.22]
["M2333","Anel de compensação angular para tirantes com diâmetro de 69 mm","un",149.53]
["M2334","Coroa de widia linha BWG","un",531.06600000000003]
["M2352","Conjunto para solda aluminotérmica de TR45 - porção, fôrmas, acendedor, pasta de vedação e cadinho descartável","un",1434.98]
["M2353","Conjunto para solda aluminotérmica de TR57 - porção, fôrmas, acendedor, pasta de vedação e cadinho descartável","un",1419.61]
["M2354","Conjunto para solda aluminotérmica de TR68 - porção, fôrmas, acendedor, pasta de vedação e cadinho descartável","un",1486.34]
["M2355","Conjunto para solda aluminotérmica de UIC60 - porção, fôrmas, acendedor, pasta de vedação e cadinho descartável","un",1435.12]
["M2356","Brita padrão para lastro ferroviário","m³",134.52760000000001]
["M2358","Palmilha de borracha para dormente de concreto","un",10.368]
["M2364","Broca para furar trilho - D = 29 mm (1 1/8\")","un",1354.3805]
["M2365","Disco de corte abrasivo para máquina para serrar trilho - D = 350 mm","un",24.9054]
["M2370","Dormentes de madeira para AMV","m³",3672.3361]
["M2379","Coroa de diamante linha BWG","un",1059.3281999999999]
["M2383","Revestimento com conector linha BW","m",487.93329999999997]
["M2386","Corda de poliamida - D = 12,0 mm e capacidade de carga de 2.200 kg","m",4.4368999999999996]
["M2388","Broca de widia - D = 16 mm e C = 150 mm","un",39.988300000000002]
["M2389","Broca de widia - D = 19 mm e C = 160 mm","un",83.560500000000005]
["M2419","Parafuso de cabeça abaulada em aço inox com porca e arruela - D = 6 mm (M6) e C = 30 mm","un",0.94469999999999998]
["M2420","Parafuso de cabeça abaulada em aço inox com porca e arruela - D = 8 mm (M8) e C = 50 mm","un",2.5716000000000001]
["M2421","Mangueira cristal trançada de PVC com pressão de trabalho de 1,50 MPa (250 psi) - D = 9,5 mm (3/8\")","m",3.7507000000000001]
["M2423","Fôrma plástica para nicho de protensão de cordoalha - D = 15,2 mm","un",2.3151000000000002]
["M2424","Fôrma plástica para nicho de protensão de cordoalha - D = 12,7 mm","un",1.1060000000000001]
["M2425","Cordoalha engraxada tipo CP 190 RB - D = 15,2 mm","kg",13.5991]
["M2426","Cordoalha engraxada tipo CP 190 RB - D = 12,7 mm","kg",13.5991]
["M2427","Bainha metálica para protensão - D = 35 mm","m",12.636799999999999]
["M2428","Bainha metálica para protensão - D = 30 mm","m",11.832100000000001]
["M2429","Ancoragem passiva aderente para 8 cordoalhas - D = 15,2 mm","un",108.12179999999999]
["M2430","Ancoragem passiva aderente para 31 cordoalhas - D = 15,2 mm","un",669.053]
["M2431","Ancoragem ativa para cordoalha engraxada - D = 12,7 mm","un",70.461100000000002]
["M2432","Ancoragem ativa para cordoalha engraxada - D = 15,2 mm","un",102.3604]
["M2433","Ancoragem passiva aderente para 10 cordoalhas - D = 12,7 mm","un",136.6585]
["M2434","Ancoragem passiva aderente para 12 cordoalhas - D = 12,7 mm","un",163.46870000000001]
["M2435","Ancoragem passiva aderente para 12 cordoalhas - D = 15,2 mm","un",170.41229999999999]
["M2436","Ancoragem passiva aderente para 15 cordoalhas - D = 12,7 mm","un",220.4785]
["M2437","Ancoragem passiva aderente para 15 cordoalhas - D = 15,2 mm","un",269.11439999999999]
["M2438","Ancoragem passiva aderente para 19 cordoalhas - D = 12,7 mm","un",271.62419999999997]
["M2439","Ancoragem passiva aderente para 19 cordoalhas - D = 15,2 mm","un",284.9162]
["M2440","Ancoragem passiva aderente para 22 cordoalhas - D = 12,7 mm","un",335.39980000000003]
["M2441","Ancoragem passiva aderente para 22 cordoalhas - D = 15,2 mm","un",377.99110000000002]
["M2442","Ancoragem passiva aderente para 27 cordoalhas - D = 12,7 mm","un",465.93630000000002]
["M2443","Ancoragem passiva aderente para 27 cordoalhas - D = 15,2 mm","un",543.32590000000005]
["M2444","Ancoragem passiva aderente para 31 cordoalhas - D = 12,7 mm","un",538.50040000000001]
["M2445","Ancoragem passiva aderente para 4 cordoalhas - D = 12,7 mm","un",55.3474]
["M2446","Ancoragem passiva aderente para 4 cordoalhas - D = 15,2 mm","un",58.194400000000002]
["M2447","Ancoragem passiva aderente para 6 cordoalhas - D = 12,7 mm","un",88.463999999999999]
["M2448","Ancoragem passiva aderente para 6 cordoalhas - D = 15,2 mm","un",87.149100000000004]
["M2449","Ancoragem passiva aderente para 7 cordoalhas - D = 12,7 mm","un",103.99550000000001]
["M2450","Ancoragem passiva aderente para 7 cordoalhas - D = 15,2 mm","un",108.12179999999999]
["M2451","Ancoragem passiva aderente para 8 cordoalhas - D = 12,7 mm","un",103.99550000000001]
["M2452","Ancoragem passiva aderente para 9 cordoalhas - D = 12,7 mm","un",131.5736]
["M2453","Ancoragem passiva aderente para 9 cordoalhas - D = 15,2 mm","un",134.41030000000001]
["M2454","Ancoragem passiva aderente para lajes para 1 cordoalha - D = 12,7 mm","un",18.396899999999999]
["M2455","Ancoragem passiva aderente para lajes para 1 cordoalha - D = 15,2 mm","un",23.9435]
["M2456","Ancoragem passiva aderente para lajes para 2 cordoalhas - D = 12,7 mm","un",21.526]
["M2457","Ancoragem passiva aderente para lajes para 2 cordoalhas - D = 15,2 mm","un",29.7759]
["M2458","Ancoragem passiva aderente para lajes para 3 cordoalhas - D = 12,7 mm","un",42.823]
["M2459","Ancoragem passiva aderente para lajes para 3 cordoalhas - D = 15,2 mm","un",51.0137]
["M2460","Ancoragem passiva aderente para lajes para 4 cordoalhas - D = 12,7 mm","un",48.064300000000003]
["M2461","Ancoragem passiva aderente para lajes para 4 cordoalhas - D = 15,2 mm","un",56.168199999999999]
["M2462","Mangueira cristal trançada de PVC com pressão de trabalho de 1,50 MPa (250 psi) - D = 19,0 mm (3/4\")","m",8.9359999999999999]
["M2465","Bainha metálica para protensão - D = 40 mm","m",14.495799999999999]
["M2466","Bainha metálica para protensão - D = 45 mm","m",16.052800000000001]
["M2467","Bainha metálica para protensão - D = 50 mm","m",16.991299999999999]
["M2468","Bainha metálica para protensão - D = 55 mm","m",19.193100000000001]
["M2469","Bainha metálica para protensão - D = 60 mm","m",21.819800000000001]
["M2470","Bainha metálica para protensão - D = 65 mm","m",22.442399999999999]
["M2471","Bainha metálica para protensão - D = 70 mm","m",25.091000000000001]
["M2472","Bainha metálica para protensão - D = 75 mm","m",26.1432]
["M2473","Bainha metálica para protensão - D = 80 mm","m",28.8278]
["M2474","Bainha metálica para protensão - D = 85 mm","m",30.8644]
["M2475","Bainha metálica para protensão - D = 90 mm","m",35.241500000000002]
["M2476","Bainha metálica para protensão - D = 95 mm","m",35.979199999999999]
["M2477","Bainha metálica para protensão - D = 100 mm","m",39.511299999999999]
["M2478","Bainha metálica para protensão - D = 110 mm","m",44.366799999999998]
["M2479","Bainha metálica para protensão - D = 120 mm","m",48.086300000000001]
["M2480","Bainha metálica para protensão - D = 130 mm","m",51.440899999999999]
["M2481","Bainha metálica ovalizada para protensão - seção de 19 x 36 mm","m",12.297599999999999]
["M2482","Bainha metálica ovalizada para protensão - seção de 19 x 48 mm","m",14.7895]
["M2483","Bainha metálica ovalizada para protensão - seção de 19 x 62 mm","m",16.090599999999998]
["M2484","Bainha metálica ovalizada para protensão - seção de 22 x 32 mm","m",12.3736]
["M2485","Bainha metálica ovalizada para protensão - seção de 22 x 55 mm","m",16.275600000000001]
["M2486","Bainha metálica ovalizada para protensão - seção de 22 x 73 mm","m",18.398599999999998]
["M2487","Espaçador plástico tipo centralizador carambola para grampo de barra de aço - D ≤ 25,4 mm","un",0.51270000000000004]
["M2488","Cinta para elevação de cargas tipo Grab com 1 ramal, anel de suspensão e gancho - C = 3 m a 5 m, capacidade de carga de 5.000 kg, F. S. = 4:1","un",1314.7193]
["M2489","Cinta para elevação de cargas tipo Grab com 2 ramais, anel de suspensão e ganchos - C = 3 m a 5 m, capacidade de carga de 5.000 kg, F. S. = 4:1","un",2620.6592000000001]
["M2490","Cinta para elevação de cargas tipo sling com 1 ramal - C = 2 m a 3 m, capacidade de carga de 1.000 kg, F. S. = 7:1","un",38.585000000000001]
["M2500","Chapa metálica corrugada galvanizada para tunnel liner - E = 2,2 mm e D = 1,2 m","m",3154.8285999999998]
["M2501","Chapa metálica corrugada galvanizada para tunnel liner - E = 2,2 mm e D = 1,4 m","m",3582.0801999999999]
["M2502","Chapa metálica corrugada galvanizada para tunnel liner - E = 2,2 mm e D = 1,6 m","m",4239.3649999999998]
["M2503","Chapa metálica corrugada galvanizada para tunnel liner - E = 2,2 mm e D = 1,8 m","m",4850.6131999999998]
["M2504","Chapa metálica corrugada galvanizada para tunnel liner - E = 2,2 mm e D = 2,0 m","m",5345.8486999999996]
["M2505","Chapa metálica corrugada galvanizada para tunnel liner - E = 2,2 mm e D = 2,2 m","m",5907.6265999999996]
["M2506","Chapa metálica corrugada galvanizada para tunnel liner - E = 2,2 mm e D = 2,4 m","m",6369.6620999999996]
["M2507","Chapa metálica corrugada galvanizada para tunnel liner - E = 2,2 mm e D = 2,6 m","m",6930.2093999999997]
["M2508","Chapa metálica corrugada galvanizada para tunnel liner - E = 2,2 mm e D = 2,8 m","m",7424.3508000000002]
["M2509","Chapa metálica corrugada galvanizada para tunnel liner - E = 2,2 mm e D = 3,0 m","m",8019.1907000000001]
["M2510","Chapa metálica corrugada galvanizada para tunnel liner - E = 2,7 mm e D = 3,2 m","m",9624.1564999999991]
["M2511","Chapa metálica corrugada galvanizada para tunnel liner - E = 2,7 mm e D = 3,4 m","m",10304.120999999999]
["M2512","Chapa metálica corrugada galvanizada para tunnel liner - E = 2,7 mm e D = 3,6 m","m",10830.9611]
["M2513","Chapa metálica corrugada galvanizada para tunnel liner - E = 2,7 mm e D = 3,8 m","m",11450.037200000001]
["M2514","Chapa metálica corrugada galvanizada para tunnel liner - E = 2,7 mm e D = 4,0 m","m",12038.8449]
["M2515","Chapa metálica corrugada galvanizada para tunnel liner - E = 3,4 mm e D = 4,2 m","m",15045.638000000001]
["M2516","Chapa metálica corrugada galvanizada para tunnel liner - E = 3,4 mm e D = 4,4 m","m",15698.670099999999]
["M2517","Chapa metálica corrugada galvanizada para tunnel liner - E = 3,4 mm e D = 4,6 m","m",16469.1283]
["M2518","Chapa metálica corrugada galvanizada para tunnel liner - E = 3,9 mm e D = 4,8 m","m",18907.172699999999]
["M2519","Chapa metálica corrugada galvanizada para tunnel liner - E = 3,9 mm e D = 5,0 m","m",19779.310099999999]
["M2520","Chapa metálica corrugada galvanizada revestida com epóxi para tunnel liner - E = 2,2 mm e D = 1,2 m","m",3302.2094000000002]
["M2521","Chapa metálica corrugada galvanizada revestida com epóxi para tunnel liner - E = 2,2 mm e D = 1,4 m","m",3749.4207000000001]
["M2522","Chapa metálica corrugada galvanizada revestida com epóxi para tunnel liner - E = 2,2 mm e D = 1,6 m","m",4437.4174000000003]
["M2523","Chapa metálica corrugada galvanizada revestida com epóxi para tunnel liner - E = 2,2 mm e D = 1,8 m","m",5076.2982000000002]
["M2524","Chapa metálica corrugada galvanizada revestida com epóxi para tunnel liner - E = 2,2 mm e D = 2,0 m","m",5594.5626000000002]
["M2525","Chapa metálica corrugada galvanizada revestida com epóxi para tunnel liner - E = 2,2 mm e D = 2,2 m","m",6182.4386000000004]
["M2526","Chapa metálica corrugada galvanizada revestida com epóxi para tunnel liner - E = 2,2 mm e D = 2,4 m","m",6665.9683000000005]
["M2527","Chapa metálica corrugada galvanizada revestida com epóxi para tunnel liner - E = 2,2 mm e D = 2,6 m","m",7252.6136999999999]
["M2528","Chapa metálica corrugada galvanizada revestida com epóxi para tunnel liner - E = 2,2 mm e D = 2,8 m","m",7769.7839999999997]
["M2529","Chapa metálica corrugada galvanizada revestida com epóxi para tunnel liner - E = 2,2 mm e D = 3,0 m","m",8392.2564999999995]
["M2530","Chapa metálica corrugada galvanizada revestida com epóxi para tunnel liner - E = 2,7 mm e D = 3,2 m","m",10169.828600000001]
["M2531","Chapa múltipla metálica corrugada galvanizada tipo MP 100 ou similar - E = 1,60 mm e D = 0,60 m","m",1306.8729000000001]
["M2532","Chapa múltipla metálica corrugada galvanizada tipo MP 100 ou similar - E = 1,60 mm e D = 0,70 m","m",1511.0696]
["M2533","Chapa múltipla metálica corrugada galvanizada tipo MP 100 ou similar - E = 1,60 mm e D = 0,80 m","m",1715.2725]
["M2534","Chapa múltipla metálica corrugada galvanizada tipo MP 100 ou similar - E = 1,60 mm e D = 0,90 m","m",1878.6243999999999]
["M2535","Chapa múltipla metálica corrugada galvanizada tipo MP 100 ou similar - E = 1,60 mm e D = 1,00 m","m",2082.8359999999998]
["M2536","Chapa múltipla metálica corrugada galvanizada tipo MP 100 ou similar - E = 1,60 mm e D = 1,10 m","m",2368.7437]
["M2537","Chapa múltipla metálica corrugada galvanizada tipo MP 100 ou similar - E = 1,60 mm e D = 1,20 m","m",2532.1015000000002]
["M2538","Chapa múltipla metálica corrugada galvanizada tipo MP 100 ou similar - E = 1,60 mm e D = 1,30 m","m",2736.2944000000002]
["M2539","Chapa múltipla metálica corrugada galvanizada tipo MP 100 ou similar - E = 1,60 mm e D = 1,40 m","m",2899.6664999999998]
["M2540","Chapa múltipla metálica corrugada galvanizada tipo MP 100 ou similar - E = 1,60 mm e D = 1,50 m","m",3103.8220000000001]
["M2541","Chapa múltipla metálica corrugada galvanizada tipo MP 100 ou similar - E = 1,60 mm e D = 1,60 m","m",3308.0628000000002]
["M2542","Chapa múltipla metálica corrugada galvanizada tipo MP 100 ou similar - E = 1,60 mm e D = 1,70 m","m",3471.4079000000002]
["M2543","Chapa múltipla metálica corrugada galvanizada tipo MP 100 ou similar - E = 1,60 mm e D = 1,80 m","m",3675.5601999999999]
["M2544","Chapa múltipla metálica corrugada galvanizada tipo MP 100 ou similar - E = 2,00 mm e D = 1,90 m","m",4291.3458000000001]
["M2545","Chapa múltipla metálica corrugada galvanizada tipo MP 100 ou similar - E = 2,00 mm e D = 2,00 m","m",4523.3545999999997]
["M2546","Chapa múltipla metálica corrugada galvanizada tipo MP 100 ou similar - E = 2,00 mm e D = 2,10 m","m",4832.5083000000004]
["M2547","Chapa múltipla metálica corrugada galvanizada tipo MP 100 ou similar - E = 2,00 mm e D = 2,20 m","m",4948.6279999999997]
["M2548","Chapa múltipla metálica corrugada galvanizada tipo MP 100 ou similar - E = 2,00 mm e D = 2,30 m","m",5141.8759]
["M2549","Chapa múltipla metálica corrugada galvanizada tipo MP 100 ou similar - E = 2,70 mm e D = 2,40 m","m",6819.8716999999997]
["M2550","Chapa múltipla metálica corrugada galvanizada tipo MP 100 ou similar - E = 3,40 mm e D = 2,50 m","m",8671.5545000000002]
["M2551","Chapa múltipla metálica corrugada galvanizada tipo MP 100 ou similar - E = 3,40 mm e D = 2,60 m","m",9164.2657999999992]
["M2552","Chapa múltipla metálica corrugada galvanizada tipo MP 100 ou similar - E = 3,40 mm e D = 2,70 m","m",9341.2628000000004]
["M2553","Chapa múltipla metálica corrugada galvanizada tipo MP 100 ou similar - E = 3,40 mm e D = 2,80 m","m",9799.6239000000005]
["M2554","Chapa múltipla metálica corrugada galvanizada tipo MP 152 ou similar - E = 2,70 mm e D = 1,50 m","m",6485.4867999999997]
["M2555","Chapa múltipla metálica corrugada galvanizada tipo MP 152 ou similar - E = 2,70 mm e D = 1,80 m","m",7842.0061999999998]
["M2556","Chapa múltipla metálica corrugada galvanizada tipo MP 152 ou similar - E = 2,70 mm e D = 1,90 m","m",8096.5424999999996]
["M2557","Chapa múltipla metálica corrugada galvanizada tipo MP 152 ou similar - E = 2,70 mm e D = 2,15 m","m",9198.58]
["M2558","Chapa múltipla metálica corrugada galvanizada tipo MP 152 ou similar - E = 2,70 mm e D = 2,30 m","m",9707.3727999999992]
["M2559","Chapa múltipla metálica corrugada galvanizada tipo MP 152 ou similar - E = 2,70 mm e D = 2,65 m","m",11361.0959]
["M2560","Chapa múltipla metálica corrugada galvanizada tipo MP 152 ou similar - E = 2,70 mm e D = 3,05 m","m",12970.9836]
["M2561","Chapa múltipla metálica corrugada galvanizada tipo MP 152 ou similar - E = 2,70 mm e D = 3,20 m","m",13777.002500000001]
["M2562","Chapa múltipla metálica corrugada galvanizada tipo MP 152 ou similar - E = 2,70 mm e D = 3,40 m","m",14583.089099999999]
["M2563","Chapa múltipla metálica corrugada galvanizada tipo MP 152 ou similar - E = 2,70 mm e D = 3,65 m","m",15643.2994]
["M2564","Chapa múltipla metálica corrugada galvanizada tipo MP 152 ou similar - E = 2,70 mm e D = 3,80 m","m",16194.156800000001]
["M2565","Chapa múltipla metálica corrugada galvanizada tipo MP 152 ou similar - E = 2,70 mm e D = 4,20 m","m",17847.918799999999]
["M2566","Chapa múltipla metálica corrugada galvanizada tipo MP 152 ou similar - E = 2,70 mm e D = 4,60 m","m",19456.470499999999]
["M2567","Chapa múltipla metálica corrugada galvanizada tipo MP 152 ou similar - E = 3,40 mm e D = 4,80 m","m",22117.993299999998]
["M2568","Chapa múltipla metálica corrugada galvanizada tipo MP 152 ou similar - E = 3,40 mm e D = 5,00 m","m",22742.403900000001]
["M2569","Chapa múltipla metálica corrugada galvanizada tipo MP 152 ou similar - E = 3,90 mm e D = 5,35 m","m",28507.667099999999]
["M2570","Chapa múltipla metálica corrugada galvanizada tipo MP 152 ou similar - E = 3,90 mm e D = 5,70 m","m",30547.887299999999]
["M2571","Chapa múltipla metálica corrugada galvanizada tipo MP 152 ou similar - E = 4,70 mm e D = 6,10 m","m",37739.507700000002]
["M2572","Chapa múltipla metálica corrugada galvanizada tipo MP 152 ou similar - E = 6,40 mm e D = 6,50 m","m",44937.1682]
["M2573","Chapa múltipla metálica corrugada galvanizada tipo MP 152 ou similar - E = 6,40 mm e D = 6,85 m","m",47751.342799999999]
["M2574","Chapa múltipla metálica corrugada galvanizada tipo MP 152 ou similar - E = 6,40 mm e D = 7,25 m","m",50201.166799999999]
["M2580","Parafuso de cabeça sextavada em aço galvanizado com porca e arruela de pressão - D = 7,938 mm (5/16\")","cj",0.72660000000000002]
["M2585","Tirante de barra de aço - tensão de escoamento = 520 MPa, tensão de ruptura = 690 MPa e D = 25 mm","m",63.58]
["M2586","Tirante de barra de aço - tensão de escoamento = 700 MPa, tensão de ruptura = 800 MPa e D = 19 mm","m",26.66]
["M2587","Tirante de barra de aço - tensão de escoamento = 700 MPa, tensão de ruptura = 800 MPa e D = 22 mm","m",38.54]
["M2588","Tirante de barra de aço - tensão de escoamento = 700 MPa, tensão de ruptura = 800 MPa e D = 25 mm","m",47.98]
["M2589","Tirante de barra de aço - tensão de escoamento = 700 MPa, tensão de ruptura = 800 MPa e D = 32 mm","m",88.88]
["M2590","Tirante de barra de aço - tensão de escoamento = 700 MPa, tensão de ruptura = 800 MPa e D = 36 mm","m",103.17]
["M2591","Luva em aço para emenda de tirantes - D = 73 mm e C = 150 mm","un",150.94999999999999]
["M2597","Concreto usinado - fck = 40 MPa (comercial)","m³","-"]
["M2598","Concreto usinado - fck = 45 MPa (comercial)","m³","-"]
["M2599","Concreto usinado - fck = 50 MPa (comercial)","m³","-"]
["M2601","Aparelho de apoio metálico esférico fixo com 4 chumbadores e capacidade de 1.000 kN","un",7110.9705999999996]
["M2602","Aparelho de apoio metálico esférico unidirecional com 4 chumbadores e capacidade de 1.500 kN","un",14682.6494]
["M2603","Aparelho de apoio metálico esférico fixo com 4 chumbadores e capacidade de 1.500 kN","un",11221.707200000001]
["M2604","Aparelho de apoio metálico esférico fixo com 4 chumbadores e capacidade de 2.000 kN","un",13053.1615]
["M2605","Aparelho de apoio metálico esférico fixo com 4 chumbadores e capacidade de 2.500 kN","un",15854.175999999999]
["M2606","Aparelho de apoio metálico esférico fixo com 4 chumbadores e capacidade de 3.000 kN","un",18707.393]
["M2607","Aparelho de apoio metálico esférico fixo com 4 chumbadores e capacidade de 3.500 kN","un",21958.243299999998]
["M2608","Aparelho de apoio metálico esférico fixo com 4 chumbadores e capacidade de 4.000 kN","un",29591.811099999999]
["M2609","Aparelho de apoio metálico esférico unidirecional com 4 chumbadores e capacidade de 1.000 kN","un",10747.564399999999]
["M2610","Aparelho de apoio metálico esférico unidirecional com 4 chumbadores e capacidade de 2.000 kN","un",17932.512900000002]
["M2611","Aparelho de apoio metálico esférico unidirecional com 4 chumbadores e capacidade de 2.500 kN","un",21324.134399999999]
["M2612","Aparelho de apoio metálico esférico unidirecional com 4 chumbadores e capacidade de 3.000 kN","un",24421.310700000002]
["M2613","Aparelho de apoio metálico esférico unidirecional com 4 chumbadores e capacidade de 3.500 kN","un",28348.358499999998]
["M2614","Aparelho de apoio metálico esférico unidirecional com 4 chumbadores e capacidade de 4.000 kN","un",31729.944800000001]
["M2615","Aparelho de apoio metálico esférico fixo com 4 chumbadores e capacidade de 4.500 kN","un",31965.106400000001]
["M2616","Aparelho de apoio metálico esférico fixo com 4 chumbadores e capacidade de 5.000 kN","un",35726.276400000002]
["M2617","Aparelho de apoio metálico esférico fixo com 4 chumbadores e capacidade de 5.500 kN","un",37776.904199999997]
["M2618","Aparelho de apoio metálico esférico fixo com 4 chumbadores e capacidade de 6.000 kN","un",42546.355799999998]
["M2619","Aparelho de apoio metálico esférico fixo com 4 chumbadores e capacidade de 6.500 kN","un",45962.447200000002]
["M2620","Aparelho de apoio metálico esférico fixo com 4 chumbadores e capacidade de 7.000 kN","un",54538.617400000003]
["M2621","Aparelho de apoio metálico esférico fixo com 4 chumbadores e capacidade de 7.500 kN","un",54576.324999999997]
["M2622","Aparelho de apoio metálico esférico fixo com 4 chumbadores e capacidade de 8.000 kN","un",56934.879500000003]
["M2623","Grelha metálica para boca de lobo com capacidade de até 300 kN - C = 0,90 m e L = 0,30 m","un",534.13739999999996]
["M2624","Grelha de piso em PVC para passagem de pedestres - C = 50 cm e L = 13 cm","un",81.417699999999996]
["M2625","Marco em PVC para grelha de piso - L = 2,50 m","un",102.72920000000001]
["M2626","Grelha de piso em PVC para passagem de veículos de até 3 t - C = 50 cm e L = 13 cm","un",101.41930000000001]
["M2627","Grelha de piso em PVC para passagem de veículos de até 10 t - C = 50 cm e L = 13 cm","un",147.4853]
["M2628","Grelha de piso em PVC para passagem de pedestres - C = 50 cm e L = 20 cm","un",133.95740000000001]
["M2629","Grelha de piso em PVC para passagem de veículos de até 3 t - C = 50 cm e L = 20 cm","un",162.3724]
["M2631","Grelha metálica para canaletas - C = 1,00 m e L = 0,10 m","un",75.853399999999993]
["M2632","Grelha metálica para canaletas - C = 1,00 m e L = 0,15 m","un",157.6609]
["M2633","Porta-grelha metálica - C = 1,00 m e L = 0,15 m","m",125.35599999999999]
["M2634","Grelha metálica para canaletas - C = 1,00 m e L = 0,20 m","un",304.9753]
["M2635","Porta-grelha metálica - C = 1,00 m e L = 0,20 m","m",121.697]
["M2636","Porta-grelha metálica - C = 1,00 m e L = 0,10 m","m",83.615499999999997]
["M2637","Aparelho de apoio metálico esférico fixo com 4 chumbadores e capacidade de 8.500 kN","un",58470.270400000001]
["M2638","Aparelho de apoio metálico esférico fixo com 4 chumbadores e capacidade de 9.000 kN","un",67262.377900000007]
["M2639","Aparelho de apoio metálico esférico fixo com 4 chumbadores e capacidade de 9.500 kN","un",71376.466700000004]
["M2640","Aparelho de apoio metálico esférico fixo com 4 chumbadores e capacidade de 10.000 kN","un",74967.779800000004]
["M2641","Aparelho de apoio metálico esférico unidirecional com 4 chumbadores e capacidade de 4.500 kN","un",36475.792300000001]
["M2642","Aparelho de apoio metálico esférico unidirecional com 4 chumbadores e capacidade de 5.000 kN","un",41222.8341]
["M2643","Aparelho de apoio metálico esférico unidirecional com 4 chumbadores e capacidade de 5.500 kN","un",43702.582000000002]
["M2644","Aparelho de apoio metálico esférico unidirecional com 4 chumbadores e capacidade de 6.000 kN","un",48902.532500000001]
["M2645","Aparelho de apoio metálico esférico unidirecional com 4 chumbadores e capacidade de 6.500 kN","un",52380.826999999997]
["M2646","Aparelho de apoio metálico esférico unidirecional com 4 chumbadores e capacidade de 7.000 kN","un",56284.2621]
["M2647","Aparelho de apoio metálico esférico unidirecional com 4 chumbadores e capacidade de 7.500 kN","un",60409.059200000003]
["M2648","Fincapino de ação direta e pino com furo - D = 6,35 mm (1/4\")","un",1.5415000000000001]
["M2649","Aparelho de apoio metálico esférico unidirecional com 4 chumbadores e capacidade de 8.000 kN","un",64214.751499999998]
["M2650","Aparelho de apoio metálico esférico unidirecional com 4 chumbadores e capacidade de 8.500 kN","un",69205.002399999998]
["M2651","Chapa múltipla metálica corrugada revestida em epóxi tipo MP 100 ou similar - E = 1,60 mm e D = 0,60 m","m",1372.2284]
["M2652","Chapa múltipla metálica corrugada revestida em epóxi tipo MP 100 ou similar - E = 1,60 mm e D = 0,70 m","m",1586.6357]
["M2653","Chapa múltipla metálica corrugada revestida em epóxi tipo MP 100 ou similar - E = 1,60 mm e D = 0,80 m","m",1801.0590999999999]
["M2654","Chapa múltipla metálica corrugada revestida em epóxi tipo MP 100 ou similar - E = 1,60 mm e D = 0,90 m","m",1972.5854999999999]
["M2655","Chapa múltipla metálica corrugada revestida em epóxi tipo MP 100 ou similar - E = 1,60 mm e D = 1,00 m","m",2186.9974999999999]
["M2656","Chapa múltipla metálica corrugada revestida em epóxi tipo MP 100 ou similar - E = 1,60 mm e D = 1,10 m","m",2487.1979999999999]
["M2657","Chapa múltipla metálica corrugada revestida em epóxi tipo MP 100 ou similar - E = 1,60 mm e D = 1,20 m","m",2658.7303000000002]
["M2658","Chapa múltipla metálica corrugada revestida em epóxi tipo MP 100 ou similar - E = 1,60 mm e D = 1,30 m","m",2873.1336999999999]
["M2659","Chapa múltipla metálica corrugada revestida em epóxi tipo MP 100 ou similar - E = 1,60 mm e D = 1,40 m","m",3044.6801999999998]
["M2660","Chapa múltipla metálica corrugada revestida em epóxi tipo MP 100 ou similar - E = 1,60 mm e D = 1,50 m","m",3259.0463]
["M2661","Chapa múltipla metálica corrugada revestida em epóxi tipo MP 100 ou similar - E = 1,60 mm e D = 1,60 m","m",3473.4976999999999]
["M2662","Chapa múltipla metálica corrugada revestida em epóxi tipo MP 100 ou similar - E = 1,60 mm e D = 1,70 m","m",3645.0171]
["M2663","Chapa múltipla metálica corrugada revestida em epóxi tipo MP 100 ou similar - E = 1,60 mm e D = 1,80 m","m",3859.3800999999999]
["M2664","Chapa múltipla metálica corrugada revestida em epóxi tipo MP 100 ou similar - E = 2,00 mm e D = 1,90 m","m",4531.7448999999997]
["M2665","Chapa múltipla metálica corrugada revestida em epóxi tipo MP 100 ou similar - E = 2,00 mm e D = 2,00 m","m",4776.7524999999996]
["M2666","Chapa múltipla metálica corrugada revestida em epóxi tipo MP 100 ou similar - E = 2,00 mm e D = 2,10 m","m",5103.2380000000003]
["M2667","Chapa múltipla metálica corrugada revestida em epóxi tipo MP 100 ou similar - E = 2,00 mm e D = 2,20 m","m",5225.8472000000002]
["M2668","Chapa múltipla metálica corrugada revestida em epóxi tipo MP 100 ou similar - E = 2,00 mm e D = 2,30 m","m",5429.9375]
["M2669","Chapa múltipla metálica corrugada revestida em epóxi tipo MP 100 ou similar - E = 2,70 mm e D = 2,40 m","m",7301.7830999999996]
["M2670","Chapa múltipla metálica corrugada revestida em epóxi tipo MP 100 ou similar - E = 3,40 mm e D = 2,50 m","m",9356.0920000000006]
["M2671","Chapa múltipla metálica corrugada revestida em epóxi tipo MP 100 ou similar - E = 3,40 mm e D = 2,60 m","m",9887.7497000000003]
["M2672","Chapa múltipla metálica corrugada revestida em epóxi tipo MP 100 ou similar - E = 3,40 mm e D = 2,70 m","m",10078.6684]
["M2673","Chapa múltipla metálica corrugada revestida em epóxi tipo MP 100 ou similar - E = 3,40 mm e D = 2,80 m","m",10573.197700000001]
["M2674","Chapa múltipla metálica corrugada revestida em epóxi tipo MP 152 ou similar - E = 2,70 mm e D = 1,50 m","m",6699.4166999999998]
["M2675","Chapa múltipla metálica corrugada revestida em epóxi tipo MP 152 ou similar - E = 2,70 mm e D = 1,80 m","m",8100.6698999999999]
["M2676","Chapa múltipla metálica corrugada revestida em epóxi tipo MP 152 ou similar - E = 2,70 mm e D = 1,90 m","m",8363.5912000000008]
["M2677","Chapa múltipla metálica corrugada revestida em epóxi tipo MP 152 ou similar - E = 2,70 mm e D = 2,15 m","m",9501.9773999999998]
["M2678","Chapa múltipla metálica corrugada revestida em epóxi tipo MP 152 ou similar - E = 2,70 mm e D = 2,30 m","m",10027.550499999999]
["M2679","Chapa múltipla metálica corrugada revestida em epóxi tipo MP 152 ou similar - E = 2,70 mm e D = 2,65 m","m",11735.816699999999]
["M2680","Chapa múltipla metálica corrugada revestida em epóxi tipo MP 152 ou similar - E = 2,70 mm e D = 3,05 m","m",13398.8233]
["M2681","Chapa múltipla metálica corrugada revestida em epóxi tipo MP 152 ou similar - E = 2,70 mm e D = 3,20 m","m",14231.411700000001]
["M2682","Chapa múltipla metálica corrugada revestida em epóxi tipo MP 152 ou similar - E = 2,70 mm e D = 3,40 m","m",15064.057699999999]
["M2683","Chapa múltipla metálica corrugada revestida em epóxi tipo MP 152 ou similar - E = 2,70 mm e D = 3,65 m","m",16159.2225]
["M2684","Chapa múltipla metálica corrugada revestida em epóxi tipo MP 152 ou similar - E = 2,70 mm e D = 3,80 m","m",16728.2644]
["M2685","Chapa múltipla metálica corrugada revestida em epóxi tipo MP 152 ou similar - E = 2,70 mm e D = 4,20 m","m",18436.5494]
["M2686","Chapa múltipla metálica corrugada revestida em epóxi tipo MP 152 ou similar - E = 2,70 mm e D = 4,60 m","m",20098.240000000002]
["M2687","Chapa múltipla metálica corrugada revestida em epóxi tipo MP 152 ou similar - E = 3,40 mm e D = 4,80 m","m",25819.0232]
["M2688","Chapa múltipla metálica corrugada revestida em epóxi tipo MP 152 ou similar - E = 3,40 mm e D = 5,00 m","m",26547.946400000001]
["M2689","Chapa múltipla metálica corrugada revestida em epóxi tipo MP 152 ou similar - E = 3,90 mm e D = 5,35 m","m",32116.4411]
["M2690","Chapa múltipla metálica corrugada revestida em epóxi tipo MP 152 ou similar - E = 3,90 mm e D = 5,70 m","m",34414.763200000001]
["M2691","Chapa múltipla metálica corrugada revestida em epóxi tipo MP 152 ou similar - E = 4,70 mm e D = 6,10 m","m",42092.567799999997]
["M2692","Chapa múltipla metálica corrugada revestida em epóxi tipo MP 152 ou similar - E = 6,40 mm e D = 6,50 m","m",54096.744700000003]
["M2693","Chapa múltipla metálica corrugada revestida em epóxi tipo MP 152 ou similar - E = 6,40 mm e D = 6,85 m","m",57281.922299999998]
["M2694","Chapa múltipla metálica corrugada revestida em epóxi tipo MP 152 ou similar - E = 6,40 mm e D = 7,25 m","m",60434.083700000003]
["M2695","Aparelho de apoio metálico esférico unidirecional com 4 chumbadores e capacidade de 9.000 kN","un",73282.587]
["M2696","Aparelho de apoio metálico esférico unidirecional com 4 chumbadores e capacidade de 9.500 kN","un",77512.309899999993]
["M2697","Aparelho de apoio metálico esférico unidirecional com 4 chumbadores e capacidade de 10.000 kN","un",81642.761100000003]
["M2698","Fincapino de ação indireta e pino liso - D = 6,35 mm (1/4\")","un",0.94379999999999997]
["M2700","Corpo de BSCC pré-moldado comercial - seção de 1,5 m x 1,5 m - tipo I","m",2290.9448000000002]
["M2701","Corpo de BSCC pré-moldado comercial - seção de 1,5 m x 1,5 m - tipo II","m",2384.0704999999998]
["M2702","Corpo de BSCC pré-moldado comercial - seção de 1,5 m x 1,5 m - tipo III","m",2438.3933000000002]
["M2703","Corpo de BSCC pré-moldado comercial - seção de 1,5 m x 1,5 m - tipo IV","m",2482.8850000000002]
["M2704","Corpo de BSCC pré-moldado comercial - seção de 1,5 m x 1,5 m - tipo V","m",3169.8687]
["M2705","Corpo de BSCC pré-moldado comercial - seção de 1,5 m x 1,5 m - tipo VI","m",3245.7754]
["M2706","Corpo de BSCC pré-moldado comercial - seção de 1,5 m x 1,5 m - tipo VII","m",3296.4310999999998]
["M2707","Corpo de BSCC pré-moldado comercial - seção de 2,0 m x 2,0 m - tipo I","m",2911.46]
["M2708","Corpo de BSCC pré-moldado comercial - seção de 2,0 m x 2,0 m - tipo II","m",3006.3553999999999]
["M2709","Corpo de BSCC pré-moldado comercial - seção de 2,0 m x 2,0 m - tipo III","m",3145.2516000000001]
["M2710","Corpo de BSCC pré-moldado comercial - seção de 2,0 m x 2,0 m - tipo IV","m",3673.3427999999999]
["M2711","Corpo de BSCC pré-moldado comercial - seção de 2,0 m x 2,0 m - tipo V","m",3922.8172]
["M2712","Corpo de BSCC pré-moldado comercial - seção de 2,0 m x 2,0 m - tipo VI","m",3934.9699000000001]
["M2713","Corpo de BSCC pré-moldado comercial - seção de 2,0 m x 2,0 m - tipo VII","m",4288.8635999999997]
["M2714","Corpo de BSCC pré-moldado comercial - seção de 2,5 m x 2,5 m - tipo I","m",3154.5376000000001]
["M2715","Corpo de BSCC pré-moldado comercial - seção de 2,5 m x 2,5 m - tipo II","m",3590.7159999999999]
["M2716","Corpo de BSCC pré-moldado comercial - seção de 2,5 m x 2,5 m - tipo III","m",4505.1589000000004]
["M2717","Corpo de BSCC pré-moldado comercial - seção de 2,5 m x 2,5 m - tipo IV","m",4629.9507000000003]
["M2718","Corpo de BSCC pré-moldado comercial - seção de 2,5 m x 2,5 m - tipo V","m",4874.5834000000004]
["M2719","Corpo de BSCC pré-moldado comercial - seção de 2,5 m x 2,5 m - tipo VI","m",5801.5612000000001]
["M2720","Corpo de BSCC pré-moldado comercial - seção de 2,5 m x 2,5 m - tipo VII","m",6095.6831000000002]
["M2721","Corpo de BSCC pré-moldado comercial - seção de 3,0 m x 3,0 m - tipo I","m",4867.4350000000004]
["M2722","Corpo de BSCC pré-moldado comercial - seção de 3,0 m x 3,0 m - tipo II","m",5149.2152999999998]
["M2723","Corpo de BSCC pré-moldado comercial - seção de 3,0 m x 3,0 m - tipo III","m",6112.4579999999996]
["M2724","Corpo de BSCC pré-moldado comercial - seção de 3,0 m x 3,0 m - tipo IV","m",6210.3789999999999]
["M2725","Corpo de BSCC pré-moldado comercial - seção de 3,0 m x 3,0 m - tipo V","m",6787.5859]
["M2726","Corpo de BSCC pré-moldado comercial - seção de 3,0 m x 3,0 m - tipo VI","m",6808.8702000000003]
["M2727","Corpo de BSCC pré-moldado comercial - seção de 3,0 m x 3,0 m - tipo VII","m",7535.5726999999997]
["M2728","Corpo de BSCC pré-moldado comercial - seção canal de 1,5 m x 1,5 m","m",1925.1090999999999]
["M2729","Corpo de BSCC pré-moldado comercial - seção canal de 2,0 m x 1,5 m","m",2084.9920000000002]
["M2730","Corpo de BSCC pré-moldado comercial - seção canal de 2,0 m x 2,0 m - tipo I","m",2973.3121000000001]
["M2731","Corpo de BSCC pré-moldado comercial - seção canal de 2,0 m x 2,0 m - tipo II","m",3209.6441]
["M2732","Corpo de BSCC pré-moldado comercial - seção canal de 2,5 m x 1,5 m","m",2257.4784]
["M2733","Corpo de BSCC pré-moldado comercial - seção canal de 2,5 m x 2,0 m - tipo I","m",3321.7458000000001]
["M2734","Corpo de BSCC pré-moldado comercial - seção canal de 2,5 m x 2,0 m - tipo II","m",3617.2003]
["M2735","Corpo de BSCC pré-moldado comercial - seção canal de 3,0 m x 1,5 m","m",2748.1163999999999]
["M2736","Corpo de BSCC pré-moldado comercial - seção canal de 3,0 m x 2,0 m - tipo I","m",3846.7593999999999]
["M2737","Corpo de BSCC pré-moldado comercial - seção canal de 3,0 m x 2,0 m - tipo II","m",3895.3780999999999]
["M2738","Aparelho de apoio metálico esférico multidirecional com 4 chumbadores e capacidade de 1.000 kN","un",8027.6670000000004]
["M2739","Aparelho de apoio metálico esférico multidirecional com 4 chumbadores e capacidade de 1.500 kN","un",11226.0543]
["M2740","Aparelho de apoio metálico esférico multidirecional com 4 chumbadores e capacidade de 2.000 kN","un",14787.4229]
["M2741","Aparelho de apoio metálico esférico multidirecional com 4 chumbadores e capacidade de 2.500 kN","un",17727.5429]
["M2742","Aparelho de apoio metálico esférico multidirecional com 4 chumbadores e capacidade de 3.000 kN","un",20508.474200000001]
["M2743","Aparelho de apoio metálico esférico multidirecional com 4 chumbadores e capacidade de 3.500 kN","un",23221.4944]
["M2744","Aparelho de apoio metálico esférico multidirecional com 4 chumbadores e capacidade de 4.000 kN","un",26360.106899999999]
["M2745","Aparelho de apoio metálico esférico multidirecional com 4 chumbadores e capacidade de 4.500 kN","un",30461.3488]
["M2746","Aparelho de apoio metálico esférico multidirecional com 4 chumbadores e capacidade de 5.000 kN","un",33944.642699999997]
["M2747","Aparelho de apoio metálico esférico multidirecional com 4 chumbadores e capacidade de 5.500 kN","un",36771.488299999997]
["M2748","Aparelho de apoio metálico esférico multidirecional com 4 chumbadores e capacidade de 6.000 kN","un",42651.368399999999]
["M2749","Aparelho de apoio metálico esférico multidirecional com 4 chumbadores e capacidade de 6.500 kN","un",46082.503199999999]
["M2750","Aparelho de apoio metálico esférico multidirecional com 4 chumbadores e capacidade de 7.000 kN","un",49603.296000000002]
["M2751","Aparelho de apoio metálico esférico multidirecional com 4 chumbadores e capacidade de 7.500 kN","un",53518.881399999998]
["M2752","Aparelho de apoio metálico esférico multidirecional com 4 chumbadores e capacidade de 8.000 kN","un",57581.687299999998]
["M2753","Aparelho de apoio metálico esférico multidirecional com 4 chumbadores e capacidade de 8.500 kN","un",62816.716399999998]
["M2754","Aparelho de apoio metálico esférico multidirecional com 4 chumbadores e capacidade de 9.000 kN","un",66383.067999999999]
["M2755","Aparelho de apoio metálico esférico multidirecional com 4 chumbadores e capacidade de 9.500 kN","un",70441.142999999996]
["M2756","Aparelho de apoio metálico esférico multidirecional com 4 chumbadores e capacidade de 10.000 kN","un",73966.722500000003]
["M2757","Aparelho de apoio metálico elastomérico fixo com 4 chumbadores e capacidade de 700 kN","un",3054.1127000000001]
["M2758","Aparelho de apoio metálico elastomérico fixo com 4 chumbadores e capacidade de 1.500 kN","un",5169.4457000000002]
["M2759","Aparelho de apoio metálico elastomérico fixo com 4 chumbadores e capacidade de 2.500 kN","un",8684.9156999999996]
["M2760","Aparelho de apoio metálico elastomérico fixo com 4 chumbadores e capacidade de 4.000 kN","un",11896.743]
["M2761","Aparelho de apoio metálico elastomérico fixo com 4 chumbadores e capacidade de 5.500 kN","un",16891.750100000001]
["M2762","Aparelho de apoio metálico elastomérico fixo com 4 chumbadores e capacidade de 7.500 kN","un",23653.1728]
["M2763","Aparelho de apoio metálico elastomérico fixo com 4 chumbadores e capacidade de 10.000 kN","un",33221.751100000001]
["M2764","Aparelho de apoio metálico elastomérico unidirecional com 4 chumbadores e capacidade de 700 kN","un",4447.9053999999996]
["M2765","Aparelho de apoio metálico elastomérico unidirecional com 4 chumbadores e capacidade de 1.500 kN","un",6127.8788999999997]
["M2766","Aparelho de apoio metálico elastomérico unidirecional com 4 chumbadores e capacidade de 2.500 kN","un",8889.0211999999992]
["M2767","Aparelho de apoio metálico elastomérico unidirecional com 4 chumbadores e capacidade de 4.000 kN","un",17408.900900000001]
["M2768","Aparelho de apoio metálico elastomérico unidirecional com 4 chumbadores e capacidade de 5.500 kN","un",22981.355100000001]
["M2769","Aparelho de apoio metálico elastomérico unidirecional com 4 chumbadores e capacidade de 7.500 kN","un",25401.8694]
["M2770","Aparelho de apoio metálico elastomérico unidirecional com 4 chumbadores e capacidade de 10.000 kN","un",44988.364099999999]
["M2771","Aparelho de apoio metálico elastomérico multidirecional com 4 chumbadores e capacidade de 700 kN","un",4423.7219999999998]
["M2772","Aparelho de apoio metálico elastomérico multidirecional com 4 chumbadores e capacidade de 1.500 kN","un",4687.7107999999998]
["M2773","Aparelho de apoio metálico elastomérico multidirecional com 4 chumbadores e capacidade de 2.500 kN","un",7400.8023000000003]
["M2774","Aparelho de apoio metálico elastomérico multidirecional com 4 chumbadores e capacidade de 4.000 kN","un",11063.9022]
["M2775","Aparelho de apoio metálico elastomérico multidirecional com 4 chumbadores e capacidade de 5.500 kN","un",15694.922200000001]
["M2776","Aparelho de apoio metálico elastomérico multidirecional com 4 chumbadores e capacidade de 7.500 kN","un",21858.076000000001]
["M2777","Aparelho de apoio metálico elastomérico multidirecional com 4 chumbadores e capacidade de 10.000 kN","un",29555.340700000001]
["M2780","Chapa metálica corrugada galvanizada para tunnel liner - E = 2,7 mm e D = 1,2 m","m",3651.3044]
["M2781","Chapa metálica corrugada galvanizada para tunnel liner - E = 2,7 mm e D = 1,4 m","m",4115.4659000000001]
["M2782","Chapa metálica corrugada galvanizada para tunnel liner - E = 2,7 mm e D = 1,6 m","m",4796.2255999999998]
["M2783","Chapa metálica corrugada galvanizada para tunnel liner - E = 2,7 mm e D = 1,8 m","m",5476.9566000000004]
["M2784","Chapa metálica corrugada galvanizada para tunnel liner - E = 2,7 mm e D = 2,0 m","m",6034.2476999999999]
["M2785","Chapa metálica corrugada galvanizada para tunnel liner - E = 3,4 mm e D = 2,2 m","m",7907.2381999999998]
["M2786","Chapa metálica corrugada galvanizada para tunnel liner - E = 3,4 mm e D = 2,4 m","m",8559.0341000000008]
["M2787","Chapa metálica corrugada galvanizada para tunnel liner - E = 3,4 mm e D = 2,6 m","m",9329.3556000000008]
["M2788","Chapa metálica corrugada galvanizada para tunnel liner - E = 3,4 mm e D = 2,8 m","m",9980.4765000000007]
["M2789","Chapa metálica corrugada galvanizada para tunnel liner - E = 3,4 mm e D = 3,0 m","m",10751.4121]
["M2790","Chapa metálica corrugada galvanizada para tunnel liner - E = 3,4 mm e D = 3,2 m","m",11402.951499999999]
["M2791","Chapa metálica corrugada galvanizada para tunnel liner - E = 3,9 mm e D = 3,4 m","m",13450.0833]
["M2792","Chapa metálica corrugada galvanizada para tunnel liner - E = 3,9 mm e D = 3,6 m","m",14186.752200000001]
["M2793","Chapa metálica corrugada galvanizada para tunnel liner - E = 3,9 mm e D = 3,8 m","m",15063.7911]
["M2794","Chapa metálica corrugada galvanizada para tunnel liner - E = 3,9 mm e D = 4,0 m","m",15745.092699999999]
["M2795","Chapa metálica corrugada galvanizada para tunnel liner - E = 3,9 mm e D = 4,2 m","m",16594.154299999998]
["M2796","Chapa metálica corrugada galvanizada para tunnel liner - E = 3,9 mm e D = 4,4 m","m",17356.782599999999]
["M2797","Chapa metálica corrugada galvanizada para tunnel liner - E = 3,9 mm e D = 4,6 m","m",18148.4424]
["M2798","Chapa metálica corrugada galvanizada para tunnel liner - E = 4,7 mm e D = 4,8 m","m",20646.415000000001]
["M2799","Chapa metálica corrugada galvanizada para tunnel liner - E = 4,7 mm e D = 5,0 m","m",21620.344700000001]
["M2800","Chapa metálica corrugada galvanizada revestida com epóxi para tunnel liner - E = 2,7 mm e D = 1,2 m","m",3858.3436999999999]
["M2801","Chapa metálica corrugada galvanizada revestida com epóxi para tunnel liner - E = 2,7 mm e D = 1,4 m","m",4348.8238000000001]
["M2802","Chapa metálica corrugada galvanizada revestida com epóxi para tunnel liner - E = 2,7 mm e D = 1,6 m","m",5068.1890000000003]
["M2803","Chapa metálica corrugada galvanizada revestida com epóxi para tunnel liner - E = 2,7 mm e D = 1,8 m","m",5787.5155000000004]
["M2804","Chapa metálica corrugada galvanizada revestida com epóxi para tunnel liner - E = 2,7 mm e D = 2,0 m","m",6376.3909999999996]
["M2805","Chapa metálica corrugada galvanizada revestida com epóxi para tunnel liner - E = 3,4 mm e D = 2,2 m","m",8456.2302999999993]
["M2806","Chapa metálica corrugada galvanizada revestida com epóxi para tunnel liner - E = 3,4 mm e D = 2,4 m","m",9153.2615000000005]
["M2807","Chapa metálica corrugada galvanizada revestida com epóxi para tunnel liner - E = 3,4 mm e D = 2,6 m","m",9977.0427999999993]
["M2808","Chapa metálica corrugada galvanizada revestida com epóxi para tunnel liner - E = 3,4 mm e D = 2,8 m","m",10673.399100000001]
["M2809","Chapa metálica corrugada galvanizada revestida com epóxi para tunnel liner - E = 3,4 mm e D = 3,0 m","m",11497.7945]
["M2810","Chapa metálica corrugada galvanizada revestida com epóxi para tunnel liner - E = 3,4 mm e D = 3,2 m","m",12194.5692]
["M2811","Chapa múltipla metálica corrugada galvanizada tipo MP 152 lenticular ou similar - E = 2,70 mm, H = 1,40 m e vão = 1,95 m","m",7774.2044999999998]
["M2812","Chapa múltipla metálica corrugada galvanizada tipo MP 152 lenticular ou similar - E = 2,70 mm, H = 1,50 m e vão = 2,15 m","m",8590.3140999999996]
["M2813","Chapa múltipla metálica corrugada galvanizada tipo MP 152 lenticular ou similar - E = 2,70 mm, H = 1,60 m e vão = 2,30 m","m",9162.8364000000001]
["M2814","Chapa múltipla metálica corrugada galvanizada tipo MP 152 lenticular ou similar - E = 2,70 mm, H = 1,65 m e vão = 2,55 m","m",9721.7216000000008]
["M2815","Chapa múltipla metálica corrugada galvanizada tipo MP 152 lenticular ou similar - E = 2,70 mm, H = 1,85 m e vão = 2,70 m","m",10537.3406]
["M2816","Chapa múltipla metálica corrugada galvanizada tipo MP 152 lenticular ou similar - E = 2,70 mm, H = 1,90 m e vão = 2,75 m","m",10823.7521]
["M2817","Chapa múltipla metálica corrugada galvanizada tipo MP 152 lenticular ou similar - E = 2,70 mm, H = 2,00 m e vão = 3,00 m","m",11382.236500000001]
["M2818","Chapa múltipla metálica corrugada galvanizada tipo MP 152 lenticular ou similar - E = 2,70 mm, H = 2,10 m e vão = 3,20 m","m",11940.567800000001]
["M2819","Chapa múltipla metálica corrugada galvanizada tipo MP 152 lenticular ou similar - E = 2,70 mm, H = 2,15 m e vão = 3,35 m","m",12498.5398]
["M2820","Chapa múltipla metálica corrugada galvanizada tipo MP 152 lenticular ou similar - E = 2,70 mm, H = 2,25 m e vão = 3,55 m","m",13057.276599999999]
["M2821","Chapa múltipla metálica corrugada galvanizada tipo MP 152 lenticular ou similar - E = 2,70 mm, H = 2,35 m e vão = 3,70 m","m",13873.618899999999]
["M2822","Chapa múltipla metálica corrugada galvanizada tipo MP 152 lenticular ou similar - E = 2,70 mm, H = 2,45 m e vão = 3,90 m","m",14446.982400000001]
["M2823","Chapa múltipla metálica corrugada galvanizada tipo MP 152 lenticular ou similar - E = 2,70 mm, H = 2,55 m e vão = 4,00 m","m",15005.3521]
["M2824","Chapa múltipla metálica corrugada galvanizada tipo MP 152 lenticular ou similar - E = 2,70 mm, H = 2,80 m e vão = 4,15 m","m",15562.501099999999]
["M2825","Chapa múltipla metálica corrugada galvanizada tipo MP 152 lenticular ou similar - E = 2,70 mm, H = 2,90 m e vão = 4,40 m","m",16122.151599999999]
["M2826","Chapa múltipla metálica corrugada galvanizada tipo MP 152 lenticular ou similar - E = 2,70 mm, H = 3,00 m e vão = 4,60 m","m",16952.7644]
["M2827","Chapa múltipla metálica corrugada galvanizada tipo MP 152 lenticular ou similar - E = 3,40 mm, H = 3,05 m e vão = 4,80 m","m",20923.72]
["M2828","Chapa múltipla metálica corrugada galvanizada tipo MP 152 lenticular ou similar - E = 3,40 mm, H = 3,15 m e vão = 5,05 m","m",21900.378499999999]
["M2829","Chapa múltipla metálica corrugada galvanizada tipo MP 152 lenticular ou similar - E = 3,40 mm, H = 3,25 m e vão = 5,25 m","m",22589.8357]
["M2830","Chapa múltipla metálica corrugada galvanizada tipo MP 152 lenticular ou similar - E = 3,90 mm, H = 3,35 m e vão = 5,45 m","m",25696.187900000001]
["M2831","Chapa múltipla metálica corrugada galvanizada tipo MP 152 lenticular ou similar - E = 3,90 mm, H = 3,40 m e vão = 5,60 m","m",26077.789700000001]
["M2832","Chapa múltipla metálica corrugada galvanizada tipo MP 152 lenticular ou similar - E = 4,70 mm, H = 3,50 m e vão = 5,80 m","m",31404.072800000002]
["M2833","Chapa múltipla metálica corrugada galvanizada tipo MP 152 lenticular ou similar - E = 4,70 mm, H = 3,55 m e vão = 5,90 m","m",31844.4594]
["M2834","Chapa múltipla metálica corrugada galvanizada tipo MP 152 lenticular ou similar - E = 4,70 mm, H = 3,65 m e vão = 6,10 m","m",33068.368900000001]
["M2835","Chapa múltipla metálica corrugada galvanizada tipo MP 152 lenticular ou similar - E = 4,70 mm, H = 3,65 m e vão = 6,25 m","m",33509.890800000001]
["M2836","Chapa múltipla metálica corrugada galvanizada tipo MP 152 lenticular ou similar - E = 6,40 mm, H = 3,75 m e vão = 6,40 m","m",45555.573499999999]
["M2837","Chapa múltipla metálica corrugada galvanizada tipo MP 152 lenticular ou similar - E = 6,40 mm, H = 3,85 m e vão = 6,60 m","m",47151.773800000003]
["M2838","Chapa múltipla metálica corrugada galvanizada tipo MP 152 ou similar para passagem de gado - E = 2,70 mm, H = 2,25 m e vão = 2,20 m","m",10566.3995]
["M2839","Chapa múltipla metálica corrugada galvanizada tipo MP 152 ou similar para passagem de gado - E = 2,70 mm, H = 3,10 m e vão = 2,90 m","m",13873.618899999999]
["M2840","Chapa múltipla metálica corrugada galvanizada tipo MP 152 ou similar para passagem inferior - E = 2,70 mm, H = 3,50 m e vão = 3,70 m","m",16108.049499999999]
["M2841","Chapa múltipla metálica corrugada galvanizada tipo MP 152 ou similar para passagem inferior - E = 2,70 mm, H = 3,60 m e vão = 3,90 m","m",16938.662199999999]
["M2842","Chapa múltipla metálica corrugada galvanizada tipo MP 152 ou similar para passagem inferior - E = 2,70 mm, H = 3,75 m e vão = 4,00 m","m",17495.485700000001]
["M2843","Chapa múltipla metálica corrugada galvanizada tipo MP 152 ou similar para passagem inferior - E = 2,70 mm, H = 3,90 m e vão = 4,20 m","m",18055.207399999999]
["M2844","Chapa múltipla metálica corrugada galvanizada tipo MP 152 ou similar para passagem inferior - E = 2,70 mm, H = 4,10 m e vão = 4,25 m","m",18612.971799999999]
["M2845","Chapa múltipla metálica corrugada galvanizada tipo MP 152 ou similar para passagem inferior - E = 2,70 mm, H = 4,25 m e vão = 4,40 m","m",19444.913199999999]
["M2846","Chapa múltipla metálica corrugada galvanizada tipo MP 152 ou similar para passagem inferior - E = 2,70 mm, H = 4,40 m e vão = 4,50 m","m",20000.878799999999]
["M2847","Chapa múltipla metálica corrugada galvanizada tipo MP 152 ou similar para passagem inferior - E = 3,40 mm, H = 4,50 m e vão = 4,70 m","m",24586.038199999999]
["M2848","Chapa múltipla metálica corrugada galvanizada tipo MP 152 ou similar para passagem inferior - E = 3,40 mm, H = 4,75 m e vão = 4,80 m","m",25834.198799999998]
["M2849","Chapa múltipla metálica corrugada galvanizada tipo MP 152 ou similar para passagem inferior - E = 3,40 mm, H = 4,85 m e vão = 5,00 m","m",26522.642400000001]
["M2850","Chapa múltipla metálica corrugada galvanizada tipo MP 152 ou similar para passagem inferior - E = 3,40 mm, H = 4,90 m e vão = 5,15 m","m",27211.741399999999]
["M2851","Chapa múltipla metálica corrugada galvanizada tipo MP 152 ou similar para passagem inferior - E = 3,40 mm, H = 5,00 m e vão = 5,25 m","m",27543.023300000001]
["M2852","Chapa múltipla metálica corrugada galvanizada tipo MP 152 ou similar para passagem inferior - E = 3,40 mm, H = 5,30 m e vão = 5,30 m","m",28808.829399999999]
["M2853","Chapa múltipla metálica corrugada galvanizada tipo MP 152 ou similar para passagem inferior - E = 3,90 mm, H = 5,25 m e vão = 5,65 m","m",32851.9588]
["M2854","Chapa múltipla metálica corrugada galvanizada tipo MP 152 ou similar para passagem inferior - E = 4,70 mm, H = 5,30 m e vão = 5,85 m","m",39172.970699999998]
["M2855","Chapa múltipla metálica corrugada galvanizada tipo MP 152 ou similar para passagem inferior - E = 4,70 mm, H = 5,45 m e vão = 6,00 m","m",40049.441099999996]
["M2856","Chapa múltipla metálica corrugada galvanizada tipo MP 152 ou similar para passagem inferior - E = 4,70 mm, H = 5,50 m e vão = 6,25 m","m",40939.278299999998]
["M2857","Chapa múltipla metálica corrugada galvanizada de arco alto tipo MP 152S ou similar - E = 4,70 mm, H = 2,77 m e vão = 6,12 m","m",23899.560700000002]
["M2858","Chapa múltipla metálica corrugada galvanizada de arco alto tipo MP 152S ou similar - E = 4,70 mm, H = 3,68 m e vão = 6,30 m","m",28041.544900000001]
["M2859","Chapa múltipla metálica corrugada galvanizada de arco alto tipo MP 152S ou similar - E = 4,70 mm, H = 3,56 m e vão = 6,55 m","m",28598.059000000001]
["M2860","Chapa múltipla metálica corrugada galvanizada de arco alto tipo MP 152S ou similar - E = 4,70 mm, H = 4,42 m e vão = 6,96 m","m",33288.589999999997]
["M2861","Chapa múltipla metálica corrugada galvanizada de arco alto tipo MP 152S ou similar - E = 4,70 mm, H = 3,61 m e vão = 6,78 m","m",29459.712899999999]
["M2862","Chapa múltipla metálica corrugada galvanizada de arco alto tipo MP 152S ou similar - E = 4,70 mm, H = 4,27 m e vão = 6,99 m","m",33175.471700000002]
["M2863","Chapa múltipla metálica corrugada galvanizada de arco alto tipo MP 152S ou similar - E = 4,70 mm, H = 3,63 m e vão = 7,01 m","m",29961.5573]
["M2864","Chapa múltipla metálica corrugada galvanizada de arco alto tipo MP 152S ou similar - E = 4,70 mm, H = 4,52 m e vão = 7,42 m","m",34658.908100000001]
["M2865","Chapa múltipla metálica corrugada galvanizada de arco alto tipo MP 152S ou similar - E = 4,70 mm, H = 3,68 m e vão = 7,24 m","m",30449.466]
["M2866","Chapa múltipla metálica corrugada galvanizada de arco alto tipo MP 152S ou similar - E = 4,70 mm, H = 4,19 m e vão = 7,47 m","m",32920.950400000002]
["M2867","Chapa múltipla metálica corrugada galvanizada de arco alto tipo MP 152S ou similar - E = 4,70 mm, H = 4,60 m e vão = 7,85 m","m",35644.234600000003]
["M2868","Chapa múltipla metálica corrugada galvanizada de arco alto tipo MP 152S ou similar - E = 4,70 mm, H = 3,99 m e vão = 7,67 m","m",32431.779200000001]
["M2869","Chapa múltipla metálica corrugada galvanizada de arco alto tipo MP 152S ou similar - E = 4,70 mm, H = 4,65 m e vão = 8,08 m","m",36135.008500000004]
["M2870","Chapa múltipla metálica corrugada galvanizada de arco alto tipo MP 152S ou similar - E = 4,70 mm, H = 4,04 m e vão = 7,90 m","m",33288.589999999997]
["M2871","Chapa múltipla metálica corrugada galvanizada de arco alto tipo MP 152S ou similar - E = 4,70 mm, H = 4,70 m e vão = 8,31 m","m",37007.952299999997]
["M2872","Chapa múltipla metálica corrugada galvanizada de arco alto tipo MP 152S ou similar - E = 4,70 mm, H = 4,11 m e vão = 8,36 m","m",34281.949200000003]
["M2873","Chapa múltipla metálica corrugada galvanizada de arco alto tipo MP 152S ou similar - E = 4,70 mm, H = 5,00 m e vão = 8,97 m","m",38978.812599999997]
["M2874","Chapa múltipla metálica corrugada galvanizada de arco alto tipo MP 152S ou similar - E = 4,70 mm, H = 4,39 m e vão = 8,59 m","m",35757.352899999998]
["M2875","Chapa múltipla metálica corrugada galvanizada de arco alto tipo MP 152S ou similar - E = 4,70 mm, H = 5,49 m e vão = 9,17 m","m",41448.882299999997]
["M2876","Chapa múltipla metálica corrugada galvanizada de arco alto tipo MP 152S ou similar - E = 4,70 mm, H = 4,70 m e vão = 9,22 m","m",38865.694300000003]
["M2877","Chapa múltipla metálica corrugada galvanizada de arco alto tipo MP 152S ou similar - E = 4,70 mm, H = 5,59 m e vão = 9,63 m","m",42805.9493]
["M2878","Chapa múltipla metálica corrugada galvanizada de arco alto tipo MP 152S ou similar - E = 4,70 mm, H = 4,75 m e vão = 9,45 m","m",39346.462200000002]
["M2879","Chapa múltipla metálica corrugada galvanizada de arco alto tipo MP 152S ou similar - E = 4,70 mm, H = 5,41 m e vão = 9,65 m","m",42325.191400000003]
["M2880","Chapa múltipla metálica corrugada galvanizada de arco alto tipo MP 152S ou similar - E = 4,70 mm, H = 6,07 m e vão = 9,86 m","m",46034.921600000001]
["M2881","Chapa múltipla metálica corrugada galvanizada de arco alto tipo MP 152S ou similar - E = 4,70 mm, H = 5,23 m e vão = 9,68 m","m",41816.531900000002]
["M2882","Chapa múltipla metálica corrugada galvanizada de arco alto tipo MP 152S ou similar - E = 4,70 mm, H = 6,12 m e vão = 10,08 m","m",46515.679600000003]
["M2883","Chapa múltipla metálica corrugada galvanizada de arco alto tipo MP 152S ou similar - E = 4,70 mm, H = 5,28 m e vão = 9,91 m","m",42325.191400000003]
["M2884","Chapa múltipla metálica corrugada galvanizada de arco alto tipo MP 152S ou similar - E = 4,70 mm, H = 6,17 m e vão = 10,31 m","m",47027.854700000004]
["M2885","Chapa múltipla metálica corrugada galvanizada de arco alto tipo MP 152S ou similar - E = 4,70 mm, H = 5,38 m e vão = 10,36 m","m",43668.727599999998]
["M2886","Chapa múltipla metálica corrugada galvanizada de arco alto tipo MP 152S ou similar - E = 4,70 mm, H = 6,05 m e vão = 10,54 m","m",47395.504300000001]
["M2887","Chapa múltipla metálica corrugada galvanizada de arco alto tipo MP 152S ou similar - E = 4,70 mm, H = 6,48 m e vão = 10,74 m","m",49369.895799999998]
["M2888","Chapa múltipla metálica corrugada galvanizada de arco alto tipo MP 152S ou similar - E = 4,70 mm, H = 7,12 m e vão = 11,35 m","m",53073.409599999999]
["M2889","Chapa múltipla metálica corrugada galvanizada de arco alto tipo MP 152S ou similar - E = 6,40 mm, H = 5,41 m e vão = 10,57 m","m",58008.887900000002]
["M2890","Chapa múltipla metálica corrugada galvanizada de arco alto tipo MP 152S ou similar - E = 6,40 mm, H = 6,10 m e vão = 10,77 m","m",62877.919399999999]
["M2891","Chapa múltipla metálica corrugada galvanizada de arco alto tipo MP 152S ou similar - E = 6,40 mm, H = 6,53 m e vão = 10,97 m","m",65549.725900000005]
["M2892","Chapa múltipla metálica corrugada galvanizada de arco alto tipo MP 152S ou similar - E = 6,40 mm, H = 7,16 m e vão = 11,58 m","m",70438.507199999993]
["M2893","Chapa múltipla metálica corrugada galvanizada tipo MP 152S ovoide ou similar - E = 4,70 mm, H = 7,82 m e vão = 7,21 m","m",56360.649100000002]
["M2894","Chapa múltipla metálica corrugada galvanizada tipo MP 152S ovoide ou similar - E = 4,70 mm, H = 7,87 m e vão = 7,31 m","m",58451.606599999999]
["M2895","Chapa múltipla metálica corrugada galvanizada tipo MP 152S ovoide ou similar - E = 4,70 mm, H = 7,90 m e vão = 7,77 m","m",59427.274799999999]
["M2896","Chapa múltipla metálica corrugada galvanizada tipo MP 152S ovoide ou similar - E = 4,70 mm, H = 8,44 m e vão = 7,57 m","m",60558.373500000002]
["M2897","Chapa múltipla metálica corrugada galvanizada tipo MP 152S ovoide ou similar - E = 4,70 mm, H = 8,23 m e vão = 8,36 m","m",64508.867700000003]
["M2898","Chapa múltipla metálica corrugada galvanizada tipo MP 152S ovoide ou similar - E = 4,70 mm, H = 8,01 m e vão = 8,13 m","m",63388.094799999999]
["M2899","Chapa múltipla metálica corrugada galvanizada tipo MP 152S ovoide ou similar - E = 4,70 mm, H = 8,48 m e vão = 8,56 m","m",67868.266600000003]
["M2900","Chapa múltipla metálica corrugada galvanizada tipo MP 152S ovoide ou similar - E = 4,70 mm, H = 9,32 m e vão = 8,71 m","m",68482.357499999998]
["M2901","Chapa múltipla metálica corrugada galvanizada tipo MP 152S ovoide ou similar - E = 4,70 mm, H = 9,04 m e vão = 9,15 m","m",68963.115399999995]
["M2902","Chapa múltipla metálica corrugada galvanizada tipo MP 152S ovoide ou similar - E = 4,70 mm, H = 9,50 m e vão = 9,15 m","m",70826.539499999999]
["M2908","Terminal absorvedor de energia de abertura com nível de contenção TL3 para defensa metálica","un",15879.589]
["M2909","Terminal absorvedor de energia de não abertura com nível de contenção TL3 para defensa metálica","un",64123.889000000003]
["M2979","Chumbador em aço CA 25","kg",6.9448999999999996]
["M3089","Arame liso em aço galvanizado - D = 1,24 mm (18 BWG)","kg",21.464099999999998]
["M3091","Porca sextavada em aço para ancoragem de tirantes - D = 38 mm e C = 55 mm","un",27.02]
["M3093","Tela de poliamida - malha de 60 fios/cm","m²",20.475200000000001]
["M3094","Tirante de barra de aço - tensão de escoamento = 520 MPa, tensão de ruptura = 690 MPa e D = 32 mm","m",118.0599]
["M3095","Válvula manchete - D = 20 mm","un",2.3996]
["M3126","Barra chata em aço galvanizado","kg",9.3406000000000002]
["M3127","Luva para bainha metálica - D = 30 mm","un",3.2530999999999999]
["M3128","Luva para bainha metálica - D = 35 mm","un",3.3873000000000002]
["M3129","Luva para bainha metálica - D = 40 mm","un",3.6175000000000002]
["M3130","Luva para bainha metálica - D = 45 mm","un",4.5839999999999996]
["M3131","Luva para bainha metálica - D = 50 mm","un",4.9420000000000002]
["M3132","Luva para bainha metálica - D = 55 mm","un",5.6600999999999999]
["M3133","Luva para bainha metálica - D = 60 mm","un",6.0606]
["M3134","Luva para bainha metálica - D = 65 mm","un",6.37]
["M3135","Luva para bainha metálica - D = 70 mm","un",6.6188000000000002]
["M3136","Luva para bainha metálica - D = 75 mm","un",7.5233999999999996]
["M3137","Luva para bainha metálica - D = 80 mm","un",7.8319000000000001]
["M3138","Luva para bainha metálica - D = 85 mm","un",8.1504999999999992]
["M3139","Luva para bainha metálica - D = 90 mm","un",9.0230999999999995]
["M3140","Luva para bainha metálica - D = 95 mm","un",9.7429000000000006]
["M3141","Luva para bainha metálica - D = 100 mm","un",10.487500000000001]
["M3142","Luva para bainha metálica - D = 110 mm","un",11.249599999999999]
["M3143","Luva para bainha metálica - D = 120 mm","un",12.5]
["M3144","Luva para bainha metálica - D = 130 mm","un",14.502000000000001]
["M3145","Luva para bainha metálica ovalizada de 19 x 36 mm","un",7.5198999999999998]
["M3146","Luva para bainha metálica ovalizada de 19 x 48 mm","un",8.0289999999999999]
["M3147","Luva para bainha metálica ovalizada de 19 x 62 mm","un",8.4192999999999998]
["M3148","Luva para bainha metálica ovalizada de 22 x 32 mm","un",8.8925000000000001]
["M3149","Luva para bainha metálica ovalizada de 22 x 55 mm","un",9.2120999999999995]
["M3150","Luva para bainha metálica ovalizada de 22 x 73 mm","un",9.8361999999999998]
["M3153","Tinta em pó à base de resina poliéster","kg",88.084400000000002]
["M3170","Apoio de neoprene não fretado - C = 100 mm, L = 100 mm e E = 20 mm","un",19.4268]
["M3171","Porca sextavada em aço galvanizado para parafuso - D = 9,525 mm (3/8\")","un",0.30470000000000003]
["M3172","Porca sextavada em aço galvanizado para parafuso - D = 12 mm (M12)","un",0.6492]
["M3173","Parafuso de cabeça sextavada em aço galvanizado, classe 8.8 - D = 12 mm (M12) e C = 30 mm","un",1.8018000000000001]
["M3174","Ligação tipo barra chata em aço galvanizado para contenção - L = 45 mm e E = 4 mm","kg",17.817]
["M3177","Fita metálica SAE 1010/1020 para solo reforçado - L = 50 mm e E = 4 mm","kg",17.0975]
["M3178","Material para aterro reforçado com fitas metálicas","m³","-"]
["M3179","Tubo PEAD PE 100 PN 5 para estais - D = 140 mm","m",233.6045]
["M3180","Tubo PEAD PE 100 PN 5 para estais - D = 160 mm","m",274.7287]
["M3181","Tubo PEAD PE 100 PN 5 para estais - D = 180 mm","m",325.74279999999999]
["M3182","Tubo PEAD PE 100 PN 5 para estais - D = 200 mm","m",377.1662]
["M3183","Tubo PEAD PE 100 PN 5 para estais - D = 225 mm","m",434.0471]
["M3184","Tubo PEAD PE 100 PN 5 para estais - D = 250 mm","m",490.86079999999998]
["M3185","Tubo PEAD PE 100 PN 5 para estais - D = 280 mm","m",519.6576]
["M3186","Tubo PEAD PE 100 PN 5 para estais - D = 315 mm","m",568.30460000000005]
["M3187","Tubo antivandalismo em aço galvanizado para estais de 12 cordoalhas - D = 15,7 mm","m",1447.4164000000001]
["M3188","Tubo antivandalismo em aço galvanizado para estais de 19 cordoalhas - D = 15,7 mm","m",1654.692]
["M3189","Tubo antivandalismo em aço galvanizado para estais de 22 cordoalhas - D = 15,7 mm","m",1910.3104000000001]
["M3190","Tubo antivandalismo em aço galvanizado para estais de 31 cordoalhas - D = 15,7 mm","m",2157.1156999999998]
["M3191","Tubo antivandalismo em aço galvanizado para estais de 37 cordoalhas - D = 15,7 mm","m",2163.2936]
["M3192","Tubo antivandalismo em aço galvanizado para estais de 43 cordoalhas - D = 15,7 mm","m",2704.6325999999999]
["M3193","Tubo antivandalismo em aço galvanizado para estais de 55 cordoalhas - D = 15,7 mm","m",2717.9562999999998]
["M3194","Tubo antivandalismo em aço galvanizado para estais de 61 cordoalhas - D = 15,7 mm","m",2717.9562999999998]
["M3195","Tubo antivandalismo em aço galvanizado para estais de 73 cordoalhas - D = 15,7 mm","m",3132.3915000000002]
["M3196","Tubo antivandalismo em aço galvanizado para estais de 85 cordoalhas - D = 15,7 mm","m",3550.3081000000002]
["M3197","Tubo antivandalismo em aço galvanizado para estais de 91 cordoalhas - D = 15,7 mm","m",3563.7328000000002]
["M3198","Tubo fôrma lado fixo em aço galvanizado para estais de 12 cordoalhas - D = 15,7 mm","m",2493.4535999999998]
["M3199","Tubo fôrma lado fixo em aço galvanizado para estais de 19 cordoalhas - D = 15,7 mm","m",2845.0030000000002]
["M3200","Tubo fôrma lado fixo em aço galvanizado para estais de 22 cordoalhas - D = 15,7 mm","m",3729.5282999999999]
["M3201","Tubo fôrma lado fixo em aço galvanizado para estais de 31 cordoalhas - D = 15,7 mm","m",4829.1845000000003]
["M3202","Tubo fôrma lado fixo em aço galvanizado para estais de 37 cordoalhas - D = 15,7 mm","m",5128.8996999999999]
["M3203","Tubo fôrma lado fixo em aço galvanizado para estais de 43 cordoalhas - D = 15,7 mm","m",6761.4575000000004]
["M3204","Tubo fôrma lado fixo em aço galvanizado para estais de 55 cordoalhas - D = 15,7 mm","m",8533.3621000000003]
["M3205","Tubo fôrma lado fixo em aço galvanizado para estais de 61 cordoalhas - D = 15,7 mm","m",8533.3621000000003]
["M3206","Tubo fôrma lado fixo em aço galvanizado para estais de 73 cordoalhas - D = 15,7 mm","m",9965.7819999999992]
["M3207","Tubo fôrma lado fixo em aço galvanizado para estais de 85 cordoalhas - D = 15,7 mm","m",11369.982]
["M3208","Tubo fôrma lado fixo em aço galvanizado para estais de 91 cordoalhas - D = 15,7 mm","m",11463.248]
["M3209","Tubo fôrma lado regulável em aço galvanizado para estais de 12 cordoalhas - D = 15,7 mm","m",1141.8062]
["M3210","Tubo fôrma lado regulável em aço galvanizado para estais de 19 cordoalhas - D = 15,7 mm","m",1336.2044000000001]
["M3211","Tubo fôrma lado regulável em aço galvanizado para estais de 22 cordoalhas - D = 15,7 mm","m",1735.1757]
["M3212","Tubo fôrma lado regulável em aço galvanizado para estais de 31 cordoalhas - D = 15,7 mm","m",2247.8923]
["M3213","Tubo fôrma lado regulável em aço galvanizado para estais de 37 cordoalhas - D = 15,7 mm","m",2395.7247000000002]
["M3214","Tubo fôrma lado regulável em aço galvanizado para estais de 43 cordoalhas - D = 15,7 mm","m",3154.2395999999999]
["M3215","Tubo fôrma lado regulável em aço galvanizado para estais de 55 cordoalhas - D = 15,7 mm","m",3973.2943]
["M3216","Tubo fôrma lado regulável em aço galvanizado para estais de 61 cordoalhas - D = 15,7 mm","m",3973.2943]
["M3217","Tubo fôrma lado regulável em aço galvanizado para estais de 73 cordoalhas - D = 15,7 mm","m",4671.3748999999998]
["M3218","Tubo fôrma lado regulável em aço galvanizado para estais de 85 cordoalhas - D = 15,7 mm","m",5316.1606000000002]
["M3219","Tubo fôrma lado regulável em aço galvanizado para estais de 91 cordoalhas - D = 15,7 mm","m",5409.4265999999998]
["M3220","Coroa de botões esféricos - Ring bit - D = 104 mm (4 3/32\")","un",1053.7748999999999]
["M3225","Película retrorrefletiva tipo III + SI (sinal impresso com película de sobreposição tipo V)","m²",489.89949999999999]
["M3227","Tubo de revestimento em aço-carbono schedule 40 - DN = 101,6 mm (4\")","m",250.2182]
["M3228","Cimento asfáltico de petróleo com borracha - CAP 50/70 com 15% de borracha de pneu","t","-"]
["M3229","Película retrorrefletiva tipo I + SI (sinal impresso com película de sobreposição tipo V)","m²",415.9939]
["M3230","Chapa de poliéster reforçada com fibra de vidro - E = 2,0 mm","m²",120.953]
["M3231","Chapa de alumínio composto (ACM) - E = 3,0 mm","m²",172.05629999999999]
["M3232","Película retrorrefletiva tipo X + SI (sinal impresso com película de sobreposição tipo V)","m²",599.9914]
["M3233","Fita adesiva estrutural dupla-face - E = 2 mm e L = 25 mm","m",7.9740000000000002]
["M3235","Película retrorrefletiva tipo I","m²",147.40199999999999]
["M3236","Película retrorrefletiva tipo III + SI","m²",592.30970000000002]
["M3237","Película retrorrefletiva tipo III","m²",244.07769999999999]
["M3238","Película não retrorrefletiva tipo IV","m²",129.7945]
["M3239","Película retrorrefletiva tipo X","m²",451.03809999999999]
["M3240","Duto flexível de ventilação de poliéster aluminizado sem isolamento - D = 200 mm","m",23.541499999999999]
["M3241","Cabo de cobre flexível antichama isolado em HEPR - tensão de 0,6/1,0 kV e seção de 2 x 6 mm²","m",13.8886]
["M3242","Cabo de cobre flexível antichama isolado em HEPR - tensão de 0,6/1,0 kV e seção de 4 x 6 mm²","m",23.9025]
["M3245","Tinta plástica à base de resina metacrílica aplicada a frio por aspersão (spray)","kg",56.485500000000002]
["M3270","Ancoragem fixa para estais de 12 cordoalhas - D = 15,7 mm","un",13574.796399999999]
["M3271","Ancoragem fixa para estais de 22 cordoalhas - D = 15,7 mm","un",21422.0524]
["M3272","Ancoragem fixa para estais de 43 cordoalhas - D = 15,7 mm","un",40000.299099999997]
["M3273","Ancoragem fixa para estais de 85 cordoalhas - D = 15,7 mm","un",77668.521900000007]
["M3274","Ancoragem regulável para estais de 12 cordoalhas - D = 15,7 mm","un",23104.0419]
["M3275","Ancoragem regulável para estais de 22 cordoalhas - D = 15,7 mm","un",36293.021200000003]
["M3276","Ancoragem regulável para estais de 43 cordoalhas - D = 15,7 mm","un",67660.0484]
["M3277","Ancoragem regulável para estais de 85 cordoalhas - D = 15,7 mm","un",131275.49]
["M3278","Tubo PEAD PE 100 PN 5 para estais - D = 110 mm","m",207.3914]
["M3279","Arruela lisa em aço zincado branco para parafuso - D = 9,525 mm (3/8\")","un",0.18609999999999999]
["M3280","Viga de madeira - E = 5 cm e L = 11 cm","m",28.1266]
["M3353","Purgador plástico","un",1.3603000000000001]
["M3360","Chumbador de expansão controlada por torque em aço zincado para concreto - D = 8,0 mm","un",1.9165000000000001]
["M3361","Corrente de elo soldado em aço SAE 1010/1020 com acabamento polido - E = 25,00 mm (1\")","m",314.3]
["M3362","Corrente de elo soldado em aço SAE 1010/1020 com acabamento polido - E = 12,50 mm (1/2\")","m",86.073899999999995]
["M3363","Corrente de elo soldado em aço SAE 1010/1020 com acabamento polido - E = 19,00 mm (3/4\")","m",205.52]
["M3364","Lanterna de sinalização náutica com acessórios de fixação - alcance 2 mn","un",3769.8434999999999]
["M3365","Lanterna de sinalização náutica com acessórios de fixação - alcance 3 mn","un",4626.5960999999998]
["M3366","Lanterna de sinalização náutica com acessórios de fixação - alcance 4 mn","un",7099.9940999999999]
["M3367","Lanterna de sinalização náutica com acessórios de fixação - alcance 6 mn","un",8743.6682000000001]
["M3368","Lanterna de sinalização náutica com acessórios de fixação - alcance 8 mn","un",10982.3642]
["M3369","Manilha âncora em aço forjado com porca e cupilha - DN = 16,0 mm (5/8\")","un",52.664499999999997]
["M3370","Manilha reta em aço forjado com porca e cupilha - DN = 38,1 mm (1 1/2\")","un",550.84699999999998]
["M3371","Manilha reta em aço forjado com porca e cupilha - DN = 25,4 mm (1\")","un",136.5198]
["M3372","Suporte polimérico ecológico maciço colapsível para placa de sinalização - seção de 10 x 10 cm","m",410.9862]
["M3501","Placa de ancoragem para tirante de barra de aço - E = 12,7 mm e seção de 160 x 160 mm","un",81.16]
["M3502","Mistura betuminosa","m³","-"]
["M3503","Material de base","m³","-"]
["M3504","Concreto","m³","-"]
["M3505","Material demolido - concreto simples","m³","-"]
["M3506","Material demolido - madeira","m³","-"]
["M3507","Revestimento asfáltico","m³","-"]
["M3508","Camada granular (base ou sub-base)","m³","-"]
["M3509","Material demolido - remendo profundo","m³","-"]
["M3510","Material demolido - alvenaria","m³","-"]
["M3511","Acessórios e materiais metálicos","t","-"]
["M3512","Material demolido - concreto armado","m³","-"]
["M3513","Material de 3ª categoria","m³","-"]
["M3514","Solo","m³","-"]
["M3515","Grãos, agregados e solos derramados na pista","t","-"]
["M3516","Veículos de pequeno porte incendiados em rodovia","un","-"]
["M3518","Tinta à base de resina epóxi bicomponente","l",68.029200000000003]
["M3519","Tinta à base de resina epóxi poliamida bicomponente para fundo preparador de pintura","l",272.47120000000001]
["M3520","Tinta anticorrosiva à base de resina epóxi poliamida bicomponente","l",99.537000000000006]
["M3521","Guincho manual com capacidade de tração de 100 kN com cabo de aço","un",197357.28409999999]
["M3522","Guincho manual com capacidade de tração de 200 kN com cabo de aço","un",311082.82659999997]
["M3523","Pneu reaproveitado","un",60]
["M3524","Sapatilha em aço inox - D = 13 mm (1/2\")","un",26.1555]
["M3525","Molinete manual com capacidade de tração de 70 kN","un",322246.78490000003]
["M3526","Ânodo de sacrifício em liga de zinco - peso = 20 kg","un",1498.9226000000001]
["M3527","Cabo de aço - D = 42,00 mm (1 5/8\")","m",265.6327]
["M3528","Terminal soquete fechado em aço galvanizado compatível com cabo de aço de D = 42 mm","un",3914.8996000000002]
["M3529","Manilha reta em aço forjado com porca e cupilha - D = 57,2 mm (2 1/4\")","un",1217.8052]
["M3530","Tubo mecânico em aço-carbono","kg",29.848500000000001]
["M3718","Material combustível removido","t","-"]
["M3719","Blocos de rocha ou matacões","m³","-"]
["M3720","Material asfáltico removido","t","-"]
["M3721","Estrutura de pórtico metálico removida","un","-"]
["M3722","Estrutura de semipórtico duplo metálico removida","un","-"]
["M3723","Estrutura de semipórtico metálico removida","un","-"]
["M3727","Mangueira para hidrojateamento com pressão de trabalho de até 17,5 MPa (2.538 psi) - D = 25 mm (1\")","m",227.21]
["M3728","Mangueira para sistema de sucção a vácuo com vazão de entrada de até 3,6 m³/h (60 l/min) - D = 72,5 mm (3\")","m",126.982]
["M3729","Detritos removidos de bueiros","m³","-"]
["M3730","Material triturado - galhos e troncos","m³","-"]
["M3772","Canal monobloco com corpo e grelha em concreto polímero com efeito autolimpante - carga de controle de 400 kN - C = 100,0 cm, L = 15,0 cm e H = 23,0 cm","m",387.05099999999999]
["M3773","Canal monobloco com corpo e grelha em concreto polímero com efeito autolimpante - carga de controle de 400 kN - C = 100,0 cm, L = 25,0 cm e H = 32,0 cm","m",746.79549999999995]
["M3774","Canal monobloco com corpo e grelha em concreto polímero com efeito autolimpante - carga de controle de 900 kN - C = 100,0 cm, L = 16,0 cm e H = 26,5 cm","m",771.02679999999998]
["M3775","Canal monobloco com corpo e grelha em concreto polímero com efeito autolimpante - carga de controle de 900 kN - C = 100,0 cm, L = 21,0 cm e H = 28,0 cm","m",814.30319999999995]
["M3776","Canal monobloco com corpo e grelha em concreto polímero com efeito autolimpante - carga de controle de 900 kN - C = 100,0 cm, L = 21,0 cm e H = 38,0 cm","m",919.279]
["M3777","Canal monobloco com corpo e grelha em concreto polímero com efeito autolimpante - carga de controle de 900 kN - C = 100,0 cm, L = 21,0 cm e H = 48,0 cm","m",1151.5906]
["M3778","Canal monobloco com corpo e grelha em concreto polímero com efeito autolimpante - carga de controle de 900 kN - C = 100,0 cm, L = 26,0 cm e H = 33,0 cm","m",1162.4395999999999]
["M3779","Canal monobloco com corpo e grelha em concreto polímero com efeito autolimpante - carga de controle de 900 kN - C = 100,0 cm, L = 26,0 cm e H = 53,0 cm","m",1329.1036999999999]
["M3780","Canal monobloco com corpo e grelha em concreto polímero com efeito autolimpante - carga de controle de 900 kN - C = 200,0 cm, L = 40,0 cm e H = 59,5 cm","m",4898.0703999999996]
["M3781","Canal em polietileno e polipropileno com efeito autolimpante e grelha de encaixe em poliamida reforçada - carga de controle de 250 kN - C = 100,0 cm, L = 16,0 cm e H = 12,2 cm","m",316.28379999999999]
["M3782","Canal em polietileno e polipropileno com efeito autolimpante e grelha de encaixe em poliamida reforçada - carga de controle de 250 kN - C = 100,0 cm, L = 16,0 cm e H = 17,2 cm","m",335.78519999999997]
["M3783","Canal em polietileno e polipropileno com efeito autolimpante e grelha de encaixe em poliamida reforçada - carga de controle de 250 kN - C = 100,0 cm, L = 16,0 cm e H = 5,5 cm","m",297.27800000000002]
["M3784","Canal em polietileno e polipropileno com efeito autolimpante e grelha de encaixe em ferro fundido dúctil - carga de controle de 400 kN - C = 100,0 cm, L = 14,7 cm e H = 15,7 cm","m",494.76150000000001]
["M3785","Canal em polietileno e polipropileno com efeito autolimpante e grelha de encaixe em ferro fundido dúctil - carga de controle de 400 kN - C = 100,0 cm, L = 24,7 cm e H = 20,8 cm","m",1329.1259]
["M3786","Canal em polietileno e polipropileno com efeito autolimpante e grelha de encaixe em ferro fundido dúctil - carga de controle de 400 kN - C = 100,0 cm, L = 34,9 cm e H = 25,8 cm","m",2257.5886]
["M3787","Canal em polietileno e polipropileno com efeito autolimpante e grelha de encaixe em ferro fundido dúctil - carga de controle de 600 kN - C = 100,0 cm, L = 16,0 cm e H = 12,2 cm","m",754.2038]
["M3788","Canal em polietileno e polipropileno com efeito autolimpante e grelha de encaixe em ferro fundido dúctil - carga de controle de 600 kN - C = 100,0 cm, L = 21,2 cm e H = 18,0 cm","m",921.2912]
["M3789","Canal em polietileno e polipropileno com efeito autolimpante e grelha de encaixe em ferro fundido dúctil - carga de controle de 600 kN - C = 100,0 cm, L = 26,2 cm e H = 17,2 cm","m",1181.4766999999999]
["M3790","Canal em polietileno e polipropileno com efeito autolimpante e abertura de captação em ferro fundido dúctil - carga de controle de 900 kN - C = 100,0 cm, L = 21,0 cm e H = 57,9 cm","m",1019.5221]
["M3791","Canal em polietileno e polipropileno com efeito autolimpante e abertura de captação em ferro fundido dúctil - carga de controle de 900 kN - C = 100,0 cm, L = 25,2 cm e H = 57,8 cm","m",1662.5141000000001]
["M3792","Canal em polietileno e polipropileno com efeito autolimpante e abertura de captação em ferro fundido dúctil - carga de controle de 900 kN - C = 100,0 cm, L = 42,0 cm e H = 95,0 cm","m",2078.6687999999999]
["M3793","Canal em polietileno e polipropileno com efeito autolimpante e abertura de captação em ferro fundido dúctil - carga de controle de 900 kN - C = 114,2 cm, L = 78,0 cm e H = 106,0 cm","m",2721.7939000000001]
["M3795","Custo equivalente da construção civil para construção do Estaleiro Padrão","m²",1815.48]
["M3801","Animais de grande porte mortos em rodovia","t","-"]
["M3802","Animais de pequeno porte mortos em rodovia","t","-"]
["M3803","Emborrachados de pneus espalhados em rodovia","t","-"]
["M3804","Espécimes arbóreos de até 20 m tombados na pista","t","-"]
["M3805","Espécimes arbóreos de 20 a 40 m tombados na pista","t","-"]
["M3806","Sucatas derramadas em rodovia","t","-"]
["M3807","Veículos de grande porte incendiados em rodovia","un","-"]
["M3808","Veículos de médio porte incendiados em rodovia","un","-"]
["M3809","Veículos de grande porte tombados em rodovia","un","-"]
["M3810","Veículos de médio porte tombados em rodovia","un","-"]
["M3811","Veículos de pequeno porte tombados em rodovia","un","-"]
["M3813","Vidros, caixas e engradados derramados na pista","t","-"]
["M3821","Tacha refletiva em plástico injetado bidirecional com um pino - tipo I","un",20.9008]
["M3822","Tacha refletiva em plástico injetado bidirecional com um pino - tipo II","un",26.060199999999998]
["M3823","Tacha refletiva em plástico injetado bidirecional com um pino - tipo III","un",28.871200000000002]
["M3824","Tacha refletiva em plástico injetado bidirecional com um pino - tipo IV","un",30.699000000000002]
["M3825","Tacha refletiva em plástico injetado bidirecional sem pino - tipo I","un",19.549099999999999]
["M3826","Tacha refletiva em plástico injetado bidirecional sem pino - tipo II","un",23.208500000000001]
["M3827","Tacha refletiva em plástico injetado bidirecional sem pino - tipo III","un",27.116]
["M3828","Tacha refletiva em plástico injetado bidirecional sem pino - tipo IV","un",29.152799999999999]
["M3829","Tacha refletiva em plástico injetado monodirecional com um pino - tipo I","un",16.948499999999999]
["M3830","Tacha refletiva em plástico injetado monodirecional com um pino - tipo II","un",21.0824]
["M3831","Tacha refletiva em plástico injetado monodirecional com um pino - tipo III","un",21.972799999999999]
["M3832","Tacha refletiva em plástico injetado monodirecional com um pino - tipo IV","un",28.123799999999999]
["M3833","Tacha refletiva em plástico injetado monodirecional sem pino - tipo I","un",16.3734]
["M3834","Tacha refletiva em plástico injetado monodirecional sem pino - tipo II","un",20.582699999999999]
["M3835","Tacha refletiva em plástico injetado monodirecional sem pino - tipo III","un",21.0824]
["M3836","Tacha refletiva em plástico injetado monodirecional sem pino - tipo IV","un",27.551500000000001]
["M3837","Tacha refletiva em resina sintética bidirecional com um pino - tipo I","un",30.8249]
["M3838","Tacha refletiva em resina sintética bidirecional com um pino - tipo II","un",37.936199999999999]
["M3839","Tacha refletiva em resina sintética bidirecional com um pino - tipo III","un",42.198999999999998]
["M3840","Tacha refletiva em resina sintética bidirecional com um pino - tipo IV","un",43.837800000000001]
["M3841","Tacha refletiva em resina sintética bidirecional sem pino - tipo I","un",30.263300000000001]
["M3842","Tacha refletiva em resina sintética bidirecional sem pino - tipo II","un",37.284300000000002]
["M3843","Tacha refletiva em resina sintética bidirecional sem pino - tipo III","un",41.396599999999999]
["M3844","Tacha refletiva em resina sintética bidirecional sem pino - tipo IV","un",42.976300000000002]
["M3845","Tacha refletiva em resina sintética monodirecional com um pino - tipo I","un",27.948499999999999]
["M3846","Tacha refletiva em resina sintética monodirecional com um pino - tipo II","un",34.390300000000003]
["M3847","Tacha refletiva em resina sintética monodirecional com um pino - tipo III","un",38.2517]
["M3848","Tacha refletiva em resina sintética monodirecional com um pino - tipo IV","un",42.429499999999997]
["M3851","Tacha refletiva em resina sintética monodirecional sem pino - tipo I","un",27.3125]
["M3852","Tacha refletiva em resina sintética monodirecional sem pino - tipo II","un",33.745199999999997]
["M3853","Tacha refletiva em resina sintética monodirecional sem pino - tipo III","un",37.524900000000002]
["M3854","Tacha refletiva em resina sintética monodirecional sem pino - tipo IV","un",41.613500000000002]
["M3855","Tacha refletiva metálica bidirecional com dois pinos - tipo II","un",25.7822]
["M3856","Tacha refletiva metálica bidirecional com dois pinos - tipo III","un",22.784700000000001]
["M3857","Tacha refletiva metálica bidirecional com dois pinos - tipo IV","un",56.445399999999999]
["M3858","Tacha refletiva metálica bidirecional com um pino - tipo II","un",23.133900000000001]
["M3859","Tacha refletiva metálica bidirecional com um pino - tipo III","un",19.7255]
["M3860","Tacha refletiva metálica bidirecional com um pino - tipo IV","un",55.104199999999999]
["M3861","Tacha refletiva metálica monodirecional com dois pinos - tipo II","un",20.715499999999999]
["M3862","Tacha refletiva metálica monodirecional com dois pinos - tipo III","un",19.225300000000001]
["M3863","Tacha refletiva metálica monodirecional com dois pinos - tipo IV","un",48.441299999999998]
["M3864","Tacha refletiva metálica monodirecional com um pino - tipo II","un",17.143000000000001]
["M3865","Tacha refletiva metálica monodirecional com um pino - tipo III","un",16.063400000000001]
["M3866","Tacha refletiva metálica monodirecional com um pino - tipo IV","un",50.311700000000002]
["M3867","Tachão refletivo em plástico injetado bidirecional","un",67.373900000000006]
["M3868","Tachão refletivo em plástico injetado monodirecional","un",65.231499999999997]
["M3869","Tachão refletivo em resina sintética bidirecional","un",57.192100000000003]
["M3870","Tachão refletivo em resina sintética monodirecional","un",55.2363]
["M3900","Emulsão asfáltica com polímero - RR-1C-E","t","-"]
["M3901","Reservatório metálico tipo taça - capacidade de 5.000 l","un",18207.6646]
["M3902","Reservatório metálico tipo taça - capacidade de 10.000 l","un",26319.821]
["M3903","Reservatório metálico tipo taça - capacidade de 20.000 l","un",39413.878400000001]
["M3904","Reservatório metálico tipo taça - capacidade de 30.000 l","un",54385.6561]
["M3905","AMV tipo TR37, abertura 1:8, bitola métrica","un","-"]
["M3906","AMV tipo TR37, abertura 1:10, bitola métrica","un","-"]
["M3907","AMV tipo TR37, abertura 1:12, bitola métrica","un","-"]
["M3908","AMV tipo TR37, abertura 1:14, bitola métrica","un","-"]
["M3909","Bico para corte a plasma manual - 65A","un",64.420500000000004]
["M3910","Bico para corte a plasma manual - 45A","un",62.394399999999997]
["M3911","Bocal para corte a plasma manual - 45A/65A","un",171.035]
["M3912","Capa de retenção para corte a plasma manual - 45A/65A","un",271.83760000000001]
["M3913","Eletrodo para corte a plasma manual - 45A/65A","un",76.153400000000005]
["M3914","Distribuidor de gás para corte a plasma manual - 45A/65A","un",173.11340000000001]
["M3915","Parafuso de cabeça sextavada em aço inox - D = 12,7 mm (1/2\") e C = 38,1 mm (1.1/2\")","un",4.5723000000000003]
["M3916","Porca sextavada em aço inox para parafuso - D = 12,7 mm (1/2\")","un",1.7718]
["M3917","Arruela lisa em aço inox - D = 12,7 mm (1/2\")","un",0.75329999999999997]
["M3918","Disco de corte com 80 dentes multimaterial - D = 250 mm","un",405.83710000000002]
["M3919","Lixa d'água Nº 360","un",1.1667000000000001]
["M3920","Diluente para tinta epóxi bicomponente ou tricomponente","l",49.103900000000003]
["M3921","Tinta à base de resina epóxi óxido de ferro","l",125.2038]
["M3922","Diluente para esmalte poliuretano de dois componentes","l",83.266599999999997]
["M3923","Tinta esmalte poliuretano bicomponente","l",147.5607]
["M3924","Catalisador para tinta fosfatizante","l",60.323399999999999]
["M3925","Tinta fosfatizante para fundo preparador de pintura","l",81.231700000000004]
["M3926","Luva em aço galvanizado com rosca BSP classe leve - D = 12,5 mm (1/2\")","un",3.6328999999999998]
["M3927","Plug tipo bujão em aço galvanizado com rosca BSP - D = 15 mm (1/2\")","un",3.8092999999999999]
["M3928","Tubo em aço-carbono - E = 3,35 mm e D = 80 mm (3\")","m",65.419200000000004]
["M3929","Tubo em aço-carbono - E = 3,00 mm e D = 150 mm (6\")","m",148.57060000000001]
["M3931","Cantoneira em alumínio de abas iguais - L = 38,1 mm e E = 4,76 mm","kg",33.177799999999998]
["M3932","Parafuso de cabeça sextavada em aço inox - D = 8 mm (M8) e C = 20 mm","un",1.3164]
["M3933","Porca sextavada em aço inox para parafuso - D = 8 mm (M8)","un",0.56089999999999995]
["M3934","Arruela lisa em aço inox para parafuso - D = 8,4 mm (M8)","un",0.19389999999999999]
["M3935","Arruela de pressão em aço inox para parafuso - D = 8,1 mm (M8)","un",0.25619999999999998]
["M3936","Parafuso de cabeça sextavada em aço inox - D = 12,7 mm (1/2\") e C = 19,05 mm (3/4\")","un",4.0339999999999998]
["M3939","Barra redonda em aço SAE 1020 - D = 25,4 mm (1\")","m",38.759099999999997]
["M3947","Tubo em aço - E = 3,00 mm e seção de 40 x 40 mm","m",35.731299999999997]
["M3949","Desmoldante para fôrmas metálicas","l",18.171099999999999]
["M4413","Arame E70S6 para solda MIG/MAG - D = 0,9 mm","kg",19.4146]

{"sheet":"Equipamentos","index":22,"n_rows":538,"n_cols":11,"rows_kept":538,"cut":false,"hidden":false,"merged":[[506,2,506,8],[425,2,425,8],[448,2,448,8],[481,2,481,8],[484,2,484,8],[503,2,503,8],[488,2,488,8],[491,2,491,8],[494,2,494,8],[497,2,497,8],[500,2,500,8],[429,2,429,8],[434,2,434,8],[439,2,439,8],[442,2,442,8],[445,2,445,8],[422,2,422,8],[404,2,404,8],[407,2,407,8],[413,2,413,8],[417,2,417,8],[419,2,419,8],[0,1,0,9],[1,1,1,9],[382,2,382,8],[410,2,410,8],[415,2,415,8],[385,2,385,8],[392,2,392,8],[389,2,389,8],[395,2,395,8],[399,2,399,8],[451,2,451,8],[454,2,454,8],[457,2,457,8],[460,2,460,8],[463,2,463,8],[466,2,466,8],[469,2,469,8],[472,2,472,8],[475,2,475,8],[478,2,478,8],[532,2,532,8],[535,2,535,8],[511,2,511,8],[518,2,518,8],[521,2,521,8],[526,2,526,8],[529,2,529,8],[514,2,514,8]]}
["CGCIT","SISTEMA DE CUSTOS REFERENCIAIS DE OBRAS - SICRO",{"$nulls":8},"DNIT"]
[null,"Rio Grande do Norte - Abril/2025"]
["Código","Descrição","Valor de Aquisição (R$)","Depreciação (R$/h)","Oportunidade de Capital (R$/h)","Seguros e Impostos (R$/h)","Manutenção (R$/h)","Operação (R$/h)","Mão de Obra de Operação (R$/h)","Custo Produtivo (R$/h)","Custo Improdutivo (R$/h)"]
["E9001","Conjunto vibratório para tubos de concreto com encaixe PB e 3 jogos de fôrmas - D = 0,60 m - 2,20 kW",73191.684500000003,9.7589000000000006,2.258,0,7.3192000000000004,0,0,19.336099999999998,12.0169]
["E9002","Conjunto vibratório para tubos de concreto com encaixe PB e 3 jogos de fôrmas - D = 0,80 m - 2,20 kW",95350.2788,12.7134,2.9416000000000002,0,9.5350000000000001,0,0,25.19,15.654999999999999]
["E9003","Conjunto vibratório para tubos de concreto com encaixe PB e 3 jogos de fôrmas - D = 1,00 m - 2,20 kW",99803.577699999994,13.3071,3.0789,0,9.9803999999999995,0,0,26.366399999999999,16.385999999999999]
["E9004","Conjunto vibratório para tubos de concreto com encaixe PB e 3 jogos de fôrmas - D = 1,20 m - 2,20 kW",125239.0313,16.698499999999999,3.8635999999999999,0,12.523899999999999,0,0,33.085999999999999,20.562100000000001]
["E9005","Conjunto vibratório para tubos de concreto com encaixe PB e 3 jogos de fôrmas - D = 1,50 m - 2,20 kW",148190.00020000001,19.758700000000001,4.5716999999999999,0,14.819000000000001,0,0,39.1494,24.330400000000001]
["E9006","Equipamento para sondagem manual",4860.6536999999998,0.82630000000000003,0.1799,0,0.48609999999999998,0,0,1.4923,1.0062]
["E9007","Bomba de pistão triplex com capacidade de 7,80 m³/h (130 l/min) - 8,20 kW",161982.77050000001,12.958600000000001,2.9983,0,11.338800000000001,8.7210999999999999,0,36.016800000000003,15.956899999999999]
["E9008","Transportador manual de tubos de concreto com capacidade de 1 t",1718.4638,1.5466,0.106,0,0.85919999999999996,0,0,2.5118,1.6526000000000001]
["E9009","Embarcação rebocadora - 268 kW",682593.37120000005,8.8879000000000001,3.9605999999999999,0,19.751000000000001,285.02980000000002,137.48670000000001,455.11599999999999,150.33519999999999]
["E9010","Balança plataforma digital à bateria, com mesa de 75 x 75 cm e capacidade de 500 kg",4937.0073000000002,0.74060000000000004,0.10150000000000001,0,0.41139999999999999,0,0,1.2535000000000001,0.84209999999999996]
["E9011","Carro manual modelo plataforma de 200 x 80 cm com capacidade de 800 kg",1897.1178,0.34150000000000003,7.0199999999999999E-2,0,0.18970000000000001,0,0,0.60140000000000005,0.41170000000000001]
["E9014","Deflectômetro de impacto (FWD) instalado em picape com reboque e faixa de carga de 7 a 120 kN - 147 kW",2261753.2231999999,180.94030000000001,41.865099999999998,0,113.0877,0,35.803400000000003,371.69650000000001,258.60879999999997]
["E9015","Elevador de obra com capacidade de 1.000 kg - 9 kW",67946.846900000004,5.4356999999999998,1.2577,0,4.7563000000000004,0,26.849599999999999,38.299300000000002,33.542999999999999]
["E9016","Usina misturadora móvel de reciclagem a frio com sistema de espuma de asfalto - 129,40 kW",9905381.9289999995,577.81389999999999,178.25559999999999,0,742.90359999999998,101.4061,45.412999999999997,1645.7922000000001,801.48249999999996]
["E9017","Escavadeira hidráulica sobre esteira com capacidade de 0,4 m³ - 64 kW",723339.64159999997,50.633800000000001,13.388999999999999,0,50.633800000000001,46.572000000000003,35.7209,196.9495,99.743700000000004]
["E9020","Recicladora a frio - 455 kW",5333904.1887999997,311.14440000000002,95.988100000000003,0,444.49200000000002,509.38159999999999,45.412999999999997,1406.4191000000001,452.5455]
["E9021","Grupo gerador - 456 kVA",356649.59649999999,17.8325,6.2872000000000003,0,12.737500000000001,388.1936,0,425.05079999999998,24.119700000000002]
["E9022","Pórtico metálico rolante com capacidade de 25 t - 30 kW",815317.03390000004,36.689300000000003,13.8339,0,28.536100000000001,0,26.849599999999999,105.9089,77.372799999999998]
["E9023","Guindaste móvel sobre esteiras com dragline com capacidade de 1,9 a 2,3 m³ - 270 kW",4047801.7651,141.67310000000001,68.681100000000001,0,202.39009999999999,75.567599999999999,45.412999999999997,533.72490000000005,255.7672]
["E9024","Misturador de nata cimento - 1,50 kW",9534.8178000000007,0.76280000000000003,0.17649999999999999,0,0.66739999999999999,0,26.849599999999999,28.456299999999999,27.788900000000002]
["E9025","Conjunto bomba e macaco hidráulico para protensão com capacidade de 7.000 kN - 15 kW",105267.3732,6.0152999999999999,1.8556999999999999,0,6.0152999999999999,0,45.412999999999997,59.299300000000002,53.283999999999999]
["E9026","Bomba para injeção de nata de cimento com capacidade de 2 MPa - 2,20 kW",33283.2016,2.6627000000000001,0.61609999999999998,0,2.3298000000000001,0,0,5.6086,3.2787999999999999]
["E9028","Bomba de alta pressão para hidrojateamento com capacidade de 18 MPa - 5,20 kW",5661.8728000000001,0.45290000000000002,0.1048,0,0.50960000000000005,10.1995,26.849599999999999,38.116399999999999,27.407299999999999]
["E9029","Conjunto bomba e macaco hidráulico para protensão com capacidade de 8.000 kN - 20 kW",133859.34849999999,7.6490999999999998,2.3597000000000001,0,7.6490999999999998,0,45.412999999999997,63.070900000000002,55.421799999999998]
["E9030","Bomba de protensão com leitura digital para tensionamento de estais - 3 kW",14699.678599999999,0.84,0.2591,0,0.84,0,0,1.9391,1.0991]
["E9031","Elevador de cremalheira com cabine simples, com capacidade de 1.500 kg e altura de até 100 m - 15 kW",339812.09909999999,27.184999999999999,6.2899000000000003,0,23.786799999999999,0,26.849599999999999,84.1113,60.3245]
["E9032","Equipamento para regulagem final de estais com até 37 cordoalhas - D = 15,7 mm - 20 kW",78730.824900000007,4.4988999999999999,1.3878999999999999,0,4.4988999999999999,0,45.412999999999997,55.798699999999997,51.299799999999998]
["E9033","Equipamento para regulagem final de estais de 38 a 55 cordoalhas - D = 15,7 mm - 30 kW",112454.8461,6.4260000000000002,1.9823999999999999,0,6.4260000000000002,0,45.412999999999997,60.247399999999999,53.821399999999997]
["E9034","Equipamento para regulagem final de estais de 56 a 73 cordoalhas - D = 15,7 mm - 40 kW",168629.43919999999,9.6359999999999992,2.9727000000000001,0,9.6359999999999992,0,45.412999999999997,67.657700000000006,58.021700000000003]
["E9035","Equipamento para regulagem final de estais de 74 a 91 cordoalhas - D = 15,7 mm - 50 kW",224804.94880000001,12.846,3.9630000000000001,0,12.846,0,45.412999999999997,75.067999999999998,62.222000000000001]
["E9036","Grua fixa para alturas de 60 a 102 m, com alcance de 60 m com capacidade de 1.500 kg na ponta da lança - 37 kW",3746395.6420999998,187.31979999999999,66.043599999999998,0,214.07980000000001,0,45.412999999999997,512.85619999999994,298.77640000000002]
["E9038","Macaco hidráulico monocordoalha para tensionamento de estais - 3 kW",18389.4529,1.0508,0.32419999999999999,0,1.0508,0,45.412999999999997,47.838799999999999,46.787999999999997]
["E9039","Máquina de solda por termofusão para tubos PEAD com gerador de 4 kW",115671.7444,6.6097999999999999,2.0390999999999999,0,6.6097999999999999,4.2542,45.412999999999997,64.925899999999999,54.061900000000001]
["E9040","Serra mármore - 1,45 kW",489.7817,4.41E-2,9.1000000000000004E-3,0,2.4500000000000001E-2,0,0,7.7700000000000005E-2,5.3199999999999997E-2]
["E9042","Trator sobre esteiras com lâmina - 97 kW",1335293.7475000001,51.928100000000001,22.8855,0,74.183000000000007,76.0154,35.7209,260.73289999999997,110.53449999999999]
["E9043","Embarcação de alumínio com comprimento de 6 m e motor de popa - 18,60 kW",32865.080999999998,0.51349999999999996,0.19359999999999999,0,0.5706,41.694499999999998,42.091000000000001,85.063199999999995,42.798099999999998]
["E9044","Central de concreto com capacidade de 150 m³/h - dosadora e misturadora",1887015.9177999999,107.8295,33.2654,0,94.350800000000007,0,45.412999999999997,280.8587,186.50790000000001]
["E9045","Conjunto bomba e macaco hidráulico para elevação com capacidade de 496 kN",68446.460399999996,5.4756999999999998,1.2668999999999999,0,5.4756999999999998,6.4558999999999997,45.412999999999997,64.087199999999996,52.1556]
["E9046","Conjunto bomba e macaco hidráulico para elevação com capacidade de 929 kN",86546.1152,6.9237000000000002,1.6020000000000001,0,6.9237000000000002,6.4558999999999997,45.412999999999997,67.318299999999994,53.938699999999997]
["E9047","Conjunto bomba e macaco hidráulico para elevação com capacidade de 1.390 kN",117999.94680000001,9.44,2.1842000000000001,0,9.44,6.4558999999999997,45.412999999999997,72.933099999999996,57.037199999999999]
["E9048","Conjunto bomba e macaco hidráulico para elevação com capacidade de 1.859 kN",136603.255,10.9283,2.5285000000000002,0,10.9283,6.4558999999999997,45.412999999999997,76.254000000000005,58.869799999999998]
["E9049","Bomba de alta pressão para hidrojateamento com capacidade de 250 MPa - 72 kW",713973.12520000001,57.117899999999999,13.2156,0,64.257599999999996,60.454099999999997,26.849599999999999,221.8948,97.183099999999996]
["E9050","Guindaste móvel sobre pneus com 2 eixos com capacidade de 18 t - 97 kW",3351700.8755000001,167.58500000000001,59.085700000000003,0,215.4665,27.148399999999999,35.803400000000003,505.089,262.47410000000002]
["E9051","Máquina levantadora e posicionadora de via - 7,40 kW",1044857.7243999999,83.5886,19.340299999999999,0,73.14,11.611700000000001,26.849599999999999,214.53020000000001,129.77850000000001]
["E9052","Empilhadeira a diesel com capacidade de 10 t - 82 kW",783526.07440000004,62.682099999999998,14.5031,0,54.846800000000002,68.850499999999997,26.849599999999999,227.7321,104.0348]
["E9053","Perfuratriz hidráulica montada em flutuante - 32 kW",539491.63439999998,16.859100000000002,3.4674,0,14.985900000000001,17.912299999999998,32.702300000000001,85.927000000000007,53.028799999999997]
["E9054","Equipamento sobre forma-trilho para execução e acabamento de pavimento de concreto - 13,40 kW",1743699.925,139.49600000000001,32.2759,0,87.185000000000002,21.026599999999998,26.849599999999999,306.8331,198.6215]
["E9055","Guincho pneumático com capacidade de 2,5 t",535494.95270000002,48.194499999999998,9.9120000000000008,0,26.774699999999999,0,0,84.881200000000007,58.106499999999997]
["E9056","Plataforma autoelevatória de 12 x 24 m com capacidade de 150 t",832956.38329999999,6.5075000000000003,4.6843000000000004,0,14.461,0,113.3997,139.05250000000001,124.5915]
["E9057","Batelão sem propulsão com capacidade de 66 m³",222745.15169999999,1.7402,1.2526999999999999,0,2.9003000000000001,0,29.1508,35.043999999999997,32.143700000000003]
["E9058","Plataforma flutuante de 12 x 24 x 1,8 m com capacidade de 150 t",666192.85320000001,5.2046000000000001,3.7465000000000002,0,8.6744000000000003,0,29.1508,46.776299999999999,38.101900000000001]
["E9059","Plataforma autoelevatória de 12 x 24 m montada na obra com capacidade de 150 t",832956.38329999999,6.5075000000000003,4.6843000000000004,0,14.461,0,113.3997,139.05250000000001,124.5915]
["E9060","Perfuratriz pneumática rotopercussiva montada em flutuante com pressão de 0,70 MPa e capacidade de 2.500 gpm",39222.682800000002,1.2257,0.25209999999999999,0,1.0894999999999999,0,65.404600000000002,67.971900000000005,66.882400000000004]
["E9061","Lixadeira elétrica manual angular - 2 kW",1520.8481999999999,0.1217,2.8199999999999999E-2,0,7.5999999999999998E-2,0,0,0.22589999999999999,0.14990000000000001]
["E9062","Soprador de ar quente manual - 1,60 kW",5491.5739999999996,0.73219999999999996,0.1129,0,0.45760000000000001,0,0,1.3027,0.84509999999999996]
["E9063","Equipamento de estabilização dinâmica da via - 300 kW",28414435.542800002,1136.5773999999999,482.12189999999998,0,1136.5773999999999,201.5136,45.412999999999997,3002.2033000000001,1664.1123]
["E9064","Transportador manual gerica com capacidade de 180 l",1110.0065999999999,1.1100000000000001,6.8500000000000005E-2,0,0.55500000000000005,0,0,1.7335,1.1785000000000001]
["E9065","Carro controle ferroviário - 186 kW",30498746.636500001,1219.9499000000001,517.48749999999995,0,1067.4561000000001,124.9384,45.412999999999997,2975.2449000000001,1782.8504]
["E9066","Grupo gerador - 14 kVA",70581.13,3.5291000000000001,1.2442,0,2.5207999999999999,11.699,0,18.993099999999998,4.7732999999999999]
["E9067","Veículo ferroviário para capina química com capacidade de 12.000 l - 115 kW",1707269.4287,68.290800000000004,28.9681,0,42.681699999999999,77.246899999999997,26.849599999999999,244.03710000000001,124.10850000000001]
["E9068","Perfuratriz hidráulica rotopercussiva para CCPH - 123 kW",5429780.9648000002,361.98540000000003,97.713399999999993,0,361.98540000000003,103.2757,35.7209,960.68079999999998,495.41969999999998]
["E9069","Vibrador de imersão para concreto - 4,10 kW",4145.7663000000002,0.6633,0.1535,0,0.41460000000000002,8.0419,0,9.2733000000000008,0.81679999999999997]
["E9070","Ponte rolante com capacidade de 5 t e vão de até 15 m - 10 kW",418634.99650000001,16.7454,7.1032000000000002,0,10.4659,0,26.849599999999999,61.164099999999998,50.6982]
["E9071","Transportador manual carrinho de mão com capacidade de 80 l",481.32060000000001,0.48130000000000001,2.9700000000000001E-2,0,0.2407,0,0,0.75170000000000003,0.51100000000000001]
["E9072","Martelo hidráulico vibratório com unidade hidráulica - 486 kW",3280901.0713999998,218.72669999999999,59.042499999999997,0,191.38589999999999,408.065,45.412999999999997,922.63310000000001,323.18220000000002]
["E9073","Bomba de concreto rebocável com capacidade de 30 m³/h - 74 kW",486638.39649999997,38.931100000000001,9.0076999999999998,0,38.931100000000001,78.702299999999994,26.849599999999999,192.42179999999999,74.788399999999996]
["E9074","Tanque de estocagem de asfalto com agitadores de 60.000 l",930523.53799999994,38.771799999999999,13.456200000000001,0,24.232399999999998,0,0,76.460400000000007,52.228000000000002]
["E9075","Trado cavadeira de 12\"",156.7192,7.8399999999999997E-2,7.3000000000000001E-3,0,3.9199999999999999E-2,0,0,0.1249,8.5699999999999998E-2]
["E9076","Equipamento para pintura eletrostática com cabine dupla de 7,00 kW e estufa de 80.000 kCal",162200.48980000001,10.427199999999999,2.8593999999999999,0,5.7929000000000004,0,26.849599999999999,45.929099999999998,40.136200000000002]
["E9077","Perfuratriz de circulação reversa tipo Wirth ou similar com unidade hidráulica (Power Pack) - 273 kW",4706223.4178999998,313.7482,84.692400000000006,0,313.7482,152.81450000000001,35.7209,900.7242,434.16149999999999]
["E9078","Treliça lançadeira com capacidade de carga de 100 a 120 t e vão máximo de 45 m - 110 kW",3551455.6305999998,94.705500000000001,58.433300000000003,0,59.190899999999999,0,45.412999999999997,257.74270000000001,198.55179999999999]
["E9079","Bomba submersível com capacidade de 360 m³/h - 23 kW",179407.34090000001,14.352600000000001,3.3208000000000002,0,12.5585,0,0,30.2319,17.673400000000001]
["E9080","Carrelone com capacidade máxima de 70 t",1840783.9206999999,82.835300000000004,31.233499999999999,0,46.019599999999997,0,26.849599999999999,186.93799999999999,140.91839999999999]
["E9081","Fischietti simples com capacidade de 70 t",108936.8768,4.9021999999999997,1.8484,0,2.7233999999999998,0,26.849599999999999,36.323599999999999,33.600200000000001]
["E9083","Vagão fechado FLT com capacidade de 99 t",845000,13.379200000000001,13.4686,0,7.0416999999999996,0,0,33.889499999999998,26.847799999999999]
["E9084","Vagão tanque convencional TCT com capacidade de 97 t e 103.000 l",1230000,19.475000000000001,19.6052,0,10.25,0,0,49.330199999999998,39.080199999999998]
["E9085","Vagão gôndola GDE com capacidade de 93,5 t / 29 m³",620000,9.8167000000000009,9.8823000000000008,0,5.1666999999999996,0,0,24.8657,19.699000000000002]
["E9086","Bomba de concreto rebocável com capacidade de 41 m³/h - 74 kW",546427.91890000005,43.714199999999998,10.1144,0,43.714199999999998,78.702299999999994,26.849599999999999,203.09469999999999,80.678200000000004]
["E9089","Roçadeira costal - 1,40 kW",3253.5046000000002,0.48799999999999999,6.6900000000000001E-2,0,0.37959999999999999,8.6303000000000001,0,9.5648,0.55489999999999995]
["E9093","Veículo leve - 53 kW (sem motorista)",77948.892699999997,4.6768999999999998,1.4428000000000001,0.58460000000000001,4.6768999999999998,26.7316,0,38.1128,6.7042999999999999]
["E9094","Guindaste móvel sobre pneus com 6 eixos com capacidade máxima de 350 t - 450 kW",20432377.379900001,1021.6189000000001,360.1936,145.94560000000001,1313.51,125.946,35.803400000000003,3003.0174999999999,1563.5615]
["E9095","Guindaste móvel sobre pneus com 8 eixos com capacidade máxima de 500 t - 500 kW",34394262.121799998,1719.7130999999999,606.32169999999996,245.67330000000001,2211.0596999999998,139.94,35.803400000000003,4958.5111999999999,2607.5115000000001]
["E9096","Minicarregadeira de pneus - 45,50 kW",407851.17790000001,28.549600000000002,7.5492999999999997,0,28.549600000000002,63.672699999999999,35.7209,164.0421,71.819800000000001]
["E9101","Removedora de faixas de sinalização viária - 9,69 kW",51096.448700000001,4.0876999999999999,0.94579999999999997,0,3.5768,19.0063,0,27.616599999999998,5.0335000000000001]
["E9102","Extrusora para sarjeta de concreto - 10,44 kW",82320.631899999993,6.5857000000000001,1.5238,0,5.7624000000000004,8.7658000000000005,26.849599999999999,49.487299999999998,34.959099999999999]
["E9103","Extrusora para meio-fio de concreto - 10,44 kW",67877.431899999996,5.4302000000000001,1.2564,0,4.7514000000000003,8.7658000000000005,26.849599999999999,47.053400000000003,33.536200000000001]
["E9105","Embarcação empurradora multipropósito - 2 x 186 kW",5497137.858,71.577299999999994,31.895600000000002,0,159.0607,395.63839999999999,137.48670000000001,795.65869999999995,240.95959999999999]
["E9106","Balsa de convés com capacidade de 200 t",1907104.0959999999,14.8993,10.725,0,24.832100000000001,0,29.1508,79.607200000000006,54.775100000000002]
["E9107","Compactador manual com soquete vibratório - 2,24 kW",11278.469800000001,0.75190000000000001,0.20300000000000001,0,0.75190000000000001,4.3936000000000002,0,6.1003999999999996,0.95489999999999997]
["E9108","Soldadora de trilho por caldeamento na via - 400 kW",10000000,160,160.41999999999999,0,200,268.6848,90.825999999999993,879.93079999999998,411.24599999999998]
["E9110","Escavadeira hidráulica sobre esteiras para rocha com caçamba com capacidade de 1,56 m³ - 118 kW",1199356.1544999999,119.93559999999999,23.785799999999998,0,119.93559999999999,125.4982,35.7209,424.87610000000001,179.44229999999999]
["E9111","Jateador abrasivo úmido com capacidade de 350 kg de abrasivo",325463.99440000003,29.291799999999999,6.0243000000000002,0,29.291799999999999,0,26.849599999999999,91.457499999999996,62.165700000000001]
["E9112","Sinalizador direcional móvel com sistema fotovoltaico de energia e montado em chassi sobre pneus",23023.466400000001,2.0720999999999998,0.42620000000000002,0,1.1512,0,0,3.6495000000000002,2.4983]
["E9113","Painel de Mensagem Variável - PMV móvel, com sistema fotovoltaico de energia e montado em chassi sobre pneus",175708.3965,15.813800000000001,3.2524000000000002,0,8.7853999999999992,0,0,27.851600000000001,19.066199999999998]
["E9116","Semáforo móvel com 3 lentes e bateria - D = 200 mm",8126.6361999999999,0.73140000000000005,0.15040000000000001,0,0.40629999999999999,0,0,1.2881,0.88180000000000003]
["E9117","Carregadeira de pneus para rocha com capacidade de 2,50 m³ - 105 kW",1005511.3595,100.55110000000001,19.941400000000002,0,100.55110000000001,111.6721,35.7209,368.4366,156.21340000000001]
["E9118","Cortadora de pavimento com disco diamantado de 450 a 1.500 mm - 55,40 kW",488602.3456,39.088200000000001,9.0440000000000005,0,39.088200000000001,46.516100000000002,26.849599999999999,160.58609999999999,74.981800000000007]
["E9119","Minicarregadeira sobre pneus com valetadeira - 55,40 kW",801276.7696,56.089399999999998,14.8316,0,56.089399999999998,77.526799999999994,35.7209,240.25810000000001,106.64190000000001]
["E9120","Equipamento de cravação sobre esteira para geodreno com haste para profundidade de até 20 m - 258 kW",2585983.4423000002,181.0188,47.866599999999998,0,181.0188,187.74350000000001,26.849599999999999,624.4973,255.73500000000001]
["E9122","Perfuratriz tipo Bottom Feed para coluna de brita - 194 kW",7004333.9379000003,466.9556,126.0488,0,466.9556,108.5934,35.7209,1204.2743,628.72529999999995]
["E9125","Veículo tipo van furgão com capacidade de 1,38 t - 100 kW",231123.60329999999,11.5562,4.1593,1.6853,11.5562,27.988,30.942,87.887,48.342799999999997]
["E9126","Draga backhoe com capacidade de 7 m³ - 1.000 kW",187404795.5677,2108.3040000000001,1517.6275000000001,0,4685.1198999999997,1063.5440000000001,64.863500000000002,9439.4588999999996,3690.7950000000001]
["E9127","Escavadeira hidráulica com martelo hidráulico de 520 kg - 75 kW",902304.01939999999,103.12050000000001,17.894600000000001,0,128.9006,54.576599999999999,35.7209,340.21319999999997,156.73599999999999]
["E9134","Miniônibus com capacidade para 30 passageiros - 111 kW",681455.02500000002,29.205200000000001,12.0131,4.8674999999999997,43.8078,118.0534,32.572499999999998,240.51949999999999,78.658299999999997]
["E9141","Rebarbador hidráulico com bomba manual com capacidade de força de 9.000 kgf",96017.116899999994,7.6814,1.7773000000000001,0,4.8009000000000004,0,0,14.259600000000001,9.4587000000000003]
["E9144","Pórtico metálico rolante com talha com capacidade de 5 t - 10 kW",306199.14270000003,12.247999999999999,5.1954000000000002,0,7.6550000000000002,0,26.849599999999999,51.948,44.292999999999999]
["E9148","Macaco de protensão de fios com bomba - 3,72 kW",100947.4589,5.7683999999999997,1.7796000000000001,0,5.7683999999999997,0,45.412999999999997,58.729399999999998,52.960999999999999]
["E9149","Máquina de aplicação e extração de grampo elástico tipo Pandrol - 6,70 kW",265520.91210000002,21.241700000000002,4.9147999999999996,0,21.241700000000002,10.513299999999999,0,57.911499999999997,26.156500000000001]
["E9151","Britador de mandíbulas móvel sobre esteiras, sem peneira, com capacidade de 140 m³/h - 170 kW",2982476.0059000002,170.4272,52.576799999999999,0,170.4272,171.28659999999999,45.412999999999997,610.13080000000002,268.41699999999997]
["E9152","Ferramenta de fixação à pólvora de ação direta",1057.4574,8.9899999999999994E-2,1.9599999999999999E-2,0,8.4599999999999995E-2,0,0,0.19409999999999999,0.1095]
["E9153","Ferramenta de fixação à pólvora e sistema à pistão",1001.1786,8.5099999999999995E-2,1.8499999999999999E-2,0,8.0100000000000005E-2,0,0,0.1837,0.1036]
["E9154","Equipamento para selagem com material asfáltico rebocável com capacidade de 370 l - 35 kW",462747.97850000003,29.748100000000001,8.1576000000000004,0,9.9160000000000004,29.3874,26.849599999999999,104.0587,64.755300000000005]
["E9155","Caldeira de asfalto rebocável com capacidade de 600 l - 5,20 kW",147496.2273,9.4818999999999996,2.6000999999999999,0,3.1606000000000001,4.0750999999999999,0,19.317699999999999,12.082000000000001]
["E9156","Soprador de ar costal - 2,6 kW",2703.1898999999999,0.4325,0.10009999999999999,0,0.37840000000000001,5.0997000000000003,0,6.0106999999999999,0.53259999999999996]
["E9157","Locomotiva diesel-elétrica CC - bitola métrica - 2.237 kW",8737202.2879000008,139.79519999999999,140.16220000000001,0,174.744,1502.6197,34.755299999999998,1992.0763999999999,314.71269999999998]
["E9158","Locomotiva diesel-elétrica CC - bitola larga - 2.237 kW",9123489.3000000007,145.97579999999999,146.35900000000001,0,182.46979999999999,1502.6197,34.755299999999998,2012.1795999999999,327.09010000000001]
["E9159","Vagão plataforma PNE com capacidade de 82 t - bitola métrica",736000,11.6533,11.731199999999999,0,6.1333000000000002,0,0,29.517800000000001,23.384499999999999]
["E9160","Vagão plataforma PNT com capacidade de 98 t - bitola larga",960000,15.2,15.301600000000001,0,8,0,0,38.501600000000003,30.5016]
["E9161","Vagão fechado com porta para carga e descarga de paletes FLD com capacidade de 64 t - bitola métrica",730000,11.558299999999999,11.6356,0,6.0833000000000004,0,0,29.277200000000001,23.193899999999999]
["E9162","Vagão fechado com porta para carga e descarga de paletes FLT com capacidade de 99 t - bitola larga",845000,13.379200000000001,13.4686,0,7.0416999999999996,0,0,33.889499999999998,26.847799999999999]
["E9163","Vagão hopper aberto com descarga automática HNE com capacidade de 45 m³ - bitola métrica",880000,13.933299999999999,14.0265,0,7.3333000000000004,0,0,35.293100000000003,27.959800000000001]
["E9164","Vagão hopper aberto com descarga automática HNT com capacidade de 63 m³ - bitola larga",1065641.6666000001,16.872699999999998,16.985399999999998,0,8.8803000000000001,0,0,42.738399999999999,33.8581]
["E9167","Equipamento para carga e descarga de TLS de até 250 m - 90 kW",2827329.6609,45.237299999999998,45.356000000000002,0,56.546599999999998,60.454099999999997,45.412999999999997,253.00700000000001,136.00630000000001]
["E9168","Carregadeira de pneus com implemento de garfo - 195 kW",1551191.5643,108.5834,28.712599999999998,0,108.5834,87.322599999999994,35.7209,368.92290000000003,173.01689999999999]
["E9200","Carregadeira de pneus para rocha com capacidade de 2,50 m³ - 105 kW com periculosidade",1005511.3595,100.55110000000001,19.941400000000002,0,100.55110000000001,111.6721,44.2395,376.95519999999999,164.732]
["E9203","Escavadeira hidráulica com martelo hidráulico de 1.700 kg - 103 kW com periculosidade",2091555.3541999999,239.03489999999999,41.48,0,298.79360000000003,74.951899999999995,44.2395,698.49990000000003,324.75439999999998]
["E9204","Perfuratriz sobre esteiras - 145 kW com periculosidade",2039947.9228000001,135.9965,36.710599999999999,0,135.9965,121.7478,44.2395,474.6909,216.94659999999999]
["E9205","Equipamento de corte a plasma CNC - 12.000 x 5.500 mm - 19,5 kW",1089855.1259000001,87.188400000000001,20.173200000000001,0,65.391300000000001,0,0,172.75290000000001,107.3616]
["E9206","Equipamento de solda MIG automática com acessórios - 14,6 kVA",86464.534199999995,6.9172000000000002,1.6005,0,6.9172000000000002,0,0,15.434900000000001,8.5176999999999996]
["E9207","Máquina de solda elétrica retificadora 425 A - 18,70 kW",7243.8364000000001,0.57950000000000002,0.1341,0,0.57950000000000002,0,0,1.2930999999999999,0.71360000000000001]
["E9209","Martelete perfurador/rompedor a ar comprimido de 25 kg para rocha, com insalubridade, com capacidade de 2.040 gpm",30575.2585,2.4460000000000002,0.56589999999999996,0,2.4460000000000002,0,34.581400000000002,40.039299999999997,37.593299999999999]
["E9213","Jumbo eletro-hidráulico com 3 braços - 155 kW/237 kW com periculosidade",13587361.858999999,905.82410000000004,244.51589999999999,0,1132.2801999999999,182.20189999999999,56.865299999999998,2521.6873999999998,1207.2053000000001]
["E9231","Maçarico lança-chamas a gás liquefeito de petróleo (GLP)",89.147900000000007,7.1000000000000004E-3,1.6999999999999999E-3,0,7.1000000000000004E-3,0,0,1.5900000000000001E-2,8.8000000000000005E-3]
["E9242","Estação transmissora de superfície para televisionamento",14951.552100000001,0.96120000000000005,0.2636,0,0.53400000000000003,0,0,1.7587999999999999,1.2248000000000001]
["E9243","Câmara hiperbárica com filtro, serpentina e reservatório de ar para mergulho raso - D = 1,80 m e H = 2,22 m",602132.15319999994,10.5373,9.7523,0,15.0533,0,58.7273,94.0702,79.016900000000007]
["E9244","Estação transmissora de superfície para comunicação sem fio",40168.574000000001,2.5823,0.70809999999999995,0,1.4346000000000001,0,0,4.7249999999999996,3.2904]
["E9245","Estação transmissora de superfície para comunicação com fio",6732.4443000000001,0.43280000000000002,0.1187,0,0.2404,0,0,0.79190000000000005,0.55149999999999999]
["E9246","Painel de controle de ar com manômetros e pneufatômetros",12919.6854,0.8306,0.2278,0,0.46139999999999998,0,0,1.5198,1.0584]
["E9247","Sistema de Sino aberto (sinete) para mergulho até 50 m - 33,50 kW",438386.26679999998,11.690300000000001,7.2129000000000003,0,11.690300000000001,0,58.7273,89.320800000000006,77.630499999999998]
["E9248","Sistema de ar comprimido para mergulho até 30 m com pressão de trabalho de 1,4 MPa - 7,46 kW",51998.798999999999,3.4666000000000001,0.93579999999999997,0,3.4666000000000001,7.0989000000000004,0,14.9679,4.4024000000000001]
["E9249","Sistema de ar comprimido para mergulho até 50 m com pressão de trabalho de 1,7 MPa - 16,18 kW",81964.350300000006,5.4642999999999997,1.4750000000000001,0,5.4642999999999997,15.396800000000001,0,27.8004,6.9393000000000002]
["E9251","Fonte de plasma para corte manual - 65A - 15 kW",32642.7415,2.6114000000000002,0.60419999999999996,0,2.6114000000000002,0,0,5.827,3.2155999999999998]
["E9252","Serra de esquadria com braço telescópico - D = 250 mm (10\") - 1,80 kW",4333.0717999999997,0.39,8.0199999999999994E-2,0,0.2167,0,0,0.68689999999999996,0.47020000000000001]
["E9253","Rebordeadeira diâmetro máximo 3,00 m - 4,85 kW",67141.569399999993,2.6857000000000002,1.1392,0,2.35,0,0,6.1749000000000001,3.8249]
["E9254","Dobradeira viradeira manual comprimento máximo de dobra de até 2.000 mm",19474.103500000001,0.77900000000000003,0.33040000000000003,0,0.68159999999999998,0,0,1.7909999999999999,1.1093999999999999]
["E9255","Fonte de plasma para corte manual - 45A - 10 kW",21609.7415,1.7287999999999999,0.4,0,1.7287999999999999,0,0,3.8576000000000001,2.1288]
["E9256","Equipamento para pintura com cal rebocável com dois bicos aplicadores e capacidade de 2.200 l",69589.829299999998,3.9765999999999999,1.2267999999999999,0,3.9765999999999999,0,26.849599999999999,36.029600000000002,32.052999999999997]
["E9259","Ventilador centrífugo média pressão com capacidade de 38 m³/min - 2,21 kW",17076.729899999998,1.5368999999999999,0.31609999999999999,0,1.0246,0,0,2.8776000000000002,1.853]
["E9260","Detector de gases com bomba elétrica para espaço confinado",4279.4165000000003,0.34239999999999998,7.9200000000000007E-2,0,0.214,0,0,0.63560000000000005,0.42159999999999997]
["E9261","Equipamento de pintura com pistola airless - 0,90 kW",2353.4495000000002,0.21179999999999999,4.36E-2,0,0.1177,0,0,0.37309999999999999,0.25540000000000002]
["E9262","Escova rotativa com cerdas de aço para tratamento de superfície - 0,91 kW",20558.956699999999,1.6447000000000001,0.3805,0,1.0279,0,26.849599999999999,29.902699999999999,28.8748]
["E9263","Tripé com guincho para espaço confinado",10050.4331,0.80400000000000005,0.186,0,0.60299999999999998,0,0,1.593,0.99]
["E9264","Respirador purificador de ar motorizado",8868.3914999999997,0.70950000000000002,0.16420000000000001,0,0.44340000000000002,0,0,1.3170999999999999,0.87370000000000003]
["E9265","Respirador de adução de ar tipo linha de ar comprimido para jateamento",18103.354899999998,1.4482999999999999,0.33510000000000001,0,0.9052,0,0,2.6886000000000001,1.7834000000000001]
["E9267","Exaustor centrífugo alta pressão com capacidade de 35 m³/min - 1,47 kW",5973.3707000000004,0.53759999999999997,0.1106,0,0.3584,0,0,1.0065999999999999,0.6482]
["E9501","Ventilador axial para ventilação forçada com velocidade de saída de 32,8 m/s - D = 1.000 mm - 30 kW",458537.67979999998,41.2684,8.4875000000000007,0,27.5123,0,0,77.268199999999993,49.755899999999997]
["E9502","Bate-estaca de gravidade para 6 t - 119 kW",984189.94669999997,56.239400000000003,17.349900000000002,0,42.179600000000001,86.594899999999996,35.7209,238.0847,109.31019999999999]
["E9503","Guilhotina hidráulica 16 x 6.100 mm - 30 kW",1333265.5029,53.330599999999997,22.622199999999999,0,46.664299999999997,0,26.849599999999999,149.4667,102.80240000000001]
["E9505","Prensa dobradeira capacidade 320 t - comprimento até 3.100 mm - 30 kW",910784.29359999998,36.431399999999996,15.4537,0,31.877500000000001,0,26.849599999999999,110.6122,78.734700000000004]
["E9507","Plotadora de recorte com computador e programa computacional",95530.037100000001,14.329499999999999,1.9646999999999999,0,9.5530000000000008,0,0,25.847200000000001,16.2942]
["E9510","Ventilador centrífugo baixa pressão com capacidade de 58 m³/min - 3,68 kW",13993.2961,1.2594000000000001,0.25900000000000001,0,0.83960000000000001,0,0,2.3580000000000001,1.5184]
["E9511","Carregadeira de pneus com capacidade de 3,40 m³ - 195 kW",2162972.0343999998,151.40799999999999,40.0366,0,151.40799999999999,87.322599999999994,35.7209,465.89609999999999,227.16550000000001]
["E9512","Veículo leve - 53 kW",77948.892699999997,4.6768999999999998,1.4428000000000001,0.58460000000000001,4.6768999999999998,26.7316,30.942,69.0548,37.646299999999997]
["E9513","Compressor de ar portátil de 160,46 l/s (340 PCM) - 81 kW",319764.8492,21.317699999999999,5.7544000000000004,0,21.317699999999999,77.078999999999994,0,125.4688,27.072099999999999]
["E9514","Distribuidor de agregados sobre pneus autopropelido - 130 kW",979185.63410000002,55.953499999999998,17.261600000000001,0,48.959299999999999,138.26070000000001,35.7209,296.15600000000001,108.93600000000001]
["E9515","Escavadeira hidráulica sobre esteiras com caçamba com capacidade de 1,56 m³ - 118 kW",1199356.1544999999,83.954899999999995,22.200099999999999,0,83.954899999999995,85.867199999999997,35.7209,311.69799999999998,141.8759]
["E9516","Perfuratriz hidráulica sobre esteiras - 283 kW",7728894.0996000003,515.25959999999998,139.08789999999999,0,515.25959999999998,158.41210000000001,35.7209,1363.7401,690.0684]
["E9518","Grade de 24 discos rebocável de D = 60 cm (24\")",43217.968099999998,2.7783000000000002,0.76190000000000002,0,1.5435000000000001,0,0,5.0837000000000003,3.5402]
["E9519","Betoneira com motor a gasolina com capacidade de 600 l - 10 kW",39340.186099999999,3.1472000000000002,0.72819999999999996,0,2.3603999999999998,19.6144,26.849599999999999,52.699800000000003,30.725000000000001]
["E9521","Grupo gerador - 3,2 kVA",3578.9389000000001,0.1789,6.3100000000000003E-2,0,0.1278,4.6626000000000003,0,5.0324,0.24199999999999999]
["E9522","Caldeira de asfalto rebocável com capacidade de 1.500 l - 6,5 kW",212372.88399999999,13.6525,3.7437999999999998,0,4.5507999999999997,5.0937999999999999,0,27.040900000000001,17.3963]
["E9523","Motoscraper - 304 kW",6163422.5614,290.04340000000002,106.2556,0,326.29880000000003,272.26729999999998,35.7209,1030.586,432.01990000000001]
["E9524","Motoniveladora - 93 kW",1305799.6938,65.290000000000006,23.019400000000001,0,83.944299999999998,78.086500000000001,35.7209,286.06110000000001,124.0303]
["E9525","Ponte rolante com capacidade de 15 t e vão de até 15 m - 20 kW",3547725.2955,141.90899999999999,60.195999999999998,0,88.693100000000001,0,53.699199999999998,344.4973,255.80420000000001]
["E9526","Retroescavadeira de pneus - capacidade da caçamba da pá-carregadeira de 0,76 m³ e da retroescavadeira de 0,29 m³ - 58 kW ",486684.80060000002,34.067900000000002,9.0084999999999997,0,34.067900000000002,42.2059,35.7209,155.0711,78.797300000000007]
["E9527","Martelete perfurador/rompedor a ar comprimido de 25 kg para rocha com capacidade de 2.040 gpm",30575.2585,2.4460000000000002,0.56589999999999996,0,2.4460000000000002,0,26.849599999999999,32.307499999999997,29.861499999999999]
["E9528","Empilhadeira a diesel com capacidade de 4 t - 60 kW",588607.15650000004,47.0886,10.895099999999999,0,41.202500000000001,50.378399999999999,26.849599999999999,176.41419999999999,84.833299999999994]
["E9529","Jateador para estruturas metálicas com transportador a roletes - 22 kW",4652997.6875,310.19979999999998,83.7346,0,232.6499,0,26.849599999999999,653.43389999999999,420.78399999999999]
["E9530","Rolo compactador liso vibratório autopropelido por pneus de 11 t - 97 kW",964902.89850000001,64.326899999999995,17.3642,0,64.326899999999995,86.874799999999993,35.7209,268.61369999999999,117.41200000000001]
["E9532","Equipamento de solda MIG com acessórios - 14,6 kVA",82980.886100000003,6.6384999999999996,1.536,0,6.6384999999999996,0,0,14.813000000000001,8.1745000000000001]
["E9535","Serra circular com bancada - D = 30 cm - 4 kW",7246.5252,0.6522,0.1341,0,0.36230000000000001,0,26.849599999999999,27.998200000000001,27.635899999999999]
["E9536","Embarcação de transporte de pessoal e apoio logístico - 30 kW",154237.67000000001,2.41,0.90869999999999995,0,2.6777000000000002,67.249200000000002,42.091000000000001,115.3366,45.409700000000001]
["E9538","Conjunto vibratório para meio tubo de concreto com encaixe PB e 3 jogos de fôrmas - D = 0,30 m - 2,20 kW",15910.8578,2.1214,0.49080000000000001,0,1.5911,0,0,4.2032999999999996,2.6122000000000001]
["E9539","Equipamento de batimetria monofeixe",108602.1332,6.9816000000000003,1.9145000000000001,0,3.8786,0,36.695,49.469700000000003,45.591099999999997]
["E9540","Trator sobre esteiras com lâmina - 127 kW",1732927.0795,67.391599999999997,29.700399999999998,0,96.273700000000005,99.525300000000001,35.7209,328.61189999999999,132.81290000000001]
["E9541","Trator sobre esteiras com lâmina - 259 kW",4844957.2455000002,188.41499999999999,83.037199999999999,0,269.16430000000003,202.96899999999999,35.7209,779.30640000000005,307.17309999999998]
["E9543","Compressor de ar respirável com capacidade de até 35 MPa e 3,58 l/s - 5,52 kW",73350.040699999998,4.8899999999999997,1.32,0,4.8899999999999997,0,0,11.1,6.21]
["E9544","Vassoura mecânica rebocável com largura de 2,44 m",86514.898799999995,7.7862999999999998,1.6013999999999999,0,5.1909000000000001,0,0,14.5786,9.3877000000000006]
["E9545","Vibroacabadora de asfalto sobre esteiras - 97 kW",1625305.9811,81.265299999999996,28.651800000000001,0,104.48399999999999,103.16379999999999,45.412999999999997,362.97789999999998,155.33009999999999]
["E9547","Máquina de solda elétrica transformadora 250 A - 9,20 kW",1221.1731,9.7699999999999995E-2,2.2599999999999999E-2,0,9.7699999999999995E-2,0,0,0.218,0.1203]
["E9548","Bomba centrífuga com capacidade de 7,1 a 22 m³/h - 1,50 kW",2378.1001000000001,0.19020000000000001,4.3999999999999997E-2,0,0.16650000000000001,0,0,0.4007,0.23419999999999999]
["E9551","Obturador mecânico simples com extensão de 12 m",4901.2779,0.44109999999999999,9.0700000000000003E-2,0,0.24510000000000001,0,0,0.77690000000000003,0.53180000000000005]
["E9552","Nível ótico com capacidade de aumento de 32x",14153.5509,1.1323000000000001,0.26200000000000001,0,0.7077,0,0,2.1019999999999999,1.3943000000000001]
["E9553","Estação total eletrônica com alcance máximo de 3.000 m",49204.002999999997,4.4283999999999999,0.91080000000000005,0,2.4601999999999999,0,0,7.7994000000000003,5.3391999999999999]
["E9556","Compactador manual de placa vibratória - 3,00 kW",10609.269200000001,0.70730000000000004,0.19089999999999999,0,0.70730000000000004,5.8842999999999996,0,7.4897999999999998,0.8982]
["E9558","Tanque de estocagem de asfalto com capacidade de 30.000 l",747101.88939999999,31.129200000000001,10.803800000000001,0,19.4558,0,0,61.388800000000003,41.933]
["E9559","Aquecedor de fluido térmico - 12 kW",756652.8811,34.049399999999999,10.504200000000001,0,22.6996,10.075699999999999,0,77.328900000000004,44.553600000000003]
["E9560","Ônibus com capacidade para 80 passageiros - 175 kW",1053268.8621,45.140099999999997,18.567599999999999,7.5232999999999999,67.710099999999997,186.12020000000001,32.572499999999998,357.63380000000001,103.8035]
["E9561","GPS geodésico de simples frequência (L1)",46201.162199999999,3.6960999999999999,0.85519999999999996,0,2.3100999999999998,0,0,6.8613999999999997,4.5513000000000003]
["E9562","GPS geodésico de dupla frequência (L1/L2)",119927.7605,9.5942000000000007,2.2199,0,5.9964000000000004,0,0,17.810500000000001,11.8141]
["E9563","Perfuratriz hidráulica sobre esteiras com clamshell - 220 kW",4619448.5427000001,307.96319999999997,83.130799999999994,0,307.96319999999997,123.1472,35.7209,857.92529999999999,426.81490000000002]
["E9565","Trator sobre esteiras com lâmina e escarificador - 259 kW",4965590.0614999998,193.1063,85.104699999999994,0,275.86610000000002,202.96899999999999,35.7209,792.76700000000005,313.93189999999998]
["E9566","Guindaste móvel sobre esteiras com clamshell de 1,9 m³ - 220 kW",4438362.9590999996,155.34270000000001,75.307900000000004,0,221.91810000000001,61.573599999999999,45.412999999999997,559.55529999999999,276.06360000000001]
["E9567","Fresadora de piso de concreto - 6,7 kW",18292.6567,1.4634,0.33860000000000001,0,1.4634,13.1416,0,16.407,1.802]
["E9568","Furadeira de impacto de 12,5 mm - 0,80 kW",1496.2891999999999,0.1197,2.7699999999999999E-2,0,7.4800000000000005E-2,0,0,0.22220000000000001,0.1474]
["E9569","Guindaste móvel sobre esteiras com clamshell de 4,6 m³ - 403 kW",7233037.7407999998,87.901499999999999,42.613399999999999,0,125.5736,112.7916,90.825999999999993,459.70609999999999,221.3409]
["E9570","Furadeira com base magnética - 1,20 kW",6502.7377999999999,0.37159999999999999,0.11459999999999999,0,0.2787,0,0,0.76490000000000002,0.48620000000000002]
["E9574","Perfuratriz sobre esteiras - 145 kW",2039947.9228000001,135.9965,36.710599999999999,0,135.9965,121.7478,35.7209,466.17230000000001,208.428]
["E9576","Escavadeira hidráulica de longo alcance sobre esteiras - 103 kW",1188781.5255,83.214699999999993,22.004300000000001,0,83.214699999999993,74.951899999999995,35.7209,299.10649999999998,140.93989999999999]
["E9577","Trator agrícola sobre pneus - 77 kW",365197.66340000002,24.346499999999999,6.5720000000000001,0,21.3032,77.582700000000003,26.849599999999999,156.654,57.768099999999997]
["E9578","Conjunto vibratório para meio tubo de concreto com encaixe PB e 3 jogos de fôrmas - D = 0,40 m - 2,20 kW",17023.414700000001,2.2698,0.5252,0,1.7022999999999999,0,0,4.4973000000000001,2.7949999999999999]
["E9580","Fresadora e distribuidora com controle de greide - 287 kW",3597569.2740000002,209.85820000000001,64.741299999999995,0,299.79739999999998,289.17200000000003,45.412999999999997,908.9819,320.01249999999999]
["E9581","Carregadeira de pneus para rocha com capacidade de 1,72 m³ - 113 kW",787538.39650000003,78.753799999999998,15.618600000000001,0,78.753799999999998,120.18049999999999,35.7209,329.02760000000001,130.0933]
["E9583","Distribuidor de agregados rebocável com capacidade de 1,9 m³",92904.887799999997,8.3613999999999997,1.7197,0,5.5743,0,0,15.6554,10.081099999999999]
["E9584","Carregadeira de pneus com capacidade de 1,72 m³ - 113 kW",787538.39650000003,55.127699999999997,14.577299999999999,0,55.127699999999997,50.6023,35.7209,211.1559,105.4259]
["E9585","Motosserra com motor a gasolina - 2,30 kW",2121.4398000000001,1.5911,0.21820000000000001,0,1.5911,4.5113000000000003,26.849599999999999,34.761299999999999,28.658899999999999]
["E9586","Régua vibratória dupla com 4 m - 4,10 kW",5922.0520999999999,0.53300000000000003,0.1096,0,0.41449999999999998,8.0419,0,9.0990000000000002,0.64259999999999995]
["E9587","Serra para corte de concreto - 4 kW",13535.857400000001,1.0829,0.2505,0,0.94750000000000001,7.8456999999999999,0,10.1266,1.3333999999999999]
["E9588","Vibroacabadora de concreto sobre esteiras com fôrmas deslizantes - 205 kW",6761442.4845000003,338.07209999999998,119.19459999999999,0,434.66419999999999,218.0265,45.412999999999997,1155.3704,502.67970000000003]
["E9589","Máquina texturizadora e aplicadora de cura química em pavimento de concreto - 44,80 kW",1684103.0255,84.205200000000005,29.688300000000002,0,84.205200000000005,37.615900000000003,35.7209,271.43549999999999,149.61439999999999]
["E9590","Central de concreto com capacidade de 40 m³/h - dosadora fixa",443189.10249999998,25.325099999999999,7.8128000000000002,0,22.159500000000001,0,45.412999999999997,100.71040000000001,78.550899999999999]
["E9591","Serra para corte de concreto e asfalto - 10 kW",20921.318599999999,1.6737,0.38729999999999998,0,1.4644999999999999,19.6144,0,23.139900000000001,2.0609999999999999]
["E9593","Draga hopper com capacidade de 750 m³",288195440.63789999,2251.5268999999998,1620.7240999999999,0,5003.3931000000002,671.71199999999999,170.61840000000001,9717.9745000000003,4042.8694]
["E9594","Draga hopper com capacidade de 1.000 m³",312523068.19160002,2441.5864999999999,1757.5353,0,5425.7476999999999,806.05439999999999,199.76920000000001,10630.6931,4398.8909999999996]
["E9595","Draga hopper com capacidade de 2.000 m³",409833578.40640002,3201.8247999999999,2304.7802000000001,0,7115.1662999999999,1410.5952,199.76920000000001,14232.135700000001,5706.3742000000002]
["E9596","Draga hopper com capacidade de 3.000 m³",507144088.62120003,3962.0632000000001,2852.0252,0,8804.5848999999998,2015.136,355.13900000000001,17988.9483,7169.2273999999998]
["E9597","Draga hopper com capacidade de 4.000 m³",604454598.83599997,4722.3015999999998,3399.2701000000002,0,10494.003500000001,2619.6768000000002,416.03840000000002,21651.290400000002,8537.6100999999999]
["E9598","Draga hopper com capacidade de 5.000 m³",701765109.05079997,5482.5398999999998,3946.5149999999999,0,12183.422,3224.2175999999999,416.03840000000002,25252.732899999999,9845.0933000000005]
["E9599","Central de concreto com capacidade de 30 m³/h - dosadora RS",318560.29399999999,18.203399999999998,5.6158000000000001,0,15.928000000000001,0,45.412999999999997,85.160200000000003,69.232200000000006]
["E9601","Embarcação de transporte de pessoal e apoio logístico - 130 kW",644975.95120000001,10.0777,3.7999000000000001,0,11.1975,291.41320000000002,42.091000000000001,358.57929999999999,55.968600000000002]
["E9603","Embarcação empurradora multipropósito com guindaste hidráulico de 74 kN.m - 165 kW",2325488.1790999998,30.279800000000002,13.493,0,67.288399999999996,175.48480000000001,137.48670000000001,424.03269999999998,181.2595]
["E9606","Embarcação rebocadora - 2 x 268 kW",1178066.8877999999,15.339399999999999,6.8353999999999999,0,34.087600000000002,571.12310000000002,137.48670000000001,764.87220000000002,159.66149999999999]
["E9607","Conjunto de britagem para rachão com capacidade de 80 m³/h - 224 kW",2343996.9959999998,133.9427,41.321300000000001,0,100.45699999999999,0,45.412999999999997,321.13400000000001,220.67699999999999]
["E9609","Draga de sucção para extração de areia com tubo de descarga de 150 mm - 100 kW",665355.06469999999,5.1981000000000002,3.7418,0,11.551299999999999,83.963999999999999,35.712699999999998,140.1679,44.6526]
["E9610","Compressor de ar portátil de 42,48 l/s (90 PCM) - 18,50 kW",119046.92849999999,7.9364999999999997,2.1423000000000001,0,7.9364999999999997,17.604500000000002,0,35.619799999999998,10.078799999999999]
["E9611","Conjunto de britagem com capacidade de 80 m³/h - 313 kW",8552385.6094000004,488.70769999999999,150.7663,0,366.5308,0,45.412999999999997,1051.4177999999999,684.88699999999994]
["E9612","Plataforma flutuante montada na obra de 12 x 24 x 1,8 m com capacidade de 150 t",666192.85320000001,5.2046000000000001,3.7465000000000002,0,8.6744000000000003,0,58.301600000000001,75.927099999999996,67.252700000000004]
["E9613","Guindaste móvel sobre esteiras com pinça com capacidade de 40 t - 186 kW",7653638.4927000003,267.87729999999999,129.8631,0,382.68189999999998,52.057699999999997,45.412999999999997,877.89300000000003,443.15339999999998]
["E9614","Bomba com capacidade de 136 m³/h e câmara de vácuo - 5,60 kW",11908.2559,0.95269999999999999,0.22040000000000001,0,0.83360000000000001,0,0,2.0066999999999999,1.1731]
["E9615","Usina misturadora de solos com capacidade de 300 t/h - 44 kW",1489513.9683999999,85.115099999999998,26.257999999999999,0,74.475700000000003,0,35.7209,221.56970000000001,147.09399999999999]
["E9617","Usina misturadora de pré-misturado a frio com capacidade de 60 t/h - 23,50 kW",259576.71590000001,14.833,4.5759999999999996,0,12.9788,0,35.7209,68.108699999999999,55.129899999999999]
["E9618","Batelão autopropelido com capacidade de 300 m³ - 224 kW",23136534.7533,180.7542,130.1129,0,401.67599999999999,75.231700000000004,105.7381,893.51289999999995,416.60520000000002]
["E9619","Batelão autopropelido com capacidade de 500 m³ - 373 kW",28383110.536400001,221.7431,159.61799999999999,0,492.76229999999998,125.2743,105.7381,1105.1358,487.0992]
["E9620","Pontão flutuante de 15 x 30 x 1,8 m com capacidade de 500 t",3287984.3442000002,25.6874,18.490600000000001,0,42.8123,0,29.1508,116.14109999999999,73.328800000000001]
["E9621","Bomba de injeção de argamassa e nata com capacidade de 1,08 m³/h (18 l/min) e misturador com tambor de 0,100 m³ - 6,20 kW",51543.910400000001,4.1234999999999999,0.95409999999999995,0,4.1234999999999999,0,26.849599999999999,36.050699999999999,31.927199999999999]
["E9622","Máquina de bancada universal para corte de chapa - 1,50 kW",109705.6505,6.2689000000000004,1.9339999999999999,0,4.7016999999999998,0,0,12.9046,8.2028999999999996]
["E9623","Máquina de bancada guilhotina - 4,00 kW",128783.04949999999,7.359,2.2703000000000002,0,5.5193000000000003,0,0,15.1486,9.6293000000000006]
["E9624","Draga hopper com capacidade de 10.000 m³",1188317660.1249001,9283.7317000000003,6682.7394999999997,0,20630.514899999998,5508.0384000000004,550.92729999999995,42655.951800000003,16517.398499999999]
["E9625","Draga hopper com capacidade de 15.000 m³",1674870211.1989,13084.923500000001,9418.9640999999992,0,29077.607800000002,7926.2016000000003,580.47709999999995,60088.174099999997,23084.364699999998]
["E9626","Draga hopper com capacidade de 20.000 m³",2161422762.2729998,16886.115300000001,12155.188700000001,0,37524.700700000001,10411.536,609.62789999999995,77587.168600000005,29650.9319]
["E9627","Embarcação hotel com capacidade para 15 pessoas - 199 kW",2534871.0030999999,26.404900000000001,11.766299999999999,0,58.677599999999998,211.64529999999999,60.8994,369.39350000000002,99.070599999999999]
["E9628","Fábrica de pré-moldado de concreto para balizador - 2,20 kW",14350.657800000001,1.9134,0.44269999999999998,0,1.4351,0,0,3.7911999999999999,2.3561000000000001]
["E9629","Compressor de ar portátil de 185,95 l/s (394 PCM) - 81,50 kW",350894.4387,23.393000000000001,6.3146000000000004,0,23.393000000000001,77.554699999999997,0,130.65530000000001,29.707599999999999]
["E9630","Bomba submersível com capacidade de 75 m³/h - 3,6 kW",6262.2047000000002,0.501,0.1159,0,0.43840000000000001,0,0,1.0552999999999999,0.6169]
["E9631","Bomba para concreto projetado via seca com capacidade de 6 m³/h - 7,5 kW",293419.90899999999,23.473600000000001,5.4311999999999996,0,20.539400000000001,0,45.412999999999997,94.857200000000006,74.317800000000005]
["E9632","Conjunto vibratório para tubos de concreto com encaixe PB e 3 jogos de fôrmas - D = 0,20 m - 2,20 kW",49843.7405,6.6458000000000004,1.5377000000000001,0,4.9843999999999999,0,0,13.167899999999999,8.1835000000000004]
["E9633","Conjunto vibratório para tubos de concreto com encaixe PB e 3 jogos de fôrmas - D = 0,30 m - 2,20 kW",56979.450299999997,7.5972999999999997,1.7578,0,5.6978999999999997,0,0,15.053000000000001,9.3551000000000002]
["E9634","Conjunto vibratório para tubos de concreto com encaixe PB e 3 jogos de fôrmas - D = 0,40 m - 2,20 kW",62542.234900000003,8.3390000000000004,1.9294,0,6.2542,0,0,16.522600000000001,10.2684]
["E9635","Draga de sucção e recalque com potência da bomba de 294 kW e cortador de 30 kW",8840373.4136999995,69.065399999999997,49.715600000000002,0,153.4787,246.85419999999999,64.863500000000002,583.97739999999999,183.64449999999999]
["E9636","Draga de sucção e recalque com potência da bomba de 483 kW e cortador de 55 kW",14807270.015699999,115.6818,83.271600000000007,0,257.07069999999999,405.54610000000002,64.863500000000002,926.43370000000004,263.81689999999998]
["E9637","Draga de sucção e recalque com potência da bomba de 746 kW e cortador de 110 kW",27686858.484700002,216.30359999999999,155.70249999999999,0,480.6746,626.37139999999999,94.014300000000006,1573.0663999999999,466.0204]
["E9638","Draga de sucção e recalque com potência da bomba de 1.350 kW e cortador de 170 kW",42269065.5229,330.22710000000001,237.70849999999999,0,733.83789999999999,1133.5139999999999,94.014300000000006,2529.3018000000002,661.94989999999996]
["E9639","Embarcação hotel com capacidade para 30 pessoas - 2 x 112 kW",4045617.5131000001,42.141800000000003,18.7789,0,93.648600000000002,238.23390000000001,137.48670000000001,530.28989999999999,198.4074]
["E9640","Compressor de ar portátil de 33,51 l/s (71 PCM) - 14 kW",107880.57769999999,7.1920000000000002,1.9414,0,7.1920000000000002,13.3223,0,29.6477,9.1334]
["E9641","Compressor de ar portátil de 75,04 l/s (159 PCM) - 33 kW",158662.19889999999,10.577500000000001,2.8553000000000002,0,10.577500000000001,31.4025,0,55.412799999999997,13.4328]
["E9642","Perfuratriz hidráulica sobre esteiras para estaca raiz - 56 kW",1836676.0744,122.4451,33.052500000000002,0,122.4451,31.346599999999999,35.7209,345.0102,191.21850000000001]
["E9643","Equipamento para pintura a ar comprimido de pistola com caneca com capacidade de 1.000 ml e compressor de 1,50 kW",3120.9429,0.28089999999999998,5.7799999999999997E-2,0,0.156,0,0,0.49469999999999997,0.3387]
["E9646","Compressor de ar portátil de 58,52 l/s (124 PCM) - 27 kW",129229.25440000001,8.6152999999999995,2.3256000000000001,0,8.6152999999999995,25.693000000000001,0,45.249200000000002,10.940899999999999]
["E9647","Compactador manual com soquete vibratório - 4,10 kW",12664.598099999999,0.84430000000000005,0.22789999999999999,0,0.84430000000000005,8.0419,0,9.9583999999999993,1.0722]
["E9648","Compressor de ar portátil de 422,86 l/s (896 PCM) - 213 kW",813517.90190000006,54.234499999999997,14.639900000000001,0,54.234499999999997,202.6891,0,325.798,68.874399999999994]
["E9649","Compressor de ar portátil de 94,39 l/s (200 PCM) - 36 kW",203124.9762,13.541700000000001,3.6554000000000002,0,13.541700000000001,34.257300000000001,0,64.996099999999998,17.197099999999999]
["E9651","Guindaste móvel sobre esteiras com Hammer Grab - 186 kW",4081415.1200999999,142.84950000000001,69.251400000000004,0,204.07079999999999,52.057699999999997,45.412999999999997,513.64239999999995,257.51389999999998]
["E9652","Compressor de ar portátil de 540,85 l/s (1.146 PCM) - 331,10 kW",922492.04650000005,61.499499999999998,16.600999999999999,0,61.499499999999998,315.07209999999998,0,454.6721,78.100499999999997]
["E9653","Guindaste móvel sobre esteiras com trado para escavação em solos - 186 kW",5951359.2940999996,208.29759999999999,100.97969999999999,0,297.56799999999998,52.057699999999997,45.412999999999997,704.31600000000003,354.69029999999998]
["E9654","Guindaste móvel sobre esteiras com trado com bits escavação em rocha - 186 kW",5951359.2940999996,208.29759999999999,100.97969999999999,0,297.56799999999998,52.057699999999997,45.412999999999997,704.31600000000003,354.69029999999998]
["E9656","Guindaste móvel sobre esteiras com caçamba para escavação em solos - 186 kW",5934479.1564999996,207.70679999999999,100.69329999999999,0,296.72399999999999,52.057699999999997,45.412999999999997,702.59479999999996,353.81310000000002]
["E9657","Guindaste móvel sobre esteiras com caçamba para escavação em rocha - 186 kW",5934479.1564999996,207.70679999999999,100.69329999999999,0,296.72399999999999,52.057699999999997,45.412999999999997,702.59479999999996,353.81310000000002]
["E9660","Guindaste móvel sobre esteiras com capacidade de 40 t - 186 kW",3704260.0677999998,129.6491,62.851999999999997,0,185.21299999999999,52.057699999999997,45.412999999999997,475.1848,237.91409999999999]
["E9661","Compressor de ar portátil de 89,67 l/s (190 PCM) - 36 kW",171391.3481,11.4261,3.0842999999999998,0,11.4261,34.257300000000001,0,60.193800000000003,14.510400000000001]
["E9662","Equipamento para solda e corte com oxiacetileno",3017.4856,0.2414,5.5899999999999998E-2,0,0.2414,0,0,0.53869999999999996,0.29730000000000001]
["E9664","Guindaste móvel sobre esteiras com capacidade de 80 t - 212 kW",6422650.2653000001,224.7928,108.97629999999999,0,321.13249999999999,59.334600000000002,45.412999999999997,759.64919999999995,379.18209999999999]
["E9668","Mesa vibratória - 2,20 kW",13391.9015,1.7856000000000001,0.41310000000000002,0,1.3391999999999999,0,0,3.5379,2.1987000000000001]
["E9671","Compressor de ar portátil de 363,87 l/s (771 PCM) - 158,13 kW",569305.65650000004,37.953699999999998,10.245100000000001,0,37.953699999999998,150.4752,0,236.6277,48.198799999999999]
["E9673","Equipamento de batimetria multifeixe",2097138.7797999999,67.408000000000001,18.4848,0,74.897800000000004,0,73.39,234.1806,159.28280000000001]
["E9674","Equipamento de medição de descarga líquida com ADCP",431155.77980000002,13.858599999999999,3.8003,0,15.398400000000001,0,73.39,106.4473,91.048900000000003]
["E9675","Martelete perfurador/rompedor elétrico - 1,50 kW",7274.5482000000002,0.58199999999999996,0.13469999999999999,0,0.58199999999999996,0,0,1.2987,0.7167]
["E9676","Embarcação de transporte de pessoal e apoio logístico - 90 kW",654633.87549999997,10.2287,3.8567999999999998,0,11.3652,201.74760000000001,42.091000000000001,269.28930000000003,56.176499999999997]
["E9677","Martelete perfurador/rompedor a ar comprimido de 10 kg com capacidade de 1.800 gpm",24479.075199999999,1.9582999999999999,0.4531,0,1.9582999999999999,0,26.849599999999999,31.2193,29.260999999999999]
["E9678","Fresadora a frio - 455 kW",5785257.7631999999,337.47340000000003,104.1105,0,482.10480000000001,458.4434,45.412999999999997,1427.5451,486.99689999999998]
["E9681","Rolo compactador liso tandem vibratório autopropelido de 10,4 t - 82 kW",931696.71490000002,62.113100000000003,16.7667,0,62.113100000000003,123.93089999999999,35.7209,300.6447,114.6007]
["E9682","Rolo compactador liso tandem vibratório autopropelido de 1,6 t - 18 kW",324286.34610000002,21.6191,5.8357999999999999,0,21.6191,27.2043,35.7209,111.9992,63.175800000000002]
["E9683","Martelete perfurador/rompedor elétrico - 0,90 kW",5052.1881999999996,0.4042,9.35E-2,0,0.4042,0,0,0.90190000000000003,0.49769999999999998]
["E9684","Veículo leve picape 4 x 4 com capacidade de 1,10 t - 147 kW",269362.08590000001,16.1617,4.9859,2.0202,16.1617,41.142400000000002,30.942,111.4139,54.1098]
["E9685","Rolo compactador pé de carneiro vibratório autopropelido por pneus de 11,6 t - 82 kW",792233.39939999999,52.815600000000003,14.2569,0,52.815600000000003,73.4405,35.7209,229.04949999999999,102.79340000000001]
["E9689","Usina de asfalto a quente gravimétrica com capacidade de 100/140 t/h - 260 kW",9097819.2939999998,454.89100000000002,160.38159999999999,0,584.85979999999995,0,45.412999999999997,1245.5454,660.68560000000002]
["E9691","Guincho tracionador de cordoalhas - 7,50 kW",393606.29849999998,31.488499999999998,7.2857000000000003,0,19.680299999999999,0,26.849599999999999,85.304100000000005,65.623800000000003]
["E9692","Caldeira para aquecimento e injeção de cera - 1 kW",117238.6437,7.5368000000000004,2.0667,0,2.5123000000000002,0,26.849599999999999,38.965400000000002,36.453099999999999]
["E9694","Misturador de argamassa de alta turbulência com capacidade de 220 l - 13 kW",33541.008900000001,2.6833,0.62080000000000002,0,2.3479000000000001,0,26.849599999999999,32.501600000000003,30.153700000000001]
["E9697","Minicarregadeira de pneus com vassoura de 1,68 m - 45,50 kW",427649.45260000002,29.935500000000001,7.9157999999999999,0,29.935500000000001,63.672699999999999,35.7209,167.18039999999999,73.572199999999995]
["E9699","Trituradora de galhos e troncos rebocável com capacidade de até 350 mm de diâmetro com guincho - 96,94 kW",421857.01909999998,47.4589,14.6411,0,52.732100000000003,81.3947,26.849599999999999,223.07640000000001,88.949600000000004]
["E9700","Fresadora a frio - 155 kW",3087509.6258999999,180.10470000000001,55.5623,0,257.29250000000002,156.173,45.412999999999997,694.54549999999995,281.08]
["E9701","Jateador pressurizado multiabrasivo com capacidade de 280 l",28043.4228,2.5238999999999998,0.51910000000000001,0,2.5238999999999998,0,26.849599999999999,32.416499999999999,29.892600000000002]
["E9703","Fábrica de pré-moldado de concreto para mourão - 2,20 kW",14350.657800000001,1.9134,0.44269999999999998,0,1.4351,0,0,3.7911999999999999,2.3561000000000001]
["E9704","Batelão sem propulsão montado na obra com capacidade de 66 m³",222745.15169999999,1.7402,1.2526999999999999,0,2.9003000000000001,0,29.1508,35.043999999999997,32.143700000000003]
["E9705","Misturador de lama bentonítica - 4 kW",17725.704900000001,1.4180999999999999,0.3281,0,1.2407999999999999,0,26.849599999999999,29.836600000000001,28.595800000000001]
["E9706","Martelete perfurador/rompedor a ar comprimido de 28 kg para concreto com capacidade de 1.230 gpm",26915.3832,2.1532,0.49819999999999998,0,2.1532,0,26.849599999999999,31.654199999999999,29.501000000000001]
["E9707","Desarenador - 15 kW",14349.003500000001,1.1478999999999999,0.2656,0,1.1478999999999999,0,26.849599999999999,29.411000000000001,28.263100000000001]
["E9708","Microtrator com roçadeira - 10 kW",51660.578699999998,3.444,0.92969999999999997,0,3.0135000000000001,8.3963999999999999,26.849599999999999,42.633200000000002,31.223299999999998]
["E9710","Socadora automática de linha - 253 kW",34987116.169,1399.4846,593.64390000000003,0,1399.4846,169.94309999999999,90.825999999999993,3653.3822,2083.9544999999998]
["E9712","Reguladora e distribuidora de lastro - 300 kW",15359908.748500001,614.3963,260.61930000000001,0,614.3963,201.5136,90.825999999999993,1781.7515000000001,965.84159999999997]
["E9714","Bate-estaca com martelo hidráulico - 450 kW",3419234.7683000001,195.38480000000001,60.276200000000003,0,146.5386,327.45960000000002,35.7209,765.38009999999997,291.38189999999997]
["E9716","Conjunto bomba e macaco hidráulico para protensão com capacidade de 590 kN - 3,70 kW",15790.1039,0.90229999999999999,0.27839999999999998,0,0.90229999999999999,0,45.412999999999997,47.496000000000002,46.593699999999998]
["E9717","Máquina policorte - 2,20 kW",1079.1573000000001,9.7100000000000006E-2,0.02,0,5.3999999999999999E-2,0,0,0.1711,0.1171]
["E9718","Pórtico duplo de descarga e posicionamento de dormente - 89 kW",10142546.344000001,405.70190000000002,172.09370000000001,0,304.27640000000002,59.782400000000003,90.825999999999993,1032.6804,668.62159999999994]
["E9719","Talha manual com capacidade de 3 t",8263.9814999999999,0.3306,0.14019999999999999,0,0.20660000000000001,0,0,0.6774,0.4708]
["E9720","Conjunto bomba e macaco hidráulico para protensão com capacidade de 250 kN - 3,70 kW",12479.2819,0.71309999999999996,0.22,0,0.71309999999999996,0,45.412999999999997,47.059199999999997,46.3461]
["E9721","Conjunto bomba e macaco hidráulico para protensão com capacidade de 1.150 kN - 5 kW",25977.214899999999,1.4843999999999999,0.45789999999999997,0,1.4843999999999999,0,45.412999999999997,48.839700000000001,47.3553]
["E9722","Conjunto bomba e macaco hidráulico para protensão com capacidade de 2.000 kN - 5 kW",41427.806700000001,2.3673000000000002,0.73029999999999995,0,2.3673000000000002,0,45.412999999999997,50.877899999999997,48.510599999999997]
["E9723","Conjunto bomba e macaco hidráulico para protensão com capacidade de 2.500 kN - 7 kW",48898.3963,2.7942,0.86199999999999999,0,2.7942,0,45.412999999999997,51.863399999999999,49.069200000000002]
["E9724","Conjunto bomba e macaco hidráulico para protensão com capacidade de 4.000 kN - 10 kW",52294.106899999999,2.9882,0.92190000000000005,0,2.9882,0,45.412999999999997,52.311300000000003,49.323099999999997]
["E9725","Conjunto bomba e macaco hidráulico para protensão com capacidade de 5.400 kN - 10 kW",55859.625200000002,3.1920000000000002,0.98470000000000002,0,3.1920000000000002,0,45.412999999999997,52.781700000000001,49.589700000000001]
["E9726","Bate-estaca Strauss - 15 kW",129967.3414,7.4267000000000003,2.2911000000000001,0,5.57,10.9153,35.7209,61.923999999999999,45.438699999999997]
["E9727","Posicionadora de trilhos - 7,40 kW",732605.41810000001,41.863199999999999,12.9148,0,36.630299999999998,4.9706999999999999,0,96.379000000000005,54.777999999999999]
["E9728","Tirefonadora/parafusadora portátil - 3,10 kW",52039.585899999998,4.1631999999999998,0.96330000000000005,0,4.1631999999999998,4.8643999999999998,0,14.1541,5.1265000000000001]
["E9729","Equipamento para pintura eletrostática com cabine simples de 5,50 kW e estufa de 2x120.000 kCal",159347.3371,12.140700000000001,3.2772000000000001,0,12.140700000000001,0,0,27.558599999999998,15.417899999999999]
["E9730","Grupo vibrador com gerador - 2,80 kW",86104.589300000007,4.3052000000000001,1.5179,0,3.0752000000000002,4.3936000000000002,0,13.2919,5.8231000000000002]
["E9731","Máquina de furar dormente portátil - 1,50 kW",81903.006699999998,6.5522,1.516,0,6.5522,2.3536999999999999,0,16.9741,8.0681999999999992]
["E9732","Máquina para furar dormente - 6,70 kW",82180.512900000002,6.5743999999999998,1.5212000000000001,0,6.5743999999999998,10.513299999999999,0,25.183299999999999,8.0955999999999992]
["E9733","Máquina tirefonadora e parafusadora - 6,70 kW",84398.6198,6.7519,1.5622,0,6.7519,10.513299999999999,0,25.5793,8.3140999999999998]
["E9734","Bomba projetora de argamassa com capacidade de 2 m³/h - 5,50 kW",159611.83300000001,12.7689,2.9544000000000001,0,11.172800000000001,0,26.849599999999999,53.745699999999999,42.572899999999997]
["E9735","Máquina para serrar trilho - 5,00 kW",32933.210299999999,2.6347,0.60960000000000003,0,2.6347,7.8456999999999999,0,13.7247,3.2443]
["E9736","Máquina para furar trilho - 1,20 kW",42978.807399999998,3.4382999999999999,0.79549999999999998,0,3.4382999999999999,1.883,0,9.5550999999999995,4.2337999999999996]
["E9737","Conjunto para pré-aquecimento de trilho em solda aluminotérmica",4129.8236999999999,0.33040000000000003,7.6399999999999996E-2,0,0.33040000000000003,0,0,0.73719999999999997,0.40679999999999999]
["E9738","Máquina de esmerilhar topo e lateral de boleto - 5,20 kW",86735.341899999999,6.9387999999999996,1.6054999999999999,0,6.9387999999999996,8.1595999999999993,0,23.642700000000001,8.5442999999999998]
["E9742","Trator agrícola sobre pneus com roçadeira articulada e capacidade de 1,12 m - 77 kW",709868.36399999994,47.324599999999997,12.774699999999999,0,41.408999999999999,77.582700000000003,26.849599999999999,205.94059999999999,86.948899999999995]
["E9745","Trator agrícola sobre pneus com roçadeira de arraste e capacidade de 1,50 m - 77 kW",390803.95169999998,26.053599999999999,7.0327999999999999,0,22.796900000000001,77.582700000000003,26.849599999999999,160.31559999999999,59.936]
["E9746","Conjunto bomba e prensa para luva de emenda de 25 mm",26316.789499999999,2.1053000000000002,0.48709999999999998,0,1.3158000000000001,0,26.849599999999999,30.7578,29.442]
["E9747","Conjunto bomba e prensa para luva de emenda de 32 mm",27632.619500000001,2.2105999999999999,0.51149999999999995,0,1.3815999999999999,0,26.849599999999999,30.953299999999999,29.5717]
["E9748","Rosqueadeira para rosca cônica - 0,75 kW",6084.5634,0.34770000000000001,0.10730000000000001,0,0.34770000000000001,0,26.849599999999999,27.6523,27.304600000000001]
["E9749","Jateador portátil multiabrasivo com capacidade de 300 kg",8076.5330000000004,0.72689999999999999,0.14949999999999999,0,0.72689999999999999,0,26.849599999999999,28.4529,27.725999999999999]
["E9750","Bomba de injeção de argamassa com capacidade de 50 l/min",44727.733800000002,3.5781999999999998,0.82789999999999997,0,3.1309,0,0,7.5369999999999999,4.4061000000000003]
["E9753","Grupo gerador - 23 kVA",86199.1,4.3099999999999996,1.5196000000000001,0,3.0785,19.143799999999999,0,28.0519,5.8296000000000001]
["E9754","Grupo gerador - 68 kVA",118024.1976,5.9012000000000002,2.0806,0,4.2150999999999996,57.431399999999996,0,69.628299999999996,7.9817999999999998]
["E9755","Bomba de alta pressão para jet grouting de até 45 MPa - 150 kW",1818762.4918,145.501,33.665300000000002,0,145.501,159.5316,26.849599999999999,511.04849999999999,206.01589999999999]
["E9756","Calandra para chapas de aço até 25 mm - 22 kW",1105505.5247,44.220199999999998,18.7577,0,38.692700000000002,0,26.849599999999999,128.52019999999999,89.827500000000001]
["E9758","Vibroacabadora de asfalto sobre pneus - 97 kW",1196386.3652999999,68.364900000000006,21.090599999999998,0,76.910600000000002,103.16379999999999,45.412999999999997,314.94290000000001,134.86850000000001]
["E9760","Perfuratriz manual para coroa diamantada - 1,60 kW",19763.7114,1.5810999999999999,0.36580000000000001,0,1.5810999999999999,0,0,3.528,1.9469000000000001]
["E9761","Guincho de coluna com capacidade de 200 kg - 0,92 kW",5109.5856999999996,0.4088,9.4600000000000004E-2,0,0.30659999999999998,0,0,0.81,0.50339999999999996]
["E9762","Rolo compactador de pneus autopropelido de 27 t - 85 kW",1081814.3037,72.120999999999995,19.4681,0,72.120999999999995,61.853499999999997,35.7209,261.28449999999998,127.31]
["E9763","Grupo gerador - 40 kVA",100372.9869,5.0186000000000002,1.7694000000000001,0,3.5847000000000002,34.0334,0,44.406100000000002,6.7880000000000003]
["E9764","Grupo gerador - 7,2 kVA",7587.6732000000002,0.37940000000000002,0.1338,0,0.27100000000000002,10.4909,0,11.2751,0.51319999999999999]
["E9765","Grupo gerador - 569 kVA",431857.4927,21.5929,7.6130000000000004,0,15.423500000000001,483.91250000000002,0,528.54190000000006,29.2059]
["E9766","Prensa hidráulica para fabricação de blocos pré-moldados - 20 kW",664586.86620000005,45.097000000000001,11.7157,0,37.976399999999998,0,26.849599999999999,121.6387,83.662300000000002]
["E9767","Compressor de ar portátil de 9,44 l/s (20 PCM) a gasolina - 5,22 kW",13625.0748,0.9083,0.2452,0,0.9083,10.2387,0,12.3005,1.1535]
["E9768","Compressor de ar portátil de 373,78 l/s (792 PCM) - 213,30 kW",667322.55500000005,44.488199999999999,12.009,0,44.488199999999999,202.97460000000001,0,303.95999999999998,56.497199999999999]
["E9769","Cunha hidráulica com três cilindros e acessórios com capacidade de 3.000 kN - 5,60 kW",262846.3676,21.027699999999999,4.8653000000000004,0,21.027699999999999,5.9558,26.849599999999999,79.726100000000002,52.742600000000003]
["E9770","Retroescavadeira de pneus com caçamba de escavação trapezoidal ou triangular com seção de corte inferior a 0,10 m² - 58 kW",486684.80060000002,34.067900000000002,9.0084999999999997,0,34.067900000000002,42.2059,35.7209,155.0711,78.797300000000007]
["E9771","Retroescavadeira de pneus com caçamba de escavação trapezoidal ou triangular com seção de corte de 0,10 a 0,15 m² - 58 kW",486684.80060000002,34.067900000000002,9.0084999999999997,0,34.067900000000002,42.2059,35.7209,155.0711,78.797300000000007]
["E9772","Retroescavadeira de pneus com caçamba de escavação trapezoidal ou triangular com seção de corte de 0,15 a 0,20 m² - 58 kW",486684.80060000002,34.067900000000002,9.0084999999999997,0,34.067900000000002,42.2059,35.7209,155.0711,78.797300000000007]
["E9773","Retroescavadeira de pneus com caçamba de escavação trapezoidal ou triangular com seção de corte de 0,20 a 0,30 m² - 58 kW",486684.80060000002,34.067900000000002,9.0084999999999997,0,34.067900000000002,42.2059,35.7209,155.0711,78.797300000000007]
["E9774","Retroescavadeira de pneus com caçamba de escavação trapezoidal ou triangular com seção de corte de 0,30 a 0,50 m² - 58 kW",486684.80060000002,34.067900000000002,9.0084999999999997,0,34.067900000000002,42.2059,35.7209,155.0711,78.797300000000007]
["E9775","Escavadeira hidráulica com martelo hidráulico de 1.700 kg - 103 kW",2091555.3541999999,239.03489999999999,41.48,0,298.79360000000003,74.951899999999995,35.7209,689.98130000000003,316.23579999999998]
["E9776","Grupo gerador - 174 kVA",195896.69949999999,9.7948000000000004,3.4533999999999998,0,6.9962999999999997,147.83260000000001,0,168.0771,13.248200000000001]
["E9777","Extrusora de barreira de concreto - 74 kW",5817119.898,407.19839999999999,107.67489999999999,0,523.54079999999999,62.133400000000002,35.7209,1136.2683999999999,550.5942]
["E9778","Grupo gerador - 338 kVA",261778.6991,13.088900000000001,4.6147999999999998,0,9.3491999999999997,287.15690000000001,0,314.20979999999997,17.703700000000001]
["E9779","Grupo gerador - 113 kVA",127577.2991,6.3788999999999998,2.2490000000000001,0,4.5563000000000002,95.718999999999994,0,108.9032,8.6279000000000003]
["E9780","Misturador automático para grauteamento com capacidade de 20 m³/h - 7 kW",272489.4472,21.799199999999999,5.0438000000000001,0,21.799199999999999,7.4447999999999999,26.849599999999999,82.936599999999999,53.692599999999999]
["E9781","Misturador com bomba para grauteamento tipo Flex E ou similar - 25 kW",636880.38800000004,50.950400000000002,11.7887,0,50.950400000000002,0,26.849599999999999,140.53909999999999,89.588700000000003]
["E9782","Perfuratriz pneumática com avanço de coluna de 33,5 kg com capacidade de 2.280 gpm",57461.143600000003,4.5968999999999998,1.0636000000000001,0,4.5968999999999998,0,26.849599999999999,37.106999999999999,32.510100000000001]
["E9784","Plataforma autopropelida com alcance de 12 m com capacidade de 700 kg - 24 kW",657482.59609999997,43.8322,11.831899999999999,0,43.8322,20.151399999999999,26.849599999999999,146.4973,82.5137]
["E9785","Guindaste móvel sobre pneus com 2 eixos com capacidade máxima de 55 t - 186 kW",2559283.7344999998,127.96420000000001,45.116500000000002,18.2806,164.52539999999999,52.057699999999997,35.803400000000003,443.74779999999998,227.16470000000001]
["E9788","Misturador de argamassa com capacidade de 0,250 m³ - 3,70 kW",25101.015800000001,2.0081000000000002,0.46460000000000001,0,2.0081000000000002,3.9350999999999998,26.849599999999999,35.265500000000003,29.322299999999998]
["E9789","Carro manual modelo plataforma de 150 x 80 cm com capacidade de 800 kg",1544.4407000000001,0.27800000000000002,5.7200000000000001E-2,0,0.15440000000000001,0,0,0.48959999999999998,0.3352]
["E9790","Bomba para concreto projetado via úmida com capacidade de 10 m³/h - 14,70 kW",368270.93699999998,29.4617,6.8167,0,29.4617,15.6341,45.412999999999997,126.7872,81.691400000000002]
["E9791","Bomba pneumática para injeção de resina com capacidade de 0,18 m³/h",49081.389199999998,3.9264999999999999,0.90849999999999997,0,3.4357000000000002,0,0,8.2706999999999997,4.835]
["E9793","Robot para concreto projetado com capacidade de 30 m³/h - 70 kW - com compressor diesel",5282202.8428999996,422.57619999999997,97.773600000000002,0,422.57619999999997,74.448099999999997,45.412999999999997,1062.7871,565.76279999999997]
["E9795","Perfuratriz de superfície sobre pneus com martelo de topo e controle remoto via rádio - 60 kW",2246885.6480999999,149.79239999999999,40.434600000000003,0,149.79239999999999,50.378399999999999,35.7209,426.11869999999999,225.9479]
["E9797","Jumbo eletro-hidráulico com 3 braços - 155 kW/237 kW",13587361.858999999,905.82410000000004,244.51589999999999,0,1132.2801999999999,182.20189999999999,45.412999999999997,2510.2350999999999,1195.7529999999999]
["E9798","Perfuratriz hidráulica rotopercussiva - 123 kW",2412286.173,160.81909999999999,43.411099999999998,0,160.81909999999999,103.2757,35.7209,504.04590000000002,239.9511]
["E9013","Caminhão tanque de asfalto com capacidade de 31.000 l - 368 kW",{"$nulls":7},600.20429999999999,126.14790000000001]
["A9335","Cavalo mecânico estradeiro 8 x 2, PBT 29.000 kg - 368 kW - condição de trabalho severa - motorista de veículo especial",1108172.2775000001,47.493099999999998,19.535499999999999,7.9154999999999998,71.239599999999996,391.38420000000002,35.803400000000003,573.37130000000002,110.7475]
["A9364","Tanque isotérmico de asfalto com capacidade de 31.000 l",285814.88,11.432600000000001,3.9678,0,11.432600000000001,0,0,26.832999999999998,15.400399999999999]
["E9018","Cavalo mecânico com dolly intermediário e semirreboque de 4 eixos com capacidade de 52 t - 364 kW",{"$nulls":7},547.66740000000004,157.9864]
["A9324","Cavalo mecânico estradeiro 6 x 4, PBT 23.000 kg - 364 kW - motorista de veículo especial",945726.79680000001,40.531100000000002,16.671800000000001,6.7552000000000003,60.796700000000001,285.25369999999998,35.803400000000003,445.81189999999998,99.761499999999998]
["A9355","Semirreboque com 4 eixos",491470,32.764699999999998,16.4253,0,36.860300000000002,0,0,86.050299999999993,49.19]
["A9382","Dolly intermediário com 2 eixos para semirreboque",90270,6.0179999999999998,3.0169000000000001,0,6.7702999999999998,0,0,15.805199999999999,9.0349000000000004]
["E9027","Caminhão distribuidor de cimento e cal com capacidade de 15 m³ - 210 kW",{"$nulls":7},401.1447,139.91849999999999]
["A9333","Caminhão plataforma 8 x 4, PBT 29.000 kg e distância entre eixos 4,6 m - 210 kW - motorista de veículo especial",787528.34550000005,33.751199999999997,13.882999999999999,5.6252000000000004,50.626800000000003,164.5694,35.803400000000003,304.25900000000001,89.062799999999996]
["A9365","Distribuidor de cimento e cal montado sobre chassi com capacidade de 15 m³",542130.527,40.915500000000002,9.9402000000000008,0,46.03,0,0,96.8857,50.855699999999999]
["E9037","Plataforma de inspeção sob pontes montada em caminhão com capacidade de 500 kg e alcance de 15 m - 236 kW",{"$nulls":7},859.22450000000003,341.09570000000002]
["A9334","Caminhão plataforma 8 x 2, PBT 29.000 kg e distância entre eixos 4,8 m - 236 kW - condição de trabalho severa - motorista de veículo especial",757732.93909999996,32.474299999999999,13.357699999999999,5.4123999999999999,48.711399999999998,250.99639999999999,35.803400000000003,386.75560000000002,87.047799999999995]
["A9378","Plataforma telescópica para inspeção de pontes montada sobre chassi com capacidade de 500 kg",3397659.8615000001,194.15199999999999,59.895899999999997,0,218.42099999999999,0,0,472.46890000000002,254.0479]
["E9041","Caminhão guindauto com capacidade de elevação de 11,9 t e carroceria de 11,5 t - 188 kW",{"$nulls":7},373.28320000000002,108.6039]
["A9313","Caminhão plataforma 6 x 2, PBT 23.000 kg e distância entre eixos 5,2 m - 188 kW - motorista de veículo especial",659082.69839999999,28.246400000000001,11.6187,4.7077,42.369599999999998,199.94630000000001,35.803400000000003,322.69209999999998,80.376199999999997]
["A9351","Carroceria de madeira com capacidade de 11,5 t",39016.699999999997,2.6907999999999999,0.7056,0,2.6907999999999999,0,0,6.0872000000000002,3.3963999999999999]
["A9373","Guindaste articulado montado sobre chassi com capacidade máxima de elevação de 11,9 t",285253.2,19.672599999999999,5.1586999999999996,0,19.672599999999999,0,0,44.503900000000002,24.831299999999999]
["E9082","Bate-estaca hidráulico para defensas montado em caminhão guindauto com capacidade de 6,2 t e carroceria de 5 t - 152 kW",{"$nulls":7},364.15069999999997,138.7629]
["A9305","Caminhão plataforma 4 x 2, PBT 15.000 kg e distância entre eixos 4,8 m - 152 kW - motorista de veículo especial",502578.5319,21.539100000000001,8.8597000000000001,3.5897999999999999,32.308599999999998,161.65870000000001,35.803400000000003,263.7593,69.792000000000002]
["A9348","Carroceria de madeira com capacidade de 5 t",29588.5,2.0406,0.53510000000000002,0,2.0406,0,0,4.6162999999999998,2.5756999999999999]
["A9372","Guindaste articulado montado sobre chassi com capacidade máxima de elevação de 6,2 t",267000,18.413799999999998,4.8285999999999998,0,18.413799999999998,0,0,41.656199999999998,23.2424]
["A9379","Bate-estaca hidráulico para defensas metálicas montada sobre chassi",205615,11.6515,4.6516999999999999,0,10.966100000000001,0,26.849599999999999,54.118899999999996,43.152799999999999]
["E9097","Caminhão de resgate de veículos leves com plataforma com capacidade de 5 t - 129 kW",{"$nulls":7},243.23429999999999,72.078999999999994]
["A9326","Caminhão plataforma 4 x 2, PBT 10.800 kg e distância entre eixos 4,6 m - 129 kW - motorista de veículo especial",451005.26789999998,19.328800000000001,7.9505999999999997,3.2214999999999998,28.993200000000002,137.19720000000001,35.803400000000003,232.49469999999999,66.304299999999998]
["A9374","Plataforma hidráulica para resgate de veículos montada sobre chassi com capacidade de 5 t",77231,4.4131999999999998,1.3614999999999999,0,4.9649000000000001,0,0,10.739599999999999,5.7747000000000002]
["E9098","Caminhão de resgate de veículos de porte médio com capacidade do guincho de 20 t - 236 kW",{"$nulls":7},404.41160000000002,96.874600000000001]
["A9306","Caminhão plataforma 4 x 2, PBT 16.000 kg e distância entre eixos 3,6 m - 236 kW - motorista de veículo especial",656854.78929999995,28.1509,11.5794,4.6917999999999997,42.226399999999998,250.99639999999999,35.803400000000003,373.44830000000002,80.225499999999997]
["A9375","Guincho rebocador para resgate de veículos montada sobre chassi com capacidade de 20 t",222666,12.723800000000001,3.9253,0,14.3142,0,0,30.9633,16.649100000000001]
["E9099","Caminhão de resgate de veículos pesados com dois guinchos com capacidade de 35 t - 265 kW",{"$nulls":7},505.76530000000002,134.32570000000001]
["A9320","Caminhão plataforma 6 x 4, PBT 23.000 kg e distância entre eixos 4,8 m - 265 kW - motorista de veículo especial",796998.75630000001,34.1571,14.049899999999999,5.6928000000000001,51.235599999999998,281.83920000000001,35.803400000000003,422.77800000000002,89.703199999999995]
["A9376","Guincho rebocador para resgate de veículos montada sobre chassi com capacidade de 35 t",596785,34.101999999999997,10.5205,0,38.364800000000002,0,0,82.987300000000005,44.622500000000002]
["E9100","Cavalo mecânico sem reboque - 272 kW",{"$nulls":7},330.4359,77.573700000000002]
["A9310","Cavalo mecânico 4 x 2, PBT 16.000 kg - 272 kW - motorista de veículo especial",617642.71840000001,26.470400000000001,10.888199999999999,4.4116999999999997,39.705599999999997,213.1566,35.803400000000003,330.4359,77.573700000000002]
["E9114","Painel com seta luminosa para montagem em caminhão",{"$nulls":7},5.5818000000000003,3.8210999999999999]
["A9380","Painel com seta luminosa montado sobre chassi",35214.469799999999,3.1692999999999998,0.65180000000000005,0,1.7606999999999999,0,0,5.5818000000000003,3.8210999999999999]
["E9115","Amortecedor retrátil (AMC) para montagem em caminhão",{"$nulls":7},94.038600000000002,51.403599999999997]
["A9381","Amortecedor retrátil montado em caminhão",473722.25589999999,42.634999999999998,8.7685999999999993,0,42.634999999999998,0,0,94.038600000000002,51.403599999999997]
["E9145","Caminhão basculante para concreto com capacidade de 10 m³ - 210 kW",{"$nulls":7},316.35390000000001,93.876499999999993]
["A9316","Caminhão plataforma 8 x 4, PBT 29.000 kg e distância entre eixos 4,6 m - 210 kW - motorista de caminhão",787528.34550000005,33.751199999999997,13.882999999999999,5.6252000000000004,50.626800000000003,164.5694,32.572499999999998,301.02809999999999,85.831900000000005]
["A9340","Caçamba basculante para concreto com capacidade de 10 m³",85756.5,6.4722,1.5724,0,7.2812000000000001,0,0,15.325799999999999,8.0446000000000009]
["E9146","Caminhão silo com capacidade de 30 m³ - 368 kW",{"$nulls":7},615.77829999999994,134.40880000000001]
["A9335","Cavalo mecânico estradeiro 8 x 2, PBT 29.000 kg - 368 kW - condição de trabalho severa - motorista de veículo especial",1108172.2775000001,47.493099999999998,19.535499999999999,7.9154999999999998,71.239599999999996,391.38420000000002,35.803400000000003,573.37130000000002,110.7475]
["A9357","Semirreboque silo para cimento com capacidade de 30 m³",271813,18.745699999999999,4.9156000000000004,0,18.745699999999999,0,0,42.406999999999996,23.661300000000001]
["E9169","Cavalo mecânico com dolly pneumático de 4 eixos e mesas de giro com capacidade de 56 t - 364 kW",{"$nulls":7},608.11810000000003,192.54259999999999]
["A9324","Cavalo mecânico estradeiro 6 x 4, PBT 23.000 kg - 364 kW - motorista de veículo especial",945726.79680000001,40.531100000000002,16.671800000000001,6.7552000000000003,60.796700000000001,285.25369999999998,35.803400000000003,445.81189999999998,99.761499999999998]
["A9385","Conjunto de duas mesas de giro para quinta roda ou reboque com capacidade de 100 t cada",436268.22330000001,29.084499999999998,14.580399999999999,0,32.720100000000002,0,0,76.385000000000005,43.664900000000003]
["A9389","Dolly pneumático com capacidade de 48 t e 4 eixos",490732.87449999998,32.715499999999999,16.400700000000001,0,36.805,0,0,85.921199999999999,49.116199999999999]
["E9170","Cavalo mecânico com dois dollys pneumáticos de 3 e 4 eixos e mesas de giro com capacidade de 77 t - 364 kW",{"$nulls":7},689.45309999999995,238.13040000000001]
["A9385","Conjunto de duas mesas de giro para quinta roda ou reboque com capacidade de 100 t cada",436268.22330000001,29.084499999999998,14.580399999999999,0,32.720100000000002,0,0,76.385000000000005,43.664900000000003]
["A9386","Cavalo mecânico estradeiro 6 x 4, CMT 150.000 kg - 364 kW - motorista de veículo especial",1062282.8193999999,45.526400000000002,18.726500000000001,7.5876999999999999,68.289599999999993,285.25369999999998,35.803400000000003,461.18729999999999,107.64400000000001]
["A9387","Dolly pneumático com capacidade de 28,5 t e 3 eixos",376724.01579999999,25.114899999999999,12.590400000000001,0,28.254300000000001,0,0,65.959599999999995,37.705300000000001]
["A9389","Dolly pneumático com capacidade de 48 t e 4 eixos",490732.87449999998,32.715499999999999,16.400700000000001,0,36.805,0,0,85.921199999999999,49.116199999999999]
["E9171","Cavalo mecânico com dois dollys pneumáticos de 4 e 5 eixos e mesas de giro com capacidade de 111 t - 440 kW",{"$nulls":7},1328.1957,537.41549999999995]
["A9325","Cavalo mecânico 8 x 8, PBT 26.000 kg - 440 kW -  motorista de veículo especial",5150247.5166999996,220.72489999999999,90.791499999999999,36.787500000000001,331.08730000000003,344.81220000000002,35.803400000000003,1060.0068000000001,384.10730000000001]
["A9385","Conjunto de duas mesas de giro para quinta roda ou reboque com capacidade de 100 t cada",436268.22330000001,29.084499999999998,14.580399999999999,0,32.720100000000002,0,0,76.385000000000005,43.664900000000003]
["A9388","Dolly pneumático com capacidade de 60 t e 5 eixos",604741.73320000002,40.316099999999999,20.210999999999999,0,45.355600000000003,0,0,105.8827,60.527099999999997]
["A9389","Dolly pneumático com capacidade de 48 t e 4 eixos",490732.87449999998,32.715499999999999,16.400700000000001,0,36.805,0,0,85.921199999999999,49.116199999999999]
["E9199","Caminhão com sistema de hidrojateamento de alta pressão e vácuo para limpeza e desobstrução de bueiros com capacidade total de 15.600 l - 188 kW",{"$nulls":7},361.59550000000002,103.2316]
["A9299","Equipamento com sistema de hidrojateamento de alta pressão e vácuo para limpeza e desobstrução de bueiros com diâmetro de até 1.500 mm com capacidade total de 15.600 l",401200,16.047999999999998,6.8074000000000003,0,16.047999999999998,0,0,38.903399999999998,22.855399999999999]
["A9313","Caminhão plataforma 6 x 2, PBT 23.000 kg e distância entre eixos 5,2 m - 188 kW - motorista de veículo especial",659082.69839999999,28.246400000000001,11.6187,4.7077,42.369599999999998,199.94630000000001,35.803400000000003,322.69209999999998,80.376199999999997]
["E9201","Caminhão basculante para rocha com capacidade de 12 m³ - 210 kW com periculosidade",{"$nulls":7},344.98469999999998,112.518]
["A9327","Caminhão plataforma 8 x 4, PBT 29.000 kg e distância entre eixos 4,6 m - 210 kW - motorista de caminhão com periculosidade",787528.34550000005,33.751199999999997,13.882999999999999,5.6252000000000004,50.626800000000003,164.5694,40.177399999999999,308.63299999999998,93.436800000000005]
["A9343","Caçamba basculante para rocha com capacidade de 12 m³",203408.4,15.351599999999999,3.7296,0,17.270499999999998,0,0,36.351700000000001,19.081199999999999]
["E9202","Plataforma pantográfica montada em caminhão com capacidade de carga de 600 kg - 120 kW com periculosidade",{"$nulls":7},293.3501,109.9975]
["A9300","Caminhão plataforma 4 x 2, PBT 8.300 kg e distância entre eixos 3,9 m - 120 kW - motorista de veículo especial com periculosidade",367597.80949999997,15.754200000000001,6.4802,2.6257000000000001,23.6313,127.6253,44.377499999999998,220.49420000000001,69.2376]
["A9383","Plataforma pantográfica hidráulica montada sobre chassi com capacidade de 600 kg - com periculosidade",481440,32.095999999999997,8.6638999999999999,0,32.095999999999997,0,0,72.855900000000005,40.759900000000002]
["E9506","Caminhão basculante com capacidade de 6 m³ - 136 kW",{"$nulls":7},189.1754,73.987399999999994]
["A9307","Caminhão plataforma 4 x 2, PBT 16.000 kg e distância entre eixos 3,6 m - 136 kW - motorista de caminhão",512467.99420000002,21.962900000000001,9.0341000000000005,3.6604999999999999,32.944400000000002,76.127399999999994,32.572499999999998,176.30179999999999,67.23]
["A9338","Caçamba basculante com capacidade de 6 m³",72035.460000000006,5.4366000000000003,1.3208,0,6.1162000000000001,0,0,12.8736,6.7573999999999996]
["E9508","Caminhão carroceria com capacidade de 9 t - 136 kW",{"$nulls":7},187.0932,73.0381]
["A9309","Caminhão plataforma 4 x 2, PBT 16.000 kg e distância entre eixos 4,8 m - 136 kW - motorista de caminhão",548129.86930000002,23.491299999999999,9.6626999999999992,3.9152,35.236899999999999,76.127399999999994,32.572499999999998,181.006,69.6417]
["A9350","Carroceria de madeira com capacidade de 9 t",39016.699999999997,2.6907999999999999,0.7056,0,2.6907999999999999,0,0,6.0872000000000002,3.3963999999999999]
["E9509","Caminhão tanque distribuidor de asfalto com capacidade de 6.000 l - 7 kW/136 kW",{"$nulls":7},270.43880000000001,77.617400000000004]
["A9323","Caminhão plataforma 4 x 2, PBT 14.300 kg e distância entre eixos 4,8 m - 136 kW - condição de trabalho severa - motorista de caminhão",490254.6151,21.010899999999999,8.6425000000000001,3.5017999999999998,31.516400000000001,144.642,32.572499999999998,241.8861,65.727699999999999]
["A9363","Tanque espargidor de asfalto com capacidade de 6.000 l - 7 kW",220660,8.8263999999999996,3.0632999999999999,0,8.8263999999999996,7.8365999999999998,0,28.552700000000002,11.889699999999999]
["E9520","Caminhão com caçamba térmica com capacidade de 6 m³ - 136 kW",{"$nulls":7},186.48320000000001,72.778000000000006]
["A9307","Caminhão plataforma 4 x 2, PBT 16.000 kg e distância entre eixos 3,6 m - 136 kW - motorista de caminhão",512467.99420000002,21.962900000000001,9.0341000000000005,3.6604999999999999,32.944400000000002,76.127399999999994,32.572499999999998,176.30179999999999,67.23]
["A9339","Caçamba térmica com capacidade de 6 m³",82371.805300000007,4.1185999999999998,1.4294,0,4.6334,0,0,10.1814,5.548]
["E9571","Caminhão tanque com capacidade de 10.000 l - 188 kW",{"$nulls":7},336.20479999999998,86.487499999999997]
["A9332","Caminhão plataforma 6 x 2, PBT 23.000 kg e distância entre eixos 4,8 m - 188 kW - condição de trabalho severa - motorista de caminhão",659082.69839999999,28.246400000000001,11.6187,4.7077,42.369599999999998,199.94630000000001,32.572499999999998,319.46120000000002,77.145300000000006]
["A9360","Tanque para transporte de água com capacidade de 10.000 l",107321,7.4013999999999998,1.9408000000000001,0,7.4013999999999998,0,0,16.743600000000001,9.3422000000000001]
["E9575","Caminhão basculante com caçamba estanque com capacidade de 14 m³ - 210 kW",{"$nulls":7},317.58659999999998,94.523499999999999]
["A9316","Caminhão plataforma 8 x 4, PBT 29.000 kg e distância entre eixos 4,6 m - 210 kW - motorista de caminhão",787528.34550000005,33.751199999999997,13.882999999999999,5.6252000000000004,50.626800000000003,164.5694,32.572499999999998,301.02809999999999,85.831900000000005]
["A9345","Caçamba basculante estanque com capacidade de 14 m³",92654.122799999997,6.9927999999999999,1.6988000000000001,0,7.8669000000000002,0,0,16.558499999999999,8.6915999999999993]
["E9579","Caminhão basculante com capacidade de 10 m³ - 210 kW",{"$nulls":7},297.87419999999997,84.402500000000003]
["A9293","Caminhão plataforma 6 x 2, PBT 23.000 kg e distância entre eixos 3,6 m - 210 kW - motorista de caminhão",647439.61239999998,27.747399999999999,11.413399999999999,4.6246,41.621099999999998,164.5694,32.572499999999998,282.54840000000002,76.357900000000001]
["A9342","Caçamba basculante com capacidade de 10 m³",85756.5,6.4722,1.5724,0,7.2812000000000001,0,0,15.325799999999999,8.0446000000000009]
["E9592","Caminhão carroceria com capacidade de 15 t - 188 kW",{"$nulls":7},274.6678,81.510800000000003]
["A9314","Caminhão plataforma 6 x 2, PBT 23.000 kg e distância entre eixos 5,2 m - 188 kW - motorista de caminhão",659082.69839999999,28.246400000000001,11.6187,4.7077,42.369599999999998,147.3288,32.572499999999998,266.84370000000001,77.145300000000006]
["A9352","Carroceria de madeira com capacidade de 15 t",50150,3.4586000000000001,0.90690000000000004,0,3.4586000000000001,0,0,7.8240999999999996,4.3654999999999999]
["E9600","Caminhão betoneira com capacidade de 8 m³ - 236 kW",{"$nulls":7},349.38380000000001,102.102]
["A9317","Caminhão plataforma 8 x 2, PBT 29.000 kg e distância entre eixos 4,8 m - 236 kW - motorista de veículo especial",757732.93909999996,32.474299999999999,13.357699999999999,5.4123999999999999,48.711399999999998,184.94470000000001,35.803400000000003,320.70389999999998,87.047799999999995]
["A9346","Misturador de concreto para montagem em chassi de caminhão com capacidade de 8 m³",160480,12.111700000000001,2.9424999999999999,0,13.6257,0,0,28.6799,15.0542]
["E9604","Caminhão basculante para rocha com capacidade de 8 m³ - 210 kW",{"$nulls":7},304.642,87.831100000000006]
["A9315","Caminhão basculante 6 x 4, PBT 23.000 kg e distância entre eixos 3,6 m - 210 kW -  motorista de caminhão",724155.13659999997,31.0352,12.7658,5.1725000000000003,46.552799999999998,164.5694,32.572499999999998,292.66820000000001,81.546000000000006]
["A9341","Caçamba basculante para rocha com capacidade de 8 m³",67000.399999999994,5.0566000000000004,1.2284999999999999,0,5.6886999999999999,0,0,11.973800000000001,6.2850999999999999]
["E9605","Caminhão tanque com capacidade de 6.000 l - 136 kW",{"$nulls":7},255.96960000000001,73.585700000000003]
["A9323","Caminhão plataforma 4 x 2, PBT 14.300 kg e distância entre eixos 4,8 m - 136 kW - condição de trabalho severa - motorista de caminhão",490254.6151,21.010899999999999,8.6425000000000001,3.5017999999999998,31.516400000000001,144.642,32.572499999999998,241.8861,65.727699999999999]
["A9358","Tanque para transporte de água com capacidade de 6.000 l",90270,6.2255000000000003,1.6325000000000001,0,6.2255000000000003,0,0,14.083500000000001,7.8579999999999997]
["E9644","Caminhão demarcador de faixas com sistema de pintura a frio - 28 kW/129 kW",{"$nulls":7},407.5104,163.92760000000001]
["A9302","Caminhão plataforma 4 x 2, PBT 9.200 kg e distância entre eixos 4,6 m - 129 kW - motorista de caminhão",430764.56719999999,18.461300000000001,7.5937999999999999,3.0769000000000002,27.692,137.19720000000001,32.572499999999998,226.59370000000001,61.704500000000003]
["A9368","Equipamento demarcador de faixas a frio montado sobre chassi com capacidade de 800 l - 28 kW",731939.25,55.302100000000003,20.071400000000001,0,52.048999999999999,26.644600000000001,26.849599999999999,180.91669999999999,102.2231]
["E9645","Caminhão demarcador de faixas com sistema de pintura a quente - 5 kW/30,10 kW/136 kW",{"$nulls":7},575.8442,252.83609999999999]
["A9328","Compressor de ar portátil de 70,79 l/s (150 PCM) sem reboque - 30,10 kW",146891.7487,9.7927999999999997,2.6434000000000002,0,9.7927999999999997,28.642900000000001,0,50.871899999999997,12.436199999999999]
["A9331","Caminhão plataforma 4 x 2, PBT 16.000 kg e distância entre eixos 4,8 m - 136 kW - condição de trabalho severa - motorista de caminhão",548129.86930000002,23.491299999999999,9.6626999999999992,3.9152,35.236899999999999,144.642,32.572499999999998,249.5206,69.6417]
["A9369","Equipamento demarcador de faixas a quente montado sobre chassi com capacidade de 500 l - 5,0 kW",1397472.4476999999,105.5868,38.321800000000003,0,99.375799999999998,5.3177000000000003,26.849599999999999,275.45170000000002,170.75819999999999]
["E9665","Cavalo mecânico com semirreboque com capacidade de 20 t - 276 kW",{"$nulls":7},416.94369999999998,123.9413]
["A9318","Cavalo mecânico 4 x 2, PBT 16.000 kg - 276 kW - motorista de veículo especial",783724.92409999995,33.588200000000001,13.816000000000001,5.5979999999999999,50.382300000000001,216.29130000000001,35.803400000000003,355.47919999999999,88.805599999999998]
["A9353","Semirreboque com 2 eixos",351050,23.403300000000002,11.7324,0,26.328800000000001,0,0,61.464500000000001,35.1357]
["E9666","Cavalo mecânico com semirreboque com capacidade de 32 t - 302 kW",{"$nulls":7},460.69810000000001,136.54849999999999]
["A9321","Cavalo mecânico estradeiro 6 x 2, PBT 23.000 kg - 302 kW - motorista de veículo especial",881079.84759999998,37.760599999999997,15.5322,6.2934000000000001,56.640799999999999,236.66650000000001,35.803400000000003,388.69690000000003,95.389600000000002]
["A9354","Semirreboque com 3 eixos",411230,27.415299999999998,13.743600000000001,0,30.842300000000002,0,0,72.001199999999997,41.158900000000003]
["E9667","Caminhão basculante com capacidade de 14 m³ - 210 kW",{"$nulls":7},317.1712,94.305499999999995]
["A9316","Caminhão plataforma 8 x 4, PBT 29.000 kg e distância entre eixos 4,6 m - 210 kW - motorista de caminhão",787528.34550000005,33.751199999999997,13.882999999999999,5.6252000000000004,50.626800000000003,164.5694,32.572499999999998,301.02809999999999,85.831900000000005]
["A9344","Caçamba basculante com capacidade de 14 m³",90330.18,6.8174000000000001,1.6561999999999999,0,7.6695000000000002,0,0,16.1431,8.4735999999999994]
["E9669","Caminhão tanque com capacidade de 8.000 l - 136 kW",{"$nulls":7},264.23,77.8489]
["A9331","Caminhão plataforma 4 x 2, PBT 16.000 kg e distância entre eixos 4,8 m - 136 kW - condição de trabalho severa - motorista de caminhão",548129.86930000002,23.491299999999999,9.6626999999999992,3.9152,35.236899999999999,144.642,32.572499999999998,249.5206,69.6417]
["A9359","Tanque para transporte de água com capacidade de 8.000 l",94282,6.5022000000000002,1.7050000000000001,0,6.5022000000000002,0,0,14.7094,8.2072000000000003]
["E9670","Usina móvel de lama asfáltica ou microrrevestimento com cavalo mecânico com capacidade de 12 m³ - 95,6 kW/276 kW",{"$nulls":7},819.07240000000002,266.49579999999997]
["A9319","Cavalo mecânico 6 x 2, PBT 23.000 kg - 276 kW - condição de trabalho severa - motorista de veículo especial",826527.78509999998,35.422600000000003,14.570499999999999,5.9038000000000004,53.133899999999997,293.53809999999999,35.803400000000003,438.3723,91.700299999999999]
["A9367","Usina de lama asfáltica ou microrrevestimento asfáltico rebocável com capacidade de 12 m³ - 95,6 kW",1538109.527,98.878500000000003,30.504000000000001,0,98.878500000000003,107.0261,45.412999999999997,380.70010000000002,174.7955]
["E9672","Caminhão basculante para rocha com capacidade de 12 m³ - 210 kW",{"$nulls":7},337.37979999999999,104.9131]
["A9316","Caminhão plataforma 8 x 4, PBT 29.000 kg e distância entre eixos 4,6 m - 210 kW - motorista de caminhão",787528.34550000005,33.751199999999997,13.882999999999999,5.6252000000000004,50.626800000000003,164.5694,32.572499999999998,301.02809999999999,85.831900000000005]
["A9343","Caçamba basculante para rocha com capacidade de 12 m³",203408.4,15.351599999999999,3.7296,0,17.270499999999998,0,0,36.351700000000001,19.081199999999999]
["E9679","Cavalo mecânico com dois reboques hidropneumáticos de 5 e 4 eixos e mesas de giro com capacidade de 130 t - 440 kW",{"$nulls":7},1619.3698999999999,703.86310000000003]
["A9325","Cavalo mecânico 8 x 8, PBT 26.000 kg - 440 kW -  motorista de veículo especial",5150247.5166999996,220.72489999999999,90.791499999999999,36.787500000000001,331.08730000000003,344.81220000000002,35.803400000000003,1060.0068000000001,384.10730000000001]
["A9384","Reboque hidropneumático com capacidade de 166 t e 4 eixos",1337679.3524,89.178600000000003,44.706400000000002,0,100.32599999999999,0,0,234.21100000000001,133.88499999999999]
["A9385","Conjunto de duas mesas de giro para quinta roda ou reboque com capacidade de 100 t cada",436268.22330000001,29.084499999999998,14.580399999999999,0,32.720100000000002,0,0,76.385000000000005,43.664900000000003]
["A9390","Reboque hidropneumático com capacidade de 117 t e 5 eixos",1420815.7692,94.721100000000007,47.4848,0,106.5612,0,0,248.7671,142.20590000000001]
["E9680","Caminhão tanque com capacidade de 13.000 l - 188 kW",{"$nulls":7},337.45679999999999,87.186099999999996]
["A9332","Caminhão plataforma 6 x 2, PBT 23.000 kg e distância entre eixos 4,8 m - 188 kW - condição de trabalho severa - motorista de caminhão",659082.69839999999,28.246400000000001,11.6187,4.7077,42.369599999999998,199.94630000000001,32.572499999999998,319.46120000000002,77.145300000000006]
["A9361","Tanque para transporte de água com capacidade de 13.000 l",115345,7.9547999999999996,2.0859999999999999,0,7.9547999999999996,0,0,17.9956,10.040800000000001]
["E9686","Caminhão guindauto com capacidade de elevação de 6,2 t e carroceria de 7 t - 136 kW",{"$nulls":7},299.10230000000001,98.734399999999994]
["A9308","Caminhão plataforma 4 x 2, PBT 16.000 kg e distância entre eixos 4,8 m - 136 kW - motorista de veículo especial",548129.86930000002,23.491299999999999,9.6626999999999992,3.9152,35.236899999999999,144.642,35.803400000000003,252.75149999999999,72.872600000000006]
["A9349","Carroceria de madeira com capacidade de 7 t",30090,2.0752000000000002,0.54420000000000002,0,2.0752000000000002,0,0,4.6946000000000003,2.6194000000000002]
["A9372","Guindaste articulado montado sobre chassi com capacidade máxima de elevação de 6,2 t",267000,18.413799999999998,4.8285999999999998,0,18.413799999999998,0,0,41.656199999999998,23.2424]
["E9687","Caminhão carroceria com capacidade de 5 t - 120 kW",{"$nulls":7},158.26339999999999,62.782899999999998]
["A9303","Caminhão plataforma 4 x 2, PBT 9.600 kg e distância entre eixos 3,9 m - 120 kW - motorista de caminhão",408624.87209999998,17.512499999999999,7.2035,2.9186999999999999,26.268699999999999,67.171199999999999,32.572499999999998,153.64709999999999,60.2072]
["A9348","Carroceria de madeira com capacidade de 5 t",29588.5,2.0406,0.53510000000000002,0,2.0406,0,0,4.6162999999999998,2.5756999999999999]
["E9690","Caminhão guindauto com cesto aéreo simples e capacidade de elevação de 5,7 t e carroceria de 8,5 t - 136 kW",{"$nulls":7},284.28919999999999,90.469300000000004]
["A9296","Carroceria de madeira com capacidade de 8,5 t",38900,2.6827999999999999,0.70350000000000001,0,2.6827999999999999,0,0,6.0690999999999997,3.3862999999999999]
["A9308","Caminhão plataforma 4 x 2, PBT 16.000 kg e distância entre eixos 4,8 m - 136 kW - motorista de veículo especial",548129.86930000002,23.491299999999999,9.6626999999999992,3.9152,35.236899999999999,144.642,35.803400000000003,252.75149999999999,72.872600000000006]
["A9329","Cesto aéreo simples isolado com capacidade para 135 kg",24327.764999999999,1.6778,0.44,0,1.6778,0,0,3.7955999999999999,2.1177999999999999]
["A9330","Guindaste articulado montado sobre chassi com capacidade máxima de elevação de 5,7 t",138915.5,9.5803999999999991,2.5122,0,9.5803999999999991,0,0,21.672999999999998,12.092599999999999]
["E9693","Caminhão demarcador de faixas com sistema de pintura Spray - 129 kW",{"$nulls":7},827.55399999999997,427.94389999999999]
["A9322","Caminhão plataforma 4 x 2, PBT 10.800 kg e distância entre eixos 4,0 m - 129 kW - condição de trabalho severa - motorista de caminhão",451005.26789999998,19.328800000000001,7.9505999999999997,3.2214999999999998,28.993200000000002,137.19720000000001,32.572499999999998,229.2638,63.073399999999999]
["A9370","Equipamento demarcador de faixas sistema spray montado sobre chassi com capacidade 1.080 l",3282464.1905,248.00839999999999,90.012500000000003,0,233.41970000000001,0,26.849599999999999,598.29020000000003,364.87049999999999]
["E9783","Plataforma pantográfica montada em caminhão com capacidade de carga de 600 kg - 120 kW",{"$nulls":7},284.77600000000001,101.4234]
["A9301","Caminhão plataforma 4 x 2, PBT 8.300 kg e distância entre eixos 3,9 m - 120 kW - motorista de veículo especial",367597.80949999997,15.754200000000001,6.4802,2.6257000000000001,23.6313,127.6253,35.803400000000003,211.92009999999999,60.663499999999999]
["A9377","Plataforma pantográfica hidráulica montada sobre chassi com capacidade de 600 kg",481440,32.095999999999997,8.6638999999999999,0,32.095999999999997,0,0,72.855900000000005,40.759900000000002]
["E9787","Bomba para concreto com lança montada sobre chassi com capacidade de 50 m³/h - 136 kW",{"$nulls":7},524.42920000000004,222.79679999999999]
["A9308","Caminhão plataforma 4 x 2, PBT 16.000 kg e distância entre eixos 4,8 m - 136 kW - motorista de veículo especial",548129.86930000002,23.491299999999999,9.6626999999999992,3.9152,35.236899999999999,144.642,35.803400000000003,252.75149999999999,72.872600000000006]
["A9371","Bomba para concreto com lança montada sobre chassi com capacidade de 50 m³/h",1521918.1381000001,121.7535,28.1707,0,121.7535,0,0,271.67770000000002,149.92420000000001]
["E9792","Caminhão para hidrossemeadura com capacidade de 7.500 l - 77,2 kW/235 kW",{"$nulls":7},560.14189999999996,140.2954]
["A9297","Caminhão plataforma 6 x 4, PBT 23.000 kg e distância entre eixos 4,2 m - 235 kW - condição de trabalho severa - motorista de caminhão",535000,22.928599999999999,9.4313000000000002,3.8214000000000001,34.392899999999997,249.93279999999999,32.572499999999998,353.0795,68.753799999999998]
["A9362","Tanque para hidrossemeadura com capacidade de 7.500 l - 77,2 kW",476425,35.956600000000002,8.7354000000000003,0,40.4512,95.069599999999994,26.849599999999999,207.0624,71.541600000000003]

{"sheet":"SINTÉTICO SICRO","index":23,"n_rows":6492,"n_cols":4,"rows_kept":6492,"cut":false,"hidden":false,"merged":[[0,1,0,2]]}
["CGCIT","SISTEMA DE CUSTOS REFERENCIAIS DE OBRAS - SICRO",null,"DNIT"]
[null,"Rio Grande do Norte - Abril/2025"]
["Código","Descrição do Serviço","Unidade","Custo Unitário (R$)"]
["0307084","Lábios poliméricos em junta de pavimento de concreto - L = 20 mm e H = 30 mm - confecção e assentamento","m",33.78]
["0307730","Junta de dilatação em perfil extrudado de borracha vulcanizada","m",0]
["0307731","Aparelho de apoio de neoprene fretado para estruturas moldadas no local - fornecimento e instalação","dm³",142.94999999999999]
["0307732","Aparelho de apoio de neoprene fretado para estruturas pré-moldadas - fornecimento e instalação","dm³",119.04]
["0307733","Junta de dilatação em elastômero e perfil VV - L = 20 mm e H = 40 mm - fornecimento e instalação","m",270.58999999999997]
["0307734","Junta de dilatação em elastômero e perfil VV - L = 25 mm e H = 50 mm - fornecimento e instalação","m",319.25]
["0307735","Junta de dilatação em elastômero e perfil VV - L = 35 mm e H = 60 mm - fornecimento e instalação","m",418.86]
["0307736","Junta de dilatação em elastômero e perfil VV - L = 40 mm e H = 70 mm - fornecimento e instalação","m",558.75]
["0307737","Junta de dilatação em elastômero e perfil VV - L = 50 mm e H = 80 mm - fornecimento e instalação","m",588.92999999999995]
["0308250","Aparelho de apoio metálico esférico fixo com capacidade de 1.000 kN - fornecimento e instalação","un",7387.78]
["0308251","Aparelho de apoio metálico esférico fixo com capacidade de 1.500 kN - fornecimento e instalação","un",11503.75]
["0308252","Aparelho de apoio metálico esférico fixo com capacidade de 2.000 kN - fornecimento e instalação","un",13348.73]
["0308253","Aparelho de apoio metálico esférico fixo com capacidade de 2.500 kN - fornecimento e instalação","un",16166.88]
["0308254","Aparelho de apoio metálico esférico fixo com capacidade de 3.000 kN - fornecimento e instalação","un",19030.189999999999]
["0308255","Aparelho de apoio metálico esférico fixo com capacidade de 3.500 kN - fornecimento e instalação","un",22290.19]
["0308256","Aparelho de apoio metálico esférico fixo com capacidade de 4.000 kN - fornecimento e instalação","un",29934.52]
["0308257","Aparelho de apoio metálico esférico fixo com capacidade de 4.500 kN - fornecimento e instalação","un",32331.05]
["0308258","Aparelho de apoio metálico esférico fixo com capacidade de 5.000 kN - fornecimento e instalação","un",36103.82]
["0308259","Aparelho de apoio metálico esférico fixo com capacidade de 5.500 kN - fornecimento e instalação","un",38163.25]
["0308260","Aparelho de apoio metálico esférico fixo com capacidade de 6.000 kN - fornecimento e instalação","un",42951.15]
["0308261","Aparelho de apoio metálico esférico fixo com capacidade de 6.500 kN - fornecimento e instalação","un",46377.07]
["0308262","Aparelho de apoio metálico esférico fixo com capacidade de 7.000 kN - fornecimento e instalação","un",54964.97]
["0308263","Aparelho de apoio metálico esférico fixo com capacidade de 7.500 kN - fornecimento e instalação","un",55018.36]
["0308264","Aparelho de apoio metálico esférico fixo com capacidade de 8.000 kN - fornecimento e instalação","un",57410.95]
["0308265","Aparelho de apoio metálico esférico fixo com capacidade de 8.500 kN - fornecimento e instalação","un",58965.68]
["0308266","Aparelho de apoio metálico esférico fixo com capacidade de 9.000 kN - fornecimento e instalação","un",67763.62]
["0308267","Aparelho de apoio metálico esférico fixo com capacidade de 9.500 kN - fornecimento e instalação","un",71887.13]
["0308268","Aparelho de apoio metálico esférico fixo com capacidade de 10.000 kN - fornecimento e instalação","un",75492.11]
["0308269","Aparelho de apoio metálico esférico unidirecional com capacidade de 1.000 kN - fornecimento e instalação","un",11030.1]
["0308270","Aparelho de apoio metálico esférico unidirecional com capacidade de 1.500 kN - fornecimento e instalação","un",14974.13]
["0308271","Aparelho de apoio metálico esférico unidirecional com capacidade de 2.000 kN - fornecimento e instalação","un",18236.53]
["0308272","Aparelho de apoio metálico esférico unidirecional com capacidade de 2.500 kN - fornecimento e instalação","un",21644.78]
["0308273","Aparelho de apoio metálico esférico unidirecional com capacidade de 3.000 kN - fornecimento e instalação","un",24749.64]
["0308274","Aparelho de apoio metálico esférico unidirecional com capacidade de 3.500 kN - fornecimento e instalação","un",28688.87]
["0308275","Aparelho de apoio metálico esférico unidirecional com capacidade de 4.000 kN - fornecimento e instalação","un",32081.01]
["0308276","Aparelho de apoio metálico esférico unidirecional com capacidade de 4.500 kN - fornecimento e instalação","un",36838.550000000003]
["0308277","Aparelho de apoio metálico esférico unidirecional com capacidade de 5.000 kN - fornecimento e instalação","un",41599]
["0308278","Aparelho de apoio metálico esférico unidirecional com capacidade de 5.500 kN - fornecimento e instalação","un",44089.95]
["0308279","Aparelho de apoio metálico esférico unidirecional com capacidade de 6.000 kN - fornecimento e instalação","un",49303.83]
["0308280","Aparelho de apoio metálico esférico unidirecional com capacidade de 6.500 kN - fornecimento e instalação","un",52796.09]
["0308281","Aparelho de apoio metálico esférico unidirecional com capacidade de 7.000 kN - fornecimento e instalação","un",56714.16]
["0308282","Aparelho de apoio metálico esférico unidirecional com capacidade de 7.500 kN - fornecimento e instalação","un",60851.63]
["0308283","Aparelho de apoio metálico esférico unidirecional com capacidade de 8.000 kN - fornecimento e instalação","un",64689.36]
["0308284","Aparelho de apoio metálico esférico unidirecional com capacidade de 8.500 kN - fornecimento e instalação","un",69689.440000000002]
["0308285","Aparelho de apoio metálico esférico unidirecional com capacidade de 9.000 kN - fornecimento e instalação","un",73780.97]
["0308286","Aparelho de apoio metálico esférico unidirecional com capacidade de 9.500 kN - fornecimento e instalação","un",78023.570000000007]
["0308287","Aparelho de apoio metálico esférico unidirecional com capacidade de 10.000 kN - fornecimento e instalação","un",82167.320000000007]
["0308288","Aparelho de apoio metálico esférico multidirecional com capacidade de 1.000 kN - fornecimento e instalação","un",8307.86]
["0308289","Aparelho de apoio metálico esférico multidirecional com capacidade de 1.500 kN - fornecimento e instalação","un",11512.3]
["0308290","Aparelho de apoio metálico esférico multidirecional com capacidade de 2.000 kN - fornecimento e instalação","un",15084.59]
["0308291","Aparelho de apoio metálico esférico multidirecional com capacidade de 2.500 kN - fornecimento e instalação","un",18040.28]
["0308292","Aparelho de apoio metálico esférico multidirecional com capacidade de 3.000 kN - fornecimento e instalação","un",20830.14]
["0308293","Aparelho de apoio metálico esférico multidirecional com capacidade de 3.500 kN - fornecimento e instalação","un",23552.07]
["0308294","Aparelho de apoio metálico esférico multidirecional com capacidade de 4.000 kN - fornecimento e instalação","un",26699.3]
["0308295","Aparelho de apoio metálico esférico multidirecional com capacidade de 4.500 kN - fornecimento e instalação","un",30811.38]
["0308296","Aparelho de apoio metálico esférico multidirecional com capacidade de 5.000 kN - fornecimento e instalação","un",34307.19]
["0308297","Aparelho de apoio metálico esférico multidirecional com capacidade de 5.500 kN - fornecimento e instalação","un",37142.71]
["0308298","Aparelho de apoio metálico esférico multidirecional com capacidade de 6.000 kN - fornecimento e instalação","un",43033.86]
["0308299","Aparelho de apoio metálico esférico multidirecional com capacidade de 6.500 kN - fornecimento e instalação","un",46476.639999999999]
["0308300","Aparelho de apoio metálico esférico multidirecional com capacidade de 7.000 kN - fornecimento e instalação","un",50008.52]
["0308301","Aparelho de apoio metálico esférico multidirecional com capacidade de 7.500 kN - fornecimento e instalação","un",53935.79]
["0308302","Aparelho de apoio metálico esférico multidirecional com capacidade de 8.000 kN - fornecimento e instalação","un",58025.99]
["0308303","Aparelho de apoio metálico esférico multidirecional com capacidade de 8.500 kN - fornecimento e instalação","un",63272.23]
["0308304","Aparelho de apoio metálico esférico multidirecional com capacidade de 9.000 kN - fornecimento e instalação","un",66849.31]
["0308305","Aparelho de apoio metálico esférico multidirecional com capacidade de 9.500 kN - fornecimento e instalação","un",70919.100000000006]
["0308306","Aparelho de apoio metálico esférico multidirecional com capacidade de 10.000 kN - fornecimento e instalação","un",74456.12]
["0308307","Aparelho de apoio metálico elastomérico fixo com capacidade de 700 kN - fornecimento e instalação","un",3296.92]
["0308308","Aparelho de apoio metálico elastomérico fixo com capacidade de 1.500 kN - fornecimento e instalação","un",5432.81]
["0308309","Aparelho de apoio metálico elastomérico fixo com capacidade de 2.500 kN - fornecimento e instalação","un",8973.5300000000007]
["0308310","Aparelho de apoio metálico elastomérico fixo com capacidade de 4.000 kN - fornecimento e instalação","un",12205.72]
["0308311","Aparelho de apoio metálico elastomérico fixo com capacidade de 5.500 kN - fornecimento e instalação","un",17224.87]
["0308312","Aparelho de apoio metálico elastomérico fixo com capacidade de 7.500 kN - fornecimento e instalação","un",24018.55]
["0308313","Aparelho de apoio metálico elastomérico fixo com capacidade de 10.000 kN - fornecimento e instalação","un",33635.06]
["0308314","Aparelho de apoio metálico elastomérico unidirecional com capacidade de 700 kN - fornecimento e instalação","un",4692.9399999999996]
["0308315","Aparelho de apoio metálico elastomérico unidirecional com capacidade de 1.500 kN - fornecimento e instalação","un",6393.55]
["0308316","Aparelho de apoio metálico elastomérico unidirecional com capacidade de 2.500 kN - fornecimento e instalação","un",9180.39]
["0308317","Aparelho de apoio metálico elastomérico unidirecional com capacidade de 4.000 kN - fornecimento e instalação","un",17719.97]
["0308318","Aparelho de apoio metálico elastomérico unidirecional com capacidade de 5.500 kN - fornecimento e instalação","un",23316.19]
["0308319","Aparelho de apoio metálico elastomérico unidirecional com capacidade de 7.500 kN - fornecimento e instalação","un",25769.38]
["0308320","Aparelho de apoio metálico elastomérico unidirecional com capacidade de 10.000 kN - fornecimento e instalação","un",45402.44]
["0308321","Aparelho de apoio metálico elastomérico multidirecional com capacidade de 700 kN - fornecimento e instalação","un",4668.6499999999996]
["0308322","Aparelho de apoio metálico elastomérico multidirecional com capacidade de 1.500 kN - fornecimento e instalação","un",4953.09]
["0308323","Aparelho de apoio metálico elastomérico multidirecional com capacidade de 2.500 kN - fornecimento e instalação","un",7685.53]
["0308324","Aparelho de apoio metálico elastomérico multidirecional com capacidade de 4.000 kN - fornecimento e instalação","un",11368.53]
["0308325","Aparelho de apoio metálico elastomérico multidirecional com capacidade de 5.500 kN - fornecimento e instalação","un",16030.59]
["0308326","Aparelho de apoio metálico elastomérico multidirecional com capacidade de 7.500 kN - fornecimento e instalação","un",22226.66]
["0308327","Aparelho de apoio metálico elastomérico multidirecional com capacidade de 10.000 kN - fornecimento e instalação","un",29969.32]
["0407740","Chumbador tipo espera em aço CA-25 para fixação de estrutura metálica em concreto - fornecimento e instalação","kg",15.04]
["0407743","Treliça nervurada três barras longitudinais interligadas por duas diagonais sinusoidal - fornecimento e instalação","kg",11.01]
["0407818","Armação em aço CA-25 - fornecimento, preparo e colocação","kg",11.98]
["0407819","Armação em aço CA-50 - fornecimento, preparo e colocação","kg",12.31]
["0407820","Armação em aço CA-60 - fornecimento, preparo e colocação","kg",13.58]
["0408031","Luva de emenda prensada para aço CA-50 - D = 12,5 mm - fornecimento e instalação","un",22.3]
["0408032","Luva de emenda prensada para aço CA-50 - D = 16 mm - fornecimento e instalação","un",30.35]
["0408033","Luva de emenda prensada para aço CA-50 - D = 20 mm - fornecimento e instalação","un",41.52]
["0408035","Luva de emenda prensada para aço CA-50 - D = 25 mm - fornecimento e instalação","un",72.02]
["0408036","Luva de emenda prensada para aço CA-50 - D = 32 mm - fornecimento e instalação","un",153.91999999999999]
["0408037","Luva de emenda com rosca cônica para aço CA-50 - D = 12,5 mm - fornecimento e instalação","un",20.88]
["0408038","Luva de emenda com rosca cônica para aço CA-50 - D = 16 mm - fornecimento e instalação","un",31.98]
["0408039","Luva de emenda com rosca cônica para aço CA-50 - D = 20 mm - fornecimento e instalação","un",42.4]
["0408041","Luva de emenda com rosca cônica para aço CA-50 - D = 25 mm - fornecimento e instalação","un",56.55]
["0408042","Luva de emenda com rosca cônica para aço CA-50 - D = 32 mm - fornecimento e instalação","un",81.459999999999994]
["0408067","Tela de aço eletrossoldada - fornecimento, preparo e colocação","kg",11.41]
["0605460","Bueiro metálico com chapas múltiplas MP 100 galvanizadas - D = 0,60 m - brita produzida","m",1370.73]
["0605461","Bueiro metálico com chapas múltiplas MP 100 galvanizadas - D = 0,70 m - brita produzida","m",1579.14]
["0605462","Bueiro metálico com chapas múltiplas MP 100 galvanizadas - D = 0,80 m - brita produzida","m",1787.59]
["0605463","Bueiro metálico com chapas múltiplas MP 100 galvanizadas - D = 0,90 m - brita produzida","m",1955.21]
["0605464","Bueiro metálico com chapas múltiplas MP 100 galvanizadas - D = 1,00 m - brita produzida","m",2163.59]
["0605465","Bueiro metálico com chapas múltiplas MP 100 galvanizadas - D = 1,10 m - brita produzida","m",2453.7800000000002]
["0605466","Bueiro metálico com chapas múltiplas MP 100 galvanizadas - D = 1,20 m - brita produzida","m",2621.36]
["0605467","Bueiro metálico com chapas múltiplas MP 100 galvanizadas - D = 1,30 m - brita produzida","m",2850.53]
["0605468","Bueiro metálico com chapas múltiplas MP 100 galvanizadas - D = 1,40 m - brita produzida","m",3021.63]
["0605469","Bueiro metálico com chapas múltiplas MP 100 galvanizadas - D = 1,50 m - brita produzida","m",3234.18]
["0605470","Bueiro metálico com chapas múltiplas MP 100 galvanizadas - D = 1,60 m - brita produzida","m",3450.52]
["0605471","Bueiro metálico com chapas múltiplas MP 100 galvanizadas - D = 1,70 m - brita produzida","m",3627.34]
["0605472","Bueiro metálico com chapas múltiplas MP 100 galvanizadas - D = 1,80 m - brita produzida","m",4046.91]
["0605473","Bueiro metálico com chapas múltiplas MP 100 galvanizadas - D = 1,90 m - brita produzida","m",4721.17]
["0605474","Bueiro metálico com chapas múltiplas MP 100 galvanizadas - D = 2,00 m - brita produzida","m",4944.26]
["0605475","Bueiro metálico com chapas múltiplas MP 100 galvanizadas - D = 2,10 m - brita produzida","m",5315.78]
["0605476","Bueiro metálico com chapas múltiplas MP 100 galvanizadas - D = 2,20 m - brita produzida","m",5500.45]
["0605477","Bueiro metálico com chapas múltiplas MP 100 galvanizadas - D = 2,30 m - brita produzida","m",5800.91]
["0605478","Bueiro metálico com chapas múltiplas MP 100 galvanizadas - D = 2,40 m - brita produzida","m",7605.27]
["0605479","Bueiro metálico com chapas múltiplas MP 100 galvanizadas - D = 2,50 m - brita produzida","m",9613.64]
["0605480","Bueiro metálico com chapas múltiplas MP 100 galvanizadas - D = 2,60 m - brita produzida","m",10281.280000000001]
["0605481","Bueiro metálico com chapas múltiplas MP 100 galvanizadas - D = 2,70 m - brita produzida","m",10689.38]
["0605482","Bueiro metálico com chapas múltiplas MP 100 galvanizadas - D = 2,80 m - brita produzida","m",11415.07]
["0605483","Bueiro metálico com chapas múltiplas MP 152 galvanizadas - D = 1,50 m - brita produzida","m",6618.35]
["0605484","Bueiro metálico com chapas múltiplas MP 152 galvanizadas - D = 1,80 m - brita produzida","m",8218.5]
["0605485","Bueiro metálico com chapas múltiplas MP 152 galvanizadas - D = 1,90 m - brita produzida","m",8480.83]
["0605486","Bueiro metálico com chapas múltiplas MP 152 galvanizadas - D = 2,15 m - brita produzida","m",9609.9]
["0605487","Bueiro metálico com chapas múltiplas MP 152 galvanizadas - D = 2,30 m - brita produzida","m",10185.719999999999]
["0605488","Bueiro metálico com chapas múltiplas MP 152 galvanizadas - D = 2,65 m - brita produzida","m",11924.46]
["0605489","Bueiro metálico com chapas múltiplas MP 152 galvanizadas - D = 3,05 m - brita produzida","m",13598.36]
["0605490","Bueiro metálico com chapas múltiplas MP 152 galvanizadas - D = 3,20 m - brita produzida","m",14438.92]
["0605491","Bueiro metálico com chapas múltiplas MP 152 galvanizadas - D = 3,40 m - brita produzida","m",15284.76]
["0605492","Bueiro metálico com chapas múltiplas MP 152 galvanizadas - D = 3,65 m - brita produzida","m",16384.02]
["0605493","Bueiro metálico com chapas múltiplas MP 152 galvanizadas - D = 3,80 m - brita produzida","m",17000.73]
["0605494","Bueiro metálico com chapas múltiplas MP 152 galvanizadas - D = 4,20 m - brita produzida","m",18672.16]
["0605495","Bueiro metálico com chapas múltiplas MP 152 galvanizadas - D = 4,60 m - brita produzida","m",20405.36]
["0605496","Bueiro metálico com chapas múltiplas MP 152 galvanizadas - D = 4,80 m - brita produzida","m",23192.57]
["0605497","Bueiro metálico com chapas múltiplas MP 152 galvanizadas - D = 5,00 m - brita produzida","m",23988.18]
["0605498","Bueiro metálico com chapas múltiplas MP 152 galvanizadas - D = 5,35 m - brita produzida","m",29915.97]
["0605499","Bueiro metálico com chapas múltiplas MP 152 galvanizadas - D = 5,70 m - brita produzida","m",32162.43]
["0605500","Bueiro metálico com chapas múltiplas MP 152 galvanizadas - D = 6,10 m - brita produzida","m",39644.21]
["0605501","Bueiro metálico com chapas múltiplas MP 152 galvanizadas - D = 6,50 m - brita produzida","m",47202.73]
["0605502","Bueiro metálico com chapas múltiplas MP 152 galvanizadas - D = 6,85 m - brita produzida","m",50431.75]
["0605503","Bueiro metálico com chapas múltiplas MP 152 galvanizadas - D = 7,25 m - brita produzida","m",53365.21]
["0605504","Bueiro metálico sem interrupção de tráfego - D = 1,20 m - chapa galvanizada - escavado em material de 1ª categoria - aterro rodoviário máximo = 9,00 m","m",4964.3599999999997]
["0605505","Bueiro metálico sem interrupção de tráfego - D = 1,40 m - chapa galvanizada - escavado em material de 1ª categoria - aterro rodoviário máximo = 7,70 m","m",5668.48]
["0605506","Bueiro metálico sem interrupção de tráfego - D = 1,60 m - chapa galvanizada - escavado em material de 1ª categoria - a